{"text_format":"2","workbook":"xlsx","n_sheets":20,"sheets":["CAPA","ORC10","ORC1","Planilha1","MEMÓRIA DE CÁLCULO","CRONOGRAMA","COMP.01_CINTA","CP-CODEVASF","COMP-CDF","COMP-SEINFRA","Cotações","ES","BDI - SRV","BDI - EQP","ABC","CCD","ICD","CP-SEINFRA","IS-SEINFRA","CG-SICRO"],"not_rendered":{"charts":1,"images":7,"macros":0,"external_links":204,"defined_names":27441,"comments":5,"pivot_tables":0},"unopened":[],"bounds":{"document_bytes":16777216,"sheet_cells":100000,"run_cost":"one","rows_first":2000,"rows_last":500,"rows_between":2000,"halvings":0,"cell_chars":16384,"cell_head_chars":4096},"cells_cut":0,"cells_raw":0,"read":"whole","date_system":"1900"}

{"sheet":"CAPA","index":0,"n_rows":687,"n_cols":6,"rows_kept":687,"cut":false,"hidden":false,"merged":[[2,0,2,5],[3,0,3,5],[4,0,4,5],[7,0,7,5],[9,0,9,5]]}
[]
[]
["MINISTÉRIO DA INTEGRAÇÃO E DO DESENVOLVIMENTO REGIONAL - MIDR"]
["COMPANHIA DE DESENVOLVIMENTO DOS VALES DO SÃO FRANCISCO E DO PARNAÍBA"]
["14ª SUPERINTENDÊNCIA REGIONAL"]
[]
[]
["CONTRATAÇÃO DE SERVIÇOS DE ENGENHARIA, POR MEIO DO SISTEMA DE REGISTRO DE PREÇOS – SRP, PARA IMPLANTAÇÃO DE AGROINDÚSTRIAS DE LÁCTEOS EM COMUNIDADES RURAIS, NO ESTADO DO CEARÁ."]
[]
["RESUMO"]
["ITEM","DESCRIÇÃO DOS SERVIÇOS","UNID.","QUANT.","PREÇO UNIT. C/ BDI","PREÇO TOTAL (R$)"]
["1","IMPLANTAÇÃO DE AGROINDÚSTRIA DE LÁCTEO",1,10,{"$f":"'ORC1'!I156","v":989056.6},{"$f":"D12*E12","v":9890566}]
{"$rows_empty":674}
[{"$f":"'ORC10'!A158","v":"FORTALEZA/CE, OUTUBRO DE 2025."}]

{"sheet":"ORC10","index":1,"n_rows":834,"n_cols":10,"rows_kept":834,"cut":false,"hidden":false,"merged":[[157,0,157,8],[158,0,158,8],[10,0,10,1],[11,0,11,1],[13,0,13,1],[19,0,19,8],[21,0,21,8],[155,0,155,7],[9,0,9,1],[2,3,2,8],[3,3,3,8],[4,3,4,8],[7,0,7,3],[8,0,8,1]]}
[]
[]
[null,null,null,"MINISTÉRIO DA INTEGRAÇÃO E DO DESENVOLVIMENTO REGIONAL - MIDR"]
[null,null,null,"COMPANHIA DE DESENVOLVIMENTO DOS VALES DO SÃO FRANCISCO E DO PARNAÍBA"]
[null,null,null,"14ª SUPERINTENDÊNCIA REGIONAL"]
[]
[]
["FONTES DE PREÇOS UTILIZADAS: "]
["SINAPI/CE:",null,"08/2025","DESONERADO"]
["SEINFRA/CE:",null,"28.1","DESONERADO"]
["SICRO/CE:",null,"04/2025"]
["PESQUISA DE MERCADO:",null,"03/2025"]
[]
["ENCARGOS SOCIAIS",null,null,"BDI DE SERVIÇOS:",{"$f":"'BDI - SRV'!C26","v":0.25919999999999999}]
["HORISTA","MENSALISTA"]
[{"$f":"ES!C49","v":0.92170000000000007},{"$f":"ES!D49","v":0.53500000000000003},null,"BDI DE MATERIAIS:",{"$f":"'BDI - EQP'!C26","v":0.16320000000000001}]
[]
[null,null,null,"DATA BASE DO ORÇAMENTO:","10/2025"]
[]
["CONTRATAÇÃO DE SERVIÇOS DE ENGENHARIA, POR MEIO DO SISTEMA DE REGISTRO DE PREÇOS – SRP, PARA IMPLANTAÇÃO DE AGROINDÚSTRIAS DE LÁCTEOS EM COMUNIDADES RURAIS, NO ESTADO DO CEARÁ."]
[]
["ORÇAMENTO SINTÉTICO - CUSTO POR UNIDADE"]
["ITEM","FONTE","CÓDIGO","DESCRIÇÃO DOS SERVIÇOS","UNID.","QUANT.","PREÇO UNIT. S/ BDI (R$)","PREÇO UNIT. C/ BDI (R$)","PREÇO TOTAL (R$)"]
["1",null,null,"SERVIÇOS PRELIMINARES",{"$nulls":4},{"$f":"TRUNC(SUM(I25:I30),2)","v":781011.8}]
["1.1","SINAPI",103689,{"$f":"_xlfn.XLOOKUP(C25,CCD!B:B,CCD!C:C,_xlfn.XLOOKUP(C25,'COMP-SEINFRA'!A:A,'COMP-SEINFRA'!C:C,_xlfn.XLOOKUP(C25,'CP-CODEVASF'!A:A,'CP-CODEVASF'!B:B)))","v":"FORNECIMENTO E INSTALAÇÃO DE PLACA DE OBRA COM CHAPA GALVANIZADA E ESTRUTURA DE MADEIRA. AF_03/2022_PS"},{"$f":"_xlfn.XLOOKUP(C25,CCD!B:B,CCD!D:D,_xlfn.XLOOKUP(C25,'COMP-SEINFRA'!A:A,'COMP-SEINFRA'!D:D,_xlfn.XLOOKUP(C25,'CP-CODEVASF'!A:A,'CP-CODEVASF'!C:C)))","v":"M2"},{"$f":"'ORC1'!F25*10","v":60},{"$f":"TRUNC(_xlfn.XLOOKUP(C25,CCD!B:B,CCD!O:O,_xlfn.XLOOKUP(C25,'COMP-SEINFRA'!A:A,'COMP-SEINFRA'!G:G,_xlfn.XLOOKUP(C25,'CP-CODEVASF'!A:A,'CP-CODEVASF'!D:D))),2)","v":464.51},{"$f":"TRUNC(G25*(1+$E$14),2)","v":584.91},{"$f":"TRUNC('ORC1'!I25*(F25/'ORC1'!F25),2)","v":35094.6}]
["1.2","CODEVASF",{"$f":"'CP-CODEVASF'!A12","v":"COMP-12"},{"$f":"_xlfn.XLOOKUP(C26,CCD!B:B,CCD!C:C,_xlfn.XLOOKUP(C26,'COMP-SEINFRA'!A:A,'COMP-SEINFRA'!C:C,_xlfn.XLOOKUP(C26,'CP-CODEVASF'!A:A,'CP-CODEVASF'!B:B)))","v":"ADMISTRAÇÃO LOCAL"},{"$f":"_xlfn.XLOOKUP(C26,CCD!B:B,CCD!D:D,_xlfn.XLOOKUP(C26,'COMP-SEINFRA'!A:A,'COMP-SEINFRA'!D:D,_xlfn.XLOOKUP(C26,'CP-CODEVASF'!A:A,'CP-CODEVASF'!C:C)))","v":"UN"},{"$f":"'ORC1'!F26*10","v":10},{"$f":"TRUNC(_xlfn.XLOOKUP(C26,CCD!B:B,CCD!O:O,_xlfn.XLOOKUP(C26,'COMP-SEINFRA'!A:A,'COMP-SEINFRA'!G:G,_xlfn.XLOOKUP(C26,'CP-CODEVASF'!A:A,'CP-CODEVASF'!D:D))),2)","v":46580.4},58654.03,{"$f":"TRUNC('ORC1'!I26*(F26/'ORC1'!F26),2)","v":586540.30000000005},{"$f":"I26/I156","v":5.9303006521568134E-2}]
["1.3","CODEVASF",{"$f":"'CP-CODEVASF'!A13","v":"COMP-13"},{"$f":"_xlfn.XLOOKUP(C27,CCD!B:B,CCD!C:C,_xlfn.XLOOKUP(C27,'COMP-SEINFRA'!A:A,'COMP-SEINFRA'!C:C,_xlfn.XLOOKUP(C27,'CP-CODEVASF'!A:A,'CP-CODEVASF'!B:B)))","v":"MOBILIZAÇÃO E DESMOBILIZAÇÃO"},{"$f":"_xlfn.XLOOKUP(C27,CCD!B:B,CCD!D:D,_xlfn.XLOOKUP(C27,'COMP-SEINFRA'!A:A,'COMP-SEINFRA'!D:D,_xlfn.XLOOKUP(C27,'CP-CODEVASF'!A:A,'CP-CODEVASF'!C:C)))","v":"UN"},{"$f":"'ORC1'!F27*10","v":10},{"$f":"TRUNC(_xlfn.XLOOKUP(C27,CCD!B:B,CCD!O:O,_xlfn.XLOOKUP(C27,'COMP-SEINFRA'!A:A,'COMP-SEINFRA'!G:G,_xlfn.XLOOKUP(C27,'CP-CODEVASF'!A:A,'CP-CODEVASF'!D:D))),2)","v":3030.53},3816.04,{"$f":"TRUNC('ORC1'!I27*(F27/'ORC1'!F27),2)","v":38160.400000000001}]
["1.4","SICRO","B8952","Residencial (2,45% do CMCC - SINAPI)","m² x mês",{"$f":"'ORC1'!F28*10","v":1000},{"$f":"TRUNC(_xlfn.XLOOKUP(C28,'CG-SICRO'!B:B,'CG-SICRO'!F:F),2)","v":48.26},60.76,{"$f":"TRUNC('ORC1'!I28*(F28/'ORC1'!F28),2)","v":60760}]
["1.5","SINAPI",105009,{"$f":"_xlfn.XLOOKUP(C29,CCD!B:B,CCD!C:C,_xlfn.XLOOKUP(C29,'COMP-SEINFRA'!A:A,'COMP-SEINFRA'!C:C,_xlfn.XLOOKUP(C29,'CP-CODEVASF'!A:A,'CP-CODEVASF'!B:B)))","v":"LOCAÇÃO CONVENCIONAL DE OBRA, UTILIZANDO GABARITO DE TÁBUAS CORRIDAS PONTALETADAS A CADA 1,50M - 2 UTILIZAÇÕES. AF_03/2024"},{"$f":"_xlfn.XLOOKUP(C29,CCD!B:B,CCD!D:D,_xlfn.XLOOKUP(C29,'COMP-SEINFRA'!A:A,'COMP-SEINFRA'!D:D,_xlfn.XLOOKUP(C29,'CP-CODEVASF'!A:A,'CP-CODEVASF'!C:C)))","v":"M"},{"$f":"'ORC1'!F29*10","v":550},{"$f":"TRUNC(_xlfn.XLOOKUP(C29,CCD!B:B,CCD!O:O,_xlfn.XLOOKUP(C29,'COMP-SEINFRA'!A:A,'COMP-SEINFRA'!G:G,_xlfn.XLOOKUP(C29,'CP-CODEVASF'!A:A,'CP-CODEVASF'!D:D))),2)","v":81.19},102.23,{"$f":"TRUNC('ORC1'!I29*(F29/'ORC1'!F29),2)","v":56226.5}]
["1.6","SINAPI",98525,{"$f":"_xlfn.XLOOKUP(C30,CCD!B:B,CCD!C:C,_xlfn.XLOOKUP(C30,'COMP-SEINFRA'!A:A,'COMP-SEINFRA'!C:C,_xlfn.XLOOKUP(C30,'CP-CODEVASF'!A:A,'CP-CODEVASF'!B:B)))","v":"LIMPEZA MECANIZADA DE CAMADA VEGETAL, VEGETAÇÃO E PEQUENAS ÁRVORES (DIÂMETRO DE TRONCO MENOR QUE 0,20 M), COM TRATOR DE ESTEIRAS. AF_03/2024"},{"$f":"_xlfn.XLOOKUP(C30,CCD!B:B,CCD!D:D,_xlfn.XLOOKUP(C30,'COMP-SEINFRA'!A:A,'COMP-SEINFRA'!D:D,_xlfn.XLOOKUP(C30,'CP-CODEVASF'!A:A,'CP-CODEVASF'!C:C)))","v":"M2"},{"$f":"'ORC1'!F30*10","v":5035.8},{"$f":"TRUNC(_xlfn.XLOOKUP(C30,CCD!B:B,CCD!O:O,_xlfn.XLOOKUP(C30,'COMP-SEINFRA'!A:A,'COMP-SEINFRA'!G:G,_xlfn.XLOOKUP(C30,'CP-CODEVASF'!A:A,'CP-CODEVASF'!D:D))),2)","v":0.67},0.84,{"$f":"TRUNC('ORC1'!I30*(F30/'ORC1'!F30),2)","v":4230}]
["2",null,null,"MOVIMENTAÇÃO DE TERRA / CONTENÇÃO",{"$nulls":4},{"$f":"TRUNC(SUM(I32:I34),2)","v":52347.4}]
["2.1","SINAPI",100576,{"$f":"_xlfn.XLOOKUP(C32,CCD!B:B,CCD!C:C,_xlfn.XLOOKUP(C32,'COMP-SEINFRA'!A:A,'COMP-SEINFRA'!C:C,_xlfn.XLOOKUP(C32,'CP-CODEVASF'!A:A,'CP-CODEVASF'!B:B)))","v":"REGULARIZAÇÃO E COMPACTAÇÃO DE SUBLEITO DE SOLO PREDOMINANTEMENTE ARGILOSO, PARA OBRAS DE CONSTRUÇÃO DE PAVIMENTOS. AF_09/2024"},{"$f":"_xlfn.XLOOKUP(C32,CCD!B:B,CCD!D:D,_xlfn.XLOOKUP(C32,'COMP-SEINFRA'!A:A,'COMP-SEINFRA'!D:D,_xlfn.XLOOKUP(C32,'CP-CODEVASF'!A:A,'CP-CODEVASF'!C:C)))","v":"M2"},{"$f":"'ORC1'!F32*10","v":5035.8},{"$f":"TRUNC(_xlfn.XLOOKUP(C32,CCD!B:B,CCD!O:O,_xlfn.XLOOKUP(C32,'COMP-SEINFRA'!A:A,'COMP-SEINFRA'!G:G,_xlfn.XLOOKUP(C32,'CP-CODEVASF'!A:A,'CP-CODEVASF'!D:D))),2)","v":3.01},{"$f":"TRUNC(G32*(1+$E$14),2)","v":3.79},{"$f":"TRUNC('ORC1'!I32*('ORC10'!F32/'ORC1'!F32),2)","v":19085.599999999999}]
["2.2","SINAPI",93358,{"$f":"_xlfn.XLOOKUP(C33,CCD!B:B,CCD!C:C,_xlfn.XLOOKUP(C33,'COMP-SEINFRA'!A:A,'COMP-SEINFRA'!C:C,_xlfn.XLOOKUP(C33,'CP-CODEVASF'!A:A,'CP-CODEVASF'!B:B)))","v":"ESCAVAÇÃO MANUAL DE VALA. AF_09/2024"},{"$f":"_xlfn.XLOOKUP(C33,CCD!B:B,CCD!D:D,_xlfn.XLOOKUP(C33,'COMP-SEINFRA'!A:A,'COMP-SEINFRA'!D:D,_xlfn.XLOOKUP(C33,'CP-CODEVASF'!A:A,'CP-CODEVASF'!C:C)))","v":"M3"},{"$f":"'ORC1'!F33*10","v":43.099999999999994},{"$f":"TRUNC(_xlfn.XLOOKUP(C33,CCD!B:B,CCD!O:O,_xlfn.XLOOKUP(C33,'COMP-SEINFRA'!A:A,'COMP-SEINFRA'!G:G,_xlfn.XLOOKUP(C33,'CP-CODEVASF'!A:A,'CP-CODEVASF'!D:D))),2)","v":86.74},{"$f":"TRUNC(G33*(1+$E$14),2)","v":109.22},{"$f":"TRUNC('ORC1'!I33*('ORC10'!F33/'ORC1'!F33),2)","v":4707.3}]
["2.3","SINAPI",94342,{"$f":"_xlfn.XLOOKUP(C34,CCD!B:B,CCD!C:C,_xlfn.XLOOKUP(C34,'COMP-SEINFRA'!A:A,'COMP-SEINFRA'!C:C,_xlfn.XLOOKUP(C34,'CP-CODEVASF'!A:A,'CP-CODEVASF'!B:B)))","v":"ATERRO MANUAL DE VALAS COM AREIA PARA ATERRO. AF_08/2023"},{"$f":"_xlfn.XLOOKUP(C34,CCD!B:B,CCD!D:D,_xlfn.XLOOKUP(C34,'COMP-SEINFRA'!A:A,'COMP-SEINFRA'!D:D,_xlfn.XLOOKUP(C34,'CP-CODEVASF'!A:A,'CP-CODEVASF'!C:C)))","v":"M3"},{"$f":"'ORC1'!F34*10","v":199},{"$f":"TRUNC(_xlfn.XLOOKUP(C34,CCD!B:B,CCD!O:O,_xlfn.XLOOKUP(C34,'COMP-SEINFRA'!A:A,'COMP-SEINFRA'!G:G,_xlfn.XLOOKUP(C34,'CP-CODEVASF'!A:A,'CP-CODEVASF'!D:D))),2)","v":113.96},{"$f":"TRUNC(G34*(1+$E$14),2)","v":143.49},{"$f":"TRUNC('ORC1'!I34*('ORC10'!F34/'ORC1'!F34),2)","v":28554.5}]
["3",null,null,"PAVIMENTAÇÃO / PISO",{"$nulls":4},{"$f":"TRUNC(SUM(I36:I40),2)","v":724151.2}]
["3.1","SINAPI",101172,{"$f":"_xlfn.XLOOKUP(C36,CCD!B:B,CCD!C:C,_xlfn.XLOOKUP(C36,'COMP-SEINFRA'!A:A,'COMP-SEINFRA'!C:C,_xlfn.XLOOKUP(C36,'CP-CODEVASF'!A:A,'CP-CODEVASF'!B:B)))","v":"EXECUÇÃO DE PAVIMENTO EM PEDRAS POLIÉDRICAS, REJUNTAMENTO COM ARGAMASSA TRAÇO 1:3 (CIMENTO E AREIA). AF_05/2020"},{"$f":"_xlfn.XLOOKUP(C36,CCD!B:B,CCD!D:D,_xlfn.XLOOKUP(C36,'COMP-SEINFRA'!A:A,'COMP-SEINFRA'!D:D,_xlfn.XLOOKUP(C36,'CP-CODEVASF'!A:A,'CP-CODEVASF'!C:C)))","v":"M2"},{"$f":"'ORC1'!F36*10","v":3228},{"$f":"TRUNC(_xlfn.XLOOKUP(C36,CCD!B:B,CCD!O:O,_xlfn.XLOOKUP(C36,'COMP-SEINFRA'!A:A,'COMP-SEINFRA'!G:G,_xlfn.XLOOKUP(C36,'CP-CODEVASF'!A:A,'CP-CODEVASF'!D:D))),2)","v":79.400000000000006},{"$f":"TRUNC(G36*(1+$E$14),2)","v":99.98},{"$f":"TRUNC('ORC1'!I36*('ORC10'!F36/'ORC1'!F36),2)","v":322735.40000000002}]
["3.2","SINAPI",94273,{"$f":"_xlfn.XLOOKUP(C37,CCD!B:B,CCD!C:C,_xlfn.XLOOKUP(C37,'COMP-SEINFRA'!A:A,'COMP-SEINFRA'!C:C,_xlfn.XLOOKUP(C37,'CP-CODEVASF'!A:A,'CP-CODEVASF'!B:B)))","v":"ASSENTAMENTO DE GUIA (MEIO-FIO) EM TRECHO RETO, CONFECCIONADA EM CONCRETO PRÉ-FABRICADO, DIMENSÕES 100X15X13X30 CM (COMPRIMENTO X BASE INFERIOR X BASE SUPERIOR X ALTURA). AF_01/2024"},{"$f":"_xlfn.XLOOKUP(C37,CCD!B:B,CCD!D:D,_xlfn.XLOOKUP(C37,'COMP-SEINFRA'!A:A,'COMP-SEINFRA'!D:D,_xlfn.XLOOKUP(C37,'CP-CODEVASF'!A:A,'CP-CODEVASF'!C:C)))","v":"M"},{"$f":"'ORC1'!F37*10","v":898},{"$f":"TRUNC(_xlfn.XLOOKUP(C37,CCD!B:B,CCD!O:O,_xlfn.XLOOKUP(C37,'COMP-SEINFRA'!A:A,'COMP-SEINFRA'!G:G,_xlfn.XLOOKUP(C37,'CP-CODEVASF'!A:A,'CP-CODEVASF'!D:D))),2)","v":43.56},{"$f":"TRUNC(G37*(1+$E$14),2)","v":54.85},{"$f":"TRUNC('ORC1'!I37*('ORC10'!F37/'ORC1'!F37),2)","v":49255.3}]
["3.3","SINAPI",97087,{"$f":"_xlfn.XLOOKUP(C38,CCD!B:B,CCD!C:C,_xlfn.XLOOKUP(C38,'COMP-SEINFRA'!A:A,'COMP-SEINFRA'!C:C,_xlfn.XLOOKUP(C38,'CP-CODEVASF'!A:A,'CP-CODEVASF'!B:B)))","v":"CAMADA SEPARADORA PARA EXECUÇÃO DE RADIER, PISO DE CONCRETO OU LAJE SOBRE SOLO, EM LONA PLÁSTICA. AF_09/2021"},{"$f":"_xlfn.XLOOKUP(C38,CCD!B:B,CCD!D:D,_xlfn.XLOOKUP(C38,'COMP-SEINFRA'!A:A,'COMP-SEINFRA'!D:D,_xlfn.XLOOKUP(C38,'CP-CODEVASF'!A:A,'CP-CODEVASF'!C:C)))","v":"M2"},{"$f":"'ORC1'!F38*10","v":1001},{"$f":"TRUNC(_xlfn.XLOOKUP(C38,CCD!B:B,CCD!O:O,_xlfn.XLOOKUP(C38,'COMP-SEINFRA'!A:A,'COMP-SEINFRA'!G:G,_xlfn.XLOOKUP(C38,'CP-CODEVASF'!A:A,'CP-CODEVASF'!D:D))),2)","v":2.13},{"$f":"TRUNC(G38*(1+$E$14),2)","v":2.68},{"$f":"TRUNC('ORC1'!I38*('ORC10'!F38/'ORC1'!F38),2)","v":2682.6}]
["3.4","SINAPI",94994,{"$f":"_xlfn.XLOOKUP(C39,CCD!B:B,CCD!C:C,_xlfn.XLOOKUP(C39,'COMP-SEINFRA'!A:A,'COMP-SEINFRA'!C:C,_xlfn.XLOOKUP(C39,'CP-CODEVASF'!A:A,'CP-CODEVASF'!B:B)))","v":"EXECUÇÃO DE PASSEIO (CALÇADA) OU PISO DE CONCRETO COM CONCRETO MOLDADO IN LOCO, FEITO EM OBRA, ACABAMENTO CONVENCIONAL, ESPESSURA 8 CM, ARMADO. AF_08/2022"},{"$f":"_xlfn.XLOOKUP(C39,CCD!B:B,CCD!D:D,_xlfn.XLOOKUP(C39,'COMP-SEINFRA'!A:A,'COMP-SEINFRA'!D:D,_xlfn.XLOOKUP(C39,'CP-CODEVASF'!A:A,'CP-CODEVASF'!C:C)))","v":"M2"},{"$f":"'ORC1'!F39*10","v":1126.5999999999999},{"$f":"TRUNC(_xlfn.XLOOKUP(C39,CCD!B:B,CCD!O:O,_xlfn.XLOOKUP(C39,'COMP-SEINFRA'!A:A,'COMP-SEINFRA'!G:G,_xlfn.XLOOKUP(C39,'CP-CODEVASF'!A:A,'CP-CODEVASF'!D:D))),2)","v":94.05},{"$f":"TRUNC(G39*(1+$E$14),2)","v":118.42},{"$f":"TRUNC('ORC1'!I39*('ORC10'!F39/'ORC1'!F39),2)","v":133411.9}]
["3.5","SINAPI",103917,{"$f":"_xlfn.XLOOKUP(C40,CCD!B:B,CCD!C:C,_xlfn.XLOOKUP(C40,'COMP-SEINFRA'!A:A,'COMP-SEINFRA'!C:C,_xlfn.XLOOKUP(C40,'CP-CODEVASF'!A:A,'CP-CODEVASF'!B:B)))","v":"EXECUÇÃO DE PISO INDUSTRIAL DE CONCRETO ARMADO, FCK = 20 MPA, ESPESSURA DE 20,0 CM. AF_04/2022"},{"$f":"_xlfn.XLOOKUP(C40,CCD!B:B,CCD!D:D,_xlfn.XLOOKUP(C40,'COMP-SEINFRA'!A:A,'COMP-SEINFRA'!D:D,_xlfn.XLOOKUP(C40,'CP-CODEVASF'!A:A,'CP-CODEVASF'!C:C)))","v":"M2"},{"$f":"'ORC1'!F40*10","v":896.80000000000007},{"$f":"TRUNC(_xlfn.XLOOKUP(C40,CCD!B:B,CCD!O:O,_xlfn.XLOOKUP(C40,'COMP-SEINFRA'!A:A,'COMP-SEINFRA'!G:G,_xlfn.XLOOKUP(C40,'CP-CODEVASF'!A:A,'CP-CODEVASF'!D:D))),2)","v":191.34},{"$f":"TRUNC(G40*(1+$E$14),2)","v":240.93},{"$f":"TRUNC('ORC1'!I40*('ORC10'!F40/'ORC1'!F40),2)","v":216066}]
["4",null,null,"COBERTURA",{"$nulls":4},{"$f":"TRUNC(I42+I48+I54,2)","v":1133030.5}]
["4.1",null,null,"FUNDAÇÃO - BLOCOS",{"$nulls":4},{"$f":"TRUNC(SUM(I43:I47),2)","v":65482.7}]
["4.1.1","SINAPI",93358,{"$f":"_xlfn.XLOOKUP(C43,CCD!B:B,CCD!C:C,_xlfn.XLOOKUP(C43,'COMP-SEINFRA'!A:A,'COMP-SEINFRA'!C:C,_xlfn.XLOOKUP(C43,'CP-CODEVASF'!A:A,'CP-CODEVASF'!B:B)))","v":"ESCAVAÇÃO MANUAL DE VALA. AF_09/2024"},{"$f":"_xlfn.XLOOKUP(C43,CCD!B:B,CCD!D:D,_xlfn.XLOOKUP(C43,'COMP-SEINFRA'!A:A,'COMP-SEINFRA'!D:D,_xlfn.XLOOKUP(C43,'CP-CODEVASF'!A:A,'CP-CODEVASF'!C:C)))","v":"M3"},{"$f":"'ORC1'!F43*10","v":25},{"$f":"TRUNC(_xlfn.XLOOKUP(C43,CCD!B:B,CCD!O:O,_xlfn.XLOOKUP(C43,'COMP-SEINFRA'!A:A,'COMP-SEINFRA'!G:G,_xlfn.XLOOKUP(C43,'CP-CODEVASF'!A:A,'CP-CODEVASF'!D:D))),2)","v":86.74},{"$f":"TRUNC(G43*(1+$E$14),2)","v":109.22},{"$f":"TRUNC('ORC1'!I43*('ORC10'!F43/'ORC1'!F43),2)","v":2730.5}]
["4.1.2","SINAPI",101616,{"$f":"_xlfn.XLOOKUP(C44,CCD!B:B,CCD!C:C,_xlfn.XLOOKUP(C44,'COMP-SEINFRA'!A:A,'COMP-SEINFRA'!C:C,_xlfn.XLOOKUP(C44,'CP-CODEVASF'!A:A,'CP-CODEVASF'!B:B)))","v":"PREPARO DE FUNDO DE VALA COM LARGURA MENOR QUE 1,5 M (ACERTO DO SOLO NATURAL). AF_08/2020"},{"$f":"_xlfn.XLOOKUP(C44,CCD!B:B,CCD!D:D,_xlfn.XLOOKUP(C44,'COMP-SEINFRA'!A:A,'COMP-SEINFRA'!D:D,_xlfn.XLOOKUP(C44,'CP-CODEVASF'!A:A,'CP-CODEVASF'!C:C)))","v":"M2"},{"$f":"'ORC1'!F44*10","v":50},{"$f":"TRUNC(_xlfn.XLOOKUP(C44,CCD!B:B,CCD!O:O,_xlfn.XLOOKUP(C44,'COMP-SEINFRA'!A:A,'COMP-SEINFRA'!G:G,_xlfn.XLOOKUP(C44,'CP-CODEVASF'!A:A,'CP-CODEVASF'!D:D))),2)","v":6.48},{"$f":"TRUNC(G44*(1+$E$14),2)","v":8.15},{"$f":"TRUNC('ORC1'!I44*('ORC10'!F44/'ORC1'!F44),2)","v":407.5}]
["4.1.3","SINAPI",96546,{"$f":"_xlfn.XLOOKUP(C45,CCD!B:B,CCD!C:C,_xlfn.XLOOKUP(C45,'COMP-SEINFRA'!A:A,'COMP-SEINFRA'!C:C,_xlfn.XLOOKUP(C45,'CP-CODEVASF'!A:A,'CP-CODEVASF'!B:B)))","v":"ARMAÇÃO DE BLOCO UTILIZANDO AÇO CA-50 DE 10 MM - MONTAGEM. AF_01/2024"},{"$f":"_xlfn.XLOOKUP(C45,CCD!B:B,CCD!D:D,_xlfn.XLOOKUP(C45,'COMP-SEINFRA'!A:A,'COMP-SEINFRA'!D:D,_xlfn.XLOOKUP(C45,'CP-CODEVASF'!A:A,'CP-CODEVASF'!C:C)))","v":"KG"},{"$f":"'ORC1'!F45*10","v":1421.2},{"$f":"TRUNC(_xlfn.XLOOKUP(C45,CCD!B:B,CCD!O:O,_xlfn.XLOOKUP(C45,'COMP-SEINFRA'!A:A,'COMP-SEINFRA'!G:G,_xlfn.XLOOKUP(C45,'CP-CODEVASF'!A:A,'CP-CODEVASF'!D:D))),2)","v":13.08},{"$f":"TRUNC(G45*(1+$E$14),2)","v":16.47},{"$f":"TRUNC('ORC1'!I45*('ORC10'!F45/'ORC1'!F45),2)","v":23407.1}]
["4.1.4","SINAPI",96543,{"$f":"_xlfn.XLOOKUP(C46,CCD!B:B,CCD!C:C,_xlfn.XLOOKUP(C46,'COMP-SEINFRA'!A:A,'COMP-SEINFRA'!C:C,_xlfn.XLOOKUP(C46,'CP-CODEVASF'!A:A,'CP-CODEVASF'!B:B)))","v":"ARMAÇÃO DE BLOCO UTILIZANDO AÇO CA-60 DE 5 MM - MONTAGEM. AF_01/2024"},{"$f":"_xlfn.XLOOKUP(C46,CCD!B:B,CCD!D:D,_xlfn.XLOOKUP(C46,'COMP-SEINFRA'!A:A,'COMP-SEINFRA'!D:D,_xlfn.XLOOKUP(C46,'CP-CODEVASF'!A:A,'CP-CODEVASF'!C:C)))","v":"KG"},{"$f":"'ORC1'!F46*10","v":946.2},{"$f":"TRUNC(_xlfn.XLOOKUP(C46,CCD!B:B,CCD!O:O,_xlfn.XLOOKUP(C46,'COMP-SEINFRA'!A:A,'COMP-SEINFRA'!G:G,_xlfn.XLOOKUP(C46,'CP-CODEVASF'!A:A,'CP-CODEVASF'!D:D))),2)","v":19.13},{"$f":"TRUNC(G46*(1+$E$14),2)","v":24.08},{"$f":"TRUNC('ORC1'!I46*('ORC10'!F46/'ORC1'!F46),2)","v":22784.400000000001}]
["4.1.5","SINAPI",94965,{"$f":"_xlfn.XLOOKUP(C47,CCD!B:B,CCD!C:C,_xlfn.XLOOKUP(C47,'COMP-SEINFRA'!A:A,'COMP-SEINFRA'!C:C,_xlfn.XLOOKUP(C47,'CP-CODEVASF'!A:A,'CP-CODEVASF'!B:B)))","v":"CONCRETO FCK = 25MPA, TRAÇO 1:2,3:2,7 (EM MASSA SECA DE CIMENTO/ AREIA MÉDIA/ BRITA 1) - PREPARO MECÂNICO COM BETONEIRA 400 L. AF_05/2021"},{"$f":"_xlfn.XLOOKUP(C47,CCD!B:B,CCD!D:D,_xlfn.XLOOKUP(C47,'COMP-SEINFRA'!A:A,'COMP-SEINFRA'!D:D,_xlfn.XLOOKUP(C47,'CP-CODEVASF'!A:A,'CP-CODEVASF'!C:C)))","v":"M3"},{"$f":"'ORC1'!F47*10","v":25},{"$f":"TRUNC(_xlfn.XLOOKUP(C47,CCD!B:B,CCD!O:O,_xlfn.XLOOKUP(C47,'COMP-SEINFRA'!A:A,'COMP-SEINFRA'!G:G,_xlfn.XLOOKUP(C47,'CP-CODEVASF'!A:A,'CP-CODEVASF'!D:D))),2)","v":513.13},{"$f":"TRUNC(G47*(1+$E$14),2)","v":646.13},{"$f":"TRUNC('ORC1'!I47*('ORC10'!F47/'ORC1'!F47),2)","v":16153.2}]
["4.2",null,null,"FUNDAÇÃO - VIGAS BALDRAMES",{"$nulls":4},{"$f":"TRUNC(SUM(I49:I53),2)","v":78224.7}]
["4.2.1","SINAPI",93358,{"$f":"_xlfn.XLOOKUP(C49,CCD!B:B,CCD!C:C,_xlfn.XLOOKUP(C49,'COMP-SEINFRA'!A:A,'COMP-SEINFRA'!C:C,_xlfn.XLOOKUP(C49,'CP-CODEVASF'!A:A,'CP-CODEVASF'!B:B)))","v":"ESCAVAÇÃO MANUAL DE VALA. AF_09/2024"},{"$f":"_xlfn.XLOOKUP(C49,CCD!B:B,CCD!D:D,_xlfn.XLOOKUP(C49,'COMP-SEINFRA'!A:A,'COMP-SEINFRA'!D:D,_xlfn.XLOOKUP(C49,'CP-CODEVASF'!A:A,'CP-CODEVASF'!C:C)))","v":"M3"},{"$f":"'ORC1'!F49*10","v":53.099999999999994},{"$f":"TRUNC(_xlfn.XLOOKUP(C49,CCD!B:B,CCD!O:O,_xlfn.XLOOKUP(C49,'COMP-SEINFRA'!A:A,'COMP-SEINFRA'!G:G,_xlfn.XLOOKUP(C49,'CP-CODEVASF'!A:A,'CP-CODEVASF'!D:D))),2)","v":86.74},{"$f":"TRUNC(G49*(1+$E$14),2)","v":109.22},{"$f":"TRUNC('ORC1'!I49*('ORC10'!F49/'ORC1'!F49),2)","v":5799.5}]
["4.2.2","SINAPI",101616,{"$f":"_xlfn.XLOOKUP(C50,CCD!B:B,CCD!C:C,_xlfn.XLOOKUP(C50,'COMP-SEINFRA'!A:A,'COMP-SEINFRA'!C:C,_xlfn.XLOOKUP(C50,'CP-CODEVASF'!A:A,'CP-CODEVASF'!B:B)))","v":"PREPARO DE FUNDO DE VALA COM LARGURA MENOR QUE 1,5 M (ACERTO DO SOLO NATURAL). AF_08/2020"},{"$f":"_xlfn.XLOOKUP(C50,CCD!B:B,CCD!D:D,_xlfn.XLOOKUP(C50,'COMP-SEINFRA'!A:A,'COMP-SEINFRA'!D:D,_xlfn.XLOOKUP(C50,'CP-CODEVASF'!A:A,'CP-CODEVASF'!C:C)))","v":"M2"},{"$f":"'ORC1'!F50*10","v":132.79999999999998},{"$f":"TRUNC(_xlfn.XLOOKUP(C50,CCD!B:B,CCD!O:O,_xlfn.XLOOKUP(C50,'COMP-SEINFRA'!A:A,'COMP-SEINFRA'!G:G,_xlfn.XLOOKUP(C50,'CP-CODEVASF'!A:A,'CP-CODEVASF'!D:D))),2)","v":6.48},{"$f":"TRUNC(G50*(1+$E$14),2)","v":8.15},{"$f":"TRUNC('ORC1'!I50*('ORC10'!F50/'ORC1'!F50),2)","v":1082.3}]
["4.2.3","SINAPI",104918,{"$f":"_xlfn.XLOOKUP(C51,CCD!B:B,CCD!C:C,_xlfn.XLOOKUP(C51,'COMP-SEINFRA'!A:A,'COMP-SEINFRA'!C:C,_xlfn.XLOOKUP(C51,'CP-CODEVASF'!A:A,'CP-CODEVASF'!B:B)))","v":"ARMAÇÃO DE SAPATA ISOLADA, VIGA BALDRAME E SAPATA CORRIDA UTILIZANDO AÇO CA-50 DE 8 MM - MONTAGEM. AF_01/2024"},{"$f":"_xlfn.XLOOKUP(C51,CCD!B:B,CCD!D:D,_xlfn.XLOOKUP(C51,'COMP-SEINFRA'!A:A,'COMP-SEINFRA'!D:D,_xlfn.XLOOKUP(C51,'CP-CODEVASF'!A:A,'CP-CODEVASF'!C:C)))","v":"KG"},{"$f":"'ORC1'!F51*10","v":1460.3999999999999},{"$f":"TRUNC(_xlfn.XLOOKUP(C51,CCD!B:B,CCD!O:O,_xlfn.XLOOKUP(C51,'COMP-SEINFRA'!A:A,'COMP-SEINFRA'!G:G,_xlfn.XLOOKUP(C51,'CP-CODEVASF'!A:A,'CP-CODEVASF'!D:D))),2)","v":13.31},{"$f":"TRUNC(G51*(1+$E$14),2)","v":16.75},{"$f":"TRUNC('ORC1'!I51*('ORC10'!F51/'ORC1'!F51),2)","v":24461.7}]
["4.2.4","SINAPI",104916,{"$f":"_xlfn.XLOOKUP(C52,CCD!B:B,CCD!C:C,_xlfn.XLOOKUP(C52,'COMP-SEINFRA'!A:A,'COMP-SEINFRA'!C:C,_xlfn.XLOOKUP(C52,'CP-CODEVASF'!A:A,'CP-CODEVASF'!B:B)))","v":"ARMAÇÃO DE SAPATA ISOLADA, VIGA BALDRAME E SAPATA CORRIDA UTILIZANDO AÇO CA-60 DE 5 MM - MONTAGEM. AF_01/2024"},{"$f":"_xlfn.XLOOKUP(C52,CCD!B:B,CCD!D:D,_xlfn.XLOOKUP(C52,'COMP-SEINFRA'!A:A,'COMP-SEINFRA'!D:D,_xlfn.XLOOKUP(C52,'CP-CODEVASF'!A:A,'CP-CODEVASF'!C:C)))","v":"KG"},{"$f":"'ORC1'!F52*10","v":628.9},{"$f":"TRUNC(_xlfn.XLOOKUP(C52,CCD!B:B,CCD!O:O,_xlfn.XLOOKUP(C52,'COMP-SEINFRA'!A:A,'COMP-SEINFRA'!G:G,_xlfn.XLOOKUP(C52,'CP-CODEVASF'!A:A,'CP-CODEVASF'!D:D))),2)","v":15.88},{"$f":"TRUNC(G52*(1+$E$14),2)","v":19.989999999999998},{"$f":"TRUNC('ORC1'!I52*('ORC10'!F52/'ORC1'!F52),2)","v":12571.7}]
["4.2.5","SINAPI",94965,{"$f":"_xlfn.XLOOKUP(C53,CCD!B:B,CCD!C:C,_xlfn.XLOOKUP(C53,'COMP-SEINFRA'!A:A,'COMP-SEINFRA'!C:C,_xlfn.XLOOKUP(C53,'CP-CODEVASF'!A:A,'CP-CODEVASF'!B:B)))","v":"CONCRETO FCK = 25MPA, TRAÇO 1:2,3:2,7 (EM MASSA SECA DE CIMENTO/ AREIA MÉDIA/ BRITA 1) - PREPARO MECÂNICO COM BETONEIRA 400 L. AF_05/2021"},{"$f":"_xlfn.XLOOKUP(C53,CCD!B:B,CCD!D:D,_xlfn.XLOOKUP(C53,'COMP-SEINFRA'!A:A,'COMP-SEINFRA'!D:D,_xlfn.XLOOKUP(C53,'CP-CODEVASF'!A:A,'CP-CODEVASF'!C:C)))","v":"M3"},{"$f":"'ORC1'!F53*10","v":53.099999999999994},{"$f":"TRUNC(_xlfn.XLOOKUP(C53,CCD!B:B,CCD!O:O,_xlfn.XLOOKUP(C53,'COMP-SEINFRA'!A:A,'COMP-SEINFRA'!G:G,_xlfn.XLOOKUP(C53,'CP-CODEVASF'!A:A,'CP-CODEVASF'!D:D))),2)","v":513.13},{"$f":"TRUNC(G53*(1+$E$14),2)","v":646.13},{"$f":"TRUNC('ORC1'!I53*('ORC10'!F53/'ORC1'!F53),2)","v":34309.5}]
["4.3",null,null,"ESTRUTURA METÁLICA",{"$nulls":4},{"$f":"TRUNC(SUM(I55:I57),2)","v":989323.1}]
["4.3.1","SEINFRA","C1353",{"$f":"_xlfn.XLOOKUP(C55,CCD!B:B,CCD!C:C,_xlfn.XLOOKUP(C55,'COMP-SEINFRA'!A:A,'COMP-SEINFRA'!C:C,_xlfn.XLOOKUP(C55,'CP-CODEVASF'!A:A,'CP-CODEVASF'!B:B)))","v":"ESTRUTURA METÁLICA TRELIÇADA EM AÇO, EM MARQUISES"},{"$f":"_xlfn.XLOOKUP(C55,CCD!B:B,CCD!D:D,_xlfn.XLOOKUP(C55,'COMP-SEINFRA'!A:A,'COMP-SEINFRA'!D:D,_xlfn.XLOOKUP(C55,'CP-CODEVASF'!A:A,'CP-CODEVASF'!C:C)))","v":"M2"},{"$f":"'ORC1'!F55*10","v":1742.1000000000001},{"$f":"TRUNC(_xlfn.XLOOKUP(C55,CCD!B:B,CCD!O:O,_xlfn.XLOOKUP(C55,'COMP-SEINFRA'!A:A,'COMP-SEINFRA'!G:G,_xlfn.XLOOKUP(C55,'CP-CODEVASF'!A:A,'CP-CODEVASF'!D:D))),2)","v":269.61},{"$f":"TRUNC(G55*(1+$E$14),2)","v":339.49},{"$f":"TRUNC('ORC1'!I55*('ORC10'!F55/'ORC1'!F55),2)","v":591425.5}]
["4.3.2","SINAPI",94216,{"$f":"_xlfn.XLOOKUP(C56,CCD!B:B,CCD!C:C,_xlfn.XLOOKUP(C56,'COMP-SEINFRA'!A:A,'COMP-SEINFRA'!C:C,_xlfn.XLOOKUP(C56,'CP-CODEVASF'!A:A,'CP-CODEVASF'!B:B)))","v":"TELHAMENTO COM TELHA METÁLICA TERMOACÚSTICA E = 30 MM, COM ATÉ 2 ÁGUAS, INCLUSO IÇAMENTO. AF_07/2019"},{"$f":"_xlfn.XLOOKUP(C56,CCD!B:B,CCD!D:D,_xlfn.XLOOKUP(C56,'COMP-SEINFRA'!A:A,'COMP-SEINFRA'!D:D,_xlfn.XLOOKUP(C56,'CP-CODEVASF'!A:A,'CP-CODEVASF'!C:C)))","v":"M2"},{"$f":"'ORC1'!F56*10","v":1532.6},{"$f":"TRUNC(_xlfn.XLOOKUP(C56,CCD!B:B,CCD!O:O,_xlfn.XLOOKUP(C56,'COMP-SEINFRA'!A:A,'COMP-SEINFRA'!G:G,_xlfn.XLOOKUP(C56,'CP-CODEVASF'!A:A,'CP-CODEVASF'!D:D))),2)","v":196.64},{"$f":"TRUNC(G56*(1+$E$14),2)","v":247.6},{"$f":"TRUNC('ORC1'!I56*('ORC10'!F56/'ORC1'!F56),2)","v":379471.7}]
["4.3.3","SEINFRA","C2479",{"$f":"_xlfn.XLOOKUP(C57,CCD!B:B,CCD!C:C,_xlfn.XLOOKUP(C57,'COMP-SEINFRA'!A:A,'COMP-SEINFRA'!C:C,_xlfn.XLOOKUP(C57,'CP-CODEVASF'!A:A,'CP-CODEVASF'!B:B)))","v":"TOLDO COM ESTRUTURA METÁLICA"},{"$f":"_xlfn.XLOOKUP(C57,CCD!B:B,CCD!D:D,_xlfn.XLOOKUP(C57,'COMP-SEINFRA'!A:A,'COMP-SEINFRA'!D:D,_xlfn.XLOOKUP(C57,'CP-CODEVASF'!A:A,'CP-CODEVASF'!C:C)))","v":"M2"},{"$f":"'ORC1'!F57*10","v":54.5},{"$f":"TRUNC(_xlfn.XLOOKUP(C57,CCD!B:B,CCD!O:O,_xlfn.XLOOKUP(C57,'COMP-SEINFRA'!A:A,'COMP-SEINFRA'!G:G,_xlfn.XLOOKUP(C57,'CP-CODEVASF'!A:A,'CP-CODEVASF'!D:D))),2)","v":268.5},{"$f":"TRUNC(G57*(1+$E$14),2)","v":338.09},{"$f":"TRUNC('ORC1'!I57*('ORC10'!F57/'ORC1'!F57),2)","v":18425.900000000001}]
["5",null,null,"PAREDES / PAINÉIS / VEDAÇÃO",{"$nulls":4},{"$f":"TRUNC(SUM(I59:I59),2)","v":1803030.3}]
["5.1","CODEVASF",{"$f":"'CP-CODEVASF'!A21","v":"COMP-21"},{"$f":"_xlfn.XLOOKUP(C59,CCD!B:B,CCD!C:C,_xlfn.XLOOKUP(C59,'COMP-SEINFRA'!A:A,'COMP-SEINFRA'!C:C,_xlfn.XLOOKUP(C59,'CP-CODEVASF'!A:A,'CP-CODEVASF'!B:B)))","v":"FORNECIMENTO E INSTALAÇÃO DE ISOPAINEL EPS 100 MM"},{"$f":"_xlfn.XLOOKUP(C59,CCD!B:B,CCD!D:D,_xlfn.XLOOKUP(C59,'COMP-SEINFRA'!A:A,'COMP-SEINFRA'!D:D,_xlfn.XLOOKUP(C59,'CP-CODEVASF'!A:A,'CP-CODEVASF'!C:C)))","v":"M2"},{"$f":"'ORC1'!F59*10","v":4500.6000000000004},{"$f":"TRUNC(_xlfn.XLOOKUP(C59,CCD!B:B,CCD!O:O,_xlfn.XLOOKUP(C59,'COMP-SEINFRA'!A:A,'COMP-SEINFRA'!G:G,_xlfn.XLOOKUP(C59,'CP-CODEVASF'!A:A,'CP-CODEVASF'!D:D))),2)","v":318.16000000000003},{"$f":"TRUNC(G59*(1+$E$14),2)","v":400.62},{"$f":"TRUNC('ORC1'!I59*('ORC10'!F59/'ORC1'!F59),2)","v":1803030.3}]
["6",null,null,"PINTURA",{"$nulls":4},{"$f":"TRUNC(SUM(I61:I62),2)","v":76211.7}]
["6.1","SEINFRA","C2040",{"$f":"_xlfn.XLOOKUP(C61,CCD!B:B,CCD!C:C,_xlfn.XLOOKUP(C61,'COMP-SEINFRA'!A:A,'COMP-SEINFRA'!C:C,_xlfn.XLOOKUP(C61,'CP-CODEVASF'!A:A,'CP-CODEVASF'!B:B)))","v":"PINTURA C/ PRIMER EPOXI EM ESTRUTURA DE AÇO CARBONO 25 MICRA C/REVÓLVER"},{"$f":"_xlfn.XLOOKUP(C61,CCD!B:B,CCD!D:D,_xlfn.XLOOKUP(C61,'COMP-SEINFRA'!A:A,'COMP-SEINFRA'!D:D,_xlfn.XLOOKUP(C61,'CP-CODEVASF'!A:A,'CP-CODEVASF'!C:C)))","v":"M2"},{"$f":"'ORC1'!F61*10","v":1796.6},{"$f":"TRUNC(_xlfn.XLOOKUP(C61,CCD!B:B,CCD!O:O,_xlfn.XLOOKUP(C61,'COMP-SEINFRA'!A:A,'COMP-SEINFRA'!G:G,_xlfn.XLOOKUP(C61,'CP-CODEVASF'!A:A,'CP-CODEVASF'!D:D))),2)","v":12.38},{"$f":"TRUNC(G61*(1+$E$14),2)","v":15.58},{"$f":"TRUNC('ORC1'!I61*('ORC10'!F61/'ORC1'!F61),2)","v":27991}]
["6.2","SEINFRA","C2473",{"$f":"_xlfn.XLOOKUP(C62,CCD!B:B,CCD!C:C,_xlfn.XLOOKUP(C62,'COMP-SEINFRA'!A:A,'COMP-SEINFRA'!C:C,_xlfn.XLOOKUP(C62,'CP-CODEVASF'!A:A,'CP-CODEVASF'!B:B)))","v":"PINTURA C/ TINTA EPOXI EM ESTRUTURA DE AÇO CARBONO 50 MICRA C/REVÓLVER"},{"$f":"_xlfn.XLOOKUP(C62,CCD!B:B,CCD!D:D,_xlfn.XLOOKUP(C62,'COMP-SEINFRA'!A:A,'COMP-SEINFRA'!D:D,_xlfn.XLOOKUP(C62,'CP-CODEVASF'!A:A,'CP-CODEVASF'!C:C)))","v":"M2"},{"$f":"'ORC1'!F62*10","v":1796.6},{"$f":"TRUNC(_xlfn.XLOOKUP(C62,CCD!B:B,CCD!O:O,_xlfn.XLOOKUP(C62,'COMP-SEINFRA'!A:A,'COMP-SEINFRA'!G:G,_xlfn.XLOOKUP(C62,'CP-CODEVASF'!A:A,'CP-CODEVASF'!D:D))),2)","v":21.32},{"$f":"TRUNC(G62*(1+$E$14),2)","v":26.84},{"$f":"TRUNC('ORC1'!I62*('ORC10'!F62/'ORC1'!F62),2)","v":48220.7}]
["7",null,null,"ESQUADRIAS",{"$nulls":4},{"$f":"TRUNC(SUM(I64:I69),2)","v":379932.8}]
["7.1","SINAPI",91341,{"$f":"_xlfn.XLOOKUP(C64,CCD!B:B,CCD!C:C,_xlfn.XLOOKUP(C64,'COMP-SEINFRA'!A:A,'COMP-SEINFRA'!C:C,_xlfn.XLOOKUP(C64,'CP-CODEVASF'!A:A,'CP-CODEVASF'!B:B)))","v":"PORTA EM ALUMÍNIO DE ABRIR TIPO VENEZIANA COM GUARNIÇÃO, FIXAÇÃO COM PARAFUSOS - FORNECIMENTO E INSTALAÇÃO. AF_12/2019"},{"$f":"_xlfn.XLOOKUP(C64,CCD!B:B,CCD!D:D,_xlfn.XLOOKUP(C64,'COMP-SEINFRA'!A:A,'COMP-SEINFRA'!D:D,_xlfn.XLOOKUP(C64,'CP-CODEVASF'!A:A,'CP-CODEVASF'!C:C)))","v":"M2"},{"$f":"'ORC1'!F64*10","v":207.89999999999998},{"$f":"TRUNC(_xlfn.XLOOKUP(C64,CCD!B:B,CCD!O:O,_xlfn.XLOOKUP(C64,'COMP-SEINFRA'!A:A,'COMP-SEINFRA'!G:G,_xlfn.XLOOKUP(C64,'CP-CODEVASF'!A:A,'CP-CODEVASF'!D:D))),2)","v":652.20000000000005},{"$f":"TRUNC(G64*(1+$E$14),2)","v":821.25},{"$f":"TRUNC('ORC1'!I64*('ORC10'!F64/'ORC1'!F64),2)","v":170737.8}]
["7.2","SEINFRA","C4514",{"$f":"_xlfn.XLOOKUP(C65,CCD!B:B,CCD!C:C,_xlfn.XLOOKUP(C65,'COMP-SEINFRA'!A:A,'COMP-SEINFRA'!C:C,_xlfn.XLOOKUP(C65,'CP-CODEVASF'!A:A,'CP-CODEVASF'!B:B)))","v":"PORTA EM ALUMÍNIO ANODIZADO NATURAL/FOSCO, DE CORRER, SEM BANDEIROLA E/OU PEITORIL, SEM VIDRO - FORNECIMENTO E MONTAGEM"},{"$f":"_xlfn.XLOOKUP(C65,CCD!B:B,CCD!D:D,_xlfn.XLOOKUP(C65,'COMP-SEINFRA'!A:A,'COMP-SEINFRA'!D:D,_xlfn.XLOOKUP(C65,'CP-CODEVASF'!A:A,'CP-CODEVASF'!C:C)))","v":"M2"},{"$f":"'ORC1'!F65*10","v":100.8},{"$f":"TRUNC(_xlfn.XLOOKUP(C65,CCD!B:B,CCD!O:O,_xlfn.XLOOKUP(C65,'COMP-SEINFRA'!A:A,'COMP-SEINFRA'!G:G,_xlfn.XLOOKUP(C65,'CP-CODEVASF'!A:A,'CP-CODEVASF'!D:D))),2)","v":404.39},509.2,{"$f":"TRUNC('ORC1'!I65*('ORC10'!F65/'ORC1'!F65),2)","v":51327.3}]
["7.3","SEINFRA","C3737",{"$f":"_xlfn.XLOOKUP(C66,CCD!B:B,CCD!C:C,_xlfn.XLOOKUP(C66,'COMP-SEINFRA'!A:A,'COMP-SEINFRA'!C:C,_xlfn.XLOOKUP(C66,'CP-CODEVASF'!A:A,'CP-CODEVASF'!B:B)))","v":"PORTA FRIGORÍFICA TERMO-ISOLANTE DE ACIONAMENTO MANUAL C/AQUECIMENTO. 2100X1000X150MM -( FORNECIMENTO"},{"$f":"_xlfn.XLOOKUP(C66,CCD!B:B,CCD!D:D,_xlfn.XLOOKUP(C66,'COMP-SEINFRA'!A:A,'COMP-SEINFRA'!D:D,_xlfn.XLOOKUP(C66,'CP-CODEVASF'!A:A,'CP-CODEVASF'!C:C)))","v":"UN"},{"$f":"'ORC1'!F66*10","v":10},{"$f":"TRUNC(_xlfn.XLOOKUP(C66,CCD!B:B,CCD!O:O,_xlfn.XLOOKUP(C66,'COMP-SEINFRA'!A:A,'COMP-SEINFRA'!G:G,_xlfn.XLOOKUP(C66,'CP-CODEVASF'!A:A,'CP-CODEVASF'!D:D))),2)","v":3352.31},4221.22,{"$f":"TRUNC('ORC1'!I66*('ORC10'!F66/'ORC1'!F66),2)","v":42212.2}]
["7.4","SINAPI",94570,{"$f":"_xlfn.XLOOKUP(C67,CCD!B:B,CCD!C:C,_xlfn.XLOOKUP(C67,'COMP-SEINFRA'!A:A,'COMP-SEINFRA'!C:C,_xlfn.XLOOKUP(C67,'CP-CODEVASF'!A:A,'CP-CODEVASF'!B:B)))","v":"JANELA DE ALUMÍNIO DE CORRER COM 2 FOLHAS PARA VIDROS (VIDROS INCLUSOS), BATENTE/ REQUADRO 6 A 14 CM, ACABAMENTO COM ACETATO OU BRILHANTE, FIXAÇÃO COM PARAFUSO, SEM GUARNIÇÃO/ ALIZAR, DIMENSÕES 100X120 CM, VEDAÇÃO COM SILICONE, EXCLUSIVE CONTRAMARCO - FORNECIMENTO E INSTALAÇÃO. AF_11/2024"},{"$f":"_xlfn.XLOOKUP(C67,CCD!B:B,CCD!D:D,_xlfn.XLOOKUP(C67,'COMP-SEINFRA'!A:A,'COMP-SEINFRA'!D:D,_xlfn.XLOOKUP(C67,'CP-CODEVASF'!A:A,'CP-CODEVASF'!C:C)))","v":"M2"},{"$f":"'ORC1'!F67*10","v":28},{"$f":"TRUNC(_xlfn.XLOOKUP(C67,CCD!B:B,CCD!O:O,_xlfn.XLOOKUP(C67,'COMP-SEINFRA'!A:A,'COMP-SEINFRA'!G:G,_xlfn.XLOOKUP(C67,'CP-CODEVASF'!A:A,'CP-CODEVASF'!D:D))),2)","v":401.12},505.09,{"$f":"TRUNC('ORC1'!I67*('ORC10'!F67/'ORC1'!F67),2)","v":14142.5}]
["7.5","SINAPI",100674,{"$f":"_xlfn.XLOOKUP(C68,CCD!B:B,CCD!C:C,_xlfn.XLOOKUP(C68,'COMP-SEINFRA'!A:A,'COMP-SEINFRA'!C:C,_xlfn.XLOOKUP(C68,'CP-CODEVASF'!A:A,'CP-CODEVASF'!B:B)))","v":"CAIXILHO FIXO DE ALUMÍNIO PARA VIDRO (VIDRO INCLUSO), BATENTE/ REQUADRO DE 4 A 14 CM, SEM GUARNIÇÃO/ ALIZAR, FIXAÇÃO COM PARAFUSOS, VEDAÇÃO COM SILICONE, EXCLUSIVE CONTRAMARCO - FORNECIMENTO E INSTALAÇÃO. AF_11/2024"},{"$f":"_xlfn.XLOOKUP(C68,CCD!B:B,CCD!D:D,_xlfn.XLOOKUP(C68,'COMP-SEINFRA'!A:A,'COMP-SEINFRA'!D:D,_xlfn.XLOOKUP(C68,'CP-CODEVASF'!A:A,'CP-CODEVASF'!C:C)))","v":"M2"},{"$f":"'ORC1'!F68*10","v":80},{"$f":"TRUNC(_xlfn.XLOOKUP(C68,CCD!B:B,CCD!O:O,_xlfn.XLOOKUP(C68,'COMP-SEINFRA'!A:A,'COMP-SEINFRA'!G:G,_xlfn.XLOOKUP(C68,'CP-CODEVASF'!A:A,'CP-CODEVASF'!D:D))),2)","v":871.67},1097.5999999999999,{"$f":"TRUNC('ORC1'!I68*('ORC10'!F68/'ORC1'!F68),2)","v":87808}]
["7.6","SINAPI",94569,{"$f":"_xlfn.XLOOKUP(C69,CCD!B:B,CCD!C:C,_xlfn.XLOOKUP(C69,'COMP-SEINFRA'!A:A,'COMP-SEINFRA'!C:C,_xlfn.XLOOKUP(C69,'CP-CODEVASF'!A:A,'CP-CODEVASF'!B:B)))","v":"JANELA DE ALUMÍNIO TIPO MAXIM-AR, BATENTE/ REQUADRO 3 A 14 CM, VIDRO INCLUSO, FIXAÇÃO COM PARAFUSO, SEM GUARNIÇÃO/ ALIZAR, DIMENSÕES 60X80 (A X L) CM, SEM ACABAMENTO, VEDAÇÃO COM SILICONE, EXCLUSIVE CONTRAMARCO - FORNECIMENTO E INSTALAÇÃO. AF_11/2024"},{"$f":"_xlfn.XLOOKUP(C69,CCD!B:B,CCD!D:D,_xlfn.XLOOKUP(C69,'COMP-SEINFRA'!A:A,'COMP-SEINFRA'!D:D,_xlfn.XLOOKUP(C69,'CP-CODEVASF'!A:A,'CP-CODEVASF'!C:C)))","v":"M2"},{"$f":"'ORC1'!F69*10","v":14.399999999999999},{"$f":"TRUNC(_xlfn.XLOOKUP(C69,CCD!B:B,CCD!O:O,_xlfn.XLOOKUP(C69,'COMP-SEINFRA'!A:A,'COMP-SEINFRA'!G:G,_xlfn.XLOOKUP(C69,'CP-CODEVASF'!A:A,'CP-CODEVASF'!D:D))),2)","v":755.83},951.74,{"$f":"TRUNC('ORC1'!I69*('ORC10'!F69/'ORC1'!F69),2)","v":13705}]
["8",null,null,"INSTALAÇÕES ELÉTRICAS",{"$nulls":4},{"$f":"TRUNC(SUM(I71:I96),2)","v":316546.59999999998}]
["8.1","SINAPI","COMP-33",{"$f":"_xlfn.XLOOKUP(C71,CCD!B:B,CCD!C:C,_xlfn.XLOOKUP(C71,'COMP-SEINFRA'!A:A,'COMP-SEINFRA'!C:C,_xlfn.XLOOKUP(C71,'CP-CODEVASF'!A:A,'CP-CODEVASF'!B:B)))","v":"ENTRADA DE ENERGIA COM POSTE E ASSENTAMENTO                                                                                                                               "},{"$f":"_xlfn.XLOOKUP(C71,CCD!B:B,CCD!D:D,_xlfn.XLOOKUP(C71,'COMP-SEINFRA'!A:A,'COMP-SEINFRA'!D:D,_xlfn.XLOOKUP(C71,'CP-CODEVASF'!A:A,'CP-CODEVASF'!C:C)))","v":"UN"},{"$f":"'ORC1'!F71*10","v":10},{"$f":"TRUNC(_xlfn.XLOOKUP(C71,CCD!B:B,CCD!O:O,_xlfn.XLOOKUP(C71,'COMP-SEINFRA'!A:A,'COMP-SEINFRA'!G:G,_xlfn.XLOOKUP(C71,'CP-CODEVASF'!A:A,'CP-CODEVASF'!D:D))),2)","v":3660.45},{"$f":"TRUNC(G71*(1+$E$14),2)","v":4609.2299999999996},{"$f":"TRUNC('ORC1'!I71*('ORC10'!F71/'ORC1'!F71),2)","v":46092.3}]
["8.2","SINAPI",101878,{"$f":"_xlfn.XLOOKUP(C72,CCD!B:B,CCD!C:C,_xlfn.XLOOKUP(C72,'COMP-SEINFRA'!A:A,'COMP-SEINFRA'!C:C,_xlfn.XLOOKUP(C72,'CP-CODEVASF'!A:A,'CP-CODEVASF'!B:B)))","v":"QUADRO DE DISTRIBUIÇÃO DE ENERGIA EM CHAPA DE AÇO GALVANIZADO, DE SOBREPOR, COM BARRAMENTO TRIFÁSICO, PARA 18 DISJUNTORES DIN 100A - FORNECIMENTO E INSTALAÇÃO. AF_07/2025"},{"$f":"_xlfn.XLOOKUP(C72,CCD!B:B,CCD!D:D,_xlfn.XLOOKUP(C72,'COMP-SEINFRA'!A:A,'COMP-SEINFRA'!D:D,_xlfn.XLOOKUP(C72,'CP-CODEVASF'!A:A,'CP-CODEVASF'!C:C)))","v":"UN"},{"$f":"'ORC1'!F72*10","v":20},{"$f":"TRUNC(_xlfn.XLOOKUP(C72,CCD!B:B,CCD!O:O,_xlfn.XLOOKUP(C72,'COMP-SEINFRA'!A:A,'COMP-SEINFRA'!G:G,_xlfn.XLOOKUP(C72,'CP-CODEVASF'!A:A,'CP-CODEVASF'!D:D))),2)","v":401.59},505.68,{"$f":"TRUNC('ORC1'!I72*('ORC10'!F72/'ORC1'!F72),2)","v":10113.6}]
["8.3","SINAPI",91927,{"$f":"_xlfn.XLOOKUP(C73,CCD!B:B,CCD!C:C,_xlfn.XLOOKUP(C73,'COMP-SEINFRA'!A:A,'COMP-SEINFRA'!C:C,_xlfn.XLOOKUP(C73,'CP-CODEVASF'!A:A,'CP-CODEVASF'!B:B)))","v":"CABO DE COBRE FLEXÍVEL ISOLADO, 2,5 MM², ANTI-CHAMA 0,6/1,0 KV, PARA CIRCUITOS TERMINAIS - FORNECIMENTO E INSTALAÇÃO. AF_03/2023"},{"$f":"_xlfn.XLOOKUP(C73,CCD!B:B,CCD!D:D,_xlfn.XLOOKUP(C73,'COMP-SEINFRA'!A:A,'COMP-SEINFRA'!D:D,_xlfn.XLOOKUP(C73,'CP-CODEVASF'!A:A,'CP-CODEVASF'!C:C)))","v":"M"},{"$f":"'ORC1'!F73*10","v":58},{"$f":"TRUNC(_xlfn.XLOOKUP(C73,CCD!B:B,CCD!O:O,_xlfn.XLOOKUP(C73,'COMP-SEINFRA'!A:A,'COMP-SEINFRA'!G:G,_xlfn.XLOOKUP(C73,'CP-CODEVASF'!A:A,'CP-CODEVASF'!D:D))),2)","v":5.32},6.69,{"$f":"TRUNC('ORC1'!I73*('ORC10'!F73/'ORC1'!F73),2)","v":388}]
["8.4","SINAPI",91929,{"$f":"_xlfn.XLOOKUP(C74,CCD!B:B,CCD!C:C,_xlfn.XLOOKUP(C74,'COMP-SEINFRA'!A:A,'COMP-SEINFRA'!C:C,_xlfn.XLOOKUP(C74,'CP-CODEVASF'!A:A,'CP-CODEVASF'!B:B)))","v":"CABO DE COBRE FLEXÍVEL ISOLADO, 4 MM², ANTI-CHAMA 0,6/1,0 KV, PARA CIRCUITOS TERMINAIS - FORNECIMENTO E INSTALAÇÃO. AF_03/2023"},{"$f":"_xlfn.XLOOKUP(C74,CCD!B:B,CCD!D:D,_xlfn.XLOOKUP(C74,'COMP-SEINFRA'!A:A,'COMP-SEINFRA'!D:D,_xlfn.XLOOKUP(C74,'CP-CODEVASF'!A:A,'CP-CODEVASF'!C:C)))","v":"M"},{"$f":"'ORC1'!F74*10","v":2842.7999999999997},{"$f":"TRUNC(_xlfn.XLOOKUP(C74,CCD!B:B,CCD!O:O,_xlfn.XLOOKUP(C74,'COMP-SEINFRA'!A:A,'COMP-SEINFRA'!G:G,_xlfn.XLOOKUP(C74,'CP-CODEVASF'!A:A,'CP-CODEVASF'!D:D))),2)","v":7.89},9.93,{"$f":"TRUNC('ORC1'!I74*('ORC10'!F74/'ORC1'!F74),2)","v":28229}]
["8.5","SINAPI",91924,{"$f":"_xlfn.XLOOKUP(C75,CCD!B:B,CCD!C:C,_xlfn.XLOOKUP(C75,'COMP-SEINFRA'!A:A,'COMP-SEINFRA'!C:C,_xlfn.XLOOKUP(C75,'CP-CODEVASF'!A:A,'CP-CODEVASF'!B:B)))","v":"CABO DE COBRE FLEXÍVEL ISOLADO, 1,5 MM², ANTI-CHAMA 450/750 V, PARA CIRCUITOS TERMINAIS - FORNECIMENTO E INSTALAÇÃO. AF_03/2023"},{"$f":"_xlfn.XLOOKUP(C75,CCD!B:B,CCD!D:D,_xlfn.XLOOKUP(C75,'COMP-SEINFRA'!A:A,'COMP-SEINFRA'!D:D,_xlfn.XLOOKUP(C75,'CP-CODEVASF'!A:A,'CP-CODEVASF'!C:C)))","v":"M"},{"$f":"'ORC1'!F75*10","v":2253},{"$f":"TRUNC(_xlfn.XLOOKUP(C75,CCD!B:B,CCD!O:O,_xlfn.XLOOKUP(C75,'COMP-SEINFRA'!A:A,'COMP-SEINFRA'!G:G,_xlfn.XLOOKUP(C75,'CP-CODEVASF'!A:A,'CP-CODEVASF'!D:D))),2)","v":3.23},4.0599999999999996,{"$f":"TRUNC('ORC1'!I75*('ORC10'!F75/'ORC1'!F75),2)","v":9147.1}]
["8.6","SINAPI",91926,{"$f":"_xlfn.XLOOKUP(C76,CCD!B:B,CCD!C:C,_xlfn.XLOOKUP(C76,'COMP-SEINFRA'!A:A,'COMP-SEINFRA'!C:C,_xlfn.XLOOKUP(C76,'CP-CODEVASF'!A:A,'CP-CODEVASF'!B:B)))","v":"CABO DE COBRE FLEXÍVEL ISOLADO, 2,5 MM², ANTI-CHAMA 450/750 V, PARA CIRCUITOS TERMINAIS - FORNECIMENTO E INSTALAÇÃO. AF_03/2023"},{"$f":"_xlfn.XLOOKUP(C76,CCD!B:B,CCD!D:D,_xlfn.XLOOKUP(C76,'COMP-SEINFRA'!A:A,'COMP-SEINFRA'!D:D,_xlfn.XLOOKUP(C76,'CP-CODEVASF'!A:A,'CP-CODEVASF'!C:C)))","v":"M"},{"$f":"'ORC1'!F76*10","v":4093},{"$f":"TRUNC(_xlfn.XLOOKUP(C76,CCD!B:B,CCD!O:O,_xlfn.XLOOKUP(C76,'COMP-SEINFRA'!A:A,'COMP-SEINFRA'!G:G,_xlfn.XLOOKUP(C76,'CP-CODEVASF'!A:A,'CP-CODEVASF'!D:D))),2)","v":4.72},5.94,{"$f":"TRUNC('ORC1'!I76*('ORC10'!F76/'ORC1'!F76),2)","v":24312.400000000001}]
["8.7","SINAPI",91932,{"$f":"_xlfn.XLOOKUP(C77,CCD!B:B,CCD!C:C,_xlfn.XLOOKUP(C77,'COMP-SEINFRA'!A:A,'COMP-SEINFRA'!C:C,_xlfn.XLOOKUP(C77,'CP-CODEVASF'!A:A,'CP-CODEVASF'!B:B)))","v":"CABO DE COBRE FLEXÍVEL ISOLADO, 10 MM², ANTI-CHAMA 450/750 V, PARA CIRCUITOS TERMINAIS - FORNECIMENTO E INSTALAÇÃO. AF_03/2023"},{"$f":"_xlfn.XLOOKUP(C77,CCD!B:B,CCD!D:D,_xlfn.XLOOKUP(C77,'COMP-SEINFRA'!A:A,'COMP-SEINFRA'!D:D,_xlfn.XLOOKUP(C77,'CP-CODEVASF'!A:A,'CP-CODEVASF'!C:C)))","v":"M"},{"$f":"'ORC1'!F77*10","v":865.8},{"$f":"TRUNC(_xlfn.XLOOKUP(C77,CCD!B:B,CCD!O:O,_xlfn.XLOOKUP(C77,'COMP-SEINFRA'!A:A,'COMP-SEINFRA'!G:G,_xlfn.XLOOKUP(C77,'CP-CODEVASF'!A:A,'CP-CODEVASF'!D:D))),2)","v":18.579999999999998},23.39,{"$f":"TRUNC('ORC1'!I77*('ORC10'!F77/'ORC1'!F77),2)","v":20251}]
["8.8","SINAPI",91864,{"$f":"_xlfn.XLOOKUP(C78,CCD!B:B,CCD!C:C,_xlfn.XLOOKUP(C78,'COMP-SEINFRA'!A:A,'COMP-SEINFRA'!C:C,_xlfn.XLOOKUP(C78,'CP-CODEVASF'!A:A,'CP-CODEVASF'!B:B)))","v":"ELETRODUTO RÍGIDO ROSCÁVEL, PVC, DN 32 MM (1\"), PARA CIRCUITOS TERMINAIS, INSTALADO EM FORRO - FORNECIMENTO E INSTALAÇÃO. AF_03/2023"},{"$f":"_xlfn.XLOOKUP(C78,CCD!B:B,CCD!D:D,_xlfn.XLOOKUP(C78,'COMP-SEINFRA'!A:A,'COMP-SEINFRA'!D:D,_xlfn.XLOOKUP(C78,'CP-CODEVASF'!A:A,'CP-CODEVASF'!C:C)))","v":"M"},{"$f":"'ORC1'!F78*10","v":188},{"$f":"TRUNC(_xlfn.XLOOKUP(C78,CCD!B:B,CCD!O:O,_xlfn.XLOOKUP(C78,'COMP-SEINFRA'!A:A,'COMP-SEINFRA'!G:G,_xlfn.XLOOKUP(C78,'CP-CODEVASF'!A:A,'CP-CODEVASF'!D:D))),2)","v":15.12},19.03,{"$f":"TRUNC('ORC1'!I78*('ORC10'!F78/'ORC1'!F78),2)","v":3577.6}]
["8.9","SINAPI",91863,{"$f":"_xlfn.XLOOKUP(C79,CCD!B:B,CCD!C:C,_xlfn.XLOOKUP(C79,'COMP-SEINFRA'!A:A,'COMP-SEINFRA'!C:C,_xlfn.XLOOKUP(C79,'CP-CODEVASF'!A:A,'CP-CODEVASF'!B:B)))","v":"ELETRODUTO RÍGIDO ROSCÁVEL, PVC, DN 25 MM (3/4\"), PARA CIRCUITOS TERMINAIS, INSTALADO EM FORRO - FORNECIMENTO E INSTALAÇÃO. AF_03/2023"},{"$f":"_xlfn.XLOOKUP(C79,CCD!B:B,CCD!D:D,_xlfn.XLOOKUP(C79,'COMP-SEINFRA'!A:A,'COMP-SEINFRA'!D:D,_xlfn.XLOOKUP(C79,'CP-CODEVASF'!A:A,'CP-CODEVASF'!C:C)))","v":"M"},{"$f":"'ORC1'!F79*10","v":2117},{"$f":"TRUNC(_xlfn.XLOOKUP(C79,CCD!B:B,CCD!O:O,_xlfn.XLOOKUP(C79,'COMP-SEINFRA'!A:A,'COMP-SEINFRA'!G:G,_xlfn.XLOOKUP(C79,'CP-CODEVASF'!A:A,'CP-CODEVASF'!D:D))),2)","v":11.23},14.14,{"$f":"TRUNC('ORC1'!I79*('ORC10'!F79/'ORC1'!F79),2)","v":29934.3}]
["8.10","SINAPI",91841,{"$f":"_xlfn.XLOOKUP(C80,CCD!B:B,CCD!C:C,_xlfn.XLOOKUP(C80,'COMP-SEINFRA'!A:A,'COMP-SEINFRA'!C:C,_xlfn.XLOOKUP(C80,'CP-CODEVASF'!A:A,'CP-CODEVASF'!B:B)))","v":"ELETRODUTO FLEXÍVEL LISO, PEAD, DN 40 MM (1 1/4\"), PARA CIRCUITOS TERMINAIS, INSTALADO EM FORRO - FORNECIMENTO E INSTALAÇÃO. AF_03/2023"},{"$f":"_xlfn.XLOOKUP(C80,CCD!B:B,CCD!D:D,_xlfn.XLOOKUP(C80,'COMP-SEINFRA'!A:A,'COMP-SEINFRA'!D:D,_xlfn.XLOOKUP(C80,'CP-CODEVASF'!A:A,'CP-CODEVASF'!C:C)))","v":"M"},{"$f":"'ORC1'!F80*10","v":273},{"$f":"TRUNC(_xlfn.XLOOKUP(C80,CCD!B:B,CCD!O:O,_xlfn.XLOOKUP(C80,'COMP-SEINFRA'!A:A,'COMP-SEINFRA'!G:G,_xlfn.XLOOKUP(C80,'CP-CODEVASF'!A:A,'CP-CODEVASF'!D:D))),2)","v":23.15},29.15,{"$f":"TRUNC('ORC1'!I80*('ORC10'!F80/'ORC1'!F80),2)","v":7957.9}]
["8.11","SINAPI",97881,{"$f":"_xlfn.XLOOKUP(C81,CCD!B:B,CCD!C:C,_xlfn.XLOOKUP(C81,'COMP-SEINFRA'!A:A,'COMP-SEINFRA'!C:C,_xlfn.XLOOKUP(C81,'CP-CODEVASF'!A:A,'CP-CODEVASF'!B:B)))","v":"CAIXA ENTERRADA ELÉTRICA RETANGULAR, EM CONCRETO PRÉ-MOLDADO, FUNDO COM BRITA, DIMENSÕES INTERNAS: 0,3X0,3X0,3 M. AF_12/2020"},{"$f":"_xlfn.XLOOKUP(C81,CCD!B:B,CCD!D:D,_xlfn.XLOOKUP(C81,'COMP-SEINFRA'!A:A,'COMP-SEINFRA'!D:D,_xlfn.XLOOKUP(C81,'CP-CODEVASF'!A:A,'CP-CODEVASF'!C:C)))","v":"UN"},{"$f":"'ORC1'!F81*10","v":40},{"$f":"TRUNC(_xlfn.XLOOKUP(C81,CCD!B:B,CCD!O:O,_xlfn.XLOOKUP(C81,'COMP-SEINFRA'!A:A,'COMP-SEINFRA'!G:G,_xlfn.XLOOKUP(C81,'CP-CODEVASF'!A:A,'CP-CODEVASF'!D:D))),2)","v":164.89},207.62,{"$f":"TRUNC('ORC1'!I81*('ORC10'!F81/'ORC1'!F81),2)","v":8304.7999999999993}]
["8.12","SEINFRA","C1160",{"$f":"_xlfn.XLOOKUP(C82,CCD!B:B,CCD!C:C,_xlfn.XLOOKUP(C82,'COMP-SEINFRA'!A:A,'COMP-SEINFRA'!C:C,_xlfn.XLOOKUP(C82,'CP-CODEVASF'!A:A,'CP-CODEVASF'!B:B)))","v":"DUTO PERFURADO - ELETROCALHA DE CHAPA DE AÇO (50X100)mm"},{"$f":"_xlfn.XLOOKUP(C82,CCD!B:B,CCD!D:D,_xlfn.XLOOKUP(C82,'COMP-SEINFRA'!A:A,'COMP-SEINFRA'!D:D,_xlfn.XLOOKUP(C82,'CP-CODEVASF'!A:A,'CP-CODEVASF'!C:C)))","v":"M"},{"$f":"'ORC1'!F82*10","v":226.29999999999998},{"$f":"TRUNC(_xlfn.XLOOKUP(C82,CCD!B:B,CCD!O:O,_xlfn.XLOOKUP(C82,'COMP-SEINFRA'!A:A,'COMP-SEINFRA'!G:G,_xlfn.XLOOKUP(C82,'CP-CODEVASF'!A:A,'CP-CODEVASF'!D:D))),2)","v":81.17},102.2,{"$f":"TRUNC('ORC1'!I82*('ORC10'!F82/'ORC1'!F82),2)","v":23127.8}]
["8.13","SINAPI",96563,{"$f":"_xlfn.XLOOKUP(C83,CCD!B:B,CCD!C:C,_xlfn.XLOOKUP(C83,'COMP-SEINFRA'!A:A,'COMP-SEINFRA'!C:C,_xlfn.XLOOKUP(C83,'CP-CODEVASF'!A:A,'CP-CODEVASF'!B:B)))","v":"SUPORTE PARA ELETROCALHA LISA OU PERFURADA EM AÇO GALVANIZADO, LARGURA 800 MM, EM PERFILADO COM COMPRIMENTO DE 85 CM FIXADO EM LAJE, POR METRO DE ELETROCALHA FIXADA. AF_09/2023"},{"$f":"_xlfn.XLOOKUP(C83,CCD!B:B,CCD!D:D,_xlfn.XLOOKUP(C83,'COMP-SEINFRA'!A:A,'COMP-SEINFRA'!D:D,_xlfn.XLOOKUP(C83,'CP-CODEVASF'!A:A,'CP-CODEVASF'!C:C)))","v":"M"},{"$f":"'ORC1'!F83*10","v":160},{"$f":"TRUNC(_xlfn.XLOOKUP(C83,CCD!B:B,CCD!O:O,_xlfn.XLOOKUP(C83,'COMP-SEINFRA'!A:A,'COMP-SEINFRA'!G:G,_xlfn.XLOOKUP(C83,'CP-CODEVASF'!A:A,'CP-CODEVASF'!D:D))),2)","v":65.89},82.96,{"$f":"TRUNC('ORC1'!I83*('ORC10'!F83/'ORC1'!F83),2)","v":13273.6}]
["8.14","SINAPI",91953,{"$f":"_xlfn.XLOOKUP(C84,CCD!B:B,CCD!C:C,_xlfn.XLOOKUP(C84,'COMP-SEINFRA'!A:A,'COMP-SEINFRA'!C:C,_xlfn.XLOOKUP(C84,'CP-CODEVASF'!A:A,'CP-CODEVASF'!B:B)))","v":"INTERRUPTOR SIMPLES (1 MÓDULO), 10A/250V, INCLUINDO SUPORTE E PLACA - FORNECIMENTO E INSTALAÇÃO. AF_03/2023"},{"$f":"_xlfn.XLOOKUP(C84,CCD!B:B,CCD!D:D,_xlfn.XLOOKUP(C84,'COMP-SEINFRA'!A:A,'COMP-SEINFRA'!D:D,_xlfn.XLOOKUP(C84,'CP-CODEVASF'!A:A,'CP-CODEVASF'!C:C)))","v":"UN"},{"$f":"'ORC1'!F84*10","v":80},{"$f":"TRUNC(_xlfn.XLOOKUP(C84,CCD!B:B,CCD!O:O,_xlfn.XLOOKUP(C84,'COMP-SEINFRA'!A:A,'COMP-SEINFRA'!G:G,_xlfn.XLOOKUP(C84,'CP-CODEVASF'!A:A,'CP-CODEVASF'!D:D))),2)","v":29.74},37.44,{"$f":"TRUNC('ORC1'!I84*('ORC10'!F84/'ORC1'!F84),2)","v":2995.2}]
["8.15","SINAPI",91959,{"$f":"_xlfn.XLOOKUP(C85,CCD!B:B,CCD!C:C,_xlfn.XLOOKUP(C85,'COMP-SEINFRA'!A:A,'COMP-SEINFRA'!C:C,_xlfn.XLOOKUP(C85,'CP-CODEVASF'!A:A,'CP-CODEVASF'!B:B)))","v":"INTERRUPTOR SIMPLES (2 MÓDULOS), 10A/250V, INCLUINDO SUPORTE E PLACA - FORNECIMENTO E INSTALAÇÃO. AF_03/2023"},{"$f":"_xlfn.XLOOKUP(C85,CCD!B:B,CCD!D:D,_xlfn.XLOOKUP(C85,'COMP-SEINFRA'!A:A,'COMP-SEINFRA'!D:D,_xlfn.XLOOKUP(C85,'CP-CODEVASF'!A:A,'CP-CODEVASF'!C:C)))","v":"UN"},{"$f":"'ORC1'!F85*10","v":10},{"$f":"TRUNC(_xlfn.XLOOKUP(C85,CCD!B:B,CCD!O:O,_xlfn.XLOOKUP(C85,'COMP-SEINFRA'!A:A,'COMP-SEINFRA'!G:G,_xlfn.XLOOKUP(C85,'CP-CODEVASF'!A:A,'CP-CODEVASF'!D:D))),2)","v":45.29},57.02,{"$f":"TRUNC('ORC1'!I85*('ORC10'!F85/'ORC1'!F85),2)","v":570.20000000000005}]
["8.16","SINAPI",91996,{"$f":"_xlfn.XLOOKUP(C86,CCD!B:B,CCD!C:C,_xlfn.XLOOKUP(C86,'COMP-SEINFRA'!A:A,'COMP-SEINFRA'!C:C,_xlfn.XLOOKUP(C86,'CP-CODEVASF'!A:A,'CP-CODEVASF'!B:B)))","v":"TOMADA MÉDIA DE EMBUTIR (1 MÓDULO), 2P+T 10 A, INCLUINDO SUPORTE E PLACA - FORNECIMENTO E INSTALAÇÃO. AF_03/2023"},{"$f":"_xlfn.XLOOKUP(C86,CCD!B:B,CCD!D:D,_xlfn.XLOOKUP(C86,'COMP-SEINFRA'!A:A,'COMP-SEINFRA'!D:D,_xlfn.XLOOKUP(C86,'CP-CODEVASF'!A:A,'CP-CODEVASF'!C:C)))","v":"UN"},{"$f":"'ORC1'!F86*10","v":100},{"$f":"TRUNC(_xlfn.XLOOKUP(C86,CCD!B:B,CCD!O:O,_xlfn.XLOOKUP(C86,'COMP-SEINFRA'!A:A,'COMP-SEINFRA'!G:G,_xlfn.XLOOKUP(C86,'CP-CODEVASF'!A:A,'CP-CODEVASF'!D:D))),2)","v":35.08},44.17,{"$f":"TRUNC('ORC1'!I86*('ORC10'!F86/'ORC1'!F86),2)","v":4417}]
["8.17","SINAPI",93653,{"$f":"_xlfn.XLOOKUP(C87,CCD!B:B,CCD!C:C,_xlfn.XLOOKUP(C87,'COMP-SEINFRA'!A:A,'COMP-SEINFRA'!C:C,_xlfn.XLOOKUP(C87,'CP-CODEVASF'!A:A,'CP-CODEVASF'!B:B)))","v":"DISJUNTOR MONOPOLAR TIPO DIN, CORRENTE NOMINAL DE 10A - FORNECIMENTO E INSTALAÇÃO. AF_07/2025"},{"$f":"_xlfn.XLOOKUP(C87,CCD!B:B,CCD!D:D,_xlfn.XLOOKUP(C87,'COMP-SEINFRA'!A:A,'COMP-SEINFRA'!D:D,_xlfn.XLOOKUP(C87,'CP-CODEVASF'!A:A,'CP-CODEVASF'!C:C)))","v":"UN"},{"$f":"'ORC1'!F87*10","v":170},{"$f":"TRUNC(_xlfn.XLOOKUP(C87,CCD!B:B,CCD!O:O,_xlfn.XLOOKUP(C87,'COMP-SEINFRA'!A:A,'COMP-SEINFRA'!G:G,_xlfn.XLOOKUP(C87,'CP-CODEVASF'!A:A,'CP-CODEVASF'!D:D))),2)","v":11.94},15.03,{"$f":"TRUNC('ORC1'!I87*('ORC10'!F87/'ORC1'!F87),2)","v":2555.1}]
["8.18","SINAPI",93654,{"$f":"_xlfn.XLOOKUP(C88,CCD!B:B,CCD!C:C,_xlfn.XLOOKUP(C88,'COMP-SEINFRA'!A:A,'COMP-SEINFRA'!C:C,_xlfn.XLOOKUP(C88,'CP-CODEVASF'!A:A,'CP-CODEVASF'!B:B)))","v":"DISJUNTOR MONOPOLAR TIPO DIN, CORRENTE NOMINAL DE 16A - FORNECIMENTO E INSTALAÇÃO. AF_07/2025"},{"$f":"_xlfn.XLOOKUP(C88,CCD!B:B,CCD!D:D,_xlfn.XLOOKUP(C88,'COMP-SEINFRA'!A:A,'COMP-SEINFRA'!D:D,_xlfn.XLOOKUP(C88,'CP-CODEVASF'!A:A,'CP-CODEVASF'!C:C)))","v":"UN"},{"$f":"'ORC1'!F88*10","v":60},{"$f":"TRUNC(_xlfn.XLOOKUP(C88,CCD!B:B,CCD!O:O,_xlfn.XLOOKUP(C88,'COMP-SEINFRA'!A:A,'COMP-SEINFRA'!G:G,_xlfn.XLOOKUP(C88,'CP-CODEVASF'!A:A,'CP-CODEVASF'!D:D))),2)","v":11.94},15.03,{"$f":"TRUNC('ORC1'!I88*('ORC10'!F88/'ORC1'!F88),2)","v":901.8}]
["8.19","SINAPI",93667,{"$f":"_xlfn.XLOOKUP(C89,CCD!B:B,CCD!C:C,_xlfn.XLOOKUP(C89,'COMP-SEINFRA'!A:A,'COMP-SEINFRA'!C:C,_xlfn.XLOOKUP(C89,'CP-CODEVASF'!A:A,'CP-CODEVASF'!B:B)))","v":"DISJUNTOR TRIPOLAR TIPO DIN, CORRENTE NOMINAL DE 10A - FORNECIMENTO E INSTALAÇÃO. AF_07/2025"},{"$f":"_xlfn.XLOOKUP(C89,CCD!B:B,CCD!D:D,_xlfn.XLOOKUP(C89,'COMP-SEINFRA'!A:A,'COMP-SEINFRA'!D:D,_xlfn.XLOOKUP(C89,'CP-CODEVASF'!A:A,'CP-CODEVASF'!C:C)))","v":"UN"},{"$f":"'ORC1'!F89*10","v":10},{"$f":"TRUNC(_xlfn.XLOOKUP(C89,CCD!B:B,CCD!O:O,_xlfn.XLOOKUP(C89,'COMP-SEINFRA'!A:A,'COMP-SEINFRA'!G:G,_xlfn.XLOOKUP(C89,'CP-CODEVASF'!A:A,'CP-CODEVASF'!D:D))),2)","v":72.34},91.09,{"$f":"TRUNC('ORC1'!I89*('ORC10'!F89/'ORC1'!F89),2)","v":910.9}]
["8.20","CODEVASF",{"$f":"'CP-CODEVASF'!A24","v":"COMP-24"},{"$f":"_xlfn.XLOOKUP(C90,CCD!B:B,CCD!C:C,_xlfn.XLOOKUP(C90,'COMP-SEINFRA'!A:A,'COMP-SEINFRA'!C:C,_xlfn.XLOOKUP(C90,'CP-CODEVASF'!A:A,'CP-CODEVASF'!B:B)))","v":"DISJUNTOR TRIPOLAR TIPO DIN, CORRENTE NOMINAL DE 63A - FORNECIMENTO E INSTALAÇÃO"},{"$f":"_xlfn.XLOOKUP(C90,CCD!B:B,CCD!D:D,_xlfn.XLOOKUP(C90,'COMP-SEINFRA'!A:A,'COMP-SEINFRA'!D:D,_xlfn.XLOOKUP(C90,'CP-CODEVASF'!A:A,'CP-CODEVASF'!C:C)))","v":"UN"},{"$f":"'ORC1'!F90*10","v":10},{"$f":"TRUNC(_xlfn.XLOOKUP(C90,CCD!B:B,CCD!O:O,_xlfn.XLOOKUP(C90,'COMP-SEINFRA'!A:A,'COMP-SEINFRA'!G:G,_xlfn.XLOOKUP(C90,'CP-CODEVASF'!A:A,'CP-CODEVASF'!D:D))),2)","v":106.36},133.91999999999999,{"$f":"TRUNC('ORC1'!I90*('ORC10'!F90/'ORC1'!F90),2)","v":1339.2}]
["8.21","CODEVASF",{"$f":"'CP-CODEVASF'!A31","v":"COMP-30"},{"$f":"_xlfn.XLOOKUP(C91,CCD!B:B,CCD!C:C,_xlfn.XLOOKUP(C91,'COMP-SEINFRA'!A:A,'COMP-SEINFRA'!C:C,_xlfn.XLOOKUP(C91,'CP-CODEVASF'!A:A,'CP-CODEVASF'!B:B)))","v":"DISPOSITIVO DR BIPOLAR DE 25 A/30 MA  - FORNECIMENTO E INSTALAÇÃO"},{"$f":"_xlfn.XLOOKUP(C91,CCD!B:B,CCD!D:D,_xlfn.XLOOKUP(C91,'COMP-SEINFRA'!A:A,'COMP-SEINFRA'!D:D,_xlfn.XLOOKUP(C91,'CP-CODEVASF'!A:A,'CP-CODEVASF'!C:C)))","v":"UN"},{"$f":"'ORC1'!F91*10","v":20},{"$f":"TRUNC(_xlfn.XLOOKUP(C91,CCD!B:B,CCD!O:O,_xlfn.XLOOKUP(C91,'COMP-SEINFRA'!A:A,'COMP-SEINFRA'!G:G,_xlfn.XLOOKUP(C91,'CP-CODEVASF'!A:A,'CP-CODEVASF'!D:D))),2)","v":178.14},224.31,{"$f":"TRUNC('ORC1'!I91*('ORC10'!F91/'ORC1'!F91),2)","v":4486.2}]
["8.22","CODEVASF",{"$f":"'CP-CODEVASF'!A32","v":"COMP-31"},{"$f":"_xlfn.XLOOKUP(C92,CCD!B:B,CCD!C:C,_xlfn.XLOOKUP(C92,'COMP-SEINFRA'!A:A,'COMP-SEINFRA'!C:C,_xlfn.XLOOKUP(C92,'CP-CODEVASF'!A:A,'CP-CODEVASF'!B:B)))","v":"DISPOSITIVO DPS CLASSE II, 1 POLO, 275 V, 20 KA - FORNECIMENTO E INSTALAÇÃO                                                                                                                               "},{"$f":"_xlfn.XLOOKUP(C92,CCD!B:B,CCD!D:D,_xlfn.XLOOKUP(C92,'COMP-SEINFRA'!A:A,'COMP-SEINFRA'!D:D,_xlfn.XLOOKUP(C92,'CP-CODEVASF'!A:A,'CP-CODEVASF'!C:C)))","v":"UN"},{"$f":"'ORC1'!F92*10","v":80},{"$f":"TRUNC(_xlfn.XLOOKUP(C92,CCD!B:B,CCD!O:O,_xlfn.XLOOKUP(C92,'COMP-SEINFRA'!A:A,'COMP-SEINFRA'!G:G,_xlfn.XLOOKUP(C92,'CP-CODEVASF'!A:A,'CP-CODEVASF'!D:D))),2)","v":105.54},132.88999999999999,{"$f":"TRUNC('ORC1'!I92*('ORC10'!F92/'ORC1'!F92),2)","v":10631.2}]
["8.23","CODEVASF",{"$f":"'CP-CODEVASF'!A3","v":"COMP-01"},{"$f":"_xlfn.XLOOKUP(C93,CCD!B:B,CCD!C:C,_xlfn.XLOOKUP(C93,'COMP-SEINFRA'!A:A,'COMP-SEINFRA'!C:C,_xlfn.XLOOKUP(C93,'CP-CODEVASF'!A:A,'CP-CODEVASF'!B:B)))","v":"LUMINÁRIA PRISMÁTICA PENDENTE, COM 1 LÂMPADA LED DE 20W "},{"$f":"_xlfn.XLOOKUP(C93,CCD!B:B,CCD!D:D,_xlfn.XLOOKUP(C93,'COMP-SEINFRA'!A:A,'COMP-SEINFRA'!D:D,_xlfn.XLOOKUP(C93,'CP-CODEVASF'!A:A,'CP-CODEVASF'!C:C)))","v":"UN"},{"$f":"'ORC1'!F93*10","v":260},{"$f":"TRUNC(_xlfn.XLOOKUP(C93,CCD!B:B,CCD!O:O,_xlfn.XLOOKUP(C93,'COMP-SEINFRA'!A:A,'COMP-SEINFRA'!G:G,_xlfn.XLOOKUP(C93,'CP-CODEVASF'!A:A,'CP-CODEVASF'!D:D))),2)","v":120.49},151.72,{"$f":"TRUNC('ORC1'!I93*('ORC10'!F93/'ORC1'!F93),2)","v":39447.199999999997}]
["8.24","SINAPI",97607,{"$f":"_xlfn.XLOOKUP(C94,CCD!B:B,CCD!C:C,_xlfn.XLOOKUP(C94,'COMP-SEINFRA'!A:A,'COMP-SEINFRA'!C:C,_xlfn.XLOOKUP(C94,'CP-CODEVASF'!A:A,'CP-CODEVASF'!B:B)))","v":"LUMINÁRIA ARANDELA TIPO TARTARUGA, DE SOBREPOR, COM 1 LÂMPADA LED DE 6 W, SEM REATOR - FORNECIMENTO E INSTALAÇÃO. AF_09/2024"},{"$f":"_xlfn.XLOOKUP(C94,CCD!B:B,CCD!D:D,_xlfn.XLOOKUP(C94,'COMP-SEINFRA'!A:A,'COMP-SEINFRA'!D:D,_xlfn.XLOOKUP(C94,'CP-CODEVASF'!A:A,'CP-CODEVASF'!C:C)))","v":"UN"},{"$f":"'ORC1'!F94*10","v":60},{"$f":"TRUNC(_xlfn.XLOOKUP(C94,CCD!B:B,CCD!O:O,_xlfn.XLOOKUP(C94,'COMP-SEINFRA'!A:A,'COMP-SEINFRA'!G:G,_xlfn.XLOOKUP(C94,'CP-CODEVASF'!A:A,'CP-CODEVASF'!D:D))),2)","v":105.36},132.66,{"$f":"TRUNC('ORC1'!I94*('ORC10'!F94/'ORC1'!F94),2)","v":7959.6}]
["8.25","SINAPI",95801,{"$f":"_xlfn.XLOOKUP(C95,CCD!B:B,CCD!C:C,_xlfn.XLOOKUP(C95,'COMP-SEINFRA'!A:A,'COMP-SEINFRA'!C:C,_xlfn.XLOOKUP(C95,'CP-CODEVASF'!A:A,'CP-CODEVASF'!B:B)))","v":"CONDULETE DE ALUMÍNIO, TIPO X, PARA ELETRODUTO DE AÇO GALVANIZADO DN 20 MM (3/4''), APARENTE - FORNECIMENTO E INSTALAÇÃO. AF_10/2022"},{"$f":"_xlfn.XLOOKUP(C95,CCD!B:B,CCD!D:D,_xlfn.XLOOKUP(C95,'COMP-SEINFRA'!A:A,'COMP-SEINFRA'!D:D,_xlfn.XLOOKUP(C95,'CP-CODEVASF'!A:A,'CP-CODEVASF'!C:C)))","v":"UN"},{"$f":"'ORC1'!F95*10","v":200},{"$f":"TRUNC(_xlfn.XLOOKUP(C95,CCD!B:B,CCD!O:O,_xlfn.XLOOKUP(C95,'COMP-SEINFRA'!A:A,'COMP-SEINFRA'!G:G,_xlfn.XLOOKUP(C95,'CP-CODEVASF'!A:A,'CP-CODEVASF'!D:D))),2)","v":41.5},52.25,{"$f":"TRUNC('ORC1'!I95*('ORC10'!F95/'ORC1'!F95),2)","v":10450}]
["8.26","SINAPI",95802,{"$f":"_xlfn.XLOOKUP(C96,CCD!B:B,CCD!C:C,_xlfn.XLOOKUP(C96,'COMP-SEINFRA'!A:A,'COMP-SEINFRA'!C:C,_xlfn.XLOOKUP(C96,'CP-CODEVASF'!A:A,'CP-CODEVASF'!B:B)))","v":"CONDULETE DE ALUMÍNIO, TIPO X, PARA ELETRODUTO DE AÇO GALVANIZADO DN 25 MM (1''), APARENTE - FORNECIMENTO E INSTALAÇÃO. AF_10/2022"},{"$f":"_xlfn.XLOOKUP(C96,CCD!B:B,CCD!D:D,_xlfn.XLOOKUP(C96,'COMP-SEINFRA'!A:A,'COMP-SEINFRA'!D:D,_xlfn.XLOOKUP(C96,'CP-CODEVASF'!A:A,'CP-CODEVASF'!C:C)))","v":"UN"},{"$f":"'ORC1'!F96*10","v":80},{"$f":"TRUNC(_xlfn.XLOOKUP(C96,CCD!B:B,CCD!O:O,_xlfn.XLOOKUP(C96,'COMP-SEINFRA'!A:A,'COMP-SEINFRA'!G:G,_xlfn.XLOOKUP(C96,'CP-CODEVASF'!A:A,'CP-CODEVASF'!D:D))),2)","v":51.36},64.67,{"$f":"TRUNC('ORC1'!I96*('ORC10'!F96/'ORC1'!F96),2)","v":5173.6000000000004}]
[9,null,null,"INSTALAÇÕES SANITÁRIAS",{"$nulls":4},{"$f":"TRUNC(SUM(I98:I114),2)","v":160853.9}]
["9.1","SINAPI",89711,{"$f":"_xlfn.XLOOKUP(C98,CCD!B:B,CCD!C:C,_xlfn.XLOOKUP(C98,'COMP-SEINFRA'!A:A,'COMP-SEINFRA'!C:C,_xlfn.XLOOKUP(C98,'CP-CODEVASF'!A:A,'CP-CODEVASF'!B:B)))","v":"TUBO PVC, SERIE NORMAL, ESGOTO PREDIAL, DN 40 MM, FORNECIDO E INSTALADO EM RAMAL DE DESCARGA OU RAMAL DE ESGOTO SANITÁRIO. AF_08/2022"},{"$f":"_xlfn.XLOOKUP(C98,CCD!B:B,CCD!D:D,_xlfn.XLOOKUP(C98,'COMP-SEINFRA'!A:A,'COMP-SEINFRA'!D:D,_xlfn.XLOOKUP(C98,'CP-CODEVASF'!A:A,'CP-CODEVASF'!C:C)))","v":"M"},{"$f":"'ORC1'!F98*10","v":102.2},{"$f":"TRUNC(_xlfn.XLOOKUP(C98,CCD!B:B,CCD!O:O,_xlfn.XLOOKUP(C98,'COMP-SEINFRA'!A:A,'COMP-SEINFRA'!G:G,_xlfn.XLOOKUP(C98,'CP-CODEVASF'!A:A,'CP-CODEVASF'!D:D))),2)","v":21.55},{"$f":"TRUNC(G98*(1+$E$14),2)","v":27.13},{"$f":"TRUNC('ORC1'!I98*('ORC10'!F98/'ORC1'!F98),2)","v":2772.6}]
["9.2","SINAPI",89712,{"$f":"_xlfn.XLOOKUP(C99,CCD!B:B,CCD!C:C,_xlfn.XLOOKUP(C99,'COMP-SEINFRA'!A:A,'COMP-SEINFRA'!C:C,_xlfn.XLOOKUP(C99,'CP-CODEVASF'!A:A,'CP-CODEVASF'!B:B)))","v":"TUBO PVC, SERIE NORMAL, ESGOTO PREDIAL, DN 50 MM, FORNECIDO E INSTALADO EM RAMAL DE DESCARGA OU RAMAL DE ESGOTO SANITÁRIO. AF_08/2022"},{"$f":"_xlfn.XLOOKUP(C99,CCD!B:B,CCD!D:D,_xlfn.XLOOKUP(C99,'COMP-SEINFRA'!A:A,'COMP-SEINFRA'!D:D,_xlfn.XLOOKUP(C99,'CP-CODEVASF'!A:A,'CP-CODEVASF'!C:C)))","v":"M"},{"$f":"'ORC1'!F99*10","v":261.2},{"$f":"TRUNC(_xlfn.XLOOKUP(C99,CCD!B:B,CCD!O:O,_xlfn.XLOOKUP(C99,'COMP-SEINFRA'!A:A,'COMP-SEINFRA'!G:G,_xlfn.XLOOKUP(C99,'CP-CODEVASF'!A:A,'CP-CODEVASF'!D:D))),2)","v":27.3},34.369999999999997,{"$f":"TRUNC('ORC1'!I99*('ORC10'!F99/'ORC1'!F99),2)","v":8977.4}]
["9.3","SINAPI",89713,{"$f":"_xlfn.XLOOKUP(C100,CCD!B:B,CCD!C:C,_xlfn.XLOOKUP(C100,'COMP-SEINFRA'!A:A,'COMP-SEINFRA'!C:C,_xlfn.XLOOKUP(C100,'CP-CODEVASF'!A:A,'CP-CODEVASF'!B:B)))","v":"TUBO PVC, SERIE NORMAL, ESGOTO PREDIAL, DN 75 MM, FORNECIDO E INSTALADO EM RAMAL DE DESCARGA OU RAMAL DE ESGOTO SANITÁRIO. AF_08/2022"},{"$f":"_xlfn.XLOOKUP(C100,CCD!B:B,CCD!D:D,_xlfn.XLOOKUP(C100,'COMP-SEINFRA'!A:A,'COMP-SEINFRA'!D:D,_xlfn.XLOOKUP(C100,'CP-CODEVASF'!A:A,'CP-CODEVASF'!C:C)))","v":"M"},{"$f":"'ORC1'!F100*10","v":35.699999999999996},{"$f":"TRUNC(_xlfn.XLOOKUP(C100,CCD!B:B,CCD!O:O,_xlfn.XLOOKUP(C100,'COMP-SEINFRA'!A:A,'COMP-SEINFRA'!G:G,_xlfn.XLOOKUP(C100,'CP-CODEVASF'!A:A,'CP-CODEVASF'!D:D))),2)","v":34.03},42.85,{"$f":"TRUNC('ORC1'!I100*('ORC10'!F100/'ORC1'!F100),2)","v":1529.7}]
["9.4","SINAPI",89714,{"$f":"_xlfn.XLOOKUP(C101,CCD!B:B,CCD!C:C,_xlfn.XLOOKUP(C101,'COMP-SEINFRA'!A:A,'COMP-SEINFRA'!C:C,_xlfn.XLOOKUP(C101,'CP-CODEVASF'!A:A,'CP-CODEVASF'!B:B)))","v":"TUBO PVC, SERIE NORMAL, ESGOTO PREDIAL, DN 100 MM, FORNECIDO E INSTALADO EM RAMAL DE DESCARGA OU RAMAL DE ESGOTO SANITÁRIO. AF_08/2022"},{"$f":"_xlfn.XLOOKUP(C101,CCD!B:B,CCD!D:D,_xlfn.XLOOKUP(C101,'COMP-SEINFRA'!A:A,'COMP-SEINFRA'!D:D,_xlfn.XLOOKUP(C101,'CP-CODEVASF'!A:A,'CP-CODEVASF'!C:C)))","v":"M"},{"$f":"'ORC1'!F101*10","v":394.3},{"$f":"TRUNC(_xlfn.XLOOKUP(C101,CCD!B:B,CCD!O:O,_xlfn.XLOOKUP(C101,'COMP-SEINFRA'!A:A,'COMP-SEINFRA'!G:G,_xlfn.XLOOKUP(C101,'CP-CODEVASF'!A:A,'CP-CODEVASF'!D:D))),2)","v":38.04},47.89,{"$f":"TRUNC('ORC1'!I101*('ORC10'!F101/'ORC1'!F101),2)","v":18883}]
["9.5","SINAPI",97902,{"$f":"_xlfn.XLOOKUP(C102,CCD!B:B,CCD!C:C,_xlfn.XLOOKUP(C102,'COMP-SEINFRA'!A:A,'COMP-SEINFRA'!C:C,_xlfn.XLOOKUP(C102,'CP-CODEVASF'!A:A,'CP-CODEVASF'!B:B)))","v":"CAIXA ENTERRADA HIDRÁULICA RETANGULAR EM ALVENARIA COM TIJOLOS CERÂMICOS MACIÇOS, DIMENSÕES INTERNAS: 0,6X0,6X0,6 M PARA REDE DE ESGOTO. AF_12/2020"},{"$f":"_xlfn.XLOOKUP(C102,CCD!B:B,CCD!D:D,_xlfn.XLOOKUP(C102,'COMP-SEINFRA'!A:A,'COMP-SEINFRA'!D:D,_xlfn.XLOOKUP(C102,'CP-CODEVASF'!A:A,'CP-CODEVASF'!C:C)))","v":"UN"},{"$f":"'ORC1'!F102*10","v":60},{"$f":"TRUNC(_xlfn.XLOOKUP(C102,CCD!B:B,CCD!O:O,_xlfn.XLOOKUP(C102,'COMP-SEINFRA'!A:A,'COMP-SEINFRA'!G:G,_xlfn.XLOOKUP(C102,'CP-CODEVASF'!A:A,'CP-CODEVASF'!D:D))),2)","v":566.41999999999996},713.23,{"$f":"TRUNC('ORC1'!I102*('ORC10'!F102/'ORC1'!F102),2)","v":42793.8}]
["9.6","SINAPI",89495,{"$f":"_xlfn.XLOOKUP(C103,CCD!B:B,CCD!C:C,_xlfn.XLOOKUP(C103,'COMP-SEINFRA'!A:A,'COMP-SEINFRA'!C:C,_xlfn.XLOOKUP(C103,'CP-CODEVASF'!A:A,'CP-CODEVASF'!B:B)))","v":"RALO SIFONADO, PVC, DN 100 X 40 MM, JUNTA SOLDÁVEL, FORNECIDO E INSTALADO EM RAMAIS DE ENCAMINHAMENTO DE ÁGUA PLUVIAL. AF_06/2022"},{"$f":"_xlfn.XLOOKUP(C103,CCD!B:B,CCD!D:D,_xlfn.XLOOKUP(C103,'COMP-SEINFRA'!A:A,'COMP-SEINFRA'!D:D,_xlfn.XLOOKUP(C103,'CP-CODEVASF'!A:A,'CP-CODEVASF'!C:C)))","v":"UN"},{"$f":"'ORC1'!F103*10","v":60},{"$f":"TRUNC(_xlfn.XLOOKUP(C103,CCD!B:B,CCD!O:O,_xlfn.XLOOKUP(C103,'COMP-SEINFRA'!A:A,'COMP-SEINFRA'!G:G,_xlfn.XLOOKUP(C103,'CP-CODEVASF'!A:A,'CP-CODEVASF'!D:D))),2)","v":21.3},26.82,{"$f":"TRUNC('ORC1'!I103*('ORC10'!F103/'ORC1'!F103),2)","v":1609.2}]
["9.7","SINAPI",89707,{"$f":"_xlfn.XLOOKUP(C104,CCD!B:B,CCD!C:C,_xlfn.XLOOKUP(C104,'COMP-SEINFRA'!A:A,'COMP-SEINFRA'!C:C,_xlfn.XLOOKUP(C104,'CP-CODEVASF'!A:A,'CP-CODEVASF'!B:B)))","v":"CAIXA SIFONADA, PVC, DN 100 X 100 X 50 MM, JUNTA ELÁSTICA, FORNECIDA E INSTALADA EM RAMAL DE DESCARGA OU EM RAMAL DE ESGOTO SANITÁRIO. AF_08/2022"},{"$f":"_xlfn.XLOOKUP(C104,CCD!B:B,CCD!D:D,_xlfn.XLOOKUP(C104,'COMP-SEINFRA'!A:A,'COMP-SEINFRA'!D:D,_xlfn.XLOOKUP(C104,'CP-CODEVASF'!A:A,'CP-CODEVASF'!C:C)))","v":"UN"},{"$f":"'ORC1'!F104*10","v":80},{"$f":"TRUNC(_xlfn.XLOOKUP(C104,CCD!B:B,CCD!O:O,_xlfn.XLOOKUP(C104,'COMP-SEINFRA'!A:A,'COMP-SEINFRA'!G:G,_xlfn.XLOOKUP(C104,'CP-CODEVASF'!A:A,'CP-CODEVASF'!D:D))),2)","v":54.63},68.790000000000006,{"$f":"TRUNC('ORC1'!I104*('ORC10'!F104/'ORC1'!F104),2)","v":5503.2}]
["9.8","SINAPI",86883,{"$f":"_xlfn.XLOOKUP(C105,CCD!B:B,CCD!C:C,_xlfn.XLOOKUP(C105,'COMP-SEINFRA'!A:A,'COMP-SEINFRA'!C:C,_xlfn.XLOOKUP(C105,'CP-CODEVASF'!A:A,'CP-CODEVASF'!B:B)))","v":"SIFÃO DO TIPO FLEXÍVEL EM PVC 1 X 1.1/2 - FORNECIMENTO E INSTALAÇÃO. AF_01/2020"},{"$f":"_xlfn.XLOOKUP(C105,CCD!B:B,CCD!D:D,_xlfn.XLOOKUP(C105,'COMP-SEINFRA'!A:A,'COMP-SEINFRA'!D:D,_xlfn.XLOOKUP(C105,'CP-CODEVASF'!A:A,'CP-CODEVASF'!C:C)))","v":"UN"},{"$f":"'ORC1'!F105*10","v":80},{"$f":"TRUNC(_xlfn.XLOOKUP(C105,CCD!B:B,CCD!O:O,_xlfn.XLOOKUP(C105,'COMP-SEINFRA'!A:A,'COMP-SEINFRA'!G:G,_xlfn.XLOOKUP(C105,'CP-CODEVASF'!A:A,'CP-CODEVASF'!D:D))),2)","v":11.82},14.88,{"$f":"TRUNC('ORC1'!I105*('ORC10'!F105/'ORC1'!F105),2)","v":1190.4000000000001}]
["9.9","SINAPI",86877,{"$f":"_xlfn.XLOOKUP(C106,CCD!B:B,CCD!C:C,_xlfn.XLOOKUP(C106,'COMP-SEINFRA'!A:A,'COMP-SEINFRA'!C:C,_xlfn.XLOOKUP(C106,'CP-CODEVASF'!A:A,'CP-CODEVASF'!B:B)))","v":"VÁLVULA EM METAL CROMADO 1.1/2\" X 1.1/2\" PARA TANQUE OU LAVATÓRIO, COM OU SEM LADRÃO - FORNECIMENTO E INSTALAÇÃO. AF_01/2020"},{"$f":"_xlfn.XLOOKUP(C106,CCD!B:B,CCD!D:D,_xlfn.XLOOKUP(C106,'COMP-SEINFRA'!A:A,'COMP-SEINFRA'!D:D,_xlfn.XLOOKUP(C106,'CP-CODEVASF'!A:A,'CP-CODEVASF'!C:C)))","v":"UN"},{"$f":"'ORC1'!F106*10","v":40},{"$f":"TRUNC(_xlfn.XLOOKUP(C106,CCD!B:B,CCD!O:O,_xlfn.XLOOKUP(C106,'COMP-SEINFRA'!A:A,'COMP-SEINFRA'!G:G,_xlfn.XLOOKUP(C106,'CP-CODEVASF'!A:A,'CP-CODEVASF'!D:D))),2)","v":80.540000000000006},101.41,{"$f":"TRUNC('ORC1'!I106*('ORC10'!F106/'ORC1'!F106),2)","v":4056.4}]
["9.10","SINAPI",86878,{"$f":"_xlfn.XLOOKUP(C107,CCD!B:B,CCD!C:C,_xlfn.XLOOKUP(C107,'COMP-SEINFRA'!A:A,'COMP-SEINFRA'!C:C,_xlfn.XLOOKUP(C107,'CP-CODEVASF'!A:A,'CP-CODEVASF'!B:B)))","v":"VÁLVULA EM METAL CROMADO TIPO AMERICANA 3.1/2\" X 1.1/2\" PARA PIA - FORNECIMENTO E INSTALAÇÃO. AF_01/2020"},{"$f":"_xlfn.XLOOKUP(C107,CCD!B:B,CCD!D:D,_xlfn.XLOOKUP(C107,'COMP-SEINFRA'!A:A,'COMP-SEINFRA'!D:D,_xlfn.XLOOKUP(C107,'CP-CODEVASF'!A:A,'CP-CODEVASF'!C:C)))","v":"UN"},{"$f":"'ORC1'!F107*10","v":30},{"$f":"TRUNC(_xlfn.XLOOKUP(C107,CCD!B:B,CCD!O:O,_xlfn.XLOOKUP(C107,'COMP-SEINFRA'!A:A,'COMP-SEINFRA'!G:G,_xlfn.XLOOKUP(C107,'CP-CODEVASF'!A:A,'CP-CODEVASF'!D:D))),2)","v":86.9},109.42,{"$f":"TRUNC('ORC1'!I107*('ORC10'!F107/'ORC1'!F107),2)","v":3282.6}]
["9.11","SEINFRA","C2832",{"$f":"_xlfn.XLOOKUP(C108,CCD!B:B,CCD!C:C,_xlfn.XLOOKUP(C108,'COMP-SEINFRA'!A:A,'COMP-SEINFRA'!C:C,_xlfn.XLOOKUP(C108,'CP-CODEVASF'!A:A,'CP-CODEVASF'!B:B)))","v":"FOSSA SÉPTICA E SUMIDOURO EM ALVENARIA"},{"$f":"_xlfn.XLOOKUP(C108,CCD!B:B,CCD!D:D,_xlfn.XLOOKUP(C108,'COMP-SEINFRA'!A:A,'COMP-SEINFRA'!D:D,_xlfn.XLOOKUP(C108,'CP-CODEVASF'!A:A,'CP-CODEVASF'!C:C)))","v":"UN"},{"$f":"'ORC1'!F108*10","v":10},{"$f":"TRUNC(_xlfn.XLOOKUP(C108,CCD!B:B,CCD!O:O,_xlfn.XLOOKUP(C108,'COMP-SEINFRA'!A:A,'COMP-SEINFRA'!G:G,_xlfn.XLOOKUP(C108,'CP-CODEVASF'!A:A,'CP-CODEVASF'!D:D))),2)","v":4989.4799999999996},6282.75,{"$f":"TRUNC('ORC1'!I108*('ORC10'!F108/'ORC1'!F108),2)","v":62827.5}]
["9.12","SINAPI",89728,{"$f":"_xlfn.XLOOKUP(C109,CCD!B:B,CCD!C:C,_xlfn.XLOOKUP(C109,'COMP-SEINFRA'!A:A,'COMP-SEINFRA'!C:C,_xlfn.XLOOKUP(C109,'CP-CODEVASF'!A:A,'CP-CODEVASF'!B:B)))","v":"CURVA CURTA 90 GRAUS, PVC, SERIE NORMAL, ESGOTO PREDIAL, DN 40 MM, JUNTA SOLDÁVEL, FORNECIDO E INSTALADO EM RAMAL DE DESCARGA OU RAMAL DE ESGOTO SANITÁRIO. AF_08/2022"},{"$f":"_xlfn.XLOOKUP(C109,CCD!B:B,CCD!D:D,_xlfn.XLOOKUP(C109,'COMP-SEINFRA'!A:A,'COMP-SEINFRA'!D:D,_xlfn.XLOOKUP(C109,'CP-CODEVASF'!A:A,'CP-CODEVASF'!C:C)))","v":"UN"},{"$f":"'ORC1'!F109*10","v":120},{"$f":"TRUNC(_xlfn.XLOOKUP(C109,CCD!B:B,CCD!O:O,_xlfn.XLOOKUP(C109,'COMP-SEINFRA'!A:A,'COMP-SEINFRA'!G:G,_xlfn.XLOOKUP(C109,'CP-CODEVASF'!A:A,'CP-CODEVASF'!D:D))),2)","v":13.14},16.54,{"$f":"TRUNC('ORC1'!I109*('ORC10'!F109/'ORC1'!F109),2)","v":1984.8}]
["9.13","SINAPI",89731,{"$f":"_xlfn.XLOOKUP(C110,CCD!B:B,CCD!C:C,_xlfn.XLOOKUP(C110,'COMP-SEINFRA'!A:A,'COMP-SEINFRA'!C:C,_xlfn.XLOOKUP(C110,'CP-CODEVASF'!A:A,'CP-CODEVASF'!B:B)))","v":"JOELHO 90 GRAUS, PVC, SERIE NORMAL, ESGOTO PREDIAL, DN 50 MM, JUNTA ELÁSTICA, FORNECIDO E INSTALADO EM RAMAL DE DESCARGA OU RAMAL DE ESGOTO SANITÁRIO. AF_08/2022"},{"$f":"_xlfn.XLOOKUP(C110,CCD!B:B,CCD!D:D,_xlfn.XLOOKUP(C110,'COMP-SEINFRA'!A:A,'COMP-SEINFRA'!D:D,_xlfn.XLOOKUP(C110,'CP-CODEVASF'!A:A,'CP-CODEVASF'!C:C)))","v":"UN"},{"$f":"'ORC1'!F110*10","v":90},{"$f":"TRUNC(_xlfn.XLOOKUP(C110,CCD!B:B,CCD!O:O,_xlfn.XLOOKUP(C110,'COMP-SEINFRA'!A:A,'COMP-SEINFRA'!G:G,_xlfn.XLOOKUP(C110,'CP-CODEVASF'!A:A,'CP-CODEVASF'!D:D))),2)","v":15.92},20.04,{"$f":"TRUNC('ORC1'!I110*('ORC10'!F110/'ORC1'!F110),2)","v":1803.6}]
["9.14","SINAPI",89748,{"$f":"_xlfn.XLOOKUP(C111,CCD!B:B,CCD!C:C,_xlfn.XLOOKUP(C111,'COMP-SEINFRA'!A:A,'COMP-SEINFRA'!C:C,_xlfn.XLOOKUP(C111,'CP-CODEVASF'!A:A,'CP-CODEVASF'!B:B)))","v":"CURVA CURTA 90 GRAUS, PVC, SERIE NORMAL, ESGOTO PREDIAL, DN 100 MM, JUNTA ELÁSTICA, FORNECIDO E INSTALADO EM RAMAL DE DESCARGA OU RAMAL DE ESGOTO SANITÁRIO. AF_08/2022"},{"$f":"_xlfn.XLOOKUP(C111,CCD!B:B,CCD!D:D,_xlfn.XLOOKUP(C111,'COMP-SEINFRA'!A:A,'COMP-SEINFRA'!D:D,_xlfn.XLOOKUP(C111,'CP-CODEVASF'!A:A,'CP-CODEVASF'!C:C)))","v":"UN"},{"$f":"'ORC1'!F111*10","v":20},{"$f":"TRUNC(_xlfn.XLOOKUP(C111,CCD!B:B,CCD!O:O,_xlfn.XLOOKUP(C111,'COMP-SEINFRA'!A:A,'COMP-SEINFRA'!G:G,_xlfn.XLOOKUP(C111,'CP-CODEVASF'!A:A,'CP-CODEVASF'!D:D))),2)","v":44.32},55.8,{"$f":"TRUNC('ORC1'!I111*('ORC10'!F111/'ORC1'!F111),2)","v":1116}]
["9.15","SINAPI",89827,{"$f":"_xlfn.XLOOKUP(C112,CCD!B:B,CCD!C:C,_xlfn.XLOOKUP(C112,'COMP-SEINFRA'!A:A,'COMP-SEINFRA'!C:C,_xlfn.XLOOKUP(C112,'CP-CODEVASF'!A:A,'CP-CODEVASF'!B:B)))","v":"JUNÇÃO SIMPLES, PVC, SERIE NORMAL, ESGOTO PREDIAL, DN 50 X 50 MM, JUNTA ELÁSTICA, FORNECIDO E INSTALADO EM PRUMADA DE ESGOTO SANITÁRIO OU VENTILAÇÃO. AF_08/2022"},{"$f":"_xlfn.XLOOKUP(C112,CCD!B:B,CCD!D:D,_xlfn.XLOOKUP(C112,'COMP-SEINFRA'!A:A,'COMP-SEINFRA'!D:D,_xlfn.XLOOKUP(C112,'CP-CODEVASF'!A:A,'CP-CODEVASF'!C:C)))","v":"UN"},{"$f":"'ORC1'!F112*10","v":10},{"$f":"TRUNC(_xlfn.XLOOKUP(C112,CCD!B:B,CCD!O:O,_xlfn.XLOOKUP(C112,'COMP-SEINFRA'!A:A,'COMP-SEINFRA'!G:G,_xlfn.XLOOKUP(C112,'CP-CODEVASF'!A:A,'CP-CODEVASF'!D:D))),2)","v":21.12},26.59,{"$f":"TRUNC('ORC1'!I112*('ORC10'!F112/'ORC1'!F112),2)","v":265.89999999999998}]
["9.16","CODEVASF",{"$f":"'CP-CODEVASF'!A33","v":"COMP-32"},{"$f":"_xlfn.XLOOKUP(C113,CCD!B:B,CCD!C:C,_xlfn.XLOOKUP(C113,'COMP-SEINFRA'!A:A,'COMP-SEINFRA'!C:C,_xlfn.XLOOKUP(C113,'CP-CODEVASF'!A:A,'CP-CODEVASF'!B:B)))","v":"JUNCAO SIMPLES DE REDUCAO, PVC, DN 100 X 50 MM, PARA ESGOTO PREDIAL - FORNECIMENTO E INSTALAÇÃO                                                                                                                                                                            "},{"$f":"_xlfn.XLOOKUP(C113,CCD!B:B,CCD!D:D,_xlfn.XLOOKUP(C113,'COMP-SEINFRA'!A:A,'COMP-SEINFRA'!D:D,_xlfn.XLOOKUP(C113,'CP-CODEVASF'!A:A,'CP-CODEVASF'!C:C)))","v":"UN"},{"$f":"'ORC1'!F113*10","v":20},{"$f":"TRUNC(_xlfn.XLOOKUP(C113,CCD!B:B,CCD!O:O,_xlfn.XLOOKUP(C113,'COMP-SEINFRA'!A:A,'COMP-SEINFRA'!G:G,_xlfn.XLOOKUP(C113,'CP-CODEVASF'!A:A,'CP-CODEVASF'!D:D))),2)","v":46.7},58.8,{"$f":"TRUNC('ORC1'!I113*('ORC10'!F113/'ORC1'!F113),2)","v":1176}]
["9.17","SINAPI",104344,{"$f":"_xlfn.XLOOKUP(C114,CCD!B:B,CCD!C:C,_xlfn.XLOOKUP(C114,'COMP-SEINFRA'!A:A,'COMP-SEINFRA'!C:C,_xlfn.XLOOKUP(C114,'CP-CODEVASF'!A:A,'CP-CODEVASF'!B:B)))","v":"TE, PVC, SÉRIE NORMAL, ESGOTO PREDIAL, DN 100 X 50 MM, JUNTA ELÁSTICA, FORNECIDO E INSTALADO EM RAMAL DE DESCARGA OU RAMAL DE ESGOTO SANITÁRIO. AF_08/2022"},{"$f":"_xlfn.XLOOKUP(C114,CCD!B:B,CCD!D:D,_xlfn.XLOOKUP(C114,'COMP-SEINFRA'!A:A,'COMP-SEINFRA'!D:D,_xlfn.XLOOKUP(C114,'CP-CODEVASF'!A:A,'CP-CODEVASF'!C:C)))","v":"UN"},{"$f":"'ORC1'!F114*10","v":20},{"$f":"TRUNC(_xlfn.XLOOKUP(C114,CCD!B:B,CCD!O:O,_xlfn.XLOOKUP(C114,'COMP-SEINFRA'!A:A,'COMP-SEINFRA'!G:G,_xlfn.XLOOKUP(C114,'CP-CODEVASF'!A:A,'CP-CODEVASF'!D:D))),2)","v":42.96},54.09,{"$f":"TRUNC('ORC1'!I114*('ORC10'!F114/'ORC1'!F114),2)","v":1081.8}]
[10,null,null,"INSTALAÇÕES HIDRÁULICAS",{"$nulls":4},{"$f":"TRUNC(SUM(I116:I127),2)","v":424082.8}]
["10.1","SINAPI",89357,{"$f":"_xlfn.XLOOKUP(C116,CCD!B:B,CCD!C:C,_xlfn.XLOOKUP(C116,'COMP-SEINFRA'!A:A,'COMP-SEINFRA'!C:C,_xlfn.XLOOKUP(C116,'CP-CODEVASF'!A:A,'CP-CODEVASF'!B:B)))","v":"TUBO, PVC, SOLDÁVEL, DE 32MM, INSTALADO EM RAMAL OU SUB-RAMAL DE ÁGUA - FORNECIMENTO E INSTALAÇÃO. AF_06/2022"},{"$f":"_xlfn.XLOOKUP(C116,CCD!B:B,CCD!D:D,_xlfn.XLOOKUP(C116,'COMP-SEINFRA'!A:A,'COMP-SEINFRA'!D:D,_xlfn.XLOOKUP(C116,'CP-CODEVASF'!A:A,'CP-CODEVASF'!C:C)))","v":"M"},{"$f":"'ORC1'!F116*10","v":289.5},{"$f":"TRUNC(_xlfn.XLOOKUP(C116,CCD!B:B,CCD!O:O,_xlfn.XLOOKUP(C116,'COMP-SEINFRA'!A:A,'COMP-SEINFRA'!G:G,_xlfn.XLOOKUP(C116,'CP-CODEVASF'!A:A,'CP-CODEVASF'!D:D))),2)","v":32.56},{"$f":"TRUNC(G116*(1+$E$14),2)","v":40.99},{"$f":"TRUNC('ORC1'!I116*('ORC10'!F116/'ORC1'!F116),2)","v":11866.6}]
["10.2","SINAPI",89356,{"$f":"_xlfn.XLOOKUP(C117,CCD!B:B,CCD!C:C,_xlfn.XLOOKUP(C117,'COMP-SEINFRA'!A:A,'COMP-SEINFRA'!C:C,_xlfn.XLOOKUP(C117,'CP-CODEVASF'!A:A,'CP-CODEVASF'!B:B)))","v":"TUBO, PVC, SOLDÁVEL, DE 25MM, INSTALADO EM RAMAL OU SUB-RAMAL DE ÁGUA - FORNECIMENTO E INSTALAÇÃO. AF_06/2022"},{"$f":"_xlfn.XLOOKUP(C117,CCD!B:B,CCD!D:D,_xlfn.XLOOKUP(C117,'COMP-SEINFRA'!A:A,'COMP-SEINFRA'!D:D,_xlfn.XLOOKUP(C117,'CP-CODEVASF'!A:A,'CP-CODEVASF'!C:C)))","v":"M"},{"$f":"'ORC1'!F117*10","v":284.20000000000005},{"$f":"TRUNC(_xlfn.XLOOKUP(C117,CCD!B:B,CCD!O:O,_xlfn.XLOOKUP(C117,'COMP-SEINFRA'!A:A,'COMP-SEINFRA'!G:G,_xlfn.XLOOKUP(C117,'CP-CODEVASF'!A:A,'CP-CODEVASF'!D:D))),2)","v":23.64},29.76,{"$f":"TRUNC('ORC1'!I117*('ORC10'!F117/'ORC1'!F117),2)","v":8457.7000000000007}]
["10.3","SINAPI",89449,{"$f":"_xlfn.XLOOKUP(C118,CCD!B:B,CCD!C:C,_xlfn.XLOOKUP(C118,'COMP-SEINFRA'!A:A,'COMP-SEINFRA'!C:C,_xlfn.XLOOKUP(C118,'CP-CODEVASF'!A:A,'CP-CODEVASF'!B:B)))","v":"TUBO, PVC, SOLDÁVEL, DE 50MM, INSTALADO EM PRUMADA DE ÁGUA - FORNECIMENTO E INSTALAÇÃO. AF_06/2022"},{"$f":"_xlfn.XLOOKUP(C118,CCD!B:B,CCD!D:D,_xlfn.XLOOKUP(C118,'COMP-SEINFRA'!A:A,'COMP-SEINFRA'!D:D,_xlfn.XLOOKUP(C118,'CP-CODEVASF'!A:A,'CP-CODEVASF'!C:C)))","v":"M"},{"$f":"'ORC1'!F118*10","v":165.10000000000002},{"$f":"TRUNC(_xlfn.XLOOKUP(C118,CCD!B:B,CCD!O:O,_xlfn.XLOOKUP(C118,'COMP-SEINFRA'!A:A,'COMP-SEINFRA'!G:G,_xlfn.XLOOKUP(C118,'CP-CODEVASF'!A:A,'CP-CODEVASF'!D:D))),2)","v":18.55},23.35,{"$f":"TRUNC('ORC1'!I118*('ORC10'!F118/'ORC1'!F118),2)","v":3855}]
["10.4","SINAPI",94495,{"$f":"_xlfn.XLOOKUP(C119,CCD!B:B,CCD!C:C,_xlfn.XLOOKUP(C119,'COMP-SEINFRA'!A:A,'COMP-SEINFRA'!C:C,_xlfn.XLOOKUP(C119,'CP-CODEVASF'!A:A,'CP-CODEVASF'!B:B)))","v":"REGISTRO DE GAVETA BRUTO, LATÃO, ROSCÁVEL, 1\" - FORNECIMENTO E INSTALAÇÃO. AF_08/2021"},{"$f":"_xlfn.XLOOKUP(C119,CCD!B:B,CCD!D:D,_xlfn.XLOOKUP(C119,'COMP-SEINFRA'!A:A,'COMP-SEINFRA'!D:D,_xlfn.XLOOKUP(C119,'CP-CODEVASF'!A:A,'CP-CODEVASF'!C:C)))","v":"UN"},{"$f":"'ORC1'!F119*10","v":20},{"$f":"TRUNC(_xlfn.XLOOKUP(C119,CCD!B:B,CCD!O:O,_xlfn.XLOOKUP(C119,'COMP-SEINFRA'!A:A,'COMP-SEINFRA'!G:G,_xlfn.XLOOKUP(C119,'CP-CODEVASF'!A:A,'CP-CODEVASF'!D:D))),2)","v":64.86},81.67,{"$f":"TRUNC('ORC1'!I119*('ORC10'!F119/'ORC1'!F119),2)","v":1633.4}]
["10.5","SINAPI",89985,{"$f":"_xlfn.XLOOKUP(C120,CCD!B:B,CCD!C:C,_xlfn.XLOOKUP(C120,'COMP-SEINFRA'!A:A,'COMP-SEINFRA'!C:C,_xlfn.XLOOKUP(C120,'CP-CODEVASF'!A:A,'CP-CODEVASF'!B:B)))","v":"REGISTRO DE PRESSÃO BRUTO, LATÃO, ROSCÁVEL, 3/4\", COM ACABAMENTO E CANOPLA CROMADOS - FORNECIMENTO E INSTALAÇÃO. AF_08/2021"},{"$f":"_xlfn.XLOOKUP(C120,CCD!B:B,CCD!D:D,_xlfn.XLOOKUP(C120,'COMP-SEINFRA'!A:A,'COMP-SEINFRA'!D:D,_xlfn.XLOOKUP(C120,'CP-CODEVASF'!A:A,'CP-CODEVASF'!C:C)))","v":"UN"},{"$f":"'ORC1'!F120*10","v":20},{"$f":"TRUNC(_xlfn.XLOOKUP(C120,CCD!B:B,CCD!O:O,_xlfn.XLOOKUP(C120,'COMP-SEINFRA'!A:A,'COMP-SEINFRA'!G:G,_xlfn.XLOOKUP(C120,'CP-CODEVASF'!A:A,'CP-CODEVASF'!D:D))),2)","v":94.66},119.19,{"$f":"TRUNC('ORC1'!I120*('ORC10'!F120/'ORC1'!F120),2)","v":2383.8000000000002}]
["10.6","SINAPI",89987,{"$f":"_xlfn.XLOOKUP(C121,CCD!B:B,CCD!C:C,_xlfn.XLOOKUP(C121,'COMP-SEINFRA'!A:A,'COMP-SEINFRA'!C:C,_xlfn.XLOOKUP(C121,'CP-CODEVASF'!A:A,'CP-CODEVASF'!B:B)))","v":"REGISTRO DE GAVETA BRUTO, LATÃO, ROSCÁVEL, 3/4\", COM ACABAMENTO E CANOPLA CROMADOS - FORNECIMENTO E INSTALAÇÃO. AF_08/2021"},{"$f":"_xlfn.XLOOKUP(C121,CCD!B:B,CCD!D:D,_xlfn.XLOOKUP(C121,'COMP-SEINFRA'!A:A,'COMP-SEINFRA'!D:D,_xlfn.XLOOKUP(C121,'CP-CODEVASF'!A:A,'CP-CODEVASF'!C:C)))","v":"UN"},{"$f":"'ORC1'!F121*10","v":80},{"$f":"TRUNC(_xlfn.XLOOKUP(C121,CCD!B:B,CCD!O:O,_xlfn.XLOOKUP(C121,'COMP-SEINFRA'!A:A,'COMP-SEINFRA'!G:G,_xlfn.XLOOKUP(C121,'CP-CODEVASF'!A:A,'CP-CODEVASF'!D:D))),2)","v":99.69},125.52,{"$f":"TRUNC('ORC1'!I121*('ORC10'!F121/'ORC1'!F121),2)","v":10041.6}]
["10.7","SINAPI",86910,{"$f":"_xlfn.XLOOKUP(C122,CCD!B:B,CCD!C:C,_xlfn.XLOOKUP(C122,'COMP-SEINFRA'!A:A,'COMP-SEINFRA'!C:C,_xlfn.XLOOKUP(C122,'CP-CODEVASF'!A:A,'CP-CODEVASF'!B:B)))","v":"TORNEIRA CROMADA TUBO MÓVEL, DE PAREDE, 1/2\" OU 3/4\", PARA PIA DE COZINHA, PADRÃO MÉDIO - FORNECIMENTO E INSTALAÇÃO. AF_01/2020"},{"$f":"_xlfn.XLOOKUP(C122,CCD!B:B,CCD!D:D,_xlfn.XLOOKUP(C122,'COMP-SEINFRA'!A:A,'COMP-SEINFRA'!D:D,_xlfn.XLOOKUP(C122,'CP-CODEVASF'!A:A,'CP-CODEVASF'!C:C)))","v":"UN"},{"$f":"'ORC1'!F122*10","v":40},{"$f":"TRUNC(_xlfn.XLOOKUP(C122,CCD!B:B,CCD!O:O,_xlfn.XLOOKUP(C122,'COMP-SEINFRA'!A:A,'COMP-SEINFRA'!G:G,_xlfn.XLOOKUP(C122,'CP-CODEVASF'!A:A,'CP-CODEVASF'!D:D))),2)","v":125.21},157.66,{"$f":"TRUNC('ORC1'!I122*('ORC10'!F122/'ORC1'!F122),2)","v":6306.4}]
["10.8","SINAPI",86888,{"$f":"_xlfn.XLOOKUP(C123,CCD!B:B,CCD!C:C,_xlfn.XLOOKUP(C123,'COMP-SEINFRA'!A:A,'COMP-SEINFRA'!C:C,_xlfn.XLOOKUP(C123,'CP-CODEVASF'!A:A,'CP-CODEVASF'!B:B)))","v":"VASO SANITÁRIO SIFONADO COM CAIXA ACOPLADA LOUÇA BRANCA - FORNECIMENTO E INSTALAÇÃO. AF_01/2020"},{"$f":"_xlfn.XLOOKUP(C123,CCD!B:B,CCD!D:D,_xlfn.XLOOKUP(C123,'COMP-SEINFRA'!A:A,'COMP-SEINFRA'!D:D,_xlfn.XLOOKUP(C123,'CP-CODEVASF'!A:A,'CP-CODEVASF'!C:C)))","v":"UN"},{"$f":"'ORC1'!F123*10","v":20},{"$f":"TRUNC(_xlfn.XLOOKUP(C123,CCD!B:B,CCD!O:O,_xlfn.XLOOKUP(C123,'COMP-SEINFRA'!A:A,'COMP-SEINFRA'!G:G,_xlfn.XLOOKUP(C123,'CP-CODEVASF'!A:A,'CP-CODEVASF'!D:D))),2)","v":550.26},692.88,{"$f":"TRUNC('ORC1'!I123*('ORC10'!F123/'ORC1'!F123),2)","v":13857.6}]
["10.9","CODEVASF",{"$f":"'CP-CODEVASF'!A23","v":"COMP-23"},{"$f":"_xlfn.XLOOKUP(C124,CCD!B:B,CCD!C:C,_xlfn.XLOOKUP(C124,'COMP-SEINFRA'!A:A,'COMP-SEINFRA'!C:C,_xlfn.XLOOKUP(C124,'CP-CODEVASF'!A:A,'CP-CODEVASF'!B:B)))","v":"CHUVEIRO PLASTICO SIMPLES - FORNECIDO E INSTALADO"},{"$f":"_xlfn.XLOOKUP(C124,CCD!B:B,CCD!D:D,_xlfn.XLOOKUP(C124,'COMP-SEINFRA'!A:A,'COMP-SEINFRA'!D:D,_xlfn.XLOOKUP(C124,'CP-CODEVASF'!A:A,'CP-CODEVASF'!C:C)))","v":"UN"},{"$f":"'ORC1'!F124*10","v":20},{"$f":"TRUNC(_xlfn.XLOOKUP(C124,CCD!B:B,CCD!O:O,_xlfn.XLOOKUP(C124,'COMP-SEINFRA'!A:A,'COMP-SEINFRA'!G:G,_xlfn.XLOOKUP(C124,'CP-CODEVASF'!A:A,'CP-CODEVASF'!D:D))),2)","v":25.55},32.17,{"$f":"TRUNC('ORC1'!I124*('ORC10'!F124/'ORC1'!F124),2)","v":643.4}]
["10.10","SEINFRA","C3648",{"$f":"_xlfn.XLOOKUP(C125,CCD!B:B,CCD!C:C,_xlfn.XLOOKUP(C125,'COMP-SEINFRA'!A:A,'COMP-SEINFRA'!C:C,_xlfn.XLOOKUP(C125,'CP-CODEVASF'!A:A,'CP-CODEVASF'!B:B)))","v":"RESERVATÓRIO PRÉ MOLDADO ELEVADO CILÍNDRICO D=2,0M, CAP.=12,0M3, H=9,0M COMPLETO E CISTERNA CAP.=4,5 M3"},{"$f":"_xlfn.XLOOKUP(C125,CCD!B:B,CCD!D:D,_xlfn.XLOOKUP(C125,'COMP-SEINFRA'!A:A,'COMP-SEINFRA'!D:D,_xlfn.XLOOKUP(C125,'CP-CODEVASF'!A:A,'CP-CODEVASF'!C:C)))","v":"UN"},{"$f":"'ORC1'!F125*10","v":10},{"$f":"TRUNC(_xlfn.XLOOKUP(C125,CCD!B:B,CCD!O:O,_xlfn.XLOOKUP(C125,'COMP-SEINFRA'!A:A,'COMP-SEINFRA'!G:G,_xlfn.XLOOKUP(C125,'CP-CODEVASF'!A:A,'CP-CODEVASF'!D:D))),2)","v":24049.25},30282.81,{"$f":"TRUNC('ORC1'!I125*('ORC10'!F125/'ORC1'!F125),2)","v":302828.09999999998}]
["10.11","SINAPI",86943,{"$f":"_xlfn.XLOOKUP(C126,CCD!B:B,CCD!C:C,_xlfn.XLOOKUP(C126,'COMP-SEINFRA'!A:A,'COMP-SEINFRA'!C:C,_xlfn.XLOOKUP(C126,'CP-CODEVASF'!A:A,'CP-CODEVASF'!B:B)))","v":"LAVATÓRIO LOUÇA BRANCA SUSPENSO, 29,5 X 39CM OU EQUIVALENTE, PADRÃO POPULAR, INCLUSO SIFÃO FLEXÍVEL EM PVC, VÁLVULA E ENGATE FLEXÍVEL 30CM EM PLÁSTICO E TORNEIRA CROMADA DE MESA, PADRÃO POPULAR - FORNECIMENTO E INSTALAÇÃO. AF_01/2020"},{"$f":"_xlfn.XLOOKUP(C126,CCD!B:B,CCD!D:D,_xlfn.XLOOKUP(C126,'COMP-SEINFRA'!A:A,'COMP-SEINFRA'!D:D,_xlfn.XLOOKUP(C126,'CP-CODEVASF'!A:A,'CP-CODEVASF'!C:C)))","v":"UN"},{"$f":"'ORC1'!F126*10","v":30},{"$f":"TRUNC(_xlfn.XLOOKUP(C126,CCD!B:B,CCD!O:O,_xlfn.XLOOKUP(C126,'COMP-SEINFRA'!A:A,'COMP-SEINFRA'!G:G,_xlfn.XLOOKUP(C126,'CP-CODEVASF'!A:A,'CP-CODEVASF'!D:D))),2)","v":274.81},346.04,{"$f":"TRUNC('ORC1'!I126*('ORC10'!F126/'ORC1'!F126),2)","v":10381.200000000001}]
["10.12","SINAPI",93441,{"$f":"_xlfn.XLOOKUP(C127,CCD!B:B,CCD!C:C,_xlfn.XLOOKUP(C127,'COMP-SEINFRA'!A:A,'COMP-SEINFRA'!C:C,_xlfn.XLOOKUP(C127,'CP-CODEVASF'!A:A,'CP-CODEVASF'!B:B)))","v":"BANCADA GRANITO CINZA 150 X 60 CM, COM CUBA DE EMBUTIR DE AÇO, VÁLVULA AMERICANA EM METAL, SIFÃO FLEXÍVEL EM PVC, ENGATE FLEXÍVEL 30 CM, TORNEIRA CROMADA LONGA, DE PAREDE, 1/2\" OU 3/4\", P/ COZINHA, PADRÃO POPULAR - FORNEC. E INSTALAÇÃO. AF_01/2020"},{"$f":"_xlfn.XLOOKUP(C127,CCD!B:B,CCD!D:D,_xlfn.XLOOKUP(C127,'COMP-SEINFRA'!A:A,'COMP-SEINFRA'!D:D,_xlfn.XLOOKUP(C127,'CP-CODEVASF'!A:A,'CP-CODEVASF'!C:C)))","v":"UN"},{"$f":"'ORC1'!F127*10","v":40},{"$f":"TRUNC(_xlfn.XLOOKUP(C127,CCD!B:B,CCD!O:O,_xlfn.XLOOKUP(C127,'COMP-SEINFRA'!A:A,'COMP-SEINFRA'!G:G,_xlfn.XLOOKUP(C127,'CP-CODEVASF'!A:A,'CP-CODEVASF'!D:D))),2)","v":1028.99},1295.7,{"$f":"TRUNC('ORC1'!I127*('ORC10'!F127/'ORC1'!F127),2)","v":51828}]
["11",null,null,"INSTALAÇÕES MECÂNICAS",{"$nulls":4},{"$f":"SUM(I129:I129)","v":223018}]
["11.1","SINAPI",103263,{"$f":"_xlfn.XLOOKUP(C129,CCD!B:B,CCD!C:C,_xlfn.XLOOKUP(C129,'COMP-SEINFRA'!A:A,'COMP-SEINFRA'!C:C,_xlfn.XLOOKUP(C129,'CP-CODEVASF'!A:A,'CP-CODEVASF'!B:B)))","v":"AR CONDICIONADO SPLIT INVERTER, PISO TETO, 48000 BTU/H, CICLO FRIO - FORNECIMENTO E INSTALAÇÃO. AF_11/2021_PE"},{"$f":"_xlfn.XLOOKUP(C129,CCD!B:B,CCD!D:D,_xlfn.XLOOKUP(C129,'COMP-SEINFRA'!A:A,'COMP-SEINFRA'!D:D,_xlfn.XLOOKUP(C129,'CP-CODEVASF'!A:A,'CP-CODEVASF'!C:C)))","v":"UN"},{"$f":"'ORC1'!F129*10","v":10},{"$f":"TRUNC(_xlfn.XLOOKUP(C129,CCD!B:B,CCD!O:O,_xlfn.XLOOKUP(C129,'COMP-SEINFRA'!A:A,'COMP-SEINFRA'!G:G,_xlfn.XLOOKUP(C129,'CP-CODEVASF'!A:A,'CP-CODEVASF'!D:D))),2)","v":17711.09},{"$f":"TRUNC(G129*(1+$E$14),2)","v":22301.8},{"$f":"TRUNC('ORC1'!I129*('ORC10'!F129/'ORC1'!F129),2)","v":223018}]
["12",null,null,"EQUIPAMENTOS",{"$nulls":4},{"$f":"TRUNC(SUM(I131:I150),2)","v":3616480.5}]
["12.1","CODEVASF",{"$f":"'CP-CODEVASF'!A14","v":"COMP-14"},{"$f":"_xlfn.XLOOKUP(C131,CCD!B:B,CCD!C:C,_xlfn.XLOOKUP(C131,'COMP-SEINFRA'!A:A,'COMP-SEINFRA'!C:C,_xlfn.XLOOKUP(C131,'CP-CODEVASF'!A:A,'CP-CODEVASF'!B:B)))","v":"TANQUE DE RESFRIAMENTO 1000L"},{"$f":"_xlfn.XLOOKUP(C131,CCD!B:B,CCD!D:D,_xlfn.XLOOKUP(C131,'COMP-SEINFRA'!A:A,'COMP-SEINFRA'!D:D,_xlfn.XLOOKUP(C131,'CP-CODEVASF'!A:A,'CP-CODEVASF'!C:C)))","v":"UN"},{"$f":"'ORC1'!F131*10","v":10},{"$f":"TRUNC(_xlfn.XLOOKUP(C131,CCD!B:B,CCD!O:O,_xlfn.XLOOKUP(C131,'COMP-SEINFRA'!A:A,'COMP-SEINFRA'!G:G,_xlfn.XLOOKUP(C131,'CP-CODEVASF'!A:A,'CP-CODEVASF'!D:D))),2)","v":24092.98},{"$f":"TRUNC(G131*(1+$E$16),2)","v":28024.95},{"$f":"TRUNC('ORC1'!I131*('ORC10'!F131/'ORC1'!F131),2)","v":280249.5}]
["12.2","CODEVASF",{"$f":"'CP-CODEVASF'!A15","v":"COMP-15"},{"$f":"_xlfn.XLOOKUP(C132,CCD!B:B,CCD!C:C,_xlfn.XLOOKUP(C132,'COMP-SEINFRA'!A:A,'COMP-SEINFRA'!C:C,_xlfn.XLOOKUP(C132,'CP-CODEVASF'!A:A,'CP-CODEVASF'!B:B)))","v":"PASTEURIZADOR LENTO 1000L"},{"$f":"_xlfn.XLOOKUP(C132,CCD!B:B,CCD!D:D,_xlfn.XLOOKUP(C132,'COMP-SEINFRA'!A:A,'COMP-SEINFRA'!D:D,_xlfn.XLOOKUP(C132,'CP-CODEVASF'!A:A,'CP-CODEVASF'!C:C)))","v":"UN"},{"$f":"'ORC1'!F132*10","v":10},{"$f":"TRUNC(_xlfn.XLOOKUP(C132,CCD!B:B,CCD!O:O,_xlfn.XLOOKUP(C132,'COMP-SEINFRA'!A:A,'COMP-SEINFRA'!G:G,_xlfn.XLOOKUP(C132,'CP-CODEVASF'!A:A,'CP-CODEVASF'!D:D))),2)","v":48227.33},56098.03,{"$f":"TRUNC('ORC1'!I132*('ORC10'!F132/'ORC1'!F132),2)","v":560980.30000000005}]
["12.3","CODEVASF",{"$f":"'CP-CODEVASF'!A20","v":"COMP-20"},{"$f":"_xlfn.XLOOKUP(C133,CCD!B:B,CCD!C:C,_xlfn.XLOOKUP(C133,'COMP-SEINFRA'!A:A,'COMP-SEINFRA'!C:C,_xlfn.XLOOKUP(C133,'CP-CODEVASF'!A:A,'CP-CODEVASF'!B:B)))","v":"TANQUE INOX 500L PARA FABRICAÇÃO DE QUEIJOS"},{"$f":"_xlfn.XLOOKUP(C133,CCD!B:B,CCD!D:D,_xlfn.XLOOKUP(C133,'COMP-SEINFRA'!A:A,'COMP-SEINFRA'!D:D,_xlfn.XLOOKUP(C133,'CP-CODEVASF'!A:A,'CP-CODEVASF'!C:C)))","v":"UN"},{"$f":"'ORC1'!F133*10","v":20},{"$f":"TRUNC(_xlfn.XLOOKUP(C133,CCD!B:B,CCD!O:O,_xlfn.XLOOKUP(C133,'COMP-SEINFRA'!A:A,'COMP-SEINFRA'!G:G,_xlfn.XLOOKUP(C133,'CP-CODEVASF'!A:A,'CP-CODEVASF'!D:D))),2)","v":17026.93},19805.72,{"$f":"TRUNC('ORC1'!I133*('ORC10'!F133/'ORC1'!F133),2)","v":396114.4}]
["12.4","CODEVASF",{"$f":"'CP-CODEVASF'!A4","v":"COMP-02"},{"$f":"_xlfn.XLOOKUP(C134,CCD!B:B,CCD!C:C,_xlfn.XLOOKUP(C134,'COMP-SEINFRA'!A:A,'COMP-SEINFRA'!C:C,_xlfn.XLOOKUP(C134,'CP-CODEVASF'!A:A,'CP-CODEVASF'!B:B)))","v":"MESA INOX DE APOIO"},{"$f":"_xlfn.XLOOKUP(C134,CCD!B:B,CCD!D:D,_xlfn.XLOOKUP(C134,'COMP-SEINFRA'!A:A,'COMP-SEINFRA'!D:D,_xlfn.XLOOKUP(C134,'CP-CODEVASF'!A:A,'CP-CODEVASF'!C:C)))","v":"UN"},{"$f":"'ORC1'!F134*10","v":20},{"$f":"TRUNC(_xlfn.XLOOKUP(C134,CCD!B:B,CCD!O:O,_xlfn.XLOOKUP(C134,'COMP-SEINFRA'!A:A,'COMP-SEINFRA'!G:G,_xlfn.XLOOKUP(C134,'CP-CODEVASF'!A:A,'CP-CODEVASF'!D:D))),2)","v":3751.91},4364.22,{"$f":"TRUNC('ORC1'!I134*('ORC10'!F134/'ORC1'!F134),2)","v":87284.4}]
["12.5","CODEVASF",{"$f":"'CP-CODEVASF'!A16","v":"COMP-16"},{"$f":"_xlfn.XLOOKUP(C135,CCD!B:B,CCD!C:C,_xlfn.XLOOKUP(C135,'COMP-SEINFRA'!A:A,'COMP-SEINFRA'!C:C,_xlfn.XLOOKUP(C135,'CP-CODEVASF'!A:A,'CP-CODEVASF'!B:B)))","v":"PRENSA PNEUMÁTICA 4 COLUNAS/10 FORMAS REDONDAS 1KG"},{"$f":"_xlfn.XLOOKUP(C135,CCD!B:B,CCD!D:D,_xlfn.XLOOKUP(C135,'COMP-SEINFRA'!A:A,'COMP-SEINFRA'!D:D,_xlfn.XLOOKUP(C135,'CP-CODEVASF'!A:A,'CP-CODEVASF'!C:C)))","v":"UN"},{"$f":"'ORC1'!F135*10","v":20},{"$f":"TRUNC(_xlfn.XLOOKUP(C135,CCD!B:B,CCD!O:O,_xlfn.XLOOKUP(C135,'COMP-SEINFRA'!A:A,'COMP-SEINFRA'!G:G,_xlfn.XLOOKUP(C135,'CP-CODEVASF'!A:A,'CP-CODEVASF'!D:D))),2)","v":10082.66},{"$f":"TRUNC(G135*(1+$E$16),2)","v":11728.15},{"$f":"TRUNC('ORC1'!I135*('ORC10'!F135/'ORC1'!F135),2)","v":234563}]
["12.6","CODEVASF","COMP-17",{"$f":"_xlfn.XLOOKUP(C136,CCD!B:B,CCD!C:C,_xlfn.XLOOKUP(C136,'COMP-SEINFRA'!A:A,'COMP-SEINFRA'!C:C,_xlfn.XLOOKUP(C136,'CP-CODEVASF'!A:A,'CP-CODEVASF'!B:B)))","v":"ENVASADORA PNEUMÁTICA PARA LÍQUIDOS E PASTOSOS"},{"$f":"_xlfn.XLOOKUP(C136,CCD!B:B,CCD!D:D,_xlfn.XLOOKUP(C136,'COMP-SEINFRA'!A:A,'COMP-SEINFRA'!D:D,_xlfn.XLOOKUP(C136,'CP-CODEVASF'!A:A,'CP-CODEVASF'!C:C)))","v":"UN"},{"$f":"'ORC1'!F136*10","v":10},{"$f":"TRUNC(_xlfn.XLOOKUP(C136,CCD!B:B,CCD!O:O,_xlfn.XLOOKUP(C136,'COMP-SEINFRA'!A:A,'COMP-SEINFRA'!G:G,_xlfn.XLOOKUP(C136,'CP-CODEVASF'!A:A,'CP-CODEVASF'!D:D))),2)","v":7656.15},8905.6299999999992,{"$f":"TRUNC('ORC1'!I136*('ORC10'!F136/'ORC1'!F136),2)","v":89056.3}]
["12.7","CODEVASF",{"$f":"'CP-CODEVASF'!A27","v":"COMP-27"},{"$f":"_xlfn.XLOOKUP(C137,CCD!B:B,CCD!C:C,_xlfn.XLOOKUP(C137,'COMP-SEINFRA'!A:A,'COMP-SEINFRA'!C:C,_xlfn.XLOOKUP(C137,'CP-CODEVASF'!A:A,'CP-CODEVASF'!B:B)))","v":"IOGURTEIRA INOX 500L"},{"$f":"_xlfn.XLOOKUP(C137,CCD!B:B,CCD!D:D,_xlfn.XLOOKUP(C137,'COMP-SEINFRA'!A:A,'COMP-SEINFRA'!D:D,_xlfn.XLOOKUP(C137,'CP-CODEVASF'!A:A,'CP-CODEVASF'!C:C)))","v":"UN"},{"$f":"'ORC1'!F137*10","v":10},{"$f":"TRUNC(_xlfn.XLOOKUP(C137,CCD!B:B,CCD!O:O,_xlfn.XLOOKUP(C137,'COMP-SEINFRA'!A:A,'COMP-SEINFRA'!G:G,_xlfn.XLOOKUP(C137,'CP-CODEVASF'!A:A,'CP-CODEVASF'!D:D))),2)","v":28595},33261.699999999997,{"$f":"TRUNC('ORC1'!I137*('ORC10'!F137/'ORC1'!F137),2)","v":332617}]
["12.8","CODEVASF",{"$f":"'CP-CODEVASF'!A18","v":"COMP-18"},{"$f":"_xlfn.XLOOKUP(C138,CCD!B:B,CCD!C:C,_xlfn.XLOOKUP(C138,'COMP-SEINFRA'!A:A,'COMP-SEINFRA'!C:C,_xlfn.XLOOKUP(C138,'CP-CODEVASF'!A:A,'CP-CODEVASF'!B:B)))","v":"DESNATADEIRA ELÉTRICA 275L/H"},{"$f":"_xlfn.XLOOKUP(C138,CCD!B:B,CCD!D:D,_xlfn.XLOOKUP(C138,'COMP-SEINFRA'!A:A,'COMP-SEINFRA'!D:D,_xlfn.XLOOKUP(C138,'CP-CODEVASF'!A:A,'CP-CODEVASF'!C:C)))","v":"UN"},{"$f":"'ORC1'!F138*10","v":10},{"$f":"TRUNC(_xlfn.XLOOKUP(C138,CCD!B:B,CCD!O:O,_xlfn.XLOOKUP(C138,'COMP-SEINFRA'!A:A,'COMP-SEINFRA'!G:G,_xlfn.XLOOKUP(C138,'CP-CODEVASF'!A:A,'CP-CODEVASF'!D:D))),2)","v":20165},23455.919999999998,{"$f":"TRUNC('ORC1'!I138*('ORC10'!F138/'ORC1'!F138),2)","v":234559.2}]
["12.9","CODEVASF",{"$f":"'CP-CODEVASF'!A25","v":"COMP-25"},{"$f":"_xlfn.XLOOKUP(C139,CCD!B:B,CCD!C:C,_xlfn.XLOOKUP(C139,'COMP-SEINFRA'!A:A,'COMP-SEINFRA'!C:C,_xlfn.XLOOKUP(C139,'CP-CODEVASF'!A:A,'CP-CODEVASF'!B:B)))","v":"TACHO PARA DOCE 100L"},{"$f":"_xlfn.XLOOKUP(C139,CCD!B:B,CCD!D:D,_xlfn.XLOOKUP(C139,'COMP-SEINFRA'!A:A,'COMP-SEINFRA'!D:D,_xlfn.XLOOKUP(C139,'CP-CODEVASF'!A:A,'CP-CODEVASF'!C:C)))","v":"UN"},{"$f":"'ORC1'!F139*10","v":10},{"$f":"TRUNC(_xlfn.XLOOKUP(C139,CCD!B:B,CCD!O:O,_xlfn.XLOOKUP(C139,'COMP-SEINFRA'!A:A,'COMP-SEINFRA'!G:G,_xlfn.XLOOKUP(C139,'CP-CODEVASF'!A:A,'CP-CODEVASF'!D:D))),2)","v":28790.93},33489.599999999999,{"$f":"TRUNC('ORC1'!I139*('ORC10'!F139/'ORC1'!F139),2)","v":334896}]
["12.10","CODEVASF",{"$f":"'CP-CODEVASF'!A26","v":"COMP-26"},{"$f":"_xlfn.XLOOKUP(C140,CCD!B:B,CCD!C:C,_xlfn.XLOOKUP(C140,'COMP-SEINFRA'!A:A,'COMP-SEINFRA'!C:C,_xlfn.XLOOKUP(C140,'CP-CODEVASF'!A:A,'CP-CODEVASF'!B:B)))","v":"BATEDEIRA PARA MANTEIGA 20KG"},{"$f":"_xlfn.XLOOKUP(C140,CCD!B:B,CCD!D:D,_xlfn.XLOOKUP(C140,'COMP-SEINFRA'!A:A,'COMP-SEINFRA'!D:D,_xlfn.XLOOKUP(C140,'CP-CODEVASF'!A:A,'CP-CODEVASF'!C:C)))","v":"UN"},{"$f":"'ORC1'!F140*10","v":10},{"$f":"TRUNC(_xlfn.XLOOKUP(C140,CCD!B:B,CCD!O:O,_xlfn.XLOOKUP(C140,'COMP-SEINFRA'!A:A,'COMP-SEINFRA'!G:G,_xlfn.XLOOKUP(C140,'CP-CODEVASF'!A:A,'CP-CODEVASF'!D:D))),2)","v":20344.939999999999},23665.23,{"$f":"TRUNC('ORC1'!I140*('ORC10'!F140/'ORC1'!F140),2)","v":236652.3}]
["12.11","CODEVASF",{"$f":"'CP-CODEVASF'!A5","v":"COMP-03"},{"$f":"_xlfn.XLOOKUP(C141,CCD!B:B,CCD!C:C,_xlfn.XLOOKUP(C141,'COMP-SEINFRA'!A:A,'COMP-SEINFRA'!C:C,_xlfn.XLOOKUP(C141,'CP-CODEVASF'!A:A,'CP-CODEVASF'!B:B)))","v":"SELADORA MANUAL PARA POTES"},{"$f":"_xlfn.XLOOKUP(C141,CCD!B:B,CCD!D:D,_xlfn.XLOOKUP(C141,'COMP-SEINFRA'!A:A,'COMP-SEINFRA'!D:D,_xlfn.XLOOKUP(C141,'CP-CODEVASF'!A:A,'CP-CODEVASF'!C:C)))","v":"UN"},{"$f":"'ORC1'!F141*10","v":20},{"$f":"TRUNC(_xlfn.XLOOKUP(C141,CCD!B:B,CCD!O:O,_xlfn.XLOOKUP(C141,'COMP-SEINFRA'!A:A,'COMP-SEINFRA'!G:G,_xlfn.XLOOKUP(C141,'CP-CODEVASF'!A:A,'CP-CODEVASF'!D:D))),2)","v":2672.97},3109.19,{"$f":"TRUNC('ORC1'!I141*('ORC10'!F141/'ORC1'!F141),2)","v":62183.8}]
["12.12","CODEVASF",{"$f":"'CP-CODEVASF'!A19","v":"COMP-19"},{"$f":"_xlfn.XLOOKUP(C142,CCD!B:B,CCD!C:C,_xlfn.XLOOKUP(C142,'COMP-SEINFRA'!A:A,'COMP-SEINFRA'!C:C,_xlfn.XLOOKUP(C142,'CP-CODEVASF'!A:A,'CP-CODEVASF'!B:B)))","v":"TANQUE PARA SALGA 400L"},{"$f":"_xlfn.XLOOKUP(C142,CCD!B:B,CCD!D:D,_xlfn.XLOOKUP(C142,'COMP-SEINFRA'!A:A,'COMP-SEINFRA'!D:D,_xlfn.XLOOKUP(C142,'CP-CODEVASF'!A:A,'CP-CODEVASF'!C:C)))","v":"UN"},{"$f":"'ORC1'!F142*10","v":10},{"$f":"TRUNC(_xlfn.XLOOKUP(C142,CCD!B:B,CCD!O:O,_xlfn.XLOOKUP(C142,'COMP-SEINFRA'!A:A,'COMP-SEINFRA'!G:G,_xlfn.XLOOKUP(C142,'CP-CODEVASF'!A:A,'CP-CODEVASF'!D:D))),2)","v":3616.66},4206.8900000000003,{"$f":"TRUNC('ORC1'!I142*('ORC10'!F142/'ORC1'!F142),2)","v":42068.9}]
["12.13","CODEVASF","COMP-11",{"$f":"_xlfn.XLOOKUP(C143,CCD!B:B,CCD!C:C,_xlfn.XLOOKUP(C143,'COMP-SEINFRA'!A:A,'COMP-SEINFRA'!C:C,_xlfn.XLOOKUP(C143,'CP-CODEVASF'!A:A,'CP-CODEVASF'!B:B)))","v":"ESTANTE EM AÇO INOX PARA SECAGEM/MATURAÇÃO DE QUEIJOS"},{"$f":"_xlfn.XLOOKUP(C143,CCD!B:B,CCD!D:D,_xlfn.XLOOKUP(C143,'COMP-SEINFRA'!A:A,'COMP-SEINFRA'!D:D,_xlfn.XLOOKUP(C143,'CP-CODEVASF'!A:A,'CP-CODEVASF'!C:C)))","v":"UN"},{"$f":"'ORC1'!F143*10","v":60},{"$f":"TRUNC(_xlfn.XLOOKUP(C143,CCD!B:B,CCD!O:O,_xlfn.XLOOKUP(C143,'COMP-SEINFRA'!A:A,'COMP-SEINFRA'!G:G,_xlfn.XLOOKUP(C143,'CP-CODEVASF'!A:A,'CP-CODEVASF'!D:D))),2)","v":4382.24},5097.42,{"$f":"TRUNC('ORC1'!I143*('ORC10'!F143/'ORC1'!F143),2)","v":305845.2}]
["12.14","CODEVASF",{"$f":"'CP-CODEVASF'!A6","v":"COMP-04"},{"$f":"_xlfn.XLOOKUP(C144,CCD!B:B,CCD!C:C,_xlfn.XLOOKUP(C144,'COMP-SEINFRA'!A:A,'COMP-SEINFRA'!C:C,_xlfn.XLOOKUP(C144,'CP-CODEVASF'!A:A,'CP-CODEVASF'!B:B)))","v":"SELADORA A VÁCUO DE BANCADA"},{"$f":"_xlfn.XLOOKUP(C144,CCD!B:B,CCD!D:D,_xlfn.XLOOKUP(C144,'COMP-SEINFRA'!A:A,'COMP-SEINFRA'!D:D,_xlfn.XLOOKUP(C144,'CP-CODEVASF'!A:A,'CP-CODEVASF'!C:C)))","v":"UN"},{"$f":"'ORC1'!F144*10","v":20},{"$f":"TRUNC(_xlfn.XLOOKUP(C144,CCD!B:B,CCD!O:O,_xlfn.XLOOKUP(C144,'COMP-SEINFRA'!A:A,'COMP-SEINFRA'!G:G,_xlfn.XLOOKUP(C144,'CP-CODEVASF'!A:A,'CP-CODEVASF'!D:D))),2)","v":5457.82},6348.53,{"$f":"TRUNC('ORC1'!I144*('ORC10'!F144/'ORC1'!F144),2)","v":126970.6}]
["12.15","CODEVASF",{"$f":"'CP-CODEVASF'!A7","v":"COMP-05"},{"$f":"_xlfn.XLOOKUP(C145,CCD!B:B,CCD!C:C,_xlfn.XLOOKUP(C145,'COMP-SEINFRA'!A:A,'COMP-SEINFRA'!C:C,_xlfn.XLOOKUP(C145,'CP-CODEVASF'!A:A,'CP-CODEVASF'!B:B)))","v":"LAVA DE BOTAS MANUAL "},{"$f":"_xlfn.XLOOKUP(C145,CCD!B:B,CCD!D:D,_xlfn.XLOOKUP(C145,'COMP-SEINFRA'!A:A,'COMP-SEINFRA'!D:D,_xlfn.XLOOKUP(C145,'CP-CODEVASF'!A:A,'CP-CODEVASF'!C:C)))","v":"UN"},{"$f":"'ORC1'!F145*10","v":10},{"$f":"TRUNC(_xlfn.XLOOKUP(C145,CCD!B:B,CCD!O:O,_xlfn.XLOOKUP(C145,'COMP-SEINFRA'!A:A,'COMP-SEINFRA'!G:G,_xlfn.XLOOKUP(C145,'CP-CODEVASF'!A:A,'CP-CODEVASF'!D:D))),2)","v":5321.75},6190.25,{"$f":"TRUNC('ORC1'!I145*('ORC10'!F145/'ORC1'!F145),2)","v":61902.5}]
["12.16","CODEVASF",{"$f":"'CP-CODEVASF'!A8","v":"COMP-06"},{"$f":"_xlfn.XLOOKUP(C146,CCD!B:B,CCD!C:C,_xlfn.XLOOKUP(C146,'COMP-SEINFRA'!A:A,'COMP-SEINFRA'!C:C,_xlfn.XLOOKUP(C146,'CP-CODEVASF'!A:A,'CP-CODEVASF'!B:B)))","v":"ANALISADOR DE LEITE ULTRASSÔNICO"},{"$f":"_xlfn.XLOOKUP(C146,CCD!B:B,CCD!D:D,_xlfn.XLOOKUP(C146,'COMP-SEINFRA'!A:A,'COMP-SEINFRA'!D:D,_xlfn.XLOOKUP(C146,'CP-CODEVASF'!A:A,'CP-CODEVASF'!C:C)))","v":"UN"},{"$f":"'ORC1'!F146*10","v":10},{"$f":"TRUNC(_xlfn.XLOOKUP(C146,CCD!B:B,CCD!O:O,_xlfn.XLOOKUP(C146,'COMP-SEINFRA'!A:A,'COMP-SEINFRA'!G:G,_xlfn.XLOOKUP(C146,'CP-CODEVASF'!A:A,'CP-CODEVASF'!D:D))),2)","v":5769.28},6710.82,{"$f":"TRUNC('ORC1'!I146*('ORC10'!F146/'ORC1'!F146),2)","v":67108.2}]
["12.17","CODEVASF",{"$f":"'CP-CODEVASF'!A9","v":"COMP-07"},{"$f":"_xlfn.XLOOKUP(C147,CCD!B:B,CCD!C:C,_xlfn.XLOOKUP(C147,'COMP-SEINFRA'!A:A,'COMP-SEINFRA'!C:C,_xlfn.XLOOKUP(C147,'CP-CODEVASF'!A:A,'CP-CODEVASF'!B:B)))","v":"LAVADORA E SECADORA DE ROUPAS INVERTER 11KG"},{"$f":"_xlfn.XLOOKUP(C147,CCD!B:B,CCD!D:D,_xlfn.XLOOKUP(C147,'COMP-SEINFRA'!A:A,'COMP-SEINFRA'!D:D,_xlfn.XLOOKUP(C147,'CP-CODEVASF'!A:A,'CP-CODEVASF'!C:C)))","v":"UN"},{"$f":"'ORC1'!F147*10","v":10},{"$f":"TRUNC(_xlfn.XLOOKUP(C147,CCD!B:B,CCD!O:O,_xlfn.XLOOKUP(C147,'COMP-SEINFRA'!A:A,'COMP-SEINFRA'!G:G,_xlfn.XLOOKUP(C147,'CP-CODEVASF'!A:A,'CP-CODEVASF'!D:D))),2)","v":3610.51},4199.74,{"$f":"TRUNC('ORC1'!I147*('ORC10'!F147/'ORC1'!F147),2)","v":41997.4}]
["12.18","CODEVASF",{"$f":"'CP-CODEVASF'!A10","v":"COMP-08"},{"$f":"_xlfn.XLOOKUP(C148,CCD!B:B,CCD!C:C,_xlfn.XLOOKUP(C148,'COMP-SEINFRA'!A:A,'COMP-SEINFRA'!C:C,_xlfn.XLOOKUP(C148,'CP-CODEVASF'!A:A,'CP-CODEVASF'!B:B)))","v":"ARMÁRIO TIPO ROUPEIRO"},{"$f":"_xlfn.XLOOKUP(C148,CCD!B:B,CCD!D:D,_xlfn.XLOOKUP(C148,'COMP-SEINFRA'!A:A,'COMP-SEINFRA'!D:D,_xlfn.XLOOKUP(C148,'CP-CODEVASF'!A:A,'CP-CODEVASF'!C:C)))","v":"UN"},{"$f":"'ORC1'!F148*10","v":40},{"$f":"TRUNC(_xlfn.XLOOKUP(C148,CCD!B:B,CCD!O:O,_xlfn.XLOOKUP(C148,'COMP-SEINFRA'!A:A,'COMP-SEINFRA'!G:G,_xlfn.XLOOKUP(C148,'CP-CODEVASF'!A:A,'CP-CODEVASF'!D:D))),2)","v":1283.0899999999999},1492.49,{"$f":"TRUNC('ORC1'!I148*('ORC10'!F148/'ORC1'!F148),2)","v":59699.6}]
["12.19","CODEVASF",{"$f":"'CP-CODEVASF'!A28","v":"COMP-28"},{"$f":"_xlfn.XLOOKUP(C149,CCD!B:B,CCD!C:C,_xlfn.XLOOKUP(C149,'COMP-SEINFRA'!A:A,'COMP-SEINFRA'!C:C,_xlfn.XLOOKUP(C149,'CP-CODEVASF'!A:A,'CP-CODEVASF'!B:B)))","v":"COMPRESSOR 2HP 50L"},{"$f":"_xlfn.XLOOKUP(C149,CCD!B:B,CCD!D:D,_xlfn.XLOOKUP(C149,'COMP-SEINFRA'!A:A,'COMP-SEINFRA'!D:D,_xlfn.XLOOKUP(C149,'CP-CODEVASF'!A:A,'CP-CODEVASF'!C:C)))","v":"UN"},{"$f":"'ORC1'!F149*10","v":10},{"$f":"TRUNC(_xlfn.XLOOKUP(C149,CCD!B:B,CCD!O:O,_xlfn.XLOOKUP(C149,'COMP-SEINFRA'!A:A,'COMP-SEINFRA'!G:G,_xlfn.XLOOKUP(C149,'CP-CODEVASF'!A:A,'CP-CODEVASF'!D:D))),2)","v":2147.9299999999998},2498.4699999999998,{"$f":"TRUNC('ORC1'!I149*('ORC10'!F149/'ORC1'!F149),2)","v":24984.7}]
["12.20","CODEVASF",{"$f":"'COMP-CDF'!A184","v":"COMP-34"},{"$f":"_xlfn.XLOOKUP(C150,CCD!B:B,CCD!C:C,_xlfn.XLOOKUP(C150,'COMP-SEINFRA'!A:A,'COMP-SEINFRA'!C:C,_xlfn.XLOOKUP(C150,'CP-CODEVASF'!A:A,'CP-CODEVASF'!B:B)))","v":"FORMA PARA QUEIJO COALHO REDONDO DE 1KG"},{"$f":"_xlfn.XLOOKUP(C150,CCD!B:B,CCD!D:D,_xlfn.XLOOKUP(C150,'COMP-SEINFRA'!A:A,'COMP-SEINFRA'!D:D,_xlfn.XLOOKUP(C150,'CP-CODEVASF'!A:A,'CP-CODEVASF'!C:C)))","v":"UN"},{"$f":"'ORC1'!F150*10","v":1120},{"$f":"TRUNC(_xlfn.XLOOKUP(C150,CCD!B:B,CCD!O:O,_xlfn.XLOOKUP(C150,'COMP-SEINFRA'!A:A,'COMP-SEINFRA'!G:G,_xlfn.XLOOKUP(C150,'CP-CODEVASF'!A:A,'CP-CODEVASF'!D:D))),2)","v":28.21},32.81,{"$f":"TRUNC('ORC1'!I150*('ORC10'!F150/'ORC1'!F150),2)","v":36747.199999999997}]
["13",null,null,"LIMPEZA FINAL DA OBRA",{"$nulls":4},{"$f":"TRUNC(SUM(I152),2)","v":13395.2}]
["13.1","SINAPI",99803,{"$f":"_xlfn.XLOOKUP(C152,CCD!B:B,CCD!C:C,_xlfn.XLOOKUP(C152,'COMP-SEINFRA'!A:A,'COMP-SEINFRA'!C:C,_xlfn.XLOOKUP(C152,'CP-CODEVASF'!A:A,'CP-CODEVASF'!B:B)))","v":"LIMPEZA DE PISO CERÂMICO OU PORCELANATO COM PANO ÚMIDO. AF_04/2019"},{"$f":"_xlfn.XLOOKUP(C152,CCD!B:B,CCD!D:D,_xlfn.XLOOKUP(C152,'COMP-SEINFRA'!A:A,'COMP-SEINFRA'!D:D,_xlfn.XLOOKUP(C152,'CP-CODEVASF'!A:A,'CP-CODEVASF'!C:C)))","v":"M2"},{"$f":"'ORC1'!F152*10","v":5035.8},{"$f":"TRUNC(_xlfn.XLOOKUP(C152,CCD!B:B,CCD!O:O,_xlfn.XLOOKUP(C152,'COMP-SEINFRA'!A:A,'COMP-SEINFRA'!G:G,_xlfn.XLOOKUP(C152,'CP-CODEVASF'!A:A,'CP-CODEVASF'!D:D))),2)","v":2.12},{"$f":"TRUNC(G152*(1+$E$14),2)","v":2.66},{"$f":"TRUNC('ORC1'!I152*('ORC10'!F152/'ORC1'!F152),2)","v":13395.2}]
["14",null,null,"PROJETO EXECUTIVO",{"$nulls":4},{"$f":"TRUNC(SUM(I154:I155),2)","v":186473.3},{"$f":"I153/$I$156","v":1.8853653066973113E-2}]
["14.1","CODEVASF","COMP-29-0","PROJETO EXECUTIVO PADRÃO EXCETO SONDAGEM, LEVANTAMENTO TOPOGRÁFICO E IMPLANTAÇÃO.",{"$f":"_xlfn.XLOOKUP(C154,CCD!B:B,CCD!D:D,_xlfn.XLOOKUP(C154,'COMP-SEINFRA'!A:A,'COMP-SEINFRA'!D:D,_xlfn.XLOOKUP(C154,'CP-CODEVASF'!A:A,'CP-CODEVASF'!C:C)))","v":"UN"},{"$f":"'ORC1'!F154*10","v":10},{"$f":"TRUNC(_xlfn.XLOOKUP(C154,CCD!B:B,CCD!O:O,_xlfn.XLOOKUP(C154,'COMP-SEINFRA'!A:A,'COMP-SEINFRA'!G:G,_xlfn.XLOOKUP(C154,'CP-CODEVASF'!A:A,'CP-CODEVASF'!D:D))),2)","v":5937.9},{"$f":"TRUNC(G154*(1+$E$14),2)","v":7477},{"$f":"TRUNC('ORC1'!I154*('ORC10'!F154/'ORC1'!F154),2)","v":74770}]
["1.6","CODEVASF","COMP-29","SONDAGEM, LEVANTAMENTO TOPOGRÁFICO E IMPLANTAÇÃO",{"$f":"_xlfn.XLOOKUP(C155,CCD!B:B,CCD!D:D,_xlfn.XLOOKUP(C155,'COMP-SEINFRA'!A:A,'COMP-SEINFRA'!D:D,_xlfn.XLOOKUP(C155,'CP-CODEVASF'!A:A,'CP-CODEVASF'!C:C)))","v":"UN"},{"$f":"'ORC1'!F155*10","v":10},{"$f":"TRUNC(_xlfn.XLOOKUP(C155,CCD!B:B,CCD!O:O,_xlfn.XLOOKUP(C155,'COMP-SEINFRA'!A:A,'COMP-SEINFRA'!G:G,_xlfn.XLOOKUP(C155,'CP-CODEVASF'!A:A,'CP-CODEVASF'!D:D))),2)","v":8870.98},11170.33,{"$f":"TRUNC('ORC1'!I155*('ORC10'!F155/'ORC1'!F155),2)","v":111703.3}]
["TOTAL GERAL C/ BDI INCLUSO (R$)",{"$nulls":7},{"$f":"TRUNC(SUM(I24+I31+I35+I41+I58+I60+I63+I70+I97+I115+I128+I130+I151+I153),2)","v":9890566}]
[]
["FORTALEZA/CE, OUTUBRO DE 2025."]
{"$rows_empty":675}
[{"$f":"'ORC10'!A158","v":"FORTALEZA/CE, OUTUBRO DE 2025."}]

{"sheet":"ORC1","index":2,"n_rows":834,"n_cols":10,"rows_kept":834,"cut":false,"hidden":false,"merged":[[2,3,2,8],[3,3,3,8],[4,3,4,8],[8,0,8,1],[9,0,9,1],[13,0,13,1],[158,0,158,8],[155,0,155,7],[157,0,157,8],[7,0,7,3],[11,0,11,1],[21,0,21,8],[19,0,19,8],[10,0,10,1]]}
[]
[]
[null,null,null,"MINISTÉRIO DA INTEGRAÇÃO E DO DESENVOLVIMENTO REGIONAL - MIDR"]
[null,null,null,"COMPANHIA DE DESENVOLVIMENTO DOS VALES DO SÃO FRANCISCO E DO PARNAÍBA"]
[null,null,null,"14ª SUPERINTENDÊNCIA REGIONAL"]
[]
[]
["FONTES DE PREÇOS UTILIZADAS: "]
["SINAPI/CE:",null,"08/2025","DESONERADO"]
["SEINFRA/CE:",null,"28.1","DESONERADO"]
["SICRO/CE:",null,"04/2025"]
["PESQUISA DE MERCADO:",null,"03/2025"]
[]
["ENCARGOS SOCIAIS",null,null,"BDI DE SERVIÇOS:",{"$f":"'BDI - SRV'!C26","v":0.25919999999999999}]
["HORISTA","MENSALISTA"]
[{"$f":"ES!C49","v":0.92170000000000007},{"$f":"ES!D49","v":0.53500000000000003},null,"BDI DE MATERIAIS:",{"$f":"'BDI - EQP'!C26","v":0.16320000000000001}]
[]
[null,null,null,"DATA BASE DO ORÇAMENTO:","10/2025"]
[]
["CONTRATAÇÃO DE SERVIÇOS DE ENGENHARIA, POR MEIO DO SISTEMA DE REGISTRO DE PREÇOS – SRP, PARA IMPLANTAÇÃO DE AGROINDÚSTRIAS DE LÁCTEOS EM COMUNIDADES RURAIS, NO ESTADO DO CEARÁ."]
[]
["ORÇAMENTO SINTÉTICO - CUSTO POR UNIDADE"]
["ITEM","FONTE","CÓDIGO","DESCRIÇÃO DOS SERVIÇOS","UNID.","QUANT.","PREÇO UNIT. S/ BDI (R$)","PREÇO UNIT. C/ BDI (R$)","PREÇO TOTAL (R$)"]
["1",null,null,"SERVIÇOS PRELIMINARES",{"$nulls":4},{"$f":"TRUNC(SUM(I25:I30),2)","v":78101.179999999993}]
["1.1","SINAPI",103689,{"$f":"_xlfn.XLOOKUP(C25,CCD!B:B,CCD!C:C,_xlfn.XLOOKUP(C25,'COMP-SEINFRA'!A:A,'COMP-SEINFRA'!C:C,_xlfn.XLOOKUP(C25,'CP-CODEVASF'!A:A,'CP-CODEVASF'!B:B)))","v":"FORNECIMENTO E INSTALAÇÃO DE PLACA DE OBRA COM CHAPA GALVANIZADA E ESTRUTURA DE MADEIRA. AF_03/2022_PS"},{"$f":"_xlfn.XLOOKUP(C25,CCD!B:B,CCD!D:D,_xlfn.XLOOKUP(C25,'COMP-SEINFRA'!A:A,'COMP-SEINFRA'!D:D,_xlfn.XLOOKUP(C25,'CP-CODEVASF'!A:A,'CP-CODEVASF'!C:C)))","v":"M2"},{"$f":"ROUND('MEMÓRIA DE CÁLCULO'!M11,2)","v":6},{"$f":"TRUNC(_xlfn.XLOOKUP(C25,CCD!B:B,CCD!O:O,_xlfn.XLOOKUP(C25,'COMP-SEINFRA'!A:A,'COMP-SEINFRA'!G:G,_xlfn.XLOOKUP(C25,'CP-CODEVASF'!A:A,'CP-CODEVASF'!D:D))),2)","v":464.51},{"$f":"TRUNC(G25*(1+$E$14),2)","v":584.91},{"$f":"TRUNC(H25*F25,2)","v":3509.46}]
["1.2","CODEVASF",{"$f":"'CP-CODEVASF'!A12","v":"COMP-12"},{"$f":"_xlfn.XLOOKUP(C26,CCD!B:B,CCD!C:C,_xlfn.XLOOKUP(C26,'COMP-SEINFRA'!A:A,'COMP-SEINFRA'!C:C,_xlfn.XLOOKUP(C26,'CP-CODEVASF'!A:A,'CP-CODEVASF'!B:B)))","v":"ADMISTRAÇÃO LOCAL"},{"$f":"_xlfn.XLOOKUP(C26,CCD!B:B,CCD!D:D,_xlfn.XLOOKUP(C26,'COMP-SEINFRA'!A:A,'COMP-SEINFRA'!D:D,_xlfn.XLOOKUP(C26,'CP-CODEVASF'!A:A,'CP-CODEVASF'!C:C)))","v":"UN"},{"$f":"ROUND('MEMÓRIA DE CÁLCULO'!M17,2)","v":1},{"$f":"TRUNC(_xlfn.XLOOKUP(C26,CCD!B:B,CCD!O:O,_xlfn.XLOOKUP(C26,'COMP-SEINFRA'!A:A,'COMP-SEINFRA'!G:G,_xlfn.XLOOKUP(C26,'CP-CODEVASF'!A:A,'CP-CODEVASF'!D:D))),2)","v":46580.4},58654.03,58654.03,{"$f":"I26/I156","v":5.9303006521568127E-2}]
["1.3","CODEVASF",{"$f":"'CP-CODEVASF'!A13","v":"COMP-13"},{"$f":"_xlfn.XLOOKUP(C27,CCD!B:B,CCD!C:C,_xlfn.XLOOKUP(C27,'COMP-SEINFRA'!A:A,'COMP-SEINFRA'!C:C,_xlfn.XLOOKUP(C27,'CP-CODEVASF'!A:A,'CP-CODEVASF'!B:B)))","v":"MOBILIZAÇÃO E DESMOBILIZAÇÃO"},{"$f":"_xlfn.XLOOKUP(C27,CCD!B:B,CCD!D:D,_xlfn.XLOOKUP(C27,'COMP-SEINFRA'!A:A,'COMP-SEINFRA'!D:D,_xlfn.XLOOKUP(C27,'CP-CODEVASF'!A:A,'CP-CODEVASF'!C:C)))","v":"UN"},{"$f":"ROUND('MEMÓRIA DE CÁLCULO'!M23,2)","v":1},{"$f":"TRUNC(_xlfn.XLOOKUP(C27,CCD!B:B,CCD!O:O,_xlfn.XLOOKUP(C27,'COMP-SEINFRA'!A:A,'COMP-SEINFRA'!G:G,_xlfn.XLOOKUP(C27,'CP-CODEVASF'!A:A,'CP-CODEVASF'!D:D))),2)","v":3030.53},3816.04,3816.04]
["1.4","SICRO","B8952","Residencial (2,45% do CMCC - SINAPI)","m² x mês",{"$f":"ROUND('MEMÓRIA DE CÁLCULO'!M29,2)","v":100},{"$f":"TRUNC(_xlfn.XLOOKUP(C28,'CG-SICRO'!B:B,'CG-SICRO'!F:F),2)","v":48.26},60.76,6076]
["1.5","SINAPI",105009,{"$f":"_xlfn.XLOOKUP(C29,CCD!B:B,CCD!C:C,_xlfn.XLOOKUP(C29,'COMP-SEINFRA'!A:A,'COMP-SEINFRA'!C:C,_xlfn.XLOOKUP(C29,'CP-CODEVASF'!A:A,'CP-CODEVASF'!B:B)))","v":"LOCAÇÃO CONVENCIONAL DE OBRA, UTILIZANDO GABARITO DE TÁBUAS CORRIDAS PONTALETADAS A CADA 1,50M - 2 UTILIZAÇÕES. AF_03/2024"},{"$f":"_xlfn.XLOOKUP(C29,CCD!B:B,CCD!D:D,_xlfn.XLOOKUP(C29,'COMP-SEINFRA'!A:A,'COMP-SEINFRA'!D:D,_xlfn.XLOOKUP(C29,'CP-CODEVASF'!A:A,'CP-CODEVASF'!C:C)))","v":"M"},{"$f":"ROUND('MEMÓRIA DE CÁLCULO'!M35,2)","v":55},{"$f":"TRUNC(_xlfn.XLOOKUP(C29,CCD!B:B,CCD!O:O,_xlfn.XLOOKUP(C29,'COMP-SEINFRA'!A:A,'COMP-SEINFRA'!G:G,_xlfn.XLOOKUP(C29,'CP-CODEVASF'!A:A,'CP-CODEVASF'!D:D))),2)","v":81.19},102.23,5622.65]
["1.6","SINAPI",98525,{"$f":"_xlfn.XLOOKUP(C30,CCD!B:B,CCD!C:C,_xlfn.XLOOKUP(C30,'COMP-SEINFRA'!A:A,'COMP-SEINFRA'!C:C,_xlfn.XLOOKUP(C30,'CP-CODEVASF'!A:A,'CP-CODEVASF'!B:B)))","v":"LIMPEZA MECANIZADA DE CAMADA VEGETAL, VEGETAÇÃO E PEQUENAS ÁRVORES (DIÂMETRO DE TRONCO MENOR QUE 0,20 M), COM TRATOR DE ESTEIRAS. AF_03/2024"},{"$f":"_xlfn.XLOOKUP(C30,CCD!B:B,CCD!D:D,_xlfn.XLOOKUP(C30,'COMP-SEINFRA'!A:A,'COMP-SEINFRA'!D:D,_xlfn.XLOOKUP(C30,'CP-CODEVASF'!A:A,'CP-CODEVASF'!C:C)))","v":"M2"},{"$f":"ROUND('MEMÓRIA DE CÁLCULO'!M42,2)","v":503.58},{"$f":"TRUNC(_xlfn.XLOOKUP(C30,CCD!B:B,CCD!O:O,_xlfn.XLOOKUP(C30,'COMP-SEINFRA'!A:A,'COMP-SEINFRA'!G:G,_xlfn.XLOOKUP(C30,'CP-CODEVASF'!A:A,'CP-CODEVASF'!D:D))),2)","v":0.67},0.84,423]
["2",null,null,"MOVIMENTAÇÃO DE TERRA / CONTENÇÃO",{"$nulls":4},{"$f":"TRUNC(SUM(I32:I34),2)","v":5234.74}]
["2.1","SINAPI",100576,{"$f":"_xlfn.XLOOKUP(C32,CCD!B:B,CCD!C:C,_xlfn.XLOOKUP(C32,'COMP-SEINFRA'!A:A,'COMP-SEINFRA'!C:C,_xlfn.XLOOKUP(C32,'CP-CODEVASF'!A:A,'CP-CODEVASF'!B:B)))","v":"REGULARIZAÇÃO E COMPACTAÇÃO DE SUBLEITO DE SOLO PREDOMINANTEMENTE ARGILOSO, PARA OBRAS DE CONSTRUÇÃO DE PAVIMENTOS. AF_09/2024"},{"$f":"_xlfn.XLOOKUP(C32,CCD!B:B,CCD!D:D,_xlfn.XLOOKUP(C32,'COMP-SEINFRA'!A:A,'COMP-SEINFRA'!D:D,_xlfn.XLOOKUP(C32,'CP-CODEVASF'!A:A,'CP-CODEVASF'!C:C)))","v":"M2"},{"$f":"ROUND('MEMÓRIA DE CÁLCULO'!M48,2)","v":503.58},{"$f":"TRUNC(_xlfn.XLOOKUP(C32,CCD!B:B,CCD!O:O,_xlfn.XLOOKUP(C32,'COMP-SEINFRA'!A:A,'COMP-SEINFRA'!G:G,_xlfn.XLOOKUP(C32,'CP-CODEVASF'!A:A,'CP-CODEVASF'!D:D))),2)","v":3.01},{"$f":"TRUNC(G32*(1+$E$14),2)","v":3.79},{"$f":"TRUNC(H32*F32,2)","v":1908.56}]
["2.2","SINAPI",93358,{"$f":"_xlfn.XLOOKUP(C33,CCD!B:B,CCD!C:C,_xlfn.XLOOKUP(C33,'COMP-SEINFRA'!A:A,'COMP-SEINFRA'!C:C,_xlfn.XLOOKUP(C33,'CP-CODEVASF'!A:A,'CP-CODEVASF'!B:B)))","v":"ESCAVAÇÃO MANUAL DE VALA. AF_09/2024"},{"$f":"_xlfn.XLOOKUP(C33,CCD!B:B,CCD!D:D,_xlfn.XLOOKUP(C33,'COMP-SEINFRA'!A:A,'COMP-SEINFRA'!D:D,_xlfn.XLOOKUP(C33,'CP-CODEVASF'!A:A,'CP-CODEVASF'!C:C)))","v":"M3"},{"$f":"ROUND('MEMÓRIA DE CÁLCULO'!M54,2)","v":4.3099999999999996},{"$f":"TRUNC(_xlfn.XLOOKUP(C33,CCD!B:B,CCD!O:O,_xlfn.XLOOKUP(C33,'COMP-SEINFRA'!A:A,'COMP-SEINFRA'!G:G,_xlfn.XLOOKUP(C33,'CP-CODEVASF'!A:A,'CP-CODEVASF'!D:D))),2)","v":86.74},{"$f":"TRUNC(G33*(1+$E$14),2)","v":109.22},{"$f":"TRUNC(H33*F33,2)","v":470.73}]
["2.3","SINAPI",94342,{"$f":"_xlfn.XLOOKUP(C34,CCD!B:B,CCD!C:C,_xlfn.XLOOKUP(C34,'COMP-SEINFRA'!A:A,'COMP-SEINFRA'!C:C,_xlfn.XLOOKUP(C34,'CP-CODEVASF'!A:A,'CP-CODEVASF'!B:B)))","v":"ATERRO MANUAL DE VALAS COM AREIA PARA ATERRO. AF_08/2023"},{"$f":"_xlfn.XLOOKUP(C34,CCD!B:B,CCD!D:D,_xlfn.XLOOKUP(C34,'COMP-SEINFRA'!A:A,'COMP-SEINFRA'!D:D,_xlfn.XLOOKUP(C34,'CP-CODEVASF'!A:A,'CP-CODEVASF'!C:C)))","v":"M3"},{"$f":"ROUND('MEMÓRIA DE CÁLCULO'!M61,2)","v":19.899999999999999},{"$f":"TRUNC(_xlfn.XLOOKUP(C34,CCD!B:B,CCD!O:O,_xlfn.XLOOKUP(C34,'COMP-SEINFRA'!A:A,'COMP-SEINFRA'!G:G,_xlfn.XLOOKUP(C34,'CP-CODEVASF'!A:A,'CP-CODEVASF'!D:D))),2)","v":113.96},{"$f":"TRUNC(G34*(1+$E$14),2)","v":143.49},{"$f":"TRUNC(H34*F34,2)","v":2855.45}]
["3",null,null,"PAVIMENTAÇÃO / PISO",{"$nulls":4},{"$f":"TRUNC(SUM(I36:I40),2)","v":72415.12}]
["3.1","SINAPI",101172,{"$f":"_xlfn.XLOOKUP(C36,CCD!B:B,CCD!C:C,_xlfn.XLOOKUP(C36,'COMP-SEINFRA'!A:A,'COMP-SEINFRA'!C:C,_xlfn.XLOOKUP(C36,'CP-CODEVASF'!A:A,'CP-CODEVASF'!B:B)))","v":"EXECUÇÃO DE PAVIMENTO EM PEDRAS POLIÉDRICAS, REJUNTAMENTO COM ARGAMASSA TRAÇO 1:3 (CIMENTO E AREIA). AF_05/2020"},{"$f":"_xlfn.XLOOKUP(C36,CCD!B:B,CCD!D:D,_xlfn.XLOOKUP(C36,'COMP-SEINFRA'!A:A,'COMP-SEINFRA'!D:D,_xlfn.XLOOKUP(C36,'CP-CODEVASF'!A:A,'CP-CODEVASF'!C:C)))","v":"M2"},{"$f":"ROUND('MEMÓRIA DE CÁLCULO'!M73,2)","v":322.8},{"$f":"TRUNC(_xlfn.XLOOKUP(C36,CCD!B:B,CCD!O:O,_xlfn.XLOOKUP(C36,'COMP-SEINFRA'!A:A,'COMP-SEINFRA'!G:G,_xlfn.XLOOKUP(C36,'CP-CODEVASF'!A:A,'CP-CODEVASF'!D:D))),2)","v":79.400000000000006},{"$f":"TRUNC(G36*(1+$E$14),2)","v":99.98},{"$f":"TRUNC(H36*F36,2)","v":32273.54}]
["3.2","SINAPI",94273,{"$f":"_xlfn.XLOOKUP(C37,CCD!B:B,CCD!C:C,_xlfn.XLOOKUP(C37,'COMP-SEINFRA'!A:A,'COMP-SEINFRA'!C:C,_xlfn.XLOOKUP(C37,'CP-CODEVASF'!A:A,'CP-CODEVASF'!B:B)))","v":"ASSENTAMENTO DE GUIA (MEIO-FIO) EM TRECHO RETO, CONFECCIONADA EM CONCRETO PRÉ-FABRICADO, DIMENSÕES 100X15X13X30 CM (COMPRIMENTO X BASE INFERIOR X BASE SUPERIOR X ALTURA). AF_01/2024"},{"$f":"_xlfn.XLOOKUP(C37,CCD!B:B,CCD!D:D,_xlfn.XLOOKUP(C37,'COMP-SEINFRA'!A:A,'COMP-SEINFRA'!D:D,_xlfn.XLOOKUP(C37,'CP-CODEVASF'!A:A,'CP-CODEVASF'!C:C)))","v":"M"},{"$f":"ROUND('MEMÓRIA DE CÁLCULO'!M81,2)","v":89.8},{"$f":"TRUNC(_xlfn.XLOOKUP(C37,CCD!B:B,CCD!O:O,_xlfn.XLOOKUP(C37,'COMP-SEINFRA'!A:A,'COMP-SEINFRA'!G:G,_xlfn.XLOOKUP(C37,'CP-CODEVASF'!A:A,'CP-CODEVASF'!D:D))),2)","v":43.56},{"$f":"TRUNC(G37*(1+$E$14),2)","v":54.85},{"$f":"TRUNC(H37*F37,2)","v":4925.53}]
["3.3","SINAPI",97087,{"$f":"_xlfn.XLOOKUP(C38,CCD!B:B,CCD!C:C,_xlfn.XLOOKUP(C38,'COMP-SEINFRA'!A:A,'COMP-SEINFRA'!C:C,_xlfn.XLOOKUP(C38,'CP-CODEVASF'!A:A,'CP-CODEVASF'!B:B)))","v":"CAMADA SEPARADORA PARA EXECUÇÃO DE RADIER, PISO DE CONCRETO OU LAJE SOBRE SOLO, EM LONA PLÁSTICA. AF_09/2021"},{"$f":"_xlfn.XLOOKUP(C38,CCD!B:B,CCD!D:D,_xlfn.XLOOKUP(C38,'COMP-SEINFRA'!A:A,'COMP-SEINFRA'!D:D,_xlfn.XLOOKUP(C38,'CP-CODEVASF'!A:A,'CP-CODEVASF'!C:C)))","v":"M2"},{"$f":"ROUND('MEMÓRIA DE CÁLCULO'!M88,2)","v":100.1},{"$f":"TRUNC(_xlfn.XLOOKUP(C38,CCD!B:B,CCD!O:O,_xlfn.XLOOKUP(C38,'COMP-SEINFRA'!A:A,'COMP-SEINFRA'!G:G,_xlfn.XLOOKUP(C38,'CP-CODEVASF'!A:A,'CP-CODEVASF'!D:D))),2)","v":2.13},{"$f":"TRUNC(G38*(1+$E$14),2)","v":2.68},{"$f":"TRUNC(H38*F38,2)","v":268.26}]
["3.4","SINAPI",94994,{"$f":"_xlfn.XLOOKUP(C39,CCD!B:B,CCD!C:C,_xlfn.XLOOKUP(C39,'COMP-SEINFRA'!A:A,'COMP-SEINFRA'!C:C,_xlfn.XLOOKUP(C39,'CP-CODEVASF'!A:A,'CP-CODEVASF'!B:B)))","v":"EXECUÇÃO DE PASSEIO (CALÇADA) OU PISO DE CONCRETO COM CONCRETO MOLDADO IN LOCO, FEITO EM OBRA, ACABAMENTO CONVENCIONAL, ESPESSURA 8 CM, ARMADO. AF_08/2022"},{"$f":"_xlfn.XLOOKUP(C39,CCD!B:B,CCD!D:D,_xlfn.XLOOKUP(C39,'COMP-SEINFRA'!A:A,'COMP-SEINFRA'!D:D,_xlfn.XLOOKUP(C39,'CP-CODEVASF'!A:A,'CP-CODEVASF'!C:C)))","v":"M2"},{"$f":"ROUND('MEMÓRIA DE CÁLCULO'!M104,2)","v":112.66},{"$f":"TRUNC(_xlfn.XLOOKUP(C39,CCD!B:B,CCD!O:O,_xlfn.XLOOKUP(C39,'COMP-SEINFRA'!A:A,'COMP-SEINFRA'!G:G,_xlfn.XLOOKUP(C39,'CP-CODEVASF'!A:A,'CP-CODEVASF'!D:D))),2)","v":94.05},{"$f":"TRUNC(G39*(1+$E$14),2)","v":118.42},{"$f":"TRUNC(H39*F39,2)","v":13341.19}]
["3.5","SINAPI",103917,{"$f":"_xlfn.XLOOKUP(C40,CCD!B:B,CCD!C:C,_xlfn.XLOOKUP(C40,'COMP-SEINFRA'!A:A,'COMP-SEINFRA'!C:C,_xlfn.XLOOKUP(C40,'CP-CODEVASF'!A:A,'CP-CODEVASF'!B:B)))","v":"EXECUÇÃO DE PISO INDUSTRIAL DE CONCRETO ARMADO, FCK = 20 MPA, ESPESSURA DE 20,0 CM. AF_04/2022"},{"$f":"_xlfn.XLOOKUP(C40,CCD!B:B,CCD!D:D,_xlfn.XLOOKUP(C40,'COMP-SEINFRA'!A:A,'COMP-SEINFRA'!D:D,_xlfn.XLOOKUP(C40,'CP-CODEVASF'!A:A,'CP-CODEVASF'!C:C)))","v":"M2"},{"$f":"ROUND('MEMÓRIA DE CÁLCULO'!M120,2)","v":89.68},{"$f":"TRUNC(_xlfn.XLOOKUP(C40,CCD!B:B,CCD!O:O,_xlfn.XLOOKUP(C40,'COMP-SEINFRA'!A:A,'COMP-SEINFRA'!G:G,_xlfn.XLOOKUP(C40,'CP-CODEVASF'!A:A,'CP-CODEVASF'!D:D))),2)","v":191.34},{"$f":"TRUNC(G40*(1+$E$14),2)","v":240.93},{"$f":"TRUNC(H40*F40,2)","v":21606.6}]
["4",null,null,"COBERTURA",{"$nulls":4},{"$f":"TRUNC(I42+I48+I54,2)","v":113303.05}]
["4.1",null,null,"FUNDAÇÃO - BLOCOS",{"$nulls":4},{"$f":"TRUNC(SUM(I43:I47),2)","v":6548.27}]
["4.1.1","SINAPI",93358,{"$f":"_xlfn.XLOOKUP(C43,CCD!B:B,CCD!C:C,_xlfn.XLOOKUP(C43,'COMP-SEINFRA'!A:A,'COMP-SEINFRA'!C:C,_xlfn.XLOOKUP(C43,'CP-CODEVASF'!A:A,'CP-CODEVASF'!B:B)))","v":"ESCAVAÇÃO MANUAL DE VALA. AF_09/2024"},{"$f":"_xlfn.XLOOKUP(C43,CCD!B:B,CCD!D:D,_xlfn.XLOOKUP(C43,'COMP-SEINFRA'!A:A,'COMP-SEINFRA'!D:D,_xlfn.XLOOKUP(C43,'CP-CODEVASF'!A:A,'CP-CODEVASF'!C:C)))","v":"M3"},{"$f":"ROUND('MEMÓRIA DE CÁLCULO'!M129,2)","v":2.5},{"$f":"TRUNC(_xlfn.XLOOKUP(C43,CCD!B:B,CCD!O:O,_xlfn.XLOOKUP(C43,'COMP-SEINFRA'!A:A,'COMP-SEINFRA'!G:G,_xlfn.XLOOKUP(C43,'CP-CODEVASF'!A:A,'CP-CODEVASF'!D:D))),2)","v":86.74},{"$f":"TRUNC(G43*(1+$E$14),2)","v":109.22},{"$f":"TRUNC(H43*F43,2)","v":273.05}]
["4.1.2","SINAPI",101616,{"$f":"_xlfn.XLOOKUP(C44,CCD!B:B,CCD!C:C,_xlfn.XLOOKUP(C44,'COMP-SEINFRA'!A:A,'COMP-SEINFRA'!C:C,_xlfn.XLOOKUP(C44,'CP-CODEVASF'!A:A,'CP-CODEVASF'!B:B)))","v":"PREPARO DE FUNDO DE VALA COM LARGURA MENOR QUE 1,5 M (ACERTO DO SOLO NATURAL). AF_08/2020"},{"$f":"_xlfn.XLOOKUP(C44,CCD!B:B,CCD!D:D,_xlfn.XLOOKUP(C44,'COMP-SEINFRA'!A:A,'COMP-SEINFRA'!D:D,_xlfn.XLOOKUP(C44,'CP-CODEVASF'!A:A,'CP-CODEVASF'!C:C)))","v":"M2"},{"$f":"ROUND('MEMÓRIA DE CÁLCULO'!M135,2)","v":5},{"$f":"TRUNC(_xlfn.XLOOKUP(C44,CCD!B:B,CCD!O:O,_xlfn.XLOOKUP(C44,'COMP-SEINFRA'!A:A,'COMP-SEINFRA'!G:G,_xlfn.XLOOKUP(C44,'CP-CODEVASF'!A:A,'CP-CODEVASF'!D:D))),2)","v":6.48},{"$f":"TRUNC(G44*(1+$E$14),2)","v":8.15},{"$f":"TRUNC(H44*F44,2)","v":40.75}]
["4.1.3","SINAPI",96546,{"$f":"_xlfn.XLOOKUP(C45,CCD!B:B,CCD!C:C,_xlfn.XLOOKUP(C45,'COMP-SEINFRA'!A:A,'COMP-SEINFRA'!C:C,_xlfn.XLOOKUP(C45,'CP-CODEVASF'!A:A,'CP-CODEVASF'!B:B)))","v":"ARMAÇÃO DE BLOCO UTILIZANDO AÇO CA-50 DE 10 MM - MONTAGEM. AF_01/2024"},{"$f":"_xlfn.XLOOKUP(C45,CCD!B:B,CCD!D:D,_xlfn.XLOOKUP(C45,'COMP-SEINFRA'!A:A,'COMP-SEINFRA'!D:D,_xlfn.XLOOKUP(C45,'CP-CODEVASF'!A:A,'CP-CODEVASF'!C:C)))","v":"KG"},{"$f":"ROUND('MEMÓRIA DE CÁLCULO'!M141,2)","v":142.12},{"$f":"TRUNC(_xlfn.XLOOKUP(C45,CCD!B:B,CCD!O:O,_xlfn.XLOOKUP(C45,'COMP-SEINFRA'!A:A,'COMP-SEINFRA'!G:G,_xlfn.XLOOKUP(C45,'CP-CODEVASF'!A:A,'CP-CODEVASF'!D:D))),2)","v":13.08},{"$f":"TRUNC(G45*(1+$E$14),2)","v":16.47},{"$f":"TRUNC(H45*F45,2)","v":2340.71}]
["4.1.4","SINAPI",96543,{"$f":"_xlfn.XLOOKUP(C46,CCD!B:B,CCD!C:C,_xlfn.XLOOKUP(C46,'COMP-SEINFRA'!A:A,'COMP-SEINFRA'!C:C,_xlfn.XLOOKUP(C46,'CP-CODEVASF'!A:A,'CP-CODEVASF'!B:B)))","v":"ARMAÇÃO DE BLOCO UTILIZANDO AÇO CA-60 DE 5 MM - MONTAGEM. AF_01/2024"},{"$f":"_xlfn.XLOOKUP(C46,CCD!B:B,CCD!D:D,_xlfn.XLOOKUP(C46,'COMP-SEINFRA'!A:A,'COMP-SEINFRA'!D:D,_xlfn.XLOOKUP(C46,'CP-CODEVASF'!A:A,'CP-CODEVASF'!C:C)))","v":"KG"},{"$f":"ROUND('MEMÓRIA DE CÁLCULO'!M147,2)","v":94.62},{"$f":"TRUNC(_xlfn.XLOOKUP(C46,CCD!B:B,CCD!O:O,_xlfn.XLOOKUP(C46,'COMP-SEINFRA'!A:A,'COMP-SEINFRA'!G:G,_xlfn.XLOOKUP(C46,'CP-CODEVASF'!A:A,'CP-CODEVASF'!D:D))),2)","v":19.13},{"$f":"TRUNC(G46*(1+$E$14),2)","v":24.08},{"$f":"TRUNC(H46*F46,2)","v":2278.44}]
["4.1.5","SINAPI",94965,{"$f":"_xlfn.XLOOKUP(C47,CCD!B:B,CCD!C:C,_xlfn.XLOOKUP(C47,'COMP-SEINFRA'!A:A,'COMP-SEINFRA'!C:C,_xlfn.XLOOKUP(C47,'CP-CODEVASF'!A:A,'CP-CODEVASF'!B:B)))","v":"CONCRETO FCK = 25MPA, TRAÇO 1:2,3:2,7 (EM MASSA SECA DE CIMENTO/ AREIA MÉDIA/ BRITA 1) - PREPARO MECÂNICO COM BETONEIRA 400 L. AF_05/2021"},{"$f":"_xlfn.XLOOKUP(C47,CCD!B:B,CCD!D:D,_xlfn.XLOOKUP(C47,'COMP-SEINFRA'!A:A,'COMP-SEINFRA'!D:D,_xlfn.XLOOKUP(C47,'CP-CODEVASF'!A:A,'CP-CODEVASF'!C:C)))","v":"M3"},{"$f":"ROUND('MEMÓRIA DE CÁLCULO'!M153,2)","v":2.5},{"$f":"TRUNC(_xlfn.XLOOKUP(C47,CCD!B:B,CCD!O:O,_xlfn.XLOOKUP(C47,'COMP-SEINFRA'!A:A,'COMP-SEINFRA'!G:G,_xlfn.XLOOKUP(C47,'CP-CODEVASF'!A:A,'CP-CODEVASF'!D:D))),2)","v":513.13},{"$f":"TRUNC(G47*(1+$E$14),2)","v":646.13},{"$f":"TRUNC(H47*F47,2)","v":1615.32}]
["4.2",null,null,"FUNDAÇÃO - VIGAS BALDRAMES",{"$nulls":4},{"$f":"TRUNC(SUM(I49:I53),2)","v":7822.47}]
["4.2.1","SINAPI",93358,{"$f":"_xlfn.XLOOKUP(C49,CCD!B:B,CCD!C:C,_xlfn.XLOOKUP(C49,'COMP-SEINFRA'!A:A,'COMP-SEINFRA'!C:C,_xlfn.XLOOKUP(C49,'CP-CODEVASF'!A:A,'CP-CODEVASF'!B:B)))","v":"ESCAVAÇÃO MANUAL DE VALA. AF_09/2024"},{"$f":"_xlfn.XLOOKUP(C49,CCD!B:B,CCD!D:D,_xlfn.XLOOKUP(C49,'COMP-SEINFRA'!A:A,'COMP-SEINFRA'!D:D,_xlfn.XLOOKUP(C49,'CP-CODEVASF'!A:A,'CP-CODEVASF'!C:C)))","v":"M3"},{"$f":"ROUND('MEMÓRIA DE CÁLCULO'!M160,2)","v":5.31},{"$f":"TRUNC(_xlfn.XLOOKUP(C49,CCD!B:B,CCD!O:O,_xlfn.XLOOKUP(C49,'COMP-SEINFRA'!A:A,'COMP-SEINFRA'!G:G,_xlfn.XLOOKUP(C49,'CP-CODEVASF'!A:A,'CP-CODEVASF'!D:D))),2)","v":86.74},{"$f":"TRUNC(G49*(1+$E$14),2)","v":109.22},{"$f":"TRUNC(H49*F49,2)","v":579.95000000000005}]
["4.2.2","SINAPI",101616,{"$f":"_xlfn.XLOOKUP(C50,CCD!B:B,CCD!C:C,_xlfn.XLOOKUP(C50,'COMP-SEINFRA'!A:A,'COMP-SEINFRA'!C:C,_xlfn.XLOOKUP(C50,'CP-CODEVASF'!A:A,'CP-CODEVASF'!B:B)))","v":"PREPARO DE FUNDO DE VALA COM LARGURA MENOR QUE 1,5 M (ACERTO DO SOLO NATURAL). AF_08/2020"},{"$f":"_xlfn.XLOOKUP(C50,CCD!B:B,CCD!D:D,_xlfn.XLOOKUP(C50,'COMP-SEINFRA'!A:A,'COMP-SEINFRA'!D:D,_xlfn.XLOOKUP(C50,'CP-CODEVASF'!A:A,'CP-CODEVASF'!C:C)))","v":"M2"},{"$f":"ROUND('MEMÓRIA DE CÁLCULO'!M169,2)","v":13.28},{"$f":"TRUNC(_xlfn.XLOOKUP(C50,CCD!B:B,CCD!O:O,_xlfn.XLOOKUP(C50,'COMP-SEINFRA'!A:A,'COMP-SEINFRA'!G:G,_xlfn.XLOOKUP(C50,'CP-CODEVASF'!A:A,'CP-CODEVASF'!D:D))),2)","v":6.48},{"$f":"TRUNC(G50*(1+$E$14),2)","v":8.15},{"$f":"TRUNC(H50*F50,2)","v":108.23}]
["4.2.3","SINAPI",104918,{"$f":"_xlfn.XLOOKUP(C51,CCD!B:B,CCD!C:C,_xlfn.XLOOKUP(C51,'COMP-SEINFRA'!A:A,'COMP-SEINFRA'!C:C,_xlfn.XLOOKUP(C51,'CP-CODEVASF'!A:A,'CP-CODEVASF'!B:B)))","v":"ARMAÇÃO DE SAPATA ISOLADA, VIGA BALDRAME E SAPATA CORRIDA UTILIZANDO AÇO CA-50 DE 8 MM - MONTAGEM. AF_01/2024"},{"$f":"_xlfn.XLOOKUP(C51,CCD!B:B,CCD!D:D,_xlfn.XLOOKUP(C51,'COMP-SEINFRA'!A:A,'COMP-SEINFRA'!D:D,_xlfn.XLOOKUP(C51,'CP-CODEVASF'!A:A,'CP-CODEVASF'!C:C)))","v":"KG"},{"$f":"ROUND('MEMÓRIA DE CÁLCULO'!M178,2)","v":146.04},{"$f":"TRUNC(_xlfn.XLOOKUP(C51,CCD!B:B,CCD!O:O,_xlfn.XLOOKUP(C51,'COMP-SEINFRA'!A:A,'COMP-SEINFRA'!G:G,_xlfn.XLOOKUP(C51,'CP-CODEVASF'!A:A,'CP-CODEVASF'!D:D))),2)","v":13.31},{"$f":"TRUNC(G51*(1+$E$14),2)","v":16.75},{"$f":"TRUNC(H51*F51,2)","v":2446.17}]
["4.2.4","SINAPI",104916,{"$f":"_xlfn.XLOOKUP(C52,CCD!B:B,CCD!C:C,_xlfn.XLOOKUP(C52,'COMP-SEINFRA'!A:A,'COMP-SEINFRA'!C:C,_xlfn.XLOOKUP(C52,'CP-CODEVASF'!A:A,'CP-CODEVASF'!B:B)))","v":"ARMAÇÃO DE SAPATA ISOLADA, VIGA BALDRAME E SAPATA CORRIDA UTILIZANDO AÇO CA-60 DE 5 MM - MONTAGEM. AF_01/2024"},{"$f":"_xlfn.XLOOKUP(C52,CCD!B:B,CCD!D:D,_xlfn.XLOOKUP(C52,'COMP-SEINFRA'!A:A,'COMP-SEINFRA'!D:D,_xlfn.XLOOKUP(C52,'CP-CODEVASF'!A:A,'CP-CODEVASF'!C:C)))","v":"KG"},{"$f":"ROUND('MEMÓRIA DE CÁLCULO'!M184,2)","v":62.89},{"$f":"TRUNC(_xlfn.XLOOKUP(C52,CCD!B:B,CCD!O:O,_xlfn.XLOOKUP(C52,'COMP-SEINFRA'!A:A,'COMP-SEINFRA'!G:G,_xlfn.XLOOKUP(C52,'CP-CODEVASF'!A:A,'CP-CODEVASF'!D:D))),2)","v":15.88},{"$f":"TRUNC(G52*(1+$E$14),2)","v":19.989999999999998},{"$f":"TRUNC(H52*F52,2)","v":1257.17}]
["4.2.5","SINAPI",94965,{"$f":"_xlfn.XLOOKUP(C53,CCD!B:B,CCD!C:C,_xlfn.XLOOKUP(C53,'COMP-SEINFRA'!A:A,'COMP-SEINFRA'!C:C,_xlfn.XLOOKUP(C53,'CP-CODEVASF'!A:A,'CP-CODEVASF'!B:B)))","v":"CONCRETO FCK = 25MPA, TRAÇO 1:2,3:2,7 (EM MASSA SECA DE CIMENTO/ AREIA MÉDIA/ BRITA 1) - PREPARO MECÂNICO COM BETONEIRA 400 L. AF_05/2021"},{"$f":"_xlfn.XLOOKUP(C53,CCD!B:B,CCD!D:D,_xlfn.XLOOKUP(C53,'COMP-SEINFRA'!A:A,'COMP-SEINFRA'!D:D,_xlfn.XLOOKUP(C53,'CP-CODEVASF'!A:A,'CP-CODEVASF'!C:C)))","v":"M3"},{"$f":"ROUND('MEMÓRIA DE CÁLCULO'!M190,2)","v":5.31},{"$f":"TRUNC(_xlfn.XLOOKUP(C53,CCD!B:B,CCD!O:O,_xlfn.XLOOKUP(C53,'COMP-SEINFRA'!A:A,'COMP-SEINFRA'!G:G,_xlfn.XLOOKUP(C53,'CP-CODEVASF'!A:A,'CP-CODEVASF'!D:D))),2)","v":513.13},{"$f":"TRUNC(G53*(1+$E$14),2)","v":646.13},{"$f":"TRUNC(H53*F53,2)","v":3430.95}]
["4.3",null,null,"ESTRUTURA METÁLICA",{"$nulls":4},{"$f":"TRUNC(SUM(I55:I57),2)","v":98932.31}]
["4.3.1","SEINFRA","C1353",{"$f":"_xlfn.XLOOKUP(C55,CCD!B:B,CCD!C:C,_xlfn.XLOOKUP(C55,'COMP-SEINFRA'!A:A,'COMP-SEINFRA'!C:C,_xlfn.XLOOKUP(C55,'CP-CODEVASF'!A:A,'CP-CODEVASF'!B:B)))","v":"ESTRUTURA METÁLICA TRELIÇADA EM AÇO, EM MARQUISES"},{"$f":"_xlfn.XLOOKUP(C55,CCD!B:B,CCD!D:D,_xlfn.XLOOKUP(C55,'COMP-SEINFRA'!A:A,'COMP-SEINFRA'!D:D,_xlfn.XLOOKUP(C55,'CP-CODEVASF'!A:A,'CP-CODEVASF'!C:C)))","v":"M2"},{"$f":"ROUND('MEMÓRIA DE CÁLCULO'!M200,2)","v":174.21},{"$f":"TRUNC(_xlfn.XLOOKUP(C55,CCD!B:B,CCD!O:O,_xlfn.XLOOKUP(C55,'COMP-SEINFRA'!A:A,'COMP-SEINFRA'!G:G,_xlfn.XLOOKUP(C55,'CP-CODEVASF'!A:A,'CP-CODEVASF'!D:D))),2)","v":269.61},{"$f":"TRUNC(G55*(1+$E$14),2)","v":339.49},{"$f":"TRUNC(H55*F55,2)","v":59142.55}]
["4.3.2","SINAPI",94216,{"$f":"_xlfn.XLOOKUP(C56,CCD!B:B,CCD!C:C,_xlfn.XLOOKUP(C56,'COMP-SEINFRA'!A:A,'COMP-SEINFRA'!C:C,_xlfn.XLOOKUP(C56,'CP-CODEVASF'!A:A,'CP-CODEVASF'!B:B)))","v":"TELHAMENTO COM TELHA METÁLICA TERMOACÚSTICA E = 30 MM, COM ATÉ 2 ÁGUAS, INCLUSO IÇAMENTO. AF_07/2019"},{"$f":"_xlfn.XLOOKUP(C56,CCD!B:B,CCD!D:D,_xlfn.XLOOKUP(C56,'COMP-SEINFRA'!A:A,'COMP-SEINFRA'!D:D,_xlfn.XLOOKUP(C56,'CP-CODEVASF'!A:A,'CP-CODEVASF'!C:C)))","v":"M2"},{"$f":"ROUND('MEMÓRIA DE CÁLCULO'!M215,2)","v":153.26},{"$f":"TRUNC(_xlfn.XLOOKUP(C56,CCD!B:B,CCD!O:O,_xlfn.XLOOKUP(C56,'COMP-SEINFRA'!A:A,'COMP-SEINFRA'!G:G,_xlfn.XLOOKUP(C56,'CP-CODEVASF'!A:A,'CP-CODEVASF'!D:D))),2)","v":196.64},{"$f":"TRUNC(G56*(1+$E$14),2)","v":247.6},{"$f":"TRUNC(H56*F56,2)","v":37947.17}]
["4.3.3","SEINFRA","C2479",{"$f":"_xlfn.XLOOKUP(C57,CCD!B:B,CCD!C:C,_xlfn.XLOOKUP(C57,'COMP-SEINFRA'!A:A,'COMP-SEINFRA'!C:C,_xlfn.XLOOKUP(C57,'CP-CODEVASF'!A:A,'CP-CODEVASF'!B:B)))","v":"TOLDO COM ESTRUTURA METÁLICA"},{"$f":"_xlfn.XLOOKUP(C57,CCD!B:B,CCD!D:D,_xlfn.XLOOKUP(C57,'COMP-SEINFRA'!A:A,'COMP-SEINFRA'!D:D,_xlfn.XLOOKUP(C57,'CP-CODEVASF'!A:A,'CP-CODEVASF'!C:C)))","v":"M2"},{"$f":"ROUND('MEMÓRIA DE CÁLCULO'!M223,2)","v":5.45},{"$f":"TRUNC(_xlfn.XLOOKUP(C57,CCD!B:B,CCD!O:O,_xlfn.XLOOKUP(C57,'COMP-SEINFRA'!A:A,'COMP-SEINFRA'!G:G,_xlfn.XLOOKUP(C57,'CP-CODEVASF'!A:A,'CP-CODEVASF'!D:D))),2)","v":268.5},{"$f":"TRUNC(G57*(1+$E$14),2)","v":338.09},{"$f":"TRUNC(H57*F57,2)","v":1842.59}]
["5",null,null,"PAREDES / PAINÉIS / VEDAÇÃO",{"$nulls":4},{"$f":"TRUNC(SUM(I59:I59),2)","v":180303.03}]
["5.1","CODEVASF",{"$f":"'CP-CODEVASF'!A21","v":"COMP-21"},{"$f":"_xlfn.XLOOKUP(C59,CCD!B:B,CCD!C:C,_xlfn.XLOOKUP(C59,'COMP-SEINFRA'!A:A,'COMP-SEINFRA'!C:C,_xlfn.XLOOKUP(C59,'CP-CODEVASF'!A:A,'CP-CODEVASF'!B:B)))","v":"FORNECIMENTO E INSTALAÇÃO DE ISOPAINEL EPS 100 MM"},{"$f":"_xlfn.XLOOKUP(C59,CCD!B:B,CCD!D:D,_xlfn.XLOOKUP(C59,'COMP-SEINFRA'!A:A,'COMP-SEINFRA'!D:D,_xlfn.XLOOKUP(C59,'CP-CODEVASF'!A:A,'CP-CODEVASF'!C:C)))","v":"M2"},{"$f":"ROUND('MEMÓRIA DE CÁLCULO'!M234,2)","v":450.06},{"$f":"TRUNC(_xlfn.XLOOKUP(C59,CCD!B:B,CCD!O:O,_xlfn.XLOOKUP(C59,'COMP-SEINFRA'!A:A,'COMP-SEINFRA'!G:G,_xlfn.XLOOKUP(C59,'CP-CODEVASF'!A:A,'CP-CODEVASF'!D:D))),2)","v":318.16000000000003},{"$f":"TRUNC(G59*(1+$E$14),2)","v":400.62},{"$f":"TRUNC(H59*F59,2)","v":180303.03}]
["6",null,null,"PINTURA",{"$nulls":4},{"$f":"TRUNC(SUM(I61:I62),2)","v":7621.17}]
["6.1","SEINFRA","C2040",{"$f":"_xlfn.XLOOKUP(C61,CCD!B:B,CCD!C:C,_xlfn.XLOOKUP(C61,'COMP-SEINFRA'!A:A,'COMP-SEINFRA'!C:C,_xlfn.XLOOKUP(C61,'CP-CODEVASF'!A:A,'CP-CODEVASF'!B:B)))","v":"PINTURA C/ PRIMER EPOXI EM ESTRUTURA DE AÇO CARBONO 25 MICRA C/REVÓLVER"},{"$f":"_xlfn.XLOOKUP(C61,CCD!B:B,CCD!D:D,_xlfn.XLOOKUP(C61,'COMP-SEINFRA'!A:A,'COMP-SEINFRA'!D:D,_xlfn.XLOOKUP(C61,'CP-CODEVASF'!A:A,'CP-CODEVASF'!C:C)))","v":"M2"},{"$f":"ROUND('MEMÓRIA DE CÁLCULO'!M260,2)","v":179.66},{"$f":"TRUNC(_xlfn.XLOOKUP(C61,CCD!B:B,CCD!O:O,_xlfn.XLOOKUP(C61,'COMP-SEINFRA'!A:A,'COMP-SEINFRA'!G:G,_xlfn.XLOOKUP(C61,'CP-CODEVASF'!A:A,'CP-CODEVASF'!D:D))),2)","v":12.38},{"$f":"TRUNC(G61*(1+$E$14),2)","v":15.58},{"$f":"TRUNC(H61*F61,2)","v":2799.1}]
["6.2","SEINFRA","C2473",{"$f":"_xlfn.XLOOKUP(C62,CCD!B:B,CCD!C:C,_xlfn.XLOOKUP(C62,'COMP-SEINFRA'!A:A,'COMP-SEINFRA'!C:C,_xlfn.XLOOKUP(C62,'CP-CODEVASF'!A:A,'CP-CODEVASF'!B:B)))","v":"PINTURA C/ TINTA EPOXI EM ESTRUTURA DE AÇO CARBONO 50 MICRA C/REVÓLVER"},{"$f":"_xlfn.XLOOKUP(C62,CCD!B:B,CCD!D:D,_xlfn.XLOOKUP(C62,'COMP-SEINFRA'!A:A,'COMP-SEINFRA'!D:D,_xlfn.XLOOKUP(C62,'CP-CODEVASF'!A:A,'CP-CODEVASF'!C:C)))","v":"M2"},{"$f":"ROUND('MEMÓRIA DE CÁLCULO'!M282,2)","v":179.66},{"$f":"TRUNC(_xlfn.XLOOKUP(C62,CCD!B:B,CCD!O:O,_xlfn.XLOOKUP(C62,'COMP-SEINFRA'!A:A,'COMP-SEINFRA'!G:G,_xlfn.XLOOKUP(C62,'CP-CODEVASF'!A:A,'CP-CODEVASF'!D:D))),2)","v":21.32},{"$f":"TRUNC(G62*(1+$E$14),2)","v":26.84},{"$f":"TRUNC(H62*F62,2)","v":4822.07}]
["7",null,null,"ESQUADRIAS",{"$nulls":4},{"$f":"TRUNC(SUM(I64:I69),2)","v":37993.279999999999}]
["7.1","SINAPI",91341,{"$f":"_xlfn.XLOOKUP(C64,CCD!B:B,CCD!C:C,_xlfn.XLOOKUP(C64,'COMP-SEINFRA'!A:A,'COMP-SEINFRA'!C:C,_xlfn.XLOOKUP(C64,'CP-CODEVASF'!A:A,'CP-CODEVASF'!B:B)))","v":"PORTA EM ALUMÍNIO DE ABRIR TIPO VENEZIANA COM GUARNIÇÃO, FIXAÇÃO COM PARAFUSOS - FORNECIMENTO E INSTALAÇÃO. AF_12/2019"},{"$f":"_xlfn.XLOOKUP(C64,CCD!B:B,CCD!D:D,_xlfn.XLOOKUP(C64,'COMP-SEINFRA'!A:A,'COMP-SEINFRA'!D:D,_xlfn.XLOOKUP(C64,'CP-CODEVASF'!A:A,'CP-CODEVASF'!C:C)))","v":"M2"},{"$f":"ROUND('MEMÓRIA DE CÁLCULO'!M305,2)","v":20.79},{"$f":"TRUNC(_xlfn.XLOOKUP(C64,CCD!B:B,CCD!O:O,_xlfn.XLOOKUP(C64,'COMP-SEINFRA'!A:A,'COMP-SEINFRA'!G:G,_xlfn.XLOOKUP(C64,'CP-CODEVASF'!A:A,'CP-CODEVASF'!D:D))),2)","v":652.20000000000005},{"$f":"TRUNC(G64*(1+$E$14),2)","v":821.25},{"$f":"TRUNC(H64*F64,2)","v":17073.78}]
["7.2","SEINFRA","C4514",{"$f":"_xlfn.XLOOKUP(C65,CCD!B:B,CCD!C:C,_xlfn.XLOOKUP(C65,'COMP-SEINFRA'!A:A,'COMP-SEINFRA'!C:C,_xlfn.XLOOKUP(C65,'CP-CODEVASF'!A:A,'CP-CODEVASF'!B:B)))","v":"PORTA EM ALUMÍNIO ANODIZADO NATURAL/FOSCO, DE CORRER, SEM BANDEIROLA E/OU PEITORIL, SEM VIDRO - FORNECIMENTO E MONTAGEM"},{"$f":"_xlfn.XLOOKUP(C65,CCD!B:B,CCD!D:D,_xlfn.XLOOKUP(C65,'COMP-SEINFRA'!A:A,'COMP-SEINFRA'!D:D,_xlfn.XLOOKUP(C65,'CP-CODEVASF'!A:A,'CP-CODEVASF'!C:C)))","v":"M2"},{"$f":"ROUND('MEMÓRIA DE CÁLCULO'!M312,2)","v":10.08},{"$f":"TRUNC(_xlfn.XLOOKUP(C65,CCD!B:B,CCD!O:O,_xlfn.XLOOKUP(C65,'COMP-SEINFRA'!A:A,'COMP-SEINFRA'!G:G,_xlfn.XLOOKUP(C65,'CP-CODEVASF'!A:A,'CP-CODEVASF'!D:D))),2)","v":404.39},509.2,5132.7299999999996]
["7.3","SEINFRA","C3737",{"$f":"_xlfn.XLOOKUP(C66,CCD!B:B,CCD!C:C,_xlfn.XLOOKUP(C66,'COMP-SEINFRA'!A:A,'COMP-SEINFRA'!C:C,_xlfn.XLOOKUP(C66,'CP-CODEVASF'!A:A,'CP-CODEVASF'!B:B)))","v":"PORTA FRIGORÍFICA TERMO-ISOLANTE DE ACIONAMENTO MANUAL C/AQUECIMENTO. 2100X1000X150MM -( FORNECIMENTO"},{"$f":"_xlfn.XLOOKUP(C66,CCD!B:B,CCD!D:D,_xlfn.XLOOKUP(C66,'COMP-SEINFRA'!A:A,'COMP-SEINFRA'!D:D,_xlfn.XLOOKUP(C66,'CP-CODEVASF'!A:A,'CP-CODEVASF'!C:C)))","v":"UN"},{"$f":"ROUND('MEMÓRIA DE CÁLCULO'!M319,2)","v":1},{"$f":"TRUNC(_xlfn.XLOOKUP(C66,CCD!B:B,CCD!O:O,_xlfn.XLOOKUP(C66,'COMP-SEINFRA'!A:A,'COMP-SEINFRA'!G:G,_xlfn.XLOOKUP(C66,'CP-CODEVASF'!A:A,'CP-CODEVASF'!D:D))),2)","v":3352.31},4221.22,4221.22]
["7.4","SINAPI",94570,{"$f":"_xlfn.XLOOKUP(C67,CCD!B:B,CCD!C:C,_xlfn.XLOOKUP(C67,'COMP-SEINFRA'!A:A,'COMP-SEINFRA'!C:C,_xlfn.XLOOKUP(C67,'CP-CODEVASF'!A:A,'CP-CODEVASF'!B:B)))","v":"JANELA DE ALUMÍNIO DE CORRER COM 2 FOLHAS PARA VIDROS (VIDROS INCLUSOS), BATENTE/ REQUADRO 6 A 14 CM, ACABAMENTO COM ACETATO OU BRILHANTE, FIXAÇÃO COM PARAFUSO, SEM GUARNIÇÃO/ ALIZAR, DIMENSÕES 100X120 CM, VEDAÇÃO COM SILICONE, EXCLUSIVE CONTRAMARCO - FORNECIMENTO E INSTALAÇÃO. AF_11/2024"},{"$f":"_xlfn.XLOOKUP(C67,CCD!B:B,CCD!D:D,_xlfn.XLOOKUP(C67,'COMP-SEINFRA'!A:A,'COMP-SEINFRA'!D:D,_xlfn.XLOOKUP(C67,'CP-CODEVASF'!A:A,'CP-CODEVASF'!C:C)))","v":"M2"},{"$f":"ROUND('MEMÓRIA DE CÁLCULO'!M325,2)","v":2.8},{"$f":"TRUNC(_xlfn.XLOOKUP(C67,CCD!B:B,CCD!O:O,_xlfn.XLOOKUP(C67,'COMP-SEINFRA'!A:A,'COMP-SEINFRA'!G:G,_xlfn.XLOOKUP(C67,'CP-CODEVASF'!A:A,'CP-CODEVASF'!D:D))),2)","v":401.12},505.09,1414.25]
["7.5","SINAPI",100674,{"$f":"_xlfn.XLOOKUP(C68,CCD!B:B,CCD!C:C,_xlfn.XLOOKUP(C68,'COMP-SEINFRA'!A:A,'COMP-SEINFRA'!C:C,_xlfn.XLOOKUP(C68,'CP-CODEVASF'!A:A,'CP-CODEVASF'!B:B)))","v":"CAIXILHO FIXO DE ALUMÍNIO PARA VIDRO (VIDRO INCLUSO), BATENTE/ REQUADRO DE 4 A 14 CM, SEM GUARNIÇÃO/ ALIZAR, FIXAÇÃO COM PARAFUSOS, VEDAÇÃO COM SILICONE, EXCLUSIVE CONTRAMARCO - FORNECIMENTO E INSTALAÇÃO. AF_11/2024"},{"$f":"_xlfn.XLOOKUP(C68,CCD!B:B,CCD!D:D,_xlfn.XLOOKUP(C68,'COMP-SEINFRA'!A:A,'COMP-SEINFRA'!D:D,_xlfn.XLOOKUP(C68,'CP-CODEVASF'!A:A,'CP-CODEVASF'!C:C)))","v":"M2"},{"$f":"ROUND('MEMÓRIA DE CÁLCULO'!M331,2)","v":8},{"$f":"TRUNC(_xlfn.XLOOKUP(C68,CCD!B:B,CCD!O:O,_xlfn.XLOOKUP(C68,'COMP-SEINFRA'!A:A,'COMP-SEINFRA'!G:G,_xlfn.XLOOKUP(C68,'CP-CODEVASF'!A:A,'CP-CODEVASF'!D:D))),2)","v":871.67},1097.5999999999999,8780.7999999999993]
["7.6","SINAPI",94569,{"$f":"_xlfn.XLOOKUP(C69,CCD!B:B,CCD!C:C,_xlfn.XLOOKUP(C69,'COMP-SEINFRA'!A:A,'COMP-SEINFRA'!C:C,_xlfn.XLOOKUP(C69,'CP-CODEVASF'!A:A,'CP-CODEVASF'!B:B)))","v":"JANELA DE ALUMÍNIO TIPO MAXIM-AR, BATENTE/ REQUADRO 3 A 14 CM, VIDRO INCLUSO, FIXAÇÃO COM PARAFUSO, SEM GUARNIÇÃO/ ALIZAR, DIMENSÕES 60X80 (A X L) CM, SEM ACABAMENTO, VEDAÇÃO COM SILICONE, EXCLUSIVE CONTRAMARCO - FORNECIMENTO E INSTALAÇÃO. AF_11/2024"},{"$f":"_xlfn.XLOOKUP(C69,CCD!B:B,CCD!D:D,_xlfn.XLOOKUP(C69,'COMP-SEINFRA'!A:A,'COMP-SEINFRA'!D:D,_xlfn.XLOOKUP(C69,'CP-CODEVASF'!A:A,'CP-CODEVASF'!C:C)))","v":"M2"},{"$f":"ROUND('MEMÓRIA DE CÁLCULO'!M337,2)","v":1.44},{"$f":"TRUNC(_xlfn.XLOOKUP(C69,CCD!B:B,CCD!O:O,_xlfn.XLOOKUP(C69,'COMP-SEINFRA'!A:A,'COMP-SEINFRA'!G:G,_xlfn.XLOOKUP(C69,'CP-CODEVASF'!A:A,'CP-CODEVASF'!D:D))),2)","v":755.83},951.74,1370.5]
["8",null,null,"INSTALAÇÕES ELÉTRICAS",{"$nulls":4},{"$f":"TRUNC(SUM(I71:I96),2)","v":31654.66}]
["8.1","SINAPI","COMP-33",{"$f":"_xlfn.XLOOKUP(C71,CCD!B:B,CCD!C:C,_xlfn.XLOOKUP(C71,'COMP-SEINFRA'!A:A,'COMP-SEINFRA'!C:C,_xlfn.XLOOKUP(C71,'CP-CODEVASF'!A:A,'CP-CODEVASF'!B:B)))","v":"ENTRADA DE ENERGIA COM POSTE E ASSENTAMENTO                                                                                                                               "},{"$f":"_xlfn.XLOOKUP(C71,CCD!B:B,CCD!D:D,_xlfn.XLOOKUP(C71,'COMP-SEINFRA'!A:A,'COMP-SEINFRA'!D:D,_xlfn.XLOOKUP(C71,'CP-CODEVASF'!A:A,'CP-CODEVASF'!C:C)))","v":"UN"},{"$f":"ROUND('MEMÓRIA DE CÁLCULO'!M344,2)","v":1},{"$f":"TRUNC(_xlfn.XLOOKUP(C71,CCD!B:B,CCD!O:O,_xlfn.XLOOKUP(C71,'COMP-SEINFRA'!A:A,'COMP-SEINFRA'!G:G,_xlfn.XLOOKUP(C71,'CP-CODEVASF'!A:A,'CP-CODEVASF'!D:D))),2)","v":3660.45},{"$f":"TRUNC(G71*(1+$E$14),2)","v":4609.2299999999996},{"$f":"TRUNC(H71*F71,2)","v":4609.2299999999996}]
["8.2","SINAPI",101878,{"$f":"_xlfn.XLOOKUP(C72,CCD!B:B,CCD!C:C,_xlfn.XLOOKUP(C72,'COMP-SEINFRA'!A:A,'COMP-SEINFRA'!C:C,_xlfn.XLOOKUP(C72,'CP-CODEVASF'!A:A,'CP-CODEVASF'!B:B)))","v":"QUADRO DE DISTRIBUIÇÃO DE ENERGIA EM CHAPA DE AÇO GALVANIZADO, DE SOBREPOR, COM BARRAMENTO TRIFÁSICO, PARA 18 DISJUNTORES DIN 100A - FORNECIMENTO E INSTALAÇÃO. AF_07/2025"},{"$f":"_xlfn.XLOOKUP(C72,CCD!B:B,CCD!D:D,_xlfn.XLOOKUP(C72,'COMP-SEINFRA'!A:A,'COMP-SEINFRA'!D:D,_xlfn.XLOOKUP(C72,'CP-CODEVASF'!A:A,'CP-CODEVASF'!C:C)))","v":"UN"},{"$f":"ROUND('MEMÓRIA DE CÁLCULO'!M350,2)","v":2},{"$f":"TRUNC(_xlfn.XLOOKUP(C72,CCD!B:B,CCD!O:O,_xlfn.XLOOKUP(C72,'COMP-SEINFRA'!A:A,'COMP-SEINFRA'!G:G,_xlfn.XLOOKUP(C72,'CP-CODEVASF'!A:A,'CP-CODEVASF'!D:D))),2)","v":401.59},505.68,1011.36]
["8.3","SINAPI",91927,{"$f":"_xlfn.XLOOKUP(C73,CCD!B:B,CCD!C:C,_xlfn.XLOOKUP(C73,'COMP-SEINFRA'!A:A,'COMP-SEINFRA'!C:C,_xlfn.XLOOKUP(C73,'CP-CODEVASF'!A:A,'CP-CODEVASF'!B:B)))","v":"CABO DE COBRE FLEXÍVEL ISOLADO, 2,5 MM², ANTI-CHAMA 0,6/1,0 KV, PARA CIRCUITOS TERMINAIS - FORNECIMENTO E INSTALAÇÃO. AF_03/2023"},{"$f":"_xlfn.XLOOKUP(C73,CCD!B:B,CCD!D:D,_xlfn.XLOOKUP(C73,'COMP-SEINFRA'!A:A,'COMP-SEINFRA'!D:D,_xlfn.XLOOKUP(C73,'CP-CODEVASF'!A:A,'CP-CODEVASF'!C:C)))","v":"M"},{"$f":"ROUND('MEMÓRIA DE CÁLCULO'!M356,2)","v":5.8},{"$f":"TRUNC(_xlfn.XLOOKUP(C73,CCD!B:B,CCD!O:O,_xlfn.XLOOKUP(C73,'COMP-SEINFRA'!A:A,'COMP-SEINFRA'!G:G,_xlfn.XLOOKUP(C73,'CP-CODEVASF'!A:A,'CP-CODEVASF'!D:D))),2)","v":5.32},6.69,38.799999999999997]
["8.4","SINAPI",91929,{"$f":"_xlfn.XLOOKUP(C74,CCD!B:B,CCD!C:C,_xlfn.XLOOKUP(C74,'COMP-SEINFRA'!A:A,'COMP-SEINFRA'!C:C,_xlfn.XLOOKUP(C74,'CP-CODEVASF'!A:A,'CP-CODEVASF'!B:B)))","v":"CABO DE COBRE FLEXÍVEL ISOLADO, 4 MM², ANTI-CHAMA 0,6/1,0 KV, PARA CIRCUITOS TERMINAIS - FORNECIMENTO E INSTALAÇÃO. AF_03/2023"},{"$f":"_xlfn.XLOOKUP(C74,CCD!B:B,CCD!D:D,_xlfn.XLOOKUP(C74,'COMP-SEINFRA'!A:A,'COMP-SEINFRA'!D:D,_xlfn.XLOOKUP(C74,'CP-CODEVASF'!A:A,'CP-CODEVASF'!C:C)))","v":"M"},{"$f":"ROUND('MEMÓRIA DE CÁLCULO'!M362,2)","v":284.27999999999997},{"$f":"TRUNC(_xlfn.XLOOKUP(C74,CCD!B:B,CCD!O:O,_xlfn.XLOOKUP(C74,'COMP-SEINFRA'!A:A,'COMP-SEINFRA'!G:G,_xlfn.XLOOKUP(C74,'CP-CODEVASF'!A:A,'CP-CODEVASF'!D:D))),2)","v":7.89},9.93,2822.9]
["8.5","SINAPI",91924,{"$f":"_xlfn.XLOOKUP(C75,CCD!B:B,CCD!C:C,_xlfn.XLOOKUP(C75,'COMP-SEINFRA'!A:A,'COMP-SEINFRA'!C:C,_xlfn.XLOOKUP(C75,'CP-CODEVASF'!A:A,'CP-CODEVASF'!B:B)))","v":"CABO DE COBRE FLEXÍVEL ISOLADO, 1,5 MM², ANTI-CHAMA 450/750 V, PARA CIRCUITOS TERMINAIS - FORNECIMENTO E INSTALAÇÃO. AF_03/2023"},{"$f":"_xlfn.XLOOKUP(C75,CCD!B:B,CCD!D:D,_xlfn.XLOOKUP(C75,'COMP-SEINFRA'!A:A,'COMP-SEINFRA'!D:D,_xlfn.XLOOKUP(C75,'CP-CODEVASF'!A:A,'CP-CODEVASF'!C:C)))","v":"M"},{"$f":"ROUND('MEMÓRIA DE CÁLCULO'!M368,2)","v":225.3},{"$f":"TRUNC(_xlfn.XLOOKUP(C75,CCD!B:B,CCD!O:O,_xlfn.XLOOKUP(C75,'COMP-SEINFRA'!A:A,'COMP-SEINFRA'!G:G,_xlfn.XLOOKUP(C75,'CP-CODEVASF'!A:A,'CP-CODEVASF'!D:D))),2)","v":3.23},4.0599999999999996,914.71]
["8.6","SINAPI",91926,{"$f":"_xlfn.XLOOKUP(C76,CCD!B:B,CCD!C:C,_xlfn.XLOOKUP(C76,'COMP-SEINFRA'!A:A,'COMP-SEINFRA'!C:C,_xlfn.XLOOKUP(C76,'CP-CODEVASF'!A:A,'CP-CODEVASF'!B:B)))","v":"CABO DE COBRE FLEXÍVEL ISOLADO, 2,5 MM², ANTI-CHAMA 450/750 V, PARA CIRCUITOS TERMINAIS - FORNECIMENTO E INSTALAÇÃO. AF_03/2023"},{"$f":"_xlfn.XLOOKUP(C76,CCD!B:B,CCD!D:D,_xlfn.XLOOKUP(C76,'COMP-SEINFRA'!A:A,'COMP-SEINFRA'!D:D,_xlfn.XLOOKUP(C76,'CP-CODEVASF'!A:A,'CP-CODEVASF'!C:C)))","v":"M"},{"$f":"ROUND('MEMÓRIA DE CÁLCULO'!M374,2)","v":409.3},{"$f":"TRUNC(_xlfn.XLOOKUP(C76,CCD!B:B,CCD!O:O,_xlfn.XLOOKUP(C76,'COMP-SEINFRA'!A:A,'COMP-SEINFRA'!G:G,_xlfn.XLOOKUP(C76,'CP-CODEVASF'!A:A,'CP-CODEVASF'!D:D))),2)","v":4.72},5.94,2431.2399999999998]
["8.7","SINAPI",91932,{"$f":"_xlfn.XLOOKUP(C77,CCD!B:B,CCD!C:C,_xlfn.XLOOKUP(C77,'COMP-SEINFRA'!A:A,'COMP-SEINFRA'!C:C,_xlfn.XLOOKUP(C77,'CP-CODEVASF'!A:A,'CP-CODEVASF'!B:B)))","v":"CABO DE COBRE FLEXÍVEL ISOLADO, 10 MM², ANTI-CHAMA 450/750 V, PARA CIRCUITOS TERMINAIS - FORNECIMENTO E INSTALAÇÃO. AF_03/2023"},{"$f":"_xlfn.XLOOKUP(C77,CCD!B:B,CCD!D:D,_xlfn.XLOOKUP(C77,'COMP-SEINFRA'!A:A,'COMP-SEINFRA'!D:D,_xlfn.XLOOKUP(C77,'CP-CODEVASF'!A:A,'CP-CODEVASF'!C:C)))","v":"M"},{"$f":"ROUND('MEMÓRIA DE CÁLCULO'!M380,2)","v":86.58},{"$f":"TRUNC(_xlfn.XLOOKUP(C77,CCD!B:B,CCD!O:O,_xlfn.XLOOKUP(C77,'COMP-SEINFRA'!A:A,'COMP-SEINFRA'!G:G,_xlfn.XLOOKUP(C77,'CP-CODEVASF'!A:A,'CP-CODEVASF'!D:D))),2)","v":18.579999999999998},23.39,2025.1]
["8.8","SINAPI",91864,{"$f":"_xlfn.XLOOKUP(C78,CCD!B:B,CCD!C:C,_xlfn.XLOOKUP(C78,'COMP-SEINFRA'!A:A,'COMP-SEINFRA'!C:C,_xlfn.XLOOKUP(C78,'CP-CODEVASF'!A:A,'CP-CODEVASF'!B:B)))","v":"ELETRODUTO RÍGIDO ROSCÁVEL, PVC, DN 32 MM (1\"), PARA CIRCUITOS TERMINAIS, INSTALADO EM FORRO - FORNECIMENTO E INSTALAÇÃO. AF_03/2023"},{"$f":"_xlfn.XLOOKUP(C78,CCD!B:B,CCD!D:D,_xlfn.XLOOKUP(C78,'COMP-SEINFRA'!A:A,'COMP-SEINFRA'!D:D,_xlfn.XLOOKUP(C78,'CP-CODEVASF'!A:A,'CP-CODEVASF'!C:C)))","v":"M"},{"$f":"ROUND('MEMÓRIA DE CÁLCULO'!M386,2)","v":18.8},{"$f":"TRUNC(_xlfn.XLOOKUP(C78,CCD!B:B,CCD!O:O,_xlfn.XLOOKUP(C78,'COMP-SEINFRA'!A:A,'COMP-SEINFRA'!G:G,_xlfn.XLOOKUP(C78,'CP-CODEVASF'!A:A,'CP-CODEVASF'!D:D))),2)","v":15.12},19.03,357.76]
["8.9","SINAPI",91863,{"$f":"_xlfn.XLOOKUP(C79,CCD!B:B,CCD!C:C,_xlfn.XLOOKUP(C79,'COMP-SEINFRA'!A:A,'COMP-SEINFRA'!C:C,_xlfn.XLOOKUP(C79,'CP-CODEVASF'!A:A,'CP-CODEVASF'!B:B)))","v":"ELETRODUTO RÍGIDO ROSCÁVEL, PVC, DN 25 MM (3/4\"), PARA CIRCUITOS TERMINAIS, INSTALADO EM FORRO - FORNECIMENTO E INSTALAÇÃO. AF_03/2023"},{"$f":"_xlfn.XLOOKUP(C79,CCD!B:B,CCD!D:D,_xlfn.XLOOKUP(C79,'COMP-SEINFRA'!A:A,'COMP-SEINFRA'!D:D,_xlfn.XLOOKUP(C79,'CP-CODEVASF'!A:A,'CP-CODEVASF'!C:C)))","v":"M"},{"$f":"ROUND('MEMÓRIA DE CÁLCULO'!M392,2)","v":211.7},{"$f":"TRUNC(_xlfn.XLOOKUP(C79,CCD!B:B,CCD!O:O,_xlfn.XLOOKUP(C79,'COMP-SEINFRA'!A:A,'COMP-SEINFRA'!G:G,_xlfn.XLOOKUP(C79,'CP-CODEVASF'!A:A,'CP-CODEVASF'!D:D))),2)","v":11.23},14.14,2993.43]
["8.10","SINAPI",91841,{"$f":"_xlfn.XLOOKUP(C80,CCD!B:B,CCD!C:C,_xlfn.XLOOKUP(C80,'COMP-SEINFRA'!A:A,'COMP-SEINFRA'!C:C,_xlfn.XLOOKUP(C80,'CP-CODEVASF'!A:A,'CP-CODEVASF'!B:B)))","v":"ELETRODUTO FLEXÍVEL LISO, PEAD, DN 40 MM (1 1/4\"), PARA CIRCUITOS TERMINAIS, INSTALADO EM FORRO - FORNECIMENTO E INSTALAÇÃO. AF_03/2023"},{"$f":"_xlfn.XLOOKUP(C80,CCD!B:B,CCD!D:D,_xlfn.XLOOKUP(C80,'COMP-SEINFRA'!A:A,'COMP-SEINFRA'!D:D,_xlfn.XLOOKUP(C80,'CP-CODEVASF'!A:A,'CP-CODEVASF'!C:C)))","v":"M"},{"$f":"ROUND('MEMÓRIA DE CÁLCULO'!M398,2)","v":27.3},{"$f":"TRUNC(_xlfn.XLOOKUP(C80,CCD!B:B,CCD!O:O,_xlfn.XLOOKUP(C80,'COMP-SEINFRA'!A:A,'COMP-SEINFRA'!G:G,_xlfn.XLOOKUP(C80,'CP-CODEVASF'!A:A,'CP-CODEVASF'!D:D))),2)","v":23.15},29.15,795.79]
["8.11","SINAPI",97881,{"$f":"_xlfn.XLOOKUP(C81,CCD!B:B,CCD!C:C,_xlfn.XLOOKUP(C81,'COMP-SEINFRA'!A:A,'COMP-SEINFRA'!C:C,_xlfn.XLOOKUP(C81,'CP-CODEVASF'!A:A,'CP-CODEVASF'!B:B)))","v":"CAIXA ENTERRADA ELÉTRICA RETANGULAR, EM CONCRETO PRÉ-MOLDADO, FUNDO COM BRITA, DIMENSÕES INTERNAS: 0,3X0,3X0,3 M. AF_12/2020"},{"$f":"_xlfn.XLOOKUP(C81,CCD!B:B,CCD!D:D,_xlfn.XLOOKUP(C81,'COMP-SEINFRA'!A:A,'COMP-SEINFRA'!D:D,_xlfn.XLOOKUP(C81,'CP-CODEVASF'!A:A,'CP-CODEVASF'!C:C)))","v":"UN"},{"$f":"ROUND('MEMÓRIA DE CÁLCULO'!M404,2)","v":4},{"$f":"TRUNC(_xlfn.XLOOKUP(C81,CCD!B:B,CCD!O:O,_xlfn.XLOOKUP(C81,'COMP-SEINFRA'!A:A,'COMP-SEINFRA'!G:G,_xlfn.XLOOKUP(C81,'CP-CODEVASF'!A:A,'CP-CODEVASF'!D:D))),2)","v":164.89},207.62,830.48]
["8.12","SEINFRA","C1160",{"$f":"_xlfn.XLOOKUP(C82,CCD!B:B,CCD!C:C,_xlfn.XLOOKUP(C82,'COMP-SEINFRA'!A:A,'COMP-SEINFRA'!C:C,_xlfn.XLOOKUP(C82,'CP-CODEVASF'!A:A,'CP-CODEVASF'!B:B)))","v":"DUTO PERFURADO - ELETROCALHA DE CHAPA DE AÇO (50X100)mm"},{"$f":"_xlfn.XLOOKUP(C82,CCD!B:B,CCD!D:D,_xlfn.XLOOKUP(C82,'COMP-SEINFRA'!A:A,'COMP-SEINFRA'!D:D,_xlfn.XLOOKUP(C82,'CP-CODEVASF'!A:A,'CP-CODEVASF'!C:C)))","v":"M"},{"$f":"ROUND('MEMÓRIA DE CÁLCULO'!M410,2)","v":22.63},{"$f":"TRUNC(_xlfn.XLOOKUP(C82,CCD!B:B,CCD!O:O,_xlfn.XLOOKUP(C82,'COMP-SEINFRA'!A:A,'COMP-SEINFRA'!G:G,_xlfn.XLOOKUP(C82,'CP-CODEVASF'!A:A,'CP-CODEVASF'!D:D))),2)","v":81.17},102.2,2312.7800000000002]
["8.13","SINAPI",96563,{"$f":"_xlfn.XLOOKUP(C83,CCD!B:B,CCD!C:C,_xlfn.XLOOKUP(C83,'COMP-SEINFRA'!A:A,'COMP-SEINFRA'!C:C,_xlfn.XLOOKUP(C83,'CP-CODEVASF'!A:A,'CP-CODEVASF'!B:B)))","v":"SUPORTE PARA ELETROCALHA LISA OU PERFURADA EM AÇO GALVANIZADO, LARGURA 800 MM, EM PERFILADO COM COMPRIMENTO DE 85 CM FIXADO EM LAJE, POR METRO DE ELETROCALHA FIXADA. AF_09/2023"},{"$f":"_xlfn.XLOOKUP(C83,CCD!B:B,CCD!D:D,_xlfn.XLOOKUP(C83,'COMP-SEINFRA'!A:A,'COMP-SEINFRA'!D:D,_xlfn.XLOOKUP(C83,'CP-CODEVASF'!A:A,'CP-CODEVASF'!C:C)))","v":"M"},{"$f":"ROUND('MEMÓRIA DE CÁLCULO'!M416,2)","v":16},{"$f":"TRUNC(_xlfn.XLOOKUP(C83,CCD!B:B,CCD!O:O,_xlfn.XLOOKUP(C83,'COMP-SEINFRA'!A:A,'COMP-SEINFRA'!G:G,_xlfn.XLOOKUP(C83,'CP-CODEVASF'!A:A,'CP-CODEVASF'!D:D))),2)","v":65.89},82.96,1327.36]
["8.14","SINAPI",91953,{"$f":"_xlfn.XLOOKUP(C84,CCD!B:B,CCD!C:C,_xlfn.XLOOKUP(C84,'COMP-SEINFRA'!A:A,'COMP-SEINFRA'!C:C,_xlfn.XLOOKUP(C84,'CP-CODEVASF'!A:A,'CP-CODEVASF'!B:B)))","v":"INTERRUPTOR SIMPLES (1 MÓDULO), 10A/250V, INCLUINDO SUPORTE E PLACA - FORNECIMENTO E INSTALAÇÃO. AF_03/2023"},{"$f":"_xlfn.XLOOKUP(C84,CCD!B:B,CCD!D:D,_xlfn.XLOOKUP(C84,'COMP-SEINFRA'!A:A,'COMP-SEINFRA'!D:D,_xlfn.XLOOKUP(C84,'CP-CODEVASF'!A:A,'CP-CODEVASF'!C:C)))","v":"UN"},{"$f":"ROUND('MEMÓRIA DE CÁLCULO'!M422,2)","v":8},{"$f":"TRUNC(_xlfn.XLOOKUP(C84,CCD!B:B,CCD!O:O,_xlfn.XLOOKUP(C84,'COMP-SEINFRA'!A:A,'COMP-SEINFRA'!G:G,_xlfn.XLOOKUP(C84,'CP-CODEVASF'!A:A,'CP-CODEVASF'!D:D))),2)","v":29.74},37.44,299.52]
["8.15","SINAPI",91959,{"$f":"_xlfn.XLOOKUP(C85,CCD!B:B,CCD!C:C,_xlfn.XLOOKUP(C85,'COMP-SEINFRA'!A:A,'COMP-SEINFRA'!C:C,_xlfn.XLOOKUP(C85,'CP-CODEVASF'!A:A,'CP-CODEVASF'!B:B)))","v":"INTERRUPTOR SIMPLES (2 MÓDULOS), 10A/250V, INCLUINDO SUPORTE E PLACA - FORNECIMENTO E INSTALAÇÃO. AF_03/2023"},{"$f":"_xlfn.XLOOKUP(C85,CCD!B:B,CCD!D:D,_xlfn.XLOOKUP(C85,'COMP-SEINFRA'!A:A,'COMP-SEINFRA'!D:D,_xlfn.XLOOKUP(C85,'CP-CODEVASF'!A:A,'CP-CODEVASF'!C:C)))","v":"UN"},{"$f":"ROUND('MEMÓRIA DE CÁLCULO'!M428,2)","v":1},{"$f":"TRUNC(_xlfn.XLOOKUP(C85,CCD!B:B,CCD!O:O,_xlfn.XLOOKUP(C85,'COMP-SEINFRA'!A:A,'COMP-SEINFRA'!G:G,_xlfn.XLOOKUP(C85,'CP-CODEVASF'!A:A,'CP-CODEVASF'!D:D))),2)","v":45.29},57.02,57.02]
["8.16","SINAPI",91996,{"$f":"_xlfn.XLOOKUP(C86,CCD!B:B,CCD!C:C,_xlfn.XLOOKUP(C86,'COMP-SEINFRA'!A:A,'COMP-SEINFRA'!C:C,_xlfn.XLOOKUP(C86,'CP-CODEVASF'!A:A,'CP-CODEVASF'!B:B)))","v":"TOMADA MÉDIA DE EMBUTIR (1 MÓDULO), 2P+T 10 A, INCLUINDO SUPORTE E PLACA - FORNECIMENTO E INSTALAÇÃO. AF_03/2023"},{"$f":"_xlfn.XLOOKUP(C86,CCD!B:B,CCD!D:D,_xlfn.XLOOKUP(C86,'COMP-SEINFRA'!A:A,'COMP-SEINFRA'!D:D,_xlfn.XLOOKUP(C86,'CP-CODEVASF'!A:A,'CP-CODEVASF'!C:C)))","v":"UN"},{"$f":"ROUND('MEMÓRIA DE CÁLCULO'!M434,2)","v":10},{"$f":"TRUNC(_xlfn.XLOOKUP(C86,CCD!B:B,CCD!O:O,_xlfn.XLOOKUP(C86,'COMP-SEINFRA'!A:A,'COMP-SEINFRA'!G:G,_xlfn.XLOOKUP(C86,'CP-CODEVASF'!A:A,'CP-CODEVASF'!D:D))),2)","v":35.08},44.17,441.7]
["8.17","SINAPI",93653,{"$f":"_xlfn.XLOOKUP(C87,CCD!B:B,CCD!C:C,_xlfn.XLOOKUP(C87,'COMP-SEINFRA'!A:A,'COMP-SEINFRA'!C:C,_xlfn.XLOOKUP(C87,'CP-CODEVASF'!A:A,'CP-CODEVASF'!B:B)))","v":"DISJUNTOR MONOPOLAR TIPO DIN, CORRENTE NOMINAL DE 10A - FORNECIMENTO E INSTALAÇÃO. AF_07/2025"},{"$f":"_xlfn.XLOOKUP(C87,CCD!B:B,CCD!D:D,_xlfn.XLOOKUP(C87,'COMP-SEINFRA'!A:A,'COMP-SEINFRA'!D:D,_xlfn.XLOOKUP(C87,'CP-CODEVASF'!A:A,'CP-CODEVASF'!C:C)))","v":"UN"},{"$f":"ROUND('MEMÓRIA DE CÁLCULO'!M440,2)","v":17},{"$f":"TRUNC(_xlfn.XLOOKUP(C87,CCD!B:B,CCD!O:O,_xlfn.XLOOKUP(C87,'COMP-SEINFRA'!A:A,'COMP-SEINFRA'!G:G,_xlfn.XLOOKUP(C87,'CP-CODEVASF'!A:A,'CP-CODEVASF'!D:D))),2)","v":11.94},15.03,255.51]
["8.18","SINAPI",93654,{"$f":"_xlfn.XLOOKUP(C88,CCD!B:B,CCD!C:C,_xlfn.XLOOKUP(C88,'COMP-SEINFRA'!A:A,'COMP-SEINFRA'!C:C,_xlfn.XLOOKUP(C88,'CP-CODEVASF'!A:A,'CP-CODEVASF'!B:B)))","v":"DISJUNTOR MONOPOLAR TIPO DIN, CORRENTE NOMINAL DE 16A - FORNECIMENTO E INSTALAÇÃO. AF_07/2025"},{"$f":"_xlfn.XLOOKUP(C88,CCD!B:B,CCD!D:D,_xlfn.XLOOKUP(C88,'COMP-SEINFRA'!A:A,'COMP-SEINFRA'!D:D,_xlfn.XLOOKUP(C88,'CP-CODEVASF'!A:A,'CP-CODEVASF'!C:C)))","v":"UN"},{"$f":"ROUND('MEMÓRIA DE CÁLCULO'!M446,2)","v":6},{"$f":"TRUNC(_xlfn.XLOOKUP(C88,CCD!B:B,CCD!O:O,_xlfn.XLOOKUP(C88,'COMP-SEINFRA'!A:A,'COMP-SEINFRA'!G:G,_xlfn.XLOOKUP(C88,'CP-CODEVASF'!A:A,'CP-CODEVASF'!D:D))),2)","v":11.94},15.03,90.18]
["8.19","SINAPI",93667,{"$f":"_xlfn.XLOOKUP(C89,CCD!B:B,CCD!C:C,_xlfn.XLOOKUP(C89,'COMP-SEINFRA'!A:A,'COMP-SEINFRA'!C:C,_xlfn.XLOOKUP(C89,'CP-CODEVASF'!A:A,'CP-CODEVASF'!B:B)))","v":"DISJUNTOR TRIPOLAR TIPO DIN, CORRENTE NOMINAL DE 10A - FORNECIMENTO E INSTALAÇÃO. AF_07/2025"},{"$f":"_xlfn.XLOOKUP(C89,CCD!B:B,CCD!D:D,_xlfn.XLOOKUP(C89,'COMP-SEINFRA'!A:A,'COMP-SEINFRA'!D:D,_xlfn.XLOOKUP(C89,'CP-CODEVASF'!A:A,'CP-CODEVASF'!C:C)))","v":"UN"},{"$f":"ROUND('MEMÓRIA DE CÁLCULO'!M452,2)","v":1},{"$f":"TRUNC(_xlfn.XLOOKUP(C89,CCD!B:B,CCD!O:O,_xlfn.XLOOKUP(C89,'COMP-SEINFRA'!A:A,'COMP-SEINFRA'!G:G,_xlfn.XLOOKUP(C89,'CP-CODEVASF'!A:A,'CP-CODEVASF'!D:D))),2)","v":72.34},91.09,91.09]
["8.20","CODEVASF",{"$f":"'CP-CODEVASF'!A24","v":"COMP-24"},{"$f":"_xlfn.XLOOKUP(C90,CCD!B:B,CCD!C:C,_xlfn.XLOOKUP(C90,'COMP-SEINFRA'!A:A,'COMP-SEINFRA'!C:C,_xlfn.XLOOKUP(C90,'CP-CODEVASF'!A:A,'CP-CODEVASF'!B:B)))","v":"DISJUNTOR TRIPOLAR TIPO DIN, CORRENTE NOMINAL DE 63A - FORNECIMENTO E INSTALAÇÃO"},{"$f":"_xlfn.XLOOKUP(C90,CCD!B:B,CCD!D:D,_xlfn.XLOOKUP(C90,'COMP-SEINFRA'!A:A,'COMP-SEINFRA'!D:D,_xlfn.XLOOKUP(C90,'CP-CODEVASF'!A:A,'CP-CODEVASF'!C:C)))","v":"UN"},{"$f":"ROUND('MEMÓRIA DE CÁLCULO'!M458,2)","v":1},{"$f":"TRUNC(_xlfn.XLOOKUP(C90,CCD!B:B,CCD!O:O,_xlfn.XLOOKUP(C90,'COMP-SEINFRA'!A:A,'COMP-SEINFRA'!G:G,_xlfn.XLOOKUP(C90,'CP-CODEVASF'!A:A,'CP-CODEVASF'!D:D))),2)","v":106.36},133.91999999999999,133.91999999999999]
["8.21","CODEVASF",{"$f":"'CP-CODEVASF'!A31","v":"COMP-30"},{"$f":"_xlfn.XLOOKUP(C91,CCD!B:B,CCD!C:C,_xlfn.XLOOKUP(C91,'COMP-SEINFRA'!A:A,'COMP-SEINFRA'!C:C,_xlfn.XLOOKUP(C91,'CP-CODEVASF'!A:A,'CP-CODEVASF'!B:B)))","v":"DISPOSITIVO DR BIPOLAR DE 25 A/30 MA  - FORNECIMENTO E INSTALAÇÃO"},{"$f":"_xlfn.XLOOKUP(C91,CCD!B:B,CCD!D:D,_xlfn.XLOOKUP(C91,'COMP-SEINFRA'!A:A,'COMP-SEINFRA'!D:D,_xlfn.XLOOKUP(C91,'CP-CODEVASF'!A:A,'CP-CODEVASF'!C:C)))","v":"UN"},{"$f":"ROUND('MEMÓRIA DE CÁLCULO'!M464,2)","v":2},{"$f":"TRUNC(_xlfn.XLOOKUP(C91,CCD!B:B,CCD!O:O,_xlfn.XLOOKUP(C91,'COMP-SEINFRA'!A:A,'COMP-SEINFRA'!G:G,_xlfn.XLOOKUP(C91,'CP-CODEVASF'!A:A,'CP-CODEVASF'!D:D))),2)","v":178.14},224.31,448.62]
["8.22","CODEVASF",{"$f":"'CP-CODEVASF'!A32","v":"COMP-31"},{"$f":"_xlfn.XLOOKUP(C92,CCD!B:B,CCD!C:C,_xlfn.XLOOKUP(C92,'COMP-SEINFRA'!A:A,'COMP-SEINFRA'!C:C,_xlfn.XLOOKUP(C92,'CP-CODEVASF'!A:A,'CP-CODEVASF'!B:B)))","v":"DISPOSITIVO DPS CLASSE II, 1 POLO, 275 V, 20 KA - FORNECIMENTO E INSTALAÇÃO                                                                                                                               "},{"$f":"_xlfn.XLOOKUP(C92,CCD!B:B,CCD!D:D,_xlfn.XLOOKUP(C92,'COMP-SEINFRA'!A:A,'COMP-SEINFRA'!D:D,_xlfn.XLOOKUP(C92,'CP-CODEVASF'!A:A,'CP-CODEVASF'!C:C)))","v":"UN"},{"$f":"ROUND('MEMÓRIA DE CÁLCULO'!M470,2)","v":8},{"$f":"TRUNC(_xlfn.XLOOKUP(C92,CCD!B:B,CCD!O:O,_xlfn.XLOOKUP(C92,'COMP-SEINFRA'!A:A,'COMP-SEINFRA'!G:G,_xlfn.XLOOKUP(C92,'CP-CODEVASF'!A:A,'CP-CODEVASF'!D:D))),2)","v":105.54},132.88999999999999,1063.1199999999999]
["8.23","CODEVASF",{"$f":"'CP-CODEVASF'!A3","v":"COMP-01"},{"$f":"_xlfn.XLOOKUP(C93,CCD!B:B,CCD!C:C,_xlfn.XLOOKUP(C93,'COMP-SEINFRA'!A:A,'COMP-SEINFRA'!C:C,_xlfn.XLOOKUP(C93,'CP-CODEVASF'!A:A,'CP-CODEVASF'!B:B)))","v":"LUMINÁRIA PRISMÁTICA PENDENTE, COM 1 LÂMPADA LED DE 20W "},{"$f":"_xlfn.XLOOKUP(C93,CCD!B:B,CCD!D:D,_xlfn.XLOOKUP(C93,'COMP-SEINFRA'!A:A,'COMP-SEINFRA'!D:D,_xlfn.XLOOKUP(C93,'CP-CODEVASF'!A:A,'CP-CODEVASF'!C:C)))","v":"UN"},{"$f":"ROUND('MEMÓRIA DE CÁLCULO'!M476,2)","v":26},{"$f":"TRUNC(_xlfn.XLOOKUP(C93,CCD!B:B,CCD!O:O,_xlfn.XLOOKUP(C93,'COMP-SEINFRA'!A:A,'COMP-SEINFRA'!G:G,_xlfn.XLOOKUP(C93,'CP-CODEVASF'!A:A,'CP-CODEVASF'!D:D))),2)","v":120.49},151.72,3944.72]
["8.24","SINAPI",97607,{"$f":"_xlfn.XLOOKUP(C94,CCD!B:B,CCD!C:C,_xlfn.XLOOKUP(C94,'COMP-SEINFRA'!A:A,'COMP-SEINFRA'!C:C,_xlfn.XLOOKUP(C94,'CP-CODEVASF'!A:A,'CP-CODEVASF'!B:B)))","v":"LUMINÁRIA ARANDELA TIPO TARTARUGA, DE SOBREPOR, COM 1 LÂMPADA LED DE 6 W, SEM REATOR - FORNECIMENTO E INSTALAÇÃO. AF_09/2024"},{"$f":"_xlfn.XLOOKUP(C94,CCD!B:B,CCD!D:D,_xlfn.XLOOKUP(C94,'COMP-SEINFRA'!A:A,'COMP-SEINFRA'!D:D,_xlfn.XLOOKUP(C94,'CP-CODEVASF'!A:A,'CP-CODEVASF'!C:C)))","v":"UN"},{"$f":"ROUND('MEMÓRIA DE CÁLCULO'!M482,2)","v":6},{"$f":"TRUNC(_xlfn.XLOOKUP(C94,CCD!B:B,CCD!O:O,_xlfn.XLOOKUP(C94,'COMP-SEINFRA'!A:A,'COMP-SEINFRA'!G:G,_xlfn.XLOOKUP(C94,'CP-CODEVASF'!A:A,'CP-CODEVASF'!D:D))),2)","v":105.36},132.66,795.96]
["8.25","SINAPI",95801,{"$f":"_xlfn.XLOOKUP(C95,CCD!B:B,CCD!C:C,_xlfn.XLOOKUP(C95,'COMP-SEINFRA'!A:A,'COMP-SEINFRA'!C:C,_xlfn.XLOOKUP(C95,'CP-CODEVASF'!A:A,'CP-CODEVASF'!B:B)))","v":"CONDULETE DE ALUMÍNIO, TIPO X, PARA ELETRODUTO DE AÇO GALVANIZADO DN 20 MM (3/4''), APARENTE - FORNECIMENTO E INSTALAÇÃO. AF_10/2022"},{"$f":"_xlfn.XLOOKUP(C95,CCD!B:B,CCD!D:D,_xlfn.XLOOKUP(C95,'COMP-SEINFRA'!A:A,'COMP-SEINFRA'!D:D,_xlfn.XLOOKUP(C95,'CP-CODEVASF'!A:A,'CP-CODEVASF'!C:C)))","v":"UN"},{"$f":"ROUND('MEMÓRIA DE CÁLCULO'!M488,2)","v":20},{"$f":"TRUNC(_xlfn.XLOOKUP(C95,CCD!B:B,CCD!O:O,_xlfn.XLOOKUP(C95,'COMP-SEINFRA'!A:A,'COMP-SEINFRA'!G:G,_xlfn.XLOOKUP(C95,'CP-CODEVASF'!A:A,'CP-CODEVASF'!D:D))),2)","v":41.5},52.25,1045]
["8.26","SINAPI",95802,{"$f":"_xlfn.XLOOKUP(C96,CCD!B:B,CCD!C:C,_xlfn.XLOOKUP(C96,'COMP-SEINFRA'!A:A,'COMP-SEINFRA'!C:C,_xlfn.XLOOKUP(C96,'CP-CODEVASF'!A:A,'CP-CODEVASF'!B:B)))","v":"CONDULETE DE ALUMÍNIO, TIPO X, PARA ELETRODUTO DE AÇO GALVANIZADO DN 25 MM (1''), APARENTE - FORNECIMENTO E INSTALAÇÃO. AF_10/2022"},{"$f":"_xlfn.XLOOKUP(C96,CCD!B:B,CCD!D:D,_xlfn.XLOOKUP(C96,'COMP-SEINFRA'!A:A,'COMP-SEINFRA'!D:D,_xlfn.XLOOKUP(C96,'CP-CODEVASF'!A:A,'CP-CODEVASF'!C:C)))","v":"UN"},{"$f":"ROUND('MEMÓRIA DE CÁLCULO'!M494,2)","v":8},{"$f":"TRUNC(_xlfn.XLOOKUP(C96,CCD!B:B,CCD!O:O,_xlfn.XLOOKUP(C96,'COMP-SEINFRA'!A:A,'COMP-SEINFRA'!G:G,_xlfn.XLOOKUP(C96,'CP-CODEVASF'!A:A,'CP-CODEVASF'!D:D))),2)","v":51.36},64.67,517.36]
[9,null,null,"INSTALAÇÕES SANITÁRIAS",{"$nulls":4},{"$f":"TRUNC(SUM(I98:I114),2)","v":16085.39}]
["9.1","SINAPI",89711,{"$f":"_xlfn.XLOOKUP(C98,CCD!B:B,CCD!C:C,_xlfn.XLOOKUP(C98,'COMP-SEINFRA'!A:A,'COMP-SEINFRA'!C:C,_xlfn.XLOOKUP(C98,'CP-CODEVASF'!A:A,'CP-CODEVASF'!B:B)))","v":"TUBO PVC, SERIE NORMAL, ESGOTO PREDIAL, DN 40 MM, FORNECIDO E INSTALADO EM RAMAL DE DESCARGA OU RAMAL DE ESGOTO SANITÁRIO. AF_08/2022"},{"$f":"_xlfn.XLOOKUP(C98,CCD!B:B,CCD!D:D,_xlfn.XLOOKUP(C98,'COMP-SEINFRA'!A:A,'COMP-SEINFRA'!D:D,_xlfn.XLOOKUP(C98,'CP-CODEVASF'!A:A,'CP-CODEVASF'!C:C)))","v":"M"},{"$f":"ROUND('MEMÓRIA DE CÁLCULO'!M501,2)","v":10.220000000000001},{"$f":"TRUNC(_xlfn.XLOOKUP(C98,CCD!B:B,CCD!O:O,_xlfn.XLOOKUP(C98,'COMP-SEINFRA'!A:A,'COMP-SEINFRA'!G:G,_xlfn.XLOOKUP(C98,'CP-CODEVASF'!A:A,'CP-CODEVASF'!D:D))),2)","v":21.55},{"$f":"TRUNC(G98*(1+$E$14),2)","v":27.13},{"$f":"TRUNC(H98*F98,2)","v":277.26}]
["9.2","SINAPI",89712,{"$f":"_xlfn.XLOOKUP(C99,CCD!B:B,CCD!C:C,_xlfn.XLOOKUP(C99,'COMP-SEINFRA'!A:A,'COMP-SEINFRA'!C:C,_xlfn.XLOOKUP(C99,'CP-CODEVASF'!A:A,'CP-CODEVASF'!B:B)))","v":"TUBO PVC, SERIE NORMAL, ESGOTO PREDIAL, DN 50 MM, FORNECIDO E INSTALADO EM RAMAL DE DESCARGA OU RAMAL DE ESGOTO SANITÁRIO. AF_08/2022"},{"$f":"_xlfn.XLOOKUP(C99,CCD!B:B,CCD!D:D,_xlfn.XLOOKUP(C99,'COMP-SEINFRA'!A:A,'COMP-SEINFRA'!D:D,_xlfn.XLOOKUP(C99,'CP-CODEVASF'!A:A,'CP-CODEVASF'!C:C)))","v":"M"},{"$f":"ROUND('MEMÓRIA DE CÁLCULO'!M507,2)","v":26.12},{"$f":"TRUNC(_xlfn.XLOOKUP(C99,CCD!B:B,CCD!O:O,_xlfn.XLOOKUP(C99,'COMP-SEINFRA'!A:A,'COMP-SEINFRA'!G:G,_xlfn.XLOOKUP(C99,'CP-CODEVASF'!A:A,'CP-CODEVASF'!D:D))),2)","v":27.3},34.369999999999997,897.74]
["9.3","SINAPI",89713,{"$f":"_xlfn.XLOOKUP(C100,CCD!B:B,CCD!C:C,_xlfn.XLOOKUP(C100,'COMP-SEINFRA'!A:A,'COMP-SEINFRA'!C:C,_xlfn.XLOOKUP(C100,'CP-CODEVASF'!A:A,'CP-CODEVASF'!B:B)))","v":"TUBO PVC, SERIE NORMAL, ESGOTO PREDIAL, DN 75 MM, FORNECIDO E INSTALADO EM RAMAL DE DESCARGA OU RAMAL DE ESGOTO SANITÁRIO. AF_08/2022"},{"$f":"_xlfn.XLOOKUP(C100,CCD!B:B,CCD!D:D,_xlfn.XLOOKUP(C100,'COMP-SEINFRA'!A:A,'COMP-SEINFRA'!D:D,_xlfn.XLOOKUP(C100,'CP-CODEVASF'!A:A,'CP-CODEVASF'!C:C)))","v":"M"},{"$f":"ROUND('MEMÓRIA DE CÁLCULO'!M513,2)","v":3.57},{"$f":"TRUNC(_xlfn.XLOOKUP(C100,CCD!B:B,CCD!O:O,_xlfn.XLOOKUP(C100,'COMP-SEINFRA'!A:A,'COMP-SEINFRA'!G:G,_xlfn.XLOOKUP(C100,'CP-CODEVASF'!A:A,'CP-CODEVASF'!D:D))),2)","v":34.03},42.85,152.97]
["9.4","SINAPI",89714,{"$f":"_xlfn.XLOOKUP(C101,CCD!B:B,CCD!C:C,_xlfn.XLOOKUP(C101,'COMP-SEINFRA'!A:A,'COMP-SEINFRA'!C:C,_xlfn.XLOOKUP(C101,'CP-CODEVASF'!A:A,'CP-CODEVASF'!B:B)))","v":"TUBO PVC, SERIE NORMAL, ESGOTO PREDIAL, DN 100 MM, FORNECIDO E INSTALADO EM RAMAL DE DESCARGA OU RAMAL DE ESGOTO SANITÁRIO. AF_08/2022"},{"$f":"_xlfn.XLOOKUP(C101,CCD!B:B,CCD!D:D,_xlfn.XLOOKUP(C101,'COMP-SEINFRA'!A:A,'COMP-SEINFRA'!D:D,_xlfn.XLOOKUP(C101,'CP-CODEVASF'!A:A,'CP-CODEVASF'!C:C)))","v":"M"},{"$f":"ROUND('MEMÓRIA DE CÁLCULO'!M519,2)","v":39.43},{"$f":"TRUNC(_xlfn.XLOOKUP(C101,CCD!B:B,CCD!O:O,_xlfn.XLOOKUP(C101,'COMP-SEINFRA'!A:A,'COMP-SEINFRA'!G:G,_xlfn.XLOOKUP(C101,'CP-CODEVASF'!A:A,'CP-CODEVASF'!D:D))),2)","v":38.04},47.89,1888.3]
["9.5","SINAPI",97902,{"$f":"_xlfn.XLOOKUP(C102,CCD!B:B,CCD!C:C,_xlfn.XLOOKUP(C102,'COMP-SEINFRA'!A:A,'COMP-SEINFRA'!C:C,_xlfn.XLOOKUP(C102,'CP-CODEVASF'!A:A,'CP-CODEVASF'!B:B)))","v":"CAIXA ENTERRADA HIDRÁULICA RETANGULAR EM ALVENARIA COM TIJOLOS CERÂMICOS MACIÇOS, DIMENSÕES INTERNAS: 0,6X0,6X0,6 M PARA REDE DE ESGOTO. AF_12/2020"},{"$f":"_xlfn.XLOOKUP(C102,CCD!B:B,CCD!D:D,_xlfn.XLOOKUP(C102,'COMP-SEINFRA'!A:A,'COMP-SEINFRA'!D:D,_xlfn.XLOOKUP(C102,'CP-CODEVASF'!A:A,'CP-CODEVASF'!C:C)))","v":"UN"},{"$f":"ROUND('MEMÓRIA DE CÁLCULO'!M525,2)","v":6},{"$f":"TRUNC(_xlfn.XLOOKUP(C102,CCD!B:B,CCD!O:O,_xlfn.XLOOKUP(C102,'COMP-SEINFRA'!A:A,'COMP-SEINFRA'!G:G,_xlfn.XLOOKUP(C102,'CP-CODEVASF'!A:A,'CP-CODEVASF'!D:D))),2)","v":566.41999999999996},713.23,4279.38]
["9.6","SINAPI",89495,{"$f":"_xlfn.XLOOKUP(C103,CCD!B:B,CCD!C:C,_xlfn.XLOOKUP(C103,'COMP-SEINFRA'!A:A,'COMP-SEINFRA'!C:C,_xlfn.XLOOKUP(C103,'CP-CODEVASF'!A:A,'CP-CODEVASF'!B:B)))","v":"RALO SIFONADO, PVC, DN 100 X 40 MM, JUNTA SOLDÁVEL, FORNECIDO E INSTALADO EM RAMAIS DE ENCAMINHAMENTO DE ÁGUA PLUVIAL. AF_06/2022"},{"$f":"_xlfn.XLOOKUP(C103,CCD!B:B,CCD!D:D,_xlfn.XLOOKUP(C103,'COMP-SEINFRA'!A:A,'COMP-SEINFRA'!D:D,_xlfn.XLOOKUP(C103,'CP-CODEVASF'!A:A,'CP-CODEVASF'!C:C)))","v":"UN"},{"$f":"ROUND('MEMÓRIA DE CÁLCULO'!M531,2)","v":6},{"$f":"TRUNC(_xlfn.XLOOKUP(C103,CCD!B:B,CCD!O:O,_xlfn.XLOOKUP(C103,'COMP-SEINFRA'!A:A,'COMP-SEINFRA'!G:G,_xlfn.XLOOKUP(C103,'CP-CODEVASF'!A:A,'CP-CODEVASF'!D:D))),2)","v":21.3},26.82,160.91999999999999]
["9.7","SINAPI",89707,{"$f":"_xlfn.XLOOKUP(C104,CCD!B:B,CCD!C:C,_xlfn.XLOOKUP(C104,'COMP-SEINFRA'!A:A,'COMP-SEINFRA'!C:C,_xlfn.XLOOKUP(C104,'CP-CODEVASF'!A:A,'CP-CODEVASF'!B:B)))","v":"CAIXA SIFONADA, PVC, DN 100 X 100 X 50 MM, JUNTA ELÁSTICA, FORNECIDA E INSTALADA EM RAMAL DE DESCARGA OU EM RAMAL DE ESGOTO SANITÁRIO. AF_08/2022"},{"$f":"_xlfn.XLOOKUP(C104,CCD!B:B,CCD!D:D,_xlfn.XLOOKUP(C104,'COMP-SEINFRA'!A:A,'COMP-SEINFRA'!D:D,_xlfn.XLOOKUP(C104,'CP-CODEVASF'!A:A,'CP-CODEVASF'!C:C)))","v":"UN"},{"$f":"ROUND('MEMÓRIA DE CÁLCULO'!M537,2)","v":8},{"$f":"TRUNC(_xlfn.XLOOKUP(C104,CCD!B:B,CCD!O:O,_xlfn.XLOOKUP(C104,'COMP-SEINFRA'!A:A,'COMP-SEINFRA'!G:G,_xlfn.XLOOKUP(C104,'CP-CODEVASF'!A:A,'CP-CODEVASF'!D:D))),2)","v":54.63},68.790000000000006,550.32000000000005]
["9.8","SINAPI",86883,{"$f":"_xlfn.XLOOKUP(C105,CCD!B:B,CCD!C:C,_xlfn.XLOOKUP(C105,'COMP-SEINFRA'!A:A,'COMP-SEINFRA'!C:C,_xlfn.XLOOKUP(C105,'CP-CODEVASF'!A:A,'CP-CODEVASF'!B:B)))","v":"SIFÃO DO TIPO FLEXÍVEL EM PVC 1 X 1.1/2 - FORNECIMENTO E INSTALAÇÃO. AF_01/2020"},{"$f":"_xlfn.XLOOKUP(C105,CCD!B:B,CCD!D:D,_xlfn.XLOOKUP(C105,'COMP-SEINFRA'!A:A,'COMP-SEINFRA'!D:D,_xlfn.XLOOKUP(C105,'CP-CODEVASF'!A:A,'CP-CODEVASF'!C:C)))","v":"UN"},{"$f":"ROUND('MEMÓRIA DE CÁLCULO'!M543,2)","v":8},{"$f":"TRUNC(_xlfn.XLOOKUP(C105,CCD!B:B,CCD!O:O,_xlfn.XLOOKUP(C105,'COMP-SEINFRA'!A:A,'COMP-SEINFRA'!G:G,_xlfn.XLOOKUP(C105,'CP-CODEVASF'!A:A,'CP-CODEVASF'!D:D))),2)","v":11.82},14.88,119.04]
["9.9","SINAPI",86877,{"$f":"_xlfn.XLOOKUP(C106,CCD!B:B,CCD!C:C,_xlfn.XLOOKUP(C106,'COMP-SEINFRA'!A:A,'COMP-SEINFRA'!C:C,_xlfn.XLOOKUP(C106,'CP-CODEVASF'!A:A,'CP-CODEVASF'!B:B)))","v":"VÁLVULA EM METAL CROMADO 1.1/2\" X 1.1/2\" PARA TANQUE OU LAVATÓRIO, COM OU SEM LADRÃO - FORNECIMENTO E INSTALAÇÃO. AF_01/2020"},{"$f":"_xlfn.XLOOKUP(C106,CCD!B:B,CCD!D:D,_xlfn.XLOOKUP(C106,'COMP-SEINFRA'!A:A,'COMP-SEINFRA'!D:D,_xlfn.XLOOKUP(C106,'CP-CODEVASF'!A:A,'CP-CODEVASF'!C:C)))","v":"UN"},{"$f":"ROUND('MEMÓRIA DE CÁLCULO'!M549,2)","v":4},{"$f":"TRUNC(_xlfn.XLOOKUP(C106,CCD!B:B,CCD!O:O,_xlfn.XLOOKUP(C106,'COMP-SEINFRA'!A:A,'COMP-SEINFRA'!G:G,_xlfn.XLOOKUP(C106,'CP-CODEVASF'!A:A,'CP-CODEVASF'!D:D))),2)","v":80.540000000000006},101.41,405.64]
["9.10","SINAPI",86878,{"$f":"_xlfn.XLOOKUP(C107,CCD!B:B,CCD!C:C,_xlfn.XLOOKUP(C107,'COMP-SEINFRA'!A:A,'COMP-SEINFRA'!C:C,_xlfn.XLOOKUP(C107,'CP-CODEVASF'!A:A,'CP-CODEVASF'!B:B)))","v":"VÁLVULA EM METAL CROMADO TIPO AMERICANA 3.1/2\" X 1.1/2\" PARA PIA - FORNECIMENTO E INSTALAÇÃO. AF_01/2020"},{"$f":"_xlfn.XLOOKUP(C107,CCD!B:B,CCD!D:D,_xlfn.XLOOKUP(C107,'COMP-SEINFRA'!A:A,'COMP-SEINFRA'!D:D,_xlfn.XLOOKUP(C107,'CP-CODEVASF'!A:A,'CP-CODEVASF'!C:C)))","v":"UN"},{"$f":"ROUND('MEMÓRIA DE CÁLCULO'!M555,2)","v":3},{"$f":"TRUNC(_xlfn.XLOOKUP(C107,CCD!B:B,CCD!O:O,_xlfn.XLOOKUP(C107,'COMP-SEINFRA'!A:A,'COMP-SEINFRA'!G:G,_xlfn.XLOOKUP(C107,'CP-CODEVASF'!A:A,'CP-CODEVASF'!D:D))),2)","v":86.9},109.42,328.26]
["9.11","SEINFRA","C2832",{"$f":"_xlfn.XLOOKUP(C108,CCD!B:B,CCD!C:C,_xlfn.XLOOKUP(C108,'COMP-SEINFRA'!A:A,'COMP-SEINFRA'!C:C,_xlfn.XLOOKUP(C108,'CP-CODEVASF'!A:A,'CP-CODEVASF'!B:B)))","v":"FOSSA SÉPTICA E SUMIDOURO EM ALVENARIA"},{"$f":"_xlfn.XLOOKUP(C108,CCD!B:B,CCD!D:D,_xlfn.XLOOKUP(C108,'COMP-SEINFRA'!A:A,'COMP-SEINFRA'!D:D,_xlfn.XLOOKUP(C108,'CP-CODEVASF'!A:A,'CP-CODEVASF'!C:C)))","v":"UN"},{"$f":"ROUND('MEMÓRIA DE CÁLCULO'!M561,2)","v":1},{"$f":"TRUNC(_xlfn.XLOOKUP(C108,CCD!B:B,CCD!O:O,_xlfn.XLOOKUP(C108,'COMP-SEINFRA'!A:A,'COMP-SEINFRA'!G:G,_xlfn.XLOOKUP(C108,'CP-CODEVASF'!A:A,'CP-CODEVASF'!D:D))),2)","v":4989.4799999999996},6282.75,6282.75]
["9.12","SINAPI",89728,{"$f":"_xlfn.XLOOKUP(C109,CCD!B:B,CCD!C:C,_xlfn.XLOOKUP(C109,'COMP-SEINFRA'!A:A,'COMP-SEINFRA'!C:C,_xlfn.XLOOKUP(C109,'CP-CODEVASF'!A:A,'CP-CODEVASF'!B:B)))","v":"CURVA CURTA 90 GRAUS, PVC, SERIE NORMAL, ESGOTO PREDIAL, DN 40 MM, JUNTA SOLDÁVEL, FORNECIDO E INSTALADO EM RAMAL DE DESCARGA OU RAMAL DE ESGOTO SANITÁRIO. AF_08/2022"},{"$f":"_xlfn.XLOOKUP(C109,CCD!B:B,CCD!D:D,_xlfn.XLOOKUP(C109,'COMP-SEINFRA'!A:A,'COMP-SEINFRA'!D:D,_xlfn.XLOOKUP(C109,'CP-CODEVASF'!A:A,'CP-CODEVASF'!C:C)))","v":"UN"},{"$f":"ROUND('MEMÓRIA DE CÁLCULO'!M567,2)","v":12},{"$f":"TRUNC(_xlfn.XLOOKUP(C109,CCD!B:B,CCD!O:O,_xlfn.XLOOKUP(C109,'COMP-SEINFRA'!A:A,'COMP-SEINFRA'!G:G,_xlfn.XLOOKUP(C109,'CP-CODEVASF'!A:A,'CP-CODEVASF'!D:D))),2)","v":13.14},16.54,198.48]
["9.13","SINAPI",89731,{"$f":"_xlfn.XLOOKUP(C110,CCD!B:B,CCD!C:C,_xlfn.XLOOKUP(C110,'COMP-SEINFRA'!A:A,'COMP-SEINFRA'!C:C,_xlfn.XLOOKUP(C110,'CP-CODEVASF'!A:A,'CP-CODEVASF'!B:B)))","v":"JOELHO 90 GRAUS, PVC, SERIE NORMAL, ESGOTO PREDIAL, DN 50 MM, JUNTA ELÁSTICA, FORNECIDO E INSTALADO EM RAMAL DE DESCARGA OU RAMAL DE ESGOTO SANITÁRIO. AF_08/2022"},{"$f":"_xlfn.XLOOKUP(C110,CCD!B:B,CCD!D:D,_xlfn.XLOOKUP(C110,'COMP-SEINFRA'!A:A,'COMP-SEINFRA'!D:D,_xlfn.XLOOKUP(C110,'CP-CODEVASF'!A:A,'CP-CODEVASF'!C:C)))","v":"UN"},{"$f":"ROUND('MEMÓRIA DE CÁLCULO'!M573,2)","v":9},{"$f":"TRUNC(_xlfn.XLOOKUP(C110,CCD!B:B,CCD!O:O,_xlfn.XLOOKUP(C110,'COMP-SEINFRA'!A:A,'COMP-SEINFRA'!G:G,_xlfn.XLOOKUP(C110,'CP-CODEVASF'!A:A,'CP-CODEVASF'!D:D))),2)","v":15.92},20.04,180.36]
["9.14","SINAPI",89748,{"$f":"_xlfn.XLOOKUP(C111,CCD!B:B,CCD!C:C,_xlfn.XLOOKUP(C111,'COMP-SEINFRA'!A:A,'COMP-SEINFRA'!C:C,_xlfn.XLOOKUP(C111,'CP-CODEVASF'!A:A,'CP-CODEVASF'!B:B)))","v":"CURVA CURTA 90 GRAUS, PVC, SERIE NORMAL, ESGOTO PREDIAL, DN 100 MM, JUNTA ELÁSTICA, FORNECIDO E INSTALADO EM RAMAL DE DESCARGA OU RAMAL DE ESGOTO SANITÁRIO. AF_08/2022"},{"$f":"_xlfn.XLOOKUP(C111,CCD!B:B,CCD!D:D,_xlfn.XLOOKUP(C111,'COMP-SEINFRA'!A:A,'COMP-SEINFRA'!D:D,_xlfn.XLOOKUP(C111,'CP-CODEVASF'!A:A,'CP-CODEVASF'!C:C)))","v":"UN"},{"$f":"ROUND('MEMÓRIA DE CÁLCULO'!M579,2)","v":2},{"$f":"TRUNC(_xlfn.XLOOKUP(C111,CCD!B:B,CCD!O:O,_xlfn.XLOOKUP(C111,'COMP-SEINFRA'!A:A,'COMP-SEINFRA'!G:G,_xlfn.XLOOKUP(C111,'CP-CODEVASF'!A:A,'CP-CODEVASF'!D:D))),2)","v":44.32},55.8,111.6]
["9.15","SINAPI",89827,{"$f":"_xlfn.XLOOKUP(C112,CCD!B:B,CCD!C:C,_xlfn.XLOOKUP(C112,'COMP-SEINFRA'!A:A,'COMP-SEINFRA'!C:C,_xlfn.XLOOKUP(C112,'CP-CODEVASF'!A:A,'CP-CODEVASF'!B:B)))","v":"JUNÇÃO SIMPLES, PVC, SERIE NORMAL, ESGOTO PREDIAL, DN 50 X 50 MM, JUNTA ELÁSTICA, FORNECIDO E INSTALADO EM PRUMADA DE ESGOTO SANITÁRIO OU VENTILAÇÃO. AF_08/2022"},{"$f":"_xlfn.XLOOKUP(C112,CCD!B:B,CCD!D:D,_xlfn.XLOOKUP(C112,'COMP-SEINFRA'!A:A,'COMP-SEINFRA'!D:D,_xlfn.XLOOKUP(C112,'CP-CODEVASF'!A:A,'CP-CODEVASF'!C:C)))","v":"UN"},{"$f":"ROUND('MEMÓRIA DE CÁLCULO'!M585,2)","v":1},{"$f":"TRUNC(_xlfn.XLOOKUP(C112,CCD!B:B,CCD!O:O,_xlfn.XLOOKUP(C112,'COMP-SEINFRA'!A:A,'COMP-SEINFRA'!G:G,_xlfn.XLOOKUP(C112,'CP-CODEVASF'!A:A,'CP-CODEVASF'!D:D))),2)","v":21.12},26.59,26.59]
["9.16","CODEVASF",{"$f":"'CP-CODEVASF'!A33","v":"COMP-32"},{"$f":"_xlfn.XLOOKUP(C113,CCD!B:B,CCD!C:C,_xlfn.XLOOKUP(C113,'COMP-SEINFRA'!A:A,'COMP-SEINFRA'!C:C,_xlfn.XLOOKUP(C113,'CP-CODEVASF'!A:A,'CP-CODEVASF'!B:B)))","v":"JUNCAO SIMPLES DE REDUCAO, PVC, DN 100 X 50 MM, PARA ESGOTO PREDIAL - FORNECIMENTO E INSTALAÇÃO                                                                                                                                                                            "},{"$f":"_xlfn.XLOOKUP(C113,CCD!B:B,CCD!D:D,_xlfn.XLOOKUP(C113,'COMP-SEINFRA'!A:A,'COMP-SEINFRA'!D:D,_xlfn.XLOOKUP(C113,'CP-CODEVASF'!A:A,'CP-CODEVASF'!C:C)))","v":"UN"},{"$f":"ROUND('MEMÓRIA DE CÁLCULO'!M591,2)","v":2},{"$f":"TRUNC(_xlfn.XLOOKUP(C113,CCD!B:B,CCD!O:O,_xlfn.XLOOKUP(C113,'COMP-SEINFRA'!A:A,'COMP-SEINFRA'!G:G,_xlfn.XLOOKUP(C113,'CP-CODEVASF'!A:A,'CP-CODEVASF'!D:D))),2)","v":46.7},58.8,117.6]
["9.17","SINAPI",104344,{"$f":"_xlfn.XLOOKUP(C114,CCD!B:B,CCD!C:C,_xlfn.XLOOKUP(C114,'COMP-SEINFRA'!A:A,'COMP-SEINFRA'!C:C,_xlfn.XLOOKUP(C114,'CP-CODEVASF'!A:A,'CP-CODEVASF'!B:B)))","v":"TE, PVC, SÉRIE NORMAL, ESGOTO PREDIAL, DN 100 X 50 MM, JUNTA ELÁSTICA, FORNECIDO E INSTALADO EM RAMAL DE DESCARGA OU RAMAL DE ESGOTO SANITÁRIO. AF_08/2022"},{"$f":"_xlfn.XLOOKUP(C114,CCD!B:B,CCD!D:D,_xlfn.XLOOKUP(C114,'COMP-SEINFRA'!A:A,'COMP-SEINFRA'!D:D,_xlfn.XLOOKUP(C114,'CP-CODEVASF'!A:A,'CP-CODEVASF'!C:C)))","v":"UN"},{"$f":"ROUND('MEMÓRIA DE CÁLCULO'!M597,2)","v":2},{"$f":"TRUNC(_xlfn.XLOOKUP(C114,CCD!B:B,CCD!O:O,_xlfn.XLOOKUP(C114,'COMP-SEINFRA'!A:A,'COMP-SEINFRA'!G:G,_xlfn.XLOOKUP(C114,'CP-CODEVASF'!A:A,'CP-CODEVASF'!D:D))),2)","v":42.96},54.09,108.18]
[10,null,null,"INSTALAÇÕES HIDRÁULICAS",{"$nulls":4},{"$f":"TRUNC(SUM(I116:I127),2)","v":42408.28}]
["10.1","SINAPI",89357,{"$f":"_xlfn.XLOOKUP(C116,CCD!B:B,CCD!C:C,_xlfn.XLOOKUP(C116,'COMP-SEINFRA'!A:A,'COMP-SEINFRA'!C:C,_xlfn.XLOOKUP(C116,'CP-CODEVASF'!A:A,'CP-CODEVASF'!B:B)))","v":"TUBO, PVC, SOLDÁVEL, DE 32MM, INSTALADO EM RAMAL OU SUB-RAMAL DE ÁGUA - FORNECIMENTO E INSTALAÇÃO. AF_06/2022"},{"$f":"_xlfn.XLOOKUP(C116,CCD!B:B,CCD!D:D,_xlfn.XLOOKUP(C116,'COMP-SEINFRA'!A:A,'COMP-SEINFRA'!D:D,_xlfn.XLOOKUP(C116,'CP-CODEVASF'!A:A,'CP-CODEVASF'!C:C)))","v":"M"},{"$f":"ROUND('MEMÓRIA DE CÁLCULO'!M604,2)","v":28.95},{"$f":"TRUNC(_xlfn.XLOOKUP(C116,CCD!B:B,CCD!O:O,_xlfn.XLOOKUP(C116,'COMP-SEINFRA'!A:A,'COMP-SEINFRA'!G:G,_xlfn.XLOOKUP(C116,'CP-CODEVASF'!A:A,'CP-CODEVASF'!D:D))),2)","v":32.56},{"$f":"TRUNC(G116*(1+$E$14),2)","v":40.99},{"$f":"TRUNC(H116*F116,2)","v":1186.6600000000001}]
["10.2","SINAPI",89356,{"$f":"_xlfn.XLOOKUP(C117,CCD!B:B,CCD!C:C,_xlfn.XLOOKUP(C117,'COMP-SEINFRA'!A:A,'COMP-SEINFRA'!C:C,_xlfn.XLOOKUP(C117,'CP-CODEVASF'!A:A,'CP-CODEVASF'!B:B)))","v":"TUBO, PVC, SOLDÁVEL, DE 25MM, INSTALADO EM RAMAL OU SUB-RAMAL DE ÁGUA - FORNECIMENTO E INSTALAÇÃO. AF_06/2022"},{"$f":"_xlfn.XLOOKUP(C117,CCD!B:B,CCD!D:D,_xlfn.XLOOKUP(C117,'COMP-SEINFRA'!A:A,'COMP-SEINFRA'!D:D,_xlfn.XLOOKUP(C117,'CP-CODEVASF'!A:A,'CP-CODEVASF'!C:C)))","v":"M"},{"$f":"ROUND('MEMÓRIA DE CÁLCULO'!M610,2)","v":28.42},{"$f":"TRUNC(_xlfn.XLOOKUP(C117,CCD!B:B,CCD!O:O,_xlfn.XLOOKUP(C117,'COMP-SEINFRA'!A:A,'COMP-SEINFRA'!G:G,_xlfn.XLOOKUP(C117,'CP-CODEVASF'!A:A,'CP-CODEVASF'!D:D))),2)","v":23.64},29.76,845.77]
["10.3","SINAPI",89449,{"$f":"_xlfn.XLOOKUP(C118,CCD!B:B,CCD!C:C,_xlfn.XLOOKUP(C118,'COMP-SEINFRA'!A:A,'COMP-SEINFRA'!C:C,_xlfn.XLOOKUP(C118,'CP-CODEVASF'!A:A,'CP-CODEVASF'!B:B)))","v":"TUBO, PVC, SOLDÁVEL, DE 50MM, INSTALADO EM PRUMADA DE ÁGUA - FORNECIMENTO E INSTALAÇÃO. AF_06/2022"},{"$f":"_xlfn.XLOOKUP(C118,CCD!B:B,CCD!D:D,_xlfn.XLOOKUP(C118,'COMP-SEINFRA'!A:A,'COMP-SEINFRA'!D:D,_xlfn.XLOOKUP(C118,'CP-CODEVASF'!A:A,'CP-CODEVASF'!C:C)))","v":"M"},{"$f":"ROUND('MEMÓRIA DE CÁLCULO'!M616,2)","v":16.510000000000002},{"$f":"TRUNC(_xlfn.XLOOKUP(C118,CCD!B:B,CCD!O:O,_xlfn.XLOOKUP(C118,'COMP-SEINFRA'!A:A,'COMP-SEINFRA'!G:G,_xlfn.XLOOKUP(C118,'CP-CODEVASF'!A:A,'CP-CODEVASF'!D:D))),2)","v":18.55},23.35,385.5]
["10.4","SINAPI",94495,{"$f":"_xlfn.XLOOKUP(C119,CCD!B:B,CCD!C:C,_xlfn.XLOOKUP(C119,'COMP-SEINFRA'!A:A,'COMP-SEINFRA'!C:C,_xlfn.XLOOKUP(C119,'CP-CODEVASF'!A:A,'CP-CODEVASF'!B:B)))","v":"REGISTRO DE GAVETA BRUTO, LATÃO, ROSCÁVEL, 1\" - FORNECIMENTO E INSTALAÇÃO. AF_08/2021"},{"$f":"_xlfn.XLOOKUP(C119,CCD!B:B,CCD!D:D,_xlfn.XLOOKUP(C119,'COMP-SEINFRA'!A:A,'COMP-SEINFRA'!D:D,_xlfn.XLOOKUP(C119,'CP-CODEVASF'!A:A,'CP-CODEVASF'!C:C)))","v":"UN"},{"$f":"ROUND('MEMÓRIA DE CÁLCULO'!M622,2)","v":2},{"$f":"TRUNC(_xlfn.XLOOKUP(C119,CCD!B:B,CCD!O:O,_xlfn.XLOOKUP(C119,'COMP-SEINFRA'!A:A,'COMP-SEINFRA'!G:G,_xlfn.XLOOKUP(C119,'CP-CODEVASF'!A:A,'CP-CODEVASF'!D:D))),2)","v":64.86},81.67,163.34]
["10.5","SINAPI",89985,{"$f":"_xlfn.XLOOKUP(C120,CCD!B:B,CCD!C:C,_xlfn.XLOOKUP(C120,'COMP-SEINFRA'!A:A,'COMP-SEINFRA'!C:C,_xlfn.XLOOKUP(C120,'CP-CODEVASF'!A:A,'CP-CODEVASF'!B:B)))","v":"REGISTRO DE PRESSÃO BRUTO, LATÃO, ROSCÁVEL, 3/4\", COM ACABAMENTO E CANOPLA CROMADOS - FORNECIMENTO E INSTALAÇÃO. AF_08/2021"},{"$f":"_xlfn.XLOOKUP(C120,CCD!B:B,CCD!D:D,_xlfn.XLOOKUP(C120,'COMP-SEINFRA'!A:A,'COMP-SEINFRA'!D:D,_xlfn.XLOOKUP(C120,'CP-CODEVASF'!A:A,'CP-CODEVASF'!C:C)))","v":"UN"},{"$f":"ROUND('MEMÓRIA DE CÁLCULO'!M628,2)","v":2},{"$f":"TRUNC(_xlfn.XLOOKUP(C120,CCD!B:B,CCD!O:O,_xlfn.XLOOKUP(C120,'COMP-SEINFRA'!A:A,'COMP-SEINFRA'!G:G,_xlfn.XLOOKUP(C120,'CP-CODEVASF'!A:A,'CP-CODEVASF'!D:D))),2)","v":94.66},119.19,238.38]
["10.6","SINAPI",89987,{"$f":"_xlfn.XLOOKUP(C121,CCD!B:B,CCD!C:C,_xlfn.XLOOKUP(C121,'COMP-SEINFRA'!A:A,'COMP-SEINFRA'!C:C,_xlfn.XLOOKUP(C121,'CP-CODEVASF'!A:A,'CP-CODEVASF'!B:B)))","v":"REGISTRO DE GAVETA BRUTO, LATÃO, ROSCÁVEL, 3/4\", COM ACABAMENTO E CANOPLA CROMADOS - FORNECIMENTO E INSTALAÇÃO. AF_08/2021"},{"$f":"_xlfn.XLOOKUP(C121,CCD!B:B,CCD!D:D,_xlfn.XLOOKUP(C121,'COMP-SEINFRA'!A:A,'COMP-SEINFRA'!D:D,_xlfn.XLOOKUP(C121,'CP-CODEVASF'!A:A,'CP-CODEVASF'!C:C)))","v":"UN"},{"$f":"ROUND('MEMÓRIA DE CÁLCULO'!M634,2)","v":8},{"$f":"TRUNC(_xlfn.XLOOKUP(C121,CCD!B:B,CCD!O:O,_xlfn.XLOOKUP(C121,'COMP-SEINFRA'!A:A,'COMP-SEINFRA'!G:G,_xlfn.XLOOKUP(C121,'CP-CODEVASF'!A:A,'CP-CODEVASF'!D:D))),2)","v":99.69},125.52,1004.16]
["10.7","SINAPI",86910,{"$f":"_xlfn.XLOOKUP(C122,CCD!B:B,CCD!C:C,_xlfn.XLOOKUP(C122,'COMP-SEINFRA'!A:A,'COMP-SEINFRA'!C:C,_xlfn.XLOOKUP(C122,'CP-CODEVASF'!A:A,'CP-CODEVASF'!B:B)))","v":"TORNEIRA CROMADA TUBO MÓVEL, DE PAREDE, 1/2\" OU 3/4\", PARA PIA DE COZINHA, PADRÃO MÉDIO - FORNECIMENTO E INSTALAÇÃO. AF_01/2020"},{"$f":"_xlfn.XLOOKUP(C122,CCD!B:B,CCD!D:D,_xlfn.XLOOKUP(C122,'COMP-SEINFRA'!A:A,'COMP-SEINFRA'!D:D,_xlfn.XLOOKUP(C122,'CP-CODEVASF'!A:A,'CP-CODEVASF'!C:C)))","v":"UN"},{"$f":"ROUND('MEMÓRIA DE CÁLCULO'!M640,2)","v":4},{"$f":"TRUNC(_xlfn.XLOOKUP(C122,CCD!B:B,CCD!O:O,_xlfn.XLOOKUP(C122,'COMP-SEINFRA'!A:A,'COMP-SEINFRA'!G:G,_xlfn.XLOOKUP(C122,'CP-CODEVASF'!A:A,'CP-CODEVASF'!D:D))),2)","v":125.21},157.66,630.64]
["10.8","SINAPI",86888,{"$f":"_xlfn.XLOOKUP(C123,CCD!B:B,CCD!C:C,_xlfn.XLOOKUP(C123,'COMP-SEINFRA'!A:A,'COMP-SEINFRA'!C:C,_xlfn.XLOOKUP(C123,'CP-CODEVASF'!A:A,'CP-CODEVASF'!B:B)))","v":"VASO SANITÁRIO SIFONADO COM CAIXA ACOPLADA LOUÇA BRANCA - FORNECIMENTO E INSTALAÇÃO. AF_01/2020"},{"$f":"_xlfn.XLOOKUP(C123,CCD!B:B,CCD!D:D,_xlfn.XLOOKUP(C123,'COMP-SEINFRA'!A:A,'COMP-SEINFRA'!D:D,_xlfn.XLOOKUP(C123,'CP-CODEVASF'!A:A,'CP-CODEVASF'!C:C)))","v":"UN"},{"$f":"ROUND('MEMÓRIA DE CÁLCULO'!M646,2)","v":2},{"$f":"TRUNC(_xlfn.XLOOKUP(C123,CCD!B:B,CCD!O:O,_xlfn.XLOOKUP(C123,'COMP-SEINFRA'!A:A,'COMP-SEINFRA'!G:G,_xlfn.XLOOKUP(C123,'CP-CODEVASF'!A:A,'CP-CODEVASF'!D:D))),2)","v":550.26},692.88,1385.76]
["10.9","CODEVASF",{"$f":"'CP-CODEVASF'!A23","v":"COMP-23"},{"$f":"_xlfn.XLOOKUP(C124,CCD!B:B,CCD!C:C,_xlfn.XLOOKUP(C124,'COMP-SEINFRA'!A:A,'COMP-SEINFRA'!C:C,_xlfn.XLOOKUP(C124,'CP-CODEVASF'!A:A,'CP-CODEVASF'!B:B)))","v":"CHUVEIRO PLASTICO SIMPLES - FORNECIDO E INSTALADO"},{"$f":"_xlfn.XLOOKUP(C124,CCD!B:B,CCD!D:D,_xlfn.XLOOKUP(C124,'COMP-SEINFRA'!A:A,'COMP-SEINFRA'!D:D,_xlfn.XLOOKUP(C124,'CP-CODEVASF'!A:A,'CP-CODEVASF'!C:C)))","v":"UN"},{"$f":"ROUND('MEMÓRIA DE CÁLCULO'!M652,2)","v":2},{"$f":"TRUNC(_xlfn.XLOOKUP(C124,CCD!B:B,CCD!O:O,_xlfn.XLOOKUP(C124,'COMP-SEINFRA'!A:A,'COMP-SEINFRA'!G:G,_xlfn.XLOOKUP(C124,'CP-CODEVASF'!A:A,'CP-CODEVASF'!D:D))),2)","v":25.55},32.17,64.34]
["10.10","SEINFRA","C3648",{"$f":"_xlfn.XLOOKUP(C125,CCD!B:B,CCD!C:C,_xlfn.XLOOKUP(C125,'COMP-SEINFRA'!A:A,'COMP-SEINFRA'!C:C,_xlfn.XLOOKUP(C125,'CP-CODEVASF'!A:A,'CP-CODEVASF'!B:B)))","v":"RESERVATÓRIO PRÉ MOLDADO ELEVADO CILÍNDRICO D=2,0M, CAP.=12,0M3, H=9,0M COMPLETO E CISTERNA CAP.=4,5 M3"},{"$f":"_xlfn.XLOOKUP(C125,CCD!B:B,CCD!D:D,_xlfn.XLOOKUP(C125,'COMP-SEINFRA'!A:A,'COMP-SEINFRA'!D:D,_xlfn.XLOOKUP(C125,'CP-CODEVASF'!A:A,'CP-CODEVASF'!C:C)))","v":"UN"},{"$f":"ROUND('MEMÓRIA DE CÁLCULO'!M658,2)","v":1},{"$f":"TRUNC(_xlfn.XLOOKUP(C125,CCD!B:B,CCD!O:O,_xlfn.XLOOKUP(C125,'COMP-SEINFRA'!A:A,'COMP-SEINFRA'!G:G,_xlfn.XLOOKUP(C125,'CP-CODEVASF'!A:A,'CP-CODEVASF'!D:D))),2)","v":24049.25},30282.81,30282.81]
["10.11","SINAPI",86943,{"$f":"_xlfn.XLOOKUP(C126,CCD!B:B,CCD!C:C,_xlfn.XLOOKUP(C126,'COMP-SEINFRA'!A:A,'COMP-SEINFRA'!C:C,_xlfn.XLOOKUP(C126,'CP-CODEVASF'!A:A,'CP-CODEVASF'!B:B)))","v":"LAVATÓRIO LOUÇA BRANCA SUSPENSO, 29,5 X 39CM OU EQUIVALENTE, PADRÃO POPULAR, INCLUSO SIFÃO FLEXÍVEL EM PVC, VÁLVULA E ENGATE FLEXÍVEL 30CM EM PLÁSTICO E TORNEIRA CROMADA DE MESA, PADRÃO POPULAR - FORNECIMENTO E INSTALAÇÃO. AF_01/2020"},{"$f":"_xlfn.XLOOKUP(C126,CCD!B:B,CCD!D:D,_xlfn.XLOOKUP(C126,'COMP-SEINFRA'!A:A,'COMP-SEINFRA'!D:D,_xlfn.XLOOKUP(C126,'CP-CODEVASF'!A:A,'CP-CODEVASF'!C:C)))","v":"UN"},{"$f":"ROUND('MEMÓRIA DE CÁLCULO'!M664,2)","v":3},{"$f":"TRUNC(_xlfn.XLOOKUP(C126,CCD!B:B,CCD!O:O,_xlfn.XLOOKUP(C126,'COMP-SEINFRA'!A:A,'COMP-SEINFRA'!G:G,_xlfn.XLOOKUP(C126,'CP-CODEVASF'!A:A,'CP-CODEVASF'!D:D))),2)","v":274.81},346.04,1038.1199999999999]
["10.12","SINAPI",93441,{"$f":"_xlfn.XLOOKUP(C127,CCD!B:B,CCD!C:C,_xlfn.XLOOKUP(C127,'COMP-SEINFRA'!A:A,'COMP-SEINFRA'!C:C,_xlfn.XLOOKUP(C127,'CP-CODEVASF'!A:A,'CP-CODEVASF'!B:B)))","v":"BANCADA GRANITO CINZA 150 X 60 CM, COM CUBA DE EMBUTIR DE AÇO, VÁLVULA AMERICANA EM METAL, SIFÃO FLEXÍVEL EM PVC, ENGATE FLEXÍVEL 30 CM, TORNEIRA CROMADA LONGA, DE PAREDE, 1/2\" OU 3/4\", P/ COZINHA, PADRÃO POPULAR - FORNEC. E INSTALAÇÃO. AF_01/2020"},{"$f":"_xlfn.XLOOKUP(C127,CCD!B:B,CCD!D:D,_xlfn.XLOOKUP(C127,'COMP-SEINFRA'!A:A,'COMP-SEINFRA'!D:D,_xlfn.XLOOKUP(C127,'CP-CODEVASF'!A:A,'CP-CODEVASF'!C:C)))","v":"UN"},{"$f":"ROUND('MEMÓRIA DE CÁLCULO'!M670,2)","v":4},{"$f":"TRUNC(_xlfn.XLOOKUP(C127,CCD!B:B,CCD!O:O,_xlfn.XLOOKUP(C127,'COMP-SEINFRA'!A:A,'COMP-SEINFRA'!G:G,_xlfn.XLOOKUP(C127,'CP-CODEVASF'!A:A,'CP-CODEVASF'!D:D))),2)","v":1028.99},1295.7,5182.8]
["11",null,null,"INSTALAÇÕES MECÂNICAS",{"$nulls":4},{"$f":"TRUNC(SUM(I129:I129),2)","v":22301.8}]
["11.1","SINAPI",103263,{"$f":"_xlfn.XLOOKUP(C129,CCD!B:B,CCD!C:C,_xlfn.XLOOKUP(C129,'COMP-SEINFRA'!A:A,'COMP-SEINFRA'!C:C,_xlfn.XLOOKUP(C129,'CP-CODEVASF'!A:A,'CP-CODEVASF'!B:B)))","v":"AR CONDICIONADO SPLIT INVERTER, PISO TETO, 48000 BTU/H, CICLO FRIO - FORNECIMENTO E INSTALAÇÃO. AF_11/2021_PE"},{"$f":"_xlfn.XLOOKUP(C129,CCD!B:B,CCD!D:D,_xlfn.XLOOKUP(C129,'COMP-SEINFRA'!A:A,'COMP-SEINFRA'!D:D,_xlfn.XLOOKUP(C129,'CP-CODEVASF'!A:A,'CP-CODEVASF'!C:C)))","v":"UN"},{"$f":"ROUND('MEMÓRIA DE CÁLCULO'!M677,2)","v":1},{"$f":"TRUNC(_xlfn.XLOOKUP(C129,CCD!B:B,CCD!O:O,_xlfn.XLOOKUP(C129,'COMP-SEINFRA'!A:A,'COMP-SEINFRA'!G:G,_xlfn.XLOOKUP(C129,'CP-CODEVASF'!A:A,'CP-CODEVASF'!D:D))),2)","v":17711.09},{"$f":"TRUNC(G129*(1+$E$14),2)","v":22301.8},{"$f":"TRUNC(H129*F129,2)","v":22301.8}]
["12",null,null,"EQUIPAMENTOS",{"$nulls":4},{"$f":"TRUNC(SUM(I131:I150),2)","v":361648.05},"Elétrico ou a vapor"]
["12.1","CODEVASF",{"$f":"'CP-CODEVASF'!A14","v":"COMP-14"},{"$f":"_xlfn.XLOOKUP(C131,CCD!B:B,CCD!C:C,_xlfn.XLOOKUP(C131,'COMP-SEINFRA'!A:A,'COMP-SEINFRA'!C:C,_xlfn.XLOOKUP(C131,'CP-CODEVASF'!A:A,'CP-CODEVASF'!B:B)))","v":"TANQUE DE RESFRIAMENTO 1000L"},{"$f":"_xlfn.XLOOKUP(C131,CCD!B:B,CCD!D:D,_xlfn.XLOOKUP(C131,'COMP-SEINFRA'!A:A,'COMP-SEINFRA'!D:D,_xlfn.XLOOKUP(C131,'CP-CODEVASF'!A:A,'CP-CODEVASF'!C:C)))","v":"UN"},{"$f":"ROUND('MEMÓRIA DE CÁLCULO'!M684,2)","v":1},{"$f":"TRUNC(_xlfn.XLOOKUP(C131,CCD!B:B,CCD!O:O,_xlfn.XLOOKUP(C131,'COMP-SEINFRA'!A:A,'COMP-SEINFRA'!G:G,_xlfn.XLOOKUP(C131,'CP-CODEVASF'!A:A,'CP-CODEVASF'!D:D))),2)","v":24092.98},{"$f":"TRUNC(G131*(1+$E$16),2)","v":28024.95},{"$f":"TRUNC(H131*F131,2)","v":28024.95}]
["12.2","CODEVASF",{"$f":"'CP-CODEVASF'!A15","v":"COMP-15"},{"$f":"_xlfn.XLOOKUP(C132,CCD!B:B,CCD!C:C,_xlfn.XLOOKUP(C132,'COMP-SEINFRA'!A:A,'COMP-SEINFRA'!C:C,_xlfn.XLOOKUP(C132,'CP-CODEVASF'!A:A,'CP-CODEVASF'!B:B)))","v":"PASTEURIZADOR LENTO 1000L"},{"$f":"_xlfn.XLOOKUP(C132,CCD!B:B,CCD!D:D,_xlfn.XLOOKUP(C132,'COMP-SEINFRA'!A:A,'COMP-SEINFRA'!D:D,_xlfn.XLOOKUP(C132,'CP-CODEVASF'!A:A,'CP-CODEVASF'!C:C)))","v":"UN"},{"$f":"ROUND('MEMÓRIA DE CÁLCULO'!M690,2)","v":1},{"$f":"TRUNC(_xlfn.XLOOKUP(C132,CCD!B:B,CCD!O:O,_xlfn.XLOOKUP(C132,'COMP-SEINFRA'!A:A,'COMP-SEINFRA'!G:G,_xlfn.XLOOKUP(C132,'CP-CODEVASF'!A:A,'CP-CODEVASF'!D:D))),2)","v":48227.33},56098.03,56098.03]
["12.3","CODEVASF",{"$f":"'CP-CODEVASF'!A20","v":"COMP-20"},{"$f":"_xlfn.XLOOKUP(C133,CCD!B:B,CCD!C:C,_xlfn.XLOOKUP(C133,'COMP-SEINFRA'!A:A,'COMP-SEINFRA'!C:C,_xlfn.XLOOKUP(C133,'CP-CODEVASF'!A:A,'CP-CODEVASF'!B:B)))","v":"TANQUE INOX 500L PARA FABRICAÇÃO DE QUEIJOS"},{"$f":"_xlfn.XLOOKUP(C133,CCD!B:B,CCD!D:D,_xlfn.XLOOKUP(C133,'COMP-SEINFRA'!A:A,'COMP-SEINFRA'!D:D,_xlfn.XLOOKUP(C133,'CP-CODEVASF'!A:A,'CP-CODEVASF'!C:C)))","v":"UN"},{"$f":"ROUND('MEMÓRIA DE CÁLCULO'!M696,2)","v":2},{"$f":"TRUNC(_xlfn.XLOOKUP(C133,CCD!B:B,CCD!O:O,_xlfn.XLOOKUP(C133,'COMP-SEINFRA'!A:A,'COMP-SEINFRA'!G:G,_xlfn.XLOOKUP(C133,'CP-CODEVASF'!A:A,'CP-CODEVASF'!D:D))),2)","v":17026.93},19805.72,39611.440000000002]
["12.4","CODEVASF",{"$f":"'CP-CODEVASF'!A4","v":"COMP-02"},{"$f":"_xlfn.XLOOKUP(C134,CCD!B:B,CCD!C:C,_xlfn.XLOOKUP(C134,'COMP-SEINFRA'!A:A,'COMP-SEINFRA'!C:C,_xlfn.XLOOKUP(C134,'CP-CODEVASF'!A:A,'CP-CODEVASF'!B:B)))","v":"MESA INOX DE APOIO"},{"$f":"_xlfn.XLOOKUP(C134,CCD!B:B,CCD!D:D,_xlfn.XLOOKUP(C134,'COMP-SEINFRA'!A:A,'COMP-SEINFRA'!D:D,_xlfn.XLOOKUP(C134,'CP-CODEVASF'!A:A,'CP-CODEVASF'!C:C)))","v":"UN"},{"$f":"ROUND('MEMÓRIA DE CÁLCULO'!M702,2)","v":2},{"$f":"TRUNC(_xlfn.XLOOKUP(C134,CCD!B:B,CCD!O:O,_xlfn.XLOOKUP(C134,'COMP-SEINFRA'!A:A,'COMP-SEINFRA'!G:G,_xlfn.XLOOKUP(C134,'CP-CODEVASF'!A:A,'CP-CODEVASF'!D:D))),2)","v":3751.91},4364.22,8728.44]
["12.5","CODEVASF",{"$f":"'CP-CODEVASF'!A16","v":"COMP-16"},{"$f":"_xlfn.XLOOKUP(C135,CCD!B:B,CCD!C:C,_xlfn.XLOOKUP(C135,'COMP-SEINFRA'!A:A,'COMP-SEINFRA'!C:C,_xlfn.XLOOKUP(C135,'CP-CODEVASF'!A:A,'CP-CODEVASF'!B:B)))","v":"PRENSA PNEUMÁTICA 4 COLUNAS/10 FORMAS REDONDAS 1KG"},{"$f":"_xlfn.XLOOKUP(C135,CCD!B:B,CCD!D:D,_xlfn.XLOOKUP(C135,'COMP-SEINFRA'!A:A,'COMP-SEINFRA'!D:D,_xlfn.XLOOKUP(C135,'CP-CODEVASF'!A:A,'CP-CODEVASF'!C:C)))","v":"UN"},{"$f":"ROUND('MEMÓRIA DE CÁLCULO'!M708,2)","v":2},{"$f":"TRUNC(_xlfn.XLOOKUP(C135,CCD!B:B,CCD!O:O,_xlfn.XLOOKUP(C135,'COMP-SEINFRA'!A:A,'COMP-SEINFRA'!G:G,_xlfn.XLOOKUP(C135,'CP-CODEVASF'!A:A,'CP-CODEVASF'!D:D))),2)","v":10082.66},{"$f":"TRUNC(G135*(1+$E$16),2)","v":11728.15},{"$f":"TRUNC(H135*F135,2)","v":23456.3}]
["12.6","CODEVASF","COMP-17",{"$f":"_xlfn.XLOOKUP(C136,CCD!B:B,CCD!C:C,_xlfn.XLOOKUP(C136,'COMP-SEINFRA'!A:A,'COMP-SEINFRA'!C:C,_xlfn.XLOOKUP(C136,'CP-CODEVASF'!A:A,'CP-CODEVASF'!B:B)))","v":"ENVASADORA PNEUMÁTICA PARA LÍQUIDOS E PASTOSOS"},{"$f":"_xlfn.XLOOKUP(C136,CCD!B:B,CCD!D:D,_xlfn.XLOOKUP(C136,'COMP-SEINFRA'!A:A,'COMP-SEINFRA'!D:D,_xlfn.XLOOKUP(C136,'CP-CODEVASF'!A:A,'CP-CODEVASF'!C:C)))","v":"UN"},{"$f":"ROUND('MEMÓRIA DE CÁLCULO'!M714,2)","v":1},{"$f":"TRUNC(_xlfn.XLOOKUP(C136,CCD!B:B,CCD!O:O,_xlfn.XLOOKUP(C136,'COMP-SEINFRA'!A:A,'COMP-SEINFRA'!G:G,_xlfn.XLOOKUP(C136,'CP-CODEVASF'!A:A,'CP-CODEVASF'!D:D))),2)","v":7656.15},8905.6299999999992,8905.6299999999992]
["12.7","CODEVASF",{"$f":"'CP-CODEVASF'!A27","v":"COMP-27"},{"$f":"_xlfn.XLOOKUP(C137,CCD!B:B,CCD!C:C,_xlfn.XLOOKUP(C137,'COMP-SEINFRA'!A:A,'COMP-SEINFRA'!C:C,_xlfn.XLOOKUP(C137,'CP-CODEVASF'!A:A,'CP-CODEVASF'!B:B)))","v":"IOGURTEIRA INOX 500L"},{"$f":"_xlfn.XLOOKUP(C137,CCD!B:B,CCD!D:D,_xlfn.XLOOKUP(C137,'COMP-SEINFRA'!A:A,'COMP-SEINFRA'!D:D,_xlfn.XLOOKUP(C137,'CP-CODEVASF'!A:A,'CP-CODEVASF'!C:C)))","v":"UN"},{"$f":"ROUND('MEMÓRIA DE CÁLCULO'!M720,2)","v":1},{"$f":"TRUNC(_xlfn.XLOOKUP(C137,CCD!B:B,CCD!O:O,_xlfn.XLOOKUP(C137,'COMP-SEINFRA'!A:A,'COMP-SEINFRA'!G:G,_xlfn.XLOOKUP(C137,'CP-CODEVASF'!A:A,'CP-CODEVASF'!D:D))),2)","v":28595},33261.699999999997,33261.699999999997]
["12.8","CODEVASF",{"$f":"'CP-CODEVASF'!A18","v":"COMP-18"},{"$f":"_xlfn.XLOOKUP(C138,CCD!B:B,CCD!C:C,_xlfn.XLOOKUP(C138,'COMP-SEINFRA'!A:A,'COMP-SEINFRA'!C:C,_xlfn.XLOOKUP(C138,'CP-CODEVASF'!A:A,'CP-CODEVASF'!B:B)))","v":"DESNATADEIRA ELÉTRICA 275L/H"},{"$f":"_xlfn.XLOOKUP(C138,CCD!B:B,CCD!D:D,_xlfn.XLOOKUP(C138,'COMP-SEINFRA'!A:A,'COMP-SEINFRA'!D:D,_xlfn.XLOOKUP(C138,'CP-CODEVASF'!A:A,'CP-CODEVASF'!C:C)))","v":"UN"},{"$f":"ROUND('MEMÓRIA DE CÁLCULO'!M726,2)","v":1},{"$f":"TRUNC(_xlfn.XLOOKUP(C138,CCD!B:B,CCD!O:O,_xlfn.XLOOKUP(C138,'COMP-SEINFRA'!A:A,'COMP-SEINFRA'!G:G,_xlfn.XLOOKUP(C138,'CP-CODEVASF'!A:A,'CP-CODEVASF'!D:D))),2)","v":20165},23455.919999999998,23455.919999999998]
["12.9","CODEVASF",{"$f":"'CP-CODEVASF'!A25","v":"COMP-25"},{"$f":"_xlfn.XLOOKUP(C139,CCD!B:B,CCD!C:C,_xlfn.XLOOKUP(C139,'COMP-SEINFRA'!A:A,'COMP-SEINFRA'!C:C,_xlfn.XLOOKUP(C139,'CP-CODEVASF'!A:A,'CP-CODEVASF'!B:B)))","v":"TACHO PARA DOCE 100L"},{"$f":"_xlfn.XLOOKUP(C139,CCD!B:B,CCD!D:D,_xlfn.XLOOKUP(C139,'COMP-SEINFRA'!A:A,'COMP-SEINFRA'!D:D,_xlfn.XLOOKUP(C139,'CP-CODEVASF'!A:A,'CP-CODEVASF'!C:C)))","v":"UN"},{"$f":"ROUND('MEMÓRIA DE CÁLCULO'!M732,2)","v":1},{"$f":"TRUNC(_xlfn.XLOOKUP(C139,CCD!B:B,CCD!O:O,_xlfn.XLOOKUP(C139,'COMP-SEINFRA'!A:A,'COMP-SEINFRA'!G:G,_xlfn.XLOOKUP(C139,'CP-CODEVASF'!A:A,'CP-CODEVASF'!D:D))),2)","v":28790.93},33489.599999999999,33489.599999999999]
["12.10","CODEVASF",{"$f":"'CP-CODEVASF'!A26","v":"COMP-26"},{"$f":"_xlfn.XLOOKUP(C140,CCD!B:B,CCD!C:C,_xlfn.XLOOKUP(C140,'COMP-SEINFRA'!A:A,'COMP-SEINFRA'!C:C,_xlfn.XLOOKUP(C140,'CP-CODEVASF'!A:A,'CP-CODEVASF'!B:B)))","v":"BATEDEIRA PARA MANTEIGA 20KG"},{"$f":"_xlfn.XLOOKUP(C140,CCD!B:B,CCD!D:D,_xlfn.XLOOKUP(C140,'COMP-SEINFRA'!A:A,'COMP-SEINFRA'!D:D,_xlfn.XLOOKUP(C140,'CP-CODEVASF'!A:A,'CP-CODEVASF'!C:C)))","v":"UN"},{"$f":"ROUND('MEMÓRIA DE CÁLCULO'!M742,2)","v":1},{"$f":"TRUNC(_xlfn.XLOOKUP(C140,CCD!B:B,CCD!O:O,_xlfn.XLOOKUP(C140,'COMP-SEINFRA'!A:A,'COMP-SEINFRA'!G:G,_xlfn.XLOOKUP(C140,'CP-CODEVASF'!A:A,'CP-CODEVASF'!D:D))),2)","v":20344.939999999999},23665.23,23665.23]
["12.11","CODEVASF",{"$f":"'CP-CODEVASF'!A5","v":"COMP-03"},{"$f":"_xlfn.XLOOKUP(C141,CCD!B:B,CCD!C:C,_xlfn.XLOOKUP(C141,'COMP-SEINFRA'!A:A,'COMP-SEINFRA'!C:C,_xlfn.XLOOKUP(C141,'CP-CODEVASF'!A:A,'CP-CODEVASF'!B:B)))","v":"SELADORA MANUAL PARA POTES"},{"$f":"_xlfn.XLOOKUP(C141,CCD!B:B,CCD!D:D,_xlfn.XLOOKUP(C141,'COMP-SEINFRA'!A:A,'COMP-SEINFRA'!D:D,_xlfn.XLOOKUP(C141,'CP-CODEVASF'!A:A,'CP-CODEVASF'!C:C)))","v":"UN"},{"$f":"ROUND('MEMÓRIA DE CÁLCULO'!M708,2)","v":2},{"$f":"TRUNC(_xlfn.XLOOKUP(C141,CCD!B:B,CCD!O:O,_xlfn.XLOOKUP(C141,'COMP-SEINFRA'!A:A,'COMP-SEINFRA'!G:G,_xlfn.XLOOKUP(C141,'CP-CODEVASF'!A:A,'CP-CODEVASF'!D:D))),2)","v":2672.97},3109.19,6218.38]
["12.12","CODEVASF",{"$f":"'CP-CODEVASF'!A19","v":"COMP-19"},{"$f":"_xlfn.XLOOKUP(C142,CCD!B:B,CCD!C:C,_xlfn.XLOOKUP(C142,'COMP-SEINFRA'!A:A,'COMP-SEINFRA'!C:C,_xlfn.XLOOKUP(C142,'CP-CODEVASF'!A:A,'CP-CODEVASF'!B:B)))","v":"TANQUE PARA SALGA 400L"},{"$f":"_xlfn.XLOOKUP(C142,CCD!B:B,CCD!D:D,_xlfn.XLOOKUP(C142,'COMP-SEINFRA'!A:A,'COMP-SEINFRA'!D:D,_xlfn.XLOOKUP(C142,'CP-CODEVASF'!A:A,'CP-CODEVASF'!C:C)))","v":"UN"},{"$f":"ROUND('MEMÓRIA DE CÁLCULO'!M750,2)","v":1},{"$f":"TRUNC(_xlfn.XLOOKUP(C142,CCD!B:B,CCD!O:O,_xlfn.XLOOKUP(C142,'COMP-SEINFRA'!A:A,'COMP-SEINFRA'!G:G,_xlfn.XLOOKUP(C142,'CP-CODEVASF'!A:A,'CP-CODEVASF'!D:D))),2)","v":3616.66},4206.8900000000003,4206.8900000000003]
["12.13","CODEVASF","COMP-11",{"$f":"_xlfn.XLOOKUP(C143,CCD!B:B,CCD!C:C,_xlfn.XLOOKUP(C143,'COMP-SEINFRA'!A:A,'COMP-SEINFRA'!C:C,_xlfn.XLOOKUP(C143,'CP-CODEVASF'!A:A,'CP-CODEVASF'!B:B)))","v":"ESTANTE EM AÇO INOX PARA SECAGEM/MATURAÇÃO DE QUEIJOS"},{"$f":"_xlfn.XLOOKUP(C143,CCD!B:B,CCD!D:D,_xlfn.XLOOKUP(C143,'COMP-SEINFRA'!A:A,'COMP-SEINFRA'!D:D,_xlfn.XLOOKUP(C143,'CP-CODEVASF'!A:A,'CP-CODEVASF'!C:C)))","v":"UN"},{"$f":"ROUND('MEMÓRIA DE CÁLCULO'!M756,2)","v":6},{"$f":"TRUNC(_xlfn.XLOOKUP(C143,CCD!B:B,CCD!O:O,_xlfn.XLOOKUP(C143,'COMP-SEINFRA'!A:A,'COMP-SEINFRA'!G:G,_xlfn.XLOOKUP(C143,'CP-CODEVASF'!A:A,'CP-CODEVASF'!D:D))),2)","v":4382.24},5097.42,30584.52]
["12.14","CODEVASF",{"$f":"'CP-CODEVASF'!A6","v":"COMP-04"},{"$f":"_xlfn.XLOOKUP(C144,CCD!B:B,CCD!C:C,_xlfn.XLOOKUP(C144,'COMP-SEINFRA'!A:A,'COMP-SEINFRA'!C:C,_xlfn.XLOOKUP(C144,'CP-CODEVASF'!A:A,'CP-CODEVASF'!B:B)))","v":"SELADORA A VÁCUO DE BANCADA"},{"$f":"_xlfn.XLOOKUP(C144,CCD!B:B,CCD!D:D,_xlfn.XLOOKUP(C144,'COMP-SEINFRA'!A:A,'COMP-SEINFRA'!D:D,_xlfn.XLOOKUP(C144,'CP-CODEVASF'!A:A,'CP-CODEVASF'!C:C)))","v":"UN"},{"$f":"ROUND('MEMÓRIA DE CÁLCULO'!M762,2)","v":2},{"$f":"TRUNC(_xlfn.XLOOKUP(C144,CCD!B:B,CCD!O:O,_xlfn.XLOOKUP(C144,'COMP-SEINFRA'!A:A,'COMP-SEINFRA'!G:G,_xlfn.XLOOKUP(C144,'CP-CODEVASF'!A:A,'CP-CODEVASF'!D:D))),2)","v":5457.82},6348.53,12697.06]
["12.15","CODEVASF",{"$f":"'CP-CODEVASF'!A7","v":"COMP-05"},{"$f":"_xlfn.XLOOKUP(C145,CCD!B:B,CCD!C:C,_xlfn.XLOOKUP(C145,'COMP-SEINFRA'!A:A,'COMP-SEINFRA'!C:C,_xlfn.XLOOKUP(C145,'CP-CODEVASF'!A:A,'CP-CODEVASF'!B:B)))","v":"LAVA DE BOTAS MANUAL "},{"$f":"_xlfn.XLOOKUP(C145,CCD!B:B,CCD!D:D,_xlfn.XLOOKUP(C145,'COMP-SEINFRA'!A:A,'COMP-SEINFRA'!D:D,_xlfn.XLOOKUP(C145,'CP-CODEVASF'!A:A,'CP-CODEVASF'!C:C)))","v":"UN"},{"$f":"ROUND('MEMÓRIA DE CÁLCULO'!M768,2)","v":1},{"$f":"TRUNC(_xlfn.XLOOKUP(C145,CCD!B:B,CCD!O:O,_xlfn.XLOOKUP(C145,'COMP-SEINFRA'!A:A,'COMP-SEINFRA'!G:G,_xlfn.XLOOKUP(C145,'CP-CODEVASF'!A:A,'CP-CODEVASF'!D:D))),2)","v":5321.75},6190.25,6190.25]
["12.16","CODEVASF",{"$f":"'CP-CODEVASF'!A8","v":"COMP-06"},{"$f":"_xlfn.XLOOKUP(C146,CCD!B:B,CCD!C:C,_xlfn.XLOOKUP(C146,'COMP-SEINFRA'!A:A,'COMP-SEINFRA'!C:C,_xlfn.XLOOKUP(C146,'CP-CODEVASF'!A:A,'CP-CODEVASF'!B:B)))","v":"ANALISADOR DE LEITE ULTRASSÔNICO"},{"$f":"_xlfn.XLOOKUP(C146,CCD!B:B,CCD!D:D,_xlfn.XLOOKUP(C146,'COMP-SEINFRA'!A:A,'COMP-SEINFRA'!D:D,_xlfn.XLOOKUP(C146,'CP-CODEVASF'!A:A,'CP-CODEVASF'!C:C)))","v":"UN"},{"$f":"ROUND('MEMÓRIA DE CÁLCULO'!M774,2)","v":1},{"$f":"TRUNC(_xlfn.XLOOKUP(C146,CCD!B:B,CCD!O:O,_xlfn.XLOOKUP(C146,'COMP-SEINFRA'!A:A,'COMP-SEINFRA'!G:G,_xlfn.XLOOKUP(C146,'CP-CODEVASF'!A:A,'CP-CODEVASF'!D:D))),2)","v":5769.28},6710.82,6710.82]
["12.17","CODEVASF",{"$f":"'CP-CODEVASF'!A9","v":"COMP-07"},{"$f":"_xlfn.XLOOKUP(C147,CCD!B:B,CCD!C:C,_xlfn.XLOOKUP(C147,'COMP-SEINFRA'!A:A,'COMP-SEINFRA'!C:C,_xlfn.XLOOKUP(C147,'CP-CODEVASF'!A:A,'CP-CODEVASF'!B:B)))","v":"LAVADORA E SECADORA DE ROUPAS INVERTER 11KG"},{"$f":"_xlfn.XLOOKUP(C147,CCD!B:B,CCD!D:D,_xlfn.XLOOKUP(C147,'COMP-SEINFRA'!A:A,'COMP-SEINFRA'!D:D,_xlfn.XLOOKUP(C147,'CP-CODEVASF'!A:A,'CP-CODEVASF'!C:C)))","v":"UN"},{"$f":"ROUND('MEMÓRIA DE CÁLCULO'!M780,2)","v":1},{"$f":"TRUNC(_xlfn.XLOOKUP(C147,CCD!B:B,CCD!O:O,_xlfn.XLOOKUP(C147,'COMP-SEINFRA'!A:A,'COMP-SEINFRA'!G:G,_xlfn.XLOOKUP(C147,'CP-CODEVASF'!A:A,'CP-CODEVASF'!D:D))),2)","v":3610.51},4199.74,4199.74]
["12.18","CODEVASF",{"$f":"'CP-CODEVASF'!A10","v":"COMP-08"},{"$f":"_xlfn.XLOOKUP(C148,CCD!B:B,CCD!C:C,_xlfn.XLOOKUP(C148,'COMP-SEINFRA'!A:A,'COMP-SEINFRA'!C:C,_xlfn.XLOOKUP(C148,'CP-CODEVASF'!A:A,'CP-CODEVASF'!B:B)))","v":"ARMÁRIO TIPO ROUPEIRO"},{"$f":"_xlfn.XLOOKUP(C148,CCD!B:B,CCD!D:D,_xlfn.XLOOKUP(C148,'COMP-SEINFRA'!A:A,'COMP-SEINFRA'!D:D,_xlfn.XLOOKUP(C148,'CP-CODEVASF'!A:A,'CP-CODEVASF'!C:C)))","v":"UN"},{"$f":"ROUND('MEMÓRIA DE CÁLCULO'!M786,2)","v":4},{"$f":"TRUNC(_xlfn.XLOOKUP(C148,CCD!B:B,CCD!O:O,_xlfn.XLOOKUP(C148,'COMP-SEINFRA'!A:A,'COMP-SEINFRA'!G:G,_xlfn.XLOOKUP(C148,'CP-CODEVASF'!A:A,'CP-CODEVASF'!D:D))),2)","v":1283.0899999999999},1492.49,5969.96]
["12.19","CODEVASF",{"$f":"'CP-CODEVASF'!A28","v":"COMP-28"},{"$f":"_xlfn.XLOOKUP(C149,CCD!B:B,CCD!C:C,_xlfn.XLOOKUP(C149,'COMP-SEINFRA'!A:A,'COMP-SEINFRA'!C:C,_xlfn.XLOOKUP(C149,'CP-CODEVASF'!A:A,'CP-CODEVASF'!B:B)))","v":"COMPRESSOR 2HP 50L"},{"$f":"_xlfn.XLOOKUP(C149,CCD!B:B,CCD!D:D,_xlfn.XLOOKUP(C149,'COMP-SEINFRA'!A:A,'COMP-SEINFRA'!D:D,_xlfn.XLOOKUP(C149,'CP-CODEVASF'!A:A,'CP-CODEVASF'!C:C)))","v":"UN"},{"$f":"ROUND('MEMÓRIA DE CÁLCULO'!M792,2)","v":1},{"$f":"TRUNC(_xlfn.XLOOKUP(C149,CCD!B:B,CCD!O:O,_xlfn.XLOOKUP(C149,'COMP-SEINFRA'!A:A,'COMP-SEINFRA'!G:G,_xlfn.XLOOKUP(C149,'CP-CODEVASF'!A:A,'CP-CODEVASF'!D:D))),2)","v":2147.9299999999998},2498.4699999999998,2498.4699999999998]
["12.20","CODEVASF",{"$f":"'COMP-CDF'!A184","v":"COMP-34"},{"$f":"_xlfn.XLOOKUP(C150,CCD!B:B,CCD!C:C,_xlfn.XLOOKUP(C150,'COMP-SEINFRA'!A:A,'COMP-SEINFRA'!C:C,_xlfn.XLOOKUP(C150,'CP-CODEVASF'!A:A,'CP-CODEVASF'!B:B)))","v":"FORMA PARA QUEIJO COALHO REDONDO DE 1KG"},{"$f":"_xlfn.XLOOKUP(C150,CCD!B:B,CCD!D:D,_xlfn.XLOOKUP(C150,'COMP-SEINFRA'!A:A,'COMP-SEINFRA'!D:D,_xlfn.XLOOKUP(C150,'CP-CODEVASF'!A:A,'CP-CODEVASF'!C:C)))","v":"UN"},{"$f":"ROUND('MEMÓRIA DE CÁLCULO'!M798,2)","v":112},{"$f":"TRUNC(_xlfn.XLOOKUP(C150,CCD!B:B,CCD!O:O,_xlfn.XLOOKUP(C150,'COMP-SEINFRA'!A:A,'COMP-SEINFRA'!G:G,_xlfn.XLOOKUP(C150,'CP-CODEVASF'!A:A,'CP-CODEVASF'!D:D))),2)","v":28.21},32.81,{"$f":"TRUNC(H150*F150,2)","v":3674.72},"Forma+Prensador+Dessorador"]
["13",null,null,"LIMPEZA FINAL DA OBRA",{"$nulls":4},{"$f":"TRUNC(SUM(I152),2)","v":1339.52}]
["13.1","SINAPI",99803,{"$f":"_xlfn.XLOOKUP(C152,CCD!B:B,CCD!C:C,_xlfn.XLOOKUP(C152,'COMP-SEINFRA'!A:A,'COMP-SEINFRA'!C:C,_xlfn.XLOOKUP(C152,'CP-CODEVASF'!A:A,'CP-CODEVASF'!B:B)))","v":"LIMPEZA DE PISO CERÂMICO OU PORCELANATO COM PANO ÚMIDO. AF_04/2019"},{"$f":"_xlfn.XLOOKUP(C152,CCD!B:B,CCD!D:D,_xlfn.XLOOKUP(C152,'COMP-SEINFRA'!A:A,'COMP-SEINFRA'!D:D,_xlfn.XLOOKUP(C152,'CP-CODEVASF'!A:A,'CP-CODEVASF'!C:C)))","v":"M2"},{"$f":"ROUND('MEMÓRIA DE CÁLCULO'!M805,2)","v":503.58},{"$f":"TRUNC(_xlfn.XLOOKUP(C152,CCD!B:B,CCD!O:O,_xlfn.XLOOKUP(C152,'COMP-SEINFRA'!A:A,'COMP-SEINFRA'!G:G,_xlfn.XLOOKUP(C152,'CP-CODEVASF'!A:A,'CP-CODEVASF'!D:D))),2)","v":2.12},{"$f":"TRUNC(G152*(1+$E$14),2)","v":2.66},{"$f":"TRUNC(H152*F152,2)","v":1339.52}]
["14",null,null,"PROJETO EXECUTIVO",{"$nulls":4},{"$f":"TRUNC(SUM(I154:I155),2)","v":18647.330000000002},{"$f":"I153/$I$156","v":1.8853653066973116E-2}]
["14.1","CODEVASF","COMP-29-0","PROJETO EXECUTIVO PADRÃO EXCETO SONDAGEM, LEVANTAMENTO TOPOGRÁFICO E IMPLANTAÇÃO","UN",{"$f":"'MEMÓRIA DE CÁLCULO'!M817","v":1},{"$f":"TRUNC(_xlfn.XLOOKUP(C154,CCD!B:B,CCD!O:O,_xlfn.XLOOKUP(C154,'COMP-SEINFRA'!A:A,'COMP-SEINFRA'!G:G,_xlfn.XLOOKUP(C154,'CP-CODEVASF'!A:A,'CP-CODEVASF'!D:D))),2)","v":5937.9},{"$f":"TRUNC(G154*(1+$E$14),2)","v":7477},{"$f":"TRUNC(H154*F154,2)","v":7477},7.5597291398692449E-3]
["14.2","CODEVASF","COMP-29","SONDAGEM, LEVANTAMENTO TOPOGRÁFICO E IMPLANTAÇÃO","UN",{"$f":"'MEMÓRIA DE CÁLCULO'!M823","v":1},{"$f":"TRUNC(_xlfn.XLOOKUP(C155,CCD!B:B,CCD!O:O,_xlfn.XLOOKUP(C155,'COMP-SEINFRA'!A:A,'COMP-SEINFRA'!G:G,_xlfn.XLOOKUP(C155,'CP-CODEVASF'!A:A,'CP-CODEVASF'!D:D))),2)","v":8870.98},11170.33,11170.33,{"$f":"I155/$I$156","v":1.1293923927103868E-2}]
["TOTAL GERAL C/ BDI INCLUSO (R$)",{"$nulls":7},{"$f":"TRUNC(SUM(I24+I31+I35+I41+I58+I60+I63+I70+I97+I115+I128+I130+I151+I153),2)","v":989056.6}]
[]
["FORTALEZA/CE, OUTUBRO DE 2025."]
{"$rows_empty":675}
[{"$f":"'ORC1'!A158","v":"FORTALEZA/CE, OUTUBRO DE 2025."}]

{"sheet":"Planilha1","index":3,"n_rows":37,"n_cols":9,"rows_kept":37,"cut":false,"hidden":true,"merged":[[2,0,2,8],[36,0,36,7],[0,0,0,8]]}
["CONTRATAÇÃO DE SERVIÇOS DE ENGENHARIA, POR MEIO DO SISTEMA DE REGISTRO DE PREÇOS – SRP, PARA IMPLANTAÇÃO DE AGROINDÚSTRIAS DE LÁCTEOS EM COMUNIDADES RURAIS, NO ESTADO DO CEARÁ."]
[]
["ORÇAMENTO SINTÉTICO - CUSTO POR UNIDADE"]
["ITEM","FONTE","CÓDIGO","DESCRIÇÃO DOS SERVIÇOS","UNID.","QUANT.","PREÇO UNIT. S/ BDI (R$)","PREÇO UNIT. C/ BDI (R$)","PREÇO TOTAL (R$)"]
["1",null,null,"SERVIÇOS PRELIMINARES",{"$nulls":4},96591.51]
[]
["2",null,null,"MOVIMENTAÇÃO DE TERRA / CONTENÇÃO",{"$nulls":4},5234.74]
[]
["3",null,null,"PAVIMENTAÇÃO / PISO",{"$nulls":4},72415.12]
[]
["4",null,null,"COBERTURA",{"$nulls":4},113303.05]
[]
["4.1",null,null,"FUNDAÇÃO - BLOCOS",{"$nulls":4},6548.27]
[]
["4.2",null,null,"FUNDAÇÃO - VIGAS BALDRAMES",{"$nulls":4},7822.47]
[]
["4.3",null,null,"ESTRUTURA METÁLICA",{"$nulls":4},98932.31]
[]
["5",null,null,"PAREDES / PAINÉIS / VEDAÇÃO",{"$nulls":4},180303.03]
[]
["6",null,null,"PINTURA",{"$nulls":4},7621.17]
[]
["7",null,null,"ESQUADRIAS",{"$nulls":4},37993.279999999999]
[]
["8",null,null,"INSTALAÇÕES ELÉTRICAS",{"$nulls":4},31654.66]
[]
[9,null,null,"INSTALAÇÕES SANITÁRIAS",{"$nulls":4},16085.39]
[]
[10,null,null,"INSTALAÇÕES HIDRÁULICAS",{"$nulls":4},42408.28]
[]
["11",null,null,"INSTALAÇÕES MECÂNICAS",{"$nulls":4},22301.8]
[]
["12",null,null,"EQUIPAMENTOS",{"$nulls":4},364212.49]
[]
["13",null,null,"LIMPEZA FINAL DA OBRA",{"$nulls":4},1339.52]
[]
["TOTAL GERAL C/ BDI INCLUSO (R$)",{"$nulls":7},991464.04]

{"sheet":"MEMÓRIA DE CÁLCULO","index":4,"n_rows":825,"n_cols":13,"rows_kept":825,"cut":false,"hidden":false,"merged":[[823,0,823,12],[819,0,819,12],[820,0,820,1],[821,0,821,1],[822,0,822,8],[810,1,810,12],[811,1,811,10],[812,1,812,10],[813,0,813,12],[814,0,814,1],[815,0,815,1],[816,0,816,8],[817,1,817,10],[818,1,818,10],[796,1,796,10],[797,1,797,10],[798,0,798,12],[799,0,799,1],[800,0,800,1],[801,0,801,8],[70,1,70,12],[63,0,63,1],[65,0,65,1],[66,0,66,1],[95,0,95,12],[96,0,96,1],[97,0,97,1],[75,0,75,1],[76,0,76,1],[80,1,80,10],[78,0,78,8],[79,1,79,10],[84,0,84,1],[77,0,77,1],[83,0,83,1],[558,0,558,8],[588,0,588,8],[596,1,596,10],[592,0,592,1],[567,0,567,12],[59,1,59,10],[69,0,69,8],[40,1,40,10],[41,1,41,10],[42,0,42,1],[43,0,43,1],[61,0,61,12],[67,0,67,1],[68,0,68,1],[60,1,60,10],[62,0,62,1],[64,0,64,1],[135,0,135,12],[136,0,136,1],[137,0,137,1],[138,0,138,8],[139,1,139,10],[140,1,140,10],[188,1,188,10],[189,1,189,10],[190,0,190,12],[161,0,161,1],[158,1,158,10],[164,0,164,1],[165,0,165,1],[159,1,159,10],[160,0,160,12],[174,0,174,1],[141,0,141,12],[153,0,153,12],[156,0,156,8],[142,0,142,1],[171,0,171,1],[168,1,168,10],[152,1,152,10],[170,0,170,1],[143,0,143,1],[144,0,144,8],[145,1,145,10],[146,1,146,10],[147,0,147,12],[148,0,148,1],[149,0,149,1],[150,0,150,8],[151,1,151,10],[220,0,220,8],[489,0,489,1],[154,0,154,1],[155,0,155,1],[173,0,173,1],[231,1,231,12],[373,1,373,10],[487,1,487,10],[464,0,464,12],[467,0,467,8],[468,1,468,10],[469,1,469,10],[470,0,470,12],[473,0,473,8],[465,0,465,1],[479,0,479,8],[480,1,480,10],[482,0,482,12],[483,0,483,1],[425,0,425,8],[458,0,458,12],[162,0,162,1],[488,0,488,12],[166,0,166,8],[659,0,659,1],[660,0,660,1],[653,0,653,1],[654,0,654,1],[656,1,656,10],[657,1,657,10],[658,0,658,12],[652,0,652,12],[655,0,655,8],[634,0,634,12],[637,0,637,8],[635,0,635,1],[636,0,636,1],[632,1,632,10],[611,0,611,1],[612,0,612,1],[617,0,617,1],[618,0,618,1],[629,0,629,1],[619,0,619,8],[616,0,616,12],[614,1,614,10],[615,1,615,10],[789,0,789,8],[788,0,788,1],[742,1,742,10],[783,0,783,8],[781,0,781,1],[782,0,782,1],[777,0,777,8],[780,0,780,12],[778,1,778,10],[769,0,769,1],[764,0,764,1],[765,0,765,8],[766,1,766,10],[767,1,767,10],[752,0,752,1],[759,0,759,8],[756,0,756,12],[757,0,757,1],[758,0,758,1],[749,1,749,10],[750,0,750,12],[661,0,661,8],[743,1,743,10],[687,0,687,8],[775,0,775,1],[776,0,776,1],[784,1,784,10],[785,1,785,10],[786,0,786,12],[787,0,787,1],[779,1,779,10],[771,0,771,8],[760,1,760,10],[761,1,761,10],[762,0,762,12],[763,0,763,1],[772,1,772,10],[773,1,773,10],[774,0,774,12],[768,0,768,12],[770,0,770,1],[693,0,693,8],[702,0,702,12],[683,1,683,10],[721,0,721,1],[649,0,649,8],[559,1,559,10],[560,1,560,10],[561,0,561,12],[568,0,568,1],[569,0,569,1],[591,0,591,12],[570,0,570,8],[571,1,571,10],[572,1,572,10],[573,0,573,12],[565,1,565,10],[566,1,566,10],[564,0,564,8],[598,0,598,1],[583,1,583,10],[589,1,589,10],[599,0,599,1],[590,1,590,10],[584,1,584,10],[585,0,585,12],[587,0,587,1],[626,1,626,10],[633,1,633,10],[651,1,651,10],[639,1,639,10],[640,0,640,12],[643,0,643,8],[644,1,644,10],[645,1,645,10],[648,0,648,1],[603,1,603,10],[604,0,604,12],[638,1,638,10],[641,0,641,1],[642,0,642,1],[647,0,647,1],[606,0,606,1],[625,0,625,8],[631,0,631,8],[610,0,610,12],[613,0,613,8],[630,0,630,1],[605,0,605,1],[627,1,627,10],[628,0,628,12],[650,1,650,10],[646,0,646,12],[562,0,562,1],[563,0,563,1],[580,0,580,1],[581,0,581,1],[582,0,582,8],[595,1,595,10],[597,0,597,12],[600,0,600,8],[624,0,624,1],[620,1,620,10],[593,0,593,1],[594,0,594,8],[601,1,601,12],[602,1,602,10],[609,1,609,10],[608,1,608,10],[607,0,607,8],[574,0,574,1],[575,0,575,1],[576,0,576,8],[577,1,577,10],[578,1,578,10],[579,0,579,12],[586,0,586,1],[532,0,532,1],[533,0,533,1],[538,0,538,1],[539,0,539,1],[544,0,544,1],[534,0,534,8],[535,1,535,10],[536,1,536,10],[537,0,537,12],[540,0,540,8],[541,1,541,10],[542,1,542,10],[543,0,543,12],[545,0,545,1],[550,0,550,1],[551,0,551,1],[556,0,556,1],[557,0,557,1],[546,0,546,8],[548,1,548,10],[547,1,547,10],[491,0,491,8],[549,0,549,12],[552,0,552,8],[553,1,553,10],[531,0,531,12],[515,0,515,1],[520,0,520,1],[521,0,521,1],[526,0,526,1],[527,0,527,1],[516,0,516,8],[517,1,517,10],[518,1,518,10],[519,0,519,12],[522,0,522,8],[523,1,523,10],[528,0,528,8],[529,1,529,10],[530,1,530,10],[492,1,492,10],[493,1,493,10],[494,0,494,12],[439,1,439,10],[474,1,474,10],[475,1,475,10],[503,0,503,1],[508,0,508,1],[509,0,509,1],[514,0,514,1],[512,1,512,10],[513,0,513,12],[499,1,499,10],[500,1,500,10],[501,0,501,12],[504,0,504,8],[505,1,505,10],[506,1,506,10],[507,0,507,12],[495,0,495,1],[440,0,440,12],[459,0,459,1],[524,1,524,10],[525,0,525,12],[428,0,428,12],[431,0,431,8],[432,1,432,10],[433,1,433,10],[434,0,434,12],[429,0,429,1],[430,0,430,1],[510,0,510,8],[511,1,511,10],[502,0,502,1],[486,1,486,10],[490,0,490,1],[496,0,496,1],[497,0,497,8],[476,0,476,12],[435,0,435,1],[455,0,455,8],[456,1,456,10],[457,1,457,10],[454,0,454,1],[447,0,447,1],[448,0,448,1],[445,1,445,10],[446,0,446,12],[416,0,416,12],[436,0,436,1],[443,0,443,8],[444,1,444,10],[437,0,437,8],[453,0,453,1],[438,1,438,10],[410,0,410,12],[400,0,400,1],[405,0,405,1],[401,0,401,8],[426,1,426,10],[427,1,427,10],[157,1,157,12],[163,0,163,1],[310,1,310,10],[329,1,329,10],[309,0,309,8],[327,0,327,1],[316,0,316,8],[307,0,307,1],[326,0,326,1],[312,0,312,12],[317,1,317,10],[308,0,308,1],[322,0,322,8],[325,0,325,12],[323,1,323,10],[324,1,324,10],[311,1,311,10],[321,0,321,1],[252,0,252,1],[253,0,253,1],[187,0,187,8],[192,0,192,1],[196,0,196,8],[167,1,167,10],[169,0,169,12],[205,0,205,12],[207,0,207,1],[213,1,213,10],[175,0,175,8],[181,0,181,8],[182,1,182,10],[183,1,183,10],[172,0,172,1],[180,0,180,1],[178,0,178,12],[177,1,177,10],[179,0,179,1],[176,1,176,10],[184,0,184,12],[185,0,185,1],[186,0,186,1],[215,0,215,12],[203,0,203,1],[200,0,200,12],[341,1,341,12],[337,0,337,12],[333,0,333,1],[334,0,334,8],[332,0,332,1],[331,0,331,12],[338,0,338,1],[335,1,335,10],[216,0,216,1],[217,0,217,1],[261,0,261,1],[247,0,247,1],[237,0,237,1],[248,0,248,1],[243,0,243,1],[232,1,232,10],[233,1,233,10],[240,0,240,1],[241,0,241,1],[244,0,244,1],[228,0,228,1],[246,0,246,1],[230,0,230,8],[226,0,226,12],[194,0,194,1],[218,0,218,1],[221,1,221,10],[224,0,224,1],[225,0,225,1],[201,0,201,1],[212,0,212,8],[208,0,208,1],[209,0,209,1],[210,0,210,1],[211,0,211,1],[204,0,204,1],[202,0,202,1],[206,0,206,1],[229,0,229,1],[227,0,227,1],[214,1,214,10],[219,0,219,1],[222,1,222,10],[223,0,223,12],[198,1,198,10],[199,1,199,10],[825,0,825,12],[714,0,714,12],[366,1,366,10],[328,0,328,8],[330,1,330,10],[354,1,354,10],[355,1,355,10],[356,0,356,12],[715,0,715,1],[697,0,697,1],[699,0,699,8],[746,0,746,1],[747,0,747,8],[708,0,708,12],[388,0,388,1],[385,1,385,10],[724,1,724,10],[725,1,725,10],[731,1,731,10],[691,0,691,1],[692,0,692,1],[707,1,707,10],[713,1,713,10],[700,1,700,10],[345,0,345,1],[346,0,346,1],[690,0,690,12],[450,1,450,10],[451,1,451,10],[694,1,694,10],[477,0,477,1],[478,0,478,1],[423,0,423,1],[424,0,424,1],[420,1,420,10],[406,0,406,1],[421,1,421,10],[422,0,422,12],[402,1,402,10],[403,1,403,10],[404,0,404,12],[419,0,419,8],[407,0,407,8],[417,0,417,1],[418,0,418,1],[413,0,413,8],[408,1,408,10],[409,1,409,10],[71,1,71,10],[106,0,106,1],[107,0,107,1],[108,0,108,1],[134,1,134,10],[82,0,82,1],[191,0,191,1],[72,1,72,10],[73,0,73,12],[127,1,127,10],[128,1,128,10],[129,0,129,12],[74,0,74,1],[98,0,98,12],[99,0,99,1],[100,0,100,1],[101,0,101,8],[90,0,90,1],[91,0,91,1],[121,0,121,1],[125,1,125,12],[112,0,112,1],[118,1,118,10],[120,0,120,12],[81,0,81,12],[126,1,126,12],[197,1,197,12],[92,0,92,1],[111,0,111,12],[109,0,109,1],[86,1,86,10],[88,0,88,12],[105,0,105,1],[93,0,93,1],[89,0,89,1],[130,0,130,1],[122,0,122,1],[123,0,123,1],[119,1,119,10],[131,0,131,1],[133,1,133,10],[85,0,85,8],[87,1,87,10],[110,0,110,1],[102,1,102,10],[103,1,103,10],[104,0,104,12],[132,0,132,8],[1,0,1,12],[7,0,7,12],[8,1,8,12],[9,1,9,10],[10,1,10,10],[11,0,11,12],[12,0,12,1],[13,0,13,1],[14,0,14,8],[24,0,24,1],[25,0,25,1],[26,0,26,8],[33,1,33,10],[34,1,34,10],[35,0,35,12],[36,0,36,1],[27,1,27,10],[28,1,28,10],[29,0,29,12],[30,0,30,1],[31,0,31,1],[32,0,32,8],[15,1,15,10],[16,1,16,10],[17,0,17,12],[18,0,18,1],[19,0,19,1],[20,0,20,8],[21,1,21,10],[22,1,22,10],[23,0,23,12],[37,0,37,1],[39,0,39,8],[38,0,38,1],[44,0,44,8],[58,0,58,8],[55,0,55,1],[51,0,51,8],[46,1,46,10],[48,0,48,12],[45,1,45,12],[49,0,49,1],[50,0,50,1],[52,1,52,10],[53,1,53,10],[54,0,54,12],[56,0,56,1],[57,0,57,1],[117,0,117,8],[94,0,94,1],[124,0,124,8],[195,0,195,1],[193,0,193,1],[622,0,622,12],[623,0,623,1],[485,0,485,8],[498,1,498,12],[463,1,463,10],[452,0,452,12],[481,1,481,10],[484,0,484,1],[257,1,257,12],[554,1,554,10],[555,0,555,12],[342,1,342,10],[399,0,399,1],[395,0,395,8],[394,0,394,1],[392,0,392,12],[386,0,386,12],[411,0,411,1],[412,0,412,1],[415,1,415,10],[754,1,754,10],[755,1,755,10],[733,0,733,1],[735,0,735,8],[744,0,744,12],[736,1,736,10],[737,1,737,10],[738,0,738,12],[739,0,739,1],[740,0,740,1],[741,0,741,8],[753,0,753,8],[751,0,751,1],[748,1,748,10],[709,0,709,1],[681,1,681,12],[684,0,684,12],[685,0,685,1],[712,1,712,10],[688,1,688,10],[689,1,689,10],[674,1,674,12],[701,1,701,10],[675,1,675,10],[676,1,676,10],[677,0,677,12],[678,0,678,1],[682,1,682,10],[686,0,686,1],[679,0,679,1],[680,0,680,8],[704,0,704,1],[706,1,706,10],[703,0,703,1],[710,0,710,1],[705,0,705,8],[695,1,695,10],[696,0,696,12],[698,0,698,1],[728,0,728,1],[745,0,745,1],[729,0,729,8],[722,0,722,1],[723,0,723,8],[716,0,716,1],[720,0,720,12],[718,1,718,10],[719,1,719,10],[717,0,717,8],[734,0,734,1],[732,0,732,12],[727,0,727,1],[726,0,726,12],[730,1,730,10],[711,0,711,8],[263,0,263,1],[245,0,245,1],[234,0,234,12],[235,0,235,1],[249,0,249,1],[238,0,238,1],[397,1,397,10],[398,0,398,12],[344,0,344,12],[239,0,239,1],[361,1,361,10],[362,0,362,12],[365,0,365,8],[298,0,298,1],[236,0,236,1],[250,0,250,1],[251,0,251,12],[290,0,290,1],[273,0,273,1],[357,0,357,1],[377,0,377,8],[378,1,378,10],[288,0,288,1],[287,0,287,12],[295,0,295,1],[306,0,306,1],[303,1,303,10],[664,0,664,12],[665,0,665,1],[666,0,666,1],[297,0,297,12],[667,0,667,8],[668,1,668,10],[320,0,320,1],[367,1,367,10],[368,0,368,12],[371,0,371,8],[372,1,372,10],[369,0,369,1],[370,0,370,1],[360,1,360,10],[343,1,343,10],[375,0,375,1],[376,0,376,1],[396,1,396,10],[390,1,390,10],[391,1,391,10],[389,0,389,8],[289,0,289,1],[339,0,339,1],[340,0,340,8],[472,0,472,1],[260,0,260,12],[286,0,286,1],[258,1,258,10],[256,0,256,8],[280,1,280,10],[267,0,267,1],[272,0,272,12],[285,0,285,1],[283,0,283,1],[270,0,270,1],[284,0,284,1],[282,0,282,12],[279,0,279,8],[274,0,274,1],[275,0,275,12],[276,0,276,1],[277,0,277,1],[278,0,278,1],[281,1,281,10],[269,0,269,1],[262,0,262,1],[265,0,265,12],[271,0,271,1],[268,0,268,1],[824,0,824,12],[5,0,5,12],[2,0,2,12],[3,0,3,12],[803,1,803,10],[806,0,806,1],[804,1,804,10],[805,0,805,12],[807,0,807,1],[808,0,808,8],[319,0,319,12],[113,0,113,1],[114,0,114,12],[115,0,115,1],[116,0,116,1],[242,0,242,1],[264,0,264,1],[259,1,259,10],[790,1,790,10],[791,1,791,10],[793,0,793,1],[255,0,255,1],[266,0,266,1],[254,0,254,1],[318,1,318,10],[802,1,802,12],[794,0,794,1],[795,0,795,8],[301,0,301,8],[291,0,291,1],[315,0,315,1],[293,0,293,1],[296,0,296,1],[313,0,313,1],[314,0,314,1],[299,0,299,1],[300,0,300,1],[294,0,294,12],[304,1,304,10],[302,1,302,12],[305,0,305,12],[336,1,336,10],[292,0,292,1],[792,0,792,12],[347,0,347,8],[348,1,348,10],[349,1,349,10],[350,0,350,12],[351,0,351,1],[352,0,352,1],[353,0,353,8],[358,0,358,1],[393,0,393,1],[382,0,382,1],[359,0,359,8],[379,1,379,10],[374,0,374,12],[673,0,673,8],[669,1,669,10],[363,0,363,1],[364,0,364,1],[380,0,380,12],[383,0,383,8],[384,1,384,10],[381,0,381,1],[387,0,387,1],[670,0,670,12],[671,0,671,1],[672,0,672,1],[441,0,441,1],[442,0,442,1],[449,0,449,8],[471,0,471,1],[460,0,460,1],[466,0,466,1],[461,0,461,8],[462,1,462,10],[662,1,662,10],[663,1,663,10],[621,1,621,10],[414,1,414,10]]}
[]
[{"$f":"'ORC1'!D3","v":"MINISTÉRIO DA INTEGRAÇÃO E DO DESENVOLVIMENTO REGIONAL - MIDR"}]
[{"$f":"'ORC1'!D4","v":"COMPANHIA DE DESENVOLVIMENTO DOS VALES DO SÃO FRANCISCO E DO PARNAÍBA"}]
[{"$f":"'ORC1'!D5","v":"14ª SUPERINTENDÊNCIA REGIONAL"}]
[]
[{"$f":"'ORC1'!A20","v":"CONTRATAÇÃO DE SERVIÇOS DE ENGENHARIA, POR MEIO DO SISTEMA DE REGISTRO DE PREÇOS – SRP, PARA IMPLANTAÇÃO DE AGROINDÚSTRIAS DE LÁCTEOS EM COMUNIDADES RURAIS, NO ESTADO DO CEARÁ."}]
[]
["MEMÓRIA DE CÁLCULO - UNIDADE"]
[{"$f":"[203]ORÇAMENTO!A19","v":"1"},{"$f":"[203]ORÇAMENTO!D19","v":"SERVIÇOS PRELIMINARES"}]
["SUBITEM","DESCRIÇÃO",{"$nulls":9},"UNID.","QUANT."]
[{"$f":"'ORC1'!A25","v":"1.1"},{"$f":"'ORC1'!D25","v":"FORNECIMENTO E INSTALAÇÃO DE PLACA DE OBRA COM CHAPA GALVANIZADA E ESTRUTURA DE MADEIRA. AF_03/2022_PS"},{"$nulls":9},{"$f":"'ORC1'!E25","v":"M2"},{"$f":"ROUND(M15,2)","v":6}]
["QUANTITATIVO"]
["DESCRIÇÃO",{"$nulls":7},"EXTENSÃO","x","ALTURA","=","TOTAL "]
["PLACA DA OBRA",{"$nulls":7},3,"x",2,"=",{"$f":"ROUND(I14*K14,2)","v":6}]
[{"$nulls":9},"●","TOTAL","=",{"$f":"ROUND(SUM(M14),2)","v":6}]
["SUBITEM","DESCRIÇÃO",{"$nulls":9},"UNID.","QUANT."]
[{"$f":"'ORC1'!A26","v":"1.2"},{"$f":"'ORC1'!D26","v":"ADMISTRAÇÃO LOCAL"},{"$nulls":9},"UND",{"$f":"ROUND(M21,2)","v":1}]
["QUANTITATIVO"]
["DESCRIÇÃO",{"$nulls":9},"QUANT.","=","TOTAL "]
["ADMINISTRAÇÃO LOCAL",{"$nulls":9},1,"=",{"$f":"K20","v":1}]
[{"$nulls":9},"●","TOTAL","=",{"$f":"ROUND(SUM(M20),2)","v":1}]
["SUBITEM","DESCRIÇÃO",{"$nulls":9},"UNID.","QUANT."]
[{"$f":"'ORC1'!A27","v":"1.3"},{"$f":"'ORC1'!D27","v":"MOBILIZAÇÃO E DESMOBILIZAÇÃO"},{"$nulls":9},"UND",{"$f":"ROUND(M27,2)","v":1}]
["QUANTITATIVO"]
["DESCRIÇÃO",{"$nulls":9},"QUANT.","=","TOTAL "]
["MOBILIZAÇÃO E DESMOBILIZAÇÃO",{"$nulls":9},1,"=",{"$f":"K26","v":1}]
[{"$nulls":9},"●","TOTAL","=",{"$f":"ROUND(SUM(M26),2)","v":1}]
["SUBITEM","DESCRIÇÃO",{"$nulls":9},"UNID.","QUANT."]
[{"$f":"'ORC1'!A28","v":"1.4"},{"$f":"'ORC1'!D28","v":"Residencial (2,45% do CMCC - SINAPI)"},{"$nulls":9},"M²xMÊS",{"$f":"ROUND(M33,2)","v":100}]
["QUANTITATIVO"]
["DESCRIÇÃO",{"$nulls":7},"M²","x","MÊS","=","TOTAL "]
["CANTEIRO",{"$nulls":7},33.3309,null,3.0001000000000002,"=",{"$f":"ROUND((I32*K32),2)","v":100}]
[{"$nulls":9},"●","TOTAL","=",{"$f":"ROUND(SUM(M32),2)","v":100}]
["SUBITEM","DESCRIÇÃO",{"$nulls":9},"UNID.","QUANT."]
[{"$f":"'ORC1'!A29","v":"1.5"},{"$f":"'ORC1'!D29","v":"LOCAÇÃO CONVENCIONAL DE OBRA, UTILIZANDO GABARITO DE TÁBUAS CORRIDAS PONTALETADAS A CADA 1,50M - 2 UTILIZAÇÕES. AF_03/2024"},{"$nulls":9},{"$f":"'ORC1'!E29","v":"M"},{"$f":"M40","v":55}]
["QUANTITATIVO"]
["DESCRIÇÃO",{"$nulls":7},"EXTENSÃO","X","LADOS","=","TOTAL "]
["LADO 01",{"$nulls":7},13.1,null,2,"=",{"$f":"ROUNDUP(I38*K38,0)","v":27}]
["LADO 02",{"$nulls":7},13.8,null,2,"=",{"$f":"ROUNDUP(I39*K39,0)","v":28}]
[{"$nulls":9},"●","TOTAL","=",{"$f":"ROUND(SUM(M38:M39),2)","v":55}]
["SUBITEM","DESCRIÇÃO",{"$nulls":9},"UNID.","QUANT."]
[{"$f":"'ORC1'!A30","v":"1.6"},{"$f":"'ORC1'!D30","v":"LIMPEZA MECANIZADA DE CAMADA VEGETAL, VEGETAÇÃO E PEQUENAS ÁRVORES (DIÂMETRO DE TRONCO MENOR QUE 0,20 M), COM TRATOR DE ESTEIRAS. AF_03/2024"},{"$nulls":9},{"$f":"'ORC1'!E30","v":"M2"},{"$f":"M45","v":503.58}]
["DESCRIÇÃO",{"$nulls":7},"EXTENSÃO","x","LARGURA","=","TOTAL "]
["LIMPEZA DO TERRENO",{"$nulls":7},23.1,"x",21.8,"=",{"$f":"ROUND(I44*K44,2)","v":503.58}]
[{"$nulls":9},"●","TOTAL","=",{"$f":"ROUND(SUM(M44),2)","v":503.58}]
[{"$f":"'ORC1'!A31","v":"2"},{"$f":"'ORC1'!D31","v":"MOVIMENTAÇÃO DE TERRA / CONTENÇÃO"}]
["SUBITEM","DESCRIÇÃO",{"$nulls":9},"UNID.","QUANT."]
[{"$f":"'ORC1'!A32","v":"2.1"},{"$f":"'ORC1'!D32","v":"REGULARIZAÇÃO E COMPACTAÇÃO DE SUBLEITO DE SOLO PREDOMINANTEMENTE ARGILOSO, PARA OBRAS DE CONSTRUÇÃO DE PAVIMENTOS. AF_09/2024"},{"$nulls":9},{"$f":"'ORC1'!E32","v":"M2"},{"$f":"M51","v":503.58}]
["QUANTITATIVO"]
["DESCRIÇÃO",{"$nulls":7},"EXTENSÃO","x","LARGURA","=","TOTAL "]
["IMPLANTAÇÃO",{"$nulls":7},23.1,"x",21.8,"=",{"$f":"ROUND(I51*K51,2)","v":503.58}]
[{"$nulls":9},"●","TOTAL","=",{"$f":"ROUND(SUM(M50:M51),2)","v":503.58}]
["SUBITEM","DESCRIÇÃO",{"$nulls":9},"UNID.","QUANT."]
[{"$f":"'ORC1'!A33","v":"2.2"},{"$f":"'ORC1'!D33","v":"ESCAVAÇÃO MANUAL DE VALA. AF_09/2024"},{"$nulls":9},{"$f":"'ORC1'!E33","v":"M3"},{"$f":"ROUND(M59,2)","v":4.3099999999999996}]
["QUANTITATIVO"]
["DESCRIÇÃO",null,null,null,"EXTENSÃO","x","LARGURA","x","ALTURA","x","REPETIÇÃO","=","TOTAL "]
["EXTENSÃO 01",null,null,null,13.1,"x",0.2,"x",0.4,"x",2,"=",{"$f":"ROUND(E57*I57*G57*K57,2)","v":2.1}]
["EXTENSÃO 02",null,null,null,13.8,"x",0.2,"x",0.4,"x",2,"=",{"$f":"ROUND(E58*I58*G58*K58,2)","v":2.21}]
[{"$nulls":9},"●","TOTAL","=",{"$f":"ROUND(SUM(M57:M58),2)","v":4.3099999999999996}]
["SUBITEM","DESCRIÇÃO",{"$nulls":9},"UNID.","QUANT."]
[{"$f":"'ORC1'!A34","v":"2.3"},{"$f":"'ORC1'!D34","v":"ATERRO MANUAL DE VALAS COM AREIA PARA ATERRO. AF_08/2023"},{"$nulls":9},{"$f":"'ORC1'!E34","v":"M3"},{"$f":"ROUND(M70,2)","v":19.899999999999999}]
["QUANTITATIVO"]
["DESCRIÇÃO",{"$nulls":5},"EXTENSÃO","x","LARGURA","x","ALTURA","=","TOTAL "]
["RADIER EXTERNO - ÁREA 01",{"$nulls":5},13.1,"x",1,"x",0.02,"=",{"$f":"ROUND(G64*K64*I64,2)","v":0.26}]
["RADIER EXTERNO - ÁREA 02",{"$nulls":5},13.1,"x",1,"x",0.02,"=",{"$f":"ROUND(G65*K65*I65,2)","v":0.26}]
["RADIER EXTERNO - ÁREA 03",{"$nulls":5},11.8,"x",1,"x",0.02,"=",0.24]
["RADIER EXTERNO - ÁREA 04",{"$nulls":5},11.8,"x",1.5,"x",0.02,"=",0.35]
["RADIER EXTERNO - ÁREA 05",{"$nulls":5},11.8,"x",3,"x",0.02,"=",0.71]
["RADIER",{"$nulls":5},13.8,"x",13.1,"x",0.1,"=",{"$f":"ROUND(G69*K69*I69,2)","v":18.079999999999998}]
[{"$nulls":9},"●","TOTAL","=",{"$f":"ROUND(SUM(M64:M69),2)","v":19.899999999999999}]
[{"$f":"'ORC1'!A35","v":"3"},{"$f":"'ORC1'!D35","v":"PAVIMENTAÇÃO / PISO"}]
["SUBITEM","DESCRIÇÃO",{"$nulls":9},"UNID.","QUANT."]
[{"$f":"'ORC1'!A36","v":"3.1"},{"$f":"'ORC1'!D36","v":"EXECUÇÃO DE PAVIMENTO EM PEDRAS POLIÉDRICAS, REJUNTAMENTO COM ARGAMASSA TRAÇO 1:3 (CIMENTO E AREIA). AF_05/2020"},{"$nulls":9},{"$f":"'ORC1'!E36","v":"M2"},{"$f":"M79","v":322.8}]
["QUANTITATIVO"]
["DESCRIÇÃO",{"$nulls":5},"EXTENSÃO","x","LARGURA","x","REPETIÇÃO","=","TOTAL "]
["ENTORNO DA EDIFICAÇÃO - ÁREA 01",{"$nulls":5},23.1,"x",4,"x",2,"=",{"$f":"ROUND(G76*I76*K76,2)","v":184.8}]
["ENTORNO DA EDIFICAÇÃO - ÁREA 02",{"$nulls":5},13.8,"x",6,"x",1,"=",{"$f":"ROUND(G77*I77*K77,2)","v":82.8}]
["ENTORNO DA EDIFICAÇÃO - ÁREA 03",{"$nulls":5},13.8,"x",4,"x",1,"=",55.2]
[{"$nulls":9},"●","TOTAL","=",{"$f":"ROUND(SUM(M76:M78),2)","v":322.8}]
["SUBITEM","DESCRIÇÃO",{"$nulls":9},"UNID.","QUANT."]
[{"$f":"'ORC1'!A37","v":"3.2"},{"$f":"'ORC1'!D37","v":"ASSENTAMENTO DE GUIA (MEIO-FIO) EM TRECHO RETO, CONFECCIONADA EM CONCRETO PRÉ-FABRICADO, DIMENSÕES 100X15X13X30 CM (COMPRIMENTO X BASE INFERIOR X BASE SUPERIOR X ALTURA). AF_01/2024"},{"$nulls":9},{"$f":"'ORC1'!E37","v":"M"},{"$f":"M86","v":89.8}]
["QUANTITATIVO"]
["DESCRIÇÃO",{"$nulls":7},"EXTENSÃO","x","REPETIÇÃO","=","TOTAL "]
["PERÍMETRO - EXTENSÃO 01",{"$nulls":7},23.1,"x",2,"=",{"$f":"ROUND(I84*K84,2)","v":46.2}]
["PERÍMETRO - EXTENSÃO 02",{"$nulls":7},21.8,"x",2,"=",{"$f":"ROUND(I85*K85,2)","v":43.6}]
[{"$nulls":9},"●","TOTAL","=",{"$f":"ROUND(SUM(M84:M85),2)","v":89.8}]
["SUBITEM","DESCRIÇÃO",{"$nulls":9},"UNID.","QUANT."]
[{"$f":"'ORC1'!A38","v":"3.3"},{"$f":"'ORC1'!D38","v":"CAMADA SEPARADORA PARA EXECUÇÃO DE RADIER, PISO DE CONCRETO OU LAJE SOBRE SOLO, EM LONA PLÁSTICA. AF_09/2021"},{"$nulls":9},{"$f":"'ORC1'!E38","v":"M2"},100.1]
["QUANTITATIVO"]
["DESCRIÇÃO",{"$nulls":7},"EXTENSÃO","x","LARGURA","=","TOTAL "]
["RADIER EXTERNO - ÁREA 01",{"$nulls":7},13.1,"x",1,"=",13.1]
["RADIER EXTERNO - ÁREA 02",{"$nulls":7},13.1,"x",1,"=",13.1]
["RADIER EXTERNO - ÁREA 03",{"$nulls":7},11.8,"x",1,"=",11.8]
["RADIER EXTERNO - ÁREA 04",{"$nulls":7},11.8,"x",1.5,"=",17.7]
["RADIER EXTERNO - ÁREA 05",{"$nulls":7},11.8,"x",3,"=",35.4]
["QUANTITATIVO"]
["DESCRIÇÃO",{"$nulls":9},"ÁREA","=","TOTAL "]
["BASE CASTELO D'ÁGUA",{"$nulls":7},{"$f":"ROUND(SUM(I99:I124),2)","v":97.48},null,{"$f":"3.14*(1*2)","v":6.28},"=",{"$f":"ROUND(K98,2)","v":6.28}]
["QUANTITATIVO"]
["DESCRIÇÃO",{"$nulls":5},"EXTENSÃO","x","LARGURA","-","ÁREA","=","TOTAL "]
["ENTORNO CASTELO D'ÁGUA",{"$nulls":5},3,"x",3,"-",{"$f":"3.14*(1*2)","v":6.28},"=",{"$f":"ROUND((G101*I101)-K101,2)","v":2.72}]
[{"$nulls":9},"●","TOTAL","=",{"$f":"ROUND(SUM(M91:M95)+SUM(M98)+SUM(M101),2)","v":100.1}]
["SUBITEM","DESCRIÇÃO",{"$nulls":9},"UNID.","QUANT."]
[{"$f":"'ORC1'!A39","v":"3.4"},{"$f":"'ORC1'!D39","v":"EXECUÇÃO DE PASSEIO (CALÇADA) OU PISO DE CONCRETO COM CONCRETO MOLDADO IN LOCO, FEITO EM OBRA, ACABAMENTO CONVENCIONAL, ESPESSURA 8 CM, ARMADO. AF_08/2022"},{"$nulls":9},{"$f":"'ORC1'!E39","v":"M2"},{"$f":"M118","v":112.66}]
["QUANTITATIVO"]
["DESCRIÇÃO",{"$nulls":7},"EXTENSÃO","x","LARGURA","=","TOTAL "]
["RADIER EXTERNO - ÁREA 01",{"$nulls":7},13.1,"x",1,"=",{"$f":"ROUND(I107*K107,2)","v":13.1}]
["RADIER EXTERNO - ÁREA 02",{"$nulls":7},13.1,"x",1,"=",{"$f":"ROUND(I108*K108,2)","v":13.1}]
["RADIER EXTERNO - ÁREA 03",{"$nulls":7},11.8,"x",1,"=",11.8]
["RADIER EXTERNO - ÁREA 04",{"$nulls":7},11.8,"x",1.5,"=",17.7]
["RADIER EXTERNO - ÁREA 05",{"$nulls":7},11.8,"x",3,"=",35.4]
["QUANTITATIVO"]
["DESCRIÇÃO",{"$nulls":7},"ÁREA","x","REPETIÇÃO","=","TOTAL "]
["BASE CASTELO D'ÁGUA",{"$nulls":7},{"$f":"3.14*(1*2)","v":6.28},"x",3,"=",{"$f":"ROUND(I114*K114,2)","v":18.84}]
["QUANTITATIVO"]
["DESCRIÇÃO",{"$nulls":5},"EXTENSÃO","x","LARGURA","-","ÁREA","=","TOTAL "]
["ENTORNO CASTELO D'ÁGUA",{"$nulls":5},3,"x",3,"-",{"$f":"3.14*(1*2)","v":6.28},"=",{"$f":"ROUND((G117*I117)-K117,2)","v":2.72}]
[{"$nulls":9},"●","TOTAL","=",{"$f":"ROUND(SUM(M107:M111)+SUM(M114)+SUM(M117),2)","v":112.66}]
["SUBITEM","DESCRIÇÃO",{"$nulls":9},"UNID.","QUANT."]
[{"$f":"'ORC1'!A40","v":"3.5"},{"$f":"'ORC1'!D40","v":"EXECUÇÃO DE PISO INDUSTRIAL DE CONCRETO ARMADO, FCK = 20 MPA, ESPESSURA DE 20,0 CM. AF_04/2022"},{"$nulls":9},{"$f":"'ORC1'!E40","v":"M2"},{"$f":"M125","v":89.68}]
["QUANTITATIVO"]
["DESCRIÇÃO",{"$nulls":7},"EXTENSÃO","x","LARGURA","=","TOTAL "]
["BLOCO 01 - ÁREA 01",{"$nulls":7},11.8,"x",2.7,"=",{"$f":"ROUND(I123*K123,2)","v":31.86}]
["BLOCO 02 - ÁREA 01",{"$nulls":7},11.8,"x",4.9000000000000004,"=",{"$f":"ROUND(I124*K124,2)","v":57.82}]
[{"$nulls":9},"●","TOTAL","=",{"$f":"ROUND(SUM(M123:M124),2)","v":89.68}]
[{"$f":"'ORC1'!A41","v":"4"},{"$f":"'ORC1'!D41","v":"COBERTURA"}]
[{"$f":"'ORC1'!A42","v":"4.1"},{"$f":"'ORC1'!D42","v":"FUNDAÇÃO - BLOCOS"}]
["SUBITEM","DESCRIÇÃO",{"$nulls":9},"UNID.","QUANT."]
[{"$f":"'ORC1'!A43","v":"4.1.1"},{"$f":"'ORC1'!D43","v":"ESCAVAÇÃO MANUAL DE VALA. AF_09/2024"},{"$nulls":9},{"$f":"'ORC1'!E43","v":"M3"},{"$f":"M133","v":2.5}]
["QUANTITATIVO"]
["DESCRIÇÃO",null,null,null,"EXTENSÃO","x","LARGURA","x","ALTURA","x","REPETIÇÃO","=","TOTAL "]
["BLOCOS",null,null,null,0.5,"x",0.5,"x",0.5,"x",20,"=",{"$f":"ROUND(E132*G132*I132*K132,2)","v":2.5}]
[{"$nulls":9},"●","TOTAL","=",{"$f":"ROUND(SUM(M132:M132),2)","v":2.5}]
["SUBITEM","DESCRIÇÃO",{"$nulls":9},"UNID.","QUANT."]
[{"$f":"'ORC1'!A44","v":"4.1.2"},{"$f":"'ORC1'!D44","v":"PREPARO DE FUNDO DE VALA COM LARGURA MENOR QUE 1,5 M (ACERTO DO SOLO NATURAL). AF_08/2020"},{"$nulls":9},{"$f":"'ORC1'!E44","v":"M2"},{"$f":"M139","v":5}]
["QUANTITATIVO"]
["DESCRIÇÃO",{"$nulls":5},"EXTENSÃO","x","LARGURA","x","REPETIÇÃO","=","TOTAL "]
["BLOCOS",{"$nulls":5},0.5,"x",0.5,"x",20,"=",{"$f":"ROUND(G138*I138*K138,2)","v":5}]
[{"$nulls":9},"●","TOTAL","=",{"$f":"ROUND(SUM(M138:M138),2)","v":5}]
["SUBITEM","DESCRIÇÃO",{"$nulls":9},"UNID.","QUANT."]
[{"$f":"'ORC1'!A45","v":"4.1.3"},{"$f":"'ORC1'!D45","v":"ARMAÇÃO DE BLOCO UTILIZANDO AÇO CA-50 DE 10 MM - MONTAGEM. AF_01/2024"},{"$nulls":9},{"$f":"'ORC1'!E45","v":"KG"},{"$f":"M145","v":142.12}]
["QUANTITATIVO"]
["DESCRIÇÃO",{"$nulls":9},"QUANT.","=","TOTAL "]
["BLOCOS",{"$nulls":9},{"$f":"83.6*1.7","v":142.11999999999998},"=",{"$f":"ROUND(K144,2)","v":142.12}]
[{"$nulls":9},"●","TOTAL","=",{"$f":"ROUND(SUM(M144:M144),2)","v":142.12}]
["SUBITEM","DESCRIÇÃO",{"$nulls":9},"UNID.","QUANT."]
[{"$f":"'ORC1'!A46","v":"4.1.4"},{"$f":"'ORC1'!D46","v":"ARMAÇÃO DE BLOCO UTILIZANDO AÇO CA-60 DE 5 MM - MONTAGEM. AF_01/2024"},{"$nulls":9},{"$f":"'ORC1'!E46","v":"KG"},{"$f":"M151","v":94.62}]
["QUANTITATIVO"]
["DESCRIÇÃO",{"$nulls":9},"QUANT.","=","TOTAL "]
["BLOCOS",{"$nulls":9},{"$f":"55.66*1.7","v":94.621999999999986},"=",{"$f":"ROUND(K150,2)","v":94.62}]
[{"$nulls":9},"●","TOTAL","=",{"$f":"ROUND(SUM(M150:M150),2)","v":94.62}]
["SUBITEM","DESCRIÇÃO",{"$nulls":9},"UNID.","QUANT."]
[{"$f":"'ORC1'!A47","v":"4.1.5"},{"$f":"'ORC1'!D47","v":"CONCRETO FCK = 25MPA, TRAÇO 1:2,3:2,7 (EM MASSA SECA DE CIMENTO/ AREIA MÉDIA/ BRITA 1) - PREPARO MECÂNICO COM BETONEIRA 400 L. AF_05/2021"},{"$nulls":9},{"$f":"'ORC1'!E47","v":"M3"},{"$f":"M157","v":2.5}]
["QUANTITATIVO"]
["DESCRIÇÃO",null,null,null,"EXTENSÃO","x","LARGURA","x","ALTURA","x","REPETIÇÃO","=","TOTAL "]
["BLOCOS",null,null,null,0.5,"x",0.5,"x",0.5,"x",20,"=",{"$f":"ROUND(E156*G156*I156*K156,2)","v":2.5}]
[{"$nulls":9},"●","TOTAL","=",{"$f":"ROUND(SUM(M156:M156),2)","v":2.5}]
[{"$f":"'ORC1'!A48","v":"4.2"},{"$f":"'ORC1'!D48","v":"FUNDAÇÃO - VIGAS BALDRAMES"}]
["SUBITEM","DESCRIÇÃO",{"$nulls":9},"UNID.","QUANT."]
[{"$f":"'ORC1'!A49","v":"4.2.1"},{"$f":"'ORC1'!D49","v":"ESCAVAÇÃO MANUAL DE VALA. AF_09/2024"},{"$nulls":9},{"$f":"'ORC1'!E49","v":"M3"},{"$f":"M167","v":5.31}]
["QUANTITATIVO"]
["DESCRIÇÃO",null,null,null,"EXTENSÃO","x","LARGURA","x","ALTURA","x","REPETIÇÃO","=","TOTAL "]
["BLOCO 01 - EXTENSÃO 01",null,null,null,11.8,"x",0.2,"x",0.4,"x",2,"=",{"$f":"ROUND(E163*G163*I163*K163,2)","v":1.89}]
["BLOCO 01 - EXTENSÃO 02",null,null,null,6.9,"x",0.2,"x",0.4,"x",2,"=",{"$f":"ROUND(E164*G164*I164*K164,2)","v":1.1000000000000001}]
["BLOCO 02 - EXTENSÃO 01",null,null,null,11.8,"x",0.2,"x",0.4,"x",2,"=",1.89]
["BLOCO 02 - EXTENSÃO 02",null,null,null,2.7,"x",0.2,"x",0.4,"x",2,"=",0.43]
[{"$nulls":9},"●","TOTAL","=",{"$f":"ROUND(SUM(M163:M166),2)","v":5.31}]
["SUBITEM","DESCRIÇÃO",{"$nulls":9},"UNID.","QUANT."]
[{"$f":"'ORC1'!A50","v":"4.2.2"},{"$f":"'ORC1'!D50","v":"PREPARO DE FUNDO DE VALA COM LARGURA MENOR QUE 1,5 M (ACERTO DO SOLO NATURAL). AF_08/2020"},{"$nulls":9},{"$f":"'ORC1'!E50","v":"M2"},{"$f":"M176","v":13.28}]
["QUANTITATIVO"]
["DESCRIÇÃO",{"$nulls":5},"EXTENSÃO","x","LARGURA","x","REPETIÇÃO","=","TOTAL "]
["BLOCO 01 - EXTENSÃO 01",{"$nulls":5},11.8,"x",0.2,"x",2,"=",{"$f":"ROUND(G172*I172*K172,2)","v":4.72}]
["BLOCO 01 - EXTENSÃO 02",{"$nulls":5},6.9,"x",0.2,"x",2,"=",{"$f":"ROUND(G173*I173*K173,2)","v":2.76}]
["BLOCO 02 - EXTENSÃO 01",{"$nulls":5},11.8,"x",0.2,"x",2,"=",4.72]
["BLOCO 02 - EXTENSÃO 02",{"$nulls":5},2.7,"x",0.2,"x",2,"=",1.08]
[{"$nulls":9},"●","TOTAL","=",{"$f":"ROUND(SUM(M172:M175),2)","v":13.28}]
["SUBITEM","DESCRIÇÃO",{"$nulls":9},"UNID.","QUANT."]
[{"$f":"'ORC1'!A51","v":"4.2.3"},{"$f":"'ORC1'!D51","v":"ARMAÇÃO DE SAPATA ISOLADA, VIGA BALDRAME E SAPATA CORRIDA UTILIZANDO AÇO CA-50 DE 8 MM - MONTAGEM. AF_01/2024"},{"$nulls":9},{"$f":"'ORC1'!E51","v":"KG"},{"$f":"M182","v":146.04}]
["QUANTITATIVO"]
["DESCRIÇÃO",{"$nulls":9},"QUANT.","=","TOTAL "]
["VIGAS",{"$nulls":9},{"$f":"121.7*1.2","v":146.04},"=",{"$f":"ROUND(K181,2)","v":146.04}]
[{"$nulls":9},"●","TOTAL","=",{"$f":"ROUND(SUM(M181:M181),2)","v":146.04}]
["SUBITEM","DESCRIÇÃO",{"$nulls":9},"UNID.","QUANT."]
[{"$f":"'ORC1'!A52","v":"4.2.4"},{"$f":"'ORC1'!D52","v":"ARMAÇÃO DE SAPATA ISOLADA, VIGA BALDRAME E SAPATA CORRIDA UTILIZANDO AÇO CA-60 DE 5 MM - MONTAGEM. AF_01/2024"},{"$nulls":9},{"$f":"'ORC1'!E52","v":"KG"},{"$f":"M188","v":62.89}]
["FORTALEZA/CE, JULHO DE 2024."]
["DESCRIÇÃO",{"$nulls":9},"QUANT.","=","TOTAL "]
["VIGAS",{"$nulls":9},{"$f":"52.41*1.2","v":62.891999999999996},"=",{"$f":"ROUND(K187,2)","v":62.89}]
[{"$nulls":9},"●","TOTAL","=",{"$f":"ROUND(SUM(M187:M187),2)","v":62.89}]
["SUBITEM","DESCRIÇÃO",{"$nulls":9},"UNID.","QUANT."]
[{"$f":"'ORC1'!A53","v":"4.2.5"},{"$f":"'ORC1'!D53","v":"CONCRETO FCK = 25MPA, TRAÇO 1:2,3:2,7 (EM MASSA SECA DE CIMENTO/ AREIA MÉDIA/ BRITA 1) - PREPARO MECÂNICO COM BETONEIRA 400 L. AF_05/2021"},{"$nulls":9},{"$f":"'ORC1'!E53","v":"M3"},{"$f":"M197","v":5.31}]
["QUANTITATIVO"]
["DESCRIÇÃO",null,null,null,"EXTENSÃO","x","LARGURA","x","ALTURA","x","REPETIÇÃO","=","TOTAL "]
["BLOCO 01 - EXTENSÃO 01",null,null,null,11.8,"x",0.2,"x",0.4,"x",2,"=",{"$f":"ROUND(E193*G193*I193*K193,2)","v":1.89}]
["BLOCO 01 - EXTENSÃO 02",null,null,null,6.9,"x",0.2,"x",0.4,"x",2,"=",{"$f":"ROUND(E194*G194*I194*K194,2)","v":1.1000000000000001}]
["BLOCO 02 - EXTENSÃO 01",null,null,null,11.8,"x",0.2,"x",0.4,"x",2,"=",1.89]
["BLOCO 02 - EXTENSÃO 02",null,null,null,2.7,"x",0.2,"x",0.4,"x",2,"=",0.43]
[{"$nulls":9},"●","TOTAL","=",{"$f":"ROUND(SUM(M193:M196),2)","v":5.31}]
[{"$f":"'ORC1'!A54","v":"4.3"},{"$f":"'ORC1'!D54","v":"ESTRUTURA METÁLICA"}]
["SUBITEM","DESCRIÇÃO",{"$nulls":9},"UNID.","QUANT."]
[{"$f":"'ORC1'!A55","v":"4.3.1"},{"$f":"'ORC1'!D55","v":"ESTRUTURA METÁLICA TRELIÇADA EM AÇO, EM MARQUISES"},{"$nulls":9},{"$f":"'ORC1'!E55","v":"M2"},{"$f":"M213","v":174.21}]
["QUANTITATIVO"]
["DESCRIÇÃO",{"$nulls":5},"EXTENSÃO","x","LARGURA","x","FATOR","=","TOTAL "]
["BLOCO 01 - ÁREA 01",{"$nulls":5},13,"x",4.1500000000000004,"x",1.0049999999999999,"=",{"$f":"ROUND(G203*I203*K203,2)","v":54.22}]
["BLOCO 02 - ÁREA 01",{"$nulls":5},13,"x",6.35,"x",1.0049999999999999,"=",{"$f":"ROUND(G204*I204*K204,2)","v":82.96}]
["BLOCO 02 - ÁREA 02",{"$nulls":5},8,"x",2,"x",1.0049999999999999,"=",16.079999999999998]
["QUANTITATIVO"]
["DESCRIÇÃO",{"$nulls":5},"LARGURA","x","ALTURA","x","REPETIÇÃO","=","TOTAL "]
["BLOCO 01 - LINHA DE PILARES 01",{"$nulls":5},0.3,"x",3.15,"x",5,"=",{"$f":"ROUND(G208*I208*K208,2)","v":4.7300000000000004}]
["BLOCO 01 - LINHA DE PILARES 02",{"$nulls":5},0.3,"x",3.43,"x",5,"=",{"$f":"ROUND(G209*I209*K209,2)","v":5.15}]
["BLOCO 02 - LINHA DE PILARES 01",{"$nulls":5},0.3,"x",4,"x",5,"=",6]
["BLOCO 02 - LINHA DE PILARES 02",{"$nulls":5},0.3,"x",3.5,"x",2,"=",2.1]
["BLOCO 02 - LINHA DE PILARES 03",{"$nulls":5},0.3,"x",3.3,"x",3,"=",2.97]
[{"$nulls":9},"●","TOTAL","=",{"$f":"ROUND(SUM(M203:M205)+SUM(M208:M212),2)","v":174.21}]
["SUBITEM","DESCRIÇÃO",{"$nulls":9},"UNID.","QUANT."]
[{"$f":"'ORC1'!A56","v":"4.3.2"},{"$f":"'ORC1'!D56","v":"TELHAMENTO COM TELHA METÁLICA TERMOACÚSTICA E = 30 MM, COM ATÉ 2 ÁGUAS, INCLUSO IÇAMENTO. AF_07/2019"},{"$nulls":9},{"$f":"'ORC1'!E56","v":"M2"},{"$f":"M221","v":153.26}]
["QUANTITATIVO"]
["DESCRIÇÃO",{"$nulls":5},"EXTENSÃO","x","LARGURA","x","FATOR","=","TOTAL "]
["BLOCO 01 - ÁREA 01",{"$nulls":5},13,"x",4.1500000000000004,"x",1.0049999999999999,"=",{"$f":"ROUND(G218*I218*K218,2)","v":54.22}]
["BLOCO 02 - ÁREA 01",{"$nulls":5},13,"x",6.35,"x",1.0049999999999999,"=",{"$f":"ROUND(G219*I219*K219,2)","v":82.96}]
["BLOCO 02 - ÁREA 02",{"$nulls":5},8,"x",2,"x",1.0049999999999999,"=",16.079999999999998]
[{"$nulls":9},"●","TOTAL","=",{"$f":"ROUND(SUM(M218:M220),2)","v":153.26}]
["SUBITEM","DESCRIÇÃO",{"$nulls":9},"UNID.","QUANT."]
[{"$f":"'ORC1'!A57","v":"4.3.3"},{"$f":"'ORC1'!D57","v":"TOLDO COM ESTRUTURA METÁLICA"},{"$nulls":9},{"$f":"'ORC1'!E57","v":"M2"},{"$f":"M231","v":5.45}]
["QUANTITATIVO"]
["DESCRIÇÃO",{"$nulls":7},"EXTENSÃO","x","LARGURA","=","TOTAL "]
["TOLDO - HORIZONTAL",{"$nulls":7},2.5,"x",1.2,"=",{"$f":"ROUND(I226*K226,2)","v":3}]
["QUANTITATIVO"]
["DESCRIÇÃO",{"$nulls":5},"EXTENSÃO","x","ALTURA","x","REPETIÇÃO","=","TOTAL "]
["TOLDO - VERTICAL",{"$nulls":5},2.5,"x",0.5,"x",1,"=",{"$f":"ROUND(G229*I229*K229,2)","v":1.25}]
["TOLDO - VERTICAL",{"$nulls":5},1.2,"x",0.5,"x",2,"=",{"$f":"ROUND(G230*I230*K230,2)","v":1.2}]
[{"$nulls":9},"●","TOTAL","=",{"$f":"ROUND(SUM(M226:M226)+SUM(M229:M230),2)","v":5.45}]
[{"$f":"'ORC1'!A58","v":"5"},{"$f":"'ORC1'!D58","v":"PAREDES / PAINÉIS / VEDAÇÃO"}]
["SUBITEM","DESCRIÇÃO",{"$nulls":9},"UNID.","QUANT."]
[{"$f":"'ORC1'!A59","v":"5.1"},{"$f":"'ORC1'!D59","v":"FORNECIMENTO E INSTALAÇÃO DE ISOPAINEL EPS 100 MM"},{"$nulls":9},{"$f":"'ORC1'!E59","v":"M2"},450.06]
["QUANTITATIVO"]
["DESCRIÇÃO",{"$nulls":5},"EXTENSÃO","x","ALTURA","x","REPETIÇÃO","=","TOTAL "]
["BLOCO 01 - EXTENSÃO 01",{"$nulls":5},11.8,"x",3.36,"x",1,"=",{"$f":"ROUND(G237*I237*K237,2)","v":39.65}]
["BLOCO 01 - EXTENSÃO 02",{"$nulls":5},2.2999999999999998,"x",3.43,"x",1,"=",7.89]
["BLOCO 01 - EXTENSÃO 03",{"$nulls":5},6.4,"x",3.49,"x",1,"=",22.34]
["BLOCO 01 - EXTENSÃO 04",{"$nulls":5},11.8,"x",3.62,"x",1,"=",42.72]
["BLOCO 01 - EXTENSÃO 05",{"$nulls":5},2.5,"x",{"$f":"(3.36+3.62)/2","v":3.49},"x",8,"=",69.8]
["BLOCO 01 - EXTENSÃO 06",{"$nulls":5},1,"x",{"$f":"(3.36+3.43)/2","v":3.395},"x",1,"=",3.4]
["BLOCO 02 - EXTENSÃO 01",{"$nulls":5},11.8,"x",4.24,"x",1,"=",50.03]
["BLOCO 02 - EXTENSÃO 02",{"$nulls":5},1.6,"x",4.1100000000000003,"x",1,"=",6.58]
["BLOCO 02 - EXTENSÃO 03",{"$nulls":5},1.6,"x",3.9,"x",1,"=",6.24]
["BLOCO 02 - EXTENSÃO 04",{"$nulls":5},2.75,"x",4.0599999999999996,"x",2,"=",22.33]
["BLOCO 02 - EXTENSÃO 05",{"$nulls":5},3.7,"x",3.97,"x",1,"=",14.69]
["BLOCO 02 - EXTENSÃO 06",{"$nulls":5},4.7,"x",{"$f":"(4.24+3.77)/2","v":4.0049999999999999},"x",4,"=",75.290000000000006]
["BLOCO 02 - EXTENSÃO 07",{"$nulls":5},2.1,"x",{"$f":"(3.97+3.77)/2","v":3.87},"x",3,"=",24.38]
["BLOCO 02 - EXTENSÃO 08",{"$nulls":5},1.8,"x",{"$f":"(4.24+4.06)/2","v":4.1500000000000004},"x",1,"=",7.47]
["BLOCO 02 - EXTENSÃO 09",{"$nulls":5},11.8,"x",3.77,"x",1,"=",44.49]
["QUANTITATIVO"]
["DESCRIÇÃO",{"$nulls":9},"ÁREA","=","TOTAL "]
["CÂMARA DE ARMAZENAMENTO",{"$nulls":9},4.68,"=",{"$f":"ROUND(K254,2)","v":4.68}]
["CÂMARA DE MATURAÇÃO",{"$nulls":9},4.68,"=",{"$f":"ROUND(K255,2)","v":4.68}]
["CÂMARA DE SALGA E SECAGEM",{"$nulls":9},3.4,"=",{"$f":"ROUND(K256,2)","v":3.4}]
[{"$nulls":9},"●","TOTAL","=",{"$f":"ROUND(SUM(M237:M251)+SUM(M254:M256),2)","v":450.06}]
[{"$f":"'ORC1'!A60","v":"6"},{"$f":"'ORC1'!D60","v":"PINTURA"}]
["SUBITEM","DESCRIÇÃO",{"$nulls":9},"UNID.","QUANT."]
[{"$f":"'ORC1'!A61","v":"6.1"},{"$f":"'ORC1'!D61","v":"PINTURA C/ PRIMER EPOXI EM ESTRUTURA DE AÇO CARBONO 25 MICRA C/REVÓLVER"},{"$nulls":9},{"$f":"'ORC1'!E61","v":"M2"},{"$f":"M280","v":179.66}]
["QUANTITATIVO"]
["DESCRIÇÃO",{"$nulls":5},"EXTENSÃO","x","LARGURA","x","FATOR","=","TOTAL "]
["BLOCO 01 - ÁREA 01",{"$nulls":5},13,"x",4.1500000000000004,"x",1.0049999999999999,"=",{"$f":"ROUND(G263*I263*K263,2)","v":54.22}]
["BLOCO 02 - ÁREA 01",{"$nulls":5},13,"x",6.35,"x",1.0049999999999999,"=",{"$f":"ROUND(G264*I264*K264,2)","v":82.96}]
["BLOCO 02 - ÁREA 02",{"$nulls":5},8,"x",2,"x",1.0049999999999999,"=",16.079999999999998]
["QUANTITATIVO"]
["DESCRIÇÃO",{"$nulls":5},"LARGURA","x","ALTURA","x","REPETIÇÃO","=","TOTAL "]
["BLOCO 01 - LINHA DE PILARES 01",{"$nulls":5},0.3,"x",3.15,"x",5,"=",{"$f":"ROUND(G268*I268*K268,2)","v":4.7300000000000004}]
["BLOCO 01 - LINHA DE PILARES 02",{"$nulls":5},0.3,"x",3.43,"x",5,"=",{"$f":"ROUND(G269*I269*K269,2)","v":5.15}]
["BLOCO 02 - LINHA DE PILARES 01",{"$nulls":5},0.3,"x",4,"x",5,"=",6]
["BLOCO 02 - LINHA DE PILARES 02",{"$nulls":5},0.3,"x",3.5,"x",2,"=",{"$f":"ROUND(G271*I271*K271,2)","v":2.1}]
["BLOCO 02 - LINHA DE PILARES 03",{"$nulls":5},0.3,"x",3.3,"x",3,"=",{"$f":"ROUND(G272*I272*K272,2)","v":2.97}]
["QUANTITATIVO"]
["DESCRIÇÃO",{"$nulls":7},"EXTENSÃO","x","LARGURA","=","TOTAL "]
["TOLDO - HORIZONTAL",{"$nulls":7},2.5,"x",1.2,"=",{"$f":"ROUND(I275*K275,2)","v":3}]
["QUANTITATIVO"]
["DESCRIÇÃO",{"$nulls":5},"EXTENSÃO","x","ALTURA","x","REPETIÇÃO","=","TOTAL "]
["TOLDO - VERTICAL",{"$nulls":5},2.5,"x",0.5,"x",1,"=",{"$f":"ROUND(G278*I278*K278,2)","v":1.25}]
["TOLDO - VERTICAL",{"$nulls":5},1.2,"x",0.5,"x",2,"=",{"$f":"ROUND(G279*I279*K279,2)","v":1.2}]
[{"$nulls":9},"●","TOTAL","=",{"$f":"ROUND(SUM(M263:M265)+SUM(M268:M272)+SUM(M275)+SUM(M278:M279),2)","v":179.66}]
["SUBITEM","DESCRIÇÃO",{"$nulls":9},"UNID.","QUANT."]
[{"$f":"'ORC1'!A62","v":"6.2"},{"$f":"'ORC1'!D62","v":"PINTURA C/ TINTA EPOXI EM ESTRUTURA DE AÇO CARBONO 50 MICRA C/REVÓLVER"},{"$nulls":9},{"$f":"'ORC1'!E62","v":"M2"},{"$f":"M302","v":179.66}]
["QUANTITATIVO"]
["DESCRIÇÃO",{"$nulls":5},"EXTENSÃO","x","LARGURA","x","FATOR","=","TOTAL "]
["BLOCO 01 - ÁREA 01",{"$nulls":5},13,"x",4.1500000000000004,"x",1.0049999999999999,"=",{"$f":"ROUND(G285*I285*K285,2)","v":54.22}]
["BLOCO 02 - ÁREA 01",{"$nulls":5},13,"x",6.35,"x",1.0049999999999999,"=",{"$f":"ROUND(G286*I286*K286,2)","v":82.96}]
["BLOCO 02 - ÁREA 02",{"$nulls":5},8,"x",2,"x",1.0049999999999999,"=",16.079999999999998]
["QUANTITATIVO"]
["DESCRIÇÃO",{"$nulls":5},"LARGURA","x","ALTURA","x","REPETIÇÃO","=","TOTAL "]
["BLOCO 01 - LINHA DE PILARES 01",{"$nulls":5},0.3,"x",3.15,"x",5,"=",{"$f":"ROUND(G290*I290*K290,2)","v":4.7300000000000004}]
["BLOCO 01 - LINHA DE PILARES 02",{"$nulls":5},0.3,"x",3.43,"x",5,"=",{"$f":"ROUND(G291*I291*K291,2)","v":5.15}]
["BLOCO 02 - LINHA DE PILARES 01",{"$nulls":5},0.3,"x",4,"x",5,"=",6]
["BLOCO 02 - LINHA DE PILARES 02",{"$nulls":5},0.3,"x",3.5,"x",2,"=",{"$f":"ROUND(G293*I293*K293,2)","v":2.1}]
["BLOCO 02 - LINHA DE PILARES 03",{"$nulls":5},0.3,"x",3.3,"x",3,"=",{"$f":"ROUND(G294*I294*K294,2)","v":2.97}]
["QUANTITATIVO"]
["DESCRIÇÃO",{"$nulls":7},"EXTENSÃO","x","LARGURA","=","TOTAL "]
["TOLDO - HORIZONTAL",{"$nulls":7},2.5,"x",1.2,"=",{"$f":"ROUND(I297*K297,2)","v":3}]
["QUANTITATIVO"]
["DESCRIÇÃO",{"$nulls":5},"EXTENSÃO","x","ALTURA","x","REPETIÇÃO","=","TOTAL "]
["TOLDO - VERTICAL",{"$nulls":5},2.5,"x",0.5,"x",1,"=",{"$f":"ROUND(G300*I300*K300,2)","v":1.25}]
["TOLDO - VERTICAL",{"$nulls":5},1.2,"x",0.5,"x",2,"=",{"$f":"ROUND(G301*I301*K301,2)","v":1.2}]
[{"$nulls":9},"●","TOTAL","=",{"$f":"ROUND(SUM(M285:M287)+SUM(M290:M294)+SUM(M297)+SUM(M300:M301),2)","v":179.66}]
[{"$f":"'ORC1'!A63","v":"7"},{"$f":"'ORC1'!D63","v":"ESQUADRIAS"}]
["SUBITEM","DESCRIÇÃO",{"$nulls":9},"UNID.","QUANT."]
[{"$f":"'ORC1'!A64","v":"7.1"},{"$f":"'ORC1'!D64","v":"PORTA EM ALUMÍNIO DE ABRIR TIPO VENEZIANA COM GUARNIÇÃO, FIXAÇÃO COM PARAFUSOS - FORNECIMENTO E INSTALAÇÃO. AF_12/2019"},{"$nulls":9},{"$f":"'ORC1'!E64","v":"M2"},{"$f":"ROUND(M310,2)","v":20.79}]
["QUANTITATIVO"]
["DESCRIÇÃO",{"$nulls":5},"LARGURA","x","ALTURA","x","REPETIÇÃO","=","TOTAL "]
["P1",{"$nulls":5},0.7,"x",2.1,"x",9,"=",{"$f":"ROUND((G308*I308*K308),2)","v":13.23}]
["P2",{"$nulls":5},0.6,"x",2.1,"x",6,"=",{"$f":"ROUND((G309*I309*K309),2)","v":7.56}]
[{"$nulls":9},"●","TOTAL","=",{"$f":"ROUND(SUM(M308:M309),2)","v":20.79}]
["SUBITEM","DESCRIÇÃO",{"$nulls":9},"UNID.","QUANT."]
[{"$f":"'ORC1'!A65","v":"7.2"},{"$f":"'ORC1'!D65","v":"PORTA EM ALUMÍNIO ANODIZADO NATURAL/FOSCO, DE CORRER, SEM BANDEIROLA E/OU PEITORIL, SEM VIDRO - FORNECIMENTO E MONTAGEM"},{"$nulls":9},{"$f":"'ORC1'!E65","v":"M2"},{"$f":"ROUND(M317,2)","v":10.08}]
["QUANTITATIVO"]
["DESCRIÇÃO",{"$nulls":5},"LARGURA","x","ALTURA","x","REPETIÇÃO","=","TOTAL "]
["P3",{"$nulls":5},0.7,"x",2.1,"x",4,"=",{"$f":"ROUND((G315*I315*K315),2)","v":5.88}]
["P4",{"$nulls":5},1,"x",2.1,"x",2,"=",{"$f":"ROUND((G316*I316*K316),2)","v":4.2}]
[{"$nulls":9},"●","TOTAL","=",{"$f":"ROUND(SUM(M315:M316),2)","v":10.08}]
["SUBITEM","DESCRIÇÃO",{"$nulls":9},"UNID.","QUANT."]
[{"$f":"'ORC1'!A66","v":"7.3"},{"$f":"'ORC1'!D66","v":"PORTA FRIGORÍFICA TERMO-ISOLANTE DE ACIONAMENTO MANUAL C/AQUECIMENTO. 2100X1000X150MM -( FORNECIMENTO"},{"$nulls":9},{"$f":"'ORC1'!E66","v":"UN"},{"$f":"M323","v":1}]
["QUANTITATIVO"]
["DESCRIÇÃO",{"$nulls":9},"QUANT.","=","TOTAL "]
["P6",{"$nulls":9},1,"=",{"$f":"ROUND((K322),2)","v":1}]
[{"$nulls":9},"●","TOTAL","=",{"$f":"ROUND(SUM(M322:M322),2)","v":1}]
["SUBITEM","DESCRIÇÃO",{"$nulls":9},"UNID.","QUANT."]
[{"$f":"'ORC1'!A67","v":"7.4"},{"$f":"'ORC1'!D67","v":"JANELA DE ALUMÍNIO DE CORRER COM 2 FOLHAS PARA VIDROS (VIDROS INCLUSOS), BATENTE/ REQUADRO 6 A 14 CM, ACABAMENTO COM ACETATO OU BRILHANTE, FIXAÇÃO COM PARAFUSO, SEM GUARNIÇÃO/ ALIZAR, DIMENSÕES 100X120 CM, VEDAÇÃO COM SILICONE, EXCLUSIVE CONTRAMARCO - FORNECIMENTO E INSTALAÇÃO. AF_11/2024"},{"$nulls":9},{"$f":"'ORC1'!E67","v":"M2"},{"$f":"M329","v":2.8}]
["QUANTITATIVO"]
["DESCRIÇÃO",{"$nulls":5},"LARGURA","x","ALTURA","x","REPETIÇÃO","=","TOTAL "]
["J1",{"$nulls":5},1.4,"x",1,"x",2,"=",{"$f":"ROUND((G328*I328*K328),2)","v":2.8}]
[{"$nulls":9},"●","TOTAL","=",{"$f":"ROUND(SUM(M328:M328),2)","v":2.8}]
["SUBITEM","DESCRIÇÃO",{"$nulls":9},"UNID.","QUANT."]
[{"$f":"'ORC1'!A68","v":"7.5"},{"$f":"'ORC1'!D68","v":"CAIXILHO FIXO DE ALUMÍNIO PARA VIDRO (VIDRO INCLUSO), BATENTE/ REQUADRO DE 4 A 14 CM, SEM GUARNIÇÃO/ ALIZAR, FIXAÇÃO COM PARAFUSOS, VEDAÇÃO COM SILICONE, EXCLUSIVE CONTRAMARCO - FORNECIMENTO E INSTALAÇÃO. AF_11/2024"},{"$nulls":9},{"$f":"'ORC1'!E68","v":"M2"},{"$f":"ROUND(M335,2)","v":8}]
["QUANTITATIVO"]
["DESCRIÇÃO",{"$nulls":5},"LARGURA","x","ALTURA","x","REPETIÇÃO","=","TOTAL "]
["J2",{"$nulls":5},1,"x",1,"x",8,"=",{"$f":"ROUND((G334*I334*K334),2)","v":8}]
[{"$nulls":9},"●","TOTAL","=",{"$f":"ROUND(SUM(M334:M334),2)","v":8}]
["SUBITEM","DESCRIÇÃO",{"$nulls":9},"UNID.","QUANT."]
[{"$f":"'ORC1'!A69","v":"7.6"},{"$f":"'ORC1'!D69","v":"JANELA DE ALUMÍNIO TIPO MAXIM-AR, BATENTE/ REQUADRO 3 A 14 CM, VIDRO INCLUSO, FIXAÇÃO COM PARAFUSO, SEM GUARNIÇÃO/ ALIZAR, DIMENSÕES 60X80 (A X L) CM, SEM ACABAMENTO, VEDAÇÃO COM SILICONE, EXCLUSIVE CONTRAMARCO - FORNECIMENTO E INSTALAÇÃO. AF_11/2024"},{"$nulls":9},{"$f":"'ORC1'!E69","v":"M2"},{"$f":"ROUND(M341,2)","v":1.44}]
["QUANTITATIVO"]
["DESCRIÇÃO",{"$nulls":5},"LARGURA","x","ALTURA","x","REPETIÇÃO","=","TOTAL "]
["J4",{"$nulls":5},0.6,"x",0.6,"x",4,"=",{"$f":"ROUND((G340*I340*K340),2)","v":1.44}]
[{"$nulls":9},"●","TOTAL","=",{"$f":"ROUND(SUM(M340:M340),2)","v":1.44}]
[{"$f":"'ORC1'!A70","v":"8"},{"$f":"'ORC1'!D70","v":"INSTALAÇÕES ELÉTRICAS"}]
["SUBITEM","DESCRIÇÃO",{"$nulls":9},"UNID.","QUANT."]
[{"$f":"'ORC1'!A71","v":"8.1"},{"$f":"'ORC1'!D71","v":"ENTRADA DE ENERGIA COM POSTE E ASSENTAMENTO                                                                                                                               "},{"$nulls":9},{"$f":"'ORC1'!E71","v":"UN"},{"$f":"M348","v":1}]
["QUANTITATIVO"]
["DESCRIÇÃO",{"$nulls":9},"QUANT.","=","TOTAL "]
["CONFORME PROJETO",{"$nulls":9},1,"=",{"$f":"ROUND((K347),2)","v":1}]
[{"$nulls":9},"●","TOTAL","=",{"$f":"ROUND(SUM(M347),2)","v":1}]
["SUBITEM","DESCRIÇÃO",{"$nulls":9},"UNID.","QUANT."]
[{"$f":"'ORC1'!A72","v":"8.2"},{"$f":"'ORC1'!D72","v":"QUADRO DE DISTRIBUIÇÃO DE ENERGIA EM CHAPA DE AÇO GALVANIZADO, DE SOBREPOR, COM BARRAMENTO TRIFÁSICO, PARA 18 DISJUNTORES DIN 100A - FORNECIMENTO E INSTALAÇÃO. AF_07/2025"},{"$nulls":9},{"$f":"'ORC1'!E72","v":"UN"},{"$f":"ROUND(M354,2)","v":2}]
["QUANTITATIVO"]
["DESCRIÇÃO",{"$nulls":9},"QUANT.","=","TOTAL "]
["CONFORME PROJETO",{"$nulls":9},2,"=",{"$f":"ROUND((K353),2)","v":2}]
[{"$nulls":9},"●","TOTAL","=",{"$f":"ROUND(SUM(M352:M353),2)","v":2}]
["SUBITEM","DESCRIÇÃO",{"$nulls":9},"UNID.","QUANT."]
[{"$f":"'ORC1'!A73","v":"8.3"},{"$f":"'ORC1'!D73","v":"CABO DE COBRE FLEXÍVEL ISOLADO, 2,5 MM², ANTI-CHAMA 0,6/1,0 KV, PARA CIRCUITOS TERMINAIS - FORNECIMENTO E INSTALAÇÃO. AF_03/2023"},{"$nulls":9},{"$f":"'ORC1'!E73","v":"M"},{"$f":"ROUND(M360,2)","v":5.8}]
["QUANTITATIVO"]
["DESCRIÇÃO",{"$nulls":9},"QUANT.","=","TOTAL "]
["CONFORME PROJETO",{"$nulls":9},5.8,"=",{"$f":"ROUND((K359),2)","v":5.8}]
[{"$nulls":9},"●","TOTAL","=",{"$f":"ROUND(SUM(M358:M359),2)","v":5.8}]
["SUBITEM","DESCRIÇÃO",{"$nulls":9},"UNID.","QUANT."]
[{"$f":"'ORC1'!A74","v":"8.4"},{"$f":"'ORC1'!D74","v":"CABO DE COBRE FLEXÍVEL ISOLADO, 4 MM², ANTI-CHAMA 0,6/1,0 KV, PARA CIRCUITOS TERMINAIS - FORNECIMENTO E INSTALAÇÃO. AF_03/2023"},{"$nulls":9},{"$f":"'ORC1'!E74","v":"M"},{"$f":"ROUND(M366,2)","v":284.27999999999997}]
["QUANTITATIVO"]
["DESCRIÇÃO",{"$nulls":9},"QUANT.","=","TOTAL "]
["CONFORME PROJETO",{"$nulls":9},{"$f":"101.4+182.88","v":284.27999999999997},"=",{"$f":"ROUND((K365),2)","v":284.27999999999997}]
[{"$nulls":9},"●","TOTAL","=",{"$f":"ROUND(SUM(M364:M365),2)","v":284.27999999999997}]
["SUBITEM","DESCRIÇÃO",{"$nulls":9},"UNID.","QUANT."]
[{"$f":"'ORC1'!A75","v":"8.5"},{"$f":"'ORC1'!D75","v":"CABO DE COBRE FLEXÍVEL ISOLADO, 1,5 MM², ANTI-CHAMA 450/750 V, PARA CIRCUITOS TERMINAIS - FORNECIMENTO E INSTALAÇÃO. AF_03/2023"},{"$nulls":9},{"$f":"'ORC1'!E75","v":"M"},{"$f":"ROUND(M372,2)","v":225.3}]
["QUANTITATIVO"]
["DESCRIÇÃO",{"$nulls":9},"QUANT.","=","TOTAL "]
["CONFORME PROJETO",{"$nulls":9},225.3,"=",{"$f":"ROUND((K371),2)","v":225.3}]
[{"$nulls":9},"●","TOTAL","=",{"$f":"ROUND(SUM(M370:M371),2)","v":225.3}]
["SUBITEM","DESCRIÇÃO",{"$nulls":9},"UNID.","QUANT."]
[{"$f":"'ORC1'!A76","v":"8.6"},{"$f":"'ORC1'!D76","v":"CABO DE COBRE FLEXÍVEL ISOLADO, 2,5 MM², ANTI-CHAMA 450/750 V, PARA CIRCUITOS TERMINAIS - FORNECIMENTO E INSTALAÇÃO. AF_03/2023"},{"$nulls":9},{"$f":"'ORC1'!E76","v":"M"},{"$f":"ROUND(M378,2)","v":409.3}]
["QUANTITATIVO"]
["DESCRIÇÃO",{"$nulls":9},"QUANT.","=","TOTAL "]
["CONFORME PROJETO",{"$nulls":9},409.3,"=",{"$f":"ROUND((K377),2)","v":409.3}]
[{"$nulls":9},"●","TOTAL","=",{"$f":"ROUND(SUM(M376:M377),2)","v":409.3}]
["SUBITEM","DESCRIÇÃO",{"$nulls":9},"UNID.","QUANT."]
[{"$f":"'ORC1'!A77","v":"8.7"},{"$f":"'ORC1'!D77","v":"CABO DE COBRE FLEXÍVEL ISOLADO, 10 MM², ANTI-CHAMA 450/750 V, PARA CIRCUITOS TERMINAIS - FORNECIMENTO E INSTALAÇÃO. AF_03/2023"},{"$nulls":9},{"$f":"'ORC1'!E77","v":"M"},{"$f":"ROUND(M384,2)","v":86.58}]
["QUANTITATIVO"]
["DESCRIÇÃO",{"$nulls":9},"QUANT.","=","TOTAL "]
["CONFORME PROJETO",{"$nulls":9},86.58,"=",{"$f":"ROUND((K383),2)","v":86.58}]
[{"$nulls":9},"●","TOTAL","=",{"$f":"ROUND(SUM(M382:M383),2)","v":86.58}]
["SUBITEM","DESCRIÇÃO",{"$nulls":9},"UNID.","QUANT."]
[{"$f":"'ORC1'!A78","v":"8.8"},{"$f":"'ORC1'!D78","v":"ELETRODUTO RÍGIDO ROSCÁVEL, PVC, DN 32 MM (1\"), PARA CIRCUITOS TERMINAIS, INSTALADO EM FORRO - FORNECIMENTO E INSTALAÇÃO. AF_03/2023"},{"$nulls":9},{"$f":"'ORC1'!E78","v":"M"},{"$f":"ROUND(M390,2)","v":18.8}]
["QUANTITATIVO"]
["DESCRIÇÃO",{"$nulls":9},"QUANT.","=","TOTAL "]
["CONFORME PROJETO",{"$nulls":9},18.8,"=",{"$f":"ROUND((K389),2)","v":18.8}]
[{"$nulls":9},"●","TOTAL","=",{"$f":"ROUND(SUM(M388:M389),2)","v":18.8}]
["SUBITEM","DESCRIÇÃO",{"$nulls":9},"UNID.","QUANT."]
[{"$f":"'ORC1'!A79","v":"8.9"},{"$f":"'ORC1'!D79","v":"ELETRODUTO RÍGIDO ROSCÁVEL, PVC, DN 25 MM (3/4\"), PARA CIRCUITOS TERMINAIS, INSTALADO EM FORRO - FORNECIMENTO E INSTALAÇÃO. AF_03/2023"},{"$nulls":9},{"$f":"'ORC1'!E79","v":"M"},{"$f":"ROUND(M396,2)","v":211.7}]
["QUANTITATIVO"]
["DESCRIÇÃO",{"$nulls":9},"QUANT.","=","TOTAL "]
["CONFORME PROJETO",{"$nulls":9},211.7,"=",{"$f":"ROUND((K395),2)","v":211.7}]
[{"$nulls":9},"●","TOTAL","=",{"$f":"ROUND(SUM(M394:M395),2)","v":211.7}]
["SUBITEM","DESCRIÇÃO",{"$nulls":9},"UNID.","QUANT."]
[{"$f":"'ORC1'!A80","v":"8.10"},{"$f":"'ORC1'!D80","v":"ELETRODUTO FLEXÍVEL LISO, PEAD, DN 40 MM (1 1/4\"), PARA CIRCUITOS TERMINAIS, INSTALADO EM FORRO - FORNECIMENTO E INSTALAÇÃO. AF_03/2023"},{"$nulls":9},{"$f":"'ORC1'!E80","v":"M"},{"$f":"M402","v":27.3}]
["QUANTITATIVO"]
["DESCRIÇÃO",{"$nulls":9},"QUANT.","=","TOTAL "]
["CONFORME PROJETO",{"$nulls":9},27.3,"=",{"$f":"ROUND((K401),2)","v":27.3}]
[{"$nulls":9},"●","TOTAL","=",{"$f":"ROUND(SUM(M400:M401),2)","v":27.3}]
["SUBITEM","DESCRIÇÃO",{"$nulls":9},"UNID.","QUANT."]
[{"$f":"'ORC1'!A81","v":"8.11"},{"$f":"'ORC1'!D81","v":"CAIXA ENTERRADA ELÉTRICA RETANGULAR, EM CONCRETO PRÉ-MOLDADO, FUNDO COM BRITA, DIMENSÕES INTERNAS: 0,3X0,3X0,3 M. AF_12/2020"},{"$nulls":9},{"$f":"'ORC1'!E81","v":"UN"},{"$f":"M408","v":4}]
["QUANTITATIVO"]
["DESCRIÇÃO",{"$nulls":9},"QUANT.","=","TOTAL "]
["CONFORME PROJETO",{"$nulls":9},4,"=",{"$f":"ROUND((K407),2)","v":4}]
[{"$nulls":9},"●","TOTAL","=",{"$f":"ROUND(SUM(M406:M407),2)","v":4}]
["SUBITEM","DESCRIÇÃO",{"$nulls":9},"UNID.","QUANT."]
[{"$f":"'ORC1'!A82","v":"8.12"},{"$f":"'ORC1'!D82","v":"DUTO PERFURADO - ELETROCALHA DE CHAPA DE AÇO (50X100)mm"},{"$nulls":9},{"$f":"'ORC1'!E82","v":"M"},{"$f":"ROUND(M414,2)","v":22.63}]
["QUANTITATIVO"]
["DESCRIÇÃO",{"$nulls":9},"QUANT.","=","TOTAL "]
["CONFORME PROJETO",{"$nulls":9},22.63,"=",{"$f":"ROUND((K413),2)","v":22.63}]
[{"$nulls":9},"●","TOTAL","=",{"$f":"ROUND(SUM(M412:M413),2)","v":22.63}]
["SUBITEM","DESCRIÇÃO",{"$nulls":9},"UNID.","QUANT."]
[{"$f":"'ORC1'!A83","v":"8.13"},{"$f":"'ORC1'!D83","v":"SUPORTE PARA ELETROCALHA LISA OU PERFURADA EM AÇO GALVANIZADO, LARGURA 800 MM, EM PERFILADO COM COMPRIMENTO DE 85 CM FIXADO EM LAJE, POR METRO DE ELETROCALHA FIXADA. AF_09/2023"},{"$nulls":9},{"$f":"'ORC1'!E83","v":"M"},{"$f":"ROUND(M420,2)","v":16}]
["QUANTITATIVO"]
["DESCRIÇÃO",{"$nulls":9},"QUANT.","=","TOTAL "]
["CONFORME PROJETO",{"$nulls":9},16,"=",{"$f":"ROUND((K419),2)","v":16}]
[{"$nulls":9},"●","TOTAL","=",{"$f":"ROUND(SUM(M418:M419),2)","v":16}]
["SUBITEM","DESCRIÇÃO",{"$nulls":9},"UNID.","QUANT."]
[{"$f":"'ORC1'!A84","v":"8.14"},{"$f":"'ORC1'!D84","v":"INTERRUPTOR SIMPLES (1 MÓDULO), 10A/250V, INCLUINDO SUPORTE E PLACA - FORNECIMENTO E INSTALAÇÃO. AF_03/2023"},{"$nulls":9},{"$f":"'ORC1'!E84","v":"UN"},{"$f":"ROUND(M426,2)","v":8}]
["QUANTITATIVO"]
["DESCRIÇÃO",{"$nulls":9},"QUANT.","=","TOTAL "]
["CONFORME PROJETO",{"$nulls":9},8,"=",{"$f":"ROUND((K425),2)","v":8}]
[{"$nulls":9},"●","TOTAL","=",{"$f":"ROUND(SUM(M424:M425),2)","v":8}]
["SUBITEM","DESCRIÇÃO",{"$nulls":9},"UNID.","QUANT."]
[{"$f":"'ORC1'!A85","v":"8.15"},{"$f":"'ORC1'!D85","v":"INTERRUPTOR SIMPLES (2 MÓDULOS), 10A/250V, INCLUINDO SUPORTE E PLACA - FORNECIMENTO E INSTALAÇÃO. AF_03/2023"},{"$nulls":9},{"$f":"'ORC1'!E85","v":"UN"},{"$f":"ROUND(M432,2)","v":1}]
["QUANTITATIVO"]
["DESCRIÇÃO",{"$nulls":9},"QUANT.","=","TOTAL "]
["CONFORME PROJETO",{"$nulls":9},1,"=",{"$f":"ROUND((K431),2)","v":1}]
[{"$nulls":9},"●","TOTAL","=",{"$f":"ROUND(SUM(M430:M431),2)","v":1}]
["SUBITEM","DESCRIÇÃO",{"$nulls":9},"UNID.","QUANT."]
[{"$f":"'ORC1'!A86","v":"8.16"},{"$f":"'ORC1'!D86","v":"TOMADA MÉDIA DE EMBUTIR (1 MÓDULO), 2P+T 10 A, INCLUINDO SUPORTE E PLACA - FORNECIMENTO E INSTALAÇÃO. AF_03/2023"},{"$nulls":9},{"$f":"'ORC1'!E86","v":"UN"},{"$f":"ROUND(M438,2)","v":10}]
["QUANTITATIVO"]
["DESCRIÇÃO",{"$nulls":9},"QUANT.","=","TOTAL "]
["CONFORME PROJETO",{"$nulls":9},10,"=",{"$f":"ROUND((K437),2)","v":10}]
[{"$nulls":9},"●","TOTAL","=",{"$f":"ROUND(SUM(M436:M437),2)","v":10}]
["SUBITEM","DESCRIÇÃO",{"$nulls":9},"UNID.","QUANT."]
[{"$f":"'ORC1'!A87","v":"8.17"},{"$f":"'ORC1'!D87","v":"DISJUNTOR MONOPOLAR TIPO DIN, CORRENTE NOMINAL DE 10A - FORNECIMENTO E INSTALAÇÃO. AF_07/2025"},{"$nulls":9},{"$f":"'ORC1'!E87","v":"UN"},{"$f":"ROUND(M444,2)","v":17}]
["QUANTITATIVO"]
["DESCRIÇÃO",{"$nulls":9},"QUANT.","=","TOTAL "]
["CONFORME PROJETO",{"$nulls":9},17,"=",{"$f":"ROUND((K443),2)","v":17}]
[{"$nulls":9},"●","TOTAL","=",{"$f":"ROUND(SUM(M442:M443),2)","v":17}]
["SUBITEM","DESCRIÇÃO",{"$nulls":9},"UNID.","QUANT."]
[{"$f":"'ORC1'!A88","v":"8.18"},{"$f":"'ORC1'!D88","v":"DISJUNTOR MONOPOLAR TIPO DIN, CORRENTE NOMINAL DE 16A - FORNECIMENTO E INSTALAÇÃO. AF_07/2025"},{"$nulls":9},{"$f":"'ORC1'!E88","v":"UN"},{"$f":"ROUND(M450,2)","v":6}]
["QUANTITATIVO"]
["DESCRIÇÃO",{"$nulls":9},"QUANT.","=","TOTAL "]
["CONFORME PROJETO",{"$nulls":9},6,"=",{"$f":"ROUND((K449),2)","v":6}]
[{"$nulls":9},"●","TOTAL","=",{"$f":"ROUND(SUM(M448:M449),2)","v":6}]
["SUBITEM","DESCRIÇÃO",{"$nulls":9},"UNID.","QUANT."]
[{"$f":"'ORC1'!A89","v":"8.19"},{"$f":"'ORC1'!D89","v":"DISJUNTOR TRIPOLAR TIPO DIN, CORRENTE NOMINAL DE 10A - FORNECIMENTO E INSTALAÇÃO. AF_07/2025"},{"$nulls":9},{"$f":"'ORC1'!E89","v":"UN"},{"$f":"ROUND(M456,2)","v":1}]
["QUANTITATIVO"]
["DESCRIÇÃO",{"$nulls":9},"QUANT.","=","TOTAL "]
["CONFORME PROJETO",{"$nulls":9},1,"=",{"$f":"ROUND((K455),2)","v":1}]
[{"$nulls":9},"●","TOTAL","=",{"$f":"ROUND(SUM(M454:M455),2)","v":1}]
["SUBITEM","DESCRIÇÃO",{"$nulls":9},"UNID.","QUANT."]
[{"$f":"'ORC1'!A90","v":"8.20"},{"$f":"'ORC1'!D90","v":"DISJUNTOR TRIPOLAR TIPO DIN, CORRENTE NOMINAL DE 63A - FORNECIMENTO E INSTALAÇÃO"},{"$nulls":9},{"$f":"'ORC1'!E90","v":"UN"},{"$f":"ROUND(M462,2)","v":1}]
["QUANTITATIVO"]
["DESCRIÇÃO",{"$nulls":9},"QUANT.","=","TOTAL "]
["CONFORME PROJETO",{"$nulls":9},1,"=",{"$f":"ROUND((K461),2)","v":1}]
[{"$nulls":9},"●","TOTAL","=",{"$f":"ROUND(SUM(M460:M461),2)","v":1}]
["SUBITEM","DESCRIÇÃO",{"$nulls":9},"UNID.","QUANT."]
[{"$f":"'ORC1'!A91","v":"8.21"},{"$f":"'ORC1'!D91","v":"DISPOSITIVO DR BIPOLAR DE 25 A/30 MA  - FORNECIMENTO E INSTALAÇÃO"},{"$nulls":9},{"$f":"'ORC1'!E91","v":"UN"},{"$f":"ROUND(M468,2)","v":2}]
["QUANTITATIVO"]
["DESCRIÇÃO",{"$nulls":9},"QUANT.","=","TOTAL "]
["CONFORME PROJETO",{"$nulls":9},2,"=",{"$f":"ROUND((K467),2)","v":2}]
[{"$nulls":9},"●","TOTAL","=",{"$f":"ROUND(SUM(M466:M467),2)","v":2}]
["SUBITEM","DESCRIÇÃO",{"$nulls":9},"UNID.","QUANT."]
[{"$f":"'ORC1'!A92","v":"8.22"},{"$f":"'ORC1'!D92","v":"DISPOSITIVO DPS CLASSE II, 1 POLO, 275 V, 20 KA - FORNECIMENTO E INSTALAÇÃO                                                                                                                               "},{"$nulls":9},{"$f":"'ORC1'!E92","v":"UN"},{"$f":"ROUND(M474,2)","v":8}]
["QUANTITATIVO"]
["DESCRIÇÃO",{"$nulls":9},"QUANT.","=","TOTAL "]
["CONFORME PROJETO",{"$nulls":9},8,"=",{"$f":"ROUND((K473),2)","v":8}]
[{"$nulls":9},"●","TOTAL","=",{"$f":"ROUND(SUM(M472:M473),2)","v":8}]
["SUBITEM","DESCRIÇÃO",{"$nulls":9},"UNID.","QUANT."]
[{"$f":"'ORC1'!A93","v":"8.23"},{"$f":"'ORC1'!D93","v":"LUMINÁRIA PRISMÁTICA PENDENTE, COM 1 LÂMPADA LED DE 20W "},{"$nulls":9},{"$f":"'ORC1'!E93","v":"UN"},{"$f":"M480","v":26}]
["QUANTITATIVO"]
["DESCRIÇÃO",{"$nulls":9},"QUANT.","=","TOTAL "]
["CONFORME PROJETO",{"$nulls":9},26,"=",{"$f":"ROUND((K479),2)","v":26}]
[{"$nulls":9},"●","TOTAL","=",{"$f":"ROUND(SUM(M478:M479),2)","v":26}]
["SUBITEM","DESCRIÇÃO",{"$nulls":9},"UNID.","QUANT."]
[{"$f":"'ORC1'!A94","v":"8.24"},{"$f":"'ORC1'!D94","v":"LUMINÁRIA ARANDELA TIPO TARTARUGA, DE SOBREPOR, COM 1 LÂMPADA LED DE 6 W, SEM REATOR - FORNECIMENTO E INSTALAÇÃO. AF_09/2024"},{"$nulls":9},{"$f":"'ORC1'!E94","v":"UN"},{"$f":"M486","v":6}]
["QUANTITATIVO"]
["DESCRIÇÃO",{"$nulls":9},"QUANT.","=","TOTAL "]
["CONFORME PROJETO",{"$nulls":9},51,"=",6]
[{"$nulls":9},"●","TOTAL","=",{"$f":"ROUND(SUM(M484:M485),2)","v":6}]
["SUBITEM","DESCRIÇÃO",{"$nulls":9},"UNID.","QUANT."]
[{"$f":"'ORC1'!A95","v":"8.25"},{"$f":"'ORC1'!D95","v":"CONDULETE DE ALUMÍNIO, TIPO X, PARA ELETRODUTO DE AÇO GALVANIZADO DN 20 MM (3/4''), APARENTE - FORNECIMENTO E INSTALAÇÃO. AF_10/2022"},{"$nulls":9},{"$f":"'ORC1'!E99","v":"M"},{"$f":"M492","v":20}]
["QUANTITATIVO"]
["DESCRIÇÃO",{"$nulls":9},"QUANT.","=","TOTAL "]
["CONDULETE DE ALUMÍNIO",{"$nulls":9},20,"=",{"$f":"K491","v":20}]
[{"$nulls":9},"●","TOTAL","=",{"$f":"ROUND(SUM(M490:M491),2)","v":20}]
["SUBITEM","DESCRIÇÃO",{"$nulls":9},"UNID.","QUANT."]
[{"$f":"'ORC1'!A96","v":"8.26"},{"$f":"'ORC1'!D96","v":"CONDULETE DE ALUMÍNIO, TIPO X, PARA ELETRODUTO DE AÇO GALVANIZADO DN 25 MM (1''), APARENTE - FORNECIMENTO E INSTALAÇÃO. AF_10/2022"},{"$nulls":9},{"$f":"'ORC1'!E105","v":"UN"},{"$f":"M498","v":8}]
["QUANTITATIVO"]
["DESCRIÇÃO",{"$nulls":9},"QUANT.","=","TOTAL "]
["CONDULETE DE ALUMÍNIO",{"$nulls":9},8,"=",{"$f":"K497","v":8}]
[{"$nulls":9},"●","TOTAL","=",{"$f":"ROUND(SUM(M496:M497),2)","v":8}]
[{"$f":"'ORC1'!A97","v":9},{"$f":"'ORC1'!D97","v":"INSTALAÇÕES SANITÁRIAS"}]
["SUBITEM","DESCRIÇÃO",{"$nulls":9},"UNID.","QUANT."]
[{"$f":"'ORC1'!A98","v":"9.1"},{"$f":"'ORC1'!D98","v":"TUBO PVC, SERIE NORMAL, ESGOTO PREDIAL, DN 40 MM, FORNECIDO E INSTALADO EM RAMAL DE DESCARGA OU RAMAL DE ESGOTO SANITÁRIO. AF_08/2022"},{"$nulls":9},{"$f":"'ORC1'!E98","v":"M"},{"$f":"ROUND(M505,2)","v":10.220000000000001}]
["QUANTITATIVO"]
["DESCRIÇÃO",{"$nulls":9},"QUANT.","=","TOTAL "]
["CONFORME PROJETO",{"$nulls":9},10.220000000000001,"=",{"$f":"ROUND(K504,2)","v":10.220000000000001}]
[{"$nulls":9},"●","TOTAL","=",{"$f":"ROUND(SUM(M503:M504),2)","v":10.220000000000001}]
["SUBITEM","DESCRIÇÃO",{"$nulls":9},"UNID.","QUANT."]
[{"$f":"'ORC1'!A99","v":"9.2"},{"$f":"'ORC1'!D99","v":"TUBO PVC, SERIE NORMAL, ESGOTO PREDIAL, DN 50 MM, FORNECIDO E INSTALADO EM RAMAL DE DESCARGA OU RAMAL DE ESGOTO SANITÁRIO. AF_08/2022"},{"$nulls":9},{"$f":"'ORC1'!E99","v":"M"},{"$f":"ROUND(M511,2)","v":26.12}]
["QUANTITATIVO"]
["DESCRIÇÃO",{"$nulls":9},"QUANT.","=","TOTAL "]
["CONFORME PROJETO",{"$nulls":9},26.12,"=",{"$f":"ROUND(K510,2)","v":26.12}]
[{"$nulls":9},"●","TOTAL","=",{"$f":"ROUND(SUM(M509:M510),2)","v":26.12}]
["SUBITEM","DESCRIÇÃO",{"$nulls":9},"UNID.","QUANT."]
[{"$f":"'ORC1'!A100","v":"9.3"},{"$f":"'ORC1'!D100","v":"TUBO PVC, SERIE NORMAL, ESGOTO PREDIAL, DN 75 MM, FORNECIDO E INSTALADO EM RAMAL DE DESCARGA OU RAMAL DE ESGOTO SANITÁRIO. AF_08/2022"},{"$nulls":9},{"$f":"'ORC1'!E100","v":"M"},{"$f":"ROUND(M517,2)","v":3.57}]
["QUANTITATIVO"]
["DESCRIÇÃO",{"$nulls":9},"QUANT.","=","TOTAL "]
["CONFORME PROJETO",{"$nulls":9},3.57,"=",{"$f":"ROUND(K516,2)","v":3.57}]
[{"$nulls":9},"●","TOTAL","=",{"$f":"ROUND(SUM(M515:M516),2)","v":3.57}]
["SUBITEM","DESCRIÇÃO",{"$nulls":9},"UNID.","QUANT."]
[{"$f":"'ORC1'!A101","v":"9.4"},{"$f":"'ORC1'!D101","v":"TUBO PVC, SERIE NORMAL, ESGOTO PREDIAL, DN 100 MM, FORNECIDO E INSTALADO EM RAMAL DE DESCARGA OU RAMAL DE ESGOTO SANITÁRIO. AF_08/2022"},{"$nulls":9},{"$f":"'ORC1'!E101","v":"M"},{"$f":"ROUND(M523,2)","v":39.43}]
["QUANTITATIVO"]
["DESCRIÇÃO",{"$nulls":9},"QUANT.","=","TOTAL "]
["CONFORME PROJETO",{"$nulls":9},39.43,"=",{"$f":"ROUND(K522,2)","v":39.43}]
[{"$nulls":9},"●","TOTAL","=",{"$f":"ROUND(SUM(M521:M522),2)","v":39.43}]
["SUBITEM","DESCRIÇÃO",{"$nulls":9},"UNID.","QUANT."]
[{"$f":"'ORC1'!A102","v":"9.5"},{"$f":"'ORC1'!D102","v":"CAIXA ENTERRADA HIDRÁULICA RETANGULAR EM ALVENARIA COM TIJOLOS CERÂMICOS MACIÇOS, DIMENSÕES INTERNAS: 0,6X0,6X0,6 M PARA REDE DE ESGOTO. AF_12/2020"},{"$nulls":9},{"$f":"'ORC1'!E102","v":"UN"},{"$f":"ROUND(M529,2)","v":6}]
["QUANTITATIVO"]
["DESCRIÇÃO",{"$nulls":9},"QUANT.","=","TOTAL "]
["CONFORME PROJETO",{"$nulls":9},6,"=",{"$f":"ROUND(K528,2)","v":6}]
[{"$nulls":9},"●","TOTAL","=",{"$f":"ROUND(SUM(M527:M528),2)","v":6}]
["SUBITEM","DESCRIÇÃO",{"$nulls":9},"UNID.","QUANT."]
[{"$f":"'ORC1'!A103","v":"9.6"},{"$f":"'ORC1'!D103","v":"RALO SIFONADO, PVC, DN 100 X 40 MM, JUNTA SOLDÁVEL, FORNECIDO E INSTALADO EM RAMAIS DE ENCAMINHAMENTO DE ÁGUA PLUVIAL. AF_06/2022"},{"$nulls":9},{"$f":"'ORC1'!E103","v":"UN"},{"$f":"ROUND(M535,2)","v":6}]
["QUANTITATIVO"]
["DESCRIÇÃO",{"$nulls":9},"QUANT.","=","TOTAL "]
["CONFORME PROJETO",{"$nulls":9},6,"=",{"$f":"ROUND(K534,2)","v":6}]
[{"$nulls":9},"●","TOTAL","=",{"$f":"ROUND(SUM(M533:M534),2)","v":6}]
["SUBITEM","DESCRIÇÃO",{"$nulls":9},"UNID.","QUANT."]
[{"$f":"'ORC1'!A104","v":"9.7"},{"$f":"'ORC1'!D104","v":"CAIXA SIFONADA, PVC, DN 100 X 100 X 50 MM, JUNTA ELÁSTICA, FORNECIDA E INSTALADA EM RAMAL DE DESCARGA OU EM RAMAL DE ESGOTO SANITÁRIO. AF_08/2022"},{"$nulls":9},{"$f":"'ORC1'!E104","v":"UN"},{"$f":"ROUND(M541,2)","v":8}]
["QUANTITATIVO"]
["DESCRIÇÃO",{"$nulls":9},"QUANT.","=","TOTAL "]
["CONFORME PROJETO",{"$nulls":9},8,"=",{"$f":"ROUND(K540,2)","v":8}]
[{"$nulls":9},"●","TOTAL","=",{"$f":"ROUND(SUM(M539:M540),2)","v":8}]
["SUBITEM","DESCRIÇÃO",{"$nulls":9},"UNID.","QUANT."]
[{"$f":"'ORC1'!A105","v":"9.8"},{"$f":"'ORC1'!D105","v":"SIFÃO DO TIPO FLEXÍVEL EM PVC 1 X 1.1/2 - FORNECIMENTO E INSTALAÇÃO. AF_01/2020"},{"$nulls":9},{"$f":"'ORC1'!E105","v":"UN"},{"$f":"ROUND(M547,2)","v":8}]
["QUANTITATIVO"]
["DESCRIÇÃO",{"$nulls":9},"QUANT.","=","TOTAL "]
["CONFORME PROJETO",{"$nulls":9},8,"=",{"$f":"ROUND(K546,2)","v":8}]
[{"$nulls":9},"●","TOTAL","=",{"$f":"ROUND(SUM(M545:M546),2)","v":8}]
["SUBITEM","DESCRIÇÃO",{"$nulls":9},"UNID.","QUANT."]
[{"$f":"'ORC1'!A106","v":"9.9"},{"$f":"'ORC1'!D106","v":"VÁLVULA EM METAL CROMADO 1.1/2\" X 1.1/2\" PARA TANQUE OU LAVATÓRIO, COM OU SEM LADRÃO - FORNECIMENTO E INSTALAÇÃO. AF_01/2020"},{"$nulls":9},{"$f":"'ORC1'!E106","v":"UN"},{"$f":"ROUND(M553,2)","v":4}]
["QUANTITATIVO"]
["DESCRIÇÃO",{"$nulls":9},"QUANT.","=","TOTAL "]
["CONFORME PROJETO",{"$nulls":9},4,"=",{"$f":"ROUND(K552,2)","v":4}]
[{"$nulls":9},"●","TOTAL","=",{"$f":"ROUND(SUM(M551:M552),2)","v":4}]
["SUBITEM","DESCRIÇÃO",{"$nulls":9},"UNID.","QUANT."]
[{"$f":"'ORC1'!A107","v":"9.10"},{"$f":"'ORC1'!D107","v":"VÁLVULA EM METAL CROMADO TIPO AMERICANA 3.1/2\" X 1.1/2\" PARA PIA - FORNECIMENTO E INSTALAÇÃO. AF_01/2020"},{"$nulls":9},{"$f":"'ORC1'!E107","v":"UN"},{"$f":"ROUND(M559,2)","v":3}]
["QUANTITATIVO"]
["DESCRIÇÃO",{"$nulls":9},"QUANT.","=","TOTAL "]
["CONFORME PROJETO",{"$nulls":9},3,"=",{"$f":"ROUND(K558,2)","v":3}]
[{"$nulls":9},"●","TOTAL","=",{"$f":"ROUND(SUM(M557:M558),2)","v":3}]
["SUBITEM","DESCRIÇÃO",{"$nulls":9},"UNID.","QUANT."]
[{"$f":"'ORC1'!A108","v":"9.11"},{"$f":"'ORC1'!D108","v":"FOSSA SÉPTICA E SUMIDOURO EM ALVENARIA"},{"$nulls":9},{"$f":"'ORC1'!E108","v":"UN"},{"$f":"ROUND(M565,2)","v":1}]
["QUANTITATIVO"]
["DESCRIÇÃO",{"$nulls":9},"QUANT.","=","TOTAL "]
["CONFORME PROJETO",{"$nulls":9},1,"=",{"$f":"ROUND(K564,2)","v":1}]
[{"$nulls":9},"●","TOTAL","=",{"$f":"ROUND(SUM(M563:M564),2)","v":1}]
["SUBITEM","DESCRIÇÃO",{"$nulls":9},"UNID.","QUANT."]
[{"$f":"'ORC1'!A109","v":"9.12"},{"$f":"'ORC1'!D109","v":"CURVA CURTA 90 GRAUS, PVC, SERIE NORMAL, ESGOTO PREDIAL, DN 40 MM, JUNTA SOLDÁVEL, FORNECIDO E INSTALADO EM RAMAL DE DESCARGA OU RAMAL DE ESGOTO SANITÁRIO. AF_08/2022"},{"$nulls":9},{"$f":"'ORC1'!E109","v":"UN"},{"$f":"ROUND(M571,2)","v":12}]
["QUANTITATIVO"]
["DESCRIÇÃO",{"$nulls":9},"QUANT.","=","TOTAL "]
["CONFORME PROJETO",{"$nulls":9},12,"=",{"$f":"ROUND(K570,2)","v":12}]
[{"$nulls":9},"●","TOTAL","=",{"$f":"ROUND(SUM(M569:M570),2)","v":12}]
["SUBITEM","DESCRIÇÃO",{"$nulls":9},"UNID.","QUANT."]
[{"$f":"'ORC1'!A110","v":"9.13"},{"$f":"'ORC1'!D110","v":"JOELHO 90 GRAUS, PVC, SERIE NORMAL, ESGOTO PREDIAL, DN 50 MM, JUNTA ELÁSTICA, FORNECIDO E INSTALADO EM RAMAL DE DESCARGA OU RAMAL DE ESGOTO SANITÁRIO. AF_08/2022"},{"$nulls":9},{"$f":"'ORC1'!E110","v":"UN"},{"$f":"ROUND(M577,2)","v":9}]
["QUANTITATIVO"]
["DESCRIÇÃO",{"$nulls":9},"QUANT.","=","TOTAL "]
["CONFORME PROJETO",{"$nulls":9},9,"=",{"$f":"ROUND(K576,2)","v":9}]
[{"$nulls":9},"●","TOTAL","=",{"$f":"ROUND(SUM(M575:M576),2)","v":9}]
["SUBITEM","DESCRIÇÃO",{"$nulls":9},"UNID.","QUANT."]
[{"$f":"'ORC1'!A111","v":"9.14"},{"$f":"'ORC1'!D111","v":"CURVA CURTA 90 GRAUS, PVC, SERIE NORMAL, ESGOTO PREDIAL, DN 100 MM, JUNTA ELÁSTICA, FORNECIDO E INSTALADO EM RAMAL DE DESCARGA OU RAMAL DE ESGOTO SANITÁRIO. AF_08/2022"},{"$nulls":9},{"$f":"'ORC1'!E111","v":"UN"},{"$f":"ROUND(M583,2)","v":2}]
["QUANTITATIVO"]
["DESCRIÇÃO",{"$nulls":9},"QUANT.","=","TOTAL "]
["CONFORME PROJETO",{"$nulls":9},2,"=",{"$f":"ROUND(K582,2)","v":2}]
[{"$nulls":9},"●","TOTAL","=",{"$f":"ROUND(SUM(M581:M582),2)","v":2}]
["SUBITEM","DESCRIÇÃO",{"$nulls":9},"UNID.","QUANT."]
[{"$f":"'ORC1'!A112","v":"9.15"},{"$f":"'ORC1'!D112","v":"JUNÇÃO SIMPLES, PVC, SERIE NORMAL, ESGOTO PREDIAL, DN 50 X 50 MM, JUNTA ELÁSTICA, FORNECIDO E INSTALADO EM PRUMADA DE ESGOTO SANITÁRIO OU VENTILAÇÃO. AF_08/2022"},{"$nulls":9},{"$f":"'ORC1'!E112","v":"UN"},{"$f":"ROUND(M589,2)","v":1}]
["QUANTITATIVO"]
["DESCRIÇÃO",{"$nulls":9},"QUANT.","=","TOTAL "]
["CONFORME PROJETO",{"$nulls":9},1,"=",{"$f":"ROUND(K588,2)","v":1}]
[{"$nulls":9},"●","TOTAL","=",{"$f":"ROUND(SUM(M587:M588),2)","v":1}]
["SUBITEM","DESCRIÇÃO",{"$nulls":9},"UNID.","QUANT."]
[{"$f":"'ORC1'!A113","v":"9.16"},{"$f":"'ORC1'!D113","v":"JUNCAO SIMPLES DE REDUCAO, PVC, DN 100 X 50 MM, PARA ESGOTO PREDIAL - FORNECIMENTO E INSTALAÇÃO                                                                                                                                                                            "},{"$nulls":9},{"$f":"'ORC1'!E113","v":"UN"},{"$f":"ROUND(M595,2)","v":2}]
["QUANTITATIVO"]
["DESCRIÇÃO",{"$nulls":9},"QUANT.","=","TOTAL "]
["CONFORME PROJETO",{"$nulls":9},2,"=",{"$f":"ROUND(K594,2)","v":2}]
[{"$nulls":9},"●","TOTAL","=",{"$f":"ROUND(SUM(M593:M594),2)","v":2}]
["SUBITEM","DESCRIÇÃO",{"$nulls":9},"UNID.","QUANT."]
[{"$f":"'ORC1'!A114","v":"9.17"},{"$f":"'ORC1'!D114","v":"TE, PVC, SÉRIE NORMAL, ESGOTO PREDIAL, DN 100 X 50 MM, JUNTA ELÁSTICA, FORNECIDO E INSTALADO EM RAMAL DE DESCARGA OU RAMAL DE ESGOTO SANITÁRIO. AF_08/2022"},{"$nulls":9},{"$f":"'ORC1'!E114","v":"UN"},{"$f":"ROUND(M601,2)","v":2}]
["QUANTITATIVO"]
["DESCRIÇÃO",{"$nulls":9},"QUANT.","=","TOTAL "]
["CONFORME PROJETO",{"$nulls":9},2,"=",{"$f":"ROUND(K600,2)","v":2}]
[{"$nulls":9},"●","TOTAL","=",{"$f":"ROUND(SUM(M599:M600),2)","v":2}]
[{"$f":"'ORC1'!A115","v":10},{"$f":"'ORC1'!D115","v":"INSTALAÇÕES HIDRÁULICAS"}]
["SUBITEM","DESCRIÇÃO",{"$nulls":9},"UNID.","QUANT."]
[{"$f":"'ORC1'!A116","v":"10.1"},{"$f":"'ORC1'!D116","v":"TUBO, PVC, SOLDÁVEL, DE 32MM, INSTALADO EM RAMAL OU SUB-RAMAL DE ÁGUA - FORNECIMENTO E INSTALAÇÃO. AF_06/2022"},{"$nulls":9},{"$f":"'ORC1'!E116","v":"M"},{"$f":"ROUND(M608,2)","v":28.95}]
["QUANTITATIVO"]
["DESCRIÇÃO",{"$nulls":9},"QUANT.","=","TOTAL "]
["CONFORME PROJETO",{"$nulls":9},28.95,"=",{"$f":"ROUND(K607,2)","v":28.95}]
[{"$nulls":9},"●","TOTAL","=",{"$f":"ROUND(SUM(M606:M607),2)","v":28.95}]
["SUBITEM","DESCRIÇÃO",{"$nulls":9},"UNID.","QUANT."]
[{"$f":"'ORC1'!A117","v":"10.2"},{"$f":"'ORC1'!D117","v":"TUBO, PVC, SOLDÁVEL, DE 25MM, INSTALADO EM RAMAL OU SUB-RAMAL DE ÁGUA - FORNECIMENTO E INSTALAÇÃO. AF_06/2022"},{"$nulls":9},{"$f":"'ORC1'!E117","v":"M"},{"$f":"ROUND(M614,2)","v":28.42}]
["QUANTITATIVO"]
["DESCRIÇÃO",{"$nulls":9},"QUANT.","=","TOTAL "]
["CONFORME PROJETO",{"$nulls":9},28.42,"=",{"$f":"ROUND(K613,2)","v":28.42}]
[{"$nulls":9},"●","TOTAL","=",{"$f":"ROUND(SUM(M612:M613),2)","v":28.42}]
["SUBITEM","DESCRIÇÃO",{"$nulls":9},"UNID.","QUANT."]
[{"$f":"'ORC1'!A118","v":"10.3"},{"$f":"'ORC1'!D118","v":"TUBO, PVC, SOLDÁVEL, DE 50MM, INSTALADO EM PRUMADA DE ÁGUA - FORNECIMENTO E INSTALAÇÃO. AF_06/2022"},{"$nulls":9},{"$f":"'ORC1'!E118","v":"M"},{"$f":"ROUND(M620,2)","v":16.510000000000002}]
["QUANTITATIVO"]
["DESCRIÇÃO",{"$nulls":9},"QUANT.","=","TOTAL "]
["CONFORME PROJETO",{"$nulls":9},16.510000000000002,"=",{"$f":"ROUND(K619,2)","v":16.510000000000002}]
[{"$nulls":9},"●","TOTAL","=",{"$f":"ROUND(SUM(M618:M619),2)","v":16.510000000000002}]
["SUBITEM","DESCRIÇÃO",{"$nulls":9},"UNID.","QUANT."]
[{"$f":"'ORC1'!A119","v":"10.4"},{"$f":"'ORC1'!D119","v":"REGISTRO DE GAVETA BRUTO, LATÃO, ROSCÁVEL, 1\" - FORNECIMENTO E INSTALAÇÃO. AF_08/2021"},{"$nulls":9},{"$f":"'ORC1'!E119","v":"UN"},{"$f":"ROUND(M626,2)","v":2}]
["QUANTITATIVO"]
["DESCRIÇÃO",{"$nulls":9},"QUANT.","=","TOTAL "]
["CONFORME PROJETO",{"$nulls":9},2,"=",{"$f":"ROUND(K625,2)","v":2}]
[{"$nulls":9},"●","TOTAL","=",{"$f":"ROUND(SUM(M624:M625),2)","v":2}]
["SUBITEM","DESCRIÇÃO",{"$nulls":9},"UNID.","QUANT."]
[{"$f":"'ORC1'!A120","v":"10.5"},{"$f":"'ORC1'!D120","v":"REGISTRO DE PRESSÃO BRUTO, LATÃO, ROSCÁVEL, 3/4\", COM ACABAMENTO E CANOPLA CROMADOS - FORNECIMENTO E INSTALAÇÃO. AF_08/2021"},{"$nulls":9},{"$f":"'ORC1'!E120","v":"UN"},{"$f":"ROUND(M632,2)","v":2}]
["QUANTITATIVO"]
["DESCRIÇÃO",{"$nulls":9},"QUANT.","=","TOTAL "]
["CONFORME PROJETO",{"$nulls":9},2,"=",{"$f":"ROUND(K631,2)","v":2}]
[{"$nulls":9},"●","TOTAL","=",{"$f":"ROUND(SUM(M630:M631),2)","v":2}]
["SUBITEM","DESCRIÇÃO",{"$nulls":9},"UNID.","QUANT."]
[{"$f":"'ORC1'!A121","v":"10.6"},{"$f":"'ORC1'!D121","v":"REGISTRO DE GAVETA BRUTO, LATÃO, ROSCÁVEL, 3/4\", COM ACABAMENTO E CANOPLA CROMADOS - FORNECIMENTO E INSTALAÇÃO. AF_08/2021"},{"$nulls":9},{"$f":"'ORC1'!E121","v":"UN"},{"$f":"ROUND(M638,2)","v":8}]
["QUANTITATIVO"]
["DESCRIÇÃO",{"$nulls":9},"QUANT.","=","TOTAL "]
["CONFORME PROJETO",{"$nulls":9},8,"=",{"$f":"ROUND(K637,2)","v":8}]
[{"$nulls":9},"●","TOTAL","=",{"$f":"ROUND(SUM(M636:M637),2)","v":8}]
["SUBITEM","DESCRIÇÃO",{"$nulls":9},"UNID.","QUANT."]
[{"$f":"'ORC1'!A122","v":"10.7"},{"$f":"'ORC1'!D122","v":"TORNEIRA CROMADA TUBO MÓVEL, DE PAREDE, 1/2\" OU 3/4\", PARA PIA DE COZINHA, PADRÃO MÉDIO - FORNECIMENTO E INSTALAÇÃO. AF_01/2020"},{"$nulls":9},{"$f":"'ORC1'!E122","v":"UN"},{"$f":"ROUND(M644,2)","v":4}]
["QUANTITATIVO"]
["DESCRIÇÃO",{"$nulls":9},"QUANT.","=","TOTAL "]
["CONFORME PROJETO",{"$nulls":9},4,"=",{"$f":"ROUND(K643,2)","v":4}]
[{"$nulls":9},"●","TOTAL","=",{"$f":"ROUND(SUM(M642:M643),2)","v":4}]
["SUBITEM","DESCRIÇÃO",{"$nulls":9},"UNID.","QUANT."]
[{"$f":"'ORC1'!A123","v":"10.8"},{"$f":"'ORC1'!D123","v":"VASO SANITÁRIO SIFONADO COM CAIXA ACOPLADA LOUÇA BRANCA - FORNECIMENTO E INSTALAÇÃO. AF_01/2020"},{"$nulls":9},{"$f":"'ORC1'!E123","v":"UN"},{"$f":"ROUND(M650,2)","v":2}]
["QUANTITATIVO"]
["DESCRIÇÃO",{"$nulls":9},"QUANT.","=","TOTAL "]
["CONFORME PROJETO",{"$nulls":9},2,"=",{"$f":"ROUND(K649,2)","v":2}]
[{"$nulls":9},"●","TOTAL","=",{"$f":"ROUND(SUM(M648:M649),2)","v":2}]
["SUBITEM","DESCRIÇÃO",{"$nulls":9},"UNID.","QUANT."]
[{"$f":"'ORC1'!A124","v":"10.9"},{"$f":"'ORC1'!D124","v":"CHUVEIRO PLASTICO SIMPLES - FORNECIDO E INSTALADO"},{"$nulls":9},{"$f":"'ORC1'!E124","v":"UN"},{"$f":"ROUND(M656,2)","v":2}]
["QUANTITATIVO"]
["DESCRIÇÃO",{"$nulls":9},"QUANT.","=","TOTAL "]
["CONFORME PROJETO",{"$nulls":9},2,"=",{"$f":"ROUND(K655,2)","v":2}]
[{"$nulls":9},"●","TOTAL","=",{"$f":"ROUND(SUM(M654:M655),2)","v":2}]
["SUBITEM","DESCRIÇÃO",{"$nulls":9},"UNID.","QUANT."]
[{"$f":"'ORC1'!A125","v":"10.10"},{"$f":"'ORC1'!D125","v":"RESERVATÓRIO PRÉ MOLDADO ELEVADO CILÍNDRICO D=2,0M, CAP.=12,0M3, H=9,0M COMPLETO E CISTERNA CAP.=4,5 M3"},{"$nulls":9},{"$f":"'ORC1'!E125","v":"UN"},{"$f":"ROUND(M662,2)","v":1}]
["QUANTITATIVO"]
["DESCRIÇÃO",{"$nulls":9},"QUANT.","=","TOTAL "]
["CONFORME PROJETO",{"$nulls":9},1,"=",{"$f":"ROUND(K661,2)","v":1}]
[{"$nulls":9},"●","TOTAL","=",{"$f":"ROUND(SUM(M660:M661),2)","v":1}]
["SUBITEM","DESCRIÇÃO",{"$nulls":9},"UNID.","QUANT."]
[{"$f":"'ORC1'!A126","v":"10.11"},{"$f":"'ORC1'!D126","v":"LAVATÓRIO LOUÇA BRANCA SUSPENSO, 29,5 X 39CM OU EQUIVALENTE, PADRÃO POPULAR, INCLUSO SIFÃO FLEXÍVEL EM PVC, VÁLVULA E ENGATE FLEXÍVEL 30CM EM PLÁSTICO E TORNEIRA CROMADA DE MESA, PADRÃO POPULAR - FORNECIMENTO E INSTALAÇÃO. AF_01/2020"},{"$nulls":9},{"$f":"'ORC1'!E132","v":"UN"},{"$f":"ROUND(M668,2)","v":3}]
["QUANTITATIVO"]
["DESCRIÇÃO",{"$nulls":9},"QUANT.","=","TOTAL "]
["CONFORME PROJETO",{"$nulls":9},3,"=",{"$f":"ROUND(K667,2)","v":3}]
[{"$nulls":9},"●","TOTAL","=",{"$f":"ROUND(SUM(M666:M667),2)","v":3}]
["SUBITEM","DESCRIÇÃO",{"$nulls":9},"UNID.","QUANT."]
[{"$f":"'ORC1'!A127","v":"10.12"},{"$f":"'ORC1'!D127","v":"BANCADA GRANITO CINZA 150 X 60 CM, COM CUBA DE EMBUTIR DE AÇO, VÁLVULA AMERICANA EM METAL, SIFÃO FLEXÍVEL EM PVC, ENGATE FLEXÍVEL 30 CM, TORNEIRA CROMADA LONGA, DE PAREDE, 1/2\" OU 3/4\", P/ COZINHA, PADRÃO POPULAR - FORNEC. E INSTALAÇÃO. AF_01/2020"},{"$nulls":9},{"$f":"'ORC1'!E138","v":"UN"},{"$f":"ROUND(M674,2)","v":4}]
["QUANTITATIVO"]
["DESCRIÇÃO",{"$nulls":9},"QUANT.","=","TOTAL "]
["CONFORME PROJETO",{"$nulls":9},4,"=",{"$f":"ROUND(K673,2)","v":4}]
[{"$nulls":9},"●","TOTAL","=",{"$f":"ROUND(SUM(M672:M673),2)","v":4}]
[{"$f":"'ORC1'!A128","v":"11"},{"$f":"'ORC1'!D128","v":"INSTALAÇÕES MECÂNICAS"}]
["SUBITEM","DESCRIÇÃO",{"$nulls":9},"UNID.","QUANT."]
[{"$f":"'ORC1'!A129","v":"11.1"},{"$f":"'ORC1'!D129","v":"AR CONDICIONADO SPLIT INVERTER, PISO TETO, 48000 BTU/H, CICLO FRIO - FORNECIMENTO E INSTALAÇÃO. AF_11/2021_PE"},{"$nulls":9},{"$f":"'ORC1'!E125","v":"UN"},{"$f":"M681","v":1}]
["QUANTITATIVO"]
["DESCRIÇÃO",{"$nulls":9},"QUANT.","=","TOTAL "]
["EQUIPAMENTO",{"$nulls":9},1,"=",{"$f":"ROUND(K680,2)","v":1}]
[{"$nulls":9},"●","TOTAL","=",{"$f":"ROUND(SUM(M680),2)","v":1}]
[{"$f":"'ORC1'!A130","v":"12"},{"$f":"'ORC1'!D130","v":"EQUIPAMENTOS"}]
["SUBITEM","DESCRIÇÃO",{"$nulls":9},"UNID.","QUANT."]
[{"$f":"'ORC1'!A131","v":"12.1"},{"$f":"'ORC1'!D131","v":"TANQUE DE RESFRIAMENTO 1000L"},{"$nulls":9},{"$f":"'ORC1'!E131","v":"UN"},{"$f":"M688","v":1}]
["QUANTITATIVO"]
["DESCRIÇÃO",{"$nulls":9},"QUANT.","=","TOTAL "]
["EQUIPAMENTO",{"$nulls":9},1,"=",{"$f":"ROUND(K687,2)","v":1}]
[{"$nulls":9},"●","TOTAL","=",{"$f":"ROUND(SUM(M687),2)","v":1}]
["SUBITEM","DESCRIÇÃO",{"$nulls":9},"UNID.","QUANT."]
[{"$f":"'ORC1'!A132","v":"12.2"},{"$f":"'ORC1'!D132","v":"PASTEURIZADOR LENTO 1000L"},{"$nulls":9},{"$f":"'ORC1'!E132","v":"UN"},{"$f":"M694","v":1}]
["QUANTITATIVO"]
["DESCRIÇÃO",{"$nulls":9},"QUANT.","=","TOTAL "]
["EQUIPAMENTO",{"$nulls":9},1,"=",{"$f":"ROUND(K693,2)","v":1}]
[{"$nulls":9},"●","TOTAL","=",{"$f":"ROUND(SUM(M693),2)","v":1}]
["SUBITEM","DESCRIÇÃO",{"$nulls":9},"UNID.","QUANT."]
[{"$f":"'ORC1'!A133","v":"12.3"},{"$f":"'ORC1'!D133","v":"TANQUE INOX 500L PARA FABRICAÇÃO DE QUEIJOS"},{"$nulls":9},{"$f":"'ORC1'!E133","v":"UN"},{"$f":"M700","v":2}]
["QUANTITATIVO"]
["DESCRIÇÃO",{"$nulls":9},"QUANT.","=","TOTAL "]
["EQUIPAMENTO",{"$nulls":9},2,"=",{"$f":"ROUND(K699,2)","v":2}]
[{"$nulls":9},"●","TOTAL","=",{"$f":"ROUND(SUM(M699),2)","v":2}]
["SUBITEM","DESCRIÇÃO",{"$nulls":9},"UNID.","QUANT."]
[{"$f":"'ORC1'!A134","v":"12.4"},{"$f":"'ORC1'!D134","v":"MESA INOX DE APOIO"},{"$nulls":9},{"$f":"'ORC1'!E134","v":"UN"},{"$f":"ROUND(M706,2)","v":2}]
["QUANTITATIVO"]
["DESCRIÇÃO",{"$nulls":9},"QUANT.","=","TOTAL "]
["EQUIPAMENTO",{"$nulls":9},2,"=",{"$f":"ROUND(K705,2)","v":2}]
[{"$nulls":9},"●","TOTAL","=",{"$f":"ROUND(SUM(M705),2)","v":2}]
["SUBITEM","DESCRIÇÃO",{"$nulls":9},"UNID.","QUANT."]
[{"$f":"'ORC1'!A135","v":"12.5"},{"$f":"'ORC1'!D135","v":"PRENSA PNEUMÁTICA 4 COLUNAS/10 FORMAS REDONDAS 1KG"},{"$nulls":9},{"$f":"'ORC1'!E135","v":"UN"},{"$f":"ROUND(M712,2)","v":2}]
["QUANTITATIVO"]
["DESCRIÇÃO",{"$nulls":9},"QUANT.","=","TOTAL "]
["EQUIPAMENTO",{"$nulls":9},2,"=",{"$f":"ROUND(K711,2)","v":2}]
[{"$nulls":9},"●","TOTAL","=",{"$f":"ROUND(SUM(M711),2)","v":2}]
["SUBITEM","DESCRIÇÃO",{"$nulls":9},"UNID.","QUANT."]
[{"$f":"'ORC1'!A136","v":"12.6"},{"$f":"'ORC1'!D136","v":"ENVASADORA PNEUMÁTICA PARA LÍQUIDOS E PASTOSOS"},{"$nulls":9},{"$f":"'ORC1'!E136","v":"UN"},{"$f":"ROUND(M718,2)","v":1}]
["QUANTITATIVO"]
["DESCRIÇÃO",{"$nulls":9},"QUANT.","=","TOTAL "]
["EQUIPAMENTO",{"$nulls":9},1,"=",{"$f":"ROUND(K717,2)","v":1}]
[{"$nulls":9},"●","TOTAL","=",{"$f":"ROUND(SUM(M717),2)","v":1}]
["SUBITEM","DESCRIÇÃO",{"$nulls":9},"UNID.","QUANT."]
[{"$f":"'ORC1'!A137","v":"12.7"},{"$f":"'ORC1'!D137","v":"IOGURTEIRA INOX 500L"},{"$nulls":9},{"$f":"'ORC1'!E137","v":"UN"},{"$f":"ROUND(M724,2)","v":1}]
["QUANTITATIVO"]
["DESCRIÇÃO",{"$nulls":9},"QUANT.","=","TOTAL "]
["EQUIPAMENTO",{"$nulls":9},1,"=",{"$f":"ROUND(K723,2)","v":1}]
[{"$nulls":9},"●","TOTAL","=",{"$f":"ROUND(SUM(M723),2)","v":1}]
["SUBITEM","DESCRIÇÃO",{"$nulls":9},"UNID.","QUANT."]
[{"$f":"'ORC1'!A138","v":"12.8"},{"$f":"'ORC1'!D138","v":"DESNATADEIRA ELÉTRICA 275L/H"},{"$nulls":9},{"$f":"'ORC1'!E138","v":"UN"},{"$f":"ROUND(M730,2)","v":1}]
["QUANTITATIVO"]
["DESCRIÇÃO",{"$nulls":9},"QUANT.","=","TOTAL "]
["EQUIPAMENTO",{"$nulls":9},1,"=",{"$f":"ROUND(K729,2)","v":1}]
[{"$nulls":9},"●","TOTAL","=",{"$f":"ROUND(SUM(M729),2)","v":1}]
["SUBITEM","DESCRIÇÃO",{"$nulls":9},"UNID.","QUANT."]
[{"$f":"'ORC1'!A139","v":"12.9"},{"$f":"'ORC1'!D139","v":"TACHO PARA DOCE 100L"},{"$nulls":9},{"$f":"'ORC1'!E139","v":"UN"},{"$f":"ROUND(M736,2)","v":1}]
["QUANTITATIVO"]
["DESCRIÇÃO",{"$nulls":9},"QUANT.","=","TOTAL "]
["EQUIPAMENTO",{"$nulls":9},1,"=",{"$f":"ROUND(K735,2)","v":1}]
[{"$nulls":9},"●","TOTAL","=",{"$f":"ROUND(SUM(M735),2)","v":1}]
["SUBITEM","DESCRIÇÃO",{"$nulls":9},"UNID.","QUANT."]
["11.10",{"$f":"'ORC1'!D140","v":"BATEDEIRA PARA MANTEIGA 20KG"},{"$nulls":9},{"$f":"'ORC1'!E135","v":"UN"},{"$f":"ROUND(M742,2)","v":1}]
["QUANTITATIVO"]
["DESCRIÇÃO",{"$nulls":9},"QUANT.","=","TOTAL "]
["EQUIPAMENTO",{"$nulls":9},1,"=",{"$f":"ROUND(K741,2)","v":1}]
[{"$nulls":9},"●","TOTAL","=",{"$f":"ROUND(SUM(M741),2)","v":1}]
["SUBITEM","DESCRIÇÃO",{"$nulls":9},"UNID.","QUANT."]
[{"$f":"'ORC1'!A141","v":"12.11"},{"$f":"'ORC1'!D141","v":"SELADORA MANUAL PARA POTES"},{"$nulls":9},{"$f":"'ORC1'!E141","v":"UN"},{"$f":"ROUND(M748,2)","v":1}]
["QUANTITATIVO"]
["DESCRIÇÃO",{"$nulls":9},"QUANT.","=","TOTAL "]
["EQUIPAMENTO",{"$nulls":9},1,"=",{"$f":"ROUND(K747,2)","v":1}]
[{"$nulls":9},"●","TOTAL","=",{"$f":"ROUND(SUM(M747),2)","v":1}]
["SUBITEM","DESCRIÇÃO",{"$nulls":9},"UNID.","QUANT."]
[{"$f":"'ORC1'!A142","v":"12.12"},{"$f":"'ORC1'!D142","v":"TANQUE PARA SALGA 400L"},{"$nulls":9},{"$f":"'ORC1'!E142","v":"UN"},{"$f":"ROUND(M754,2)","v":1}]
["QUANTITATIVO"]
["DESCRIÇÃO",{"$nulls":9},"QUANT.","=","TOTAL "]
["EQUIPAMENTO",{"$nulls":9},1,"=",{"$f":"ROUND(K753,2)","v":1}]
[{"$nulls":9},"●","TOTAL","=",{"$f":"ROUND(SUM(M753),2)","v":1}]
["SUBITEM","DESCRIÇÃO",{"$nulls":9},"UNID.","QUANT."]
[{"$f":"'ORC1'!A143","v":"12.13"},{"$f":"'ORC1'!D143","v":"ESTANTE EM AÇO INOX PARA SECAGEM/MATURAÇÃO DE QUEIJOS"},{"$nulls":9},{"$f":"'ORC1'!E143","v":"UN"},{"$f":"ROUND(M760,2)","v":6}]
["QUANTITATIVO"]
["DESCRIÇÃO",{"$nulls":9},"QUANT.","=","TOTAL "]
["EQUIPAMENTO",{"$nulls":9},6,"=",{"$f":"ROUND(K759,2)","v":6}]
[{"$nulls":9},"●","TOTAL","=",{"$f":"ROUND(SUM(M759),2)","v":6}]
["SUBITEM","DESCRIÇÃO",{"$nulls":9},"UNID.","QUANT."]
[{"$f":"'ORC1'!A144","v":"12.14"},{"$f":"'ORC1'!D144","v":"SELADORA A VÁCUO DE BANCADA"},{"$nulls":9},{"$f":"'ORC1'!E144","v":"UN"},{"$f":"ROUND(M766,2)","v":2}]
["QUANTITATIVO"]
["DESCRIÇÃO",{"$nulls":9},"QUANT.","=","TOTAL "]
["EQUIPAMENTO",{"$nulls":9},2,"=",{"$f":"ROUND(K765,2)","v":2}]
[{"$nulls":9},"●","TOTAL","=",{"$f":"ROUND(SUM(M765),2)","v":2}]
["SUBITEM","DESCRIÇÃO",{"$nulls":9},"UNID.","QUANT."]
[{"$f":"'ORC1'!A145","v":"12.15"},{"$f":"'ORC1'!D145","v":"LAVA DE BOTAS MANUAL "},{"$nulls":9},{"$f":"'ORC1'!E145","v":"UN"},{"$f":"ROUND(M772,2)","v":1}]
["QUANTITATIVO"]
["DESCRIÇÃO",{"$nulls":9},"QUANT.","=","TOTAL "]
["EQUIPAMENTO",{"$nulls":9},1,"=",{"$f":"ROUND(K771,2)","v":1}]
[{"$nulls":9},"●","TOTAL","=",{"$f":"ROUND(SUM(M771),2)","v":1}]
["SUBITEM","DESCRIÇÃO",{"$nulls":9},"UNID.","QUANT."]
[{"$f":"'ORC1'!A146","v":"12.16"},{"$f":"'ORC1'!D146","v":"ANALISADOR DE LEITE ULTRASSÔNICO"},{"$nulls":9},{"$f":"'ORC1'!E146","v":"UN"},{"$f":"ROUND(M778,2)","v":1}]
["QUANTITATIVO"]
["DESCRIÇÃO",{"$nulls":9},"QUANT.","=","TOTAL "]
["EQUIPAMENTO",{"$nulls":9},1,"=",{"$f":"ROUND(K777,2)","v":1}]
[{"$nulls":9},"●","TOTAL","=",{"$f":"ROUND(SUM(M777),2)","v":1}]
["SUBITEM","DESCRIÇÃO",{"$nulls":9},"UNID.","QUANT."]
[{"$f":"'ORC1'!A147","v":"12.17"},{"$f":"'ORC1'!D147","v":"LAVADORA E SECADORA DE ROUPAS INVERTER 11KG"},{"$nulls":9},{"$f":"'ORC1'!E147","v":"UN"},{"$f":"ROUND(M784,2)","v":1}]
["QUANTITATIVO"]
["DESCRIÇÃO",{"$nulls":9},"QUANT.","=","TOTAL "]
["EQUIPAMENTO",{"$nulls":9},1,"=",{"$f":"ROUND(K783,2)","v":1}]
[{"$nulls":9},"●","TOTAL","=",{"$f":"ROUND(SUM(M783),2)","v":1}]
["SUBITEM","DESCRIÇÃO",{"$nulls":9},"UNID.","QUANT."]
[{"$f":"'ORC1'!A148","v":"12.18"},{"$f":"'ORC1'!D148","v":"ARMÁRIO TIPO ROUPEIRO"},{"$nulls":9},{"$f":"'ORC1'!E148","v":"UN"},{"$f":"ROUND(M790,2)","v":4}]
["QUANTITATIVO"]
["DESCRIÇÃO",{"$nulls":9},"QUANT.","=","TOTAL "]
["EQUIPAMENTO",{"$nulls":9},4,"=",{"$f":"ROUND(K789,2)","v":4}]
[{"$nulls":9},"●","TOTAL","=",{"$f":"ROUND(SUM(M789:M789),2)","v":4}]
["SUBITEM","DESCRIÇÃO",{"$nulls":9},"UNID.","QUANT."]
[{"$f":"'ORC1'!A149","v":"12.19"},{"$f":"'ORC1'!D149","v":"COMPRESSOR 2HP 50L"},{"$nulls":9},{"$f":"'ORC1'!E149","v":"UN"},{"$f":"ROUND(M796,2)","v":1}]
["QUANTITATIVO"]
["DESCRIÇÃO",{"$nulls":9},"QUANT.","=","TOTAL "]
["EQUIPAMENTO",{"$nulls":9},1,"=",{"$f":"K795","v":1}]
[{"$nulls":9},"●","TOTAL","=",{"$f":"ROUND(SUM(M795:M795),2)","v":1}]
["SUBITEM","DESCRIÇÃO",{"$nulls":9},"UNID.","QUANT."]
[{"$f":"'ORC1'!A150","v":"12.20"},{"$f":"'ORC1'!D150","v":"FORMA PARA QUEIJO COALHO REDONDO DE 1KG"},{"$nulls":9},{"$f":"'ORC1'!E150","v":"UN"},{"$f":"ROUND(M802,2)","v":112}]
["QUANTITATIVO"]
["DESCRIÇÃO",{"$nulls":9},"QUANT.","=","TOTAL "]
["EQUIPAMENTO",{"$nulls":9},{"$f":"2*4*14","v":112},"=",{"$f":"K801","v":112}]
[{"$nulls":9},"●","TOTAL","=",{"$f":"ROUND(SUM(M801:M801),2)","v":112}]
[{"$f":"'ORC1'!A151","v":"13"},{"$f":"'ORC1'!D151","v":"LIMPEZA FINAL DA OBRA"}]
["SUBITEM","DESCRIÇÃO",{"$nulls":9},"UNID.","QUANT."]
[{"$f":"'ORC1'!A152","v":"13.1"},{"$f":"'ORC1'!D152","v":"LIMPEZA DE PISO CERÂMICO OU PORCELANATO COM PANO ÚMIDO. AF_04/2019"},{"$nulls":9},{"$f":"'ORC1'!E152","v":"M2"},{"$f":"M809","v":503.58}]
[{"$f":"'ORC1'!D152","v":"LIMPEZA DE PISO CERÂMICO OU PORCELANATO COM PANO ÚMIDO. AF_04/2019"}]
["DESCRIÇÃO",{"$nulls":7},"EXTENSÃO","x","LARGURA","=","TOTAL "]
["IMPLANTAÇÃO",{"$nulls":7},23.1,"x",21.8,"=",{"$f":"ROUND(I808*K808,2)","v":503.58}]
[{"$nulls":9},"●","TOTAL","=",{"$f":"ROUND(SUM(M808),2)","v":503.58}]
[]
[{"$f":"'ORC1'!A153","v":"14"},{"$f":"'ORC1'!D153","v":"PROJETO EXECUTIVO"}]
["SUBITEM","DESCRIÇÃO",{"$nulls":9},"UNID.","QUANT."]
["14.1",{"$f":"'ORC1'!D154","v":"PROJETO EXECUTIVO PADRÃO EXCETO SONDAGEM, LEVANTAMENTO TOPOGRÁFICO E IMPLANTAÇÃO"},{"$nulls":9},{"$f":"'ORC1'!E833","v":0},{"$f":"ROUND(M817,2)","v":1}]
["QUANTITATIVO"]
["DESCRIÇÃO",{"$nulls":9},"QUANT.","=","TOTAL "]
["PROJETO EXECUTIVO",{"$nulls":9},1,"=",{"$f":"ROUND(K816,2)","v":1}]
[{"$nulls":9},"●","TOTAL","=",{"$f":"ROUND(SUM(M816),2)","v":1}]
["SUBITEM","DESCRIÇÃO",{"$nulls":9},"UNID.","QUANT."]
["14.2",{"$f":"'ORC1'!D155","v":"SONDAGEM, LEVANTAMENTO TOPOGRÁFICO E IMPLANTAÇÃO"},{"$nulls":9},"UND",{"$f":"ROUND(M823,2)","v":1}]
["QUANTITATIVO"]
["DESCRIÇÃO",{"$nulls":9},"QUANT.","=","TOTAL "]
["PROJETO EXECUTIVO",{"$nulls":9},1,"=",{"$f":"K822","v":1}]
[{"$nulls":9},"●","TOTAL","=",{"$f":"ROUND(SUM(M822),2)","v":1}]
[]
[{"$f":"'ORC1'!A158","v":"FORTALEZA/CE, OUTUBRO DE 2025."}]

{"sheet":"CRONOGRAMA","index":5,"n_rows":860,"n_cols":12,"rows_kept":860,"cut":false,"hidden":false,"merged":[[1,0,1,9],[25,0,25,3],[8,6,8,7],[8,8,8,9],[7,0,7,9],[2,0,2,9],[3,0,3,9],[5,0,5,9],[29,0,29,9],[27,0,27,2],[8,0,9,0],[8,1,9,1],[8,2,9,2],[8,3,9,3],[8,4,8,5]]}
[]
[{"$f":"'ORC1'!D3","v":"MINISTÉRIO DA INTEGRAÇÃO E DO DESENVOLVIMENTO REGIONAL - MIDR"}]
[{"$f":"'ORC1'!D4","v":"COMPANHIA DE DESENVOLVIMENTO DOS VALES DO SÃO FRANCISCO E DO PARNAÍBA"}]
[{"$f":"'ORC1'!D5","v":"14ª SUPERINTENDÊNCIA REGIONAL"}]
[]
[{"$f":"'ORC1'!A20","v":"CONTRATAÇÃO DE SERVIÇOS DE ENGENHARIA, POR MEIO DO SISTEMA DE REGISTRO DE PREÇOS – SRP, PARA IMPLANTAÇÃO DE AGROINDÚSTRIAS DE LÁCTEOS EM COMUNIDADES RURAIS, NO ESTADO DO CEARÁ."}]
[]
["CRONOGRAMA FÍSICO-FINACEIRO - UNIDADE"]
["ITEM","DESCRIÇÃO","%","DESONERADO","30 DIAS ",null,"60 DIAS ",null,"90 DIAS "]
[{"$nulls":4},"%","VALOR (R$)","%","VALOR (R$)","%","VALOR (R$)"]
[1,{"$f":"'ORC1'!D24","v":"SERVIÇOS PRELIMINARES"},{"$f":"D11/$D$28","v":7.896532918338546E-2},{"$f":"'ORC1'!I24","v":78101.179999999993},1,{"$f":"D11*E11","v":78101.179999999993},0,{"$f":"D11*G11","v":0},0,{"$f":"D11*I11","v":0},{"$f":"E11+G11+I11","v":1},{"$f":"F11+H11+J11","v":78101.179999999993}]
[2,{"$f":"'ORC1'!D31","v":"MOVIMENTAÇÃO DE TERRA / CONTENÇÃO"},{"$f":"D12/$D$28","v":5.292659692074245E-3},{"$f":"'ORC1'!I31","v":5234.74},1,{"$f":"D12*E12","v":5234.74},0,{"$f":"D12*G12","v":0},0,{"$f":"D12*I12","v":0},{"$f":"E12+G12+I12","v":1},{"$f":"F12+H12+J12","v":5234.74}]
[3,{"$f":"'ORC1'!D35","v":"PAVIMENTAÇÃO / PISO"},{"$f":"D13/$D$28","v":7.3216355868814781E-2},{"$f":"'ORC1'!I35","v":72415.12},0.5,36207.56,0.5,36207.56,0,0,1,72415.12]
[4,{"$f":"'ORC1'!D41","v":"COBERTURA"},{"$f":"D14/$D$28","v":0.11455668967782026},{"$f":"'ORC1'!I41","v":113303.05},0.5,56651.525000000001,0.5,56651.525000000001,0,0,1,113303.05]
[5,{"$f":"'ORC1'!D58","v":"PAREDES / PAINÉIS / VEDAÇÃO"},0.18229798982181605,{"$f":"'ORC1'!I58","v":180303.03},0,0,1,180303.03,0,0,1,180303.03]
[6,{"$f":"'ORC1'!D60","v":"PINTURA"},7.7054943063925765E-3,{"$f":"'ORC1'!I60","v":7621.17},0,0,0,0,1,7621.17,1,7621.17]
[7,{"$f":"'ORC1'!D63","v":"ESQUADRIAS"},3.8413656003104375E-2,{"$f":"'ORC1'!I63","v":37993.279999999999},0,0,0,0,1,37993.279999999999,1,37993.279999999999]
[8,{"$f":"'ORC1'!D70","v":"INSTALAÇÕES ELÉTRICAS"},3.200490244946548E-2,{"$f":"'ORC1'!I70","v":31654.66},0,0,1,31654.66,0,0,1,31654.66]
[9,{"$f":"'ORC1'!D97","v":"INSTALAÇÕES SANITÁRIAS"},1.6263366525232227E-2,{"$f":"'ORC1'!I97","v":16085.39},0,0,1,16085.39,0,0,1,16085.39]
[10,{"$f":"'ORC1'!D115","v":"INSTALAÇÕES HIDRÁULICAS"},4.2877505695831764E-2,{"$f":"'ORC1'!I115","v":42408.28},0,0,1,42408.28,0,0,1,42408.28]
[11,{"$f":"'ORC1'!D128","v":"INSTALAÇÕES MECÂNICAS"},2.2548557888395871E-2,{"$f":"'ORC1'!I128","v":22301.8},0,0,0,0,1,22301.8,1,22301.8]
[12,{"$f":"'ORC1'!D130","v":"EQUIPAMENTOS"},0.36564949872433994,{"$f":"'ORC1'!I130","v":361648.05},0,0,0,0,1,361648.05,1,361648.05]
[13,{"$f":"'ORC1'!D151","v":"LIMPEZA FINAL DA OBRA"},{"$f":"D23/$D$28","v":1.3543410963538385E-3},{"$f":"'ORC1'!I151","v":1339.52},0,{"$f":"D23*E23","v":0},0,{"$f":"D23*G23","v":0},1,{"$f":"D23*I23","v":1339.52},{"$f":"E23+G23+I23","v":1},{"$f":"F23+H23+J23","v":1339.52}]
[13,"PROJETO EXECUTIVO",{"$f":"D24/$D$28","v":1.8853653066973116E-2},{"$f":"'ORC1'!I153","v":18647.330000000002},1,{"$f":"D24*E24","v":18647.330000000002},0,{"$f":"D24*G24","v":0},0,{"$f":"D24*I24","v":0},{"$f":"E24+G24+I24","v":1},{"$f":"F24+H24+J24","v":18647.330000000002}]
[]
["TOTAL GERAL DA OBRA C/ BDI (R$)",null,null,null,{"$f":"(F26/$D$28)","v":0.19699816471575038},{"$f":"SUM(F11:F24)","v":194842.33500000002},{"$f":"(H26/$D$28)","v":0.36733028726566302},{"$f":"SUM(H11:H24)","v":363310.44499999995},{"$f":"(J26/$D$28)","v":0.4356715480185866},{"$f":"SUM(J11:J24)","v":430903.82},{"$f":"E26+G26+I26","v":1},{"$f":"F26+H26+J26","v":989056.60000000009}]
[]
["TOTAL GERAL DA OBRA C/ BDI (R$)",null,null,{"$f":"SUM(D11:D24)","v":989056.6}]
[]
[{"$f":"'ORC1'!A158","v":"FORTALEZA/CE, OUTUBRO DE 2025."}]
{"$rows_empty":58}
[{"$nulls":8},{"$f":"ROUND(SUM(I90:I115),2)","v":0}]
{"$rows_empty":94}
["FORTALEZA/CE, JULHO DE 2024."]
{"$rows_empty":675}
[{"$f":"'ORC1'!A158","v":"FORTALEZA/CE, OUTUBRO DE 2025."}]

{"sheet":"COMP.01_CINTA","index":6,"n_rows":40,"n_cols":6,"rows_kept":40,"cut":false,"hidden":true,"merged":[[26,0,26,5],[20,1,20,5],[22,0,22,5],[25,0,25,4],[1,0,1,5],[2,0,2,5],[39,0,39,5],[32,0,32,4],[33,0,33,5],[34,3,34,4],[35,3,35,4],[36,3,36,4],[37,3,37,4]]}
[]
[{"$f":"'ORC1'!A10","v":"SEINFRA/CE:"}]
[{"$f":"'ORC1'!#REF!","v":{"$error":"#REF!"}}]
[]
[{"$f":"'ORC1'!#REF!","v":{"$error":"#REF!"}}]
[{"$f":"'ORC1'!A17","v":0}]
[{"$f":"'ORC1'!A19","v":0}]
[{"$f":"'ORC1'!#REF!","v":{"$error":"#REF!"}}]
[{"$f":"'ORC1'!#REF!","v":{"$error":"#REF!"}}]
[{"$f":"'ORC1'!#REF!","v":{"$error":"#REF!"}}]
[]
[{"$f":"'ORC1'!#REF!","v":{"$error":"#REF!"}}]
[{"$f":"'ORC1'!A20","v":"CONTRATAÇÃO DE SERVIÇOS DE ENGENHARIA, POR MEIO DO SISTEMA DE REGISTRO DE PREÇOS – SRP, PARA IMPLANTAÇÃO DE AGROINDÚSTRIAS DE LÁCTEOS EM COMUNIDADES RURAIS, NO ESTADO DO CEARÁ."}]
[null,{"$f":"'ORC1'!B21","v":0}]
[null,{"$f":"'ORC1'!B22","v":0}]
[{"$f":"'ORC1'!#REF!","v":{"$error":"#REF!"}}]
[null,{"$f":"'ORC1'!#REF!","v":{"$error":"#REF!"}}]
[null,{"$f":"'ORC1'!#REF!","v":{"$error":"#REF!"}}]
[{"$f":"'ORC1'!#REF!","v":{"$error":"#REF!"}}]
[]
["COMP. 01","CINTA DE AMARRAÇÃO DE ALVENARIA MOLDADA IN LOCO EM CONCRETO.(13x12)"]
["CÓDIGO","DESCRIÇÃO","UND","COEF.","PREÇO","TOTAL"]
["MAO DE OBRA"]
["I2543","SERVENTE","H",0.18,15.55,{"$f":"D24*E24","v":2.7989999999999999}]
["I2391","PEDREIRO","H",0.36,20.77,{"$f":"D25*E25","v":7.4771999999999998}]
["TOTAL MAO DE OBRA",{"$nulls":4},{"$f":"ROUND(SUM(F24:F25),2)","v":10.28}]
["MATERIAIS"]
["I0965","DESMOLDANTE PARA FORMAS","L",3.5000000000000001E-3,7.35,{"$f":"D28*E28","v":2.5724999999999998E-2}]
[39017,"ESPACADOR / DISTANCIADOR CIRCULAR COM ENTRADA LATERAL, EM PLASTICO, PARA VERGALHAO *4,2 A 12,5* MM, COBRIMENTO 20 MM","UND",6,0.22,{"$f":"D29*E29","v":1.32}]
["C1399","FORMA PLANA CHAPA COMPENSADA PLASTIFICADA, ESP.= 12mm UTIL. 5X","M2",0.2,95.91,{"$f":"D30*E30","v":19.181999999999999}]
["I0163","AÇO CA-50","KG",0.79,9.5,{"$f":"D31*E31","v":7.5050000000000008}]
["C0842 ","CONCRETO P/VIBR., FCK 20 MPa COM AGREGADO ADQUIRIDO","M3",1.54E-2,416.73,{"$f":"D32*E32","v":6.4176420000000007}]
["TOTAL MATERIAIS",{"$nulls":4},{"$f":"ROUND(SUM(F28:F32),2)","v":34.450000000000003}]
[]
[null,null,null,"Total Simples",null,{"$f":"ROUND(F26+F33,2)","v":44.73}]
[null,null,null,"Encargos",null,"INCLUSOS"]
[null,null,null,"BDI",null,0]
[null,null,null,"TOTAL GERAL",null,{"$f":"F35","v":44.73}]
[]
[{"$f":"'ORC1'!A159","v":0}]

{"sheet":"CP-CODEVASF","index":7,"n_rows":35,"n_cols":4,"rows_kept":35,"cut":false,"hidden":false,"merged":[]}
[]
["Código","Descrição","Unidade","Custo (R$)"]
["COMP-01",{"$f":"_xlfn.XLOOKUP(A3,'COMP-CDF'!A:A,'COMP-CDF'!C:C)","v":"LUMINÁRIA PRISMÁTICA PENDENTE, COM 1 LÂMPADA LED DE 20W "},{"$f":"_xlfn.XLOOKUP(A3,'COMP-CDF'!A:A,'COMP-CDF'!D:D)","v":"UN"},{"$f":"_xlfn.XLOOKUP(A3,'COMP-CDF'!A:A,'COMP-CDF'!G:G)","v":120.49}]
["COMP-02",{"$f":"_xlfn.XLOOKUP(A4,'COMP-CDF'!A:A,'COMP-CDF'!C:C)","v":"MESA INOX DE APOIO"},{"$f":"_xlfn.XLOOKUP(A4,'COMP-CDF'!A:A,'COMP-CDF'!D:D)","v":"UN"},{"$f":"_xlfn.XLOOKUP(A4,'COMP-CDF'!A:A,'COMP-CDF'!G:G)","v":3751.91}]
["COMP-03",{"$f":"_xlfn.XLOOKUP(A5,'COMP-CDF'!A:A,'COMP-CDF'!C:C)","v":"SELADORA MANUAL PARA POTES"},{"$f":"_xlfn.XLOOKUP(A5,'COMP-CDF'!A:A,'COMP-CDF'!D:D)","v":"UN"},{"$f":"_xlfn.XLOOKUP(A5,'COMP-CDF'!A:A,'COMP-CDF'!G:G)","v":2672.97}]
["COMP-04",{"$f":"_xlfn.XLOOKUP(A6,'COMP-CDF'!A:A,'COMP-CDF'!C:C)","v":"SELADORA A VÁCUO DE BANCADA"},{"$f":"_xlfn.XLOOKUP(A6,'COMP-CDF'!A:A,'COMP-CDF'!D:D)","v":"UN"},{"$f":"_xlfn.XLOOKUP(A6,'COMP-CDF'!A:A,'COMP-CDF'!G:G)","v":5457.82}]
["COMP-05",{"$f":"_xlfn.XLOOKUP(A7,'COMP-CDF'!A:A,'COMP-CDF'!C:C)","v":"LAVA DE BOTAS MANUAL "},{"$f":"_xlfn.XLOOKUP(A7,'COMP-CDF'!A:A,'COMP-CDF'!D:D)","v":"UN"},{"$f":"_xlfn.XLOOKUP(A7,'COMP-CDF'!A:A,'COMP-CDF'!G:G)","v":5321.75}]
["COMP-06",{"$f":"_xlfn.XLOOKUP(A8,'COMP-CDF'!A:A,'COMP-CDF'!C:C)","v":"ANALISADOR DE LEITE ULTRASSÔNICO"},{"$f":"_xlfn.XLOOKUP(A8,'COMP-CDF'!A:A,'COMP-CDF'!D:D)","v":"UN"},{"$f":"_xlfn.XLOOKUP(A8,'COMP-CDF'!A:A,'COMP-CDF'!G:G)","v":5769.28}]
["COMP-07",{"$f":"_xlfn.XLOOKUP(A9,'COMP-CDF'!A:A,'COMP-CDF'!C:C)","v":"LAVADORA E SECADORA DE ROUPAS INVERTER 11KG"},{"$f":"_xlfn.XLOOKUP(A9,'COMP-CDF'!A:A,'COMP-CDF'!D:D)","v":"UN"},{"$f":"_xlfn.XLOOKUP(A9,'COMP-CDF'!A:A,'COMP-CDF'!G:G)","v":3610.51}]
["COMP-08",{"$f":"_xlfn.XLOOKUP(A10,'COMP-CDF'!A:A,'COMP-CDF'!C:C)","v":"ARMÁRIO TIPO ROUPEIRO"},{"$f":"_xlfn.XLOOKUP(A10,'COMP-CDF'!A:A,'COMP-CDF'!D:D)","v":"UN"},{"$f":"_xlfn.XLOOKUP(A10,'COMP-CDF'!A:A,'COMP-CDF'!G:G)","v":1283.0899999999999}]
["COMP-11",{"$f":"_xlfn.XLOOKUP(A11,'COMP-CDF'!A:A,'COMP-CDF'!C:C)","v":"ESTANTE EM AÇO INOX PARA SECAGEM/MATURAÇÃO DE QUEIJOS"},{"$f":"_xlfn.XLOOKUP(A11,'COMP-CDF'!A:A,'COMP-CDF'!D:D)","v":"UN"},{"$f":"_xlfn.XLOOKUP(A11,'COMP-CDF'!A:A,'COMP-CDF'!G:G)","v":4382.24}]
["COMP-12",{"$f":"_xlfn.XLOOKUP(A12,'COMP-CDF'!A:A,'COMP-CDF'!C:C)","v":"ADMISTRAÇÃO LOCAL"},{"$f":"_xlfn.XLOOKUP(A12,'COMP-CDF'!A:A,'COMP-CDF'!D:D)","v":"UN"},{"$f":"_xlfn.XLOOKUP(A12,'COMP-CDF'!A:A,'COMP-CDF'!G:G)","v":46580.4}]
["COMP-13",{"$f":"_xlfn.XLOOKUP(A13,'COMP-CDF'!A:A,'COMP-CDF'!C:C)","v":"MOBILIZAÇÃO E DESMOBILIZAÇÃO"},{"$f":"_xlfn.XLOOKUP(A13,'COMP-CDF'!A:A,'COMP-CDF'!D:D)","v":"UN"},{"$f":"_xlfn.XLOOKUP(A13,'COMP-CDF'!A:A,'COMP-CDF'!G:G)","v":3030.53}]
["COMP-14",{"$f":"_xlfn.XLOOKUP(A14,'COMP-CDF'!A:A,'COMP-CDF'!C:C)","v":"TANQUE DE RESFRIAMENTO 1000L"},{"$f":"_xlfn.XLOOKUP(A14,'COMP-CDF'!A:A,'COMP-CDF'!D:D)","v":"UN"},{"$f":"_xlfn.XLOOKUP(A14,'COMP-CDF'!A:A,'COMP-CDF'!G:G)","v":24092.98}]
["COMP-15",{"$f":"_xlfn.XLOOKUP(A15,'COMP-CDF'!A:A,'COMP-CDF'!C:C)","v":"PASTEURIZADOR LENTO 1000L"},{"$f":"_xlfn.XLOOKUP(A15,'COMP-CDF'!A:A,'COMP-CDF'!D:D)","v":"UN"},{"$f":"_xlfn.XLOOKUP(A15,'COMP-CDF'!A:A,'COMP-CDF'!G:G)","v":48227.33}]
["COMP-16",{"$f":"_xlfn.XLOOKUP(A16,'COMP-CDF'!A:A,'COMP-CDF'!C:C)","v":"PRENSA PNEUMÁTICA 4 COLUNAS/10 FORMAS REDONDAS 1KG"},{"$f":"_xlfn.XLOOKUP(A16,'COMP-CDF'!A:A,'COMP-CDF'!D:D)","v":"UN"},{"$f":"_xlfn.XLOOKUP(A16,'COMP-CDF'!A:A,'COMP-CDF'!G:G)","v":10082.66}]
["COMP-17",{"$f":"_xlfn.XLOOKUP(A17,'COMP-CDF'!A:A,'COMP-CDF'!C:C)","v":"ENVASADORA PNEUMÁTICA PARA LÍQUIDOS E PASTOSOS"},{"$f":"_xlfn.XLOOKUP(A17,'COMP-CDF'!A:A,'COMP-CDF'!D:D)","v":"UN"},{"$f":"_xlfn.XLOOKUP(A17,'COMP-CDF'!A:A,'COMP-CDF'!G:G)","v":7656.15}]
["COMP-18",{"$f":"_xlfn.XLOOKUP(A18,'COMP-CDF'!A:A,'COMP-CDF'!C:C)","v":"DESNATADEIRA ELÉTRICA 275L/H"},{"$f":"_xlfn.XLOOKUP(A18,'COMP-CDF'!A:A,'COMP-CDF'!D:D)","v":"UN"},{"$f":"_xlfn.XLOOKUP(A18,'COMP-CDF'!A:A,'COMP-CDF'!G:G)","v":20165}]
["COMP-19",{"$f":"_xlfn.XLOOKUP(A19,'COMP-CDF'!A:A,'COMP-CDF'!C:C)","v":"TANQUE PARA SALGA 400L"},{"$f":"_xlfn.XLOOKUP(A19,'COMP-CDF'!A:A,'COMP-CDF'!D:D)","v":"UN"},{"$f":"_xlfn.XLOOKUP(A19,'COMP-CDF'!A:A,'COMP-CDF'!G:G)","v":3616.66}]
["COMP-20",{"$f":"_xlfn.XLOOKUP(A20,'COMP-CDF'!A:A,'COMP-CDF'!C:C)","v":"TANQUE INOX 500L PARA FABRICAÇÃO DE QUEIJOS"},{"$f":"_xlfn.XLOOKUP(A20,'COMP-CDF'!A:A,'COMP-CDF'!D:D)","v":"UN"},{"$f":"_xlfn.XLOOKUP(A20,'COMP-CDF'!A:A,'COMP-CDF'!G:G)","v":17026.93}]
["COMP-21",{"$f":"_xlfn.XLOOKUP(A21,'COMP-CDF'!A:A,'COMP-CDF'!C:C)","v":"FORNECIMENTO E INSTALAÇÃO DE ISOPAINEL EPS 100 MM"},{"$f":"_xlfn.XLOOKUP(A21,'COMP-CDF'!A:A,'COMP-CDF'!D:D)","v":"M2"},{"$f":"_xlfn.XLOOKUP(A21,'COMP-CDF'!A:A,'COMP-CDF'!G:G)","v":318.16000000000003}]
[{"$f":"'COMP-CDF'!A105","v":"COMP-22"},{"$f":"_xlfn.XLOOKUP(A22,'[204]COMP-CDV'!A:A,'[204]COMP-CDV'!C:C)","v":"LIMPEZA GERAL"},{"$f":"_xlfn.XLOOKUP(A22,'[204]COMP-CDV'!A:A,'[204]COMP-CDV'!D:D)","v":"M2"},{"$f":"_xlfn.XLOOKUP(A22,'[204]COMP-CDV'!A:A,'[204]COMP-CDV'!G:G)","v":14.08}]
[{"$f":"'COMP-CDF'!A109","v":"COMP-23"},{"$f":"_xlfn.XLOOKUP(A23,'[204]COMP-CDV'!A:A,'[204]COMP-CDV'!C:C)","v":"CHUVEIRO PLASTICO SIMPLES - FORNECIDO E INSTALADO"},{"$f":"_xlfn.XLOOKUP(A23,'[204]COMP-CDV'!A:A,'[204]COMP-CDV'!D:D)","v":"UN"},{"$f":"_xlfn.XLOOKUP(A23,'[204]COMP-CDV'!A:A,'[204]COMP-CDV'!G:G)","v":25.549999999999997}]
[{"$f":"'COMP-CDF'!A116","v":"COMP-24"},{"$f":"_xlfn.XLOOKUP(A24,'[204]COMP-CDV'!A:A,'[204]COMP-CDV'!C:C)","v":"DISJUNTOR TRIPOLAR TIPO DIN, CORRENTE NOMINAL DE 63A - FORNECIMENTO E INSTALAÇÃO"},{"$f":"_xlfn.XLOOKUP(A24,'[204]COMP-CDV'!A:A,'[204]COMP-CDV'!D:D)","v":"UN"},{"$f":"_xlfn.XLOOKUP(A24,'[204]COMP-CDV'!A:A,'[204]COMP-CDV'!G:G)","v":106.36000000000001}]
["COMP-25",{"$f":"_xlfn.XLOOKUP(A25,'COMP-CDF'!A:A,'COMP-CDF'!C:C)","v":"TACHO PARA DOCE 100L"},{"$f":"_xlfn.XLOOKUP(A25,'COMP-CDF'!A:A,'COMP-CDF'!D:D)","v":"UN"},{"$f":"_xlfn.XLOOKUP(A25,'COMP-CDF'!A:A,'COMP-CDF'!G:G)","v":28790.93}]
["COMP-26",{"$f":"_xlfn.XLOOKUP(A26,'COMP-CDF'!A:A,'COMP-CDF'!C:C)","v":"BATEDEIRA PARA MANTEIGA 20KG"},{"$f":"_xlfn.XLOOKUP(A26,'COMP-CDF'!A:A,'COMP-CDF'!D:D)","v":"UN"},{"$f":"_xlfn.XLOOKUP(A26,'COMP-CDF'!A:A,'COMP-CDF'!G:G)","v":20344.939999999999}]
["COMP-27",{"$f":"_xlfn.XLOOKUP(A27,'COMP-CDF'!A:A,'COMP-CDF'!C:C)","v":"IOGURTEIRA INOX 500L"},{"$f":"_xlfn.XLOOKUP(A27,'COMP-CDF'!A:A,'COMP-CDF'!D:D)","v":"UN"},{"$f":"_xlfn.XLOOKUP(A27,'COMP-CDF'!A:A,'COMP-CDF'!G:G)","v":28595}]
["COMP-28",{"$f":"_xlfn.XLOOKUP(A28,'COMP-CDF'!A:A,'COMP-CDF'!C:C)","v":"COMPRESSOR 2HP 50L"},{"$f":"_xlfn.XLOOKUP(A28,'COMP-CDF'!A:A,'COMP-CDF'!D:D)","v":"UN"},{"$f":"_xlfn.XLOOKUP(A28,'COMP-CDF'!A:A,'COMP-CDF'!G:G)","v":2147.9299999999998}]
["COMP-29-0",{"$f":"_xlfn.XLOOKUP(A29,'COMP-CDF'!A:A,'COMP-CDF'!C:C)","v":"PROJETO EXECUTIVO PADRÃO EXCETO SONDAGEM, LEVANTAMENTO TOPOGRÁFICO E IMPLANTAÇÃO"},{"$f":"_xlfn.XLOOKUP(A29,'COMP-CDF'!A:A,'COMP-CDF'!D:D)","v":"UN"},{"$f":"_xlfn.XLOOKUP(A29,'COMP-CDF'!A:A,'COMP-CDF'!G:G)","v":5937.9}]
["COMP-29",{"$f":"_xlfn.XLOOKUP(A30,'COMP-CDF'!A:A,'COMP-CDF'!C:C)","v":"SONDAGEM, LEVANTAMENTO TOPOGRÁFICO E IMPLANTAÇÃO"},{"$f":"_xlfn.XLOOKUP(A30,'COMP-CDF'!A:A,'COMP-CDF'!D:D)","v":"UN"},{"$f":"_xlfn.XLOOKUP(A30,'COMP-CDF'!A:A,'COMP-CDF'!G:G)","v":8870.98}]
[{"$f":"'COMP-CDF'!A155","v":"COMP-30"},{"$f":"_xlfn.XLOOKUP(A31,'COMP-CDF'!A:A,'COMP-CDF'!C:C)","v":"DISPOSITIVO DR BIPOLAR DE 25 A/30 MA  - FORNECIMENTO E INSTALAÇÃO"},{"$f":"_xlfn.XLOOKUP(A31,'COMP-CDF'!A:A,'COMP-CDF'!D:D)","v":"UN"},{"$f":"_xlfn.XLOOKUP(A31,'COMP-CDF'!A:A,'COMP-CDF'!G:G)","v":178.14}]
[{"$f":"'COMP-CDF'!A162","v":"COMP-31"},{"$f":"_xlfn.XLOOKUP(A32,'COMP-CDF'!A:A,'COMP-CDF'!C:C)","v":"DISPOSITIVO DPS CLASSE II, 1 POLO, 275 V, 20 KA - FORNECIMENTO E INSTALAÇÃO                                                                                                                               "},{"$f":"_xlfn.XLOOKUP(A32,'COMP-CDF'!A:A,'COMP-CDF'!D:D)","v":"UN"},{"$f":"_xlfn.XLOOKUP(A32,'COMP-CDF'!A:A,'COMP-CDF'!G:G)","v":105.54}]
[{"$f":"'COMP-CDF'!A169","v":"COMP-32"},{"$f":"_xlfn.XLOOKUP(A33,'COMP-CDF'!A:A,'COMP-CDF'!C:C)","v":"JUNCAO SIMPLES DE REDUCAO, PVC, DN 100 X 50 MM, PARA ESGOTO PREDIAL - FORNECIMENTO E INSTALAÇÃO                                                                                                                                                                            "},{"$f":"_xlfn.XLOOKUP(A33,'COMP-CDF'!A:A,'COMP-CDF'!D:D)","v":"UN"},{"$f":"_xlfn.XLOOKUP(A33,'COMP-CDF'!A:A,'COMP-CDF'!G:G)","v":46.7}]
[{"$f":"'COMP-CDF'!A178","v":"COMP-33"},{"$f":"_xlfn.XLOOKUP(A34,'COMP-CDF'!A:A,'COMP-CDF'!C:C)","v":"ENTRADA DE ENERGIA COM POSTE E ASSENTAMENTO                                                                                                                               "},{"$f":"_xlfn.XLOOKUP(A34,'COMP-CDF'!A:A,'COMP-CDF'!D:D)","v":"UN"},{"$f":"_xlfn.XLOOKUP(A34,'COMP-CDF'!A:A,'COMP-CDF'!G:G)","v":3660.45}]
[{"$f":"'COMP-CDF'!A184","v":"COMP-34"},{"$f":"_xlfn.XLOOKUP(A35,'COMP-CDF'!A:A,'COMP-CDF'!C:C)","v":"FORMA PARA QUEIJO COALHO REDONDO DE 1KG"},{"$f":"_xlfn.XLOOKUP(A35,'COMP-CDF'!A:A,'COMP-CDF'!D:D)","v":"UN"},{"$f":"_xlfn.XLOOKUP(A35,'COMP-CDF'!A:A,'COMP-CDF'!G:G)","v":28.21}]

{"sheet":"COMP-CDF","index":8,"n_rows":896,"n_cols":8,"rows_kept":896,"cut":false,"hidden":false,"merged":[[187,0,187,6],[1,0,1,6],[2,0,2,6],[3,0,3,6],[5,0,5,6],[7,0,7,6]]}
[]
[{"$f":"'ORC1'!D3","v":"MINISTÉRIO DA INTEGRAÇÃO E DO DESENVOLVIMENTO REGIONAL - MIDR"}]
[{"$f":"'ORC1'!D4","v":"COMPANHIA DE DESENVOLVIMENTO DOS VALES DO SÃO FRANCISCO E DO PARNAÍBA"}]
[{"$f":"'ORC1'!D5","v":"14ª SUPERINTENDÊNCIA REGIONAL"}]
[]
[{"$f":"'ORC1'!A20","v":"CONTRATAÇÃO DE SERVIÇOS DE ENGENHARIA, POR MEIO DO SISTEMA DE REGISTRO DE PREÇOS – SRP, PARA IMPLANTAÇÃO DE AGROINDÚSTRIAS DE LÁCTEOS EM COMUNIDADES RURAIS, NO ESTADO DO CEARÁ."}]
[]
["COMPOSIÇÕES DE CUSTOS DA 14SR/CODEVASF"]
[null,null,null,"NÃO DESONERADO"]
["Código","Fonte","Descrição","NÃO DESONERADO","Coeficiente","Custo Unitário (R$)","Custo Total (R$)"]
["COMP-01","CODEVASF","LUMINÁRIA PRISMÁTICA PENDENTE, COM 1 LÂMPADA LED DE 20W ","UN",null,null,{"$f":"G16","v":120.49}]
[{"$f":"Cotações!A10","v":"COT-01"},"COTAÇÃO",{"$f":"Cotações!B10","v":"LUMINÁRIA PRISMÁTICA PENDENTE"},"UN",1,{"$f":"Cotações!D16","v":82},{"$f":"ROUND(E12*F12,2)","v":82}]
[{"$f":"Cotações!A18","v":"COT-02"},"COTAÇÃO",{"$f":"Cotações!B18","v":"LÂMPADA LED BULBO 20W 6500K"},"UN",1,{"$f":"Cotações!D24","v":17.36},{"$f":"ROUND(E13*F13,2)","v":17.36}]
[88247,"SINAPI",{"$f":"_xlfn.XLOOKUP(A14,CCD!B:B,CCD!C:C,_xlfn.XLOOKUP(A14,ICD!B:B,ICD!C:C))","v":"AUXILIAR DE ELETRICISTA COM ENCARGOS COMPLEMENTARES"},{"$f":"_xlfn.XLOOKUP(A14,CCD!B:B,CCD!D:D,_xlfn.XLOOKUP('COMP-CDF'!A14,ICD!B:B,ICD!D:D))","v":"H"},0.22989999999999999,{"$f":"_xlfn.XLOOKUP(A14,CCD!B:B,CCD!O:O,_xlfn.XLOOKUP('COMP-CDF'!A14,ICD!B:B,ICD!K:K))","v":23.42},5.38]
[88264,"SINAPI",{"$f":"_xlfn.XLOOKUP(A15,CCD!B:B,CCD!C:C,_xlfn.XLOOKUP(A15,ICD!B:B,ICD!C:C))","v":"ELETRICISTA COM ENCARGOS COMPLEMENTARES"},{"$f":"_xlfn.XLOOKUP(A15,CCD!B:B,CCD!D:D,_xlfn.XLOOKUP('COMP-CDF'!A15,ICD!B:B,ICD!D:D))","v":"H"},0.55179999999999996,{"$f":"_xlfn.XLOOKUP(A15,CCD!B:B,CCD!O:O,_xlfn.XLOOKUP('COMP-CDF'!A15,ICD!B:B,ICD!K:K))","v":28.54},15.75]
[{"$nulls":5},"Total",{"$f":"TRUNC(SUM(G12:G15),2)","v":120.49}]
[]
["COMP-02","CODEVASF",{"$f":"Cotações!B26","v":"MESA INOX DE APOIO"},"UN",null,null,{"$f":"G20","v":3751.91}]
[{"$f":"Cotações!A26","v":"COT-03"},"COTAÇÃO",{"$f":"Cotações!B26","v":"MESA INOX DE APOIO"},"UN",1,{"$f":"Cotações!D32","v":3751.91},{"$f":"ROUND(E19*F19,2)","v":3751.91}]
[{"$nulls":5},"Total",{"$f":"TRUNC(SUM(G19:G19),2)","v":3751.91}]
[]
["COMP-03","CODEVASF",{"$f":"Cotações!B33","v":"SELADORA MANUAL PARA POTES"},"UN",null,null,{"$f":"G24","v":2672.97}]
[{"$f":"Cotações!A33","v":"COT-04"},"COTAÇÃO",{"$f":"Cotações!B33","v":"SELADORA MANUAL PARA POTES"},"UN",1,{"$f":"Cotações!D39","v":2672.97},{"$f":"ROUND(E23*F23,2)","v":2672.97}]
[{"$nulls":5},"Total",{"$f":"TRUNC(SUM(G23:G23),2)","v":2672.97}]
[]
["COMP-04","CODEVASF",{"$f":"Cotações!B41","v":"SELADORA A VÁCUO DE BANCADA"},"UN",null,null,{"$f":"G28","v":5457.82}]
[{"$f":"Cotações!A41","v":"COT-05"},"COTAÇÃO",{"$f":"Cotações!B41","v":"SELADORA A VÁCUO DE BANCADA"},"UN",1,{"$f":"Cotações!D48","v":5457.82},{"$f":"ROUND(E27*F27,2)","v":5457.82}]
[{"$nulls":5},"Total",{"$f":"TRUNC(SUM(G27:G27),2)","v":5457.82}]
[]
["COMP-05","CODEVASF",{"$f":"Cotações!B50","v":"LAVA DE BOTAS MANUAL "},"UN","",null,{"$f":"G32","v":5321.75}]
[{"$f":"Cotações!A50","v":"COT-06"},"COTAÇÃO",{"$f":"Cotações!B50","v":"LAVA DE BOTAS MANUAL "},"UN",1,{"$f":"Cotações!D56","v":5321.75},{"$f":"ROUND(E31*F31,2)","v":5321.75}]
[{"$nulls":5},"Total",{"$f":"TRUNC(SUM(G31:G31),2)","v":5321.75}]
[]
["COMP-06","CODEVASF",{"$f":"Cotações!B58","v":"ANALISADOR DE LEITE ULTRASSÔNICO"},"UN",null,null,{"$f":"G36","v":5769.28}]
[{"$f":"Cotações!A58","v":"COT-07"},"COTAÇÃO",{"$f":"Cotações!B58","v":"ANALISADOR DE LEITE ULTRASSÔNICO"},"UM",1,{"$f":"Cotações!D65","v":5769.28},{"$f":"ROUND(E35*F35,2)","v":5769.28}]
[{"$nulls":5},"Total",{"$f":"TRUNC(SUM(G35),2)","v":5769.28}]
[]
["COMP-07","CODEVASF",{"$f":"Cotações!B67","v":"LAVADORA E SECADORA DE ROUPAS INVERTER 11KG"},"UN",null,null,{"$f":"G40","v":3610.51}]
[{"$f":"Cotações!A67","v":"COT-08"},"COTAÇÃO",{"$f":"Cotações!B67","v":"LAVADORA E SECADORA DE ROUPAS INVERTER 11KG"},"UN",1,{"$f":"Cotações!D73","v":3610.51},{"$f":"ROUND(E39*F39,2)","v":3610.51}]
[{"$nulls":5},"Total",{"$f":"TRUNC(SUM(G39:G39),2)","v":3610.51}]
[]
["COMP-08","CODEVASF",{"$f":"Cotações!B75","v":"ARMÁRIO TIPO ROUPEIRO"},"UN",null,null,{"$f":"G44","v":1283.0899999999999}]
[{"$f":"Cotações!A75","v":"COT-09"},"COTAÇÃO",{"$f":"Cotações!B75","v":"ARMÁRIO TIPO ROUPEIRO"},"UN",1,{"$f":"Cotações!D81","v":1283.0899999999999},{"$f":"ROUND(E43*F43,2)","v":1283.0899999999999}]
[{"$nulls":5},"Total",{"$f":"TRUNC(SUM(G43:G43),2)","v":1283.0899999999999}]
[]
["COMP-11","CODEVASF",{"$f":"Cotações!B83","v":"ESTANTE EM AÇO INOX PARA SECAGEM/MATURAÇÃO DE QUEIJOS"},"UN",null,null,{"$f":"G48","v":4382.24}]
[{"$f":"Cotações!A83","v":"COT-12"},"COTAÇÃO",{"$f":"Cotações!B83","v":"ESTANTE EM AÇO INOX PARA SECAGEM/MATURAÇÃO DE QUEIJOS"},"UN",1,{"$f":"Cotações!D89","v":4382.24},{"$f":"ROUND(E47*F47,2)","v":4382.24}]
[{"$nulls":5},"Total",{"$f":"TRUNC(SUM(G47:G47),2)","v":4382.24}]
[]
["COMP-12","CODEVASF","ADMISTRAÇÃO LOCAL","UN",null,null,{"$f":"G58","v":46580.4}]
[90777,"SINAPI",{"$f":"_xlfn.XLOOKUP(A51,CCD!B:B,CCD!C:C,_xlfn.XLOOKUP(A51,ICD!B:B,ICD!C:C))","v":"ENGENHEIRO CIVIL DE OBRA JUNIOR COM ENCARGOS COMPLEMENTARES"},{"$f":"_xlfn.XLOOKUP(A51,CCD!B:B,CCD!D:D,_xlfn.XLOOKUP('COMP-CDF'!A51,ICD!B:B,ICD!D:D))","v":"H"},{"$f":"3*4*8","v":96},{"$f":"_xlfn.XLOOKUP(A51,CCD!B:B,CCD!O:O,_xlfn.XLOOKUP('COMP-CDF'!A51,ICD!B:B,ICD!K:K))","v":116.65},{"$f":"ROUND(E51*F51,2)","v":11198.4}]
[101380,"SINAPI",{"$f":"_xlfn.XLOOKUP(A52,CCD!B:B,CCD!C:C,_xlfn.XLOOKUP(A52,ICD!B:B,ICD!C:C))","v":"AJUDANTE ESPECIALIZADO COM ENCARGOS COMPLEMENTARES"},"MÊS",3,{"$f":"_xlfn.XLOOKUP(A52,CCD!B:B,CCD!O:O,_xlfn.XLOOKUP('COMP-CDF'!A52,ICD!B:B,ICD!K:K))","v":3989.52},{"$f":"ROUND(E52*F52,2)","v":11968.56}]
[90772,"SINAPI",{"$f":"_xlfn.XLOOKUP(A53,CCD!B:B,CCD!C:C,_xlfn.XLOOKUP(A53,ICD!B:B,ICD!C:C))","v":"AUXILIAR DE ESCRITORIO COM ENCARGOS COMPLEMENTARES"},{"$f":"_xlfn.XLOOKUP(A53,CCD!B:B,CCD!D:D,_xlfn.XLOOKUP('COMP-CDF'!A53,ICD!B:B,ICD!D:D))","v":"H"},{"$f":"3*4*8*2","v":192},{"$f":"_xlfn.XLOOKUP(A53,CCD!B:B,CCD!O:O,_xlfn.XLOOKUP('COMP-CDF'!A53,ICD!B:B,ICD!K:K))","v":17.760000000000002},3409.92]
[90776,"SINAPI",{"$f":"_xlfn.XLOOKUP(A54,CCD!B:B,CCD!C:C,_xlfn.XLOOKUP(A54,ICD!B:B,ICD!C:C))","v":"ENCARREGADO GERAL COM ENCARGOS COMPLEMENTARES"},{"$f":"_xlfn.XLOOKUP(A54,CCD!B:B,CCD!D:D,_xlfn.XLOOKUP('COMP-CDF'!A54,ICD!B:B,ICD!D:D))","v":"H"},{"$f":"3*4*8*2","v":192},{"$f":"_xlfn.XLOOKUP(A54,CCD!B:B,CCD!O:O,_xlfn.XLOOKUP('COMP-CDF'!A54,ICD!B:B,ICD!K:K))","v":26.23},5036.16]
[100533,"SINAPI",{"$f":"_xlfn.XLOOKUP(A55,CCD!B:B,CCD!C:C,_xlfn.XLOOKUP(A55,ICD!B:B,ICD!C:C))","v":"TECNICO DE EDIFICACOES COM ENCARGOS COMPLEMENTARES"},{"$f":"_xlfn.XLOOKUP(A55,CCD!B:B,CCD!D:D,_xlfn.XLOOKUP('COMP-CDF'!A55,ICD!B:B,ICD!D:D))","v":"H"},{"$f":"3*4*8*2","v":192},{"$f":"_xlfn.XLOOKUP(A55,CCD!B:B,CCD!O:O,_xlfn.XLOOKUP('COMP-CDF'!A55,ICD!B:B,ICD!K:K))","v":39.42},7568.64]
[100289,"SINAPI",{"$f":"_xlfn.XLOOKUP(A56,CCD!B:B,CCD!C:C,_xlfn.XLOOKUP(A56,ICD!B:B,ICD!C:C))","v":"VIGIA DIURNO COM ENCARGOS COMPLEMENTARES"},{"$f":"_xlfn.XLOOKUP(A56,CCD!B:B,CCD!D:D,_xlfn.XLOOKUP('COMP-CDF'!A56,ICD!B:B,ICD!D:D))","v":"H"},{"$f":"3*4*8*2","v":192},{"$f":"_xlfn.XLOOKUP(A56,CCD!B:B,CCD!O:O,_xlfn.XLOOKUP('COMP-CDF'!A56,ICD!B:B,ICD!K:K))","v":23.39},4490.88]
[100309,"SINAPI",{"$f":"_xlfn.XLOOKUP(A57,CCD!B:B,CCD!C:C,_xlfn.XLOOKUP(A57,ICD!B:B,ICD!C:C))","v":"TÉCNICO EM SEGURANÇA DO TRABALHO COM ENCARGOS COMPLEMENTARES"},{"$f":"_xlfn.XLOOKUP(A57,CCD!B:B,CCD!D:D,_xlfn.XLOOKUP('COMP-CDF'!A57,ICD!B:B,ICD!D:D))","v":"H"},{"$f":"3*4*8","v":96},{"$f":"_xlfn.XLOOKUP(A57,CCD!B:B,CCD!O:O,_xlfn.XLOOKUP('COMP-CDF'!A57,ICD!B:B,ICD!K:K))","v":30.29},2907.84]
[{"$nulls":5},"Total",{"$f":"TRUNC(SUM(G51:G57),2)","v":46580.4}]
[]
["COMP-13","CODEVASF","MOBILIZAÇÃO E DESMOBILIZAÇÃO","UN",null,null,{"$f":"G64","v":3030.53}]
[89876,"SINAPI",{"$f":"_xlfn.XLOOKUP(A61,CCD!B:B,CCD!C:C,_xlfn.XLOOKUP(A61,ICD!B:B,ICD!C:C))","v":"CAMINHÃO BASCULANTE 14 M3, COM CAVALO MECÂNICO DE CAPACIDADE MÁXIMA DE TRAÇÃO COMBINADO DE 36000 KG, POTÊNCIA 286 CV, INCLUSIVE SEMIREBOQUE COM CAÇAMBA METÁLICA - CHP DIURNO. AF_12/2014"},{"$f":"_xlfn.XLOOKUP(A61,CCD!B:B,CCD!D:D,_xlfn.XLOOKUP('COMP-CDF'!A61,ICD!B:B,ICD!D:D))","v":"CHP"},1,{"$f":"_xlfn.XLOOKUP(A61,CCD!B:B,CCD!O:O,_xlfn.XLOOKUP('COMP-CDF'!A61,ICD!B:B,ICD!K:K))","v":337.29},{"$f":"ROUND(E61*F61,2)","v":337.29}]
["I0698","SEINFRA",{"$f":"_xlfn.XLOOKUP(A62,'IS-SEINFRA'!A:A,'IS-SEINFRA'!B:B)","v":"CAMINHÃO TANQUE 8.000 l (CHP)"},{"$f":"_xlfn.XLOOKUP(A62,'IS-SEINFRA'!A:A,'IS-SEINFRA'!C:C)","v":"H"},2,{"$f":"_xlfn.XLOOKUP(A62,'IS-SEINFRA'!A:A,'IS-SEINFRA'!D:D)","v":213.88106933823528},{"$f":"ROUND(E62*F62,2)","v":427.76}]
[5914640,"SICRO","Transporte com cavalo mecânico com semirreboque com capacidade de 32 t - rodovia pavimentada","tkm",3906,0.57999999999999996,2265.48]
[{"$nulls":5},"Total",{"$f":"TRUNC(SUM(G61:G63),2)","v":3030.53}]
[]
["COMP-14","CODEVASF",{"$f":"Cotações!B91","v":"TANQUE DE RESFRIAMENTO 1000L"},"UN",null,null,{"$f":"G68","v":24092.98}]
[{"$f":"Cotações!A91","v":"COT-13"},"COTAÇÃO",{"$f":"Cotações!B91","v":"TANQUE DE RESFRIAMENTO 1000L"},"UN",1,{"$f":"Cotações!D97","v":24092.98},{"$f":"ROUND(E67*F67,2)","v":24092.98}]
[{"$nulls":5},"Total",{"$f":"TRUNC(SUM(G67:G67),2)","v":24092.98}]
[]
["COMP-15","CODEVASF",{"$f":"Cotações!B99","v":"PASTEURIZADOR LENTO 1000L"},"UN",null,null,{"$f":"G72","v":48227.33}]
[{"$f":"Cotações!A99","v":"COT-14"},"COTAÇÃO",{"$f":"Cotações!B99","v":"PASTEURIZADOR LENTO 1000L"},"UN",1,{"$f":"Cotações!D104","v":48227.33},{"$f":"ROUND(E71*F71,2)","v":48227.33}]
[{"$nulls":5},"Total",{"$f":"TRUNC(SUM(G71:G71),2)","v":48227.33}]
[]
["COMP-16","CODEVASF",{"$f":"Cotações!B106","v":"PRENSA PNEUMÁTICA 4 COLUNAS/10 FORMAS REDONDAS 1KG"},"UN",null,null,{"$f":"G76","v":10082.66}]
[{"$f":"Cotações!A106","v":"COT-15"},"COTAÇÃO",{"$f":"Cotações!B106","v":"PRENSA PNEUMÁTICA 4 COLUNAS/10 FORMAS REDONDAS 1KG"},"UN",1,{"$f":"Cotações!D111","v":10082.66},{"$f":"ROUND(E75*F75,2)","v":10082.66}]
[{"$nulls":5},"Total",{"$f":"TRUNC(SUM(G75:G75),2)","v":10082.66}]
[]
["COMP-17","CODEVASF","ENVASADORA PNEUMÁTICA PARA LÍQUIDOS E PASTOSOS","UN",null,null,{"$f":"G80","v":7656.15}]
[{"$f":"Cotações!A113","v":"COT-16"},"COTAÇÃO",{"$f":"Cotações!B113","v":"ENVASADORA PNEUMÁTICA PARA LÍQUIDOS E PASTOSOS"},"UN",1,{"$f":"Cotações!D119","v":7656.15},{"$f":"ROUND(E79*F79,2)","v":7656.15}]
[{"$nulls":5},"Total",{"$f":"TRUNC(SUM(G79:G79),2)","v":7656.15}]
[]
["COMP-18","CODEVASF",{"$f":"Cotações!B121","v":"DESNATADEIRA ELÉTRICA 275L/H"},"UN",null,null,{"$f":"G84","v":20165}]
[{"$f":"Cotações!A121","v":"COT-17"},"COTAÇÃO",{"$f":"Cotações!B121","v":"DESNATADEIRA ELÉTRICA 275L/H"},"UN",1,{"$f":"Cotações!D126","v":20165},{"$f":"ROUND(E83*F83,2)","v":20165}]
[{"$nulls":5},"Total",{"$f":"TRUNC(SUM(G83:G83),2)","v":20165}]
[]
["COMP-19","CODEVASF",{"$f":"Cotações!B128","v":"TANQUE PARA SALGA 400L"},"UN",null,null,{"$f":"G88","v":3616.66}]
[{"$f":"Cotações!A128","v":"COT-18"},"COTAÇÃO",{"$f":"Cotações!B128","v":"TANQUE PARA SALGA 400L"},"UN",1,{"$f":"Cotações!D130","v":3616.66},{"$f":"ROUND(E87*F87,2)","v":3616.66}]
[{"$nulls":5},"Total",{"$f":"TRUNC(SUM(G87:G87),2)","v":3616.66}]
[]
["COMP-20","CODEVASF",{"$f":"Cotações!B136","v":"TANQUE INOX 500L PARA FABRICAÇÃO DE QUEIJOS"},"UN",null,null,{"$f":"G92","v":17026.93}]
[{"$f":"Cotações!A136","v":"COT-19"},"COTAÇÃO",{"$f":"Cotações!B136","v":"TANQUE INOX 500L PARA FABRICAÇÃO DE QUEIJOS"},"UN",1,{"$f":"Cotações!D141","v":17026.93},{"$f":"ROUND(E91*F91,2)","v":17026.93}]
[{"$nulls":5},"Total",{"$f":"TRUNC(SUM(G91:G91),2)","v":17026.93}]
[]
["COMP-21","CODEVASF","FORNECIMENTO E INSTALAÇÃO DE ISOPAINEL EPS 100 MM","M2",null,null,{"$f":"G103","v":318.16000000000003}]
[{"$f":"Cotações!A143","v":"COT-20"},"COTAÇÃO",{"$f":"Cotações!B143","v":"ISOPAINEIS EPS 100 MM"},"M2",1.05,{"$f":"Cotações!D147","v":198.2},{"$f":"ROUND(E95*F95,2)","v":208.11}]
[{"$f":"Cotações!A149","v":"COT-21"},"COTAÇÃO",{"$f":"Cotações!B149","v":"CANT INT 40X40X1000"},"M",{"$f":"1.05*(363/450)","v":0.84699999999999998},{"$f":"Cotações!D154","v":13.25},{"$f":"ROUND(E96*F96,2)","v":11.22},"363 m"]
[{"$f":"Cotações!A156","v":"COT-22"},"COTAÇÃO",{"$f":"Cotações!B156","v":"CANT EXTERNA 40X140X1000"},"M",{"$f":"1.05*(39/450)","v":9.1000000000000011E-2},{"$f":"Cotações!D161","v":15.26},1.39,"39 m"]
[{"$f":"Cotações!A163","v":"COT-23"},"COTAÇÃO",{"$f":"Cotações!B163","v":"PERFIL EM U 40X100X1000"},"M",{"$f":"1.05*(186/450)","v":0.434},{"$f":"Cotações!D168","v":16.579999999999998},7.2,"186 m"]
[{"$f":"Cotações!A207","v":"COT-29"},"COTAÇÃO",{"$f":"Cotações!B207","v":"REBITE POP ALUMINIO BRANCO 4,0 X 15MM"},"CT",{"$f":"1.05*(7/450)","v":1.6333333333333335E-2},{"$f":"Cotações!D212","v":22.45},{"$f":"ROUND(E99*F99,2)","v":0.37},"7 cartelas de 100 unidades"]
[{"$f":"Cotações!A214","v":"COT-30"},"COTAÇÃO",{"$f":"Cotações!B214","v":"MASSA VEDANTE PAINEIS (BRANCO) - 600ML"},"PC",{"$f":"1.05*(12/450)","v":2.8000000000000004E-2},{"$f":"Cotações!D218","v":35.270000000000003},0.99,"12 unidades de 600 ml"]
[]
[{"$f":"Cotações!A193","v":"COT-27"},"COTAÇÃO",{"$f":"Cotações!B193","v":"MÃO DE OBRA DE INSTALAÇÃO DO ISOPAINEL EPS"},"M2",1,{"$f":"Cotações!D196","v":88.88},{"$f":"ROUND(E102*F102,2)","v":88.88}]
[{"$nulls":5},"Total",{"$f":"TRUNC(SUM(G95:G102),2)","v":318.16000000000003}]
[]
["COMP-22","CODEVASF","LIMPEZA GERAL","M2",null,null,{"$f":"G107","v":15.35}]
[88316,"SINAPI",{"$f":"_xlfn.XLOOKUP(A106,CCD!B:B,CCD!C:C,_xlfn.XLOOKUP(A106,ICD!B:B,ICD!C:C))","v":"SERVENTE COM ENCARGOS COMPLEMENTARES"},{"$f":"_xlfn.XLOOKUP(A106,CCD!B:B,CCD!D:D,_xlfn.XLOOKUP('COMP-CDF'!A106,ICD!B:B,ICD!D:D))","v":"H"},0.7,{"$f":"_xlfn.XLOOKUP(A106,CCD!B:B,CCD!O:O,_xlfn.XLOOKUP('COMP-CDF'!A106,ICD!B:B,ICD!K:K))","v":21.93},{"$f":"ROUND(E106*F106,2)","v":15.35}]
[null,null,null,"H",null,"Total",{"$f":"TRUNC(SUM(G106:G106),2)","v":15.35}]
[]
["COMP-23","CODEVASF","CHUVEIRO PLASTICO SIMPLES - FORNECIDO E INSTALADO","UN",null,null,{"$f":"G114","v":30.59}]
[7608,"SINAPI",{"$f":"_xlfn.XLOOKUP(A110,CCD!B:B,CCD!C:C,_xlfn.XLOOKUP(A110,ICD!B:B,ICD!C:C))","v":"DUCHA / CHUVEIRO PLASTICO SIMPLES, 5\", BRANCO, PARA ACOPLAR EM HASTE 1/2\", AGUA FRIA"},{"$f":"_xlfn.XLOOKUP(A110,CCD!B:B,CCD!D:D,_xlfn.XLOOKUP('COMP-CDF'!A110,ICD!B:B,ICD!D:D))","v":"UN"},1,{"$f":"_xlfn.XLOOKUP(A110,CCD!B:B,CCD!O:O,_xlfn.XLOOKUP('COMP-CDF'!A110,ICD!B:B,ICD!K:K))","v":15.14},{"$f":"ROUND(E110*F110,2)","v":15.14}]
[3146,"SINAPI",{"$f":"_xlfn.XLOOKUP(A111,CCD!B:B,CCD!C:C,_xlfn.XLOOKUP(A111,ICD!B:B,ICD!C:C))","v":"FITA VEDA ROSCA, EM PTFE, ROLO DE 18 MM X 10 M (L X C)"},{"$f":"_xlfn.XLOOKUP(A111,CCD!B:B,CCD!D:D,_xlfn.XLOOKUP('COMP-CDF'!A111,ICD!B:B,ICD!D:D))","v":"UN"},2.1000000000000001E-2,{"$f":"_xlfn.XLOOKUP(A111,CCD!B:B,CCD!O:O,_xlfn.XLOOKUP('COMP-CDF'!A111,ICD!B:B,ICD!K:K))","v":4},{"$f":"ROUND(E111*F111,2)","v":0.08}]
[88267,"SINAPI",{"$f":"_xlfn.XLOOKUP(A112,CCD!B:B,CCD!C:C,_xlfn.XLOOKUP(A112,ICD!B:B,ICD!C:C))","v":"ENCANADOR OU BOMBEIRO HIDRÁULICO COM ENCARGOS COMPLEMENTARES"},{"$f":"_xlfn.XLOOKUP(A112,CCD!B:B,CCD!D:D,_xlfn.XLOOKUP('COMP-CDF'!A112,ICD!B:B,ICD!D:D))","v":"H"},0.44669999999999999,{"$f":"_xlfn.XLOOKUP(A112,CCD!B:B,CCD!O:O,_xlfn.XLOOKUP('COMP-CDF'!A112,ICD!B:B,ICD!K:K))","v":27.49},{"$f":"ROUND(E112*F112,2)","v":12.28}]
[88316,"SINAPI",{"$f":"_xlfn.XLOOKUP(A113,CCD!B:B,CCD!C:C,_xlfn.XLOOKUP(A113,ICD!B:B,ICD!C:C))","v":"SERVENTE COM ENCARGOS COMPLEMENTARES"},{"$f":"_xlfn.XLOOKUP(A113,CCD!B:B,CCD!D:D,_xlfn.XLOOKUP('COMP-CDF'!A113,ICD!B:B,ICD!D:D))","v":"H"},0.14069999999999999,{"$f":"_xlfn.XLOOKUP(A113,CCD!B:B,CCD!O:O,_xlfn.XLOOKUP('COMP-CDF'!A113,ICD!B:B,ICD!K:K))","v":21.93},3.09]
[{"$nulls":5},"Total",{"$f":"TRUNC(SUM(G110:G113),2)","v":30.59}]
[]
["COMP-24","CODEVASF","DISJUNTOR TRIPOLAR TIPO DIN, CORRENTE NOMINAL DE 63A - FORNECIMENTO E INSTALAÇÃO","UN",null,null,{"$f":"G121","v":118.08}]
[1570,"SINAPI",{"$f":"_xlfn.XLOOKUP(A117,CCD!B:B,CCD!C:C,_xlfn.XLOOKUP(A117,ICD!B:B,ICD!C:C))","v":"TERMINAL A COMPRESSAO EM COBRE ESTANHADO PARA CABO 2,5 MM2, 1 FURO E 1 COMPRESSAO, PARA PARAFUSO DE FIXACAO M5"},{"$f":"_xlfn.XLOOKUP(A117,CCD!B:B,CCD!D:D,_xlfn.XLOOKUP('COMP-CDF'!A117,ICD!B:B,ICD!D:D))","v":"UN"},3,1,{"$f":"ROUND(E117*F117,2)","v":3},"SP"]
[34714,"SINAPI",{"$f":"_xlfn.XLOOKUP(A118,CCD!B:B,CCD!C:C,_xlfn.XLOOKUP(A118,ICD!B:B,ICD!C:C))","v":"DISJUNTOR TERMOMAGNETICO PARA TRILHO DIN (IEC), TRIPOLAR, 63 A"},{"$f":"_xlfn.XLOOKUP(A118,CCD!B:B,CCD!D:D,_xlfn.XLOOKUP('COMP-CDF'!A118,ICD!B:B,ICD!D:D))","v":"UN"},1,{"$f":"_xlfn.XLOOKUP(A118,CCD!B:B,CCD!O:O,_xlfn.XLOOKUP('COMP-CDF'!A118,ICD!B:B,ICD!K:K))","v":76.099999999999994},{"$f":"ROUND(E118*F118,2)","v":76.099999999999994}]
[88247,"SINAPI",{"$f":"_xlfn.XLOOKUP(A119,CCD!B:B,CCD!C:C,_xlfn.XLOOKUP(A119,ICD!B:B,ICD!C:C))","v":"AUXILIAR DE ELETRICISTA COM ENCARGOS COMPLEMENTARES"},{"$f":"_xlfn.XLOOKUP(A119,CCD!B:B,CCD!D:D,_xlfn.XLOOKUP('COMP-CDF'!A119,ICD!B:B,ICD!D:D))","v":"H"},0.75,{"$f":"_xlfn.XLOOKUP(A119,CCD!B:B,CCD!O:O,_xlfn.XLOOKUP('COMP-CDF'!A119,ICD!B:B,ICD!K:K))","v":23.42},{"$f":"ROUND(E119*F119,2)","v":17.57}]
[88264,"SINAPI",{"$f":"_xlfn.XLOOKUP(A120,CCD!B:B,CCD!C:C,_xlfn.XLOOKUP(A120,ICD!B:B,ICD!C:C))","v":"ELETRICISTA COM ENCARGOS COMPLEMENTARES"},{"$f":"_xlfn.XLOOKUP(A120,CCD!B:B,CCD!D:D,_xlfn.XLOOKUP('COMP-CDF'!A120,ICD!B:B,ICD!D:D))","v":"H"},0.75,{"$f":"_xlfn.XLOOKUP(A120,CCD!B:B,CCD!O:O,_xlfn.XLOOKUP('COMP-CDF'!A120,ICD!B:B,ICD!K:K))","v":28.54},21.41]
[{"$nulls":5},"Total",{"$f":"TRUNC(SUM(G117:G120),2)","v":118.08}]
[]
["COMP-25","CODEVASF",{"$f":"Cotações!B170","v":"TACHO PARA DOCE 100L"},"UN",null,null,{"$f":"G125","v":28790.93}]
[{"$f":"Cotações!A170","v":"COT-24"},"COTAÇÃO",{"$f":"Cotações!B170","v":"TACHO PARA DOCE 100L"},"UN",1,{"$f":"Cotações!D175","v":28790.93},{"$f":"ROUND(E124*F124,2)","v":28790.93}]
[{"$nulls":5},"Total",{"$f":"TRUNC(SUM(G124:G124),2)","v":28790.93}]
[]
["COMP-26","CODEVASF",{"$f":"Cotações!B177","v":"BATEDEIRA PARA MANTEIGA 20KG"},"UN",null,null,{"$f":"G129","v":20344.939999999999}]
[{"$f":"Cotações!A177","v":"COT-25"},"COTAÇÃO",{"$f":"Cotações!B177","v":"BATEDEIRA PARA MANTEIGA 20KG"},"UN",1,{"$f":"Cotações!D183","v":20344.939999999999},{"$f":"ROUND(E128*F128,2)","v":20344.939999999999}]
[{"$nulls":5},"Total",{"$f":"TRUNC(SUM(G128:G128),2)","v":20344.939999999999}]
[]
["COMP-27","CODEVASF",{"$f":"Cotações!B185","v":"IOGURTEIRA INOX 500L"},"UN",null,null,{"$f":"G133","v":28595}]
["COT-26","COTAÇÃO",{"$f":"Cotações!A187","v":"CIÊNCIA DO LEITE"},"UN",1,{"$f":"Cotações!D187","v":28595},{"$f":"ROUND(E132*F132,2)","v":28595}]
[{"$nulls":5},"Total",{"$f":"TRUNC(SUM(G132:G132),2)","v":28595}]
[]
["COMP-28","CODEVASF",{"$f":"Cotações!B198","v":"COMPRESSOR 2HP 50L"},"UN",null,null,{"$f":"G137","v":2147.9299999999998}]
["COT-28","COTAÇÃO",{"$f":"Cotações!B198","v":"COMPRESSOR 2HP 50L"},"UN",1,{"$f":"Cotações!D205","v":2147.9299999999998},{"$f":"ROUND(E136*F136,2)","v":2147.9299999999998}]
[{"$nulls":5},"Total",{"$f":"TRUNC(SUM(G136:G136),2)","v":2147.9299999999998}]
[]
["COMP-29-0","CODEVASF","PROJETO EXECUTIVO PADRÃO EXCETO SONDAGEM, LEVANTAMENTO TOPOGRÁFICO E IMPLANTAÇÃO","UN",null,null,{"$f":"G142","v":5937.9}]
[90778,"SINAPI",{"$f":"_xlfn.XLOOKUP(A140,CCD!B:B,CCD!C:C,_xlfn.XLOOKUP(A140,ICD!B:B,ICD!C:C))","v":"ENGENHEIRO CIVIL DE OBRA PLENO COM ENCARGOS COMPLEMENTARES"},{"$f":"_xlfn.XLOOKUP(A140,CCD!B:B,CCD!D:D,_xlfn.XLOOKUP('COMP-CDF'!A140,ICD!B:B,ICD!D:D))","v":"H"},30,{"$f":"_xlfn.XLOOKUP(A140,CCD!B:B,CCD!O:O,_xlfn.XLOOKUP('COMP-CDF'!A140,ICD!B:B,ICD!K:K))","v":126.69},{"$f":"ROUND(E140*F140,2)","v":3800.7}]
[90775,"SINAPI",{"$f":"_xlfn.XLOOKUP(A141,CCD!B:B,CCD!C:C,_xlfn.XLOOKUP(A141,ICD!B:B,ICD!C:C))","v":"DESENHISTA PROJETISTA COM ENCARGOS COMPLEMENTARES"},{"$f":"_xlfn.XLOOKUP(A141,CCD!B:B,CCD!D:D,_xlfn.XLOOKUP('COMP-CDF'!A141,ICD!B:B,ICD!D:D))","v":"H"},60,{"$f":"_xlfn.XLOOKUP(A141,CCD!B:B,CCD!O:O,_xlfn.XLOOKUP('COMP-CDF'!A141,ICD!B:B,ICD!K:K))","v":35.619999999999997},{"$f":"ROUND(E141*F141,2)","v":2137.1999999999998}]
[{"$nulls":5},"Total",{"$f":"TRUNC(SUM(G140:G141),2)","v":5937.9}]
["COMP-29","CODEVASF","SONDAGEM, LEVANTAMENTO TOPOGRÁFICO E IMPLANTAÇÃO","UN",null,null,{"$f":"G153","v":8870.98}]
[90778,"SINAPI",{"$f":"_xlfn.XLOOKUP(A144,CCD!B:B,CCD!C:C,_xlfn.XLOOKUP(A144,ICD!B:B,ICD!C:C))","v":"ENGENHEIRO CIVIL DE OBRA PLENO COM ENCARGOS COMPLEMENTARES"},{"$f":"_xlfn.XLOOKUP(A144,CCD!B:B,CCD!D:D,_xlfn.XLOOKUP('COMP-CDF'!A144,ICD!B:B,ICD!D:D))","v":"H"},8,{"$f":"_xlfn.XLOOKUP(A144,CCD!B:B,CCD!O:O,_xlfn.XLOOKUP('COMP-CDF'!A144,ICD!B:B,ICD!K:K))","v":126.69},{"$f":"ROUND(E144*F144,2)","v":1013.52}]
[90775,"SINAPI",{"$f":"_xlfn.XLOOKUP(A145,CCD!B:B,CCD!C:C,_xlfn.XLOOKUP(A145,ICD!B:B,ICD!C:C))","v":"DESENHISTA PROJETISTA COM ENCARGOS COMPLEMENTARES"},{"$f":"_xlfn.XLOOKUP(A145,CCD!B:B,CCD!D:D,_xlfn.XLOOKUP('COMP-CDF'!A145,ICD!B:B,ICD!D:D))","v":"H"},8,{"$f":"_xlfn.XLOOKUP(A145,CCD!B:B,CCD!O:O,_xlfn.XLOOKUP('COMP-CDF'!A145,ICD!B:B,ICD!K:K))","v":35.619999999999997},{"$f":"ROUND(E145*F145,2)","v":284.95999999999998}]
[88322,"SINAPI",{"$f":"_xlfn.XLOOKUP(A146,CCD!B:B,CCD!C:C,_xlfn.XLOOKUP(A146,ICD!B:B,ICD!C:C))","v":"TÉCNICO EM SONDAGEM COM ENCARGOS COMPLEMENTARES"},{"$f":"_xlfn.XLOOKUP(A146,CCD!B:B,CCD!D:D,_xlfn.XLOOKUP('COMP-CDF'!A146,ICD!B:B,ICD!D:D))","v":"H"},4,{"$f":"_xlfn.XLOOKUP(A146,CCD!B:B,CCD!O:O,_xlfn.XLOOKUP('COMP-CDF'!A146,ICD!B:B,ICD!K:K))","v":57.67},{"$f":"ROUND(E146*F146,2)","v":230.68}]
[90781,"SINAPI",{"$f":"_xlfn.XLOOKUP(A147,CCD!B:B,CCD!C:C,_xlfn.XLOOKUP(A147,ICD!B:B,ICD!C:C))","v":"TOPOGRAFO COM ENCARGOS COMPLEMENTARES"},{"$f":"_xlfn.XLOOKUP(A147,CCD!B:B,CCD!D:D,_xlfn.XLOOKUP('COMP-CDF'!A147,ICD!B:B,ICD!D:D))","v":"H"},24,{"$f":"_xlfn.XLOOKUP(A147,CCD!B:B,CCD!O:O,_xlfn.XLOOKUP('COMP-CDF'!A147,ICD!B:B,ICD!K:K))","v":48.85},{"$f":"ROUND(E147*F147,2)","v":1172.4000000000001}]
[88253,"SINAPI",{"$f":"_xlfn.XLOOKUP(A148,CCD!B:B,CCD!C:C,_xlfn.XLOOKUP(A148,ICD!B:B,ICD!C:C))","v":"AUXILIAR DE TOPÓGRAFO COM ENCARGOS COMPLEMENTARES"},{"$f":"_xlfn.XLOOKUP(A148,CCD!B:B,CCD!D:D,_xlfn.XLOOKUP('COMP-CDF'!A148,ICD!B:B,ICD!D:D))","v":"H"},16,{"$f":"_xlfn.XLOOKUP(A148,CCD!B:B,CCD!O:O,_xlfn.XLOOKUP('COMP-CDF'!A148,ICD!B:B,ICD!K:K))","v":23.24},371.84]
[5896,"ORSE","VEÍCULO TIPO SEDAN OU PICK0UP CAPACIDADE 0,6 TON","H",24,8.33,199.92]
[4221,"SINAPI",{"$f":"_xlfn.XLOOKUP(A150,CCD!B:B,CCD!C:C,_xlfn.XLOOKUP(A150,ICD!B:B,ICD!C:C))","v":"OLEO DIESEL COMBUSTIVEL COMUM METROPOLITANO S-10 OU S-500"},{"$f":"_xlfn.XLOOKUP(A150,CCD!B:B,CCD!D:D,_xlfn.XLOOKUP('COMP-CDF'!A150,ICD!B:B,ICD!D:D))","v":"L"},50,{"$f":"_xlfn.XLOOKUP(A150,CCD!B:B,CCD!O:O,_xlfn.XLOOKUP('COMP-CDF'!A150,ICD!B:B,ICD!K:K))","v":6.07},303.5]
["E9553","SICRO","ESTAÇÃO TOTAL ELETRÔNICA COM ALCANCE MÁXIMO DE 3.000M","H",24,8.09,194.16]
["32.02.01","EMBASA","SONDAGEM A PERCUSSÃO","M",60,85,5100]
[{"$nulls":5},"Total",{"$f":"TRUNC(SUM(G144:G152),2)","v":8870.98}]
[]
["COMP-30","CODEVASF","DISPOSITIVO DR BIPOLAR DE 25 A/30 MA  - FORNECIMENTO E INSTALAÇÃO","UN",null,null,{"$f":"G160","v":178.14}]
[1570,"SINAPI",{"$f":"_xlfn.XLOOKUP(A156,CCD!B:B,CCD!C:C,_xlfn.XLOOKUP(A156,ICD!B:B,ICD!C:C))","v":"TERMINAL A COMPRESSAO EM COBRE ESTANHADO PARA CABO 2,5 MM2, 1 FURO E 1 COMPRESSAO, PARA PARAFUSO DE FIXACAO M5"},{"$f":"_xlfn.XLOOKUP(A156,CCD!B:B,CCD!D:D,_xlfn.XLOOKUP('COMP-CDF'!A156,ICD!B:B,ICD!D:D))","v":"UN"},2,1.04,{"$f":"ROUND(E156*F156,2)","v":2.08},"SP"]
[39445,"SINAPI",{"$f":"_xlfn.XLOOKUP(A157,CCD!B:B,CCD!C:C,_xlfn.XLOOKUP(A157,ICD!B:B,ICD!C:C))","v":"DISPOSITIVO DR, 2 POLOS, SENSIBILIDADE DE 30 MA, CORRENTE DE 25 A, TIPO AC"},{"$f":"_xlfn.XLOOKUP(A157,CCD!B:B,CCD!D:D,_xlfn.XLOOKUP('COMP-CDF'!A157,ICD!B:B,ICD!D:D))","v":"UN"},1,{"$f":"_xlfn.XLOOKUP(A157,CCD!B:B,CCD!O:O,_xlfn.XLOOKUP('COMP-CDF'!A157,ICD!B:B,ICD!K:K))","v":139.69},{"$f":"ROUND(E157*F157,2)","v":139.69}]
[88247,"SINAPI",{"$f":"_xlfn.XLOOKUP(A158,CCD!B:B,CCD!C:C,_xlfn.XLOOKUP(A158,ICD!B:B,ICD!C:C))","v":"AUXILIAR DE ELETRICISTA COM ENCARGOS COMPLEMENTARES"},{"$f":"_xlfn.XLOOKUP(A158,CCD!B:B,CCD!D:D,_xlfn.XLOOKUP('COMP-CDF'!A158,ICD!B:B,ICD!D:D))","v":"H"},0.7,{"$f":"_xlfn.XLOOKUP(A158,CCD!B:B,CCD!O:O,_xlfn.XLOOKUP('COMP-CDF'!A158,ICD!B:B,ICD!K:K))","v":23.42},{"$f":"ROUND(E158*F158,2)","v":16.39}]
[88264,"SINAPI",{"$f":"_xlfn.XLOOKUP(A159,CCD!B:B,CCD!C:C,_xlfn.XLOOKUP(A159,ICD!B:B,ICD!C:C))","v":"ELETRICISTA COM ENCARGOS COMPLEMENTARES"},{"$f":"_xlfn.XLOOKUP(A159,CCD!B:B,CCD!D:D,_xlfn.XLOOKUP('COMP-CDF'!A159,ICD!B:B,ICD!D:D))","v":"H"},0.7,{"$f":"_xlfn.XLOOKUP(A159,CCD!B:B,CCD!O:O,_xlfn.XLOOKUP('COMP-CDF'!A159,ICD!B:B,ICD!K:K))","v":28.54},19.98]
[{"$nulls":5},"Total",{"$f":"TRUNC(SUM(G156:G159),2)","v":178.14}]
[]
["COMP-31","CODEVASF","DISPOSITIVO DPS CLASSE II, 1 POLO, 275 V, 20 KA - FORNECIMENTO E INSTALAÇÃO                                                                                                                               ","UN",null,null,{"$f":"G167","v":105.54}]
[1570,"SINAPI",{"$f":"_xlfn.XLOOKUP(A163,CCD!B:B,CCD!C:C,_xlfn.XLOOKUP(A163,ICD!B:B,ICD!C:C))","v":"TERMINAL A COMPRESSAO EM COBRE ESTANHADO PARA CABO 2,5 MM2, 1 FURO E 1 COMPRESSAO, PARA PARAFUSO DE FIXACAO M5"},{"$f":"_xlfn.XLOOKUP(A163,CCD!B:B,CCD!D:D,_xlfn.XLOOKUP('COMP-CDF'!A163,ICD!B:B,ICD!D:D))","v":"UN"},1,1.04,{"$f":"ROUND(E163*F163,2)","v":1.04},"SP"]
[39469,"SINAPI",{"$f":"_xlfn.XLOOKUP(A164,CCD!B:B,CCD!C:C,_xlfn.XLOOKUP(A164,ICD!B:B,ICD!C:C))","v":"DISPOSITIVO DPS CLASSE II, 1 POLO, TENSAO MAXIMA DE 275 V, CORRENTE MAXIMA DE *20* KA (TIPO AC)"},{"$f":"_xlfn.XLOOKUP(A164,CCD!B:B,CCD!D:D,_xlfn.XLOOKUP('COMP-CDF'!A164,ICD!B:B,ICD!D:D))","v":"UN"},1,{"$f":"_xlfn.XLOOKUP(A164,CCD!B:B,CCD!O:O,_xlfn.XLOOKUP('COMP-CDF'!A164,ICD!B:B,ICD!K:K))","v":70.73},{"$f":"ROUND(E164*F164,2)","v":70.73}]
[88247,"SINAPI",{"$f":"_xlfn.XLOOKUP(A165,CCD!B:B,CCD!C:C,_xlfn.XLOOKUP(A165,ICD!B:B,ICD!C:C))","v":"AUXILIAR DE ELETRICISTA COM ENCARGOS COMPLEMENTARES"},{"$f":"_xlfn.XLOOKUP(A165,CCD!B:B,CCD!D:D,_xlfn.XLOOKUP('COMP-CDF'!A165,ICD!B:B,ICD!D:D))","v":"H"},0.65,{"$f":"_xlfn.XLOOKUP(A165,CCD!B:B,CCD!O:O,_xlfn.XLOOKUP('COMP-CDF'!A165,ICD!B:B,ICD!K:K))","v":23.42},{"$f":"ROUND(E165*F165,2)","v":15.22}]
[88264,"SINAPI",{"$f":"_xlfn.XLOOKUP(A166,CCD!B:B,CCD!C:C,_xlfn.XLOOKUP(A166,ICD!B:B,ICD!C:C))","v":"ELETRICISTA COM ENCARGOS COMPLEMENTARES"},{"$f":"_xlfn.XLOOKUP(A166,CCD!B:B,CCD!D:D,_xlfn.XLOOKUP('COMP-CDF'!A166,ICD!B:B,ICD!D:D))","v":"H"},0.65,{"$f":"_xlfn.XLOOKUP(A166,CCD!B:B,CCD!O:O,_xlfn.XLOOKUP('COMP-CDF'!A166,ICD!B:B,ICD!K:K))","v":28.54},18.55]
[{"$nulls":5},"Total",{"$f":"TRUNC(SUM(G163:G166),2)","v":105.54}]
[]
["COMP-32","CODEVASF","JUNCAO SIMPLES DE REDUCAO, PVC, DN 100 X 50 MM, PARA ESGOTO PREDIAL - FORNECIMENTO E INSTALAÇÃO                                                                                                                                                                            ","UN",null,null,{"$f":"G176","v":46.7}]
[297,"SINAPI",{"$f":"_xlfn.XLOOKUP(A170,CCD!B:B,CCD!C:C,_xlfn.XLOOKUP(A170,ICD!B:B,ICD!C:C))","v":"ANEL BORRACHA PARA TUBO ESGOTO PREDIAL, DN 75 MM (NBR 5688)"},{"$f":"_xlfn.XLOOKUP(A170,CCD!B:B,CCD!D:D,_xlfn.XLOOKUP('COMP-CDF'!A170,ICD!B:B,ICD!D:D))","v":"UN"},1,{"$f":"_xlfn.XLOOKUP(A170,CCD!B:B,CCD!O:O,_xlfn.XLOOKUP('COMP-CDF'!A170,ICD!B:B,ICD!K:K))","v":3.4},{"$f":"ROUND(E170*F170,2)","v":3.4}]
[301,"SINAPI",{"$f":"_xlfn.XLOOKUP(A171,CCD!B:B,CCD!C:C,_xlfn.XLOOKUP(A171,ICD!B:B,ICD!C:C))","v":"ANEL BORRACHA PARA TUBO ESGOTO PREDIAL, DN 100 MM (NBR 5688)"},{"$f":"_xlfn.XLOOKUP(A171,CCD!B:B,CCD!D:D,_xlfn.XLOOKUP('COMP-CDF'!A171,ICD!B:B,ICD!D:D))","v":"UN"},2,{"$f":"_xlfn.XLOOKUP(A171,CCD!B:B,CCD!O:O,_xlfn.XLOOKUP('COMP-CDF'!A171,ICD!B:B,ICD!K:K))","v":4.09},8.18]
[3659,"SINAPI",{"$f":"_xlfn.XLOOKUP(A172,CCD!B:B,CCD!C:C,_xlfn.XLOOKUP(A172,ICD!B:B,ICD!C:C))","v":"JUNCAO SIMPLES DE REDUCAO, PVC, DN 100 X 50 MM, SERIE NORMAL PARA ESGOTO PREDIAL"},{"$f":"_xlfn.XLOOKUP(A172,CCD!B:B,CCD!D:D,_xlfn.XLOOKUP('COMP-CDF'!A172,ICD!B:B,ICD!D:D))","v":"UN"},1,{"$f":"_xlfn.XLOOKUP(A172,CCD!B:B,CCD!O:O,_xlfn.XLOOKUP('COMP-CDF'!A172,ICD!B:B,ICD!K:K))","v":18.82},{"$f":"ROUND(E172*F172,2)","v":18.82}]
[20078,"SINAPI",{"$f":"_xlfn.XLOOKUP(A173,CCD!B:B,CCD!C:C,_xlfn.XLOOKUP(A173,ICD!B:B,ICD!C:C))","v":"PASTA LUBRIFICANTE PARA TUBOS E CONEXOES COM JUNTA ELASTICA, EMBALAGEM DE *400* GR (USO EM PVC, ACO, POLIETILENO E OUTROS)"},{"$f":"_xlfn.XLOOKUP(A173,CCD!B:B,CCD!D:D,_xlfn.XLOOKUP('COMP-CDF'!A173,ICD!B:B,ICD!D:D))","v":"UN"},0.1525,{"$f":"_xlfn.XLOOKUP(A173,CCD!B:B,CCD!O:O,_xlfn.XLOOKUP('COMP-CDF'!A173,ICD!B:B,ICD!K:K))","v":26.8},{"$f":"ROUND(E173*F173,2)","v":4.09}]
[88248,"SINAPI",{"$f":"_xlfn.XLOOKUP(A174,CCD!B:B,CCD!C:C,_xlfn.XLOOKUP(A174,ICD!B:B,ICD!C:C))","v":"AUXILIAR DE ENCANADOR OU BOMBEIRO HIDRÁULICO COM ENCARGOS COMPLEMENTARES"},{"$f":"_xlfn.XLOOKUP(A174,CCD!B:B,CCD!D:D,_xlfn.XLOOKUP('COMP-CDF'!A174,ICD!B:B,ICD!D:D))","v":"H"},0.24460000000000001,{"$f":"_xlfn.XLOOKUP(A174,CCD!B:B,CCD!O:O,_xlfn.XLOOKUP('COMP-CDF'!A174,ICD!B:B,ICD!K:K))","v":22.46},{"$f":"ROUND(E174*F174,2)","v":5.49}]
[88267,"SINAPI",{"$f":"_xlfn.XLOOKUP(A175,CCD!B:B,CCD!C:C,_xlfn.XLOOKUP(A175,ICD!B:B,ICD!C:C))","v":"ENCANADOR OU BOMBEIRO HIDRÁULICO COM ENCARGOS COMPLEMENTARES"},{"$f":"_xlfn.XLOOKUP(A175,CCD!B:B,CCD!D:D,_xlfn.XLOOKUP('COMP-CDF'!A175,ICD!B:B,ICD!D:D))","v":"H"},0.24460000000000001,{"$f":"_xlfn.XLOOKUP(A175,CCD!B:B,CCD!O:O,_xlfn.XLOOKUP('COMP-CDF'!A175,ICD!B:B,ICD!K:K))","v":27.49},6.72]
[{"$nulls":5},"Total",{"$f":"TRUNC(SUM(G170:G175),2)","v":46.7}]
[]
["COMP-33","CODEVASF","ENTRADA DE ENERGIA COM POSTE E ASSENTAMENTO                                                                                                                               ","UN",null,null,{"$f":"G182","v":3660.45}]
[101507,"SINAPI",{"$f":"_xlfn.XLOOKUP(A179,CCD!B:B,CCD!C:C,_xlfn.XLOOKUP(A179,ICD!B:B,ICD!C:C))","v":"ENTRADA DE ENERGIA ELÉTRICA, AÉREA, TRIFÁSICA, COM CAIXA DE SOBREPOR, CABO DE 25 MM2 E DISJUNTOR DIN 50A (NÃO INCLUSO O POSTE DE CONCRETO). AF_07/2020_PS"},{"$f":"_xlfn.XLOOKUP(A179,CCD!B:B,CCD!D:D,_xlfn.XLOOKUP('COMP-CDF'!A179,ICD!B:B,ICD!D:D))","v":"UN"},1,{"$f":"_xlfn.XLOOKUP(A179,CCD!B:B,CCD!O:O,_xlfn.XLOOKUP('COMP-CDF'!A179,ICD!B:B,ICD!K:K))","v":2223.0100000000002},{"$f":"ROUND(E179*F179,2)","v":2223.0100000000002}]
[100578,"SINAPI",{"$f":"_xlfn.XLOOKUP(A180,CCD!B:B,CCD!C:C,_xlfn.XLOOKUP(A180,ICD!B:B,ICD!C:C))","v":"ASSENTAMENTO DE POSTE DE CONCRETO COM COMPRIMENTO NOMINAL DE 9 M, CARGA NOMINAL MENOR OU IGUAL A 1000 DAN, ENGASTAMENTO SIMPLES COM 1,5 M DE SOLO (NÃO INCLUI FORNECIMENTO). AF_04/2025"},{"$f":"_xlfn.XLOOKUP(A180,CCD!B:B,CCD!D:D,_xlfn.XLOOKUP('COMP-CDF'!A180,ICD!B:B,ICD!D:D))","v":"UN"},1,{"$f":"_xlfn.XLOOKUP(A180,CCD!B:B,CCD!O:O,_xlfn.XLOOKUP('COMP-CDF'!A180,ICD!B:B,ICD!K:K))","v":619.44000000000005},{"$f":"ROUND(E180*F180,2)","v":619.44000000000005}]
[5033,"SINAPI",{"$f":"_xlfn.XLOOKUP(A181,CCD!B:B,CCD!C:C,_xlfn.XLOOKUP(A181,ICD!B:B,ICD!C:C))","v":"POSTE DE CONCRETO ARMADO DE SECAO DUPLO T, EXTENSAO DE 9,00 M, RESISTENCIA DE 300 A 400 DAN, TIPO B OU D"},{"$f":"_xlfn.XLOOKUP(A181,CCD!B:B,CCD!D:D,_xlfn.XLOOKUP('COMP-CDF'!A181,ICD!B:B,ICD!D:D))","v":"UN"},1,818,{"$f":"ROUND(E181*F181,2)","v":818},"SP"]
[{"$nulls":5},"Total",{"$f":"TRUNC(SUM(G179:G181),2)","v":3660.45}]
[]
["COMP-34","CODEVASF",{"$f":"Cotações!B220","v":"FORMA PARA QUEIJO COALHO REDONDO DE 1KG"},"UN",null,null,{"$f":"G186","v":28.21}]
[{"$f":"Cotações!A220","v":"COT-31"},"COTAÇÃO",{"$f":"Cotações!B220","v":"FORMA PARA QUEIJO COALHO REDONDO DE 1KG"},"UN",1,{"$f":"Cotações!D226","v":28.21},{"$f":"ROUND(E185*F185,2)","v":28.21}]
[{"$nulls":5},"Total",{"$f":"TRUNC(SUM(G185:G185),2)","v":28.21}]
[]
[{"$f":"'ORC1'!A158","v":"FORTALEZA/CE, OUTUBRO DE 2025."}]
{"$rows_empty":707}
[{"$f":"'ORC1'!A158","v":"FORTALEZA/CE, OUTUBRO DE 2025."}]

{"sheet":"COMP-SEINFRA","index":9,"n_rows":124,"n_cols":7,"rows_kept":124,"cut":false,"hidden":false,"merged":[[123,0,123,6],[121,0,121,6],[1,0,1,6],[2,0,2,6],[3,0,3,6],[5,0,5,6],[7,0,7,6]]}
[]
[{"$f":"'ORC1'!D3","v":"MINISTÉRIO DA INTEGRAÇÃO E DO DESENVOLVIMENTO REGIONAL - MIDR"}]
[{"$f":"'ORC1'!D4","v":"COMPANHIA DE DESENVOLVIMENTO DOS VALES DO SÃO FRANCISCO E DO PARNAÍBA"}]
[{"$f":"'ORC1'!D5","v":"14ª SUPERINTENDÊNCIA REGIONAL"}]
[]
[{"$f":"'ORC1'!A20","v":"CONTRATAÇÃO DE SERVIÇOS DE ENGENHARIA, POR MEIO DO SISTEMA DE REGISTRO DE PREÇOS – SRP, PARA IMPLANTAÇÃO DE AGROINDÚSTRIAS DE LÁCTEOS EM COMUNIDADES RURAIS, NO ESTADO DO CEARÁ."}]
[]
["COMPOSIÇÕES DE CUSTOS DA SEINFRA/CE*"]
[null,null,null,"DESONERADO"]
["Código",null,"Descrição","NÃO DESONERADO","Coeficiente","Preço","Total"]
["C1353",null,"ESTRUTURA METÁLICA TRELIÇADA EM AÇO, EM MARQUISES","M2",null,null,{"$f":"G15","v":269.61}]
[88278,"SINAPI",{"$f":"_xlfn.XLOOKUP(A12,CCD!B:B,CCD!C:C,_xlfn.XLOOKUP(A12,ICD!B:B,ICD!C:C,_xlfn.XLOOKUP(A12,'CP-SEINFRA'!A:A,'CP-SEINFRA'!B:B,_xlfn.XLOOKUP(A12,'IS-SEINFRA'!A:A,'IS-SEINFRA'!B:B))))","v":"MONTADOR DE ESTRUTURAS METÁLICAS COM ENCARGOS COMPLEMENTARES"},{"$f":"_xlfn.XLOOKUP(A12,CCD!B:B,CCD!D:D,_xlfn.XLOOKUP(A12,ICD!B:B,ICD!C:C,_xlfn.XLOOKUP(A12,'CP-SEINFRA'!A:A,'CP-SEINFRA'!C:C,_xlfn.XLOOKUP(A12,'IS-SEINFRA'!A:A,'IS-SEINFRA'!C:C))))","v":"H"},2.75,{"$f":"_xlfn.XLOOKUP(A12,CCD!B:B,CCD!O:O,_xlfn.XLOOKUP(A12,ICD!B:B,ICD!K:K,_xlfn.XLOOKUP(A12,'CP-SEINFRA'!A:A,'CP-SEINFRA'!D:D,_xlfn.XLOOKUP(A12,'IS-SEINFRA'!A:A,'IS-SEINFRA'!D:D))))","v":25.36},{"$f":"ROUND(E12*F12,4)","v":69.739999999999995}]
[88316,"SINAPI",{"$f":"_xlfn.XLOOKUP(A13,CCD!B:B,CCD!C:C,_xlfn.XLOOKUP(A13,ICD!B:B,ICD!C:C,_xlfn.XLOOKUP(A13,'CP-SEINFRA'!A:A,'CP-SEINFRA'!B:B,_xlfn.XLOOKUP(A13,'IS-SEINFRA'!A:A,'IS-SEINFRA'!B:B))))","v":"SERVENTE COM ENCARGOS COMPLEMENTARES"},{"$f":"_xlfn.XLOOKUP(A13,CCD!B:B,CCD!D:D,_xlfn.XLOOKUP(A13,ICD!B:B,ICD!C:C,_xlfn.XLOOKUP(A13,'CP-SEINFRA'!A:A,'CP-SEINFRA'!C:C,_xlfn.XLOOKUP(A13,'IS-SEINFRA'!A:A,'IS-SEINFRA'!C:C))))","v":"H"},2.75,{"$f":"_xlfn.XLOOKUP(A13,CCD!B:B,CCD!O:O,_xlfn.XLOOKUP(A13,ICD!B:B,ICD!K:K,_xlfn.XLOOKUP(A13,'CP-SEINFRA'!A:A,'CP-SEINFRA'!D:D,_xlfn.XLOOKUP(A13,'IS-SEINFRA'!A:A,'IS-SEINFRA'!D:D))))","v":21.93},60.307499999999997]
["I0824","SEINFRA",{"$f":"_xlfn.XLOOKUP(A14,CCD!B:B,CCD!C:C,_xlfn.XLOOKUP(A14,ICD!B:B,ICD!C:C,_xlfn.XLOOKUP(A14,'CP-SEINFRA'!A:A,'CP-SEINFRA'!B:B,_xlfn.XLOOKUP(A14,'IS-SEINFRA'!A:A,'IS-SEINFRA'!B:B))))","v":"COMPONENTES ESTRUTURAIS DE ACO"},{"$f":"_xlfn.XLOOKUP(A14,CCD!B:B,CCD!D:D,_xlfn.XLOOKUP(A14,ICD!B:B,ICD!C:C,_xlfn.XLOOKUP(A14,'CP-SEINFRA'!A:A,'CP-SEINFRA'!C:C,_xlfn.XLOOKUP(A14,'IS-SEINFRA'!A:A,'IS-SEINFRA'!C:C))))","v":"KG"},14.8,{"$f":"_xlfn.XLOOKUP(A14,CCD!B:B,CCD!O:O,_xlfn.XLOOKUP(A14,ICD!B:B,ICD!K:K,_xlfn.XLOOKUP(A14,'CP-SEINFRA'!A:A,'CP-SEINFRA'!D:D,_xlfn.XLOOKUP(A14,'IS-SEINFRA'!A:A,'IS-SEINFRA'!D:D))))","v":9.43},{"$f":"ROUND(E14*F14,4)","v":139.56399999999999}]
[{"$nulls":5},"Valor Geral",{"$f":"TRUNC(SUM(G12:G14),2)","v":269.61}]
[]
["C2479",null,"TOLDO COM ESTRUTURA METÁLICA","M2",null,null,{"$f":"G26","v":268.5}]
[88317,"SINAPI",{"$f":"_xlfn.XLOOKUP(A18,CCD!B:B,CCD!C:C,_xlfn.XLOOKUP(A18,ICD!B:B,ICD!C:C,_xlfn.XLOOKUP(A18,'CP-SEINFRA'!A:A,'CP-SEINFRA'!B:B,_xlfn.XLOOKUP(A18,'IS-SEINFRA'!A:A,'IS-SEINFRA'!B:B))))","v":"SOLDADOR COM ENCARGOS COMPLEMENTARES"},{"$f":"_xlfn.XLOOKUP(A18,CCD!B:B,CCD!D:D,_xlfn.XLOOKUP(A18,ICD!B:B,ICD!C:C,_xlfn.XLOOKUP(A18,'CP-SEINFRA'!A:A,'CP-SEINFRA'!C:C,_xlfn.XLOOKUP(A18,'IS-SEINFRA'!A:A,'IS-SEINFRA'!C:C))))","v":"H"},0.8,{"$f":"_xlfn.XLOOKUP(A18,CCD!B:B,CCD!O:O,_xlfn.XLOOKUP(A18,ICD!B:B,ICD!K:K,_xlfn.XLOOKUP(A18,'CP-SEINFRA'!A:A,'CP-SEINFRA'!D:D,_xlfn.XLOOKUP(A18,'IS-SEINFRA'!A:A,'IS-SEINFRA'!D:D))))","v":28.95},{"$f":"ROUND(E18*F18,4)","v":23.16}]
[88309,"SINAPI",{"$f":"_xlfn.XLOOKUP(A19,CCD!B:B,CCD!C:C,_xlfn.XLOOKUP(A19,ICD!B:B,ICD!C:C,_xlfn.XLOOKUP(A19,'CP-SEINFRA'!A:A,'CP-SEINFRA'!B:B,_xlfn.XLOOKUP(A19,'IS-SEINFRA'!A:A,'IS-SEINFRA'!B:B))))","v":"PEDREIRO COM ENCARGOS COMPLEMENTARES"},{"$f":"_xlfn.XLOOKUP(A19,CCD!B:B,CCD!D:D,_xlfn.XLOOKUP(A19,ICD!B:B,ICD!C:C,_xlfn.XLOOKUP(A19,'CP-SEINFRA'!A:A,'CP-SEINFRA'!C:C,_xlfn.XLOOKUP(A19,'IS-SEINFRA'!A:A,'IS-SEINFRA'!C:C))))","v":"H"},0.16,{"$f":"_xlfn.XLOOKUP(A19,CCD!B:B,CCD!O:O,_xlfn.XLOOKUP(A19,ICD!B:B,ICD!K:K,_xlfn.XLOOKUP(A19,'CP-SEINFRA'!A:A,'CP-SEINFRA'!D:D,_xlfn.XLOOKUP(A19,'IS-SEINFRA'!A:A,'IS-SEINFRA'!D:D))))","v":28.2},4.5119999999999996]
[88316,"SINAPI",{"$f":"_xlfn.XLOOKUP(A20,CCD!B:B,CCD!C:C,_xlfn.XLOOKUP(A20,ICD!B:B,ICD!C:C,_xlfn.XLOOKUP(A20,'CP-SEINFRA'!A:A,'CP-SEINFRA'!B:B,_xlfn.XLOOKUP(A20,'IS-SEINFRA'!A:A,'IS-SEINFRA'!B:B))))","v":"SERVENTE COM ENCARGOS COMPLEMENTARES"},{"$f":"_xlfn.XLOOKUP(A20,CCD!B:B,CCD!D:D,_xlfn.XLOOKUP(A20,ICD!B:B,ICD!C:C,_xlfn.XLOOKUP(A20,'CP-SEINFRA'!A:A,'CP-SEINFRA'!C:C,_xlfn.XLOOKUP(A20,'IS-SEINFRA'!A:A,'IS-SEINFRA'!C:C))))","v":"H"},0.13500000000000001,{"$f":"_xlfn.XLOOKUP(A20,CCD!B:B,CCD!O:O,_xlfn.XLOOKUP(A20,ICD!B:B,ICD!K:K,_xlfn.XLOOKUP(A20,'CP-SEINFRA'!A:A,'CP-SEINFRA'!D:D,_xlfn.XLOOKUP(A20,'IS-SEINFRA'!A:A,'IS-SEINFRA'!D:D))))","v":21.93},2.9605999999999999]
["I0109","SEINFRA",{"$f":"_xlfn.XLOOKUP(A21,CCD!B:B,CCD!C:C,_xlfn.XLOOKUP(A21,ICD!B:B,ICD!C:C,_xlfn.XLOOKUP(A21,'CP-SEINFRA'!A:A,'CP-SEINFRA'!B:B,_xlfn.XLOOKUP(A21,'IS-SEINFRA'!A:A,'IS-SEINFRA'!B:B))))","v":"AREIA MEDIA"},{"$f":"_xlfn.XLOOKUP(A21,CCD!B:B,CCD!D:D,_xlfn.XLOOKUP(A21,ICD!B:B,ICD!C:C,_xlfn.XLOOKUP(A21,'CP-SEINFRA'!A:A,'CP-SEINFRA'!C:C,_xlfn.XLOOKUP(A21,'IS-SEINFRA'!A:A,'IS-SEINFRA'!C:C))))","v":"M3"},2.9999999999999997E-4,{"$f":"_xlfn.XLOOKUP(A21,CCD!B:B,CCD!O:O,_xlfn.XLOOKUP(A21,ICD!B:B,ICD!K:K,_xlfn.XLOOKUP(A21,'CP-SEINFRA'!A:A,'CP-SEINFRA'!D:D,_xlfn.XLOOKUP(A21,'IS-SEINFRA'!A:A,'IS-SEINFRA'!D:D))))","v":83.58},{"$f":"ROUND(E21*F21,4)","v":2.5100000000000001E-2}]
["I0805","SEINFRA",{"$f":"_xlfn.XLOOKUP(A22,CCD!B:B,CCD!C:C,_xlfn.XLOOKUP(A22,ICD!B:B,ICD!C:C,_xlfn.XLOOKUP(A22,'CP-SEINFRA'!A:A,'CP-SEINFRA'!B:B,_xlfn.XLOOKUP(A22,'IS-SEINFRA'!A:A,'IS-SEINFRA'!B:B))))","v":"CIMENTO PORTLAND"},{"$f":"_xlfn.XLOOKUP(A22,CCD!B:B,CCD!D:D,_xlfn.XLOOKUP(A22,ICD!B:B,ICD!C:C,_xlfn.XLOOKUP(A22,'CP-SEINFRA'!A:A,'CP-SEINFRA'!C:C,_xlfn.XLOOKUP(A22,'IS-SEINFRA'!A:A,'IS-SEINFRA'!C:C))))","v":"KG"},0.3,{"$f":"_xlfn.XLOOKUP(A22,CCD!B:B,CCD!O:O,_xlfn.XLOOKUP(A22,ICD!B:B,ICD!K:K,_xlfn.XLOOKUP(A22,'CP-SEINFRA'!A:A,'CP-SEINFRA'!D:D,_xlfn.XLOOKUP(A22,'IS-SEINFRA'!A:A,'IS-SEINFRA'!D:D))))","v":0.71},0.21299999999999999]
["I1872","SEINFRA",{"$f":"_xlfn.XLOOKUP(A23,CCD!B:B,CCD!C:C,_xlfn.XLOOKUP(A23,ICD!B:B,ICD!C:C,_xlfn.XLOOKUP(A23,'CP-SEINFRA'!A:A,'CP-SEINFRA'!B:B,_xlfn.XLOOKUP(A23,'IS-SEINFRA'!A:A,'IS-SEINFRA'!B:B))))","v":"SOLDA 50X50"},{"$f":"_xlfn.XLOOKUP(A23,CCD!B:B,CCD!D:D,_xlfn.XLOOKUP(A23,ICD!B:B,ICD!C:C,_xlfn.XLOOKUP(A23,'CP-SEINFRA'!A:A,'CP-SEINFRA'!C:C,_xlfn.XLOOKUP(A23,'IS-SEINFRA'!A:A,'IS-SEINFRA'!C:C))))","v":"KG"},0.5,{"$f":"_xlfn.XLOOKUP(A23,CCD!B:B,CCD!O:O,_xlfn.XLOOKUP(A23,ICD!B:B,ICD!K:K,_xlfn.XLOOKUP(A23,'CP-SEINFRA'!A:A,'CP-SEINFRA'!D:D,_xlfn.XLOOKUP(A23,'IS-SEINFRA'!A:A,'IS-SEINFRA'!D:D))))","v":147.13},73.564999999999998]
["I2105","SEINFRA",{"$f":"_xlfn.XLOOKUP(A24,CCD!B:B,CCD!C:C,_xlfn.XLOOKUP(A24,ICD!B:B,ICD!C:C,_xlfn.XLOOKUP(A24,'CP-SEINFRA'!A:A,'CP-SEINFRA'!B:B,_xlfn.XLOOKUP(A24,'IS-SEINFRA'!A:A,'IS-SEINFRA'!B:B))))","v":"TOLDO PLÁSTICO"},{"$f":"_xlfn.XLOOKUP(A24,CCD!B:B,CCD!D:D,_xlfn.XLOOKUP(A24,ICD!B:B,ICD!C:C,_xlfn.XLOOKUP(A24,'CP-SEINFRA'!A:A,'CP-SEINFRA'!C:C,_xlfn.XLOOKUP(A24,'IS-SEINFRA'!A:A,'IS-SEINFRA'!C:C))))","v":"M2"},1.1000000000000001,{"$f":"_xlfn.XLOOKUP(A24,CCD!B:B,CCD!O:O,_xlfn.XLOOKUP(A24,ICD!B:B,ICD!K:K,_xlfn.XLOOKUP(A24,'CP-SEINFRA'!A:A,'CP-SEINFRA'!D:D,_xlfn.XLOOKUP(A24,'IS-SEINFRA'!A:A,'IS-SEINFRA'!D:D))))","v":90},99]
["I2167","SEINFRA",{"$f":"_xlfn.XLOOKUP(A25,CCD!B:B,CCD!C:C,_xlfn.XLOOKUP(A25,ICD!B:B,ICD!C:C,_xlfn.XLOOKUP(A25,'CP-SEINFRA'!A:A,'CP-SEINFRA'!B:B,_xlfn.XLOOKUP(A25,'IS-SEINFRA'!A:A,'IS-SEINFRA'!B:B))))","v":"TUBO AÇO GALVANIZADO DE 20MM (3/4')"},{"$f":"_xlfn.XLOOKUP(A25,CCD!B:B,CCD!D:D,_xlfn.XLOOKUP(A25,ICD!B:B,ICD!C:C,_xlfn.XLOOKUP(A25,'CP-SEINFRA'!A:A,'CP-SEINFRA'!C:C,_xlfn.XLOOKUP(A25,'IS-SEINFRA'!A:A,'IS-SEINFRA'!C:C))))","v":"M"},2.8,{"$f":"_xlfn.XLOOKUP(A25,CCD!B:B,CCD!O:O,_xlfn.XLOOKUP(A25,ICD!B:B,ICD!K:K,_xlfn.XLOOKUP(A25,'CP-SEINFRA'!A:A,'CP-SEINFRA'!D:D,_xlfn.XLOOKUP(A25,'IS-SEINFRA'!A:A,'IS-SEINFRA'!D:D))))","v":23.24},65.072000000000003]
[{"$nulls":5},"Valor Geral",{"$f":"TRUNC(SUM(G18:G25),2)","v":268.5}]
[]
["C2040",null,"PINTURA C/ PRIMER EPOXI EM ESTRUTURA DE AÇO CARBONO 25 MICRA C/REVÓLVER","M2",null,null,{"$f":"G34","v":12.38}]
[88316,"SINAPI",{"$f":"_xlfn.XLOOKUP(A29,CCD!B:B,CCD!C:C,_xlfn.XLOOKUP(A29,ICD!B:B,ICD!C:C,_xlfn.XLOOKUP(A29,'CP-SEINFRA'!A:A,'CP-SEINFRA'!B:B,_xlfn.XLOOKUP(A29,'IS-SEINFRA'!A:A,'IS-SEINFRA'!B:B))))","v":"SERVENTE COM ENCARGOS COMPLEMENTARES"},{"$f":"_xlfn.XLOOKUP(A29,CCD!B:B,CCD!D:D,_xlfn.XLOOKUP(A29,ICD!B:B,ICD!C:C,_xlfn.XLOOKUP(A29,'CP-SEINFRA'!A:A,'CP-SEINFRA'!C:C,_xlfn.XLOOKUP(A29,'IS-SEINFRA'!A:A,'IS-SEINFRA'!C:C))))","v":"H"},0.04,{"$f":"_xlfn.XLOOKUP(A29,CCD!B:B,CCD!O:O,_xlfn.XLOOKUP(A29,ICD!B:B,ICD!K:K,_xlfn.XLOOKUP(A29,'CP-SEINFRA'!A:A,'CP-SEINFRA'!D:D,_xlfn.XLOOKUP(A29,'IS-SEINFRA'!A:A,'IS-SEINFRA'!D:D))))","v":21.93},{"$f":"ROUND(E29*F29,4)","v":0.87719999999999998}]
[88310,"SINAPI",{"$f":"_xlfn.XLOOKUP(A30,CCD!B:B,CCD!C:C,_xlfn.XLOOKUP(A30,ICD!B:B,ICD!C:C,_xlfn.XLOOKUP(A30,'CP-SEINFRA'!A:A,'CP-SEINFRA'!B:B,_xlfn.XLOOKUP(A30,'IS-SEINFRA'!A:A,'IS-SEINFRA'!B:B))))","v":"PINTOR COM ENCARGOS COMPLEMENTARES"},{"$f":"_xlfn.XLOOKUP(A30,CCD!B:B,CCD!D:D,_xlfn.XLOOKUP(A30,ICD!B:B,ICD!C:C,_xlfn.XLOOKUP(A30,'CP-SEINFRA'!A:A,'CP-SEINFRA'!C:C,_xlfn.XLOOKUP(A30,'IS-SEINFRA'!A:A,'IS-SEINFRA'!C:C))))","v":"H"},0.08,{"$f":"_xlfn.XLOOKUP(A30,CCD!B:B,CCD!O:O,_xlfn.XLOOKUP(A30,ICD!B:B,ICD!K:K,_xlfn.XLOOKUP(A30,'CP-SEINFRA'!A:A,'CP-SEINFRA'!D:D,_xlfn.XLOOKUP(A30,'IS-SEINFRA'!A:A,'IS-SEINFRA'!D:D))))","v":29.88},2.3904000000000001]
["I1346","SEINFRA",{"$f":"_xlfn.XLOOKUP(A31,CCD!B:B,CCD!C:C,_xlfn.XLOOKUP(A31,ICD!B:B,ICD!C:C,_xlfn.XLOOKUP(A31,'CP-SEINFRA'!A:A,'CP-SEINFRA'!B:B,_xlfn.XLOOKUP(A31,'IS-SEINFRA'!A:A,'IS-SEINFRA'!B:B))))","v":"LIXA PARA FERRO"},{"$f":"_xlfn.XLOOKUP(A31,CCD!B:B,CCD!D:D,_xlfn.XLOOKUP(A31,ICD!B:B,ICD!C:C,_xlfn.XLOOKUP(A31,'CP-SEINFRA'!A:A,'CP-SEINFRA'!C:C,_xlfn.XLOOKUP(A31,'IS-SEINFRA'!A:A,'IS-SEINFRA'!C:C))))","v":"UN"},0.27500000000000002,{"$f":"_xlfn.XLOOKUP(A31,CCD!B:B,CCD!O:O,_xlfn.XLOOKUP(A31,ICD!B:B,ICD!K:K,_xlfn.XLOOKUP(A31,'CP-SEINFRA'!A:A,'CP-SEINFRA'!D:D,_xlfn.XLOOKUP(A31,'IS-SEINFRA'!A:A,'IS-SEINFRA'!D:D))))","v":2.14},{"$f":"ROUND(E31*F31,4)","v":0.58850000000000002}]
["I1735","SEINFRA",{"$f":"_xlfn.XLOOKUP(A32,CCD!B:B,CCD!C:C,_xlfn.XLOOKUP(A32,ICD!B:B,ICD!C:C,_xlfn.XLOOKUP(A32,'CP-SEINFRA'!A:A,'CP-SEINFRA'!B:B,_xlfn.XLOOKUP(A32,'IS-SEINFRA'!A:A,'IS-SEINFRA'!B:B))))","v":"PRIMER A BASE DE EPOXI"},{"$f":"_xlfn.XLOOKUP(A32,CCD!B:B,CCD!D:D,_xlfn.XLOOKUP(A32,ICD!B:B,ICD!C:C,_xlfn.XLOOKUP(A32,'CP-SEINFRA'!A:A,'CP-SEINFRA'!C:C,_xlfn.XLOOKUP(A32,'IS-SEINFRA'!A:A,'IS-SEINFRA'!C:C))))","v":"L"},0.13200000000000001,{"$f":"_xlfn.XLOOKUP(A32,CCD!B:B,CCD!O:O,_xlfn.XLOOKUP(A32,ICD!B:B,ICD!K:K,_xlfn.XLOOKUP(A32,'CP-SEINFRA'!A:A,'CP-SEINFRA'!D:D,_xlfn.XLOOKUP(A32,'IS-SEINFRA'!A:A,'IS-SEINFRA'!D:D))))","v":53.03},7]
["I1890","SEINFRA",{"$f":"_xlfn.XLOOKUP(A33,CCD!B:B,CCD!C:C,_xlfn.XLOOKUP(A33,ICD!B:B,ICD!C:C,_xlfn.XLOOKUP(A33,'CP-SEINFRA'!A:A,'CP-SEINFRA'!B:B,_xlfn.XLOOKUP(A33,'IS-SEINFRA'!A:A,'IS-SEINFRA'!B:B))))","v":"SOLVENTE P/TINTA EPOXI E BORRACHA CLORADA"},{"$f":"_xlfn.XLOOKUP(A33,CCD!B:B,CCD!D:D,_xlfn.XLOOKUP(A33,ICD!B:B,ICD!C:C,_xlfn.XLOOKUP(A33,'CP-SEINFRA'!A:A,'CP-SEINFRA'!C:C,_xlfn.XLOOKUP(A33,'IS-SEINFRA'!A:A,'IS-SEINFRA'!C:C))))","v":"L"},3.3000000000000002E-2,{"$f":"_xlfn.XLOOKUP(A33,CCD!B:B,CCD!O:O,_xlfn.XLOOKUP(A33,ICD!B:B,ICD!K:K,_xlfn.XLOOKUP(A33,'CP-SEINFRA'!A:A,'CP-SEINFRA'!D:D,_xlfn.XLOOKUP(A33,'IS-SEINFRA'!A:A,'IS-SEINFRA'!D:D))))","v":46.25},1.5263]
[{"$nulls":5},"Valor Geral",{"$f":"TRUNC(SUM(G29:G33),2)","v":12.38}]
[]
["C2473",null,"PINTURA C/ TINTA EPOXI EM ESTRUTURA DE AÇO CARBONO 50 MICRA C/REVÓLVER","M2",null,null,{"$f":"G42","v":21.32}]
[88316,"SINAPI",{"$f":"_xlfn.XLOOKUP(A37,CCD!B:B,CCD!C:C,_xlfn.XLOOKUP(A37,ICD!B:B,ICD!C:C,_xlfn.XLOOKUP(A37,'CP-SEINFRA'!A:A,'CP-SEINFRA'!B:B,_xlfn.XLOOKUP(A37,'IS-SEINFRA'!A:A,'IS-SEINFRA'!B:B))))","v":"SERVENTE COM ENCARGOS COMPLEMENTARES"},{"$f":"_xlfn.XLOOKUP(A37,CCD!B:B,CCD!D:D,_xlfn.XLOOKUP(A37,ICD!B:B,ICD!C:C,_xlfn.XLOOKUP(A37,'CP-SEINFRA'!A:A,'CP-SEINFRA'!C:C,_xlfn.XLOOKUP(A37,'IS-SEINFRA'!A:A,'IS-SEINFRA'!C:C))))","v":"H"},7.0000000000000007E-2,{"$f":"_xlfn.XLOOKUP(A37,CCD!B:B,CCD!O:O,_xlfn.XLOOKUP(A37,ICD!B:B,ICD!K:K,_xlfn.XLOOKUP(A37,'CP-SEINFRA'!A:A,'CP-SEINFRA'!D:D,_xlfn.XLOOKUP(A37,'IS-SEINFRA'!A:A,'IS-SEINFRA'!D:D))))","v":21.93},{"$f":"ROUND(E37*F37,4)","v":1.5350999999999999}]
[88310,"SINAPI",{"$f":"_xlfn.XLOOKUP(A38,CCD!B:B,CCD!C:C,_xlfn.XLOOKUP(A38,ICD!B:B,ICD!C:C,_xlfn.XLOOKUP(A38,'CP-SEINFRA'!A:A,'CP-SEINFRA'!B:B,_xlfn.XLOOKUP(A38,'IS-SEINFRA'!A:A,'IS-SEINFRA'!B:B))))","v":"PINTOR COM ENCARGOS COMPLEMENTARES"},{"$f":"_xlfn.XLOOKUP(A38,CCD!B:B,CCD!D:D,_xlfn.XLOOKUP(A38,ICD!B:B,ICD!C:C,_xlfn.XLOOKUP(A38,'CP-SEINFRA'!A:A,'CP-SEINFRA'!C:C,_xlfn.XLOOKUP(A38,'IS-SEINFRA'!A:A,'IS-SEINFRA'!C:C))))","v":"H"},0.13,{"$f":"_xlfn.XLOOKUP(A38,CCD!B:B,CCD!O:O,_xlfn.XLOOKUP(A38,ICD!B:B,ICD!K:K,_xlfn.XLOOKUP(A38,'CP-SEINFRA'!A:A,'CP-SEINFRA'!D:D,_xlfn.XLOOKUP(A38,'IS-SEINFRA'!A:A,'IS-SEINFRA'!D:D))))","v":29.88},3.8843999999999999]
["I1346","SEINFRA",{"$f":"_xlfn.XLOOKUP(A39,CCD!B:B,CCD!C:C,_xlfn.XLOOKUP(A39,ICD!B:B,ICD!C:C,_xlfn.XLOOKUP(A39,'CP-SEINFRA'!A:A,'CP-SEINFRA'!B:B,_xlfn.XLOOKUP(A39,'IS-SEINFRA'!A:A,'IS-SEINFRA'!B:B))))","v":"LIXA PARA FERRO"},{"$f":"_xlfn.XLOOKUP(A39,CCD!B:B,CCD!D:D,_xlfn.XLOOKUP(A39,ICD!B:B,ICD!C:C,_xlfn.XLOOKUP(A39,'CP-SEINFRA'!A:A,'CP-SEINFRA'!C:C,_xlfn.XLOOKUP(A39,'IS-SEINFRA'!A:A,'IS-SEINFRA'!C:C))))","v":"UN"},0.27500000000000002,{"$f":"_xlfn.XLOOKUP(A39,CCD!B:B,CCD!O:O,_xlfn.XLOOKUP(A39,ICD!B:B,ICD!K:K,_xlfn.XLOOKUP(A39,'CP-SEINFRA'!A:A,'CP-SEINFRA'!D:D,_xlfn.XLOOKUP(A39,'IS-SEINFRA'!A:A,'IS-SEINFRA'!D:D))))","v":2.14},{"$f":"ROUND(E39*F39,4)","v":0.58850000000000002}]
["I1890","SEINFRA",{"$f":"_xlfn.XLOOKUP(A40,CCD!B:B,CCD!C:C,_xlfn.XLOOKUP(A40,ICD!B:B,ICD!C:C,_xlfn.XLOOKUP(A40,'CP-SEINFRA'!A:A,'CP-SEINFRA'!B:B,_xlfn.XLOOKUP(A40,'IS-SEINFRA'!A:A,'IS-SEINFRA'!B:B))))","v":"SOLVENTE P/TINTA EPOXI E BORRACHA CLORADA"},{"$f":"_xlfn.XLOOKUP(A40,CCD!B:B,CCD!D:D,_xlfn.XLOOKUP(A40,ICD!B:B,ICD!C:C,_xlfn.XLOOKUP(A40,'CP-SEINFRA'!A:A,'CP-SEINFRA'!C:C,_xlfn.XLOOKUP(A40,'IS-SEINFRA'!A:A,'IS-SEINFRA'!C:C))))","v":"L"},4.3999999999999997E-2,{"$f":"_xlfn.XLOOKUP(A40,CCD!B:B,CCD!O:O,_xlfn.XLOOKUP(A40,ICD!B:B,ICD!K:K,_xlfn.XLOOKUP(A40,'CP-SEINFRA'!A:A,'CP-SEINFRA'!D:D,_xlfn.XLOOKUP(A40,'IS-SEINFRA'!A:A,'IS-SEINFRA'!D:D))))","v":46.25},2.0350000000000001]
["I2093","SEINFRA",{"$f":"_xlfn.XLOOKUP(A41,CCD!B:B,CCD!C:C,_xlfn.XLOOKUP(A41,ICD!B:B,ICD!C:C,_xlfn.XLOOKUP(A41,'CP-SEINFRA'!A:A,'CP-SEINFRA'!B:B,_xlfn.XLOOKUP(A41,'IS-SEINFRA'!A:A,'IS-SEINFRA'!B:B))))","v":"TINTA EPOXI PARA ACABAMENTO"},{"$f":"_xlfn.XLOOKUP(A41,CCD!B:B,CCD!D:D,_xlfn.XLOOKUP(A41,ICD!B:B,ICD!C:C,_xlfn.XLOOKUP(A41,'CP-SEINFRA'!A:A,'CP-SEINFRA'!C:C,_xlfn.XLOOKUP(A41,'IS-SEINFRA'!A:A,'IS-SEINFRA'!C:C))))","v":"L"},0.20899999999999999,{"$f":"_xlfn.XLOOKUP(A41,CCD!B:B,CCD!O:O,_xlfn.XLOOKUP(A41,ICD!B:B,ICD!K:K,_xlfn.XLOOKUP(A41,'CP-SEINFRA'!A:A,'CP-SEINFRA'!D:D,_xlfn.XLOOKUP(A41,'IS-SEINFRA'!A:A,'IS-SEINFRA'!D:D))))","v":63.53},13.277799999999999]
[{"$nulls":5},"Valor Geral",{"$f":"TRUNC(SUM(G37:G41),2)","v":21.32}]
[]
["C4514",null,"PORTA EM ALUMÍNIO ANODIZADO NATURAL/FOSCO, DE CORRER, SEM BANDEIROLA E/OU PEITORIL, SEM VIDRO - FORNECIMENTO E MONTAGEM","M2",null,null,{"$f":"G46","v":404.39}]
["I8338","SEINFRA",{"$f":"_xlfn.XLOOKUP(A45,CCD!B:B,CCD!C:C,_xlfn.XLOOKUP(A45,ICD!B:B,ICD!C:C,_xlfn.XLOOKUP(A45,'CP-SEINFRA'!A:A,'CP-SEINFRA'!B:B,_xlfn.XLOOKUP(A45,'IS-SEINFRA'!A:A,'IS-SEINFRA'!B:B))))","v":"PORTA EM ALUMÍNIO ANODIZADO NATURAL/FOSCO, DE CORRER, SEM BANDEIROLA E/OU PEITORIL, SEM VIDRO"},{"$f":"_xlfn.XLOOKUP(A45,CCD!B:B,CCD!D:D,_xlfn.XLOOKUP(A45,ICD!B:B,ICD!C:C,_xlfn.XLOOKUP(A45,'CP-SEINFRA'!A:A,'CP-SEINFRA'!C:C,_xlfn.XLOOKUP(A45,'IS-SEINFRA'!A:A,'IS-SEINFRA'!C:C))))","v":"M2"},1,{"$f":"_xlfn.XLOOKUP(A45,CCD!B:B,CCD!O:O,_xlfn.XLOOKUP(A45,ICD!B:B,ICD!K:K,_xlfn.XLOOKUP(A45,'CP-SEINFRA'!A:A,'CP-SEINFRA'!D:D,_xlfn.XLOOKUP(A45,'IS-SEINFRA'!A:A,'IS-SEINFRA'!D:D))))","v":404.39},{"$f":"ROUND(E45*F45,4)","v":404.39}]
[{"$nulls":5},"Valor Geral",{"$f":"TRUNC(SUM(G45),2)","v":404.39}]
[]
["C3737",null,"PORTA FRIGORÍFICA TERMO-ISOLANTE DE ACIONAMENTO MANUAL C/AQUECIMENTO. 2100X1000X150MM -( FORNECIMENTO","UN",null,null,{"$f":"G53","v":3352.31}]
["I0109","SEINFRA",{"$f":"_xlfn.XLOOKUP(A49,CCD!B:B,CCD!C:C,_xlfn.XLOOKUP(A49,ICD!B:B,ICD!C:C,_xlfn.XLOOKUP(A49,'CP-SEINFRA'!A:A,'CP-SEINFRA'!B:B,_xlfn.XLOOKUP(A49,'IS-SEINFRA'!A:A,'IS-SEINFRA'!B:B))))","v":"AREIA MEDIA"},{"$f":"_xlfn.XLOOKUP(A49,CCD!B:B,CCD!D:D,_xlfn.XLOOKUP(A49,ICD!B:B,ICD!C:C,_xlfn.XLOOKUP(A49,'CP-SEINFRA'!A:A,'CP-SEINFRA'!C:C,_xlfn.XLOOKUP(A49,'IS-SEINFRA'!A:A,'IS-SEINFRA'!C:C))))","v":"M3"},4.2000000000000003E-2,{"$f":"_xlfn.XLOOKUP(A49,CCD!B:B,CCD!O:O,_xlfn.XLOOKUP(A49,ICD!B:B,ICD!K:K,_xlfn.XLOOKUP(A49,'CP-SEINFRA'!A:A,'CP-SEINFRA'!D:D,_xlfn.XLOOKUP(A49,'IS-SEINFRA'!A:A,'IS-SEINFRA'!D:D))))","v":83.58},{"$f":"ROUND(E49*F49,4)","v":3.5104000000000002}]
["I0280","SEINFRA",{"$f":"_xlfn.XLOOKUP(A50,CCD!B:B,CCD!C:C,_xlfn.XLOOKUP(A50,ICD!B:B,ICD!C:C,_xlfn.XLOOKUP(A50,'CP-SEINFRA'!A:A,'CP-SEINFRA'!B:B,_xlfn.XLOOKUP(A50,'IS-SEINFRA'!A:A,'IS-SEINFRA'!B:B))))","v":"BRITA"},{"$f":"_xlfn.XLOOKUP(A50,CCD!B:B,CCD!D:D,_xlfn.XLOOKUP(A50,ICD!B:B,ICD!C:C,_xlfn.XLOOKUP(A50,'CP-SEINFRA'!A:A,'CP-SEINFRA'!C:C,_xlfn.XLOOKUP(A50,'IS-SEINFRA'!A:A,'IS-SEINFRA'!C:C))))","v":"M3"},4.5199999999999997E-2,{"$f":"_xlfn.XLOOKUP(A50,CCD!B:B,CCD!O:O,_xlfn.XLOOKUP(A50,ICD!B:B,ICD!K:K,_xlfn.XLOOKUP(A50,'CP-SEINFRA'!A:A,'CP-SEINFRA'!D:D,_xlfn.XLOOKUP(A50,'IS-SEINFRA'!A:A,'IS-SEINFRA'!D:D))))","v":100.5},4.5426000000000002]
["I0805","SEINFRA",{"$f":"_xlfn.XLOOKUP(A51,CCD!B:B,CCD!C:C,_xlfn.XLOOKUP(A51,ICD!B:B,ICD!C:C,_xlfn.XLOOKUP(A51,'CP-SEINFRA'!A:A,'CP-SEINFRA'!B:B,_xlfn.XLOOKUP(A51,'IS-SEINFRA'!A:A,'IS-SEINFRA'!B:B))))","v":"CIMENTO PORTLAND"},{"$f":"_xlfn.XLOOKUP(A51,CCD!B:B,CCD!D:D,_xlfn.XLOOKUP(A51,ICD!B:B,ICD!C:C,_xlfn.XLOOKUP(A51,'CP-SEINFRA'!A:A,'CP-SEINFRA'!C:C,_xlfn.XLOOKUP(A51,'IS-SEINFRA'!A:A,'IS-SEINFRA'!C:C))))","v":"KG"},20.239999999999998,{"$f":"_xlfn.XLOOKUP(A51,CCD!B:B,CCD!O:O,_xlfn.XLOOKUP(A51,ICD!B:B,ICD!K:K,_xlfn.XLOOKUP(A51,'CP-SEINFRA'!A:A,'CP-SEINFRA'!D:D,_xlfn.XLOOKUP(A51,'IS-SEINFRA'!A:A,'IS-SEINFRA'!D:D))))","v":0.71},14.3704]
["I6811","SEINFRA",{"$f":"_xlfn.XLOOKUP(A52,CCD!B:B,CCD!C:C,_xlfn.XLOOKUP(A52,ICD!B:B,ICD!C:C,_xlfn.XLOOKUP(A52,'CP-SEINFRA'!A:A,'CP-SEINFRA'!B:B,_xlfn.XLOOKUP(A52,'IS-SEINFRA'!A:A,'IS-SEINFRA'!B:B))))","v":"PORTA FRIGORIFICA TERMOISOLANTE DE ACIONAMENTO MANUAL C/AQUEC. DIM.:2100X1000X150MM - COLOCADA"},{"$f":"_xlfn.XLOOKUP(A52,CCD!B:B,CCD!D:D,_xlfn.XLOOKUP(A52,ICD!B:B,ICD!C:C,_xlfn.XLOOKUP(A52,'CP-SEINFRA'!A:A,'CP-SEINFRA'!C:C,_xlfn.XLOOKUP(A52,'IS-SEINFRA'!A:A,'IS-SEINFRA'!C:C))))","v":"UN"},1,{"$f":"_xlfn.XLOOKUP(A52,CCD!B:B,CCD!O:O,_xlfn.XLOOKUP(A52,ICD!B:B,ICD!K:K,_xlfn.XLOOKUP(A52,'CP-SEINFRA'!A:A,'CP-SEINFRA'!D:D,_xlfn.XLOOKUP(A52,'IS-SEINFRA'!A:A,'IS-SEINFRA'!D:D))))","v":3329.89},3329.89]
[{"$nulls":5},"Valor Geral",{"$f":"TRUNC(SUM(G49:G52),2)","v":3352.31}]
[]
["C1160",null,"DUTO PERFURADO - ELETROCALHA DE CHAPA DE AÇO (50X100)mm","M",null,null,{"$f":"G59","v":81.17}]
[88247,"SINAPI",{"$f":"_xlfn.XLOOKUP(A56,CCD!B:B,CCD!C:C,_xlfn.XLOOKUP(A56,ICD!B:B,ICD!C:C,_xlfn.XLOOKUP(A56,'CP-SEINFRA'!A:A,'CP-SEINFRA'!B:B,_xlfn.XLOOKUP(A56,'IS-SEINFRA'!A:A,'IS-SEINFRA'!B:B))))","v":"AUXILIAR DE ELETRICISTA COM ENCARGOS COMPLEMENTARES"},{"$f":"_xlfn.XLOOKUP(A56,CCD!B:B,CCD!D:D,_xlfn.XLOOKUP(A56,ICD!B:B,ICD!C:C,_xlfn.XLOOKUP(A56,'CP-SEINFRA'!A:A,'CP-SEINFRA'!C:C,_xlfn.XLOOKUP(A56,'IS-SEINFRA'!A:A,'IS-SEINFRA'!C:C))))","v":"H"},1.2,{"$f":"_xlfn.XLOOKUP(A56,CCD!B:B,CCD!O:O,_xlfn.XLOOKUP(A56,ICD!B:B,ICD!K:K,_xlfn.XLOOKUP(A56,'CP-SEINFRA'!A:A,'CP-SEINFRA'!D:D,_xlfn.XLOOKUP(A56,'IS-SEINFRA'!A:A,'IS-SEINFRA'!D:D))))","v":23.42},{"$f":"ROUND(E56*F56,4)","v":28.103999999999999}]
[88264,"SINAPI",{"$f":"_xlfn.XLOOKUP(A57,CCD!B:B,CCD!C:C,_xlfn.XLOOKUP(A57,ICD!B:B,ICD!C:C,_xlfn.XLOOKUP(A57,'CP-SEINFRA'!A:A,'CP-SEINFRA'!B:B,_xlfn.XLOOKUP(A57,'IS-SEINFRA'!A:A,'IS-SEINFRA'!B:B))))","v":"ELETRICISTA COM ENCARGOS COMPLEMENTARES"},{"$f":"_xlfn.XLOOKUP(A57,CCD!B:B,CCD!D:D,_xlfn.XLOOKUP(A57,ICD!B:B,ICD!C:C,_xlfn.XLOOKUP(A57,'CP-SEINFRA'!A:A,'CP-SEINFRA'!C:C,_xlfn.XLOOKUP(A57,'IS-SEINFRA'!A:A,'IS-SEINFRA'!C:C))))","v":"H"},1.2,{"$f":"_xlfn.XLOOKUP(A57,CCD!B:B,CCD!O:O,_xlfn.XLOOKUP(A57,ICD!B:B,ICD!K:K,_xlfn.XLOOKUP(A57,'CP-SEINFRA'!A:A,'CP-SEINFRA'!D:D,_xlfn.XLOOKUP(A57,'IS-SEINFRA'!A:A,'IS-SEINFRA'!D:D))))","v":28.54},34.247999999999998]
["I1048","SEINFRA",{"$f":"_xlfn.XLOOKUP(A58,CCD!B:B,CCD!C:C,_xlfn.XLOOKUP(A58,ICD!B:B,ICD!C:C,_xlfn.XLOOKUP(A58,'CP-SEINFRA'!A:A,'CP-SEINFRA'!B:B,_xlfn.XLOOKUP(A58,'IS-SEINFRA'!A:A,'IS-SEINFRA'!B:B))))","v":"DUTO PERFURADO-ELETROCALHA CHAPA DE AÇO (50X100)MM"},{"$f":"_xlfn.XLOOKUP(A58,CCD!B:B,CCD!D:D,_xlfn.XLOOKUP(A58,ICD!B:B,ICD!C:C,_xlfn.XLOOKUP(A58,'CP-SEINFRA'!A:A,'CP-SEINFRA'!C:C,_xlfn.XLOOKUP(A58,'IS-SEINFRA'!A:A,'IS-SEINFRA'!C:C))))","v":"M"},1,{"$f":"_xlfn.XLOOKUP(A58,CCD!B:B,CCD!O:O,_xlfn.XLOOKUP(A58,ICD!B:B,ICD!K:K,_xlfn.XLOOKUP(A58,'CP-SEINFRA'!A:A,'CP-SEINFRA'!D:D,_xlfn.XLOOKUP(A58,'IS-SEINFRA'!A:A,'IS-SEINFRA'!D:D))))","v":18.82},{"$f":"ROUND(E58*F58,4)","v":18.82}]
[{"$nulls":5},"Valor Geral",{"$f":"TRUNC(SUM(G56:G58),2)","v":81.17}]
[]
["C2832",null,"FOSSA SÉPTICA E SUMIDOURO EM ALVENARIA","UN",null,null,{"$f":"G74","v":4989.4799999999996}]
[88316,"SINAPI",{"$f":"_xlfn.XLOOKUP(A62,CCD!B:B,CCD!C:C,_xlfn.XLOOKUP(A62,ICD!B:B,ICD!C:C,_xlfn.XLOOKUP(A62,'CP-SEINFRA'!A:A,'CP-SEINFRA'!B:B,_xlfn.XLOOKUP(A62,'IS-SEINFRA'!A:A,'IS-SEINFRA'!B:B))))","v":"SERVENTE COM ENCARGOS COMPLEMENTARES"},{"$f":"_xlfn.XLOOKUP(A62,CCD!B:B,CCD!D:D,_xlfn.XLOOKUP(A62,ICD!B:B,ICD!C:C,_xlfn.XLOOKUP(A62,'CP-SEINFRA'!A:A,'CP-SEINFRA'!C:C,_xlfn.XLOOKUP(A62,'IS-SEINFRA'!A:A,'IS-SEINFRA'!C:C))))","v":"H"},2,{"$f":"_xlfn.XLOOKUP(A62,CCD!B:B,CCD!O:O,_xlfn.XLOOKUP(A62,ICD!B:B,ICD!K:K,_xlfn.XLOOKUP(A62,'CP-SEINFRA'!A:A,'CP-SEINFRA'!D:D,_xlfn.XLOOKUP(A62,'IS-SEINFRA'!A:A,'IS-SEINFRA'!D:D))))","v":21.93},{"$f":"ROUND(E62*F62,4)","v":43.86}]
["I0280","SEINFRA",{"$f":"_xlfn.XLOOKUP(A63,CCD!B:B,CCD!C:C,_xlfn.XLOOKUP(A63,ICD!B:B,ICD!C:C,_xlfn.XLOOKUP(A63,'CP-SEINFRA'!A:A,'CP-SEINFRA'!B:B,_xlfn.XLOOKUP(A63,'IS-SEINFRA'!A:A,'IS-SEINFRA'!B:B))))","v":"BRITA"},{"$f":"_xlfn.XLOOKUP(A63,CCD!B:B,CCD!D:D,_xlfn.XLOOKUP(A63,ICD!B:B,ICD!C:C,_xlfn.XLOOKUP(A63,'CP-SEINFRA'!A:A,'CP-SEINFRA'!C:C,_xlfn.XLOOKUP(A63,'IS-SEINFRA'!A:A,'IS-SEINFRA'!C:C))))","v":"M3"},1.492,{"$f":"_xlfn.XLOOKUP(A63,CCD!B:B,CCD!O:O,_xlfn.XLOOKUP(A63,ICD!B:B,ICD!K:K,_xlfn.XLOOKUP(A63,'CP-SEINFRA'!A:A,'CP-SEINFRA'!D:D,_xlfn.XLOOKUP(A63,'IS-SEINFRA'!A:A,'IS-SEINFRA'!D:D))))","v":100.5},{"$f":"ROUND(E63*F63,4)","v":149.946}]
["I2298","SEINFRA",{"$f":"_xlfn.XLOOKUP(A64,CCD!B:B,CCD!C:C,_xlfn.XLOOKUP(A64,ICD!B:B,ICD!C:C,_xlfn.XLOOKUP(A64,'CP-SEINFRA'!A:A,'CP-SEINFRA'!B:B,_xlfn.XLOOKUP(A64,'IS-SEINFRA'!A:A,'IS-SEINFRA'!B:B))))","v":"CURVA PVC ESGOTO LONGA DN 100MM"},{"$f":"_xlfn.XLOOKUP(A64,CCD!B:B,CCD!D:D,_xlfn.XLOOKUP(A64,ICD!B:B,ICD!C:C,_xlfn.XLOOKUP(A64,'CP-SEINFRA'!A:A,'CP-SEINFRA'!C:C,_xlfn.XLOOKUP(A64,'IS-SEINFRA'!A:A,'IS-SEINFRA'!C:C))))","v":"UN"},3,{"$f":"_xlfn.XLOOKUP(A64,CCD!B:B,CCD!O:O,_xlfn.XLOOKUP(A64,ICD!B:B,ICD!K:K,_xlfn.XLOOKUP(A64,'CP-SEINFRA'!A:A,'CP-SEINFRA'!D:D,_xlfn.XLOOKUP(A64,'IS-SEINFRA'!A:A,'IS-SEINFRA'!D:D))))","v":58.44},175.32]
["I2456","SEINFRA",{"$f":"_xlfn.XLOOKUP(A65,CCD!B:B,CCD!C:C,_xlfn.XLOOKUP(A65,ICD!B:B,ICD!C:C,_xlfn.XLOOKUP(A65,'CP-SEINFRA'!A:A,'CP-SEINFRA'!B:B,_xlfn.XLOOKUP(A65,'IS-SEINFRA'!A:A,'IS-SEINFRA'!B:B))))","v":"TUBO PVC ESGOTO PRIMÁRIO DE 100 - (NBR 5688)"},{"$f":"_xlfn.XLOOKUP(A65,CCD!B:B,CCD!D:D,_xlfn.XLOOKUP(A65,ICD!B:B,ICD!C:C,_xlfn.XLOOKUP(A65,'CP-SEINFRA'!A:A,'CP-SEINFRA'!C:C,_xlfn.XLOOKUP(A65,'IS-SEINFRA'!A:A,'IS-SEINFRA'!C:C))))","v":"M"},2.5,{"$f":"_xlfn.XLOOKUP(A65,CCD!B:B,CCD!O:O,_xlfn.XLOOKUP(A65,ICD!B:B,ICD!K:K,_xlfn.XLOOKUP(A65,'CP-SEINFRA'!A:A,'CP-SEINFRA'!D:D,_xlfn.XLOOKUP(A65,'IS-SEINFRA'!A:A,'IS-SEINFRA'!D:D))))","v":15.82},39.549999999999997]
["C0073","SEINFRA",{"$f":"_xlfn.XLOOKUP(A66,CCD!B:B,CCD!C:C,_xlfn.XLOOKUP(A66,ICD!B:B,ICD!C:C,_xlfn.XLOOKUP(A66,'CP-SEINFRA'!A:A,'CP-SEINFRA'!B:B,_xlfn.XLOOKUP(A66,'IS-SEINFRA'!A:A,'IS-SEINFRA'!B:B))))","v":"ALVENARIA DE TIJOLO CERÂMICO FURADO (9x19x19)cm C/ARGAMASSA MISTA DE CAL HIDRATADA ESP.=10cm (1:2:8)"},{"$f":"_xlfn.XLOOKUP(A66,CCD!B:B,CCD!D:D,_xlfn.XLOOKUP(A66,ICD!B:B,ICD!C:C,_xlfn.XLOOKUP(A66,'CP-SEINFRA'!A:A,'CP-SEINFRA'!C:C,_xlfn.XLOOKUP(A66,'IS-SEINFRA'!A:A,'IS-SEINFRA'!C:C))))","v":"M2"},10.050000000000001,{"$f":"_xlfn.XLOOKUP(A66,CCD!B:B,CCD!O:O,_xlfn.XLOOKUP(A66,ICD!B:B,ICD!K:K,_xlfn.XLOOKUP(A66,'CP-SEINFRA'!A:A,'CP-SEINFRA'!D:D,_xlfn.XLOOKUP(A66,'IS-SEINFRA'!A:A,'IS-SEINFRA'!D:D))))","v":62.98},{"$f":"ROUND(E66*F66,4)","v":632.94899999999996}]
["C0074","SEINFRA",{"$f":"_xlfn.XLOOKUP(A67,CCD!B:B,CCD!C:C,_xlfn.XLOOKUP(A67,ICD!B:B,ICD!C:C,_xlfn.XLOOKUP(A67,'CP-SEINFRA'!A:A,'CP-SEINFRA'!B:B,_xlfn.XLOOKUP(A67,'IS-SEINFRA'!A:A,'IS-SEINFRA'!B:B))))","v":"ALVENARIA DE TIJOLO CERÂMICO FURADO (9x19x19)cm C/ARGAMASSA MISTA DE CAL HIDRATADA ESP=20 cm"},{"$f":"_xlfn.XLOOKUP(A67,CCD!B:B,CCD!D:D,_xlfn.XLOOKUP(A67,ICD!B:B,ICD!C:C,_xlfn.XLOOKUP(A67,'CP-SEINFRA'!A:A,'CP-SEINFRA'!C:C,_xlfn.XLOOKUP(A67,'IS-SEINFRA'!A:A,'IS-SEINFRA'!C:C))))","v":"M2"},12.92,{"$f":"_xlfn.XLOOKUP(A67,CCD!B:B,CCD!O:O,_xlfn.XLOOKUP(A67,ICD!B:B,ICD!K:K,_xlfn.XLOOKUP(A67,'CP-SEINFRA'!A:A,'CP-SEINFRA'!D:D,_xlfn.XLOOKUP(A67,'IS-SEINFRA'!A:A,'IS-SEINFRA'!D:D))))","v":108.91},1407.1171999999999]
["C0216","SEINFRA",{"$f":"_xlfn.XLOOKUP(A68,CCD!B:B,CCD!C:C,_xlfn.XLOOKUP(A68,ICD!B:B,ICD!C:C,_xlfn.XLOOKUP(A68,'CP-SEINFRA'!A:A,'CP-SEINFRA'!B:B,_xlfn.XLOOKUP(A68,'IS-SEINFRA'!A:A,'IS-SEINFRA'!B:B))))","v":"ARMADURA CA-50A MÉDIA D= 6,3 A 10,0mm"},{"$f":"_xlfn.XLOOKUP(A68,CCD!B:B,CCD!D:D,_xlfn.XLOOKUP(A68,ICD!B:B,ICD!C:C,_xlfn.XLOOKUP(A68,'CP-SEINFRA'!A:A,'CP-SEINFRA'!C:C,_xlfn.XLOOKUP(A68,'IS-SEINFRA'!A:A,'IS-SEINFRA'!C:C))))","v":"KG"},41.86,{"$f":"_xlfn.XLOOKUP(A68,CCD!B:B,CCD!O:O,_xlfn.XLOOKUP(A68,ICD!B:B,ICD!K:K,_xlfn.XLOOKUP(A68,'CP-SEINFRA'!A:A,'CP-SEINFRA'!D:D,_xlfn.XLOOKUP(A68,'IS-SEINFRA'!A:A,'IS-SEINFRA'!D:D))))","v":11.96},500.6456]
[94969,"SINAPI",{"$f":"_xlfn.XLOOKUP(A69,CCD!B:B,CCD!C:C,_xlfn.XLOOKUP(A69,ICD!B:B,ICD!C:C,_xlfn.XLOOKUP(A69,'CP-SEINFRA'!A:A,'CP-SEINFRA'!B:B,_xlfn.XLOOKUP(A69,'IS-SEINFRA'!A:A,'IS-SEINFRA'!B:B))))","v":"CONCRETO FCK = 15MPA, TRAÇO 1:3,4:3,5 (EM MASSA SECA DE CIMENTO/ AREIA MÉDIA/ BRITA 1) - PREPARO MECÂNICO COM BETONEIRA 600 L. AF_05/2021"},{"$f":"_xlfn.XLOOKUP(A69,CCD!B:B,CCD!D:D,_xlfn.XLOOKUP(A69,ICD!B:B,ICD!C:C,_xlfn.XLOOKUP(A69,'CP-SEINFRA'!A:A,'CP-SEINFRA'!C:C,_xlfn.XLOOKUP(A69,'IS-SEINFRA'!A:A,'IS-SEINFRA'!C:C))))","v":"M3"},0.28999999999999998,{"$f":"_xlfn.XLOOKUP(A69,CCD!B:B,CCD!O:O,_xlfn.XLOOKUP(A69,ICD!B:B,ICD!K:K,_xlfn.XLOOKUP(A69,'CP-SEINFRA'!A:A,'CP-SEINFRA'!D:D,_xlfn.XLOOKUP(A69,'IS-SEINFRA'!A:A,'IS-SEINFRA'!D:D))))","v":449.37},130.31729999999999]
[94962,"SINAPI",{"$f":"_xlfn.XLOOKUP(A70,CCD!B:B,CCD!C:C,_xlfn.XLOOKUP(A70,ICD!B:B,ICD!C:C,_xlfn.XLOOKUP(A70,'CP-SEINFRA'!A:A,'CP-SEINFRA'!B:B,_xlfn.XLOOKUP(A70,'IS-SEINFRA'!A:A,'IS-SEINFRA'!B:B))))","v":"CONCRETO MAGRO PARA LASTRO, TRAÇO 1:4,5:4,5 (EM MASSA SECA DE CIMENTO/ AREIA MÉDIA/ BRITA 1) - PREPARO MECÂNICO COM BETONEIRA 400 L. AF_05/2021"},{"$f":"_xlfn.XLOOKUP(A70,CCD!B:B,CCD!D:D,_xlfn.XLOOKUP(A70,ICD!B:B,ICD!C:C,_xlfn.XLOOKUP(A70,'CP-SEINFRA'!A:A,'CP-SEINFRA'!C:C,_xlfn.XLOOKUP(A70,'IS-SEINFRA'!A:A,'IS-SEINFRA'!C:C))))","v":"M3"},0.59799999999999998,{"$f":"_xlfn.XLOOKUP(A70,CCD!B:B,CCD!O:O,_xlfn.XLOOKUP(A70,ICD!B:B,ICD!K:K,_xlfn.XLOOKUP(A70,'CP-SEINFRA'!A:A,'CP-SEINFRA'!D:D,_xlfn.XLOOKUP(A70,'IS-SEINFRA'!A:A,'IS-SEINFRA'!D:D))))","v":415.66},248.56469999999999]
["C1400","SEINFRA",{"$f":"_xlfn.XLOOKUP(A71,CCD!B:B,CCD!C:C,_xlfn.XLOOKUP(A71,ICD!B:B,ICD!C:C,_xlfn.XLOOKUP(A71,'CP-SEINFRA'!A:A,'CP-SEINFRA'!B:B,_xlfn.XLOOKUP(A71,'IS-SEINFRA'!A:A,'IS-SEINFRA'!B:B))))","v":"FORMA DE TÁBUAS DE 1\" DE 3A. P/FUNDAÇÕES UTIL. 5 X"},{"$f":"_xlfn.XLOOKUP(A71,CCD!B:B,CCD!D:D,_xlfn.XLOOKUP(A71,ICD!B:B,ICD!C:C,_xlfn.XLOOKUP(A71,'CP-SEINFRA'!A:A,'CP-SEINFRA'!C:C,_xlfn.XLOOKUP(A71,'IS-SEINFRA'!A:A,'IS-SEINFRA'!C:C))))","v":"M2"},1.84,{"$f":"_xlfn.XLOOKUP(A71,CCD!B:B,CCD!O:O,_xlfn.XLOOKUP(A71,ICD!B:B,ICD!K:K,_xlfn.XLOOKUP(A71,'CP-SEINFRA'!A:A,'CP-SEINFRA'!D:D,_xlfn.XLOOKUP(A71,'IS-SEINFRA'!A:A,'IS-SEINFRA'!D:D))))","v":77.540000000000006},142.67359999999999]
["C2123","SEINFRA",{"$f":"_xlfn.XLOOKUP(A72,CCD!B:B,CCD!C:C,_xlfn.XLOOKUP(A72,ICD!B:B,ICD!C:C,_xlfn.XLOOKUP(A72,'CP-SEINFRA'!A:A,'CP-SEINFRA'!B:B,_xlfn.XLOOKUP(A72,'IS-SEINFRA'!A:A,'IS-SEINFRA'!B:B))))","v":"REBOCO C/ARGAMASSA DE CAL HIDRATADA E AREIA PENEIRADA TRAÇO 1:3  ESP=5 mm P/PAREDE"},{"$f":"_xlfn.XLOOKUP(A72,CCD!B:B,CCD!D:D,_xlfn.XLOOKUP(A72,ICD!B:B,ICD!C:C,_xlfn.XLOOKUP(A72,'CP-SEINFRA'!A:A,'CP-SEINFRA'!C:C,_xlfn.XLOOKUP(A72,'IS-SEINFRA'!A:A,'IS-SEINFRA'!C:C))))","v":"M2"},11,{"$f":"_xlfn.XLOOKUP(A72,CCD!B:B,CCD!O:O,_xlfn.XLOOKUP(A72,ICD!B:B,ICD!K:K,_xlfn.XLOOKUP(A72,'CP-SEINFRA'!A:A,'CP-SEINFRA'!D:D,_xlfn.XLOOKUP(A72,'IS-SEINFRA'!A:A,'IS-SEINFRA'!D:D))))","v":25.76},283.36]
[93358,"SINAPI",{"$f":"_xlfn.XLOOKUP(A73,CCD!B:B,CCD!C:C,_xlfn.XLOOKUP(A73,ICD!B:B,ICD!C:C,_xlfn.XLOOKUP(A73,'CP-SEINFRA'!A:A,'CP-SEINFRA'!B:B,_xlfn.XLOOKUP(A73,'IS-SEINFRA'!A:A,'IS-SEINFRA'!B:B))))","v":"ESCAVAÇÃO MANUAL DE VALA. AF_09/2024"},{"$f":"_xlfn.XLOOKUP(A73,CCD!B:B,CCD!D:D,_xlfn.XLOOKUP(A73,ICD!B:B,ICD!C:C,_xlfn.XLOOKUP(A73,'CP-SEINFRA'!A:A,'CP-SEINFRA'!C:C,_xlfn.XLOOKUP(A73,'IS-SEINFRA'!A:A,'IS-SEINFRA'!C:C))))","v":"M3"},14.24,{"$f":"_xlfn.XLOOKUP(A73,CCD!B:B,CCD!O:O,_xlfn.XLOOKUP(A73,ICD!B:B,ICD!K:K,_xlfn.XLOOKUP(A73,'CP-SEINFRA'!A:A,'CP-SEINFRA'!D:D,_xlfn.XLOOKUP(A73,'IS-SEINFRA'!A:A,'IS-SEINFRA'!D:D))))","v":86.74},1235.1776]
[{"$nulls":5},"Valor Geral",{"$f":"TRUNC(SUM(G62:G73),2)","v":4989.4799999999996}]
[]
["C3648",null,"RESERVATÓRIO PRÉ MOLDADO ELEVADO CILÍNDRICO D=2,0M, CAP.=12,0M3, H=9,0M COMPLETO E CISTERNA CAP.=4,5 M3","UN",null,null,{"$f":"G79","v":24049.25}]
["I6721","SEINFRA",{"$f":"_xlfn.XLOOKUP(A77,CCD!B:B,CCD!C:C,_xlfn.XLOOKUP(A77,ICD!B:B,ICD!C:C,_xlfn.XLOOKUP(A77,'CP-SEINFRA'!A:A,'CP-SEINFRA'!B:B,_xlfn.XLOOKUP(A77,'IS-SEINFRA'!A:A,'IS-SEINFRA'!B:B))))","v":"RESERVATÓRIO PRÉ-MOLDADO ELEVADO CILINDRICO D=2,0M, CAP.=12,0M3, H=9,0M, CISTERNA CAP.=4,5M3, ESCADA METÁLICA COM GUARDA CORPO, ABRIGO P/ MOTOBOMBA COM PORTÃO DE FERRO - COMPLETO\n"},{"$f":"_xlfn.XLOOKUP(A77,CCD!B:B,CCD!D:D,_xlfn.XLOOKUP(A77,ICD!B:B,ICD!C:C,_xlfn.XLOOKUP(A77,'CP-SEINFRA'!A:A,'CP-SEINFRA'!C:C,_xlfn.XLOOKUP(A77,'IS-SEINFRA'!A:A,'IS-SEINFRA'!C:C))))","v":"UN"},1,{"$f":"_xlfn.XLOOKUP(A77,CCD!B:B,CCD!O:O,_xlfn.XLOOKUP(A77,ICD!B:B,ICD!K:K,_xlfn.XLOOKUP(A77,'CP-SEINFRA'!A:A,'CP-SEINFRA'!D:D,_xlfn.XLOOKUP(A77,'IS-SEINFRA'!A:A,'IS-SEINFRA'!D:D))))","v":23615.55},{"$f":"ROUND(E77*F77,4)","v":23615.55}]
[93358,"SINAPI",{"$f":"_xlfn.XLOOKUP(A78,CCD!B:B,CCD!C:C,_xlfn.XLOOKUP(A78,ICD!B:B,ICD!C:C,_xlfn.XLOOKUP(A78,'CP-SEINFRA'!A:A,'CP-SEINFRA'!B:B,_xlfn.XLOOKUP(A78,'IS-SEINFRA'!A:A,'IS-SEINFRA'!B:B))))","v":"ESCAVAÇÃO MANUAL DE VALA. AF_09/2024"},{"$f":"_xlfn.XLOOKUP(A78,CCD!B:B,CCD!D:D,_xlfn.XLOOKUP(A78,ICD!B:B,ICD!C:C,_xlfn.XLOOKUP(A78,'CP-SEINFRA'!A:A,'CP-SEINFRA'!C:C,_xlfn.XLOOKUP(A78,'IS-SEINFRA'!A:A,'IS-SEINFRA'!C:C))))","v":"M3"},5,{"$f":"_xlfn.XLOOKUP(A78,CCD!B:B,CCD!O:O,_xlfn.XLOOKUP(A78,ICD!B:B,ICD!K:K,_xlfn.XLOOKUP(A78,'CP-SEINFRA'!A:A,'CP-SEINFRA'!D:D,_xlfn.XLOOKUP(A78,'IS-SEINFRA'!A:A,'IS-SEINFRA'!D:D))))","v":86.74},{"$f":"ROUND(E78*F78,4)","v":433.7}]
[{"$nulls":5},"Valor Geral",{"$f":"TRUNC(SUM(G77:G78),2)","v":24049.25}]
[]
["C0073",null,"ALVENARIA DE TIJOLO CERÂMICO FURADO (9x19x19)cm C/ARGAMASSA MISTA DE CAL HIDRATADA ESP.=10cm (1:2:8)","M2",null,null,{"$f":"G88","v":70.900000000000006}]
[88309,"SINAPI",{"$f":"_xlfn.XLOOKUP(A82,CCD!B:B,CCD!C:C,_xlfn.XLOOKUP(A82,ICD!B:B,ICD!C:C,_xlfn.XLOOKUP(A82,'CP-SEINFRA'!A:A,'CP-SEINFRA'!B:B,_xlfn.XLOOKUP(A82,'IS-SEINFRA'!A:A,'IS-SEINFRA'!B:B))))","v":"PEDREIRO COM ENCARGOS COMPLEMENTARES"},{"$f":"_xlfn.XLOOKUP(A82,CCD!B:B,CCD!D:D,_xlfn.XLOOKUP(A82,ICD!B:B,ICD!C:C,_xlfn.XLOOKUP(A82,'CP-SEINFRA'!A:A,'CP-SEINFRA'!C:C,_xlfn.XLOOKUP(A82,'IS-SEINFRA'!A:A,'IS-SEINFRA'!C:C))))","v":"H"},1,{"$f":"_xlfn.XLOOKUP(A82,CCD!B:B,CCD!O:O,_xlfn.XLOOKUP(A82,ICD!B:B,ICD!K:K,_xlfn.XLOOKUP(A82,'CP-SEINFRA'!A:A,'CP-SEINFRA'!D:D,_xlfn.XLOOKUP(A82,'IS-SEINFRA'!A:A,'IS-SEINFRA'!D:D))))","v":28.2},{"$f":"ROUND(E82*F82,4)","v":28.2}]
[88316,"SINAPI",{"$f":"_xlfn.XLOOKUP(A83,CCD!B:B,CCD!C:C,_xlfn.XLOOKUP(A83,ICD!B:B,ICD!C:C,_xlfn.XLOOKUP(A83,'CP-SEINFRA'!A:A,'CP-SEINFRA'!B:B,_xlfn.XLOOKUP(A83,'IS-SEINFRA'!A:A,'IS-SEINFRA'!B:B))))","v":"SERVENTE COM ENCARGOS COMPLEMENTARES"},{"$f":"_xlfn.XLOOKUP(A83,CCD!B:B,CCD!D:D,_xlfn.XLOOKUP(A83,ICD!B:B,ICD!C:C,_xlfn.XLOOKUP(A83,'CP-SEINFRA'!A:A,'CP-SEINFRA'!C:C,_xlfn.XLOOKUP(A83,'IS-SEINFRA'!A:A,'IS-SEINFRA'!C:C))))","v":"H"},1.1200000000000001,{"$f":"_xlfn.XLOOKUP(A83,CCD!B:B,CCD!O:O,_xlfn.XLOOKUP(A83,ICD!B:B,ICD!K:K,_xlfn.XLOOKUP(A83,'CP-SEINFRA'!A:A,'CP-SEINFRA'!D:D,_xlfn.XLOOKUP(A83,'IS-SEINFRA'!A:A,'IS-SEINFRA'!D:D))))","v":21.93},24.561599999999999]
["I0109","SEINFRA",{"$f":"_xlfn.XLOOKUP(A84,CCD!B:B,CCD!C:C,_xlfn.XLOOKUP(A84,ICD!B:B,ICD!C:C,_xlfn.XLOOKUP(A84,'CP-SEINFRA'!A:A,'CP-SEINFRA'!B:B,_xlfn.XLOOKUP(A84,'IS-SEINFRA'!A:A,'IS-SEINFRA'!B:B))))","v":"AREIA MEDIA"},{"$f":"_xlfn.XLOOKUP(A84,CCD!B:B,CCD!D:D,_xlfn.XLOOKUP(A84,ICD!B:B,ICD!C:C,_xlfn.XLOOKUP(A84,'CP-SEINFRA'!A:A,'CP-SEINFRA'!C:C,_xlfn.XLOOKUP(A84,'IS-SEINFRA'!A:A,'IS-SEINFRA'!C:C))))","v":"M3"},1.4999999999999999E-2,{"$f":"_xlfn.XLOOKUP(A84,CCD!B:B,CCD!O:O,_xlfn.XLOOKUP(A84,ICD!B:B,ICD!K:K,_xlfn.XLOOKUP(A84,'CP-SEINFRA'!A:A,'CP-SEINFRA'!D:D,_xlfn.XLOOKUP(A84,'IS-SEINFRA'!A:A,'IS-SEINFRA'!D:D))))","v":83.58},{"$f":"ROUND(E84*F84,4)","v":1.2537}]
["I0441","SEINFRA",{"$f":"_xlfn.XLOOKUP(A85,CCD!B:B,CCD!C:C,_xlfn.XLOOKUP(A85,ICD!B:B,ICD!C:C,_xlfn.XLOOKUP(A85,'CP-SEINFRA'!A:A,'CP-SEINFRA'!B:B,_xlfn.XLOOKUP(A85,'IS-SEINFRA'!A:A,'IS-SEINFRA'!B:B))))","v":"CAL HIDRATADA"},{"$f":"_xlfn.XLOOKUP(A85,CCD!B:B,CCD!D:D,_xlfn.XLOOKUP(A85,ICD!B:B,ICD!C:C,_xlfn.XLOOKUP(A85,'CP-SEINFRA'!A:A,'CP-SEINFRA'!C:C,_xlfn.XLOOKUP(A85,'IS-SEINFRA'!A:A,'IS-SEINFRA'!C:C))))","v":"KG"},2.1800000000000002,{"$f":"_xlfn.XLOOKUP(A85,CCD!B:B,CCD!O:O,_xlfn.XLOOKUP(A85,ICD!B:B,ICD!K:K,_xlfn.XLOOKUP(A85,'CP-SEINFRA'!A:A,'CP-SEINFRA'!D:D,_xlfn.XLOOKUP(A85,'IS-SEINFRA'!A:A,'IS-SEINFRA'!D:D))))","v":0.96},2.0928]
["I0805","SEINFRA",{"$f":"_xlfn.XLOOKUP(A86,CCD!B:B,CCD!C:C,_xlfn.XLOOKUP(A86,ICD!B:B,ICD!C:C,_xlfn.XLOOKUP(A86,'CP-SEINFRA'!A:A,'CP-SEINFRA'!B:B,_xlfn.XLOOKUP(A86,'IS-SEINFRA'!A:A,'IS-SEINFRA'!B:B))))","v":"CIMENTO PORTLAND"},{"$f":"_xlfn.XLOOKUP(A86,CCD!B:B,CCD!D:D,_xlfn.XLOOKUP(A86,ICD!B:B,ICD!C:C,_xlfn.XLOOKUP(A86,'CP-SEINFRA'!A:A,'CP-SEINFRA'!C:C,_xlfn.XLOOKUP(A86,'IS-SEINFRA'!A:A,'IS-SEINFRA'!C:C))))","v":"KG"},2.1800000000000002,{"$f":"_xlfn.XLOOKUP(A86,CCD!B:B,CCD!O:O,_xlfn.XLOOKUP(A86,ICD!B:B,ICD!K:K,_xlfn.XLOOKUP(A86,'CP-SEINFRA'!A:A,'CP-SEINFRA'!D:D,_xlfn.XLOOKUP(A86,'IS-SEINFRA'!A:A,'IS-SEINFRA'!D:D))))","v":0.71},1.5478000000000001]
["I2081","SEINFRA",{"$f":"_xlfn.XLOOKUP(A87,CCD!B:B,CCD!C:C,_xlfn.XLOOKUP(A87,ICD!B:B,ICD!C:C,_xlfn.XLOOKUP(A87,'CP-SEINFRA'!A:A,'CP-SEINFRA'!B:B,_xlfn.XLOOKUP(A87,'IS-SEINFRA'!A:A,'IS-SEINFRA'!B:B))))","v":"TIJOLO CERÂMICO FURADO  9X19X19CM"},{"$f":"_xlfn.XLOOKUP(A87,CCD!B:B,CCD!D:D,_xlfn.XLOOKUP(A87,ICD!B:B,ICD!C:C,_xlfn.XLOOKUP(A87,'CP-SEINFRA'!A:A,'CP-SEINFRA'!C:C,_xlfn.XLOOKUP(A87,'IS-SEINFRA'!A:A,'IS-SEINFRA'!C:C))))","v":"UN"},25,{"$f":"_xlfn.XLOOKUP(A87,CCD!B:B,CCD!O:O,_xlfn.XLOOKUP(A87,ICD!B:B,ICD!K:K,_xlfn.XLOOKUP(A87,'CP-SEINFRA'!A:A,'CP-SEINFRA'!D:D,_xlfn.XLOOKUP(A87,'IS-SEINFRA'!A:A,'IS-SEINFRA'!D:D))))","v":0.53},13.25]
[{"$nulls":5},"Valor Geral",{"$f":"TRUNC(SUM(G82:G87),2)","v":70.900000000000006}]
[]
["C0074",null,"ALVENARIA DE TIJOLO CERÂMICO FURADO (9x19x19)cm C/ARGAMASSA MISTA DE CAL HIDRATADA ESP=20 cm","M2",null,null,{"$f":"G97","v":121.35}]
[88309,"SINAPI",{"$f":"_xlfn.XLOOKUP(A91,CCD!B:B,CCD!C:C,_xlfn.XLOOKUP(A91,ICD!B:B,ICD!C:C,_xlfn.XLOOKUP(A91,'CP-SEINFRA'!A:A,'CP-SEINFRA'!B:B,_xlfn.XLOOKUP(A91,'IS-SEINFRA'!A:A,'IS-SEINFRA'!B:B))))","v":"PEDREIRO COM ENCARGOS COMPLEMENTARES"},{"$f":"_xlfn.XLOOKUP(A91,CCD!B:B,CCD!D:D,_xlfn.XLOOKUP(A91,ICD!B:B,ICD!C:C,_xlfn.XLOOKUP(A91,'CP-SEINFRA'!A:A,'CP-SEINFRA'!C:C,_xlfn.XLOOKUP(A91,'IS-SEINFRA'!A:A,'IS-SEINFRA'!C:C))))","v":"H"},1.5,{"$f":"_xlfn.XLOOKUP(A91,CCD!B:B,CCD!O:O,_xlfn.XLOOKUP(A91,ICD!B:B,ICD!K:K,_xlfn.XLOOKUP(A91,'CP-SEINFRA'!A:A,'CP-SEINFRA'!D:D,_xlfn.XLOOKUP(A91,'IS-SEINFRA'!A:A,'IS-SEINFRA'!D:D))))","v":28.2},{"$f":"ROUND(E91*F91,4)","v":42.3}]
[88316,"SINAPI",{"$f":"_xlfn.XLOOKUP(A92,CCD!B:B,CCD!C:C,_xlfn.XLOOKUP(A92,ICD!B:B,ICD!C:C,_xlfn.XLOOKUP(A92,'CP-SEINFRA'!A:A,'CP-SEINFRA'!B:B,_xlfn.XLOOKUP(A92,'IS-SEINFRA'!A:A,'IS-SEINFRA'!B:B))))","v":"SERVENTE COM ENCARGOS COMPLEMENTARES"},{"$f":"_xlfn.XLOOKUP(A92,CCD!B:B,CCD!D:D,_xlfn.XLOOKUP(A92,ICD!B:B,ICD!C:C,_xlfn.XLOOKUP(A92,'CP-SEINFRA'!A:A,'CP-SEINFRA'!C:C,_xlfn.XLOOKUP(A92,'IS-SEINFRA'!A:A,'IS-SEINFRA'!C:C))))","v":"H"},1.84,{"$f":"_xlfn.XLOOKUP(A92,CCD!B:B,CCD!O:O,_xlfn.XLOOKUP(A92,ICD!B:B,ICD!K:K,_xlfn.XLOOKUP(A92,'CP-SEINFRA'!A:A,'CP-SEINFRA'!D:D,_xlfn.XLOOKUP(A92,'IS-SEINFRA'!A:A,'IS-SEINFRA'!D:D))))","v":21.93},40.351199999999999]
["I0109","SEINFRA",{"$f":"_xlfn.XLOOKUP(A93,CCD!B:B,CCD!C:C,_xlfn.XLOOKUP(A93,ICD!B:B,ICD!C:C,_xlfn.XLOOKUP(A93,'CP-SEINFRA'!A:A,'CP-SEINFRA'!B:B,_xlfn.XLOOKUP(A93,'IS-SEINFRA'!A:A,'IS-SEINFRA'!B:B))))","v":"AREIA MEDIA"},{"$f":"_xlfn.XLOOKUP(A93,CCD!B:B,CCD!D:D,_xlfn.XLOOKUP(A93,ICD!B:B,ICD!C:C,_xlfn.XLOOKUP(A93,'CP-SEINFRA'!A:A,'CP-SEINFRA'!C:C,_xlfn.XLOOKUP(A93,'IS-SEINFRA'!A:A,'IS-SEINFRA'!C:C))))","v":"M3"},4.1300000000000003E-2,{"$f":"_xlfn.XLOOKUP(A93,CCD!B:B,CCD!O:O,_xlfn.XLOOKUP(A93,ICD!B:B,ICD!K:K,_xlfn.XLOOKUP(A93,'CP-SEINFRA'!A:A,'CP-SEINFRA'!D:D,_xlfn.XLOOKUP(A93,'IS-SEINFRA'!A:A,'IS-SEINFRA'!D:D))))","v":83.58},{"$f":"ROUND(E93*F93,4)","v":3.4519000000000002}]
["I0441","SEINFRA",{"$f":"_xlfn.XLOOKUP(A94,CCD!B:B,CCD!C:C,_xlfn.XLOOKUP(A94,ICD!B:B,ICD!C:C,_xlfn.XLOOKUP(A94,'CP-SEINFRA'!A:A,'CP-SEINFRA'!B:B,_xlfn.XLOOKUP(A94,'IS-SEINFRA'!A:A,'IS-SEINFRA'!B:B))))","v":"CAL HIDRATADA"},{"$f":"_xlfn.XLOOKUP(A94,CCD!B:B,CCD!D:D,_xlfn.XLOOKUP(A94,ICD!B:B,ICD!C:C,_xlfn.XLOOKUP(A94,'CP-SEINFRA'!A:A,'CP-SEINFRA'!C:C,_xlfn.XLOOKUP(A94,'IS-SEINFRA'!A:A,'IS-SEINFRA'!C:C))))","v":"KG"},6.19,{"$f":"_xlfn.XLOOKUP(A94,CCD!B:B,CCD!O:O,_xlfn.XLOOKUP(A94,ICD!B:B,ICD!K:K,_xlfn.XLOOKUP(A94,'CP-SEINFRA'!A:A,'CP-SEINFRA'!D:D,_xlfn.XLOOKUP(A94,'IS-SEINFRA'!A:A,'IS-SEINFRA'!D:D))))","v":0.96},5.9424000000000001]
["I0805","SEINFRA",{"$f":"_xlfn.XLOOKUP(A95,CCD!B:B,CCD!C:C,_xlfn.XLOOKUP(A95,ICD!B:B,ICD!C:C,_xlfn.XLOOKUP(A95,'CP-SEINFRA'!A:A,'CP-SEINFRA'!B:B,_xlfn.XLOOKUP(A95,'IS-SEINFRA'!A:A,'IS-SEINFRA'!B:B))))","v":"CIMENTO PORTLAND"},{"$f":"_xlfn.XLOOKUP(A95,CCD!B:B,CCD!D:D,_xlfn.XLOOKUP(A95,ICD!B:B,ICD!C:C,_xlfn.XLOOKUP(A95,'CP-SEINFRA'!A:A,'CP-SEINFRA'!C:C,_xlfn.XLOOKUP(A95,'IS-SEINFRA'!A:A,'IS-SEINFRA'!C:C))))","v":"KG"},6.19,{"$f":"_xlfn.XLOOKUP(A95,CCD!B:B,CCD!O:O,_xlfn.XLOOKUP(A95,ICD!B:B,ICD!K:K,_xlfn.XLOOKUP(A95,'CP-SEINFRA'!A:A,'CP-SEINFRA'!D:D,_xlfn.XLOOKUP(A95,'IS-SEINFRA'!A:A,'IS-SEINFRA'!D:D))))","v":0.71},4.3948999999999998]
["I2081","SEINFRA",{"$f":"_xlfn.XLOOKUP(A96,CCD!B:B,CCD!C:C,_xlfn.XLOOKUP(A96,ICD!B:B,ICD!C:C,_xlfn.XLOOKUP(A96,'CP-SEINFRA'!A:A,'CP-SEINFRA'!B:B,_xlfn.XLOOKUP(A96,'IS-SEINFRA'!A:A,'IS-SEINFRA'!B:B))))","v":"TIJOLO CERÂMICO FURADO  9X19X19CM"},{"$f":"_xlfn.XLOOKUP(A96,CCD!B:B,CCD!D:D,_xlfn.XLOOKUP(A96,ICD!B:B,ICD!C:C,_xlfn.XLOOKUP(A96,'CP-SEINFRA'!A:A,'CP-SEINFRA'!C:C,_xlfn.XLOOKUP(A96,'IS-SEINFRA'!A:A,'IS-SEINFRA'!C:C))))","v":"UN"},47,{"$f":"_xlfn.XLOOKUP(A96,CCD!B:B,CCD!O:O,_xlfn.XLOOKUP(A96,ICD!B:B,ICD!K:K,_xlfn.XLOOKUP(A96,'CP-SEINFRA'!A:A,'CP-SEINFRA'!D:D,_xlfn.XLOOKUP(A96,'IS-SEINFRA'!A:A,'IS-SEINFRA'!D:D))))","v":0.53},24.91]
[{"$nulls":5},"Valor Geral",{"$f":"TRUNC(SUM(G91:G96),2)","v":121.35}]
[]
["C0216",null,"ARMADURA CA-50A MÉDIA D= 6,3 A 10,0mm","KG",null,null,{"$f":"G104","v":12.58}]
[88238,"SINAPI",{"$f":"_xlfn.XLOOKUP(A100,CCD!B:B,CCD!C:C,_xlfn.XLOOKUP(A100,ICD!B:B,ICD!C:C,_xlfn.XLOOKUP(A100,'CP-SEINFRA'!A:A,'CP-SEINFRA'!B:B,_xlfn.XLOOKUP(A100,'IS-SEINFRA'!A:A,'IS-SEINFRA'!B:B))))","v":"AJUDANTE DE ARMADOR COM ENCARGOS COMPLEMENTARES"},{"$f":"_xlfn.XLOOKUP(A100,CCD!B:B,CCD!D:D,_xlfn.XLOOKUP(A100,ICD!B:B,ICD!C:C,_xlfn.XLOOKUP(A100,'CP-SEINFRA'!A:A,'CP-SEINFRA'!C:C,_xlfn.XLOOKUP(A100,'IS-SEINFRA'!A:A,'IS-SEINFRA'!C:C))))","v":"H"},0.08,{"$f":"_xlfn.XLOOKUP(A100,CCD!B:B,CCD!O:O,_xlfn.XLOOKUP(A100,ICD!B:B,ICD!K:K,_xlfn.XLOOKUP(A100,'CP-SEINFRA'!A:A,'CP-SEINFRA'!D:D,_xlfn.XLOOKUP(A100,'IS-SEINFRA'!A:A,'IS-SEINFRA'!D:D))))","v":23.01},{"$f":"ROUND(E100*F100,4)","v":1.8408}]
[88245,"SINAPI",{"$f":"_xlfn.XLOOKUP(A101,CCD!B:B,CCD!C:C,_xlfn.XLOOKUP(A101,ICD!B:B,ICD!C:C,_xlfn.XLOOKUP(A101,'CP-SEINFRA'!A:A,'CP-SEINFRA'!B:B,_xlfn.XLOOKUP(A101,'IS-SEINFRA'!A:A,'IS-SEINFRA'!B:B))))","v":"ARMADOR COM ENCARGOS COMPLEMENTARES"},{"$f":"_xlfn.XLOOKUP(A101,CCD!B:B,CCD!D:D,_xlfn.XLOOKUP(A101,ICD!B:B,ICD!C:C,_xlfn.XLOOKUP(A101,'CP-SEINFRA'!A:A,'CP-SEINFRA'!C:C,_xlfn.XLOOKUP(A101,'IS-SEINFRA'!A:A,'IS-SEINFRA'!C:C))))","v":"H"},0.08,{"$f":"_xlfn.XLOOKUP(A101,CCD!B:B,CCD!O:O,_xlfn.XLOOKUP(A101,ICD!B:B,ICD!K:K,_xlfn.XLOOKUP(A101,'CP-SEINFRA'!A:A,'CP-SEINFRA'!D:D,_xlfn.XLOOKUP(A101,'IS-SEINFRA'!A:A,'IS-SEINFRA'!D:D))))","v":28.07},2.2456]
["I0103","SEINFRA",{"$f":"_xlfn.XLOOKUP(A102,CCD!B:B,CCD!C:C,_xlfn.XLOOKUP(A102,ICD!B:B,ICD!C:C,_xlfn.XLOOKUP(A102,'CP-SEINFRA'!A:A,'CP-SEINFRA'!B:B,_xlfn.XLOOKUP(A102,'IS-SEINFRA'!A:A,'IS-SEINFRA'!B:B))))","v":"ARAME RECOZIDO N.18 BWG"},{"$f":"_xlfn.XLOOKUP(A102,CCD!B:B,CCD!D:D,_xlfn.XLOOKUP(A102,ICD!B:B,ICD!C:C,_xlfn.XLOOKUP(A102,'CP-SEINFRA'!A:A,'CP-SEINFRA'!C:C,_xlfn.XLOOKUP(A102,'IS-SEINFRA'!A:A,'IS-SEINFRA'!C:C))))","v":"KG"},0.02,{"$f":"_xlfn.XLOOKUP(A102,CCD!B:B,CCD!O:O,_xlfn.XLOOKUP(A102,ICD!B:B,ICD!K:K,_xlfn.XLOOKUP(A102,'CP-SEINFRA'!A:A,'CP-SEINFRA'!D:D,_xlfn.XLOOKUP(A102,'IS-SEINFRA'!A:A,'IS-SEINFRA'!D:D))))","v":16.53},{"$f":"ROUND(E102*F102,4)","v":0.3306}]
["I0163","SEINFRA",{"$f":"_xlfn.XLOOKUP(A103,CCD!B:B,CCD!C:C,_xlfn.XLOOKUP(A103,ICD!B:B,ICD!C:C,_xlfn.XLOOKUP(A103,'CP-SEINFRA'!A:A,'CP-SEINFRA'!B:B,_xlfn.XLOOKUP(A103,'IS-SEINFRA'!A:A,'IS-SEINFRA'!B:B))))","v":"AÇO CA-50"},{"$f":"_xlfn.XLOOKUP(A103,CCD!B:B,CCD!D:D,_xlfn.XLOOKUP(A103,ICD!B:B,ICD!C:C,_xlfn.XLOOKUP(A103,'CP-SEINFRA'!A:A,'CP-SEINFRA'!C:C,_xlfn.XLOOKUP(A103,'IS-SEINFRA'!A:A,'IS-SEINFRA'!C:C))))","v":"KG"},1.1499999999999999,{"$f":"_xlfn.XLOOKUP(A103,CCD!B:B,CCD!O:O,_xlfn.XLOOKUP(A103,ICD!B:B,ICD!K:K,_xlfn.XLOOKUP(A103,'CP-SEINFRA'!A:A,'CP-SEINFRA'!D:D,_xlfn.XLOOKUP(A103,'IS-SEINFRA'!A:A,'IS-SEINFRA'!D:D))))","v":7.1},8.1649999999999991]
[{"$nulls":5},"Valor Geral",{"$f":"TRUNC(SUM(G100:G103),2)","v":12.58}]
[]
["C1400",null,"FORMA DE TÁBUAS DE 1\" DE 3A. P/FUNDAÇÕES UTIL. 5 X","M2",null,null,{"$f":"G113","v":87.12}]
[88239,"SINAPI",{"$f":"_xlfn.XLOOKUP(A107,CCD!B:B,CCD!C:C,_xlfn.XLOOKUP(A107,ICD!B:B,ICD!C:C,_xlfn.XLOOKUP(A107,'CP-SEINFRA'!A:A,'CP-SEINFRA'!B:B,_xlfn.XLOOKUP(A107,'IS-SEINFRA'!A:A,'IS-SEINFRA'!B:B))))","v":"AJUDANTE DE CARPINTEIRO COM ENCARGOS COMPLEMENTARES"},{"$f":"_xlfn.XLOOKUP(A107,CCD!B:B,CCD!D:D,_xlfn.XLOOKUP(A107,ICD!B:B,ICD!C:C,_xlfn.XLOOKUP(A107,'CP-SEINFRA'!A:A,'CP-SEINFRA'!C:C,_xlfn.XLOOKUP(A107,'IS-SEINFRA'!A:A,'IS-SEINFRA'!C:C))))","v":"H"},1.3,{"$f":"_xlfn.XLOOKUP(A107,CCD!B:B,CCD!O:O,_xlfn.XLOOKUP(A107,ICD!B:B,ICD!K:K,_xlfn.XLOOKUP(A107,'CP-SEINFRA'!A:A,'CP-SEINFRA'!D:D,_xlfn.XLOOKUP(A107,'IS-SEINFRA'!A:A,'IS-SEINFRA'!D:D))))","v":22.84},{"$f":"ROUND(E107*F107,4)","v":29.692}]
[88262,"SINAPI",{"$f":"_xlfn.XLOOKUP(A108,CCD!B:B,CCD!C:C,_xlfn.XLOOKUP(A108,ICD!B:B,ICD!C:C,_xlfn.XLOOKUP(A108,'CP-SEINFRA'!A:A,'CP-SEINFRA'!B:B,_xlfn.XLOOKUP(A108,'IS-SEINFRA'!A:A,'IS-SEINFRA'!B:B))))","v":"CARPINTEIRO DE FORMAS COM ENCARGOS COMPLEMENTARES"},{"$f":"_xlfn.XLOOKUP(A108,CCD!B:B,CCD!D:D,_xlfn.XLOOKUP(A108,ICD!B:B,ICD!C:C,_xlfn.XLOOKUP(A108,'CP-SEINFRA'!A:A,'CP-SEINFRA'!C:C,_xlfn.XLOOKUP(A108,'IS-SEINFRA'!A:A,'IS-SEINFRA'!C:C))))","v":"H"},1.3,{"$f":"_xlfn.XLOOKUP(A108,CCD!B:B,CCD!O:O,_xlfn.XLOOKUP(A108,ICD!B:B,ICD!K:K,_xlfn.XLOOKUP(A108,'CP-SEINFRA'!A:A,'CP-SEINFRA'!D:D,_xlfn.XLOOKUP(A108,'IS-SEINFRA'!A:A,'IS-SEINFRA'!D:D))))","v":27.79},36.127000000000002]
["I0965","SEINFRA",{"$f":"_xlfn.XLOOKUP(A109,CCD!B:B,CCD!C:C,_xlfn.XLOOKUP(A109,ICD!B:B,ICD!C:C,_xlfn.XLOOKUP(A109,'CP-SEINFRA'!A:A,'CP-SEINFRA'!B:B,_xlfn.XLOOKUP(A109,'IS-SEINFRA'!A:A,'IS-SEINFRA'!B:B))))","v":"DESMOLDANTE PARA FORMAS"},{"$f":"_xlfn.XLOOKUP(A109,CCD!B:B,CCD!D:D,_xlfn.XLOOKUP(A109,ICD!B:B,ICD!C:C,_xlfn.XLOOKUP(A109,'CP-SEINFRA'!A:A,'CP-SEINFRA'!C:C,_xlfn.XLOOKUP(A109,'IS-SEINFRA'!A:A,'IS-SEINFRA'!C:C))))","v":"L"},0.4,{"$f":"_xlfn.XLOOKUP(A109,CCD!B:B,CCD!O:O,_xlfn.XLOOKUP(A109,ICD!B:B,ICD!K:K,_xlfn.XLOOKUP(A109,'CP-SEINFRA'!A:A,'CP-SEINFRA'!D:D,_xlfn.XLOOKUP(A109,'IS-SEINFRA'!A:A,'IS-SEINFRA'!D:D))))","v":8.4499999999999993},{"$f":"ROUND(E109*F109,4)","v":3.38}]
["I1728","SEINFRA",{"$f":"_xlfn.XLOOKUP(A110,CCD!B:B,CCD!C:C,_xlfn.XLOOKUP(A110,ICD!B:B,ICD!C:C,_xlfn.XLOOKUP(A110,'CP-SEINFRA'!A:A,'CP-SEINFRA'!B:B,_xlfn.XLOOKUP(A110,'IS-SEINFRA'!A:A,'IS-SEINFRA'!B:B))))","v":"PREGO 18X27 (2.1/2\" X 10) (APROXIMADAMENTE 198UN/KG)"},{"$f":"_xlfn.XLOOKUP(A110,CCD!B:B,CCD!D:D,_xlfn.XLOOKUP(A110,ICD!B:B,ICD!C:C,_xlfn.XLOOKUP(A110,'CP-SEINFRA'!A:A,'CP-SEINFRA'!C:C,_xlfn.XLOOKUP(A110,'IS-SEINFRA'!A:A,'IS-SEINFRA'!C:C))))","v":"KG"},0.15,{"$f":"_xlfn.XLOOKUP(A110,CCD!B:B,CCD!O:O,_xlfn.XLOOKUP(A110,ICD!B:B,ICD!K:K,_xlfn.XLOOKUP(A110,'CP-SEINFRA'!A:A,'CP-SEINFRA'!D:D,_xlfn.XLOOKUP(A110,'IS-SEINFRA'!A:A,'IS-SEINFRA'!D:D))))","v":14.2},2.13]
["I1846","SEINFRA",{"$f":"_xlfn.XLOOKUP(A111,CCD!B:B,CCD!C:C,_xlfn.XLOOKUP(A111,ICD!B:B,ICD!C:C,_xlfn.XLOOKUP(A111,'CP-SEINFRA'!A:A,'CP-SEINFRA'!B:B,_xlfn.XLOOKUP(A111,'IS-SEINFRA'!A:A,'IS-SEINFRA'!B:B))))","v":"SARRAFO DE 1\"X4\""},{"$f":"_xlfn.XLOOKUP(A111,CCD!B:B,CCD!D:D,_xlfn.XLOOKUP(A111,ICD!B:B,ICD!C:C,_xlfn.XLOOKUP(A111,'CP-SEINFRA'!A:A,'CP-SEINFRA'!C:C,_xlfn.XLOOKUP(A111,'IS-SEINFRA'!A:A,'IS-SEINFRA'!C:C))))","v":"M"},0.5,{"$f":"_xlfn.XLOOKUP(A111,CCD!B:B,CCD!O:O,_xlfn.XLOOKUP(A111,ICD!B:B,ICD!K:K,_xlfn.XLOOKUP(A111,'CP-SEINFRA'!A:A,'CP-SEINFRA'!D:D,_xlfn.XLOOKUP(A111,'IS-SEINFRA'!A:A,'IS-SEINFRA'!D:D))))","v":6.05},3.0249999999999999]
["I1916","SEINFRA",{"$f":"_xlfn.XLOOKUP(A112,CCD!B:B,CCD!C:C,_xlfn.XLOOKUP(A112,ICD!B:B,ICD!C:C,_xlfn.XLOOKUP(A112,'CP-SEINFRA'!A:A,'CP-SEINFRA'!B:B,_xlfn.XLOOKUP(A112,'IS-SEINFRA'!A:A,'IS-SEINFRA'!B:B))))","v":"TABUA DE 1\" DE 3A. - L = 30cm"},{"$f":"_xlfn.XLOOKUP(A112,CCD!B:B,CCD!D:D,_xlfn.XLOOKUP(A112,ICD!B:B,ICD!C:C,_xlfn.XLOOKUP(A112,'CP-SEINFRA'!A:A,'CP-SEINFRA'!C:C,_xlfn.XLOOKUP(A112,'IS-SEINFRA'!A:A,'IS-SEINFRA'!C:C))))","v":"M"},1,{"$f":"_xlfn.XLOOKUP(A112,CCD!B:B,CCD!O:O,_xlfn.XLOOKUP(A112,ICD!B:B,ICD!K:K,_xlfn.XLOOKUP(A112,'CP-SEINFRA'!A:A,'CP-SEINFRA'!D:D,_xlfn.XLOOKUP(A112,'IS-SEINFRA'!A:A,'IS-SEINFRA'!D:D))))","v":12.77},12.77]
[{"$nulls":5},"Valor Geral",{"$f":"TRUNC(SUM(G107:G112),2)","v":87.12}]
[]
["C2123",null,"REBOCO C/ARGAMASSA DE CAL HIDRATADA E AREIA PENEIRADA TRAÇO 1:3 ESP=5 mm P/PAREDE","M2",null,null,{"$f":"G120","v":30.03}]
[88309,"SINAPI",{"$f":"_xlfn.XLOOKUP(A116,CCD!B:B,CCD!C:C,_xlfn.XLOOKUP(A116,ICD!B:B,ICD!C:C,_xlfn.XLOOKUP(A116,'CP-SEINFRA'!A:A,'CP-SEINFRA'!B:B,_xlfn.XLOOKUP(A116,'IS-SEINFRA'!A:A,'IS-SEINFRA'!B:B))))","v":"PEDREIRO COM ENCARGOS COMPLEMENTARES"},{"$f":"_xlfn.XLOOKUP(A116,CCD!B:B,CCD!D:D,_xlfn.XLOOKUP(A116,ICD!B:B,ICD!C:C,_xlfn.XLOOKUP(A116,'CP-SEINFRA'!A:A,'CP-SEINFRA'!C:C,_xlfn.XLOOKUP(A116,'IS-SEINFRA'!A:A,'IS-SEINFRA'!C:C))))","v":"H"},0.5,{"$f":"_xlfn.XLOOKUP(A116,CCD!B:B,CCD!O:O,_xlfn.XLOOKUP(A116,ICD!B:B,ICD!K:K,_xlfn.XLOOKUP(A116,'CP-SEINFRA'!A:A,'CP-SEINFRA'!D:D,_xlfn.XLOOKUP(A116,'IS-SEINFRA'!A:A,'IS-SEINFRA'!D:D))))","v":28.2},{"$f":"ROUND(E116*F116,4)","v":14.1}]
[88316,"SINAPI",{"$f":"_xlfn.XLOOKUP(A117,CCD!B:B,CCD!C:C,_xlfn.XLOOKUP(A117,ICD!B:B,ICD!C:C,_xlfn.XLOOKUP(A117,'CP-SEINFRA'!A:A,'CP-SEINFRA'!B:B,_xlfn.XLOOKUP(A117,'IS-SEINFRA'!A:A,'IS-SEINFRA'!B:B))))","v":"SERVENTE COM ENCARGOS COMPLEMENTARES"},{"$f":"_xlfn.XLOOKUP(A117,CCD!B:B,CCD!D:D,_xlfn.XLOOKUP(A117,ICD!B:B,ICD!C:C,_xlfn.XLOOKUP(A117,'CP-SEINFRA'!A:A,'CP-SEINFRA'!C:C,_xlfn.XLOOKUP(A117,'IS-SEINFRA'!A:A,'IS-SEINFRA'!C:C))))","v":"H"},0.65,{"$f":"_xlfn.XLOOKUP(A117,CCD!B:B,CCD!O:O,_xlfn.XLOOKUP(A117,ICD!B:B,ICD!K:K,_xlfn.XLOOKUP(A117,'CP-SEINFRA'!A:A,'CP-SEINFRA'!D:D,_xlfn.XLOOKUP(A117,'IS-SEINFRA'!A:A,'IS-SEINFRA'!D:D))))","v":21.93},14.2545]
["I0109","SEINFRA",{"$f":"_xlfn.XLOOKUP(A118,CCD!B:B,CCD!C:C,_xlfn.XLOOKUP(A118,ICD!B:B,ICD!C:C,_xlfn.XLOOKUP(A118,'CP-SEINFRA'!A:A,'CP-SEINFRA'!B:B,_xlfn.XLOOKUP(A118,'IS-SEINFRA'!A:A,'IS-SEINFRA'!B:B))))","v":"AREIA MEDIA"},{"$f":"_xlfn.XLOOKUP(A118,CCD!B:B,CCD!D:D,_xlfn.XLOOKUP(A118,ICD!B:B,ICD!C:C,_xlfn.XLOOKUP(A118,'CP-SEINFRA'!A:A,'CP-SEINFRA'!C:C,_xlfn.XLOOKUP(A118,'IS-SEINFRA'!A:A,'IS-SEINFRA'!C:C))))","v":"M3"},6.1000000000000004E-3,{"$f":"_xlfn.XLOOKUP(A118,CCD!B:B,CCD!O:O,_xlfn.XLOOKUP(A118,ICD!B:B,ICD!K:K,_xlfn.XLOOKUP(A118,'CP-SEINFRA'!A:A,'CP-SEINFRA'!D:D,_xlfn.XLOOKUP(A118,'IS-SEINFRA'!A:A,'IS-SEINFRA'!D:D))))","v":83.58},{"$f":"ROUND(E118*F118,4)","v":0.50980000000000003}]
["I0441","SEINFRA",{"$f":"_xlfn.XLOOKUP(A119,CCD!B:B,CCD!C:C,_xlfn.XLOOKUP(A119,ICD!B:B,ICD!C:C,_xlfn.XLOOKUP(A119,'CP-SEINFRA'!A:A,'CP-SEINFRA'!B:B,_xlfn.XLOOKUP(A119,'IS-SEINFRA'!A:A,'IS-SEINFRA'!B:B))))","v":"CAL HIDRATADA"},{"$f":"_xlfn.XLOOKUP(A119,CCD!B:B,CCD!D:D,_xlfn.XLOOKUP(A119,ICD!B:B,ICD!C:C,_xlfn.XLOOKUP(A119,'CP-SEINFRA'!A:A,'CP-SEINFRA'!C:C,_xlfn.XLOOKUP(A119,'IS-SEINFRA'!A:A,'IS-SEINFRA'!C:C))))","v":"KG"},1.22,{"$f":"_xlfn.XLOOKUP(A119,CCD!B:B,CCD!O:O,_xlfn.XLOOKUP(A119,ICD!B:B,ICD!K:K,_xlfn.XLOOKUP(A119,'CP-SEINFRA'!A:A,'CP-SEINFRA'!D:D,_xlfn.XLOOKUP(A119,'IS-SEINFRA'!A:A,'IS-SEINFRA'!D:D))))","v":0.96},1.1712]
[{"$nulls":5},"Valor Geral",{"$f":"TRUNC(SUM(G116:G119),2)","v":30.03}]
[]
["*Composições da SEINFRA/CE com mão de obra e insumos do SINAPI/CE."]
[]
[{"$f":"'ORC1'!A158","v":"FORTALEZA/CE, OUTUBRO DE 2025."}]

{"sheet":"Cotações","index":10,"n_rows":228,"n_cols":11,"rows_kept":228,"cut":false,"hidden":false,"merged":[[90,1,90,3],[91,0,91,1],[92,0,92,1],[132,0,132,1],[133,0,133,1],[82,1,82,3],[93,0,93,1],[94,0,94,1],[120,1,120,3],[109,0,109,1],[83,0,83,1],[88,0,88,1],[84,0,84,1],[225,0,225,1],[222,0,222,1],[162,1,162,3],[163,0,163,1],[164,0,164,1],[165,0,165,1],[166,0,166,1],[216,0,216,1],[217,0,217,1],[209,0,209,1],[210,0,210,1],[206,1,206,3],[207,0,207,1],[208,0,208,1],[211,0,211,1],[213,1,213,3],[214,0,214,1],[215,0,215,1],[204,0,204,1],[171,0,171,1],[95,0,95,1],[116,0,116,1],[85,0,85,1],[86,0,86,1],[107,0,107,1],[130,0,130,1],[87,0,87,1],[203,0,203,1],[200,0,200,1],[201,0,201,1],[140,0,140,1],[197,1,197,3],[198,0,198,1],[172,0,172,1],[179,0,179,1],[189,0,189,1],[173,0,173,1],[181,0,181,1],[199,0,199,1],[202,0,202,1],[160,0,160,1],[170,0,170,1],[125,0,125,1],[122,0,122,1],[127,1,127,3],[148,1,148,3],[149,0,149,1],[158,0,158,1],[159,0,159,1],[150,0,150,1],[152,0,152,1],[124,0,124,1],[131,0,131,1],[128,0,128,1],[129,0,129,1],[155,1,155,3],[156,0,156,1],[142,1,142,3],[143,0,143,1],[144,0,144,1],[145,0,145,1],[146,0,146,1],[151,0,151,1],[136,0,136,1],[139,0,139,1],[135,1,135,3],[153,0,153,1],[99,0,99,1],[100,0,100,1],[96,0,96,1],[98,1,98,3],[123,0,123,1],[121,0,121,1],[117,0,117,1],[118,0,118,1],[114,0,114,1],[31,0,31,1],[33,0,33,1],[34,0,34,1],[32,1,32,3],[13,0,13,1],[15,0,15,1],[23,0,23,1],[25,1,25,3],[26,0,26,1],[27,0,27,1],[28,0,28,1],[29,0,29,1],[30,0,30,1],[35,0,35,1],[37,0,37,1],[38,0,38,1],[43,0,43,1],[59,0,59,1],[63,0,63,1],[64,0,64,1],[62,0,62,1],[44,0,44,1],[47,0,47,1],[41,0,41,1],[42,0,42,1],[49,1,49,3],[50,0,50,1],[55,0,55,1],[54,0,54,1],[40,1,40,3],[53,0,53,1],[51,0,51,1],[46,0,46,1],[60,0,60,1],[61,0,61,1],[52,0,52,1],[36,0,36,1],[74,1,74,3],[75,0,75,1],[76,0,76,1],[77,0,77,1],[78,0,78,1],[71,0,71,1],[72,0,72,1],[45,0,45,1],[58,0,58,1],[67,0,67,1],[68,0,68,1],[69,0,69,1],[70,0,70,1],[12,0,12,1],[9,1,9,3],[17,1,17,3],[14,0,14,1],[22,0,22,1],[19,0,19,1],[21,0,21,1],[18,0,18,1],[20,0,20,1],[227,0,227,3],[167,0,167,1],[195,0,195,1],[184,1,184,3],[185,0,185,1],[186,0,186,1],[187,0,187,1],[188,0,188,1],[190,0,190,1],[192,1,192,3],[193,0,193,1],[194,0,194,1],[178,0,178,1],[180,0,180,1],[182,0,182,1],[169,1,169,3],[174,0,174,1],[176,1,176,3],[177,0,177,1],[223,0,223,1],[219,1,219,3],[220,0,220,1],[221,0,221,1],[224,0,224,1],[1,0,1,3],[2,0,2,3],[3,0,3,3],[5,0,5,3],[157,0,157,1],[101,0,101,1],[137,0,137,1],[138,0,138,1],[112,1,112,3],[113,0,113,1],[115,0,115,1],[108,0,108,1],[110,0,110,1],[102,0,102,1],[103,0,103,1],[105,1,105,3],[106,0,106,1],[79,0,79,1],[80,0,80,1],[7,0,7,3],[10,0,10,1],[66,1,66,3],[57,1,57,3],[11,0,11,1]]}
[]
[{"$f":"'ORC1'!D3","v":"MINISTÉRIO DA INTEGRAÇÃO E DO DESENVOLVIMENTO REGIONAL - MIDR"}]
[{"$f":"'ORC1'!D4","v":"COMPANHIA DE DESENVOLVIMENTO DOS VALES DO SÃO FRANCISCO E DO PARNAÍBA"}]
[{"$f":"'ORC1'!D5","v":"14ª SUPERINTENDÊNCIA REGIONAL"}]
[]
[{"$f":"'MEMÓRIA DE CÁLCULO'!A6","v":"CONTRATAÇÃO DE SERVIÇOS DE ENGENHARIA, POR MEIO DO SISTEMA DE REGISTRO DE PREÇOS – SRP, PARA IMPLANTAÇÃO DE AGROINDÚSTRIAS DE LÁCTEOS EM COMUNIDADES RURAIS, NO ESTADO DO CEARÁ."}]
[]
["MAPA DE COTAÇÕES",{"$nulls":4},"DETECÇÃO DE OUTLIERS MÉTODO DOS QUARTIS"]
[null,null,null,"NÃO DESONERADO",null,"*utilizar nos casos em que se conseguiu mais de 3 cotações e os valores apresentam discrepância."]
["COT-01","LUMINÁRIA PRISMÁTICA PENDENTE"]
["EMPRESA",null,"DATA DA COTAÇÃO","VALOR (R$)",null,"1Q","3Q","IQR","Inf","Sup","Outlier"]
["MadeiraMadeira",null,"2025-03-24",{"$f":"TRUNC(1565.96/26,2)","v":60.22},null,{"$f":"_xlfn.QUARTILE.INC($D12:$D15,1)","v":66.497500000000002},{"$f":"_xlfn.QUARTILE.INC($D12:$D15,3)","v":94.62},{"$f":"G12-F12","v":28.122500000000002},{"$f":"F12-1.5*H12","v":24.313749999999999},{"$f":"G12+1.5*H12","v":136.80375000000001},{"$f":"IF(OR(D12<$I$12,D12>$J$12),\"SIM\",\"NÃO\")","v":"NÃO"}]
["Kem Constrói",null,"2025-03-24",{"$f":"TRUNC(2848.75/26,2)","v":109.56},{"$nulls":6},{"$f":"IF(OR(D13<$I$12,D13>$J$12),\"SIM\",\"NÃO\")","v":"NÃO"}]
["Casas Bahia",null,"2025-03-24",{"$f":"TRUNC(1371.84/20,2)","v":68.59},{"$nulls":6},"NÃO"]
["Eltrorastro",null,"2025-03-24",{"$f":"TRUNC(2330.64/26,2)","v":89.64},{"$nulls":6},"NÃO"]
[null,null,"MÉDIA",{"$f":"TRUNC(AVERAGE(D12:D15),2)","v":82}]
[]
["COT-02","LÂMPADA LED BULBO 20W 6500K"]
["EMPRESA",null,"DATA DA COTAÇÃO","VALOR (R$)",null,"1Q","3Q","IQR","Inf","Sup","Outlier"]
["Leroy Merlin",null,"2025-03-24",{"$f":"TRUNC(641.3/26,2)","v":24.66},null,{"$f":"_xlfn.QUARTILE.INC($D20:$D23,1)","v":14.225},{"$f":"_xlfn.QUARTILE.INC($D20:$D23,3)","v":19.942500000000003},{"$f":"G20-F20","v":5.7175000000000029},{"$f":"F20-1.5*H20","v":5.6487499999999944},{"$f":"G20+1.5*H20","v":28.518750000000008},{"$f":"IF(OR(D20<$I$20,D20>$J$20),\"SIM\",\"NÃO\")","v":"NÃO"}]
["Elgin",null,"2025-03-24",{"$f":"TRUNC(477.86/26,2)","v":18.37},{"$nulls":6},{"$f":"IF(OR(D21<$I$20,D21>$J$20),\"SIM\",\"NÃO\")","v":"NÃO"}]
["Santil",null,"2025-03-24",{"$f":"TRUNC(396.43/26,2)","v":15.24},{"$nulls":6},"NÃO"]
["Kalunga",null,"2025-03-24",{"$f":"TRUNC(290.84/26,2)","v":11.18},{"$nulls":6},"NÃO"]
[null,null,"MÉDIA",{"$f":"TRUNC(AVERAGE(D20:D23),2)","v":17.36}]
[]
["COT-03","MESA INOX DE APOIO"]
["EMPRESA",null,"DATA DA COTAÇÃO","VALOR (R$)",null,"1Q","3Q","IQR","Inf","Sup","Outlier"]
["PA Equipamentos",null,"2025-03-24",2474.65,null,{"$f":"_xlfn.QUARTILE.INC(D28:D31,1)","v":2696.1624999999999},{"$f":"_xlfn.QUARTILE.INC(D28:D31,3)","v":4390.75},{"$f":"G28-F28","v":1694.5875000000001},{"$f":"F28-1.5*H28","v":154.28124999999955},{"$f":"G28+1.5*H28","v":6932.6312500000004},{"$f":"IF(OR(D28<$I$28,D28>$J$28),\"SIM\",\"NÃO\")","v":"NÃO"}]
["Casa das Desnatadeiras",null,"2025-03-24",3900,{"$nulls":6},{"$f":"IF(OR(D29<$I$28,D29>$J$28),\"SIM\",\"NÃO\")","v":"NÃO"}]
["MARSTEIN",null,"2025-03-25",5863,{"$nulls":6},"NÃO"]
["CIÊNCIA DO LEITE",null,"2025-03-26",2770,{"$nulls":6},"NÃO"]
[null,null,"MÉDIA",{"$f":"TRUNC(AVERAGE(D28:D31),2)","v":3751.91}]
["COT-04","SELADORA MANUAL PARA POTES"]
["EMPRESA",null,"DATA DA COTAÇÃO","VALOR (R$)",null,"1Q","3Q","IQR","Inf","Sup","Outlier"]
["Registron",null,"2025-03-26",{"$f":"TRUNC(4997.56/2,2)","v":2498.7800000000002},null,{"$f":"_xlfn.QUARTILE.INC($D35:$D38,1)","v":2632.5349999999999},{"$f":"_xlfn.QUARTILE.INC($D35:$D38,3)","v":2750.4775},{"$f":"G35-F35","v":117.94250000000011},{"$f":"F35-1.5*H35","v":2455.6212499999997},{"$f":"G35+1.5*H35","v":2927.3912500000001},{"$f":"IF(OR(D35<$I$35,D35>$J$35),\"SIM\",\"NÃO\")","v":"NÃO"}]
["Magazine Luiza",null,"2025-03-26",{"$f":"TRUNC(5485.93/2,2)","v":2742.96},{"$nulls":6},{"$f":"IF(OR(D36<$I$35,D36>$J$35),\"SIM\",\"NÃO\")","v":"NÃO"}]
["Compact Print",null,"2025-03-26",{"$f":"TRUNC(5546.06/2,2)","v":2773.03},{"$nulls":6},"NÃO"]
["Etitec",null,"2025-03-26",{"$f":"2599+78.12","v":2677.12},{"$nulls":6},"NÃO"]
[null,null,"MÉDIA",{"$f":"TRUNC(AVERAGE(D35:D38),2)","v":2672.97}]
[]
["COT-05","SELADORA A VÁCUO DE BANCADA"]
["EMPRESA",null,"DATA DA COTAÇÃO","VALOR (R$)",null,"1Q","3Q","IQR","Inf","Sup","Outlier"]
["Tecfag",null,"2025-03-27",{"$f":"TRUNC(12801.86/2,2)","v":6400.93},null,{"$f":"_xlfn.QUARTILE.INC($D43:$D47,1)","v":5000},{"$f":"_xlfn.QUARTILE.INC($D43:$D47,3)","v":6190},{"$f":"G43-F43","v":1190},{"$f":"F43-1.5*H43","v":3215},{"$f":"G43+1.5*H43","v":7975},{"$f":"IF(OR(D43<$I$43,D43>$J$43),\"SIM\",\"NÃO\")","v":"NÃO"}]
["Selovac",null,"2025-03-27",{"$f":"TRUNC(12380/2,2)","v":6190},{"$nulls":6},{"$f":"IF(OR(D44<$I$43,D44>$J$43),\"SIM\",\"NÃO\")","v":"NÃO"}]
["CETRO",null,"2025-03-27",{"$f":"TRUNC(10323.67/2,2)","v":5161.83},{"$nulls":6},"NÃO"]
["Registron",null,"2025-03-27",{"$f":"TRUNC(9072.74/2,2)","v":4536.37},{"$nulls":6},"NÃO"]
["MARSTEIN",null,"2025-03-25",5000,{"$nulls":6},"NÃO"]
[null,null,"MÉDIA",{"$f":"TRUNC(AVERAGE(D43:D47),2)","v":5457.82}]
[]
["COT-06","LAVA DE BOTAS MANUAL "]
["EMPRESA",null,"DATA DA COTAÇÃO","VALOR (R$)",null,"1Q","3Q","IQR","Inf","Sup","Outlier"]
["Inox Lambari",null,"2025-03-28",5500,null,{"$f":"_xlfn.QUARTILE.INC($D52:$D55,1)","v":3895.25},{"$f":"_xlfn.QUARTILE.INC($D52:$D55,3)","v":6140},{"$f":"G52-F52","v":2244.75},{"$f":"F52-1.5*H52","v":528.125},{"$f":"G52+1.5*H52","v":9507.125},{"$f":"IF(OR(D52<$I$52,D52>$J$52),\"SIM\",\"NÃO\")","v":"NÃO"}]
["CIÊNCIA DO LEITE",null,"2025-03-26",3800,{"$nulls":6},{"$f":"IF(OR(D53<$I$52,D53>$J$52),\"SIM\",\"NÃO\")","v":"NÃO"}]
["MARSTEIN",null,"2025-03-25",8060,{"$nulls":6},"NÃO"]
["INJESUL PLASTICOS IND E COM LTDA",null,"2025-03-24",3927,{"$nulls":6},"NÃO"]
[null,null,"MÉDIA",{"$f":"TRUNC(AVERAGE(D52:D55),2)","v":5321.75}]
[]
["COT-07","ANALISADOR DE LEITE ULTRASSÔNICO"]
["EMPRESA",null,"DATA DA COTAÇÃO","VALOR (R$)",null,"1Q","3Q","IQR","Inf","Sup","Outlier"]
["CheeseLab",null,"2025-03-26",4774.05,null,{"$f":"_xlfn.QUARTILE.INC($D60:$D64,1)","v":5583.75},{"$f":"_xlfn.QUARTILE.INC($D60:$D64,3)","v":6259.31},{"$f":"G60-F60","v":675.5600000000004},{"$f":"F60-1.5*H60","v":4570.41},{"$f":"G60+1.5*H60","v":7272.6500000000015},{"$f":"IF(OR(D60<$I$60,D60>$J$60),\"SIM\",\"NÃO\")","v":"NÃO"}]
["CheeseLab",null,"2025-03-26",6259.31,{"$nulls":6},{"$f":"IF(OR(D61<$I$60,D61>$J$60),\"SIM\",\"NÃO\")","v":"NÃO"}]
["CheeseLab",null,"2025-03-26",6259.31,{"$nulls":6},"NÃO"]
["TexTech",null,"2025-03-26",5583.75,{"$nulls":6},"NÃO"]
["Mercado Livre",null,"2025-03-26",5969.99,{"$nulls":6},"NÃO"]
[null,null,"MÉDIA",{"$f":"TRUNC(AVERAGE(D60:D64),2)","v":5769.28}]
[]
["COT-08","LAVADORA E SECADORA DE ROUPAS INVERTER 11KG"]
["EMPRESA",null,"DATA DA COTAÇÃO","VALOR (R$)",null,"1Q","3Q","IQR","Inf","Sup","Outlier"]
["Philco",null,"2025-03-24",{"$f":"3199.9+190.01","v":3389.91},null,{"$f":"_xlfn.QUARTILE.INC($D69:$D72,1)","v":3425.22},{"$f":"_xlfn.QUARTILE.INC($D69:$D72,3)","v":3736.8450000000003},{"$f":"G69-F69","v":311.62500000000045},{"$f":"F69-1.5*H69","v":2957.7824999999993},{"$f":"G69+1.5*H69","v":4204.2825000000012},{"$f":"IF(OR(D69<$I$69,D69>$J$69),\"SIM\",\"NÃO\")","v":"NÃO"}]
["Midea",null,"2025-03-24",{"$f":"3799.05+150","v":3949.05},{"$nulls":6},{"$f":"IF(OR(D70<$I$69,D70>$J$69),\"SIM\",\"NÃO\")","v":"NÃO"}]
["Carrefour",null,"2025-03-24",{"$f":"3299+137.99","v":3436.99},{"$nulls":6},"NÃO"]
["Magazine Luiza",null,"2025-03-24",{"$f":"3590.05+76.06","v":3666.11},{"$nulls":6},"NÃO"]
[null,null,"MÉDIA",{"$f":"TRUNC(AVERAGE(D69:D72),2)","v":3610.51}]
[]
["COT-09","ARMÁRIO TIPO ROUPEIRO"]
["EMPRESA",null,"DATA DA COTAÇÃO","VALOR (R$)",null,"1Q","3Q","IQR","Inf","Sup","Outlier"]
["Madeira Madeira",null,"2025-03-24",{"$f":"TRUNC(6724.17/4,2)","v":1681.04},null,{"$f":"_xlfn.QUARTILE.INC($D77:$D80,1)","v":1007.75},{"$f":"_xlfn.QUARTILE.INC($D77:$D80,3)","v":1536.5149999999999},{"$f":"G77-F77","v":528.76499999999987},{"$f":"F77-1.5*H77","v":214.60250000000019},{"$f":"G77+1.5*H77","v":2329.6624999999995},{"$f":"IF(OR(D77<$I$77,D77>$J$77),\"SIM\",\"NÃO\")","v":"NÃO"}]
["Conexão Office",null,"2025-03-24",{"$f":"TRUNC(3716/4,2)","v":929},{"$nulls":6},{"$f":"IF(OR(D78<$I$77,D78>$J$77),\"SIM\",\"NÃO\")","v":"NÃO"}]
["Floradas Office",null,"2025-03-24",{"$f":"TRUNC(4136/4,2)","v":1034},{"$nulls":6},"NÃO"]
["Magazine Luiza",null,"2025-03-24",{"$f":"TRUNC(5953.37/4,2)","v":1488.34},{"$nulls":6},"NÃO"]
[null,null,"MÉDIA",{"$f":"TRUNC(AVERAGE(D77:D80),2)","v":1283.0899999999999}]
[]
["COT-12","ESTANTE EM AÇO INOX PARA SECAGEM/MATURAÇÃO DE QUEIJOS"]
["EMPRESA",null,"DATA DA COTAÇÃO","VALOR (R$)",null,"1Q","3Q","IQR","Inf","Sup","Outlier"]
["PA Equipamentos",null,"2025-03-24",4755.59,null,{"$f":"_xlfn.QUARTILE.INC($D85:$D88,1)","v":3857.2024999999999},{"$f":"_xlfn.QUARTILE.INC($D85:$D88,3)","v":4927.0050000000001},{"$f":"G85-F85","v":1069.8025000000002},{"$f":"F85-1.5*H85","v":2252.4987499999997},{"$f":"G85+1.5*H85","v":6531.7087500000007},{"$f":"IF(OR(D85<$I$85,D85>$J$85),\"SIM\",\"NÃO\")","v":"NÃO"}]
["Krasinox",null,"2025-03-27",{"$f":"TRUNC(24290/6,2)","v":4048.33},{"$nulls":6},{"$f":"IF(OR(D86<$I$85,D86>$J$85),\"SIM\",\"NÃO\")","v":"NÃO"}]
["Varimaq",null,"2025-03-27",{"$f":"TRUNC(32647.5/6,2)","v":5441.25},{"$nulls":6},"NÃO"]
["Tramontina",null,"2025-03-28",{"$f":"TRUNC(19702.92/6,2)","v":3283.82},{"$nulls":6},"NÃO"]
[null,null,"MÉDIA",{"$f":"TRUNC(AVERAGE(D85:D88),2)","v":4382.24}]
[]
["COT-13","TANQUE DE RESFRIAMENTO 1000L"]
["EMPRESA",null,"DATA DA COTAÇÃO","VALOR (R$)",null,"1Q","3Q","IQR","Inf","Sup","Outlier"]
["Suck Milk",null,"2025-10-07",30311.919999999998,null,{"$f":"_xlfn.QUARTILE.INC($D93:$D96,1)","v":18995},{"$f":"_xlfn.QUARTILE.INC($D93:$D96,3)","v":31133.94},{"$f":"G93-F93","v":12138.939999999999},{"$f":"F93-1.5*H93","v":786.59000000000378},{"$f":"G93+1.5*H93","v":49342.349999999991},{"$f":"IF(OR(D93<$I$93,D93>$J$93),\"SIM\",\"NÃO\")","v":"NÃO"}]
["Congel Inox",null,"2025-10-08",21760,{"$nulls":6},{"$f":"IF(OR(D94<$I$93,D94>$J$93),\"SIM\",\"NÃO\")","v":"NÃO"}]
["MINAS ORDENHA",null,"2025-03-27",10700,{"$nulls":6},"NÃO"]
["SE Inovações Industriais",null,"2024-07-17",33600,{"$nulls":6},"NÃO"]
[null,null,"MÉDIA",{"$f":"TRUNC(AVERAGE(D93:D96),2)","v":24092.98}]
[]
["COT-14","PASTEURIZADOR LENTO 1000L"]
["EMPRESA",null,"DATA DA COTAÇÃO","VALOR (R$)",null,"1Q","3Q","IQR","Inf","Sup","Outlier"]
["Congel Inox",null,"2025-10-08",51670,null,{"$f":"_xlfn.QUARTILE.INC($D101:$D103,1)","v":46506},{"$f":"_xlfn.QUARTILE.INC($D101:$D103,3)","v":49391},{"$f":"G101-F101","v":2885},{"$f":"F101-1.5*H101","v":42178.5},{"$f":"G101+1.5*H101","v":53718.5},{"$f":"IF(OR(D101<$I$101,D101>$J$101),\"SIM\",\"NÃO\")","v":"NÃO"}]
["PRSUL",null,"2024-07-10",45900,{"$nulls":6},{"$f":"IF(OR(D102<$I$101,D102>$J$101),\"SIM\",\"NÃO\")","v":"NÃO"}]
["MARSTEIN",null,"2025-03-25",47112,{"$nulls":6},"NÃO"]
[null,null,"MÉDIA",{"$f":"TRUNC(AVERAGE(D101:D103),2)","v":48227.33}]
[]
["COT-15","PRENSA PNEUMÁTICA 4 COLUNAS/10 FORMAS REDONDAS 1KG"]
["EMPRESA",null,"DATA DA COTAÇÃO","VALOR (R$)"]
["MARSTEIN",null,"2025-03-25",10088]
["INJESUL PLASTICOS IND E COM LTDA",null,"2025-03-24",12960]
["Inox Lambari",null,"2025-03-28",7200]
[null,null,"MÉDIA",{"$f":"TRUNC(AVERAGE(D108:D110),2)","v":10082.66}]
[]
["COT-16","ENVASADORA PNEUMÁTICA PARA LÍQUIDOS E PASTOSOS"]
["EMPRESA",null,"DATA DA COTAÇÃO","VALOR (R$)",null,"1Q","3Q","IQR","Inf","Sup","Outlier"]
["Cetro",null,"2025-03-27",8369.43,null,{"$f":"_xlfn.QUARTILE.INC($D115:$D118,1)","v":6900.4250000000002},{"$f":"_xlfn.QUARTILE.INC($D115:$D118,3)","v":8430.5524999999998},{"$f":"G115-F115","v":1530.1274999999996},{"$f":"F115-1.5*H115","v":4605.2337500000012},{"$f":"G115+1.5*H115","v":10725.74375},{"$f":"IF(OR(D115<$I$115,D115>$J$115),\"SIM\",\"NÃO\")","v":"NÃO"}]
["Agrotrama",null,"2025-03-27",6661.04,{"$nulls":6},{"$f":"IF(OR(D116<$I$115,D116>$J$115),\"SIM\",\"NÃO\")","v":"NÃO"}]
["Tecfag",null,"2025-03-27",6980.22,{"$nulls":6},"NÃO"]
["Registron",null,"2025-03-27",8613.92,{"$nulls":6},"NÃO"]
[null,null,"MÉDIA",{"$f":"TRUNC(AVERAGE(D115:D118),2)","v":7656.15}]
[]
["COT-17","DESNATADEIRA ELÉTRICA 275L/H"]
["EMPRESA",null,"DATA DA COTAÇÃO","VALOR (R$)"]
["CIÊNCIA DO LEITE",null,"2025-03-26",15550]
["MARSTEIN",null,"2025-03-25",20345]
["SE Inovações Industriais",null,"2024-07-17",24600]
[null,null,"MÉDIA",{"$f":"TRUNC(AVERAGE(D123:D125),2)","v":20165}]
[]
["COT-18","TANQUE PARA SALGA 400L"]
["EMPRESA",null,"DATA DA COTAÇÃO","VALOR (R$)",null,"1Q","3Q","IQR","Inf","Sup","Outlier"]
["Suck Milk",null,"2025-10-07",3616.66,null,{"$f":"_xlfn.QUARTILE.INC($D130:$D133,1)","v":3591.5},{"$f":"_xlfn.QUARTILE.INC($D130:$D133,3)","v":3691.7449999999999},{"$f":"G130-F130","v":100.24499999999989},{"$f":"F130-1.5*H130","v":3441.1325000000002},{"$f":"G130+1.5*H130","v":3842.1124999999997},{"$f":"IF(OR(D130<$I$130,D130>$J$130),\"SIM\",\"NÃO\")","v":"NÃO"}]
["Congel Inox",null,"2025-10-08",3917,{"$nulls":6},{"$f":"IF(OR(D131<$I$130,D131>$J$130),\"SIM\",\"NÃO\")","v":"SIM"}]
["INJESUL PLASTICOS IND E COM LTDA",null,"2025-03-24",3566,{"$nulls":6},"NÃO"]
["SE Inovações Industriais",null,"2024-07-17",3600,{"$nulls":6},"NÃO"]
[null,null,"MÉDIA",{"$f":"TRUNC(AVERAGE(D130:D133),2)","v":3674.91}]
[]
["COT-19","TANQUE INOX 500L PARA FABRICAÇÃO DE QUEIJOS"]
["EMPRESA",null,"DATA DA COTAÇÃO","VALOR (R$)",null,"1Q","3Q","IQR","Inf","Sup","Outlier"]
["MARSTEIN",null,"2025-03-25",18220.8,null,{"$f":"_xlfn.QUARTILE.INC($D138:$D140,1)","v":16430},{"$f":"_xlfn.QUARTILE.INC($D138:$D140,3)","v":18040.400000000001},{"$f":"G138-F138","v":1610.4000000000015},{"$f":"F138-1.5*H138","v":14014.399999999998},{"$f":"G138+1.5*H138","v":20456.000000000004},{"$f":"IF(OR(D138<$I$138,D138>$J$138),\"SIM\",\"NÃO\")","v":"NÃO"}]
["CIÊNCIA DO LEITE",null,"2025-03-26",17860,{"$nulls":6},{"$f":"IF(OR(D139<$I$138,D139>$J$138),\"SIM\",\"NÃO\")","v":"NÃO"}]
["Inox Lambari",null,"2025-03-28",15000,{"$nulls":6},"NÃO"]
[null,null,"MÉDIA",{"$f":"TRUNC(AVERAGE(D138:D140),2)","v":17026.93}]
[]
["COT-20","ISOPAINEIS EPS 100 MM"]
["EMPRESA",null,"DATA DA COTAÇÃO","VALOR (R$)"]
["ISOPLAST",null,"2025-10-06",{"$f":"144.8*1.0291","v":149.01367999999999}]
["KINGSPAN",null,"2025-10-13",{"$f":"182.66*1.3544","v":247.39470399999999}]
[null,null,"MÉDIA",{"$f":"TRUNC(AVERAGE(D145:D146),2)","v":198.2}]
[]
["COT-21","CANT INT 40X40X1000"]
["EMPRESA",null,"DATA DA COTAÇÃO","VALOR (R$)"]
["ISOPLAST",null,"2025-10-06",{"$f":"29.53/3*1.0291","v":10.129774333333334}]
["KINGSPAN",null,"2025-10-13",{"$f":"14.74*1.3544","v":19.963856}]
["ISOBLOCK",null,"2025-10-06",{"$f":"26.5/3*1.0955","v":9.6769166666666671}]
[null,null,"MÉDIA",{"$f":"TRUNC(AVERAGE(D151:D153),2)","v":13.25}]
[]
["COT-22","CANT EXTERNA 40X140X1000"]
["EMPRESA",null,"DATA DA COTAÇÃO","VALOR (R$)"]
["ISOPLAST",null,"2025-10-06",{"$f":"58.87/3*1.0291","v":20.19437233333333}]
["KINGSPAN",null,"2025-10-13",{"$f":"7.28*1.3544","v":9.8600320000000004}]
["ISOBLOCK",null,"2025-10-06",{"$f":"43.14/3*1.0955","v":15.75329}]
[null,null,"MÉDIA",{"$f":"TRUNC(AVERAGE(D158:D160),2)","v":15.26}]
[]
["COT-23","PERFIL EM U 40X100X1000"]
["EMPRESA",null,"DATA DA COTAÇÃO","VALOR (R$)"]
["ISOPLAST",null,"2025-10-06",{"$f":"58.87/3*1.0291","v":20.19437233333333}]
["KINGSPAN",null,"2024-12-04",{"$f":"10.19*1.3544","v":13.801335999999999}]
["ISOBLOCK",null,"2025-10-06",{"$f":"43.14/3*1.0955","v":15.75329}]
[null,null,"MÉDIA",{"$f":"TRUNC(AVERAGE(D165:D167),2)","v":16.579999999999998}]
[]
["COT-24","TACHO PARA DOCE 100L"]
["EMPRESA",null,"DATA DA COTAÇÃO","VALOR (R$)"]
["CIÊNCIA DO LEITE",null,"2025-03-26",29100]
["MARSTEIN",null,"2025-03-25",31272.799999999999]
["Inox Lambari",null,"2025-03-28",26000]
[null,null,"MÉDIA",{"$f":"TRUNC(AVERAGE(D172:D174),2)","v":28790.93}]
[]
["COT-25","BATEDEIRA PARA MANTEIGA 20KG"]
["EMPRESA",null,"DATA DA COTAÇÃO","VALOR (R$)",null,"1Q","3Q","IQR","Inf","Sup","Outlier"]
["CIÊNCIA DO LEITE",null,"2025-03-26",20780,null,{"$f":"_xlfn.QUARTILE.INC($D179:$D182,1)","v":18239.939999999999},{"$f":"_xlfn.QUARTILE.INC($D179:$D182,3)","v":21835},{"$f":"G179-F179","v":3595.0600000000013},{"$f":"F179-1.5*H179","v":12847.349999999997},{"$f":"G179+1.5*H179","v":27227.590000000004},{"$f":"IF(OR(D179<$I$179,D179>$J$179),\"SIM\",\"NÃO\")","v":"NÃO"}]
["MARSTEIN",null,"2025-03-25",16919.759999999998,{"$nulls":6},{"$f":"IF(OR(D180<$I$179,D180>$J$179),\"SIM\",\"NÃO\")","v":"NÃO"}]
["INJESUL PLASTICOS IND E COM LTDA",null,"2025-03-24",18680,{"$nulls":6},"NÃO"]
["Inox Lambari",null,"2025-03-28",25000,{"$nulls":6},"NÃO"]
[null,null,"MÉDIA",{"$f":"TRUNC(AVERAGE(D179:D182),2)","v":20344.939999999999}]
[]
["COT-26","IOGURTEIRA INOX 500L"]
["EMPRESA",null,"DATA DA COTAÇÃO","VALOR (R$)",null,"1Q","3Q","IQR","Inf","Sup","Outlier"]
["CIÊNCIA DO LEITE",null,"2025-03-26",28595,null,{"$f":"_xlfn.QUARTILE.INC($D187:$D190,1)","v":28446.25},{"$f":"_xlfn.QUARTILE.INC($D187:$D190,3)","v":34627.699999999997},{"$f":"G187-F187","v":6181.4499999999971},{"$f":"F187-1.5*H187","v":19174.075000000004},{"$f":"G187+1.5*H187","v":43899.874999999993},{"$f":"IF(OR(D187<$I$187,D187>$J$187),\"SIM\",\"NÃO\")","v":"NÃO"}]
["INJESUL PLASTICOS IND E COM LTDA",null,"2025-03-24",32366,{"$nulls":6},{"$f":"IF(OR(D188<$I$187,D188>$J$187),\"SIM\",\"NÃO\")","v":"NÃO"}]
["MARSTEIN",null,"2025-03-25",41412.800000000003,{"$nulls":6},"NÃO"]
["Inox Lambardi",null,"2025-03-28",28000,{"$nulls":6},"NÃO"]
[null,null,"MÉDIA",{"$f":"TRUNC(AVERAGE(D187:D190),2)","v":32593.45}]
[]
["COT-27","MÃO DE OBRA DE INSTALAÇÃO DO ISOPAINEL EPS"]
["EMPRESA",null,"DATA DA COTAÇÃO","VALOR (R$)"]
["EA FRIO REFRIGERAÇÃO",null,"2025-10-07",{"$f":"40000/450","v":88.888888888888886},"Com rebite e massa vedante"]
[null,null,"MÉDIA",{"$f":"TRUNC(AVERAGE(D195:D195),2)","v":88.88}]
[]
["COT-28","COMPRESSOR 2HP 50L"]
["EMPRESA",null,"DATA DA COTAÇÃO","VALOR (R$)",null,"1Q","3Q","IQR","Inf","Sup","Outlier"]
["Loja do Mecânico",null,"2025-03-24",{"$f":"2499.9+213.5","v":2713.4},null,{"$f":"_xlfn.QUARTILE.INC($D200:$D204,1)","v":1631.7},{"$f":"_xlfn.QUARTILE.INC($D200:$D204,3)","v":2613.23},{"$f":"G200-F200","v":981.53},{"$f":"F200-1.5*H200","v":159.40499999999997},{"$f":"G200+1.5*H200","v":4085.5250000000001},{"$f":"IF(OR(D200<$I$200,D200>$J$200),\"SIM\",\"NÃO\")","v":"NÃO"}]
["Leroy Merlin",null,"2025-03-24",{"$f":"1956.9+244.61","v":2201.5100000000002},{"$nulls":6},{"$f":"IF(OR(D201<$I$200,D201>$J$200),\"SIM\",\"NÃO\")","v":"NÃO"}]
["Ferramentas Kennedy",null,"2025-03-24",{"$f":"1349.99+229.85","v":1579.84},{"$nulls":6},"NÃO"]
["Magazine Luiza",null,"2025-03-24",{"$f":"2443.33+169.9","v":2613.23},{"$nulls":6},"NÃO"]
["Amazon",null,"2025-03-24",{"$f":"1522.2+109.5","v":1631.7},{"$nulls":6},"NÃO"]
[null,null,"MÉDIA",{"$f":"TRUNC(AVERAGE(D200:D204),2)","v":2147.9299999999998}]
[]
["COT-29","REBITE POP ALUMINIO BRANCO 4,0 X 15MM"]
["EMPRESA",null,"DATA DA COTAÇÃO","VALOR (R$)"]
["KINGS PAN",null,"2024-12-04",{"$f":"TRUNC(1719.62/100,2)","v":17.190000000000001}]
["Leroy Merlin",null,"2024-12-04",{"$f":"TRUNC(271.96/10,2)","v":27.19}]
["Brafer",null,"2024-12-04",{"$f":"TRUNC(229.98/10,2)","v":22.99}]
[null,null,"MÉDIA",{"$f":"TRUNC(AVERAGE(D209:D211),2)","v":22.45}]
[]
["COT-30","MASSA VEDANTE PAINEIS (BRANCO) - 600ML"]
["EMPRESA",null,"DATA DA COTAÇÃO","VALOR (R$)"]
["KINGS PAN",null,"2025-10-13",{"$f":"27.01*1.2*1.32","v":42.783839999999998}]
["hiperfer",null,"2024-07-22",{"$f":"333.3/12","v":27.775000000000002}]
[null,null,"MÉDIA",{"$f":"TRUNC(AVERAGE(D216:D217),2)","v":35.270000000000003}]
[]
["COT-31","FORMA PARA QUEIJO COALHO REDONDO DE 1KG"]
["EMPRESA",null,"DATA DA COTAÇÃO","VALOR (R$)"]
["Loja do Queijerio",null,"2025-03-27",{"$f":"TRUNC(2197.99/112,2)","v":19.62}]
["Rica Nata",null,"2025-03-27",{"$f":"TRUNC(4123.18/112,2)","v":36.81}]
["Injesul"]
[]
[null,null,"MÉDIA",{"$f":"TRUNC(AVERAGE(D222:D225),2)","v":28.21}]
[]
[{"$f":"'ORC1'!A158","v":"FORTALEZA/CE, OUTUBRO DE 2025."}]

{"sheet":"ES","index":11,"n_rows":860,"n_cols":4,"rows_kept":860,"cut":false,"hidden":false,"merged":[[1,0,1,3],[12,0,12,3],[24,0,24,3],[36,0,36,3],[51,0,51,3],[23,0,23,3],[43,0,43,3],[50,0,50,3],[3,0,3,3],[9,0,9,3],[10,0,11,0],[10,1,11,1],[10,2,10,3],[4,0,4,3],[5,0,5,3],[7,0,7,3]]}
[]
["Anexo V: Detalhamento dos Encargos Sociais e do BDI"]
[]
[{"$f":"'ORC1'!D3","v":"MINISTÉRIO DA INTEGRAÇÃO E DO DESENVOLVIMENTO REGIONAL - MIDR"}]
[{"$f":"'ORC1'!D4","v":"COMPANHIA DE DESENVOLVIMENTO DOS VALES DO SÃO FRANCISCO E DO PARNAÍBA"}]
[{"$f":"'ORC1'!D5","v":"14ª SUPERINTENDÊNCIA REGIONAL"}]
[]
[{"$f":"'ORC1'!A20","v":"CONTRATAÇÃO DE SERVIÇOS DE ENGENHARIA, POR MEIO DO SISTEMA DE REGISTRO DE PREÇOS – SRP, PARA IMPLANTAÇÃO DE AGROINDÚSTRIAS DE LÁCTEOS EM COMUNIDADES RURAIS, NO ESTADO DO CEARÁ."}]
[null,null,null,"DESONERADO"]
["ENCARGOS SOCIAIS SOBRE A MÃO DE OBRA - SINAPI 10/2024 DESONERADA"]
["CÓDIGO","DESCRIÇÃO","COM DESONERAÇÃO"]
[null,null,"HORISTA (%)","MENSALISTA (%)"]
["GRUPO A - ENCARGOS SOCIAIS BÁSICOS"]
["A1","INSS ",0.05,0.05]
["A2","SESI ",1.4999999999999999E-2,1.4999999999999999E-2]
["A3","SENAI",0.01,0.01]
["A4","INCRA",2E-3,2E-3]
["A5","SEBRAE",6.0000000000000001E-3,6.0000000000000001E-3]
["A6","SALÁRIO EDUCAÇÃO",2.5000000000000001E-2,2.5000000000000001E-2]
["A7","SEGURO CONTRA ACIDENTES DE TRABALHO",0.03,0.03]
["A8","FGTS",0.08,0.08]
["A9","SECONCI",0,0]
["A","TOTAL",{"$f":"SUM(C14:C22)","v":0.21800000000000003},{"$f":"SUM(D14:D22)","v":0.21800000000000003}]
[]
["GRUPO B - ENCARGOS SOCIAIS C/ INCIDÊNCIA DE A"]
["B1","DESCANSO SEMANAL REMUNERADO",0.17860000000000001,0]
["B2","FERIADOS",3.7100000000000001E-2,0]
["B3","AUXÍLIO ENFERMIDADE",8.6E-3,6.4999999999999997E-3]
["B4","13º SALÁRIO",0.11070000000000001,8.3299999999999999E-2]
["B5","LICENÇA PATERNIDADE",6.9999999999999999E-4,5.0000000000000001E-4]
["B6","FALTAS JUSTIFICADAS",7.4000000000000003E-3,5.5999999999999999E-3]
["B7","DIAS DE CHUVAS",1.6400000000000001E-2,0]
["B8","AUXÍLIO ACIDENTE DE TRABALHO",1E-3,6.9999999999999999E-4]
["B9","FÉRIAS GOZADAS",0.1298,9.7699999999999995E-2]
["B10","SALÁRIO MATERNIDADE",2.9999999999999997E-4,2.9999999999999997E-4]
["B","TOTAL",{"$f":"SUM(C26:C35)","v":0.49060000000000009},{"$f":"SUM(D26:D35)","v":0.1946}]
["COT-04"]
["C1","AVISO PRÉVIO INDENIZADO",5.5399999999999998E-2,4.1700000000000001E-2]
["C2","AVISO PRÉVIO TRABALHADO",1.2999999999999999E-3,1E-3]
["C3","FÉRIAS INDENIZADAS",1.8100000000000002E-2,1.3599999999999999E-2]
["C4","DEPÓSITO RESCISÃO S/ JUSTA CAUSA",2.75E-2,2.07E-2]
["C5","INDENIZAÇÃO ADICIONAL",4.7000000000000002E-3,3.5000000000000001E-3]
["C","TOTAL",{"$f":"SUM(C38:C42)","v":0.107},{"$f":"SUM(D38:D42)","v":8.0500000000000002E-2}]
[]
["D1","REINCIDÊNCIA DE GRUPO A SOBRE GRUPO B",0.1014,3.8300000000000001E-2]
["D2","REINCIDÊNCIA DE GRUPO A SOBRE AVISO PRÉVIO TRABALHADO E REINCIDÊNCIA DO FGTS SOBRE AVISO PRÉVIO INDENIZADO",4.7000000000000002E-3,3.5999999999999999E-3]
["D","TOTAL",{"$f":"SUM(C45:C46)","v":0.1061},{"$f":"SUM(D45:D46)","v":4.19E-2}]
[]
[null,"TOTAL (A+B+C+D)",{"$f":"C23+C36+C43+C47","v":0.92170000000000007},{"$f":"D23+D36+D43+D47","v":0.53500000000000003}]
[]
[{"$f":"'ORC1'!A158","v":"FORTALEZA/CE, OUTUBRO DE 2025."}]
{"$rows_empty":132}
["FORTALEZA/CE, JULHO DE 2024."]
{"$rows_empty":675}
[{"$f":"'ORC1'!A158","v":"FORTALEZA/CE, OUTUBRO DE 2025."}]

{"sheet":"BDI - SRV","index":12,"n_rows":858,"n_cols":13,"rows_kept":858,"cut":false,"hidden":false,"merged":[[20,4,21,4],[20,9,21,9],[28,0,28,2],[31,4,31,7],[12,9,12,12],[19,5,19,7],[19,10,19,12],[1,0,1,2],[2,0,2,2],[3,0,3,2],[5,0,5,2],[27,0,27,2],[26,0,26,2],[7,0,7,2]]}
[]
[{"$f":"'ORC1'!D3","v":"MINISTÉRIO DA INTEGRAÇÃO E DO DESENVOLVIMENTO REGIONAL - MIDR"}]
[{"$f":"'ORC1'!D4","v":"COMPANHIA DE DESENVOLVIMENTO DOS VALES DO SÃO FRANCISCO E DO PARNAÍBA"}]
[{"$f":"'ORC1'!D5","v":"14ª SUPERINTENDÊNCIA REGIONAL"}]
[]
[{"$f":"'ORC1'!A20","v":"CONTRATAÇÃO DE SERVIÇOS DE ENGENHARIA, POR MEIO DO SISTEMA DE REGISTRO DE PREÇOS – SRP, PARA IMPLANTAÇÃO DE AGROINDÚSTRIAS DE LÁCTEOS EM COMUNIDADES RURAIS, NO ESTADO DO CEARÁ."}]
[]
["COMPOSIÇÃO DO BDI DE SERVIÇOS"]
["COD","DESCRIÇÃO","%","NÃO DESONERADO","Preencher os campos em amarelo"]
[null,"DESPESAS INDIRETAS",null,"NÃO DESONERADO","Não ultrapassar a faixa de limites abaixo, caso tenha duvida sobre o tipo da obra, realizar consulta no ACORDÃO 2622/2013-TCU ou pedir orientações pra alguem da GIDUR."]
["AC","ADMINISTRAÇÃO CENTRAL",3]
["DF","DESPESAS FINANCEIRAS",0.59]
["R","RISCOS",0.97,null," Para o tipo de obra “Construção de Edifícios”:",{"$nulls":4},"Para o tipo de obra “Construção de Redes de Abastecimento de Água, Coleta de Esgoto e Construções Correlatas”:"]
[{"$nulls":4},"PARCELA DO BDI","1 Quartil","Médio","3 Quartil",null,"PARCELA DO BDI","1 Quartil","Médio","3 Quartil"]
[null,"BENEFÍCIO",null,null,"Administração Central",0.03,0.04,5.5E-2,null,"Administração Central",3.4299999999999997E-2,4.9299999999999997E-2,6.7100000000000007E-2]
["S+G","GARANTIA/SEGUROS",0.8,null,"Seguro e Garantia",8.0000000000000002E-3,8.0000000000000002E-3,0.01,null,"Seguro e Garantia",2.8E-3,4.8999999999999998E-3,7.4999999999999997E-3]
["L","LUCRO",6.16,null,"Risco",9.7000000000000003E-3,1.2699999999999999E-2,1.2699999999999999E-2,null,"Risco",0.01,1.3899999999999999E-2,1.7399999999999999E-2]
[{"$nulls":4},"Despesas Financeiras",5.8999999999999999E-3,1.23E-2,1.3899999999999999E-2,null,"Despesas Financeiras",9.4000000000000004E-3,9.9000000000000008E-3,1.17E-2]
["I","IMPOSTOS",null,null,"Lucro",6.1600000000000002E-2,7.3999999999999996E-2,8.9599999999999999E-2,null,"Lucro",6.7400000000000002E-2,8.0399999999999999E-2,9.4E-2]
[null,"PIS",0.65,null,"PIS, COFINS e ISSQN","Conforme legislação específica",null,null,null,"PIS, COFINS e ISSQN","Conforme legislação específica"]
[null,"COFINS",3,null," Para o tipo de obra “Construção de Rodovias e Ferrovias”:",{"$nulls":4},"Para “Fornecimento de Materiais e Equipamentos”:"]
[null,"ISS",3]
[null,"CPRB (4,5%, APENAS QUANDO TIVER DESONERAÇÃO INSS) ",4.5,null,"PARCELA DO BDI","1 Quartil","Médio","3 Quartil",null,"PARCELA DO BDI","1 Quartil","Médio","3 Quartil"]
[null,"TOTAL DOS IMPOSTOS",{"$f":"SUM(C20:C23)","v":11.15},null,"Administração Central",3.7999999999999999E-2,4.0099999999999997E-2,4.6699999999999998E-2,null,"Administração Central",1.4999999999999999E-2,3.4500000000000003E-2,4.4900000000000002E-2]
[{"$nulls":4},"Seguro e Garantia",3.2000000000000002E-3,4.0000000000000001E-3,7.4000000000000003E-3,null,"Seguro e Garantia",3.0000000000000001E-3,4.7999999999999996E-3,8.2000000000000007E-3]
[null,"BDI = ",{"$f":"TRUNC(+(((1+C11/100+C16/100+C13/100)*(1+C12/100)*(1+C17/100))/(1-C24/100))-1,4)","v":0.25919999999999999},null,"Risco",5.0000000000000001E-3,5.5999999999999999E-3,9.7000000000000003E-3,null,"Risco",5.5999999999999999E-3,8.5000000000000006E-3,8.8999999999999999E-3]
[]
[{"$f":"'ORC1'!A158","v":"FORTALEZA/CE, OUTUBRO DE 2025."},null,null,null,"Despesas Financeiras",1.0200000000000001E-2,1.11E-2,1.21E-2,null,"Despesas Financeiras",8.5000000000000006E-3,8.5000000000000006E-3,1.11E-2]
[{"$nulls":4},"Lucro",6.6400000000000001E-2,7.2999999999999995E-2,8.6900000000000005E-2,null,"Lucro",3.5000000000000003E-2,5.11E-2,6.2199999999999998E-2]
[{"$nulls":4},"O valor final do BDI não pode ultrapassar os limites abaixo, quando não tiver desoneração do INSS na folha de pagamento, pois foram calculados sem desoneração:"]
[]
[null,null,{"$f":"TRUNC((1+(C11+C17)/100)/(1-(C12+C16+C13+C20+C21+C22+C23)/100)-1,4)","v":0.2621},null,"VALORES DE BDI POR TIPO DE OBRA"]
[{"$nulls":4},"TIPO DE OBRA","1 Quartil","Médio","3 Quartil"]
[{"$nulls":4},"Construção de Edifícios (Aplicavel a: Construção e Reforma de Edificios, Unidades Habitacionais, Escolas, Hospitais, Hoteis, Restaurantes, Armazéns e Depósitos, Estádios Esportivos e Quadras Cobertas etc)",0.2034,0.22120000000000001,0.25]
[{"$nulls":4},"Construção de Redes de Abastecimento de Água, Coleta de Esgoto e Construções Correlatas (Aplicavel também a: Construção de Galerias Pluviais - micro e macro drenagem; Obras de Irrigação etc.)",0.20760000000000001,0.24179999999999999,0.26440000000000002]
[{"$nulls":4},"Construção e Manutenção de Estações e Redes de Distribuição de Energia Elétrica (Aplicável também a: Construção de redes de eletrificação para ferrovias e metrô; Barragens e Represas para geração de energia elétrica etc)",0.24,0.25840000000000002,0.27860000000000001]
[{"$nulls":4},"Obras Portuárias, Marítimas e Fluviais (Aplicavel também a: Enrocamentos; Obras de Drenagem; Aterro Hidráulico; Barragens, Represas e Diques -  exceto para energia elétrica; Piers e outras obras com influência direta de cursos d'água)",0.22800000000000001,0.27479999999999999,0.3095]
[{"$nulls":4},"Fornecimento de Materiais e Equipamentos (Aplicável a: Materiais e equipamentos relevantes de natureza específica, tais como: Materias betuminosos para obras rodoviárias; Tubos de ferro fundido ou PVC para obras de abastecimento de água; Elevadores e Escadas rolantes para obras aeroportuárias)",0.111,0.14019999999999999,0.16800000000000001]
{"$rows_empty":47}
[{"$nulls":8},{"$f":"ROUND(SUM(I87:I112),2)","v":0}]
{"$rows_empty":95}
["FORTALEZA/CE, JULHO DE 2024."]
{"$rows_empty":675}
[{"$f":"'ORC1'!A158","v":"FORTALEZA/CE, OUTUBRO DE 2025."}]

{"sheet":"BDI - EQP","index":13,"n_rows":841,"n_cols":13,"rows_kept":841,"cut":false,"hidden":false,"merged":[[31,4,31,7],[7,0,7,2],[12,9,12,12],[19,5,19,7],[19,10,19,12],[20,4,21,4],[20,9,21,9],[27,0,27,2],[1,0,1,2],[2,0,2,2],[3,0,3,2],[5,0,5,2],[28,0,28,2]]}
[]
[{"$f":"'ORC1'!D3","v":"MINISTÉRIO DA INTEGRAÇÃO E DO DESENVOLVIMENTO REGIONAL - MIDR"}]
[{"$f":"'ORC1'!D4","v":"COMPANHIA DE DESENVOLVIMENTO DOS VALES DO SÃO FRANCISCO E DO PARNAÍBA"}]
[{"$f":"'ORC1'!D5","v":"14ª SUPERINTENDÊNCIA REGIONAL"}]
[]
[{"$f":"'ORC1'!A20","v":"CONTRATAÇÃO DE SERVIÇOS DE ENGENHARIA, POR MEIO DO SISTEMA DE REGISTRO DE PREÇOS – SRP, PARA IMPLANTAÇÃO DE AGROINDÚSTRIAS DE LÁCTEOS EM COMUNIDADES RURAIS, NO ESTADO DO CEARÁ."}]
[]
["COMPOSIÇÃO DO BDI DE EQUIPAMENTOS"]
["COD","DESCRIÇÃO","%","NÃO DESONERADO","Preencher os campos em amarelo"]
[null,"DESPESAS INDIRETAS",null,"NÃO DESONERADO","Não ultrapassar a faixa de limites abaixo, caso tenha duvida sobre o tipo da obra, realizar consulta no ACORDÃO 2622/2013-TCU ou pedir orientações pra alguem da GIDUR."]
["AC","ADMINISTRAÇÃO CENTRAL",1.5]
["DF","DESPESAS FINANCEIRAS",0.85]
["R","RISCOS",0.56000000000000005,null," Para o tipo de obra “Construção de Edifícios”:",{"$nulls":4},"Para o tipo de obra “Construção de Redes de Abastecimento de Água, Coleta de Esgoto e Construções Correlatas”:"]
[{"$nulls":4},"PARCELA DO BDI","1 Quartil","Médio","3 Quartil",null,"PARCELA DO BDI","1 Quartil","Médio","3 Quartil"]
[null,"BENEFÍCIO",null,null,"Administração Central",0.03,0.04,5.5E-2,null,"Administração Central",3.4299999999999997E-2,4.9299999999999997E-2,6.7100000000000007E-2]
["S+G","GARANTIA/SEGUROS",0.3,null,"Seguro e Garantia",8.0000000000000002E-3,8.0000000000000002E-3,0.01,null,"Seguro e Garantia",2.8E-3,4.8999999999999998E-3,7.4999999999999997E-3]
["L","LUCRO",3.5,null,"Risco",9.7000000000000003E-3,1.2699999999999999E-2,1.2699999999999999E-2,null,"Risco",0.01,1.3899999999999999E-2,1.7399999999999999E-2]
[{"$nulls":4},"Despesas Financeiras",5.8999999999999999E-3,1.23E-2,1.3899999999999999E-2,null,"Despesas Financeiras",9.4000000000000004E-3,9.9000000000000008E-3,1.17E-2]
["I","IMPOSTOS",null,null,"Lucro",6.1600000000000002E-2,7.3999999999999996E-2,8.9599999999999999E-2,null,"Lucro",6.7400000000000002E-2,8.0399999999999999E-2,9.4E-2]
[null,"PIS",0.65,null,"PIS, COFINS e ISSQN","Conforme legislação específica",null,null,null,"PIS, COFINS e ISSQN","Conforme legislação específica"]
[null,"COFINS",3,null," Para o tipo de obra “Construção de Rodovias e Ferrovias”:",{"$nulls":4},"Para “Fornecimento de Materiais e Equipamentos”:"]
[null,"ISS","-"]
[null,"CPRB (4,5%, APENAS QUANDO TIVER DESONERAÇÃO INSS) ",4.5,null,"PARCELA DO BDI","1 Quartil","Médio","3 Quartil",null,"PARCELA DO BDI","1 Quartil","Médio","3 Quartil"]
[null,"TOTAL DOS IMPOSTOS",{"$f":"SUM(C20:C23)","v":8.15},null,"Administração Central",3.7999999999999999E-2,4.0099999999999997E-2,4.6699999999999998E-2,null,"Administração Central",1.4999999999999999E-2,3.4500000000000003E-2,4.4900000000000002E-2]
[{"$nulls":4},"Seguro e Garantia",3.2000000000000002E-3,4.0000000000000001E-3,7.4000000000000003E-3,null,"Seguro e Garantia",3.0000000000000001E-3,4.7999999999999996E-3,8.2000000000000007E-3]
[null,"BDI = ",{"$f":"TRUNC(+(((1+C11/100+C16/100+C13/100)*(1+C12/100)*(1+C17/100))/(1-C24/100))-1,4)","v":0.16320000000000001},null,"Risco",5.0000000000000001E-3,5.5999999999999999E-3,9.7000000000000003E-3,null,"Risco",5.5999999999999999E-3,8.5000000000000006E-3,8.8999999999999999E-3]
[{"$nulls":4},"Despesas Financeiras",1.0200000000000001E-2,1.11E-2,1.21E-2,null,"Despesas Financeiras",8.5000000000000006E-3,8.5000000000000006E-3,1.11E-2]
[{"$f":"'ORC1'!A158","v":"FORTALEZA/CE, OUTUBRO DE 2025."}]
[{"$nulls":4},"Lucro",6.6400000000000001E-2,7.2999999999999995E-2,8.6900000000000005E-2,null,"Lucro",3.5000000000000003E-2,5.11E-2,6.2199999999999998E-2]
[{"$nulls":4},"O valor final do BDI não pode ultrapassar os limites abaixo, quando não tiver desoneração do INSS na folha de pagamento, pois foram calculados sem desoneração:"]
[]
[{"$nulls":4},"VALORES DE BDI POR TIPO DE OBRA"]
[{"$nulls":4},"TIPO DE OBRA","1 Quartil","Médio","3 Quartil"]
[{"$nulls":4},"Construção de Edifícios (Aplicavel a: Construção e Reforma de Edificios, Unidades Habitacionais, Escolas, Hospitais, Hoteis, Restaurantes, Armazéns e Depósitos, Estádios Esportivos e Quadras Cobertas etc)",0.2034,0.22120000000000001,0.25]
[{"$nulls":4},"Construção de Redes de Abastecimento de Água, Coleta de Esgoto e Construções Correlatas (Aplicavel também a: Construção de Galerias Pluviais - micro e macro drenagem; Obras de Irrigação etc.)",0.20760000000000001,0.24179999999999999,0.26440000000000002]
[{"$nulls":4},"Construção e Manutenção de Estações e Redes de Distribuição de Energia Elétrica (Aplicável também a: Construção de redes de eletrificação para ferrovias e metrô; Barragens e Represas para geração de energia elétrica etc)",0.24,0.25840000000000002,0.27860000000000001]
[{"$nulls":4},"Obras Portuárias, Marítimas e Fluviais (Aplicavel também a: Enrocamentos; Obras de Drenagem; Aterro Hidráulico; Barragens, Represas e Diques -  exceto para energia elétrica; Piers e outras obras com influência direta de cursos d'água)",0.22800000000000001,0.27479999999999999,0.3095]
[{"$nulls":4},"Fornecimento de Materiais e Equipamentos (Aplicável a: Materiais e equipamentos relevantes de natureza específica, tais como: Materias betuminosos para obras rodoviárias; Tubos de ferro fundido ou PVC para obras de abastecimento de água; Elevadores e Escadas rolantes para obras aeroportuárias)",0.111,0.14019999999999999,0.16800000000000001]
{"$rows_empty":47}
[{"$nulls":8},{"$f":"ROUND(SUM(I87:I112),2)","v":0}]
{"$rows_empty":78}
["FORTALEZA/CE, JULHO DE 2024."]
{"$rows_empty":675}
[{"$f":"'ORC1'!A158","v":"FORTALEZA/CE, OUTUBRO DE 2025."}]

{"sheet":"ABC","index":14,"n_rows":802,"n_cols":11,"rows_kept":802,"cut":false,"hidden":false,"merged":[[126,1,126,5],[2,1,2,5],[3,1,3,5],[4,1,4,5],[8,1,8,6]]}
[]
[]
[null,"MINISTÉRIO DA INTEGRAÇÃO E DO DESENVOLVIMENTO REGIONAL - MIDR"]
[null,"COMPANHIA DE DESENVOLVIMENTO DOS VALES DO SÃO FRANCISCO E DO PARNAÍBA"]
[null,"14ª SUPERINTENDÊNCIA REGIONAL"]
[]
[]
[]
[null,"CURVA ABC"]
[null,"ITEM","DESCRIÇÃO DOS SERVIÇOS","PREÇO","% ITEM","% ACU.","CONCEITO"]
[1,"5.1","FORNECIMENTO E INSTALAÇÃO DE ISOPAINEL EPS 100 MM",180303.03,{"$f":"D11/$J$125","v":0.18229798982181608},{"$f":"E11","v":0.18229798982181608},{"$f":"IF(F11<80%,\"A\",IF(F11<95%,\"B\",\"C\"))","v":"A"}]
[2,"4.3.1","ESTRUTURA METÁLICA TRELIÇADA EM AÇO, EM MARQUISES",59142.55,5.9796931742834548E-2,{"$f":"E12+F11","v":0.24209492156465062},{"$f":"IF(F12<80%,\"A\",IF(F12<95%,\"B\",\"C\"))","v":"A"}]
[3,"1.2","ADMISTRAÇÃO LOCAL",58654.03,5.9303006521568134E-2,{"$f":"E13+F12","v":0.30139792808621874},"A"]
[4,"12.2","PASTEURIZADOR LENTO 1000L",56098.03,5.6718725702856645E-2,0.35811665378907537,"A"]
[5,"12.3","TANQUE INOX 500L PARA FABRICAÇÃO DE QUEIJOS",39611.440000000002,4.0049720107019161E-2,0.39816637389609455,"A"]
[6,"4.3.2","TELHAMENTO COM TELHA METÁLICA TERMOACÚSTICA E = 30 MM, COM ATÉ 2 ÁGUAS, INCLUSO IÇAMENTO. AF_07/2019",37947.17,3.8367035819790299E-2,0.43653340971588483,"A"]
[7,"12.9","TACHO PARA DOCE 100L",33489.599999999999,3.3860145112018868E-2,0.47039355482790368,"A"]
[8,"12.7","IOGURTEIRA INOX 500L",33261.699999999997,3.3629723516328591E-2,0.50402327834423222,"A"]
[9,"3.1","EXECUÇÃO DE PAVIMENTO EM PEDRAS POLIÉDRICAS, REJUNTAMENTO COM ARGAMASSA TRAÇO 1:3 (CIMENTO E AREIA). AF_05/2020",32273.54,3.2630630036744109E-2,0.53665390838097637,"A"]
[10,"12.13","ESTANTE EM AÇO INOX PARA SECAGEM/MATURAÇÃO DE QUEIJOS",30584.52,3.0922921903559417E-2,0.56757683028453576,"A"]
[11,"10.10","RESERVATÓRIO PRÉ MOLDADO ELEVADO CILÍNDRICO D=2,0M, CAP.=12,0M3, H=9,0M COMPLETO E CISTERNA CAP.=4,5 M3",30282.81,3.0617873638374191E-2,0.59819470392290996,"A"]
[12,"12.1","TANQUE DE RESFRIAMENTO 1000L",28024.95,2.8335031584643393E-2,0.62652973550755331,"A"]
[13,"12.10","BATEDEIRA PARA MANTEIGA 20KG",23665.23,2.3927073536539771E-2,0.65045680904409309,"A"]
[14,"12.5","PRENSA PNEUMÁTICA 4 COLUNAS/10 FORMAS REDONDAS 1KG",23456.3,2.3715831834093218E-2,0.67417264087818629,"A"]
[15,"12.8","DESNATADEIRA ELÉTRICA 275L/H",23455.919999999998,2.3715447629589652E-2,0.69788808850777595,"A"]
[16,"11.1","AR CONDICIONADO SPLIT INVERTER, PISO TETO, 48000 BTU/H, CICLO FRIO - FORNECIMENTO E INSTALAÇÃO. AF_11/2021_PE",22301.8,2.2548557888395875E-2,0.72043664639617178,"A"]
[17,"3.5","EXECUÇÃO DE PISO INDUSTRIAL DE CONCRETO ARMADO, FCK = 20 MPA, ESPESSURA DE 20,0 CM. AF_04/2022",21606.6,2.1845665859769808E-2,0.74228231225594155,"A"]
[18,"7.1","PORTA EM ALUMÍNIO DE ABRIR TIPO VENEZIANA COM GUARNIÇÃO, FIXAÇÃO COM PARAFUSOS - FORNECIMENTO E INSTALAÇÃO. AF_12/2019",17073.78,1.7262692549647816E-2,0.7595450048055894,"A"]
[19,"3.4","EXECUÇÃO DE PASSEIO (CALÇADA) OU PISO DE CONCRETO COM CONCRETO MOLDADO IN LOCO, FEITO EM OBRA, ACABAMENTO CONVENCIONAL, ESPESSURA 8 CM, ARMADO. AF_08/2022",13341.19,1.3488803370808104E-2,0.77303380817639755,"A"]
[20,"12.14","SELADORA A VÁCUO DE BANCADA",12697.06,1.2837546405332113E-2,0.78587135458172963,"A"]
[21,"14.2","SONDAGEM, LEVANTAMENTO TOPOGRÁFICO E IMPLANTAÇÃO",11170.33,1.129392392710387E-2,0.79716527850883345,"A",null,null,{"$f":"21/115","v":0.18260869565217391}]
[22,"12.6","ENVASADORA PNEUMÁTICA PARA LÍQUIDOS E PASTOSOS",8905.6299999999992,9.0041661923089145E-3,0.80616944470114238,"B"]
[23,"7.5","CAIXILHO FIXO DE ALUMÍNIO PARA VIDRO (VIDRO INCLUSO), BATENTE/ REQUADRO DE 4 A 14 CM, SEM GUARNIÇÃO/ ALIZAR, FIXAÇÃO COM PARAFUSOS, VEDAÇÃO COM SILICONE, EXCLUSIVE CONTRAMARCO - FORNECIMENTO E INSTALAÇÃO. AF_11/2024",8780.7999999999993,8.8779550128880395E-3,0.8150473997140304,"B"]
[24,"12.4","MESA INOX DE APOIO",8728.44,8.8250156765548125E-3,0.8238724153905852,"B"]
[25,"14.1","PROJETO EXECUTIVO PADRÃO EXCETO SONDAGEM, LEVANTAMENTO TOPOGRÁFICO E IMPLANTAÇÃO",7477,7.5597291398692458E-3,0.83143214453045444,"B"]
[26,"12.16","ANALISADOR DE LEITE ULTRASSÔNICO",6710.82,6.7850717542352994E-3,0.8382172162846897,"B"]
[27,"9.11","FOSSA SÉPTICA E SUMIDOURO EM ALVENARIA",6282.75,6.3522653809701089E-3,0.84456948166565982,"B"]
[28,"12.11","SELADORA MANUAL PARA POTES",6218.38,6.2871831601952824E-3,0.85085666482585509,"B"]
[29,"12.15","LAVA DE BOTAS MANUAL ",6190.25,6.2587419162866923E-3,0.85711540674214182,"B"]
[30,"1.4","Residencial (2,45% do CMCC - SINAPI)",6076,6.1432277990966346E-3,0.86325863454123841,"B"]
[31,"12.18","ARMÁRIO TIPO ROUPEIRO",5969.96,6.0360145213125323E-3,0.86929464906255094,"B"]
[32,"1.5","LOCAÇÃO CONVENCIONAL DE OBRA, UTILIZANDO GABARITO DE TÁBUAS CORRIDAS PONTALETADAS A CADA 1,50M - 2 UTILIZAÇÕES. AF_03/2024",5622.65,5.6848617156995875E-3,0.87497951077825054,"B"]
[33,"10.12","BANCADA GRANITO CINZA 150 X 60 CM, COM CUBA DE EMBUTIR DE AÇO, VÁLVULA AMERICANA EM METAL, SIFÃO FLEXÍVEL EM PVC, ENGATE FLEXÍVEL 30 CM, TORNEIRA CROMADA LONGA, DE PAREDE, 1/2\" OU 3/4\", P/ COZINHA, PADRÃO POPULAR - FORNEC. E INSTALAÇÃO. AF_01/2020",5182.8,{"$f":"D43/$J$125","v":5.2401450028239042E-3},0.88021965578107442,"B"]
[34,"7.2","PORTA EM ALUMÍNIO ANODIZADO NATURAL/FOSCO, DE CORRER, SEM BANDEIROLA E/OU PEITORIL, SEM VIDRO - FORNECIMENTO E MONTAGEM",5132.7299999999996,5.1895210041568909E-3,0.88540917678523134,"B"]
[35,"3.2","ASSENTAMENTO DE GUIA (MEIO-FIO) EM TRECHO RETO, CONFECCIONADA EM CONCRETO PRÉ-FABRICADO, DIMENSÕES 100X15X13X30 CM (COMPRIMENTO X BASE INFERIOR X BASE SUPERIOR X ALTURA). AF_01/2024",4925.53,4.9800284432660376E-3,0.8903892052284974,"B"]
[36,"6.2","PINTURA C/ TINTA EPOXI EM ESTRUTURA DE AÇO CARBONO 50 MICRA C/REVÓLVER",4822.07,4.8754237118482403E-3,0.89526462894034564,"B"]
[37,"8.1","ENTRADA DE ENERGIA COM POSTE E ASSENTAMENTO                                                                                                                               ",4609.2299999999996,4.6602287472729065E-3,0.89992485768761854,"B"]
[38,"9.5","CAIXA ENTERRADA HIDRÁULICA RETANGULAR EM ALVENARIA COM TIJOLOS CERÂMICOS MACIÇOS, DIMENSÕES INTERNAS: 0,6X0,6X0,6 M PARA REDE DE ESGOTO. AF_12/2020",4279.38,4.3267291275342588E-3,0.90425158681515283,"B"]
[39,"7.3","PORTA FRIGORÍFICA TERMO-ISOLANTE DE ACIONAMENTO MANUAL C/AQUECIMENTO. 2100X1000X150MM -( FORNECIMENTO",4221.22,4.2679256171992593E-3,0.90851951243235207,"B"]
[40,"12.12","TANQUE PARA SALGA 400L",4206.8900000000003,4.2534370631569524E-3,0.91277294949550902,"B"]
[41,"12.17","LAVADORA E SECADORA DE ROUPAS INVERTER 11KG",4199.74,4.2462079521030449E-3,0.91701915744761209,"B"]
[42,"8.23","LUMINÁRIA PRISMÁTICA PENDENTE, COM 1 LÂMPADA LED DE 20W ",3944.72,3.9883662876320728E-3,0.92100752373524419,"B"]
[43,"1.3","MOBILIZAÇÃO E DESMOBILIZAÇÃO",3816.04,3.8582625099514026E-3,0.92486578624519555,"B"]
[44,"12.20","FORMA PARA QUEIJO COALHO REDONDO DE 1KG",3674.72,3.7153788772048032E-3,0.92858116512240041,"B"]
[45,"1.1","FORNECIMENTO E INSTALAÇÃO DE PLACA DE OBRA COM CHAPA GALVANIZADA E ESTRUTURA DE MADEIRA. AF_03/2022_PS",3509.46,3.5482903607336534E-3,0.93212945548313408,"B"]
[46,"4.2.5","CONCRETO FCK = 25MPA, TRAÇO 1:2,3:2,7 (EM MASSA SECA DE CIMENTO/ AREIA MÉDIA/ BRITA 1) - PREPARO MECÂNICO COM BETONEIRA 400 L. AF_05/2021",3430.95,3.4689116881683013E-3,0.9355983671713024,"B"]
[47,"8.9","ELETRODUTO RÍGIDO ROSCÁVEL, PVC, DN 25 MM (3/4\"), PARA CIRCUITOS TERMINAIS, INSTALADO EM FORRO - FORNECIMENTO E INSTALAÇÃO. AF_03/2023",2993.43,3.0265507555381566E-3,0.93862491792684055,"B"]
[48,"2.3","ATERRO MANUAL DE VALAS COM AREIA PARA ATERRO. AF_08/2023",2855.45,2.887044078164991E-3,0.94151196200500553,"B"]
[49,"8.4","CABO DE COBRE FLEXÍVEL ISOLADO, 4 MM², ANTI-CHAMA 0,6/1,0 KV, PARA CIRCUITOS TERMINAIS - FORNECIMENTO E INSTALAÇÃO. AF_03/2023",2822.9,2.8541339292412595E-3,0.94436609593424681,"B"]
[50,"6.1","PINTURA C/ PRIMER EPOXI EM ESTRUTURA DE AÇO CARBONO 25 MICRA C/REVÓLVER",2799.1,2.830070594544337E-3,0.94719616652879113,"B"]
[51,"12.19","COMPRESSOR 2HP 50L",2498.4699999999998,2.5261142790008176E-3,0.94972228080779197,"B",null,null,{"$f":"30/115","v":0.2608695652173913}]
[52,"4.2.3","ARMAÇÃO DE SAPATA ISOLADA, VIGA BALDRAME E SAPATA CORRIDA UTILIZANDO AÇO CA-50 DE 8 MM - MONTAGEM. AF_01/2024",2446.17,2.4732356065365725E-3,0.95219551641432854,"C"]
[53,"8.6","CABO DE COBRE FLEXÍVEL ISOLADO, 2,5 MM², ANTI-CHAMA 450/750 V, PARA CIRCUITOS TERMINAIS - FORNECIMENTO E INSTALAÇÃO. AF_03/2023",2431.2399999999998,2.4581404138044275E-3,0.95465365682813297,"C"]
[54,"4.1.3","ARMAÇÃO DE BLOCO UTILIZANDO AÇO CA-50 DE 10 MM - MONTAGEM. AF_01/2024",2340.71,2.3666087461526471E-3,0.95702026557428566,"C"]
[55,"8.12","DUTO PERFURADO - ELETROCALHA DE CHAPA DE AÇO (50X100)mm",2312.7800000000002,2.3383697151406709E-3,0.95935863528942633,"C"]
[56,"4.1.4","ARMAÇÃO DE BLOCO UTILIZANDO AÇO CA-60 DE 5 MM - MONTAGEM. AF_01/2024",2278.44,2.3036497607922543E-3,0.96166228505021856,"C"]
[57,"8.7","CABO DE COBRE FLEXÍVEL ISOLADO, 10 MM², ANTI-CHAMA 450/750 V, PARA CIRCUITOS TERMINAIS - FORNECIMENTO E INSTALAÇÃO. AF_03/2023",2025.1,2.0475066846528298E-3,0.96370979173487137,"C"]
[58,"2.1","REGULARIZAÇÃO E COMPACTAÇÃO DE SUBLEITO DE SOLO PREDOMINANTEMENTE ARGILOSO, PARA OBRAS DE CONSTRUÇÃO DE PAVIMENTOS. AF_09/2024",1908.56,1.9296772297965558E-3,0.9656394689646679,"C"]
[59,"9.4","TUBO PVC, SERIE NORMAL, ESGOTO PREDIAL, DN 100 MM, FORNECIDO E INSTALADO EM RAMAL DE DESCARGA OU RAMAL DE ESGOTO SANITÁRIO. AF_08/2022",1888.3,1.9091930633696799E-3,0.96754866202803758,"C"]
[60,"4.3.3","TOLDO COM ESTRUTURA METÁLICA",1842.59,1.8629773058488261E-3,0.96941163933388641,"C"]
[61,"4.1.5","CONCRETO FCK = 25MPA, TRAÇO 1:2,3:2,7 (EM MASSA SECA DE CIMENTO/ AREIA MÉDIA/ BRITA 1) - PREPARO MECÂNICO COM BETONEIRA 400 L. AF_05/2021",1615.32,1.6331926807828796E-3,0.97104483201466929,"C"]
[62,"7.4","JANELA DE ALUMÍNIO DE CORRER COM 2 FOLHAS PARA VIDROS (VIDROS INCLUSOS), BATENTE/ REQUADRO 6 A 14 CM, ACABAMENTO COM ACETATO OU BRILHANTE, FIXAÇÃO COM PARAFUSO, SEM GUARNIÇÃO/ ALIZAR, DIMENSÕES 100X120 CM, VEDAÇÃO COM SILICONE, EXCLUSIVE CONTRAMARCO - FORNECIMENTO E INSTALAÇÃO. AF_11/2024",1414.25,1.4298979451732086E-3,0.97247472995984252,"C"]
[63,"10.8","VASO SANITÁRIO SIFONADO COM CAIXA ACOPLADA LOUÇA BRANCA - FORNECIMENTO E INSTALAÇÃO. AF_01/2020",1385.76,1.4010927180507164E-3,0.97387582267789319,"C"]
[64,"7.6","JANELA DE ALUMÍNIO TIPO MAXIM-AR, BATENTE/ REQUADRO 3 A 14 CM, VIDRO INCLUSO, FIXAÇÃO COM PARAFUSO, SEM GUARNIÇÃO/ ALIZAR, DIMENSÕES 60X80 (A X L) CM, SEM ACABAMENTO, VEDAÇÃO COM SILICONE, EXCLUSIVE CONTRAMARCO - FORNECIMENTO E INSTALAÇÃO. AF_11/2024",1370.5,1.3856638740391604E-3,0.97526148655193234,"C"]
[65,"13.1","LIMPEZA DE PISO CERÂMICO OU PORCELANATO COM PANO ÚMIDO. AF_04/2019",1339.52,{"$f":"D75/$J$125","v":1.3543410963538388E-3},0.97661582764828614,"C"]
[66,"8.13","SUPORTE PARA ELETROCALHA LISA OU PERFURADA EM AÇO GALVANIZADO, LARGURA 800 MM, EM PERFILADO COM COMPRIMENTO DE 85 CM FIXADO EM LAJE, POR METRO DE ELETROCALHA FIXADA. AF_09/2023",1327.36,1.342046552239781E-3,0.97795787420052593,{"$f":"IF(F76<80%,\"A\",IF(F76<95%,\"B\",\"C\"))","v":"C"}]
[67,"4.2.4","ARMAÇÃO DE SAPATA ISOLADA, VIGA BALDRAME E SAPATA CORRIDA UTILIZANDO AÇO CA-60 DE 5 MM - MONTAGEM. AF_01/2024",1257.17,1.2710799361735216E-3,{"$f":"E77+F76","v":0.97922895413669941},"C"]
[68,"10.1","TUBO, PVC, SOLDÁVEL, DE 32MM, INSTALADO EM RAMAL OU SUB-RAMAL DE ÁGUA - FORNECIMENTO E INSTALAÇÃO. AF_06/2022",1186.6600000000001,1.1997897794726816E-3,0.98042874391617207,"C"]
[69,"8.22","DISPOSITIVO DPS CLASSE II, 1 POLO, 275 V, 20 KA - FORNECIMENTO E INSTALAÇÃO                                                                                                                               ",1063.1199999999999,1.0748828732349595E-3,0.98150362678940706,"C"]
[70,"8.25","CONDULETE DE ALUMÍNIO, TIPO X, PARA ELETRODUTO DE AÇO GALVANIZADO DN 20 MM (3/4''), APARENTE - FORNECIMENTO E INSTALAÇÃO. AF_10/2022",1045,1.0565623848018406E-3,0.98256018917420895,"C"]
[71,"10.11","LAVATÓRIO LOUÇA BRANCA SUSPENSO, 29,5 X 39CM OU EQUIVALENTE, PADRÃO POPULAR, INCLUSO SIFÃO FLEXÍVEL EM PVC, VÁLVULA E ENGATE FLEXÍVEL 30CM EM PLÁSTICO E TORNEIRA CROMADA DE MESA, PADRÃO POPULAR - FORNECIMENTO E INSTALAÇÃO. AF_01/2020",1038.1199999999999,1.0496062611583604E-3,0.98360979543536731,"C"]
[72,"8.2","QUADRO DE DISTRIBUIÇÃO DE ENERGIA EM CHAPA DE AÇO GALVANIZADO, DE SOBREPOR, COM BARRAMENTO TRIFÁSICO, PARA 18 DISJUNTORES DIN 100A - FORNECIMENTO E INSTALAÇÃO. AF_07/2025",1011.36,1.022550175591569E-3,0.98463234561095891,"C"]
[73,"10.6","REGISTRO DE GAVETA BRUTO, LATÃO, ROSCÁVEL, 3/4\", COM ACABAMENTO E CANOPLA CROMADOS - FORNECIMENTO E INSTALAÇÃO. AF_08/2021",1004.16,1.0152705113135084E-3,0.98564761612227247,"C"]
[74,"8.5","CABO DE COBRE FLEXÍVEL ISOLADO, 1,5 MM², ANTI-CHAMA 450/750 V, PARA CIRCUITOS TERMINAIS - FORNECIMENTO E INSTALAÇÃO. AF_03/2023",914.71,9.2483079330343701E-4,0.98657244691557588,"C"]
[75,"9.2","TUBO PVC, SERIE NORMAL, ESGOTO PREDIAL, DN 50 MM, FORNECIDO E INSTALADO EM RAMAL DE DESCARGA OU RAMAL DE ESGOTO SANITÁRIO. AF_08/2022",897.74,9.0767302902584153E-4,0.98748011994460172,"C"]
[76,"10.2","TUBO, PVC, SOLDÁVEL, DE 25MM, INSTALADO EM RAMAL OU SUB-RAMAL DE ÁGUA - FORNECIMENTO E INSTALAÇÃO. AF_06/2022",845.77,8.5512800784100739E-4,0.98833524795244276,"C"]
[77,"8.11","CAIXA ENTERRADA ELÉTRICA RETANGULAR, EM CONCRETO PRÉ-MOLDADO, FUNDO COM BRITA, DIMENSÕES INTERNAS: 0,3X0,3X0,3 M. AF_12/2020",830.48,8.396688318949594E-4,0.98917491678433778,"C"]
[78,"8.24","LUMINÁRIA ARANDELA TIPO TARTARUGA, DE SOBREPOR, COM 1 LÂMPADA LED DE 6 W, SEM REATOR - FORNECIMENTO E INSTALAÇÃO. AF_09/2024",795.96,8.0476688593959149E-4,0.98997968367027733,"C"]
[79,"8.10","ELETRODUTO FLEXÍVEL LISO, PEAD, DN 40 MM (1 1/4\"), PARA CIRCUITOS TERMINAIS, INSTALADO EM FORRO - FORNECIMENTO E INSTALAÇÃO. AF_03/2023",795.79,8.0459500497747055E-4,0.99078427867525476,"C"]
[80,"10.7","TORNEIRA CROMADA TUBO MÓVEL, DE PAREDE, 1/2\" OU 3/4\", PARA PIA DE COZINHA, PADRÃO MÉDIO - FORNECIMENTO E INSTALAÇÃO. AF_01/2020",630.64,6.3761770559945716E-4,0.99142189638085421,"C"]
[81,"4.2.1","ESCAVAÇÃO MANUAL DE VALA. AF_09/2024",579.95000000000005,5.8636684695294501E-4,0.99200826322780711,"C"]
[82,"9.7","CAIXA SIFONADA, PVC, DN 100 X 100 X 50 MM, JUNTA ELÁSTICA, FORNECIDA E INSTALADA EM RAMAL DE DESCARGA OU EM RAMAL DE ESGOTO SANITÁRIO. AF_08/2022",550.32000000000005,5.5640900631975982E-4,0.99256467223412692,"C"]
[83,"8.26","CONDULETE DE ALUMÍNIO, TIPO X, PARA ELETRODUTO DE AÇO GALVANIZADO DN 25 MM (1''), APARENTE - FORNECIMENTO E INSTALAÇÃO. AF_10/2022",517.36,5.2308432095797151E-4,0.99308775655508486,"C"]
[84,"2.2","ESCAVAÇÃO MANUAL DE VALA. AF_09/2024",470.73,4.7593838411269897E-4,0.99356369493919761,"C"]
[85,"8.21","DISPOSITIVO DR BIPOLAR DE 25 A/30 MA  - FORNECIMENTO E INSTALAÇÃO",448.62,4.5358374839215475E-4,0.99401727868758971,"C"]
[86,"8.16","TOMADA MÉDIA DE EMBUTIR (1 MÓDULO), 2P+T 10 A, INCLUINDO SUPORTE E PLACA - FORNECIMENTO E INSTALAÇÃO. AF_03/2023",441.7,4.4658718216935217E-4,0.9944638658697591,"C"]
[87,"1.6","LIMPEZA MECANIZADA DE CAMADA VEGETAL, VEGETAÇÃO E PEQUENAS ÁRVORES (DIÂMETRO DE TRONCO MENOR QUE 0,20 M), COM TRATOR DE ESTEIRAS. AF_03/2024",423,4.2768027633605603E-4,0.99489154614609521,"C"]
[88,"9.9","VÁLVULA EM METAL CROMADO 1.1/2\" X 1.1/2\" PARA TANQUE OU LAVATÓRIO, COM OU SEM LADRÃO - FORNECIMENTO E INSTALAÇÃO. AF_01/2020",405.64,4.1012819691006567E-4,0.99530167434300532,"C"]
[89,"10.3","TUBO, PVC, SOLDÁVEL, DE 50MM, INSTALADO EM PRUMADA DE ÁGUA - FORNECIMENTO E INSTALAÇÃO. AF_06/2022",385.5,3.8976535822115747E-4,0.99569143970122642,"C"]
[90,"8.8","ELETRODUTO RÍGIDO ROSCÁVEL, PVC, DN 32 MM (1\"), PARA CIRCUITOS TERMINAIS, INSTALADO EM FORRO - FORNECIMENTO E INSTALAÇÃO. AF_03/2023",357.76,3.6171842946096312E-4,0.9960531581306874,"C"]
[91,"9.10","VÁLVULA EM METAL CROMADO TIPO AMERICANA 3.1/2\" X 1.1/2\" PARA PIA - FORNECIMENTO E INSTALAÇÃO. AF_01/2020",328.26,3.3189202721057627E-4,0.99638505015789802,"C"]
[92,"8.14","INTERRUPTOR SIMPLES (1 MÓDULO), 10A/250V, INCLUINDO SUPORTE E PLACA - FORNECIMENTO E INSTALAÇÃO. AF_03/2023",299.52,3.0283403396731798E-4,0.99668788419186538,"C"]
[93,"9.1","TUBO PVC, SERIE NORMAL, ESGOTO PREDIAL, DN 40 MM, FORNECIDO E INSTALADO EM RAMAL DE DESCARGA OU RAMAL DE ESGOTO SANITÁRIO. AF_08/2022",277.26,2.803277385743142E-4,0.99696821193043972,"C"]
[94,"4.1.1","ESCAVAÇÃO MANUAL DE VALA. AF_09/2024",273.05,2.7607115710061493E-4,0.99724428308754032,"C"]
[95,"3.3","CAMADA SEPARADORA PARA EXECUÇÃO DE RADIER, PISO DE CONCRETO OU LAJE SOBRE SOLO, EM LONA PLÁSTICA. AF_09/2021",268.26,2.712281582267385E-4,0.99751551124576709,"C"]
[96,"8.17","DISJUNTOR MONOPOLAR TIPO DIN, CORRENTE NOMINAL DE 10A - FORNECIMENTO E INSTALAÇÃO. AF_07/2025",255.51,2.5833708606767298E-4,0.9977738483318348,"C"]
[97,"10.5","REGISTRO DE PRESSÃO BRUTO, LATÃO, ROSCÁVEL, 3/4\", COM ACABAMENTO E CANOPLA CROMADOS - FORNECIMENTO E INSTALAÇÃO. AF_08/2021",238.38,{"$f":"D107/$J$125","v":2.4101755147278733E-4},0.99801486588330757,"C"]
[98,"9.12","CURVA CURTA 90 GRAUS, PVC, SERIE NORMAL, ESGOTO PREDIAL, DN 40 MM, JUNTA SOLDÁVEL, FORNECIDO E INSTALADO EM RAMAL DE DESCARGA OU RAMAL DE ESGOTO SANITÁRIO. AF_08/2022",198.48,2.0067607859853523E-4,0.99821554196190609,"C"]
[99,"9.13","JOELHO 90 GRAUS, PVC, SERIE NORMAL, ESGOTO PREDIAL, DN 50 MM, JUNTA ELÁSTICA, FORNECIDO E INSTALADO EM RAMAL DE DESCARGA OU RAMAL DE ESGOTO SANITÁRIO. AF_08/2022",180.36,1.8235559016541625E-4,0.99839789755207153,"C"]
[100,"10.4","REGISTRO DE GAVETA BRUTO, LATÃO, ROSCÁVEL, 1\" - FORNECIMENTO E INSTALAÇÃO. AF_08/2021",163.34,1.6514727266366761E-4,0.99856304482473524,"C"]
[101,"9.6","RALO SIFONADO, PVC, DN 100 X 40 MM, JUNTA SOLDÁVEL, FORNECIDO E INSTALADO EM RAMAIS DE ENCAMINHAMENTO DE ÁGUA PLUVIAL. AF_06/2022",160.91999999999999,1.627004966146528E-4,0.99872574532134983,"C"]
[102,"9.3","TUBO PVC, SERIE NORMAL, ESGOTO PREDIAL, DN 75 MM, FORNECIDO E INSTALADO EM RAMAL DE DESCARGA OU RAMAL DE ESGOTO SANITÁRIO. AF_08/2022",152.97,1.5466253397429432E-4,0.99888040785532417,"C"]
[103,"8.20","DISJUNTOR TRIPOLAR TIPO DIN, CORRENTE NOMINAL DE 63A - FORNECIMENTO E INSTALAÇÃO",133.91999999999999,1.3540175557192583E-4,0.99901580961089609,"C"]
[104,"9.8","SIFÃO DO TIPO FLEXÍVEL EM PVC 1 X 1.1/2 - FORNECIMENTO E INSTALAÇÃO. AF_01/2020",119.04,1.2035711606393408E-4,0.99913616672696004,"C"]
[105,"9.16","JUNCAO SIMPLES DE REDUCAO, PVC, DN 100 X 50 MM, PARA ESGOTO PREDIAL - FORNECIMENTO E INSTALAÇÃO                                                                                                                                                                            ",117.6,1.1890118320832196E-4,0.99925506791016838,"C"]
[106,"9.14","CURVA CURTA 90 GRAUS, PVC, SERIE NORMAL, ESGOTO PREDIAL, DN 100 MM, JUNTA ELÁSTICA, FORNECIDO E INSTALADO EM RAMAL DE DESCARGA OU RAMAL DE ESGOTO SANITÁRIO. AF_08/2022",111.6,1.1283479630993819E-4,0.99936790270647835,"C"]
[107,"4.2.2","PREPARO DE FUNDO DE VALA COM LARGURA MENOR QUE 1,5 M (ACERTO DO SOLO NATURAL). AF_08/2020",108.23,1.0942750900201264E-4,0.99947733021548035,"C"]
[108,"9.17","TE, PVC, SÉRIE NORMAL, ESGOTO PREDIAL, DN 100 X 50 MM, JUNTA ELÁSTICA, FORNECIDO E INSTALADO EM RAMAL DE DESCARGA OU RAMAL DE ESGOTO SANITÁRIO. AF_08/2022",108.18,1.0937695577785945E-4,0.99958670717125819,"C"]
[109,"8.19","DISJUNTOR TRIPOLAR TIPO DIN, CORRENTE NOMINAL DE 10A - FORNECIMENTO E INSTALAÇÃO. AF_07/2025",91.09,9.209786376229633E-5,0.99967880503502049,"C"]
[110,"8.18","DISJUNTOR MONOPOLAR TIPO DIN, CORRENTE NOMINAL DE 16A - FORNECIMENTO E INSTALAÇÃO. AF_07/2025",90.18,9.1177795082708125E-5,0.99976998283010321,"C"]
[111,"10.9","CHUVEIRO PLASTICO SIMPLES - FORNECIDO E INSTALADO",64.34,6.5051888840335343E-5,0.99983503471894353,"C"]
[112,"8.15","INTERRUPTOR SIMPLES (2 MÓDULOS), 10A/250V, INCLUINDO SUPORTE E PLACA - FORNECIMENTO E INSTALAÇÃO. AF_03/2023",57.02,5.7650896824307131E-5,0.99989268561576783,"C"]
[113,"4.1.2","PREPARO DE FUNDO DE VALA COM LARGURA MENOR QUE 1,5 M (ACERTO DO SOLO NATURAL). AF_08/2020",40.75,4.1200877684856466E-5,0.99993388649345272,"C"]
[114,"8.3","CABO DE COBRE FLEXÍVEL ISOLADO, 2,5 MM², ANTI-CHAMA 0,6/1,0 KV, PARA CIRCUITOS TERMINAIS - FORNECIMENTO E INSTALAÇÃO. AF_03/2023",38.799999999999997,3.9229301942881735E-5,0.99997311579539561,"C"]
[115,"9.15","JUNÇÃO SIMPLES, PVC, SERIE NORMAL, ESGOTO PREDIAL, DN 50 X 50 MM, JUNTA ELÁSTICA, FORNECIDO E INSTALADO EM PRUMADA DE ESGOTO SANITÁRIO OU VENTILAÇÃO. AF_08/2022",26.59,2.6884204604670756E-5,1.0000000000000002,"C",null,null,{"$f":"SUM(D11:D125)","v":989056.59999999986},{"$f":"SUM(E11:E125)","v":1.0000000000000002}]
{"$rows_empty":676}
[null,{"$f":"ABC!#REF!","v":{"$error":"#REF!"}}]

{"sheet":"CCD","index":15,"n_rows":9784,"n_cols":58,"rows_kept":1125,"cut":true,"hidden":true,"merged":[],"bounds":{"rows_first":500,"rows_last":125,"rows_between":500,"halvings":2}}
["SINAPI - Sistema Nacional de Pesquisa de Custos e Índices da Construção Civil"]
["RELATÓRIO DE CUSTOS DE COMPOSIÇÕES - ENCARGOS SOCIAIS COM DESONERAÇÃO"]
["Mês de Referência:","08/2025",null,"Encargos sociais sobre a mão de obra:"]
["Data de emissão:","10/09/2025",null,"(COM DESONERAÇÃO)","AC",null,"AL",null,"AM",null,"AP",null,"BA",null,"CE",null,"DF",null,"ES",null,"GO",null,"MA",null,"MG",null,"MS",null,"MT",null,"PA",null,"PB",null,"PE",null,"PI",null,"PR",null,"RJ",null,"RN",null,"RO",null,"RR",null,"RS",null,"SC",null,"SE",null,"SP",null,"TO"]
[null,null,null,"Localidade","RIO BRANCO",null,"MACEIO",null,"MANAUS",null,"MACAPA",null,"SALVADOR",null,"FORTALEZA",null,"BRASILIA",null,"VITORIA",null,"GOIANIA",null,"SAO LUIS",null,"BELO HORIZONTE",null,"CAMPO GRANDE",null,"CUIABA",null,"BELEM",null,"JOAO PESSOA",null,"RECIFE",null,"TERESINA",null,"CURITIBA",null,"RIO DE JANEIRO",null,"NATAL",null,"PORTO VELHO",null,"BOA VISTA",null,"PORTO ALEGRE",null,"FLORIANOPOLIS",null,"ARACAJU",null,"SAO PAULO",null,"PALMAS"]
["Observação:","%AS (porcentagem Atribuído São Paulo) corresponde a porcentagem do custo total da",null,"Horista",0.9163,null,0.91669999999999996,null,0.90869999999999995,null,0.91049999999999998,null,0.92659999999999998,null,0.92169999999999996,null,0.88170000000000004,null,0.9405,null,0.87819999999999998,null,0.90080000000000005,null,0.93830000000000002,null,0.8639,null,0.85650000000000004,null,0.95,null,0.91010000000000002,null,0.9123,null,0.90659999999999996,null,0.9345,null,0.9083,null,0.92090000000000005,null,0.95369999999999999,null,0.9385,null,0.9022,null,0.9254,null,0.89149999999999996,null,0.92700000000000005,null,0.89700000000000002]
[null,"composição que foi obtida utilizando preços de insumos de São Paulo por indisponibilidade",null,"Mensalista",0.5212,null,0.52049999999999996,null,0.52149999999999996,null,0.5081,null,0.53049999999999997,null,0.53500000000000003,null,0.52390000000000003,null,0.54710000000000003,null,0.50319999999999998,null,0.5202,null,0.55489999999999995,null,0.47920000000000001,null,0.4869,null,0.53449999999999998,null,0.51839999999999997,null,0.52090000000000003,null,0.52900000000000003,null,0.54200000000000004,null,0.52429999999999999,null,0.52480000000000004,null,0.54039999999999999,null,0.5343,null,0.51859999999999995,null,0.53410000000000002,null,0.51939999999999997,null,0.53380000000000005,null,0.51160000000000005]
[null,"dos preços de insumos necessários à composição no estado em questão. Custo zerado (hífen)"]
[null,"indica que pelo menos um dos itens da composição não tem custo/preço.",null,null,"AC",null,"AL",null,"AM",null,"AP",null,"BA",null,"CE",null,"DF",null,"ES",null,"GO",null,"MA",null,"MG",null,"MS",null,"MT",null,"PA",null,"PB",null,"PE",null,"PI",null,"PR",null,"RJ",null,"RN",null,"RO",null,"RR",null,"RS",null,"SC",null,"SE",null,"SP",null,"TO"]
["Grupo","Código da\nComposição","Descrição","Unidade","Custo (R$)","%AS","Custo (R$)","%AS","Custo (R$)","%AS","Custo (R$)","%AS","Custo (R$)","%AS","Custo (R$)","%AS","Custo (R$)","%AS","Custo (R$)","%AS","Custo (R$)","%AS","Custo (R$)","%AS","Custo (R$)","%AS","Custo (R$)","%AS","Custo (R$)","%AS","Custo (R$)","%AS","Custo (R$)","%AS","Custo (R$)","%AS","Custo (R$)","%AS","Custo (R$)","%AS","Custo (R$)","%AS","Custo (R$)","%AS","Custo (R$)","%AS","Custo (R$)","%AS","Custo (R$)","%AS","Custo (R$)","%AS","Custo (R$)","%AS","Custo (R$)","%AS","Custo (R$)","%AS"]
["Acessibilidade",104658,"PISO PODOTÁTIL DE ALERTA OU DIRECIONAL, DE CONCRETO, ASSENTADO SOBRE ARGAMASSA. AF_03/2024","M2",252.7,0,149.34,0,226.04,0,182.85,0,156.29,0,150.91,0,173.87,0,178.28,0,176.83,0,156.30000000000001,0,151.91,0,164.53,0,196.53,0,165.28,0,134.80000000000001,0,148.65,0,133.08000000000001,0,144.43,0,177.26,0,152.94999999999999,0,202.05,0,259.13,0,150.25,0,143.33000000000001,0,164.28,0,193.34,0,189.62,0]
["Acessibilidade",105002,"RAMPA DE ACESSIBILIDADE EM CONCRETO MOLDADO IN LOCO, EM CALÇADA NOVA COM LARGURA MAIOR OU IGUAL À 3,00 M, FCK 25MPA, COM PISO PODOTÁTIL. AF_03/2024","UN",1001.2,5.0000000000000001E-4,678.68,0,890.11,0,853.74,0,768.9,0,718.88,6.9999999999999999E-4,797.45,0,735.87,0,732.2,0,775.83,0,731.9,0,681.08,0,769.79,0,898.46,0,658.85,8.0000000000000004E-4,707.97,0,778.83,0,761.16,0,807.66,0,707.34,6.9999999999999999E-4,906.02,0,1054,0,735.09,0,762.44,0,701.07,0,745.31,0,763,0]
["Acessibilidade",105004,"RAMPA DE ACESSIBILIDADE EM CONCRETO MOLDADO IN LOCO, EM CALÇADA NOVA COM LARGURA MENOR À 3,00 M, FCK 25MPA, COM PISO PODOTÁTIL. AF_03/2024","M2",172.43,5.0000000000000001E-4,114.82,0,152.24,0,147.05000000000001,0,131.47,0,122.06,6.9999999999999999E-4,136.85,0,125.01,0,123.98,0,132.29,0,125.51,0,116.12,0,130.19,0,154.75,0,111.55,8.0000000000000004E-4,120.23,0,134.19999999999999,0,130.62,0,137.49,0,119.39,8.0000000000000004E-4,156.26,0,182.13,0,126.39,0,131.41999999999999,0,118.53,0,125.93,0,129.65,0]
["Acessibilidade",105003,"RAMPA DE ACESSIBILIDADE EM CONCRETO MOLDADO IN LOCO, EM CALÇADA PRÉ EXISTENTE COM LARGURA MAIOR OU IGUAL À 3,00 M, FCK 25MPA, COM PISO PODOTÁTIL. AF_03/2024","UN",1504.21,4.4600000000000001E-2,1051.3800000000001,6.3299999999999995E-2,1417.06,4.7E-2,1253.1500000000001,5.3100000000000001E-2,1264.21,5.0099999999999999E-2,1164.52,5.4899999999999997E-2,1258.69,5.2900000000000003E-2,1213.99,5.2200000000000003E-2,1141.8,5.8299999999999998E-2,1198.01,5.2900000000000003E-2,1159.3,5.4699999999999999E-2,1087.44,5.8299999999999998E-2,1158.5,5.4699999999999999E-2,1343.93,4.7199999999999999E-2,1002.91,6.3700000000000007E-2,1118.46,5.9499999999999997E-2,1200.81,5.5500000000000001E-2,1272.21,4.9799999999999997E-2,1386.13,4.5699999999999998E-2,1157.4000000000001,5.8000000000000003E-2,1388.69,4.5600000000000002E-2,1515.3,4.3999999999999997E-2,1221.27,5.1900000000000002E-2,1186.6099999999999,5.3400000000000003E-2,1101.8,6.0400000000000002E-2,1272.23,0,1164.8699999999999,5.4399999999999997E-2]
["Acessibilidade",105005,"RAMPA DE ACESSIBILIDADE EM CONCRETO MOLDADO IN LOCO, EM CALÇADA PRÉ EXISTENTE COM LARGURA MENOR À 3,00 M, FCK 25MPA, COM PISO PODOTÁTIL. AF_03/2024","M2",265.56,4.6699999999999998E-2,183.83,6.7000000000000004E-2,249.83,4.9299999999999997E-2,221,5.57E-2,223.18,5.2600000000000001E-2,204.56,5.7799999999999997E-2,222.24,5.5399999999999998E-2,213.53,5.4899999999999997E-2,199.82,6.1699999999999998E-2,210.47,5.57E-2,204.65,5.7299999999999997E-2,191.34,6.13E-2,202.16,5.8000000000000003E-2,237.23,4.9399999999999999E-2,175.24,6.7500000000000004E-2,196.25,6.2799999999999995E-2,212.34,5.8000000000000003E-2,225.24,5.21E-2,244.6,4.8000000000000001E-2,202.72,6.1199999999999997E-2,245.63,4.7800000000000002E-2,267.55,4.5999999999999999E-2,216.42,5.4199999999999998E-2,209.95,5.5899999999999998E-2,192.73,6.3899999999999998E-2,223.49,0,204.04,5.7500000000000002E-2]
["Acessibilidade",105006,"RAMPA DE ACESSIBILIDADE EM CONCRETO PRÉ MOLDADO, EM CALÇADA NOVA COM LARGURA MAIOR OU IGUAL À 3,00 M, FCK 25MPA, COM PISO PODOTÁTIL. AF_03/2024","UN",0,null,0,null,0,null,0,null,0,null,0,null,0,null,0,null,0,null,0,null,0,null,0,null,0,null,0,null,0,null,0,null,0,null,0,null,0,null,0,null,0,null,0,null,0,null,0,null,0,null,0,null,0]
["Acessibilidade",104999,"RAMPA DE ACESSIBILIDADE EM CONCRETO PRÉ MOLDADO, EM CALÇADA PRÉ EXISTENTE COM LARGURA MAIOR OU IGUAL À 3,00 M, FCK 25MPA, COM PISO PODOTÁTIL. AF_03/2024","UN",0,null,0,null,0,null,0,null,0,null,0,null,0,null,0,null,0,null,0,null,0,null,0,null,0,null,0,null,0,null,0,null,0,null,0,null,0,null,0,null,0,null,0,null,0,null,0,null,0,null,0,null,0]
["Acessibilidade",105000,"RAMPA DE ACESSIBILIDADE PARA ACESSO A EDIFICAÇÕES COM INCLINAÇÃO DE 8,33% EM CONCRETO MOLDADO IN LOCO, COM LARGURA DE 1,20M, FCK 25MPA, NÃO ARMADA, COM JUNTA A CADA 2M COM CORTE À SECO. AF_03/2024","M",1620.82,0.40060000000000001,1320.46,0.46889999999999998,1571.13,0.41739999999999999,1380.06,0.44869999999999999,1533.57,0,1362.01,0.4546,1417.51,0.44819999999999999,1699.47,9.4999999999999998E-3,1385.61,0.46860000000000002,1366.99,0.47499999999999998,1639.9,0,1319.88,0.47970000000000002,1361.13,0.45490000000000003,1430.67,0.43280000000000002,1260.83,0.50390000000000001,1285.55,0,1320.19,0.48120000000000002,1483.86,0.42670000000000002,1560.9,0.3967,1266.0899999999999,1.2699999999999999E-2,1602.16,0,1542.15,0.42520000000000002,1347.84,1.2E-2,1362.4,0,1314.44,0.49890000000000001,1496.47,0,1506.1,0.02]
["Acessibilidade",105001,"RAMPA DE ACESSIBILIDADE PARA ACESSO A EDIFICAÇÕES COM INCLINAÇÃO DE 8,33% EM CONCRETO MOLDADO IN LOCO, COM LARGURA DE 1,50M, FCK 25MPA, NÃO ARMADA, COM JUNTA A CADA 2M COM CORTE À SECO. AF_03/2024","M",1703.47,0.38119999999999998,1351.45,0.4582,1624.59,0.4037,1431.04,0.43269999999999997,1569.1,0,1392.81,0.4446,1453.36,0.43709999999999999,1736.93,9.2999999999999992E-3,1422.06,0.45660000000000001,1402.42,0.46300000000000002,1673.14,0,1353.5,0.46779999999999999,1403.6,0.44119999999999998,1474.46,0.42,1292.28,0.49159999999999998,1315.95,0,1357,0.46820000000000001,1513.21,0.41839999999999999,1595.01,0.38819999999999999,1299.92,1.24E-2,1651.74,0,1604.48,0.40870000000000001,1380.13,1.17E-2,1397.83,0,1346.54,0.48699999999999999,1526.87,0,1545.25,1.95E-2]
["Alvenaria Estrutural - Blocos Cerâmicos",89306,"ALVENARIA ESTRUTURAL DE BLOCOS CERÂMICOS 14X19X29, (ESPESSURA DE 14 CM), UTILIZANDO COLHER DE PEDREIRO E ARGAMASSA DE ASSENTAMENTO COM PREPARO EM BETONEIRA. AF_03/2023","M2",114.6,2.9999999999999997E-4,95.07,0,102.11,0,96.68,0,104.55,0,96.71,4.0000000000000002E-4,112.39,0,91.78,0,115.95,0,101.8,0,97.38,0,97.12,0,99.23,0,106.32,0,88.75,5.0000000000000001E-4,87.6,0,96.67,0,105.98,0,111.77,0,90.68,4.0000000000000002E-4,105.28,0,102.02,0,97.21,0,112.26,0,81.89,0,102.53,0,103.95,0]
["Alvenaria Estrutural - Blocos Cerâmicos",89307,"ALVENARIA ESTRUTURAL DE BLOCOS CERÂMICOS 14X19X29, (ESPESSURA DE 14 CM), UTILIZANDO COLHER DE PEDREIRO E ARGAMASSA DE ASSENTAMENTO COM PREPARO MANUAL. AF_03/2023","M2",117.11,0,97.53,0,104.24,0,98.6,0,105.58,0,98.62,0,114.75,0,94.09,0,118.41,0,104.21,0,99.19,0,98.98,0,101.45,0,108.79,0,91.12,0,90.19,0,98.39,0,108.69,0,114.74,0,92.58,0,108.03,0,104.42,0,98.55,0,114.22,0,83.77,0,105.45,0,106.13,0]
["Alvenaria Estrutural - Blocos Cerâmicos",89290,"ALVENARIA ESTRUTURAL DE BLOCOS CERÂMICOS 14X19X29, (ESPESSURA DE 14 CM), UTILIZANDO PALHETA E ARGAMASSA DE ASSENTAMENTO COM PREPARO EM BETONEIRA. AF_03/2023","M2",96.38,2.9999999999999997E-4,80.709999999999994,0,84.22,0,81.95,0,86.45,0,80.3,4.0000000000000002E-4,94.59,0,74.2,0,99.22,0,85.21,0,80.790000000000006,0,82.31,0,84.58,0,88.65,0,74.91,4.0000000000000002E-4,71.260000000000005,0,81.510000000000005,0,86.16,0,90.69,0,75.94,4.0000000000000002E-4,87.48,0,84.3,0,81.03,0,94.21,0,66.87,0,83.92,0,88.37,0]
["Alvenaria Estrutural - Blocos Cerâmicos",89291,"ALVENARIA ESTRUTURAL DE BLOCOS CERÂMICOS 14X19X29, (ESPESSURA DE 14 CM), UTILIZANDO PALHETA E ARGAMASSA DE ASSENTAMENTO COM PREPARO MANUAL. AF_03/2023","M2",98.25,0,82.53,0,85.81,0,83.38,0,87.21,0,81.72,0,96.36,0,75.92,0,101.05,0,87,0,82.14,0,83.69,0,86.23,0,90.5,0,76.680000000000007,0,73.180000000000007,0,82.78,0,88.18,0,92.9,0,77.36,0,89.53,0,86.09,0,82.03,0,95.66,0,68.27,0,86.09,0,89.99,0]
["Alvenaria Estrutural - Blocos Cerâmicos",89298,"ALVENARIA ESTRUTURAL DE BLOCOS CERÂMICOS 14X19X39, (ESPESSURA DE 14 CM), UTILIZANDO COLHER DE PEDREIRO E ARGAMASSA DE ASSENTAMENTO COM PREPARO EM BETONEIRA. AF_03/2023","M2",101.18,4.0000000000000002E-4,84.15,0,88.12,0,85.84,0,90.65,0,83.82,5.0000000000000001E-4,98.76,0,77.5,0,103.3,0,89.21,0,84.43,0,85.92,0,88.28,0,92.9,0,78.239999999999995,5.0000000000000001E-4,74.69,0,85.3,0,89.75,0,94.62,0,79.17,5.0000000000000001E-4,91.67,0,88.39,0,84.72,0,98.3,0,70.09,0,87.33,0,92.39,0]
["Alvenaria Estrutural - Blocos Cerâmicos",89299,"ALVENARIA ESTRUTURAL DE BLOCOS CERÂMICOS 14X19X39, (ESPESSURA DE 14 CM), UTILIZANDO COLHER DE PEDREIRO E ARGAMASSA DE ASSENTAMENTO COM PREPARO MANUAL. AF_03/2023","M2",103.43,0,86.34,0,90.02,0,87.56,0,91.57,0,85.53,0,100.88,0,79.569999999999993,0,105.5,0,91.36,0,86.05,0,87.58,0,90.27,0,95.12,0,80.36,0,77,0,86.84,0,92.18,0,97.28,0,80.87,0,94.14,0,90.54,0,85.92,0,100.05,0,71.78,0,89.95,0,94.34,0]
["Alvenaria Estrutural - Blocos Cerâmicos",89282,"ALVENARIA ESTRUTURAL DE BLOCOS CERÂMICOS 14X19X39, (ESPESSURA DE 14 CM), UTILIZANDO PALHETA E ARGAMASSA DE ASSENTAMENTO COM PREPARO EM BETONEIRA. AF_03/2023","M2",88.08,2.9999999999999997E-4,73.98,0,75.41,0,75.260000000000005,0,77.77,0,72.22,4.0000000000000002E-4,86.11,0,65.16,0,91.48,0,77.41,0,72.67,0,75.42,0,77.88,0,80.28,0,68.42,4.0000000000000002E-4,63.09,0,74.52,0,75.900000000000006,0,79.87,0,68.75,4.0000000000000002E-4,79.010000000000005,0,75.72,0,73.239999999999995,0,85.54,0,59.44,0,74.36,0,81.28,0]
["Alvenaria Estrutural - Blocos Cerâmicos",89283,"ALVENARIA ESTRUTURAL DE BLOCOS CERÂMICOS 14X19X39, (ESPESSURA DE 14 CM), UTILIZANDO PALHETA E ARGAMASSA DE ASSENTAMENTO COM PREPARO MANUAL. AF_03/2023","M2",89.76,0,75.63,0,76.84,0,76.55,0,78.459999999999994,0,73.5,0,87.7,0,66.709999999999994,0,93.13,0,79.02,0,73.89,0,76.66,0,79.37,0,81.94,0,70.010000000000005,0,64.83,0,75.67,0,77.72,0,81.87,0,70.03,0,80.86,0,77.34,0,74.14,0,86.85,0,60.7,0,76.319999999999993,0,82.75,0]
["Alvenaria Estrutural - Blocos de Concreto",89480,"ALVENARIA DE BLOCOS DE CONCRETO ESTRUTURAL 14X19X29 CM (ESPESSURA 14 CM), FBK = 14 MPA, UTILIZANDO COLHER DE PEDREIRO. AF_10/2022","M2",213.2,1E-4,142.69999999999999,0,166.99,0,162.44,0,146.18,0,163.43,2.0000000000000001E-4,177.17,0,162.97,0,159.59,0,169.06,0,165.87,0,151.49,0,156.78,0,168.99,0,150.27000000000001,2.0000000000000001E-4,156,0,137.52000000000001,0,157.86000000000001,0,162.5,0,168.22,2.0000000000000001E-4,190.81,0,185.55,0,176.27,0,172.6,0,143.25,0,165.77,0,165.82,0]
["Alvenaria Estrutural - Blocos de Concreto",89464,"ALVENARIA DE BLOCOS DE CONCRETO ESTRUTURAL 14X19X29 CM (ESPESSURA 14 CM), FBK = 14,0 MPA, UTILIZANDO PALHETA. AF_10/2022","M2",190.7,1E-4,124.76,0,144.79,0,144.11000000000001,0,124.15,0,143.22,1E-4,155.33000000000001,0,141.22,0,139.22,0,148.41999999999999,0,145.58000000000001,0,133.08000000000001,0,138.49,0,147.01,0,133.06,2.0000000000000001E-4,135.83000000000001,0,118.64,0,133.33000000000001,0,136.61000000000001,0,149.77000000000001,1E-4,168.44,0,163.35,0,156.06,0,150.54,0,124.7,0,142.47,0,146.55000000000001,0]
["Alvenaria Estrutural - Blocos de Concreto",89478,"ALVENARIA DE BLOCOS DE CONCRETO ESTRUTURAL 14X19X29 CM (ESPESSURA 14 CM), FBK = 4,5 MPA, UTILIZANDO COLHER DE PEDREIRO. AF_10/2022","M2",181.96,2.0000000000000001E-4,122.31,0,144.51,0,138.05000000000001,0,128.12,0,140.68,2.0000000000000001E-4,153.21,0,141.06,0,137.91,0,144.84,0,142.55000000000001,0,129.86000000000001,0,133.68,0,145.91,0,128.51,2.0000000000000001E-4,135.53,0,118.55,0,137.5,0,143.12,0,143.11000000000001,2.0000000000000001E-4,162.93,0,156.37,0,150.13999999999999,0,148.12,0,123.63,0,143.69999999999999,0,142.03,0]
["Alvenaria Estrutural - Blocos de Concreto",89462,"ALVENARIA DE BLOCOS DE CONCRETO ESTRUTURAL 14X19X29 CM (ESPESSURA 14 CM), FBK = 4,5 MPA, UTILIZANDO PALHETA. AF_10/2022","M2",160.44,1E-4,105.43,0,123.37,0,120.91,0,107,0,121.41,2.0000000000000001E-4,132.18,0,120.34,0,118.45,0,125.33,0,123.25,0,112.44,0,116.51,0,124.98,0,112.19,2.0000000000000001E-4,116.04,0,100.82,0,114.42,0,118.32,0,125.75,2.0000000000000001E-4,141.86000000000001,0,136.19,0,131.18,0,127.35,0,105.97,0,121.65,0,123.71,0]
["Alvenaria Estrutural - Blocos de Concreto",104444,"ALVENARIA DE BLOCOS DE CONCRETO ESTRUTURAL 14X19X29 CM (ESPESSURA 14 CM), FBK = 8 MPA, UTILIZANDO COLHER DE PEDREIRO. AF_10/2022","M2",0,null,0,null,0,null,0,null,0,null,0,null,0,null,0,null,0,null,0,null,0,null,0,null,0,null,0,null,0,null,0,null,0,null,0,null,0,null,0,null,0,null,0,null,0,null,0,null,0,null,0,null,0]
["Alvenaria Estrutural - Blocos de Concreto",104442,"ALVENARIA DE BLOCOS DE CONCRETO ESTRUTURAL 14X19X29 CM (ESPESSURA 14 CM), FBK = 8 MPA, UTILIZANDO PALHETA. AF_10/2022","M2",0,null,0,null,0,null,0,null,0,null,0,null,0,null,0,null,0,null,0,null,0,null,0,null,0,null,0,null,0,null,0,null,0,null,0,null,0,null,0,null,0,null,0,null,0,null,0,null,0,null,0,null,0]
["Alvenaria Estrutural - Blocos de Concreto",89472,"ALVENARIA DE BLOCOS DE CONCRETO ESTRUTURAL 14X19X39 CM (ESPESSURA 14 CM), FBK = 14 MPA, UTILIZANDO COLHER DE PEDREIRO. AF_10/2022","M2",167.83,1E-4,109.38,0,127.46,0,127.16,0,109.73,0,125.49,2.0000000000000001E-4,136.33000000000001,0,123.37,0,122.05,0,130.37,0,127.82,0,116.76,0,121.62,0,129.85,0,116.74,2.0000000000000001E-4,119.18,0,104.79,0,116.73,0,119.58,0,130.83000000000001,2.0000000000000001E-4,147.96,0,144.21,0,136.82,0,131.97,0,109.53,0,124.16,0,128.79,0]
["Alvenaria Estrutural - Blocos de Concreto",89455,"ALVENARIA DE BLOCOS DE CONCRETO ESTRUTURAL 14X19X39 CM (ESPESSURA 14 CM), FBK = 14 MPA, UTILIZANDO PALHETA. AF_10/2022","M2",153.19999999999999,1E-4,98,0,113.35,0,115.23,0,95.69,0,112.69,2.0000000000000001E-4,122.45,0,109.83,0,109.17,0,117.19,0,114.9,0,105.07,0,109.92,0,115.69,0,105.77,2.0000000000000001E-4,106.4,0,92.69,0,101.5,0,103.54,0,119.18,2.0000000000000001E-4,133.63,0,129.80000000000001,0,123.95,0,118.01,0,97.77,0,109.78,0,116.44,0]
["Alvenaria Estrutural - Blocos de Concreto",89470,"ALVENARIA DE BLOCOS DE CONCRETO ESTRUTURAL 14X19X39 CM (ESPESSURA 14 CM), FBK = 4,5 MPA, UTILIZANDO COLHER DE PEDREIRO. AF_10/2022","M2",138.57,2.0000000000000001E-4,90.78,0,106.88,0,104.38,0,93.48,0,104.55,2.9999999999999997E-4,114.12,0,103.37,0,102.07,0,108.13,0,106.28,0,96.78,0,100.25,0,108.65,0,96.53,2.9999999999999997E-4,100.42,0,87.47,0,98.46,0,102.27,0,107.49,2.9999999999999997E-4,122.08,0,117.25,0,112.55,0,109.54,0,91.49,0,104.07,0,106.63,0]
["Alvenaria Estrutural - Blocos de Concreto",89453,"ALVENARIA DE BLOCOS DE CONCRETO ESTRUTURAL 14X19X39 CM (ESPESSURA 14 CM), FBK = 4,5 MPA, UTILIZANDO PALHETA. AF_10/2022","M2",124.92,2.0000000000000001E-4,80.44,0,93.8,0,93.6,0,80.37,0,92.73,2.0000000000000001E-4,101.07,0,90.85,0,90.11,0,96.06,0,94.36,0,86.05,0,89.64,0,95.54,0,86.43,2.0000000000000001E-4,88.34,0,76.48,0,84.67,0,87.35,0,96.9,2.0000000000000001E-4,109.05,0,104.75,0,100.9,0,96.85,0,80.63,0,90.91,0,95.23,0]
["Alvenaria Estrutural - Blocos de Concreto",104443,"ALVENARIA DE BLOCOS DE CONCRETO ESTRUTURAL 14X19X39 CM (ESPESSURA 14 CM), FBK = 8 MPA, UTILIZANDO COLHER DE PEDREIRO. AF_10/2022","M2",0,null,0,null,0,null,0,null,0,null,0,null,0,null,0,null,0,null,0,null,0,null,0,null,0,null,0,null,0,null,0,null,0,null,0,null,0,null,0,null,0,null,0,null,0,null,0,null,0,null,0,null,0]
["Alvenaria Estrutural - Blocos de Concreto",104441,"ALVENARIA DE BLOCOS DE CONCRETO ESTRUTURAL 14X19X39 CM (ESPESSURA 14 CM), FBK = 8 MPA, UTILIZANDO PALHETA. AF_10/2022","M2",0,null,0,null,0,null,0,null,0,null,0,null,0,null,0,null,0,null,0,null,0,null,0,null,0,null,0,null,0,null,0,null,0,null,0,null,0,null,0,null,0,null,0,null,0,null,0,null,0,null,0,null,0]
["Alvenaria de Vedação",103354,"ALVENARIA DE VEDAÇÃO DE BLOCOS CERÂMICOS FURADOS NA HORIZONTAL DE 11,5X14X24 CM (ESPESSURA 11,5 CM) E ARGAMASSA DE ASSENTAMENTO COM PREPARO EM BETONEIRA. AF_12/2021","M2",101.2,2.0400000000000001E-2,85.3,6.7999999999999996E-3,93.84,6.1999999999999998E-3,84.7,2.41E-2,95.8,0,88.49,6.7999999999999996E-3,100.87,5.7000000000000002E-3,88.05,0,102.48,5.7000000000000002E-3,91.72,2.2200000000000001E-2,89.38,0,86.86,6.7000000000000002E-3,88.16,6.6E-3,95.88,6.0000000000000001E-3,79.3,2.5999999999999999E-2,82.1,2.4799999999999999E-2,86.52,6.7000000000000002E-3,100.72,5.7999999999999996E-3,106.8,0,82.08,2.5100000000000001E-2,96.04,6.0000000000000001E-3,91.7,2.2200000000000001E-2,88.06,6.6E-3,101.53,5.7000000000000002E-3,76.45,2.6700000000000002E-2,96.79,0,91.85,2.2200000000000001E-2]
["Alvenaria de Vedação",103355,"ALVENARIA DE VEDAÇÃO DE BLOCOS CERÂMICOS FURADOS NA HORIZONTAL DE 11,5X14X24 CM (ESPESSURA 11,5 CM) E ARGAMASSA DE ASSENTAMENTO COM PREPARO MANUAL. AF_12/2021","M2",102.59,1.9900000000000001E-2,86.68,6.7000000000000002E-3,95.11,6.1000000000000004E-3,85.79,2.3800000000000002E-2,96.53,0,89.63,6.4999999999999997E-3,102.23,5.7000000000000002E-3,89.43,0,103.87,5.5999999999999999E-3,93.1,2.1899999999999999E-2,90.46,0,87.96,6.6E-3,89.42,6.4999999999999997E-3,97.29,6.0000000000000001E-3,80.62,2.53E-2,83.55,2.4400000000000002E-2,87.54,6.6E-3,102.34,5.7000000000000002E-3,108.54,0,83.22,2.4500000000000001E-2,97.6,5.8999999999999999E-3,93.05,2.1899999999999999E-2,88.94,6.4999999999999997E-3,102.7,5.5999999999999999E-3,77.56,2.63E-2,98.51,0,93.09,2.1899999999999999E-2]
["Alvenaria de Vedação",103330,"ALVENARIA DE VEDAÇÃO DE BLOCOS CERÂMICOS FURADOS NA HORIZONTAL DE 11,5X19X19 CM (ESPESSURA 11,5 CM) E ARGAMASSA DE ASSENTAMENTO COM PREPARO EM BETONEIRA. AF_12/2021","M2",94.93,1.5599999999999999E-2,79.94,5.1000000000000004E-3,86.94,4.7000000000000002E-3,79.58,1.83E-2,88.53,0,82.25,5.1999999999999998E-3,94.19,4.4000000000000003E-3,80.510000000000005,0,96.71,4.1999999999999997E-3,85.33,1.7100000000000001E-2,82.95,0,81.400000000000006,5.0000000000000001E-3,82.86,4.8999999999999998E-3,89.31,4.5999999999999999E-3,74.3,1.9900000000000001E-2,75.489999999999995,1.9300000000000001E-2,80.739999999999995,5.1000000000000004E-3,92.39,4.4000000000000003E-3,97.81,0,76.61,1.9300000000000001E-2,88.99,4.5999999999999999E-3,85.14,1.7100000000000001E-2,81.91,5.0000000000000001E-3,94.62,4.3E-3,70.459999999999994,2.07E-2,89.04,0,86.28,1.6899999999999998E-2]
["Alvenaria de Vedação",103331,"ALVENARIA DE VEDAÇÃO DE BLOCOS CERÂMICOS FURADOS NA HORIZONTAL DE 11,5X19X19 CM (ESPESSURA 11,5 CM) E ARGAMASSA DE ASSENTAMENTO COM PREPARO MANUAL. AF_12/2021","M2",96.25,1.52E-2,81.239999999999995,5.0000000000000001E-3,88.14,4.7000000000000002E-3,80.599999999999994,1.8100000000000002E-2,89.21,0,83.32,4.8999999999999998E-3,95.47,4.3E-3,81.81,0,98.01,4.1999999999999997E-3,86.62,1.6899999999999998E-2,83.97,0,82.43,5.0000000000000001E-3,84.05,4.8999999999999998E-3,90.63,4.4999999999999997E-3,75.540000000000006,1.9300000000000001E-2,76.86,1.9E-2,81.7,5.0000000000000001E-3,93.91,4.4000000000000003E-3,99.45,0,77.680000000000007,1.8800000000000001E-2,90.46,4.4999999999999997E-3,86.42,1.6899999999999998E-2,82.74,5.0000000000000001E-3,95.73,4.3E-3,71.510000000000005,2.0400000000000001E-2,90.66,0,87.45,1.67E-2]
["Alvenaria de Vedação",103358,"ALVENARIA DE VEDAÇÃO DE BLOCOS CERÂMICOS FURADOS NA HORIZONTAL DE 11,5X19X29 CM (ESPESSURA 11,5 CM) E ARGAMASSA DE ASSENTAMENTO COM PREPARO EM BETONEIRA. AF_12/2021","M2",80.77,1.8200000000000001E-2,68.239999999999995,6.0000000000000001E-3,73.39,5.5999999999999999E-3,67.97,2.1499999999999998E-2,74.849999999999994,0,69.53,6.0000000000000001E-3,80.180000000000007,5.1000000000000004E-3,67.53,0,82.71,5.0000000000000001E-3,72.53,2.01E-2,70.2,0,69.36,5.8999999999999999E-3,70.91,5.7999999999999996E-3,75.75,5.4000000000000003E-3,63.38,2.3199999999999998E-2,63.49,2.3E-2,68.86,6.0000000000000001E-3,77.53,5.3E-3,82,0,64.95,2.2599999999999999E-2,75.48,5.4000000000000003E-3,72.02,2.0299999999999999E-2,69.55,5.8999999999999999E-3,80.400000000000006,5.1000000000000004E-3,59.31,2.46E-2,74.88,0,73.67,1.9800000000000002E-2]
["Alvenaria de Vedação",103359,"ALVENARIA DE VEDAÇÃO DE BLOCOS CERÂMICOS FURADOS NA HORIZONTAL DE 11,5X19X29 CM (ESPESSURA 11,5 CM) E ARGAMASSA DE ASSENTAMENTO COM PREPARO MANUAL. AF_12/2021","M2",81.89,1.78E-2,69.34,5.8999999999999999E-3,74.400000000000006,5.4999999999999997E-3,68.84,2.12E-2,75.430000000000007,0,70.44,5.7999999999999996E-3,81.27,5.0000000000000001E-3,68.63,0,83.82,4.8999999999999998E-3,73.63,1.9800000000000002E-2,71.06,0,70.23,5.7999999999999996E-3,71.91,5.7000000000000002E-3,76.88,5.3E-3,64.430000000000007,2.2700000000000001E-2,64.650000000000006,2.2599999999999999E-2,69.680000000000007,5.8999999999999999E-3,78.819999999999993,5.1999999999999998E-3,83.39,0,65.86,2.2200000000000001E-2,76.73,5.3E-3,73.099999999999994,0.02,70.260000000000005,5.7999999999999996E-3,81.33,5.0000000000000001E-3,60.19,2.4299999999999999E-2,76.260000000000005,0,74.66,1.9599999999999999E-2]
["Alvenaria de Vedação",103366,"ALVENARIA DE VEDAÇÃO DE BLOCOS CERÂMICOS FURADOS NA HORIZONTAL DE 11,5X19X39 CM (ESPESSURA 11,5 CM) E ARGAMASSA DE ASSENTAMENTO COM PREPARO EM BETONEIRA. AF_12/2021","M2",71.849999999999994,2.0500000000000001E-2,60.93,6.7000000000000002E-3,64.209999999999994,6.4000000000000003E-3,60.81,2.4E-2,65.599999999999994,0,61.06,6.8999999999999999E-3,71.069999999999993,5.7999999999999996E-3,57.94,0,74.209999999999994,5.4999999999999997E-3,64.05,2.2800000000000001E-2,61.73,0,61.92,6.6E-3,63.61,6.4000000000000003E-3,66.88,6.1000000000000004E-3,56.34,2.6100000000000002E-2,54.87,2.6599999999999999E-2,61.21,6.7000000000000002E-3,66.67,6.1000000000000004E-3,70.5,0,57.4,2.5600000000000001E-2,66.39,6.1999999999999998E-3,63.05,2.3199999999999998E-2,61.23,6.7000000000000002E-3,71.010000000000005,5.7999999999999996E-3,51.41,2.8400000000000002E-2,64.64,0,65.959999999999994,2.2100000000000002E-2]
["Alvenaria de Vedação",103367,"ALVENARIA DE VEDAÇÃO DE BLOCOS CERÂMICOS FURADOS NA HORIZONTAL DE 11,5X19X39 CM (ESPESSURA 11,5 CM) E ARGAMASSA DE ASSENTAMENTO COM PREPARO MANUAL. AF_12/2021","M2",72.86,0.02,61.92,6.6E-3,65.12,6.3E-3,61.59,2.3699999999999999E-2,66.12,0,61.88,6.6E-3,72.06,5.7000000000000002E-3,58.94,0,75.209999999999994,5.4999999999999997E-3,65.040000000000006,2.24E-2,62.51,0,62.71,6.4999999999999997E-3,64.510000000000005,6.4000000000000003E-3,67.900000000000006,6.0000000000000001E-3,57.29,2.5499999999999998E-2,55.92,2.6100000000000002E-2,61.95,6.6E-3,67.84,6.0000000000000001E-3,71.760000000000005,0,58.22,2.5100000000000001E-2,67.52,6.1000000000000004E-3,64.03,2.2800000000000001E-2,61.86,6.6E-3,71.86,5.7000000000000002E-3,52.21,2.8000000000000001E-2,65.88,0,66.849999999999994,2.18E-2]
["Alvenaria de Vedação",103360,"ALVENARIA DE VEDAÇÃO DE BLOCOS CERÂMICOS FURADOS NA HORIZONTAL DE 14X19X29 CM (ESPESSURA 14 CM) E ARGAMASSA DE ASSENTAMENTO COM PREPARO EM BETONEIRA. AF_12/2021","M2",94.31,1.83E-2,79.569999999999993,5.1999999999999998E-3,85.88,4.7999999999999996E-3,79.33,2.1600000000000001E-2,87.75,0,81.25,5.3E-3,93.55,4.4000000000000003E-3,79.17,0,96.28,4.3E-3,84.66,2.0199999999999999E-2,81.98,0,80.849999999999994,5.1000000000000004E-3,82.55,5.0000000000000001E-3,88.51,4.5999999999999999E-3,73.98,2.3400000000000001E-2,74.47,2.3E-2,80.319999999999993,5.1000000000000004E-3,90.74,4.4999999999999997E-3,96.07,0,75.790000000000006,2.2800000000000001E-2,88.31,4.5999999999999999E-3,84.2,2.0299999999999999E-2,81.290000000000006,5.0000000000000001E-3,93.81,4.4000000000000003E-3,69.38,2.46E-2,87.49,0,85.9,1.9900000000000001E-2]
["Alvenaria de Vedação",103361,"ALVENARIA DE VEDAÇÃO DE BLOCOS CERÂMICOS FURADOS NA HORIZONTAL DE 14X19X29 CM (ESPESSURA 14 CM) E ARGAMASSA DE ASSENTAMENTO COM PREPARO MANUAL. AF_12/2021","M2",95.72,1.7899999999999999E-2,80.95,5.1000000000000004E-3,87.16,4.7000000000000002E-3,80.430000000000007,2.1299999999999999E-2,88.48,0,82.4,5.0000000000000001E-3,94.92,4.3E-3,80.56,0,97.68,4.1999999999999997E-3,86.05,1.9900000000000001E-2,83.07,0,81.96,5.0000000000000001E-3,83.82,4.8999999999999998E-3,89.93,4.5999999999999999E-3,75.31,2.2700000000000001E-2,75.930000000000007,2.2499999999999999E-2,81.36,5.0000000000000001E-3,92.37,4.4000000000000003E-3,97.83,0,76.94,2.2200000000000001E-2,89.89,4.5999999999999999E-3,85.57,0.02,82.18,5.0000000000000001E-3,94.99,4.3E-3,70.5,2.4299999999999999E-2,89.23,0,87.15,1.9599999999999999E-2]
["Alvenaria de Vedação",103368,"ALVENARIA DE VEDAÇÃO DE BLOCOS CERÂMICOS FURADOS NA HORIZONTAL DE 14X19X39 CM (ESPESSURA 14 CM) E ARGAMASSA DE ASSENTAMENTO COM PREPARO EM BETONEIRA. AF_12/2021","M2",81.25,2.12E-2,68.569999999999993,6.0000000000000001E-3,72.89,5.5999999999999999E-3,68.540000000000006,2.4899999999999999E-2,74.430000000000007,0,69.14,6.1000000000000004E-3,80.28,5.1000000000000004E-3,66.069999999999993,0,83.24,4.8999999999999998E-3,72.44,2.3599999999999999E-2,69.87,0,69.709999999999994,5.8999999999999999E-3,71.53,5.7000000000000002E-3,75.680000000000007,5.4000000000000003E-3,63.61,2.7E-2,62.57,2.7300000000000001E-2,69.13,5.8999999999999999E-3,75.77,5.4000000000000003E-3,80.239999999999995,0,64.8,2.6499999999999999E-2,75.209999999999994,5.4999999999999997E-3,71.489999999999995,2.3900000000000001E-2,69.34,5.8999999999999999E-3,80.180000000000007,5.1000000000000004E-3,58.41,2.93E-2,73.430000000000007,0,74.33,2.3E-2]
["Alvenaria de Vedação",103369,"ALVENARIA DE VEDAÇÃO DE BLOCOS CERÂMICOS FURADOS NA HORIZONTAL DE 14X19X39 CM (ESPESSURA 14 CM) E ARGAMASSA DE ASSENTAMENTO COM PREPARO MANUAL. AF_12/2021","M2",82.53,2.07E-2,69.83,5.8999999999999999E-3,74.05,5.4999999999999997E-3,69.53,2.46E-2,75.09,0,70.180000000000007,5.7999999999999996E-3,81.52,5.0000000000000001E-3,67.33,0,84.51,4.8999999999999998E-3,73.7,2.3199999999999998E-2,70.849999999999994,0,70.709999999999994,5.7999999999999996E-3,72.680000000000007,5.5999999999999999E-3,76.959999999999994,5.3E-3,64.81,2.64E-2,63.9,2.6800000000000001E-2,70.06,5.8999999999999999E-3,77.239999999999995,5.3E-3,81.83,0,65.84,2.5999999999999999E-2,76.64,5.3E-3,72.73,2.35E-2,70.150000000000006,5.7999999999999996E-3,81.25,5.0000000000000001E-3,59.42,2.8799999999999999E-2,75,0,75.459999999999994,2.2700000000000001E-2]
["Alvenaria de Vedação",103334,"ALVENARIA DE VEDAÇÃO DE BLOCOS CERÂMICOS FURADOS NA HORIZONTAL DE 14X9X19 CM (ESPESSURA 14 CM, BLOCO DEITADO) E ARGAMASSA DE ASSENTAMENTO COM PREPARO EM BETONEIRA. AF_12/2021","M2",163.69,2.0299999999999999E-2,137.11000000000001,5.7999999999999996E-3,153.06,5.1999999999999998E-3,136.19,2.4199999999999999E-2,155.44999999999999,0,143.96,5.7999999999999996E-3,162.96,4.8999999999999998E-3,144.31,0,164.28,4.8999999999999998E-3,148.37,2.2200000000000001E-2,145.30000000000001,0,139.83000000000001,5.7000000000000002E-3,141.81,5.5999999999999999E-3,155.56,5.1000000000000004E-3,128.06,2.5899999999999999E-2,134.36000000000001,2.4500000000000001E-2,139.59,5.7000000000000002E-3,164.68,4.8999999999999998E-3,174.49,0,133.09,2.4899999999999999E-2,155.58000000000001,5.1000000000000004E-3,149.47999999999999,2.1999999999999999E-2,142.86000000000001,5.5999999999999999E-3,163.86,4.8999999999999998E-3,124.67,2.64E-2,158.15,0,147.66999999999999,2.23E-2]
["Alvenaria de Vedação",103335,"ALVENARIA DE VEDAÇÃO DE BLOCOS CERÂMICOS FURADOS NA HORIZONTAL DE 14X9X19 CM (ESPESSURA 14 CM, BLOCO DEITADO) E ARGAMASSA DE ASSENTAMENTO COM PREPARO MANUAL. AF_12/2021","M2",166.14,1.9800000000000002E-2,139.53,5.7000000000000002E-3,155.29,5.1999999999999998E-3,138.11000000000001,2.3800000000000002E-2,156.72999999999999,0,145.97,5.4999999999999997E-3,165.36,4.7999999999999996E-3,146.74,0,166.72,4.7999999999999996E-3,150.79,2.18E-2,147.19,0,141.76,5.5999999999999999E-3,144.02000000000001,5.5999999999999999E-3,158.04,5.1000000000000004E-3,130.38,2.52E-2,136.91999999999999,2.4E-2,141.4,5.7000000000000002E-3,167.52,4.7999999999999996E-3,177.56,0,135.09,2.4400000000000002E-2,158.33000000000001,5.1000000000000004E-3,151.87,2.1700000000000001E-2,144.41,5.4999999999999997E-3,165.92,4.7999999999999996E-3,126.62,2.5999999999999999E-2,161.18,0,149.85,2.1999999999999999E-2]
["Alvenaria de Vedação",103362,"ALVENARIA DE VEDAÇÃO DE BLOCOS CERÂMICOS FURADOS NA HORIZONTAL DE 19X19X29 CM (ESPESSURA 19 CM) E ARGAMASSA DE ASSENTAMENTO COM PREPARO EM BETONEIRA. AF_12/2021","M2",115.3,2.2200000000000001E-2,97.76,4.1999999999999997E-3,104.29,3.8999999999999998E-3,97.29,2.6100000000000002E-2,106.34,0,98.89,4.3E-3,114.39,3.5999999999999999E-3,95.2,0,118.56,3.5000000000000001E-3,103.35,2.46E-2,99.66,0,99.29,4.1000000000000003E-3,101.94,4.0000000000000001E-3,107.85,3.8E-3,90.55,2.8299999999999999E-2,89.55,2.8400000000000002E-2,98.53,4.1999999999999997E-3,109.34,3.7000000000000002E-3,115.47,0,92.59,2.76E-2,107.57,3.8E-3,102.1,2.4899999999999999E-2,99.05,4.1000000000000003E-3,114.43,3.5999999999999999E-3,83.87,3.0300000000000001E-2,105.6,0,105.66,2.4E-2]
["Alvenaria de Vedação",103363,"ALVENARIA DE VEDAÇÃO DE BLOCOS CERÂMICOS FURADOS NA HORIZONTAL DE 19X19X29 CM (ESPESSURA 19 CM) E ARGAMASSA DE ASSENTAMENTO COM PREPARO MANUAL. AF_12/2021","M2",116.89,2.1700000000000001E-2,99.32,4.1000000000000003E-3,105.72,3.8999999999999998E-3,98.52,2.58E-2,107.16,0,100.18,4.1000000000000003E-3,115.94,3.5000000000000001E-3,96.77,0,120.13,3.3999999999999998E-3,104.9,2.4199999999999999E-2,100.88,0,100.53,4.1000000000000003E-3,103.36,4.0000000000000001E-3,109.45,3.7000000000000002E-3,92.05,2.76E-2,91.19,2.7900000000000001E-2,99.69,4.1000000000000003E-3,111.17,3.7000000000000002E-3,117.44,0,93.88,2.7099999999999999E-2,109.34,3.7000000000000002E-3,103.64,2.4500000000000001E-2,100.05,4.1000000000000003E-3,115.76,3.5000000000000001E-3,85.13,2.98E-2,107.55,0,107.07,2.3699999999999999E-2]
["Alvenaria de Vedação",103370,"ALVENARIA DE VEDAÇÃO DE BLOCOS CERÂMICOS FURADOS NA HORIZONTAL DE 19X19X39 CM (ESPESSURA 19 CM) E ARGAMASSA DE ASSENTAMENTO COM PREPARO EM BETONEIRA. AF_12/2021","M2",103.47,2.47E-2,88.21,4.5999999999999999E-3,91.95,4.4999999999999997E-3,87.95,2.8899999999999999E-2,93.84,0,87.52,4.8999999999999998E-3,102.51,4.0000000000000001E-3,82.51,0,107.36,3.8E-3,92.17,2.76E-2,88.28,0,89.49,4.5999999999999999E-3,92.37,4.4000000000000003E-3,96.13,4.3E-3,81.37,3.15E-2,78.150000000000006,3.2500000000000001E-2,88.48,4.5999999999999999E-3,94.85,4.3E-3,100.08,0,82.48,3.1E-2,95.66,4.3E-3,90.38,2.81E-2,88.11,4.7000000000000002E-3,102.13,4.0000000000000001E-3,73.209999999999994,3.4700000000000002E-2,92.03,0,95.52,2.6599999999999999E-2]
["Alvenaria de Vedação",103371,"ALVENARIA DE VEDAÇÃO DE BLOCOS CERÂMICOS FURADOS NA HORIZONTAL DE 19X19X39 CM (ESPESSURA 19 CM) E ARGAMASSA DE ASSENTAMENTO COM PREPARO MANUAL. AF_12/2021","M2",104.9,2.4199999999999999E-2,89.62,4.5999999999999999E-3,93.25,4.4000000000000003E-3,89.07,2.8500000000000001E-2,94.59,0,88.69,4.5999999999999999E-3,103.91,3.8999999999999998E-3,83.92,0,108.78,3.8E-3,93.58,2.7099999999999999E-2,89.39,0,90.62,4.4999999999999997E-3,93.67,4.4000000000000003E-3,97.58,4.1999999999999997E-3,82.73,3.0700000000000002E-2,79.64,3.1899999999999998E-2,89.54,4.5999999999999999E-3,96.51,4.1999999999999997E-3,101.87,0,83.65,3.04E-2,97.27,4.1999999999999997E-3,91.77,2.7699999999999999E-2,89.02,4.5999999999999999E-3,103.34,4.0000000000000001E-3,74.349999999999994,3.4200000000000001E-2,93.8,0,96.79,2.6200000000000001E-2]
["Alvenaria de Vedação",103332,"ALVENARIA DE VEDAÇÃO DE BLOCOS CERÂMICOS FURADOS NA HORIZONTAL DE 9X14X19 CM (ESPESSURA 9 CM) E ARGAMASSA DE ASSENTAMENTO COM PREPARO EM BETONEIRA. AF_12/2021","M2",133.19999999999999,1.0699999999999999E-2,111.92,2.5000000000000001E-3,127.24,2.2000000000000001E-3,110.35,1.2800000000000001E-2,129.04,0,119.64,2.5000000000000001E-3,133.87,2.0999999999999999E-3,122.57,0,133.86000000000001,2.0999999999999999E-3,122.3,1.15E-2,120.12,0,114.25,2.5000000000000001E-3,114.8,2.3999999999999998E-3,127.65,2.2000000000000001E-3,104.81,1.3599999999999999E-2,112.78,1.2500000000000001E-2,114.1,2.5000000000000001E-3,140.33000000000001,2E-3,148.59,0,110.11,1.2999999999999999E-2,128.37,2.2000000000000001E-3,124.14,1.14E-2,118.14,2.3999999999999998E-3,135.69999999999999,2.0999999999999999E-3,104.59,1.35E-2,134.44,0,120.07,1.17E-2]
["Alvenaria de Vedação",103333,"ALVENARIA DE VEDAÇÃO DE BLOCOS CERÂMICOS FURADOS NA HORIZONTAL DE 9X14X19 CM (ESPESSURA 9 CM) E ARGAMASSA DE ASSENTAMENTO COM PREPARO MANUAL. AF_12/2021","M2",134.61000000000001,1.0500000000000001E-2,113.3,2.5000000000000001E-3,128.52000000000001,2.2000000000000001E-3,111.45,1.2699999999999999E-2,129.77000000000001,0,120.79,2.3E-3,135.24,2.0999999999999999E-3,123.96,0,135.26,2.0999999999999999E-3,123.69,1.14E-2,121.21,0,115.36,2.3999999999999998E-3,116.07,2.3999999999999998E-3,129.07,2.2000000000000001E-3,106.14,1.3299999999999999E-2,114.24,1.23E-2,115.14,2.3999999999999998E-3,141.96,2E-3,150.35,0,111.26,1.2699999999999999E-2,129.94999999999999,2.2000000000000001E-3,125.51,1.12E-2,119.03,2.3999999999999998E-3,136.88,2E-3,105.71,1.3299999999999999E-2,136.18,0,121.32,1.1599999999999999E-2]
["Alvenaria de Vedação",103352,"ALVENARIA DE VEDAÇÃO DE BLOCOS CERÂMICOS FURADOS NA HORIZONTAL DE 9X14X24 CM (ESPESSURA 9 CM) E ARGAMASSA DE ASSENTAMENTO COM PREPARO EM BETONEIRA. AF_12/2021","M2",115.11,1.23E-2,97.08,2.8999999999999998E-3,109.02,2.5999999999999999E-3,95.93,1.47E-2,110.75,0,102.64,2.8E-3,115.47,2.3999999999999998E-3,104.23,0,116.14,2.3999999999999998E-3,105.4,1.34E-2,103.12,0,99.01,2.8E-3,99.51,2.8E-3,109.97,2.5000000000000001E-3,90.69,1.5699999999999999E-2,96.27,1.46E-2,98.67,2.8E-3,119.26,2.3E-3,126.39,0,94.71,1.4999999999999999E-2,110.55,2.5000000000000001E-3,106.39,1.3299999999999999E-2,101.71,2.8E-3,116.87,2.3999999999999998E-3,89.47,1.5800000000000002E-2,114.31,0,104.11,1.35E-2]
["Alvenaria de Vedação",103353,"ALVENARIA DE VEDAÇÃO DE BLOCOS CERÂMICOS FURADOS NA HORIZONTAL DE 9X14X24 CM (ESPESSURA 9 CM) E ARGAMASSA DE ASSENTAMENTO COM PREPARO MANUAL. AF_12/2021","M2",116.41,1.21E-2,98.36,2.8E-3,110.2,2.5000000000000001E-3,96.94,1.4500000000000001E-2,111.43,0,103.7,2.7000000000000001E-3,116.74,2.3999999999999998E-3,105.52,0,117.43,2.3999999999999998E-3,106.68,1.32E-2,104.13,0,100.03,2.8E-3,100.68,2.8E-3,111.29,2.5000000000000001E-3,91.92,1.5299999999999999E-2,97.62,1.44E-2,99.63,2.8E-3,120.77,2.3E-3,128.02000000000001,0,95.77,1.47E-2,112.01,2.5000000000000001E-3,107.65,1.3100000000000001E-2,102.53,2.7000000000000001E-3,117.96,2.3999999999999998E-3,90.51,1.5599999999999999E-2,115.91,0,105.26,1.34E-2]
["Alvenaria de Vedação",103328,"ALVENARIA DE VEDAÇÃO DE BLOCOS CERÂMICOS FURADOS NA HORIZONTAL DE 9X19X19 CM (ESPESSURA 9 CM) E ARGAMASSA DE ASSENTAMENTO COM PREPARO EM BETONEIRA. AF_12/2021","M2",105.9,9.7000000000000003E-3,89.14,2.2000000000000001E-3,99.71,2E-3,88.22,1.1599999999999999E-2,101.37,0,93.99,2.2000000000000001E-3,106.1,1.9E-3,94.82,0,107.18,1.9E-3,96.64,1.06E-2,94.39,0,90.9,2.2000000000000001E-3,91.63,2.2000000000000001E-3,100.76,2E-3,83.35,1.24E-2,87.82,1.1599999999999999E-2,90.56,2.2000000000000001E-3,108.72,1.8E-3,115.2,0,86.89,1.1900000000000001E-2,101.14,2E-3,97.43,1.0500000000000001E-2,93.18,2.0999999999999999E-3,107.29,1.9E-3,81.680000000000007,1.2500000000000001E-2,104.37,0,95.93,1.06E-2]
["Alvenaria de Vedação",103329,"ALVENARIA DE VEDAÇÃO DE BLOCOS CERÂMICOS FURADOS NA HORIZONTAL DE 9X19X19 CM (ESPESSURA 9 CM) E ARGAMASSA DE ASSENTAMENTO COM PREPARO MANUAL. AF_12/2021","M2",107.13,9.4999999999999998E-3,90.34,2.2000000000000001E-3,100.82,2E-3,89.17,1.14E-2,102,0,94.98,2.0999999999999999E-3,107.3,1.9E-3,96.03,0,108.39,1.8E-3,97.84,1.04E-2,95.34,0,91.86,2.2000000000000001E-3,92.73,2.2000000000000001E-3,101.99,2E-3,84.5,1.21E-2,89.09,1.14E-2,91.46,2.2000000000000001E-3,110.13,1.8E-3,116.73,0,87.88,1.1599999999999999E-2,102.51,2E-3,98.61,1.03E-2,93.95,2.0999999999999999E-3,108.32,1.8E-3,82.65,1.23E-2,105.87,0,97.01,1.0500000000000001E-2]
["Alvenaria de Vedação",103356,"ALVENARIA DE VEDAÇÃO DE BLOCOS CERÂMICOS FURADOS NA HORIZONTAL DE 9X19X29 CM (ESPESSURA 9 CM) E ARGAMASSA DE ASSENTAMENTO COM PREPARO EM BETONEIRA. AF_12/2021","M2",71.69,1.44E-2,60.72,3.3E-3,64.25,3.0999999999999999E-3,60.66,1.6799999999999999E-2,65.8,0,61.04,3.3999999999999998E-3,71.13,2.8E-3,58.24,0,73.87,2.7000000000000001E-3,64.11,1.5900000000000001E-2,61.48,0,61.68,3.2000000000000002E-3,63.11,3.2000000000000002E-3,66.72,3.0000000000000001E-3,56.23,1.83E-2,55.12,1.8499999999999999E-2,61.11,3.3E-3,67.06,3.0000000000000001E-3,71,0,57.27,1.7999999999999999E-2,66.42,3.0000000000000001E-3,63.23,1.61E-2,61.24,3.3E-3,71.069999999999993,2.8E-3,51.55,1.9800000000000002E-2,65.02,0,65.78,1.55E-2]
["Alvenaria de Vedação",103357,"ALVENARIA DE VEDAÇÃO DE BLOCOS CERÂMICOS FURADOS NA HORIZONTAL DE 9X19X29 CM (ESPESSURA 9 CM) E ARGAMASSA DE ASSENTAMENTO COM PREPARO MANUAL. AF_12/2021","M2",72.72,1.4E-2,61.73,3.2000000000000002E-3,65.19,3.0999999999999999E-3,61.47,1.66E-2,66.34,0,61.88,3.2000000000000002E-3,72.14,2.8E-3,59.26,0,74.89,2.7000000000000001E-3,65.12,1.5699999999999999E-2,62.28,0,62.49,3.2000000000000002E-3,64.040000000000006,3.0999999999999999E-3,67.760000000000005,3.0000000000000001E-3,57.21,1.78E-2,56.2,1.8100000000000002E-2,61.87,3.2000000000000002E-3,68.25,2.8999999999999998E-3,72.3,0,58.11,1.7600000000000001E-2,67.58,3.0000000000000001E-3,64.239999999999995,1.5900000000000001E-2,61.9,3.2000000000000002E-3,71.94,2.8E-3,52.37,1.95E-2,66.290000000000006,0,66.69,1.5299999999999999E-2]
["Alvenaria de Vedação",103364,"ALVENARIA DE VEDAÇÃO DE BLOCOS CERÂMICOS FURADOS NA HORIZONTAL DE 9X19X39 CM (ESPESSURA 9 CM) E ARGAMASSA DE ASSENTAMENTO COM PREPARO EM BETONEIRA. AF_12/2021","M2",60.32,2.06E-2,51.06,8.0000000000000002E-3,53.61,7.6E-3,51.11,2.41E-2,55.03,0,50.99,8.2000000000000007E-3,59.72,6.8999999999999999E-3,48.08,0,62.32,6.6E-3,53.76,2.29E-2,51.67,0,51.94,7.9000000000000008E-3,53.39,7.7000000000000002E-3,55.96,7.3000000000000001E-3,47.36,2.6200000000000001E-2,45.75,2.69E-2,51.45,8.0000000000000002E-3,55.32,7.4000000000000003E-3,58.7,0,48,2.58E-2,55.57,7.4000000000000003E-3,52.75,2.3300000000000001E-2,51.3,8.0000000000000002E-3,59.44,6.8999999999999999E-3,42.79,2.87E-2,53.79,0,55.53,2.2200000000000001E-2]
["Alvenaria de Vedação",103365,"ALVENARIA DE VEDAÇÃO DE BLOCOS CERÂMICOS FURADOS NA HORIZONTAL DE 9X19X39 CM (ESPESSURA 9 CM) E ARGAMASSA DE ASSENTAMENTO COM PREPARO MANUAL. AF_12/2021","M2",61.03,1.67E-2,51.76,3.8999999999999998E-3,54.24,3.7000000000000002E-3,51.62,1.9800000000000002E-2,55.19,0,51.54,3.8999999999999998E-3,60.42,3.3E-3,48.81,0,63.03,3.2000000000000002E-3,54.46,1.8700000000000001E-2,51.94,0,52.46,3.8E-3,54.01,3.7000000000000002E-3,56.68,3.5000000000000001E-3,48.02,2.12E-2,46.51,2.1899999999999999E-2,51.92,3.8999999999999998E-3,56.18,3.5999999999999999E-3,59.51,0,48.54,2.1000000000000001E-2,56.4,3.5000000000000001E-3,53.44,1.9099999999999999E-2,51.67,3.8999999999999998E-3,60.01,3.3E-3,43.32,2.35E-2,54.73,0,56.14,1.8200000000000001E-2]
["Alvenaria de Vedação",103350,"ALVENARIA DE VEDAÇÃO DE BLOCOS CERÂMICOS FURADOS NA HORIZONTAL DE 9X9X19 CM (ESPESSURA 9 CM) E ARGAMASSA DE ASSENTAMENTO COM PREPARO EM BETONEIRA. AF_12/2021","M2",195.58,1.0200000000000001E-2,165.1,2.3999999999999998E-3,184.39,2.2000000000000001E-3,162.79,1.21E-2,187.56,0,174.03,2.3999999999999998E-3,196.65,2E-3,175.69,0,199.06,2E-3,179.16,1.0999999999999999E-2,174.65,0,168.3,2.3999999999999998E-3,169.86,2.3999999999999998E-3,186.42,2.0999999999999999E-3,154.33000000000001,1.29E-2,162.09,1.2200000000000001E-2,167.92,2.3999999999999998E-3,202.38,2E-3,213.74,0,161.02000000000001,1.24E-2,187.34,2.0999999999999999E-3,180.16,1.09E-2,172.62,2.3E-3,199.2,2E-3,151.38999999999999,1.2999999999999999E-2,193.82,0,177.69,1.11E-2]
["Alvenaria de Vedação",103351,"ALVENARIA DE VEDAÇÃO DE BLOCOS CERÂMICOS FURADOS NA HORIZONTAL DE 9X9X19 CM (ESPESSURA 9 CM) E ARGAMASSA DE ASSENTAMENTO COM PREPARO MANUAL. AF_12/2021","M2",197.38,0.01,166.87,2.3999999999999998E-3,186.02,2.2000000000000001E-3,164.19,1.2E-2,188.49,0,175.5,2.3E-3,198.41,2E-3,177.47,0,200.85,2E-3,180.93,1.09E-2,176.04,0,169.72,2.3999999999999998E-3,171.48,2.3E-3,188.23,2.0999999999999999E-3,156.03,1.26E-2,163.97,1.2E-2,169.24,2.3999999999999998E-3,204.46,2E-3,215.98,0,162.49,1.21E-2,189.36,2.0999999999999999E-3,181.91,1.0800000000000001E-2,173.76,2.3E-3,200.71,2E-3,152.81,1.29E-2,196.04,0,179.29,1.0999999999999999E-2]
["Alvenaria de Vedação",103344,"ALVENARIA DE VEDAÇÃO DE BLOCOS CERÂMICOS FURADOS NA VERTICAL DE 11,5X19X29 CM (ESPESSURA 11,5 CM) E ARGAMASSA DE ASSENTAMENTO COM PREPARO EM BETONEIRA. AF_12/2021","M2",98.05,1.5100000000000001E-2,82.5,5.0000000000000001E-3,86.93,4.7000000000000002E-3,82.82,1.7600000000000001E-2,88.99,0,82.64,5.1999999999999998E-3,96.74,4.1999999999999997E-3,77.97,0,100.82,4.1000000000000003E-3,87,1.6799999999999999E-2,83.45,0,84.14,4.8999999999999998E-3,86.39,4.7000000000000002E-3,90.94,4.4999999999999997E-3,76.569999999999993,1.9300000000000001E-2,74.36,1.9599999999999999E-2,83.14,4.8999999999999998E-3,89.56,4.5999999999999999E-3,94.91,0,77.69,1.9099999999999999E-2,90.04,4.5999999999999999E-3,85.51,1.7100000000000001E-2,82.98,4.8999999999999998E-3,96.19,4.3E-3,69.44,2.1000000000000001E-2,87.09,0,89.97,1.6199999999999999E-2]
["Alvenaria de Vedação",103345,"ALVENARIA DE VEDAÇÃO DE BLOCOS CERÂMICOS FURADOS NA VERTICAL DE 11,5X19X29 CM (ESPESSURA 11,5 CM) E ARGAMASSA DE ASSENTAMENTO COM PREPARO MANUAL. AF_12/2021","M2",99.68,1.46E-2,84.11,4.8999999999999998E-3,88.42,4.5999999999999999E-3,84.09,1.7399999999999999E-2,89.85,0,83.98,4.8999999999999998E-3,98.34,4.1999999999999997E-3,79.58,0,102.45,4.0000000000000001E-3,88.61,1.6500000000000001E-2,84.71,0,85.43,4.7999999999999996E-3,87.86,4.7000000000000002E-3,92.59,4.4000000000000003E-3,78.12,1.8700000000000001E-2,76.069999999999993,1.9199999999999998E-2,84.34,4.8999999999999998E-3,91.45,4.4999999999999997E-3,96.96,0,79.02,1.8499999999999999E-2,91.87,4.4999999999999997E-3,87.1,1.6799999999999999E-2,84.01,4.8999999999999998E-3,97.56,4.1999999999999997E-3,70.739999999999995,2.06E-2,89.11,0,91.43,1.6E-2]
["Alvenaria de Vedação",103348,"ALVENARIA DE VEDAÇÃO DE BLOCOS CERÂMICOS FURADOS NA VERTICAL DE 11,5X19X39 CM (ESPESSURA 11,5 CM) E ARGAMASSA DE ASSENTAMENTO COM PREPARO EM BETONEIRA. AF_12/2021","M2",83.59,1.77E-2,70.31,5.7999999999999996E-3,73.37,5.5999999999999999E-3,70.739999999999995,2.06E-2,75.209999999999994,0,69.819999999999993,6.1999999999999998E-3,82.16,5.0000000000000001E-3,65,0,86.19,4.7999999999999996E-3,73.84,1.9800000000000002E-2,70.62,0,71.58,5.7000000000000002E-3,73.78,5.5999999999999999E-3,77.16,5.3E-3,65.12,2.2700000000000001E-2,62.34,2.3400000000000001E-2,70.83,5.7999999999999996E-3,74.739999999999995,5.4999999999999997E-3,79.290000000000006,0,65.81,2.2499999999999999E-2,76.16,5.4000000000000003E-3,72.31,2.0199999999999999E-2,70.22,5.7999999999999996E-3,81.59,5.0000000000000001E-3,58.39,2.5000000000000001E-2,72.81,0,76.67,1.9E-2]
["Alvenaria de Vedação",103349,"ALVENARIA DE VEDAÇÃO DE BLOCOS CERÂMICOS FURADOS NA VERTICAL DE 11,5X19X39 CM (ESPESSURA 11,5 CM) E ARGAMASSA DE ASSENTAMENTO COM PREPARO MANUAL. AF_12/2021","M2",85.08,1.72E-2,71.77,5.7000000000000002E-3,74.73,5.4999999999999997E-3,71.900000000000006,2.0299999999999999E-2,75.98,0,71.040000000000006,5.7999999999999996E-3,83.61,4.8999999999999998E-3,66.47,0,87.67,4.7000000000000002E-3,75.31,1.9400000000000001E-2,71.77,0,72.75,5.5999999999999999E-3,75.12,5.4999999999999997E-3,78.66,5.1999999999999998E-3,66.53,2.1899999999999999E-2,63.89,2.29E-2,71.92,5.7000000000000002E-3,76.459999999999994,5.4000000000000003E-3,81.150000000000006,0,67.03,2.18E-2,77.83,5.3E-3,73.760000000000005,1.9800000000000002E-2,71.16,5.7999999999999996E-3,82.84,4.8999999999999998E-3,59.57,2.4500000000000001E-2,74.64,0,77.989999999999995,1.8700000000000001E-2]
["Alvenaria de Vedação",103346,"ALVENARIA DE VEDAÇÃO DE BLOCOS CERÂMICOS FURADOS NA VERTICAL DE 14X19X29 CM (ESPESSURA 14 CM) E ARGAMASSA DE ASSENTAMENTO COM PREPARO EM BETONEIRA. AF_12/2021","M2",107.93,1.6E-2,90.9,4.4999999999999997E-3,96.61,4.1999999999999997E-3,91.05,1.8800000000000001E-2,98.85,0,91.71,4.7000000000000002E-3,106.7,3.8E-3,87.23,0,110.76,3.7000000000000002E-3,96.21,1.78E-2,92.53,0,92.65,4.4000000000000003E-3,94.85,4.3E-3,100.39,4.1000000000000003E-3,84.42,2.0500000000000001E-2,82.8,2.07E-2,91.75,4.4999999999999997E-3,100.21,4.1000000000000003E-3,106.28,0,86.01,2.01E-2,99.68,4.1000000000000003E-3,94.9,1.7999999999999999E-2,91.88,4.4999999999999997E-3,106.36,3.8999999999999998E-3,77.319999999999993,2.2100000000000002E-2,97.19,0,98.9,1.7299999999999999E-2]
["Alvenaria de Vedação",103347,"ALVENARIA DE VEDAÇÃO DE BLOCOS CERÂMICOS FURADOS NA VERTICAL DE 14X19X29 CM (ESPESSURA 14 CM) E ARGAMASSA DE ASSENTAMENTO COM PREPARO MANUAL. AF_12/2021","M2",109.67,1.5599999999999999E-2,92.62,4.4000000000000003E-3,98.2,4.1999999999999997E-3,92.41,1.8499999999999999E-2,99.76,0,93.13,4.4000000000000003E-3,108.41,3.8E-3,88.95,0,112.49,3.5999999999999999E-3,97.93,1.7500000000000002E-2,93.87,0,94.02,4.4000000000000003E-3,96.42,4.3E-3,102.15,4.0000000000000001E-3,86.07,1.9900000000000001E-2,84.62,2.0199999999999999E-2,93.03,4.4000000000000003E-3,102.23,4.0000000000000001E-3,108.46,0,87.43,1.9599999999999999E-2,101.64,4.0000000000000001E-3,96.6,1.77E-2,92.98,4.4000000000000003E-3,107.82,3.8E-3,78.7,2.1700000000000001E-2,99.34,0,100.45,1.7000000000000001E-2]
["Alvenaria de Vedação",103324,"ALVENARIA DE VEDAÇÃO DE BLOCOS CERÂMICOS FURADOS NA VERTICAL DE 14X19X39 CM (ESPESSURA 14 CM) E ARGAMASSA DE ASSENTAMENTO COM PREPARO EM BETONEIRA. AF_12/2021","M2",94.26,1.84E-2,79.61,5.1999999999999998E-3,83.06,4.8999999999999998E-3,79.930000000000007,2.1399999999999999E-2,85.01,0,79.05,5.4000000000000003E-3,92.87,4.4000000000000003E-3,73.94,0,97.27,4.1999999999999997E-3,83.44,2.0500000000000001E-2,79.86,0,80.97,5.1000000000000004E-3,83.29,4.8999999999999998E-3,87.11,4.7000000000000002E-3,73.599999999999994,2.35E-2,70.7,2.4199999999999999E-2,80,5.1000000000000004E-3,84.92,4.7999999999999996E-3,89.99,0,74.489999999999995,2.3199999999999998E-2,86.25,4.7999999999999996E-3,81.760000000000005,2.0899999999999998E-2,79.47,5.1999999999999998E-3,92.28,4.4000000000000003E-3,66.06,2.5899999999999999E-2,82.74,0,86.64,1.9699999999999999E-2]
["Alvenaria de Vedação",103325,"ALVENARIA DE VEDAÇÃO DE BLOCOS CERÂMICOS FURADOS NA VERTICAL DE 14X19X39 CM (ESPESSURA 14 CM) E ARGAMASSA DE ASSENTAMENTO COM PREPARO MANUAL. AF_12/2021","M2",95.85,1.78E-2,81.17,5.1000000000000004E-3,84.49,4.8999999999999998E-3,81.16,2.1100000000000001E-2,85.83,0,80.34,5.1000000000000004E-3,94.42,4.3E-3,75.510000000000005,0,98.84,4.1000000000000003E-3,84.99,2.01E-2,81.08,0,82.21,5.0000000000000001E-3,84.71,4.7999999999999996E-3,88.71,4.5999999999999999E-3,75.099999999999994,2.2800000000000001E-2,72.34,2.3599999999999999E-2,81.16,5.1000000000000004E-3,86.75,4.7000000000000002E-3,91.96,0,75.78,2.2599999999999999E-2,88.02,4.7000000000000002E-3,83.3,2.0500000000000001E-2,80.47,5.1000000000000004E-3,93.61,4.4000000000000003E-3,67.319999999999993,2.5399999999999999E-2,84.69,0,88.05,1.9400000000000001E-2]
["Alvenaria de Vedação",103326,"ALVENARIA DE VEDAÇÃO DE BLOCOS CERÂMICOS FURADOS NA VERTICAL DE 19X19X39 CM (ESPESSURA 19 CM) E ARGAMASSA DE ASSENTAMENTO COM PREPARO EM BETONEIRA. AF_12/2021","M2",110.94,2.3099999999999999E-2,93.98,4.4000000000000003E-3,97.91,4.1999999999999997E-3,94.2,2.7E-2,100.08,0,93.14,4.5999999999999999E-3,109.4,3.7000000000000002E-3,87.1,0,114.71,3.5999999999999999E-3,98.31,2.58E-2,94.01,0,95.53,4.3E-3,98.61,4.1999999999999997E-3,102.7,4.0000000000000001E-3,86.87,2.9499999999999998E-2,83.09,3.0599999999999999E-2,94.47,4.3E-3,99.84,4.1000000000000003E-3,105.57,0,87.8,2.92E-2,101.76,4.0000000000000001E-3,96.14,2.64E-2,93.79,4.4000000000000003E-3,108.6,3.8E-3,77.75,3.27E-2,97.12,0,102.1,2.4899999999999999E-2]
["Alvenaria de Vedação",103327,"ALVENARIA DE VEDAÇÃO DE BLOCOS CERÂMICOS FURADOS NA VERTICAL DE 19X19X39 CM (ESPESSURA 19 CM) E ARGAMASSA DE ASSENTAMENTO COM PREPARO MANUAL. AF_12/2021","M2",112.79,2.2499999999999999E-2,95.81,4.3E-3,99.59,4.1000000000000003E-3,95.64,2.6599999999999999E-2,101.04,0,94.65,4.3E-3,111.21,3.7000000000000002E-3,88.93,0,116.55,3.5000000000000001E-3,100.13,2.5399999999999999E-2,95.44,0,96.98,4.1999999999999997E-3,100.28,4.1000000000000003E-3,104.56,3.8999999999999998E-3,88.62,2.87E-2,85.02,2.9899999999999999E-2,95.83,4.3E-3,101.98,4.0000000000000001E-3,107.89,0,89.31,2.8400000000000002E-2,103.84,3.8999999999999998E-3,97.94,2.5899999999999999E-2,94.96,4.3E-3,110.16,3.7000000000000002E-3,79.22,3.2099999999999997E-2,99.41,0,103.74,2.4500000000000001E-2]
["Alvenaria de Vedação",103322,"ALVENARIA DE VEDAÇÃO DE BLOCOS CERÂMICOS FURADOS NA VERTICAL DE 9X19X39 CM (ESPESSURA 9 CM) E ARGAMASSA DE ASSENTAMENTO COM PREPARO EM BETONEIRA. AF_12/2021","M2",71.53,1.4500000000000001E-2,60.06,3.3E-3,62.36,3.2000000000000002E-3,60.65,1.6799999999999999E-2,63.84,0,59.35,3.7000000000000002E-3,70.14,2.8999999999999998E-3,54.73,0,73.69,2.7000000000000001E-3,62.87,1.6199999999999999E-2,59.92,0,61.09,3.3E-3,63.05,3.2000000000000002E-3,65.83,3.0000000000000001E-3,55.6,1.8700000000000001E-2,52.77,1.9300000000000001E-2,60.39,3.3E-3,62.98,3.2000000000000002E-3,66.66,0,56.02,1.8599999999999998E-2,64.8,3.0999999999999999E-3,61.47,1.66E-2,59.75,3.3E-3,69.37,2.8999999999999998E-3,49.34,2.07E-2,61.42,0,65.58,1.5599999999999999E-2]
["Alvenaria de Vedação",103323,"ALVENARIA DE VEDAÇÃO DE BLOCOS CERÂMICOS FURADOS NA VERTICAL DE 9X19X39 CM (ESPESSURA 9 CM) E ARGAMASSA DE ASSENTAMENTO COM PREPARO MANUAL. AF_12/2021","M2",72.92,1.4E-2,61.44,3.3E-3,63.63,3.0999999999999999E-3,61.74,1.6500000000000001E-2,64.569999999999993,0,60.49,3.3E-3,71.5,2.8E-3,56.11,0,75.08,2.7000000000000001E-3,64.25,1.5900000000000001E-2,61,0,62.19,3.2000000000000002E-3,64.31,3.0999999999999999E-3,67.239999999999995,3.0000000000000001E-3,56.92,1.7899999999999999E-2,54.22,1.8800000000000001E-2,61.41,3.3E-3,64.599999999999994,3.0999999999999999E-3,68.400000000000006,0,57.16,1.78E-2,66.36,3.0000000000000001E-3,62.82,1.6199999999999999E-2,60.63,3.3E-3,70.540000000000006,2.8E-3,50.45,2.0199999999999999E-2,63.14,0,66.819999999999993,1.5299999999999999E-2]
["Alvenaria de Vedação",103338,"ALVENARIA DE VEDAÇÃO DE BLOCOS VAZADOS DE CONCRETO APARENTE DE 14X19X39 CM (ESPESSURA 14 CM) E ARGAMASSA DE ASSENTAMENTO COM PREPARO EM BETONEIRA. AF_12/2021","M2",148.12,1.17E-2,102.52,4.0000000000000001E-3,120.73,3.3999999999999998E-3,113.45,1.5100000000000001E-2,108.76,0,117.43,3.7000000000000002E-3,127.2,3.2000000000000002E-3,119.14,0,116.08,3.5000000000000001E-3,120.09,1.4200000000000001E-2,119.64,0,108.09,3.8E-3,111.1,3.7000000000000002E-3,121.05,3.3999999999999998E-3,106.15,1.6299999999999999E-2,112.78,1.52E-2,99.51,4.1000000000000003E-3,118.24,3.5000000000000001E-3,123.1,0,117.88,1.47E-2,134.38,3.0999999999999999E-3,130.01,1.32E-2,124.19,3.3E-3,124.94,3.3E-3,103.5,1.6500000000000001E-2,121.32,0,117.35,1.46E-2]
["Alvenaria de Vedação",103339,"ALVENARIA DE VEDAÇÃO DE BLOCOS VAZADOS DE CONCRETO APARENTE DE 14X19X39 CM (ESPESSURA 14 CM) E ARGAMASSA DE ASSENTAMENTO COM PREPARO MANUAL. AF_12/2021","M2",149.49,1.14E-2,103.87,3.8999999999999998E-3,121.98,3.3999999999999998E-3,114.51,1.49E-2,109.48,0,118.55,3.5000000000000001E-3,128.54,3.2000000000000002E-3,120.5,0,117.44,3.5000000000000001E-3,121.43,1.41E-2,120.7,0,109.17,3.8E-3,112.33,3.5999999999999999E-3,122.43,3.3E-3,107.44,1.5900000000000001E-2,114.2,1.4999999999999999E-2,100.52,4.1000000000000003E-3,119.82,3.3999999999999998E-3,124.81,0,119,1.44E-2,135.91,3.0000000000000001E-3,131.34,1.2999999999999999E-2,125.06,3.3E-3,126.09,3.3E-3,104.59,1.6299999999999999E-2,123.01,0,118.56,1.44E-2]
["Alvenaria de Vedação",103340,"ALVENARIA DE VEDAÇÃO DE BLOCOS VAZADOS DE CONCRETO APARENTE DE 19X19X39 CM (ESPESSURA 19 CM) E ARGAMASSA DE ASSENTAMENTO COM PREPARO EM BETONEIRA. AF_12/2021","M2",180.98,1.41E-2,124.44,3.3E-3,146.13999999999999,2.8E-3,138.43,1.83E-2,130.75,0,142.44,3.0000000000000001E-3,154.30000000000001,2.7000000000000001E-3,144.04,0,140.4,2.8999999999999998E-3,145.75,1.7399999999999999E-2,145,0,131.33000000000001,3.0999999999999999E-3,135.5,3.0000000000000001E-3,146.88,2.8E-3,129.19999999999999,1.9800000000000002E-2,136.53,1.8599999999999998E-2,120.39,3.3999999999999998E-3,141.59,2.8999999999999998E-3,147.01,0,143.66999999999999,1.78E-2,163.68,2.5000000000000001E-3,158.01,1.61E-2,151.15,2.7000000000000001E-3,151.13999999999999,2.7000000000000001E-3,125.28,2.0299999999999999E-2,145.78,0,142.81,1.78E-2]
["Alvenaria de Vedação",103341,"ALVENARIA DE VEDAÇÃO DE BLOCOS VAZADOS DE CONCRETO APARENTE DE 19X19X39 CM (ESPESSURA 19 CM) E ARGAMASSA DE ASSENTAMENTO COM PREPARO MANUAL. AF_12/2021","M2",182.7,1.3899999999999999E-2,126.14,3.3E-3,147.69999999999999,2.8E-3,139.77000000000001,1.8200000000000001E-2,131.63999999999999,0,143.85,2.8999999999999998E-3,155.97999999999999,2.5999999999999999E-3,145.72999999999999,0,142.1,2.8999999999999998E-3,147.44,1.72E-2,146.33000000000001,0,132.68,3.0999999999999999E-3,137.04,3.0000000000000001E-3,148.61000000000001,2.8E-3,130.83000000000001,1.9400000000000001E-2,138.32,1.84E-2,121.65,3.3999999999999998E-3,143.57,2.8999999999999998E-3,149.16,0,145.07,1.7500000000000002E-2,165.61,2.5000000000000001E-3,159.68,1.5900000000000001E-2,152.22999999999999,2.7000000000000001E-3,152.58000000000001,2.7000000000000001E-3,126.64,2.01E-2,147.9,0,144.34,1.7600000000000001E-2]
["Alvenaria de Vedação",103336,"ALVENARIA DE VEDAÇÃO DE BLOCOS VAZADOS DE CONCRETO APARENTE DE 9X19X39 CM (ESPESSURA 9 CM) E ARGAMASSA DE ASSENTAMENTO COM PREPARO EM BETONEIRA. AF_12/2021","M2",113.75,9.1000000000000004E-3,77.989999999999995,2.5999999999999999E-3,91.97,2.2000000000000001E-3,86.98,1.17E-2,82.65,0,89.51,2.3E-3,97.1,2.0999999999999999E-3,90.54,0,88.4,2.3E-3,91.73,1.11E-2,91.06,0,82.5,2.3999999999999998E-3,84.81,2.3999999999999998E-3,92.38,2.2000000000000001E-3,81.13,1.2699999999999999E-2,85.99,1.1900000000000001E-2,75.8,2.5999999999999999E-3,89.4,2.2000000000000001E-3,93.03,0,90.13,1.14E-2,102.73,1.9E-3,99.3,1.03E-2,94.83,2.0999999999999999E-3,95.09,2.0999999999999999E-3,78.84,1.29E-2,91.98,0,89.8,1.14E-2]
["Alvenaria de Vedação",103337,"ALVENARIA DE VEDAÇÃO DE BLOCOS VAZADOS DE CONCRETO APARENTE DE 9X19X39 CM (ESPESSURA 9 CM) E ARGAMASSA DE ASSENTAMENTO COM PREPARO MANUAL. AF_12/2021","M2",114.92,8.8999999999999999E-3,79.14,2.5000000000000001E-3,93.03,2.0999999999999999E-3,87.89,1.1599999999999999E-2,83.26,0,90.47,2.2000000000000001E-3,98.24,2E-3,91.7,0,89.56,2.2000000000000001E-3,92.88,1.0999999999999999E-2,91.97,0,83.41,2.3999999999999998E-3,85.86,2.3E-3,93.55,2.0999999999999999E-3,82.23,1.24E-2,87.21,1.17E-2,76.650000000000006,2.5999999999999999E-3,90.75,2.2000000000000001E-3,94.49,0,91.09,1.12E-2,104.04,1.9E-3,100.44,1.0200000000000001E-2,95.57,2.0999999999999999E-3,96.07,2.0999999999999999E-3,79.760000000000005,1.2800000000000001E-2,93.42,0,90.84,1.12E-2]
["Alvenaria de Vedação",103342,"ALVENARIA DE VEDAÇÃO DE BLOCOS VAZADOS DE CONCRETO DE 14X19X29 CM (ESPESSURA 14 CM) E ARGAMASSA DE ASSENTAMENTO COM PREPARO EM BETONEIRA. AF_12/2021","M2",156.21,1.11E-2,105.57,3.8999999999999998E-3,123.82,3.3E-3,118.88,1.44E-2,109.87,0,121.11,3.5999999999999999E-3,131.37,3.0999999999999999E-3,121.61,0,119.09,3.3999999999999998E-3,124.24,1.38E-2,123.5,0,111.96,3.7000000000000002E-3,115.59,3.5000000000000001E-3,124.75,3.3E-3,110.66,1.5599999999999999E-2,115.91,1.4800000000000001E-2,101.72,4.0000000000000001E-3,118.11,3.5000000000000001E-3,122.56,0,123.19,1.4E-2,139.94,2.8999999999999998E-3,135.19,1.26E-2,129.44999999999999,3.2000000000000002E-3,128.30000000000001,3.2000000000000002E-3,106.41,1.61E-2,122.59,0,122.23,1.4E-2]
["Alvenaria de Vedação",103343,"ALVENARIA DE VEDAÇÃO DE BLOCOS VAZADOS DE CONCRETO DE 14X19X29 CM (ESPESSURA 14 CM) E ARGAMASSA DE ASSENTAMENTO COM PREPARO MANUAL. AF_12/2021","M2",157.72999999999999,1.0800000000000001E-2,107.07,3.8E-3,125.2,3.3E-3,120.06,1.4200000000000001E-2,110.66,0,122.35,3.3999999999999998E-3,132.85,3.0999999999999999E-3,123.11,0,120.6,3.3999999999999998E-3,125.73,1.3599999999999999E-2,124.67,0,113.15,3.5999999999999999E-3,116.96,3.5000000000000001E-3,126.28,3.2000000000000002E-3,112.09,1.5299999999999999E-2,117.49,1.46E-2,102.84,4.0000000000000001E-3,119.86,3.3999999999999998E-3,124.46,0,124.43,1.37E-2,141.63999999999999,2.8999999999999998E-3,136.66,1.2500000000000001E-2,130.41,3.0999999999999999E-3,129.57,3.2000000000000002E-3,107.61,1.5900000000000001E-2,124.46,0,123.57,1.38E-2]
["Alvenaria de Vedação",103318,"ALVENARIA DE VEDAÇÃO DE BLOCOS VAZADOS DE CONCRETO DE 14X19X39 CM (ESPESSURA 14 CM) E ARGAMASSA DE ASSENTAMENTO COM PREPARO EM BETONEIRA. AF_12/2021","M2",132.97999999999999,1.2999999999999999E-2,90.34,4.4999999999999997E-3,106.11,3.8999999999999998E-3,101.38,1.6899999999999998E-2,94.46,0,103.64,4.1000000000000003E-3,112.35,3.5999999999999999E-3,104.24,0,102.01,4.0000000000000001E-3,106.14,1.61E-2,105.75,0,95.67,4.3E-3,98.81,4.1000000000000003E-3,106.94,3.8E-3,94.38,1.83E-2,99.19,1.72E-2,87.32,4.7000000000000002E-3,101.72,4.0000000000000001E-3,105.69,0,104.97,1.6500000000000001E-2,119.4,3.3999999999999998E-3,115.24,1.4800000000000001E-2,110.32,3.7000000000000002E-3,109.73,3.7000000000000002E-3,91.05,1.8800000000000001E-2,105.2,0,104.34,1.6400000000000001E-2]
["Alvenaria de Vedação",103319,"ALVENARIA DE VEDAÇÃO DE BLOCOS VAZADOS DE CONCRETO DE 14X19X39 CM (ESPESSURA 14 CM) E ARGAMASSA DE ASSENTAMENTO COM PREPARO MANUAL. AF_12/2021","M2",134.35,1.2699999999999999E-2,91.69,4.4999999999999997E-3,107.36,3.8E-3,102.44,1.67E-2,95.18,0,104.76,3.8999999999999998E-3,113.69,3.5999999999999999E-3,105.6,0,103.37,4.0000000000000001E-3,107.48,1.5900000000000001E-2,106.81,0,96.75,4.1999999999999997E-3,100.04,4.1000000000000003E-3,108.32,3.8E-3,95.67,1.7899999999999999E-2,100.61,1.7000000000000001E-2,88.33,4.5999999999999999E-3,103.3,4.0000000000000001E-3,107.4,0,106.09,1.61E-2,120.93,3.3999999999999998E-3,116.57,1.47E-2,111.19,3.7000000000000002E-3,110.88,3.7000000000000002E-3,92.14,1.8599999999999998E-2,106.89,0,105.55,1.6199999999999999E-2]
["Alvenaria de Vedação",103320,"ALVENARIA DE VEDAÇÃO DE BLOCOS VAZADOS DE CONCRETO DE 19X19X39 CM (ESPESSURA 19 CM) E ARGAMASSA DE ASSENTAMENTO COM PREPARO EM BETONEIRA. AF_12/2021","M2",160.82,1.5900000000000001E-2,108.98,3.8E-3,127.65,3.2000000000000002E-3,122.46,2.07E-2,112.97,0,124.64,3.3999999999999998E-3,135.18,3.0000000000000001E-3,125.1,0,122.53,3.3E-3,127.94,1.9900000000000001E-2,127.22,0,115.21,3.5999999999999999E-3,119.39,3.3999999999999998E-3,128.71,3.2000000000000002E-3,113.95,2.2499999999999999E-2,119.34,2.1299999999999999E-2,105.02,3.8999999999999998E-3,121.31,3.3999999999999998E-3,125.72,0,126.75,2.0199999999999999E-2,144.33000000000001,2.8E-3,139.05000000000001,1.83E-2,133.16999999999999,3.0999999999999999E-3,131.86000000000001,3.0999999999999999E-3,109.48,2.3199999999999998E-2,125.73,0,125.78,2.0199999999999999E-2]
["Alvenaria de Vedação",103321,"ALVENARIA DE VEDAÇÃO DE BLOCOS VAZADOS DE CONCRETO DE 19X19X39 CM (ESPESSURA 19 CM) E ARGAMASSA DE ASSENTAMENTO COM PREPARO MANUAL. AF_12/2021","M2",162.54,1.5599999999999999E-2,110.68,3.7000000000000002E-3,129.21,3.2000000000000002E-3,123.8,2.0500000000000001E-2,113.86,0,126.05,3.3E-3,136.86000000000001,3.0000000000000001E-3,126.79,0,124.23,3.3E-3,129.63,1.9599999999999999E-2,128.55000000000001,0,116.56,3.5000000000000001E-3,120.93,3.3999999999999998E-3,130.44,3.0999999999999999E-3,115.58,2.1999999999999999E-2,121.13,2.1000000000000001E-2,106.28,3.8999999999999998E-3,123.29,3.3E-3,127.87,0,128.15,1.9800000000000002E-2,146.26,2.8E-3,140.72,1.8100000000000002E-2,134.25,3.0999999999999999E-3,133.30000000000001,3.0999999999999999E-3,110.84,2.29E-2,127.85,0,127.31,0.02]
["Alvenaria de Vedação",103316,"ALVENARIA DE VEDAÇÃO DE BLOCOS VAZADOS DE CONCRETO DE 9X19X39 CM (ESPESSURA 9 CM) E ARGAMASSA DE ASSENTAMENTO COM PREPARO EM BETONEIRA. AF_12/2021","M2",103.62,9.9000000000000008E-3,69.77,2.8999999999999998E-3,81.93,2.3999999999999998E-3,78.760000000000005,1.2999999999999999E-2,72.67,0,80.08,2.5999999999999999E-3,86.95,2.3E-3,80.2,0,78.760000000000005,2.5000000000000001E-3,82.23,1.24E-2,81.64,0,73.97,2.7000000000000001E-3,76.48,2.5999999999999999E-3,82.72,2.3999999999999998E-3,73.19,1.41E-2,76.7,1.3299999999999999E-2,67.37,3.0000000000000001E-3,77.8,2.5999999999999999E-3,80.77,0,81.41,1.2699999999999999E-2,92.56,2.2000000000000001E-3,89.43,1.14E-2,85.5,2.3E-3,84.71,2.3999999999999998E-3,70.319999999999993,1.4500000000000001E-2,80.83,0,80.900000000000006,1.26E-2]
["Alvenaria de Vedação",103317,"ALVENARIA DE VEDAÇÃO DE BLOCOS VAZADOS DE CONCRETO DE 9X19X39 CM (ESPESSURA 9 CM) E ARGAMASSA DE ASSENTAMENTO COM PREPARO MANUAL. AF_12/2021","M2",104.79,9.7000000000000003E-3,70.92,2.8E-3,82.99,2.3999999999999998E-3,79.67,1.2800000000000001E-2,73.28,0,81.040000000000006,2.5000000000000001E-3,88.09,2.3E-3,81.36,0,79.92,2.5000000000000001E-3,83.38,1.2200000000000001E-2,82.55,0,74.88,2.7000000000000001E-3,77.53,2.5999999999999999E-3,83.89,2.3999999999999998E-3,74.290000000000006,1.37E-2,77.92,1.3100000000000001E-2,68.22,2.8999999999999998E-3,79.150000000000006,2.5000000000000001E-3,82.23,0,82.37,1.24E-2,93.87,2.0999999999999999E-3,90.57,1.1299999999999999E-2,86.24,2.3E-3,85.69,2.3E-3,71.239999999999995,1.43E-2,82.27,0,81.94,1.24E-2]
["Alvenarias Diversas",101166,"ALVENARIA DE EMBASAMENTO COM BLOCO ESTRUTURAL DE CERÂMICA, DE 14X19X29CM E ARGAMASSA DE ASSENTAMENTO COM PREPARO EM BETONEIRA. AF_05/2020","M3",791.45,2.9999999999999997E-4,652.91999999999996,0,703.99,0,662.02,0,720.58,0,665.99,4.0000000000000002E-4,775.58,0,633.45000000000005,0,798.76,0,699.31,0,669.76,0,667.46,0,680.11,0,733.19,0,610.39,4.0000000000000002E-4,608.05999999999995,0,662.77,0,727.07,0,772.97,0,621.70000000000005,4.0000000000000002E-4,722.44,0,693.88,0,665.29,0,769.4,0,564.67999999999995,0,705.19,0,715.34,0]
["Alvenarias Diversas",101165,"ALVENARIA DE EMBASAMENTO COM BLOCO ESTRUTURAL DE CONCRETO, DE 14X19X29CM E ARGAMASSA DE ASSENTAMENTO COM PREPARO EM BETONEIRA. AF_05/2020","M3",1328.93,2.0000000000000001E-4,894.76,0,1058.45,0,1010.23,0,948.45,0,1030.93,2.9999999999999997E-4,1122.43,0,1034.53,0,1017.65,0,1059.92,0,1047.97,0,949.9,0,975.6,0,1067.21,0,937.97,2.9999999999999997E-4,991.39,0,869.75,0,1014.34,0,1057.3599999999999,0,1041.71,2.0000000000000001E-4,1184.47,0,1150.8499999999999,0,1094.21,0,1093.75,0,908.21,0,1049.67,0,1040.18,0]
["Alvenarias Diversas",101163,"ALVENARIA DE VEDAÇÃO COM BLOCO DE VIDRO VAZADO, TIPO VENEZIANA, DE 6X20X20CM E ARGAMASSA DE ASSENTAMENTO COM PREPARO EM BETONEIRA. AF_05/2020","M2",850.99,0,801.53,0,827.33,0,654.16999999999996,0.76980000000000004,916.01,0,678.13,0.74260000000000004,690.57,0.72919999999999996,858.6,0,682.07,0.73829999999999996,677.32,0.74350000000000005,628.92999999999995,0,660.79,0.7621,887.21,0,1113.3699999999999,0,649.39,0.77549999999999997,676.33,0.74460000000000004,661.37,0.76139999999999997,621.74,0,713.91,0,661.53,0.76129999999999998,934.94,0,685.98,0.73409999999999997,624.97,0,647.16999999999996,0,663.65,0.75880000000000003,709.3,0,665.61,0.75660000000000005]
["Alvenarias Diversas",101164,"ALVENARIA DE VEDAÇÃO COM BLOCO DE VIDRO, TIPO CANELADO, DE 8X19X19CM E ARGAMASSA DE ASSENTAMENTO COM PREPARO EM BETONEIRA. AF_05/2020","M2",865.54,0,813.07,0,840.26,0,665.23,0.76629999999999998,930.13,0,688.73,0.74019999999999997,701.98,0.72609999999999997,870.67,0,692.73,0.73580000000000001,688.29,0.74060000000000004,639.02,0,671.09,0.75960000000000005,900.15,0,1130.47,0,659.56,0.77290000000000003,687.38,0.74160000000000004,671.99,0.75860000000000005,630.63,0,724.5,0,671.46,0.75919999999999999,949.18,0,697.3,0.73099999999999998,634.79,0,657.08,0,674,0.75629999999999997,719.17,0,676.56,0.75339999999999996]
["Alvenarias Diversas",101162,"ALVENARIA DE VEDAÇÃO COM ELEMENTO VAZADO DE CERÂMICA (COBOGÓ) DE 7X20X20CM E ARGAMASSA DE ASSENTAMENTO COM PREPARO EM BETONEIRA. AF_05/2020","M2",180.63,5.9999999999999995E-4,152.41,0,163.69,0,154.1,0,166.36,0,155.13,5.9999999999999995E-4,177.9,0,149.79,0,183.88,0,163.38,0,156.15,0,155,0,158.29,0,169.09,0,141.69999999999999,6.9999999999999999E-4,140.35,0,154.91,0,174.63,0,182.32,0,146.07,6.9999999999999999E-4,169.71,0,168.5,0,156.47,0,180.97,0,132.49,0,168.02,0,165.02,0]
["Alvenarias Diversas",101161,"ALVENARIA DE VEDAÇÃO COM ELEMENTO VAZADO DE CONCRETO (COBOGÓ) DE 7X50X50CM E ARGAMASSA DE ASSENTAMENTO COM PREPARO EM BETONEIRA. AF_05/2020","M2",312.88,1E-4,208.16,0,241.34,0,237.63,0,209.25,0,239.18,2.0000000000000001E-4,258.64999999999998,0,237.79,0,234.25,0,246.5,0,243.21,0,221.39,0,229.55,0,243.38,0,220.58,2.0000000000000001E-4,226.18,0,198.1,0,228.39,0,234.04,0,248.22,2.0000000000000001E-4,278.07,0,271.74,0,258.64,0,253.58,0,208.49,0,240.98,0,242.94,0]
["Alvenarias Diversas",101160,"ALVENARIA DE VEDAÇÃO DE BLOCO DE SOLO-CIMENTO (TIJOLO ECOLÓGICO) DE 7X15X30CM (ESPESSURA 15CM). AF_05/2020","M2",0,null,0,null,0,null,0,null,0,null,0,null,0,null,0,null,0,null,0,null,0,null,0,null,0,null,0,null,0,null,0,null,0,null,0,null,0,null,0,null,0,null,0,null,0,null,0,null,0,null,0,null,0]
["Alvenarias Diversas",101159,"ALVENARIA DE VEDAÇÃO DE BLOCOS CERÂMICOS MACIÇOS DE 5X10X20CM (ESPESSURA 10CM) E ARGAMASSA DE ASSENTAMENTO COM PREPARO EM BETONEIRA. AF_05/2020","M2",159.94999999999999,2.9999999999999997E-4,130.99,0,144.9,0,132.77000000000001,0,148.34,0,136.31,4.0000000000000002E-4,156.52000000000001,0,132.78,0,159.03,0,142.26,0,137.12,0,133.69999999999999,0,135.30000000000001,0,148.97999999999999,0,123.01,4.0000000000000002E-4,126.63,0,133.88,0,151.97999999999999,0,161.91,0,126.24,4.0000000000000002E-4,147.44999999999999,0,142,0,135.63,0,156,0,117.46,0,146.29,0,143.52000000000001,0]
["Alvenarias Diversas",101154,"ALVENARIA DE VEDAÇÃO DE BLOCOS DE CONCRETO CELULAR DE 10X30X60CM (ESPESSURA 10CM) E ARGAMASSA DE ASSENTAMENTO COM PREPARO EM BETONEIRA. AF_05/2020","M2",136.52000000000001,0.65180000000000005,125.48,0.70179999999999998,134.88999999999999,0.65280000000000005,126.64,0.70250000000000001,135.19999999999999,0.65129999999999999,130.65,0.67420000000000002,134.63,0.65410000000000001,133.5,0.65959999999999996,131.49,0.66969999999999996,131.12,0.67849999999999999,131,0,126.65,0.69530000000000003,126.47,0.69630000000000003,134.78,0.65339999999999998,124.16,0.7167,131.08000000000001,0.67869999999999997,127.62,0.69,138.22,0.6371,141.93,0.62039999999999995,125.95,0.70660000000000001,134.63999999999999,0.65400000000000003,133.36000000000001,0.66710000000000003,141.38999999999999,0,142,0,127.15,0.6996,135.13999999999999,0,128.88999999999999,0.69020000000000004]
["Alvenarias Diversas",101155,"ALVENARIA DE VEDAÇÃO DE BLOCOS DE CONCRETO CELULAR DE 15X30X60CM (ESPESSURA 15CM) E ARGAMASSA DE ASSENTAMENTO COM PREPARO EM BETONEIRA. AF_05/2020","M2",189.35,0.69079999999999997,176.77,0.73170000000000002,188.29,0.68700000000000006,177.42,0.73709999999999998,188.51,0.68620000000000003,183.18,0.70630000000000004,187.86,0.6885,187.31,0.69059999999999999,184.24,0.70209999999999995,183.48,0.7127,183.43,0,178.05,0.72650000000000003,177.84,0.72729999999999995,187.7,0.68910000000000005,174.8,0.74829999999999997,183.38,0.71309999999999996,179.1,0.72219999999999995,193.67,0.66790000000000005,198.09,0.65300000000000002,177.38,0.73740000000000006,187.98,0.68810000000000004,186.22,0.70220000000000005,199.1,0,199.31,0,178.65,0.73199999999999998,189.72,0,180.51,0.72440000000000004]
["Alvenarias Diversas",101156,"ALVENARIA DE VEDAÇÃO DE BLOCOS DE CONCRETO CELULAR DE 20X30X60CM (ESPESSURA 20CM) E ARGAMASSA DE ASSENTAMENTO COM PREPARO EM BETONEIRA. AF_05/2020","M2",275.18,0.72870000000000001,260.2,0.76149999999999995,274.70999999999998,0.72130000000000005,260.31,0.7702,275.27,0.7198,268.56,0.7379,274.31,0.72230000000000005,274.41000000000003,0.72209999999999996,270.35000000000002,0.7329,268.5,0.74670000000000003,268.92,0,261.64,0.75729999999999997,261.44,0.75790000000000002,273.39999999999998,0.72470000000000001,257.26,0.77939999999999998,268.23,0.74739999999999995,262.89,0.75370000000000004,283.33,0.69930000000000003,288.70999999999998,0.68630000000000002,260.82,0.76880000000000004,274.14999999999998,0.72270000000000001,272.41000000000003,0.7359,292.89,0,292.94,0,262.48,0.76380000000000003,277.52,0,264.58999999999997,0.75770000000000004]
["Alvenarias Diversas",101158,"ALVENARIA DE VEDAÇÃO DE BLOCOS DE GESSO DE 10X50X66CM (ESPESSURA 10CM). AF_05/2020","M2",103.27,0,92.92,0,91.75,0,82.17,0,84.37,0,83.76,0,80.39,0,83.22,0,82.96,0,95.49,0,83.85,0,80.31,0,98.38,0,87.47,0,79.95,0,77.430000000000007,0,84.62,0,89.72,0,90.04,0,83.58,0,109.48,0,95.77,0,92.13,0,90.04,0,87.78,0,84.97,0,82.03,0]
["Alvenarias Diversas",101157,"ALVENARIA DE VEDAÇÃO DE BLOCOS DE GESSO DE 7X50X66CM (ESPESSURA 7CM). AF_05/2020","M2",78.48,0,70.47,0,70.13,0,62.51,0,64.739999999999995,0,64.09,0,61.81,0,63.98,0,63.57,0,72.66,0,64.14,0,61.29,0,74.48,0,66.89,0,60.84,0,59.41,0,64.459999999999994,0,69.17,0,69.61,0,63.7,0,83.1,0,72.989999999999995,0,70.150000000000006,0,69,0,66.81,0,65.5,0,62.62,0]
["Argamassas",87382,"ARGAMASSA INDUSTRIALIZADA MULTIUSO PARA REVESTIMENTOS E ASSENTAMENTO DA ALVENARIA, PREPARO COM MISTURADOR DE EIXO HORIZONTAL DE 160 KG. AF_08/2019","M3",2478.31,2.0999999999999999E-3,1939.79,0,2552.36,0,2150.88,0,1922.51,0,2464.13,2.0999999999999999E-3,1425.41,0,1629.38,0,1692.97,0,2168.29,0,1484.03,0,1897.22,0,2465.0100000000002,0,1919.56,0,1804.17,2.8999999999999998E-3,2105.3000000000002,0,1646.28,0,1621.14,0,1644.87,0,1811.15,2.8999999999999998E-3,2013.04,0,3301.87,0,1721.23,0,1529.05,0,1914.83,0,1746.35,0,1588.1,0]
["Argamassas",87383,"ARGAMASSA INDUSTRIALIZADA MULTIUSO PARA REVESTIMENTOS E ASSENTAMENTO DA ALVENARIA, PREPARO COM MISTURADOR DE EIXO HORIZONTAL DE 300 KG. AF_08/2019","M3",2481.14,1.6999999999999999E-3,1942.37,0,2547.42,0,2153.65,0,1904.04,0,2461.63,1.8E-3,1414.02,0,1615.73,0,1690.66,0,2167.21,0,1472.99,0,1892.4,0,2470.66,0,1914.15,0,1806.61,2.3999999999999998E-3,2105.41,0,1637.54,0,1605.03,0,1628.11,0,1804.02,2.3999999999999998E-3,2008.76,0,3313.89,0,1704.47,0,1516.05,0,1910.24,0,1732.35,0,1583.67,0]
["Argamassas",87384,"ARGAMASSA INDUSTRIALIZADA MULTIUSO PARA REVESTIMENTOS E ASSENTAMENTO DA ALVENARIA, PREPARO COM MISTURADOR DE EIXO HORIZONTAL DE 600 KG. AF_08/2019","M3",2478.37,1.2999999999999999E-3,1941.57,0,2534.5,0,2150.9299999999998,0,1875.71,0,2451.3200000000002,1.2999999999999999E-3,1399.68,0,1597.48,0,1685.38,0,2161.2800000000002,0,1456.95,0,1881.9,0,2470.4499999999998,0,1904.45,0,1806.35,1.6999999999999999E-3,2101.38,0,1623.27,0,1585.06,0,1607.69,0,1791.42,1.6999999999999999E-3,2000.08,0,3317.78,0,1679.83,0,1498.39,0,1900.13,0,1714.65,0,1575.71,0]
["Argamassas",87398,"ARGAMASSA INDUSTRIALIZADA MULTIUSO PARA REVESTIMENTOS E ASSENTAMENTO DA ALVENARIA, PREPARO MANUAL. AF_08/2019","M3",2722.5,0,2157.17,0,2784.35,0,2345.81,0,2081.54,0,2676.39,0,1634.74,0,1845.14,0,1907.68,0,2396.17,0,1661.98,0,2086.73,0,2685.49,0,2147.81,0,2011.65,0,2340.35,0,1821.75,0,1862.88,0,1903.56,0,2002.68,0,2259.56,0,3559.41,0,1888.01,0,1720.05,0,2105.7600000000002,0,2002.1,0,1784.33,0]
["Argamassas",87395,"ARGAMASSA INDUSTRIALIZADA PARA CHAPISCO COLANTE, PREPARO COM MISTURADOR DE EIXO HORIZONTAL DE 160 KG. AF_08/2019","M3",4848.74,1.4E-3,3821.15,0,4975.55,0,4223.51,0,3688.48,0,4839.1499999999996,1.4E-3,2736.21,0,3172.85,0,3307.32,0,4246.24,0,2877.54,0,3685.67,0,4831.3900000000003,0,3749.47,0,3518.96,1.9E-3,4118.76,0,3186,0,3147.01,0,3193.07,0,3536.99,1.9E-3,3946.92,0,6524.44,0,3313.99,0,2966.46,0,3743.28,0,3376.97,0,3119,0]
["Argamassas",87396,"ARGAMASSA INDUSTRIALIZADA PARA CHAPISCO COLANTE, PREPARO COM MISTURADOR DE EIXO HORIZONTAL DE 300 KG. AF_08/2019","M3",4887.9399999999996,1.1999999999999999E-3,3852.62,0,5006.4399999999996,0,4258.1400000000003,0,3693.73,0,4872.12,1.1999999999999999E-3,2742.82,0,3180.29,0,3329.09,0,4276.43,0,2885.83,0,3707.16,0,4873.8100000000004,0,3770.89,0,3547.79,1.6000000000000001E-3,4149.3900000000003,0,3199.21,0,3151.28,0,3196.98,0,3554.8,1.6000000000000001E-3,3971.29,0,6587.1,0,3318.59,0,2973.05,0,3765.62,0,3385.32,0,3137.06,0]
["Argamassas",87397,"ARGAMASSA INDUSTRIALIZADA PARA CHAPISCO COLANTE, PREPARO COM MISTURADOR DE EIXO HORIZONTAL DE 600 KG. AF_08/2019","M3",4928.2299999999996,8.9999999999999998E-4,3886.68,0,5034.88,0,4292.67,0,3691.12,0,4902.51,8.9999999999999998E-4,2750.74,0,3187.22,0,3353.23,0,4307.67,0,2892.47,0,3727.39,0,4916.7700000000004,0,3793.38,0,3579.69,1.1999999999999999E-3,4182.03,0,3210.43,0,3156.25,0,3202.08,0,3571.31,1.1999999999999999E-3,3997.1,0,6649.77,0,3317.71,0,2978.53,0,3786.9,0,3395.13,0,3156.16,0]
["Argamassas",87402,"ARGAMASSA INDUSTRIALIZADA PARA CHAPISCO COLANTE, PREPARO MANUAL. AF_08/2019","M3",5164.42,0,4101.68,0,5274.36,0,4476.53,0,3889.67,0,5114.1000000000004,0,3000.44,0,3446.21,0,3581.96,0,4539.6499999999996,0,3103.16,0,3928.6,0,5118.0200000000004,0,4041.31,0,3785.86,0,4421.0600000000004,0,3409.42,0,3452.23,0,3519.43,0,3782.09,0,4262.43,0,6863.07,0,3524.89,0,3208.37,0,3988.6,0,3700.31,0,3370,0]
["Argamassas",87391,"ARGAMASSA INDUSTRIALIZADA PARA CHAPISCO ROLADO, PREPARO COM MISTURADOR DE EIXO HORIZONTAL DE 160 KG. AF_08/2019","M3",7703,8.9999999999999998E-4,6069.36,0,7888.46,0,6725.87,0,5819.4,0,7673.86,8.9999999999999998E-4,4319.7299999999996,0,4990.97,0,5262.29,0,6748.6,0,4519.72,0,5855.69,0,7685.65,0,5919.49,0,5610.78,1.1999999999999999E-3,6542.93,0,5023.67,0,4945.58,0,5011.1899999999996,0,5609.26,1.1999999999999999E-3,6253.78,0,10414.83,0,5210.3100000000004,0,4667.29,0,5913.3,0,5331.94,0,4937.12,0]
["Argamassas",87393,"ARGAMASSA INDUSTRIALIZADA PARA CHAPISCO ROLADO, PREPARO COM MISTURADOR DE EIXO HORIZONTAL DE 300 KG. AF_08/2019","M3",7780.54,6.9999999999999999E-4,6131.04,0,7958.47,0,6794.11,0,5853.27,0,7744.91,8.0000000000000004E-4,4347.6099999999997,0,5022.83,0,5310.32,0,6812.4,0,4550.07,0,5906.33,0,7766.41,0,5970.05,0,5667.7,1E-3,6606.12,0,5061.57,0,4974.01,0,5039.5200000000004,0,5654.91,1E-3,6309.14,0,10529.74,0,5240.38,0,4696.72,0,5964.78,0,5366.55,0,4979.6000000000004,0]
["Argamassas",87394,"ARGAMASSA INDUSTRIALIZADA PARA CHAPISCO ROLADO, PREPARO COM MISTURADOR DE EIXO HORIZONTAL DE 600 KG. AF_08/2019","M3",7857.44,5.9999999999999995E-4,6193.94,0,8024.29,0,6860.74,0,5878,0,7811.66,5.9999999999999995E-4,4375.8599999999997,0,5053.09,0,5359.54,0,6875.74,0,4577.7700000000004,0,5954.39,0,7845.98,0,6020.38,0,5726.44,8.0000000000000004E-4,6669.85,0,5096.3599999999997,0,5002.0600000000004,0,5067.95,0,5698,8.0000000000000004E-4,6364.54,0,10642.33,0,5263.83,0,4724.0200000000004,0,6013.9,0,5401.44,0,5022.03,0]
["Argamassas",87401,"ARGAMASSA INDUSTRIALIZADA PARA CHAPISCO ROLADO, PREPARO MANUAL. AF_08/2019","M3",8077.12,0,6395.93,0,8246.91,0,7030.13,0,6064.22,0,8006.85,0,4616.3900000000003,0,5301.56,0,5576.96,0,7093.25,0,4778.96,0,6143.05,0,8030.72,0,6255.76,0,5920.51,0,6894.86,0,5284.72,0,5287.63,0,5374.78,0,5896.79,0,6616.53,0,10833.12,0,5460.04,0,4944.0200000000004,0,6203.05,0,5695.31,0,5225.3500000000004,0]
["Argamassas",87407,"ARGAMASSA INDUSTRIALIZADA PARA REVESTIMENTOS, MISTURA E PROJEÇÃO DE 1,5 M³/H DE ARGAMASSA. AF_08/2019","M3",2520.4,1.23E-2,1977.68,0,2594.63,0,2195.58,0,1958.97,0,2504.87,1.24E-2,1461.1,0,1660.94,0,1728.21,0,2213.2600000000002,0,1522.15,0,1933.78,0,2510.0500000000002,0,1962.05,0,1842.07,1.6799999999999999E-2,2145.35,0,1687.53,0,1653.22,0,1678.17,0,1846.29,1.6799999999999999E-2,2054.54,0,3356.99,0,1752.91,0,1560.41,0,1955.53,0,1779.42,0,1627.11,0]
["Argamassas",87408,"ARGAMASSA INDUSTRIALIZADA PARA REVESTIMENTOS, MISTURA E PROJEÇÃO DE 2 M³/H DE ARGAMASSA. AF_08/2019","M3",2511.81,1.23E-2,1971.32,0,2577.4499999999998,0,2188.62,0,1930,0,2490.64,1.24E-2,1442.41,0,1638.53,0,1717.64,0,2202.25,0,1503.2,0,1919.67,0,2504.67,0,1947.34,0,1836.49,1.6799999999999999E-2,2135.6,0,1670.49,0,1628.3,0,1652.29,0,1830.14,1.6799999999999999E-2,2040.18,0,3354.82,0,1726.68,0,1539.41,0,1941.85,0,1756.18,0,1614.84,0]
["Argamassas",87404,"ARGAMASSA PARA REVESTIMENTO DECORATIVO MONOCAMADA (MONOCAPA), MISTURA E PROJEÇÃO DE 1,5 M3/H DE ARGAMASSA. AF_08/2019","M3",7195.45,6.1000000000000004E-3,5666.66,0,7357.1,0,6273.81,0,5447.64,0,7156.28,6.1000000000000004E-3,4071.09,0,4679.72,0,4916.84,0,6299.94,0,4256.62,0,5480.18,0,7179.96,0,5547.46,0,5249,8.3999999999999995E-3,6104.23,0,4716.75,0,4642.33,0,4704.9399999999996,0,5238.99,8.3999999999999995E-3,5849.43,0,9688.4,0,4883.84,0,4365.82,0,5538.04,0,4992.7,0,4629.0600000000004,0]
["Argamassas",87405,"ARGAMASSA PARA REVESTIMENTO DECORATIVO MONOCAMADA (MONOCAPA), MISTURA E PROJEÇÃO DE 2 M3/H DE ARGAMASSA. AF_08/2019","M3",7224.87,6.0000000000000001E-3,5690.51,0,7374.41,0,6300.27,0,5435.76,0,7177.04,6.1000000000000004E-3,4066.65,0,4673.43,0,4929.84,0,6320.37,0,4252.9799999999996,0,5491.11,0,7214.14,0,5557.82,0,5271.44,8.3000000000000001E-3,6125.43,0,4718.58,0,4632.01,0,4693.55,0,5245.48,8.3000000000000001E-3,5862.28,0,9742.41,0,4872.8500000000004,0,4359.6899999999996,0,5549.91,0,4986.9399999999996,0,4637.82,0]
["Argamassas",87388,"ARGAMASSA PARA REVESTIMENTO DECORATIVO MONOCAMADA (MONOCAPA), PREPARO COM MISTURADOR DE EIXO HORIZONTAL DE 160 KG. AF_08/2019","M3",6951.41,6.9999999999999999E-4,5468.38,0,7093.16,0,6050.51,0,5214.6099999999997,0,6904.67,8.0000000000000004E-4,3890.32,0,4483.8100000000004,0,4732.09,0,6068.04,0,4067.51,0,5273.73,0,6938.02,0,5329.83,0,5061.88,1E-3,5886.44,0,4515.93,0,4441.92,0,4499.42,0,5036.45,1E-3,5626.7,0,9379.52,0,4675.95,0,4180.04,0,5325.07,0,4785.83,0,4442.28,0]
["Argamassas",87389,"ARGAMASSA PARA REVESTIMENTO DECORATIVO MONOCAMADA (MONOCAPA), PREPARO COM MISTURADOR DE EIXO HORIZONTAL DE 300 KG. AF_08/2019","M3",6986.56,5.9999999999999995E-4,5496.48,0,7120.55,0,6081.5,0,5218.59,0,6933.97,5.9999999999999995E-4,3895.91,0,4489.8500000000004,0,4751.46,0,6094.94,0,4074.3,0,5292.85,0,6976.17,0,5348.57,0,5087.8599999999997,8.0000000000000004E-4,5913.72,0,4527.18,0,4445.09,0,4502.12,0,5052.0600000000004,8.0000000000000004E-4,5648.11,0,9436.07,0,4679.34,0,4185.28,0,5344.69,0,4792.78,0,4458.0600000000004,0]
["Argamassas",87390,"ARGAMASSA PARA REVESTIMENTO DECORATIVO MONOCAMADA (MONOCAPA), PREPARO COM MISTURADOR DE EIXO HORIZONTAL DE 600 KG. AF_08/2019","M3",7029.73,4.0000000000000002E-4,5531.9,0,7154.52,0,6118.81,0,5224.75,0,6969.4,4.0000000000000002E-4,3907.3,0,4501.3599999999997,0,4777.51,0,6129.16,0,4085.21,0,5317.26,0,7021.81,0,5374.14,0,5121.0600000000004,5.9999999999999995E-4,5948.62,0,4542.76,0,4454.6099999999997,0,4511.57,0,5072.8500000000004,5.9999999999999995E-4,5676.74,0,9502.0499999999993,0,4685.6499999999996,0,4195.3,0,5369.82,0,4806.78,0,4479.59,0]
["Argamassas",87385,"ARGAMASSA PRONTA PARA CONTRAPISO, PREPARO COM MISTURADOR DE EIXO HORIZONTAL DE 160 KG. AF_08/2019","M3",2874.36,2.0999999999999999E-3,2260.6,0,2963.87,0,2496.33,0,2236.4499999999998,0,2878.8,2.0999999999999999E-3,1651.91,0,1901.09,0,1980.48,0,2517.09,0,1723.6,0,2207.46,0,2858.51,0,2234.6999999999998,0,2094.69,2.8999999999999998E-3,2440.1799999999998,0,1899.9,0,1890.68,0,1919.57,0,2124.38,2.8999999999999998E-3,2349.15,0,3860.68,0,1990.48,0,1778.48,0,2229.04,0,2044.15,0,1851.87,0]
["Argamassas",87386,"ARGAMASSA PRONTA PARA CONTRAPISO, PREPARO COM MISTURADOR DE EIXO HORIZONTAL DE 300 KG. AF_08/2019","M3",2873.12,1.6999999999999999E-3,2260.16,0,2952.07,0,2495.66,0,2207.65,0,2870.65,1.6999999999999999E-3,1633.61,0,1879.44,0,1974.01,0,2511.23,0,1705.58,0,2197.11,0,2861.08,0,2223.52,0,2094.33,2.3999999999999998E-3,2436.0100000000002,0,1884.57,0,1865.73,0,1893.65,0,2111.3000000000002,2.3E-3,2339.2600000000002,0,3870.55,0,1964.27,0,1757.87,0,2219.02,0,2021.89,0,1842.62,0]
["Argamassas",87387,"ARGAMASSA PRONTA PARA CONTRAPISO, PREPARO COM MISTURADOR DE EIXO HORIZONTAL DE 600 KG. AF_08/2019","M3",2874.09,1.2999999999999999E-3,2262.65,0,2941.78,0,2496.1,0,2179.1,0,2863.21,1.2999999999999999E-3,1620.19,0,1862.05,0,1971.2,0,2508.2399999999998,0,1690.26,0,2188.56,0,2864.8,0,2216.06,0,2097.13,1.6999999999999999E-3,2435.0300000000002,0,1871.31,0,1846.48,0,1874.02,0,2100.4299999999998,1.6999999999999999E-3,2333.1799999999998,0,3880.27,0,1939.52,0,1740.85,0,2210.94,0,2005.46,0,1836.59,0]
["Argamassas",87399,"ARGAMASSA PRONTA PARA CONTRAPISO, PREPARO MANUAL. AF_08/2019","M3",3123.84,0,2484.41,0,3195.88,0,2694.71,0,2386.4,0,3091.81,0,1862.4,0,2116.4,0,2200.34,0,2748.83,0,1900.04,0,2397.5500000000002,0,3084.06,0,2465.98,0,2308.5,0,2680.47,0,2073.75,0,2132.6799999999998,0,2179.1799999999998,0,2316.38,0,2600.02,0,4125.63,0,2150.5300000000002,0,1968.03,0,2420.79,0,2301.8200000000002,0,2051.0500000000002,0]
["Argamassas",88627,"ARGAMASSA TRAÇO 1:0,5:4,5 (EM VOLUME DE CIMENTO, CAL E AREIA MÉDIA ÚMIDA) PARA ASSENTAMENTO DE ALVENARIA, PREPARO MANUAL. AF_08/2019","M3",981.41,0,647.63,0,788.82,0,802.01,0,749.99,0,677.55,0,779.11,0,635.91999999999996,0,701.08,0,777.11,0,719.54,0,651.26,0,703.18,0,886.64,0,655.29999999999995,0,720.61,0,713.63,0,688.55,0,716.65,0,619.25,0,868.42,0,951.89,0,699.5,0,732.94,0,642.64,0,627.82000000000005,0,746.46,0]
["Argamassas",100463,"ARGAMASSA TRAÇO 1:0,5:4,5 (EM VOLUME DE CIMENTO, CAL E AREIA MÉDIA ÚMIDA), PREPARO MECÂNICO COM BETONEIRA 250 L. AF_08/2019","M3",0,null,0,null,0,null,0,null,0,null,0,null,0,null,0,null,0,null,0,null,0,null,0,null,0,null,0,null,0,null,0,null,0,null,0,null,0,null,0,null,0,null,0,null,0,null,0,null,0,null,0,null,0]
["Argamassas",88626,"ARGAMASSA TRAÇO 1:0,5:4,5 (EM VOLUME DE CIMENTO, CAL E AREIA MÉDIA ÚMIDA), PREPARO MECÂNICO COM BETONEIRA 400 L. AF_08/2019","M3",871.18,2E-3,542.38,0,694.15,0,717.23,0,698.86,0,592.86,3.0000000000000001E-3,675.12,0,534.77,0,594.63,0,672.23,0,638.54,0,569.17999999999995,0,607,0,777.98,0,553.38,3.2000000000000002E-3,608.85,0,636.80999999999995,0,570.61,0,587.79,0,535.19000000000005,3.3E-3,748.87,0,846.99,0,636.96,0,645.95000000000005,0,559.51,0,501.97,0,651.03,0]
["Argamassas",100488,"ARGAMASSA TRAÇO 1:0,5:4,5 (EM VOLUME DE CIMENTO, CAL E AREIA MÉDIA ÚMIDA), PREPARO MECÂNICO COM BETONEIRA 600 L. AF_08/2019","M3",864.81,5.4000000000000003E-3,539.62,0,676.83,0,712.31,0,670.57,0,577.67999999999995,8.0999999999999996E-3,664.86,0,517.66999999999996,0,589.95000000000005,0,665.02,0,625.84,0,557.22,0,601.95000000000005,0,769.29,0,552.14,8.5000000000000006E-3,602.98,0,624.25,0,553.01,0,570.32000000000005,0,521.79,8.8999999999999999E-3,741.13,0,841.28,0,612.58000000000004,0,630.25,0,548.33000000000004,0,485.42,0,645.15,0]
["Argamassas",100464,"ARGAMASSA TRAÇO 1:0,5:4,5 (EM VOLUME DE CIMENTO, CAL E AREIA MÉDIA ÚMIDA), PREPARO MECÂNICO COM MISTURADOR DE EIXO HORIZONTAL DE 160 KG. AF_08/2019","M3",888.16,6.8999999999999999E-3,559.67999999999995,0,728.7,0,733.53,0,744.73,0,624.79999999999995,9.9000000000000008E-3,702.14,0,572.05999999999995,0,614.24,0,695.81,0,668.24,0,596.70000000000005,0,626.44000000000005,0,802.03,0,567.91,1.0800000000000001E-2,630.88,0,665.61,0,610.53,0,629.49,0,565.45000000000005,1.09E-2,774.32,0,863.63,0,678.02,0,677.33,0,587.26,0,542.45000000000005,0,671.8,0]
["Argamassas",100465,"ARGAMASSA TRAÇO 1:0,5:4,5 (EM VOLUME DE CIMENTO, CAL E AREIA MÉDIA ÚMIDA), PREPARO MECÂNICO COM MISTURADOR DE EIXO HORIZONTAL DE 300 KG. AF_08/2019","M3",852.6,5.1000000000000004E-3,531.29999999999995,0,676.36,0,702.9,0,679.31,0,577.87,7.4999999999999997E-3,659.19,0,519.82000000000005,0,581.95000000000005,0,657.64,0,624.05999999999995,0,555.75,0,594.44000000000005,0,761.03,0,542.24,8.0000000000000002E-3,595.5,0,622.52,0,554.34,0,571.47,0,521.78,8.3000000000000001E-3,733.1,0,829.34,0,619.04,0,629.24,0,546.48,0,487.2,0,637.76,0]
["Argamassas",100466,"ARGAMASSA TRAÇO 1:0,5:4,5 (EM VOLUME DE CIMENTO, CAL E AREIA MÉDIA ÚMIDA), PREPARO MECÂNICO COM MISTURADOR DE EIXO HORIZONTAL DE 600 KG. AF_08/2019","M3",836.12,3.5999999999999999E-3,519.16999999999996,0,647.53,0,688.13,0,638.84,0,552.01,5.4000000000000003E-3,637.70000000000005,0,491.43,0,567.4,0,639.24,0,599.85,0,533.62,0,579.41,0,740.79,0,531.96,5.5999999999999999E-3,579.20000000000005,0,598.58000000000004,0,524.54,0,540.98,0,498.05,6.0000000000000001E-3,713.26,0,813.24,0,583.54,0,603.02,0,524.65,0,458.41,0,621.26,0]
["Argamassas",87368,"ARGAMASSA TRAÇO 1:1,5:7,5 (EM VOLUME DE CIMENTO, CAL E AREIA MÉDIA ÚMIDA) PARA EMBOÇO/MASSA ÚNICA/ASSENTAMENTO DE ALVENARIA DE VEDAÇÃO, PREPARO MANUAL. AF_08/2019","M3",1024.5899999999999,0,662.32,0,835.5,0,786.9,0,807.73,0,721.19,0,852.44,0,695.47,0,750.54,0,800.1,0,754.08,0,674.76,0,708.11,0,923.61,0,681.83,0,799.75,0,716.04,0,720.05,0,804.42,0,636.64,0,881.01,0,859.82,0,703.74,0,746.39,0,680.25,0,681,0,775.13,0]
["Argamassas",100450,"ARGAMASSA TRAÇO 1:1,5:7,5 (EM VOLUME DE CIMENTO, CAL E AREIA MÉDIA ÚMIDA) PARA EMBOÇO/MASSA ÚNICA/ASSENTAMENTO DE ALVENARIA DE VEDAÇÃO, PREPARO MECÂNICO COM BETONEIRA 250 L. AF_08/2019","M3",0,null,0,null,0,null,0,null,0,null,0,null,0,null,0,null,0,null,0,null,0,null,0,null,0,null,0,null,0,null,0,null,0,null,0,null,0,null,0,null,0,null,0,null,0,null,0,null,0,null,0,null,0]
["Argamassas",87289,"ARGAMASSA TRAÇO 1:1,5:7,5 (EM VOLUME DE CIMENTO, CAL E AREIA MÉDIA ÚMIDA) PARA EMBOÇO/MASSA ÚNICA/ASSENTAMENTO DE ALVENARIA DE VEDAÇÃO, PREPARO MECÂNICO COM BETONEIRA 400 L. AF_08/2019","M3",892.82,2.5000000000000001E-3,531.91999999999996,0,718.99,0,685.09,0,746.26,0,616.51,3.5999999999999999E-3,725.15,0,568.17999999999995,0,619.55999999999995,0,671.3,0,655.09,0,573.46,0,589.92999999999995,0,791.6,0,556.45000000000005,4.0000000000000001E-3,662.27,0,622.04999999999995,0,570.66999999999996,0,641.92999999999995,0,531.78,4.1999999999999997E-3,733.91,0,732.4,0,626.36,0,638.98,0,577.70000000000005,0,520.74,0,658.81,0]
["Argamassas",87290,"ARGAMASSA TRAÇO 1:1,5:7,5 (EM VOLUME DE CIMENTO, CAL E AREIA MÉDIA ÚMIDA) PARA EMBOÇO/MASSA ÚNICA/ASSENTAMENTO DE ALVENARIA DE VEDAÇÃO, PREPARO MECÂNICO COM BETONEIRA 600 L. AF_08/2019","M3",885,7.3000000000000001E-3,528.29,0,700.22,0,679.03,0,716.17,0,599.83000000000004,1.0800000000000001E-2,712.75,0,549.69000000000005,0,613.51,0,662.67,0,640.95000000000005,0,560.59,0,583.76,0,781.89,0,554,1.17E-2,655.21,0,608.87,0,551.02,0,622.97,0,517.04,1.2500000000000001E-2,724.76,0,725.94,0,600.34,0,621.14,0,565.72,0,502.59,0,652.08000000000004,0]
["Argamassas",87333,"ARGAMASSA TRAÇO 1:1,5:7,5 (EM VOLUME DE CIMENTO, CAL E AREIA MÉDIA ÚMIDA) PARA EMBOÇO/MASSA ÚNICA/ASSENTAMENTO DE ALVENARIA DE VEDAÇÃO, PREPARO MECÂNICO COM MISTURADOR DE EIXO HORIZONTAL DE 300 KG. AF_08/2019","M3",887.38,7.4000000000000003E-3,533.53,0,723.97,0,683.96,0,755.46,0,622.13,1.06E-2,725.75,0,576.70000000000005,0,619.92999999999995,0,672.96,0,659.93,0,578.63,0,591.6,0,791.72,0,555.59,1.1900000000000001E-2,662.72,0,627.87,0,580.30999999999995,0,651.35,0,538.51,1.23E-2,736.7,0,731.79,0,635.99,0,643.4,0,582.73,0,531.57000000000005,0,660.1,0]
["Argamassas",87334,"ARGAMASSA TRAÇO 1:1,5:7,5 (EM VOLUME DE CIMENTO, CAL E AREIA MÉDIA ÚMIDA) PARA EMBOÇO/MASSA ÚNICA/ASSENTAMENTO DE ALVENARIA DE VEDAÇÃO, PREPARO MECÂNICO COM MISTURADOR DE EIXO HORIZONTAL DE 600 KG. AF_08/2019","M3",852.87,5.1999999999999998E-3,507.39,0,670.2,0,653.41,0,684.03,0,573.9,7.7999999999999996E-3,683.67,0,523.99,0,589.54999999999995,0,635.9,0,614.25,0,536.83000000000004,0,560.63,0,751.35,0,532.54999999999995,8.3999999999999995E-3,629.39,0,582.94000000000005,0,524.26,0,594.03,0,493.92,8.9999999999999993E-3,696.37,0,697.83,0,572.41,0,594.09,0,541.44000000000005,0,477.32,0,626.74,0]
["Argamassas",105515,"ARGAMASSA TRAÇO 1:1,93 (EM VOLUME DE CIMENTO E AREIA MÉDIA ÚMIDA), FCK 20MPA, PREPARO MECÂNICO COM MISTURADOR DUPLO HORIZONTAL DE ALTA TURBULÊNCIA. AF_03/2020","M3",1223.46,1.4999999999999999E-2,829.91,0,995.54,0,1077.72,0,937.9,0,836.44,2.1999999999999999E-2,873.69,0,770.23,0,824.18,0,976.89,0,891.46,0,848.48,0,915.26,0,1128.58,0,794.95,2.3199999999999998E-2,810.95,0,976.01,0,870.72,0,831.82,0,803.63,2.29E-2,1125.73,0,1450.47,0,966.2,0,942.59,0,807.77,0,767,0,942,0]
["Argamassas",87367,"ARGAMASSA TRAÇO 1:1:6 (EM VOLUME DE CIMENTO, CAL E AREIA MÉDIA ÚMIDA) PARA EMBOÇO/MASSA ÚNICA/ASSENTAMENTO DE ALVENARIA DE VEDAÇÃO, PREPARO MANUAL. AF_08/2019","M3",1038.75,0,680.23,0,847.07,0,816.78,0,813.16,0,730.26,0,852.5,0,700.42,0,756.95,0,818.31,0,766.2,0,689.83,0,730.25,0,939.47,0,694.46,0,796.49,0,739.83,0,738.09,0,803.42,0,653.97,0,906.41,0,923.35,0,728.23,0,767.71,0,689.9,0,690.7,0,789.48,0]
["Argamassas",100449,"ARGAMASSA TRAÇO 1:1:6 (EM VOLUME DE CIMENTO, CAL E AREIA MÉDIA ÚMIDA) PARA EMBOÇO/MASSA ÚNICA/ASSENTAMENTO DE ALVENARIA DE VEDAÇÃO, PREPARO MECÂNICO COM BETONEIRA 250 L. AF_08/2019","M3",0,null,0,null,0,null,0,null,0,null,0,null,0,null,0,null,0,null,0,null,0,null,0,null,0,null,0,null,0,null,0,null,0,null,0,null,0,null,0,null,0,null,0,null,0,null,0,null,0,null,0,null,0]
["Argamassas",87286,"ARGAMASSA TRAÇO 1:1:6 (EM VOLUME DE CIMENTO, CAL E AREIA MÉDIA ÚMIDA) PARA EMBOÇO/MASSA ÚNICA/ASSENTAMENTO DE ALVENARIA DE VEDAÇÃO, PREPARO MECÂNICO COM BETONEIRA 400 L. AF_08/2019","M3",908.12,2.5999999999999999E-3,552.51,0,736.36,0,716.78,0,759.51,0,631.09,3.7000000000000002E-3,729.17,0,580.19000000000005,0,628.70000000000005,0,693.05,0,671.89,0,593.13,0,614.98,0,810.46,0,570.95000000000005,4.1000000000000003E-3,661.9,0,650.46,0,596.91999999999996,0,648.79,0,554.70000000000005,4.3E-3,763.27,0,798.42,0,658.61,0,666.04,0,591.79999999999995,0,538.79999999999995,0,675.81,0]
["Argamassas",87287,"ARGAMASSA TRAÇO 1:1:6 (EM VOLUME DE CIMENTO, CAL E AREIA MÉDIA ÚMIDA) PARA EMBOÇO/MASSA ÚNICA/ASSENTAMENTO DE ALVENARIA DE VEDAÇÃO, PREPARO MECÂNICO COM BETONEIRA 600 L. AF_08/2019","M3",895.11,6.6E-3,543.5,0,705.41,0,705.99,0,713.17,0,603.52,9.7999999999999997E-3,708.76,0,548.45000000000005,0,616.89,0,677.23,0,648.29,0,570.75,0,602.86,0,792.9,0,564.65,1.04E-2,648.16999999999996,0,627.36,0,563.21,0,615.12,0,529.57000000000005,1.11E-2,746.03,0,785.79,0,617.54999999999995,0,637.59,0,570.52,0,506.2,0,662.7,0]
["Argamassas",87331,"ARGAMASSA TRAÇO 1:1:6 (EM VOLUME DE CIMENTO, CAL E AREIA MÉDIA ÚMIDA) PARA EMBOÇO/MASSA ÚNICA/ASSENTAMENTO DE ALVENARIA DE VEDAÇÃO, PREPARO MECÂNICO COM MISTURADOR DE EIXO HORIZONTAL DE 300 KG. AF_08/2019","M3",923.27,8.3000000000000001E-3,568.73,0,764.54,0,732.74,0,796.4,0,657.72,1.1599999999999999E-2,751.71,0,610.34,0,646.37,0,714.08,0,697.95,0,616.73,0,633.12,0,831.46,0,584.62,1.3100000000000001E-2,680.91,0,675.74,0,629.41999999999996,0,682.43,0,580.4,1.3100000000000001E-2,786.96,0,814.76,0,692.05,0,692.06,0,615.47,0,571.5,0,695,0]
["Argamassas",87332,"ARGAMASSA TRAÇO 1:1:6 (EM VOLUME DE CIMENTO, CAL E AREIA MÉDIA ÚMIDA) PARA EMBOÇO/MASSA ÚNICA/ASSENTAMENTO DE ALVENARIA DE VEDAÇÃO, PREPARO MECÂNICO COM MISTURADOR DE EIXO HORIZONTAL DE 600 KG. AF_08/2019","M3",866.72,4.7000000000000002E-3,524.47,0,678.53,0,682.64,0,684.36,0,580.09,7.1000000000000004E-3,682.41,0,525.24,0,595.24,0,652.79,0,624.01,0,549.35,0,581.71,0,765.71,0,545.07000000000005,7.4999999999999997E-3,625.21,0,603.94000000000005,0,538.41999999999996,0,589.15,0,508.37,8.0999999999999996E-3,720.17,0,760.01,0,592.08000000000004,0,612.64,0,548.67999999999995,0,483.03,0,639.95000000000005,0]
["Argamassas",87369,"ARGAMASSA TRAÇO 1:2:8 (EM VOLUME DE CIMENTO, CAL E AREIA MÉDIA ÚMIDA) PARA EMBOÇO/MASSA ÚNICA/ASSENTAMENTO DE ALVENARIA DE VEDAÇÃO, PREPARO MANUAL. AF_08/2019","M3",1073.73,0,678.99,0,867.73,0,803.92,0,839.47,0,743.78,0,881.59,0,718.69,0,776.26,0,819.29,0,773.68,0,696.32,0,722.47,0,963,0,699.38,0,838.06,0,735.56,0,726.96,0,836.44,0,647.25,0,901.6,0,868.02,0,716.92,0,756.55,0,704.4,0,694.29,0,802.59,0]
["Argamassas",100451,"ARGAMASSA TRAÇO 1:2:8 (EM VOLUME DE CIMENTO, CAL E AREIA MÉDIA ÚMIDA) PARA EMBOÇO/MASSA ÚNICA/ASSENTAMENTO DE ALVENARIA DE VEDAÇÃO, PREPARO MECÂNICO COM BETONEIRA 250 L. AF_08/2019","M3",0,null,0,null,0,null,0,null,0,null,0,null,0,null,0,null,0,null,0,null,0,null,0,null,0,null,0,null,0,null,0,null,0,null,0,null,0,null,0,null,0,null,0,null,0,null,0,null,0,null,0,null,0]
["Argamassas",87292,"ARGAMASSA TRAÇO 1:2:8 (EM VOLUME DE CIMENTO, CAL E AREIA MÉDIA ÚMIDA) PARA EMBOÇO/MASSA ÚNICA/ASSENTAMENTO DE ALVENARIA DE VEDAÇÃO, PREPARO MECÂNICO COM BETONEIRA 400 L. AF_08/2019","M3",939.55,2.2000000000000001E-3,546.87,0,745.85,0,699.43,0,769.58,0,634.17999999999995,3.2000000000000002E-3,750.54,0,586.19000000000005,0,643.11,0,687.3,0,670.01,0,590.91999999999996,0,601.71,0,827.69,0,572.65,3.5999999999999999E-3,698.33,0,636.97,0,571.9,0,668.7,0,537.77,3.8E-3,751.1,0,737.6,0,632.07000000000005,0,643.85,0,597.9,0,528.88,0,683.57,0]
["Argamassas",87335,"ARGAMASSA TRAÇO 1:2:8 (EM VOLUME DE CIMENTO, CAL E AREIA MÉDIA ÚMIDA) PARA EMBOÇO/MASSA ÚNICA/ASSENTAMENTO DE ALVENARIA DE VEDAÇÃO, PREPARO MECÂNICO COM MISTURADOR DE EIXO HORIZONTAL DE 300 KG. AF_08/2019","M3",881.79,6.8999999999999999E-3,528.41999999999996,0,713.96,0,678.93,0,742.66,0,613.15,9.9000000000000008E-3,718.5,0,566.29,0,614.41999999999996,0,666.29,0,651.77,0,570.70000000000005,0,585.91999999999996,0,784.48,0,551.49,1.11E-2,656.6,0,619.53,0,569.13,0,639.79999999999995,0,529.97,1.15E-2,729.18,0,725.56,0,624.1,0,634.45000000000005,0,574.98,0,520.30999999999995,0,654.1,0]
["Argamassas",87336,"ARGAMASSA TRAÇO 1:2:8 (EM VOLUME DE CIMENTO, CAL E AREIA MÉDIA ÚMIDA) PARA EMBOÇO/MASSA ÚNICA/ASSENTAMENTO DE ALVENARIA DE VEDAÇÃO, PREPARO MECÂNICO COM MISTURADOR DE EIXO HORIZONTAL DE 600 KG. AF_08/2019","M3",903.73,4.7000000000000002E-3,525.76,0,703.29,0,671.66,0,715.18,0,597.20000000000005,7.1000000000000004E-3,714.07,0,548.16999999999996,0,616.86,0,656.53,0,634.51,0,559.20000000000005,0,576.4,0,792.25,0,551.79999999999995,7.7000000000000002E-3,669.35,0,603.11,0,532.46,0,627.51,0,505.31,8.3999999999999995E-3,718.64,0,707.82,0,585.54,0,605.03,0,566.41999999999996,0,492.08,0,655.5,0]
["Argamassas",87370,"ARGAMASSA TRAÇO 1:2:9 (EM VOLUME DE CIMENTO, CAL E AREIA MÉDIA ÚMIDA) PARA EMBOÇO/MASSA ÚNICA/ASSENTAMENTO DE ALVENARIA DE VEDAÇÃO, PREPARO MANUAL. AF_08/2019","M3",1021.64,0,652.48,0,830.77,0,771.24,0,807.09,0,717.13,0,855.28,0,692.89,0,748.93,0,790.8,0,748.56,0,666.99,0,695.96,0,917.78,0,675.87,0,804.99,0,703.09,0,707.67,0,805.71,0,626.21,0,867.26,0,822.26,0,689.18,0,734.01,0,676.07,0,673.67,0,769.12,0]
["Argamassas",100452,"ARGAMASSA TRAÇO 1:2:9 (EM VOLUME DE CIMENTO, CAL E AREIA MÉDIA ÚMIDA) PARA EMBOÇO/MASSA ÚNICA/ASSENTAMENTO DE ALVENARIA DE VEDAÇÃO, PREPARO MECÂNICO COM BETONEIRA 250 L. AF_08/2019","M3",0,null,0,null,0,null,0,null,0,null,0,null,0,null,0,null,0,null,0,null,0,null,0,null,0,null,0,null,0,null,0,null,0,null,0,null,0,null,0,null,0,null,0,null,0,null,0,null,0,null,0,null,0]
["Argamassas",88715,"ARGAMASSA TRAÇO 1:2:9 (EM VOLUME DE CIMENTO, CAL E AREIA MÉDIA ÚMIDA) PARA EMBOÇO/MASSA ÚNICA/ASSENTAMENTO DE ALVENARIA DE VEDAÇÃO, PREPARO MECÂNICO COM BETONEIRA 400 L. AF_08/2019","M3",880.86,2.2000000000000001E-3,515.02,0,700.05,0,661.13,0,726.71,0,599.58000000000004,3.3E-3,716.67,0,551.57000000000005,0,609.79999999999995,0,651.95000000000005,0,637.30999999999995,0,554.58000000000004,0,569.34,0,775.18,0,544.23,3.5999999999999999E-3,658.84,0,597.21,0,543.02,0,628.04999999999995,0,509.29,3.8E-3,709.22,0,685.52,0,594.74,0,613.1,0,562.62,0,498.81,0,643.94000000000005,0]
["Argamassas",87294,"ARGAMASSA TRAÇO 1:2:9 (EM VOLUME DE CIMENTO, CAL E AREIA MÉDIA ÚMIDA) PARA EMBOÇO/MASSA ÚNICA/ASSENTAMENTO DE ALVENARIA DE VEDAÇÃO, PREPARO MECÂNICO COM BETONEIRA 600 L. AF_08/2019","M3",883.98,7.7999999999999996E-3,522.03,0,701.81,0,665.64,0,723.33,0,601.80999999999995,1.14E-2,720.52,0,554.89,0,615.66,0,657.73,0,640.67999999999995,0,557.91999999999996,0,575.24,0,779.89,0,550.87,1.2500000000000001E-2,664.54,0,600.89,0,547.6,0,633.22,0,512.67999999999995,1.34E-2,715.82,0,691.01,0,593.46,0,614.87,0,566.65,0,504.6,0,649.5,0]
["Argamassas",87337,"ARGAMASSA TRAÇO 1:2:9 (EM VOLUME DE CIMENTO, CAL E AREIA MÉDIA ÚMIDA) PARA EMBOÇO/MASSA ÚNICA/ASSENTAMENTO DE ALVENARIA DE VEDAÇÃO, PREPARO MECÂNICO COM MISTURADOR DE EIXO HORIZONTAL DE 300 KG. AF_08/2019","M3",879.51,6.7999999999999996E-3,519.67999999999995,0,709.77,0,663.92,0,741.73,0,609.65,9.9000000000000008E-3,722.16,0,564.49,0,613.80999999999995,0,657.93,0,646.76,0,563.48,0,574.66999999999996,0,779.38,0,546.59,1.0999999999999999E-2,662.78,0,607,0,557.92999999999995,0,642.17999999999995,0,520.23,1.1599999999999999E-2,716.52,0,688.97,0,609.67999999999995,0,622.76,0,571.35,0,514.27,0,648.82000000000005,0]
["Argamassas",100487,"ARGAMASSA TRAÇO 1:2:9 (EM VOLUME DE CIMENTO, CAL E AREIA MÉDIA ÚMIDA) PARA EMBOÇO/MASSA ÚNICA/ASSENTAMENTO DE ALVENARIA DE VEDAÇÃO, PREPARO MECÂNICO COM MISTURADOR DE EIXO HORIZONTAL DE 600 KG. AF_08/2019","M3",848.4,4.7999999999999996E-3,496.2,0,661.47,0,635.96,0,677,0,566.02,7.1999999999999998E-3,683.47,0,517.25,0,586.14,0,624.13,0,605.04999999999995,0,525.95000000000005,0,546.54999999999995,0,743.19,0,525.48,7.7000000000000002E-3,632.72,0,566.6,0,507.42,0,591.01,0,479.91,8.5000000000000006E-3,680.03,0,658.82,0,552.36,0,577.76,0,534.16,0,465.78,0,618.66,0]
["Argamassas",87380,"ARGAMASSA TRAÇO 1:3 (EM VOLUME DE CIMENTO E AREIA GROSSA ÚMIDA) COM ADIÇÃO DE EMULSÃO POLIMÉRICA PARA CHAPISCO ROLADO, PREPARO MANUAL. AF_08/2019","M3",5088.0600000000004,0,4076.14,0,3388.9,0.80549999999999999,4737.8900000000003,0,3905.93,0,3299.95,0.82730000000000004,3462.64,0,3280.79,0.83209999999999995,3006.36,0,3767.6,0,3157.65,0,3285.06,0.83099999999999996,3331.31,0.81950000000000001,4527.78,0,4528.12,0,3813.28,0,4465.76,0,3508.64,0,4462.1499999999996,0,3360.41,0,4245.47,0,3940.53,0,3945.58,0,4381.99,0,4653.45,0,3304.88,0,3465.93,0]
["Argamassas",100461,"ARGAMASSA TRAÇO 1:3 (EM VOLUME DE CIMENTO E AREIA GROSSA ÚMIDA) COM ADIÇÃO DE EMULSÃO POLIMÉRICA PARA CHAPISCO ROLADO, PREPARO MECÂNICO COM BETONEIRA 250 L. AF_08/2019","M3",0,null,0,null,0,null,0,null,0,null,0,null,0,null,0,null,0,null,0,null,0,null,0,null,0,null,0,null,0,null,0,null,0,null,0,null,0,null,0,null,0,null,0,null,0,null,0,null,0,null,0,null,0]
["Argamassas",87322,"ARGAMASSA TRAÇO 1:3 (EM VOLUME DE CIMENTO E AREIA GROSSA ÚMIDA) COM ADIÇÃO DE EMULSÃO POLIMÉRICA PARA CHAPISCO ROLADO, PREPARO MECÂNICO COM BETONEIRA 400 L. AF_08/2019","M3",4996.75,4.0000000000000002E-4,3981.93,0,3296.84,0.83660000000000001,4675.76,0,3871.67,0,3220.45,0.85709999999999997,3361.47,0,3179.64,0.86750000000000005,2898.96,0,3669.12,0,3081.79,0,3209.58,0.85940000000000005,3240.16,0.85129999999999995,4431.82,0,4443.33,5.0000000000000001E-4,3707.09,0,4408.7299999999996,0,3388.27,0,4337.6499999999996,0,3282.88,5.9999999999999995E-4,4132.95,0,3844.06,0,3898.46,0,4310.7,0,4590.96,0,3172.64,0,3376.73,0]
["Argamassas",87323,"ARGAMASSA TRAÇO 1:3 (EM VOLUME DE CIMENTO E AREIA GROSSA ÚMIDA) COM ADIÇÃO DE EMULSÃO POLIMÉRICA PARA CHAPISCO ROLADO, PREPARO MECÂNICO COM BETONEIRA 600 L. AF_08/2019","M3",5001.8999999999996,1.1000000000000001E-3,3989.14,0,3282.49,0.84399999999999997,4682.71,0,3847.28,0,3209,0.86509999999999998,3354.8,0,3165.73,0.87519999999999998,2898.16,0,3668.18,0,3072.24,0,3202.67,0.86509999999999998,3240.89,0.85489999999999999,4432.29,0,4454.04,1.1999999999999999E-3,3708.3,0,4406.25,0,3373.59,0,4327.17,0,3274.35,1.6999999999999999E-3,4132.67,0,3846.1,0,3879.45,0,4302.78,0,4591.04,0,3158.74,0,3376.88,0]
["Argamassas",87360,"ARGAMASSA TRAÇO 1:3 (EM VOLUME DE CIMENTO E AREIA GROSSA ÚMIDA) COM ADIÇÃO DE EMULSÃO POLIMÉRICA PARA CHAPISCO ROLADO, PREPARO MECÂNICO COM MISTURADOR DE EIXO HORIZONTAL DE 160 KG. AF_08/2019","M3",4914.92,1.6000000000000001E-3,3916.41,0,3284.47,0.81589999999999996,4595.45,0,3860.87,0,3201.86,0.83940000000000003,3333.62,0,3168.69,0.84570000000000001,2869.76,0,3627.17,0,3064.82,0,3183.51,0.8417,3201.46,0.83699999999999997,4373.5,0,4360.3900000000003,1.8E-3,3659.35,0,4353,0,3376.8,0,4302.71,0,3257.59,2.5000000000000001E-3,4083.87,0,3793.96,0,3877.18,0,4262.2,0,4525.3100000000004,0,3165.64,0,3337.95,0]
["Argamassas",87361,"ARGAMASSA TRAÇO 1:3 (EM VOLUME DE CIMENTO E AREIA GROSSA ÚMIDA) COM ADIÇÃO DE EMULSÃO POLIMÉRICA PARA CHAPISCO ROLADO, PREPARO MECÂNICO COM MISTURADOR DE EIXO HORIZONTAL DE 300 KG. AF_08/2019","M3",4879.91,1E-3,3889.91,0,3216.05,0.83809999999999996,4567.78,0,3775.77,0,3142.33,0.85940000000000005,3280.41,0,3101.41,0.86909999999999998,2830.71,0,3582.78,0,3008.21,0,3133.14,0.86029999999999995,3164.62,0.85170000000000001,4327.8999999999996,0,4340.74,1.1999999999999999E-3,3620.01,0,4305.47,0,3304.4,0,4232.58,0,3203.97,1.6000000000000001E-3,4036.41,0,3754.45,0,3802.64,0,4206.74,0,4483.2299999999996,0,3094.09,0,3298.25,0]
["Argamassas",87362,"ARGAMASSA TRAÇO 1:3 (EM VOLUME DE CIMENTO E AREIA GROSSA ÚMIDA) COM ADIÇÃO DE EMULSÃO POLIMÉRICA PARA CHAPISCO ROLADO, PREPARO MECÂNICO COM MISTURADOR DE EIXO HORIZONTAL DE 600 KG. AF_08/2019","M3",4889.54,6.9999999999999999E-4,3899.52,0,3200.64,0.84840000000000004,4578.26,0,3751.53,0,3130.34,0.86870000000000003,3272.8,0,3086.62,0.87980000000000003,2828.75,0,3581.55,0,2996.49,0,3125.96,0.86870000000000003,3164.94,0.85799999999999998,4329.93,0,4355.34,8.0000000000000004E-4,3621.94,0,4304.66,0,3288.73,0,4223.09,0,3195.34,1.1000000000000001E-3,4036.41,0,3757.22,0,3784.95,0,4201.57,0,4486.37,0,3078.63,0,3297.7,0]
["Argamassas",87377,"ARGAMASSA TRAÇO 1:3 (EM VOLUME DE CIMENTO E AREIA GROSSA ÚMIDA) PARA CHAPISCO CONVENCIONAL, PREPARO MANUAL. AF_08/2019","M3",932.74,0,659.08,0,776.22,0,812.4,0,721.67,0,669.2,0,735.44,0,635.44000000000005,0,677.66,0,777.25,0,708.84,0,655.45,0,716.46,0,863.25,0,648.1,0,672.07,0,729.82,0,727.25,0,704.03,0,640,0,881.57,0,1036.68,0,729.9,0,751.42,0,634.13,0,656.15,0,732.05,0]
["Argamassas",100458,"ARGAMASSA TRAÇO 1:3 (EM VOLUME DE CIMENTO E AREIA GROSSA ÚMIDA) PARA CHAPISCO CONVENCIONAL, PREPARO MECÂNICO COM BETONEIRA 250 L. AF_08/2019","M3",0,null,0,null,0,null,0,null,0,null,0,null,0,null,0,null,0,null,0,null,0,null,0,null,0,null,0,null,0,null,0,null,0,null,0,null,0,null,0,null,0,null,0,null,0,null,0,null,0,null,0,null,0]
["Argamassas",87313,"ARGAMASSA TRAÇO 1:3 (EM VOLUME DE CIMENTO E AREIA GROSSA ÚMIDA) PARA CHAPISCO CONVENCIONAL, PREPARO MECÂNICO COM BETONEIRA 400 L. AF_08/2019","M3",788.41,2.5000000000000001E-3,521.55999999999995,0,645.12,0,701.21,0,641,0,551.72,3.5999999999999999E-3,595.41999999999996,0,495.21,0,537.42999999999995,0,637.99,0,597.26,0,543.13,0,589.71,0,718.78,0,515.65,3.8E-3,524.04,0,624.08000000000004,0,565.28,0,527.34,0,524.23,3.8E-3,723.34,0,900.56,0,637.02,0,631.38,0,520.42999999999995,0,483.93,0,605.63,0]
["Argamassas",87314,"ARGAMASSA TRAÇO 1:3 (EM VOLUME DE CIMENTO E AREIA GROSSA ÚMIDA) PARA CHAPISCO CONVENCIONAL, PREPARO MECÂNICO COM BETONEIRA 600 L. AF_08/2019","M3",781.41,7.3000000000000001E-3,518.55999999999995,0,628.45000000000005,0,696.08,0,614.1,0,536.94000000000005,1.06E-2,584.34,0,478.82,0,532.11,0,630.51,0,584.76,0,531.78,0,584.49,0,710.21,0,513.64,1.11E-2,517.64,0,612.54,0,548.15,0,510.46,0,511.36,1.11E-2,715.51,0,895.53,0,614.12,0,615.78,0,509.83,0,468.02,0,599.72,0]
["Argamassas",87352,"ARGAMASSA TRAÇO 1:3 (EM VOLUME DE CIMENTO E AREIA GROSSA ÚMIDA) PARA CHAPISCO CONVENCIONAL, PREPARO MECÂNICO COM MISTURADOR DE EIXO HORIZONTAL DE 160 KG. AF_08/2019","M3",861.22,1.09E-2,581.57000000000005,0,755.3,0,764.07,0,780.18,0,651.53,1.4500000000000001E-2,686.47,0,606.74,0,606.36,0,718.24,0,691.95,0,630.12,0,656.95,0,804.62,0,569.64,1.66E-2,600.28,0,715.32,0,683.73,0,652.05999999999995,0,616.82000000000005,1.5299999999999999E-2,810.51,0,966.87,0,760.57,0,731.26,0,607.69000000000005,0,601.71,0,678.18,0]
["Argamassas",87353,"ARGAMASSA TRAÇO 1:3 (EM VOLUME DE CIMENTO E AREIA GROSSA ÚMIDA) PARA CHAPISCO CONVENCIONAL, PREPARO MECÂNICO COM MISTURADOR DE EIXO HORIZONTAL DE 300 KG. AF_08/2019","M3",786.04,7.4999999999999997E-3,523.11,0,651.16,0,699.63,0,651.49,0,558.1,1.0500000000000001E-2,598.98,0,504.36,0,539.65,0,640.08000000000004,0,602.75,0,548.26,0,591.01,0,720.54,0,515.76,1.14E-2,527.73,0,628.98,0,573.67999999999995,0,538.30999999999995,0,530.17999999999995,1.11E-2,725.87,0,895.63,0,645.02,0,635.24,0,526.14,0,494.2,0,607.94000000000005,0]
["Argamassas",87354,"ARGAMASSA TRAÇO 1:3 (EM VOLUME DE CIMENTO E AREIA GROSSA ÚMIDA) PARA CHAPISCO CONVENCIONAL, PREPARO MECÂNICO COM MISTURADOR DE EIXO HORIZONTAL DE 600 KG. AF_08/2019","M3",755.34,5.0000000000000001E-3,499.57,0,601.32000000000005,0,672.98,0,584.5,0,513.12,7.3000000000000001E-3,559.41999999999996,0,454.66,0,511.53,0,606.29,0,560.37,0,509.82,0,563.22,0,684,0,494.91,7.6E-3,496.43,0,588.14,0,521.28,0,483.93,0,488.88,7.7000000000000002E-3,689.44,0,867.87,0,586.33000000000004,0,589.82000000000005,0,487.83,0,442.98,0,577.64,0]
["Argamassas",100480,"ARGAMASSA TRAÇO 1:3 (EM VOLUME DE CIMENTO E AREIA MÉDIA ÚMIDA) COM ADIÇÃO DE IMPERMEABILIZANTE, PREPARO MANUAL. AF_08/2019","M3",1162.3800000000001,0,875.59,0,939.4,0.15129999999999999,1049.56,0,876.35,0,846.65,0,927.47,0,753.61,0,838.29,0,980.03,0,857.59,0,816.15,0,893.02,0,1059.3900000000001,0,846.03,0,836.33,0,977.15,0,857.12,0,844.13,0,803.79,0,1100.8800000000001,0,1274.4000000000001,0,895.63,0,905.88,0,838.62,0,787.34,0,950.04,0]
["Argamassas",100476,"ARGAMASSA TRAÇO 1:3 (EM VOLUME DE CIMENTO E AREIA MÉDIA ÚMIDA) COM ADIÇÃO DE IMPERMEABILIZANTE, PREPARO MECÂNICO COM BETONEIRA 250 L. AF_08/2019","M3",0,null,0,null,0,null,0,null,0,null,0,null,0,null,0,null,0,null,0,null,0,null,0,null,0,null,0,null,0,null,0,null,0,null,0,null,0,null,0,null,0,null,0,null,0,null,0,null,0,null,0,null,0]
["Argamassas",100475,"ARGAMASSA TRAÇO 1:3 (EM VOLUME DE CIMENTO E AREIA MÉDIA ÚMIDA) COM ADIÇÃO DE IMPERMEABILIZANTE, PREPARO MECÂNICO COM BETONEIRA 400 L. AF_08/2019","M3",1048.69,1.6000000000000001E-3,767.32,0,839.41,0.16980000000000001,962.06,0,818.95,0,757.13,2.3E-3,818.66,0,646.69000000000005,0,728.08,0,871.11,0,772,0,729.97,0,793.52,0,946.61,0,741.21,2.3E-3,720.43,0,896.48,0,732.88,0,708.64,0,715.22,2.3999999999999998E-3,977,0,1166.8800000000001,0,827.55,0,813.93,0,751.43,0,655.14,0,851.21,0]
["Argamassas",100491,"ARGAMASSA TRAÇO 1:3 (EM VOLUME DE CIMENTO E AREIA MÉDIA ÚMIDA) COM ADIÇÃO DE IMPERMEABILIZANTE, PREPARO MECÂNICO COM BETONEIRA 600 L. AF_08/2019","M3",1048.92,4.7999999999999996E-3,770.45,0,832.57,0.1711,962.68,0,803.27,0,751.28,6.7000000000000002E-3,816.39,0,640.54,0,729.77,0,871.27,0,767.74,0,726.32,0,794.73,0,946,0,744.92,6.7999999999999996E-3,721.68,0,892.53,0,726.97,0,703.55,0,710.65,7.1000000000000004E-3,977.51,0,1167.95,0,814.88,0,807.48,0,748.48,0,650.52,0,852.01,0]
["Argamassas",100477,"ARGAMASSA TRAÇO 1:3 (EM VOLUME DE CIMENTO E AREIA MÉDIA ÚMIDA) COM ADIÇÃO DE IMPERMEABILIZANTE, PREPARO MECÂNICO COM MISTURADOR DE EIXO HORIZONTAL DE 160 KG. AF_08/2019","M3",1098.75,7.4999999999999997E-3,808.46,0,925.88,0.14879999999999999,1003.86,0,931.66,0,834.65,9.9000000000000008E-3,887.32,0,736.89,0,778.75,0,929.68,0,845.57,0,796.9,0,841.91,0,1009.86,0,777.61,1.06E-2,777.5,0,963.74,0,828.13,0,809.29,0,787.05,1.0500000000000001E-2,1040.44,0,1210.4100000000001,0,926.11,0,891.65,0,817.23,0,750.32,0,902.83,0]
["Argamassas",100478,"ARGAMASSA TRAÇO 1:3 (EM VOLUME DE CIMENTO E AREIA MÉDIA ÚMIDA) COM ADIÇÃO DE IMPERMEABILIZANTE, PREPARO MECÂNICO COM MISTURADOR DE EIXO HORIZONTAL DE 300 KG. AF_08/2019","M3",1027.92,4.3E-3,752.99,0,822.51,0.16919999999999999,943.9,0,802.5,0,742.34,5.8999999999999999E-3,802.97,0,633.84,0,714.73,0,854.8,0,758.13,0,716.08,0,778.9,0,928.48,0,727.46,6.0000000000000001E-3,707.16,0,879.48,0,718,0,694.72,0,701.42,6.3E-3,958.96,0,1143.3900000000001,0,810.38,0,797.44,0,737.28,0,641.92999999999995,0,835.67,0]
["Argamassas",100479,"ARGAMASSA TRAÇO 1:3 (EM VOLUME DE CIMENTO E AREIA MÉDIA ÚMIDA) COM ADIÇÃO DE IMPERMEABILIZANTE, PREPARO MECÂNICO COM MISTURADOR DE EIXO HORIZONTAL DE 600 KG. AF_08/2019","M3",1014.54,3.0999999999999999E-3,743.99,0,797.13,0.1757,931.98,0,765.07,0,719.49,4.3E-3,783.55,0,608.73,0,702.43,0,839.2,0,736.22,0,697.1,0,766.57,0,911.64,0,719.47,4.3E-3,693.3,0,859.38,0,691.78,0,668.08,0,680.73,4.5999999999999999E-3,942.65,0,1132.02,0,778.65,0,773.95,0,718.61,0,617.02,0,822.12,0]
["Argamassas",87372,"ARGAMASSA TRAÇO 1:3 (EM VOLUME DE CIMENTO E AREIA MÉDIA ÚMIDA) PARA CONTRAPISO, PREPARO MANUAL. AF_08/2019","M3",1172.06,0,816.87,0,958.33,0,1024.99,0,890.41,0,823.15,0,905.71,0,769.61,0,836.99,0,965.74,0,878.28,0,811.03,0,893.01,0,1077.3,0,804.53,0,825.7,0,910.25,0,882.52,0,846.83,0,787.46,0,1096.94,0,1315.6,0,903.37,0,930.24,0,782.32,0,786.76,0,912.38,0]
["Argamassas",100453,"ARGAMASSA TRAÇO 1:3 (EM VOLUME DE CIMENTO E AREIA MÉDIA ÚMIDA) PARA CONTRAPISO, PREPARO MECÂNICO COM BETONEIRA 250 L. AF_08/2019","M3",0,null,0,null,0,null,0,null,0,null,0,null,0,null,0,null,0,null,0,null,0,null,0,null,0,null,0,null,0,null,0,null,0,null,0,null,0,null,0,null,0,null,0,null,0,null,0,null,0,null,0,null,0]
["Argamassas",87298,"ARGAMASSA TRAÇO 1:3 (EM VOLUME DE CIMENTO E AREIA MÉDIA ÚMIDA) PARA CONTRAPISO, PREPARO MECÂNICO COM BETONEIRA 400 L. AF_08/2019","M3",1025.1300000000001,2E-3,674.71,0,821.83,0,912.58,0,805.54,0,700.36,2.8999999999999998E-3,759.78,0,621.57000000000005,0,691.48,0,821.91,0,762.48,0,694.44,0,762.6,0,928.86,0,667.78,3.0000000000000001E-3,671.48,0,801.45,0,711.88,0,659.98,0,666.58,3.0000000000000001E-3,933.86,0,1179.47,0,806.52,0,805.56,0,663.95,0,604.48,0,782.29,0]
["Argamassas",87299,"ARGAMASSA TRAÇO 1:3 (EM VOLUME DE CIMENTO E AREIA MÉDIA ÚMIDA) PARA CONTRAPISO, PREPARO MECÂNICO COM BETONEIRA 600 L. AF_08/2019","M3",639.08000000000004,9.7000000000000003E-3,430.12,0,527.22,0,578.66,0,547.01,0,473.11,1.3100000000000001E-2,557.16999999999996,0,417.58,0,475.25,0,550.05999999999995,0,528.23,0,439.74,0,495.1,0,578.02,0,453.93,1.37E-2,460.64,0,495.62,0,486.77,0,447.61,0,443.78,1.4E-2,602.04999999999995,0,656.47,0,512.04,0,547.52,0,434.09,0,410.67,0,505.38,0]
["Argamassas",87339,"ARGAMASSA TRAÇO 1:3 (EM VOLUME DE CIMENTO E AREIA MÉDIA ÚMIDA) PARA CONTRAPISO, PREPARO MECÂNICO COM MISTURADOR DE EIXO HORIZONTAL DE 160 KG. AF_08/2019","M3",1132.51,1.06E-2,763.66,0,988.32,0,1004.73,0,1017.34,0,851.37,1.41E-2,897.01,0,791.22,0,794.47,0,941.59,0,904.9,0,825.28,0,862.33,0,1056.56,0,747.55,1.61E-2,785.83,0,937.98,0,892,0,849.81,0,806.45,1.49E-2,1063.58,0,1275.46,0,994.04,0,956.47,0,795.22,0,783.92,0,890.02,0]
["Argamassas",87340,"ARGAMASSA TRAÇO 1:3 (EM VOLUME DE CIMENTO E AREIA MÉDIA ÚMIDA) PARA CONTRAPISO, PREPARO MECÂNICO COM MISTURADOR DE EIXO HORIZONTAL DE 300 KG. AF_08/2019","M3",1013.2,5.7999999999999996E-3,669.92,0,819.64,0,902.75,0,808.18,0,700.13,8.3999999999999995E-3,757.33,0,624.37,0,687.79,0,816.77,0,761.31,0,692.64,0,756.98,0,921.61,0,662.3,8.8999999999999999E-3,669.26,0,798.25,0,713.33,0,664.16,0,666.13,8.8000000000000005E-3,927.71,0,1162.22,0,806.12,0,802.15,0,663.22,0,608.46,0,777.39,0]
["Argamassas",87341,"ARGAMASSA TRAÇO 1:3 (EM VOLUME DE CIMENTO E AREIA MÉDIA ÚMIDA) PARA CONTRAPISO, PREPARO MECÂNICO COM MISTURADOR DE EIXO HORIZONTAL DE 600 KG. AF_08/2019","M3",984.51,4.1000000000000003E-3,648.46,0,774.34,0,877.6,0,746.96,0,659.11,6.1999999999999998E-3,720.64,0,579.71,0,661.89,0,785.52,0,722.26,0,657.7,0,731.29,0,888.09,0,642.85,6.3E-3,640.67999999999995,0,760.98,0,666.05,0,615.53,0,628.55999999999995,6.4999999999999997E-3,894.25,0,1136.42,0,752.71,0,760.31,0,628.38,0,562.74,0,749.49,0]
["Argamassas",88629,"ARGAMASSA TRAÇO 1:3 (EM VOLUME DE CIMENTO E AREIA MÉDIA ÚMIDA), PREPARO MANUAL. AF_08/2019","M3",972.27,0,672.02,0,786.47,0,852.46,0,730.75,0,674.25,0,743.02,0,624.12,0,687.51,0,796.02,0,722.87,0,666.45,0,737.33,0,889.85,0,662.88,0,675.95,0,751.51,0,716.73,0,683.73,0,645.04999999999995,0,904.71,0,1096.9100000000001,0,742.42,0,765.13,0,641.80999999999995,0,633.92999999999995,0,753.25,0]
["Argamassas",100467,"ARGAMASSA TRAÇO 1:3 (EM VOLUME DE CIMENTO E AREIA MÉDIA ÚMIDA), PREPARO MECÂNICO COM BETONEIRA 250 L. AF_08/2019","M3",0,null,0,null,0,null,0,null,0,null,0,null,0,null,0,null,0,null,0,null,0,null,0,null,0,null,0,null,0,null,0,null,0,null,0,null,0,null,0,null,0,null,0,null,0,null,0,null,0,null,0,null,0]
["Argamassas",88628,"ARGAMASSA TRAÇO 1:3 (EM VOLUME DE CIMENTO E AREIA MÉDIA ÚMIDA), PREPARO MECÂNICO COM BETONEIRA 400 L. AF_08/2019","M3",857.33,1.8E-3,563.48,0,683.38,0,763.46,0,667.41,0,581.94000000000005,2.7000000000000001E-3,632.54999999999995,0,514.71,0,576.84,0,685.82,0,634.67999999999995,0,578.02,0,636.9,0,775.44,0,558.08000000000004,2.8E-3,559.49,0,667.86,0,590.15,0,546.07000000000005,0,554.09,2.8E-3,779.53,0,987.87,0,669.43,0,670.37,0,552.37,0,499.87,0,653.1,0]
["Argamassas",100489,"ARGAMASSA TRAÇO 1:3 (EM VOLUME DE CIMENTO E AREIA MÉDIA ÚMIDA), PREPARO MECÂNICO COM BETONEIRA 600 L. AF_08/2019","M3",856.3,5.4000000000000003E-3,565.27,0,675.76,0,763.03,0,651.77,0,575.34,8.0000000000000002E-3,629.16,0,507.68,0,577.22,0,684.73,0,629.62,0,573.54,0,636.91999999999996,0,773.59,0,560.41999999999996,8.2000000000000007E-3,559.37,0,663.12,0,583.17999999999995,0,539.76,0,548.73,8.3999999999999995E-3,778.61,0,987.68,0,656.57,0,663.2,0,548.55999999999995,0,494.03,0,652.72,0]
["Argamassas",100468,"ARGAMASSA TRAÇO 1:3 (EM VOLUME DE CIMENTO E AREIA MÉDIA ÚMIDA), PREPARO MECÂNICO COM MISTURADOR DE EIXO HORIZONTAL DE 160 KG. AF_08/2019","M3",961.95,5.5E-2,656.98,0,825.01,0,867.75,0,838.78,0,712.21,7.4200000000000002E-2,761.58,0,654.34,0,678.85,0,808.43,0,771.4,0,697.7,0,741.6,0,903.26,0,647.82000000000005,8.1600000000000006E-2,670.37,0,803.35,0,737.45,0,701.89,0,678.07,7.8E-2,906.22,0,1094,0,819.72,0,798.93,0,679.04,0,646.52,0,767.08,0]
["Argamassas",100469,"ARGAMASSA TRAÇO 1:3 (EM VOLUME DE CIMENTO E AREIA MÉDIA ÚMIDA), PREPARO MECÂNICO COM MISTURADOR DE EIXO HORIZONTAL DE 300 KG. AF_08/2019","M3",841.51,4.7000000000000002E-3,554.07000000000005,0,670.28,0,750.26,0,654.42999999999995,0,571.23,7.0000000000000001E-3,621.11,0,504.88,0,567.07000000000005,0,673.92,0,623.95000000000005,0,567.77,0,626.11,0,761.62,0,548.69000000000005,7.3000000000000001E-3,549.97,0,656.36,0,578.58000000000004,0,535.83000000000004,0,544.04999999999995,7.3000000000000001E-3,766.29,0,969.45,0,656.09,0,657.33,0,542.85,0,490.18,0,642.33000000000004,0]
["Argamassas",100470,"ARGAMASSA TRAÇO 1:3 (EM VOLUME DE CIMENTO E AREIA MÉDIA ÚMIDA), PREPARO MECÂNICO COM MISTURADOR DE EIXO HORIZONTAL DE 600 KG. AF_08/2019","M3",750.45,6.3E-3,496.76,0,602.98,0,673.65,0,603,0,524.03,9.1000000000000004E-3,588.1,0,460.81,0,523.20000000000005,0,616.01,0,578.55999999999995,0,508.44,0,566.04,0,677.94,0,504.01,9.4000000000000004E-3,506.54,0,583.13,0,531.70000000000005,0,490.06,0,496.14,9.5999999999999992E-3,691.18,0,831.32,0,588.92999999999995,0,604.85,0,491.52,0,448.09,0,579.74,0]
["Argamassas",87371,"ARGAMASSA TRAÇO 1:3:12 (EM VOLUME DE CIMENTO, CAL E AREIA MÉDIA ÚMIDA) PARA EMBOÇO/MASSA ÚNICA/ASSENTAMENTO DE ALVENARIA DE VEDAÇÃO, PREPARO MANUAL. AF_08/2019","M3",1016.74,0,638.67999999999995,0,823.12,0,750.46,0,805.07,0,710.7,0,858.18,0,687.79,0,745.92,0,777.86,0,740.64,0,655.69,0,679.4,0,908.89,0,667.45,0,810.56,0,685.17,0,689.94,0,805.15,0,611.57000000000005,0,848.28,0,772.47,0,669,0,717.07,0,669.49,0,662.1,0,760.37,0]
["Argamassas",87295,"ARGAMASSA TRAÇO 1:3:12 (EM VOLUME DE CIMENTO, CAL E AREIA MÉDIA ÚMIDA) PARA EMBOÇO/MASSA ÚNICA/ASSENTAMENTO DE ALVENARIA DE VEDAÇÃO, PREPARO MECÂNICO COM BETONEIRA 400 L. AF_08/2019","M3",903.99,2.8E-3,524.95000000000005,0,733.58,0,664.61,0,774.63,0,630.33000000000004,4.0000000000000001E-3,753.63,0,588.4,0,633.29,0,669.71,0,664.21,0,575.82000000000005,0,578.85,0,798.7,0,557.07000000000005,4.4999999999999997E-3,693.06,0,613.03,0,571.03,0,674.52,0,529.65,4.7999999999999996E-3,724.01,0,663.39,0,620.51,0,634.33000000000004,0,588.22,0,532.54999999999995,0,662.43,0]
["Argamassas",87296,"ARGAMASSA TRAÇO 1:3:12 (EM VOLUME DE CIMENTO, CAL E AREIA MÉDIA ÚMIDA) PARA EMBOÇO/MASSA ÚNICA/ASSENTAMENTO DE ALVENARIA DE VEDAÇÃO, PREPARO MECÂNICO COM BETONEIRA 600 L. AF_08/2019","M3",879.57,6.7999999999999996E-3,507.54,0,689.34,0,643.77,0,712.55,0,590.80999999999995,1.01E-2,721.24,0,544.33000000000004,0,612.01,0,642.83000000000004,0,628.66999999999996,0,542.82000000000005,0,557.16999999999996,0,769.39,0,542.65,1.0999999999999999E-2,669.49,0,578.54999999999995,0,523.71,0,627.32000000000005,0,493.4,1.21E-2,694.68,0,639.47,0,565.09,0,593.1,0,556.46,0,487.19,0,639.35,0]
["Argamassas",87338,"ARGAMASSA TRAÇO 1:3:12 (EM VOLUME DE CIMENTO, CAL E AREIA MÉDIA ÚMIDA) PARA EMBOÇO/MASSA ÚNICA/ASSENTAMENTO DE ALVENARIA DE VEDAÇÃO, PREPARO MECÂNICO COM MISTURADOR DE EIXO HORIZONTAL DE 600 KG. AF_08/2019","M3",867.87,6.1000000000000004E-3,503.45,0,687.45,0,636.52,0,714.21,0,589.94000000000005,8.9999999999999993E-3,714.35,0,546.21,0,605.95000000000005,0,637.38,0,625.91999999999996,0,541.80999999999995,0,552.67999999999995,0,762.08,0,535.86,9.9000000000000008E-3,662.75,0,577.03,0,526.89,0,628.92999999999995,0,494.09,1.0800000000000001E-2,690.34,0,633.96,0,568.84,0,591.80999999999995,0,554.41999999999996,0,491.22,0,633.58000000000004,0]
["Argamassas",88630,"ARGAMASSA TRAÇO 1:4 (CIMENTO E AREIA MÉDIA), PREPARO MECÂNICO COM BETONEIRA 400 L. AF_08/2019","M3",715.27,2.2000000000000001E-3,472.93,0,576.89,0,643.49,0,584.54999999999995,0,506.33,3.0000000000000001E-3,579.70000000000005,0,443.66,0,507,0,594.22,0,561.69000000000005,0,483.68,0,542,0,643.88,0,487.67,3.2000000000000002E-3,490.11,0,552.04999999999995,0,515.01,0,471.74,0,477.5,3.2000000000000002E-3,660.48,0,773.5,0,562.89,0,587.46,0,470.42,0,431.78,0,553.88,0]
["Argamassas",87381,"ARGAMASSA TRAÇO 1:4 (EM VOLUME DE CIMENTO E AREIA GROSSA ÚMIDA) COM ADIÇÃO DE EMULSÃO POLIMÉRICA PARA CHAPISCO ROLADO, PREPARO MANUAL. AF_08/2019","M3",4991.38,0,4009.95,0,3315.88,0.82050000000000001,4654.46,0,3842.73,0,3242.65,0.83899999999999997,3413.27,0,3225.72,0.84340000000000004,2952.3,0,3699.84,0,3101.39,0,3220.1,0.84489999999999998,3264.87,0.83330000000000004,4438.63,0,4469.41,0,3756.67,0,4386.34,0,3449.16,0,4399.97,0,3303.03,0,4162.17,0,3814.86,0,3871.83,0,4316.4399999999996,0,4589.57,0,3250.22,0,3396.87,0]
["Argamassas",100462,"ARGAMASSA TRAÇO 1:4 (EM VOLUME DE CIMENTO E AREIA GROSSA ÚMIDA) COM ADIÇÃO DE EMULSÃO POLIMÉRICA PARA CHAPISCO ROLADO, PREPARO MECÂNICO COM BETONEIRA 250 L. AF_08/2019","M3",0,null,0,null,0,null,0,null,0,null,0,null,0,null,0,null,0,null,0,null,0,null,0,null,0,null,0,null,0,null,0,null,0,null,0,null,0,null,0,null,0,null,0,null,0,null,0,null,0,null,0,null,0]
["Argamassas",87325,"ARGAMASSA TRAÇO 1:4 (EM VOLUME DE CIMENTO E AREIA GROSSA ÚMIDA) COM ADIÇÃO DE EMULSÃO POLIMÉRICA PARA CHAPISCO ROLADO, PREPARO MECÂNICO COM BETONEIRA 400 L. AF_08/2019","M3",4868.5600000000004,4.0000000000000002E-4,3891.28,0,3209.16,0.84930000000000005,4561.46,0,3789.36,0,3147.63,0.86660000000000004,3295.21,0,3111.08,0.876,2830.36,0,3581.18,0,3010.44,0,3128.1,0.87129999999999996,3155.8,0.86360000000000003,4316.8599999999997,0,4355.3999999999996,5.0000000000000001E-4,3629.83,0,4302.71,0,3314.8,0,4254.29,0,3208.83,6.9999999999999999E-4,4026.84,0,3696.46,0,3804.77,0,4220.5200000000004,0,4498.67,0,3106.06,0,3288.99,0]
["Argamassas",87326,"ARGAMASSA TRAÇO 1:4 (EM VOLUME DE CIMENTO E AREIA GROSSA ÚMIDA) COM ADIÇÃO DE EMULSÃO POLIMÉRICA PARA CHAPISCO ROLADO, PREPARO MECÂNICO COM BETONEIRA 600 L. AF_08/2019","M3",4890.42,1.1000000000000001E-3,3911.79,0,3200.29,0.85980000000000001,4584.8599999999997,0,3771.53,0,3142.66,0.87719999999999998,3296.83,0,3102.3,0.88690000000000002,2837.06,0,3590.41,0,3007.35,0,3128.46,0.87949999999999995,3165.63,0.86919999999999997,4330.26,0,4382.6400000000003,1.1999999999999999E-3,3641.91,0,4312.95,0,3305.58,0,4253.42,0,3207.68,1.6000000000000001E-3,4038.03,0,3708.97,0,3793.28,0,4224.43,0,4513.1000000000004,0,3096.59,0,3298.44,0]
["Argamassas",87363,"ARGAMASSA TRAÇO 1:4 (EM VOLUME DE CIMENTO E AREIA GROSSA ÚMIDA) COM ADIÇÃO DE EMULSÃO POLIMÉRICA PARA CHAPISCO ROLADO, PREPARO MECÂNICO COM MISTURADOR DE EIXO HORIZONTAL DE 300 KG. AF_08/2019","M3",4815.2299999999996,1.5E-3,3848.89,0,3196.72,0.83679999999999999,4510.0600000000004,0,3776.11,0,3132.15,0.85640000000000005,3274.77,0,3099.02,0.86319999999999997,2810.88,0,3552.84,0,2997.55,0,3108.8,0.86050000000000004,3130.47,0.85450000000000004,4277.6899999999996,0,4302.12,1.6999999999999999E-3,3597.8,0,4264.6899999999996,0,3301.93,0,4226.37,0,3189.44,2.3E-3,3994.64,0,3663.52,0,3785.29,0,4185.4399999999996,0,4454.0200000000004,0,3095.9,0,3263.64,0]
["Argamassas",87364,"ARGAMASSA TRAÇO 1:4 (EM VOLUME DE CIMENTO E AREIA GROSSA ÚMIDA) COM ADIÇÃO DE EMULSÃO POLIMÉRICA PARA CHAPISCO ROLADO, PREPARO MECÂNICO COM MISTURADOR DE EIXO HORIZONTAL DE 600 KG. AF_08/2019","M3",4802.63,8.0000000000000004E-4,3841.45,0,3140.11,0.86109999999999998,4502.6899999999996,0,3700.9,0,3084.25,0.878,3235.65,0,3043.87,0.88829999999999998,2785.01,0,3524.57,0,2951.5,0,3070.73,0.88060000000000005,3107.87,0.87009999999999998,4251.3599999999997,0,4304.18,8.9999999999999998E-4,3575.57,0,4234.25,0,3243.17,0,4174.59,0,3148.32,1.1999999999999999E-3,3964.83,0,3641.03,0,3722.63,0,4147.04,0,4431.1499999999996,0,3037.75,0,3238.28,0]
["Argamassas",87378,"ARGAMASSA TRAÇO 1:4 (EM VOLUME DE CIMENTO E AREIA GROSSA ÚMIDA) PARA CHAPISCO CONVENCIONAL, PREPARO MANUAL. AF_08/2019","M3",829.99,0,591.65,0,697.09,0,725.22,0,657.63,0,610.15,0,687.71,0,579.41,0,621.55999999999995,0,706.61,0,650.53,0,586.13,0,645.41999999999996,0,767.93,0,592.46,0,616.25,0,646.75,0,666.65,0,644.20000000000005,0,581.05999999999995,0,792.82,0,890.66,0,652.13,0,686.41,0,572.29999999999995,0,600.97,0,658.2,0]
["Argamassas",100459,"ARGAMASSA TRAÇO 1:4 (EM VOLUME DE CIMENTO E AREIA GROSSA ÚMIDA) PARA CHAPISCO CONVENCIONAL, PREPARO MECÂNICO COM BETONEIRA 250 L. AF_08/2019","M3",0,null,0,null,0,null,0,null,0,null,0,null,0,null,0,null,0,null,0,null,0,null,0,null,0,null,0,null,0,null,0,null,0,null,0,null,0,null,0,null,0,null,0,null,0,null,0,null,0,null,0,null,0]
["Argamassas",87316,"ARGAMASSA TRAÇO 1:4 (EM VOLUME DE CIMENTO E AREIA GROSSA ÚMIDA) PARA CHAPISCO CONVENCIONAL, PREPARO MECÂNICO COM BETONEIRA 400 L. AF_08/2019","M3",700.1,3.0000000000000001E-3,466.2,0,584.03,0,625.91,0,596.77,0,508.92,4.1999999999999997E-3,563.82000000000005,0,457.38,0,494.69,0,582.05999999999995,0,554.36,0,488.24,0,531.37,0,639.08000000000004,0,471.31,4.4999999999999997E-3,482.6,0,555.70000000000005,0,524.63,0,488.46,0,480.54,4.4000000000000003E-3,650.84,0,767.89,0,577.64,0,583,0,473.02,0,448.72,0,545.03,0]
["Argamassas",87317,"ARGAMASSA TRAÇO 1:4 (EM VOLUME DE CIMENTO E AREIA GROSSA ÚMIDA) PARA CHAPISCO CONVENCIONAL, PREPARO MECÂNICO COM BETONEIRA 600 L. AF_08/2019","M3",686.23,8.3000000000000001E-3,457.89,0,557.65,0,614.94000000000005,0,557.71,0,485.4,1.17E-2,544.64,0,431.4,0,483.22,0,567.44000000000005,0,533.55999999999995,0,469.3,0,520.12,0,622.80999999999995,0,464.42,1.2200000000000001E-2,469.51,0,536.19000000000005,0,497.2,0,460.92,0,459.57,1.23E-2,635.17999999999995,0,756.5,0,543.85,0,558.46,0,454.86,0,422.74,0,532.67999999999995,0]
["Argamassas",87355,"ARGAMASSA TRAÇO 1:4 (EM VOLUME DE CIMENTO E AREIA GROSSA ÚMIDA) PARA CHAPISCO CONVENCIONAL, PREPARO MECÂNICO COM MISTURADOR DE EIXO HORIZONTAL DE 160 KG. AF_08/2019","M3",731.53,1.04E-2,493.67,0,636.15,0,653.29999999999995,0,663.75,0,556.34,1.3599999999999999E-2,605.99,0,511.43,0,526.27,0,618.9,0,598.99,0,529.5,0,561.96,0,678.39,0,495.42,1.5299999999999999E-2,518.21,0,598.89,0,581.44000000000005,0,549.21,0,524.59,1.4500000000000001E-2,690.71,0,795.84,0,636.61,0,629.39,0,514.73,0,506.12,0,578.42999999999995,0]
["Argamassas",87356,"ARGAMASSA TRAÇO 1:4 (EM VOLUME DE CIMENTO E AREIA GROSSA ÚMIDA) PARA CHAPISCO CONVENCIONAL, PREPARO MECÂNICO COM MISTURADOR DE EIXO HORIZONTAL DE 300 KG. AF_08/2019","M3",682.05,7.6E-3,454.87,0,565.46,0,611.15,0,575.96,0,493.1,1.04E-2,547.63,0,441.43,0,482.06,0,566.94000000000005,0,539.22,0,474.17,0,518.29999999999995,0,622.22,0,460.11,1.12E-2,469.75,0,540.65,0,506.42,0,471.35,0,465.96,1.11E-2,634.49,0,748.79,0,557.74,0,564.73,0,459.59,0,432.41,0,531.80999999999995,0]
["Argamassas",87357,"ARGAMASSA TRAÇO 1:4 (EM VOLUME DE CIMENTO E AREIA GROSSA ÚMIDA) PARA CHAPISCO CONVENCIONAL, PREPARO MECÂNICO COM MISTURADOR DE EIXO HORIZONTAL DE 600 KG. AF_08/2019","M3",658.87,5.5999999999999999E-3,437.75,0,528.61,0,590.76,0,525.82000000000005,0,459.81,8.0000000000000002E-3,517.98,0,405.22,0,461.29,0,541.74,0,507.51,0,445.8,0,497.61,0,595.09,0,444.62,8.3000000000000001E-3,446.84,0,510.3,0,468.13,0,432.05,0,435.46,8.5000000000000006E-3,607.53,0,727.82,0,514.04,0,530.71,0,431.35,0,395.48,0,509.3,0]
["Argamassas",100486,"ARGAMASSA TRAÇO 1:4 (EM VOLUME DE CIMENTO E AREIA MÉDIA ÚMIDA) COM ADIÇÃO DE IMPERMEABILIZANTE, PREPARO MANUAL. AF_08/2019","M3",1019.66,0,767.82,0,828.92,0.1396,922.03,0,783.93,0,754.38,0,846.68,0,672.38,0,753.53,0,873.51,0,773.6,0,716.17,0,790.63,0,928.22,0,755.44,0,750.04,0,848.11,0,769.67,0,753.61,0,713.86,0,972.5,0,1085.53,0,786.11,0,813.57,0,738.25,0,702.92,0,836.98,0]
["Argamassas",100482,"ARGAMASSA TRAÇO 1:4 (EM VOLUME DE CIMENTO E AREIA MÉDIA ÚMIDA) COM ADIÇÃO DE IMPERMEABILIZANTE, PREPARO MECÂNICO COM BETONEIRA 250 L. AF_08/2019","M3",0,null,0,null,0,null,0,null,0,null,0,null,0,null,0,null,0,null,0,null,0,null,0,null,0,null,0,null,0,null,0,null,0,null,0,null,0,null,0,null,0,null,0,null,0,null,0,null,0,null,0,null,0]
["Argamassas",100481,"ARGAMASSA TRAÇO 1:4 (EM VOLUME DE CIMENTO E AREIA MÉDIA ÚMIDA) COM ADIÇÃO DE IMPERMEABILIZANTE, PREPARO MECÂNICO COM BETONEIRA 400 L. AF_08/2019","M3",897.76,1.8E-3,654.46,0,722.04,0.15859999999999999,826.46,0,717.9,0,658.71,2.3999999999999998E-3,732.07,0,561.04,0,638.74,0,758.21,0,681.68,0,624.1,0,685.37,0,808.18,0,645.88,2.5000000000000001E-3,629.77,0,759.38,0,640.66,0,613.91999999999996,0,619.64,2.5999999999999999E-3,841.52,0,968.08,0,709.84,0,714.95,0,645,0,567.09,0,731.62,0]
["Argamassas",100492,"ARGAMASSA TRAÇO 1:4 (EM VOLUME DE CIMENTO E AREIA MÉDIA ÚMIDA) COM ADIÇÃO DE IMPERMEABILIZANTE, PREPARO MECÂNICO COM BETONEIRA 600 L. AF_08/2019","M3",899.15,5.1999999999999998E-3,658.19,0,716.16,0.1603,828.15,0,703.43,0,653.61,7.1999999999999998E-3,730.3,0,555.39,0,640.82000000000005,0,759.07,0,678.08,0,621.22,0,687.23,0,808.52,0,650.02,7.1999999999999998E-3,631.39,0,756.58,0,635.26,0,609.25,0,615.74,7.6E-3,842.86,0,970.84,0,698.44,0,709.33,0,642.79999999999995,0,562.80999999999995,0,733.19,0]
["Argamassas",100483,"ARGAMASSA TRAÇO 1:4 (EM VOLUME DE CIMENTO E AREIA MÉDIA ÚMIDA) COM ADIÇÃO DE IMPERMEABILIZANTE, PREPARO MECÂNICO COM MISTURADOR DE EIXO HORIZONTAL DE 160 KG. AF_08/2019","M3",935.29,7.4000000000000003E-3,685.53,0,786.71,0.14130000000000001,857.83,0,801.65,0,716.39,9.7000000000000003E-3,782.31,0,628.33000000000004,0,676.2,0,801.76,0,736.13,0,674.38,0,721.56,0,855.81,0,672.84,1.03E-2,672.12,0,810.31,0,711.45,0,689.09,0,673.22,1.03E-2,888.99,0,1002.08,0,783.57,0,772.42,0,694.39,0,638.16,0,770.4,0]
["Argamassas",100484,"ARGAMASSA TRAÇO 1:4 (EM VOLUME DE CIMENTO E AREIA MÉDIA ÚMIDA) COM ADIÇÃO DE IMPERMEABILIZANTE, PREPARO MECÂNICO COM MISTURADOR DE EIXO HORIZONTAL DE 300 KG. AF_08/2019","M3",889.85,5.1999999999999998E-3,650.16999999999996,0,721.35,0.15509999999999999,819.29,0,720.36,0,658.11,7.1000000000000004E-3,728.68,0,563.53,0,635.58000000000004,0,754.05,0,680.92,0,623.32000000000005,0,681.44,0,804,0,640.66999999999996,7.3000000000000001E-3,627.57000000000005,0,756.87,0,642.02,0,617.11,0,619.14,7.4999999999999997E-3,837.31,0,958.74,0,710.58,0,712.67,0,643.78,0,569.99,0,727.68,0]
["Argamassas",100485,"ARGAMASSA TRAÇO 1:4 (EM VOLUME DE CIMENTO E AREIA MÉDIA ÚMIDA) COM ADIÇÃO DE IMPERMEABILIZANTE, PREPARO MECÂNICO COM MISTURADOR DE EIXO HORIZONTAL DE 600 KG. AF_08/2019","M3",874.49,3.5000000000000001E-3,639.39,0,691.12,0.1636,805.95,0,676.39,0,631.05999999999995,4.8999999999999998E-3,706.37,0,533.1,0,621.14,0,735.95,0,655.42,0,600.64,0,667.03,0,784.06,0,631.54999999999995,4.8999999999999998E-3,611.05999999999995,0,733.12,0,610.41,0,584.49,0,594.55999999999995,5.1999999999999998E-3,818.07,0,945.34,0,672.94,0,685.25,0,621.61,0,539.41,0,711.84,0]
["Argamassas",87373,"ARGAMASSA TRAÇO 1:4 (EM VOLUME DE CIMENTO E AREIA MÉDIA ÚMIDA) PARA CONTRAPISO, PREPARO MANUAL. AF_08/2019","M3",1033.3,0,725.06,0,850.34,0,907.53,0,802.88,0,742.25,0,840.15,0,692.02,0,760.32,0,869.65,0,798.76,0,716.58,0,796.61,0,948.05,0,728.78,0,749.12,0,797.58,0,798.63,0,763.55,0,706.76,0,976.37,0,1119.1199999999999,0,797.4,0,841.58,0,697.87,0,709.76,0,812.16,0]
["Argamassas",100454,"ARGAMASSA TRAÇO 1:4 (EM VOLUME DE CIMENTO E AREIA MÉDIA ÚMIDA) PARA CONTRAPISO, PREPARO MECÂNICO COM BETONEIRA 250 L. AF_08/2019","M3",0,null,0,null,0,null,0,null,0,null,0,null,0,null,0,null,0,null,0,null,0,null,0,null,0,null,0,null,0,null,0,null,0,null,0,null,0,null,0,null,0,null,0,null,0,null,0,null,0,null,0,null,0]
["Argamassas",87301,"ARGAMASSA TRAÇO 1:4 (EM VOLUME DE CIMENTO E AREIA MÉDIA ÚMIDA) PARA CONTRAPISO, PREPARO MECÂNICO COM BETONEIRA 400 L. AF_08/2019","M3",902.78,2.5000000000000001E-3,597.95000000000005,0,737.01,0,808.11,0,743.58,0,640.53,3.5000000000000001E-3,714.72,0,568.80999999999995,0,631.64,0,743.91,0,702.24,0,618.35,0,681.52,0,818.52,0,605.80999999999995,3.7000000000000002E-3,613.5,0,706.84,0,654.99,0,605.69000000000005,0,605.66999999999996,3.7000000000000002E-3,833.16,0,996.9,0,724.11,0,737.83,0,598.01,0,555.30999999999995,0,698.12,0]
["Argamassas",87302,"ARGAMASSA TRAÇO 1:4 (EM VOLUME DE CIMENTO E AREIA MÉDIA ÚMIDA) PARA CONTRAPISO, PREPARO MECÂNICO COM BETONEIRA 600 L. AF_08/2019","M3",895.05,7.1000000000000004E-3,594.61,0,717.81,0,802.66,0,712.91,0,623.79,1.01E-2,703.1,0,549.85,0,626.1,0,735.84,0,688.48,0,605.20000000000005,0,675.83,0,808.64,0,604.09,1.0500000000000001E-2,606.58000000000004,0,693.35,0,635.41999999999996,0,586.13,0,590.99,1.0699999999999999E-2,824.42,0,990.41,0,697.59,0,720.47,0,585.84,0,536.84,0,691.56,0]
["Argamassas",87342,"ARGAMASSA TRAÇO 1:4 (EM VOLUME DE CIMENTO E AREIA MÉDIA ÚMIDA) PARA CONTRAPISO, PREPARO MECÂNICO COM MISTURADOR DE EIXO HORIZONTAL DE 160 KG. AF_08/2019","M3",963.91,0.01,649.6,0,834.19,0,860.83,0,867.66,0,728.76,1.3299999999999999E-2,794.2,0,668.49,0,691.25,0,813.28,0,785.38,0,694.95,0,739.27,0,892.6,0,651.71,1.49E-2,680.08,0,786.86,0,760.4,0,717.44,0,687.48,1.41E-2,908.33,0,1051.49,0,833.77,0,825.3,0,675.06,0,660.92,0,760.75,0]
["Argamassas",87343,"ARGAMASSA TRAÇO 1:4 (EM VOLUME DE CIMENTO E AREIA MÉDIA ÚMIDA) PARA CONTRAPISO, PREPARO MECÂNICO COM MISTURADOR DE EIXO HORIZONTAL DE 300 KG. AF_08/2019","M3",896.29,7.1000000000000004E-3,596.72,0,738.56,0,803.11,0,749.11,0,643.14,9.9000000000000008E-3,714.87,0,574.01,0,630.99,0,742.55,0,704.22,0,619.95000000000005,0,679.72,0,816.17,0,603.41999999999996,1.06E-2,614.19000000000005,0,707.86,0,659.06,0,612.39,0,608.05999999999995,1.0500000000000001E-2,831.73,0,987.18,0,727.22,0,737.63,0,600.37,0,561.51,0,697.21,0]
["Argamassas",87344,"ARGAMASSA TRAÇO 1:4 (EM VOLUME DE CIMENTO E AREIA MÉDIA ÚMIDA) PARA CONTRAPISO, PREPARO MECÂNICO COM MISTURADOR DE EIXO HORIZONTAL DE 600 KG. AF_08/2019","M3",861.31,4.7000000000000002E-3,569.91999999999996,0,682.56,0,772.75,0,674.18,0,592.59,6.7999999999999996E-3,670.22,0,518.28,0,599.1,0,704.26,0,656.52,0,576.64,0,648.15,0,774.79,0,579.61,7.0000000000000001E-3,578.78,0,661.88,0,600.23,0,551.35,0,561.65,7.1999999999999998E-3,790.42,0,955.42,0,661.5,0,686.51,0,557.25,0,504.05,0,662.85,0]
["Argamassas",88631,"ARGAMASSA TRAÇO 1:4 (EM VOLUME DE CIMENTO E AREIA MÉDIA ÚMIDA), PREPARO MANUAL. AF_08/2019","M3",858.38,0,597.89,0,699.66,0,755.67,0,660.84,0,609.9,0,691.67,0,563.61,0,626.38,0,718.53,0,659.22,0,590.23,0,659.08,0,784.5,0,601.98,0,615.32000000000005,0,659.66,0,651.39,0,619.51,0,580.71,0,806.99,0,933.72,0,656.88,0,694.08,0,574.11,0,574.86,0,671.86,0]
["Argamassas",100471,"ARGAMASSA TRAÇO 1:4 (EM VOLUME DE CIMENTO E AREIA MÉDIA ÚMIDA), PREPARO MECÂNICO COM BETONEIRA 250 L. AF_08/2019","M3",0,null,0,null,0,null,0,null,0,null,0,null,0,null,0,null,0,null,0,null,0,null,0,null,0,null,0,null,0,null,0,null,0,null,0,null,0,null,0,null,0,null,0,null,0,null,0,null,0,null,0,null,0]
["Argamassas",100490,"ARGAMASSA TRAÇO 1:4 (EM VOLUME DE CIMENTO E AREIA MÉDIA ÚMIDA), PREPARO MECÂNICO COM BETONEIRA 600 L. AF_08/2019","M3",745.71,5.7999999999999996E-3,494.08,0,591.21,0,668.97,0,583,0,513.29999999999995,8.3999999999999995E-3,581.54999999999995,0,449.5,0,519.5,0,610.51,0,568.54,0,499.26,0,561.57000000000005,0,671.11,0,502.91,8.6E-3,502.12,0,572.97,0,520.85,0,478.51,0,486.58,8.8999999999999999E-3,684.34,0,826.8,0,572.16,0,594.83000000000004,0,482.93,0,437.85,0,574.11,0]
["Argamassas",100472,"ARGAMASSA TRAÇO 1:4 (EM VOLUME DE CIMENTO E AREIA MÉDIA ÚMIDA), PREPARO MECÂNICO COM MISTURADOR DE EIXO HORIZONTAL DE 160 KG. AF_08/2019","M3",788.45,8.3999999999999995E-3,527.99,0,666.55,0,705.11,0,684.89,0,581.11,1.14E-2,639.08000000000004,0,526.38,0,559.91,0,659.14,0,630.74,0,557.13,0,601.15,0,724.24,0,531.66,1.2500000000000001E-2,548.09,0,633.42999999999995,0,601.41,0,563.29,0,548.80999999999995,1.21E-2,737.03,0,864.87,0,661.61,0,662.26,0,540.34,0,517.91,0,617.59,0]
["Argamassas",100473,"ARGAMASSA TRAÇO 1:4 (EM VOLUME DE CIMENTO E AREIA MÉDIA ÚMIDA), PREPARO MECÂNICO COM MISTURADOR DE EIXO HORIZONTAL DE 300 KG. AF_08/2019","M3",741.55,5.8999999999999999E-3,491.28,0,600.04,0,665.14,0,602.53,0,521.66999999999996,8.3000000000000001E-3,584.29999999999995,0,460.65,0,518.22,0,610.15,0,574.51,0,504.97,0,559.88,0,671.12,0,498.33,8.6999999999999994E-3,502.45,0,578.45000000000005,0,531.02,0,490.2,0,493.65,8.8000000000000005E-3,683.88,0,819.98,0,587.46,0,601.49,0,488.44,0,448.75,0,573.49,0]
["Argamassas",100474,"ARGAMASSA TRAÇO 1:4 (EM VOLUME DE CIMENTO E AREIA MÉDIA ÚMIDA), PREPARO MECÂNICO COM MISTURADOR DE EIXO HORIZONTAL DE 600 KG. AF_08/2019","M3",723.42,3.8999999999999998E-3,477.71,0,568.03,0,649.22,0,557.66999999999996,0,492.79,5.7000000000000002E-3,559.80999999999995,0,428.71,0,501.61,0,589.62,0,547.48,0,480.47,0,543.26,0,648.75,0,486.66,5.7999999999999996E-3,483.7,0,552.26,0,497.67,0,455.61,0,467.28,6.0000000000000001E-3,661.89,0,803.69,0,548.54,0,572.46,0,464.09,0,416.23,0,555.13,0]
["Argamassas",87379,"ARGAMASSA TRAÇO 1:5 (EM VOLUME DE CIMENTO E AREIA GROSSA ÚMIDA) COM ADIÇÃO DE EMULSÃO POLIMÉRICA PARA CHAPISCO ROLADO, PREPARO MANUAL. AF_08/2019","M3",4935.8100000000004,0,3973.54,0,3276.74,0.82840000000000003,4606.1499999999996,0,3809.73,0,3213.21,0.8448,3390.23,0,3198.72,0.84860000000000002,2924.85,0,3663.69,0,3072.54,0,3184.57,0.85240000000000005,3228.44,0.84079999999999999,4388.29,0,4437.92,0,3727.92,0,4341.0600000000004,0,3420.51,0,4370.0200000000004,0,3273.1,0,4116.5,0,3738.82,0,3831.29,0,4281.8999999999996,0,4554.88,0,3224.8,0,3358.84,0]
["Argamassas",100460,"ARGAMASSA TRAÇO 1:5 (EM VOLUME DE CIMENTO E AREIA GROSSA ÚMIDA) COM ADIÇÃO DE EMULSÃO POLIMÉRICA PARA CHAPISCO ROLADO, PREPARO MECÂNICO COM BETONEIRA 250 L. AF_08/2019","M3",0,null,0,null,0,null,0,null,0,null,0,null,0,null,0,null,0,null,0,null,0,null,0,null,0,null,0,null,0,null,0,null,0,null,0,null,0,null,0,null,0,null,0,null,0,null,0,null,0,null,0,null,0]
["Argamassas",87319,"ARGAMASSA TRAÇO 1:5 (EM VOLUME DE CIMENTO E AREIA GROSSA ÚMIDA) COM ADIÇÃO DE EMULSÃO POLIMÉRICA PARA CHAPISCO ROLADO, PREPARO MECÂNICO COM BETONEIRA 400 L. AF_08/2019","M3",4823.8999999999996,4.0000000000000002E-4,3863.71,0,3169.46,0.86219999999999997,4524.51,0,3756.01,0,3118.97,0.87680000000000002,3273.96,0,3083.39,0.88629999999999998,2805.27,0,3549.53,0,2982.21,0,3094.98,0.88290000000000002,3123.66,0.87480000000000002,4273.78,0,4335.6400000000003,5.0000000000000001E-4,3606.59,0,4265.04,0,3285.03,0,4227.25,0,3180.95,5.9999999999999995E-4,3986.59,0,3626.31,0,3765.59,0,4191.4799999999996,0,4473.16,0,3078.89,0,3255.31,0]
["Argamassas",87320,"ARGAMASSA TRAÇO 1:5 (EM VOLUME DE CIMENTO E AREIA GROSSA ÚMIDA) COM ADIÇÃO DE EMULSÃO POLIMÉRICA PARA CHAPISCO ROLADO, PREPARO MECÂNICO COM BETONEIRA 600 L. AF_08/2019","M3",4834.99,1.1999999999999999E-3,3875.32,0,3165.1,0.86660000000000004,4536.53,0,3744.29,0,3116.63,0.88190000000000002,3276.51,0,3079.2,0.89080000000000004,2811.15,0,3555.98,0,2981.86,0,3095.49,0.8861,3130.46,0.87619999999999998,4281.29,0,4350.3999999999996,1.2999999999999999E-3,3614.37,0,4269.6099999999997,0,3281.04,0,4226.9399999999996,0,3180.59,1.8E-3,3994.03,0,3633.71,0,3757.28,0,4192.45,0,4479.75,0,3075.2,0,3261.92,0]
["Argamassas",87358,"ARGAMASSA TRAÇO 1:5 (EM VOLUME DE CIMENTO E AREIA GROSSA ÚMIDA) COM ADIÇÃO DE EMULSÃO POLIMÉRICA PARA CHAPISCO ROLADO, PREPARO MECÂNICO COM MISTURADOR DE EIXO HORIZONTAL DE 300 KG. AF_08/2019","M3",4758.99,1.4E-3,3811.84,0,3147.49,0.85050000000000003,4462.3500000000004,0,3731.11,0,3094.31,0.86719999999999997,3244.34,0,3061.82,0.87429999999999997,2778.16,0,3511.77,0,2960.49,0,3066.89,0.87280000000000002,3090.09,0.86629999999999996,4223.63,0,4272.16,1.5E-3,3565.08,0,4215.7700000000004,0,3262.11,0,4187.1099999999997,0,3152.48,2.0999999999999999E-3,3943.84,0,3584.49,0,3735.03,0,4145.2,0,4416.95,0,3059.05,0,3221.29,0]
["Argamassas",87359,"ARGAMASSA TRAÇO 1:5 (EM VOLUME DE CIMENTO E AREIA GROSSA ÚMIDA) COM ADIÇÃO DE EMULSÃO POLIMÉRICA PARA CHAPISCO ROLADO, PREPARO MECÂNICO COM MISTURADOR DE EIXO HORIZONTAL DE 600 KG. AF_08/2019","M3",4736.99,8.9999999999999998E-4,3796.71,0,3099.98,0.86719999999999997,4444.47,0,3667.8,0,3052.79,0.8821,3208.46,0,3015.91,0.89139999999999997,2753.38,0,3482.87,0,2920.56,0,3032.42,0.88649999999999995,3066.42,0.87670000000000003,4194.0200000000004,0,4261.8,1E-3,3540.47,0,4182.8,0,3213.22,0,4140.62,0,3115.53,1.4E-3,3913.03,0,3559.51,0,3680.76,0,4106.67,0,4388.7,0,3011.61,0,3195.36,0]
["Argamassas",87376,"ARGAMASSA TRAÇO 1:5 (EM VOLUME DE CIMENTO E AREIA GROSSA ÚMIDA) PARA CHAPISCO CONVENCIONAL, PREPARO MANUAL. AF_08/2019","M3",769.8,0,554.01,0,653.42999999999995,0,673.83,0,623.54999999999995,0,579.08000000000004,0,665.02,0,551.42999999999995,0,592.16999999999996,0,667.93,0,619.66999999999996,0,547.33000000000004,0,605.42999999999995,0,712.99,0,562.5,0,587.51,0,598.69000000000005,0,636.79,0,615.46,0,549.64,0,742.91,0,800.62,0,608.51,0,651.65,0,538.6,0,574.88,0,616.47,0]
["Argamassas",100457,"ARGAMASSA TRAÇO 1:5 (EM VOLUME DE CIMENTO E AREIA GROSSA ÚMIDA) PARA CHAPISCO CONVENCIONAL, PREPARO MECÂNICO COM BETONEIRA 250 L. AF_08/2019","M3",0,null,0,null,0,null,0,null,0,null,0,null,0,null,0,null,0,null,0,null,0,null,0,null,0,null,0,null,0,null,0,null,0,null,0,null,0,null,0,null,0,null,0,null,0,null,0,null,0,null,0,null,0]
["Argamassas",87310,"ARGAMASSA TRAÇO 1:5 (EM VOLUME DE CIMENTO E AREIA GROSSA ÚMIDA) PARA CHAPISCO CONVENCIONAL, PREPARO MECÂNICO COM BETONEIRA 400 L. AF_08/2019","M3",630.62,3.0999999999999999E-3,420.9,0,527.59,0,566.79999999999995,0,547.5,0,466.25,4.1999999999999997E-3,529.92999999999995,0,416.4,0,456.5,0,533.51,0,512.54999999999995,0,439.36,0,483.04,0,573.75,0,434.21,4.4999999999999997E-3,444.32,0,497.34,0,480.66,0,444.94,0,438.34,4.4999999999999997E-3,590.19000000000005,0,669.66,0,520.33000000000004,0,536.41999999999996,0,429.23,0,408.59,0,494.52,0]
["Argamassas",87311,"ARGAMASSA TRAÇO 1:5 (EM VOLUME DE CIMENTO E AREIA GROSSA ÚMIDA) PARA CHAPISCO CONVENCIONAL, PREPARO MECÂNICO COM BETONEIRA 600 L. AF_08/2019","M3",620.51,9.1999999999999998E-3,415.89,0,508.65,0,558.99,0,518.80999999999995,0,449.74,1.2699999999999999E-2,517.26,0,398.47,0,449.42,0,523.86,0,498.25,0,426.05,0,475.64,0,562.38,0,430.41,1.32E-2,436.21,0,483.42,0,461.81,0,426.45,0,423.76,1.34E-2,579.66999999999996,0,660.41,0,495.28,0,518.85,0,416.84,0,391.2,0,486.38,0]
["Argamassas",87350,"ARGAMASSA TRAÇO 1:5 (EM VOLUME DE CIMENTO E AREIA GROSSA ÚMIDA) PARA CHAPISCO CONVENCIONAL, PREPARO MECÂNICO COM MISTURADOR DE EIXO HORIZONTAL DE 300 KG. AF_08/2019","M3",670.55,1.18E-2,455.14,0,589.21,0,601.70000000000005,0,625.54999999999995,0,522.38,1.5100000000000001E-2,579.79999999999995,0,479.41,0,495.27,0,578.20000000000005,0,566.05999999999995,0,488.85,0,520.97,0,621.94000000000005,0,464.11,1.7000000000000001E-2,487.35,0,549.4,0,546.79999999999995,0,515.75,0,490.58,1.61E-2,639.85,0,706.19,0,589.54,0,591.25,0,478.79,0,475.1,0,535.88,0]
["Argamassas",87351,"ARGAMASSA TRAÇO 1:5 (EM VOLUME DE CIMENTO E AREIA GROSSA ÚMIDA) PARA CHAPISCO CONVENCIONAL, PREPARO MECÂNICO COM MISTURADOR DE EIXO HORIZONTAL DE 600 KG. AF_08/2019","M3",601.16,6.4999999999999997E-3,401.78,0,489.04,0,541.66,0,497.63,0,432.42,9.1000000000000004E-3,498.38,0,381.11,0,433.96,0,505.71,0,480.2,0,410.17,0,459.8,0,543.1,0,416.11,9.4000000000000004E-3,420.38,0,465.7,0,442.31,0,407.42,0,407.41,9.5999999999999992E-3,560.48,0,640.20000000000005,0,475.5,0,499.71,0,400.76,0,373.19,0,470.01,0]
["Argamassas",87374,"ARGAMASSA TRAÇO 1:5 (EM VOLUME DE CIMENTO E AREIA MÉDIA ÚMIDA) PARA CONTRAPISO, PREPARO MANUAL. AF_08/2019","M3",949.79,0,672.22,0,788.9,0,836.19,0,754.15,0,697.72,0,805.99,0,651.53,0,717.95,0,814.71,0,754.34,0,662.25,0,740.41,0,871.66,0,685.92,0,707.58,0,730.91,0,755.11,0,721.52,0,661.99,0,906.32,0,996.69,0,736.37,0,791.82,0,650.22,0,671.46,0,753.63,0]
["Argamassas",100455,"ARGAMASSA TRAÇO 1:5 (EM VOLUME DE CIMENTO E AREIA MÉDIA ÚMIDA) PARA CONTRAPISO, PREPARO MECÂNICO COM BETONEIRA 250 L. AF_08/2019","M3",0,null,0,null,0,null,0,null,0,null,0,null,0,null,0,null,0,null,0,null,0,null,0,null,0,null,0,null,0,null,0,null,0,null,0,null,0,null,0,null,0,null,0,null,0,null,0,null,0,null,0,null,0]
["Argamassas",87304,"ARGAMASSA TRAÇO 1:5 (EM VOLUME DE CIMENTO E AREIA MÉDIA ÚMIDA) PARA CONTRAPISO, PREPARO MECÂNICO COM BETONEIRA 400 L. AF_08/2019","M3",810.08,2.5000000000000001E-3,537.51,0,661.74,0,729.29,0,678.05,0,583.74,3.5000000000000001E-3,669.87,0,514.21,0,580.89,0,679.31,0,646.69000000000005,0,553.16999999999996,0,617.12,0,731.34,0,556.46,3.5999999999999999E-3,562.57000000000005,0,628.94000000000005,0,596.49,0,547.75,0,549.47,3.7000000000000002E-3,752.31,0,865.48,0,647.67999999999995,0,675.87,0,539.67999999999995,0,501.88,0,630.78,0]
["Argamassas",87305,"ARGAMASSA TRAÇO 1:5 (EM VOLUME DE CIMENTO E AREIA MÉDIA ÚMIDA) PARA CONTRAPISO, PREPARO MECÂNICO COM BETONEIRA 600 L. AF_08/2019","M3",812.9,8.0000000000000002E-3,542.80999999999995,0,658.68,0,732.57,0,667.44,0,581.38,1.12E-2,670.85,0,511.67,0,585.04,0,682.5,0,646.12,0,552.66999999999996,0,620.92999999999995,0,733.92,0,562.19000000000005,1.1599999999999999E-2,566.49,0,628.61,0,594.33000000000004,0,546.61,0,548.16,1.1900000000000001E-2,756.03,0,869.12,0,639.34,0,672.86,0,540.01,0,500.87,0,634.46,0]
["Argamassas",87345,"ARGAMASSA TRAÇO 1:5 (EM VOLUME DE CIMENTO E AREIA MÉDIA ÚMIDA) PARA CONTRAPISO, PREPARO MECÂNICO COM MISTURADOR DE EIXO HORIZONTAL DE 160 KG. AF_08/2019","M3",860.04,0.01,580.36,0,743.88,0,772.11,0,783.24,0,658.07,1.3100000000000001E-2,735.34,0,599.05999999999995,0,629.95000000000005,0,736.6,0,715.97,0,617.87,0,664.75,0,793.13,0,593.72,1.4500000000000001E-2,617.91999999999996,0,696.48,0,685.8,0,643,0,618.45000000000005,1.4E-2,814.65,0,910.69,0,740.91,0,748.91,0,604.65,0,591.99,0,682.71,0]
["Argamassas",87346,"ARGAMASSA TRAÇO 1:5 (EM VOLUME DE CIMENTO E AREIA MÉDIA ÚMIDA) PARA CONTRAPISO, PREPARO MECÂNICO COM MISTURADOR DE EIXO HORIZONTAL DE 300 KG. AF_08/2019","M3",804.75,7.3000000000000001E-3,537,0,664.88,0,724.96,0,685.05,0,587.30999999999995,0.01,669.92,0,520.79,0,580.45000000000005,0,678.46,0,649.07000000000005,0,556.03,0,615.94000000000005,0,730.36,0,554.16999999999996,1.06E-2,563.66999999999996,0,631.41,0,601.88,0,555.95000000000005,0,552.85,1.0699999999999999E-2,751.8,0,858.29,0,652.75,0,676.53,0,543.02,0,509.55,0,630.57000000000005,0]
["Argamassas",87347,"ARGAMASSA TRAÇO 1:5 (EM VOLUME DE CIMENTO E AREIA MÉDIA ÚMIDA) PARA CONTRAPISO, PREPARO MECÂNICO COM MISTURADOR DE EIXO HORIZONTAL DE 600 KG. AF_08/2019","M3",776.26,5.3E-3,515.69000000000005,0,619.71,0,700.19,0,624.42999999999995,0,546.82000000000005,7.4999999999999997E-3,634.66999999999996,0,476.36,0,555.33000000000004,0,647.9,0,610.89,0,521.12,0,590.64,0,696.85,0,535.45000000000005,7.6E-3,535.76,0,594.02,0,555.08000000000004,0,507.57,0,515.66,7.9000000000000008E-3,718.71,0,831.41,0,599.34,0,635.45000000000005,0,508.42,0,464.06,0,603,0]
["Argamassas",87366,"ARGAMASSA TRAÇO 1:6 (EM VOLUME DE CIMENTO E AREIA MÉDIA ÚMIDA) COM ADIÇÃO DE PLASTIFICANTE PARA EMBOÇO/MASSA ÚNICA/ASSENTAMENTO DE ALVENARIA DE VEDAÇÃO, PREPARO MANUAL. AF_08/2019","M3",799.3,0,575.67999999999995,0,677.76,6.9999999999999999E-4,702.56,0,653.13,0,606.16,0,707.88,0,573.54,0,623.26,0,700.59,0,653.19000000000005,0,566.61,0,631.89,0,737.94,0,592.07000000000005,0,616.98,0,618.04999999999995,0,665.21,0,640,0,573.74,0,773.93,0,813.31,0,629.54999999999995,0,684.57,0,560.66999999999996,0,597.48,0,642.66999999999996,0]
["Argamassas",100448,"ARGAMASSA TRAÇO 1:6 (EM VOLUME DE CIMENTO E AREIA MÉDIA ÚMIDA) COM ADIÇÃO DE PLASTIFICANTE PARA EMBOÇO/MASSA ÚNICA/ASSENTAMENTO DE ALVENARIA DE VEDAÇÃO, PREPARO MECÂNICO COM BETONEIRA 250 L. AF_08/2019","M3",0,null,0,null,0,null,0,null,0,null,0,null,0,null,0,null,0,null,0,null,0,null,0,null,0,null,0,null,0,null,0,null,0,null,0,null,0,null,0,null,0,null,0,null,0,null,0,null,0,null,0,null,0]
["Argamassas",87283,"ARGAMASSA TRAÇO 1:6 (EM VOLUME DE CIMENTO E AREIA MÉDIA ÚMIDA) COM ADIÇÃO DE PLASTIFICANTE PARA EMBOÇO/MASSA ÚNICA/ASSENTAMENTO DE ALVENARIA DE VEDAÇÃO, PREPARO MECÂNICO COM BETONEIRA 400 L. AF_08/2019","M3",653.86,4.1999999999999997E-3,438.08,0,545.76,8.9999999999999998E-4,591.17999999999995,0,573.02,0,488.97,5.7000000000000002E-3,568.29,0,432.87,0,483.68,0,561.35,0,542.95000000000005,0,454.27,0,505.37,0,592.62,0,459.63,6.0000000000000001E-3,469.35,0,512.04,0,502.35,0,463.02,0,458.11,6.0000000000000001E-3,616.54,0,673.67,0,535.98,0,563.92999999999995,0,447.01,0,424.33,0,516.79999999999995,0]
["Argamassas",87284,"ARGAMASSA TRAÇO 1:6 (EM VOLUME DE CIMENTO E AREIA MÉDIA ÚMIDA) COM ADIÇÃO DE PLASTIFICANTE PARA EMBOÇO/MASSA ÚNICA/ASSENTAMENTO DE ALVENARIA DE VEDAÇÃO, PREPARO MECÂNICO COM BETONEIRA 600 L. AF_08/2019","M3",647.82000000000005,8.9999999999999993E-3,434.93,0,530.36,1E-3,586.44000000000005,0,547.15,0,474.64,1.23E-2,558.17999999999995,0,417.31,0,478.16,0,554.35,0,530.22,0,443.1,0,500.08,0,584.74,0,457.9,1.2800000000000001E-2,462.94,0,500.86,0,486.67,0,446.74,0,445.63,1.3100000000000001E-2,608,0,670.66,0,514.46,0,549.89,0,436.72,0,409.57,0,510.53,0]
["Argamassas",87329,"ARGAMASSA TRAÇO 1:6 (EM VOLUME DE CIMENTO E AREIA MÉDIA ÚMIDA) COM ADIÇÃO DE PLASTIFICANTE PARA EMBOÇO/MASSA ÚNICA/ASSENTAMENTO DE ALVENARIA DE VEDAÇÃO, PREPARO MECÂNICO COM MISTURADOR DE EIXO HORIZONTAL DE 300 KG. AF_08/2019","M3",690.3,1.1299999999999999E-2,468.43,0,602.34,8.0000000000000004E-4,622.46,0,643.89,0,539.41,1.44E-2,612.38,0,490.21,0,517.39,0,601.17999999999995,0,589.99,0,499.02,0,538.9,0,636.58000000000004,0,485.83,1.6E-2,507.23,0,559.53,0,562.73,0,527.08000000000004,0,505.15,1.54E-2,660.03,0,709.58,0,599.79999999999995,0,613.9,0,491.74,0,485.09,0,553.27,0]
["Argamassas",87330,"ARGAMASSA TRAÇO 1:6 (EM VOLUME DE CIMENTO E AREIA MÉDIA ÚMIDA) COM ADIÇÃO DE PLASTIFICANTE PARA EMBOÇO/MASSA ÚNICA/ASSENTAMENTO DE ALVENARIA DE VEDAÇÃO, PREPARO MECÂNICO COM MISTURADOR DE EIXO HORIZONTAL DE 600 KG. AF_08/2019","M3",626.16,6.4999999999999997E-3,419.25,0,508.63,1E-3,566.94000000000005,0,523.4,0,455.21,8.9999999999999993E-3,536.41,0,398.16,0,460.62,0,533.87,0,509.77,0,425.57,0,482.28,0,563.4,0,441.64,9.1999999999999998E-3,445.09,0,481.4,0,464.93,0,425.74,0,427.38,9.4999999999999998E-3,586.51,0,648.84,0,492.63,0,528.22,0,418.9,0,389.74,0,492.21,0]
["Argamassas",87375,"ARGAMASSA TRAÇO 1:6 (EM VOLUME DE CIMENTO E AREIA MÉDIA ÚMIDA) PARA CONTRAPISO, PREPARO MANUAL. AF_08/2019","M3",894.04,0,637.79999999999995,0,749.08,0,788.55,0,723.41,0,669.79,0,786.33,0,626.74,0,691.6,0,779.56,0,726.61,0,626.74,0,703.76,0,820.97,0,658.85,0,681.95,0,686.51,0,728.8,0,696.36,0,633.65,0,860.6,0,912.15,0,696.42,0,760.46,0,619.61,0,648.75,0,715.37,0]
["Argamassas",100456,"ARGAMASSA TRAÇO 1:6 (EM VOLUME DE CIMENTO E AREIA MÉDIA ÚMIDA) PARA CONTRAPISO, PREPARO MECÂNICO COM BETONEIRA 250 L. AF_08/2019","M3",0,null,0,null,0,null,0,null,0,null,0,null,0,null,0,null,0,null,0,null,0,null,0,null,0,null,0,null,0,null,0,null,0,null,0,null,0,null,0,null,0,null,0,null,0,null,0,null,0,null,0,null,0]
["Argamassas",87307,"ARGAMASSA TRAÇO 1:6 (EM VOLUME DE CIMENTO E AREIA MÉDIA ÚMIDA) PARA CONTRAPISO, PREPARO MECÂNICO COM BETONEIRA 400 L. AF_08/2019","M3",757.63,2.8999999999999998E-3,505.43,0,629.13,0,684.63,0,658.39,0,562.48,3.8999999999999998E-3,655.82,0,496.76,0,557.87,0,648.4,0,625.16999999999996,0,523,0,583.67999999999995,0,685.07,0,531.44000000000005,4.1999999999999997E-3,540.78,0,590.17999999999995,0,577.82000000000005,0,530.41999999999996,0,527.1,4.1999999999999997E-3,710.95,0,783.22,0,616.97,0,651.24,0,514.41999999999996,0,486.49,0,596.15,0]
["Argamassas",87308,"ARGAMASSA TRAÇO 1:6 (EM VOLUME DE CIMENTO E AREIA MÉDIA ÚMIDA) PARA CONTRAPISO, PREPARO MECÂNICO COM BETONEIRA 600 L. AF_08/2019","M3",747.33,8.8000000000000005E-3,500.78,0,609.79,0,676.56,0,628.19000000000005,0,545.35,1.2E-2,642.03,0,478.57,0,550.51,0,638.39,0,610.05999999999995,0,509.63,0,576.24,0,673.78,0,527.52,1.24E-2,532.54,0,576.27,0,558.52,0,511.91,0,512.1,1.2800000000000001E-2,700.36,0,774.8,0,591.07000000000005,0,632.66999999999996,0,501.89,0,469.12,0,588.02,0]
["Argamassas",87348,"ARGAMASSA TRAÇO 1:6 (EM VOLUME DE CIMENTO E AREIA MÉDIA ÚMIDA) PARA CONTRAPISO, PREPARO MECÂNICO COM MISTURADOR DE EIXO HORIZONTAL DE 160 KG. AF_08/2019","M3",783.46,9.9000000000000008E-3,529.11,0,676.3,0,706.8,0,719.57,0,605.1,1.2800000000000001E-2,691.7,0,546.62,0,584.63,0,679.84,0,664.28,0,560.29999999999995,0,609.67999999999995,0,719.38,0,551.04999999999995,1.41E-2,571.72,0,629.12,0,629.6,0,586.66999999999996,0,566.77,1.37E-2,745.27,0,806.76,0,671.11,0,691.97,0,552.02,0,539.75,0,624.91999999999996,0]
["Argamassas",87349,"ARGAMASSA TRAÇO 1:6 (EM VOLUME DE CIMENTO E AREIA MÉDIA ÚMIDA) PARA CONTRAPISO, PREPARO MECÂNICO COM MISTURADOR DE EIXO HORIZONTAL DE 600 KG. AF_08/2019","M3",712.68,5.3E-3,474.47,0,569.53,0,646.05999999999995,0,582.04,0,509.43,7.4000000000000003E-3,605.57000000000005,0,440.84,0,521.29,0,604.35,0,574.15,0,477.32,0,546.83000000000004,0,637.45000000000005,0,501.97,7.6E-3,501.8,0,541.27,0,517.09,0,470.03,0,478.45,7.9000000000000008E-3,663.81,0,740.11,0,548.78,0,594.53,0,469.46,0,429.56,0,557.22,0]
["Argamassas",87365,"ARGAMASSA TRAÇO 1:7 (EM VOLUME DE CIMENTO E AREIA MÉDIA ÚMIDA) COM ADIÇÃO DE PLASTIFICANTE PARA EMBOÇO/MASSA ÚNICA/ASSENTAMENTO DE ALVENARIA DE VEDAÇÃO, PREPARO MANUAL. AF_08/2019","M3",752.05,0,543.71,0,640.01,6.9999999999999999E-4,662.64,0,622.04,0,577.29,0,683.52,0,545.35,0,595.85,0,666.84,0,624.86,0,533.79,0,598.45000000000005,0,693.61,0,565.25,0,589.41999999999996,0,579.45000000000005,0,634.58000000000004,0,609.36,0,545.1,0,732.11,0,748.13,0,592.76,0,653.11,0,530.97,0,569,0,607.96,0]
["Argamassas",100447,"ARGAMASSA TRAÇO 1:7 (EM VOLUME DE CIMENTO E AREIA MÉDIA ÚMIDA) COM ADIÇÃO DE PLASTIFICANTE PARA EMBOÇO/MASSA ÚNICA/ASSENTAMENTO DE ALVENARIA DE VEDAÇÃO, PREPARO MECÂNICO COM BETONEIRA 250 L. AF_08/2019","M3",0,null,0,null,0,null,0,null,0,null,0,null,0,null,0,null,0,null,0,null,0,null,0,null,0,null,0,null,0,null,0,null,0,null,0,null,0,null,0,null,0,null,0,null,0,null,0,null,0,null,0,null,0]
["Argamassas",87280,"ARGAMASSA TRAÇO 1:7 (EM VOLUME DE CIMENTO E AREIA MÉDIA ÚMIDA) COM ADIÇÃO DE PLASTIFICANTE PARA EMBOÇO/MASSA ÚNICA/ASSENTAMENTO DE ALVENARIA DE VEDAÇÃO, PREPARO MECÂNICO COM BETONEIRA 400 L. AF_08/2019","M3",621.19000000000005,3.5000000000000001E-3,417.44,0,527.71,8.0000000000000004E-4,562.62,0,563.69000000000005,0,476.9,4.5999999999999999E-3,560.03,0,424.35,0,468.55,0,542.01,0,529.4,0,436.24,0,483.87,0,564.27,0,443.28,5.0000000000000001E-3,455.5,0,488.73,0,493.45,0,454.54,0,445.22,4.8999999999999998E-3,589.6,0,623.69000000000005,0,519.97,0,550.45000000000005,0,432.1,0,417.58,0,494.37,0]
["Argamassas",87281,"ARGAMASSA TRAÇO 1:7 (EM VOLUME DE CIMENTO E AREIA MÉDIA ÚMIDA) COM ADIÇÃO DE PLASTIFICANTE PARA EMBOÇO/MASSA ÚNICA/ASSENTAMENTO DE ALVENARIA DE VEDAÇÃO, PREPARO MECÂNICO COM BETONEIRA 600 L. AF_08/2019","M3",615.91999999999996,1.0699999999999999E-2,416.17,0,512.65,8.9999999999999998E-4,559.1,0,538.05999999999995,0,463.65,1.41E-2,550.75,0,409.63,0,464.97,0,536.4,0,518.54999999999995,0,426.44,0,480.34,0,557.58000000000004,0,442.95,1.4800000000000001E-2,450.95,0,478.81,0,478.17,0,439.72,0,433.84,1.5100000000000001E-2,583.78,0,620.37,0,498.32,0,536.35,0,423.09,0,403.62,0,490.24,0]
["Argamassas",87327,"ARGAMASSA TRAÇO 1:7 (EM VOLUME DE CIMENTO E AREIA MÉDIA ÚMIDA) COM ADIÇÃO DE PLASTIFICANTE PARA EMBOÇO/MASSA ÚNICA/ASSENTAMENTO DE ALVENARIA DE VEDAÇÃO, PREPARO MECÂNICO COM MISTURADOR DE EIXO HORIZONTAL DE 300 KG. AF_08/2019","M3",640.45000000000005,1.12E-2,434.99,0,558.35,8.0000000000000004E-4,579.87,0,602.29999999999995,0,504.79,1.4200000000000001E-2,583.59,0,456,0,487.65,0,564.05999999999995,0,556.09,0,461.52,0,502.95,0,588.61,0,457.87,1.5699999999999999E-2,476.96,0,515.69000000000005,0,526.04999999999995,0,490.31,0,471.4,1.52E-2,614.73,0,642.38,0,554.41999999999996,0,576.69000000000005,0,457.4,0,451.02,0,515.53,0]
["Argamassas",87328,"ARGAMASSA TRAÇO 1:7 (EM VOLUME DE CIMENTO E AREIA MÉDIA ÚMIDA) COM ADIÇÃO DE PLASTIFICANTE PARA EMBOÇO/MASSA ÚNICA/ASSENTAMENTO DE ALVENARIA DE VEDAÇÃO, PREPARO MECÂNICO COM MISTURADOR DE EIXO HORIZONTAL DE 600 KG. AF_08/2019","M3",584.22,6.6E-3,391.95,0,475.26,8.9999999999999998E-4,531.16,0,494.85,0,430.12,8.9999999999999993E-3,516.52,0,374.32,0,437.81,0,504.81,0,485.04,0,396.51,0,453.21,0,524.15,0,419.27,9.1999999999999998E-3,422.31,0,446.49,0,439.37,0,400.5,0,402.48,9.5999999999999992E-3,550.09,0,589.22,0,458.98,0,500.77,0,392.91,0,366.52,0,461.82,0]
["Argamassas",87410,"ARGAMASSA À BASE DE GESSO, MISTURA E PROJEÇÃO DE 1,5 M³/H DE ARGAMASSA. AF_08/2019","M3",1091.3800000000001,3.7999999999999999E-2,983.11,0,1000.73,0,881.36,0,958.81,0,902.61,4.5999999999999999E-2,842.4,0,884.24,0,844.51,0,1026.3599999999999,0,904.27,0,872.15,0,1054.94,0,929.05,0,833.04,4.9799999999999997E-2,801.68,0,934.59,0,932.15,0,929.89,0,912.52,4.5499999999999999E-2,1180.23,0,1004.81,0,1051.1199999999999,0,950.21,0,953,0,894.02,0,869.47,0]
["Armação de Estacas",95577,"MONTAGEM DE ARMADURA DE ESTACAS, DIÂMETRO = 10,0 MM. AF_09/2021_PS","KG",13.55,8.0999999999999996E-3,12.56,8.8000000000000005E-3,12.15,9.1000000000000004E-3,12.66,8.6999999999999994E-3,9.57,0,9.74,1.1299999999999999E-2,10.050000000000001,1.09E-2,12.01,0,9.58,1.15E-2,10.19,1.0800000000000001E-2,10.27,0,10.64,1.03E-2,10.76,1.0200000000000001E-2,10.210000000000001,1.0800000000000001E-2,10.02,1.0999999999999999E-2,10.07,1.09E-2,9.2899999999999991,1.18E-2,11.06,9.9000000000000008E-3,11.93,9.1999999999999998E-3,10.55,1.04E-2,12.86,8.6E-3,11.58,9.4999999999999998E-3,11.27,0,10.23,0,11.32,9.7000000000000003E-3,8.94,0,9.4,1.17E-2]
["Armação de Estacas",95578,"MONTAGEM DE ARMADURA DE ESTACAS, DIÂMETRO = 12,5 MM. AF_09/2021_PS","KG",11.35,7.0000000000000001E-3,10.57,7.6E-3,10.15,7.9000000000000008E-3,10.68,7.4999999999999997E-3,7.87,0,8.0399999999999991,0.01,8.3000000000000007,9.5999999999999992E-3,10.02,0,7.95,1.01E-2,8.4499999999999993,9.4999999999999998E-3,8.5,0,8.89,8.9999999999999993E-3,9,8.8999999999999999E-3,8.4700000000000006,9.4000000000000004E-3,8.4,9.4999999999999998E-3,8.35,9.5999999999999992E-3,7.72,1.04E-2,9.1199999999999992,8.8000000000000005E-3,9.84,8.0999999999999996E-3,8.7899999999999991,9.1000000000000004E-3,10.75,7.4000000000000003E-3,9.64,8.3000000000000001E-3,9.4,0,8.42,0,9.51,8.3999999999999995E-3,7.31,0,7.79,1.03E-2]
["Armação de Estacas",95579,"MONTAGEM DE ARMADURA DE ESTACAS, DIÂMETRO = 16,0 MM. AF_09/2021_PS","KG",11.04,3.5999999999999999E-3,10.3,3.8999999999999998E-3,9.81,4.1000000000000003E-3,10.41,3.8E-3,7.54,0,7.73,5.1999999999999998E-3,7.97,5.0000000000000001E-3,9.69,0,7.63,5.1999999999999998E-3,8.14,4.8999999999999998E-3,8.1999999999999993,0,8.6199999999999992,4.5999999999999999E-3,8.73,4.5999999999999999E-3,8.17,4.8999999999999998E-3,8.1300000000000008,4.8999999999999998E-3,8.0299999999999994,5.0000000000000001E-3,7.45,5.4000000000000003E-3,8.7200000000000006,4.5999999999999999E-3,9.43,4.1999999999999997E-3,8.49,4.7000000000000002E-3,10.43,3.8E-3,9.31,4.3E-3,9.11,0,8.08,0,9.2200000000000006,4.3E-3,6.94,0,7.49,5.3E-3]
["Armação de Estacas",95580,"MONTAGEM DE ARMADURA DE ESTACAS, DIÂMETRO = 20,0 MM. AF_09/2021_PS","KG",12.77,1.6000000000000001E-3,11.92,1.6999999999999999E-3,11.29,1.8E-3,12.06,1.6999999999999999E-3,8.6199999999999992,0,8.8800000000000008,2.3E-3,9.15,2.2000000000000001E-3,11.15,0,8.6999999999999993,2.3E-3,9.36,2.0999999999999999E-3,9.42,0,9.9499999999999993,2E-3,10.07,2E-3,9.3699999999999992,2.0999999999999999E-3,9.35,2.0999999999999999E-3,9.25,2.2000000000000001E-3,8.56,2.3E-3,9.98,2E-3,10.83,1.8E-3,9.7799999999999994,2E-3,12.05,1.6999999999999999E-3,10.73,1.9E-3,10.51,0,9.26,0,10.62,1.9E-3,7.9,0,8.6,2.3E-3]
["Armação de Estacas",95581,"MONTAGEM DE ARMADURA DE ESTACAS, DIÂMETRO = 25,0 MM. AF_09/2021_PS","KG",12.73,8.0000000000000004E-4,11.88,8.0000000000000004E-4,11.24,8.9999999999999998E-4,12.02,8.0000000000000004E-4,8.58,0,8.85,1.1000000000000001E-3,9.11,1.1000000000000001E-3,11.11,0,8.66,1.1999999999999999E-3,9.33,1.1000000000000001E-3,9.3800000000000008,0,9.91,1E-3,10.029999999999999,1E-3,9.32,1.1000000000000001E-3,9.31,1.1000000000000001E-3,9.1999999999999993,1.1000000000000001E-3,8.52,1.1999999999999999E-3,9.93,1E-3,10.78,8.9999999999999998E-4,9.74,1E-3,12.01,8.0000000000000004E-4,10.69,8.9999999999999998E-4,10.47,0,9.1999999999999993,0,10.58,8.9999999999999998E-4,7.85,0,8.56,1.1999999999999999E-3]
["Armação de Estacas",95582,"MONTAGEM DE ARMADURA DE ESTACAS, DIÂMETRO = 32,0 MM. AF_09/2021_PS","KG",13.86,0,12.95,0,12.22,0,13.11,0,9.31,0,9.6300000000000008,0,9.89,0,12.08,0,9.39,0,10.15,0,10.210000000000001,0,10.8,0,10.93,0,10.14,0,10.14,0,10.029999999999999,0,9.26,0,10.79,0,11.72,0,10.61,0,13.07,0,11.64,0,11.42,0,10.01,0,11.52,0,8.5,0,9.32,0]
["Armação de Estacas",95576,"MONTAGEM DE ARMADURA DE ESTACAS, DIÂMETRO = 8,0 MM. AF_09/2021_PS","KG",15.7,1.0200000000000001E-2,14.44,1.11E-2,14.23,1.12E-2,14.53,1.0999999999999999E-2,11.52,0,11.63,1.38E-2,12.04,1.3299999999999999E-2,14.14,0,11.49,1.3899999999999999E-2,12.06,1.3299999999999999E-2,12.18,0,12.45,1.29E-2,12.53,1.2800000000000001E-2,12.14,1.32E-2,11.69,1.37E-2,11.94,1.34E-2,11.02,1.4500000000000001E-2,13.34,1.2E-2,14.34,1.12E-2,12.4,1.29E-2,14.98,1.0699999999999999E-2,13.64,1.17E-2,13.19,0,12.3,0,13.17,1.21E-2,10.99,0,11.17,1.43E-2]
["Armação de Estacas",95583,"MONTAGEM DE ARMADURA TRANSVERSAL DE ESTACAS DE SEÇÃO CIRCULAR, DIÂMETRO = 5,0 MM. AF_09/2021_PS","KG",18.86,1.38E-2,16.93,1.54E-2,17.75,1.46E-2,16.920000000000002,1.54E-2,15.5,0,15.14,1.72E-2,15.83,1.6400000000000001E-2,17.84,0,15.23,1.7100000000000001E-2,15.44,1.6799999999999999E-2,15.68,0,15.29,1.7000000000000001E-2,15.28,1.7000000000000001E-2,15.69,1.66E-2,14.33,1.8100000000000002E-2,15.29,1.7000000000000001E-2,14.1,1.84E-2,17.98,1.4500000000000001E-2,19.059999999999999,1.3599999999999999E-2,15.57,1.67E-2,18.260000000000002,1.4200000000000001E-2,17.13,1.52E-2,16.29,0,16.37,0,16.03,1.6199999999999999E-2,15.54,0,14.45,1.7999999999999999E-2]
["Armação de Estacas",95584,"MONTAGEM DE ARMADURA TRANSVERSAL DE ESTACAS DE SEÇÃO CIRCULAR, DIÂMETRO = 6,30 MM. AF_09/2021_PS","KG",17.05,1.23E-2,15.53,1.35E-2,15.72,1.34E-2,15.6,1.35E-2,13.14,0,13.07,1.61E-2,13.61,1.54E-2,15.69,0,13.03,1.61E-2,13.47,1.5599999999999999E-2,13.64,0,13.65,1.54E-2,13.7,1.5299999999999999E-2,13.61,1.54E-2,12.81,1.6400000000000001E-2,13.34,1.5699999999999999E-2,12.3,1.7100000000000001E-2,15.22,1.38E-2,16.28,1.29E-2,13.73,1.5299999999999999E-2,16.36,1.2800000000000001E-2,15.09,1.3899999999999999E-2,14.47,0,13.98,0,14.4,1.46E-2,12.82,0,12.52,1.6799999999999999E-2]
["Armação de Estacas",95593,"MONTAGEM DE ARMADURA TRANSVERSAL DE ESTACAS DE SEÇÃO RETANGULAR, DIÂMETRO = 6,30 MM. AF_09/2021_PS","KG",17.05,1.23E-2,15.53,1.35E-2,15.72,1.34E-2,15.6,1.35E-2,13.14,0,13.07,1.61E-2,13.61,1.54E-2,15.69,0,13.03,1.61E-2,13.47,1.5599999999999999E-2,13.64,0,13.65,1.54E-2,13.7,1.5299999999999999E-2,13.61,1.54E-2,12.81,1.6400000000000001E-2,13.34,1.5699999999999999E-2,12.3,1.7100000000000001E-2,15.22,1.38E-2,16.28,1.29E-2,13.73,1.5299999999999999E-2,16.36,1.2800000000000001E-2,15.09,1.3899999999999999E-2,14.47,0,13.98,0,14.4,1.46E-2,12.82,0,12.52,1.6799999999999999E-2]
["Armação de Estacas",95592,"MONTAGEM DE ARMADURA TRANVERSAL DE ESTACAS DE SEÇÃO RETANGULAR, DIÂMETRO = 5,0 MM. AF_09/2021_PS","KG",18.86,1.38E-2,16.93,1.54E-2,17.75,1.46E-2,16.920000000000002,1.54E-2,15.5,0,15.14,1.72E-2,15.83,1.6400000000000001E-2,17.84,0,15.23,1.7100000000000001E-2,15.44,1.6799999999999999E-2,15.68,0,15.29,1.7000000000000001E-2,15.28,1.7000000000000001E-2,15.69,1.66E-2,14.33,1.8100000000000002E-2,15.29,1.7000000000000001E-2,14.1,1.84E-2,17.98,1.4500000000000001E-2,19.059999999999999,1.3599999999999999E-2,15.57,1.67E-2,18.260000000000002,1.4200000000000001E-2,17.13,1.52E-2,16.29,0,16.37,0,16.03,1.6199999999999999E-2,15.54,0,14.45,1.7999999999999999E-2]
["Armação para Estruturas de Concreto Armado",92919,"ARMAÇÃO DE ESTRUTURAS DIVERSAS DE CONCRETO ARMADO, EXCETO VIGAS, PILARES, LAJES E FUNDAÇÕES, UTILIZANDO AÇO CA-50 DE 10,0 MM - MONTAGEM. AF_06/2022","KG",14.99,7.3000000000000001E-3,13.77,8.0000000000000002E-3,13.63,8.0999999999999996E-3,13.86,7.9000000000000008E-3,11.06,0,11.08,9.9000000000000008E-3,11.49,9.5999999999999992E-3,13.55,0,11.03,0.01,11.55,9.4999999999999998E-3,11.64,0,11.85,9.2999999999999992E-3,11.96,9.1999999999999998E-3,11.59,9.4999999999999998E-3,11.17,9.7999999999999997E-3,11.37,9.7000000000000003E-3,10.53,1.04E-2,12.8,8.6E-3,13.68,8.0000000000000002E-3,11.85,9.2999999999999992E-3,14.29,7.7000000000000002E-3,13.01,8.5000000000000006E-3,12.58,0,11.77,0,12.62,8.6999999999999994E-3,10.53,0,10.65,1.03E-2]
["Armação para Estruturas de Concreto Armado",92921,"ARMAÇÃO DE ESTRUTURAS DIVERSAS DE CONCRETO ARMADO, EXCETO VIGAS, PILARES, LAJES E FUNDAÇÕES, UTILIZANDO AÇO CA-50 DE 12,5 MM - MONTAGEM. AF_06/2022","KG",12.46,6.4000000000000003E-3,11.51,7.0000000000000001E-3,11.29,7.1000000000000004E-3,11.6,6.8999999999999999E-3,9,0,9.06,8.8000000000000005E-3,9.4,8.5000000000000006E-3,11.2,0,9.07,8.8000000000000005E-3,9.49,8.3999999999999995E-3,9.5399999999999991,0,9.82,8.0999999999999996E-3,9.92,8.0999999999999996E-3,9.5299999999999994,8.3999999999999995E-3,9.2799999999999994,8.6E-3,9.34,8.6E-3,8.66,9.1999999999999998E-3,10.44,7.7000000000000002E-3,11.16,7.1999999999999998E-3,9.77,8.2000000000000007E-3,11.86,6.7000000000000002E-3,10.72,7.4999999999999997E-3,10.39,0,9.59,0,10.51,7.6E-3,8.51,0,8.74,9.1999999999999998E-3]
["Armação para Estruturas de Concreto Armado",92922,"ARMAÇÃO DE ESTRUTURAS DIVERSAS DE CONCRETO ARMADO, EXCETO VIGAS, PILARES, LAJES E FUNDAÇÕES, UTILIZANDO AÇO CA-50 DE 16,0 MM - MONTAGEM. AF_06/2022","KG",11.97,3.3E-3,11.1,3.5999999999999999E-3,10.77,3.7000000000000002E-3,11.19,3.5999999999999999E-3,8.5,0,8.59,4.7000000000000002E-3,8.89,4.4999999999999997E-3,10.69,0,8.58,4.7000000000000002E-3,9.02,4.4000000000000003E-3,9.08,0,9.4,4.3E-3,9.5,4.1999999999999997E-3,9.0500000000000007,4.4000000000000003E-3,8.8800000000000008,4.4999999999999997E-3,8.8699999999999992,4.4999999999999997E-3,8.24,4.8999999999999998E-3,9.83,4.1000000000000003E-3,10.55,3.8E-3,9.32,4.3E-3,11.36,3.5000000000000001E-3,10.23,3.8999999999999998E-3,9.9499999999999993,0,9.06,0,10.08,4.0000000000000001E-3,7.96,0,8.3000000000000007,4.7999999999999996E-3]
["Armação para Estruturas de Concreto Armado",92923,"ARMAÇÃO DE ESTRUTURAS DIVERSAS DE CONCRETO ARMADO, EXCETO VIGAS, PILARES, LAJES E FUNDAÇÕES, UTILIZANDO AÇO CA-50 DE 20,0 MM - MONTAGEM. AF_06/2022","KG",13.52,1.5E-3,12.57,1.6000000000000001E-3,12.07,1.6999999999999999E-3,12.7,1.6000000000000001E-3,9.39,0,9.57,2.0999999999999999E-3,9.8800000000000008,2E-3,11.96,0,9.4700000000000006,2.0999999999999999E-3,10.07,2E-3,10.130000000000001,0,10.58,1.9E-3,10.7,1.9E-3,10.07,2E-3,9.9600000000000009,2E-3,9.91,2E-3,9.1999999999999993,2.2000000000000001E-3,10.88,1.8E-3,11.71,1.6999999999999999E-3,10.45,1.9E-3,12.79,1.6000000000000001E-3,11.46,1.6999999999999999E-3,11.19,0,10.029999999999999,0,11.32,1.8E-3,8.7100000000000009,0,9.26,2.2000000000000001E-3]
["Armação para Estruturas de Concreto Armado",92924,"ARMAÇÃO DE ESTRUTURAS DIVERSAS DE CONCRETO ARMADO, EXCETO VIGAS, PILARES, LAJES E FUNDAÇÕES, UTILIZANDO AÇO CA-50 DE 25,0 MM - MONTAGEM. AF_06/2022","KG",13.32,8.0000000000000004E-4,12.39,8.0000000000000004E-4,11.86,8.0000000000000004E-4,12.52,8.0000000000000004E-4,9.18,0,9.3699999999999992,1.1000000000000001E-3,9.67,1E-3,11.74,0,9.26,1.1000000000000001E-3,9.8800000000000008,1E-3,9.93,0,10.39,1E-3,10.52,1E-3,9.8800000000000008,1E-3,9.7899999999999991,1E-3,9.7100000000000009,1E-3,9.01,1.1000000000000001E-3,10.62,8.9999999999999998E-4,11.45,8.9999999999999998E-4,10.26,1E-3,12.59,8.0000000000000004E-4,11.25,8.9999999999999998E-4,10.99,0,9.81,0,11.13,8.9999999999999998E-4,8.4700000000000006,0,9.06,1.1000000000000001E-3]
["Armação para Estruturas de Concreto Armado",104104,"ARMAÇÃO DE ESTRUTURAS DIVERSAS DE CONCRETO ARMADO, EXCETO VIGAS, PILARES, LAJES E FUNDAÇÕES, UTILIZANDO AÇO CA-50 DE 32,0 MM - MONTAGEM. AF_06/2022","KG",14.05,0,13.12,0,12.42,0,13.28,0,9.48,0,9.76,0,10.050000000000001,0,12.28,0,9.59,0,10.31,0,10.36,0,10.94,0,11.08,0,10.3,0,10.3,0,10.16,0,9.41,0,10.99,0,11.89,0,10.76,0,13.25,0,11.79,0,11.57,0,10.17,0,11.72,0,8.67,0,9.4600000000000009,0]
["Armação para Estruturas de Concreto Armado",92916,"ARMAÇÃO DE ESTRUTURAS DIVERSAS DE CONCRETO ARMADO, EXCETO VIGAS, PILARES, LAJES E FUNDAÇÕES, UTILIZANDO AÇO CA-50 DE 6,3 MM - MONTAGEM. AF_06/2022","KG",18.38,1.14E-2,16.670000000000002,1.26E-2,17.079999999999998,1.23E-2,16.7,1.26E-2,14.51,0,14.3,1.47E-2,14.93,1.41E-2,17.09,0,14.37,1.46E-2,14.72,1.43E-2,14.9,0,14.78,1.4200000000000001E-2,14.8,1.4200000000000001E-2,14.88,1.41E-2,13.87,1.5100000000000001E-2,14.52,1.4500000000000001E-2,13.43,1.5599999999999999E-2,16.82,1.2500000000000001E-2,17.89,1.17E-2,14.92,1.41E-2,17.670000000000002,1.1900000000000001E-2,16.399999999999999,1.2800000000000001E-2,15.67,0,15.39,0,15.59,1.35E-2,14.27,0,13.68,1.54E-2]
["Armação para Estruturas de Concreto Armado",92917,"ARMAÇÃO DE ESTRUTURAS DIVERSAS DE CONCRETO ARMADO, EXCETO VIGAS, PILARES, LAJES E FUNDAÇÕES, UTILIZANDO AÇO CA-50 DE 8,0 MM - MONTAGEM. AF_06/2022","KG",17,9.4000000000000004E-3,15.54,1.03E-2,15.56,1.03E-2,15.62,1.0200000000000001E-2,12.85,0,12.83,1.2500000000000001E-2,13.33,1.2E-2,15.53,0,12.81,1.2500000000000001E-2,13.29,1.2E-2,13.42,0,13.55,1.18E-2,13.61,1.18E-2,13.39,1.1900000000000001E-2,12.73,1.26E-2,13.12,1.2200000000000001E-2,12.13,1.32E-2,14.91,1.0699999999999999E-2,15.91,1.01E-2,13.57,1.18E-2,16.260000000000002,9.7999999999999997E-3,14.91,1.0699999999999999E-2,14.37,0,13.68,0,14.34,1.12E-2,12.42,0,12.31,1.2999999999999999E-2]
["Armação para Estruturas de Concreto Armado",92915,"ARMAÇÃO DE ESTRUTURAS DIVERSAS DE CONCRETO ARMADO, EXCETO VIGAS, PILARES, LAJES E FUNDAÇÕES, UTILIZANDO AÇO CA-60 DE 5,0 MM - MONTAGEM. AF_06/2022","KG",19.77,1.32E-2,17.71,1.47E-2,18.690000000000001,1.3899999999999999E-2,17.690000000000001,1.47E-2,16.440000000000001,0,15.98,1.6299999999999999E-2,16.75,1.55E-2,18.82,0,16.18,1.61E-2,16.309999999999999,1.5900000000000001E-2,16.53,0,16.059999999999999,1.6199999999999999E-2,16.04,1.6199999999999999E-2,16.55,1.5699999999999999E-2,15.07,1.7299999999999999E-2,16.11,1.61E-2,14.89,1.7500000000000002E-2,19.079999999999998,1.3599999999999999E-2,20.149999999999999,1.29E-2,16.39,1.5900000000000001E-2,19.149999999999999,1.3599999999999999E-2,18.03,1.44E-2,17.11,0,17.350000000000001,0,16.88,1.54E-2,16.52,0,15.23,1.7100000000000001E-2]
["Armação para Estruturas de Concreto Armado",92771,"ARMAÇÃO DE LAJE DE ESTRUTURA CONVENCIONAL DE CONCRETO ARMADO UTILIZANDO AÇO CA-50 DE 10,0 MM - MONTAGEM. AF_06/2022","KG",13.48,5.1999999999999998E-3,12.49,5.5999999999999999E-3,12.07,5.7999999999999996E-3,12.6,5.5999999999999999E-3,9.4600000000000009,0,9.6,7.3000000000000001E-3,9.93,7.0000000000000001E-3,11.94,0,9.51,7.4000000000000003E-3,10.1,6.8999999999999999E-3,10.15,0,10.55,6.6E-3,10.67,6.6E-3,10.11,6.8999999999999999E-3,9.9600000000000009,7.0000000000000001E-3,9.93,7.0000000000000001E-3,9.1999999999999993,7.6E-3,10.94,6.4000000000000003E-3,11.76,6.0000000000000001E-3,10.46,6.7000000000000002E-3,12.77,5.4999999999999997E-3,11.46,6.1000000000000004E-3,11.17,0,10.1,0,11.28,6.1999999999999998E-3,8.8000000000000007,0,9.27,7.6E-3]
["Armação para Estruturas de Concreto Armado",92772,"ARMAÇÃO DE LAJE DE ESTRUTURA CONVENCIONAL DE CONCRETO ARMADO UTILIZANDO AÇO CA-50 DE 12,5 MM - MONTAGEM. AF_06/2022","KG",11.35,2.5999999999999999E-3,10.57,2.8E-3,10.15,3.0000000000000001E-3,10.68,2.8E-3,7.85,0,7.99,3.8E-3,8.25,3.5999999999999999E-3,10.039999999999999,0,7.96,3.8E-3,8.44,3.5999999999999999E-3,8.4700000000000006,0,8.86,3.3999999999999998E-3,8.98,3.3E-3,8.44,3.5999999999999999E-3,8.39,3.5999999999999999E-3,8.2899999999999991,3.5999999999999999E-3,7.7,3.8999999999999998E-3,9.09,3.3E-3,9.77,3.0999999999999999E-3,8.76,3.3999999999999998E-3,10.75,2.8E-3,9.6,3.0999999999999999E-3,9.3800000000000008,0,8.3800000000000008,0,9.5399999999999991,3.0999999999999999E-3,7.26,0,7.74,3.8999999999999998E-3]
["Armação para Estruturas de Concreto Armado",92773,"ARMAÇÃO DE LAJE DE ESTRUTURA CONVENCIONAL DE CONCRETO ARMADO UTILIZANDO AÇO CA-50 DE 16,0 MM - MONTAGEM. AF_06/2022","KG",11.18,0,10.43,0,9.9600000000000009,0,10.53,0,7.67,0,7.81,0,8.07,0,9.86,0,7.78,0,8.26,0,8.3000000000000007,0,8.7200000000000006,0,8.84,0,8.27,0,8.23,0,8.11,0,7.56,0,8.86,0,9.5500000000000007,0,8.59,0,10.56,0,9.41,0,9.2200000000000006,0,8.18,0,9.3800000000000008,0,7.06,0,7.58,0]
["Armação para Estruturas de Concreto Armado",92774,"ARMAÇÃO DE LAJE DE ESTRUTURA CONVENCIONAL DE CONCRETO ARMADO UTILIZANDO AÇO CA-50 DE 20,0 MM - MONTAGEM. AF_06/2022","KG",12.96,0,12.09,0,11.48,0,12.22,0,8.8000000000000007,0,9.02,0,9.3000000000000007,0,11.36,0,8.89,0,9.5299999999999994,0,9.57,0,10.08,0,10.220000000000001,0,9.52,0,9.5,0,9.3800000000000008,0,8.6999999999999993,0,10.19,0,10.99,0,9.93,0,12.22,0,10.89,0,10.67,0,9.42,0,10.82,0,8.07,0,8.74,0]
["Armação para Estruturas de Concreto Armado",92769,"ARMAÇÃO DE LAJE DE ESTRUTURA CONVENCIONAL DE CONCRETO ARMADO UTILIZANDO AÇO CA-50 DE 6,3 MM - MONTAGEM. AF_06/2022","KG",15.73,1.84E-2,14.45,2.01E-2,14.36,2.0199999999999999E-2,14.54,1.9900000000000001E-2,11.71,0,11.74,2.47E-2,12.19,2.3800000000000002E-2,14.25,0,11.71,2.4799999999999999E-2,12.2,2.3800000000000002E-2,12.3,0,12.52,2.3199999999999998E-2,12.59,2.3E-2,12.29,2.3599999999999999E-2,11.78,2.46E-2,12.03,2.41E-2,11.16,2.5999999999999999E-2,13.55,2.1399999999999999E-2,14.49,0.02,12.5,2.3199999999999998E-2,15.01,1.9300000000000001E-2,13.7,2.12E-2,13.2,0,12.48,0,13.28,2.18E-2,11.23,0,11.29,2.5700000000000001E-2]
["Armação para Estruturas de Concreto Armado",92770,"ARMAÇÃO DE LAJE DE ESTRUTURA CONVENCIONAL DE CONCRETO ARMADO UTILIZANDO AÇO CA-50 DE 8,0 MM - MONTAGEM. AF_06/2022","KG",14.98,1.0699999999999999E-2,13.85,1.1599999999999999E-2,13.51,1.18E-2,13.97,1.15E-2,10.74,0,10.89,1.47E-2,11.25,1.4200000000000001E-2,13.38,0,10.78,1.4800000000000001E-2,11.37,1.41E-2,11.45,0,11.82,1.35E-2,11.92,1.34E-2,11.42,1.4E-2,11.13,1.44E-2,11.22,1.43E-2,10.39,1.54E-2,12.44,1.29E-2,13.36,1.2E-2,11.73,1.3599999999999999E-2,14.24,1.12E-2,12.88,1.24E-2,12.49,0,11.47,0,12.59,1.2699999999999999E-2,10.130000000000001,0,10.5,1.52E-2]
["Armação para Estruturas de Concreto Armado",92767,"ARMAÇÃO DE LAJE DE ESTRUTURA CONVENCIONAL DE CONCRETO ARMADO UTILIZANDO AÇO CA-60 DE 4,2 MM - MONTAGEM. AF_06/2022","KG",18.399999999999999,3.32E-2,16.61,3.6700000000000003E-2,17.260000000000002,3.5299999999999998E-2,16.62,3.6700000000000003E-2,14.97,0,14.65,4.1599999999999998E-2,15.3,3.9899999999999998E-2,17.23,0,14.79,4.1200000000000001E-2,15.01,4.0599999999999997E-2,15.2,0,14.92,4.0899999999999999E-2,14.94,4.0800000000000003E-2,15.21,4.0099999999999997E-2,14.05,4.3400000000000001E-2,14.83,4.1099999999999998E-2,13.74,4.4400000000000002E-2,17.309999999999999,3.5200000000000002E-2,18.309999999999999,3.3300000000000003E-2,15.15,4.0300000000000002E-2,17.760000000000002,3.4299999999999997E-2,16.62,3.6700000000000003E-2,15.76,0,15.86,0,15.72,3.8800000000000001E-2,14.9,0,14.01,4.3499999999999997E-2]
["Armação para Estruturas de Concreto Armado",92768,"ARMAÇÃO DE LAJE DE ESTRUTURA CONVENCIONAL DE CONCRETO ARMADO UTILIZANDO AÇO CA-60 DE 5,0 MM - MONTAGEM. AF_06/2022","KG",16.36,2.81E-2,14.88,3.09E-2,15.19,3.0300000000000001E-2,14.93,3.0800000000000001E-2,12.85,0,12.69,3.6200000000000003E-2,13.21,3.4799999999999998E-2,15.11,0,12.77,3.5999999999999997E-2,13.08,3.5200000000000002E-2,13.21,0,13.17,3.49E-2,13.22,3.4799999999999998E-2,13.21,3.4799999999999998E-2,12.4,3.7100000000000001E-2,12.9,3.5700000000000003E-2,11.97,3.8399999999999997E-2,14.86,3.1E-2,15.77,2.92E-2,13.29,3.4599999999999999E-2,15.72,2.93E-2,14.57,3.1600000000000003E-2,13.91,0,13.63,0,13.92,3.3000000000000002E-2,12.6,0,12.18,3.78E-2]
["Armação para Estruturas de Concreto Armado",92762,"ARMAÇÃO DE PILAR OU VIGA DE ESTRUTURA CONVENCIONAL DE CONCRETO ARMADO UTILIZANDO AÇO CA-50 DE 10,0 MM - MONTAGEM. AF_06/2022","KG",13.95,7.9000000000000008E-3,12.9,8.5000000000000006E-3,12.56,8.8000000000000005E-3,12.99,8.5000000000000006E-3,9.9600000000000009,0,10.07,1.09E-2,10.42,1.06E-2,12.44,0,9.99,1.0999999999999999E-2,10.55,1.04E-2,10.62,0,10.97,0.01,11.08,9.9000000000000008E-3,10.58,1.04E-2,10.34,1.06E-2,10.38,1.06E-2,9.6199999999999992,1.14E-2,11.52,9.4999999999999998E-3,12.36,8.8999999999999999E-3,10.9,1.01E-2,13.24,8.3000000000000001E-3,11.95,9.1999999999999998E-3,11.61,0,10.63,0,11.71,9.4000000000000004E-3,9.34,0,9.7100000000000009,1.1299999999999999E-2]
["Armação para Estruturas de Concreto Armado",92763,"ARMAÇÃO DE PILAR OU VIGA DE ESTRUTURA CONVENCIONAL DE CONCRETO ARMADO UTILIZANDO AÇO CA-50 DE 12,5 MM - MONTAGEM. AF_06/2022","KG",11.78,6.7999999999999996E-3,10.94,7.3000000000000001E-3,10.58,7.6E-3,11.04,7.1999999999999998E-3,8.2799999999999994,0,8.4,9.4999999999999998E-3,8.6999999999999993,9.1999999999999998E-3,10.47,0,8.3800000000000008,9.4999999999999998E-3,8.84,8.9999999999999993E-3,8.8699999999999992,0,9.23,8.6999999999999994E-3,9.35,8.6E-3,8.86,8.9999999999999993E-3,8.74,9.1999999999999998E-3,8.69,9.1999999999999998E-3,8.08,9.9000000000000008E-3,9.61,8.3000000000000001E-3,10.29,7.7999999999999996E-3,9.15,8.6999999999999994E-3,11.17,7.1999999999999998E-3,10.029999999999999,8.0000000000000002E-3,9.76,0,8.85,0,9.92,8.0999999999999996E-3,7.73,0,8.1300000000000008,9.7999999999999997E-3]
["Armação para Estruturas de Concreto Armado",92764,"ARMAÇÃO DE PILAR OU VIGA DE ESTRUTURA CONVENCIONAL DE CONCRETO ARMADO UTILIZANDO AÇO CA-50 DE 16,0 MM - MONTAGEM. AF_06/2022","KG",11.46,3.5000000000000001E-3,10.67,3.7000000000000002E-3,10.25,3.8999999999999998E-3,10.76,3.7000000000000002E-3,7.96,0,8.09,4.8999999999999998E-3,8.36,4.7999999999999996E-3,10.14,0,8.06,5.0000000000000001E-3,8.5299999999999994,4.7000000000000002E-3,8.58,0,8.9600000000000009,4.4999999999999997E-3,9.07,4.4000000000000003E-3,8.5399999999999991,4.7000000000000002E-3,8.4700000000000006,4.7000000000000002E-3,8.3800000000000008,4.7999999999999996E-3,7.8,5.1000000000000004E-3,9.1999999999999993,4.3E-3,9.89,4.0000000000000001E-3,8.86,4.4999999999999997E-3,10.84,3.7000000000000002E-3,9.6999999999999993,4.1000000000000003E-3,9.4700000000000006,0,8.5,0,9.6300000000000008,4.1999999999999997E-3,7.37,0,7.84,5.1000000000000004E-3]
["Armação para Estruturas de Concreto Armado",92765,"ARMAÇÃO DE PILAR OU VIGA DE ESTRUTURA CONVENCIONAL DE CONCRETO ARMADO UTILIZANDO AÇO CA-50 DE 20,0 MM - MONTAGEM. AF_06/2022","KG",13.12,1.5E-3,12.23,1.6000000000000001E-3,11.65,1.6999999999999999E-3,12.37,1.6000000000000001E-3,8.9600000000000009,0,9.17,2.2000000000000001E-3,9.4700000000000006,2.0999999999999999E-3,11.52,0,9.06,2.2000000000000001E-3,9.68,2.0999999999999999E-3,9.73,0,10.23,2E-3,10.36,1.9E-3,9.68,2.0999999999999999E-3,9.6300000000000008,2.0999999999999999E-3,9.5299999999999994,2.0999999999999999E-3,8.85,2.3E-3,10.38,1.9E-3,11.19,1.8E-3,10.09,2E-3,12.39,1.6000000000000001E-3,11.05,1.8E-3,10.81,0,9.6,0,10.97,1.8E-3,8.25,0,8.89,2.2000000000000001E-3]
["Armação para Estruturas de Concreto Armado",92766,"ARMAÇÃO DE PILAR OU VIGA DE ESTRUTURA CONVENCIONAL DE CONCRETO ARMADO UTILIZANDO AÇO CA-50 DE 25,0 MM - MONTAGEM. AF_06/2022","KG",13,8.0000000000000004E-4,12.13,8.0000000000000004E-4,11.54,8.9999999999999998E-4,12.26,8.0000000000000004E-4,8.84,0,9.06,1.1000000000000001E-3,9.35,1.1000000000000001E-3,11.4,0,8.9499999999999993,1.1000000000000001E-3,9.58,1E-3,9.6199999999999992,0,10.119999999999999,1E-3,10.26,1E-3,9.57,1E-3,9.5399999999999991,1E-3,9.41,1.1000000000000001E-3,8.74,1.1000000000000001E-3,10.23,1E-3,11.06,8.9999999999999998E-4,9.9700000000000006,1E-3,12.28,8.0000000000000004E-4,10.93,8.9999999999999998E-4,10.7,0,9.4600000000000009,0,10.86,8.9999999999999998E-4,8.1199999999999992,0,8.7799999999999994,1.1000000000000001E-3]
["Armação para Estruturas de Concreto Armado",104105,"ARMAÇÃO DE PILAR OU VIGA DE ESTRUTURA CONVENCIONAL DE CONCRETO ARMADO UTILIZANDO AÇO CA-50 DE 32,0 MM. AF_06/2022","KG",14.05,0,13.13,0,12.43,0,13.28,0,9.49,0,9.76,0,10.050000000000001,0,12.29,0,9.6,0,10.32,0,10.37,0,10.94,0,11.09,0,10.31,0,10.31,0,10.17,0,9.41,0,11,0,11.89,0,10.77,0,13.26,0,11.8,0,11.57,0,10.18,0,11.73,0,8.67,0,9.4600000000000009,0]
["Armação para Estruturas de Concreto Armado",92760,"ARMAÇÃO DE PILAR OU VIGA DE ESTRUTURA CONVENCIONAL DE CONCRETO ARMADO UTILIZANDO AÇO CA-50 DE 6,3 MM - MONTAGEM. AF_06/2022","KG",16.28,1.29E-2,14.9,1.41E-2,14.93,1.41E-2,14.98,1.4E-2,12.31,0,12.27,1.7100000000000001E-2,12.77,1.6400000000000001E-2,14.86,0,12.27,1.7100000000000001E-2,12.72,1.6500000000000001E-2,12.85,0,12.97,1.6199999999999999E-2,13.04,1.61E-2,12.82,1.6400000000000001E-2,12.21,1.72E-2,12.55,1.67E-2,11.62,1.8100000000000002E-2,14.25,1.47E-2,15.22,1.38E-2,13,1.6199999999999999E-2,15.57,1.35E-2,14.27,1.47E-2,13.73,0,13.1,0,13.76,1.5299999999999999E-2,11.87,0,11.78,1.78E-2]
["Armação para Estruturas de Concreto Armado",92761,"ARMAÇÃO DE PILAR OU VIGA DE ESTRUTURA CONVENCIONAL DE CONCRETO ARMADO UTILIZANDO AÇO CA-50 DE 8,0 MM - MONTAGEM. AF_06/2022","KG",15.51,1.03E-2,14.28,1.12E-2,14.03,1.14E-2,14.39,1.11E-2,11.29,0,11.39,1.4E-2,11.8,1.3599999999999999E-2,13.94,0,11.31,1.41E-2,11.87,1.35E-2,11.96,0,12.27,1.2999999999999999E-2,12.36,1.29E-2,11.93,1.34E-2,11.54,1.3899999999999999E-2,11.71,1.37E-2,10.85,1.47E-2,13.07,1.2200000000000001E-2,14.02,1.14E-2,12.21,1.3100000000000001E-2,14.77,1.0800000000000001E-2,13.41,1.1900000000000001E-2,12.97,0,12.05,0,13.04,1.23E-2,10.72,0,10.97,1.46E-2]
["Armação para Estruturas de Concreto Armado",92759,"ARMAÇÃO DE PILAR OU VIGA DE ESTRUTURA CONVENCIONAL DE CONCRETO ARMADO UTILIZANDO AÇO CA-60 DE 5,0 MM - MONTAGEM. AF_06/2022","KG",16.93,1.54E-2,15.33,1.7000000000000001E-2,15.77,1.6500000000000001E-2,15.36,1.6899999999999998E-2,13.46,0,13.24,1.9599999999999999E-2,13.81,1.8800000000000001E-2,15.79,0,13.35,1.95E-2,13.61,1.9099999999999999E-2,13.76,0,13.63,1.9099999999999999E-2,13.66,1.9E-2,13.76,1.89E-2,12.81,2.0299999999999999E-2,13.43,1.9400000000000001E-2,12.44,2.0899999999999998E-2,15.61,1.67E-2,16.55,1.5699999999999999E-2,13.79,1.89E-2,16.3,1.6E-2,15.14,1.72E-2,14.47,0,14.25,0,14.39,1.8100000000000002E-2,13.28,0,12.67,2.0500000000000001E-2]
["Armação para Estruturas de Concreto Armado",104108,"ARMAÇÃO DE PILAR OU VIGA DE ESTRUTURA DE CONCRETO ARMADO EMBUTIDA EM ALVENARIA DE VEDAÇÃO UTILIZANDO AÇO CA-50 DE 10,0 MM - MONTAGEM. AF_06/2022","KG",15.81,7.0000000000000001E-3,14.46,7.6E-3,14.47,7.6E-3,14.52,7.6E-3,11.91,0,11.86,9.2999999999999992E-3,12.33,8.8999999999999999E-3,14.42,0,11.85,9.2999999999999992E-3,12.32,8.8999999999999999E-3,12.43,0,12.56,8.8000000000000005E-3,12.64,8.6999999999999994E-3,12.39,8.8999999999999999E-3,11.82,9.2999999999999992E-3,12.14,9.1000000000000004E-3,11.22,9.7999999999999997E-3,13.79,8.0000000000000002E-3,14.71,7.4999999999999997E-3,12.59,8.6999999999999994E-3,15.11,7.3000000000000001E-3,13.83,8.0000000000000002E-3,13.33,0,12.65,0,13.32,8.3000000000000001E-3,11.45,0,11.39,9.7000000000000003E-3]
["Armação para Estruturas de Concreto Armado",104107,"ARMAÇÃO DE PILAR OU VIGA DE ESTRUTURA DE CONCRETO ARMADO EMBUTIDA EM ALVENARIA DE VEDAÇÃO UTILIZANDO AÇO CA-50 DE 12,5 MM - MONTAGEM. AF_06/2022","KG",13.37,6.0000000000000001E-3,12.28,6.4999999999999997E-3,12.23,6.4999999999999997E-3,12.36,6.4999999999999997E-3,9.9700000000000006,0,9.94,8.0000000000000002E-3,10.34,7.7000000000000002E-3,12.17,0,9.98,8.0000000000000002E-3,10.36,7.7000000000000002E-3,10.43,0,10.6,7.4999999999999997E-3,10.69,7.4999999999999997E-3,10.42,7.7000000000000002E-3,10.01,8.0000000000000002E-3,10.199999999999999,7.7999999999999996E-3,9.4600000000000009,8.5000000000000006E-3,11.56,6.8999999999999999E-3,12.32,6.4999999999999997E-3,10.61,7.4999999999999997E-3,12.77,6.3E-3,11.65,6.8999999999999999E-3,11.25,0,10.59,0,11.31,7.1000000000000004E-3,9.5500000000000007,0,9.58,8.3999999999999995E-3]
["Armação para Estruturas de Concreto Armado",104106,"ARMAÇÃO DE PILAR OU VIGA DE ESTRUTURA DE CONCRETO ARMADO EMBUTIDA EM ALVENARIA DE VEDAÇÃO UTILIZANDO AÇO CA-50 DE 16,0 MM - MONTAGEM. AF_06/2022","KG",12.68,3.2000000000000002E-3,11.68,3.3999999999999998E-3,11.49,3.5000000000000001E-3,11.76,3.3999999999999998E-3,9.23,0,9.26,4.3E-3,9.61,4.1999999999999997E-3,11.43,0,9.27,4.3E-3,9.68,4.1000000000000003E-3,9.76,0,9.99,4.0000000000000001E-3,10.09,4.0000000000000001E-3,9.74,4.1000000000000003E-3,9.42,4.1999999999999997E-3,9.5299999999999994,4.1999999999999997E-3,8.85,4.4999999999999997E-3,10.68,3.7000000000000002E-3,11.43,3.5000000000000001E-3,9.9600000000000009,4.0000000000000001E-3,12.06,3.3E-3,10.93,3.7000000000000002E-3,10.6,0,9.82,0,10.68,3.7000000000000002E-3,8.75,0,8.93,4.4999999999999997E-3]
["Armação para Estruturas de Concreto Armado",104110,"ARMAÇÃO DE PILAR OU VIGA DE ESTRUTURA DE CONCRETO ARMADO EMBUTIDA EM ALVENARIA DE VEDAÇÃO UTILIZANDO AÇO CA-50 DE 6,3 MM - MONTAGEM. AF_06/2022","KG",21.21,9.9000000000000008E-3,19.03,1.0999999999999999E-2,19.98,1.0500000000000001E-2,19.010000000000002,1.0999999999999999E-2,17.48,0,17.03,1.23E-2,17.84,1.18E-2,20.100000000000001,0,17.2,1.2200000000000001E-2,17.399999999999999,1.21E-2,17.66,0,17.18,1.2200000000000001E-2,17.16,1.2200000000000001E-2,17.649999999999999,1.1900000000000001E-2,16.11,1.2999999999999999E-2,17.190000000000001,1.2200000000000001E-2,15.87,1.32E-2,20.27,1.04E-2,21.46,9.7999999999999997E-3,17.489999999999998,1.2E-2,20.51,1.0200000000000001E-2,19.260000000000002,1.09E-2,18.29,0,18.47,0,18.059999999999999,1.1599999999999999E-2,17.48,0,16.22,1.29E-2]
["Armação para Estruturas de Concreto Armado",104109,"ARMAÇÃO DE PILAR OU VIGA DE ESTRUTURA DE CONCRETO ARMADO EMBUTIDA EM ALVENARIA DE VEDAÇÃO UTILIZANDO AÇO CA-50 DE 8,0 MM - MONTAGEM. AF_06/2022","KG",19.010000000000002,8.3999999999999995E-3,17.22,9.2999999999999992E-3,17.63,9.1000000000000004E-3,17.27,9.2999999999999992E-3,14.97,0,14.77,1.0800000000000001E-2,15.4,1.04E-2,17.670000000000002,0,14.81,1.0800000000000001E-2,15.19,1.0500000000000001E-2,15.38,0,15.27,1.0500000000000001E-2,15.29,1.0500000000000001E-2,15.36,1.04E-2,14.32,1.12E-2,15.01,1.0699999999999999E-2,13.86,1.15E-2,17.36,9.1999999999999998E-3,18.45,8.6999999999999994E-3,15.4,1.04E-2,18.28,8.8000000000000005E-3,16.95,9.4000000000000004E-3,16.23,0,15.87,0,16.100000000000001,9.9000000000000008E-3,14.7,0,14.12,1.1299999999999999E-2]
["Armação para Estruturas de Concreto Armado",104111,"ARMAÇÃO DE PILAR OU VIGA DE ESTRUTURA DE CONCRETO ARMADO EMBUTIDA EM ALVENARIA DE VEDAÇÃO UTILIZANDO AÇO CA-60 DE 5,0 MM - MONTAGEM. AF_06/2022","KG",23.59,1.0999999999999999E-2,20.91,1.24E-2,22.61,1.15E-2,20.82,1.2500000000000001E-2,20.46,0,19.68,1.32E-2,20.68,1.26E-2,22.88,0,20,1.2999999999999999E-2,19.93,1.2999999999999999E-2,20.27,0,19.329999999999998,1.35E-2,19.239999999999998,1.35E-2,20.29,1.2800000000000001E-2,18.09,1.44E-2,19.7,1.32E-2,18.18,1.43E-2,23.76,1.09E-2,25,1.04E-2,19.88,1.3100000000000001E-2,22.98,1.1299999999999999E-2,21.91,1.1900000000000001E-2,20.65,0,21.52,0,20.21,1.29E-2,20.88,0,18.68,1.3899999999999999E-2]
["Armação para Estruturas de Concreto Armado",92884,"ARMAÇÃO UTILIZANDO AÇO CA-25 DE 10,0 MM - MONTAGEM. AF_06/2022","KG",15.38,7.1999999999999998E-3,14.18,7.7999999999999996E-3,13.88,7.9000000000000008E-3,14.29,7.7000000000000002E-3,11.13,0,11.22,9.7999999999999997E-3,11.61,9.4999999999999998E-3,13.8,0,11.12,9.9000000000000008E-3,11.71,9.4000000000000004E-3,11.81,0,12.14,9.1000000000000004E-3,12.23,8.9999999999999993E-3,11.76,9.4000000000000004E-3,11.41,9.5999999999999992E-3,11.55,9.4999999999999998E-3,10.69,1.03E-2,12.86,8.6E-3,13.8,8.0000000000000002E-3,12.06,9.1000000000000004E-3,14.61,7.4999999999999997E-3,13.25,8.3000000000000001E-3,12.85,0,11.86,0,12.91,8.5000000000000006E-3,10.51,0,10.8,1.0200000000000001E-2]
["Armação para Estruturas de Concreto Armado",92885,"ARMAÇÃO UTILIZANDO AÇO CA-25 DE 12,5 MM - MONTAGEM. AF_06/2022","KG",14.7,5.4000000000000003E-3,13.61,5.8999999999999999E-3,13.19,6.1000000000000004E-3,13.73,5.7999999999999996E-3,10.4,0,10.56,7.6E-3,10.92,7.3000000000000001E-3,13.07,0,10.45,7.7000000000000002E-3,11.07,7.1999999999999998E-3,11.13,0,11.55,6.8999999999999999E-3,11.67,6.8999999999999999E-3,11.1,7.1999999999999998E-3,10.87,7.4000000000000003E-3,10.91,7.3000000000000001E-3,10.11,7.9000000000000008E-3,12.02,6.7000000000000002E-3,12.95,6.1999999999999998E-3,11.43,7.0000000000000001E-3,13.94,5.7000000000000002E-3,12.56,6.4000000000000003E-3,12.21,0,11.11,0,12.32,6.4999999999999997E-3,9.74,0,10.19,7.9000000000000008E-3]
["Armação para Estruturas de Concreto Armado",92886,"ARMAÇÃO UTILIZANDO AÇO CA-25 DE 16,0 MM - MONTAGEM. AF_06/2022","KG",14.13,2.8E-3,13.12,3.0000000000000001E-3,12.61,3.2000000000000002E-3,13.25,3.0000000000000001E-3,9.83,0,10.01,4.0000000000000001E-3,10.34,3.8999999999999998E-3,12.5,0,9.8800000000000008,4.0000000000000001E-3,10.52,3.8E-3,10.59,0,11.06,3.5999999999999999E-3,11.18,3.5999999999999999E-3,10.54,3.8E-3,10.41,3.8E-3,10.37,3.8999999999999998E-3,9.61,4.1999999999999997E-3,11.35,3.5000000000000001E-3,12.24,3.3E-3,10.91,3.7000000000000002E-3,13.37,3.0000000000000001E-3,11.98,3.3E-3,11.69,0,10.5,0,11.82,3.3999999999999998E-3,9.1,0,9.67,4.1000000000000003E-3]
["Armação para Estruturas de Concreto Armado",92887,"ARMAÇÃO UTILIZANDO AÇO CA-25 DE 20,0 MM - MONTAGEM. AF_06/2022","KG",14.1,1.4E-3,13.13,1.5E-3,12.52,1.6000000000000001E-3,13.27,1.5E-3,9.66,0,9.89,2E-3,10.199999999999999,2E-3,12.39,0,9.73,2.0999999999999999E-3,10.42,1.9E-3,10.47,0,11,1.8E-3,11.13,1.8E-3,10.43,1.9E-3,10.36,1.9E-3,10.26,1.9E-3,9.5,2.0999999999999999E-3,11.18,1.8E-3,12.08,1.6999999999999999E-3,10.85,1.8E-3,13.33,1.5E-3,11.9,1.6999999999999999E-3,11.63,0,10.33,0,11.78,1.6999999999999999E-3,8.8800000000000008,0,9.57,2.0999999999999999E-3]
["Armação para Estruturas de Concreto Armado",92888,"ARMAÇÃO UTILIZANDO AÇO CA-25 DE 25,0 MM - MONTAGEM. AF_06/2022","KG",13.83,0,12.9,0,12.24,0,13.04,0,9.3699999999999992,0,9.6199999999999992,0,9.91,0,12.1,0,9.4600000000000009,0,10.15,0,10.199999999999999,0,10.77,0,10.9,0,10.16,0,10.14,0,9.99,0,9.27,0,10.82,0,11.73,0,10.58,0,13.05,0,11.62,0,11.37,0,10.029999999999999,0,11.53,0,8.56,0,9.31,0]
["Armação para Estruturas de Concreto Armado",92882,"ARMAÇÃO UTILIZANDO AÇO CA-25 DE 6,3 MM - MONTAGEM. AF_06/2022","KG",16.079999999999998,1.3100000000000001E-2,14.62,1.44E-2,14.87,1.41E-2,14.66,1.43E-2,12.51,0,12.35,1.7000000000000001E-2,12.9,1.6299999999999999E-2,14.85,0,12.43,1.6899999999999998E-2,12.76,1.6500000000000001E-2,12.9,0,12.87,1.6299999999999999E-2,12.94,1.6199999999999999E-2,12.9,1.6299999999999999E-2,12.12,1.7299999999999999E-2,12.58,1.67E-2,11.66,1.7999999999999999E-2,14.49,1.4500000000000001E-2,15.42,1.3599999999999999E-2,12.98,1.6199999999999999E-2,15.42,1.3599999999999999E-2,14.25,1.47E-2,13.64,0,13.27,0,13.64,1.54E-2,12.23,0,11.84,1.77E-2]
["Armação para Estruturas de Concreto Armado",92883,"ARMAÇÃO UTILIZANDO AÇO CA-25 DE 8,0 MM - MONTAGEM. AF_06/2022","KG",15,1.0699999999999999E-2,13.75,1.1599999999999999E-2,13.71,1.17E-2,13.83,1.1599999999999999E-2,11.23,0,11.21,1.43E-2,11.65,1.37E-2,13.63,0,11.23,1.4200000000000001E-2,11.65,1.37E-2,11.75,0,11.92,1.34E-2,12,1.3299999999999999E-2,11.74,1.3599999999999999E-2,11.23,1.4200000000000001E-2,11.48,1.3899999999999999E-2,10.63,1.5100000000000001E-2,13,1.23E-2,13.89,1.15E-2,11.93,1.34E-2,14.33,1.12E-2,13.1,1.2200000000000001E-2,12.61,0,11.93,0,12.67,1.26E-2,10.78,0,10.77,1.49E-2]
["Armação para Estruturas de Concreto Armado",92877,"CORTE E DOBRA DE AÇO CA-25, DIÂMETRO DE 10,0 MM. AF_06/2022","KG",12.87,0,11.98,0,11.24,0,12.11,0,8.6,0,9.07,0,9.2200000000000006,0,11.12,0,8.52,0,9.3800000000000008,0,9.5,0,10.06,0,10.130000000000001,0,9.43,0,9.33,0,9.4,0,8.5399999999999991,0,9.9600000000000009,0,10.97,0,9.83,0,12.14,0,10.87,0,10.63,0,9.2899999999999991,0,10.52,0,7.88,0,8.67,0]
["Armação para Estruturas de Concreto Armado",92878,"CORTE E DOBRA DE AÇO CA-25, DIÂMETRO DE 12,5 MM. AF_06/2022","KG",12.69,0,11.83,0,11.06,0,11.97,0,8.41,0,8.89,0,9.0399999999999991,0,10.93,0,8.35,0,9.2100000000000009,0,9.32,0,9.91,0,9.98,0,9.25,0,9.19,0,9.23,0,8.39,0,9.73,0,10.75,0,9.67,0,11.97,0,10.68,0,10.46,0,9.1,0,10.37,0,7.68,0,8.51,0]
["Armação para Estruturas de Concreto Armado",92879,"CORTE E DOBRA DE AÇO CA-25, DIÂMETRO DE 16,0 MM. AF_06/2022","KG",12.57,0,11.73,0,10.94,0,11.87,0,8.2899999999999991,0,8.7799999999999994,0,8.92,0,10.81,0,8.23,0,9.1,0,9.2100000000000009,0,9.81,0,9.8800000000000008,0,9.14,0,9.1,0,9.1199999999999992,0,8.2899999999999991,0,9.6,0,10.6,0,9.56,0,11.85,0,10.56,0,10.35,0,8.9700000000000006,0,10.27,0,7.55,0,8.4,0]
["Armação para Estruturas de Concreto Armado",92880,"CORTE E DOBRA DE AÇO CA-25, DIÂMETRO DE 20,0 MM. AF_06/2022","KG",12.86,0,12.01,0,11.18,0,12.15,0,8.4600000000000009,0,8.9600000000000009,0,9.11,0,11.04,0,8.4,0,9.2899999999999991,0,9.4,0,10.02,0,10.1,0,9.34,0,9.3000000000000007,0,9.31,0,8.4600000000000009,0,9.8000000000000007,0,10.83,0,9.7799999999999994,0,12.12,0,10.8,0,10.59,0,9.16,0,10.51,0,7.69,0,8.58,0]
["Armação para Estruturas de Concreto Armado",92881,"CORTE E DOBRA DE AÇO CA-25, DIÂMETRO DE 25,0 MM. AF_06/2022","KG",12.84,0,11.99,0,11.16,0,12.13,0,8.43,0,8.94,0,9.08,0,11.01,0,8.3800000000000008,0,9.27,0,9.3800000000000008,0,10,0,10.08,0,9.32,0,9.2799999999999994,0,9.2799999999999994,0,8.44,0,9.76,0,10.8,0,9.75,0,12.1,0,10.78,0,10.56,0,9.1300000000000008,0,10.48,0,7.66,0,8.5500000000000007,0]
["Armação para Estruturas de Concreto Armado",92875,"CORTE E DOBRA DE AÇO CA-25, DIÂMETRO DE 6,3 MM. AF_06/2022","KG",12.09,0,11.16,0,10.73,0,11.25,0,8.4499999999999993,0,8.77,0,8.98,0,10.64,0,8.35,0,9.02,0,9.16,0,9.52,0,9.57,0,9.11,0,8.84,0,9.0399999999999991,0,8.2200000000000006,0,9.81,0,10.74,0,9.39,0,11.47,0,10.37,0,10.08,0,9.1,0,9.9499999999999993,0,7.93,0,8.36,0]
["Armação para Estruturas de Concreto Armado",92876,"CORTE E DOBRA DE AÇO CA-25, DIÂMETRO DE 8,0 MM. AF_06/2022","KG",11.85,0,11.01,0,10.43,0,11.12,0,8.0500000000000007,0,8.44,0,8.6,0,10.31,0,7.99,0,8.7100000000000009,0,8.83,0,9.2899999999999991,0,9.35,0,8.7799999999999994,0,8.6300000000000008,0,8.73,0,7.93,0,9.34,0,10.26,0,9.1199999999999992,0,11.22,0,10.07,0,9.82,0,8.69,0,9.7200000000000006,0,7.44,0,8.06,0]
["Armação para Estruturas de Concreto Armado",92803,"CORTE E DOBRA DE AÇO CA-50, DIÂMETRO DE 10,0 MM. AF_06/2022","KG",11.89,0,11.08,0,10.39,0,11.19,0,7.91,0,8.35,0,8.49,0,10.24,0,7.84,0,8.65,0,8.75,0,9.27,0,9.35,0,8.68,0,8.6199999999999992,0,8.66,0,7.86,0,9.17,0,10.1,0,9.08,0,11.22,0,10.02,0,9.81,0,8.5500000000000007,0,9.7100000000000009,0,7.23,0,7.98,0]
["Armação para Estruturas de Concreto Armado",92804,"CORTE E DOBRA DE AÇO CA-50, DIÂMETRO DE 12,5 MM. AF_06/2022","KG",10.19,0,9.52,0,8.9,0,9.6300000000000008,0,6.74,0,7.14,0,7.25,0,8.7799999999999994,0,6.71,0,7.39,0,7.48,0,7.95,0,8.02,0,7.43,0,7.4,0,7.42,0,6.73,0,7.83,0,8.6300000000000008,0,7.77,0,9.6199999999999992,0,8.58,0,8.41,0,7.3,0,8.34,0,6.16,0,6.83,0]
["Armação para Estruturas de Concreto Armado",92805,"CORTE E DOBRA DE AÇO CA-50, DIÂMETRO DE 16,0 MM. AF_06/2022","KG",10.119999999999999,0,9.4600000000000009,0,8.81,0,9.56,0,6.66,0,7.07,0,7.17,0,8.69,0,6.63,0,7.31,0,7.41,0,7.89,0,7.96,0,7.36,0,7.33,0,7.34,0,6.67,0,7.72,0,8.5299999999999994,0,7.7,0,9.5399999999999991,0,8.5,0,8.34,0,7.21,0,8.27,0,6.07,0,6.76,0]
["Armação para Estruturas de Concreto Armado",92806,"CORTE E DOBRA DE AÇO CA-50, DIÂMETRO DE 20,0 MM. AF_06/2022","KG",11.94,0,11.16,0,10.38,0,11.29,0,7.83,0,8.31,0,8.44,0,10.24,0,7.79,0,8.6199999999999992,0,8.7200000000000006,0,9.3000000000000007,0,9.3800000000000008,0,8.65,0,8.6300000000000008,0,8.64,0,7.86,0,9.09,0,10.029999999999999,0,9.08,0,11.25,0,10.01,0,9.83,0,8.49,0,9.75,0,7.13,0,7.96,0]
["Armação para Estruturas de Concreto Armado",92798,"CORTE E DOBRA DE AÇO CA-50, DIÂMETRO DE 25,0 MM. AF_06/2022","KG",11.94,0,11.15,0,10.38,0,11.28,0,7.83,0,8.31,0,8.44,0,10.24,0,7.79,0,8.6199999999999992,0,8.7200000000000006,0,9.2899999999999991,0,9.3699999999999992,0,8.65,0,8.6300000000000008,0,8.6300000000000008,0,7.85,0,9.08,0,10.029999999999999,0,9.07,0,11.25,0,10.01,0,9.82,0,8.48,0,9.74,0,7.12,0,7.95,0]
["Armação para Estruturas de Concreto Armado",95448,"CORTE E DOBRA DE AÇO CA-50, DIÂMETRO DE 32 MM. AF_06/2022","KG",13.09,0,12.24,0,11.38,0,12.39,0,8.58,0,9.11,0,9.25,0,11.22,0,8.5399999999999991,0,9.4600000000000009,0,9.57,0,10.199999999999999,0,10.29,0,9.49,0,9.48,0,9.48,0,8.61,0,9.9700000000000006,0,11,0,9.9600000000000009,0,12.34,0,10.98,0,10.78,0,9.31,0,10.7,0,7.8,0,8.73,0]
["Armação para Estruturas de Concreto Armado",92801,"CORTE E DOBRA DE AÇO CA-50, DIÂMETRO DE 6,3 MM. AF_06/2022","KG",12.81,0,11.88,0,11.31,0,12,0,8.7899999999999991,0,9.19,0,9.3800000000000008,0,11.2,0,8.7100000000000009,0,9.4700000000000006,0,9.61,0,10.06,0,10.11,0,9.5500000000000007,0,9.34,0,9.49,0,8.6300000000000008,0,10.199999999999999,0,11.2,0,9.89,0,12.13,0,10.91,0,10.64,0,9.49,0,10.52,0,8.17,0,8.77,0]
["Armação para Estruturas de Concreto Armado",92802,"CORTE E DOBRA DE AÇO CA-50, DIÂMETRO DE 8,0 MM. AF_06/2022","KG",12.84,0,11.95,0,11.24,0,12.08,0,8.61,0,9.08,0,9.24,0,11.12,0,8.5500000000000007,0,9.3800000000000008,0,9.5,0,10.050000000000001,0,10.11,0,9.44,0,9.33,0,9.41,0,8.5500000000000007,0,10,0,11,0,9.83,0,12.13,0,10.86,0,10.63,0,9.32,0,10.51,0,7.92,0,8.68,0]
["Armação para Estruturas de Concreto Armado",92799,"CORTE E DOBRA DE AÇO CA-60, DIÂMETRO DE 4,2 MM. AF_06/2022","KG",13.65,0,12.46,0,12.35,0,12.52,0,10.15,0,10.32,0,10.62,0,12.34,0,9.9600000000000009,0,10.53,0,10.72,0,10.86,0,10.88,0,10.68,0,10.09,0,10.55,0,9.6,0,11.79,0,12.78,0,10.84,0,13.05,0,11.98,0,11.56,0,10.86,0,11.31,0,9.8000000000000007,0,9.82,0]
["Armação para Estruturas de Concreto Armado",92800,"CORTE E DOBRA DE AÇO CA-60, DIÂMETRO DE 5,0 MM. AF_06/2022","KG",12.49,0,11.48,0,11.16,0,11.57,0,8.94,0,9.2100000000000009,0,9.43,0,11.11,0,8.81,0,9.43,0,9.58,0,9.8699999999999992,0,9.91,0,9.5399999999999991,0,9.17,0,9.4499999999999993,0,8.6,0,10.38,0,11.31,0,9.7899999999999991,0,11.89,0,10.81,0,10.49,0,9.59,0,10.3,0,8.48,0,8.7799999999999994,0]
["Arrasamento de Estacas",95605,"ARRASAMENTO MECANICO DE ESTACA DE CONCRETO ARMADO, DIAMETROS DE 101 CM A 150 CM. AF_05/2021","UN",148.66,2.1499999999999998E-2,113.05,2.8299999999999999E-2,163.24,1.9599999999999999E-2,110.62,2.8899999999999999E-2,166.38,0,143.80000000000001,0,141.26,2.2700000000000001E-2,152.30000000000001,0,128.53,2.4899999999999999E-2,133.38,0,136.49,0,128.18,0,113.87,0,129.75,0,100.76,0,126.93,2.52E-2,124.3,2.5700000000000001E-2,171.68,0,196.8,0,142.68,2.24E-2,146.91999999999999,0,134.72999999999999,2.3800000000000002E-2,162.38999999999999,0,134.08000000000001,0,121.85,2.63E-2,174.71,0,124.03,0]
["Arrasamento de Estacas",95602,"ARRASAMENTO MECANICO DE ESTACA DE CONCRETO ARMADO, DIAMETROS DE 41 CM A 60 CM. AF_05/2021","UN",30.58,2.1299999999999999E-2,23.25,2.8000000000000001E-2,33.56,1.9400000000000001E-2,22.75,2.86E-2,34.22,0,29.58,0,29.05,2.24E-2,31.32,0,26.44,2.46E-2,27.42,0,28.07,0,26.37,0,23.42,0,26.69,0,20.72,0,26.1,2.4899999999999999E-2,25.56,2.5399999999999999E-2,35.31,0,40.479999999999997,0,29.35,2.2100000000000002E-2,30.22,0,27.71,2.35E-2,33.4,0,27.58,0,25.05,2.5899999999999999E-2,35.94,0,25.51,0]
["Arrasamento de Estacas",95603,"ARRASAMENTO MECANICO DE ESTACA DE CONCRETO ARMADO, DIAMETROS DE 61 CM A 80 CM. AF_05/2021","UN",52.18,2.1499999999999998E-2,39.67,2.8199999999999999E-2,57.29,1.95E-2,38.82,2.8899999999999999E-2,58.39,0,50.46,0,49.57,2.2599999999999999E-2,53.46,0,45.1,2.4799999999999999E-2,46.8,0,47.89,0,44.98,0,39.96,0,45.53,0,35.35,0,44.54,2.5100000000000001E-2,43.62,2.5700000000000001E-2,60.25,0,69.06,0,50.07,2.24E-2,51.56,0,47.28,2.3699999999999999E-2,56.98,0,47.05,0,42.76,2.6200000000000001E-2,61.31,0,43.53,0]
["Arrasamento de Estacas",95604,"ARRASAMENTO MECANICO DE ESTACA DE CONCRETO ARMADO, DIAMETROS DE 81 CM A 100 CM. AF_05/2021","UN",80.959999999999994,2.1499999999999998E-2,61.56,2.8299999999999999E-2,88.9,1.9599999999999999E-2,60.24,2.8899999999999999E-2,90.6,0,78.31,0,76.92,2.2599999999999999E-2,82.94,0,70,2.4899999999999999E-2,72.63,0,74.33,0,69.8,0,62.01,0,70.66,0,54.87,0,69.12,2.52E-2,67.69,2.5700000000000001E-2,93.5,0,107.18,0,77.7,2.24E-2,80.02,0,73.37,2.3699999999999999E-2,88.43,0,73.02,0,66.36,2.6200000000000001E-2,95.14,0,67.540000000000006,0]
["Arrasamento de Estacas",95601,"ARRASAMENTO MECANICO DE ESTACA DE CONCRETO ARMADO, DIAMETROS DE ATÉ 40 CM. AF_05/2021","UN",19.11,2.0899999999999998E-2,14.52,2.75E-2,20.98,1.9099999999999999E-2,14.21,2.81E-2,21.38,0,18.489999999999998,0,18.149999999999999,2.1999999999999999E-2,19.579999999999998,0,16.52,2.4199999999999999E-2,17.13,0,17.53,0,16.47,0,14.64,0,16.68,0,12.94,0,16.309999999999999,2.4500000000000001E-2,15.97,2.5000000000000001E-2,22.07,0,25.29,0,18.329999999999998,2.18E-2,18.88,0,17.309999999999999,2.3099999999999999E-2,20.87,0,17.22,0,15.66,2.5499999999999998E-2,22.46,0,15.94,0]
["Arrasamento de Estacas",102521,"ARRASAMENTO MECÂNICO DE ESTACA BARRETE DE CONCRETO ARMADO, SEÇÃO DE 0,40 X 2,50 M. AF_05/2021","UN",122.64,2.1499999999999998E-2,93.26,2.8299999999999999E-2,134.66,1.9599999999999999E-2,91.25,2.8899999999999999E-2,137.25,0,118.62,0,116.52,2.2700000000000001E-2,125.64,0,106.03,2.4899999999999999E-2,110.02,0,112.59,0,105.74,0,93.94,0,107.02,0,83.11,0,104.71,2.52E-2,102.53,2.5700000000000001E-2,141.63,0,162.34,0,117.7,2.24E-2,121.2,0,111.15,2.3800000000000002E-2,133.96,0,110.6,0,100.53,2.63E-2,144.13,0,102.32,0]
["Arrasamento de Estacas",102522,"ARRASAMENTO MECÂNICO DE ESTACA BARRETE DE CONCRETO ARMADO, SEÇÃO DE 0,60 X 2,50 M. AF_05/2021","UN",179.92,2.1600000000000001E-2,136.81,2.8400000000000002E-2,197.56,1.9599999999999999E-2,133.88999999999999,2.9000000000000001E-2,201.36,0,174.03,0,170.96,2.2700000000000001E-2,184.32,0,155.55000000000001,2.4899999999999999E-2,161.41999999999999,0,165.18,0,155.13,0,137.83000000000001,0,157.03,0,121.93,0,153.62,2.53E-2,150.43,2.58E-2,207.77,0,238.17,0,172.69,2.2499999999999999E-2,177.81,0,163.05000000000001,2.3800000000000002E-2,196.52,0,162.27000000000001,0,147.47,2.63E-2,211.44,0,150.1,0]
["Arrasamento de Estacas",102523,"ARRASAMENTO MECÂNICO DE ESTACA BARRETE DE CONCRETO ARMADO, SEÇÃO DE 0,80 X 2,50 M. AF_05/2021","UN",237.19,2.1499999999999998E-2,180.37,2.8299999999999999E-2,260.45,1.9599999999999999E-2,176.5,2.9000000000000001E-2,265.45999999999998,0,229.42,0,225.38,2.2700000000000001E-2,243,0,205.07,2.4899999999999999E-2,212.79,0,217.77,0,204.51,0,181.7,0,207.02,0,160.75,0,202.52,2.52E-2,198.31,2.58E-2,273.91000000000003,0,313.99,0,227.66,2.24E-2,234.42,0,214.96,2.3800000000000002E-2,259.08999999999997,0,213.92,0,194.41,2.63E-2,278.75,0,197.89,0]
["Arrasamento de Estacas",95608,"ARRASAMENTO MECÂNICO DE ESTACA METÁLICA, PERFIL LAMINADO TIPO H - FAMÍLIA 250. AF_05/2021","UN",35.82,0.48380000000000001,37.07,0,37.9,0.45379999999999998,32.409999999999997,0.53069999999999995,46.14,0,33.159999999999997,0,36.39,0.47270000000000001,36.57,0,30.29,0,35.32,0.48699999999999999,31.87,0,32.79,0,37.700000000000003,0,35.89,0.47920000000000001,30.48,0,35.06,0.49059999999999998,33.53,0.51300000000000001,39.35,0,43.91,0.39169999999999999,34.96,0.49199999999999999,36.909999999999997,0.46600000000000003,36.369999999999997,0.47289999999999999,37.43,0,41.35,0.41599999999999998,46.12,2.8E-3,40.11,0,34.76,0.49480000000000002]
["Arrasamento de Estacas",95609,"ARRASAMENTO MECÂNICO DE ESTACA METÁLICA, PERFIL LAMINADO TIPO H - FAMÍLIA 310. AF_05/2021","UN",45.43,0.48380000000000001,47.02,0,48.05,0.45390000000000003,41.12,0.53039999999999998,58.52,0,42.05,0,46.16,0.47249999999999998,46.37,0,38.43,0,44.79,0.4869,40.43,0,41.58,0,47.81,0,45.53,0.47899999999999998,38.65,0,44.47,0.4904,42.52,0.51290000000000002,49.9,0,55.69,0.3916,44.32,0.49209999999999998,46.82,0.46579999999999999,46.12,0.47289999999999999,47.48,0,52.44,0.41589999999999999,58.49,2.8999999999999998E-3,50.87,0,44.09,0.49469999999999997]
["Arrasamento de Estacas",95607,"ARRASAMENTO MECÂNICO DE ESTACA METÁLICA, PERFIL LAMINADO TIPO I FAMÍLIA 250. AF_05/2021","UN",24.69,0.48359999999999997,25.56,0,26.12,0.45369999999999999,22.35,0.5302,31.82,0,22.85,0,25.09,0.4723,25.22,0,20.88,0,24.34,0.4869,21.97,0,22.6,0,26,0,24.75,0.4788,21.02,0,24.17,0.49030000000000001,23.12,0.51249999999999996,27.12,0,30.27,0.39150000000000001,24.09,0.4919,25.45,0.46560000000000001,25.07,0.47270000000000001,25.8,0,28.51,0.41560000000000002,31.78,2.5000000000000001E-3,27.65,0,23.97,0.49440000000000001]
["Asfalto",95996,"EXECUÇÃO DE PAVIMENTO COM APLICAÇÃO DE CONCRETO ASFÁLTICO, CAMADA DE BINDER - EXCLUSIVE CARGA E TRANSPORTE. AF_11/2019","M3",4306.8100000000004,9.1999999999999998E-3,1271.69,0.96460000000000001,1282.21,0.95669999999999999,2281.5300000000002,1.7299999999999999E-2,1304.81,1.14E-2,1335.36,2.9600000000000001E-2,1411.06,2.8000000000000001E-2,1547.42,2.52E-2,1296.6199999999999,3.04E-2,1275.8499999999999,0.95930000000000004,1698.39,1.9900000000000001E-2,1547.94,2.5499999999999998E-2,1875.87,2.0799999999999999E-2,2915.75,1.26E-2,1269.69,0.96619999999999995,1991.04,1.84E-2,1273.23,0.96309999999999996,1309.67,2.98E-2,1558.31,2.5000000000000001E-2,1275.0999999999999,0.96209999999999996,2001.31,1.6899999999999998E-2,1279.32,0.95889999999999997,1911.3,1.7399999999999999E-2,1548.51,1.18E-2,1274.77,0.96009999999999995,1283.95,0,1275.3399999999999,0.95930000000000004]
["Asfalto",95995,"EXECUÇÃO DE PAVIMENTO COM APLICAÇÃO DE CONCRETO ASFÁLTICO, CAMADA DE ROLAMENTO - EXCLUSIVE CARGA E TRANSPORTE. AF_11/2019","M3",4935.09,1.11E-2,1471.06,0.95779999999999998,1485.74,0.94840000000000002,2623.15,2.1000000000000001E-2,1511.64,1.38E-2,1545.67,3.56E-2,1631.3,3.3700000000000001E-2,1787.33,3.04E-2,1500.16,3.6700000000000003E-2,1476.92,0.95140000000000002,1957.97,2.4199999999999999E-2,1786.29,3.0800000000000001E-2,2159.87,2.52E-2,3347.41,1.5299999999999999E-2,1468.37,0.95960000000000001,2292.17,2.23E-2,1473.24,0.95599999999999996,1516.98,3.5799999999999998E-2,1802.56,3.0200000000000001E-2,1475.83,0.95469999999999999,2305.13,2.0500000000000001E-2,1481.63,0.95099999999999996,2202.21,2.12E-2,1788.84,1.4200000000000001E-2,1475.35,0.9526,1488.22,0,1476.16,0.95140000000000002]
["Asfalto",104372,"EXECUÇÃO DE PAVIMENTO COM APLICAÇÃO DE PRÉ-MISTURADO A FRIO, CAMADA DE BINDER - EXCLUSIVE CARGA E TRANSPORTE. AF_11/2019","M3",0,null,0,null,0,null,0,null,0,null,0,null,0,null,0,null,0,null,0,null,0,null,0,null,0,null,0,null,0,null,0,null,0,null,0,null,0,null,0,null,0,null,0,null,0,null,0,null,0,null,0,null,0]
["Asfalto",104371,"EXECUÇÃO DE PAVIMENTO COM APLICAÇÃO DE PRÉ-MISTURADO A FRIO, CAMADA DE ROLAMENTO - EXCLUSIVE CARGA E TRANSPORTE. AF_11/2019","M3",0,null,0,null,0,null,0,null,0,null,0,null,0,null,0,null,0,null,0,null,0,null,0,null,0,null,0,null,0,null,0,null,0,null,0,null,0,null,0,null,0,null,0,null,0,null,0,null,0,null,0,null,0]
["Asfalto",96001,"FRESAGEM DE PAVIMENTO ASFÁLTICO (PROFUNDIDADE ATÉ 5,0 CM) - EXCLUSIVE TRANSPORTE. AF_11/2019","M2",7.47,0.64390000000000003,6.87,0.70009999999999994,7.49,0.64219999999999999,6.95,0.69210000000000005,7.25,0.56140000000000001,7.08,0.62290000000000001,7.03,0.68420000000000003,7.18,0.61,6.88,0.69910000000000005,7,0.65,7.01,0.5877,6.99,0.63090000000000002,6.93,0.68979999999999997,7.18,0.63370000000000004,6.77,0.71050000000000002,6.93,0.65659999999999996,6.93,0.68979999999999997,7.29,0.65569999999999995,7.52,0.58240000000000003,7.1,0.67749999999999999,7.41,0.55330000000000001,7.23,0.6653,7.34,0.55449999999999999,7.18,0.63370000000000004,7.02,0.68089999999999995,7.34,0,7.1,0.63660000000000005]
["Assentamento de Tubos de Esgoto em PVC e PEAD",94880,"ASSENTAMENTO DE TUBO DE PEAD CORRUGADO DE DUPLA PAREDE PARA REDE COLETORA DE ESGOTO, DN 1000 MM, JUNTA ELÁSTICA INTEGRADA (NÃO INCLUI FORNECIMENTO). AF_01/2021","M",46.05,0.31469999999999998,38.270000000000003,0.37859999999999999,45.91,0.31559999999999999,39.83,0.36380000000000001,45.34,0,43.4,0.33389999999999997,44.61,0.32479999999999998,46.18,0,41.31,0.3508,40.93,0.35399999999999998,44.05,0,41.16,0,40.29,0.35959999999999998,42.56,0,37.270000000000003,0.38879999999999998,40.700000000000003,0.35599999999999998,41.07,0.3528,45.83,0,52.28,0,43.11,0.33610000000000001,44.99,0,42.91,0.3377,47.54,0,44.65,0,41.26,0.35120000000000001,48.28,0,40.58,0.35709999999999997]
["Assentamento de Tubos de Esgoto em PVC e PEAD",94882,"ASSENTAMENTO DE TUBO DE PEAD CORRUGADO DE DUPLA PAREDE PARA REDE COLETORA DE ESGOTO, DN 1200 MM, JUNTA ELÁSTICA INTEGRADA (NÃO INCLUI FORNECIMENTO). AF_01/2021","M",53.39,0.32200000000000001,44.54,0.38590000000000002,53.52,0.32119999999999999,46.14,0.37259999999999999,52.76,0,50.44,0.34079999999999999,51.74,0.3322,53.56,0,47.9,0.3589,47.57,0.3614,51.06,0,47.61,0,46.58,0.36899999999999999,49.37,0,43.41,0.39600000000000002,47.24,0.3639,47.64,0.36080000000000001,53.16,0,60.79,0,50.18,0.34260000000000002,52.19,0,49.9,0.34449999999999997,54.99,0,51.67,0,47.96,0.3584,56.29,0,47.09,0.36499999999999999]
["Assentamento de Tubos de Esgoto em PVC e PEAD",94884,"ASSENTAMENTO DE TUBO DE PEAD CORRUGADO DE DUPLA PAREDE PARA REDE COLETORA DE ESGOTO, DN 1500 MM, JUNTA ELÁSTICA INTEGRADA (NÃO INCLUI FORNECIMENTO). AF_01/2021","M",68.28,0.33189999999999997,57.26,0.3957,68.989999999999995,0.32850000000000001,58.93,0.38450000000000001,67.8,0,64.73,0.35010000000000002,66.209999999999994,0.3422,68.55,0,61.26,0.36990000000000001,61.03,0.37130000000000002,65.319999999999993,0,60.68,0,59.29,0.38219999999999998,63.19,0,55.86,0.40570000000000001,60.48,0.37469999999999998,60.94,0.37180000000000002,67.989999999999995,0,78.05,0,64.53,0.35120000000000001,66.81,0,64.05,0.3538,70.09,0,65.930000000000007,0,61.54,0.36820000000000003,72.55,0,60.29,0.37590000000000001]
["Assentamento de Tubos de Esgoto em PVC e PEAD",94870,"ASSENTAMENTO DE TUBO DE PEAD CORRUGADO DE DUPLA PAREDE PARA REDE COLETORA DE ESGOTO, DN 250 MM, JUNTA ELÁSTICA INTEGRADA (NÃO INCLUI FORNECIMENTO). AF_01/2021","M",2.06,0,1.52,0,1.88,0,1.73,0,1.97,0,1.88,0,2.09,0,2.19,0,1.82,0,1.76,0,2,0,1.93,0,1.87,0,1.92,0,1.44,0,1.8,0,1.82,0,2.17,0,2.4900000000000002,0,1.79,0,2,0,1.79,0,2.2200000000000002,0,2.04,0,1.74,0,2.09,0,1.75,0]
["Assentamento de Tubos de Esgoto em PVC e PEAD",94872,"ASSENTAMENTO DE TUBO DE PEAD CORRUGADO DE DUPLA PAREDE PARA REDE COLETORA DE ESGOTO, DN 300 MM, JUNTA ELÁSTICA INTEGRADA (NÃO INCLUI FORNECIMENTO). AF_01/2021","M",2.82,0,2.13,0,2.71,0,2.3199999999999998,0,2.8,0,2.63,0,2.92,0,3.09,0,2.5099999999999998,0,2.4500000000000002,0,2.76,0,2.6,0,2.4900000000000002,0,2.66,0,2.0299999999999998,0,2.4900000000000002,0,2.5,0,3.03,0,3.58,0,2.54,0,2.75,0,2.5,0,3.01,0,2.74,0,2.41,0,3.05,0,2.39,0]
["Assentamento de Tubos de Esgoto em PVC e PEAD",90746,"ASSENTAMENTO DE TUBO DE PEAD CORRUGADO DE DUPLA PAREDE PARA REDE COLETORA DE ESGOTO, DN 450 MM, JUNTA ELÁSTICA INTEGRADA (NÃO INCLUI FORNECIMENTO). AF_01/2021","M",3.51,0,2.84,0,4.0199999999999996,0,2.66,0,3.97,0,3.57,0,3.89,0,4.2,0,3.11,0,3.27,0,3.51,0,3.02,0,2.74,0,3.45,0,2.72,0,3.22,0,3.1,0,4.0199999999999996,0,5.31,0,3.54,0,3.53,0,3.32,0,3.52,0,3.19,0,3.18,0,4.6900000000000004,0,2.97,0]
["Assentamento de Tubos de Esgoto em PVC e PEAD",90747,"ASSENTAMENTO DE TUBO DE PEAD CORRUGADO DE DUPLA PAREDE PARA REDE COLETORA DE ESGOTO, DN 600 MM, JUNTA ELÁSTICA INTEGRADA (NÃO INCLUI FORNECIMENTO). AF_01/2021","M",18.12,0.36749999999999999,15.48,0.43020000000000003,18.829999999999998,0.35370000000000001,15.57,0.42770000000000002,18.3,0,17.39,0.38300000000000001,17.61,0.37819999999999998,18.25,0,16.27,0.4093,16.38,0.40660000000000002,17.34,0,15.91,0,15.47,0.43049999999999999,16.829999999999998,0,15.16,0.43930000000000002,16.12,0.41320000000000001,16.2,0.41110000000000002,18.059999999999999,0,21.03,0,17.46,0.38140000000000002,17.79,0,17.23,0.38650000000000001,18.37,0,17.350000000000001,0,16.54,0.4027,19.79,0,16.059999999999999,0.41470000000000001]
["Assentamento de Tubos de Esgoto em PVC e PEAD",94876,"ASSENTAMENTO DE TUBO DE PEAD CORRUGADO DE DUPLA PAREDE PARA REDE COLETORA DE ESGOTO, DN 800 MM, JUNTA ELÁSTICA INTEGRADA (NÃO INCLUI FORNECIMENTO). AF_01/2021","M",30.74,0.32790000000000002,25.71,0.3921,30.98,0.32540000000000002,26.54,0.37980000000000003,30.46,0,29.11,0.3463,29.81,0.33810000000000001,30.85,0,27.59,0.36530000000000001,27.45,0.36720000000000003,29.41,0,27.36,0,26.74,0.377,28.43,0,25.09,0.40179999999999999,27.21,0.3705,27.43,0.36749999999999999,30.62,0,35.1,0,28.98,0.3478,30.07,0,28.79,0.35010000000000002,31.6,0,29.71,0,27.67,0.36430000000000001,32.56,0,27.13,0.3715]
["Assentamento de Tubos de Esgoto em PVC e PEAD",94878,"ASSENTAMENTO DE TUBO DE PEAD CORRUGADO DE DUPLA PAREDE PARA REDE COLETORA DE ESGOTO, DN 900 MM, JUNTA ELÁSTICA INTEGRADA (NÃO INCLUI FORNECIMENTO). AF_01/2021","M",35.51,0.33339999999999997,29.79,0.39739999999999998,35.94,0.32940000000000003,30.64,0.38640000000000002,35.28,0,33.68,0.35149999999999998,34.44,0.34379999999999999,35.65,0,31.88,0.37140000000000001,31.75,0.37290000000000001,33.97,0,31.56,0,30.81,0.38429999999999997,32.86,0,29.08,0.40720000000000001,31.46,0.37640000000000001,31.69,0.37359999999999999,35.369999999999997,0,40.630000000000003,0,33.590000000000003,0.35249999999999998,34.75,0,33.33,0.35520000000000002,36.42,0,34.29,0,32.03,0.36969999999999997,37.770000000000003,0,31.37,0.37740000000000001]
["Assentamento de Tubos de Esgoto em PVC e PEAD",90740,"ASSENTAMENTO DE TUBO DE PVC CORRUGADO DE DUPLA PAREDE PARA REDE COLETORA DE ESGOTO, DN 150 MM, JUNTA ELÁSTICA (NÃO INCLUI FORNECIMENTO). AF_01/2021","M",4.29,0,3.46,0,4.91,0,3.25,0,4.8499999999999996,0,4.3499999999999996,0,4.74,0,5.1100000000000003,0,3.8,0,4,0,4.28,0,3.69,0,3.35,0,4.21,0,3.33,0,3.93,0,3.78,0,4.91,0,6.48,0,4.33,0,4.3,0,4.04,0,4.29,0,3.89,0,3.88,0,5.73,0,3.63,0]
["Assentamento de Tubos de Esgoto em PVC e PEAD",90741,"ASSENTAMENTO DE TUBO DE PVC CORRUGADO DE DUPLA PAREDE PARA REDE COLETORA DE ESGOTO, DN 200 MM, JUNTA ELÁSTICA (NÃO INCLUI FORNECIMENTO). AF_01/2021","M",4.8899999999999997,0,3.95,0,5.59,0,3.7,0,5.54,0,4.97,0,5.41,0,5.84,0,4.33,0,4.5599999999999996,0,4.88,0,4.21,0,3.81,0,4.8,0,3.8,0,4.47,0,4.32,0,5.6,0,7.4,0,4.9400000000000004,0,4.91,0,4.6100000000000003,0,4.8899999999999997,0,4.45,0,4.43,0,6.53,0,4.1399999999999997,0]
["Assentamento de Tubos de Esgoto em PVC e PEAD",90742,"ASSENTAMENTO DE TUBO DE PVC CORRUGADO DE DUPLA PAREDE PARA REDE COLETORA DE ESGOTO, DN 250 MM, JUNTA ELÁSTICA (NÃO INCLUI FORNECIMENTO). AF_01/2021","M",5.5,0,4.4400000000000004,0,6.28,0,4.16,0,6.21,0,5.57,0,6.07,0,6.56,0,4.8600000000000003,0,5.12,0,5.48,0,4.7300000000000004,0,4.28,0,5.39,0,4.2699999999999996,0,5.0199999999999996,0,4.8499999999999996,0,6.3,0,8.31,0,5.54,0,5.51,0,5.18,0,5.49,0,4.99,0,4.9800000000000004,0,7.33,0,4.6500000000000004,0]
["Assentamento de Tubos de Esgoto em PVC e PEAD",90743,"ASSENTAMENTO DE TUBO DE PVC CORRUGADO DE DUPLA PAREDE PARA REDE COLETORA DE ESGOTO, DN 300 MM, JUNTA ELÁSTICA (NÃO INCLUI FORNECIMENTO). AF_01/2021","M",6.1,0,4.93,0,6.97,0,4.62,0,6.9,0,6.19,0,6.73,0,7.27,0,5.39,0,5.68,0,6.08,0,5.25,0,4.76,0,5.99,0,4.7300000000000004,0,5.57,0,5.38,0,6.98,0,9.2100000000000009,0,6.15,0,6.12,0,5.75,0,6.09,0,5.53,0,5.52,0,8.1300000000000008,0,5.16,0]
["Assentamento de Tubos de Esgoto em PVC e PEAD",90744,"ASSENTAMENTO DE TUBO DE PVC CORRUGADO DE DUPLA PAREDE PARA REDE COLETORA DE ESGOTO, DN 350 MM, JUNTA ELÁSTICA (NÃO INCLUI FORNECIMENTO). AF_01/2021","M",6.7,0,5.41,0,7.66,0,5.07,0,7.57,0,6.79,0,7.4,0,7.99,0,5.94,0,6.24,0,6.69,0,5.77,0,5.22,0,6.57,0,5.2,0,6.12,0,5.91,0,7.67,0,10.119999999999999,0,6.75,0,6.71,0,6.32,0,6.69,0,6.08,0,6.07,0,8.94,0,5.67,0]
["Assentamento de Tubos de Esgoto em PVC e PEAD",90745,"ASSENTAMENTO DE TUBO DE PVC CORRUGADO DE DUPLA PAREDE PARA REDE COLETORA DE ESGOTO, DN 400 MM, JUNTA ELÁSTICA (NÃO INCLUI FORNECIMENTO). AF_01/2021","M",10.76,0.25190000000000001,8.89,0.30480000000000002,11.53,0,8.93,0.30349999999999999,11.36,0,10.31,0.26290000000000002,10.48,0.2586,11.17,0,9.49,0.28560000000000002,9.58,0.28289999999999998,10.44,0,9.4600000000000009,0,8.86,0.30590000000000001,10.16,0,8.67,0.31259999999999999,9.41,0.28799999999999998,9.42,0.28770000000000001,10.85,0,12.81,0,10.38,0.2611,10.220000000000001,0.26519999999999999,10.14,0.26729999999999998,10.36,0,9.83,0,9.67,0.2802,12.12,0,9.33,0.29049999999999998]
["Assentamento de Tubos de Esgoto em PVC e PEAD",90733,"ASSENTAMENTO DE TUBO DE PVC PARA REDE COLETORA DE ESGOTO DE PAREDE MACIÇA, DN 100 MM, JUNTA ELÁSTICA (NÃO INCLUI FORNECIMENTO). AF_01/2021","M",3.26,0,2.62,0,3.72,0,2.46,0,3.68,0,3.3,0,3.6,0,3.87,0,2.88,0,3.03,0,3.24,0,2.8,0,2.5299999999999998,0,3.19,0,2.52,0,2.97,0,2.87,0,3.72,0,4.91,0,3.28,0,3.26,0,3.06,0,3.25,0,2.95,0,2.95,0,4.34,0,2.75,0]
["Assentamento de Tubos de Esgoto em PVC e PEAD",90734,"ASSENTAMENTO DE TUBO DE PVC PARA REDE COLETORA DE ESGOTO DE PAREDE MACIÇA, DN 150 MM, JUNTA ELÁSTICA, (NÃO INCLUI FORNECIMENTO). AF_01/2021","M",3.85,0,3.11,0,4.4000000000000004,0,2.92,0,4.3600000000000003,0,3.91,0,4.26,0,4.59,0,3.41,0,3.58,0,3.84,0,3.32,0,3.01,0,3.78,0,2.99,0,3.52,0,3.4,0,4.41,0,5.83,0,3.88,0,3.86,0,3.63,0,3.85,0,3.49,0,3.49,0,5.14,0,3.26,0]
["Assentamento de Tubos de Esgoto em PVC e PEAD",90735,"ASSENTAMENTO DE TUBO DE PVC PARA REDE COLETORA DE ESGOTO DE PAREDE MACIÇA, DN 200 MM, JUNTA ELÁSTICA (NÃO INCLUI FORNECIMENTO). AF_01/2021","M",4.45,0,3.6,0,5.09,0,3.37,0,5.04,0,4.51,0,4.92,0,5.31,0,3.94,0,4.1500000000000004,0,4.4400000000000004,0,3.83,0,3.47,0,4.37,0,3.45,0,4.07,0,3.93,0,5.0999999999999996,0,6.72,0,4.49,0,4.46,0,4.1900000000000004,0,4.45,0,4.05,0,4.04,0,5.94,0,3.77,0]
["Assentamento de Tubos de Esgoto em PVC e PEAD",90736,"ASSENTAMENTO DE TUBO DE PVC PARA REDE COLETORA DE ESGOTO DE PAREDE MACIÇA, DN 250 MM, JUNTA ELÁSTICA (NÃO INCLUI FORNECIMENTO). AF_01/2021","M",5.0599999999999996,0,4.08,0,5.78,0,3.82,0,5.71,0,5.13,0,5.58,0,6.02,0,4.47,0,4.71,0,5.04,0,4.3499999999999996,0,3.94,0,4.96,0,3.92,0,4.62,0,4.45,0,5.78,0,7.64,0,5.0999999999999996,0,5.07,0,4.76,0,5.05,0,4.59,0,4.58,0,6.74,0,4.28,0]
["Assentamento de Tubos de Esgoto em PVC e PEAD",90737,"ASSENTAMENTO DE TUBO DE PVC PARA REDE COLETORA DE ESGOTO DE PAREDE MACIÇA, DN 300 MM, JUNTA ELÁSTICA (NÃO INCLUI FORNECIMENTO). AF_01/2021","M",5.66,0,4.5599999999999996,0,6.46,0,4.28,0,6.4,0,5.73,0,6.25,0,6.74,0,5.01,0,5.27,0,5.64,0,4.87,0,4.41,0,5.55,0,4.3899999999999997,0,5.17,0,4.99,0,6.48,0,8.5500000000000007,0,5.71,0,5.68,0,5.33,0,5.65,0,5.13,0,5.13,0,7.54,0,4.79,0]
["Assentamento de Tubos de Esgoto em PVC e PEAD",90738,"ASSENTAMENTO DE TUBO DE PVC PARA REDE COLETORA DE ESGOTO DE PAREDE MACIÇA, DN 350 MM, JUNTA ELÁSTICA (NÃO INCLUI FORNECIMENTO). AF_01/2021","M",6.25,0,5.05,0,7.15,0,4.74,0,7.07,0,6.35,0,6.91,0,7.47,0,5.54,0,5.83,0,6.24,0,5.39,0,4.88,0,6.14,0,4.8600000000000003,0,5.73,0,5.52,0,7.17,0,9.4600000000000009,0,6.31,0,6.27,0,5.9,0,6.25,0,5.69,0,5.67,0,8.35,0,5.3,0]
["Assentamento de Tubos de Esgoto em PVC e PEAD",90739,"ASSENTAMENTO DE TUBO DE PVC PARA REDE COLETORA DE ESGOTO DE PAREDE MACIÇA, DN 400 MM, JUNTA ELÁSTICA (NÃO INCLUI FORNECIMENTO). AF_01/2021","M",9.6199999999999992,0.25259999999999999,7.97,0.3049,10.34,0,8,0.30380000000000001,10.17,0,9.24,0.26300000000000001,9.39,0.25879999999999997,9.99,0,8.5,0.28589999999999999,8.57,0.28349999999999997,9.35,0,8.4700000000000006,0,7.94,0.30599999999999999,9.1,0,7.76,0.31309999999999999,8.42,0.28860000000000002,8.4499999999999993,0.28760000000000002,9.73,0,11.46,0,9.2899999999999991,0.2616,9.15,0.2656,9.08,0.2676,9.2899999999999991,0,8.8000000000000007,0,8.67,0.28029999999999999,10.86,0,8.34,0.29139999999999999]
["Assentamento de Tubos de Esgoto em PVC e PEAD",90724,"JUNTA ARGAMASSADA ENTRE TUBO DN 100 MM E O POÇO DE VISITA/ CAIXA DE CONCRETO OU ALVENARIA EM REDES DE ESGOTO. AF_01/2021","UN",23.77,0,18.98,0,26.57,0,18.21,0,26.21,0,23.55,0,25.66,0,27.37,0,20.72,0,21.94,0,23.26,0,20.149999999999999,0,18.489999999999998,0,23.21,0,18.28,0,21.35,0,20.78,0,26.5,0,34.479999999999997,0,23.37,0,23.7,0,22.72,0,23.32,0,21.36,0,21.11,0,30.5,0,20.010000000000002,0]
["Assentamento de Tubos de Esgoto em PVC e PEAD",102267,"JUNTA ARGAMASSADA ENTRE TUBO DN 1000 MM E O POÇO DE VISITA/ CAIXA DE CONCRETO OU ALVENARIA EM REDES DE ESGOTO. AF_01/2021","UN",129.97999999999999,0,103.26,0,143.54,0,100.19,0,141.33000000000001,0,127.07,0,138.49,0,146.77000000000001,0,112.44,0,119.39,0,125.87,0,109.33,0,101.04,0,126.57,0,99.47,0,115.59,0,113.05,0,142.74,0,184.25,0,125.93,0,129.27000000000001,0,125.28,0,126.31,0,116.21,0,114.16,0,163.15,0,109.07,0]
["Assentamento de Tubos de Esgoto em PVC e PEAD",102268,"JUNTA ARGAMASSADA ENTRE TUBO DN 1200 MM E O POÇO DE VISITA/ CAIXA DE CONCRETO OU ALVENARIA EM REDES DE ESGOTO. AF_01/2021","UN",146.72,0,116.54,0,161.99,0,113.12,0,159.47999999999999,0,143.38999999999999,0,156.28,0,165.6,0,126.91,0,134.76,0,142.05000000000001,0,123.39,0,114.04,0,142.86000000000001,0,112.28,0,130.44999999999999,0,127.6,0,161.08000000000001,0,207.87,0,142.11000000000001,0,145.91999999999999,0,141.43,0,142.54,0,131.16,0,128.83000000000001,0,184.08,0,123.1,0]
["Assentamento de Tubos de Esgoto em PVC e PEAD",90725,"JUNTA ARGAMASSADA ENTRE TUBO DN 150 MM E O POÇO DE VISITA/ CAIXA DE CONCRETO OU ALVENARIA EM REDES DE ESGOTO. AF_01/2021","UN",29.35,0,23.42,0,32.72,0,22.51,0,32.26,0,28.99,0,31.59,0,33.65,0,25.55,0,27.07,0,28.65,0,24.85,0,22.83,0,28.64,0,22.54,0,26.29,0,25.62,0,32.61,0,42.35,0,28.76,0,29.25,0,28.12,0,28.74,0,26.35,0,26.01,0,37.47,0,24.69,0]
["Assentamento de Tubos de Esgoto em PVC e PEAD",102269,"JUNTA ARGAMASSADA ENTRE TUBO DN 1500 MM E O POÇO DE VISITA/ CAIXA DE CONCRETO OU ALVENARIA EM REDES DE ESGOTO. AF_01/2021","UN",180.21,0,143.1,0,198.86,0,138.94999999999999,0,195.79,0,176.05,0,191.86,0,203.26,0,155.82,0,165.48,0,174.41,0,151.51,0,140.07,0,175.45,0,137.86000000000001,0,160.16999999999999,0,156.69,0,197.73,0,255.12,0,174.46,0,179.19,0,173.74,0,175.02,0,161.06,0,158.19,0,225.93,0,151.18,0]
["Assentamento de Tubos de Esgoto em PVC e PEAD",90726,"JUNTA ARGAMASSADA ENTRE TUBO DN 200 MM E O POÇO/ CAIXA DE CONCRETO OU ALVENARIA EM REDES DE ESGOTO. AF_01/2021","UN",35.020000000000003,0,27.92,0,38.950000000000003,0,26.9,0,38.39,0,34.5,0,37.6,0,39.99,0,30.44,0,32.26,0,34.119999999999997,0,29.6,0,27.24,0,34.159999999999997,0,26.87,0,31.32,0,30.54,0,38.78,0,50.3,0,34.21,0,34.880000000000003,0,33.6,0,34.22,0,31.41,0,30.95,0,44.52,0,29.45,0]
["Assentamento de Tubos de Esgoto em PVC e PEAD",90727,"JUNTA ARGAMASSADA ENTRE TUBO DN 250 MM E O POÇO DE VISITA/ CAIXA DE CONCRETO OU ALVENARIA EM REDES DE ESGOTO. AF_01/2021","UN",40.6,0,32.340000000000003,0,45.09,0,31.2,0,44.44,0,39.94,0,43.53,0,46.27,0,35.26,0,37.380000000000003,0,39.51,0,34.28,0,31.58,0,39.58,0,31.15,0,36.28,0,35.4,0,44.9,0,58.17,0,39.61,0,40.44,0,38.99,0,39.630000000000003,0,36.4,0,35.85,0,51.48,0,34.119999999999997,0]
["Assentamento de Tubos de Esgoto em PVC e PEAD",90728,"JUNTA ARGAMASSADA ENTRE TUBO DN 300 MM E O POÇO DE VISITA/ CAIXA DE CONCRETO OU ALVENARIA EM REDES DE ESGOTO. AF_01/2021","UN",46.18,0,36.770000000000003,0,51.24,0,35.520000000000003,0,50.49,0,45.38,0,49.46,0,52.54,0,40.08,0,42.51,0,44.91,0,38.97,0,35.909999999999997,0,45.02,0,35.409999999999997,0,41.23,0,40.25,0,51.01,0,66.05,0,45,0,45.99,0,44.38,0,45.04,0,41.38,0,40.74,0,58.46,0,38.81,0]
["Assentamento de Tubos de Esgoto em PVC e PEAD",90729,"JUNTA ARGAMASSADA ENTRE TUBO DN 350 MM E O POÇO DE VISITA/ CAIXA DE CONCRETO OU ALVENARIA EM REDES DE ESGOTO. AF_01/2021","UN",51.77,0,41.2,0,57.39,0,39.82,0,56.54,0,50.83,0,55.39,0,58.82,0,44.91,0,47.62,0,50.31,0,43.66,0,40.25,0,50.45,0,39.67,0,46.18,0,45.09,0,57.12,0,73.930000000000007,0,50.39,0,51.53,0,49.77,0,50.45,0,46.36,0,45.63,0,65.44,0,43.48,0]
["Assentamento de Tubos de Esgoto em PVC e PEAD",90730,"JUNTA ARGAMASSADA ENTRE TUBO DN 400 MM E O POÇO DE VISITA/ CAIXA DE CONCRETO OU ALVENARIA EM REDES DE ESGOTO. AF_01/2021","UN",57.35,0,45.62,0,63.53,0,44.13,0,62.59,0,56.27,0,61.32,0,65.099999999999994,0,49.72,0,52.74,0,55.69,0,48.34,0,44.58,0,55.88,0,43.94,0,51.13,0,49.95,0,63.23,0,81.81,0,55.78,0,57.08,0,55.15,0,55.87,0,51.34,0,50.53,0,72.42,0,48.16,0]
["Assentamento de Tubos de Esgoto em PVC e PEAD",90731,"JUNTA ARGAMASSADA ENTRE TUBO DN 450 MM E O POÇO DE VISITA/ CAIXA DE CONCRETO OU ALVENARIA EM REDES DE ESGOTO. AF_01/2021","UN",62.93,0,50.05,0,69.680000000000007,0,48.43,0,68.64,0,61.7,0,67.25,0,71.38,0,54.54,0,57.87,0,61.09,0,53.03,0,48.93,0,61.32,0,48.2,0,56.09,0,54.8,0,69.34,0,89.67,0,61.17,0,62.63,0,60.53,0,61.28,0,56.33,0,55.41,0,79.39,0,52.84,0]
["Assentamento de Tubos de Esgoto em PVC e PEAD",90732,"JUNTA ARGAMASSADA ENTRE TUBO DN 600 MM E O POÇO DE VISITA/ CAIXA DE CONCRETO OU ALVENARIA EM REDES DE ESGOTO. AF_01/2021","UN",79.66,0,63.34,0,88.13,0,61.35,0,86.8,0,78.03,0,85.04,0,90.21,0,69,0,73.23,0,77.27,0,67.09,0,61.93,0,77.599999999999994,0,61.01,0,70.94,0,69.33,0,87.67,0,113.3,0,77.349999999999994,0,79.27,0,76.69,0,77.52,0,71.28,0,70.09,0,100.31,0,66.88,0]
["Assentamento de Tubos de Esgoto em PVC e PEAD",102265,"JUNTA ARGAMASSADA ENTRE TUBO DN 800 MM E O POÇO DE VISITA/ CAIXA DE CONCRETO OU ALVENARIA EM REDES DE ESGOTO. AF_01/2021","UN",101.98,0,81.05,0,112.72,0,78.58,0,111,0,99.79,0,108.76,0,115.32,0,88.28,0,93.72,0,98.84,0,85.84,0,79.27,0,99.34,0,78.069999999999993,0,90.75,0,88.73,0,112.11,0,144.80000000000001,0,98.91,0,101.45,0,98.23,0,99.17,0,91.22,0,89.64,0,128.21,0,85.6,0]
["Assentamento de Tubos de Esgoto em PVC e PEAD",102266,"JUNTA ARGAMASSADA ENTRE TUBO DN 900 MM E O POÇO DE VISITA/ CAIXA DE CONCRETO OU ALVENARIA EM REDES DE ESGOTO. AF_01/2021","UN",113.14,0,89.9,0,125.02,0,87.18,0,123.1,0,110.68,0,120.63,0,127.87,0,97.91,0,103.95,0,109.62,0,95.21,0,87.95,0,110.19,0,86.61,0,100.67,0,98.43,0,124.33,0,160.55000000000001,0,109.69,0,112.54,0,109,0,110,0,101.18,0,99.42,0,142.16999999999999,0,94.95,0]
["Assentamento de Tubos de Esgoto em PVC e PEAD",94879,"TUBO DE PEAD CORRUGADO DE DUPLA PAREDE PARA REDE COLETORA DE ESGOTO, DN 1000 MM, JUNTA ELÁSTICA INTEGRADA - FORNECIMENTO E ASSENTAMENTO. AF_01/2021","M",1776.98,0.98219999999999996,2615.69,5.4999999999999997E-3,4631,3.0999999999999999E-3,1979.67,7.3000000000000001E-3,1955.34,0,1774.33,0.98370000000000002,1740.27,8.3000000000000001E-3,2148.81,0,1411.41,1.03E-2,1931.93,7.4999999999999997E-3,1419.58,0,2211.61,0,1646.43,8.8000000000000005E-3,2145.19,0,2541.4299999999998,5.7000000000000002E-3,1771.63,0.98519999999999996,3011.88,4.7999999999999996E-3,2373.64,0,2043.67,0,4302.6400000000003,3.3999999999999998E-3,2313.11,0,1773.84,0.98399999999999999,2673.8,0,1455.45,0,1994.66,7.3000000000000001E-3,1779.21,0,1893.6,7.7000000000000002E-3]
["Assentamento de Tubos de Esgoto em PVC e PEAD",94881,"TUBO DE PEAD CORRUGADO DE DUPLA PAREDE PARA REDE COLETORA DE ESGOTO, DN 1200 MM, JUNTA ELÁSTICA INTEGRADA - FORNECIMENTO E ASSENTAMENTO. AF_01/2021","M",2445.65,0.98519999999999996,3606.69,4.7999999999999996E-3,6390.41,2.7000000000000001E-3,2727.12,6.3E-3,2692.5,0,2442.6999999999998,0.98640000000000005,2395.2600000000002,7.1999999999999998E-3,2959.52,0,1941.45,8.8999999999999999E-3,2661.06,6.4999999999999997E-3,1952.12,0,3047.32,0,2266.36,7.6E-3,2955.33,0,3504.32,4.8999999999999998E-3,2439.5,0.98770000000000002,4153.49,4.1000000000000003E-3,3270.34,0,2813.01,0,5937.11,2.8999999999999998E-3,3186.89,0,2442.16,0.98660000000000003,3684.64,0,2001.47,0,2747.69,6.3E-3,2448.5500000000002,0,2608.09,6.6E-3]
["Assentamento de Tubos de Esgoto em PVC e PEAD",94869,"TUBO DE PEAD CORRUGADO DE DUPLA PAREDE PARA REDE COLETORA DE ESGOTO, DN 250 MM, JUNTA ELÁSTICA INTEGRADA - FORNECIMENTO E ASSENTAMENTO. AF_01/2021","M",125.15,0.98350000000000004,184.8,0,327.94,0,139.66999999999999,0,137.79,0,124.97,0.98499999999999999,122.67,0,151.71,0,99.24,0,136.22999999999999,0,99.81,0,156.28,0,116.08,0,151.44,0,179.52,0,124.89,0.98560000000000003,213.08,0,167.7,0,144.1,0,304.7,0,163.29,0,124.88,0.98570000000000002,188.98,0,102.36,0,140.65,0,125.18,0,133.52000000000001,0]
["Assentamento de Tubos de Esgoto em PVC e PEAD",94871,"TUBO DE PEAD CORRUGADO DE DUPLA PAREDE PARA REDE COLETORA DE ESGOTO, DN 300 MM, JUNTA ELÁSTICA INTEGRADA - FORNECIMENTO E ASSENTAMENTO. AF_01/2021","M",195.66,0.98560000000000003,289.27999999999997,0,513.54,0,218.44,0,215.59,0,195.47,0.98650000000000004,191.83,0,237.34,0,155.13999999999999,0,213.13,0,156,0,244.41,0,181.43,0,236.91,0,281.02,0,195.33,0.98729999999999996,333.48,0,262.38,0,225.44,0,477.1,0,255.44,0,195.34,0.98719999999999997,295.60000000000002,0,159.91,0,220.04,0,195.89,0,208.84,0]
["Assentamento de Tubos de Esgoto em PVC e PEAD",90708,"TUBO DE PEAD CORRUGADO DE DUPLA PAREDE PARA REDE COLETORA DE ESGOTO, DN 600 MM, JUNTA ELÁSTICA INTEGRADA - FORNECIMENTO E ASSENTAMENTO. AF_01/2021","M",711.14,0.98080000000000001,1045.6500000000001,6.4000000000000003E-3,1850.39,3.5999999999999999E-3,791.74,8.3999999999999995E-3,782.4,0,710.05,0.98229999999999995,696.44,9.5999999999999992E-3,859.56,0,565.04,1.18E-2,772.83,8.6E-3,568.41999999999996,0,884.31,0,658.67,1.01E-2,857.97,0,1016,6.6E-3,708.8,0.98399999999999999,1203.79,5.4999999999999997E-3,949.26,0,817.97,0,1719.14,3.8999999999999998E-3,925.08,0,709.84,0.98260000000000003,1069.02,0,582.71,0,797.9,8.3000000000000001E-3,712.34,0,757.47,8.8000000000000005E-3]
["Assentamento de Tubos de Esgoto em PVC e PEAD",94875,"TUBO DE PEAD CORRUGADO DE DUPLA PAREDE PARA REDE COLETORA DE ESGOTO, DN 800 MM, JUNTA ELÁSTICA INTEGRADA - FORNECIMENTO E ASSENTAMENTO. AF_01/2021","M",1154.3699999999999,0.98209999999999997,1698.84,5.8999999999999999E-3,3007.39,3.3999999999999998E-3,1285.78,7.7999999999999996E-3,1270.33,0,1152.74,0.98350000000000004,1130.55,8.8999999999999999E-3,1395.76,0,916.99,1.0999999999999999E-2,1254.99,8.0000000000000002E-3,922.33,0,1436.31,0,1069.3499999999999,9.4000000000000004E-3,1393.34,0,1650.66,6.1000000000000004E-3,1150.8399999999999,0.98509999999999998,1955.93,5.1999999999999998E-3,1541.71,0,1327.8,0,2794.05,3.5999999999999999E-3,1502.42,0,1152.42,0.98380000000000001,1736.43,0,945.53,0,1295.72,7.7999999999999996E-3,1156.19,0,1230.02,8.2000000000000007E-3]
["Assentamento de Tubos de Esgoto em PVC e PEAD",102264,"TUBO DE PVC BRANCO PARA REDE COLETORA DE ESGOTO CONDOMINIAL DE PAREDE MACIÇA, DN 100 MM, JUNTA ELÁSTICA - FORNECIMENTO E ASSENTAMENTO. AF_01/2021","M",21.73,0,18.93,0,18.510000000000002,0,14.79,0,18.510000000000002,0,20.05,0,20.170000000000002,0,25.23,0,20.81,0,18.09,0,20.53,0,20.82,0,19.77,0,20.41,0,17.37,0,16.579999999999998,0,18.46,0,19.649999999999999,0,22.73,0,19.829999999999998,0,22.84,0,17.53,0,21.53,0,19.399999999999999,0,18.670000000000002,0,22.1,0,19.25,0]
["Assentamento de Tubos de Esgoto em PVC e PEAD",90701,"TUBO DE PVC CORRUGADO DE DUPLA PAREDE PARA REDE COLETORA DE ESGOTO, DN 150 MM, JUNTA ELÁSTICA - FORNECIMENTO E ASSENTAMENTO. AF_01/2021","M",75.81,0,66.81,0,62.21,0,50.74,0,62.32,0,69.3,0,69.03,0,88.26,0,73.41,0,62.26,0,71.39,0,73.66,0,70.23,0,70.87,0,61,0,56.42,0,64.09,0,66.64,0,75.67,0,68.599999999999994,0,80.41,0,60.09,0,75.12,0,67.61,0,64.88,0,74.88,0,67.62,0]
["Assentamento de Tubos de Esgoto em PVC e PEAD",90702,"TUBO DE PVC CORRUGADO DE DUPLA PAREDE PARA REDE COLETORA DE ESGOTO, DN 200 MM, JUNTA ELÁSTICA - FORNECIMENTO E ASSENTAMENTO. AF_01/2021","M",125.74,0,111.07,0,102.38,0,83.82,0,102.69,0,114.73,0,114.14,0,146.6,0,122.05,0,102.98,0,118.39,0,122.6,0,116.93,0,117.42,0,101.3,0,93.07,0,106.21,0,110,0,124.46,0,113.66,0,133.66999999999999,0,99.36,0,124.67,0,112.19,0,107.59,0,123.59,0,112.33,0]
["Assentamento de Tubos de Esgoto em PVC e PEAD",90703,"TUBO DE PVC CORRUGADO DE DUPLA PAREDE PARA REDE COLETORA DE ESGOTO, DN 250 MM, JUNTA ELÁSTICA - FORNECIMENTO E ASSENTAMENTO. AF_01/2021","M",198.37,0,175.26,0,161.11000000000001,0,132.55000000000001,0,160.86000000000001,0,180.77,0,178.55,0,229.46,0,192.15,0,162.41999999999999,0,185.62,0,192.51,0,183.78,0,185.41,0,159.80000000000001,0,146.99,0,167.47,0,172.08,0,193.99,0,178.57,0,209.94,0,155.94,0,195.58,0,175.97,0,169.12,0,192.98,0,176.88,0]
["Assentamento de Tubos de Esgoto em PVC e PEAD",90704,"TUBO DE PVC CORRUGADO DE DUPLA PAREDE PARA REDE COLETORA DE ESGOTO, DN 300 MM, JUNTA ELÁSTICA - FORNECIMENTO E ASSENTAMENTO. AF_01/2021","M",297.24,0,262.44,0,241.38,0,199.46,0,239.57,0,270.68,0,264.99,0,340.23,0,286.92,0,243.51,0,275.97000000000003,0,286.37,0,273.7,0,278.25,0,239.34,0,221.03,0,250.85,0,255.53,0,287.24,0,266.35000000000002,0,312.61,0,232.48,0,290.91000000000003,0,261.70999999999998,0,252.23,0,285.97000000000003,0,264.29000000000002,0]
["Assentamento de Tubos de Esgoto em PVC e PEAD",90705,"TUBO DE PVC CORRUGADO DE DUPLA PAREDE PARA REDE COLETORA DE ESGOTO, DN 350 MM, JUNTA ELÁSTICA - FORNECIMENTO E ASSENTAMENTO. AF_01/2021","M",385.06,0,340.78,0,311.14,0,256.33,0,311.27999999999997,0,350.51,0,346.68,0,446.95,0,373.92,0,314.64,0,360.96,0,375.17,0,358.21,0,359.49,0,310.5,0,284.05,0,324.92,0,333.54,0,375.36,0,346.7,0,408.79,0,302.47000000000003,0,380.45,0,342.26,0,328.56,0,374.29,0,343.96,0]
["Assentamento de Tubos de Esgoto em PVC e PEAD",90706,"TUBO DE PVC CORRUGADO DE DUPLA PAREDE PARA REDE COLETORA DE ESGOTO, DN 400 MM, JUNTA ELÁSTICA - FORNECIMENTO E ASSENTAMENTO. AF_01/2021","M",511.43,5.3E-3,452.65,6.0000000000000001E-3,413.21,0,341.52,7.9000000000000008E-3,413.15,0,465.16,5.7999999999999996E-3,459.12,5.8999999999999999E-3,591.54999999999995,0,496.28,5.4999999999999997E-3,417.73,6.4999999999999997E-3,478.96,0,497.96,0,475.68,5.7000000000000002E-3,477.25,0,412.66,6.6E-3,377.33,7.1999999999999998E-3,431.55,6.3E-3,441.82,0,495.82,0,460.1,5.8999999999999999E-3,541.99,5.0000000000000001E-3,401.91,6.7000000000000002E-3,504.62,0,454.38,0,436.27,6.1999999999999998E-3,495.27,0,456.85,5.8999999999999999E-3]
["Assentamento de Tubos de Esgoto em PVC e PEAD",90694,"TUBO DE PVC PARA REDE COLETORA DE ESGOTO DE PAREDE MACIÇA, DN 100 MM, JUNTA ELÁSTICA - FORNECIMENTO E ASSENTAMENTO. AF_01/2021","M",50.25,0,44.32,0,41.2,0,33.39,0,41.61,0,45.95,0,46.33,0,59.33,0,48.89,0,41.2,0,47.8,0,49.32,0,46.93,0,46.85,0,40.44,0,37.18,0,42.49,0,44.67,0,50.89,0,45.75,0,53.76,0,40.090000000000003,0,50.28,0,45.24,0,43.27,0,50.34,0,44.98,0]
["Assentamento de Tubos de Esgoto em PVC e PEAD",90695,"TUBO DE PVC PARA REDE COLETORA DE ESGOTO DE PAREDE MACIÇA, DN 150 MM, JUNTA ELÁSTICA - FORNECIMENTO E ASSENTAMENTO. AF_01/2021","M",95.81,0,84.79,0,77.77,0,63.44,0,78.599999999999994,0,87.43,0,87.89,0,113.19,0,93.5,0,78.319999999999993,0,91.07,0,94.39,0,89.92,0,89.26,0,77.27,0,70.45,0,80.95,0,84.55,0,95.84,0,87.03,0,102.73,0,76.099999999999994,0,95.87,0,86.26,0,82.44,0,95.23,0,85.94,0]
["Assentamento de Tubos de Esgoto em PVC e PEAD",90696,"TUBO DE PVC PARA REDE COLETORA DE ESGOTO DE PAREDE MACIÇA, DN 200 MM, JUNTA ELÁSTICA - FORNECIMENTO E ASSENTAMENTO. AF_01/2021","M",160.38999999999999,0,142.12,0,129.52000000000001,0,105.93,0,130.93,0,146.13,0,146.69,0,189.48,0,156.71,0,130.87,0,152.33000000000001,0,158.24,0,150.83000000000001,0,149.32,0,129.43,0,117.54,0,135.38999999999999,0,140.96,0,159.35,0,145.51,0,172.14,0,127.06,0,160.46,0,144.37,0,137.91999999999999,0,158.74,0,143.99,0]
["Assentamento de Tubos de Esgoto em PVC e PEAD",90697,"TUBO DE PVC PARA REDE COLETORA DE ESGOTO DE PAREDE MACIÇA, DN 250 MM, JUNTA ELÁSTICA - FORNECIMENTO E ASSENTAMENTO. AF_01/2021","M",249.12,0,220.93,0,200.55,0,164.31,0,202.75,0,226.81,0,227.47,0,294.31,0,243.59,0,203.05,0,236.53,0,246.04,0,234.58,0,231.84,0,201.13,0,182.19,0,210.23,0,218.41,0,246.53,0,225.85,0,267.52999999999997,0,197.07,0,249.2,0,224.19,0,214.13,0,245.94,0,223.75,0]
["Assentamento de Tubos de Esgoto em PVC e PEAD",90698,"TUBO DE PVC PARA REDE COLETORA DE ESGOTO DE PAREDE MACIÇA, DN 300 MM, JUNTA ELÁSTICA, FORNECIMENTO E ASSENTAMENTO. AF_01/2021","M",381.09,0,338.2,0,306.07,0,251.12,0,309.5,0,346.75,0,347.58,0,450.27,0,372.87,0,310.37,0,361.74,0,376.65,0,359.18,0,354.56,0,307.79000000000002,0,278.3,0,321.52999999999997,0,333.53,0,376.03,0,345.31,0,409.46,0,301.14999999999998,0,381.19,0,342.91,0,327.5,0,375.53,0,342.41,0]
["Assentamento de Tubos de Esgoto em PVC e PEAD",90699,"TUBO DE PVC PARA REDE COLETORA DE ESGOTO DE PAREDE MACIÇA, DN 350 MM, JUNTA ELÁSTICA - FORNECIMENTO E ASSENTAMENTO. AF_01/2021","M",536.64,0,476.42,0,430.44,0,353.4,0,435.26,0,488.13,0,489.12,0,634.09,0,525.22,0,436.88,0,509.3,0,530.62,0,506.06,0,499.21,0,433.52,0,391.57,0,452.69,0,469.18,0,528.59,0,486.1,0,576.72,0,423.81,0,536.76,0,482.85,0,461.1,0,528.27,0,482.27,0]
["Assentamento de Tubos de Esgoto em PVC e PEAD",90700,"TUBO DE PVC PARA REDE COLETORA DE ESGOTO DE PAREDE MACIÇA, DN 400 MM, JUNTA ELÁSTICA FORNECIMENTO E ASSENTAMENTO. AF_01/2021","M",627.29999999999995,3.8999999999999998E-3,556.92999999999995,4.4000000000000003E-3,503.3,0,414.05,5.8999999999999999E-3,508.83,0,570.30999999999995,4.3E-3,570.95000000000005,4.3E-3,739.75,0,613.72,4.0000000000000001E-3,510.55,4.7999999999999996E-3,595.22,0,620.14,0,591.6,4.1000000000000003E-3,583.30999999999995,0,506.96,4.7999999999999996E-3,457.76,5.3E-3,529.21,4.5999999999999999E-3,547.79,0,616.04,0,568.04,4.3E-3,673.48,3.5999999999999999E-3,495.76,4.8999999999999998E-3,627.11,0,564.48,0,539.04999999999995,4.4999999999999997E-3,616.35,0,563.80999999999995,4.3E-3]
["Assentamento de Tubos de PVC e Metálicos em Redes de Água",105378,"ASSENTAMENTO DE CONEXÃO 2 ACESSOS ALINHADOS DE FERRO FUNDIDO PARA REDE DE ÁGUA, DN 100, JUNTA ELÁSTICA, INSTALADO EM LOCAL COM NÍVEL ALTO DE INTERFERÊNCIAS (NÃO INCLUI FORNECIMENTO). AF_05/2024","UN",12.36,0.254,9.9700000000000006,0.31490000000000001,13.36,0,10.24,0.30659999999999998,13.39,0,11.98,0.2621,12.18,0.25779999999999997,13.15,0,10.97,0.28620000000000001,10.9,0.28810000000000002,12.41,0,11.06,0,10.18,0.30840000000000001,11.65,0,9.76,0.32169999999999999,10.8,0.29070000000000001,10.93,0.2873,12.66,0,15.13,0,12.08,0.25990000000000002,11.75,0.26719999999999999,11.57,0.27139999999999997,12.4,0,11.49,0,11.11,0.28260000000000002,14.12,0,10.69,0.29370000000000002]
["Assentamento de Tubos de PVC e Metálicos em Redes de Água",105373,"ASSENTAMENTO DE CONEXÃO 2 ACESSOS ALINHADOS DE FERRO FUNDIDO PARA REDE DE ÁGUA, DN 100, JUNTA ELÁSTICA, INSTALADO EM LOCAL COM NÍVEL BAIXO DE INTERFERÊNCIAS (NÃO INCLUI FORNECIMENTO). AF_05/2024","UN",9.66,0.2112,7.75,0.26319999999999999,10.32,0,7.97,0.25600000000000001,10.35,0,9.34,0.21840000000000001,9.64,0.21160000000000001,10.33,0,8.5399999999999991,0.2389,8.52,0.2394,9.61,0,8.61,0,7.98,0.25559999999999999,9.11,0,7.55,0.2702,8.43,0.24199999999999999,8.52,0.2394,9.91,0,11.98,0,9.36,0.21790000000000001,9.19,0.222,8.99,0.22689999999999999,9.66,0,8.9499999999999993,0,8.64,0.2361,11.02,0,8.31,0.2455]
["Assentamento de Tubos de PVC e Metálicos em Redes de Água",105380,"ASSENTAMENTO DE CONEXÃO 2 ACESSOS ALINHADOS DE FERRO FUNDIDO PARA REDE DE ÁGUA, DN 1000, JUNTA ELÁSTICA, INSTALADO EM LOCAL COM NÍVEL ALTO DE INTERFERÊNCIAS (NÃO INCLUI FORNECIMENTO). AF_05/2024","UN",98.07,0.26019999999999999,80.540000000000006,0.31690000000000002,104.37,0.2445,81.42,0.31340000000000001,104,0,96.13,0.26550000000000001,100.03,0.25509999999999999,105.81,0,88.03,0.28989999999999999,88.47,0.28849999999999998,97.43,0,86.99,0,81.97,0.31130000000000002,91.99,0,78.61,0.3246,87.61,0.2913,87.85,0.29049999999999998,102.3,0,125.84,0,96.28,0.2651,96.37,0,92.09,0.27710000000000001,102.24,0,93.58,0,89.13,0.2863,113.93,0,85.58,0.29820000000000002]
["Assentamento de Tubos de PVC e Metálicos em Redes de Água",105267,"ASSENTAMENTO DE CONEXÃO 2 ACESSOS ALINHADOS DE FERRO FUNDIDO PARA REDE DE ÁGUA, DN 1000, JUNTA ELÁSTICA, INSTALADO EM LOCAL COM NÍVEL BAIXO DE INTERFERÊNCIAS (NÃO INCLUI FORNECIMENTO). AF_05/2024","UN",79.58,0.2082,64.66,0.25629999999999997,84.29,0.1966,65.38,0.25340000000000001,84.23,0,77.75,0.21310000000000001,81.849999999999994,0.2024,86.57,0,71.010000000000005,0.23330000000000001,71.56,0.2316,78.7,0,70.39,0,66.260000000000005,0.25009999999999999,74.760000000000005,0,62.87,0.2636,70.84,0.2339,70.92,0.2336,83.36,0,103.51,0,77.599999999999994,0.2135,77.91,0,74.3,0.223,82.31,0,75.25,0,71.84,0.23069999999999999,92.74,0,68.89,0.24049999999999999]
["Assentamento de Tubos de PVC e Metálicos em Redes de Água",105249,"ASSENTAMENTO DE CONEXÃO 2 ACESSOS ALINHADOS DE FERRO FUNDIDO PARA REDE DE ÁGUA, DN 1200, JUNTA ELÁSTICA, INSTALADO EM LOCAL COM NÍVEL ALTO DE INTERFERÊNCIAS (NÃO INCLUI FORNECIMENTO). AF_05/2024","UN",120.16,0.24890000000000001,98.14,0.30480000000000002,126.76,0.23599999999999999,99.92,0.29930000000000001,126.66,0,117.29,0.255,122.43,0.24429999999999999,129.41999999999999,0,107.81,0.27739999999999998,108.01,0.27689999999999998,119.25,0,106.92,0,100.95,0.29630000000000001,112.6,0,95.67,0.31259999999999999,107.19,0.27900000000000003,107.55,0.27810000000000001,125.24,0,153.38,0,117.22,0.25519999999999998,117.95,0,112.35,0.26619999999999999,125.58,0,114.92,0,108.76,0.27500000000000002,138.37,0,104.7,0.28570000000000001]
["Assentamento de Tubos de PVC e Metálicos em Redes de Água",105268,"ASSENTAMENTO DE CONEXÃO 2 ACESSOS ALINHADOS DE FERRO FUNDIDO PARA REDE DE ÁGUA, DN 1200, JUNTA ELÁSTICA, INSTALADO EM LOCAL COM NÍVEL BAIXO DE INTERFERÊNCIAS (NÃO INCLUI FORNECIMENTO). AF_05/2024","UN",98.35,0.1976,79.430000000000007,0.24460000000000001,103.08,0.1885,81.03,0.23980000000000001,103.34,0,95.63,0.20319999999999999,100.97,0.19239999999999999,106.71,0,87.75,0.22140000000000001,88.07,0.22059999999999999,97.17,0,87.36,0,82.44,0.23569999999999999,92.28,0,77.11,0.252,87.4,0.2223,87.6,0.2218,102.87,0,127,0,95.19,0.2041,96.17,0,91.39,0.21260000000000001,102.11,0,93.32,0,88.39,0.2198,113.36,0,85.04,0.22850000000000001]
["Assentamento de Tubos de PVC e Metálicos em Redes de Água",105379,"ASSENTAMENTO DE CONEXÃO 2 ACESSOS ALINHADOS DE FERRO FUNDIDO PARA REDE DE ÁGUA, DN 150, JUNTA ELÁSTICA, INSTALADO EM LOCAL COM NÍVEL ALTO DE INTERFERÊNCIAS (NÃO INCLUI FORNECIMENTO). AF_05/2024","UN",16.28,0.22969999999999999,13.11,0.2853,17.670000000000002,0,13.38,0.27950000000000003,17.72,0,15.85,0.23599999999999999,16.239999999999998,0.2303,17.53,0,14.45,0.25879999999999997,14.42,0.25940000000000002,16.350000000000001,0,14.53,0,13.33,0.28060000000000002,15.38,0,12.82,0.29170000000000001,14.27,0.2621,14.39,0.25990000000000002,16.82,0,20.39,0,15.96,0.23430000000000001,15.51,0.24110000000000001,15.21,0.24590000000000001,16.350000000000001,0,15.09,0,14.65,0.25530000000000003,18.87,0,14.05,0.26619999999999999]
["Assentamento de Tubos de PVC e Metálicos em Redes de Água",105388,"ASSENTAMENTO DE CONEXÃO 2 ACESSOS ALINHADOS DE FERRO FUNDIDO PARA REDE DE ÁGUA, DN 150, JUNTA ELÁSTICA, INSTALADO EM LOCAL COM NÍVEL BAIXO DE INTERFERÊNCIAS (NÃO INCLUI FORNECIMENTO). AF_05/2024","UN",12.93,0.18720000000000001,10.36,0.2336,13.89,0,10.56,0.22919999999999999,13.93,0,12.55,0.1928,13.05,0.18540000000000001,14.01,0,11.43,0.2117,11.45,0.2114,12.87,0,11.49,0,10.61,0.2281,12.21,0,10.09,0.23980000000000001,11.33,0.21360000000000001,11.4,0.21229999999999999,13.4,0,16.420000000000002,0,12.57,0.1925,12.34,0.1961,12.03,0.20119999999999999,12.96,0,11.95,0,11.57,0.2092,14.99,0,11.09,0.21820000000000001]
["Assentamento de Tubos de PVC e Metálicos em Redes de Água",105392,"ASSENTAMENTO DE CONEXÃO 2 ACESSOS ALINHADOS DE FERRO FUNDIDO PARA REDE DE ÁGUA, DN 200, JUNTA ELÁSTICA, INSTALADO EM LOCAL COM NÍVEL ALTO DE INTERFERÊNCIAS (NÃO INCLUI FORNECIMENTO). AF_05/2024","UN",20.21,0.2147,16.25,0.2671,21.99,0,16.53,0.2626,22.03,0,19.73,0.22,20.3,0.21379999999999999,21.93,0,17.920000000000002,0.2422,17.95,0.24179999999999999,20.309999999999999,0,18.010000000000002,0,16.52,0.26269999999999999,19.12,0,15.88,0.27329999999999999,17.739999999999998,0.24460000000000001,17.87,0.2429,21,0,25.65,0,19.850000000000001,0.21859999999999999,19.3,0.22489999999999999,18.899999999999999,0.2296,20.309999999999999,0,18.7,0,18.2,0.23849999999999999,23.63,0,17.41,0.24929999999999999]
["Assentamento de Tubos de PVC e Metálicos em Redes de Água",105389,"ASSENTAMENTO DE CONEXÃO 2 ACESSOS ALINHADOS DE FERRO FUNDIDO PARA REDE DE ÁGUA, DN 200, JUNTA ELÁSTICA, INSTALADO EM LOCAL COM NÍVEL BAIXO DE INTERFERÊNCIAS (NÃO INCLUI FORNECIMENTO). AF_05/2024","UN",16.21,0.17330000000000001,12.96,0.21679999999999999,17.47,0,13.16,0.2135,17.53,0,15.77,0.1782,16.47,0.1706,17.690000000000001,0,14.33,0.1961,14.4,0.1951,16.170000000000002,0,14.39,0,13.26,0.21190000000000001,15.34,0,12.61,0.2228,14.23,0.19750000000000001,14.29,0.1966,16.91,0,20.87,0,15.8,0.17780000000000001,15.51,0.1812,15.1,0.18609999999999999,16.260000000000002,0,14.94,0,14.53,0.19339999999999999,18.96,0,13.9,0.20219999999999999]
["Assentamento de Tubos de PVC e Metálicos em Redes de Água",105393,"ASSENTAMENTO DE CONEXÃO 2 ACESSOS ALINHADOS DE FERRO FUNDIDO PARA REDE DE ÁGUA, DN 250, JUNTA ELÁSTICA, INSTALADO EM LOCAL COM NÍVEL ALTO DE INTERFERÊNCIAS (NÃO INCLUI FORNECIMENTO). AF_05/2024","UN",24.32,0.2031,19.53,0.25290000000000001,26.45,0,19.84,0.249,26.53,0,23.75,0.20799999999999999,24.56,0.2011,26.49,0,21.57,0.22900000000000001,21.61,0.2286,24.44,0,21.66,0,19.87,0.24859999999999999,23.02,0,19.03,0.2596,21.37,0.23119999999999999,21.51,0.22969999999999999,25.35,0,31.11,0,23.88,0.2069,23.24,0.21260000000000001,22.73,0.21729999999999999,24.47,0,22.5,0,21.88,0.2258,28.53,0,20.92,0.2361]
["Assentamento de Tubos de PVC e Metálicos em Redes de Água",105316,"ASSENTAMENTO DE CONEXÃO 2 ACESSOS ALINHADOS DE FERRO FUNDIDO PARA REDE DE ÁGUA, DN 250, JUNTA ELÁSTICA, INSTALADO EM LOCAL COM NÍVEL BAIXO DE INTERFERÊNCIAS (NÃO INCLUI FORNECIMENTO). AF_05/2024","UN",19.68,0.16309999999999999,15.71,0.20430000000000001,21.19,0,15.94,0.2014,21.29,0,19.16,0.16750000000000001,20.09,0.1598,21.55,0,17.39,0.18459999999999999,17.47,0.1837,19.63,0,17.46,0,16.09,0.19950000000000001,18.62,0,15.25,0.21049999999999999,17.29,0.1857,17.34,0.18509999999999999,20.59,0,25.51,0,19.170000000000002,0.16739999999999999,18.829999999999998,0.17050000000000001,18.3,0.1754,19.760000000000002,0,18.14,0,17.62,0.1822,23.09,0,16.84,0.19059999999999999]
["Assentamento de Tubos de PVC e Metálicos em Redes de Água",105394,"ASSENTAMENTO DE CONEXÃO 2 ACESSOS ALINHADOS DE FERRO FUNDIDO PARA REDE DE ÁGUA, DN 300, JUNTA ELÁSTICA, INSTALADO EM LOCAL COM NÍVEL ALTO DE INTERFERÊNCIAS (NÃO INCLUI FORNECIMENTO). AF_05/2024","UN",28.42,0.1946,22.77,0.2429,30.87,0,23.11,0.23930000000000001,30.99,0,27.77,0.1991,28.78,0.19209999999999999,31.03,0,25.18,0.21959999999999999,25.24,0.21909999999999999,28.55,0,25.29,0,23.19,0.23849999999999999,26.9,0,22.2,0.24909999999999999,24.98,0.22140000000000001,25.1,0.2203,29.67,0,36.520000000000003,0,27.9,0.19819999999999999,27.18,0.20349999999999999,26.52,0.20849999999999999,28.61,0,26.28,0,25.55,0.21640000000000001,33.39,0,24.42,0.22650000000000001]
["Assentamento de Tubos de PVC e Metálicos em Redes de Água",105317,"ASSENTAMENTO DE CONEXÃO 2 ACESSOS ALINHADOS DE FERRO FUNDIDO PARA REDE DE ÁGUA, DN 300, JUNTA ELÁSTICA, INSTALADO EM LOCAL COM NÍVEL BAIXO DE INTERFERÊNCIAS (NÃO INCLUI FORNECIMENTO). AF_05/2024","UN",23.12,0.15529999999999999,18.420000000000002,0.19489999999999999,24.89,0,18.68,0.19220000000000001,25.01,0,22.53,0.1593,23.65,0.15179999999999999,25.4,0,20.41,0.1759,20.54,0.17480000000000001,23.05,0,20.49,0,18.89,0.19,21.88,0,17.89,0.20069999999999999,20.309999999999999,0.17680000000000001,20.38,0.1762,24.24,0,30.11,0,22.54,0.1593,22.15,0.16209999999999999,21.48,0.1671,23.25,0,21.32,0,20.7,0.1734,27.18,0,19.77,0.18160000000000001]
["Assentamento de Tubos de PVC e Metálicos em Redes de Água",105395,"ASSENTAMENTO DE CONEXÃO 2 ACESSOS ALINHADOS DE FERRO FUNDIDO PARA REDE DE ÁGUA, DN 350, JUNTA ELÁSTICA, INSTALADO EM LOCAL COM NÍVEL ALTO DE INTERFERÊNCIAS (NÃO INCLUI FORNECIMENTO). AF_05/2024","UN",32.520000000000003,0.1885,26.02,0.2356,35.32,0,26.43,0.2319,35.47,0,31.79,0.1928,32.99,0.18579999999999999,35.590000000000003,0,28.81,0.21279999999999999,28.89,0.2122,32.65,0,28.94,0,26.52,0.2311,30.79,0,25.36,0.2417,28.58,0.2145,28.73,0.21340000000000001,34.01,0,41.95,0,31.9,0.19220000000000001,31.12,0.19700000000000001,30.33,0.2021,32.75,0,30.06,0,29.22,0.20979999999999999,38.29,0,27.92,0.21959999999999999]
["Assentamento de Tubos de PVC e Metálicos em Redes de Água",105318,"ASSENTAMENTO DE CONEXÃO 2 ACESSOS ALINHADOS DE FERRO FUNDIDO PARA REDE DE ÁGUA, DN 350, JUNTA ELÁSTICA, INSTALADO EM LOCAL COM NÍVEL BAIXO DE INTERFERÊNCIAS (NÃO INCLUI FORNECIMENTO). AF_05/2024","UN",26.57,0.14940000000000001,21.14,0.18779999999999999,28.58,0,21.45,0.18509999999999999,28.74,0,25.89,0.15329999999999999,27.22,0.14580000000000001,29.24,0,23.46,0.16919999999999999,23.6,0.16819999999999999,26.49,0,23.55,0,21.7,0.18290000000000001,25.16,0,20.51,0.19359999999999999,23.34,0.1701,23.4,0.16969999999999999,27.89,0,34.72,0,25.88,0.15340000000000001,25.46,0.15590000000000001,24.67,0.16089999999999999,26.73,0,24.48,0,23.76,0.1671,31.29,0,22.7,0.1749]
["Assentamento de Tubos de PVC e Metálicos em Redes de Água",105396,"ASSENTAMENTO DE CONEXÃO 2 ACESSOS ALINHADOS DE FERRO FUNDIDO PARA REDE DE ÁGUA, DN 400, JUNTA ELÁSTICA, INSTALADO EM LOCAL COM NÍVEL ALTO DE INTERFERÊNCIAS (NÃO INCLUI FORNECIMENTO). AF_05/2024","UN",36.6,0.18390000000000001,29.28,0.2298,39.76,0,29.71,0.22650000000000001,39.93,0,35.799999999999997,0.188,37.22,0.18079999999999999,40.130000000000003,0,32.43,0.20749999999999999,32.54,0.20680000000000001,36.76,0,32.54,0,29.85,0.22550000000000001,34.68,0,28.52,0.23599999999999999,32.200000000000003,0.20899999999999999,32.340000000000003,0.20810000000000001,38.340000000000003,0,47.37,0,35.92,0.18740000000000001,35.049999999999997,0.192,34.130000000000003,0.19719999999999999,36.880000000000003,0,33.83,0,32.880000000000003,0.20469999999999999,43.17,0,31.41,0.21429999999999999]
["Assentamento de Tubos de PVC e Metálicos em Redes de Água",105258,"ASSENTAMENTO DE CONEXÃO 2 ACESSOS ALINHADOS DE FERRO FUNDIDO PARA REDE DE ÁGUA, DN 400, JUNTA ELÁSTICA, INSTALADO EM LOCAL COM NÍVEL BAIXO DE INTERFERÊNCIAS (NÃO INCLUI FORNECIMENTO). AF_05/2024","UN",30.01,0.14560000000000001,23.87,0.18310000000000001,32.29,0,24.2,0.18060000000000001,32.479999999999997,0,29.25,0.14940000000000001,30.82,0.14180000000000001,33.090000000000003,0,26.5,0.16489999999999999,26.67,0.16389999999999999,29.92,0,26.59,0,24.5,0.1784,28.42,0,23.16,0.18870000000000001,26.38,0.16569999999999999,26.45,0.16520000000000001,31.53,0,39.33,0,29.23,0.14949999999999999,28.77,0.15190000000000001,27.84,0.157,30.19,0,27.65,0,26.83,0.16289999999999999,35.39,0,25.63,0.17050000000000001]
["Assentamento de Tubos de PVC e Metálicos em Redes de Água",105397,"ASSENTAMENTO DE CONEXÃO 2 ACESSOS ALINHADOS DE FERRO FUNDIDO PARA REDE DE ÁGUA, DN 450, JUNTA ELÁSTICA, INSTALADO EM LOCAL COM NÍVEL ALTO DE INTERFERÊNCIAS (NÃO INCLUI FORNECIMENTO). AF_05/2024","UN",40.840000000000003,0.1792,32.630000000000003,0.2243,44.31,0,33.130000000000003,0.22090000000000001,44.53,0,39.93,0.18329999999999999,41.58,0.17599999999999999,44.82,0,36.18,0.20230000000000001,36.31,0.2016,41.01,0,36.33,0,33.33,0.21959999999999999,38.69,0,31.77,0.23039999999999999,35.93,0.20369999999999999,36.090000000000003,0.20280000000000001,42.82,0,52.94,0,40.049999999999997,0.18279999999999999,39.119999999999997,0.18709999999999999,38.06,0.1923,41.21,0,37.770000000000003,0,36.67,0.1996,48.15,0,35.049999999999997,0.20880000000000001]
["Assentamento de Tubos de PVC e Metálicos em Redes de Água",105261,"ASSENTAMENTO DE CONEXÃO 2 ACESSOS ALINHADOS DE FERRO FUNDIDO PARA REDE DE ÁGUA, DN 450, JUNTA ELÁSTICA, INSTALADO EM LOCAL COM NÍVEL BAIXO DE INTERFERÊNCIAS (NÃO INCLUI FORNECIMENTO). AF_05/2024","UN",33.58,0.14149999999999999,26.68,0.17799999999999999,36.090000000000003,0,27.09,0.17530000000000001,36.33,0,32.74,0.14510000000000001,34.53,0.1376,37.06,0,29.65,0.16020000000000001,29.85,0.15909999999999999,33.49,0,29.78,0,27.44,0.1731,31.81,0,25.88,0.1835,29.54,0.1608,29.61,0.16039999999999999,35.33,0,44.08,0,32.69,0.14530000000000001,32.22,0.1474,31.14,0.1525,33.85,0,30.97,0,30.01,0.1583,39.6,0,28.68,0.1656]
["Assentamento de Tubos de PVC e Metálicos em Redes de Água",105398,"ASSENTAMENTO DE CONEXÃO 2 ACESSOS ALINHADOS DE FERRO FUNDIDO PARA REDE DE ÁGUA, DN 500, JUNTA ELÁSTICA, INSTALADO EM LOCAL COM NÍVEL ALTO DE INTERFERÊNCIAS (NÃO INCLUI FORNECIMENTO). AF_05/2024","UN",52.21,0.2787,43.02,0.3382,55.4,0.2626,43.61,0.33360000000000001,55.15,0,51.08,0.2848,52.95,0.27479999999999999,55.95,0,46.93,0.31,47.07,0.30909999999999999,51.83,0,46.37,0,43.84,0.33189999999999997,48.9,0,42.03,0.34620000000000001,46.64,0.312,46.83,0.31069999999999998,54.22,0,66.22,0,51.2,0.28420000000000001,51.33,0,49.07,0.29649999999999999,54.55,0,50.01,0,47.49,0.30640000000000001,60.19,0,45.69,0.31850000000000001]
["Assentamento de Tubos de PVC e Metálicos em Redes de Água",105262,"ASSENTAMENTO DE CONEXÃO 2 ACESSOS ALINHADOS DE FERRO FUNDIDO PARA REDE DE ÁGUA, DN 500, JUNTA ELÁSTICA, INSTALADO EM LOCAL COM NÍVEL BAIXO DE INTERFERÊNCIAS (NÃO INCLUI FORNECIMENTO). AF_05/2024","UN",41.98,0.22509999999999999,34.21,0.2762,44.31,0.21329999999999999,34.69,0.27239999999999998,44.24,0,40.94,0.23080000000000001,42.95,0.22,45.36,0,37.51,0.25190000000000001,37.72,0.2505,41.47,0,37.18,0,35.11,0.26919999999999999,39.380000000000003,0,33.299999999999997,0.2838,37.369999999999997,0.25290000000000001,37.450000000000003,0.25230000000000002,43.77,0,53.98,0,40.880000000000003,0.23119999999999999,41.1,0,39.24,0.24079999999999999,43.49,0,39.83,0,37.93,0.24909999999999999,48.53,0,36.44,0.25929999999999997]
["Assentamento de Tubos de PVC e Metálicos em Redes de Água",105399,"ASSENTAMENTO DE CONEXÃO 2 ACESSOS ALINHADOS DE FERRO FUNDIDO PARA REDE DE ÁGUA, DN 600, JUNTA ELÁSTICA, INSTALADO EM LOCAL COM NÍVEL ALTO DE INTERFERÊNCIAS (NÃO INCLUI FORNECIMENTO). AF_05/2024","UN",61.77,0.27100000000000002,50.78,0.32969999999999999,65.459999999999994,0.25569999999999998,51.5,0.32500000000000001,65.22,0,60.41,0.27710000000000001,62.73,0.26690000000000003,66.28,0,55.49,0.30170000000000002,55.67,0.30070000000000002,61.31,0,54.88,0,51.83,0.32300000000000001,57.85,0,49.6,0.33750000000000002,55.17,0.3034,55.37,0.30230000000000001,64.22,0,78.53,0,60.51,0.27660000000000001,60.71,0,57.98,0.28870000000000001,64.510000000000005,0,59.12,0,56.12,0.29830000000000001,71.239999999999995,0,54,0.31]
["Assentamento de Tubos de PVC e Metálicos em Redes de Água",105263,"ASSENTAMENTO DE CONEXÃO 2 ACESSOS ALINHADOS DE FERRO FUNDIDO PARA REDE DE ÁGUA, DN 600, JUNTA ELÁSTICA, INSTALADO EM LOCAL COM NÍVEL BAIXO DE INTERFERÊNCIAS (NÃO INCLUI FORNECIMENTO). AF_05/2024","UN",49.88,0.21790000000000001,40.57,0.26790000000000003,52.59,0.20669999999999999,41.17,0.26400000000000001,52.54,0,48.61,0.22359999999999999,51.09,0.21279999999999999,53.96,0,44.55,0.24399999999999999,44.8,0.24260000000000001,49.28,0,44.2,0,41.72,0.26050000000000001,46.79,0,39.450000000000003,0.27550000000000002,44.39,0.24490000000000001,44.48,0.24440000000000001,52.06,0,64.25,0,48.51,0.22409999999999999,48.83,0,46.54,0.2336,51.68,0,47.31,0,45,0.24160000000000001,57.66,0,43.26,0.25130000000000002]
["Assentamento de Tubos de PVC e Metálicos em Redes de Água",105400,"ASSENTAMENTO DE CONEXÃO 2 ACESSOS ALINHADOS DE FERRO FUNDIDO PARA REDE DE ÁGUA, DN 700, JUNTA ELÁSTICA, INSTALADO EM LOCAL COM NÍVEL ALTO DE INTERFERÊNCIAS (NÃO INCLUI FORNECIMENTO). AF_05/2024","UN",70.45,0.26879999999999998,57.95,0.32679999999999998,74.91,0.25280000000000002,58.64,0.32300000000000001,74.599999999999994,0,69.010000000000005,0.27450000000000002,71.680000000000007,0.26419999999999999,75.78,0,63.28,0.29930000000000001,63.55,0.29799999999999999,69.959999999999994,0,62.53,0,58.98,0.3211,66.040000000000006,0,56.6,0.33460000000000001,62.95,0.3009,63.13,0.3,73.36,0,89.97,0,69.16,0.27389999999999998,69.25,0,66.19,0.28610000000000002,73.5,0,67.34,0,64.06,0.29570000000000002,81.59,0,61.55,0.30769999999999997]
["Assentamento de Tubos de PVC e Metálicos em Redes de Água",105264,"ASSENTAMENTO DE CONEXÃO 2 ACESSOS ALINHADOS DE FERRO FUNDIDO PARA REDE DE ÁGUA, DN 700, JUNTA ELÁSTICA, INSTALADO EM LOCAL COM NÍVEL BAIXO DE INTERFERÊNCIAS (NÃO INCLUI FORNECIMENTO). AF_05/2024","UN",56.92,0.21609999999999999,46.33,0.26550000000000001,60.21,0.20430000000000001,46.87,0.26240000000000002,60.14,0,55.57,0.2213,58.41,0.21060000000000001,61.72,0,50.82,0.24199999999999999,51.17,0.2404,56.25,0,50.36,0,47.45,0.25919999999999999,53.44,0,45.05,0.27300000000000002,50.66,0.24279999999999999,50.74,0.2424,59.5,0,73.680000000000007,0,55.48,0.22170000000000001,55.72,0,53.16,0.23139999999999999,58.89,0,53.88,0,51.4,0.23930000000000001,66.12,0,49.32,0.24940000000000001]
["Assentamento de Tubos de PVC e Metálicos em Redes de Água",105297,"ASSENTAMENTO DE CONEXÃO 2 ACESSOS ALINHADOS DE FERRO FUNDIDO PARA REDE DE ÁGUA, DN 80, JUNTA ELÁSTICA, INSTALADO EM LOCAL COM NÍVEL ALTO DE INTERFERÊNCIAS (NÃO INCLUI FORNECIMENTO). AF_05/2024","UN",10.74,0.27089999999999997,8.69,0.33489999999999998,11.59,0,8.94,0.32550000000000001,11.61,0,10.4,0.27979999999999999,10.52,0.27660000000000001,11.35,0,9.5500000000000007,0.30470000000000003,9.4700000000000006,0.30730000000000002,10.79,0,9.65,0,8.89,0.32729999999999998,10.119999999999999,0,8.51,0.34200000000000003,9.39,0.30990000000000001,9.51,0.30599999999999999,10.95,0,12.99,0,10.49,0.27739999999999998,10.19,0.28560000000000002,10.07,0.28899999999999998,10.77,0,10.01,0,9.68,0.30059999999999998,12.19,0,9.32,0.31219999999999998]
["Assentamento de Tubos de PVC e Metálicos em Redes de Água",105372,"ASSENTAMENTO DE CONEXÃO 2 ACESSOS ALINHADOS DE FERRO FUNDIDO PARA REDE DE ÁGUA, DN 80, JUNTA ELÁSTICA, INSTALADO EM LOCAL COM NÍVEL BAIXO DE INTERFERÊNCIAS (NÃO INCLUI FORNECIMENTO). AF_05/2024","UN",8.3000000000000007,0.22770000000000001,6.68,0.28289999999999998,8.86,0,6.88,0.2747,8.8699999999999992,0,8.01,0.23599999999999999,8.2200000000000006,0.22989999999999999,8.83,0,7.37,0.25640000000000002,7.32,0.25819999999999999,8.27,0,7.42,0,6.89,0.27429999999999999,7.83,0,6.52,0.28989999999999999,7.27,0.26,7.33,0.25779999999999997,8.49,0,10.17,0,8.0399999999999991,0.2351,7.89,0.23949999999999999,7.74,0.2442,8.31,0,7.71,0,7.44,0.254,9.41,0,7.17,0.2636]
["Assentamento de Tubos de PVC e Metálicos em Redes de Água",105401,"ASSENTAMENTO DE CONEXÃO 2 ACESSOS ALINHADOS DE FERRO FUNDIDO PARA REDE DE ÁGUA, DN 800, JUNTA ELÁSTICA, INSTALADO EM LOCAL COM NÍVEL ALTO DE INTERFERÊNCIAS (NÃO INCLUI FORNECIMENTO). AF_05/2024","UN",79.45,0.26600000000000001,65.33,0.32340000000000002,84.57,0.24990000000000001,66.05,0.31990000000000002,84.23,0,77.88,0.27129999999999999,80.94,0.2611,85.58,0,71.349999999999994,0.29609999999999997,71.7,0.29470000000000002,78.92,0,70.47,0,66.430000000000007,0.31809999999999999,74.5,0,63.81,0.33110000000000001,70.989999999999995,0.29759999999999998,71.19,0.29680000000000001,82.81,0,101.72,0,78.03,0.27079999999999999,78.099999999999994,0,74.66,0.28299999999999997,82.84,0,75.87,0,72.239999999999995,0.29249999999999998,92.21,0,69.38,0.30459999999999998]
["Assentamento de Tubos de PVC e Metálicos em Redes de Água",105265,"ASSENTAMENTO DE CONEXÃO 2 ACESSOS ALINHADOS DE FERRO FUNDIDO PARA REDE DE ÁGUA, DN 800, JUNTA ELÁSTICA, INSTALADO EM LOCAL COM NÍVEL BAIXO DE INTERFERÊNCIAS (NÃO INCLUI FORNECIMENTO). AF_05/2024","UN",64.25,0.2135,52.3,0.26229999999999998,68.08,0.20150000000000001,52.85,0.2596,67.989999999999995,0,62.79,0.2185,66.02,0.20780000000000001,69.81,0,57.36,0.2392,57.8,0.2374,63.54,0,56.82,0,53.51,0.25640000000000002,60.35,0,50.86,0.26979999999999998,57.21,0.23980000000000001,57.28,0.23949999999999999,67.239999999999995,0,83.41,0,62.69,0.21890000000000001,62.91,0,60.03,0.2286,66.47,0,60.79,0,58.04,0.2364,74.83,0,55.66,0.2465]
["Assentamento de Tubos de PVC e Metálicos em Redes de Água",105402,"ASSENTAMENTO DE CONEXÃO 2 ACESSOS ALINHADOS DE FERRO FUNDIDO PARA REDE DE ÁGUA, DN 900, JUNTA ELÁSTICA, INSTALADO EM LOCAL COM NÍVEL ALTO DE INTERFERÊNCIAS (NÃO INCLUI FORNECIMENTO). AF_05/2024","UN",88.7,0.26300000000000001,72.91,0.32,94.43,0.24709999999999999,73.69,0.31659999999999999,94.06,0,86.95,0.26829999999999998,90.43,0.25800000000000001,95.64,0,79.64,0.29289999999999999,80.03,0.29149999999999998,88.12,0,78.69,0,74.14,0.31469999999999998,83.21,0,71.19,0.32769999999999999,79.27,0.29430000000000001,79.48,0.29349999999999998,92.51,0,113.74,0,87.13,0.26779999999999998,87.2,0,83.33,0.28000000000000003,92.48,0,84.68,0,80.64,0.2893,103.03,0,77.45,0.30120000000000002]
["Assentamento de Tubos de PVC e Metálicos em Redes de Água",105266,"ASSENTAMENTO DE CONEXÃO 2 ACESSOS ALINHADOS DE FERRO FUNDIDO PARA REDE DE ÁGUA, DN 900, JUNTA ELÁSTICA, INSTALADO EM LOCAL COM NÍVEL BAIXO DE INTERFERÊNCIAS (NÃO INCLUI FORNECIMENTO). AF_05/2024","UN",71.86,0.21079999999999999,58.45,0.25919999999999999,76.14,0.19900000000000001,59.07,0.25650000000000001,76.06,0,70.23,0.2157,73.88,0.2051,78.13,0,64.150000000000006,0.23619999999999999,64.62,0.2344,71.06,0,63.56,0,59.82,0.25330000000000003,67.52,0,56.84,0.26650000000000001,63.98,0.23680000000000001,64.05,0.23649999999999999,75.239999999999995,0,93.41,0,70.099999999999994,0.21609999999999999,70.37,0,67.12,0.22570000000000001,74.33,0,67.959999999999994,0,64.900000000000006,0.2334,83.74,0,62.25,0.24340000000000001]
["Assentamento de Tubos de PVC e Metálicos em Redes de Água",105361,"ASSENTAMENTO DE CONEXÃO 2 ACESSOS ALINHADOS DE PVC PBA PARA REDE DE ÁGUA, DN 100, JUNTA ELÁSTICA INTEGRADA, INSTALADO EM LOCAL COM NÍVEL ALTO DE INTERFERÊNCIAS (NÃO INCLUI FORNECIMENTO). AF_05/2024","UN",17.04,0,13.55,0,18.77,0,13.14,0,18.739999999999998,0,16.97,0,18.54,0,19.93,0,15.11,0,15.63,0,16.93,0,14.91,0,13.67,0,16.57,0,12.99,0,15.46,0,15.04,0,19.23,0,24.8,0,16.760000000000002,0,16.989999999999998,0,15.83,0,17.27,0,15.71,0,15.25,0,21.75,0,14.44,0]
["Assentamento de Tubos de PVC e Metálicos em Redes de Água",105382,"ASSENTAMENTO DE CONEXÃO 2 ACESSOS ALINHADOS DE PVC PBA PARA REDE DE ÁGUA, DN 100, JUNTA ELÁSTICA INTEGRADA, INSTALADO EM LOCAL COM NÍVEL BAIXO DE INTERFERÊNCIAS (NÃO INCLUI FORNECIMENTO). AF_05/2024","UN",14.16,0,11.23,0,15.48,0,10.96,0,15.48,0,14.05,0,15.36,0,16.5,0,12.55,0,12.96,0,14.05,0,12.43,0,11.42,0,13.74,0,10.76,0,12.82,0,12.49,0,15.93,0,20.45,0,13.86,0,14.11,0,13.12,0,14.4,0,13.1,0,12.64,0,17.91,0,11.99,0]
["Assentamento de Tubos de PVC e Metálicos em Redes de Água",105359,"ASSENTAMENTO DE CONEXÃO 2 ACESSOS ALINHADOS DE PVC PBA PARA REDE DE ÁGUA, DN 50, JUNTA ELÁSTICA INTEGRADA, INSTALADO EM LOCAL COM NÍVEL ALTO DE INTERFERÊNCIAS (NÃO INCLUI FORNECIMENTO). AF_05/2024","UN",11.97,0,9.58,0,13.37,0,9.18,0,13.31,0,12.01,0,13.11,0,14.11,0,10.61,0,11.05,0,11.92,0,10.42,0,9.51,0,11.68,0,9.19,0,10.9,0,10.57,0,13.59,0,17.68,0,11.89,0,11.97,0,11.2,0,12.08,0,10.99,0,10.77,0,15.54,0,10.15,0]
["Assentamento de Tubos de PVC e Metálicos em Redes de Água",105315,"ASSENTAMENTO DE CONEXÃO 2 ACESSOS ALINHADOS DE PVC PBA PARA REDE DE ÁGUA, DN 50, JUNTA ELÁSTICA INTEGRADA, INSTALADO EM LOCAL COM NÍVEL BAIXO DE INTERFERÊNCIAS (NÃO INCLUI FORNECIMENTO). AF_05/2024","UN",9.86,0,7.88,0,10.96,0,7.58,0,10.92,0,9.8699999999999992,0,10.77,0,11.59,0,8.74,0,9.08,0,9.81,0,8.6,0,7.87,0,9.6199999999999992,0,7.55,0,8.9600000000000009,0,8.6999999999999993,0,11.17,0,14.48,0,9.76,0,9.85,0,9.2100000000000009,0,9.9600000000000009,0,9.07,0,8.86,0,12.72,0,8.36,0]
["Assentamento de Tubos de PVC e Metálicos em Redes de Água",105360,"ASSENTAMENTO DE CONEXÃO 2 ACESSOS ALINHADOS DE PVC PBA PARA REDE DE ÁGUA, DN 75, JUNTA ELÁSTICA INTEGRADA, INSTALADO EM LOCAL COM NÍVEL ALTO DE INTERFERÊNCIAS (NÃO INCLUI FORNECIMENTO). AF_05/2024","UN",14.61,0,11.64,0,16.149999999999999,0,11.26,0,16.09,0,14.58,0,15.92,0,17.12,0,12.94,0,13.42,0,14.51,0,12.75,0,11.7,0,14.23,0,11.16,0,13.26,0,12.89,0,16.510000000000002,0,21.33,0,14.4,0,14.57,0,13.6,0,14.78,0,13.46,0,13.1,0,18.71,0,12.38,0]
["Assentamento de Tubos de PVC e Metálicos em Redes de Água",105381,"ASSENTAMENTO DE CONEXÃO 2 ACESSOS ALINHADOS DE PVC PBA PARA REDE DE ÁGUA, DN 75, JUNTA ELÁSTICA INTEGRADA, INSTALADO EM LOCAL COM NÍVEL BAIXO DE INTERFERÊNCIAS (NÃO INCLUI FORNECIMENTO). AF_05/2024","UN",12.11,0,9.6199999999999992,0,13.3,0,9.3699999999999992,0,13.28,0,12.05,0,13.17,0,14.15,0,10.74,0,11.1,0,12.03,0,10.6,0,9.75,0,11.77,0,9.2200000000000006,0,10.98,0,10.7,0,13.65,0,17.57,0,11.89,0,12.07,0,11.25,0,12.29,0,11.19,0,10.84,0,15.39,0,10.26,0]
["Assentamento de Tubos de PVC e Metálicos em Redes de Água",105251,"ASSENTAMENTO DE CONEXÃO 2 ACESSOS INCLINADOS DE FERRO FUNDIDO PARA REDE DE ÁGUA, DN 100, JUNTA ELÁSTICA, INSTALADO EM LOCAL COM NÍVEL ALTO DE INTERFERÊNCIAS (NÃO INCLUI FORNECIMENTO). AF_05/2024","UN",18.010000000000002,0.2621,14.61,0.3231,19.66,0,14.91,0.31659999999999999,19.649999999999999,0,17.55,0.26889999999999997,17.79,0.26529999999999998,19.239999999999998,0,16.010000000000002,0.29480000000000001,15.96,0.29570000000000002,18.13,0,16.11,0,14.77,0.3196,17.010000000000002,0,14.32,0.3296,15.78,0.29909999999999998,15.93,0.29630000000000001,18.489999999999998,0,22.19,0,17.73,0.26619999999999999,17.11,0.27589999999999998,16.93,0.27879999999999999,18.02,0,16.71,0,16.27,0.29010000000000002,20.8,0,15.62,0.30220000000000002]
["Assentamento de Tubos de PVC e Metálicos em Redes de Água",105282,"ASSENTAMENTO DE CONEXÃO 2 ACESSOS INCLINADOS DE FERRO FUNDIDO PARA REDE DE ÁGUA, DN 100, JUNTA ELÁSTICA, INSTALADO EM LOCAL COM NÍVEL BAIXO DE INTERFERÊNCIAS (NÃO INCLUI FORNECIMENTO). AF_05/2024","UN",13.98,0.21890000000000001,11.29,0.27100000000000002,15.11,0,11.49,0.26629999999999998,15.1,0,13.57,0.22550000000000001,13.97,0.219,15.01,0,12.36,0.24759999999999999,12.39,0.247,13.92,0,12.43,0,11.47,0.26679999999999998,13.2,0,11.01,0.27789999999999998,12.23,0.25019999999999998,12.32,0.24840000000000001,14.37,0,17.48,0,13.65,0.22420000000000001,13.31,0.22989999999999999,13.08,0.2339,13.93,0,12.9,0,12.57,0.24340000000000001,16.149999999999999,0,12.05,0.25390000000000001]
["Assentamento de Tubos de PVC e Metálicos em Redes de Água",105276,"ASSENTAMENTO DE CONEXÃO 2 ACESSOS INCLINADOS DE FERRO FUNDIDO PARA REDE DE ÁGUA, DN 1000, JUNTA ELÁSTICA, INSTALADO EM LOCAL COM NÍVEL ALTO DE INTERFERÊNCIAS (NÃO INCLUI FORNECIMENTO). AF_05/2024","UN",142.61000000000001,0.26840000000000003,117.71,0.3251,153.19999999999999,0.24979999999999999,118.11,0.32400000000000001,152.28,0,140.4,0.27260000000000001,145.79,0.26250000000000001,154.33000000000001,0,128.04,0.2989,129.13999999999999,0.29630000000000001,141.86000000000001,0,126.06,0,118.49,0.32300000000000001,133.97,0,115.01,0.33279999999999998,127.64,0.29980000000000001,127.83,0.2994,149.04,0,184.34,0,140.97,0.27150000000000002,140.31,0,134.47,0.28460000000000002,148.26,0,135.69999999999999,0,130.11000000000001,0.29409999999999997,167.36,0,124.57,0.30719999999999997]
["Assentamento de Tubos de PVC e Metálicos em Redes de Água",105341,"ASSENTAMENTO DE CONEXÃO 2 ACESSOS INCLINADOS DE FERRO FUNDIDO PARA REDE DE ÁGUA, DN 1000, JUNTA ELÁSTICA, INSTALADO EM LOCAL COM NÍVEL BAIXO DE INTERFERÊNCIAS (NÃO INCLUI FORNECIMENTO). AF_05/2024","UN",114.87,0.21629999999999999,93.88,0.26469999999999999,123.07,0.2019,94.04,0.26419999999999999,122.6,0,112.85,0.22020000000000001,118.53,0.2097,125.46,0,102.53,0.2424,103.75,0.23949999999999999,113.77,0,101.15,0,94.91,0.26179999999999998,108.12,0,91.39,0.27189999999999998,102.45,0.24260000000000001,102.41,0.2427,120.6,0,150.82,0,112.93,0.22,112.59,0,107.78,0.2306,118.37,0,108.18,0,104.17,0.23860000000000001,135.57,0,99.54,0.24959999999999999]
["Assentamento de Tubos de PVC e Metálicos em Redes de Água",105277,"ASSENTAMENTO DE CONEXÃO 2 ACESSOS INCLINADOS DE FERRO FUNDIDO PARA REDE DE ÁGUA, DN 1200, JUNTA ELÁSTICA, INSTALADO EM LOCAL COM NÍVEL ALTO DE INTERFERÊNCIAS (NÃO INCLUI FORNECIMENTO). AF_05/2024","UN",173.02,0.25919999999999999,142.19999999999999,0.31540000000000001,184.75,0.24279999999999999,143.38999999999999,0.31280000000000002,183.99,0,169.87,0.26400000000000001,176.78,0.25369999999999998,187.07,0,155.27000000000001,0.28889999999999999,156.28,0.28699999999999998,171.99,0,153.27000000000001,0,144.22999999999999,0.311,162.41999999999999,0,138.83000000000001,0.3231,154.66999999999999,0.28999999999999998,154.97,0.28939999999999999,180.75,0,222.95,0,170.24,0.26350000000000001,170.07,0,162.63999999999999,0.27579999999999999,180.15,0,164.85,0,157.38999999999999,0.28499999999999998,201.87,0,150.96,0.29709999999999998]
["Assentamento de Tubos de PVC e Metálicos em Redes de Água",105342,"ASSENTAMENTO DE CONEXÃO 2 ACESSOS INCLINADOS DE FERRO FUNDIDO PARA REDE DE ÁGUA, DN 1200, JUNTA ELÁSTICA, INSTALADO EM LOCAL COM NÍVEL BAIXO DE INTERFERÊNCIAS (NÃO INCLUI FORNECIMENTO). AF_05/2024","UN",140.31,0.20760000000000001,114.15,0.25519999999999998,149.19999999999999,0.19520000000000001,115.07,0.25319999999999998,149,0,137.37,0.21210000000000001,144.61000000000001,0.2014,153,0,125.19,0.23269999999999999,126.35,0.2306,138.86000000000001,0,123.91,0,116.45,0.25019999999999998,131.94999999999999,0,111,0.26240000000000002,124.99,0.2331,125.03,0.23300000000000001,147.19,0,183.38,0,137.19999999999999,0.21229999999999999,137.41,0,131.16999999999999,0.22209999999999999,144.93,0,132.44,0,126.83,0.22969999999999999,164.37,0,121.46,0.23980000000000001]
["Assentamento de Tubos de PVC e Metálicos em Redes de Água",105252,"ASSENTAMENTO DE CONEXÃO 2 ACESSOS INCLINADOS DE FERRO FUNDIDO PARA REDE DE ÁGUA, DN 150, JUNTA ELÁSTICA, INSTALADO EM LOCAL COM NÍVEL ALTO DE INTERFERÊNCIAS (NÃO INCLUI FORNECIMENTO). AF_05/2024","UN",23.77,0.23599999999999999,19.21,0.29199999999999998,26.01,0,19.48,0.28799999999999998,26.02,0,23.23,0.24149999999999999,23.75,0.23619999999999999,25.67,0,21.09,0.26600000000000001,21.12,0.2656,23.91,0,21.15,0,19.37,0.28960000000000002,22.49,0,18.79,0.29859999999999998,20.85,0.26910000000000001,21.01,0.26700000000000002,24.59,0,29.95,0,23.43,0.2394,22.65,0.2477,22.31,0.2515,23.79,0,21.94,0,21.46,0.26140000000000002,27.79,0,20.52,0.27339999999999998]
["Assentamento de Tubos de PVC e Metálicos em Redes de Água",105298,"ASSENTAMENTO DE CONEXÃO 2 ACESSOS INCLINADOS DE FERRO FUNDIDO PARA REDE DE ÁGUA, DN 150, JUNTA ELÁSTICA, INSTALADO EM LOCAL COM NÍVEL BAIXO DE INTERFERÊNCIAS (NÃO INCLUI FORNECIMENTO). AF_05/2024","UN",18.75,0.19409999999999999,15.08,0.2414,20.34,0,15.24,0.23880000000000001,20.350000000000001,0,18.27,0.19919999999999999,18.95,0.19209999999999999,20.37,0,16.559999999999999,0.2198,16.66,0.2185,18.690000000000001,0,16.59,0,15.27,0.2384,17.73,0,14.69,0.24779999999999999,16.43,0.2215,16.52,0.2203,19.46,0,23.98,0,18.36,0.1983,17.89,0.20349999999999999,17.52,0.20780000000000001,18.68,0,17.22,0,16.850000000000001,0.216,21.96,0,16.100000000000001,0.2261]
["Assentamento de Tubos de PVC e Metálicos em Redes de Água",105253,"ASSENTAMENTO DE CONEXÃO 2 ACESSOS INCLINADOS DE FERRO FUNDIDO PARA REDE DE ÁGUA, DN 200, JUNTA ELÁSTICA, INSTALADO EM LOCAL COM NÍVEL ALTO DE INTERFERÊNCIAS (NÃO INCLUI FORNECIMENTO). AF_05/2024","UN",29.5,0.221,23.82,0.2737,32.369999999999997,0,24.06,0.27100000000000002,32.380000000000003,0,28.9,0.22559999999999999,29.69,0.21959999999999999,32.11,0,26.16,0.2492,26.28,0.24809999999999999,29.69,0,26.22,0,23.96,0.27210000000000001,27.94,0,23.29,0.27989999999999998,25.94,0.25130000000000002,26.08,0.25,30.7,0,37.68,0,29.15,0.22370000000000001,28.17,0.23150000000000001,27.69,0.23549999999999999,29.54,0,27.19,0,26.65,0.2447,34.799999999999997,0,25.44,0.25629999999999997]
["Assentamento de Tubos de PVC e Metálicos em Redes de Água",105299,"ASSENTAMENTO DE CONEXÃO 2 ACESSOS INCLINADOS DE FERRO FUNDIDO PARA REDE DE ÁGUA, DN 200, JUNTA ELÁSTICA, INSTALADO EM LOCAL COM NÍVEL BAIXO DE INTERFERÊNCIAS (NÃO INCLUI FORNECIMENTO). AF_05/2024","UN",23.5,0.18,18.89,0.22389999999999999,25.59,0,19.02,0.22239999999999999,25.62,0,22.98,0.18410000000000001,23.94,0.1767,25.75,0,20.75,0.2039,20.94,0.20200000000000001,23.46,0,20.77,0,19.079999999999998,0.22170000000000001,22.27,0,18.39,0.23,20.65,0.20480000000000001,20.72,0.20419999999999999,24.54,0,30.5,0,23.08,0.18329999999999999,22.48,0.18820000000000001,21.97,0.1925,23.45,0,21.55,0,21.14,0.2001,27.81,0,20.149999999999999,0.2099]
["Assentamento de Tubos de PVC e Metálicos em Redes de Água",105254,"ASSENTAMENTO DE CONEXÃO 2 ACESSOS INCLINADOS DE FERRO FUNDIDO PARA REDE DE ÁGUA, DN 250, JUNTA ELÁSTICA, INSTALADO EM LOCAL COM NÍVEL ALTO DE INTERFERÊNCIAS (NÃO INCLUI FORNECIMENTO). AF_05/2024","UN",35.42,0.2092,28.55,0.25950000000000001,38.869999999999997,0,28.79,0.25740000000000002,38.909999999999997,0,34.74,0.21329999999999999,35.82,0.2069,38.69,0,31.4,0.23599999999999999,31.57,0.23469999999999999,35.64,0,31.44,0,28.73,0.25790000000000002,33.57,0,27.86,0.26600000000000001,31.15,0.2379,31.31,0.23669999999999999,36.97,0,45.6,0,34.99,0.21179999999999999,33.86,0.21879999999999999,33.22,0.22309999999999999,35.49,0,32.630000000000003,0,31.98,0.23169999999999999,41.95,0,30.48,0.24310000000000001]
["Assentamento de Tubos de PVC e Metálicos em Redes de Água",105300,"ASSENTAMENTO DE CONEXÃO 2 ACESSOS INCLINADOS DE FERRO FUNDIDO PARA REDE DE ÁGUA, DN 250, JUNTA ELÁSTICA, INSTALADO EM LOCAL COM NÍVEL BAIXO DE INTERFERÊNCIAS (NÃO INCLUI FORNECIMENTO). AF_05/2024","UN",28.45,0.1691,22.82,0.21079999999999999,30.97,0,22.95,0.20960000000000001,31.03,0,27.86,0.1726,29.11,0.16520000000000001,31.28,0,25.13,0.19139999999999999,25.37,0.18959999999999999,28.41,0,25.13,0,23.06,0.20860000000000001,26.98,0,22.2,0.2167,25.02,0.19220000000000001,25.07,0.19189999999999999,29.8,0,37.200000000000003,0,27.94,0.17219999999999999,27.24,0.17660000000000001,26.57,0.18099999999999999,28.42,0,26.08,0,25.58,0.188,33.79,0,24.36,0.19750000000000001]
["Assentamento de Tubos de PVC e Metálicos em Redes de Água",105255,"ASSENTAMENTO DE CONEXÃO 2 ACESSOS INCLINADOS DE FERRO FUNDIDO PARA REDE DE ÁGUA, DN 300, JUNTA ELÁSTICA, INSTALADO EM LOCAL COM NÍVEL ALTO DE INTERFERÊNCIAS (NÃO INCLUI FORNECIMENTO). AF_05/2024","UN",41.34,0.20100000000000001,33.270000000000003,0.24979999999999999,45.35,0,33.520000000000003,0.24790000000000001,45.42,0,40.56,0.2049,41.92,0.19819999999999999,45.28,0,36.619999999999997,0.22689999999999999,36.85,0.22550000000000001,41.58,0,36.65,0,33.49,0.24809999999999999,39.19,0,32.46,0.25600000000000001,36.369999999999997,0.22850000000000001,36.5,0.22770000000000001,43.24,0,53.5,0,40.840000000000003,0.20349999999999999,39.54,0.2102,38.729999999999997,0.21460000000000001,41.44,0,38.049999999999997,0,37.29,0.2228,49.08,0,35.53,0.2339]
["Assentamento de Tubos de PVC e Metálicos em Redes de Água",105301,"ASSENTAMENTO DE CONEXÃO 2 ACESSOS INCLINADOS DE FERRO FUNDIDO PARA REDE DE ÁGUA, DN 300, JUNTA ELÁSTICA, INSTALADO EM LOCAL COM NÍVEL BAIXO DE INTERFERÊNCIAS (NÃO INCLUI FORNECIMENTO). AF_05/2024","UN",33.380000000000003,0.1615,26.74,0.2016,36.36,0,26.87,0.2006,36.44,0,32.700000000000003,0.1648,34.24,0.15740000000000001,36.82,0,29.47,0.18290000000000001,29.78,0.18099999999999999,33.32,0,29.46,0,27.05,0.1993,31.66,0,26,0.20730000000000001,29.38,0.1835,29.41,0.18329999999999999,35.06,0,43.87,0,32.79,0.16439999999999999,31.98,0.16850000000000001,31.16,0.17299999999999999,33.369999999999997,0,30.59,0,30,0.1797,39.75,0,28.55,0.1888]
["Assentamento de Tubos de PVC e Metálicos em Redes de Água",105256,"ASSENTAMENTO DE CONEXÃO 2 ACESSOS INCLINADOS DE FERRO FUNDIDO PARA REDE DE ÁGUA, DN 350, JUNTA ELÁSTICA, INSTALADO EM LOCAL COM NÍVEL ALTO DE INTERFERÊNCIAS (NÃO INCLUI FORNECIMENTO). AF_05/2024","UN",47.22,0.1948,37.979999999999997,0.2422,51.82,0,38.24,0.24060000000000001,51.91,0,46.38,0.19839999999999999,48.03,0.1915,51.88,0,41.84,0.21990000000000001,42.12,0.21840000000000001,47.5,0,41.88,0,38.25,0.24049999999999999,44.81,0,37.04,0.24840000000000001,41.58,0.2213,41.73,0.2205,49.5,0,61.41,0,46.68,0.1971,45.21,0.20349999999999999,44.24,0.20799999999999999,47.37,0,43.47,0,42.6,0.216,56.21,0,40.58,0.22670000000000001]
["Assentamento de Tubos de PVC e Metálicos em Redes de Água",105302,"ASSENTAMENTO DE CONEXÃO 2 ACESSOS INCLINADOS DE FERRO FUNDIDO PARA REDE DE ÁGUA, DN 350, JUNTA ELÁSTICA, INSTALADO EM LOCAL COM NÍVEL BAIXO DE INTERFERÊNCIAS (NÃO INCLUI FORNECIMENTO). AF_05/2024","UN",38.299999999999997,0.15590000000000001,30.65,0.1948,41.72,0,30.78,0.19400000000000001,41.84,0,37.549999999999997,0.159,39.39,0.15160000000000001,42.35,0,33.799999999999997,0.17660000000000001,34.18,0.17469999999999999,38.25,0,33.81,0,31.01,0.1925,36.36,0,29.78,0.20050000000000001,33.72,0.17699999999999999,33.75,0.1769,40.31,0,50.57,0,37.630000000000003,0.15870000000000001,36.729999999999997,0.16250000000000001,35.74,0.16700000000000001,38.33,0,35.1,0,34.42,0.1734,45.72,0,32.75,0.18229999999999999]
["Assentamento de Tubos de PVC e Metálicos em Redes de Água",105257,"ASSENTAMENTO DE CONEXÃO 2 ACESSOS INCLINADOS DE FERRO FUNDIDO PARA REDE DE ÁGUA, DN 400, JUNTA ELÁSTICA, INSTALADO EM LOCAL COM NÍVEL ALTO DE INTERFERÊNCIAS (NÃO INCLUI FORNECIMENTO). AF_05/2024","UN",53.11,0.19020000000000001,42.68,0.2366,58.29,0,42.96,0.2351,58.41,0,52.18,0.19359999999999999,54.13,0.18659999999999999,58.45,0,47.04,0.2147,47.38,0.2132,53.42,0,47.06,0,43,0.2349,50.41,0,41.63,0.24260000000000001,46.78,0.21590000000000001,46.93,0.2152,55.74,0,69.290000000000006,0,52.5,0.19239999999999999,50.88,0.19850000000000001,49.73,0.2031,53.29,0,48.88,0,47.91,0.21079999999999999,63.33,0,45.61,0.22140000000000001]
["Assentamento de Tubos de PVC e Metálicos em Redes de Água",105303,"ASSENTAMENTO DE CONEXÃO 2 ACESSOS INCLINADOS DE FERRO FUNDIDO PARA REDE DE ÁGUA, DN 400, JUNTA ELÁSTICA, INSTALADO EM LOCAL COM NÍVEL BAIXO DE INTERFERÊNCIAS (NÃO INCLUI FORNECIMENTO). AF_05/2024","UN",43.21,0.15179999999999999,34.56,0.1898,47.08,0,34.700000000000003,0.189,47.22,0,42.38,0.15479999999999999,44.53,0.14729999999999999,47.86,0,38.130000000000003,0.17199999999999999,38.57,0.1701,43.16,0,38.119999999999997,0,34.97,0.18759999999999999,41.02,0,33.57,0.19539999999999999,38.06,0.1724,38.090000000000003,0.17219999999999999,45.55,0,57.23,0,42.47,0.1545,41.47,0.15820000000000001,40.31,0.16270000000000001,43.26,0,39.6,0,38.82,0.16900000000000001,51.68,0,36.93,0.17760000000000001]
["Assentamento de Tubos de PVC e Metálicos em Redes de Água",105270,"ASSENTAMENTO DE CONEXÃO 2 ACESSOS INCLINADOS DE FERRO FUNDIDO PARA REDE DE ÁGUA, DN 450, JUNTA ELÁSTICA, INSTALADO EM LOCAL COM NÍVEL ALTO DE INTERFERÊNCIAS (NÃO INCLUI FORNECIMENTO). AF_05/2024","UN",59.16,0.18579999999999999,47.51,0.23130000000000001,64.89,0,47.83,0.2298,65.05,0,58.13,0.18909999999999999,60.38,0.182,65.2,0,52.41,0.2097,52.79,0.2082,59.51,0,52.43,0,47.91,0.22939999999999999,56.16,0,46.31,0.23730000000000001,52.13,0.21079999999999999,52.29,0.2102,62.17,0,77.36,0,58.46,0.188,56.69,0.19389999999999999,55.38,0.19839999999999999,59.43,0,54.47,0,53.34,0.20599999999999999,70.599999999999994,0,50.79,0.21640000000000001]
["Assentamento de Tubos de PVC e Metálicos em Redes de Água",105304,"ASSENTAMENTO DE CONEXÃO 2 ACESSOS INCLINADOS DE FERRO FUNDIDO PARA REDE DE ÁGUA, DN 450, JUNTA ELÁSTICA, INSTALADO EM LOCAL COM NÍVEL BAIXO DE INTERFERÊNCIAS (NÃO INCLUI FORNECIMENTO). AF_05/2024","UN",48.29,0.1479,38.590000000000003,0.185,52.58,0,38.75,0.18429999999999999,52.75,0,47.35,0.15079999999999999,49.81,0.14330000000000001,53.56,0,42.63,0.16750000000000001,43.11,0.1656,48.24,0,42.62,0,39.090000000000003,0.1827,45.84,0,37.47,0.19059999999999999,42.54,0.1678,42.57,0.16769999999999999,50.94,0,64.06,0,47.44,0.15049999999999999,46.35,0.154,45.02,0.15859999999999999,48.4,0,44.27,0,43.36,0.16470000000000001,57.78,0,41.25,0.1731]
["Assentamento de Tubos de PVC e Metálicos em Redes de Água",105271,"ASSENTAMENTO DE CONEXÃO 2 ACESSOS INCLINADOS DE FERRO FUNDIDO PARA REDE DE ÁGUA, DN 500, JUNTA ELÁSTICA, INSTALADO EM LOCAL COM NÍVEL ALTO DE INTERFERÊNCIAS (NÃO INCLUI FORNECIMENTO). AF_05/2024","UN",75.95,0.2873,62.89,0.34699999999999998,81.319999999999993,0.26829999999999998,63.29,0.3448,80.75,0,74.650000000000006,0.2923,77.19,0.28270000000000001,81.61,0,68.31,0.31940000000000002,68.739999999999995,0.31740000000000002,75.489999999999995,0,67.239999999999995,0,63.39,0.34420000000000001,71.22,0,61.52,0.35470000000000002,67.98,0.32100000000000001,68.16,0.3201,79,0,97,0,74.98,0.29099999999999998,74.75,0,71.680000000000007,0.3044,79.11,0,72.540000000000006,0,69.349999999999994,0.31459999999999999,88.41,0,66.53,0.32800000000000001]
["Assentamento de Tubos de PVC e Metálicos em Redes de Água",105305,"ASSENTAMENTO DE CONEXÃO 2 ACESSOS INCLINADOS DE FERRO FUNDIDO PARA REDE DE ÁGUA, DN 500, JUNTA ELÁSTICA, INSTALADO EM LOCAL COM NÍVEL BAIXO DE INTERFERÊNCIAS (NÃO INCLUI FORNECIMENTO). AF_05/2024","UN",60.6,0.23380000000000001,49.69,0.28520000000000001,64.69,0.219,49.93,0.2838,64.400000000000006,0,59.43,0.2384,62.18,0.22789999999999999,65.72,0,54.17,0.2616,54.7,0.25900000000000001,59.95,0,53.45,0,50.31,0.28170000000000001,56.96,0,48.42,0.29260000000000003,54.05,0.26219999999999999,54.1,0.26190000000000002,63.32,0,78.64,0,59.49,0.2382,59.42,0,56.91,0.249,62.55,0,57.28,0,55,0.2576,70.94,0,52.66,0.26910000000000001]
["Assentamento de Tubos de PVC e Metálicos em Redes de Água",105272,"ASSENTAMENTO DE CONEXÃO 2 ACESSOS INCLINADOS DE FERRO FUNDIDO PARA REDE DE ÁGUA, DN 600, JUNTA ELÁSTICA, INSTALADO EM LOCAL COM NÍVEL ALTO DE INTERFERÊNCIAS (NÃO INCLUI FORNECIMENTO). AF_05/2024","UN",89.68,0.28010000000000002,74.12,0.33889999999999998,95.99,0.26169999999999999,74.59,0.33679999999999999,95.38,0,88.12,0.28510000000000002,91.28,0.2752,96.53,0,80.59,0.31169999999999998,81.14,0.30959999999999999,89.13,0,79.38,0,74.790000000000006,0.33589999999999998,84.11,0,72.48,0.34660000000000002,80.239999999999995,0.31309999999999999,80.430000000000007,0.31230000000000002,93.39,0,114.85,0,88.47,0.28389999999999999,88.23,0,84.57,0.29699999999999999,93.38,0,85.58,0,81.83,0.307,104.52,0,78.47,0.3201]
["Assentamento de Tubos de PVC e Metálicos em Redes de Água",105306,"ASSENTAMENTO DE CONEXÃO 2 ACESSOS INCLINADOS DE FERRO FUNDIDO PARA REDE DE ÁGUA, DN 600, JUNTA ELÁSTICA, INSTALADO EM LOCAL COM NÍVEL BAIXO DE INTERFERÊNCIAS (NÃO INCLUI FORNECIMENTO). AF_05/2024","UN",71.849999999999994,0.22700000000000001,58.79,0.27739999999999998,76.650000000000006,0.21279999999999999,59.09,0.27600000000000002,76.34,0,70.430000000000007,0.2316,73.81,0.221,78.03,0,64.17,0.25419999999999998,64.819999999999993,0.25159999999999999,71.06,0,63.37,0,59.61,0.27360000000000001,67.52,0,57.26,0.2848,64.069999999999993,0.25459999999999999,64.09,0.2545,75.150000000000006,0,93.45,0,70.47,0.23139999999999999,70.42,0,67.400000000000006,0.24199999999999999,74.150000000000006,0,67.849999999999994,0,65.14,0.25040000000000001,84.16,0,62.37,0.26150000000000001]
["Assentamento de Tubos de PVC e Metálicos em Redes de Água",105273,"ASSENTAMENTO DE CONEXÃO 2 ACESSOS INCLINADOS DE FERRO FUNDIDO PARA REDE DE ÁGUA, DN 700, JUNTA ELÁSTICA, INSTALADO EM LOCAL COM NÍVEL ALTO DE INTERFERÊNCIAS (NÃO INCLUI FORNECIMENTO). AF_05/2024","UN",102.51,0.27700000000000002,84.74,0.33510000000000001,109.98,0.25819999999999999,85.12,0.33360000000000001,109.26,0,100.85,0.28160000000000002,104.53,0.2717,110.57,0,92.1,0.30840000000000001,92.81,0.30599999999999999,101.92,0,90.66,0,85.32,0.33289999999999997,96.23,0,82.84,0.34279999999999999,91.75,0.3095,91.92,0.309,106.91,0,131.84,0,101.29,0.28039999999999998,100.87,0,96.7,0.29370000000000002,106.65,0,97.69,0,93.57,0.30349999999999999,119.89,0,89.64,0.31680000000000003]
["Assentamento de Tubos de PVC e Metálicos em Redes de Água",105307,"ASSENTAMENTO DE CONEXÃO 2 ACESSOS INCLINADOS DE FERRO FUNDIDO PARA REDE DE ÁGUA, DN 700, JUNTA ELÁSTICA, INSTALADO EM LOCAL COM NÍVEL BAIXO DE INTERFERÊNCIAS (NÃO INCLUI FORNECIMENTO). AF_05/2024","UN",82.21,0.2243,67.3,0.27400000000000002,87.95,0.2097,67.47,0.27329999999999999,87.58,0,80.7,0.22850000000000001,84.61,0.21790000000000001,89.51,0,73.41,0.25119999999999998,74.239999999999995,0.24840000000000001,81.36,0,72.42,0,68.03,0.27110000000000001,77.319999999999993,0,65.53,0.28139999999999998,73.31,0.2515,73.319999999999993,0.2515,86.13,0,107.41,0,80.77,0.2283,80.58,0,77.16,0.23899999999999999,84.75,0,77.510000000000005,0,74.58,0.24729999999999999,96.7,0,71.3,0.2586]
["Assentamento de Tubos de PVC e Metálicos em Redes de Água",105250,"ASSENTAMENTO DE CONEXÃO 2 ACESSOS INCLINADOS DE FERRO FUNDIDO PARA REDE DE ÁGUA, DN 80, JUNTA ELÁSTICA, INSTALADO EM LOCAL COM NÍVEL ALTO DE INTERFERÊNCIAS (NÃO INCLUI FORNECIMENTO). AF_05/2024","UN",15.69,0.27850000000000003,12.74,0.34300000000000003,17.079999999999998,0,13.04,0.33510000000000001,17.05,0,15.25,0.28660000000000002,15.38,0.28410000000000002,16.63,0,13.95,0.31330000000000002,13.87,0.31509999999999999,15.78,0,14.04,0,12.89,0.33900000000000002,14.8,0,12.49,0.34989999999999999,13.72,0.31850000000000001,13.88,0.31480000000000002,16,0,19.05,0,15.41,0.28360000000000002,14.87,0.29389999999999999,14.74,0.29649999999999999,15.68,0,14.56,0,14.17,0.30840000000000001,17.95,0,13.61,0.3211]
["Assentamento de Tubos de PVC e Metálicos em Redes de Água",105269,"ASSENTAMENTO DE CONEXÃO 2 ACESSOS INCLINADOS DE FERRO FUNDIDO PARA REDE DE ÁGUA, DN 80, JUNTA ELÁSTICA, INSTALADO EM LOCAL COM NÍVEL BAIXO DE INTERFERÊNCIAS (NÃO INCLUI FORNECIMENTO). AF_05/2024","UN",12.05,0.2349,9.73,0.29089999999999999,12.97,0,9.94,0.28470000000000001,12.96,0,11.65,0.2429,11.94,0.23699999999999999,12.83,0,10.66,0.26550000000000001,10.65,0.26569999999999999,11.99,0,10.72,0,9.9,0.28589999999999999,11.35,0,9.51,0.29759999999999998,10.52,0.26900000000000002,10.62,0.26650000000000001,12.31,0,14.82,0,11.73,0.24129999999999999,11.44,0.24740000000000001,11.27,0.25109999999999999,11.98,0,11.12,0,10.82,0.2616,13.76,0,10.4,0.27210000000000001]
["Assentamento de Tubos de PVC e Metálicos em Redes de Água",105274,"ASSENTAMENTO DE CONEXÃO 2 ACESSOS INCLINADOS DE FERRO FUNDIDO PARA REDE DE ÁGUA, DN 800, JUNTA ELÁSTICA, INSTALADO EM LOCAL COM NÍVEL ALTO DE INTERFERÊNCIAS (NÃO INCLUI FORNECIMENTO). AF_05/2024","UN",115.68,0.27389999999999998,95.58,0.33160000000000001,124.23,0.25509999999999999,95.94,0.33029999999999998,123.43,0,113.87,0.27829999999999999,118.08,0.26840000000000003,124.97,0,103.9,0.30499999999999999,104.76,0.30249999999999999,115.05,0,102.26,0,96.17,0.32950000000000002,108.62,0,93.45,0.33910000000000001,103.53,0.30609999999999998,103.72,0.30549999999999999,120.75,0,149.13999999999999,0,114.35,0.27710000000000001,113.82,0,109.13,0.29039999999999999,120.28,0,110.14,0,105.59,0.30009999999999998,135.56,0,101.11,0.31340000000000001]
["Assentamento de Tubos de PVC e Metálicos em Redes de Água",105340,"ASSENTAMENTO DE CONEXÃO 2 ACESSOS INCLINADOS DE FERRO FUNDIDO PARA REDE DE ÁGUA, DN 800, JUNTA ELÁSTICA, INSTALADO EM LOCAL COM NÍVEL BAIXO DE INTERFERÊNCIAS (NÃO INCLUI FORNECIMENTO). AF_05/2024","UN",92.9,0.2215,76.02,0.2707,99.5,0.20680000000000001,76.150000000000006,0.27029999999999998,99.09,0,91.24,0.22559999999999999,95.72,0.215,101.3,0,82.94,0.24809999999999999,83.91,0.24529999999999999,91.98,0,81.8,0,76.790000000000006,0.26800000000000002,87.4,0,74.03,0.27800000000000002,82.86,0.24840000000000001,82.84,0.24840000000000001,97.41,0,121.68,0,91.34,0.2253,91.07,0,87.2,0.23599999999999999,95.72,0,87.52,0,84.28,0.2442,109.5,0,80.540000000000006,0.2555]
["Assentamento de Tubos de PVC e Metálicos em Redes de Água",105275,"ASSENTAMENTO DE CONEXÃO 2 ACESSOS INCLINADOS DE FERRO FUNDIDO PARA REDE DE ÁGUA, DN 900, JUNTA ELÁSTICA, INSTALADO EM LOCAL COM NÍVEL ALTO DE INTERFERÊNCIAS (NÃO INCLUI FORNECIMENTO). AF_05/2024","UN",129.08000000000001,0.27110000000000001,106.6,0.32819999999999999,138.66999999999999,0.25230000000000002,106.97,0.3271,137.81,0,127.08,0.27529999999999999,131.87,0.26529999999999998,139.59,0,115.92,0.30180000000000001,116.89,0.29930000000000001,128.38999999999999,0,114.1,0,107.25,0.32619999999999999,121.25,0,104.19,0.33579999999999999,115.53,0.3029,115.7,0.3024,134.84,0,166.68,0,127.6,0.2742,127,0,121.75,0.28739999999999999,134.19,0,122.85,0,117.79,0.29709999999999998,151.41,0,112.78,0.31030000000000002]
["Assentamento de Tubos de PVC e Metálicos em Redes de Água",105390,"ASSENTAMENTO DE CONEXÃO 2 ACESSOS INCLINADOS DE FERRO FUNDIDO PARA REDE DE ÁGUA, DN 900, JUNTA ELÁSTICA, INSTALADO EM LOCAL COM NÍVEL BAIXO DE INTERFERÊNCIAS (NÃO INCLUI FORNECIMENTO). AF_05/2024","UN",103.8,0.21890000000000001,84.9,0.2676,111.23,0.20430000000000001,85.04,0.26719999999999999,110.79,0,101.98,0.2228,107.04,0.21229999999999999,113.31,0,92.66,0.2452,93.76,0.24229999999999999,102.8,0,91.41,0,85.76,0.26490000000000002,97.7,0,82.65,0.27489999999999998,92.6,0.24540000000000001,92.56,0.2455,108.93,0,136.18,0,102.08,0.22259999999999999,101.77,0,97.43,0.23319999999999999,106.96,0,97.77,0,94.16,0.24129999999999999,122.48,0,89.99,0.2525]
["Assentamento de Tubos de PVC e Metálicos em Redes de Água",105364,"ASSENTAMENTO DE CONEXÃO 2 ACESSOS INCLINADOS DE PVC PBA PARA REDE DE ÁGUA, DN 100, JUNTA ELÁSTICA INTEGRADA, INSTALADO EM LOCAL COM NÍVEL ALTO DE INTERFERÊNCIAS (NÃO INCLUI FORNECIMENTO). AF_05/2024","UN",24.67,0,19.72,0,27.48,0,18.920000000000002,0,27.36,0,24.71,0,26.97,0,29.02,0,21.86,0,22.74,0,24.53,0,21.47,0,19.62,0,24.05,0,18.91,0,22.43,0,21.77,0,27.96,0,36.32,0,24.45,0,24.65,0,23.02,0,24.89,0,22.64,0,22.17,0,31.91,0,20.9,0]
["Assentamento de Tubos de PVC e Metálicos em Redes de Água",105385,"ASSENTAMENTO DE CONEXÃO 2 ACESSOS INCLINADOS DE PVC PBA PARA REDE DE ÁGUA, DN 100, JUNTA ELÁSTICA INTEGRADA, INSTALADO EM LOCAL COM NÍVEL BAIXO DE INTERFERÊNCIAS (NÃO INCLUI FORNECIMENTO). AF_05/2024","UN",20.350000000000001,0,16.23,0,22.55,0,15.65,0,22.48,0,20.329999999999998,0,22.2,0,23.88,0,18.03,0,18.72,0,20.22,0,17.75,0,16.25,0,19.809999999999999,0,15.56,0,18.48,0,17.95,0,23.02,0,29.79,0,20.100000000000001,0,20.309999999999999,0,18.96,0,20.57,0,18.72,0,18.260000000000002,0,26.16,0,17.23,0]
["Assentamento de Tubos de PVC e Metálicos em Redes de Água",105362,"ASSENTAMENTO DE CONEXÃO 2 ACESSOS INCLINADOS DE PVC PBA PARA REDE DE ÁGUA, DN 50, JUNTA ELÁSTICA INTEGRADA, INSTALADO EM LOCAL COM NÍVEL ALTO DE INTERFERÊNCIAS (NÃO INCLUI FORNECIMENTO). AF_05/2024","UN",17.57,0,14.11,0,19.760000000000002,0,13.42,0,19.64,0,17.7,0,19.28,0,20.78,0,15.58,0,16.27,0,17.510000000000002,0,15.24,0,13.87,0,17.18,0,13.53,0,16.02,0,15.51,0,20,0,26.12,0,17.53,0,17.579999999999998,0,16.47,0,17.66,0,16.07,0,15.84,0,23,0,14.89,0]
["Assentamento de Tubos de PVC e Metálicos em Redes de Água",105383,"ASSENTAMENTO DE CONEXÃO 2 ACESSOS INCLINADOS DE PVC PBA PARA REDE DE ÁGUA, DN 50, JUNTA ELÁSTICA INTEGRADA, INSTALADO EM LOCAL COM NÍVEL BAIXO DE INTERFERÊNCIAS (NÃO INCLUI FORNECIMENTO). AF_05/2024","UN",14.41,0,11.55,0,16.149999999999999,0,11.02,0,16.059999999999999,0,14.48,0,15.79,0,17.010000000000002,0,12.77,0,13.32,0,14.35,0,12.51,0,11.41,0,14.07,0,11.08,0,13.12,0,12.72,0,16.37,0,21.35,0,14.34,0,14.4,0,13.48,0,14.5,0,13.19,0,12.97,0,18.78,0,12.21,0]
["Assentamento de Tubos de PVC e Metálicos em Redes de Água",105363,"ASSENTAMENTO DE CONEXÃO 2 ACESSOS INCLINADOS DE PVC PBA PARA REDE DE ÁGUA, DN 75, JUNTA ELÁSTICA INTEGRADA, INSTALADO EM LOCAL COM NÍVEL ALTO DE INTERFERÊNCIAS (NÃO INCLUI FORNECIMENTO). AF_05/2024","UN",21.22,0,16.98,0,23.7,0,16.27,0,23.57,0,21.29,0,23.22,0,25,0,18.8,0,19.579999999999998,0,21.11,0,18.440000000000001,0,16.850000000000001,0,20.71,0,16.29,0,19.309999999999999,0,18.72,0,24.07,0,31.31,0,21.06,0,21.21,0,19.829999999999998,0,21.39,0,19.45,0,19.09,0,27.53,0,17.98,0]
["Assentamento de Tubos de PVC e Metálicos em Redes de Água",105384,"ASSENTAMENTO DE CONEXÃO 2 ACESSOS INCLINADOS DE PVC PBA PARA REDE DE ÁGUA, DN 75, JUNTA ELÁSTICA INTEGRADA, INSTALADO EM LOCAL COM NÍVEL BAIXO DE INTERFERÊNCIAS (NÃO INCLUI FORNECIMENTO). AF_05/2024","UN",17.48,0,13.95,0,19.420000000000002,0,13.42,0,19.34,0,17.48,0,19.09,0,20.54,0,15.49,0,16.09,0,17.38,0,15.23,0,13.94,0,17.04,0,13.38,0,15.89,0,15.42,0,19.79,0,25.66,0,17.29,0,17.45,0,16.3,0,17.64,0,16.059999999999999,0,15.69,0,22.54,0,14.82,0]
["Assentamento de Tubos de PVC e Metálicos em Redes de Água",105279,"ASSENTAMENTO DE CONEXÃO 3 ACESSOS DE FERRO FUNDIDO PARA REDE DE ÁGUA, DN 100, JUNTA ELÁSTICA, INSTALADO EM LOCAL COM NÍVEL ALTO DE INTERFERÊNCIAS (NÃO INCLUI FORNECIMENTO). AF_05/2024","UN",24.74,0.25459999999999999,19.97,0.3155,26.74,0,20.5,0.30730000000000002,26.78,0,23.99,0.2626,24.38,0.25840000000000002,26.33,0,21.98,0.28660000000000002,21.85,0.2883,24.84,0,22.16,0,20.39,0.309,23.33,0,19.55,0.32229999999999998,21.64,0.29110000000000003,21.87,0.28810000000000002,25.33,0,30.28,0,24.18,0.26050000000000001,23.49,0.26819999999999999,23.15,0.27210000000000001,24.82,0,23,0,22.26,0.28299999999999997,28.28,0,21.41,0.29430000000000001]
["Assentamento de Tubos de PVC e Metálicos em Redes de Água",105259,"ASSENTAMENTO DE CONEXÃO 3 ACESSOS DE FERRO FUNDIDO PARA REDE DE ÁGUA, DN 100, JUNTA ELÁSTICA, INSTALADO EM LOCAL COM NÍVEL BAIXO DE INTERFERÊNCIAS (NÃO INCLUI FORNECIMENTO). AF_05/2024","UN",19.36,0.21129999999999999,15.54,0.26319999999999999,20.67,0,15.94,0.25659999999999999,20.72,0,18.690000000000001,0.21879999999999999,19.29,0.21199999999999999,20.7,0,17.13,0.23880000000000001,17.09,0.23930000000000001,19.239999999999998,0,17.260000000000002,0,15.99,0.25580000000000003,18.239999999999998,0,15.14,0.27010000000000001,16.920000000000002,0.2417,17.04,0.24,19.87,0,24,0,18.739999999999998,0.21820000000000001,18.41,0.22220000000000001,18.02,0.22700000000000001,19.36,0,17.93,0,17.32,0.2361,22.08,0,16.670000000000002,0.24540000000000001]
["Assentamento de Tubos de PVC e Metálicos em Redes de Água",105357,"ASSENTAMENTO DE CONEXÃO 3 ACESSOS DE FERRO FUNDIDO PARA REDE DE ÁGUA, DN 1000, JUNTA ELÁSTICA, INSTALADO EM LOCAL COM NÍVEL ALTO DE INTERFERÊNCIAS (NÃO INCLUI FORNECIMENTO). AF_05/2024","UN",196.16,0.26019999999999999,161.12,0.31680000000000003,208.76,0.2445,162.87,0.31340000000000001,208.03,0,192.27,0.26550000000000001,200.1,0.25509999999999999,211.64,0,176.08,0.28989999999999999,176.97,0.28839999999999999,194.89,0,174,0,163.97,0.31130000000000002,184.03,0,157.26,0.3246,175.27,0.29120000000000001,175.73,0.29039999999999999,204.64,0,251.71,0,192.6,0.26500000000000001,192.79,0,184.21,0.27710000000000001,204.5,0,187.21,0,178.29,0.2863,227.89,0,171.19,0.29809999999999998]
["Assentamento de Tubos de PVC e Metálicos em Redes de Água",105346,"ASSENTAMENTO DE CONEXÃO 3 ACESSOS DE FERRO FUNDIDO PARA REDE DE ÁGUA, DN 1000, JUNTA ELÁSTICA, INSTALADO EM LOCAL COM NÍVEL BAIXO DE INTERFERÊNCIAS (NÃO INCLUI FORNECIMENTO). AF_05/2024","UN",159.16999999999999,0.20830000000000001,129.36000000000001,0.25629999999999997,168.59,0.1966,130.79,0.2535,168.47,0,155.53,0.21310000000000001,163.74,0.20250000000000001,173.15,0,142.05000000000001,0.2334,143.13,0.2316,157.41999999999999,0,140.80000000000001,0,132.52000000000001,0.25019999999999998,149.56,0,125.75,0.2636,141.71,0.2339,141.86000000000001,0.23369999999999999,166.72,0,207.03,0,155.22999999999999,0.21360000000000001,155.83000000000001,0,148.62,0.22309999999999999,164.65,0,150.52000000000001,0,143.69999999999999,0.23069999999999999,185.5,0,137.81,0.24049999999999999]
["Assentamento de Tubos de PVC e Metálicos em Redes de Água",105358,"ASSENTAMENTO DE CONEXÃO 3 ACESSOS DE FERRO FUNDIDO PARA REDE DE ÁGUA, DN 1200, JUNTA ELÁSTICA, INSTALADO EM LOCAL COM NÍVEL ALTO DE INTERFERÊNCIAS (NÃO INCLUI FORNECIMENTO). AF_05/2024","UN",240.3,0.24890000000000001,196.28,0.30470000000000003,253.53,0.2359,199.84,0.29930000000000001,253.32,0,234.58,0.255,244.85,0.24429999999999999,258.83999999999997,0,215.63,0.27739999999999998,216.03,0.27689999999999998,238.51,0,213.85,0,201.91,0.29620000000000002,225.2,0,191.35,0.31259999999999999,214.38,0.27900000000000003,215.14,0.27800000000000002,250.51,0,306.77999999999997,0,234.45,0.25509999999999999,235.91,0,224.71,0.26619999999999999,251.16,0,229.87,0,217.54,0.27489999999999998,276.75,0,209.42,0.28560000000000002]
["Assentamento de Tubos de PVC e Metálicos em Redes de Água",105347,"ASSENTAMENTO DE CONEXÃO 3 ACESSOS DE FERRO FUNDIDO PARA REDE DE ÁGUA, DN 1200, JUNTA ELÁSTICA, INSTALADO EM LOCAL COM NÍVEL BAIXO DE INTERFERÊNCIAS (NÃO INCLUI FORNECIMENTO). AF_05/2024","UN",196.69,0.19750000000000001,158.87,0.2445,206.14,0.18840000000000001,162.05000000000001,0.2397,206.67,0,191.26,0.2031,201.95,0.1923,213.41,0,175.51,0.2213,176.13,0.2205,194.33,0,174.72,0,164.87,0.2356,184.55,0,154.22999999999999,0.25180000000000002,174.81,0.22220000000000001,175.21,0.22170000000000001,205.76,0,254.01,0,190.38,0.20399999999999999,192.35,0,182.77,0.21249999999999999,204.2,0,186.64,0,176.77,0.21970000000000001,226.73,0,170.1,0.2283]
["Assentamento de Tubos de PVC e Metálicos em Redes de Água",105280,"ASSENTAMENTO DE CONEXÃO 3 ACESSOS DE FERRO FUNDIDO PARA REDE DE ÁGUA, DN 150, JUNTA ELÁSTICA, INSTALADO EM LOCAL COM NÍVEL ALTO DE INTERFERÊNCIAS (NÃO INCLUI FORNECIMENTO). AF_05/2024","UN",32.58,0.22989999999999999,26.25,0.2853,35.36,0,26.79,0.27960000000000002,35.46,0,31.74,0.23599999999999999,32.53,0.23019999999999999,35.11,0,28.93,0.25890000000000002,28.87,0.25940000000000002,32.729999999999997,0,29.1,0,26.72,0.28029999999999999,30.79,0,25.66,0.29189999999999999,28.58,0.2621,28.82,0.25990000000000002,33.68,0,40.83,0,31.97,0.23430000000000001,31.06,0.24110000000000001,30.49,0.2457,32.75,0,30.22,0,29.34,0.25530000000000003,37.78,0,28.13,0.26629999999999998]
["Assentamento de Tubos de PVC e Metálicos em Redes de Água",105283,"ASSENTAMENTO DE CONEXÃO 3 ACESSOS DE FERRO FUNDIDO PARA REDE DE ÁGUA, DN 150, JUNTA ELÁSTICA, INSTALADO EM LOCAL COM NÍVEL BAIXO DE INTERFERÊNCIAS (NÃO INCLUI FORNECIMENTO). AF_05/2024","UN",25.9,0.18759999999999999,20.76,0.2341,27.82,0,21.15,0.2298,27.91,0,25.14,0.1933,26.14,0.18590000000000001,28.06,0,22.91,0.21210000000000001,22.94,0.21190000000000001,25.79,0,23.03,0,21.28,0.22839999999999999,24.47,0,20.2,0.24060000000000001,22.7,0.21410000000000001,22.85,0.2127,26.87,0,32.9,0,25.2,0.19289999999999999,24.72,0.1966,24.13,0.2014,25.96,0,23.93,0,23.2,0.20949999999999999,30.02,0,22.23,0.21859999999999999]
["Assentamento de Tubos de PVC e Metálicos em Redes de Água",105281,"ASSENTAMENTO DE CONEXÃO 3 ACESSOS DE FERRO FUNDIDO PARA REDE DE ÁGUA, DN 200, JUNTA ELÁSTICA, INSTALADO EM LOCAL COM NÍVEL ALTO DE INTERFERÊNCIAS (NÃO INCLUI FORNECIMENTO). AF_05/2024","UN",40.450000000000003,0.21460000000000001,32.53,0.26679999999999998,44,0,33.08,0.26240000000000002,44.1,0,39.49,0.2198,40.65,0.2135,43.89,0,35.869999999999997,0.24199999999999999,35.92,0.24160000000000001,40.630000000000003,0,36.049999999999997,0,33.06,0.2626,38.28,0,31.77,0.2732,35.520000000000003,0.24440000000000001,35.76,0.2427,42.02,0,51.34,0,39.729999999999997,0.2185,38.619999999999997,0.2248,37.83,0.22939999999999999,40.659999999999997,0,37.44,0,36.42,0.23830000000000001,47.28,0,34.85,0.24909999999999999]
["Assentamento de Tubos de PVC e Metálicos em Redes de Água",105319,"ASSENTAMENTO DE CONEXÃO 3 ACESSOS DE FERRO FUNDIDO PARA REDE DE ÁGUA, DN 200, JUNTA ELÁSTICA, INSTALADO EM LOCAL COM NÍVEL BAIXO DE INTERFERÊNCIAS (NÃO INCLUI FORNECIMENTO). AF_05/2024","UN",32.46,0.17380000000000001,25.98,0.21709999999999999,34.97,0,26.37,0.21390000000000001,35.1,0,31.59,0.17849999999999999,32.99,0.17100000000000001,35.43,0,28.68,0.19670000000000001,28.83,0.1956,32.340000000000003,0,28.81,0,26.56,0.21229999999999999,30.71,0,25.25,0.22339999999999999,28.49,0.19800000000000001,28.62,0.1971,33.840000000000003,0,41.78,0,31.64,0.17829999999999999,31.04,0.1817,30.21,0.1867,32.56,0,29.93,0,29.08,0.19389999999999999,37.96,0,27.82,0.20269999999999999]
["Assentamento de Tubos de PVC e Metálicos em Redes de Água",105284,"ASSENTAMENTO DE CONEXÃO 3 ACESSOS DE FERRO FUNDIDO PARA REDE DE ÁGUA, DN 250, JUNTA ELÁSTICA, INSTALADO EM LOCAL COM NÍVEL ALTO DE INTERFERÊNCIAS (NÃO INCLUI FORNECIMENTO). AF_05/2024","UN",48.68,0.20319999999999999,39.090000000000003,0.253,52.92,0,39.71,0.24909999999999999,53.09,0,47.55,0.20799999999999999,49.14,0.20130000000000001,53.02,0,43.17,0.2291,43.24,0.22869999999999999,48.91,0,43.35,0,39.76,0.2487,46.08,0,38.11,0.25950000000000001,42.78,0.23119999999999999,43.03,0.2298,50.73,0,62.24,0,47.78,0.20699999999999999,46.52,0.21260000000000001,45.48,0.2175,48.99,0,45.04,0,43.78,0.22589999999999999,57.09,0,41.89,0.2361]
["Assentamento de Tubos de PVC e Metálicos em Redes de Água",105320,"ASSENTAMENTO DE CONEXÃO 3 ACESSOS DE FERRO FUNDIDO PARA REDE DE ÁGUA, DN 250, JUNTA ELÁSTICA, INSTALADO EM LOCAL COM NÍVEL BAIXO DE INTERFERÊNCIAS (NÃO INCLUI FORNECIMENTO). AF_05/2024","UN",39.39,0.16300000000000001,31.45,0.2041,42.41,0,31.91,0.20119999999999999,42.6,0,38.36,0.16739999999999999,40.18,0.1598,43.14,0,34.79,0.1845,34.979999999999997,0.1835,39.270000000000003,0,34.93,0,32.200000000000003,0.19939999999999999,37.28,0,30.54,0.2102,34.6,0.1855,34.71,0.185,41.18,0,51.04,0,38.380000000000003,0.1673,37.69,0.17030000000000001,36.619999999999997,0.17530000000000001,39.549999999999997,0,36.31,0,35.270000000000003,0.182,46.2,0,33.72,0.19040000000000001]
["Assentamento de Tubos de PVC e Metálicos em Redes de Água",105343,"ASSENTAMENTO DE CONEXÃO 3 ACESSOS DE FERRO FUNDIDO PARA REDE DE ÁGUA, DN 80, JUNTA ELÁSTICA, INSTALADO EM LOCAL COM NÍVEL BAIXO DE INTERFERÊNCIAS (NÃO INCLUI FORNECIMENTO). AF_05/2024","UN",16.63,0.22670000000000001,13.39,0.28160000000000002,17.72,0,13.76,0.27400000000000002,17.77,0,16.04,0.23499999999999999,16.46,0.22900000000000001,17.670000000000002,0,14.74,0.25580000000000003,14.68,0.25679999999999997,16.55,0,14.86,0,13.8,0.2732,15.65,0,13.06,0.28870000000000001,14.53,0.25950000000000001,14.68,0.25679999999999997,16.989999999999998,0,20.350000000000001,0,16.100000000000001,0.23419999999999999,15.79,0.23880000000000001,15.5,0.2432,16.63,0,15.42,0,14.9,0.253,18.829999999999998,0,14.35,0.26269999999999999]
["Assentamento de Tubos de PVC e Metálicos em Redes de Água",105365,"ASSENTAMENTO DE CONEXÃO 3 ACESSOS DE PVC PBA PARA REDE DE ÁGUA, DN 50, JUNTA ELÁSTICA INTEGRADA, INSTALADO EM LOCAL COM NÍVEL ALTO DE INTERFERÊNCIAS (NÃO INCLUI FORNECIMENTO). AF_05/2024","UN",23.97,0,19.18,0,26.76,0,18.37,0,26.63,0,24.04,0,26.23,0,28.24,0,21.24,0,22.12,0,23.85,0,20.85,0,19.03,0,23.38,0,18.399999999999999,0,21.8,0,21.14,0,27.19,0,35.369999999999997,0,23.8,0,23.95,0,22.39,0,24.16,0,21.98,0,21.56,0,31.1,0,20.309999999999999,0]
["Assentamento de Tubos de PVC e Metálicos em Redes de Água",97185,"ASSENTAMENTO DE TUBO DE AÇO CARBONO PARA REDE DE ÁGUA, DN 800 MM (32\"), JUNTA SOLDADA, INSTALADO EM LOCAL COM NÍVEL BAIXO DE INTERFERÊNCIAS (NÃO INCLUI FORNECIMENTO). AF_05/2024","M",49.43,0.1273,50.91,0.1236,60.36,0.31879999999999997,42.89,0.1467,57.39,0,53.87,0.1168,54.77,0.1148,54.47,0,47.67,0.13189999999999999,45.31,0.13880000000000001,59.98,0,44.94,0,45.88,0.1371,53.95,0,41.46,0.1517,46.78,0.13450000000000001,45.51,0.13819999999999999,58.25,0,73.849999999999994,0,48.51,0.12970000000000001,49.91,0,56.71,0.33929999999999999,59.68,0,60.62,0,51.36,0.37459999999999999,63.94,0,46.33,0.1358]
["Assentamento de Tubos de PVC e Metálicos em Redes de Água",97163,"ASSENTAMENTO DE TUBO DE FERRO FUNDIDO PARA REDE DE ÁGUA, DN 350 MM, JUNTA ELÁSTICA, INSTALADO EM LOCAL COM NÍVEL BAIXO DE INTERFERÊNCIAS (NÃO INCLUI FORNECIMENTO). AF_05/2024","M",11.94,0.16159999999999999,9.6,0.20100000000000001,13.18,0,9.5500000000000007,0.2021,13.18,0,11.77,0.16400000000000001,12.32,0.15670000000000001,13.26,0,10.53,0.18329999999999999,10.7,0.1804,11.95,0,10.49,0,9.56,0.2019,11.36,0,9.35,0.2064,10.52,0.1835,10.51,0.18360000000000001,12.6,0,15.93,0,11.84,0.16300000000000001,11.46,0.16839999999999999,11.2,0.17230000000000001,11.89,0,10.88,0,10.78,0.17899999999999999,14.45,0,10.210000000000001,0.189]
["Assentamento de Tubos de PVC e Metálicos em Redes de Água",97132,"ASSENTAMENTO DE TUBO DE PVC DEFOFO OU PRFV OU RPVC PARA REDE DE ÁGUA, DN 400 MM, JUNTA ELÁSTICA INTEGRADA, INSTALADO EM LOCAL COM NÍVEL ALTO DE INTERFERÊNCIAS (NÃO INCLUI FORNECIMENTO). AF_05/2024","M",17.46,0.1787,14.16,0.2203,19.11,0,14.17,0.22020000000000001,19.02,0,17.11,0.18229999999999999,17.760000000000002,0.1757,19.16,0,15.55,0.2006,15.71,0.1986,17.45,0,15.51,0,14.28,0.2185,16.72,0,13.77,0.2266,15.55,0.2006,15.45,0.2019,18.59,0,22.65,0,17.14,0.182,16.95,0.18410000000000001,16.39,0.19040000000000001,17.52,0,16.22,0,15.72,0.19850000000000001,20.82,0,15.07,0.20699999999999999]
["Assentamento de Tubos de PVC e Metálicos em Redes de Água",97140,"ASSENTAMENTO DE TUBO DE PVC DEFOFO OU PRFV OU RPVC PARA REDE DE ÁGUA, DN 500 MM, JUNTA ELÁSTICA INTEGRADA, INSTALADO EM LOCAL COM NÍVEL BAIXO DE INTERFERÊNCIAS (NÃO INCLUI FORNECIMENTO). AF_05/2024","M",16.28,0.15049999999999999,13.14,0.1865,17.62,0,13.17,0.186,17.54,0,15.89,0.1542,16.63,0.14729999999999999,17.88,0,14.45,0.1696,14.64,0.1673,16.13,0,14.43,0,13.37,0.1832,15.58,0,12.74,0.1923,14.48,0.16919999999999999,14.37,0.17050000000000001,17.34,0,21.18,0,15.83,0.15479999999999999,15.82,0.15490000000000001,15.21,0.16109999999999999,16.29,0,15.1,0,14.61,0.16769999999999999,19.32,0,14.01,0.1749]
["Assentamento de Tubos de PVC e Metálicos em Redes de Água",105333,"ASSENTAMENTO E FORNECIMENTO DE TUBO DE PVC DEFOFO PARA REDE DE ÁGUA, DN 200, JUNTA ELÁSTICA INTEGRADA, INSTALADO EM LOCAL COM NÍVEL ALTO DE INTERFERÊNCIAS (INCLUI FORNECIMENTO). AF_05/2024","M",228.04,7.9000000000000008E-3,216.66,8.3000000000000001E-3,280.89,0.96089999999999998,232.87,7.7000000000000002E-3,176.83,0,279.73,0.97130000000000005,280.10000000000002,0.97,280.89999999999998,0.96079999999999999,278.83,0.97440000000000004,278.92,0.97409999999999997,271.89,0,218.76,0,227.13,7.9000000000000008E-3,261.19,0,277.8,0.97799999999999998,278.82,0.97450000000000003,316.16000000000003,5.7000000000000002E-3,280.58,0.96189999999999998,282.91000000000003,0.95399999999999996,279.76,0.97119999999999995,241.45,7.4999999999999997E-3,279.32,0.97270000000000001,279.95,0.96409999999999996,279.20999999999998,0.9667,278.93,0.97409999999999997,281.89,0,278.55,0.97540000000000004]
["Assentamento de tubos de esgoto ou drenagem pluvial em concreto",104937,"ASSENTAMENTO DE TUBO DE CONCRETO PARA REDES COLETORAS DE ESGOTO SANITÁRIO, DIÂMETRO DE 1200 MM, JUNTA ELÁSTICA, INSTALADO EM LOCAL COM ALTO NÍVEL DE INTERFERÊNCIAS (NÃO INCLUI FORNECIMENTO). AF_03/2024","M",0,null,0,null,0,null,0,null,0,null,0,null,0,null,0,null,0,null,0,null,0,null,0,null,0,null,0,null,0,null,0,null,0,null,0,null,0,null,0,null,0,null,0,null,0,null,0,null,0,null,0,null,0]
["Assentamento de tubos de esgoto ou drenagem pluvial em concreto",92836,"ASSENTAMENTO DE TUBO DE CONCRETO PARA REDES COLETORAS DE ESGOTO SANITÁRIO, DIÂMETRO DE 400 MM, JUNTA ELÁSTICA, INSTALADO EM LOCAL COM BAIXO NÍVEL DE INTERFERÊNCIAS (NÃO INCLUI FORNECIMENTO). AF_03/2024","M",32.090000000000003,0.16889999999999999,27.16,0.1996,31.33,0.17299999999999999,26.68,0.2031,27.81,0,30.2,0.17949999999999999,25.88,0.2094,27.74,0,27.62,0.19620000000000001,28.7,0.18890000000000001,26.3,0,24.97,0,24.49,0.2213,31.27,0,25.97,0.2087,28.89,0.18759999999999999,27.97,0.1938,27.15,0,30.14,0,27.87,0.19450000000000001,28.69,0,26.11,0.20760000000000001,27.97,0,25.95,0,26.17,0.20710000000000001,28.66,0,26.82,0.2021]
["Assentamento de tubos de esgoto ou drenagem pluvial em concreto",92820,"ASSENTAMENTO DE TUBO DE CONCRETO PARA REDES COLETORAS DE ÁGUAS PLUVIAIS, DIÂMETRO DE 300 MM, JUNTA RÍGIDA, INSTALADO EM LOCAL COM ALTO NÍVEL DE INTERFERÊNCIAS (NÃO INCLUI FORNECIMENTO). AF_03/2024","M",28.32,0.32450000000000001,24.17,0.38019999999999998,29.82,0.30819999999999997,24.13,0.38090000000000002,28.86,0,27.29,0.33679999999999999,27.77,0.33090000000000003,28.99,0,25.57,0.3594,25.95,0.35410000000000003,27.21,0,24.91,0,24.13,0.38090000000000002,26.81,0,23.62,0.3891,25.6,0.35899999999999999,25.34,0.36270000000000002,29.32,0,33.64,0,27.27,0.33700000000000002,28.39,0,27.13,0.3387,28.85,0,27.36,0,25.74,0.35699999999999998,31.8,0,25.14,0.36559999999999998]
["Assentamento de tubos de esgoto ou drenagem pluvial em concreto",92849,"TUBO DE CONCRETO PARA REDES COLETORAS DE ESGOTO SANITÁRIO, DIÂMETRO DE 300 MM, JUNTA ELÁSTICA, INSTALADO EM LOCAL COM ALTO NÍVEL DE INTERFERÊNCIAS - FORNECIMENTO E ASSENTAMENTO. AF_03/2024","M",283.76,0.92049999999999998,165.65,2.81E-2,283.13,0.92249999999999999,279.18,0.93559999999999999,222.78,0,282.16000000000003,0.92569999999999997,223.69,2.0799999999999999E-2,221.61,0,279.99,0.93289999999999995,242.07,1.9300000000000001E-2,220.67,0,237.16,0,277.33,0.94179999999999997,220.2,0,278.56,0.93769999999999998,183.15,2.5399999999999999E-2,209.38,2.23E-2,279.64999999999998,0.91739999999999999,268.67,0,218.48,2.1299999999999999E-2,202.42,0,278.73,0.93710000000000004,232.41,0,278.62,0.92079999999999995,278.77,0.93700000000000006,280.93,0,208.43,2.24E-2]
["Assentamento de tubos de esgoto ou drenagem pluvial em concreto",92211,"TUBO DE CONCRETO PARA REDES COLETORAS DE ÁGUAS PLUVIAIS, DIÂMETRO DE 500 MM, JUNTA RÍGIDA, INSTALADO EM LOCAL COM BAIXO NÍVEL DE INTERFERÊNCIAS - FORNECIMENTO E ASSENTAMENTO. AF_03/2024","M",240.12,0.86599999999999999,147.09,9.9000000000000005E-2,242.14,0.85880000000000001,233.26,0.89149999999999996,197.27,0,237.92,0.874,197.45,7.3700000000000002E-2,196.41,0,235.21,0.8841,206.8,7.0400000000000004E-2,193.98,0,203.55,0,233.06,0.89229999999999998,190.19,0,232.07,0.89610000000000001,161.46,9.0200000000000002E-2,181.56,8.0199999999999994E-2,241.22,0.80169999999999997,237.87,0,191.29,7.6100000000000001E-2,180.95,0,238.48,0.872,204.43,0,238.21,0.81179999999999997,235.4,0.88339999999999996,244.99,0,181.23,8.0299999999999996E-2]
["Aterro e Reaterro de Valas",94319,"ATERRO MANUAL DE VALAS COM SOLO ARGILO-ARENOSO. AF_08/2023","M3",82.07,0.66800000000000004,76.94,0.71250000000000002,84.69,0.64729999999999999,78.2,0.70099999999999996,82.4,0.65400000000000003,80.989999999999995,0.67689999999999995,80.59,0.68020000000000003,83.97,0.64749999999999996,78.06,0.70230000000000004,80.13,0.67810000000000004,80.25,0.67149999999999999,78.150000000000006,0.69569999999999999,76.89,0.71299999999999997,81.239999999999995,0.66890000000000005,76.099999999999994,0.72040000000000004,79.38,0.68459999999999999,77.849999999999994,0.70420000000000005,85.92,0.63800000000000001,88.69,0.61809999999999998,79.209999999999994,0.69210000000000005,83.7,0.64380000000000004,80.430000000000007,0.68159999999999998,82.47,0.65339999999999998,80.989999999999995,0.67090000000000005,78.760000000000005,0.69599999999999995,86.61,0,78.17,0.68940000000000001]
["Aterro e Reaterro de Valas",104737,"REATERRO MANUAL DE VALAS, COM PLACA VIBRATÓRIA. AF_08/2023","M3",23.09,2.9399999999999999E-2,20.079999999999998,3.39E-2,24.57,2.7699999999999999E-2,18.77,3.6200000000000003E-2,22.73,2.5999999999999999E-3,22.1,3.0800000000000001E-2,23.27,2.92E-2,24.65,2.1899999999999999E-2,21.15,3.2199999999999999E-2,22.22,8.9999999999999993E-3,21.07,2.8E-3,20.399999999999999,2.6499999999999999E-2,20.11,3.3799999999999997E-2,23.51,8.5000000000000006E-3,19.059999999999999,3.5700000000000003E-2,22.3,8.9999999999999993E-3,20.34,3.3399999999999999E-2,27.34,2.4899999999999999E-2,28.92,2.35E-2,21.22,3.2000000000000001E-2,24.78,2.3999999999999998E-3,21.93,3.1E-2,22.44,2.7000000000000001E-3,22.64,8.8000000000000005E-3,20.56,3.3099999999999997E-2,27.78,0,20.65,2.8999999999999998E-3]
["Aterros, Bases, Sub bases e Imprimações",96396,"CONSTRUÇÃO DE BASE E SUB-BASE PARA PAVIMENTAÇÃO DE BRITA GRADUADA SIMPLES, COM ESPESSURA DE 15 CM - EXCLUSIVE CARGA E TRANSPORTE. AF_09/2024","M3",553.61,2.0799999999999999E-2,162.33000000000001,7.0900000000000005E-2,448.98,1.6500000000000001E-2,475.76,1.9199999999999998E-2,201.23,2.1399999999999999E-2,193.12,3.8399999999999997E-2,334.45,3.44E-2,238.6,3.0499999999999999E-2,210.21,5.4800000000000001E-2,187.08,5.4399999999999997E-2,215.97,2.75E-2,172.55,4.2999999999999997E-2,290.12,3.9699999999999999E-2,406.69,1.4999999999999999E-2,172.28,6.6799999999999998E-2,186.72,5.3699999999999998E-2,379.01,3.04E-2,122.47,5.9400000000000001E-2,207.78,3.5000000000000003E-2,234.7,4.9000000000000002E-2,379.18,1.61E-2,507.06,2.2700000000000001E-2,166.03,3.6700000000000003E-2,193.64,1.0800000000000001E-2,232.12,4.9599999999999998E-2,142.84,0,240.27,4.24E-2]
["Aterros, Bases, Sub bases e Imprimações",105667,"CONSTRUÇÃO DE BASE E SUB-BASE PARA PAVIMENTAÇÃO DE SOLO (PREDOMINANTEMENTE ARENOSO) BRITA - 40%-60% COM CIMENTO - 6%, MISTURA EM PISTA, COM ESPESSURA DE 20 CM - EXCLUSIVE ESCAVAÇÃO, CARGA E TRANSPORTE E SOLO. AF_09/2024","M3",466.35,2.07E-2,202.93,4.7500000000000001E-2,368.49,1.9400000000000001E-2,402.85,1.77E-2,221.24,1.24E-2,207.48,3.44E-2,269.56,3.5799999999999998E-2,219.91,3.2500000000000001E-2,213.8,4.5100000000000001E-2,227.02,3.56E-2,222.54,2.1899999999999999E-2,209.76,3.4000000000000002E-2,277.63,3.4700000000000002E-2,374.54,1.49E-2,194.2,4.9599999999999998E-2,199.15,4.0599999999999997E-2,338.25,2.8500000000000001E-2,170.47,4.19E-2,209.31,3.4099999999999998E-2,226.74,4.2500000000000003E-2,353.13,1.35E-2,505.12,1.9099999999999999E-2,220.95,2.1600000000000001E-2,220.93,4.7999999999999996E-3,229.41,3.8899999999999997E-2,167.44,0,256.72000000000003,3.15E-2]
["Aterros, Bases, Sub bases e Imprimações",105647,"CONSTRUÇÃO DE BASE E SUB-BASE PARA PAVIMENTAÇÃO DE SOLO (PREDOMINANTEMENTE ARENOSO) BRITA - 40%-60% COM CIMENTO - 8%, MISTURA EM USINA, COM ESPESSURA DE 15 CM - EXCLUSIVE CARGA E TRANSPORTE. AF_09/2024","M3",640.96,1.78E-2,266.06,4.2999999999999997E-2,506.4,1.47E-2,552.79999999999995,1.6400000000000001E-2,292.94,1.47E-2,274.86,2.7E-2,370.06,3.09E-2,295.93,2.46E-2,285.67,0.04,298.45,3.3799999999999997E-2,297.02,0.02,275.61,2.69E-2,374.83,3.0499999999999999E-2,509.04,1.2E-2,256.67,4.4499999999999998E-2,264.49,3.7600000000000001E-2,460.96,2.4799999999999999E-2,219.74,3.3099999999999997E-2,278.14,2.6100000000000002E-2,304.55,3.7499999999999999E-2,478.38,1.2699999999999999E-2,682.63,1.67E-2,288.10000000000002,2.1100000000000001E-2,291.91000000000003,7.1999999999999998E-3,307.52,3.7199999999999997E-2,218.35,0,342.24,2.9499999999999998E-2]
["Aterros, Bases, Sub bases e Imprimações",100571,"CONSTRUÇÃO DE BASE E SUB-BASE PARA PAVIMENTAÇÃO DE SOLO (PREDOMINANTEMENTE ARENOSO) BRITA - 50%-50% COM CIMENTO - 8%, MISTURA EM PISTA, COM ESPESSURA DE 15 CM - EXCLUSIVE ESCAVAÇÃO, CARGA E TRANSPORTE E SOLO. AF_09/2024","M3",475.35,2.4E-2,228.29,4.99E-2,373.52,2.24E-2,411.37,2.0299999999999999E-2,242.89,1.3599999999999999E-2,226.76,3.6900000000000002E-2,272.20999999999998,4.1799999999999997E-2,231.45,3.6200000000000003E-2,230.47,4.9399999999999999E-2,253.76,3.78E-2,240.64,2.3800000000000002E-2,234.75,3.5700000000000003E-2,293.94,3.8699999999999998E-2,391.98,1.67E-2,214.22,5.3199999999999997E-2,217.17,4.41E-2,351.16,3.2399999999999998E-2,196.2,4.2700000000000002E-2,225.69,3.7100000000000001E-2,241.39,4.7199999999999999E-2,370.93,1.5100000000000001E-2,538.04999999999995,2.12E-2,251.52,2.23E-2,244.27,5.1000000000000004E-3,245.48,4.2999999999999997E-2,186.9,0,279.3,3.4299999999999997E-2]
["Aterros, Bases, Sub bases e Imprimações",105600,"CONSTRUÇÃO DE BASE E SUB-BASE PARA PAVIMENTAÇÃO DE SOLO (PREDOMINANTEMENTE ARENOSO) MELHORADO COM CIMENTO - 4%, MISTURA EM USINA, COM ESPESSURA DE 10 CM - EXCLUSIVE CARGA E TRANSPORTE. AF_09/2024","M3",128.25,7.46E-2,87.43,0.1095,101.54,5.8900000000000001E-2,112,6.83E-2,88.26,4.3200000000000002E-2,81.739999999999995,7.3200000000000001E-2,74.73,0.12809999999999999,74.97,7.7799999999999994E-2,79.22,0.1208,94.68,9.06E-2,83.55,5.79E-2,88.7,6.7400000000000002E-2,93.29,0.1026,117.39,4.2500000000000003E-2,78.42,0.122,77.59,0.1086,103.1,9.2799999999999994E-2,81.72,7.1300000000000002E-2,79.53,7.3300000000000004E-2,80.2,0.1193,113.39,4.3999999999999997E-2,165.85,5.7700000000000001E-2,99.38,5.0200000000000002E-2,89.81,2.2700000000000001E-2,82.34,0.1162,73.06,0,96.57,8.8800000000000004E-2]
["Aterros, Bases, Sub bases e Imprimações",105566,"CONSTRUÇÃO DE BASE E SUB-BASE PARA PAVIMENTAÇÃO DE SOLO DE COMPORTAMENTO LATERÍTICO (ARENOSO), COM ESPESSURA DE 10 CM - EXCLUSIVE ESCAVAÇÃO, CARGA E TRANSPORTE E SOLO. AF_09/2024","M3",11.91,0.51219999999999999,10.8,0.56479999999999997,12.39,0.33739999999999998,11.04,0.37859999999999999,12.02,0.17299999999999999,11.93,0.35039999999999999,11.27,0.5413,11.65,0.35880000000000001,10.86,0.56169999999999998,11.04,0.4556,11.08,0.28070000000000001,11,0.38,10.8,0.56479999999999997,11.27,0.27600000000000002,10.54,0.57869999999999999,10.78,0.46660000000000001,11.04,0.55249999999999999,12.06,0.34660000000000002,12.72,0.3286,11.42,0.53420000000000001,11.85,0.26240000000000002,11.39,0.53559999999999997,11.87,0.26200000000000001,11.47,1.3899999999999999E-2,11.23,0.54320000000000002,11.99,0,11.26,0.44669999999999999]
["Aterros, Bases, Sub bases e Imprimações",105559,"EXECUÇÃO E COMPACTAÇÃO DE CORPO DE ATERRO DE ATERRO (95% DE ENERGIA DO PROCTOR NORMAL) COM SOLO PREDOMINANTEMENTE ARGILOSO, EM CAMADAS COM ESPESSURA DE 20 CM - EXCLUSIVE ESCAVAÇÃO, CARGA E TRANSPORTE E SOLO. AF_09/2024","M3",10.92,0.4899,9.9600000000000009,0.53710000000000002,11.62,0.2762,10.050000000000001,0.31940000000000002,11.21,0.20960000000000001,11.08,0.28970000000000001,10.46,0.51149999999999995,10.87,0.29530000000000001,10.050000000000001,0.5323,10.210000000000001,0.38979999999999998,10.28,0.17899999999999999,10.119999999999999,0.31719999999999998,9.94,0.53820000000000001,10.39,0.17710000000000001,9.67,0.55330000000000001,9.92,0.4012,10.210000000000001,0.52400000000000002,11.34,0.28310000000000002,11.97,0.26819999999999999,10.59,0.50519999999999998,10.96,0.16789999999999999,10.49,0.51,11.03,0.1668,10.83,1.9400000000000001E-2,10.44,0.51249999999999996,11.15,0,10.5,0.379]
["Aterros, Bases, Sub bases e Imprimações",105738,"RECONSTRUÇÃO DE BASE E SUB-BASE PARA PAVIMENTAÇÃO DE CONCRETO COMPACTADO COM ROLO, COM ESPESSURA DE 10 CM - EXCLUSIVE CARGA E TRANSPORTE. AF_09/2024","M3",810.92,2.1100000000000001E-2,335.72,5.0999999999999997E-2,643.54,1.77E-2,699.48,1.8599999999999998E-2,371.51,1.5699999999999999E-2,349.26,3.2599999999999997E-2,472.36,3.6200000000000003E-2,377.6,2.9000000000000001E-2,362.62,4.7199999999999999E-2,376.34,3.9300000000000002E-2,376.81,2.29E-2,347.92,3.27E-2,474.27,3.61E-2,642.75,1.41E-2,324.98,5.2600000000000001E-2,335.64,4.2799999999999998E-2,583.42999999999995,2.93E-2,278.83999999999997,3.9300000000000002E-2,355.18,3.0800000000000001E-2,387.31,4.4200000000000003E-2,604.6,1.4999999999999999E-2,856.72,0.02,363.36,2.5000000000000001E-2,369.39,5.8999999999999999E-3,390.49,4.3799999999999999E-2,278.94,0,432.22,3.4200000000000001E-2]
["Aterros, Bases, Sub bases e Imprimações",105662,"RECONSTRUÇÃO DE BASE E SUB-BASE PARA PAVIMENTAÇÃO DE SOLO (PREDOMINANTEMENTE ARENOSO) BRITA - 40%-60% COM CIMENTO - 8%, MISTURA EM PISTA, COM ESPESSURA DE 10 CM - EXCLUSIVE ESCAVAÇÃO, CARGA E TRANSPORTE E SOLO. AF_09/2024","M3",538.70000000000005,3.85E-2,257.48,8.0500000000000002E-2,429.74,3.5400000000000001E-2,467.07,3.2599999999999997E-2,278.02,2.1700000000000001E-2,260.73,5.8400000000000001E-2,316.85000000000002,6.5500000000000003E-2,269.33,5.6500000000000002E-2,263.87,7.8600000000000003E-2,285.88,6.1100000000000002E-2,275.37,3.7900000000000003E-2,265.24,5.74E-2,333.56,6.2199999999999998E-2,442.6,2.7E-2,243.87,8.5000000000000006E-2,248.83,7.0199999999999999E-2,398.9,5.1999999999999998E-2,225.16,6.7599999999999993E-2,263.24,5.7799999999999997E-2,277.83999999999997,7.46E-2,420.64,2.4199999999999999E-2,596.88,3.4700000000000002E-2,283.55,3.5900000000000001E-2,277.57,8.2000000000000007E-3,281.32,6.8400000000000002E-2,217.66,0,315.64,5.5300000000000002E-2]
["Aterros, Bases, Sub bases e Imprimações",105703,"RECONSTRUÇÃO DE BASE E SUB-BASE PARA PAVIMENTAÇÃO DE SOLO (PREDOMINANTEMENTE ARENOSO) BRITA - 50%-50% COM CIMENTO - 6%, MISTURA EM PISTA, COM ESPESSURA DE 20 CM - EXCLUSIVE ESCAVAÇÃO, CARGA E TRANSPORTE E SOLO. AF_09/2024","M3",429.05,3.1300000000000001E-2,197.98,6.7699999999999996E-2,340.94,2.9100000000000001E-2,371.45,2.6700000000000002E-2,214.48,1.7899999999999999E-2,201.1,4.9299999999999997E-2,250.57,5.3499999999999999E-2,209.72,4.7300000000000002E-2,204.91,6.54E-2,220.41,5.0999999999999997E-2,213.64,3.15E-2,204.18,4.8500000000000001E-2,261.7,5.1200000000000002E-2,349.47,2.2100000000000002E-2,188.19,7.1300000000000002E-2,192.36,5.8400000000000001E-2,315.14999999999998,4.2599999999999999E-2,170.57,5.8099999999999999E-2,202.98,4.8800000000000003E-2,216.33,6.2E-2,331.1,1.9900000000000001E-2,471.4,2.8400000000000002E-2,217.14,3.0300000000000001E-2,214.18,7.0000000000000001E-3,218.99,5.67E-2,165.82,0,245.5,4.58E-2]
["Aterros, Bases, Sub bases e Imprimações",105677,"RECONSTRUÇÃO DE BASE E SUB-BASE PARA PAVIMENTAÇÃO DE SOLO (PREDOMINANTEMENTE ARENOSO) BRITA - 50%-50% COM CIMENTO - 8%, MISTURA EM USINA, COM ESPESSURA DE 10 CM - EXCLUSIVE CARGA E TRANSPORTE. AF_09/2024","M3",583.92999999999995,2.9499999999999998E-2,257.52999999999997,6.6900000000000001E-2,463.6,2.4799999999999999E-2,504.75,2.6100000000000002E-2,281.23,2.1999999999999999E-2,263.89,4.36E-2,340.33,5.0700000000000002E-2,278.93,4.07E-2,271.16000000000003,6.3600000000000004E-2,287.16000000000003,5.1999999999999998E-2,282.18,3.2000000000000001E-2,266.01,4.3299999999999998E-2,350.01,4.9299999999999997E-2,470.22,1.95E-2,246.6,6.9900000000000004E-2,252.94,5.8400000000000001E-2,425.38,4.0500000000000001E-2,217.98,5.21E-2,266.55,4.2599999999999999E-2,287.72000000000003,5.9900000000000002E-2,443.73,2.07E-2,631.01,2.7300000000000001E-2,280.62,3.27E-2,280.35000000000002,8.0999999999999996E-3,290.7,5.9299999999999999E-2,213.94,0,324.33,4.5999999999999999E-2]
["Aterros, Bases, Sub bases e Imprimações",105587,"RECONSTRUÇÃO DE BASE E SUB-BASE PARA PAVIMENTAÇÃO DE SOLO (PREDOMINANTEMENTE ARGILOSO) BRITA - 40%-60%, MISTURA EM PISTA, COM ESPESSURA DE 15 CM - EXCLUSIVE ESCAVAÇÃO, CARGA E TRANSPORTE E SOLO. AF_09/2024","M3",329.3,5.9799999999999999E-2,114.13,0.1724,274.92,5.28E-2,285.12,5.0900000000000001E-2,139.51,4.07E-2,134.54,0.10780000000000001,209.56,9.3899999999999997E-2,159.49,9.0999999999999998E-2,140.55000000000001,0.14000000000000001,129.15,0.12809999999999999,144.96,6.8599999999999994E-2,120.44,0.1205,183.2,0.1074,248.57,4.58E-2,119.03,0.1653,128.08000000000001,0.12920000000000001,232.52,8.4599999999999995E-2,97.56,0.1487,146.31,9.9199999999999997E-2,155.38999999999999,0.12659999999999999,235.95,4.1099999999999998E-2,302.95,6.5000000000000002E-2,120.17,8.0699999999999994E-2,133.54,1.6400000000000001E-2,153.44999999999999,0.11890000000000001,108.93,0,157.56,0.105]
["Aterros, Bases, Sub bases e Imprimações",105724,"RECONSTRUÇÃO DE BASE E SUB-BASE PARA PAVIMENTAÇÃO DE SOLO (PREDOMINANTEMENTE ARGILOSO) BRITA - 50%-50%, MISTURA EM USINA, COM ESPESSURA DE 15 CM - EXCLUSIVE CARGA E TRANSPORTE. AF_09/2024","M3",399.11,4.5100000000000001E-2,128.55000000000001,0.1399,328.54,3.6799999999999999E-2,344.28,0.04,157.80000000000001,4.02E-2,151.77000000000001,7.9699999999999993E-2,247.73,7.2599999999999998E-2,182.74,6.5299999999999997E-2,161.62,0.1113,146.1,0.1062,166.23,5.7000000000000002E-2,135.9,8.8999999999999996E-2,216.24,8.3199999999999996E-2,297.52999999999997,3.2300000000000002E-2,134.97,0.1333,145.47999999999999,0.1057,278.07,6.4699999999999994E-2,103.61,0.1152,163.63999999999999,7.2999999999999995E-2,179.52,0.1002,279.58999999999997,3.44E-2,366.39,4.9099999999999998E-2,133.4,7.2099999999999997E-2,151.41,1.5100000000000001E-2,177.31,0.10150000000000001,117.54,0,182.84,8.4900000000000003E-2]
["Bocas para Bueiros",102798,"BOCA PARA BUEIRO DUPLO CELULAR 300 X 300 CM EM GABIÃO, ALAS COM ESCONSIDADE DE 45°, INCLUINDO FÔRMAS E MATERIAIS. AF_07/2021","UN",135313.71,6.4899999999999999E-2,90665.279999999999,8.1100000000000005E-2,131988.87,6.6600000000000006E-2,122456.41,6.0100000000000001E-2,95766.69,0,75469.41,0.1164,100124.03,7.3499999999999996E-2,112009.68,0,107283.24,6.8599999999999994E-2,90595.74,9.7000000000000003E-2,89007.28,0,81153.53,1.7600000000000001E-2,96475.11,7.6300000000000007E-2,109358.07,0,87692.08,8.3900000000000002E-2,77333.48,9.5100000000000004E-2,106893.81,6.88E-2,96675.69,0,95693.15,0,92342.61,9.5200000000000007E-2,116467.88,0,118634.38,7.4099999999999999E-2,85725.59,0,92760.11,1.54E-2,109402.66,6.7199999999999996E-2,88357.09,0,86861.3,0.1012]
["Bocas para Bueiros",102757,"BOCA PARA BUEIRO DUPLO TUBULAR D = 150 CM EM CONCRETO, ALAS COM ESCONSIDADE DE 30°, INCLUINDO FÔRMAS E MATERIAIS. AF_07/2021","UN",51942.01,4.4999999999999997E-3,30859.32,7.4000000000000003E-3,37570.26,6.1000000000000004E-3,36701.360000000001,6.1999999999999998E-3,29352.36,0,27442.41,8.5000000000000006E-3,28318.43,8.0000000000000002E-3,32443.67,1E-4,30022.240000000002,7.6E-3,30045.119999999999,7.6E-3,28779.78,1E-4,29254.09,7.7999999999999996E-3,32190.3,7.1000000000000004E-3,31852.06,7.1999999999999998E-3,27210.81,8.6E-3,27259.88,8.3999999999999995E-3,27809.62,8.0999999999999996E-3,29494.5,7.7000000000000002E-3,31675.24,7.1000000000000004E-3,28969.24,8.0999999999999996E-3,37935.449999999997,6.0000000000000001E-3,40260.449999999997,5.7000000000000002E-3,30003.55,0,30957.25,1E-4,28907.919999999998,7.9000000000000008E-3,26531.9,0,29815.03,7.6E-3]
["Bocas para Bueiros",102754,"BOCA PARA BUEIRO SIMPLES TUBULAR D = 150 CM EM CONCRETO, ALAS COM ESCONSIDADE DE 30°, INCLUINDO FÔRMAS E MATERIAIS. AF_07/2021","UN",37550.01,4.3E-3,22520.18,6.8999999999999999E-3,27271.49,5.7999999999999996E-3,26612.14,5.8999999999999999E-3,21378.31,0,20050.080000000002,8.0000000000000002E-3,20614.82,7.6E-3,23643.37,1E-4,21936.31,7.1000000000000004E-3,21884.05,7.1999999999999998E-3,20963.03,1E-4,21293.06,7.4000000000000003E-3,23413.26,6.7000000000000002E-3,23166.44,6.7999999999999996E-3,19777.099999999999,8.0999999999999996E-3,19879.86,7.9000000000000008E-3,20271.11,7.7000000000000002E-3,21521.19,7.1999999999999998E-3,23124.26,6.7000000000000002E-3,21122.73,7.6E-3,27566.92,5.7000000000000002E-3,29157.8,5.4000000000000003E-3,21858.17,0,22590.81,1E-4,21077.75,7.4000000000000003E-3,19393.86,0,21703.64,7.1999999999999998E-3]
["Bocas para Bueiros",102748,"BOCA PARA BUEIRO TRIPLO TUBULAR D = 120 CM EM CONCRETO, ALAS COM ESCONSIDADE DE 0°, INCLUINDO FÔRMAS E MATERIAIS. AF_07/2021","UN",20441.310000000001,4.4000000000000003E-3,12572.3,6.7999999999999996E-3,15087.45,5.7000000000000002E-3,14746.27,5.7999999999999996E-3,11969.61,0,11314.41,8.0000000000000002E-3,11613.77,7.4000000000000003E-3,13127.24,0,12359.2,6.8999999999999999E-3,12260.57,7.0000000000000001E-3,11745.14,1E-4,11826.48,7.1999999999999998E-3,13034.61,6.6E-3,13020.29,6.6E-3,10977.09,8.2000000000000007E-3,11153.85,7.7000000000000002E-3,11465.71,7.4000000000000003E-3,12039.96,7.1000000000000004E-3,12932.81,6.6E-3,11812.42,7.7000000000000002E-3,15331.43,5.5999999999999999E-3,16132.06,5.3E-3,12200.45,0,12701.21,1E-4,11787.84,7.3000000000000001E-3,10908.77,0,12136.49,7.1000000000000004E-3]
["Bombas Hidráulicas - Centrífugas, Horizontais e Submersíveis",102123,"BOMBA CENTRÍFUGA, TRIFÁSICA, 10 CV OU 9,86 HP, HM 85 A 140 M, Q 4,2 A 14,9 M3/H (NÃO INCLUI O FORNECIMENTO DA BOMBA). AF_12/2020","UN",212.68,3.27E-2,199.96,2.86E-2,227.97,3.0499999999999999E-2,176.92,3.2300000000000002E-2,217.23,0,205.61,2.7799999999999998E-2,216.85,3.2099999999999997E-2,232.92,2.9899999999999999E-2,203.41,3.4200000000000001E-2,202.77,3.4299999999999997E-2,206.98,2.76E-2,184.19,3.1099999999999999E-2,183.22,3.1199999999999999E-2,210.23,0,169.89,4.1000000000000002E-2,202.99,2.8199999999999999E-2,183.83,3.7900000000000003E-2,259.17,2.2100000000000002E-2,268.12,2.1299999999999999E-2,189.31,3.6799999999999999E-2,222.41,0,212.26,3.2800000000000003E-2,203.56,3.4200000000000001E-2,232.88,2.46E-2,184.46,3.7699999999999997E-2,272.55,0,207.17,3.3599999999999998E-2]
["Bombas Hidráulicas - Centrífugas, Horizontais e Submersíveis",102120,"MOTO BOMBA HORIZONTAL ATÉ 10 CV, HM 75 A 80 M, Q 25,4 A 48 - FORNECIMENTO E INSTALAÇÃO. AF_12/2020","UN",0,null,0,null,0,null,0,null,0,null,0,null,0,null,0,null,0,null,0,null,0,null,0,null,0,null,0,null,0,null,0,null,0,null,0,null,0,null,0,null,0,null,0,null,0,null,0,null,0,null,0,null,0]
["Caixas Enterradas",98104,"CAIXA DE GORDURA SIMPLES (CAPACIDADE: 36L), RETANGULAR, EM ALVENARIA COM TIJOLOS CERÂMICOS MACIÇOS, DIMENSÕES INTERNAS = 0,2X0,4 M, ALTURA INTERNA = 0,8 M. AF_12/2020","UN",431.49,1.9E-3,350.52,1.6000000000000001E-3,395.74,3.2000000000000001E-2,370.77,1.5E-3,391.14,0,365.97,2.2000000000000001E-3,404.11,1.4E-3,364.26,5.9999999999999995E-4,394.81,1.4E-3,384.93,1.4E-3,369.31,5.9999999999999995E-4,351.05,1.6000000000000001E-3,360.12,1.5E-3,405.76,1.4E-3,329.19,2.5000000000000001E-3,344.82,1.6000000000000001E-3,368.98,8.9999999999999998E-4,414.26,8.0000000000000004E-4,430.45,8.0000000000000004E-4,344.69,2.3999999999999998E-3,415.24,1.2999999999999999E-3,424.1,1.2999999999999999E-3,372.17,0,414.42,5.0000000000000001E-4,330.54,1.6999999999999999E-3,393.6,0,376.82,1.5E-3]
["Caixas Enterradas",97906,"CAIXA ENTERRADA HIDRÁULICA RETANGULAR, EM ALVENARIA COM BLOCOS DE CONCRETO, DIMENSÕES INTERNAS: 0,6X0,6X0,6 M PARA REDE DE ESGOTO. AF_12/2020","UN",566.38,5.1999999999999998E-3,418.38,5.8999999999999999E-3,501.51,2.3400000000000001E-2,472.59,5.1999999999999998E-3,467.82,0,456.73,6.4999999999999997E-3,492.85,5.0000000000000001E-3,467.9,1.1000000000000001E-3,454.14,5.4000000000000003E-3,477.19,5.1000000000000004E-3,466.87,1.1000000000000001E-3,424.93,3.0999999999999999E-3,441.24,5.5999999999999999E-3,509.28,2.5999999999999999E-3,408.36,7.1999999999999998E-3,443.51,5.4999999999999997E-3,443.84,4.4000000000000003E-3,501.28,1.6000000000000001E-3,518.77,1.5E-3,442.46,6.7000000000000002E-3,537.19000000000005,4.5999999999999999E-3,560.61,4.4000000000000003E-3,473.31,0,504.3,1E-3,423.16,5.7999999999999996E-3,481.45,0,458.28,5.3E-3]
["Caixas Enterradas",98115,"TAMPA CIRCULAR PARA ESGOTO E DRENAGEM, EM CONCRETO PRÉ-MOLDADO, DIÂMETRO INTERNO = 0,60 M E ALTURA = 0,10 M. AF_12/2020","UN",121.54,1.03E-2,93.83,1.1900000000000001E-2,113.63,9.9000000000000008E-3,104.09,1.0800000000000001E-2,103.99,0,98.14,1.2699999999999999E-2,105.08,1.0699999999999999E-2,105.86,4.1999999999999997E-3,99.92,1.12E-2,101.86,1.0999999999999999E-2,100.62,4.4000000000000003E-3,92.25,1.21E-2,95.9,1.17E-2,111.67,0.01,86.05,1.4500000000000001E-2,96.22,1.1599999999999999E-2,98.83,6.8999999999999999E-3,113.24,5.8999999999999999E-3,119.72,5.5999999999999999E-3,93.91,1.3299999999999999E-2,117.34,9.4999999999999998E-3,122.94,9.1000000000000004E-3,100.89,0,107.38,4.1000000000000003E-3,93.86,1.1900000000000001E-2,105.61,0,96.77,1.1599999999999999E-2]
["Caixas de Água para Edificações",102618,"CAIXA D´ÁGUA EM POLIÉSTER REFORÇADO COM FIBRA DE VIDRO, 7000 LITROS - FORNECIMENTO E INSTALAÇÃO. AF_06/2021","UN",4214.5,0.1028,4267.8,0.10150000000000001,4187.82,0.10340000000000001,3941.38,0.1099,4000.78,0.10829999999999999,4484.82,9.6600000000000005E-2,4369.9399999999996,9.9099999999999994E-2,4240.49,0.1021,3849.15,0.1125,4378.0200000000004,9.8900000000000002E-2,4410.2700000000004,9.8199999999999996E-2,4178.12,0.1037,4129.0600000000004,0.10489999999999999,4610.47,9.3899999999999997E-2,4208.92,0.10290000000000001,3842.38,0.11269999999999999,4739.8100000000004,9.1399999999999995E-2,4599.7,9.4200000000000006E-2,4058.37,0.1067,4143.96,0.1045,4697.63,9.2200000000000004E-2,4721.72,9.1700000000000004E-2,4509.7,0,3913.57,0,4272.16,0.1014,4065.2,0,4735.03,9.1499999999999998E-2]
["Caixas de Água para Edificações",102601,"FURO EM CAIXA D'ÁGUA COM ESPESSURA DE 2 ATÉ 5 MM E DIÂMETRO DE 75 MM. AF_06/2021","UN",8.52,0,7.99,0,8.91,0,7.01,0,8.7100000000000009,0,8.2100000000000009,0,8.7100000000000009,0,9.18,0,8.15,0,8.11,0,8.2799999999999994,0,7.28,0,7.3,0,8.41,0,6.72,0,8.1,0,7.33,0,10.48,0,10.83,0,7.45,0,8.89,0,8.4499999999999993,0,8.1199999999999992,0,9.14,0,7.35,0,10.97,0,8.31,0]
["Canaletas, Grelhas e Caixas com Grelha para Drenagem",102994,"CANALETA MEIA CANA PRÉ-MOLDADA DE CONCRETO (D = 80 CM) - FORNECIMENTO E INSTALAÇÃO. AF_05/2025","M",275.42,9.6699999999999994E-2,186.48,0.14280000000000001,258.10000000000002,0.79259999999999997,246.99,0.82820000000000005,213.54,0,251.9,0.81210000000000004,208.62,0.12759999999999999,285.62,0,250.05,0.81810000000000005,250.36,0.81710000000000005,316.43,0,246.84,0.7208,246.33,0.83040000000000003,342.97,0,243.97,0.83850000000000002,248.97,0.8216,384.23,6.93E-2,177.75,0,308.95,0,282.13,9.4399999999999998E-2,329.52,0,255.65,0.80020000000000002,235.91,0,198.8,0,194.49,0.13689999999999999,260.69,0,248.59,0.82289999999999996]
["Canaletas, Grelhas e Caixas com Grelha para Drenagem",106001,"EXECUÇÃO DE VALETA DE CONCRETO ARMADO MOLDADO IN LOCO, ESPESSURA DE 0,08 M, GEOMETRIA TRAPEIZOIDAL, COM DIMENSÕES INTERNAS: B=1,0 M; B=0,40 M; H=0,30 M. AF_05/2025","M",184.07,0.18179999999999999,142.04,0,174.75,0,165.03,0.2021,147.74,0,142.63,8.0000000000000004E-4,155.44,0,151.93,0,141.18,0,149.18,0.22359999999999999,147.41999999999999,0,136.04,0,162.05000000000001,0,179.92,0,131.16999999999999,0.25519999999999998,136.85,0.2437,159.53,0,153.07,0,149.41999999999999,0,136.81,0.24460000000000001,187.46,0,192.41,0.17330000000000001,150.46,0,153.19999999999999,0,135.56,0.246,136.06,0,145.19,0.22969999999999999]
["Cercas, Protetores e Alambrados",102364,"ALAMBRADO PARA QUADRA POLIESPORTIVA, ESTRUTURADO POR TUBOS DE ACO GALVANIZADO, (MONTANTES COM DIAMETRO 2\", TRAVESSAS E ESCORAS COM DIÂMETRO 1 ¼\"), COM TELA DE ARAME GALVANIZADO, FIO 10 BWG E MALHA QUADRADA 5X5CM (EXCETO MURETA). AF_03/2021","M2",210.23,0.39939999999999998,192.65,0.74770000000000003,206.52,0.69810000000000005,249,0.3372,218.66,0,196,0.7349,194.55,0.43159999999999998,233.74,0.25700000000000001,198.92,0.42209999999999998,196.65,0.73250000000000004,224.09,0,189.24,0.44369999999999998,190.88,0.75470000000000004,216.51,0.38779999999999998,188.47,0.76429999999999998,208.71,0,192.22,0.74939999999999996,224.16,0.37459999999999999,238.79,0.35160000000000002,184.63,0.32540000000000002,236.68,0,198.94,0.72470000000000001,194.45,0,187.22,0,192.96,0.74709999999999999,207.69,0,209.73,0.28649999999999998]
["Cercas, Protetores e Alambrados",101190,"CERCA COM MOURÕES DE CONCRETO, RETO, H=3,00 M, ESPAÇAMENTO DE 2,5 M, CRAVADOS 0,5 M, COM 4 FIOS DE ARAME DE AÇO OVALADO 15X17 - FORNECIMENTO E INSTALAÇÃO. AF_05/2020","M",85.99,0,72.34,0,67.88,0,69.72,0,62.26,0,61.84,0,68.2,0,79.819999999999993,0,73.94,0,73.209999999999994,0,81.650000000000006,0,62.11,0,68.89,0,70.78,0,54.91,0,67.56,0,60.21,0,75.709999999999994,0,81.95,0,64.83,0,69.8,0,75.989999999999995,0,69.180000000000007,0,68.069999999999993,0,61.65,0,70.349999999999994,0,71.66,0]
["Chapisco",87892,"CHAPISCO APLICADO EM ALVENARIA (SEM PRESENÇA DE VÃOS) E ESTRUTURAS DE CONCRETO DE FACHADA, COM ROLO PARA TEXTURA ACRÍLICA. ARGAMASSA INDUSTRIALIZADA COM PREPARO EM MISTURADOR 300 KG. AF_10/2022","M2",14.85,0,11.86,0,15.21,0,12.78,0,12.1,0,14.68,0,9.81,0,10.92,0,11.13,0,13.25,0,9.9,0,11.59,0,14.31,0,12.09,0,11.03,0,12.92,0,10.35,0,11.36,0,11.68,0,11.23,0,12.67,0,19,0,10.83,0,10.48,0,11.74,0,11.7,0,10.3,0]
["Concretagem para Estruturas de Concreto Armado",103688,"CONCRETAGEM DE PILARES, FCK=25 MPA, COM USO DE JERICAS EM CREMALHEIRA - LANÇAMENTO, ADENSAMENTO E ACABAMENTO. AF_02/2022","M3",2195.9299999999998,2.9999999999999997E-4,810.66,6.9999999999999999E-4,1303.83,5.0000000000000001E-4,1218.92,5.0000000000000001E-4,939.41,0,785.39,8.0000000000000004E-4,831.45,6.9999999999999999E-4,962.35,5.9999999999999995E-4,937.87,5.9999999999999995E-4,941.91,5.9999999999999995E-4,853.08,6.9999999999999999E-4,892.32,6.9999999999999999E-4,1061.1600000000001,5.9999999999999995E-4,1048.0899999999999,5.9999999999999995E-4,828.06,6.9999999999999999E-4,778.57,8.0000000000000004E-4,853.46,0,815.58,0,879.99,0,846.96,6.9999999999999999E-4,1251.48,5.0000000000000001E-4,1526.55,4.0000000000000002E-4,872.3,0,954.84,5.9999999999999995E-4,783.04,8.0000000000000004E-4,796.26,0,999.29,5.9999999999999995E-4]
["Concretagem para Estruturas de Concreto Armado",103675,"CONCRETAGEM DE VIGAS E LAJES, FCK=25 MPA, PARA LAJES MACIÇAS OU NERVURADAS COM USO DE BOMBA - LANÇAMENTO, ADENSAMENTO E ACABAMENTO. AF_02/2022_PS","M3",1939.66,1E-4,652.19000000000005,2.9999999999999997E-4,1090.81,2.0000000000000001E-4,1043.6099999999999,2.0000000000000001E-4,752.51,0,614.34,2.9999999999999997E-4,649.74,2.9999999999999997E-4,763.85,2.0000000000000001E-4,759.76,2.0000000000000001E-4,761.55,2.0000000000000001E-4,681.43,2.9999999999999997E-4,726.74,2.0000000000000001E-4,888.59,2.0000000000000001E-4,855.48,2.0000000000000001E-4,674.7,2.9999999999999997E-4,607.78,2.9999999999999997E-4,690.01,0,609.02,0,659.82,0,681.22,2.9999999999999997E-4,1041.27,2.0000000000000001E-4,1312.06,1E-4,696.49,0,764.61,2.0000000000000001E-4,622.84,2.9999999999999997E-4,592.97,0,825.97,2.0000000000000001E-4]
["Concreto Projetado",91091,"EXECUÇÃO DE REVESTIMENTO DE CONCRETO PROJETADO COM ESPESSURA DE 10 CM, ARMADO COM TELA, INCLINAÇÃO MENOR QUE 90°, APLICAÇÃO DESCONTÍNUA, UTILIZANDO EQUIPAMENTO DE PROJEÇÃO COM 3 M³/H DE CAPACIDADE. AF_07/2024","M2",313.26,0.13270000000000001,244.6,7.0300000000000001E-2,304.39,6.2399999999999997E-2,287.04000000000002,0.1255,275,6.25E-2,258.99,8.7800000000000003E-2,270.73,6.3500000000000001E-2,274.67,6.2600000000000003E-2,246.34,6.9800000000000001E-2,259.74,0.14560000000000001,280.5,6.13E-2,246.12,7.7200000000000005E-2,260.2,6.6100000000000006E-2,292.51,5.8799999999999998E-2,233.21,0.17050000000000001,249.21,0.14449999999999999,271.16000000000003,6.3399999999999998E-2,276.98,6.2100000000000002E-2,290.89,5.91E-2,261.97000000000003,0.15859999999999999,307.01,5.6000000000000001E-2,318.89999999999998,0.1186,292.51,5.8799999999999998E-2,273.13,6.9500000000000006E-2,251.33,0.14330000000000001,262.7,0,256.07,0.1477]
["Concreto Protendido",104286,"ANCORAGEM ATIVA PARA CABO COM 12 CORDOALHAS DE DIÂMETRO NOMINAL DE 12,7 MM. AF_08/2022","UN",0,null,0,null,0,null,0,null,0,null,0,null,0,null,0,null,0,null,0,null,0,null,0,null,0,null,0,null,0,null,0,null,0,null,0,null,0,null,0,null,0,null,0,null,0,null,0,null,0,null,0,null,0]
["Concreto Protendido",104272,"ANCORAGEM PASSIVA PARA CABO COM 2 CORDOALHAS DE DIÂMETRO NOMINAL DE 15,2 MM. AF_08/2022","UN",0,null,0,null,0,null,0,null,0,null,0,null,0,null,0,null,0,null,0,null,0,null,0,null,0,null,0,null,0,null,0,null,0,null,0,null,0,null,0,null,0,null,0,null,0,null,0,null,0,null,0,null,0]
["Concreto Protendido",104308,"FORNECIMENTO E INSTALAÇÃO DE BAINHA CIRCULAR COM DIÂMETRO NOMINAL DE 55 MM, INCLUSIVE INJEÇÃO DE NATA DE CIMENTO. AF_08/2022","M",0,null,0,null,0,null,0,null,0,null,0,null,0,null,0,null,0,null,0,null,0,null,0,null,0,null,0,null,0,null,0,null,0,null,0,null,0,null,0,null,0,null,0,null,0,null,0,null,0,null,0,null,0]
["Contrapiso",90953,"CONTRAPISO ACÚSTICO EM ARGAMASSA PRONTA, PREPARO MECÂNICO COM MISTURADOR 300 KG, APLICADO EM ÁREAS SECAS, ACABAMENTO NÃO REFORÇADO, ESPESSURA 7CM. AF_07/2021","M2",268.85000000000002,3.6400000000000002E-2,217.23,6.7500000000000004E-2,273.16000000000003,8.8200000000000001E-2,252.35,0,217.94,0,265.3,9.2200000000000004E-2,170.99,0,193.69,7.5700000000000003E-2,196.8,0,237.79,0.1013,174.09,0,211.07,4.4600000000000001E-2,260.64,5.6300000000000003E-2,222.09,0,202.88,7.4099999999999999E-2,236.95,0,194.45,7.5399999999999995E-2,200.63,0,206.67,0,205.36,0.1191,235.74,0,342.16,7.0400000000000004E-2,195.82,0,182.07,5.1700000000000003E-2,217.28,6.7500000000000004E-2,205.41,0,185.37,0.12989999999999999]
["Contrapiso",87739,"CONTRAPISO EM ARGAMASSA PRONTA, PREPARO MANUAL, APLICADO EM ÁREAS MOLHADAS SOBRE LAJE, ADERIDO, ACABAMENTO NÃO REFORÇADO, ESPESSURA 2CM. AF_07/2021","M2",123.67,0,99.44,0,124.77,2.4199999999999999E-2,106.03,0,100.38,0,119.94,2.52E-2,83.34,0,91.87,3.2899999999999999E-2,92.5,0,109.64,0,82.77,0,96.28,3.1399999999999997E-2,117.14,2.58E-2,102.53,0,93.47,0,107.41,0,87.67,0,95.92,0,99.98,0,93.98,0,106.88,0,153.66,0,90.95,0,88.56,0,98.82,0,99.54,0,86.29,0]
["Contrapiso",87620,"CONTRAPISO EM ARGAMASSA TRAÇO 1:4 (CIMENTO E AREIA), PREPARO MECÂNICO COM BETONEIRA 400 L, APLICADO EM ÁREAS SECAS SOBRE LAJE, ADERIDO, ACABAMENTO NÃO REFORÇADO, ESPESSURA 2CM. AF_07/2021","M2",42.05,1.4E-3,30.16,0,35.31,8.5500000000000007E-2,37.15,0,36.130000000000003,0,31.6,9.7500000000000003E-2,34.56,0,30.24,9.9900000000000003E-2,31.21,0,35.25,0,33.32,0,30.08,0.1004,31.89,9.4700000000000006E-2,38.770000000000003,0,30.47,2E-3,31.18,0,34.200000000000003,0,34.46,0,34.61,0,29.8,2E-3,39.07,0,43.86,0,34.72,0,36.72,0,31.07,0,30.59,0,32.97,0]
["Custos Horários Produtivo e Improdutivo dos Equipamentos",89226,"BETONEIRA CAPACIDADE NOMINAL DE 600 L, CAPACIDADE DE MISTURA 360 L, MOTOR ELÉTRICO TRIFÁSICO POTÊNCIA DE 4 CV, SEM CARREGADOR - CHI DIURNO. AF_05/2023","CHI",1.56,1,1.52,0,1.66,0,1.84,0,1.79,0,1.56,1,1.79,0,1.52,0,1.55,0,1.92,0,1.95,0,1.59,0,1.7,0,1.95,0,1.56,1,1.62,0,2.04,0,1.58,0,1.68,0,1.56,1,1.88,0,1.86,0,1.55,0,1.52,0,1.82,0,1.56,0,1.87,0]
["Custos Horários Produtivo e Improdutivo dos Equipamentos",90657,"BOMBA DE PROJEÇÃO DE CONCRETO SECO, POTÊNCIA 10 CV, VAZÃO 3 M3/H - CHI DIURNO. AF_06/2015","CHI",4.71,1,4.5999999999999996,0,4.9800000000000004,0,5.56,0,5.39,0,4.71,1,5.41,0,4.58,0,4.6500000000000004,0,5.76,0,5.88,0,4.79,0,5.1100000000000003,0,5.87,0,4.71,1,4.8899999999999997,0,6.13,0,4.7699999999999996,0,5.08,0,4.71,1,5.64,0,5.59,0,4.6500000000000004,0,4.59,0,5.46,0,4.71,0,5.61,0]
["Custos Horários Produtivo e Improdutivo dos Equipamentos",89883,"CAMINHÃO BASCULANTE 18 M3, COM CAVALO MECÂNICO DE CAPACIDADE MÁXIMA DE TRAÇÃO COMBINADO DE 45000 KG, POTÊNCIA 330 CV, INCLUSIVE SEMIREBOQUE COM CAÇAMBA METÁLICA - CHP DIURNO. AF_12/2014","CHP",420.17,0.31869999999999998,361.44,0.37040000000000001,393.28,0.34039999999999998,375.73,0.35630000000000001,353.63,0,372.76,0.35920000000000002,370.11,0.36180000000000001,364.42,0.24030000000000001,365.87,0.3659,360.46,0.1285,361.59,0,361.54,0.12809999999999999,381.93,0.2293,379.1,0.35320000000000001,349.02,0.3836,350.65,0.38179999999999997,349.05,0.25090000000000001,360.72,0,396.16,0,366.84,0.36499999999999999,383.27,0.12089999999999999,396.84,0.33739999999999998,386.21,0,379.61,0.122,355.69,0,373.08,0,364.69,0.24010000000000001]
["Custos Horários Produtivo e Improdutivo dos Equipamentos",91032,"CAMINHÃO TRUCADO (C/ TERCEIRO EIXO) ELETRÔNICO - POTÊNCIA 231CV - PBT = 22000KG - DIST. ENTRE EIXOS 5170 MM - INCLUI CARROCERIA FIXA ABERTA DE MADEIRA - CHI DIURNO. AF_06/2015","CHI",65.290000000000006,0.60019999999999996,64.010000000000005,0.61219999999999997,76.8,0.51029999999999998,62.98,0.62229999999999996,70.069999999999993,0,70.73,0.55410000000000004,67.88,0.57730000000000004,69.67,0.5302,68.64,0.57089999999999996,67.819999999999993,3.32E-2,68.58,0,63.39,0.61819999999999997,69.260000000000005,0.53339999999999999,69.33,3.2500000000000001E-2,62.49,0.62709999999999999,67.41,3.3399999999999999E-2,62.4,0.59199999999999997,73.78,0.50070000000000003,89.96,0.41060000000000002,67.3,0.58230000000000004,69.8,3.2199999999999999E-2,68.69,0.57050000000000001,68.73,0,73.739999999999995,3.0499999999999999E-2,67.17,0.54990000000000006,73.040000000000006,0,75.47,0]
["Custos Horários Produtivo e Improdutivo dos Equipamentos",90979,"COMPRESSOR DE AR REBOCÁVEL, VAZÃO 748 PCM, PRESSÃO EFETIVA DE TRABALHO 102 PSI, MOTOR DIESEL, POTÊNCIA 210 CV - CHP DIURNO. AF_06/2015","CHP",245.59,0.18360000000000001,201.18,0.22409999999999999,215.63,0.20910000000000001,213,0.21160000000000001,201.7,0.2235,204.59,0.2203,204.86,0.22009999999999999,200.92,0.22439999999999999,200.92,0.22439999999999999,200.13,0.2253,198.55,0.22700000000000001,203.54,0.2215,210.64,0.214,212.22,0.21240000000000001,192.77,0.2339,191.98,0.23480000000000001,200.13,0.2253,200.13,0.2253,202.76,0.2223,202.76,0.2223,213,0.21160000000000001,224.83,0.20050000000000001,204.33,0.22059999999999999,205.38,0.2195,205.91,0.21890000000000001,203.02,0,205.91,0.21890000000000001]
["Custos Horários Produtivo e Improdutivo dos Equipamentos",103938,"CONJUNTO MACACO HIDRÁULICO E CENTRAL DE BOMBEAMENTO MOTORIZADO 1,8 KW PARA PROTENSÃO DE MONOCABOS PARA CONCRETO PROTENDIDO, ESFORÇO MÁXIMO DE 20 TONELADAS - CHP DIURNO. AF_05/2022","CHP",0,null,0,null,0,null,0,null,0,null,0,null,0,null,0,null,0,null,0,null,0,null,0,null,0,null,0,null,0,null,0,null,0,null,0,null,0,null,0,null,0,null,0,null,0,null,0,null,0,null,0,null,0]
["Custos Horários Produtivo e Improdutivo dos Equipamentos",88908,"ESCAVADEIRA HIDRÁULICA SOBRE ESTEIRAS, CAÇAMBA 1,20 M3, PESO OPERACIONAL 21 T, POTÊNCIA BRUTA 155 HP - CHI DIURNO. AF_06/2014","CHI",103.14,0.66459999999999997,91.59,0.74839999999999995,109.29,0.62719999999999998,94.12,0.72829999999999995,106.93,0,101.59,0.67479999999999996,97.37,0.70399999999999996,101.55,0,96.83,0.70789999999999997,94.89,0.72240000000000004,104.25,0,94.3,0,91.55,0.74880000000000002,95.22,0,91.6,0.74839999999999995,94.59,0.72470000000000001,96.16,0.71289999999999998,102.38,0,112.99,0,103.66,0.6613,104.12,0,100.16,0.68440000000000001,113.82,0,106.3,0,97.71,0.7016,110.89,0,95.75,0.71589999999999998]
["Custos Horários Produtivo e Improdutivo dos Equipamentos",102838,"ESTABILIZADOR DE LINHA E PRESSÃO, CAPACIDADE DE 120 BAR, COM MANÔMETRO DE LEITURA, REGISTRO DE 1 COM RETORNO E LINHA - CHP DIURNO. AF_05/2023","CHP",0,null,0,null,0,null,0,null,0,null,0,null,0,null,0,null,0,null,0,null,0,null,0,null,0,null,0,null,0,null,0,null,0,null,0,null,0,null,0,null,0,null,0,null,0,null,0,null,0,null,0,null,0]
["Custos Horários Produtivo e Improdutivo dos Equipamentos",89272,"GUINDASTE HIDRÁULICO AUTOPROPELIDO, COM LANÇA TELESCÓPICA 28,80 M, CAPACIDADE MÁXIMA 30 T, POTÊNCIA 97 KW, TRAÇÃO 4 X 4 - CHP DIURNO. AF_11/2014","CHP",232.07,0.69259999999999999,210.41,0.76390000000000002,232.65,0.69089999999999996,217.09,0.74039999999999995,236.1,0.68079999999999996,233.93,0.68710000000000004,215.45,0.74609999999999999,234.41,0.68569999999999998,218.75,0.73480000000000001,219.41,0.73260000000000003,224.62,0.71560000000000001,220.06,0.73040000000000005,215.06,0.74739999999999995,220.51,0.72889999999999999,214.73,0.74860000000000004,217.84,0.7379,221.27,0.72640000000000005,232.39,0.69169999999999998,233.22,0.68920000000000003,230.56,0.69720000000000004,221.94,0.72419999999999995,225.28,0.71350000000000002,238.19,0,214.55,0,224.14,0.71709999999999996,222.57,0,217.42,0.73929999999999996]
["Custos Horários Produtivo e Improdutivo dos Equipamentos",102851,"GUINDASTE SOBRE ESTEIRAS, COM LANÇA TRELIÇADA 40 M, CAPACIDADE MÁXIMA 75 T - CHI DIURNO. AF_04/2019","CHI",0,null,0,null,0,null,0,null,0,null,0,null,0,null,0,null,0,null,0,null,0,null,0,null,0,null,0,null,0,null,0,null,0,null,0,null,0,null,0,null,0,null,0,null,0,null,0,null,0,null,0,null,0]
["Custos Horários Produtivo e Improdutivo dos Equipamentos",104521,"LIXADEIRA DE PAREDE, COM LED, POTÊNCIA 750 W, FREQUÊNCIA 60 HZ, VELOCIDADE 1000 A 2100 RPM, DIÂMETRO DA LIXA 225 MM - CHI DIURNO AF_12/2022","CHI",0,null,0,null,0,null,0,null,0,null,0,null,0,null,0,null,0,null,0,null,0,null,0,null,0,null,0,null,0,null,0,null,0,null,0,null,0,null,0,null,0,null,0,null,0,null,0,null,0,null,0,null,0]
["Custos Horários Produtivo e Improdutivo dos Equipamentos",90637,"MISTURADOR DUPLO HORIZONTAL DE ALTA TURBULÊNCIA, CAPACIDADE / VOLUME 2 X 500 LITROS, MOTORES ELÉTRICOS MÍNIMO 5 CV CADA, PARA NATA CIMENTO, ARGAMASSA E OUTROS - CHP DIURNO. AF_06/2015","CHP",16.100000000000001,0.56889999999999996,15.39,0,15.82,0,17.190000000000001,0,17.350000000000001,0,15.54,0.58940000000000003,15.02,0,14.72,0,15.55,0,17.2,0,18.809999999999999,0,16.12,0,16.62,0,18.46,0,13.85,0.66139999999999999,15.76,0,18.78,0,14.53,0,17,0,15.23,0.60140000000000005,20.98,0,16.989999999999998,0,15.31,0,13.55,0,16.5,0,14.6,0,18.47,0]
["Custos Horários Produtivo e Improdutivo dos Equipamentos",5806,"MOTOBOMBA CENTRÍFUGA, MOTOR A GASOLINA, POTÊNCIA 5,42 HP, BOCAIS 1 1/2\" X 1\", DIÂMETRO ROTOR 143 MM HM/Q = 6 MCA / 16,8 M3/H A 38 MCA / 6,6 M3/H - CHI DIURNO. AF_06/2014","CHI",0.28999999999999998,0,0.2,0,0.28999999999999998,0,0.28000000000000003,0,0.23,0,0.3,0,0.33,0,0.3,0,0.24,0,0.27,0,0.38,0,0.32,0,0.26,0,0.28999999999999998,0,0.28999999999999998,0,0.21,0,0.34,0,0.27,0,0.24,0,0.25,0,0.4,0,0.28000000000000003,0,0.3,0,0.22,0,0.34,0,0.3,0,0.21,0]
["Custos Horários Produtivo e Improdutivo dos Equipamentos",103157,"MÁQUINA PARA SOLDA POR ELETROFUSÃO PARA TUBOS DE POLIETILENO DE ALTA DENSIDADE (PEAD) COM DIÂMETRO EXTERNO DE 20 A 800 MM, POTÊNCIA ENTRE 2750 E 3000 W - CHP DIURNO. AF_05/2023","CHP",0,null,0,null,0,null,0,null,0,null,0,null,0,null,0,null,0,null,0,null,0,null,0,null,0,null,0,null,0,null,0,null,0,null,0,null,0,null,0,null,0,null,0,null,0,null,0,null,0,null,0,null,0]
["Custos Horários Produtivo e Improdutivo dos Equipamentos",103230,"PERFURATRIZ PARA FURO DIRECIONAL HORIZONTAL (HDD) COM CAPACIDADE DE 90 KN A 200 KN, POTÊNCIA 100 HP A 160 HP (INCLUSO FERRAMENTAS E LOCALIZADOR) - CHP DIURNO. AF_05/2023","CHP",1028.05,0.8599,991.68,0.89149999999999996,1018.35,0.86809999999999998,1010.71,0.87470000000000003,986.31,0,1004.91,0.87970000000000004,997.65,0.8861,972.28,0,992.42,0.89080000000000004,997.8,0.88600000000000001,989.39,0,955.98,0,996.46,0.88719999999999999,972.28,0,987.54,0.8952,988.92,0.89390000000000003,994.73,0.88870000000000005,988.69,0,1055.3,0,998.9,0.88500000000000001,1077.3,0,1013.76,0.872,1123.9000000000001,0,1100.23,0,1001.23,0.88300000000000001,1007.03,0,998.13,0.88570000000000004]
["Custos Horários Produtivo e Improdutivo dos Equipamentos",88438,"PROJETOR DE ARGAMASSA, CAPACIDADE DE PROJEÇÃO 2 M3/H, ALCANCE ATÉ 50 M, MOTOR ELÉTRICO POTÊNCIA 7,5 HP - CHI DIURNO. AF_06/2014","CHI",8.36,1,8.16,0,8.85,0,9.86,0,9.5500000000000007,0,8.36,1,9.61,0,8.1199999999999992,0,8.25,0,10.23,0,10.44,0,8.49,0,9.07,0,10.4,0,8.36,1,8.68,0,10.87,0,8.4700000000000006,0,9.01,0,8.36,1,10.01,0,9.91,0,8.26,0,8.15,0,9.6999999999999993,0,8.36,0,9.9600000000000009,0]
["Custos Horários Produtivo e Improdutivo dos Equipamentos",5678,"RETROESCAVADEIRA SOBRE RODAS COM CARREGADEIRA, TRAÇÃO 4X4, POTÊNCIA LÍQ. 88 HP, CAÇAMBA CARREG. CAP. MÍN. 1 M3, CAÇAMBA RETRO CAP. 0,26 M3, PESO OPERACIONAL MÍN. 6.674 KG, PROFUNDIDADE ESCAVAÇÃO MÁX. 4,37 M - CHP DIURNO. AF_06/2014","CHP",165.34,0.3972,139.37,0.47120000000000001,166.13,0,145.74,0.4506,161.81,0,150.47999999999999,0.43640000000000001,146.35,0.44869999999999999,151.96,0,144.53,0.45440000000000003,142.33000000000001,0.46139999999999998,153.86000000000001,0,146.47999999999999,0,142.4,0.4612,151.83000000000001,0,136.65,0.48060000000000003,139.38999999999999,0.47110000000000002,143.6,0.45729999999999998,149.53,0,157.94,0,151.96,0.43219999999999997,150.6,0.43609999999999999,155.62,0.42199999999999999,152.41999999999999,0,150.38,0,147.03,0.4466,159.27000000000001,0,145.07,0.45269999999999999]
["Custos Horários Produtivo e Improdutivo dos Equipamentos",7049,"ROLO COMPACTADOR PE DE CARNEIRO VIBRATORIO, POTENCIA 125 HP, PESO OPERACIONAL SEM/COM LASTRO 11,95 / 13,30 T, IMPACTO DINAMICO 38,5 / 22,5 T, LARGURA DE TRABALHO 2,15 M - CHP DIURNO. AF_06/2014","CHP",255.17,0.43909999999999999,222.8,0.50290000000000001,240.85,0.4652,233.98,0.4788,232.56,0,235.29,0.47620000000000001,227.85,0.49170000000000003,229.32,0.48859999999999998,221.9,0.50490000000000002,224.31,0.4995,223.16,0.50209999999999999,226.15,0.49540000000000001,226.35,0.495,233.48,0.47989999999999999,218,0.51390000000000002,219.14,0.51129999999999998,224.08,0.5,229.28,0.48870000000000002,240.13,0.46660000000000001,229.55,0.48809999999999998,237.18,0.47239999999999999,239.41,0.46800000000000003,235.81,0.47510000000000002,218.16,0,227.37,0.49280000000000002,235.75,0,225.68,0.4965]
["Custos Horários Produtivo e Improdutivo dos Equipamentos",7031,"TANQUE DE ASFALTO ESTACIONÁRIO COM SERPENTINA, CAPACIDADE 30.000 L - CHI DIURNO. AF_05/2023","CHI",6.33,1,6.33,1,6.33,1,6.33,1,6.33,1,6.33,1,6.33,1,6.33,1,6.33,1,6.33,1,6.33,1,6.33,1,6.33,1,6.33,1,6.33,1,6.33,1,6.33,1,6.33,1,6.33,1,6.33,1,6.33,1,6.33,1,6.33,1,6.33,1,6.33,1,6.33,0,6.33,1]
["Custos Horários Produtivo e Improdutivo dos Equipamentos",96028,"TRATOR DE PNEUS COM POTÊNCIA DE 85 CV, TRAÇÃO 4X4, COM GRADE DE DISCOS ACOPLADA - CHP DIURNO. AF_02/2017","CHP",160.12,0.25740000000000002,129.31,0.31869999999999998,154.16999999999999,0.26729999999999998,146.86000000000001,0.28060000000000002,144.19,0,142.11000000000001,0.28999999999999998,134.82,0.30570000000000003,144.85,0.28449999999999998,130.08000000000001,0.31680000000000003,135.56,0.30399999999999999,145.51,5.4100000000000002E-2,135.44999999999999,0.30420000000000003,132.9,0.31009999999999999,140.34,0.29360000000000003,126.22,0.32650000000000001,127.7,0.32269999999999999,132.49,0.311,141.47,0.2913,149.65,0.27539999999999998,136.33000000000001,0.30230000000000001,159.66999999999999,0,148.41999999999999,0.2777,156.03,0,140.02000000000001,0.29430000000000001,138.91999999999999,5.67E-2,144.43,0,135.16999999999999,0.3049]
["Custos Horários Produtivo e Improdutivo dos Equipamentos",5829,"USINA DE CONCRETO FIXA, CAPACIDADE NOMINAL DE 90 A 120 M3/H, SEM SILO - CHI DIURNO. AF_07/2016","CHI",173.2,0.24590000000000001,155.41,0.27400000000000002,186.44,0.22839999999999999,146.97,0.2898,186.77,0.22800000000000001,175.19,0.24310000000000001,174.2,0.2445,183.99,0.23150000000000001,158.72999999999999,0.26829999999999998,166.35,0.25600000000000001,164.66,0.25869999999999999,159.34,0.26729999999999998,148.31,0.28720000000000001,169.33,0.2515,147.1,0.28949999999999998,159.72999999999999,0.2666,164.77,0.25850000000000001,194.94,0.2185,202.64,0.2102,170.54,0.24970000000000001,177.27,0.24030000000000001,162.69999999999999,0.26179999999999998,184.27,0.2311,173.47,0.2455,165.13,0.25790000000000002,199.72,0,158.49,0.26869999999999999]
["Custos Horários Produtivo e Improdutivo dos Equipamentos",103662,"VARREDEIRA DE GRAMA SINTÉTICA A GASOLINA, 2,4 CV, 4 TEMPOS - CHI DIURNO. AF_05/2023","CHI",0,null,0,null,0,null,0,null,0,null,0,null,0,null,0,null,0,null,0,null,0,null,0,null,0,null,0,null,0,null,0,null,0,null,0,null,0,null,0,null,0,null,0,null,0,null,0,null,0,null,0,null,0]
["Demolições e Remoções",97633,"DEMOLIÇÃO DE REVESTIMENTO CERÂMICO, DE FORMA MANUAL, SEM REAPROVEITAMENTO. AF_09/2023","M2",24.17,0,20.84,0,26.76,0,20.36,0,24.66,0,23.42,0,24.92,0,26.38,0,23.12,0,23.51,0,23.15,0,21.3,0,20.77,0,24.7,0,19.73,0,23.49,0,21.31,0,29.75,0,32.08,0,21.91,0,26.1,0,24.41,0,23.46,0,24.8,0,21.43,0,29.49,0,21.54,0]
["Demolições e Remoções",104799,"REMOÇÃO DE PLACAS DE SINALIZAÇÃO VIÁRIA, DE FORMA MANUAL, SEM REAPROVEITAMENTO. AF_09/2023","M2",11.4,0,9.5299999999999994,0,12.36,0,9.31,0,12.17,0,11.02,0,11.43,0,12.91,0,10.25,0,10.8,0,10.57,0,10.44,0,9.7100000000000009,0,11.45,0,8.8800000000000008,0,10.57,0,9.77,0,13.88,0,15.6,0,10.7,0,12.59,0,10.76,0,11.91,0,11.26,0,10.07,0,14.14,0,9.83,0]
["Demolições e Remoções",97637,"REMOÇÃO DE TAPUME/ CHAPAS METÁLICAS E DE MADEIRA, DE FORMA MANUAL, SEM REAPROVEITAMENTO. AF_09/2023","M2",3.04,0,2.5299999999999998,0,3.29,0,2.48,0,3.25,0,2.93,0,3.04,0,3.44,0,2.73,0,2.87,0,2.82,0,2.78,0,2.59,0,3.04,0,2.35,0,2.8,0,2.6,0,3.7,0,4.16,0,2.85,0,3.35,0,2.86,0,3.18,0,3,0,2.68,0,3.77,0,2.61,0]
["Depreciação, Juros, Impostos e Seguros, Manutenção e Materiais na Operação dos Equipamentos",103663,"BATE ESTACA PARA INSTALAÇÃO DE DEFENSAS METÁLICAS (GUARD RAIL) FIXO, INCLUSIVE CAMINHÃO TOCO PBT 9.700 KG, POTÊNCIA DE 160 CV - DEPRECIAÇÃO. AF_05/2023","H",0,null,0,null,0,null,0,null,0,null,0,null,0,null,0,null,0,null,0,null,0,null,0,null,0,null,0,null,0,null,0,null,0,null,0,null,0,null,0,null,0,null,0,null,0,null,0,null,0,null,0,null,0]
["Depreciação, Juros, Impostos e Seguros, Manutenção e Materiais na Operação dos Equipamentos",93232,"BETONEIRA CAPACIDADE NOMINAL 400 L, CAPACIDADE DE MISTURA 310 L, MOTOR A GASOLINA POTÊNCIA 5,5 CV, SEM CARREGADOR - MATERIAIS NA OPERAÇÃO. AF_02/2016","H",5.82,0,4.78,0,5.41,0,4.6100000000000003,0,4.78,0,4.88,0,5.01,0,4.6399999999999997,0,4.74,0,4.57,0,4.68,0,4.58,0,4.84,0,4.8,0,4.6500000000000004,0,4.88,0,4.47,0,4.99,0,4.6500000000000004,0,4.8899999999999997,0,5.07,0,5.35,0,4.63,0,4.88,0,5.1100000000000003,0,4.6500000000000004,0,5.07,0]
["Depreciação, Juros, Impostos e Seguros, Manutenção e Materiais na Operação dos Equipamentos",90660,"BOMBA DE PROJEÇÃO DE CONCRETO SECO, POTÊNCIA 10 CV, VAZÃO 6 M3/H - MANUTENÇÃO. AF_06/2015","H",4.49,1,4.38,0,4.75,0,5.3,0,5.13,0,4.49,1,5.16,0,4.3600000000000003,0,4.43,0,5.49,0,5.6,0,4.5599999999999996,0,4.87,0,5.58,0,4.49,1,4.66,0,5.83,0,4.55,0,4.84,0,4.49,1,5.37,0,5.32,0,4.43,0,4.37,0,5.21,0,4.49,0,5.34,0]
["Depreciação, Juros, Impostos e Seguros, Manutenção e Materiais na Operação dos Equipamentos",89020,"BOMBA SUBMERSÍVEL ELÉTRICA TRIFÁSICA, POTÊNCIA 2,96 HP, Ø ROTOR 144 MM SEMI-ABERTO, BOCAL DE SAÍDA Ø 2\", HM/Q = 2 MCA / 38,8 M3/H A 28 MCA / 5 M3/H - JUROS. AF_06/2014","H",0.09,1,0.09,1,0.08,0,7.0000000000000007E-2,0,0.06,0,0.09,1,0.09,1,7.0000000000000007E-2,0,0.09,0,0.09,1,0.11,0,0.13,0,0.08,0,0.06,0,0.09,1,0.06,0,0.09,0,0.1,0,0.06,0,0.09,1,0.08,0,0.09,1,0.13,0,0.1,0,0.09,1,0.09,0,0.09,1]
["Depreciação, Juros, Impostos e Seguros, Manutenção e Materiais na Operação dos Equipamentos",96032,"CAMINHÃO BASCULANTE 10 M3, TRUCADO, POTÊNCIA 230 CV, INCLUSIVE CAÇAMBA METÁLICA, COM DISTRIBUIDOR DE AGREGADOS ACOPLADO - IMPOSTOS E SEGUROS. AF_02/2017","H",5.2,1,5.2,1,5.2,1,5.2,1,4.99,0.1242,5.2,1,5.2,1,5.17,0.91300000000000003,5.2,1,5.09,0.21609999999999999,5.13,0.12089999999999999,5.2,1,5.23,0.90249999999999997,5.42,0.20300000000000001,5.2,1,5.46,0.20150000000000001,5.09,0.92730000000000001,5.15,0.91649999999999998,5.17,0.91300000000000003,5.2,1,5.24,0.2099,5.2,1,5.7,0.10879999999999999,5.05,0.21779999999999999,4.9800000000000004,0.94779999999999998,5.2,0,6.49,9.5500000000000002E-2]
["Depreciação, Juros, Impostos e Seguros, Manutenção e Materiais na Operação dos Equipamentos",91369,"CAMINHÃO BASCULANTE 6 M3, PESO BRUTO TOTAL 16.000 KG, CARGA ÚTIL MÁXIMA 13.071 KG, DISTÂNCIA ENTRE EIXOS 4,80 M, POTÊNCIA 230 CV INCLUSIVE CAÇAMBA METÁLICA - IMPOSTOS E SEGUROS. AF_06/2014","H",3.48,1,3.48,1,3.48,1,3.48,1,3.32,0,3.48,1,3.48,1,3.46,0.90169999999999995,3.48,1,3.4,0.10589999999999999,3.43,0,3.48,1,3.5,0.89139999999999997,3.65,9.8599999999999993E-2,3.48,1,3.68,9.7799999999999998E-2,3.4,0.91759999999999997,3.44,0.90700000000000003,3.46,0.90169999999999995,3.48,1,3.51,0.1026,3.48,1,3.86,0,3.37,0.10680000000000001,3.31,0.94259999999999999,3.48,0,4.47,0]
["Depreciação, Juros, Impostos e Seguros, Manutenção e Materiais na Operação dos Equipamentos",91397,"CAMINHÃO PIPA 10.000 L TRUCADO, PESO BRUTO TOTAL 23.000 KG, CARGA ÚTIL MÁXIMA 15.935 KG, DISTÂNCIA ENTRE EIXOS 4,8 M, POTÊNCIA 230 CV, INCLUSIVE TANQUE DE AÇO PARA TRANSPORTE DE ÁGUA - JUROS. AF_06/2014","H",11.38,1,11.38,1,11.38,1,11.38,1,11.21,0.10970000000000001,11.38,1,11.38,1,11.38,1,11.38,1,11.11,0.11070000000000001,11.18,0.11,11.38,1,11.38,1,11.92,0.1032,11.38,1,12.02,0.1023,11.38,1,11.38,1,11.38,1,11.38,1,11.47,0.1072,11.38,1,12.39,9.9299999999999999E-2,11.01,0.11169999999999999,11.38,1,11.38,0,14.64,8.4000000000000005E-2]
["Depreciação, Juros, Impostos e Seguros, Manutenção e Materiais na Operação dos Equipamentos",5747,"CAMINHÃO PIPA 6.000 L, PESO BRUTO TOTAL 13.000 KG, DISTÂNCIA ENTRE EIXOS 4,80 M, POTÊNCIA 189 CV INCLUSIVE TANQUE DE AÇO PARA TRANSPORTE DE ÁGUA, CAPACIDADE 6 M3 - MATERIAIS NA OPERAÇÃO. AF_06/2014","H",201.66,0,156.99,0,171.53,0,168.88,0,157.52000000000001,0,160.43,0,160.69,0,156.72,0,156.72,0,155.93,0,154.35,0,159.37,0,166.5,0,168.09,0,148.53,0,147.74,0,155.93,0,155.93,0,158.58000000000001,0,158.58000000000001,0,168.88,0,180.78,0,160.16,0,161.22,0,161.75,0,158.84,0,161.75,0]
["Depreciação, Juros, Impostos e Seguros, Manutenção e Materiais na Operação dos Equipamentos",91377,"CAMINHÃO TOCO, PESO BRUTO TOTAL 16.000 KG, CARGA ÚTIL MÁXIMA DE 10.685 KG, DISTÂNCIA ENTRE EIXOS 4,80 M, POTÊNCIA 189 CV EXCLUSIVE CARROCERIA - IMPOSTOS E SEGUROS. AF_06/2014","H",3.25,1,3.25,1,3.25,1,3.25,1,3.2,0,3.25,1,3.25,1,3.25,1,3.25,1,3.17,0,3.19,0,3.25,1,3.25,1,3.42,0,3.25,1,3.46,0,3.25,1,3.25,1,3.25,1,3.25,1,3.28,0,3.25,1,3.58,0,3.13,0,3.25,1,3.25,0,4.3,0]
["Depreciação, Juros, Impostos e Seguros, Manutenção e Materiais na Operação dos Equipamentos",90968,"COMPRESSOR DE AR REBOCAVEL, VAZÃO 250 PCM, PRESSAO DE TRABALHO 102 PSI, MOTOR A DIESEL POTÊNCIA 81 CV - DEPRECIAÇÃO. AF_06/2015","H",7.04,1,7.04,1,7.04,1,7.04,1,7.04,1,7.04,1,7.04,1,7.04,1,7.04,1,7.04,1,7.04,1,7.04,1,7.04,1,7.04,1,7.04,1,7.04,1,7.04,1,7.04,1,7.04,1,7.04,1,7.04,1,7.04,1,7.04,1,7.04,1,7.04,1,7.04,0,7.04,1]
["Depreciação, Juros, Impostos e Seguros, Manutenção e Materiais na Operação dos Equipamentos",102819,"CONJUNTO CILINDRO E BOMBA HIDRÁULICA PARA PROTENSÃO DE MONOBARRAS PARA TIRANTES, ESFORÇO MÁXIMO DE 30 TONELADAS - JUROS. AF_05/2023","H",0,null,0,null,0,null,0,null,0,null,0,null,0,null,0,null,0,null,0,null,0,null,0,null,0,null,0,null,0,null,0,null,0,null,0,null,0,null,0,null,0,null,0,null,0,null,0,null,0,null,0,null,0]
["Depreciação, Juros, Impostos e Seguros, Manutenção e Materiais na Operação dos Equipamentos",103940,"CONJUNTO MACACO HIDRÁULICO E CENTRAL DE BOMBEAMENTO MOTORIZADO 1,8 KW PARA PROTENSÃO DE MONOCABOS PARA CONCRETO PROTENDIDO, ESFORÇO MÁXIMO DE 30 TONELADAS - DEPRECIAÇÃO. AF_05/2022","H",0,null,0,null,0,null,0,null,0,null,0,null,0,null,0,null,0,null,0,null,0,null,0,null,0,null,0,null,0,null,0,null,0,null,0,null,0,null,0,null,0,null,0,null,0,null,0,null,0,null,0,null,0]
["Depreciação, Juros, Impostos e Seguros, Manutenção e Materiais na Operação dos Equipamentos",95125,"DISTRIBUIDOR DE AGREGADOS AUTOPROPELIDO, CAP 3 M3, A DIESEL, POTÊNCIA 176CV - MANUTENÇÃO. AF_07/2016","H",23.67,1,23.67,1,23.67,1,23.67,1,23.67,1,23.67,1,23.67,1,23.67,1,23.67,1,23.67,1,23.67,1,23.67,1,23.67,1,23.67,1,23.67,1,23.67,1,23.67,1,23.67,1,23.67,1,23.67,1,23.67,1,23.67,1,23.67,1,23.67,1,23.67,1,23.67,0,23.67,1]
["Depreciação, Juros, Impostos e Seguros, Manutenção e Materiais na Operação dos Equipamentos",102896,"ESCAVADEIRA HIDRÁULICA SOBRE ESTEIRA, PESO OPERACIONAL ENTRE 22,00 E 23,50 T, POTÊNCIA NOMINAL 139 HP, COM MARTELO ROMPEDOR HIDRÁULICO 1700 KG - MANUTENÇÃO. AF_04/2019","H",0,null,0,null,0,null,0,null,0,null,0,null,0,null,0,null,0,null,0,null,0,null,0,null,0,null,0,null,0,null,0,null,0,null,0,null,0,null,0,null,0,null,0,null,0,null,0,null,0,null,0,null,0]
["Depreciação, Juros, Impostos e Seguros, Manutenção e Materiais na Operação dos Equipamentos",89230,"FRESADORA DE ASFALTO A FRIO SOBRE RODAS, LARGURA FRESAGEM DE 1,0 M, POTÊNCIA 208 HP - DEPRECIAÇÃO. AF_11/2014","H",109.96,1,109.96,1,109.96,1,109.96,1,109.96,1,109.96,1,109.96,1,109.96,1,109.96,1,109.96,1,109.96,1,109.96,1,109.96,1,109.96,1,109.96,1,109.96,1,109.96,1,109.96,1,109.96,1,109.96,1,109.96,1,109.96,1,109.96,1,109.96,1,109.96,1,109.96,0,109.96,1]
["Depreciação, Juros, Impostos e Seguros, Manutenção e Materiais na Operação dos Equipamentos",89239,"FRESADORA DE ASFALTO A FRIO SOBRE RODAS, LARGURA FRESAGEM DE 2,0 M, POTÊNCIA 550 HP - MATERIAIS NA OPERAÇÃO. AF_11/2014","H",563.54999999999995,0,438.72,0,479.35,0,471.96,0,440.2,0,448.33,0,449.06,0,437.98,0,437.98,0,435.77,0,431.34,0,445.37,0,465.31,0,469.74,0,415.09,0,412.87,0,435.77,0,435.77,0,443.16,0,443.16,0,471.96,0,505.2,0,447.59,0,450.54,0,452.02,0,443.89,0,452.02,0]
["Depreciação, Juros, Impostos e Seguros, Manutenção e Materiais na Operação dos Equipamentos",93271,"GRUA ASCENCIONAL, LANÇA DE 30 M, CAPACIDADE DE 1,0 T A 30 M, ALTURA ATÉ 39 M MATERIAIS NA OPERAÇÃO. AF_05/2023","H",10.37,0,9.6300000000000008,0,9.16,0,9.5299999999999994,0,10.28,0,9.5299999999999994,0,6.73,0,8.69,0,9.7200000000000006,0,8.9700000000000006,0,11.03,0,10.19,0,10,0,10.56,0,7.01,0,9.35,0,10.28,0,7.85,0,10.65,0,9.06,0,14.96,0,9.16,0,9.35,0,6.91,0,8.7799999999999994,0,8.1300000000000008,0,11.31,0]
["Depreciação, Juros, Impostos e Seguros, Manutenção e Materiais na Operação dos Equipamentos",73303,"GRUPO GERADOR ESTACIONÁRIO, MOTOR DIESEL POTÊNCIA 170 KVA - DEPRECIAÇÃO. AF_02/2016","H",7.79,1,7.79,1,7.79,1,7.79,1,7.33,0,7.79,1,7.79,1,7.93,0,7.79,1,7.79,1,7.93,0,7.79,1,7.79,1,7.79,1,7.79,1,7.11,0,7.79,1,5.63,0,7.93,0,7.79,1,7.79,1,7.79,1,7.79,1,7.79,1,7.79,1,7.79,0,7.79,1]
["Depreciação, Juros, Impostos e Seguros, Manutenção e Materiais na Operação dos Equipamentos",93286,"GUINDASTE HIDRÁULICO AUTOPROPELIDO, COM LANÇA TELESCÓPICA 40 M, CAPACIDADE MÁXIMA 60 T, POTÊNCIA 260 KW - MATERIAIS NA OPERAÇÃO. AF_03/2016","H",14.43,0,13.39,0,12.74,0,13.26,0,14.3,0,13.26,0,9.36,0,12.09,0,13.52,0,12.48,0,15.34,0,14.17,0,13.91,0,14.69,0,9.75,0,13,0,14.3,0,10.92,0,14.82,0,12.61,0,20.8,0,12.74,0,13,0,9.6199999999999992,0,12.22,0,11.31,0,15.73,0]
["Depreciação, Juros, Impostos e Seguros, Manutenção e Materiais na Operação dos Equipamentos",104708,"GUINDASTE HIDRÁULICO AUTOPROPELIDO, COM LANÇA TRELICADA 41 M, CAPACIDADE MÁXIMA DE ELEVAÇÃO 43 T, POTÊNCIA 230 KW, EQUIPADO COM CAÇAMBA DE ARRASTO (DRAGLINE) DE 0,76 M3 - MANUTENÇÃO. AF_06/2023","H",0,null,0,null,0,null,0,null,0,null,0,null,0,null,0,null,0,null,0,null,0,null,0,null,0,null,0,null,0,null,0,null,0,null,0,null,0,null,0,null,0,null,0,null,0,null,0,null,0,null,0,null,0]
["Depreciação, Juros, Impostos e Seguros, Manutenção e Materiais na Operação dos Equipamentos",91630,"GUINDAUTO HIDRÁULICO, CAPACIDADE MÁXIMA DE CARGA 6500 KG, MOMENTO MÁXIMO DE CARGA 5,8 TM, ALCANCE MÁXIMO HORIZONTAL 7,60 M, INCLUSIVE CAMINHÃO TOCO PBT 9.700 KG, POTÊNCIA DE 160 CV - JUROS. AF_08/2015","H",8.1199999999999992,1,8.1199999999999992,1,8.1199999999999992,1,8.1199999999999992,1,8,0.18379999999999999,8.1199999999999992,1,8.1199999999999992,1,8.1199999999999992,1,8.1199999999999992,1,7.94,0.18509999999999999,7.98,0.1842,8.1199999999999992,1,8.1199999999999992,1,8.4700000000000006,0.1736,8.1199999999999992,1,8.5299999999999994,0.17230000000000001,8.1199999999999992,1,8.1199999999999992,1,8.1199999999999992,1,8.1199999999999992,1,8.18,0.1797,8.1199999999999992,1,8.74,0,7.81,0,8.1199999999999992,1,8.1199999999999992,0,10.25,0.1434]
["Depreciação, Juros, Impostos e Seguros, Manutenção e Materiais na Operação dos Equipamentos",104516,"LIXADEIRA DE PAREDE, COM LED, POTÊNCIA 750 W, FREQUÊNCIA 60 HZ, VELOCIDADE 1000 A 2100 RPM, DIÂMETRO DA LIXA 225 MM - DEPRECIAÇÃO. AF_12/2022","H",0,null,0,null,0,null,0,null,0,null,0,null,0,null,0,null,0,null,0,null,0,null,0,null,0,null,0,null,0,null,0,null,0,null,0,null,0,null,0,null,0,null,0,null,0,null,0,null,0,null,0,null,0]
["Depreciação, Juros, Impostos e Seguros, Manutenção e Materiais na Operação dos Equipamentos",95257,"MARTELO DEMOLIDOR PNEUMÁTICO MANUAL, 32 KG - MANUTENÇÃO. AF_09/2016","H",0.95,1,0.95,1,0.95,1,0.95,1,1.0900000000000001,0,1.25,0,0.95,1,1.02,0,0.95,1,1.66,0,1.1399999999999999,0,1.29,0,1.22,0,1.08,0,1.32,0,0.95,1,0.95,1,1.22,0,1.1100000000000001,0,0.95,1,0.92,0,0.95,1,1.31,0,0.95,0,0.95,1,0.95,0,1.64,0]
["Depreciação, Juros, Impostos e Seguros, Manutenção e Materiais na Operação dos Equipamentos",103789,"MINI GUINDASTE ARANHA SOBRE ESTEIRAS E LANCA TELESCÓPICA, CAPACIDADE MÁXIMA DE CARGA 3,0 TON, RAIO MÁXIMO DE TRABALHO 8,25 M, ALTURA DE LANÇA DO SOLO 9,2 M, 55 M DE CABO DE AÇO 8 MM, MOTOR ELÉTRICO 220/380 VOLTS TRIFÁSICO - DEPRECIAÇÃO. AF_03/2022","H",0,null,0,null,0,null,0,null,0,null,0,null,0,null,0,null,0,null,0,null,0,null,0,null,0,null,0,null,0,null,0,null,0,null,0,null,0,null,0,null,0,null,0,null,0,null,0,null,0,null,0,null,0]
["Depreciação, Juros, Impostos e Seguros, Manutenção e Materiais na Operação dos Equipamentos",88395,"MISTURADOR DE ARGAMASSA, EIXO HORIZONTAL, CAPACIDADE DE MISTURA 600 KG, MOTOR ELÉTRICO POTÊNCIA 7,5 CV - JUROS. AF_05/2023","H",0.22,1,0.22,0,0.24,0,0.27,0,0.26,0,0.22,1,0.26,0,0.22,0,0.22,0,0.28000000000000003,0,0.28000000000000003,0,0.23,0,0.24,0,0.28000000000000003,0,0.22,1,0.23,0,0.28999999999999998,0,0.23,0,0.24,0,0.22,1,0.27,0,0.27,0,0.22,0,0.22,0,0.26,0,0.22,0,0.27,0]
["Depreciação, Juros, Impostos e Seguros, Manutenção e Materiais na Operação dos Equipamentos",5779,"MOTONIVELADORA POTÊNCIA BÁSICA LÍQUIDA (PRIMEIRA MARCHA) 125 HP, PESO BRUTO 13032 KG, LARGURA DA LÂMINA DE 3,7 M - MANUTENÇÃO. AF_06/2014","H",75.23,1,75.23,1,86.8,0,74.58,0,75.23,1,81.33,0,75.23,1,80.37,0,75.23,1,75.23,1,74.900000000000006,0,76.19,0,75.23,1,73.31,0,75.23,1,75.23,1,75.23,1,90.02,0,81.849999999999994,0,75.23,1,85.55,0,75.23,1,72.400000000000006,0,83.51,0,75.23,1,75.23,0,75.23,1]
["Depreciação, Juros, Impostos e Seguros, Manutenção e Materiais na Operação dos Equipamentos",102860,"MÁQUINA FORMER DOBRAS DIVERSAS: 220V/380V TRIFÁSICO OU MONOFÁSICO, CAPACIDADE 0,5-1,27MM, MOTOR 2CV - MANUTENÇÃO. AF_05/2023","H",0,null,0,null,0,null,0,null,0,null,0,null,0,null,0,null,0,null,0,null,0,null,0,null,0,null,0,null,0,null,0,null,0,null,0,null,0,null,0,null,0,null,0,null,0,null,0,null,0,null,0,null,0]
["Depreciação, Juros, Impostos e Seguros, Manutenção e Materiais na Operação dos Equipamentos",103162,"MÁQUINA PARA SOLDA POR ELETROFUSÃO PARA TUBOS DE POLIETILENO DE ALTA DENSIDADE (PEAD) COM DIÂMETRO EXTERNO DE 20 A 1600 MM, POTÊNCIA DE 3500 W - MATERIAIS NA OPERAÇÃO. AF_05/2023","H",0.74,0,0.69,0,0.65,0,0.68,0,0.73,0,0.68,0,0.48,0,0.62,0,0.69,0,0.64,0,0.79,0,0.73,0,0.71,0,0.75,0,0.5,0,0.67,0,0.73,0,0.56000000000000005,0,0.76,0,0.64,0,1.07,0,0.65,0,0.67,0,0.49,0,0.62,0,0.57999999999999996,0,0.81,0]
["Depreciação, Juros, Impostos e Seguros, Manutenção e Materiais na Operação dos Equipamentos",90670,"PERFURATRIZ COM TORRE METÁLICA PARA EXECUÇÃO DE ESTACA HÉLICE CONTÍNUA, PROFUNDIDADE MÁXIMA DE 30 M, DIÂMETRO MÁXIMO DE 800 MM, POTÊNCIA INSTALADA DE 268 HP, MESA ROTATIVA COM TORQUE MÁXIMO DE 170 KNM - DEPRECIAÇÃO. AF_06/2015","H",246.56,1,246.56,1,246.56,1,246.56,1,240.51,0,246.56,1,246.56,1,236.82,0,246.56,1,246.56,1,242.73,0,234.8,0,246.56,1,237.68,0,246.56,1,246.56,1,246.56,1,242.37,0,258.57,0,246.56,1,265.05,0,246.56,1,278.02,0,273.7,0,246.56,1,246.56,0,246.56,1]
["Depreciação, Juros, Impostos e Seguros, Manutenção e Materiais na Operação dos Equipamentos",102962,"PERFURATRIZ HIDRÁULICA SOBRE ESTEIRA, TORQUE MÁXIMO 98 KNM, PROFUNDIDADE MÁXIMA 25 M, DIÂMETRO MÁXIMO 115 MM, POTÊNCIA MOTOR 190 HP - MANUTENÇÃO. AF_02/2021","H",163.69999999999999,1,163.69999999999999,1,163.69999999999999,1,163.69999999999999,1,159.68,0,163.69999999999999,1,163.69999999999999,1,157.24,0,163.69999999999999,1,163.69999999999999,1,161.16,0,155.9,0,163.69999999999999,1,157.81,0,163.69999999999999,1,163.69999999999999,1,163.69999999999999,1,160.91999999999999,0,171.68,0,163.69999999999999,1,175.98,0,163.69999999999999,1,184.59,0,181.72,0,163.69999999999999,1,163.69999999999999,0,163.69999999999999,1]
["Depreciação, Juros, Impostos e Seguros, Manutenção e Materiais na Operação dos Equipamentos",103227,"PERFURATRIZ PARA FURO DIRECIONAL HORIZONTAL (HDD) COM CAPACIDADE DE 90 KN A 200 KN, POTÊNCIA 100 HP A 160 HP (INCLUSO FERRAMENTAS E LOCALIZADOR) - JUROS. AF_05/2023","H",94.72,1,94.72,1,94.72,1,94.72,1,92.39,0,94.72,1,94.72,1,90.97,0,94.72,1,94.72,1,93.24,0,90.2,0,94.72,1,91.31,0,94.72,1,94.72,1,94.72,1,93.11,0,99.33,0,94.72,1,101.82,0,94.72,1,106.8,0,105.14,0,94.72,1,94.72,0,94.72,1]
["Depreciação, Juros, Impostos e Seguros, Manutenção e Materiais na Operação dos Equipamentos",90628,"PERFURATRIZ SOBRE ESTEIRA, TORQUE MÁXIMO 600 KGF, PESO MÉDIO 1000 KG, POTÊNCIA 20 HP, DIÂMETRO MÁXIMO 10\" - JUROS. AF_06/2015","H",14.66,1,14.66,1,14.66,1,14.66,1,14.3,0,14.66,1,14.66,1,14.08,0,14.66,1,14.66,1,14.43,0,13.96,0,14.66,1,14.13,0,14.66,1,14.66,1,14.66,1,14.41,0,15.37,0,14.66,1,15.76,0,14.66,1,16.53,0,16.27,0,14.66,1,14.66,0,14.66,1]
["Depreciação, Juros, Impostos e Seguros, Manutenção e Materiais na Operação dos Equipamentos",88425,"PROJETOR DE ARGAMASSA, CAPACIDADE DE PROJEÇÃO 1,5 M3/H, ALCANCE DE 30 ATÉ 60 M, MOTOR ELÉTRICO POTÊNCIA 7,5 HP - MANUTENÇÃO. AF_06/2014","H",6.41,1,6.26,0,6.78,0,7.56,0,7.32,0,6.41,1,7.36,0,6.22,0,6.32,0,7.83,0,8,0,6.5,0,6.95,0,7.97,0,6.41,1,6.65,0,8.33,0,6.49,0,6.9,0,6.41,1,7.67,0,7.59,0,6.33,0,6.24,0,7.43,0,6.41,0,7.63,0]
["Depreciação, Juros, Impostos e Seguros, Manutenção e Materiais na Operação dos Equipamentos",89128,"PÁ CARREGADEIRA SOBRE RODAS, POTÊNCIA LÍQUIDA 128 HP, CAPACIDADE DA CAÇAMBA 1,7 A 2,8 M3, PESO OPERACIONAL 11632 KG - DEPRECIAÇÃO. AF_06/2014","H",37.24,1,37.24,1,45.92,0,37.24,1,43.17,0,41.86,0,37.24,1,38.92,0,37.24,1,37.24,1,38.479999999999997,0,36.68,0,37.24,1,47.04,0,37.24,1,37.24,1,37.24,1,45.92,0,46.48,0,37.24,1,47.04,0,37.24,1,43.4,0,44.46,0,37.24,1,37.24,0,37.24,1]
["Depreciação, Juros, Impostos e Seguros, Manutenção e Materiais na Operação dos Equipamentos",7039,"ROLO COMPACTADOR DE PNEUS ESTÁTICO, PRESSÃO VARIÁVEL, POTÊNCIA 111 HP, PESO SEM/COM LASTRO 9,5 / 26 T, LARGURA DE TRABALHO 1,90 M - JUROS. AF_07/2014","H",13.44,1,13.44,1,13.44,1,13.44,1,12.68,0,13.44,1,13.44,1,13.44,1,13.44,1,13.44,1,13.44,1,13.44,1,13.44,1,13.44,1,13.44,1,13.44,1,13.44,1,13.44,1,13.44,1,13.44,1,13.44,1,13.44,1,13.44,1,11.64,0,13.44,1,13.44,0,13.44,1]
["Depreciação, Juros, Impostos e Seguros, Manutenção e Materiais na Operação dos Equipamentos",96460,"ROLO COMPACTADOR DE PNEUS, ESTÁTICO, PRESSÃO VARIÁVEL, POTÊNCIA 110 HP, PESO SEM/COM LASTRO 10,8/27 T, LARGURA DE ROLAGEM 2,30 M - DEPRECIAÇÃO. AF_06/2017","H",53.18,1,53.18,1,53.18,1,53.18,1,50.18,0,53.18,1,53.18,1,53.18,1,53.18,1,53.18,1,53.18,1,53.18,1,53.18,1,53.18,1,53.18,1,53.18,1,53.18,1,53.18,1,53.18,1,53.18,1,53.18,1,53.18,1,53.18,1,46.08,0,53.18,1,53.18,0,53.18,1]
["Depreciação, Juros, Impostos e Seguros, Manutenção e Materiais na Operação dos Equipamentos",5729,"ROLO COMPACTADOR VIBRATÓRIO TANDEM AÇO LISO, POTÊNCIA 58 HP, PESO SEM/COM LASTRO 6,5 / 9,4 T, LARGURA DE TRABALHO 1,2 M - MANUTENÇÃO. AF_06/2014","H",49.26,1,49.26,1,49.26,1,49.26,1,46.48,0,49.26,1,49.26,1,49.26,1,49.26,1,49.26,1,49.26,1,49.26,1,49.26,1,49.26,1,49.26,1,49.26,1,49.26,1,49.26,1,49.26,1,49.26,1,49.26,1,49.26,1,49.26,1,42.68,0,49.26,1,49.26,0,49.26,1]
["Depreciação, Juros, Impostos e Seguros, Manutenção e Materiais na Operação dos Equipamentos",89024,"TANQUE DE ASFALTO ESTACIONÁRIO COM MAÇARICO, CAPACIDADE 20.000 L - JUROS. AF_05/2023","H",1.32,1,1.32,1,1.32,1,1.32,1,1.32,1,1.32,1,1.32,1,1.32,1,1.32,1,1.32,1,1.32,1,1.32,1,1.32,1,1.32,1,1.32,1,1.32,1,1.32,1,1.32,1,1.32,1,1.32,1,1.32,1,1.32,1,1.32,1,1.32,1,1.32,1,1.32,0,1.32,1]
["Depreciação, Juros, Impostos e Seguros, Manutenção e Materiais na Operação dos Equipamentos",102902,"TORRE, COMPOSTA POR GUINCHO MECÂNICO, GUINCHO MANUAL, CABOS DE AÇO, PITEIRA E SOQUETE - MANUTENÇÃO. AF_05/2023","H",0,null,0,null,0,null,0,null,0,null,0,null,0,null,0,null,0,null,0,null,0,null,0,null,0,null,0,null,0,null,0,null,0,null,0,null,0,null,0,null,0,null,0,null,0,null,0,null,0,null,0,null,0]
["Depreciação, Juros, Impostos e Seguros, Manutenção e Materiais na Operação dos Equipamentos",96015,"TRATOR DE PNEUS COM POTÊNCIA DE 122 CV, TRAÇÃO 4X4, COM GRADE DE DISCOS ACOPLADA - DEPRECIAÇÃO. AF_02/2017","H",22.6,1,22.6,1,22.6,1,22.6,1,21.9,0,22.6,1,22.6,1,22.6,1,22.6,1,22.6,1,25.14,0.13250000000000001,22.6,1,22.6,1,22.6,1,22.6,1,22.6,1,22.6,1,22.6,1,22.6,1,22.6,1,29.29,0,22.6,1,26.5,0,22.6,1,22.96,0.14499999999999999,22.6,0,22.6,1]
["Depreciação, Juros, Impostos e Seguros, Manutenção e Materiais na Operação dos Equipamentos",96012,"TRATOR DE PNEUS COM POTÊNCIA DE 122 CV, TRAÇÃO 4X4, COM VASSOURA MECÂNICA ACOPLADA - MATERIAIS NA OPERAÇÃO. AF_02/2017","H",123.3,0,95.99,0,104.87,0,103.26,0,96.31,0,98.09,0,98.25,0,95.82,0,95.82,0,95.34,0,94.37,0,97.44,0,101.8,0,102.77,0,90.81,0,90.33,0,95.34,0,95.34,0,96.96,0,96.96,0,103.26,0,110.53,0,97.92,0,98.57,0,98.89,0,97.12,0,98.89,0]
["Depreciação, Juros, Impostos e Seguros, Manutenção e Materiais na Operação dos Equipamentos",100643,"USINA DE ASFALTO, TIPO GRAVIMÉTRICA, PROD 150 TON/HORA - DEPRECIAÇÃO. AF_12/2019","H",412.54,1,412.54,1,412.54,1,412.54,1,412.54,1,412.54,1,412.54,1,412.54,1,412.54,1,412.54,1,412.54,1,412.54,1,412.54,1,412.54,1,412.54,1,412.54,1,412.54,1,412.54,1,412.54,1,412.54,1,412.54,1,412.54,1,412.54,1,412.54,1,412.54,1,412.54,0,412.54,1]
["Depreciação, Juros, Impostos e Seguros, Manutenção e Materiais na Operação dos Equipamentos",5741,"USINA DE LAMA ASFÁLTICA, PROD 30 A 50 T/H, SILO DE AGREGADO 7 M3, RESERVATÓRIOS PARA EMULSÃO E ÁGUA DE 2,3 M3 CADA, MISTURADOR TIPO PUG MILL A SER MONTADO SOBRE CAMINHÃO - MANUTENÇÃO. AF_10/2014","H",51.77,1,51.77,1,51.77,1,51.77,1,51.77,1,51.77,1,51.77,1,51.77,1,51.77,1,51.77,1,51.77,1,51.77,1,51.77,1,51.77,1,51.77,1,51.77,1,51.77,1,51.77,1,51.77,1,51.77,1,51.77,1,51.77,1,51.77,1,51.77,1,51.77,1,51.77,0,51.77,1]
["Depreciação, Juros, Impostos e Seguros, Manutenção e Materiais na Operação dos Equipamentos",95118,"USINA MISTURADORA DE SOLOS, CAPACIDADE DE 200 A 500 TON/H, POTENCIA 75KW - DEPRECIAÇÃO. AF_07/2016","H",75.17,1,75.17,1,75.17,1,75.17,1,75.17,1,75.17,1,75.17,1,75.17,1,75.17,1,75.17,1,75.17,1,75.17,1,75.17,1,75.17,1,75.17,1,75.17,1,75.17,1,75.17,1,75.17,1,75.17,1,75.17,1,75.17,1,75.17,1,75.17,1,75.17,1,75.17,0,75.17,1]
["Dissipadores de Energia",103931,"BACIA DE DISSIPAÇÃO, LARGURA DE 1 A 4 M, TIPO BACIA EM PEDRA DE MÃO FIXADA COM CONCRETO (DEB 03, 04, 05, 06), COM PREPARO MANUAL, FCK = 20 MPA, LANÇADO MANUALMENTE, INCLUINDO MATERIAIS E FÔRMAS (2 UTILIZAÇÕES). AF_08/2022","M3",936.63,2.3E-3,561.29999999999995,5.0000000000000001E-4,802.24,5.0000000000000001E-4,828.91,2.9999999999999997E-4,638.66,0,599.58000000000004,3.7000000000000002E-3,706.59,4.0000000000000002E-4,601.78,5.0000000000000001E-4,607.79,5.0000000000000001E-4,649.94000000000005,4.0000000000000002E-4,619.41999999999996,5.0000000000000001E-4,548.48,5.0000000000000001E-4,674,4.0000000000000002E-4,830.63,2.9999999999999997E-4,562.44000000000005,3.8999999999999998E-3,587.76,5.0000000000000001E-4,735.73,0,580.29,0,636.32000000000005,0,613.80999999999995,3.5999999999999999E-3,800.81,2.9999999999999997E-4,959.34,2.9999999999999997E-4,593.07000000000005,0,630.73,4.0000000000000002E-4,598.61,5.0000000000000001E-4,553.78,0,645.66999999999996,4.0000000000000002E-4]
["Drenagem de ar condicionado",104317,"JOELHO 90 GRAUS, PVC, SOLDÁVEL, DN 20 MM, INSTALADO EM DRENO DE AR CONDICIONADO - FORNECIMENTO E INSTALAÇÃO. AF_08/2022","UN",7.12,0,6.39,0,7,0,5.87,0,6.92,0,6.68,0,7.13,0,7.61,0,6.73,0,6.53,0,6.84,0,6.25,0,6.23,0,6.94,0,5.52,0,6.59,0,6.16,0,8.2200000000000006,0,8.49,0,6.06,0,7.23,0,6.73,0,7,0,7.43,0,6.06,0,8.4,0,6.73,0]
["Drenos",102694,"DRENO ESPINHA DE PEIXE (SEÇÃO 0,50 X 0,80 M), COM TUBO DE PEAD CORRUGADO PERFURADO, DN 100 MM, ENCHIMENTO COM AREIA, INCLUSIVE CONEXÕES. AF_07/2021","M",101.46,0.17319999999999999,75.83,0.23169999999999999,85.13,0.12859999999999999,97.15,0.18090000000000001,97.71,0.11210000000000001,89.36,0.1966,126.36,0.13900000000000001,76.23,0.14360000000000001,99.52,0.17649999999999999,103.23,0.17019999999999999,107.5,0.1019,71.66,0.15279999999999999,89.17,0.19700000000000001,87.34,0.12540000000000001,94.84,0.18529999999999999,93.02,0.18890000000000001,72.260000000000005,0.24310000000000001,89.96,0.1217,80.41,0.13619999999999999,82.67,0.21249999999999999,103.59,6.3899999999999998E-2,63.87,0.27510000000000001,76.989999999999995,0.14219999999999999,104.87,0.10440000000000001,77.03,0.2281,75.599999999999994,0,88.85,0.19769999999999999]
["Drenos",102677,"DRENO PROFUNDO (SEÇÃO 0,50 X 1,50 M), COM TUBO DE CONCRETO SIMPLES POROSO, DN 200 MM, ENCHIMENTO COM AREIA. AF_07/2021","M",202.62,5.04E-2,138.12,7.3899999999999993E-2,168.41,0.25850000000000001,193.02,0.27839999999999998,181.26,0,176.4,0.30459999999999998,233.56,4.3700000000000003E-2,158.01,0,194.95,0.2757,202.76,0.26500000000000001,224.95,0,143.99,0.30230000000000001,176.78,0.30399999999999999,194.83,0,187.97,0.28589999999999999,184.44,0.29139999999999999,179.3,5.6899999999999999E-2,157.01,0,169.04,0,171.9,5.9400000000000001E-2,214.89,4.7500000000000001E-2,130.71,0.41110000000000002,148,0,190.74,0,141.31,7.2300000000000003E-2,149.51,0,176.13,0.30509999999999998]
["Drenos",102707,"TUBO DE CONCRETO SIMPLES POROSO, DN 200 MM, PARA DRENO - FORNECIMENTO E ASSENTAMENTO. AF_07/2021","M",54.03,0,34.130000000000003,0,49.74,0.87519999999999998,48.45,0.89849999999999997,39.22,0,49.14,0.88580000000000003,38.76,0,57.42,0,49.07,0.8871,49.26,0.88370000000000004,64.72,0,48.68,0.89419999999999999,48.62,0.89529999999999998,71.680000000000007,0,48.34,0.90049999999999997,49.16,0.88549999999999995,82.04,0,30.69,0,61.8,0,56.51,0,67.510000000000005,0,49.5,0.87939999999999996,44.07,0,35.450000000000003,0,35.520000000000003,0,50.41,0,48.81,0.89180000000000004]
["Dutos para ar condicionado",98394,"INSTALAÇÃO DE COLARINHO DE AÇO GALVANIZADO DN 263 MM (10\") PARA DUTO FLEXÍVEL CIRCULAR PARA AR CONDICIONADO. AF_03/2024","UN",0,null,0,null,0,null,0,null,0,null,0,null,0,null,0,null,0,null,0,null,0,null,0,null,0,null,0,null,0,null,0,null,0,null,0,null,0,null,0,null,0,null,0,null,0,null,0,null,0,null,0,null,0]
["Dutos para ar condicionado",98387,"INSTALAÇÃO DE DUTO FLEXÍVEL CIRCULAR PARA AR CONDICIONADO EM ALUMÍNIO ISOLADO - DN 314 MM (12\"). AF_03/2024","M",0,null,0,null,0,null,0,null,0,null,0,null,0,null,0,null,0,null,0,null,0,null,0,null,0,null,0,null,0,null,0,null,0,null,0,null,0,null,0,null,0,null,0,null,0,null,0,null,0,null,0,null,0]
["Dutos para ar condicionado",98345,"INSTALAÇÃO DE DUTO RETANGULAR PARA AR CONDICIONADO (TRECHO RETO) EM CHAPA GALVANIZADA BITOLA 24 - COM ISOLAMENTO DE MANTA COLADA NA CHAPA, INCLUSO FABRICAÇÃO. AF_03/2024","M2",0,null,0,null,0,null,0,null,0,null,0,null,0,null,0,null,0,null,0,null,0,null,0,null,0,null,0,null,0,null,0,null,0,null,0,null,0,null,0,null,0,null,0,null,0,null,0,null,0,null,0,null,0]
["Eletrocalhas",97282,"COTOVELO RETO 90º PARA ELETROCALHA, LISA OU PERFURADA EM AÇO GALVANIZADO, LARGURA DE 100MM E ALTURA DE 50MM - FORNECIMENTO E INSTALAÇÃO. AF_04/2023","UN",0,null,0,null,0,null,0,null,0,null,0,null,0,null,0,null,0,null,0,null,0,null,0,null,0,null,0,null,0,null,0,null,0,null,0,null,0,null,0,null,0,null,0,null,0,null,0,null,0,null,0,null,0]
["Eletrocalhas",97301,"CURVA HORIZONTAL 90º, PARA ELETROCALHA, LISA OU PERFURADA EM AÇO GALVANIZADO, LARGURA DE 500MM E ALTURA DE 50MM - FORNECIMENTO E INSTALAÇÃO. AF_04/2023","UN",0,null,0,null,0,null,0,null,0,null,0,null,0,null,0,null,0,null,0,null,0,null,0,null,0,null,0,null,0,null,0,null,0,null,0,null,0,null,0,null,0,null,0,null,0,null,0,null,0,null,0,null,0]
["Eletrocalhas",97240,"ELETROCALHA LISA OU PERFURADA EM AÇO GALVANIZADO, LARGURA 150MM E ALTURA 50MM, INCLUSIVE EMENDA E FIXAÇÃO - FORNECIMENTO E INSTALAÇÃO. AF_04/2023","M",0,null,0,null,0,null,0,null,0,null,0,null,0,null,0,null,0,null,0,null,0,null,0,null,0,null,0,null,0,null,0,null,0,null,0,null,0,null,0,null,0,null,0,null,0,null,0,null,0,null,0,null,0]
["Eletrocalhas",97273,"REDUÇÃO PARA ELETROCALHA, LISA OU PERFURADA EM AÇO GALVANIZADO, LARGURA DE 700X600MM E ALTURA DE 50MM - FORNECIMENTO E INSTALAÇÃO. AF_04/2023","UN",0,null,0,null,0,null,0,null,0,null,0,null,0,null,0,null,0,null,0,null,0,null,0,null,0,null,0,null,0,null,0,null,0,null,0,null,0,null,0,null,0,null,0,null,0,null,0,null,0,null,0,null,0]
["Eletrocalhas",97322,"TÊ HORIZONTAL 90º, PARA ELETROCALHA, LISA OU PERFURADA EM AÇO GALVANIZADO, LARGURA DE 500MM E ALTURA DE 50MM - FORNECIMENTO E INSTALAÇÃO. AF_04/2023","UN",0,null,0,null,0,null,0,null,0,null,0,null,0,null,0,null,0,null,0,null,0,null,0,null,0,null,0,null,0,null,0,null,0,null,0,null,0,null,0,null,0,null,0,null,0,null,0,null,0,null,0,null,0]
["Energia Solar para Edificações",103494,"PAINEL SOLAR FOTOVOLTAICO, 2 X 1 M, COM SUPORTE PARA TELHA METÁLICA - FORNECIMENTO E INSTALAÇÃO. AF_12/2021","UN",0,null,0,null,0,null,0,null,0,null,0,null,0,null,0,null,0,null,0,null,0,null,0,null,0,null,0,null,0,null,0,null,0,null,0,null,0,null,0,null,0,null,0,null,0,null,0,null,0,null,0,null,0]
["Energia Solar para Edificações",103521,"RESERVATÓRIO TÉRMICO/BOILER SOLAR EM AÇO INOX 600 L COM 3 PLACAS COLETORAS EM VIDRO TEMPERADO COM SERPENTINA EM TUBO DE COBRE 2 X 1 M - FORNECIMENTO E INSTALAÇÃO. AF_12/2021","UN",6795.62,0.99319999999999997,6792.68,0.99360000000000004,6797.7,0.9929,6787.38,0.99439999999999995,12601.08,0,6793.88,0.99339999999999995,6796.6,0.99299999999999999,6799.11,0.99270000000000003,6793.55,0.99350000000000005,6793.34,0.99350000000000005,6698.67,0,6788.87,0.99419999999999997,6788.95,0.99419999999999997,6794.98,0.99329999999999996,6785.86,0.99460000000000004,6793.29,0.99350000000000005,6789.11,0.99409999999999998,6806.22,0.99160000000000004,6808.09,0.99139999999999995,6789.77,0.99399999999999999,6797.57,0.9929,6795.2,0.99329999999999996,13212,0,6798.92,0.99270000000000003,6789.19,0.99409999999999998,6808.88,0,6794.43,0.99339999999999995]
["Equipamentos de Proteção Coletiva",104984,"GUARDA-CORPO EM LAJE PÓS DESFÔRMA COM MONTANTE METÁLICO FIXADO EM LAJE COM PARABOLT E FECHAMENTO EM PAINEL DE TELA METÁLICA. AF_03/2024","M",0,null,0,null,0,null,0,null,0,null,0,null,0,null,0,null,0,null,0,null,0,null,0,null,0,null,0,null,0,null,0,null,0,null,0,null,0,null,0,null,0,null,0,null,0,null,0,null,0,null,0,null,0]
["Equipamentos de Proteção Coletiva",104990,"GUARDA-CORPO PARA POÇO DE CREMALHEIRA, COM MONTANTE METÁLICO FIXADO EM LAJE COM CHUMBADOR PARABOLT E FECHAMENTO EM PAINEL DE TELA METÁLICA (EXCLUSO PROTEÇÃO). AF_03/2024","M",11.11,0.4788,10.07,0,11.29,0.47120000000000001,11.78,0,12.1,0,12.86,0,11.27,0.47199999999999998,11.94,0.4456,11.03,0.48230000000000001,10.82,0.49170000000000003,12.39,0,10.84,0,10.07,0,12.34,0,9.8800000000000008,0.53849999999999998,13.66,0,10.3,0.51649999999999996,11.86,0,14.55,0,10.26,0.51849999999999996,11.94,0,11.15,0.47710000000000002,10.72,0.49630000000000002,13.13,0,10.35,0.51400000000000001,12.01,0,10.57,0.50329999999999997]
["Equipamentos de Proteção Coletiva",97003,"PLATAFORMA DE PROTEÇÃO SECUNDÁRIA PARA COLETA DE RESÍDUOS COM ESTRUTURA METÁLICA E FORRAÇÃO EM TÁBUA DE MADEIRA SERRADA - 2 MONTAGENS POR OBRA. AF_03/2024","M",0,null,0,null,0,null,0,null,0,null,0,null,0,null,0,null,0,null,0,null,0,null,0,null,0,null,0,null,0,null,0,null,0,null,0,null,0,null,0,null,0,null,0,null,0,null,0,null,0,null,0,null,0]
["Equipamentos de Proteção Coletiva",97047,"PONTEIRAS DE PROTEÇÃO DE PONTAS E VERGALHÕES EXPOSTOS EM ESTRUTURAS DE CONCRETO ARMADO CONVENCIONAL. AF_03/2024","M2",0.13,0.76919999999999999,0.13,0.76919999999999999,0.13,0.76919999999999999,0.12,0.83330000000000004,0.12,0,0.13,0.76919999999999999,0.13,0.76919999999999999,0.1,0,0.13,0.76919999999999999,0.13,0.76919999999999999,0.12,0,0.12,0.83330000000000004,0.13,0.76919999999999999,0.13,0.76919999999999999,0.12,0.83330000000000004,0.13,0.76919999999999999,0.13,0.76919999999999999,0.14000000000000001,0.71430000000000005,0.14000000000000001,0.71430000000000005,0.13,0.76919999999999999,0.13,0.76919999999999999,0.13,0.76919999999999999,0.1,0,0.14000000000000001,0,0.12,0.83330000000000004,0.14000000000000001,0,0.13,0.76919999999999999]
["Escadas",102073,"ESCADA EM CONCRETO ARMADO MOLDADO IN LOCO, FCK 25 MPA, COM 1 LANCE E LAJE PLANA, FÔRMA EM CHAPA DE MADEIRA COMPENSADA RESINADA. AF_11/2020","M3",5420.48,1.1999999999999999E-3,4163.54,1.6000000000000001E-3,4449.53,1.6000000000000001E-3,4218.25,1.6000000000000001E-3,3799.14,0,3815.41,1.8E-3,3665.61,1.8E-3,4152.88,0,4134.4799999999996,1.6000000000000001E-3,3891.03,1.6999999999999999E-3,3672.52,0,3702.42,1.8E-3,4051.43,1.6999999999999999E-3,4036.21,1.6999999999999999E-3,3393.43,2E-3,3664.28,1.8E-3,3679.44,1.8E-3,3933.78,1.6999999999999999E-3,4264.6099999999997,1.5E-3,3821.6,1.8E-3,4531.41,1.5E-3,4496.3500000000004,1.5E-3,3844.26,0,4205.87,0,3904.08,1.6999999999999999E-3,3738.78,0,3829.8,1.8E-3]
["Escadas",101986,"FABRICAÇÃO DE FÔRMA PARA ESCADAS, COM 2 LANCES EM \"U\" E LAJE CASCATA, EM CHAPA DE MADEIRA COMPENSADA RESINADA, E= 17 MM. AF_11/2020","M2",174.95,1E-4,183.9,1E-4,157,1E-4,166.25,1E-4,142.11000000000001,0,170.67,0,128.36000000000001,1E-4,158.38999999999999,0,193.84,1E-4,163.4,0,149.88999999999999,0,140.82,0,167.27,0,161.91999999999999,0,121.88,0,143.77000000000001,1E-4,171.19,1E-4,136.35,0,155.47999999999999,0,173.35,1E-4,191.75,0,150.30000000000001,1E-4,157.55000000000001,0,158.06,0,149.74,1E-4,140.65,0,157.24,0]
["Escadas",102059,"MONTAGEM E DESMONTAGEM DE FÔRMA PARA ESCADA DUPLA COM 2 LANCES EM \"X\" E LAJE PLANA, EM MADEIRA SERRADA, 1 UTILIZAÇÃO. AF_11/2020","M2",442.22,0,414.55,0,424.99,2.9999999999999997E-4,392.57,0,498.12,0,503.83,0,475.41,0,511.81,0,457.57,0,483.83,0,530.59,0,440.67,0,442.37,0,489.14,0,428.97,0,494.4,0,414.33,0,563.41,0,574.65,0,506.36,0,469.21,0,403.66,0,442,0,721.76,0,429.17,0,545.53,0,465.17,0]
["Escadas",102014,"MONTAGEM E DESMONTAGEM DE FÔRMA PARA ESCADAS, COM 2 LANCES EM \"L\" E LAJE CASCATA, EM MADEIRA SERRADA, 1 UTILIZAÇÃO. AF_11/2020","M2",506.73,0,454.35,0,474.18,2.9999999999999997E-4,435.78,0,566.54999999999995,0,573.32000000000005,0,548.80999999999995,0,587.55999999999995,0,511,0,543.67999999999995,0,627.96,0,514.04,0,493.73,0,552.33000000000004,0,475.22,0,564.99,0,459.15,0,660.8,0,660.58,0,573.51,0,545.23,0,452.8,0,510.21,0,890.99,0,474.02,0,636.28,0,531.5,0]
["Escadas",102004,"MONTAGEM E DESMONTAGEM DE FÔRMA PARA ESCADAS, COM 2 LANCES EM \"U\" E LAJE CASCATA, EM CHAPA DE MADEIRA COMPENSADA PLASTIFICADA, 6 UTILIZAÇÕES. AF_11/2020","M2",286.99,0,285.33,0,270.8,1E-4,251.21,0,240.32,0,263.20999999999998,0,239.07,0,272.83,0,293.99,0,248.32,0,242.83,0,242.19,0,253.06,0,254.56,0,192.11,0,238.5,0,250.2,0,263.83999999999997,0,286.55,0,245.3,0,299.14,0,259.58999999999997,0,260.83,0,294.01,0,255.44,0,258.57,0,247.2,0]
["Escavação Horizontal",101128,"ESCAVAÇÃO HORIZONTAL, INCLUINDO CARGA E DESCARGA EM SOLO DE 1A CATEGORIA COM TRATOR DE ESTEIRAS (125HP/LÂMINA: 2,70M3). AF_07/2020","M3",15.93,0.41560000000000002,13.9,0.4763,16.28,0.31019999999999998,14.54,0.45529999999999998,15.19,0.1211,15.06,0.33529999999999999,14.46,0.45779999999999998,14.99,0.30690000000000001,14.12,0.46879999999999999,14.35,0.26829999999999998,14.69,0,14.19,0.35589999999999999,14.39,0.42880000000000001,15.35,0.1479,13.55,0.48859999999999998,14.05,0.27400000000000002,13.91,0.44359999999999999,15.35,0.17979999999999999,16.399999999999999,0.16830000000000001,14.5,0.45660000000000001,15.6,0.14549999999999999,15.23,0.43469999999999998,15.55,0,15.26,0.14879999999999999,14.33,0.43059999999999998,15.21,0,15.14,0.22520000000000001]
["Escavação Horizontal",101130,"ESCAVAÇÃO HORIZONTAL, INCLUINDO ESCARIFICAÇÃO, CARGA E DESCARGA EM SOLO DE 2A CATEGORIA COM TRATOR DE ESTEIRAS (150HP/LÂMINA: 3,18M3). AF_07/2020","M3",20.02,0.43409999999999999,17.5,0.49659999999999999,20.38,0.34639999999999999,18.39,0.47249999999999998,19.13,0.19450000000000001,18.920000000000002,0.37319999999999998,18.22,0.47689999999999999,18.95,0.3478,17.77,0.48899999999999999,18.11,0.32079999999999997,18.579999999999998,0,17.89,0.39460000000000001,18.04,0.45619999999999999,19.22,0.217,17.11,0.50790000000000002,17.7,0.32819999999999999,17.57,0.46839999999999998,19.22,0.14929999999999999,20.39,0.14080000000000001,18.25,0.47620000000000001,19.59,0.21290000000000001,19.149999999999999,0.45379999999999998,19.48,0,19.11,0.21820000000000001,18.07,0.45550000000000002,19.21,0,18.87,0.28349999999999997]
["Escavação Vertical a Céu Aberto",101218,"ESCAVAÇÃO VERTICAL PARA EDIFICAÇÃO, COM CARGA, DESCARGA E TRANSPORTE DE SOLO DE 1ª CATEGORIA, COM ESCAVADEIRA HIDRÁULICA (CAÇAMBA: 0,8 M³ / 111 HP), FROTA DE 5 CAMINHÕES BASCULANTES DE 18 M³, DMT DE 4 KM E VELOCIDADE MÉDIA 22 KM/H. AF_05/2020","M3",24.89,0.36280000000000001,21.68,0.41649999999999998,23.81,0.37930000000000003,22.4,0.40310000000000001,21.53,0,22.53,0.40079999999999999,22.3,0.40489999999999998,22.09,0.22409999999999999,22.06,0.4093,21.75,0.18709999999999999,21.95,0,21.67,0.12139999999999999,22.83,0.27989999999999998,22.7,0.33439999999999998,21,0.43,21.21,0.42570000000000002,21.02,0.30399999999999999,21.99,0,24.35,0,22.18,0.40710000000000002,23.15,0.11360000000000001,23.69,0.38119999999999998,23.46,0,23.09,0.1139,21.43,6.7199999999999996E-2,22.8,0,21.87,0.29220000000000002]
["Escavação Vertical a Céu Aberto",101259,"ESCAVAÇÃO VERTICAL PARA EDIFICAÇÃO, COM CARGA, DESCARGA E TRANSPORTE DE SOLO DE 1ª CATEGORIA, COM ESCAVADEIRA HIDRÁULICA (CAÇAMBA: 0,8 M³ / 111HP), FROTA DE 7 CAMINHÕES BASCULANTES DE 10 M³, DMT DE 4 KM E VELOCIDADE MÉDIA 22 KM/H. AF_05/2020","M3",30.31,0.3629,26.52,0.4148,29.45,0.3735,27.33,0.40250000000000002,27.17,0,27.73,0.3967,27.38,0.40179999999999999,27.31,0.29260000000000003,27.14,0.40529999999999999,26.86,0.1113,27.02,0,26.66,0.34810000000000002,27.92,0.3478,28.27,4.4900000000000002E-2,25.68,0.42830000000000001,26.53,0.11269999999999999,26.11,0.37190000000000001,27.74,0.28799999999999998,30.1,0.26540000000000002,27.23,0.40400000000000003,28.46,4.4600000000000001E-2,29.04,0.37880000000000003,28.36,0,28.18,4.5100000000000001E-2,26.88,0.36120000000000002,28.14,0,29.43,5.8400000000000001E-2]
["Escavação Vertical a Céu Aberto",101231,"ESCAVAÇÃO VERTICAL PARA INFRAESTRUTURA, COM CARGA, DESCARGA E TRANSPORTE DE SOLO DE 1ª CATEGORIA, COM ESCAVADEIRA HIDRÁULICA (CAÇAMBA: 0,8 M³ / 111 HP), FROTA DE 3 CAMINHÕES BASCULANTES DE 18 M³, DMT ATÉ 1 KM E VELOCIDADE MÉDIA14 KM/H. AF_05/2020","M3",11.9,0.39240000000000003,10.43,0.44769999999999999,11.54,0.4047,10.75,0.43440000000000001,10.47,0,10.89,0.42880000000000001,10.78,0.43319999999999997,10.7,0.21029999999999999,10.66,0.43809999999999999,10.53,0.22789999999999999,10.65,0,10.44,0.1149,10.97,0.3145,10.93,0.3175,10.130000000000001,0.46100000000000002,10.27,0.45469999999999999,10.17,0.3392,10.71,0,11.91,0,10.74,0.43480000000000002,11.21,0.107,11.38,0.41039999999999999,11.41,0,11.22,0.107,10.35,0.1159,11.11,0,10.55,0.32700000000000001]
["Escavação Vertical a Céu Aberto",101270,"ESCAVAÇÃO VERTICAL PARA INFRAESTRUTURA, COM CARGA, DESCARGA E TRANSPORTE DE SOLO DE 1ª CATEGORIA, COM ESCAVADEIRA HIDRÁULICA (CAÇAMBA: 0,8 M³ / 111HP), FROTA DE 7 CAMINHÕES BASCULANTES DE 10 M³, DMT DE 3 KM E VELOCIDADE MÉDIA 20 KM/H. AF_05/2020","M3",26.18,0.3594,22.89,0.41110000000000002,25.39,0.37059999999999998,23.6,0.3987,23.42,0,23.93,0.39319999999999999,23.63,0.3982,23.55,0.29170000000000001,23.4,0.40210000000000001,23.17,0.1096,23.3,0,23,0.34649999999999997,24.09,0.34499999999999997,24.38,4.5100000000000001E-2,22.16,0.42459999999999998,22.88,0.111,22.53,0.36880000000000002,23.91,0.2873,25.91,0.2651,23.48,0.40079999999999999,24.54,4.48E-2,25.06,0.3755,24.45,0,24.3,4.53E-2,23.18,0.35849999999999999,24.26,0,25.37,5.6800000000000003E-2]
["Escavação de Valas",90100,"ESCAVAÇÃO MECANIZADA DE VALA COM PROF. ATÉ 1,5 M (MÉDIA MONTANTE E JUSANTE/UMA COMPOSIÇÃO POR TRECHO), RETROESCAV. (0,26 M3), LARG. DE 0,8 M A 1,5 M, EM SOLO DE 1A CATEGORIA, EM LOCAIS COM ALTO NÍVEL DE INTERFERÊNCIA. AF_09/2024","M3",14.1,0.35460000000000003,11.89,0.42049999999999998,14.78,0,12.18,0.41049999999999998,14.37,0,13.21,0.3785,12.92,0.38700000000000001,13.74,0,12.55,0.39839999999999998,12.48,0.40060000000000001,13.52,0,12.62,0,12.03,0.41560000000000002,13.31,0,11.65,0.42920000000000003,12.32,0.40579999999999999,12.4,0.4032,13.85,0,14.82,0,13.3,0.37590000000000001,13.38,0.37369999999999998,13.34,0.37480000000000002,13.5,0,13.19,0,12.64,0.39560000000000001,14.82,0,12.44,0.40189999999999998]
["Escavação de Valas",102298,"ESCAVAÇÃO MECANIZADA DE VALA COM PROF. ATÉ 1,5 M (MÉDIA MONTANTE E JUSANTE/UMA COMPOSIÇÃO POR TRECHO), RETROESCAV. (0,26 M3), LARG. MENOR QUE 0,8 M, EM SOLO MOLE, EM LOCAIS COM ALTO NÍVEL DE INTERFERÊNCIA. AF_09/2024","M3",21.52,0.35499999999999998,18.16,0.42070000000000002,22.57,0,18.61,0.41049999999999998,21.95,0,20.170000000000002,0.37880000000000003,19.72,0.38740000000000002,20.99,0,19.170000000000002,0.39850000000000002,19.05,0.40100000000000002,20.64,0,19.27,0,18.37,0.41589999999999999,20.309999999999999,0,17.8,0.42920000000000003,18.829999999999998,0.40570000000000001,18.920000000000002,0.40379999999999999,21.15,0,22.63,0,20.309999999999999,0.37619999999999998,20.440000000000001,0.37380000000000002,20.37,0.37509999999999999,20.61,0,20.13,0,19.309999999999999,0.39560000000000001,22.63,0,19,0.40210000000000001]
["Escavação de Valas",102281,"ESCAVAÇÃO MECANIZADA DE VALA COM PROF. MAIOR QUE 1,5 M ATÉ 3,0 M (MÉDIA MONTANTE E JUSANTE/UMA COMPOSIÇÃO POR TRECHO),COM ESCAVADEIRA (1,2 M3),LARG. DE 1,5 M A 2,5 M, EM SOLO DE 1A CATEGORIA, LOCAIS COM BAIXO NÍVEL DE INTERFERÊNCIA. AF_09/2024","M3",6.19,0.46689999999999998,5.42,0.53320000000000001,6.15,0.46989999999999998,5.55,0.52070000000000005,5.89,0,5.78,0.5,5.7,0.50700000000000001,5.79,0,5.59,0.51700000000000002,5.56,0.51980000000000004,5.76,0,5.47,0,5.49,0.52639999999999998,5.68,0,5.31,0.54430000000000001,5.48,0.52739999999999998,5.54,0.52170000000000005,5.89,0,6.33,0,5.8,0.49830000000000002,6.08,0,5.9,0.48980000000000001,6.25,0,6.04,0,5.63,0.51329999999999998,6.2,0,5.58,0.51790000000000003]
["Escavação de Valas",90098,"ESCAVAÇÃO MECANIZADA DE VALA COM PROF. MAIOR QUE 4,5 M ATÉ 6,0 M (MÉDIA MONTANTE E JUSANTE/UMA COMPOSIÇÃO POR TRECHO), ESCAVADEIRA (1,2 M3), LARG. DE 1,5 M A 2,5 M, EM SOLO DE 1A CATEGORIA, LOCAIS COM BAIXO NÍVEL DE INTERFERÊNCIA. AF_09/2024","M3",5.84,0.46579999999999999,5.0999999999999996,0.5333,5.79,0.4698,5.22,0.52110000000000001,5.56,0,5.45,0.49909999999999999,5.37,0.50649999999999995,5.45,0,5.26,0.5171,5.25,0.5181,5.42,0,5.15,0,5.18,0.52510000000000001,5.35,0,5,0.54400000000000004,5.18,0.52510000000000001,5.22,0.52110000000000001,5.56,0,5.97,0,5.46,0.49819999999999998,5.72,0,5.57,0.48830000000000001,5.89,0,5.69,0,5.31,0.51219999999999999,5.84,0,5.26,0.5171]
["Escavação de Valas",90106,"ESCAVAÇÃO MECANIZADA DE VALA COM PROFUNDIDADE ATÉ 1,5 M (MÉDIA MONTANTE E JUSANTE/UMA COMPOSIÇÃO POR TRECHO), RETROESCAV. (0,26 M3), LARGURA DE 0,8 M A 1,5 M, EM SOLO DE 1A CATEGORIA, LOCAIS COM BAIXO NÍVEL DE INTERFERÊNCIA. AF_09/2024","M3",8.8800000000000008,0.35470000000000002,7.49,0.42059999999999997,9.31,0,7.67,0.41070000000000001,9.06,0,8.32,0.37859999999999999,8.14,0.38700000000000001,8.66,0,7.91,0.3982,7.85,0.40129999999999999,8.52,0,7.95,0,7.58,0.41560000000000002,8.3800000000000008,0,7.34,0.42920000000000003,7.76,0.40589999999999998,7.8,0.40379999999999999,8.7200000000000006,0,9.33,0,8.3699999999999992,0.37630000000000002,8.43,0.37369999999999998,8.4,0.375,8.51,0,8.31,0,7.97,0.3952,9.33,0,7.84,0.40179999999999999]
["Escoramento e Preparo de Fundo de Valas",101601,"ESCORAMENTO DE VALA, TIPO BLINDAGEM COM PROFUNDIDADE DE 0 A 1,5 M, LARGURA MAIOR OU IGUAL A 1,5 M E MENOR QUE 2,5 M - EXECUÇÃO, NÃO INCLUI MATERIAL. AF_08/2020","M2",28,0.35460000000000003,24.5,0.40529999999999999,28.83,0.34439999999999998,24.37,0.40749999999999997,27.43,0,26.62,0.373,26.74,0.37140000000000001,27.75,0,25.58,0.38819999999999999,25.9,0.38340000000000002,26.31,0,24.91,0,24.67,0.40250000000000002,26.68,0,23.86,0.41620000000000001,25.71,0.38619999999999999,25.13,0.39510000000000001,29.14,0,31.27,0,26.39,0.37630000000000002,28.54,0,26.74,0.37140000000000001,28.45,0,27.68,0,25.45,0.39019999999999999,30.42,0,25.23,0.39360000000000001]
["Escoramento e Preparo de Fundo de Valas",101606,"ESCORAMENTO DE VALA, TIPO ESTACA PRANCHA METÁLICA CRAVADA, COM PROFUNDIDADE DE 0 A 1,5 M. AF_08/2020","M2",0,null,0,null,0,null,0,null,0,null,0,null,0,null,0,null,0,null,0,null,0,null,0,null,0,null,0,null,0,null,0,null,0,null,0,null,0,null,0,null,0,null,0,null,0,null,0,null,0,null,0,null,0]
["Escoramento e Preparo de Fundo de Valas",101621,"PREPARO DE FUNDO DE VALA COM LARGURA MAIOR OU IGUAL A 1,5 M E MENOR QUE 2,5 M, COM CAMADA DE BRITA, LANÇAMENTO MANUAL. AF_08/2020","M3",577.65,2.0000000000000001E-4,232.98,4.0000000000000002E-4,496.76,2.0000000000000001E-4,489.33,2.0000000000000001E-4,287.13,0,272.45,4.0000000000000002E-4,399.64,2.9999999999999997E-4,325.99,0,287.72000000000003,2.9999999999999997E-4,268.3,4.0000000000000002E-4,290.08999999999997,0,243.84,0,339.39,2.9999999999999997E-4,456.66,2.0000000000000001E-4,235.77,4.0000000000000002E-4,267.63,4.0000000000000002E-4,416.41,2.0000000000000001E-4,247.49,4.0000000000000002E-4,327.85,2.9999999999999997E-4,297.52999999999997,2.9999999999999997E-4,438.27,0,537.48,2.0000000000000001E-4,248.16,0,283.56,4.0000000000000002E-4,294.69,2.9999999999999997E-4,260.31,0,302.3,0]
["Esgotamento de Vala e Rebaixamento do Lençol Freático",104181,"PERFURAÇÃO DE SOLO, INSTALAÇÃO E DESINSTALAÇÃO DE PONTEIRAS PARA SISTEMA DE REBAIXAMENTO DE LENÇOL FREÁTICO POR PONTEIRAS FILTRANTES EM OBRAS ITINERANTES. AF_12/2022","M",0,null,0,null,0,null,0,null,0,null,0,null,0,null,0,null,0,null,0,null,0,null,0,null,0,null,0,null,0,null,0,null,0,null,0,null,0,null,0,null,0,null,0,null,0,null,0,null,0,null,0,null,0]
["Esquadrias - Janelas",94571,"JANELA DE ALUMÍNIO DE CORRER COM 2 FOLHAS PARA VIDROS (VIDROS INCLUSOS) E PERSIANA INTEGRADA, BATENTE/ REQUADRO 6 A 14 CM, ACABAMENTO COM ACETATO OU BRILHANTE, FIXAÇÃO COM PARAFUSO, SEM GUARNIÇÃO/ ALIZAR, DIMENSÕES 120X120 CM, VEDAÇÃO COM SILICONE, EXCLUSIVE CONTRAMARCO - FORNECIMENTO E INSTALAÇÃO. AF_11/2024","M2",0,null,0,null,0,null,0,null,0,null,0,null,0,null,0,null,0,null,0,null,0,null,0,null,0,null,0,null,0,null,0,null,0,null,0,null,0,null,0,null,0,null,0,null,0,null,0,null,0,null,0,null,0]
["Esquadrias - Janelas",100663,"JANELA DE PVC BRANCO DE CORRER COM 2 FOLHAS PARA VIDRO (VIDROS INCLUSOS) E PERSIANA INTEGRADA, BATENTE/ REQUADRO DE 4 A 14 CM, DIMENSÕES 120X120 CM, COM GUARNIÇÃO/ ALIZAR, COM FERRAGENS, FIXAÇÃO COM PARAFUSOS, VEDAÇÃO COM SILICONE, EXCLUSIVE CONTRAMARCO - FORNECIMENTO E INSTALAÇÃO. AF_11/2024","M2",0,null,0,null,0,null,0,null,0,null,0,null,0,null,0,null,0,null,0,null,0,null,0,null,0,null,0,null,0,null,0,null,0,null,0,null,0,null,0,null,0,null,0,null,0,null,0,null,0,null,0,null,0]
["Esquadrias - Portas",100708,"FECHO DE EMBUTIR TIPO UNHA 40CM. AF_12/2019","UN",194.81,0,177.31,0,213.78,0,175.05,0,191.84,0,190.14,0,186.22,0,192.2,0,203.13,0,179.54,0,205.03,0,200.59,0,221.06,0,193.02,0,195.66,0,202.27,0,187,0,192.56,0,217.03,0,180.87,0,214.19,0,198.23,0,190.77,0,203.74,0,192.56,0,194.22,0,206.52,0]
["Esquadrias - Portas",90844,"KIT DE PORTA DE MADEIRA PARA PINTURA, SEMI-OCA (LEVE OU MÉDIA), PADRÃO MÉDIO, 90X210CM, ESPESSURA DE 3,5CM, ITENS INCLUSOS: DOBRADIÇAS, MONTAGEM E INSTALAÇÃO DO BATENTE, FECHADURA COM EXECUÇÃO DO FURO - FORNECIMENTO E INSTALAÇÃO. AF_12/2019","UN",1197.3599999999999,0,1043.92,0,1042.8399999999999,0.31819999999999998,1112.48,0.29659999999999997,1236.3499999999999,0,1210.1300000000001,1.6000000000000001E-3,1358.8,1.1999999999999999E-3,1144.24,1.6999999999999999E-3,1157.3499999999999,0,1326.56,0,1168.78,0,1185.9000000000001,1.6000000000000001E-3,1178.5999999999999,0.2802,1093.1600000000001,0.3004,1082,0,1179.21,0,1140.8,0.28789999999999999,1390.59,0,1390.56,0,1105.69,0,1154.26,0,1071.47,0,1477.22,0,1242.52,0,1202.77,0,1391.29,0,1191.47,0]
["Esquadrias - Portas",90845,"KIT DE PORTA DE MADEIRA PARA PINTURA, SEMI-OCA (PESADA OU SUPERPESADA), PADRÃO MÉDIO, 80X210CM, ESPESSURA DE 3,5CM, ITENS INCLUSOS: DOBRADIÇAS, MONTAGEM E INSTALAÇÃO DO BATENTE, FECHADURA COM EXECUÇÃO DO FURO - FORNECIMENTO E INSTALAÇÃO. AF_12/2019","UN",1448.77,0,1228.0999999999999,0,1241.8499999999999,0.41339999999999999,1306.6099999999999,0.39150000000000001,1424.48,0,1420.08,1.2999999999999999E-3,1567.99,1E-3,1326.79,1.4E-3,1347.74,0,1565.33,0,1349.21,0,1403.94,1.2999999999999999E-3,1372.97,0.37280000000000002,1291.1099999999999,0.39500000000000002,1272.07,0,1361.47,0,1336.06,0.38169999999999998,1607.14,0,1605.29,0,1285.74,0,1383.6,0,1247.05,0,1703.2,0,1416.27,0,1395.63,0,1591.59,0,1390.46,0]
["Esquadrias - Portas",91336,"KIT DE PORTA DE MADEIRA TIPO MEXICANA, MACIÇA (PESADA OU SUPERPESADA), PADRÃO MÉDIO, 80X210CM, ESPESSURA DE 3CM, ITENS INCLUSOS: DOBRADIÇAS, MONTAGEM E INSTALAÇÃO DO BATENTE, SEM FECHADURA - FORNECIMENTO E INSTALAÇÃO. AF_12/2019","UN",1742.7,0.63139999999999996,2382.61,0,986.64,3.5000000000000001E-3,1707.09,0.64539999999999997,2272,0,2164.63,8.9999999999999998E-4,1929.69,0.57099999999999995,1811.73,0.60829999999999995,1750.33,0.62860000000000005,1844.76,0.59640000000000004,2414.8000000000002,0,1760.78,0.62590000000000001,1778.72,0.61960000000000004,1704.06,0.64570000000000005,2485.91,0,2147.1,0,1976.33,0,2277.5300000000002,0,1968.28,0,1427.01,0,1188.3699999999999,0,1734.07,0.63449999999999995,1997.87,0.55069999999999997,2180.34,0,1659.91,0,1975.97,0,1800.14,0.61119999999999997]
["Esquadrias - Portas",91295,"PORTA DE MADEIRA FRISADA, SEMI-OCA (LEVE OU MÉDIA), 60X210CM, ESPESSURA DE 3CM, INCLUSO DOBRADIÇAS - FORNECIMENTO E INSTALAÇÃO. AF_12/2019","UN",446.48,0,321.74,0,372.5,0.66800000000000004,345.79,0.71960000000000002,390.68,0,403.72,0,391.89,4.0000000000000001E-3,355.31,0,373.71,0,437.16,0,345.27,0,400.56,0,354.46,0.69750000000000001,382.09,0.64710000000000001,377.4,0,399.78,0,373.84,0.66139999999999999,416.84,0,422.58,0,327.51,0,438.45,0,332.53,0,437.69,0,372.9,0,467.08,0,416.1,0,337.05,0]
["Esquadrias - Portas",94807,"PORTA EM AÇO DE ABRIR TIPO VENEZIANA SEM GUARNIÇÃO, 87X210CM, FIXAÇÃO COM PARAFUSOS - FORNECIMENTO E INSTALAÇÃO. AF_12/2019","UN",755.85,0.84660000000000002,756.08,0.84630000000000005,742.57,0.93810000000000004,752.05,0.85089999999999999,507.1,0,749.65,0.85360000000000003,669.81,0,735.83,0.86960000000000004,372,0,752.04,0.85089999999999999,574.16,0,592.23,0,817.56,0,751.8,0.85119999999999996,746.18,0.85760000000000003,745.84,0.85799999999999998,496.29,0,1293.44,0,755.42,0.84709999999999996,743.43,0.86070000000000002,758.37,0.84379999999999999,751.08,0.85199999999999998,674.65,0,739.33,0.86550000000000005,752.51,0.85040000000000004,744.69,0,753.88,0.8488]
["Esquadrias - Portas",100705,"TARJETA TIPO LIVRE/OCUPADO PARA PORTA DE BANHEIRO. AF_12/2019","UN",84.77,0,76,0,91.94,0,74.48,0,84.76,0,82.7,0,82.54,0,87.21,0,87.38,0,78.98,0,89.84,0,84.1,0,90.6,0,84.14,0,81.2,0,86.46,0,79.73,0,88.36,0,99.95,0,77.55,0,91.7,0,85.96,0,82.23,0,89.96,0,81.81,0,88.37,0,86.61,0]
["Estacas Escavadas Sem Fluido Estabilizante",100897,"ESTACA ESCAVADA MECANICAMENTE, SEM FLUIDO ESTABILIZANTE, COM 40CM DE DIÂMETRO, CONCRETO LANÇADO POR CAMINHÃO BETONEIRA (EXCLUSIVE MOBILIZAÇÃO E DESMOBILIZAÇÃO). AF_01/2020","M",284.55,6.7500000000000004E-2,121.83,0.15770000000000001,178.06,0.1065,171.69,0.1119,131.46,0,114.8,0.16520000000000001,118.82,0.16170000000000001,136.04,4.0099999999999997E-2,131.13,0.14649999999999999,132.9,0.1033,123.17,0,128.59,4.3200000000000002E-2,149.09,0.12839999999999999,145.02000000000001,6.9999999999999999E-4,121.37,0.1583,113.6,0.12089999999999999,122.76,0.15590000000000001,115.64,4.7600000000000003E-2,124.84,4.41E-2,123.86,0.15509999999999999,173.29,5.9999999999999995E-4,203.38,9.4500000000000001E-2,129.93,0,134.69999999999999,4.0000000000000002E-4,117.37,0.16309999999999999,111.91,0,141.54,9.6600000000000005E-2]
["Estrutura e Trama para Cobertura",100364,"FABRICAÇÃO E INSTALAÇÃO DE MEIA TESOURA DE MADEIRA NÃO APARELHADA, COM VÃO DE 10 M, PARA TELHA CERÂMICA OU DE CONCRETO, INCLUSO IÇAMENTO. AF_07/2019","UN",2911.87,0.1368,2652.46,2.1999999999999999E-2,2696.7,0.16059999999999999,2564.85,3.6400000000000002E-2,3208.63,1.8200000000000001E-2,3251.96,1.7999999999999999E-2,3164.22,8.2799999999999999E-2,3340.02,6.8000000000000005E-2,2855.22,0.13950000000000001,3045.58,0.1308,3668.99,1.5900000000000001E-2,3017.97,7.6100000000000001E-2,2830.4,2.06E-2,3144.48,1.8599999999999998E-2,2687.86,8.4500000000000006E-2,3271.48,1.7899999999999999E-2,2662.69,8.5300000000000001E-2,3707.98,6.1899999999999997E-2,3753.74,1.5599999999999999E-2,3214.18,7.0699999999999999E-2,3260.35,1.7899999999999999E-2,2599.79,0.1532,2987.28,5.6500000000000002E-2,5152.71,0,2656.42,0.14990000000000001,3588.83,0,3020.3,0.13189999999999999]
["Estrutura e Trama para Cobertura",100367,"FABRICAÇÃO E INSTALAÇÃO DE MEIA TESOURA DE MADEIRA NÃO APARELHADA, COM VÃO DE 3 M, PARA TELHA ONDULADA DE FIBROCIMENTO, ALUMÍNIO, PLÁSTICA OU TERMOACÚSTICA, INCLUSO IÇAMENTO. AF_07/2019","UN",983.11,6.13E-2,865.04,6.7500000000000004E-2,910.13,0.1046,834.89,0.11169999999999999,1077.21,5.4199999999999998E-2,1086.77,5.3699999999999998E-2,1072.1099999999999,8.8800000000000004E-2,1148.45,5.2499999999999998E-2,958.96,6.2899999999999998E-2,1044.96,5.7700000000000001E-2,1240.6099999999999,4.7100000000000003E-2,1020.03,5.7299999999999997E-2,933.63,6.2600000000000003E-2,1062.2,5.5E-2,916.79,6.5799999999999997E-2,1077.5899999999999,5.4199999999999998E-2,890.12,6.7699999999999996E-2,1272.3699999999999,4.5900000000000003E-2,1265.67,4.6100000000000002E-2,1099.99,5.4800000000000001E-2,1070.32,5.4600000000000003E-2,868.3,6.9400000000000003E-2,1000.51,1.9E-3,1778.65,0,901.31,6.6900000000000001E-2,1232.1099999999999,0,1026.1500000000001,5.8799999999999998E-2]
["Estrutura e Trama para Cobertura",92620,"FABRICAÇÃO E INSTALAÇÃO DE TESOURA INTEIRA EM AÇO, VÃO DE 12 M, PARA TELHA ONDULADA DE FIBROCIMENTO, METÁLICA, PLÁSTICA OU TERMOACÚSTICA, INCLUSO IÇAMENTO. AF_07/2019","UN",2031.53,0.81040000000000001,1957.05,0.82650000000000001,2076.4,0.80600000000000005,1981.91,0.81610000000000005,2020.15,2.8899999999999999E-2,2041.62,0.79220000000000002,2020.9,0.81469999999999998,2101.4899999999998,0.78349999999999997,1976.65,0.83289999999999997,1986.09,0.82899999999999996,2033.52,0.7954,2000.5,2.92E-2,1969.43,0.82130000000000003,2029.59,0.79690000000000005,1919.83,0.85760000000000003,1983.52,0.81540000000000001,1961.47,0.83940000000000003,2104.8200000000002,0.76839999999999997,2229.56,0.72540000000000004,2017.42,0.81610000000000005,4649.66,1.26E-2,2017.95,0.82930000000000004,2440.89,1.1900000000000001E-2,2025.08,0.76990000000000003,1996.84,0.83809999999999996,2119.86,0,1961.96,0.83919999999999995]
["Estrutura e Trama para Cobertura",92563,"FABRICAÇÃO E INSTALAÇÃO DE TESOURA INTEIRA EM MADEIRA NÃO APARELHADA, VÃO DE 11 M, PARA TELHA ONDULADA DE FIBROCIMENTO, METÁLICA, PLÁSTICA OU TERMOACÚSTICA, INCLUSO IÇAMENTO. AF_07/2019","UN",2752.95,8.3299999999999999E-2,2451.91,2.3800000000000002E-2,2569.1999999999998,0.1028,2363.4,3.95E-2,3010.49,1.9400000000000001E-2,3020.65,1.9300000000000001E-2,2981.24,5.9900000000000002E-2,3174.68,4.53E-2,2701.81,8.4900000000000003E-2,2863.81,8.0100000000000005E-2,3398.35,1.72E-2,2806.93,5.1299999999999998E-2,2617.1999999999998,2.23E-2,2938.05,1.9900000000000001E-2,2504.81,5.74E-2,3020.7,1.9300000000000001E-2,2480.09,5.79E-2,3526.02,4.0800000000000003E-2,3553.7,1.6400000000000001E-2,2988.81,4.8099999999999997E-2,3021.43,1.9300000000000001E-2,2475.35,9.2600000000000002E-2,2780,3.0700000000000002E-2,4772.8100000000004,0,2491.5300000000002,9.1999999999999998E-2,3391.07,0,2825.55,8.1100000000000005E-2]
["Estrutura e Trama para Cobertura",92258,"INSTALAÇÃO DE TESOURA (INTEIRA OU MEIA), EM AÇO, PARA VÃOS MAIORES OU IGUAIS A 10,0 M E MENORES QUE 12,0 M, INCLUSO IÇAMENTO. AF_07/2019","UN",368.46,0.23730000000000001,301.97000000000003,0.19339999999999999,392.59,0.22270000000000001,331.47,0.1762,424.41,0.1376,370.76,0.1575,353.3,0.2475,420.35,0.20799999999999999,327.31,0.2671,336.33,0.26,357.83,0.16320000000000001,359.93,0.1623,316.83999999999997,0.18429999999999999,359.07,0.16259999999999999,283.98,0.30790000000000001,335.53,0.1741,314.29000000000002,0.2782,418.61,0.13950000000000001,508.09,0.1149,358.36,0.24399999999999999,402.73,0.14499999999999999,348.27,0.25109999999999999,410.54,7.0699999999999999E-2,363.44,0,332.58,0.26290000000000002,424.83,0,316.45999999999998,0.27629999999999999]
["Estrutura e Trama para Cobertura",92568,"TRAMA DE AÇO COMPOSTA POR RIPAS, CAIBROS E TERÇAS PARA TELHADOS DE ATÉ 2 ÁGUAS PARA TELHA DE ENCAIXE DE CERÂMICA OU DE CONCRETO, INCLUSO TRANSPORTE VERTICAL. AF_07/2019","M2",123.58,0.88380000000000003,122.94,0.81920000000000004,125.11,0.873,123.04,0.81850000000000001,121.49,0,124.41,0.8095,123.53,0.84389999999999998,126.14,0.82650000000000001,121.41,0.89959999999999996,122.04,0.89500000000000002,124.24,0.81059999999999999,121.82,4.0800000000000003E-2,122.76,0.82040000000000002,123.98,0.81230000000000002,119.4,0.87309999999999999,123.48,0.81559999999999999,122.36,0.85199999999999998,126.02,0.83860000000000001,131.62,0.76519999999999999,123.11,0.8468,294.52,0,122.6,0.89090000000000003,148.63,2.3800000000000002E-2,124.79,0.80700000000000005,121.71,0.89739999999999998,126.64,0,121.03,0.90239999999999998]
["Estrutura e Trama para Cobertura",92541,"TRAMA DE MADEIRA COMPOSTA POR RIPAS, CAIBROS E TERÇAS PARA TELHADOS DE ATÉ 2 ÁGUAS PARA TELHA CERÂMICA CAPA-CANAL, INCLUSO TRANSPORTE VERTICAL. AF_07/2019","M2",76.98,4.0000000000000002E-4,66.209999999999994,5.0000000000000001E-4,68.739999999999995,4.0000000000000002E-4,63.48,5.0000000000000001E-4,85.81,0,88.86,0,85.06,4.0000000000000002E-4,89.33,0,73.33,0,82.43,0,104.65,0,84.01,0,75.06,0,83.99,0,72.14,4.0000000000000002E-4,88.62,0,67.650000000000006,0,104.75,0,99.89,0,92.53,2.9999999999999997E-4,86.38,0,63.53,5.0000000000000001E-4,80.37,0,160.18,0,68.84,4.0000000000000002E-4,101.48,0,83.66,0]
["Estruturas Pré-Fabricadas e Pré-Moldadas",97733,"PEÇA RETANGULAR PRÉ-MOLDADA, VOLUME DE CONCRETO DE ATÉ 10 LITROS, TAXA DE AÇO APROXIMADA DE 30KG/M³. AF_03/2024","M3",4075.1,1.12E-2,3240.49,1.3100000000000001E-2,3867.33,1.12E-2,3482.84,1.2200000000000001E-2,3557.28,0,3384.15,1.35E-2,3579.01,1.1900000000000001E-2,3705.59,4.4000000000000003E-3,3461.66,1.23E-2,3464.92,1.2200000000000001E-2,3476.28,4.7000000000000002E-3,3165.78,1.3299999999999999E-2,3247.16,1.2999999999999999E-2,3733.22,1.1299999999999999E-2,2911.12,1.5699999999999999E-2,3297.67,1.29E-2,3332.19,7.9000000000000008E-3,3930.55,6.6E-3,4191.2,6.1999999999999998E-3,3224.23,1.4200000000000001E-2,3998.51,1.06E-2,4040.56,1.0500000000000001E-2,3466.79,0,3700.92,4.4000000000000003E-3,3215.51,1.32E-2,3682.11,0,3283.79,1.29E-2]
["Estruturas de Contenção - Perfis Pranchados, Cortinas e Muros de Arrimo",100336,"CONTENÇÃO EM PERFIL PRANCHADO COM PAINEL TRELIÇADO DUPLA FACE DE CONCRETO PRÉ-FABRICADO, PERFIS ESPAÇADOS A 1,5 M PARA 1 SUBSOLO. AF_11/2024","M2",0,null,0,null,0,null,0,null,0,null,0,null,0,null,0,null,0,null,0,null,0,null,0,null,0,null,0,null,0,null,0,null,0,null,0,null,0,null,0,null,0,null,0,null,0,null,0,null,0,null,0,null,0]
["Estruturas de Madeira",105048,"PILAR DE MADEIRA ROLIÇA, EUCALIPTO OU EQUIVALENTE DA REGIÃO, FIXADO COM PORTA PILAR METÁLICO, DIÂMETRO DE 16 A 20 CM, APOIO ARTICULADO, COMPRIMENTO DE 6 M. AF_03/2024","M",0,null,0,null,0,null,0,null,0,null,0,null,0,null,0,null,0,null,0,null,0,null,0,null,0,null,0,null,0,null,0,null,0,null,0,null,0,null,0,null,0,null,0,null,0,null,0,null,0,null,0,null,0]
["Estruturas de Madeira",105046,"PILAR DE MADEIRA ROLIÇA, EUCALIPTO OU EQUIVALENTE DA REGIÃO, FIXADO COM VERGALHÃO, DIÂMETRO DE 12 A 15 CM, APOIO ARTICULADO, COMPRIMENTO DE 6 M. AF_03/2024","M",55.97,0.70450000000000002,58.45,0,56.39,0.69920000000000004,58.03,0,60.68,0,54.94,0.7177,53.82,0,57.89,0.68110000000000004,57.25,0,54.87,0.71860000000000002,47.8,0,72.77,0,60.26,0,55.34,0.71250000000000002,52.55,0.75029999999999997,64.680000000000007,0,53.45,0.73770000000000002,71.2,0,67.75,0,53.75,0.73360000000000003,65.13,0,55.69,0.70799999999999996,74.650000000000006,0,54.1,0,53.71,0.73409999999999997,57.93,0,54.3,0.72619999999999996]
["Estruturas de Madeira",105090,"PISO DE MADEIRA, SOBRE VIGOTAS DE MADEIRA SEÇÃO 7,5 X 15 CM. AF_03/2024","M2",207.63,0,586.47,0.84209999999999996,570.49,0.86570000000000003,417.7,0,343.64,0,586.87,0.84150000000000003,569.03,0.8679,335.17,0,332.83,0,589.33000000000004,0.83799999999999997,569.04,0.8679,562.19000000000005,0.87849999999999995,586.91,0.84150000000000003,587.32000000000005,0.84089999999999998,588.20000000000005,0.83960000000000001,584.38,0.84509999999999996,579.77,0.8518,344.8,0,409.96,0,596.33000000000004,0.82820000000000005,212.89,0,563.02,0.87719999999999998,374.2,0,282.93,0,584.84,0.84450000000000003,576.04999999999995,0,578.35,0.85389999999999999]
["Execução de Grampo para Solo Grampeado",93957,"EXECUÇÃO DE GRAMPO PARA SOLO GRAMPEADO COM COMPRIMENTO MENOR OU IGUAL A 6 M, DIÂMETRO DE 10 CM, PERFURAÇÃO COM EQUIPAMENTO MANUAL E ARMADURA COM DIÂMETRO DE 20 MM. AF_07/2024","M",370.1,0.1225,323.18,0.1134,384.22,9.5399999999999999E-2,342.37,0.1071,365.13,1.9300000000000001E-2,347.71,0.12529999999999999,334.12,0.10970000000000001,371.64,6.3600000000000004E-2,324.39999999999998,0.113,335.27,5.4600000000000003E-2,371.87,1.89E-2,326.94,7.3499999999999996E-2,318.81,0.1095,347.22,2.1399999999999999E-2,301.20999999999998,0.1447,333.08,6.0199999999999997E-2,324.92,0.1128,378.29,6.3500000000000001E-2,425.23,5.6500000000000002E-2,349.52,0.12970000000000001,381.82,1.9400000000000001E-2,360.73,0.1016,386.99,8.2000000000000007E-3,351.87,0.02,336.49,0.1089,371.85,0,334.7,5.4699999999999999E-2]
["Execução de Tirantes",104891,"EXECUÇÃO DE PERFURAÇÃO PARA TIRANTE, COMPRIMENTO MAIOR OU IGUAL A 22 M E MENOR QUE 30 M, COM DIÂMETRO DE FURO DE 200 MM EXECUTADO COM HASTE UTILIZANDO PERFURATRIZ SOBRE ESTEIRA. AF_11/2023","M",52.03,0.19850000000000001,46.88,0.2203,49.71,0.20780000000000001,47.43,0.21779999999999999,50.48,1.0500000000000001E-2,48.22,0.2142,41.66,0.248,47.34,8.9599999999999999E-2,47.96,0.21540000000000001,46.37,0.14280000000000001,52.84,0.01,48.27,8.7999999999999995E-2,48.33,0.2135,50.38,1.0699999999999999E-2,40.299999999999997,0.25629999999999997,47.46,0.13950000000000001,48.72,0.21179999999999999,46.27,9.1600000000000001E-2,55.06,7.6999999999999999E-2,47.25,0.21859999999999999,61.77,8.6999999999999994E-3,48.26,0.214,51.26,1.03E-2,43.69,1.24E-2,46.33,0.22270000000000001,47.4,0,52.31,0.12620000000000001]
["Execução de Tirantes",104880,"EXECUÇÃO DE PERFURAÇÃO PARA TIRANTE, COMPRIMENTO MAIOR OU IGUAL A 6 M E MENOR QUE 14 M, COM DIÂMETRO DE FURO DE 200 MM EXECUTADO COM HASTE UTILIZANDO PERFURATRIZ MANUAL SOBRE BASE DE MONTAGEM. AF_11/2023","M",94.98,0.15870000000000001,83.73,0.18,92.04,0.16370000000000001,83.72,0.18,90.07,2.0199999999999999E-2,86.82,0.16370000000000001,80.2,0.18790000000000001,87.98,0.16070000000000001,86.63,0.17399999999999999,84.74,2.23E-2,94.66,1.9199999999999998E-2,85.83,0.16489999999999999,86.96,0.1633,90.34,2.0299999999999999E-2,75.19,0.189,86.7,3.1699999999999999E-2,85.92,0.17530000000000001,88.95,0.159,101.37,0.13950000000000001,86.59,0.17399999999999999,102.08,1.7899999999999999E-2,89,0.16930000000000001,94.28,1.9300000000000001E-2,82.89,2.2100000000000002E-2,84.88,0.1774,90.37,0,93.2,2.01E-2]
["Execução de Tirantes",104885,"INSTALAÇÃO DE TIRANTE COM 8 CORDOALHAS DE 12,7 MM, COMPRIMENTO MAIOR OU IGUAL A 22 M E MENOR QUE 30 M, INCLUSIVE MONTAGEM, INSTALAÇÃO E PROTENSÃO. AF_11/2023","M",0,null,0,null,0,null,0,null,0,null,0,null,0,null,0,null,0,null,0,null,0,null,0,null,0,null,0,null,0,null,0,null,0,null,0,null,0,null,0,null,0,null,0,null,0,null,0,null,0,null,0,null,0]
["Forros",96116,"FORRO EM RÉGUAS DE PVC, FRISADO, PARA AMBIENTES COMERCIAIS, INCLUSIVE ESTRUTURA BIDIRECIONAL DE FIXAÇÃO. AF_08/2023_PS","M2",60.98,4.0300000000000002E-2,78.709999999999994,0,63.53,3.8699999999999998E-2,69.92,0,71.7,0,72.349999999999994,0.3639,56.7,4.3400000000000001E-2,62.92,3.9100000000000003E-2,56.99,4.3200000000000002E-2,68.72,3.5799999999999998E-2,61.7,0,69.83,0,62.83,0,70.89,0,60.04,4.1000000000000002E-2,62.81,0,62.03,3.9699999999999999E-2,72.27,0,81.56,0,69.94,3.5200000000000002E-2,78.69,0,68,3.6200000000000003E-2,79.040000000000006,3.1099999999999999E-2,63.84,0,68.17,3.61E-2,66.319999999999993,0,55.7,4.4200000000000003E-2]
["Forros",96485,"FORRO EM RÉGUAS DE PVC, LISO, PARA AMBIENTES RESIDENCIAIS, INCLUSIVE ESTRUTURA UNIDIRECIONAL DE FIXAÇÃO. AF_08/2023_PS","M2",65.180000000000007,3.3000000000000002E-2,87.85,0,69.069999999999993,3.1099999999999999E-2,75.819999999999993,0,77.709999999999994,0,78.34,0.46810000000000002,62.01,3.4700000000000002E-2,71.28,3.0200000000000001E-2,63.09,3.4099999999999998E-2,74.22,2.9000000000000001E-2,69.099999999999994,0,80.66,0,69.7,0,76.540000000000006,0,65.67,3.27E-2,69.44,0,70.59,3.0499999999999999E-2,82.68,0,94.99,0,76.09,2.8299999999999999E-2,85.36,0,73.069999999999993,2.9399999999999999E-2,91.12,2.3599999999999999E-2,70.3,0,74.59,2.8799999999999999E-2,75.58,0,63.91,3.3599999999999998E-2]
["Fossas e Sumidouros",98100,"SUMIDOURO RETANGULAR, EM ALVENARIA COM BLOCOS DE CONCRETO, DIMENSÕES INTERNAS: 1,6 X 3,4 X H=3,0 M, ÁREA DE INFILTRAÇÃO: 32,9 M² (PARA 13 CONTRIBUINTES). . AF_12/2020","UN",8216.84,1.1599999999999999E-2,5543.22,1.66E-2,6910.73,1.23E-2,6702.01,1.38E-2,5946.17,0,6102.77,1.5599999999999999E-2,6801.89,1.3599999999999999E-2,6275.76,1E-3,6085.11,1.52E-2,6337.26,1.4500000000000001E-2,6271.96,1E-3,5675.93,2.7000000000000001E-3,6065.25,1.52E-2,6860.23,2.3E-3,5555.34,1.7100000000000001E-2,5885.84,1.5699999999999999E-2,5893.87,1.46E-2,6243.55,1.5E-3,6574,1.4E-3,6143.03,1.55E-2,7408.18,1.24E-2,7654.24,1.21E-2,6385.63,0,6536.77,8.9999999999999998E-4,5659.82,1.6299999999999999E-2,6205.87,0,6212.69,1.4800000000000001E-2]
["Fossas e Sumidouros",98068,"TANQUE SÉPTICO RETANGULAR, EM ALVENARIA COM TIJOLOS CERÂMICOS MACIÇOS, DIMENSÕES INTERNAS: 1,4 X 3,2 X H=1,8 M, VOLUME ÚTIL: 6272 L (PARA 32 CONTRIBUINTES). AF_12/2020","UN",10893.48,6.7000000000000002E-3,8383.83,7.4999999999999997E-3,9684.4699999999993,3.7000000000000002E-3,9435.58,6.7000000000000002E-3,9217.9,0,8559.1200000000008,8.5000000000000006E-3,9605.8799999999992,6.6E-3,8496.42,5.9999999999999995E-4,9373.4599999999991,6.7000000000000002E-3,9149,6.8999999999999999E-3,8794.44,5.9999999999999995E-4,8393.92,4.1999999999999997E-3,8846.27,7.1000000000000004E-3,9946.7199999999993,3.5000000000000001E-3,7865.87,9.1999999999999998E-3,8053.39,7.7999999999999996E-3,8929.5,6.4999999999999997E-3,9426.18,3.2000000000000002E-3,9770.42,3.0999999999999999E-3,8243.89,8.8000000000000005E-3,10117.66,6.1999999999999998E-3,10746.24,5.8999999999999999E-3,8870.34,0,9736.7099999999991,5.0000000000000001E-4,7825.26,8.0999999999999996E-3,8829.3700000000008,0,9024.5300000000007,7.0000000000000001E-3]
["Fundações Rasas (Blocos, Sapatas, Vigas Baldrame)",96556,"CONCRETAGEM DE SAPATA, FCK 30 MPA, COM USO DE JERICA - LANÇAMENTO, ADENSAMENTO E ACABAMENTO. AF_01/2024","M3",1339.08,3.7000000000000002E-3,846.24,1.9E-3,1131.72,1.4E-3,1157.78,1.4E-3,977.07,0,891.56,5.5999999999999999E-3,1015.44,1.6000000000000001E-3,886.79,1.8E-3,906.13,1.8E-3,991.23,1.6000000000000001E-3,944.22,1.6999999999999999E-3,860.95,1.9E-3,966.31,1.6999999999999999E-3,1196.99,1.4E-3,824.92,6.0000000000000001E-3,875.11,1.9E-3,1041.69,0,943.77,0,968.44,0,864.98,5.7000000000000002E-3,1194.67,1.4E-3,1456.52,1.1000000000000001E-3,952.02,0,995.78,1.6000000000000001E-3,865.38,1.9E-3,862.22,0,970,1.6999999999999999E-3]
["Fundações Rasas (Blocos, Sapatas, Vigas Baldrame)",96541,"FABRICAÇÃO, MONTAGEM E DESMONTAGEM DE FÔRMA PARA SAPATA, EM CHAPA DE MADEIRA COMPENSADA RESINADA, E=17 MM, 4 UTILIZAÇÕES. AF_01/2024","M2",186.99,1E-4,175.13,1E-4,190.71,4.0000000000000002E-4,166.64,1E-4,189.58,0,187.72,0,179.34,1E-4,204.39,0,192.08,1E-4,185.15,0,179.96,0,160.71,0,170.57,0,187.21,0,155.72,0,177.03,1E-4,172.9,1E-4,206.46,0,224.83,0,179.25,1E-4,193.12,0,180.95,1E-4,175.94,0,198.71,0,170.74,1E-4,200.91,0,174.68,0]
["Fôrmas Curvas para Paredes de Reservatórios de Concreto",105518,"MONTAGEM E DESMONTAGEM DE FÔRMA PARA ESTRUTURA CIRCULAR, COM INSTALAÇÃO EXCLUSIVAMENTE NA FACE INTERNA DA ESTRUTURA, COM AUXÍLIO DE GUINDASTE. AF_07/2024","M2",0,null,0,null,0,null,0,null,0,null,0,null,0,null,0,null,0,null,0,null,0,null,0,null,0,null,0,null,0,null,0,null,0,null,0,null,0,null,0,null,0,null,0,null,0,null,0,null,0,null,0,null,0]
["Fôrmas para Estruturas de Concreto Armado",92536,"MONTAGEM E DESMONTAGEM DE FÔRMA DE LAJE MACIÇA, PÉ-DIREITO DUPLO, EM CHAPA DE MADEIRA COMPENSADA PLASTIFICADA, 18 UTILIZAÇÕES. AF_09/2020","M2",80.05,6.3100000000000003E-2,88.37,5.7099999999999998E-2,79.290000000000006,6.3899999999999998E-2,67.37,7.4999999999999997E-2,60.48,8.3500000000000005E-2,66.72,7.5700000000000003E-2,70.599999999999994,7.1499999999999994E-2,70,7.2099999999999997E-2,72.77,6.9400000000000003E-2,58.21,8.6800000000000002E-2,58.73,8.5999999999999993E-2,76.010000000000005,6.6400000000000001E-2,69.14,7.2999999999999995E-2,63.82,7.9100000000000004E-2,50.64,9.9699999999999997E-2,66.5,7.5899999999999995E-2,57.98,8.7099999999999997E-2,74.61,6.7699999999999996E-2,77.09,6.5500000000000003E-2,55.46,9.11E-2,76.45,6.6100000000000006E-2,72.25,6.9900000000000004E-2,75.19,6.7199999999999996E-2,92.72,5.45E-2,86.83,5.8200000000000002E-2,73.19,0,64.989999999999995,7.7700000000000005E-2]
["Fôrmas para Estruturas de Concreto Armado",92484,"MONTAGEM E DESMONTAGEM DE FÔRMA DE LAJE MACIÇA, PÉ-DIREITO SIMPLES, EM MADEIRA SERRADA, 2 UTILIZAÇÕES. AF_09/2020","M2",216.47,0,192.3,0,202.66,5.0000000000000001E-4,184.22,0,240.38,0,242.04,0,234.43,0,250.85,0,217.67,0,229.9,0,265.73,0,218.1,0,208.41,0,233.97,0,200.04,0,239.11,0,194.68,0,282.35000000000002,0,282.20999999999998,0,240.64,0,232.43,0,194.52,0,216.57,0,376.58,0,200.29,0,270.93,0,225.09,0]
["Fôrmas para Estruturas de Concreto Armado",92490,"MONTAGEM E DESMONTAGEM DE FÔRMA DE LAJE NERVURADA COM CUBETA E ASSOALHO, PÉ-DIREITO SIMPLES, EM CHAPA DE MADEIRA COMPENSADA RESINADA, 8 UTILIZAÇÕES. AF_09/2020","M2",84.49,5.9799999999999999E-2,86.29,5.8500000000000003E-2,83.21,6.13E-2,71.099999999999994,7.0999999999999994E-2,69.66,7.2499999999999995E-2,73.52,6.8699999999999997E-2,75.92,6.6500000000000004E-2,79.400000000000006,6.3600000000000004E-2,79.88,6.3200000000000006E-2,66.92,7.5499999999999998E-2,67.87,7.4399999999999994E-2,76.760000000000005,6.5799999999999997E-2,72.25,6.9900000000000004E-2,71.39,7.0699999999999999E-2,55.95,9.0300000000000005E-2,71.48,7.0599999999999996E-2,65.709999999999994,7.6899999999999996E-2,83.13,6.0699999999999997E-2,86.99,5.8099999999999999E-2,63.16,0.08,83.12,6.08E-2,78.099999999999994,6.4699999999999994E-2,78.650000000000006,6.4199999999999993E-2,95.14,5.3100000000000001E-2,84.03,6.0100000000000001E-2,80.510000000000005,0,70.61,7.1499999999999994E-2]
["Fôrmas para Estruturas de Concreto Armado",92469,"MONTAGEM E DESMONTAGEM DE FÔRMA DE VIGA, ESCORAMENTO COM GARFO DE MADEIRA, PÉ-DIREITO DUPLO, EM CHAPA DE MADEIRA PLASTIFICADA, 12 UTILIZAÇÕES. AF_09/2020","M2",149.01,0,157.78,0,143.37,1E-4,144.16,0,144.36000000000001,0,159.12,0,130.03,0,151.28,0,165.11,0,154.94,0,143.72999999999999,0,129.66,0,151.43,0,153.84,0,129.68,0,143.43,0,149.76,0,142.68,0,158.84,0,162.56,0,158.29,0,134.74,0,140.29,0,158.87,0,143.15,0,144.38,0,145.41,0]
["Fôrmas para Estruturas de Concreto Armado",92462,"MONTAGEM E DESMONTAGEM DE FÔRMA DE VIGA, ESCORAMENTO METÁLICO, PÉ-DIREITO DUPLO, EM CHAPA DE MADEIRA RESINADA, 8 UTILIZAÇÕES. AF_09/2020","M2",318.70999999999998,0,371.99,0,323,2.0000000000000001E-4,266.13,0,233.02,0,260.22000000000003,0,285.56,0,271.12,0,280.16000000000003,0,219.9,0,219.65,0,313.99,0,277.89999999999998,0,247.32,0,200.64,0,267.52,0,215.68,0,297.8,0,306.25,0,208.71,0,293.93,0,285.64999999999998,0,302.23,0,385.95,0,374.36,0,293.10000000000002,0,254.56,0]
["Gabiões - Execução de Muro e Proteção Superficial",92749,"MURO DE GABIÃO, ENCHIMENTO COM PEDRA DE MÃO TIPO RACHÃO, COM SOLO REFORÇADO, PARA MUROS COM ALTURA MENOR OU IGUAL A 4 M - FORNECIMENTO E EXECUÇÃO. AF_03/2024","M3",1366.32,6.7199999999999996E-2,984.43,7.7899999999999997E-2,1362.27,6.7400000000000002E-2,1246.0899999999999,6.1499999999999999E-2,1027,0,793.99,0.11559999999999999,1031.58,7.4300000000000005E-2,1204.03,0,1160.19,6.6100000000000006E-2,973.7,9.4200000000000006E-2,946.13,0,870.34,1.7399999999999999E-2,1008.44,7.5999999999999998E-2,1115.2,0,947.61,8.09E-2,818.84,9.3600000000000003E-2,1096.23,6.9900000000000004E-2,1063.4100000000001,0,1018.3,0,979.12,9.3700000000000006E-2,1206.45,0,1186,7.7399999999999997E-2,922.2,0,1000.78,1.5100000000000001E-2,1178.33,6.5000000000000002E-2,958.31,0,912.61,0.10050000000000001]
["Gabiões - Execução de Muro e Proteção Superficial",92754,"MURO DE GABIÃO, ENCHIMENTO COM RESÍDUO DE CONSTRUÇÃO E DEMOLIÇÃO, DE GRAVIDADE, COM GAIOLA TRAPEZOIDAL DE COMPRIMENTO IGUAL A 2 M, PARA MUROS COM ALTURA MAIOR QUE 2 M E MENOR OU IGUAL A 4 M - FORNECIMENTO E EXECUÇÃO. AF_03/2024","M3",691.84,0.2072,642.63,0.2147,743.5,0.1928,646.86,0.21329999999999999,658.56,0.11840000000000001,518.54,0.27639999999999998,594.35,0.23219999999999999,746.73,0.1045,730.91,0.1888,628.02,0.22819999999999999,598.19000000000005,0.13039999999999999,569.57000000000005,0.1464,595.54,0.23169999999999999,608.28,0.12820000000000001,613.62,0.22489999999999999,534,0.25840000000000002,604.69000000000005,0.22819999999999999,692.23,0,659.19,0.1183,607.29,0.23599999999999999,678.7,0.1149,604.69000000000005,0.23699999999999999,611.86,0.1275,642.29999999999995,0.1298,727.3,0.18970000000000001,649.95000000000005,0,563.46,0.25440000000000002]
["Galerias com Aduelas de Concreto",104491,"ADUELA/ GALERIA FECHADA PRE-MOLDADA DE CONCRETO ARMADO, SECAO QUADRANGULAR INTERNA DE 1,50 X 1,50 M (L X A), MISULA DE 20 X 20 CM, C = 1,00 M, ESPESSURA MIN = 15 CM, TB-45 E FCK DO CONCRETO = 30 MPA FORNECIMENTO E ASSENTAMENTO. AF_01/2023","M",5194.83,0.97940000000000005,2925.28,1.0200000000000001E-2,5194.75,0.9778,5175.72,0.98299999999999998,4059.47,0,5183.1400000000003,0.98,4104.38,7.1999999999999998E-3,4033.77,0,5180.78,0.98209999999999997,4416.8900000000003,6.7000000000000002E-3,4035.21,0,4373.16,0,5173.53,0.98340000000000005,3950.64,0,5168.1099999999997,0.98450000000000004,3248.1,9.1000000000000004E-3,3778.57,7.9000000000000008E-3,5200.17,0.97270000000000001,4940.8500000000004,0,3959.58,7.4999999999999997E-3,3647.64,0,5195.09,0.97940000000000005,4244.18,0,5193.6000000000004,0.97389999999999999,5175.0600000000004,0.98309999999999997,5194.96,0,3780.31,7.9000000000000008E-3]
["Gesso",104633,"APLICAÇÃO MANUAL DE GESSO DESEMPENADO (SEM TALISCAS) EM PAREDES COM PÉ DIREITO DUPLO, ESPESSURA DE 0,5CM. AF_03/2023","M2",29.69,0,23.66,0,28.38,0,23.89,0,28.31,0,26.82,0,27.55,0,25.2,0,26.11,0,28.15,0,27.21,0,25.96,0,26.25,0,27.65,0,23.54,0,25.68,0,24.93,0,31.19,0,32.68,0,25.18,0,30.57,0,28.76,0,27.36,0,29.4,0,25.89,0,29.97,0,24.99,0]
["Graute e Armação",90283,"GRAUTE FGK=20 MPA; TRAÇO 1:1,8:2,1:0,4 (EM MASSA SECA DE CIMENTO/ AREIA GROSSA/ BRITA 0/ ADITIVO) - PREPARO MECÂNICO COM BETONEIRA 400 L. AF_09/2021","M3",974.62,1E-3,559.34,0,777.89,8.6E-3,853.18,0,629.47,0,570.09,1.6999999999999999E-3,659.77,0,543.72,0,574.76,0,656.35,0,613,0,568.85,0,666.52,0,844.23,0,544.61,1.6999999999999999E-3,554.03,0,740.67,0,552.02,0,562.84,0,569.09,1.6999999999999999E-3,830.71,0,1090.56,0,633.27,0,636.13,0,571.66999999999996,0,496.32,0,660.03,0]
["Graute e Armação",90281,"GRAUTE FGK=30 MPA; TRAÇO 1:0,02:0,9:1,2 (EM MASSA SECA DE CIMENTO/ CAL/ AREIA GROSSA/ BRITA 0) - PREPARO MECÂNICO COM BETONEIRA 400 L. AF_09/2021","M3",1271.44,8.0000000000000004E-4,747.65,0,995.72,0,1094,0,817.01,0,736.3,1.2999999999999999E-3,794.1,0,695.06,0,736.76,0,858.66,0,780.72,0,765.95,0,863.97,0,1117.7,0,702.96,1.4E-3,719.59,0,966.15,0,714.12,0,726.22,0,727.35,1.2999999999999999E-3,1076.42,0,1495.29,0,851.01,0,818.36,0,743.52,0,639.67999999999995,0,872.2,0]
["Guarda-Corpo, Corrimão e Grade para Esquadrias",99840,"GUARDA-CORPO DE AÇO GALVANIZADO DE 1,10M, MONTANTES TUBULARES DE 100X50MM ESPAÇADOS 1,20M, TRAVESSA SUPERIOR DE 3\", GRADIL COM CANTONEIRA 51X51X4,8 MM E BARRAS CHATAS NA VERTICAL DE 32X4,8 MM, FIXADO COM CHUMBADOR MECÂNICO. AF_04/2019","M",0,null,0,null,0,null,0,null,0,null,0,null,0,null,0,null,0,null,0,null,0,null,0,null,0,null,0,null,0,null,0,null,0,null,0,null,0,null,0,null,0,null,0,null,0,null,0,null,0,null,0,null,0]
["Guias e sarjetas",94286,"EXECUÇÃO DE SARJETA DE CONCRETO USINADO, MOLDADA IN LOCO EM TRECHO CURVO, 60 CM BASE X 15 CM ALTURA. AF_01/2024","M",204.63,0,83.57,0,127.23,0,119,0,97.05,0,83.01,0,88.41,0,97.57,0,96.82,0,97.22,0,88.82,0,89.39,0,105.84,0,105.79,0,85.7,0,82.36,0,86.99,0,87.07,0,93.26,0,87.6,0,123.01,0,145.18,0,88.49,0,98.36,0,81.48,0,84.12,0,100.44,0]
["Iluminação Predial e Monitoramento",97604,"CÂMERA DE MONITORAMENTO COM MAIS DE 25 METROS DE ALCANCE TIPO BULLET - FORNECIMENTO E INSTALAÇÃO. AF_09/2024","UN",0,null,0,null,0,null,0,null,0,null,0,null,0,null,0,null,0,null,0,null,0,null,0,null,0,null,0,null,0,null,0,null,0,null,0,null,0,null,0,null,0,null,0,null,0,null,0,null,0,null,0,null,0]
["Iluminação Predial e Monitoramento",105549,"DRIVER SLIM PARA FITA LED - FORNECIMENTO E INSTALAÇÃO. AF_09/2024","UN",0,null,0,null,0,null,0,null,0,null,0,null,0,null,0,null,0,null,0,null,0,null,0,null,0,null,0,null,0,null,0,null,0,null,0,null,0,null,0,null,0,null,0,null,0,null,0,null,0,null,0,null,0]
["Iluminação Predial e Monitoramento",103784,"LUMINÁRIA TIPO PLAFON QUADRADA, DE SOBREPOR, COM LED DE 18 W - FORNECIMENTO E INSTALAÇÃO. AF_09/2024","UN",0,null,0,null,0,null,0,null,0,null,0,null,0,null,0,null,0,null,0,null,0,null,0,null,0,null,0,null,0,null,0,null,0,null,0,null,0,null,0,null,0,null,0,null,0,null,0,null,0,null,0,null,0]
["Impermeabilização, Proteção Mecânica e Tratamento de Junta",98546,"IMPERMEABILIZAÇÃO DE SUPERFÍCIE COM MANTA ASFÁLTICA, UMA CAMADA, INCLUSIVE APLICAÇÃO DE PRIMER ASFÁLTICO, E=4MM. AF_09/2023","M2",126.03,0.62139999999999995,128.75,8.43E-2,124.7,0.71519999999999995,163.92,0,135.86000000000001,0,122.26,0.72940000000000005,118.55,0,133.99,8.1100000000000005E-2,114.25,0,122.22,0.72970000000000002,116.32,0,118.92,0.74990000000000001,117.39,0,130.25,0,122.86,0,121.49,0,172.53,6.2899999999999998E-2,149.46,0,147,0,120.59,0.64949999999999997,165.54,0,125.56,0.62380000000000002,124.98,0,128.11000000000001,0.61129999999999995,147.59,0,128.13,0,120.58,0.73960000000000004]
["Impermeabilização, Proteção Mecânica e Tratamento de Junta",98575,"TRATAMENTO DE JUNTA DE DILATAÇÃO, COM TARUGO DE POLIETILENO E SELANTE PU, INCLUSO PREENCHIMENTO COM ESPUMA EXPANSIVA PU. AF_09/2023","M",78.53,0,74.17,0,72.83,0.35820000000000002,71.790000000000006,0,72.72,0,74.03,0,78.83,0,70.25,0,71.72,0,75.39,0,67.47,0,65.03,0,65.25,0,74.03,0,68.349999999999994,0,71.22,0,79.66,0,79.290000000000006,0,86.22,0,67.010000000000005,0,79.73,0,76.88,0,68.959999999999994,0,73.52,0,74.92,0,78,0,75.16,0]
["Instalações Elétricas - Eletrodutos Embutidos, Cabos, Caixas, Tomadas e Interruptores",91926,"CABO DE COBRE FLEXÍVEL ISOLADO, 2,5 MM², ANTI-CHAMA 450/750 V, PARA CIRCUITOS TERMINAIS - FORNECIMENTO E INSTALAÇÃO. AF_03/2023","M",4.92,0,4.97,0,4.79,0,4.87,0,4.6100000000000003,0,4.72,0,5.0599999999999996,0,4.93,0,4.51,0,4.88,0,4.5199999999999996,0,4.41,0,4.55,0,4.87,0,4.5599999999999996,0,4.47,0,4.51,0,4.88,0,5.0199999999999996,0,4.6399999999999997,0,4.9400000000000004,0,4.79,0,4.42,0,4.96,0,4.4400000000000004,0,5.07,0,4.83,0]
["Instalações Elétricas - Eletrodutos Embutidos, Cabos, Caixas, Tomadas e Interruptores",91942,"CAIXA RETANGULAR 4\" X 4\" ALTA (2,00 M DO PISO), PVC, INSTALADA EM PAREDE - FORNECIMENTO E INSTALAÇÃO. AF_03/2023","UN",36.15,0,33.31,0,42.83,0,32.700000000000003,0,36.4,0,33.89,0,37.630000000000003,0,43.36,0,33.17,0,35.369999999999997,0,36.46,0,31.92,0,32.67,0,37.21,0,28.03,0,36.54,0,31.91,0,46.79,0,45.87,0,34.26,0,37.68,0,38.11,0,36.82,0,42.88,0,30.78,0,45.21,0,35.700000000000003,0]
["Instalações Elétricas - Eletrodutos Embutidos, Cabos, Caixas, Tomadas e Interruptores",91902,"CURVA 90 GRAUS PARA ELETRODUTO, PVC, ROSCÁVEL, DN 25 MM (3/4\"), PARA CIRCUITOS TERMINAIS, INSTALADA EM LAJE - FORNECIMENTO E INSTALAÇÃO. AF_03/2023","UN",11.24,0,10.36,0,13.22,0,10.88,0,11.36,0,10.47,0,12.07,0,13.66,0,10.09,0,11.35,0,11.84,0,9.94,0,10.65,0,12.05,0,8.5500000000000007,0,12.1,0,10.16,0,15.55,0,14.62,0,10.87,0,11.61,0,12.02,0,11.98,0,13.21,0,9.56,0,13.76,0,11.35,0]
["Instalações Elétricas - Eletrodutos Embutidos, Cabos, Caixas, Tomadas e Interruptores",91848,"ELETRODUTO FLEXÍVEL CORRUGADO, PEAD, DN 32 MM (1\"), PARA CIRCUITOS TERMINAIS, INSTALADO EM LAJE - FORNECIMENTO E INSTALAÇÃO. AF_03/2023","M",0,null,0,null,0,null,0,null,0,null,0,null,0,null,0,null,0,null,0,null,0,null,0,null,0,null,0,null,0,null,0,null,0,null,0,null,0,null,0,null,0,null,0,null,0,null,0,null,0,null,0,null,0]
["Instalações Elétricas - Eletrodutos Embutidos, Cabos, Caixas, Tomadas e Interruptores",91834,"ELETRODUTO FLEXÍVEL CORRUGADO, PVC, DN 25 MM (3/4\"), PARA CIRCUITOS TERMINAIS, INSTALADO EM FORRO - FORNECIMENTO E INSTALAÇÃO. AF_03/2023","M",19.89,0,18.149999999999999,0,21.63,0,19.48,0,18.38,0,20.76,0,19.239999999999998,0,19.3,0,16.2,0,19.440000000000001,0,17.670000000000002,0,18.649999999999999,0,16.84,0,19.12,0,16.38,0,18.82,0,17.829999999999998,0,22.44,0,21.86,0,17.309999999999999,0,20.9,0,19.32,0,19.829999999999998,0,18.66,0,15.88,0,21.1,0,18.670000000000002,0]
["Instalações Elétricas - Eletrodutos Embutidos, Cabos, Caixas, Tomadas e Interruptores",91961,"INTERRUPTOR PARALELO (2 MÓDULOS), 10A/250V, INCLUINDO SUPORTE E PLACA - FORNECIMENTO E INSTALAÇÃO. AF_03/2023","UN",68.739999999999995,0,68.8,0,74.040000000000006,0,56.78,0,54.34,0,58.2,0,68.89,0,74.05,0,57.48,0,56.35,0,57.36,0,53.27,0,53.36,0,57.22,0,50.24,0,55.85,0,58.81,0,67.81,0,67.34,0,56.16,0,63.4,0,59.39,0,63.97,0,71.63,0,49.38,0,72.87,0,58.74,0]
["Instalações Elétricas - Eletrodutos Embutidos, Cabos, Caixas, Tomadas e Interruptores",92022,"INTERRUPTOR SIMPLES (1 MÓDULO) COM 1 TOMADA DE EMBUTIR 2P+T 10 A, SEM SUPORTE E SEM PLACA - FORNECIMENTO E INSTALAÇÃO. AF_03/2023","UN",46.6,0,46.57,0,50.42,0,38.49,0,37.159999999999997,0,39.619999999999997,0,46.74,0,50.42,0,39.14,0,38.39,0,39.08,0,36.29,0,36.31,0,39.020000000000003,0,34.18,0,38.049999999999997,0,39.880000000000003,0,46.3,0,46.06,0,38.24,0,43.18,0,40.49,0,43.44,0,48.83,0,33.68,0,49.78,0,39.979999999999997,0]
["Instalações Elétricas - Eletrodutos Embutidos, Cabos, Caixas, Tomadas e Interruptores",91977,"INTERRUPTOR SIMPLES (6 MÓDULOS), 10A/250V, INCLUINDO SUPORTE E PLACA - FORNECIMENTO E INSTALAÇÃO. AF_03/2023","UN",135.66999999999999,0,136.86000000000001,0,143.74,0,112.02,0,103.34,0,112.89,0,135.69,0,143.72,0,111.44,0,109.01,0,110.87,0,103.1,0,103.97,0,110.4,0,98.06,0,107.85,0,115.95,0,129.80000000000001,0,127.98,0,108.7,0,122.81,0,114.43,0,125.49,0,138.27000000000001,0,94.98,0,139.33000000000001,0,113.88,0]
["Instalações Elétricas - Eletrodutos Embutidos, Cabos, Caixas, Tomadas e Interruptores",91878,"LUVA PARA ELETRODUTO, PVC, ROSCÁVEL, DN 20 MM (1/2\"), PARA CIRCUITOS TERMINAIS, INSTALADA EM LAJE - FORNECIMENTO E INSTALAÇÃO. AF_03/2023","UN",5.69,0,5.28,0,6.81,0,5.17,0,5.76,0,5.37,0,5.99,0,6.93,0,5.25,0,5.61,0,5.8,0,5.0599999999999996,0,5.18,0,5.89,0,4.41,0,5.82,0,5.04,0,7.49,0,7.33,0,5.44,0,5.94,0,5.98,0,5.85,0,6.82,0,4.87,0,7.22,0,5.66,0]
["Instalações Elétricas - Eletrodutos Embutidos, Cabos, Caixas, Tomadas e Interruptores",92016,"TOMADA BAIXA DE EMBUTIR (3 MÓDULOS), 2P+T 10 A, INCLUINDO SUPORTE E PLACA - FORNECIMENTO E INSTALAÇÃO. AF_03/2023","UN",77.959999999999994,0,78.540000000000006,0,82.84,0,64.36,0,59.82,0,65.09,0,77.989999999999995,0,82.87,0,64.25,0,62.87,0,63.96,0,59.48,0,59.87,0,63.71,0,56.45,0,62.25,0,66.64,0,75.040000000000006,0,74.08,0,62.69,0,70.819999999999993,0,66.05,0,72.2,0,79.78,0,54.84,0,80.56,0,65.66,0]
["Instalações Elétricas - Eletrodutos Embutidos, Cabos, Caixas, Tomadas e Interruptores",92013,"TOMADA MÉDIA DE EMBUTIR (3 MÓDULOS), 2P+T 20 A, INCLUINDO SUPORTE E PLACA - FORNECIMENTO E INSTALAÇÃO. AF_03/2023","UN",99.25,0,99.77,0,105.95,0,81.95,0,76.88,0,83.25,0,99.34,0,105.95,0,82.18,0,80.459999999999994,0,81.88,0,76.11,0,76.5,0,81.61,0,72.09,0,79.66,0,84.88,0,96.32,0,95.26,0,80.23,0,90.61,0,84.64,0,92.06,0,102.17,0,70.31,0,103.42,0,84,0]
["Instalações Elétricas - Eletrodutos, Conexões e Conduletes Aparentes",95796,"CONDULETE DE ALUMÍNIO, TIPO T, PARA ELETRODUTO DE AÇO GALVANIZADO DN 25 MM (1''), APARENTE - FORNECIMENTO E INSTALAÇÃO. AF_10/2022","UN",49.71,0.49509999999999998,45.04,0,56.73,0,44.16,0,51.66,0,48.91,0.50319999999999998,45.59,0,56.35,0,43.05,0,53.28,0,53.96,0,45.26,0,44.71,0,49.23,0,39.299999999999997,0,47.48,0,42.69,0,56.42,0,53.91,0,45.29,0,49.11,0,50.42,0.48809999999999998,48.37,0,51.02,0,49.81,0,57.57,0,49.03,0.50190000000000001]
["Instalações Elétricas - Eletrodutos, Conexões e Conduletes Aparentes",95809,"CONDULETE DE PVC, TIPO LL, PARA ELETRODUTO DE PVC SOLDÁVEL DN 32 MM (1''), APARENTE - FORNECIMENTO E INSTALAÇÃO. AF_10/2022","UN",36.270000000000003,0,33.14,0,41.81,0,37.409999999999997,0,36.479999999999997,0,33.450000000000003,0,40.19,0,43.96,0,31.79,0,37.58,0,39.72,0,31.75,0,35.840000000000003,0,40.619999999999997,0,27.04,0,41.37,0,33.549999999999997,0,52.66,0,47.5,0,35.9,0,36.96,0,39.46,0,40.56,0,41.69,0,30.56,0,42.45,0,37.090000000000003,0]
["Instalações Elétricas - Eletrodutos, Conexões e Conduletes Aparentes",95814,"CONDULETE DE PVC, TIPO TB, PARA ELETRODUTO DE PVC SOLDÁVEL DN 25 MM (3/4''), APARENTE - FORNECIMENTO E INSTALAÇÃO. AF_10/2022","UN",22.32,0,20.059999999999999,0,24.97,0,25.42,0,22.29,0,19.98,0,25.45,0,26.96,0,18.48,0,24.14,0,25.76,0,19.399999999999999,0,23.54,0,26.3,0,15.9,0,27.49,0,21.35,0,35.29,0,29.8,0,22.29,0,22.3,0,25.01,0,26.26,0,24.8,0,18.64,0,24.57,0,23.47,0]
["Instalações Elétricas - Eletrodutos, Conexões e Conduletes Aparentes",104408,"ELETRODUTO RIGIDO, EM ACO ZINCADO OU GALVANIZADO, TIPO PESADO, DN=1 1/4\", APARENTE- FORNECIMENTO E INSTALAÇÃO. AF_10/2022","M",0,null,0,null,0,null,0,null,0,null,0,null,0,null,0,null,0,null,0,null,0,null,0,null,0,null,0,null,0,null,0,null,0,null,0,null,0,null,0,null,0,null,0,null,0,null,0,null,0,null,0,null,0]
["Instalações Elétricas - Quadros, Cabos, Disjuntores, Contatores e Barramentos Blindados",101886,"CABO DE COBRE ISOLADO, 16 MM², ANTI-CHAMA 450/750 V, INSTALADO EM ELETROCALHA OU PERFILADO - FORNECIMENTO E INSTALAÇÃO. AF_07/2025","M",18.3,0,19.05,0,15.79,0,19.13,0,16.47,0,17.62,0,18.940000000000001,0,16.59,0,16.489999999999998,0,18.5,0,16.32,0,16.399999999999999,0,17.38,0,18.07,0,18.04,0,16.190000000000001,0,17.23,0,16.32,0,16.46,0,17.3,0,17.95,0,17.36,0,15.81,0,16.71,0,16.78,0,16.34,0,18.02,0]
["Instalações Elétricas - Quadros, Cabos, Disjuntores, Contatores e Barramentos Blindados",97412,"COTOVELO PARA BARRAMENTO BLINDADO, 550A - FORNECIMENTO E INSTALAÇÃO. AF_07/2025","UN",0,null,0,null,0,null,0,null,0,null,0,null,0,null,0,null,0,null,0,null,0,null,0,null,0,null,0,null,0,null,0,null,0,null,0,null,0,null,0,null,0,null,0,null,0,null,0,null,0,null,0,null,0]
["Instalações Elétricas - Quadros, Cabos, Disjuntores, Contatores e Barramentos Blindados",101897,"DISJUNTOR TERMOMAGNÉTICO TRIPOLAR, CORRENTE NOMINAL DE 250A - FORNECIMENTO E INSTALAÇÃO. AF_07/2025","UN",1095.7,0,1178.06,0,1013.02,0,1122.27,0,935.05,0,1026.52,3.5499999999999997E-2,1581.54,0,948.43,0,978.58,0,970.27,0,1256.1600000000001,0,1032.3699999999999,0,1047.67,0,960.09,0,866.17,0,1138.02,0,949.26,0,1152.74,0,917.54,0,966.36,0,979.17,0,856.12,0,946.37,0,976.39,0,956.42,0,960.59,0,1053.19,0]
["Instalações Elétricas - Quadros, Cabos, Disjuntores, Contatores e Barramentos Blindados",97374,"PEÇA RETA DE BARRAMENTO BLINDADO, 1250A - FORNECIMENTO E INSTALAÇÃO. AF_07/2025","M",0,null,0,null,0,null,0,null,0,null,0,null,0,null,0,null,0,null,0,null,0,null,0,null,0,null,0,null,0,null,0,null,0,null,0,null,0,null,0,null,0,null,0,null,0,null,0,null,0,null,0,null,0]
["Instalações Elétricas - Quadros, Cabos, Disjuntores, Contatores e Barramentos Blindados",101877,"QUADRO DE DISTRIBUIÇÃO DE ENERGIA EM PVC, DE EMBUTIR, SEM BARRAMENTO, PARA 3 DISJUNTORES - FORNECIMENTO E INSTALAÇÃO. AF_07/2025","UN",93.75,0,82.86,0,100.47,0,79.45,0,77.28,0,72.47,0,115.81,0,87.25,0,71.36,0,87.86,0,82.79,0,73.92,0,81.91,0,76.760000000000005,0,86.84,0,93.84,0,82.37,0,112.76,0,103.3,0,75.209999999999994,0,82.32,0,91.93,0,78.400000000000006,0,108.09,0,70.53,0,89.21,0,90.8,0]
["Instalações Elétricas - Quadros, Cabos, Disjuntores, Contatores e Barramentos Blindados",97361,"QUADRO DE MEDIÇÃO GERAL DE ENERGIA COM 16 MEDIDORES - FORNECIMENTO E INSTALAÇÃO. AF_07/2025","UN",12005.89,0,10324.33,0,11785.94,0,10391.14,0,8261.69,0,7728.46,0,16987.740000000002,0,8915.25,0,7508.16,0,11249.76,0,9959.33,0,8653.75,0,10743.89,0,8350.77,0,12394.38,0,12629.09,0,10815.6,0,14659.61,0,12051.51,0,8574.52,0,8993.35,0,11436.71,0,8953.75,0,13537.32,0,8150.81,0,8478.91,0,11735.81,0]
["Instalações Elétricas - Rede de Distribuição",101497,"ENTRADA DE ENERGIA ELÉTRICA, AÉREA, BIFÁSICA, COM CAIXA DE SOBREPOR, CABO DE 10 MM2 E DISJUNTOR DIN 50A (NÃO INCLUSO O POSTE DE CONCRETO). AF_07/2020_PS","UN",1939.59,4.6899999999999997E-2,1905.9,2.8299999999999999E-2,1966.38,4.3499999999999997E-2,1910.33,3.78E-2,1807.89,6.7000000000000002E-3,1802.92,4.53E-2,2149.9899999999998,3.9800000000000002E-2,1918.28,4.2799999999999998E-2,1739.59,4.9099999999999998E-2,1944.31,2.5700000000000001E-2,1880.39,1.77E-2,1744.63,3.09E-2,1819.47,3.2599999999999997E-2,1882.91,1.12E-2,1838.09,4.9399999999999999E-2,1912.07,2.1999999999999999E-2,1810.18,4.7199999999999999E-2,2048.69,2.63E-2,2048.2600000000002,2.46E-2,1832.21,5.6599999999999998E-2,1869.96,8.3999999999999995E-3,1906.67,5.7200000000000001E-2,1814.62,3.39E-2,2067.0500000000002,3.0999999999999999E-3,1739.63,5.96E-2,1933.94,0,1927.25,2.8799999999999999E-2]
["Instalações Elétricas - Rede de Distribuição",101492,"ENTRADA DE ENERGIA ELÉTRICA, AÉREA, MONOFÁSICA, COM CAIXA DE SOBREPOR, CABO DE 35 MM2 E DISJUNTOR DIN 50A (NÃO INCLUSO O POSTE DE CONCRETO). AF_07/2020_PS","UN",1958.7,4.6399999999999997E-2,1951.78,2.76E-2,1953.13,4.3799999999999999E-2,1961.14,3.6799999999999999E-2,1852.87,6.6E-3,1867.52,4.2700000000000002E-2,2091.65,4.0899999999999999E-2,1951.45,4.2000000000000003E-2,1790.89,4.7699999999999999E-2,1979.94,2.53E-2,1893.51,1.7600000000000001E-2,1784.8,3.0200000000000001E-2,1844.18,3.2199999999999999E-2,1951.48,1.0800000000000001E-2,1857.93,4.8899999999999999E-2,1894.33,2.23E-2,1836.39,4.65E-2,2005.57,2.69E-2,2040.7,2.47E-2,1882.11,5.5100000000000003E-2,1923.27,8.0999999999999996E-3,1925.64,5.67E-2,1852.57,3.32E-2,2043.14,3.0999999999999999E-3,1794.1,5.7799999999999997E-2,1965.85,0,1943.36,2.8500000000000001E-2]
["Instalações Elétricas - Rede de Distribuição",101533,"ENTRADA DE ENERGIA ELÉTRICA, SUBTERRÂNEA, TRIFÁSICA, COM CAIXA DE EMBUTIR, CABO DE 10 MM2 E DISJUNTOR DIN 50A (NÃO INCLUSA MURETA DE ALVENARIA). AF_07/2020","UN",1280.8,0.20569999999999999,1401.7,0,1337.56,0.16400000000000001,1339.45,0,1261,0,1246.1500000000001,4.0399999999999998E-2,1366.19,0,1301.74,0,1199.44,0.18290000000000001,1288.96,0.17019999999999999,1307.08,0,1202.68,0.18240000000000001,1293.0899999999999,0,1298.48,0,1236.97,0,1272.82,3.4700000000000002E-2,1314.22,0,1303.78,0.16819999999999999,1341.57,0,1354.76,0,1404.32,0,1256.92,0.20960000000000001,1328.04,0,1314.03,0,1225.79,0.1789,1305.4100000000001,0,1259.57,0.1741]
["Instalações Elétricas - Rede de Distribuição",101531,"ENTRADA DE ENERGIA ELÉTRICA, SUBTERRÂNEA, TRIFÁSICA, COM CAIXA DE SOBREPOR, CABO DE 25 MM2 E DISJUNTOR DIN 50A (NÃO INCLUSA MURETA DE ALVENARIA). AF_07/2020_PS","UN",1686.17,2.6200000000000001E-2,1678.98,0,1685.14,0,1697.65,0,1518.92,0,1546.48,3.2599999999999997E-2,1879.03,0,1596.06,0,1473.22,0,1687.28,0,1598.73,0,1501.5,0,1580.32,0,1610.92,0,1658.07,0,1640.82,2.69E-2,1619.26,0,1727.23,0,1675.75,0,1660.95,0,1615.84,0,1632.31,2.7099999999999999E-2,1555.96,0,1695.59,0,1522.07,0,1590.39,0,1658.66,0]
["Instalações Hidráulicas - Reservação e Bombas de Recalque",94658,"ADAPTADOR CURTO COM BOLSA E ROSCA PARA REGISTRO, PVC, SOLDÁVEL, DN 32 MM X 1\", INSTALADO EM RESERVAÇÃO PREDIAL DE ÁGUA - FORNECIMENTO E INSTALAÇÃO. AF_04/2024","UN",5.63,0,4.92,0,5.14,0,4.55,0,5.07,0,5.14,0,5.46,0,6.12,0,5.29,0,4.99,0,5.23,0,5.0999999999999996,0,4.92,0,5.48,0,4.4000000000000004,0,5.03,0,4.8899999999999997,0,5.85,0,6.06,0,4.6100000000000003,0,5.44,0,4.9800000000000004,0,5.69,0,5.5,0,4.7699999999999996,0,5.94,0,5.1100000000000003,0]
["Instalações Hidráulicas - Reservação e Bombas de Recalque",105230,"BUCHA DE REDUÇÃO, PPR, DN 25 X 20 MM, INSTALADO EM RESERVAÇÃO PREDIAL DE ÁGUA - FORNECIMENTO E INSTALAÇÃO. AF_04/2024","UN",7.95,0.53839999999999999,7.73,0.55369999999999997,8.1199999999999992,0.52710000000000001,7.31,0.58550000000000002,8.0399999999999991,0.5323,7.82,0.54730000000000001,8.85,0,8.24,0.51939999999999997,7.8,0.54869999999999997,7.78,0.55010000000000003,7.86,0.54449999999999998,7.44,0.57530000000000003,7.43,0.57599999999999996,7.91,0.54110000000000003,7.17,0.59689999999999999,7.78,0.55010000000000003,7.44,0.57530000000000003,9.58,0,8.9499999999999993,0.47820000000000001,7.5,0.57069999999999999,8.1300000000000008,0.52639999999999998,7.93,0.53969999999999996,7.77,0,8.1199999999999992,0,7.45,0.57450000000000001,9.01,0,7.87,0.54379999999999995]
["Instalações Hidráulicas - Reservação e Bombas de Recalque",94734,"CONECTOR, CPVC, SOLDÁVEL, DN 73 MM X 2 1/2\", INSTALADO EM RESERVAÇÃO PREDIAL DE ÁGUA - FORNECIMENTO E INSTALAÇÃO. AF_04/2024","UN",418.6,0,382.54,0.96860000000000002,383.74,0.96550000000000002,382.54,0.96860000000000002,368.19,0,359.68,0,368.52,0,451.75,0,366.95,0,383.26,0.96679999999999999,401.74,0,458.1,0,406.84,0,369.99,0,380.92,0.97270000000000001,414.42,0,382.8,0.96789999999999998,387.32,0,363.16,0,340.31,0,435.13,0,383.68,0.9657,440.05,0,322.02999999999997,0,382.37,0.96899999999999997,386.17,0,383.67,0.9657]
["Instalações Hidráulicas - Reservação e Bombas de Recalque",105194,"COTOVELO 90 GRAUS, EM FERRO GALVANIZADO, MACHO/FÊMEA, CONEXÃO ROSQUEADA, DN 50 MM (2\"), INSTALADO EM RESERVAÇÃO PREDIAL DE ÁGUA - FORNECIMENTO E INSTALAÇÃO. AF_04/2024","UN",82.34,0,84.26,0.72309999999999997,86.83,0.70169999999999999,81.55,0.74709999999999999,78.03,0,84.99,0.71689999999999998,86.48,0.7046,87.87,0.69340000000000002,84.71,0.71930000000000005,84.71,0.71930000000000005,82.72,0,82.65,0,68.84,0,85.96,0,80.55,0.75639999999999996,84.67,0.71960000000000002,71.66,0,91.58,0.6653,92.5,0.65869999999999995,82.72,0.73660000000000003,72.66,0,85.62,0.71160000000000001,83.12,0,87.65,0.69520000000000004,82.46,0.7389,92.78,0,80.900000000000006,0]
["Instalações Hidráulicas - Reservação e Bombas de Recalque",94753,"CURVA 90 GRAUS, CPVC, SOLDÁVEL, DN 89 MM, INSTALADO EM RESERVAÇÃO PREDIAL DE ÁGUA - FORNECIMENTO E INSTALAÇÃO. AF_04/2024","UN",0,null,0,null,0,null,0,null,0,null,0,null,0,null,0,null,0,null,0,null,0,null,0,null,0,null,0,null,0,null,0,null,0,null,0,null,0,null,0,null,0,null,0,null,0,null,0,null,0,null,0,null,0]
["Instalações Hidráulicas - Reservação e Bombas de Recalque",105155,"CURVA PVC 45 GRAUS, SOLDÁVEL, DN 32 MM, INSTALADO EM RESERVAÇÃO PREDIAL DE ÁGUA - FORNECIMENTO E INSTALAÇÃO. AF_04/2024","UN",10.82,0,9.44,0,9.7100000000000009,0,8.65,0,9.49,0,9.81,0,10.39,0,11.82,0,10.19,0,9.42,0,9.9700000000000006,0,9.83,0,9.4499999999999993,0,10.55,0,8.6,0,9.6,0,9.4,0,10.72,0,11.26,0,8.7799999999999994,0,10.31,0,9.35,0,10.98,0,10.3,0,9.17,0,11.02,0,9.7100000000000009,0]
["Instalações Hidráulicas - Reservação e Bombas de Recalque",94632,"FLANGE CURTA EM COBRE, DN 66 MM X 2 1/2\", INSTALADO EM RESERVAÇÃO PREDIAL DE ÁGUA - FORNECIMENTO E INSTALAÇÃO. AF_04/2024","UN",0,null,0,null,0,null,0,null,0,null,0,null,0,null,0,null,0,null,0,null,0,null,0,null,0,null,0,null,0,null,0,null,0,null,0,null,0,null,0,null,0,null,0,null,0,null,0,null,0,null,0,null,0]
["Instalações Hidráulicas - Reservação e Bombas de Recalque",96752,"JOELHO 90 GRAUS, PPR, DN 63 MM, INSTALADO EM RESERVAÇÃO PREDIAL DE ÁGUA - FORNECIMENTO E INSTALAÇÃO. AF_04/2024","UN",38.1,0.64570000000000005,37.25,0.66039999999999999,38.69,0.63580000000000003,35.71,0.68889999999999996,38.4,0.64039999999999997,37.590000000000003,0.6542,43.14,2.0000000000000001E-4,39.090000000000003,0.62909999999999999,37.49,0.65620000000000001,37.44,0.65680000000000005,37.729999999999997,0.65169999999999995,36.15,0.68020000000000003,36.18,0.67969999999999997,37.909999999999997,0.64859999999999995,35.24,0.69779999999999998,37.42,0.65739999999999998,36.22,0.67920000000000003,45.65,0,41.71,0.58950000000000002,36.39,0.67600000000000005,38.729999999999997,0.63490000000000002,37.96,0.64810000000000001,37.36,0,38.53,0,36.229999999999997,0.67900000000000005,41.91,0,37.79,0.65069999999999995]
["Instalações Hidráulicas - Reservação e Bombas de Recalque",105170,"JOELHO PVC, SOLDÁVEL, 45 GRAUS, DN 25 MM, INSTALADO EM RESERVAÇÃO PREDIAL DE ÁGUA - FORNECIMENTO E INSTALAÇÃO. AF_04/2024","UN",5.98,0,5.2,0,5.51,0,4.8899999999999997,0,5.46,0,5.48,0,5.85,0,6.44,0,5.62,0,5.29,0,5.62,0,5.41,0,5.28,0,5.81,0,4.6500000000000004,0,5.39,0,5.2,0,6.34,0,6.58,0,4.93,0,5.85,0,5.35,0,6.06,0,5.97,0,5.07,0,6.39,0,5.46,0]
["Instalações Hidráulicas - Reservação e Bombas de Recalque",94659,"LUVA PVC, SOLDÁVEL, DN 32 MM, INSTALADO EM RESERVAÇÃO PREDIAL DE ÁGUA - FORNECIMENTO E INSTALAÇÃO. AF_04/2024","UN",6.63,0,5.66,0,5.93,0,5.4,0,5.89,0,5.99,0,6.39,0,7.11,0,6.21,0,5.76,0,6.17,0,6.04,0,5.88,0,6.4,0,5.12,0,5.89,0,5.75,0,6.76,0,7.03,0,5.39,0,6.38,0,5.78,0,6.79,0,6.49,0,5.58,0,6.77,0,5.96,0]
["Instalações Hidráulicas - Reservação e Bombas de Recalque",94665,"LUVA, PVC, SOLDÁVEL, DN 60 MM, INSTALADO EM RESERVAÇÃO PREDIAL DE ÁGUA - FORNECIMENTO E INSTALAÇÃO. AF_04/2024","UN",26.48,0,22.91,0,23.13,0,20.93,0,22.54,0,23.76,0,25.14,0,29.1,0,24.93,0,22.74,0,24.1,0,24.27,0,23.1,0,25.8,0,21.16,0,23.2,0,23.05,0,25.03,0,26.42,0,21.15,0,24.78,0,22.26,0,27.09,0,24.56,0,22.44,0,25.76,0,23.37,0]
["Instalações Hidráulicas - Reservação e Bombas de Recalque",94470,"NIPLE, EM FERRO GALVANIZADO, CONEXÃO ROSQUEADA, DN 80 MM (3\"), INSTALADO EM RESERVAÇÃO PREDIAL DE ÁGUA - FORNECIMENTO E INSTALAÇÃO. AF_04/2024","UN",109.21,0,112.97,0.80759999999999998,115.28,0.79139999999999999,110.53,0.82540000000000002,102.45,0,113.7,0.8024,115.1,0.79259999999999997,116.42,0.78359999999999996,113.38,0.80459999999999998,113.43,0.80430000000000001,110.18,0,111.71,0,91.02,0,114.78,0,109.48,0.83330000000000004,113.41,0.8044,95.18,0,119.79,0.76160000000000005,120.62,0.75629999999999997,111.55,0.81779999999999997,94.13,0,114.23,0.79869999999999997,111.05,0,116.14,0.78549999999999998,111.34,0.81940000000000002,120.8,0,107.4,0]
["Instalações Hidráulicas - Reservação e Bombas de Recalque",94718,"TUBO, CPVC, SOLDÁVEL, DN 35 MM, INSTALADO EM RESERVAÇÃO PREDIAL DE ÁGUA - FORNECIMENTO E INSTALAÇÃO. AF_04/2024","M",54.66,0,50.13,0.93479999999999996,50.52,0.92759999999999998,49.73,0.94230000000000003,48.44,0,47.21,0,48.39,0,59.03,0,48.09,0,50.19,0.93369999999999997,52.49,0,59.32,0,52.84,0,48.54,0,49.62,0.94440000000000002,54.1,0,49.87,0.93959999999999999,51.24,0,48.29,0,44.61,0,56.89,0,50.32,0.93120000000000003,57.16,0,42.58,0,49.87,0.93959999999999999,51.36,0,50.27,0.93220000000000003]
["Instalações Hidráulicas - Reservação e Bombas de Recalque",96723,"TUBO, PPR, DN 63 MM, CLASSE PN 12, INSTALADO EM RESERVAÇÃO PREDIAL DE ÁGUA - FORNECIMENTO E INSTALAÇÃO. AF_04/2024","M",54.64,0.80110000000000003,53.96,0.81120000000000003,55.12,0.79410000000000003,52.72,0.83020000000000005,54.88,0.79759999999999998,54.24,0.80700000000000005,63.39,0,55.43,0.78959999999999997,54.16,0.80820000000000003,54.11,0.80889999999999995,54.34,0.80549999999999999,53.07,0.82479999999999998,53.1,0.82430000000000003,54.5,0.80310000000000004,52.35,0.83609999999999995,54.09,0.80920000000000003,53.13,0.82379999999999998,65.14,0,57.55,0.76060000000000005,53.28,0.82150000000000001,55.15,0.79369999999999996,54.53,0.80269999999999997,53.99,0,54.53,0,53.13,0.82379999999999998,57.71,0,54.39,0.80469999999999997]
["Instalações Hidráulicas - Reservação e Bombas de Recalque",94477,"TÊ, EM FERRO GALVANIZADO, CONEXÃO ROSQUEADA, DN 50 MM (2\"), INSTALADO EM RESERVAÇÃO PREDIAL DE ÁGUA - FORNECIMENTO E INSTALAÇÃO. AF_04/2024","UN",98.5,0,100.35,0.68910000000000005,103.75,0.66649999999999998,96.75,0.7147,93.72,0,101.33,0.68240000000000001,103.34,0.66920000000000002,105.21,0.6573,100.96,0.68489999999999995,100.96,0.68489999999999995,98.82,0,98.17,0,82.48,0,102.52,0,95.37,0.72509999999999997,100.92,0.68520000000000003,85.69,0,110.13,0.62790000000000001,111.34,0.62109999999999999,98.29,0.70350000000000001,87.72,0,102.16,0.67689999999999995,99.23,0,104.88,0.6593,97.95,0.70599999999999996,111.72,0,96.74,0]
["Instalações Hidráulicas - Reservação e Bombas de Recalque",105164,"TÊ, PPR, DN 20 MM, INSTALADO EM RESERVAÇÃO PREDIAL DE ÁGUA - FORNECIMENTO E INSTALAÇÃO. AF_04/2024","UN",10.83,0.35,10.39,0.36480000000000001,11.14,0.3402,9.58,0.39560000000000001,10.99,0.34489999999999998,10.57,0.35859999999999997,11.7,0,11.34,0.3342,10.52,0.36030000000000001,10.49,0.36130000000000001,10.63,0.35649999999999998,9.81,0.38629999999999998,9.82,0.38590000000000002,10.73,0.35320000000000001,9.34,0.40579999999999999,10.47,0.36199999999999999,9.84,0.38519999999999999,13.12,0,12.71,0.29820000000000002,9.93,0.38169999999999998,11.16,0.33960000000000001,10.75,0.35260000000000002,10.48,0,11.24,0,9.85,0.38479999999999998,12.82,0,10.66,0.35549999999999998]
["Instalações Hidráulicas em PEX",96816,"CONEXÃO FIXA, ROSCA FÊMEA, METÁLICA, PARA INSTALAÇÕES EM PEX ÁGUA, DN 25 MM X 3/4\", COM ANEL DESLIZANTE - FORNECIMENTO E INSTALAÇÃO. AF_02/2023","UN",25.42,0.54959999999999998,24.83,0.56259999999999999,25.85,0.54039999999999999,23.37,0.5978,25.76,0.5423,24.99,0.55900000000000005,25.7,0.54359999999999997,26.19,0.53339999999999999,25.06,0.5575,24.85,0.56220000000000003,25.1,0.55659999999999998,23.75,0.58819999999999995,23.76,0.58799999999999997,25.23,0.55369999999999997,22.96,0.60840000000000005,24.81,0.56310000000000004,23.81,0.5867,28.04,0.49819999999999998,28.47,0.49070000000000003,23.87,0.58530000000000004,25.77,0.54210000000000003,25.38,0.5504,33.200000000000003,0,26.36,0.53,23.86,0.58550000000000002,28.69,0,25.13,0.55589999999999995]
["Instalações Hidráulicas em PEX",96873,"DISTRIBUIDOR 2 SAÍDAS, METÁLICO, PARA INSTALAÇÕES EM PEX ÁGUA, ENTRADA DE 1\" X 2 SAÍDAS DE 1/2\", CONEXÃO POR ANEL DESLIZANTE - FORNECIMENTO E INSTALAÇÃO. AF_02/2023","UN",64.44,0.67190000000000005,63.36,0.68340000000000001,65.2,0.66410000000000002,60.68,0.71360000000000001,65.05,0.66559999999999997,63.66,0.68020000000000003,64.97,0.66649999999999998,65.89,0.65720000000000001,63.74,0.67930000000000001,63.42,0.68269999999999997,63.87,0.67789999999999995,61.41,0.70509999999999995,61.39,0.70530000000000004,64.09,0.67559999999999998,59.88,0.72309999999999997,63.31,0.68389999999999995,61.49,0.70420000000000005,69.28,0.625,70.040000000000006,0.61819999999999997,61.56,0.70340000000000003,65.06,0.66549999999999998,64.38,0.67259999999999998,89.32,0,66.180000000000007,0.65429999999999999,61.56,0.70340000000000003,70.42,0,63.92,0.6774]
["Instalações Hidráulicas em PEX",96854,"JOELHO 90 GRAUS, ROSCA FÊMEA TERMINAL, PARA INSTALAÇÕES EM PEX ÁGUA, DN 20MM X 3/4\", CONEXÃO POR CRIMPAGEM - FORNECIMENTO E INSTALAÇÃO. AF_02/2023","UN",31.34,0.54720000000000002,30.63,0.55989999999999995,31.89,0.53779999999999994,28.81,0.59530000000000005,31.77,0.53979999999999995,30.82,0.55649999999999999,31.7,0.54100000000000004,32.299999999999997,0.53100000000000003,30.89,0.55520000000000003,30.64,0.55969999999999998,30.96,0.55389999999999995,29.28,0.5857,29.29,0.58550000000000002,31.12,0.55110000000000003,28.29,0.60619999999999996,30.59,0.56059999999999999,29.36,0.58409999999999995,34.6,0.49569999999999997,35.130000000000003,0.48820000000000002,29.43,0.5827,31.78,0.53959999999999997,31.31,0.54769999999999996,40.89,0,32.520000000000003,0.52739999999999998,29.41,0.58309999999999995,35.409999999999997,0,31,0.55320000000000003]
["Instalações Hidráulicas em PEX",104538,"JOELHO 90 GRAUS, ROSCA MACHO TERMINAL, PARA INSTALAÇÕES EM PEX ÁGUA, DN 25 MM X 3/4\", FIXAÇÃO DAS CONEXÕES POR CRIMPAGEM - FORNECIMENTO E INSTALAÇÃO. AF_02/2023","UN",0,null,0,null,0,null,0,null,0,null,0,null,0,null,0,null,0,null,0,null,0,null,0,null,0,null,0,null,0,null,0,null,0,null,0,null,0,null,0,null,0,null,0,null,0,null,0,null,0,null,0,null,0]
["Instalações Hidráulicas em PEX",104576,"LUVA DE REDUÇÃO, PARA INSTALAÇÕES EM PEX ÁGUA, DN 20 X 16 MM, COM ANEL DESLIZANTE - FORNECIMENTO E INSTALAÇÃO. AF_02/2023","UN",16.18,0.54759999999999998,15.82,0.56010000000000004,16.47,0.53790000000000004,14.87,0.5958,16.41,0.53990000000000005,15.92,0.55649999999999999,16.36,0.54159999999999997,16.670000000000002,0.53149999999999997,15.95,0.55549999999999999,15.82,0.56010000000000004,15.98,0.5544,15.11,0.58640000000000003,15.12,0.58599999999999997,16.07,0.55130000000000001,14.61,0.60640000000000005,15.8,0.56079999999999997,15.15,0.58479999999999999,17.86,0.49609999999999999,18.14,0.4884,15.19,0.58330000000000004,16.41,0.53990000000000005,16.170000000000002,0.54790000000000005,21.1,0,16.78,0.52800000000000002,15.18,0.5837,18.29,0,16,0.55379999999999996]
["Instalações Hidráulicas em PEX",104585,"TAMPÃO / CAP, ROSCA FÊMEA, PARA INSTALAÇÕES EM PEX ÁGUA, DN 1/2\" - FORNECIMENTO E INSTALAÇÃO. AF_02/2023","UN",0,null,0,null,0,null,0,null,0,null,0,null,0,null,0,null,0,null,0,null,0,null,0,null,0,null,0,null,0,null,0,null,0,null,0,null,0,null,0,null,0,null,0,null,0,null,0,null,0,null,0,null,0]
["Instalações Hidráulicas em PEX",96866,"TÊ, METÁLICO, PARA INSTALAÇÕES EM PEX ÁGUA, DN 32 MM, CONEXÃO POR ANEL DESLIZANTE - FORNECIMENTO E INSTALAÇÃO. AF_02/2023","UN",68.58,0.65949999999999998,67.430000000000007,0.67079999999999995,69.510000000000005,0.65069999999999995,64.39,0.70240000000000002,69.290000000000006,0.65280000000000005,67.72,0.66790000000000005,69.16,0.65400000000000003,70.14,0.64490000000000003,67.849999999999994,0.66659999999999997,67.430000000000007,0.67079999999999995,67.95,0.66559999999999997,65.17,0.69399999999999995,65.2,0.69369999999999998,68.22,0.66300000000000003,63.6,0.71120000000000005,67.349999999999994,0.67159999999999997,65.3,0.69259999999999999,73.94,0.61170000000000002,74.84,0.60440000000000005,65.430000000000007,0.69130000000000003,69.31,0.65259999999999996,68.53,0.66,94.47,0,70.510000000000005,0.64149999999999996,65.41,0.6915,75.3,0,68.010000000000005,0.66500000000000004]
["Instalações Hidráulicas em PEX",96870,"TÊ, PARA INSTALAÇÕES EM PEX ÁGUA, DN 25 MM, CONEXÃO POR CRIMPAGEM - FORNECIMENTO E INSTALAÇÃO. AF_02/2023","UN",45.75,0.71020000000000005,45.1,0.72040000000000004,46.27,0.70220000000000005,43.36,0.74929999999999997,46.16,0.70389999999999997,45.26,0.71789999999999998,46.07,0.70520000000000005,46.63,0.69679999999999997,45.33,0.7167,45.09,0.72060000000000002,45.39,0.71579999999999999,43.81,0.74160000000000004,43.83,0.74129999999999996,45.54,0.71340000000000003,42.92,0.75700000000000001,45.05,0.72119999999999995,43.89,0.74029999999999996,48.8,0.66579999999999995,49.3,0.65900000000000003,43.96,0.73909999999999998,46.17,0.70369999999999999,45.72,0.71060000000000001,64.540000000000006,0,46.85,0.69350000000000001,43.94,0.73939999999999995,49.57,0,45.43,0.71519999999999995]
["Instalações Hidráulicas em PPR",96660,"CONECTOR MACHO, PPR, 32 X 3/4\", CLASSE PN 25, INSTALADO EM RAMAL DE DISTRIBUIÇÃO DE ÁGUA FORNECIMENTO E INSTALAÇÃO. AF_08/2022","UN",33.479999999999997,0.86770000000000003,33.21,0.87470000000000003,33.69,0.86229999999999996,32.700000000000003,0.88839999999999997,33.58,0.86509999999999998,33.32,0.87180000000000002,39.24,0,33.82,0.85899999999999999,33.29,0.87260000000000004,33.270000000000003,0.87319999999999998,33.369999999999997,0.87050000000000005,32.85,0.88429999999999997,32.85,0.88429999999999997,33.43,0.86899999999999999,32.54,0.89270000000000005,33.26,0.87339999999999995,32.86,0.8841,39.82,0,34.67,0.83789999999999998,32.93,0.88219999999999998,33.69,0.86229999999999996,33.450000000000003,0.86850000000000005,33.19,0,33.22,0,32.880000000000003,0.88349999999999995,34.74,0,33.380000000000003,0.87029999999999996]
["Instalações Hidráulicas em PPR",96684,"JOELHO 90 GRAUS, PPR, DN 25 MM, CLASSE PN 25, INSTALADO EM PRUMADA DE ÁGUA FORNECIMENTO E INSTALAÇÃO . AF_08/2022","UN",11.73,0.2268,11.15,0.23860000000000001,12.12,0.2195,10.130000000000001,0.2626,11.93,0.223,11.4,0.23330000000000001,12.42,0,12.4,0.2145,11.33,0.23480000000000001,11.28,0.23580000000000001,11.48,0.23169999999999999,10.42,0.25530000000000003,10.43,0.255,11.6,0.2293,9.82,0.27089999999999997,11.27,0.23599999999999999,10.46,0.25430000000000003,14.26,0,14.15,0.188,10.58,0.25140000000000001,12.15,0.21890000000000001,11.64,0.22850000000000001,11.3,0,12.29,0,10.47,0.25409999999999999,14.28,0,11.51,0.2311]
["Instalações Hidráulicas em PPR",96635,"TUBO, PPR, DN 25, CLASSE PN 20, INSTALADO EM RAMAL OU SUB-RAMAL DE ÁGUA FORNECIMENTO E INSTALAÇÃO. AF_08/2022","M",42.96,0.34360000000000002,41.17,0.35849999999999999,44.17,0.3342,37.97,0.38869999999999999,43.57,0.33829999999999999,41.9,0.3518,46.33,4.0000000000000002E-4,45.02,0.32740000000000002,41.69,0.35399999999999998,41.57,0.35460000000000003,42.17,0.34949999999999998,38.880000000000003,0.37909999999999999,38.92,0.37869999999999998,42.57,0.3463,36.99,0.39850000000000002,41.53,0.35539999999999999,39.020000000000003,0.37830000000000003,51.99,0,50.48,0.29199999999999998,39.380000000000003,0.37480000000000002,44.26,0.33300000000000002,42.66,0.34599999999999997,41.54,0,44.57,0,39.03,0.37819999999999998,50.9,0,42.3,0.34849999999999998]
["Instalações Hidráulicas em PPR",96647,"TUBO, PPR, DN 25, CLASSE PN 25, INSTALADO EM RAMAL DE DISTRIBUIÇÃO DE ÁGUA FORNECIMENTO E INSTALAÇÃO. AF_08/2022","M",25.74,0.64180000000000004,25.16,0.65659999999999996,26.14,0.63200000000000001,24.12,0.68489999999999995,25.94,0.63690000000000002,25.4,0.65039999999999998,29.13,0,26.42,0.62529999999999997,25.33,0.6522,25.29,0.6532,25.48,0.64839999999999998,24.42,0.67649999999999999,24.42,0.67649999999999999,25.62,0.64480000000000004,23.79,0.69440000000000002,25.28,0.65349999999999997,24.45,0.67569999999999997,30.85,0,28.21,0.58560000000000001,24.57,0.6724,26.17,0.63129999999999997,25.64,0.64429999999999998,25.23,0,26.04,0,24.46,0.6754,28.34,0,25.52,0.64729999999999999]
["Instalações Hidráulicas em PPR",96667,"TÊ NORMAL, PPR, DN 40 MM, CLASSE PN 25, INSTALADO EM RAMAL DE DISTRIBUIÇÃO DE ÁGUA FORNECIMENTO E INSTALAÇÃO. AF_08/2022","UN",24.44,0.60599999999999998,23.83,0.62150000000000005,24.86,0.59570000000000001,22.74,0.65129999999999999,24.66,0.60060000000000002,24.08,0.61499999999999999,27.5,0,25.15,0.58889999999999998,24.01,0.61680000000000001,23.96,0.61809999999999998,24.17,0.61270000000000002,23.05,0.64249999999999996,23.07,0.64200000000000002,24.31,0.60919999999999996,22.4,0.66120000000000001,23.96,0.61809999999999998,23.1,0.6411,29.32,0,27.01,0.54830000000000001,23.23,0.63749999999999996,24.89,0.59499999999999997,24.34,0.60850000000000004,23.92,0,24.81,0,23.1,0.6411,27.16,0,24.21,0.61170000000000002]
["Instalações Prediais de Esgoto - Tubos e Conexões",89728,"CURVA CURTA 90 GRAUS, PVC, SERIE NORMAL, ESGOTO PREDIAL, DN 40 MM, JUNTA SOLDÁVEL, FORNECIDO E INSTALADO EM RAMAL DE DESCARGA OU RAMAL DE ESGOTO SANITÁRIO. AF_08/2022","UN",14.22,0,12.54,0,12.88,0,10.92,0,12.95,0,13.14,0,13.75,0,15.68,0,13.59,0,12.42,0,13.66,0,13.19,0,12.96,0,13.52,0,11.03,0,12.05,0,12.17,0,14.98,0,15.85,0,12.39,0,14.81,0,12.6,0,14.18,0,14.22,0,12.09,0,15.56,0,13.18,0]
["Instalações Prediais de Esgoto - Tubos e Conexões",89739,"JOELHO 45 GRAUS, PVC, SERIE NORMAL, ESGOTO PREDIAL, DN 75 MM, JUNTA ELÁSTICA, FORNECIDO E INSTALADO EM RAMAL DE DESCARGA OU RAMAL DE ESGOTO SANITÁRIO. AF_08/2022","UN",27.18,0,23.69,0,24.37,0,20.97,0,23.03,0,25.03,0,23.61,0,27.05,0,24.97,0,23.66,0,23.9,0,23.33,0,22.98,0,26.23,0,21.22,0,23.18,0,23.16,0,25.32,0,26.79,0,22.96,0,26.45,0,22.33,0,24.95,0,24.34,0,22.13,0,26.31,0,24.07,0]
["Instalações Prediais de Esgoto - Tubos e Conexões",89785,"JUNÇÃO SIMPLES, PVC, SERIE NORMAL, ESGOTO PREDIAL, DN 50 X 50 MM, JUNTA ELÁSTICA, FORNECIDO E INSTALADO EM RAMAL DE DESCARGA OU RAMAL DE ESGOTO SANITÁRIO. AF_08/2022","UN",30.44,0,26.64,0,27.23,0,23.3,0,25.88,0,28.03,0,26.63,0,30.74,0,28.12,0,26.43,0,26.96,0,26.37,0,25.92,0,29.31,0,23.82,0,25.8,0,25.91,0,28.46,0,30.2,0,25.86,0,29.88,0,25.06,0,28.12,0,27.39,0,24.91,0,29.74,0,27.07,0]
["Instalações Prediais de Esgoto - Tubos e Conexões",89819,"LUVA DE CORRER, PVC, SERIE NORMAL, ESGOTO PREDIAL, DN 75 MM, JUNTA ELÁSTICA, FORNECIDO E INSTALADO EM PRUMADA DE ESGOTO SANITÁRIO OU VENTILAÇÃO. AF_08/2022","UN",28.01,0,24.23,0,24,0,20.84,0,22.81,0,25.56,0,23.89,0,28.49,0,25.89,0,23.75,0,24.59,0,24.74,0,24.14,0,26.75,0,21.96,0,22.84,0,23.78,0,24.54,0,26.38,0,23.85,0,27.49,0,22.13,0,25.99,0,24.36,0,22.84,0,25.82,0,24.51,0]
["Instalações Prediais de Esgoto - Tubos e Conexões",104354,"TE, PVC, SÉRIE NORMAL, ESGOTO PREDIAL, DN 100 X 75 MM, JUNTA ELÁSTICA, FORNECIDO E INSTALADO EM PRUMADA DE ESGOTO SANITÁRIO OU VENTILAÇÃO. AF_08/2022","UN",52.09,0,45.28,0,45.69,0,39.450000000000003,0,43.58,0,47.73,0,45.33,0,52.94,0,48.17,0,44.76,0,46.15,0,45.72,0,44.8,0,49.91,0,40.71,0,43.41,0,44.32,0,47.66,0,50.82,0,44.3,0,51.21,0,42.28,0,48.48,0,46.49,0,42.61,0,49.81,0,46.03,0]
["Instalações Prediais de Água Fria em PVC",89391,"ADAPTADOR CURTO COM BOLSA E ROSCA PARA REGISTRO, PVC, SOLDÁVEL, DN 32MM X 1, INSTALADO EM RAMAL OU SUB-RAMAL DE ÁGUA - FORNECIMENTO E INSTALAÇÃO. AF_06/2022","UN",9.39,0,8.31,0,8.92,0,7.66,0,8.81,0,8.68,0,9.27,0,10.08,0,8.8699999999999992,0,8.4700000000000006,0,8.9,0,8.39,0,8.24,0,9.1300000000000008,0,7.32,0,8.5500000000000007,0,8.1199999999999992,0,10.29,0,10.68,0,7.84,0,9.32,0,8.59,0,9.3699999999999992,0,9.52,0,7.99,0,10.52,0,8.7200000000000006,0]
["Instalações Prediais de Água Fria em PVC",89613,"ADAPTADOR CURTO COM BOLSA E ROSCA PARA REGISTRO, PVC, SOLDÁVEL, DN 75MM X 2.1/2\", INSTALADO EM PRUMADA DE ÁGUA - FORNECIMENTO E INSTALAÇÃO. AF_12/2014","UN",33.950000000000003,0,29.24,0,29.11,0,26.6,0,28.25,0,30.26,0,31.95,0,37.5,0,31.95,0,28.85,0,30.62,0,31.28,0,29.55,0,33.090000000000003,0,27.3,0,29.48,0,29.56,0,31,0,32.85,0,26.86,0,31.35,0,28,0,34.880000000000003,0,30.82,0,28.74,0,32,0,29.64,0]
["Instalações Prediais de Água Fria em PVC",103971,"BUCHA DE REDUÇÃO, LONGA, PVC, SOLDÁVEL, DN 60 X 50 MM, INSTALADO EM PRUMADA DE ÁGUA - FORNECIMENTO E INSTALAÇÃO. AF_06/2022","UN",27.94,0,24.16,0,24.01,0,21.79,0,23.24,0,24.93,0,26.25,0,30.94,0,26.32,0,23.76,0,25.14,0,25.7,0,24.22,0,27.28,0,22.59,0,24.24,0,24.33,0,25.41,0,26.99,0,22.1,0,25.75,0,23.02,0,28.61,0,25.22,0,23.69,0,26.42,0,24.38,0]
["Instalações Prediais de Água Fria em PVC",89507,"CURVA 90 GRAUS, PVC, SOLDÁVEL, DN 60MM, INSTALADO EM PRUMADA DE ÁGUA - FORNECIMENTO E INSTALAÇÃO. AF_06/2022","UN",52.16,0,45.59,0,44.86,0,40.229999999999997,0,42.99,0,46.57,0,48.84,0,58.32,0,49.3,0,44.35,0,46.58,0,47.86,0,44.79,0,51.2,0,42.76,0,45.21,0,45.39,0,46.49,0,49.69,0,41.17,0,47.77,0,42.67,0,53.2,0,46.26,0,44.38,0,49.15,0,45.4,0]
["Instalações Prediais de Água Fria em PVC",89414,"JOELHO 45 GRAUS, PVC, SOLDÁVEL, DN 32MM, INSTALADO EM RAMAL DE DISTRIBUIÇÃO DE ÁGUA - FORNECIMENTO E INSTALAÇÃO. AF_06/2022","UN",15.02,0,13.38,0,14.15,0,12.11,0,13.86,0,13.86,0,14.72,0,16.3,0,14.21,0,13.47,0,14.09,0,13.43,0,13.06,0,14.68,0,11.89,0,13.61,0,13.01,0,16.02,0,16.71,0,12.47,0,14.75,0,13.58,0,14.95,0,14.89,0,12.8,0,16.55,0,13.84,0]
["Instalações Prediais de Água Fria em PVC",89515,"JOELHO 45 GRAUS, PVC, SOLDÁVEL, DN 75MM, INSTALADO EM PRUMADA DE ÁGUA - FORNECIMENTO E INSTALAÇÃO. AF_06/2022","UN",92.62,0,80.94,0,78.86,0,70.95,0,75.260000000000005,0,82.44,0,86.23,0,104.04,0,87.58,0,78.3,0,82.17,0,85.2,0,79.3,0,91.05,0,76.41,0,79.86,0,80.62,0,80.599999999999994,0,86.48,0,72.680000000000007,0,84.06,0,74.87,0,94.61,0,80.89,0,78.849999999999994,0,85.7,0,80.11,0]
["Instalações Prediais de Água Fria em PVC",89513,"JOELHO 90 GRAUS, PVC, SOLDÁVEL, DN 75MM, INSTALADO EM PRUMADA DE ÁGUA - FORNECIMENTO E INSTALAÇÃO. AF_06/2022","UN",116.3,0,101.81,0,98.66,0,88.66,0,93.85,0,103.4,0,107.97,0,131.07,0,110.05,0,98.1,0,102.79,0,107.04,0,99.29,0,114.49,0,96.4,0,100.05,0,101.24,0,99.91,0,107.5,0,91.02,0,105.08,0,93.46,0,118.78,0,100.64,0,99.09,0,106.81,0,100.3,0]
["Instalações Prediais de Água Fria em PVC",104159,"LUVA DE CORRER, PVC, SOLDÁVEL, DN 40MM, INSTALADO EM RAMAL DE DISTRIBUIÇÃO DE ÁGUA - FORNECIMENTO E INSTALAÇÃO. AF_06/2022","UN",42.13,0,37.090000000000003,0,36.4,0,32.31,0,34.74,0,37.69,0,39.43,0,47.27,0,39.880000000000003,0,35.9,0,37.54,0,38.57,0,36,0,41.47,0,34.79,0,36.549999999999997,0,36.65,0,37.46,0,40.130000000000003,0,33.28,0,38.549999999999997,0,34.5,0,42.78,0,37.17,0,35.92,0,39.97,0,36.74,0]
["Instalações Prediais de Água Fria em PVC",89431,"LUVA, PVC, SOLDÁVEL, DN 32MM, INSTALADO EM RAMAL DE DISTRIBUIÇÃO DE ÁGUA - FORNECIMENTO E INSTALAÇÃO. AF_06/2022","UN",9.69,0,8.5399999999999991,0,9.11,0,7.92,0,9.01,0,8.93,0,9.5399999999999991,0,10.41,0,9.14,0,8.69,0,9.17,0,8.6999999999999993,0,8.5299999999999994,0,9.42,0,7.55,0,8.8000000000000007,0,8.4,0,10.52,0,10.91,0,8.07,0,9.59,0,8.81,0,9.7200000000000006,0,9.7899999999999991,0,8.23,0,10.7,0,8.9700000000000006,0]
["Instalações Prediais de Água Fria em PVC",103976,"TE DE REDUÇÃO, 90 GRAUS, PVC, SOLDÁVEL, DN 50 MM X 32 MM, INSTALADO EM PRUMADA DE ÁGUA - FORNECIMENTO E INSTALAÇÃO. AF_06/2022","UN",28.46,0,24.8,0,25,0,22.39,0,24.27,0,25.59,0,27.02,0,31.4,0,26.85,0,24.51,0,25.86,0,26.01,0,24.69,0,27.8,0,22.9,0,24.95,0,24.76,0,26.91,0,28.45,0,22.77,0,26.62,0,23.98,0,28.97,0,26.27,0,24.17,0,27.92,0,25.16,0]
["Instalações Prediais de Água Fria em PVC",89625,"TE, PVC, SOLDÁVEL, DN 50MM, INSTALADO EM PRUMADA DE ÁGUA - FORNECIMENTO E INSTALAÇÃO. AF_06/2022","UN",24.95,0,21.57,0,22.26,0,20.02,0,21.88,0,22.54,0,23.98,0,27.1,0,23.46,0,21.7,0,23.04,0,22.75,0,21.93,0,24.23,0,19.63,0,22.1,0,21.7,0,24.8,0,25.97,0,20.190000000000001,0,23.79,0,21.53,0,25.43,0,23.91,0,21.11,0,25.23,0,22.34,0]
["Instalações Prediais de Água Fria em PVC",89442,"TÊ DE REDUÇÃO, PVC, SOLDÁVEL, DN 25MM X 20MM, INSTALADO EM RAMAL DE DISTRIBUIÇÃO DE ÁGUA - FORNECIMENTO E INSTALAÇÃO. AF_06/2022","UN",14.92,0,13.35,0,14.15,0,12.05,0,13.88,0,13.83,0,14.68,0,16.2,0,14.13,0,13.45,0,14.05,0,13.33,0,12.98,0,14.6,0,11.82,0,13.57,0,12.93,0,16.09,0,16.760000000000002,0,12.43,0,14.73,0,13.58,0,14.83,0,14.89,0,12.73,0,16.63,0,13.82,0]
["Instalações Prediais de Água Fria em PVC",103990,"UNIÃO, PVC, SOLDÁVEL, DN 40MM, INSTALADO EM RAMAL DE DISTRIBUIÇÃO DE ÁGUA - FORNECIMENTO E INSTALAÇÃO. AF_06/2022","UN",39.26,0,34.56,0,34,0,30.16,0,32.49,0,35.15,0,36.799999999999997,0,43.99,0,37.159999999999997,0,33.5,0,35.04,0,35.92,0,33.57,0,38.630000000000003,0,32.36,0,34.1,0,34.15,0,35.119999999999997,0,37.58,0,31.05,0,36,0,32.25,0,39.85,0,34.78,0,33.46,0,37.42,0,34.29,0]
["Instalações Prediais de Água Quente em CPVC",89747,"ADAPTADOR, CPVC, SOLDÁVEL, DN 22MM, INSTALADO EM RAMAL DE DISTRIBUIÇÃO DE ÁGUA FORNECIMENTO E INSTALAÇÃO. AF_06/2022","UN",33.61,0,30.18,0.79390000000000005,30.82,0.77739999999999998,30.33,0.79,29.95,0,29.21,0,30.32,0,35.97,0,29.81,0,30.57,0.78380000000000005,32.29,0,35.58,0,32.31,0,30.14,0,29.4,0.81499999999999995,32.72,0,30.45,0.78690000000000004,32.4,0,31,0,27.44,0,34.700000000000003,0,30.81,0.77769999999999995,35.22,0,27.77,0,30.18,0.79390000000000005,31.99,0,30.83,0.7772]
["Instalações Prediais de Água Quente em CPVC",89648,"CURVA 90 GRAUS, CPVC, SOLDÁVEL, DN 28MM, INSTALADO EM RAMAL OU SUB-RAMAL DE ÁGUA FORNECIMENTO E INSTALAÇÃO. AF_06/2022","UN",28.25,0,25.12,0.56569999999999998,26.27,0.54090000000000005,25,0.56840000000000002,25.82,0,25.05,0,26.31,0,30.06,0,25.48,0,25.68,0.55330000000000001,27.19,0,28.52,0,26.61,0,25.86,0,23.66,0.60060000000000002,27.07,0,25.26,0.5625,28.87,0,28.28,0,23.31,0,29.03,0,26.11,0.54420000000000002,29.24,0,25.32,0,24.92,0.57020000000000004,28.5,0,26.09,0.54469999999999996]
["Instalações Prediais de Água Quente em CPVC",89646,"JOELHO 90 GRAUS, CPVC, SOLDÁVEL, DN 28MM, INSTALADO EM RAMAL OU SUB-RAMAL DE ÁGUA - FORNECIMENTO E INSTALAÇÃO. AF_06/2022","UN",23.3,0,20.58,0.46989999999999998,21.73,0.44500000000000001,20.46,0.47260000000000002,21.48,0,20.81,0,21.97,0,24.71,0,21.14,0,21.14,0.45739999999999997,22.44,0,23.06,0,21.79,0,21.49,0,19.12,0.50580000000000003,22.15,0,20.72,0.4667,24.33,0,24.04,0,19.28,0,23.88,0,21.57,0.44829999999999998,24.03,0,21.56,0,20.38,0.47449999999999998,23.96,0,21.55,0.44869999999999999]
["Instalações Prediais de Água Quente em CPVC",89815,"LUVA DE CORRER, CPVC, SOLDÁVEL, DN 35MM, INSTALADO EM PRUMADA DE ÁGUA FORNECIMENTO E INSTALAÇÃO. AF_06/2022","UN",32.450000000000003,0,28.61,0.76690000000000003,29.26,0.74980000000000002,29.32,0.74829999999999997,28.68,0,28.07,0,29.3,0,34.5,0,28.73,0,29.21,0.75109999999999999,31.14,0,34.33,0,31.34,0,29.02,0,27.9,0.78639999999999999,31.29,0,29.36,0.74729999999999996,31.14,0,29.83,0,26.33,0,33.28,0,29.45,0.745,34.270000000000003,0,27.15,0,28.92,0.75860000000000005,30.25,0,29.54,0.74270000000000003]
["Instalações Prediais de Água Quente em CPVC",89736,"LUVA, CPVC, SOLDÁVEL, DN 22MM, INSTALADO EM RAMAL DE DISTRIBUIÇÃO DE ÁGUA FORNECIMENTO E INSTALAÇÃO. AF_06/2022","UN",10.210000000000001,0,8.74,0.2883,9.3800000000000008,0.26869999999999999,8.89,0.28349999999999997,9.43,0,9.16,0,9.81,0,10.69,0,9.34,0,9.1300000000000008,0.27600000000000002,9.84,0,9.82,0,9.51,0,9.52,0,7.96,0.31659999999999999,9.49,0,9.01,0.2797,10.94,0,10.95,0,8.43,0,10.35,0,9.3699999999999992,0.26889999999999997,10.6,0,10.01,0,8.74,0.2883,10.55,0,9.39,0.26840000000000003]
["Instalações Prediais de Água Quente em CPVC",89844,"TE, CPVC, SOLDÁVEL, DN 42MM, INSTALADO EM PRUMADA DE ÁGUA FORNECIMENTO E INSTALAÇÃO. AF_06/2022","UN",72.02,0,64.02,0.78649999999999998,65.349999999999994,0.77049999999999996,65.09,0.77349999999999997,63.82,0,62.38,0,64.900000000000006,0,76.8,0,63.77,0,65.099999999999994,0.77339999999999998,69.150000000000006,0,76.349999999999994,0,69.48,0,64.430000000000007,0,62.46,0.80610000000000004,69.78,0,65.22,0.77200000000000002,69.099999999999994,0,66.08,0,58.57,0,74.09,0,65.61,0.76739999999999997,75.86,0,59.75,0,64.430000000000007,0.78149999999999997,67.56,0,65.760000000000005,0.76570000000000005]
["Instalações Prediais de Água Quente em CPVC",89769,"TÊ, CPVC, SOLDÁVEL, DN35MM, INSTALADO EM RAMAL DE DISTRIBUIÇÃO DE ÁGUA - FORNECIMENTO E INSTALAÇÃO. AF_06/2022","UN",62.68,0,55.9,0.70109999999999995,57.62,0.68010000000000004,56.14,0.69810000000000005,56.34,0,54.87,0,57.25,0,66.84,0,55.94,0,56.89,0.68889999999999996,60.25,0,65.150000000000006,0,59.83,0,56.63,0,53.77,0.7288,60.55,0,56.47,0.69399999999999995,61.8,0,59.69,0,51.32,0,64.510000000000005,0,57.54,0.68110000000000004,65.44,0,53.59,0,55.82,0.70209999999999995,60.84,0,57.57,0.68069999999999997]
["Instalações Prediais de Águas Pluviais - Tubos, Conexões, Caixas e Ralos",104179,"CAP, PVC, SERIE R, ÁGUA PLUVIAL, DN 150 MM, JUNTA ELÁSTICA, FORNECIDO E INSTALADO EM RAMAL DE ENCAMINHAMENTO. AF_06/2022","UN",94.27,0,82.68,0,77.94,0,65.900000000000006,0,75.180000000000007,0,85.8,0,81.02,0,101.59,0,89.06,0,78.23,0,84.41,0,86.86,0,83.72,0,89.16,0,75.3,0,72.760000000000005,0,79.63,0,79.77,0,87.93,0,82.34,0,95.63,0,73.05,0,89.07,0,81.12,0,78.19,0,87.32,0,82.84,0]
["Instalações Prediais de Águas Pluviais - Tubos, Conexões, Caixas e Ralos",95695,"CURVA 90 GRAUS, PVC, SERIE R, ÁGUA PLUVIAL, DN 100 MM, JUNTA ELÁSTICA, FORNECIDO E INSTALADO EM CONDUTORES VERTICAIS DE ÁGUAS PLUVIAIS. AF_06/2022","UN",67.61,0,59.5,0,58.23,0,49.24,0,56.58,0,61.97,0,60.16,0,72.48,0,63.82,0,57.42,0,61.51,0,61.62,0,59.89,0,64.3,0,53.48,0,54.47,0,57.39,0,61.97,0,67.040000000000006,0,58.76,0,68.66,0,54.98,0,64.39,0,61.06,0,56.32,0,66.37,0,60.4,0]
["Instalações Prediais de Águas Pluviais - Tubos, Conexões, Caixas e Ralos",89581,"JOELHO 90 GRAUS, PVC, SERIE R, ÁGUA PLUVIAL, DN 75 MM, JUNTA ELÁSTICA, FORNECIDO E INSTALADO EM CONDUTORES VERTICAIS DE ÁGUAS PLUVIAIS. AF_06/2022","UN",38.119999999999997,0,33.409999999999997,0,33.28,0,28.34,0,31.9,0,34.99,0,33.42,0,39.630000000000003,0,35.58,0,32.65,0,34.11,0,33.9,0,33.090000000000003,0,36.47,0,30.02,0,31.34,0,32.380000000000003,0,34.85,0,37.43,0,32.74,0,38,0,30.95,0,35.68,0,34.1,0,31.41,0,36.950000000000003,0,33.86,0]
["Instalações Prediais de Águas Pluviais - Tubos, Conexões, Caixas e Ralos",89599,"LUVA SIMPLES, PVC, SERIE R, ÁGUA PLUVIAL, DN 75 MM, JUNTA ELÁSTICA, FORNECIDO E INSTALADO EM CONDUTORES VERTICAIS DE ÁGUAS PLUVIAIS. AF_06/2022","UN",27.93,0,23.98,0,23.91,0,21.11,0,23.54,0,25.4,0,25.11,0,29.4,0,26.13,0,23.71,0,25.55,0,25.56,0,25.02,0,26.45,0,21.59,0,22.91,0,23.85,0,26.12,0,27.87,0,23.88,0,28.06,0,22.88,0,27.14,0,25.82,0,23.12,0,26.96,0,24.86,0]
["Instalações Prediais de Águas Pluviais - Tubos, Conexões, Caixas e Ralos",89573,"TÊ, PVC, SERIE R, ÁGUA PLUVIAL, DN 100 X 75 MM, JUNTA ELÁSTICA, FORNECIDO E INSTALADO EM RAMAL DE ENCAMINHAMENTO. AF_06/2022","UN",85.62,0,74.77,0,71.45,0,60.99,0,69.42,0,77.94,0,74.739999999999995,0,92.17,0,80.84,0,71.45,0,77.319999999999993,0,78.97,0,76.39,0,80.959999999999994,0,67.84,0,67.03,0,72.53,0,74.72,0,81.67,0,74.52,0,86.88,0,67.5,0,81.69,0,75.349999999999994,0,71.099999999999994,0,80.59,0,75.59,0]
["Instalações de Divisórias Diversas",102240,"DIVISORIA (N2) - PAINEL/VIDRO - PAINEL MDF/VIDRO 6 MM, LINHA 90 MM - PERFIS DE ALUMÍNIO EXTRUDADO. AF_01/2021","M2",0,null,0,null,0,null,0,null,0,null,0,null,0,null,0,null,0,null,0,null,0,null,0,null,0,null,0,null,0,null,0,null,0,null,0,null,0,null,0,null,0,null,0,null,0,null,0,null,0,null,0,null,0]
["Instalações de Divisórias Diversas",102252,"PORTA/VIDRO PARA DIVISÓRIA (N2) - PAINEL DE PVC E=35MM, S/ BONECA, INCLUSO BATENTE, TESTEIRO, DOBRADIÇAS E FECHADURA. AF_01/2021","M2",0,null,0,null,0,null,0,null,0,null,0,null,0,null,0,null,0,null,0,null,0,null,0,null,0,null,0,null,0,null,0,null,0,null,0,null,0,null,0,null,0,null,0,null,0,null,0,null,0,null,0,null,0]
["Instalações de Gás e Incêndio em Aço e Ferro Galvanizado",97519,"CURVA 45 GRAUS, EM AÇO, CONEXÃO SOLDADA, DN 32 (1 1/4\"), INSTALADO EM REDE DE ALIMENTAÇÃO PARA SPRINKLER - FORNECIMENTO E INSTALAÇÃO. AF_10/2020","UN",78.239999999999995,0.78510000000000002,77.73,0.7903,80.06,0.78220000000000001,75.42,0.8145,108.52,0,78.150000000000006,0.78610000000000002,79.05,0.77710000000000001,66.97,0,77.87,0.78890000000000005,77.319999999999993,0.79449999999999998,79.23,0.77529999999999999,76.010000000000005,0.80820000000000003,76.25,0.80559999999999998,78.53,0.78220000000000001,74.84,0.82079999999999997,77.44,0.79330000000000001,76.099999999999994,0.80720000000000003,82.22,0.74709999999999999,84.78,0.72460000000000002,76.75,0.8004,78.83,0.77929999999999999,79.239999999999995,0.7903,99.56,0,82.08,0.74839999999999995,76.67,0.81669999999999998,83.01,0,77.83,0.7893]
["Instalações de Gás e Incêndio em Aço e Ferro Galvanizado",97482,"CURVA 90 GRAUS, EM AÇO, CONEXÃO SOLDADA, DN 32 (1 1/4\"), INSTALADO EM REDE DE ALIMENTAÇÃO PARA HIDRANTE - FORNECIMENTO E INSTALAÇÃO. AF_10/2020","UN",85.59,0.7177,84.6,0.72609999999999997,88,0.71160000000000001,81.489999999999995,0.75380000000000003,116.58,0,85.24,0.72070000000000001,86.6,0.70940000000000003,75.069999999999993,0,85.06,0.72219999999999995,84.32,0.72850000000000004,86.67,0.70879999999999999,82.31,0.74629999999999996,82.61,0.74360000000000004,85.78,0.71609999999999996,80.650000000000006,0.76170000000000004,84.42,0.72770000000000001,82.45,0.74509999999999998,91.27,0.67310000000000003,94.83,0.64780000000000004,83.44,0.73619999999999997,86.46,0.71050000000000002,86.79,0.72150000000000003,106.9,0,91.17,0.67379999999999995,83.06,0.75390000000000001,92.29,0,85.01,0.72260000000000002]
["Instalações de Gás e Incêndio em Aço e Ferro Galvanizado",97526,"CURVA 90 GRAUS, EM AÇO, CONEXÃO SOLDADA, DN 65 (2 1/2\"), INSTALADO EM REDE DE ALIMENTAÇÃO PARA SPRINKLER - FORNECIMENTO E INSTALAÇÃO. AF_10/2020","UN",301.11,0.9093,301.02999999999997,0.90949999999999998,304.72000000000003,0.90949999999999998,296.77999999999997,0.92259999999999998,431.43,0,301.60000000000002,0.90780000000000005,302.89,0.90400000000000003,246.19,0,300.52999999999997,0.91110000000000002,299.56,0.91400000000000003,303.70999999999998,0.90149999999999997,297.72000000000003,0.91969999999999996,298.29000000000002,0.91790000000000005,302.3,0.90569999999999995,295.81,0.92559999999999998,299.95999999999998,0.91279999999999994,297.88,0.91920000000000002,307.76,0.88970000000000005,312.24,0.87690000000000001,298.77,0.91639999999999999,302.10000000000002,0.90629999999999999,303.41000000000003,0.91339999999999999,395.1,0,307.27999999999997,0.89100000000000001,299.35000000000002,0.92579999999999996,309.38,0,300.47000000000003,0.91120000000000001]
["Instalações de Gás e Incêndio em Aço e Ferro Galvanizado",92677,"JOELHO 45 GRAUS, EM FERRO GALVANIZADO, CONEXÃO ROSQUEADA, DN 65 (2 1/2\"), INSTALADO EM REDE DE ALIMENTAÇÃO PARA SPRINKLER - FORNECIMENTO E INSTALAÇÃO. AF_10/2020","UN",130.80000000000001,0,134.84,0.77969999999999995,138.1,0.76129999999999998,131.38,0.80030000000000001,123.11,0,135.75,0.77449999999999997,137.66,0.76380000000000003,139.41999999999999,0.75409999999999999,135.41,0.77649999999999997,135.4,0.77649999999999997,131.72999999999999,0,132.87,0,109.1,0,137.16,0,130.1,0.80810000000000004,135.36000000000001,0.77669999999999995,113.89,0,144.13999999999999,0.72940000000000005,145.31,0.72360000000000002,132.86000000000001,0.79139999999999999,113.65,0,136.55000000000001,0.77,132.62,0,139.13999999999999,0.75560000000000005,132.54,0.79330000000000001,145.68,0,128.6,0]
["Instalações de Gás e Incêndio em Aço e Ferro Galvanizado",92701,"JOELHO 90 GRAUS, EM FERRO GALVANIZADO, CONEXÃO ROSQUEADA, DN 20 (3/4\"), INSTALADO EM RAMAIS E SUB-RAMAIS DE GÁS - FORNECIMENTO E INSTALAÇÃO. AF_10/2020","UN",33.54,0,32.69,0.33069999999999999,35.14,0.30759999999999998,30.07,0.35949999999999999,33.19,0,33.32,0.32440000000000002,34.700000000000003,0.3115,35.99,0.3004,33.11,0.32650000000000001,33.049999999999997,0.3271,33.1,0,30.89,0,28.45,0,33.94,0,29.22,0.37,33.020000000000003,0.32740000000000002,29.01,0,39.520000000000003,0.27350000000000002,40.42,0.26740000000000003,31.22,0.3463,32.6,0,33.94,0.31850000000000001,32.82,0,35.83,0.30170000000000002,30.94,0.34939999999999999,40.75,0,32.799999999999997,0]
["Instalações de Gás e Incêndio em Aço e Ferro Galvanizado",97515,"LUVA COM REDUÇÃO, EM AÇO, CONEXÃO SOLDADA, DN 80 X 65 MM (3\" X 2 1/2\"), INSTALADO EM REDE DE ALIMENTAÇÃO PARA SPRINKLER - FORNECIMENTO E INSTALAÇÃO. AF_10/2020","UN",277.86,0.92030000000000001,278.73,0.91739999999999999,281.56,0.92400000000000004,274.62,0.93120000000000003,399.37,0,279.02999999999997,0.91649999999999998,279.87,0.91369999999999996,226.22,0,277.41000000000003,0.92179999999999995,276.48,0.92490000000000006,281.17,0.90949999999999998,275.39999999999998,0.92849999999999999,276.08,0.92630000000000001,279.69,0.9143,273.81,0.93389999999999995,277.08999999999997,0.92290000000000005,275.54000000000002,0.92810000000000004,283.45,0.9022,287.5,0.88949999999999996,276.02,0.92649999999999999,278.67,0.91759999999999997,280.54000000000002,0.92730000000000001,366.48,0,282.75,0.90439999999999998,277.39999999999998,0.93779999999999997,285.19,0,277.33999999999997,0.92200000000000004]
["Instalações de Gás e Incêndio em Aço e Ferro Galvanizado",92929,"LUVA DE REDUÇÃO, EM FERRO GALVANIZADO, 1 1/2\" X 1\", CONEXÃO ROSQUEADA, INSTALADO EM REDE DE ALIMENTAÇÃO PARA HIDRANTE - FORNECIMENTO E INSTALAÇÃO. AF_10/2020","UN",54.58,0,54.1,0.46929999999999999,57.3,0.44309999999999999,50.7,0.50080000000000002,53.23,0,54.95,0.46210000000000001,56.77,0.44719999999999999,58.46,0.43430000000000002,54.66,0.46450000000000002,54.6,0.46500000000000002,54.21,0,51.83,0,46.08,0,55.81,0,49.54,0.51249999999999996,54.57,0.46529999999999999,47.32,0,63.08,0.40250000000000002,64.239999999999995,0.3952,52.18,0.48659999999999998,51.39,0,55.76,0.45529999999999998,54,0,58.24,0.436,51.85,0.48970000000000002,64.66,0,53.47,0]
["Instalações de Gás e Incêndio em Aço e Ferro Galvanizado",92947,"LUVA DE REDUÇÃO, EM FERRO GALVANIZADO, 2\" X 1 1/4\", CONEXÃO ROSQUEADA, INSTALADO EM REDE DE ALIMENTAÇÃO PARA SPRINKLER - FORNECIMENTO E INSTALAÇÃO. AF_10/2020","UN",57.67,0,58.77,0.69179999999999997,60.72,0.66959999999999997,56.71,0.71699999999999997,54.84,0,59.36,0.68500000000000005,60.51,0.67200000000000004,61.61,0.66,59.12,0.68779999999999997,59.13,0.68759999999999999,57.88,0,57.53,0,48.29,0,60.04,0,55.87,0.7278,59.11,0.68789999999999996,50.18,0,64.44,0.63100000000000001,65.150000000000006,0.62409999999999999,57.58,0.70609999999999995,51.3,0,59.81,0.67979999999999996,58.12,0,61.39,0.6623,57.39,0.70850000000000002,65.33,0,56.63,0]
["Instalações de Gás e Incêndio em Aço e Ferro Galvanizado",97499,"LUVA, EM AÇO, CONEXÃO SOLDADA, DN 25 (1\"), INSTALADO EM REDE DE ALIMENTAÇÃO PARA SPRINKLER - FORNECIMENTO E INSTALAÇÃO. AF_10/2020","UN",33.78,0.70569999999999999,33.58,0.70989999999999998,34.94,0.70779999999999998,32.130000000000003,0.74199999999999999,45.87,0,33.799999999999997,0.70530000000000004,34.33,0.69440000000000002,29.74,0,33.549999999999997,0.71060000000000001,33.24,0.71719999999999995,34.5,0.69099999999999995,32.49,0.73380000000000001,32.659999999999997,0.72989999999999999,34.049999999999997,0.70009999999999994,31.8,0.74970000000000003,33.31,0.7157,32.54,0.73260000000000003,36.15,0.65949999999999998,37.72,0.63200000000000001,32.9,0.72460000000000002,34.130000000000003,0.69850000000000001,34.46,0.71760000000000002,42.3,0,36.04,0.66149999999999998,32.950000000000003,0.75049999999999994,36.68,0,33.54,0.71079999999999999]
["Instalações de Gás e Incêndio em Aço e Ferro Galvanizado",92662,"LUVA, EM FERRO GALVANIZADO, CONEXÃO ROSQUEADA, DN 40 (1 1/2\"), INSTALADO EM REDE DE ALIMENTAÇÃO PARA SPRINKLER - FORNECIMENTO E INSTALAÇÃO. AF_10/2020","UN",40.47,0,40.72,0.58720000000000006,42.53,0.56220000000000003,38.770000000000003,0.61670000000000003,38.950000000000003,0,41.23,0.57989999999999997,42.31,0.56510000000000005,43.31,0.55210000000000004,41.02,0.58289999999999997,41.02,0.58289999999999997,40.43,0,39.479999999999997,0,34.03,0,41.78,0,38.020000000000003,0.62890000000000001,41.01,0.58299999999999996,35.17,0,45.97,0.52010000000000001,46.62,0.51290000000000002,39.6,0.6038,37,0,41.68,0.57369999999999999,40.450000000000003,0,43.14,0.55420000000000003,39.42,0.60650000000000004,46.82,0,39.700000000000003,0]
["Instalações de Gás e Incêndio em Aço e Ferro Galvanizado",92345,"LUVA, EM FERRO GALVANIZADO, DN 50 (2\"), CONEXÃO ROSQUEADA, INSTALADO EM PRUMADAS - FORNECIMENTO E INSTALAÇÃO. AF_10/2020","UN",68.540000000000006,0,68.47,0.53469999999999995,72.02,0.50829999999999997,64.73,0.56559999999999999,66.36,0,69.44,0.5272,71.459999999999994,0.51229999999999998,73.36,0.499,69.09,0.52990000000000004,69.040000000000006,0.53029999999999999,68.260000000000005,0,66.010000000000005,0,57.72,0,70.459999999999994,0,63.41,0.57740000000000002,69.010000000000005,0.53049999999999997,59.48,0,78.44,0.4667,79.739999999999995,0.45910000000000001,66.36,0.55169999999999997,63.51,0,70.31,0.52070000000000005,68.16,0,73.08,0.501,65.989999999999995,0.55479999999999996,80.180000000000007,0,67.19,0]
["Instalações de Gás e Incêndio em Aço e Ferro Galvanizado",92661,"NIPLE, EM FERRO GALVANIZADO, CONEXÃO ROSQUEADA, DN 40 (1 1/2\"), INSTALADO EM REDE DE ALIMENTAÇÃO PARA SPRINKLER - FORNECIMENTO E INSTALAÇÃO. AF_10/2020","UN",40.14,0,40.369999999999997,0.58360000000000001,42.18,0.55859999999999999,38.42,0.61319999999999997,38.65,0,40.880000000000003,0.57630000000000003,41.96,0.5615,42.96,0.5484,40.67,0.57930000000000004,40.67,0.57930000000000004,40.1,0,39.130000000000003,0,33.76,0,41.43,0,37.67,0.62539999999999996,40.659999999999997,0.57940000000000003,34.880000000000003,0,45.62,0.51639999999999997,46.27,0.50919999999999999,39.25,0.60029999999999994,36.729999999999997,0,41.33,0.56999999999999995,40.11,0,42.79,0.55059999999999998,39.07,0.60299999999999998,46.47,0,39.380000000000003,0]
["Instalações de Gás e Incêndio em Aço e Ferro Galvanizado",92342,"TUBO DE AÇO GALVANIZADO COM COSTURA, CLASSE MÉDIA, DN 65 (2 1/2\"), CONEXÃO ROSQUEADA, INSTALADO EM PRUMADAS - FORNECIMENTO E INSTALAÇÃO. AF_10/2020","M",122.8,0.78039999999999998,121.1,0.7913,124.02,0.77270000000000005,118,0.81210000000000004,142.13999999999999,0,121.79,0.78680000000000005,123.39,0.77659999999999996,156.24,0,121.6,0.78810000000000002,121.48,0.78890000000000005,162.44,0,118.88,0.80610000000000004,118.92,0.80579999999999996,122.43,0.78269999999999995,117.12,0.81820000000000004,111.02,0,119.01,0.80520000000000003,128.99,0.7429,130.08000000000001,0.73670000000000002,110.6,0,140.16999999999999,0,122.56,0.78190000000000004,120.06,0,114.48,0,119.06,0.80489999999999995,130.55000000000001,0,141.59,0]
["Instalações de Gás e Incêndio em Aço e Ferro Galvanizado",97442,"TÊ, EM AÇO, CONEXÃO RANHURADA, DN 80 (3\"), INSTALADO EM PRUMADAS - FORNECIMENTO E INSTALAÇÃO. AF_10/2020","UN",173.41,0.71750000000000003,170.18,0.73109999999999997,175.46,0.70909999999999995,164.74,0.75529999999999997,292.92,0,171.51,0.72540000000000004,174.42,0.71330000000000005,177.06,0.70269999999999999,171.19,0.7268,170.92,0.72789999999999999,171.99,0.72340000000000004,166.34,0.748,166.43,0.74760000000000004,172.69,0.72050000000000003,163.02000000000001,0.76319999999999999,170.89,0.72809999999999997,166.54,0.74709999999999999,184.52,0.67430000000000001,186.47,0.66720000000000002,167.17,0.74429999999999996,175.44,0.70920000000000005,172.87,0.71970000000000001,171.14,0.72699999999999998,176.9,0.70330000000000004,166.58,0.74690000000000001,187.19,0,172.09,0.72299999999999998]
["Instalações de Gás e Incêndio em Aço e Ferro Galvanizado",97530,"TÊ, EM AÇO, CONEXÃO SOLDADA, DN 32 (1 1/4\"), INSTALADO EM REDE DE ALIMENTAÇÃO PARA SPRINKLER - FORNECIMENTO E INSTALAÇÃO. AF_10/2020","UN",124.05,0.81840000000000002,123.51,0.82199999999999995,126.62,0.81630000000000003,120.33,0.84370000000000001,173.59,0,124.05,0.81840000000000002,125.23,0.81069999999999998,104.91,0,123.56,0.8216,122.82,0.8266,125.57,0.8085,121.11,0.83819999999999995,121.46,0.83579999999999999,124.58,0.81489999999999996,119.54,0.84930000000000005,123.02,0.82520000000000004,121.23,0.83740000000000003,129.43,0.78439999999999999,132.91,0.76380000000000003,122.09,0.83150000000000002,124.87,0.81299999999999994,125.53,0.82340000000000002,159.22999999999999,0,129.19,0.78580000000000005,122.1,0.84650000000000003,130.56,0,123.53,0.82179999999999997]
["Instalações de Gás e Incêndio em Aço e Ferro Galvanizado",92683,"TÊ, EM FERRO GALVANIZADO, CONEXÃO ROSQUEADA, DN 40 (1 1/2\"), INSTALADO EM REDE DE ALIMENTAÇÃO PARA SPRINKLER - FORNECIMENTO E INSTALAÇÃO. AF_10/2020","UN",76.83,0,77.099999999999994,0.56630000000000003,80.78,0.54049999999999998,73.17,0.59670000000000001,74.14,0,78.099999999999994,0.55900000000000005,80.25,0.54400000000000004,82.22,0.53100000000000003,77.73,0.56169999999999998,77.7,0.56189999999999996,76.650000000000006,0,74.55,0,64.650000000000006,0,79.2,0,71.77,0.60829999999999995,77.650000000000006,0.56230000000000002,66.739999999999995,0,87.55,0.49869999999999998,88.89,0.49120000000000003,74.87,0.58309999999999995,70.63,0,79.02,0.55249999999999999,76.62,0,81.93,0.53290000000000004,74.48,0.58620000000000005,89.33,0,75.349999999999994,0]
["Instalações de Gás e Incêndio em Aço e Ferro Galvanizado",92892,"UNIÃO, EM FERRO GALVANIZADO, DN 25 (1\"), CONEXÃO ROSQUEADA, INSTALADO EM REDE DE ALIMENTAÇÃO PARA HIDRANTE - FORNECIMENTO E INSTALAÇÃO. AF_10/2020","UN",58.4,0,58.75,0.59009999999999996,61.46,0.56410000000000005,55.88,0.62039999999999995,56.19,0,59.46,0.58309999999999995,60.98,0.56850000000000001,62.41,0.55549999999999999,59.23,0.58530000000000004,59.17,0.58589999999999998,58.27,0,56.87,0,49.03,0,60.28,0,54.93,0.63119999999999998,59.13,0.58630000000000004,50.67,0,66.28,0.52310000000000001,67.27,0.51539999999999997,57.14,0.60680000000000001,53.36,0,60.15,0.57640000000000002,58.28,0,62.23,0.55710000000000004,56.85,0.6099,67.63,0,57.27,0]
["Instalações de Gás em PEX Multicamadas",100834,"JOELHO 90 GRAUS, PARA INSTALAÇÕES EM PEX MULTICAMADA, DN 16 MM, CONEXÃO POR CRIMPAGEM - FORNECIMENTO E INSTALAÇÃO. AF_01/2020","UN",0,null,0,null,0,null,0,null,0,null,0,null,0,null,0,null,0,null,0,null,0,null,0,null,0,null,0,null,0,null,0,null,0,null,0,null,0,null,0,null,0,null,0,null,0,null,0,null,0,null,0,null,0]
["Instalações de Gás em PEX Multicamadas",100833,"JOELHO 90 GRAUS, ROSCA MACHO, PARA INSTALAÇÕES EM PEX MULTICAMADA, DN 32 MM X 1 1/4'', CONEXÃO POR CRIMPAGEM - FORNECIMENTO E INSTALAÇÃO. AF_01/2020","UN",0,null,0,null,0,null,0,null,0,null,0,null,0,null,0,null,0,null,0,null,0,null,0,null,0,null,0,null,0,null,0,null,0,null,0,null,0,null,0,null,0,null,0,null,0,null,0,null,0,null,0,null,0]
["Instalações de Gás em PEX Multicamadas",100800,"TUBO, PEX, MULTICAMADA, COM TUBO LUVA, DN 20, INSTALADO EM IMPLANTAÇÃO DE INSTALAÇÕES DE GÁS - FORNECIMENTO E INSTALAÇÃO. AF_01/2020","M",24.87,0.59350000000000003,24.6,0.6,25.18,0.58620000000000005,23.02,0.64119999999999999,25.3,0.58340000000000003,24.5,0.60240000000000005,25.16,0.58660000000000001,25.39,0.58130000000000004,24.76,0.59609999999999996,24.35,0.60619999999999996,24.62,0.59950000000000003,23.38,0.63129999999999997,23.39,0.63100000000000001,24.67,0.59830000000000005,22.67,0.65110000000000001,24.29,0.60770000000000002,23.44,0.62970000000000004,27.19,0.54279999999999995,27.54,0.53590000000000004,23.36,0.63180000000000003,25,0.59040000000000004,24.96,0.59130000000000005,33.619999999999997,0,25.88,0.57030000000000003,23.53,0.62729999999999997,27.79,0,24.63,0.59930000000000005]
["Instalações de Gás em PEX Multicamadas",100840,"TÊ, PARA INSTALAÇÕES EM PEX MULTICAMADA, DN 26 MM, CONEXÃO POR CRIMPAGEM - FORNECIMENTO E INSTALAÇÃO. AF_01/2020","UN",0,null,0,null,0,null,0,null,0,null,0,null,0,null,0,null,0,null,0,null,0,null,0,null,0,null,0,null,0,null,0,null,0,null,0,null,0,null,0,null,0,null,0,null,0,null,0,null,0,null,0,null,0]
["Instalações de ar condicionado",103252,"AR CONDICIONADO SPLIT ON/OFF, HI-WALL (PAREDE), 18000 BTUS/H, CICLO QUENTE/FRIO - FORNECIMENTO E INSTALAÇÃO. AF_11/2021_PE","UN",3669.69,1.35E-2,3473.17,0.95630000000000004,4054.78,1.2200000000000001E-2,3477.1,1.17E-2,3621.02,0,3478.11,0.95799999999999996,3945.56,1.26E-2,3445.8,1.44E-2,3059.09,1.6199999999999999E-2,3958.4,1.2500000000000001E-2,3282.54,1.24E-2,3467.63,0.94620000000000004,4740.18,8.6E-3,3456.47,1.17E-2,3322.68,1.49E-2,3491.44,1.1599999999999999E-2,3740.87,1.3299999999999999E-2,3886.99,1.04E-2,3722.67,1.09E-2,3475.49,0.95830000000000004,3400.49,0,3468.98,0.96009999999999995,3380.39,2.7000000000000001E-3,3756.75,1.0800000000000001E-2,2968.77,1.67E-2,3519.78,0,3529.96,1.41E-2]
["Instalações de ar condicionado",103245,"AR CONDICIONADO SPLIT ON/OFF, HI-WALL (PAREDE), 9000 BTUS/H, CICLO FRIO - FORNECIMENTO E INSTALAÇÃO. AF_11/2021_PE","UN",2042.75,2.4299999999999999E-2,1934.44,0.92649999999999999,2252.14,2.2100000000000002E-2,1929.32,2.1000000000000001E-2,2015.06,0,1939.33,0.92949999999999999,2194.79,2.2599999999999999E-2,1929.69,2.5700000000000001E-2,1715.51,2.8899999999999999E-2,2194.5300000000002,2.2599999999999999E-2,1841.04,2.1999999999999999E-2,1929.18,0.90800000000000003,2608.61,1.55E-2,1929.97,2.1000000000000001E-2,1846.1,2.69E-2,1949.4,2.0799999999999999E-2,2074.4699999999998,2.3900000000000001E-2,2171.9899999999998,1.8700000000000001E-2,2083.41,1.95E-2,1937,0.93,1934.41,0,1930.13,0.93330000000000002,1894.77,4.7999999999999996E-3,2100.52,1.9300000000000001E-2,1654.95,0.03,1977.28,0,1964.29,2.53E-2]
["Instalações de ar condicionado em cobre",97329,"TUBO EM COBRE FLEXÍVEL, DN 1/2\", COM ISOLAMENTO, INSTALADO EM RAMAL DE ALIMENTAÇÃO DE AR-CONDICIONADO - FORNECIMENTO E INSTALAÇÃO. AF_07/2025","M",64.83,0.67820000000000003,58.41,0.9466,58.94,0.93810000000000004,67.66,0.64990000000000003,62.93,0.69869999999999999,58.43,0.94630000000000003,85.88,0.1318,59.44,0.73970000000000002,58.49,0.94530000000000003,72.17,0.60929999999999995,61.04,0.72030000000000005,58.32,0.94799999999999995,58.22,0.94969999999999999,69.260000000000005,0.63490000000000002,56.95,0.77210000000000001,58.49,0.94530000000000003,58.18,0.95030000000000003,58.78,0.748,60.41,0.72789999999999999,58.34,0.94769999999999999,78.739999999999995,0.55840000000000001,65.89,0.6673,59.16,0.74319999999999997,59.34,0.93169999999999997,61.9,0.71030000000000004,59.66,0,65.84,0.66779999999999995]
["Instalações em Cobre",93065,"BUCHA DE REDUÇÃO EM COBRE, DN 42 MM X 35 MM, SEM ANEL DE SOLDA, PONTA X BOLSA, INSTALADO EM PRUMADA DE HIDRÁULICA PREDIAL - FORNECIMENTO E INSTALAÇÃO. AF_04/2022","UN",46.78,0.87880000000000003,46.42,0.88560000000000005,46.98,0.87509999999999999,45.78,0.89800000000000002,46.88,0.87690000000000001,46.54,0.88329999999999997,72.260000000000005,0,47.19,0.87119999999999997,46.52,0.88370000000000004,46.52,0.88370000000000004,46.66,0.88109999999999999,46.03,0.8931,46.01,0.89349999999999996,46.71,0.88009999999999999,45.58,0.90190000000000003,46.48,0.88449999999999995,46,0.89370000000000005,48.04,0.85570000000000002,48.25,0.85199999999999998,46.06,0.89249999999999996,47.03,0.87409999999999999,46.7,0.88029999999999997,46.53,0.88349999999999995,47.18,0.87129999999999996,46.01,0.89349999999999996,48.39,0,46.67,0.88090000000000002]
["Instalações em Cobre",93093,"CONECTOR EM BRONZE/LATÃO, DN 28 MM X 1/2\", SEM ANEL DE SOLDA, BOLSA X ROSCA F, INSTALADO EM RAMAL DE DISTRIBUIÇÃO DE HIDRÁULICA PREDIAL - FORNECIMENTO E INSTALAÇÃO. AF_04/2022","UN",32.46,0.8367,32.11,0.8458,32.65,0.83189999999999997,31.52,0.86170000000000002,32.57,0.83389999999999997,32.25,0.84219999999999995,49.35,0,32.869999999999997,0.82630000000000003,32.21,0.84319999999999995,32.229999999999997,0.8427,32.33,0.84009999999999996,31.74,0.85570000000000002,31.73,0.85599999999999998,32.380000000000003,0.83879999999999999,31.33,0.8669,32.19,0.84370000000000001,31.73,0.85599999999999998,33.659999999999997,0.80689999999999995,33.85,0.8024,31.78,0.85460000000000003,32.68,0.83109999999999995,32.4,0.83830000000000005,32.22,0.84299999999999997,32.840000000000003,0.82699999999999996,31.73,0.85599999999999998,33.94,0,32.340000000000003,0.83979999999999999]
["Instalações em Cobre",103844,"COTOVELO EM BRONZE/LATÃO, DN 22 MM X 3/4\", 90 GRAUS, SEM ANEL DE SOLDA, BOLSA X ROSCA F, INSTALADO EM RAMAL E SUB-RAMAL DE GÁS MEDICINAL - FORNECIMENTO E INSTALAÇÃO. AF_04/2022","UN",36.78,0.70309999999999995,36.07,0.71689999999999998,37.200000000000003,0.69520000000000004,34.869999999999997,0.74160000000000004,37,0.69889999999999997,36.36,0.71120000000000005,52.98,0,37.630000000000003,0.68720000000000003,36.28,0.71279999999999999,36.28,0.71279999999999999,36.5,0.70850000000000002,35.29,0.73280000000000001,35.26,0.73340000000000005,36.64,0.70579999999999998,34.450000000000003,0.75070000000000003,36.22,0.71399999999999997,35.28,0.73299999999999998,39.270000000000003,0.65849999999999997,39.67,0.65190000000000003,35.4,0.73050000000000004,37.24,0.69440000000000002,36.67,0.70520000000000005,36.29,0.71260000000000001,37.57,0.68830000000000002,35.28,0.73299999999999998,39.869999999999997,0,36.54,0.7077]
["Instalações em Cobre",103877,"COTOVELO EM COBRE, DN 22 MM, 90 GRAUS, SEM ANEL DE SOLDA, INSTALADO EM RAMAL E SUB-RAMAL DE AQUECIMENTO SOLAR - FORNECIMENTO E INSTALAÇÃO. AF_04/2022","UN",29.06,0.47870000000000001,28.09,0.49519999999999997,29.7,0.46839999999999998,26.37,0.52749999999999997,29.38,0.47349999999999998,28.47,0.48859999999999998,37.97,0,30.2,0.46060000000000001,28.38,0.49009999999999998,28.32,0.49120000000000003,28.66,0.48530000000000001,26.92,0.51670000000000005,26.93,0.51649999999999996,28.86,0.48199999999999998,25.87,0.53769999999999996,28.29,0.49170000000000003,26.95,0.5161,32.51,0.4279,33.1,0.42020000000000002,27.14,0.51249999999999996,29.71,0.46820000000000001,28.89,0.48149999999999998,28.34,0.49080000000000001,30.14,0.46150000000000002,26.96,0.51590000000000003,33.39,0,28.72,0.48430000000000001]
["Instalações em Cobre",93060,"CURVA DE TRANSPOSIÇÃO EM BRONZE/LATÃO, DN 28 MM, SEM ANEL DE SOLDA, BOLSA X BOLSA, INSTALADO EM PRUMADA DE HIDRÁULICA PREDIAL - FORNECIMENTO E INSTALAÇÃO. AF_04/2022","UN",83.76,0.95150000000000001,83.5,0.95450000000000002,83.91,0.94979999999999998,83.05,0.9597,83.84,0.9506,83.59,0.95350000000000001,132.99,0,84.06,0.94810000000000005,83.58,0.9536,83.57,0.95369999999999999,83.68,0.95240000000000002,83.23,0.95760000000000001,83.22,0.9577,83.71,0.95209999999999995,82.91,0.96130000000000004,83.55,0.95389999999999997,83.21,0.95779999999999998,84.67,0.94130000000000003,84.82,0.93959999999999999,83.25,0.95740000000000003,83.94,0.94950000000000001,83.7,0.95220000000000005,83.57,0.95369999999999999,84.06,0.94810000000000005,83.21,0.95779999999999998,84.92,0,83.69,0.95230000000000004]
["Instalações em Cobre",103846,"CURVA EM COBRE, DN 28 MM, 45 GRAUS, SEM ANEL DE SOLDA, BOLSA X BOLSA, INSTALADO EM RAMAL E SUB-RAMAL DE GÁS MEDICINAL - FORNECIMENTO E INSTALAÇÃO. AF_04/2022","UN",40.869999999999997,0.52429999999999999,39.619999999999997,0.54090000000000005,41.65,0.51449999999999996,37.409999999999997,0.57279999999999998,41.26,0.51939999999999997,40.090000000000003,0.53449999999999998,54.5,0,42.31,0.50649999999999995,39.99,0.53590000000000004,39.94,0.53659999999999997,40.36,0.53100000000000003,38.18,0.56130000000000002,38.159999999999997,0.56159999999999999,40.6,0.52780000000000005,36.770000000000003,0.58279999999999998,39.869999999999997,0.53749999999999998,38.17,0.56140000000000001,45.25,0.47360000000000002,46.02,0.4657,38.4,0.55810000000000004,41.69,0.51400000000000001,40.630000000000003,0.52739999999999998,39.950000000000003,0.53639999999999999,42.25,0.50719999999999998,38.18,0.56130000000000002,46.4,0,40.43,0.53010000000000002]
["Instalações em Cobre",93126,"CURVA EM COBRE, DN 66 MM, 45 GRAUS, SEM ANEL DE SOLDA, BOLSA X BOLSA, INSTALADO EM PRUMADA DE HIDRÁULICA PREDIAL - FORNECIMENTO E INSTALAÇÃO. AF_04/2022","UN",313.2,0.95309999999999995,312.26,0.95599999999999996,313.77999999999997,0.95140000000000002,310.58999999999997,0.96109999999999995,313.49,0.95220000000000005,312.60000000000002,0.95499999999999996,497.56,0,314.27999999999997,0.94989999999999997,312.54000000000002,0.95509999999999995,312.51,0.95520000000000005,312.83999999999997,0.95420000000000005,311.20999999999998,0.95920000000000005,311.19,0.95930000000000004,313.01,0.95369999999999999,310.11,0.96260000000000001,312.44,0.95540000000000003,311.18,0.95930000000000004,316.5,0.94320000000000004,317.07,0.9415,311.33999999999997,0.95879999999999999,313.83,0.95120000000000005,313.01,0.95369999999999999,312.52,0.95520000000000005,314.24,0.95,311.18,0.95930000000000004,317.38,0,312.91000000000003,0.95399999999999996]
["Instalações em Cobre",103814,"LUVA EM COBRE, DN 15 MM, SEM ANEL DE SOLDA, INSTALADO EM RAMAL E SUB-RAMAL DE GÁS COMBUSTÍVEL - FORNECIMENTO E INSTALAÇÃO. AF_04/2022","UN",12.5,0.31519999999999998,11.95,0.32969999999999999,12.83,0.30709999999999998,10.98,0.35880000000000001,12.66,0.31119999999999998,12.15,0.32429999999999998,15.13,0,13.13,0.30009999999999998,12.11,0.32540000000000002,12.1,0.3256,12.29,0.3206,11.34,0.34739999999999999,11.34,0.34739999999999999,12.39,0.318,10.71,0.3679,12.06,0.32669999999999999,11.33,0.34770000000000001,14.42,0.2732,14.74,0.26729999999999998,11.41,0.3453,12.87,0.30609999999999998,12.38,0.31830000000000003,12.11,0.32540000000000002,13.11,0.30049999999999999,11.31,0.34839999999999999,14.93,0,12.33,0.31950000000000001]
["Instalações em Cobre",103815,"LUVA PASSANTE EM COBRE, DN 15 MM, SEM ANEL DE SOLDA, INSTALADO EM RAMAL E SUB-RAMAL DE GÁS COMBUSTÍVEL - FORNECIMENTO E INSTALAÇÃO. AF_04/2022","UN",12.53,0.31680000000000003,11.98,0.33139999999999997,12.86,0.30869999999999997,11.01,0.36059999999999998,12.69,0.31280000000000002,12.18,0.32590000000000002,15.18,0,13.16,0.30170000000000002,12.14,0.32700000000000001,12.13,0.32729999999999998,12.32,0.32219999999999999,11.37,0.34920000000000001,11.37,0.34920000000000001,12.42,0.3196,10.74,0.36959999999999998,12.09,0.32840000000000003,11.36,0.34949999999999998,14.45,0.2747,14.77,0.26879999999999998,11.44,0.34699999999999998,12.9,0.30780000000000002,12.41,0.31990000000000002,12.14,0.32700000000000001,13.14,0.30209999999999998,11.34,0.35010000000000002,14.96,0,12.36,0.32119999999999999]
["Instalações em Cobre",92332,"TE EM COBRE, DN 15 MM, SEM ANEL DE SOLDA, INSTALADO EM RAMAL E SUB-RAMAL DE HIDRÁULICA PREDIAL - FORNECIMENTO E INSTALAÇÃO. AF_04/2022","UN",19.649999999999999,0.44779999999999998,18.96,0.46410000000000001,20.079999999999998,0.43819999999999998,17.72,0.49659999999999999,19.86,0.44309999999999999,19.21,0.45810000000000001,25.33,0,20.46,0.43009999999999998,19.170000000000002,0.45910000000000001,19.13,0.46,19.37,0.45429999999999998,18.16,0.48459999999999998,18.149999999999999,0.48480000000000001,19.510000000000002,0.4511,17.37,0.50660000000000005,19.09,0.46100000000000002,18.149999999999999,0.48480000000000001,22.09,0.39839999999999998,22.52,0.39079999999999998,18.28,0.48139999999999999,20.12,0.43740000000000001,19.52,0.45079999999999998,19.149999999999999,0.45950000000000002,20.43,0.43070000000000003,18.149999999999999,0.48480000000000001,22.74,0,19.41,0.45340000000000003]
["Instalações em Cobre",92334,"TE EM COBRE, DN 28 MM, SEM ANEL DE SOLDA, INSTALADO EM RAMAL E SUB-RAMAL DE HIDRÁULICA PREDIAL - FORNECIMENTO E INSTALAÇÃO. AF_04/2022","UN",50.42,0.57969999999999999,49.07,0.59570000000000001,51.26,0.57020000000000004,46.65,0.62660000000000005,50.83,0.57509999999999994,49.55,0.58989999999999998,68.91,0,51.98,0.56230000000000002,49.47,0.59089999999999998,49.41,0.59160000000000001,49.87,0.58609999999999995,47.52,0.61509999999999998,47.48,0.61560000000000004,50.13,0.58309999999999995,45.95,0.6361,49.33,0.59250000000000003,47.49,0.61550000000000005,55.18,0.52969999999999995,56.02,0.52180000000000004,47.73,0.61240000000000006,51.33,0.56950000000000001,50.15,0.58289999999999997,49.42,0.59150000000000003,51.92,0.56299999999999994,47.49,0.61550000000000005,56.44,0,49.96,0.58509999999999995]
["Instalações em Cobre",103869,"TUBO EM COBRE RÍGIDO, DN 22 MM, CLASSE E, SEM ISOLAMENTO, INSTALADO EM RAMAL E SUB-RAMAL DE AQUECIMENTO SOLAR - FORNECIMENTO E INSTALAÇÃO. AF_04/2022","M",80.7,0.71140000000000003,79.23,0.72460000000000002,81.739999999999995,0.70230000000000004,76.55,0.75,81.209999999999994,0.70689999999999997,79.83,0.71919999999999995,116.59,0,82.46,0.69620000000000004,79.66,0.72070000000000001,79.56,0.72160000000000002,80.03,0.71740000000000004,77.3,0.74270000000000003,77.349999999999994,0.74219999999999997,80.38,0.71419999999999995,75.790000000000006,0.75749999999999995,79.53,0.72189999999999999,77.430000000000007,0.74139999999999995,86.05,0.66720000000000002,86.98,0.66,77.760000000000005,0.73829999999999996,81.69,0.70279999999999998,80.48,0.71330000000000005,79.569999999999993,0.72150000000000003,82.36,0.69710000000000005,77.459999999999994,0.74119999999999997,87.38,0,80.099999999999994,0.7167]
["Instalações em Cobre",97337,"TUBO EM COBRE RÍGIDO, DN 35 MM, CLASSE A, SEM ISOLAMENTO, INSTALADO EM PRUMADA DE GÁS COMBUSTÍVEL - FORNECIMENTO E INSTALAÇÃO. AF_04/2022","M",164.34,0.97750000000000004,164.1,0.97889999999999999,164.51,0.97650000000000003,163.68,0.98140000000000005,164.42,0.97699999999999998,164.2,0.97829999999999995,263.44,0,164.62,0.9758,164.18,0.97840000000000005,164.16,0.97860000000000003,164.24,0.97809999999999997,163.80000000000001,0.98070000000000002,163.81,0.98060000000000003,164.29,0.9778,163.56,0.98209999999999997,164.15,0.97860000000000003,163.82,0.98060000000000003,165.19,0.97250000000000003,165.34,0.97160000000000002,163.87,0.98029999999999995,164.5,0.97650000000000003,164.31,0.97770000000000001,164.16,0.97860000000000003,164.61,0.97589999999999999,163.82,0.98060000000000003,165.4,0,164.25,0.97799999999999998]
["Instalações para Canteiros de Obras",98449,"PAREDE DE MADEIRA COMPENSADA PARA CONSTRUÇÃO TEMPORÁRIA EM CHAPA DUPLA, EXTERNA, SEM VÃO. AF_03/2024","M2",159.19,0,159.63999999999999,0,142.74,0,145.94999999999999,0,126.38,0,149.11000000000001,0,118.17,0,144.41999999999999,0,170.5,0,142.94999999999999,0,134.97,0,126.67,0,145.13999999999999,0,143.01,0,104.23,0,126.85,0,150.07,0,127.6,0,142.91999999999999,0,148.94,0,174.69,0,137.78,0,142.02000000000001,0,144.33000000000001,0,129.61000000000001,0,130.06,0,139.52000000000001,0]
["Instalações para Canteiros de Obras",98451,"PAREDE DE MADEIRA COMPENSADA PARA CONSTRUÇÃO TEMPORÁRIA EM CHAPA DUPLA, INTERNA, SEM VÃO. AF_03/2024","M2",134.78,0,138.69,0,117.64,0,124.96,0,101.52,0,125.5,0,93.77,0,117.73,0,147.06,0,119.39,0,111.61,0,106.15,0,123.9,0,118.54,0,84.19,0,103.78,0,128.56,0,99.34,0,112.84,0,127.01,0,149.93,0,113.49,0,119.43,0,118.25,0,108.07,0,102.71,0,117.06,0]
["Lajes Pré-Moldadas",106057,"LAJE PRÉ-MOLDADA UNIDIRECIONAL COM VÃOS MAIORES QUE 3,0 M, BIAPOIADA, PARA PISO, ENCHIMENTO EM CERÂMICA, VIGOTA PROTENDIDA, ALTURA TOTAL DA LAJE \"LT\" = 16 CM (ENCHIMENTO+CAPA) = (12+4). AF_08/2025","M2",0,null,0,null,0,null,0,null,0,null,0,null,0,null,0,null,0,null,0,null,0,null,0,null,0,null,0,null,0,null,0,null,0,null,0,null,0,null,0,null,0,null,0,null,0,null,0,null,0,null,0,null,0]
["Lajes Pré-Moldadas",106072,"LAJE PRÉ-MOLDADA UNIDIRECIONAL, BIAPOIADA TIPO LAJE PAINEL TRELIÇADO MACIÇO (SEM ENCHIMENTO), PARA PISO, ALTURA TOTAL DA LAJE \"LT\" = 25 CM (PAINEL+CAPA) = (3+22). AF_08/2025","M2",0,null,0,null,0,null,0,null,0,null,0,null,0,null,0,null,0,null,0,null,0,null,0,null,0,null,0,null,0,null,0,null,0,null,0,null,0,null,0,null,0,null,0,null,0,null,0,null,0,null,0,null,0]
["Lajes Pré-Moldadas",101964,"LAJE PRÉ-MOLDADA UNIDIRECIONAL, BIAPOIADA, PARA FORRO, ENCHIMENTO EM CERÂMICA, VIGOTA CONVENCIONAL, ALTURA TOTAL DA LAJE \"LT\" = 12 CM (ENCHIMENTO+CAPA) = (8+4). AF_08/2025","M2",283.67,2.2000000000000001E-3,199.84,3.0999999999999999E-3,207.12,2.8999999999999998E-3,196.19,3.0999999999999999E-3,180.43,0,186.22,3.3E-3,182.42,3.3E-3,192.75,0.26550000000000001,176.69,3.5000000000000001E-3,216.02,2.8E-3,208.27,0,183.82,3.3E-3,200.66,3.0000000000000001E-3,195.45,3.0999999999999999E-3,176.24,3.5000000000000001E-3,204.63,3.0000000000000001E-3,201.03,3.0000000000000001E-3,193.92,0.26690000000000003,199.69,3.0000000000000001E-3,204.09,3.0000000000000001E-3,237.91,2.5999999999999999E-3,202.24,0.25600000000000001,209.03,0,237.69,0,172.28,3.5000000000000001E-3,189.08,0,197.26,3.0999999999999999E-3]
["Ligações Prediais de Água e Esgoto",104084,"CAP, PVC OCRE, JUNTA ELÁSTICA, DN 150 MM, PARA COLETOR PREDIAL DE ESGOTO. AF_06/2022","UN",92.97,0,81.099999999999994,0,76.959999999999994,0,64.08,0,74.86,0,84.87,0,80.930000000000007,0,102.11,0,87.94,0,76.73,0,84.12,0,86.47,0,82.78,0,87.59,0,74.260000000000005,0,70.88,0,78.569999999999993,0,78.39,0,88.49,0,82.26,0,94.73,0,71.959999999999994,0,88.68,0,79.62,0,77.66,0,87.05,0,81.39,0]
["Ligações Prediais de Água e Esgoto",104046,"COTOVELO/JOELHO COM ADAPTADOR, POLIPROPILENO, PARA TUBOS EM PEAD, 20 MM X 1/2\", PARA LIGAÇÃO PREDIAL DE ÁGUA. AF_06/2022","UN",7.34,0.48909999999999998,6.48,0.55400000000000005,7.95,0.4516,6.34,0.56620000000000004,8.07,0.44490000000000002,7.48,0.47989999999999999,7.88,0.4556,8.24,0.43569999999999998,6.81,0.5272,6.99,0.51359999999999995,9.6300000000000008,0,6.78,0.52949999999999997,6.34,0.56620000000000004,7.14,0.50280000000000002,6.37,0.56359999999999999,6.87,0.52259999999999995,6.89,0.52100000000000002,7.7,0.4662,9.6199999999999992,0.37319999999999998,7.51,0.47799999999999998,7.14,0.50280000000000002,7.1,0.50560000000000005,10.23,0,6.82,0.52639999999999998,7.02,0.51139999999999997,8.7100000000000009,0,6.69,0.53659999999999997]
["Ligações Prediais de Água e Esgoto",104042,"TÊ DE SERVIÇO INTEGRADO, POLIPROPILENO, PARA TUBOS EM PEAD, 90 MM X 32 MM, PARA LIGAÇÃO PREDIAL DE ÁGUA. AF_06/2022","UN",0,null,0,null,0,null,0,null,0,null,0,null,0,null,0,null,0,null,0,null,0,null,0,null,0,null,0,null,0,null,0,null,0,null,0,null,0,null,0,null,0,null,0,null,0,null,0,null,0,null,0,null,0]
["Limpeza de Obra",99811,"LIMPEZA DE CONTRAPISO COM VASSOURA A SECO. AF_04/2019","M2",3.72,0,3.25,0,4.04,0,3,0,3.74,0,3.61,0,3.83,0,4.1100000000000003,0,3.45,0,3.66,0,3.45,0,3.32,0,3.24,0,3.87,0,3.08,0,3.67,0,3.31,0,4.59,0,4.88,0,3.45,0,4.0999999999999996,0,3.54,0,3.68,0,3.71,0,3.32,0,4.68,0,3.32,0]
["Limpeza de Obra",99816,"LIMPEZA DE TANQUE OU LAVATÓRIO DE LOUÇA ISOLADO, INCLUSIVE METAIS CORRESPONDENTES. AF_04/2019","UN",10.15,0,8.85,0,10.1,0,8.36,0,9.73,0,9.9,0,9.4499999999999993,0,10.23,0,9.39,0,9.69,0,10.1,0,8.5399999999999991,0,8.89,0,10.08,0,8.27,0,11.52,0,10.46,0,11.35,0,12.08,0,9.8800000000000008,0,10.63,0,9.93,0,10.41,0,9.8000000000000007,0,10.18,0,11.63,0,9.1999999999999993,0]
["Livro SINAPI: Cálculos e Parâmetros",90768,"ARQUITETO DE OBRA JUNIOR COM ENCARGOS COMPLEMENTARES","H",113.5,0,119.97,0,113.06,0,113.09,0,114.1,0,113.81,0,113.05,0,105.29,0,111.28,0,112.6,0,113.31,0,110.46,0,110.03,0,115.46,0,114.43,0,113.27,0,112.94,0,114.55,0,119.1,0,113.76,0,115.67,0,114.72,0,112.68,0,114.03,0,112.06,0,112.66,0,112.38,0]
["Livro SINAPI: Cálculos e Parâmetros",88250,"AUXILIAR DE MECÂNICO COM ENCARGOS COMPLEMENTARES","H",22.76,0,19.46,0,24.57,0,18.84,0,22.21,0,21.82,0,22.87,0,25.74,0,19.989999999999998,0,21.71,0,21.87,0,19.43,0,19.510000000000002,0,22.75,0,18.21,0,21.94,0,19.510000000000002,0,28.13,0,29.34,0,20.99,0,25.25,0,21.66,0,22.33,0,23,0,19.2,0,29.34,0,22.04,0]
["Livro SINAPI: Cálculos e Parâmetros",88257,"BLASTER, DINAMITADOR OU CABO DE FOGO COM ENCARGOS COMPLEMENTARES","H",26.59,0,19.86,0,31.65,0,19.23,0,35.17,0,27.58,0,22.85,0,29.7,0,22.01,0,22.3,0,24.93,0,22.19,0,17.88,0,23.29,0,19.05,0,21.36,0,22.93,0,36.97,0,38.21,0,28.99,0,23.61,0,24.51,0,42.66,0,31.83,0,24.21,0,36.99,0,21.06,0]
["Livro SINAPI: Cálculos e Parâmetros",101290,"CURSO DE CAPACITAÇÃO PARA AJUDANTE DE PINTOR (ENCARGOS COMPLEMENTARES) - MENSALISTA","MES",31.22,0,36.659999999999997,0,30.4,0,29.58,0,27.77,0,28.42,0,29.42,0,32.880000000000003,0,26.49,0,28.04,0,31.99,0,27.65,0,34.82,0,26.86,0,27.09,0,31.19,0,27.32,0,38.69,0,39.67,0,28.49,0,35.89,0,28.68,0,33.729999999999997,0,52.77,0,34.020000000000003,0,41.58,0,31.56,0]
["Livro SINAPI: Cálculos e Parâmetros",95317,"CURSO DE CAPACITAÇÃO PARA AUXILIAR DE ENCANADOR OU BOMBEIRO HIDRÁULICO (ENCARGOS COMPLEMENTARES) - HORISTA","H",0.28000000000000003,0,0.25,0,0.27,0,0.27,0,0.25,0,0.26,0,0.26,0,0.3,0,0.24,0,0.25,0,0.28999999999999998,0,0.25,0,0.25,0,0.25,0,0.25,0,0.28000000000000003,0,0.25,0,0.35,0,0.36,0,0.26,0,0.33,0,0.26,0,0.31,0,0.35,0,0.23,0,0.38,0,0.28999999999999998,0]
["Livro SINAPI: Cálculos e Parâmetros",95322,"CURSO DE CAPACITAÇÃO PARA AUXILIAR DE TOPÓGRAFO (ENCARGOS COMPLEMENTARES) - HORISTA","H",0.09,0,0.13,0,0.15,0,0.08,0,0.12,0,0.17,0,7.0000000000000007E-2,0,0.06,0,0.08,0,7.0000000000000007E-2,0,0.15,0,0.08,0,0.06,0,0.08,0,0.08,0,0.09,0,0.11,0,0.09,0,0.09,0,0.09,0,7.0000000000000007E-2,0,0.16,0,0.14000000000000001,0,0.1,0,0.06,0,0.25,0,0.06,0]
["Livro SINAPI: Cálculos e Parâmetros",95338,"CURSO DE CAPACITAÇÃO PARA IMPERMEABILIZADOR (ENCARGOS COMPLEMENTARES) - HORISTA","H",0.4,0,0.38,0,0.4,0,0.4,0,0.48,0,0.41,0,0.43,0,0.39,0,0.46,0,0.4,0,0.45,0,0.38,0,0.33,0,0.28999999999999998,0,0.36,0,0.42,0,0.38,0,0.54,0,0.56999999999999995,0,0.36,0,0.44,0,0.46,0,0.46,0,0.57999999999999996,0,0.38,0,0.49,0,0.4,0]
["Livro SINAPI: Cálculos e Parâmetros",101330,"CURSO DE CAPACITAÇÃO PARA MARCENEIRO (ENCARGOS COMPLEMENTARES) - MENSALISTA","MES",37.93,0,33.880000000000003,0,34.909999999999997,0,33.880000000000003,0,40.57,0,36.630000000000003,0,38.07,0,44.09,0,39.39,0,35.89,0,42.39,0,33.06,0,32.26,0,32.630000000000003,0,32.53,0,39.06,0,34.61,0,46.33,0,46.11,0,31.58,0,37.229999999999997,0,38.64,0,36.97,0,53.11,0,34.9,0,45.44,0,33.92,0]
["Livro SINAPI: Cálculos e Parâmetros",95346,"CURSO DE CAPACITAÇÃO PARA MOTORISTA DE BASCULANTE (ENCARGOS COMPLEMENTARES) - HORISTA","H",0.1,0,0.1,0,0.15,0,0.1,0,0.12,0,0.12,0,0.1,0,0.11,0,0.12,0,0.11,0,0.12,0,0.1,0,0.13,0,0.1,0,0.1,0,0.1,0,0.09,0,0.14000000000000001,0,0.22,0,0.11,0,0.12,0,0.12,0,0.1,0,0.17,0,0.12,0,0.13,0,0.09,0]
["Livro SINAPI: Cálculos e Parâmetros",101344,"CURSO DE CAPACITAÇÃO PARA OPERADOR DE GUINCHO OU GUINCHEIRO (ENCARGOS COMPLEMENTARES) - MENSALISTA","MES",44.99,0,29.31,0,65.56,0,35.36,0,56.2,0,42.87,0,37.57,0,43.87,0,25.28,0,32.549999999999997,0,43.52,0,42.67,0,32.24,0,33,0,31.03,0,32.29,0,41.76,0,53.55,0,50.85,0,39.67,0,38.17,0,39.83,0,62.04,0,57.93,0,38.130000000000003,0,51.27,0,34.61,0]
["Livro SINAPI: Cálculos e Parâmetros",101349,"CURSO DE CAPACITAÇÃO PARA OPERADOR DE MOTO SCRAPER (ENCARGOS COMPLEMENTARES) - MENSALISTA","MES",36.6,0,31.53,0,40.33,0,30.48,0,49.42,0,41.21,0,33.979999999999997,0,35.770000000000003,0,28.6,0,30.34,0,36.18,0,33.83,0,24.16,0,26.01,0,27.92,0,24.3,0,39.82,0,35.69,0,35.82,0,41.17,0,31.05,0,29.63,0,51.67,0,41.08,0,39.799999999999997,0,38.840000000000003,0,32.33,0]
["Livro SINAPI: Cálculos e Parâmetros",95378,"CURSO DE CAPACITAÇÃO PARA SERVENTE (ENCARGOS COMPLEMENTARES) - HORISTA","H",0.31,0,0.28000000000000003,0,0.3,0,0.28000000000000003,0,0.28000000000000003,0,0.28000000000000003,0,0.28999999999999998,0,0.31,0,0.28000000000000003,0,0.28000000000000003,0,0.28999999999999998,0,0.28999999999999998,0,0.28000000000000003,0,0.28000000000000003,0,0.27,0,0.32,0,0.28000000000000003,0,0.38,0,0.4,0,0.28000000000000003,0,0.35,0,0.28000000000000003,0,0.34,0,0.38,0,0.27,0,0.4,0,0.27,0]
["Livro SINAPI: Cálculos e Parâmetros",95424,"CURSO DE CAPACITAÇÃO PARA TOPÓGRAFO (ENCARGOS COMPLEMENTARES) - MENSALISTA","MES",28.13,0,38.32,0,44.48,0,23.86,0,37.130000000000003,0,50.79,0,23.12,0,19.77,0,23.93,0,22.23,0,44.43,0,25.66,0,19.59,0,26.03,0,25.59,0,29.07,0,35.119999999999997,0,28.43,0,27.14,0,26.43,0,20.98,0,47.64,0,41.7,0,29.49,0,20.23,0,75.64,0,18.11,0]
["Livro SINAPI: Cálculos e Parâmetros",93568,"ENGENHEIRO CIVIL DE OBRA SENIOR COM ENCARGOS COMPLEMENTARES","MES",25306.59,0,26736.37,0,21837.26,0,25076.959999999999,0,23281.71,0,25866.3,0,33539.160000000003,0,25790.34,0,25127.33,0,27266.49,0,26686.48,0,24733.09,0,24859.57,0,25524.05,0,25548.65,0,25301.69,0,23968.6,0,25225.82,0,27508.82,0,26450.28,0,25620.53,0,25505.34,0,23418.15,0,23334.76,0,25277.17,0,28949.119999999999,0,25149.63,0]
["Livro SINAPI: Cálculos e Parâmetros",101408,"IMPERMEABILIZADOR COM ENCARGOS COMPLEMENTARES","MES",4803.97,0,4400.96,0,5332.42,0,4241.01,0,5747.01,0,5048.8100000000004,0,5461.77,0,5222.84,0,5302.92,0,4968.13,0,5111.13,0,4406.7,0,3968.56,0,4348.51,0,4102.72,0,4878.38,0,4508.5600000000004,0,6367.24,0,6775.8,0,4435.38,0,5158.1499999999996,0,5341.59,0,5040,0,5683.01,0,4588.34,0,5839.41,0,4683.5200000000004,0]
["Livro SINAPI: Cálculos e Parâmetros",88281,"MOTORISTA DE BASCULANTE COM ENCARGOS COMPLEMENTARES","H",26.86,0,25.59,0,38.729999999999997,0,24.58,0,33.090000000000003,0,32.49,0,29.5,0,31.46,0,30.36,0,30.48,0,30.99,0,24.96,0,30.9,0,28.97,0,24.05,0,26.7,0,24.4,0,35.869999999999997,0,52.55,0,28.95,0,31.2,0,30.39,0,26.21,0,37.18,0,29.93,0,34.85,0,25.27,0]
["Livro SINAPI: Cálculos e Parâmetros",88294,"OPERADOR DE ESCAVADEIRA COM ENCARGOS COMPLEMENTARES","H",34.590000000000003,0,23.04,0,40.74,0,25.57,0,40.06,0,33.04,0,28.82,0,35.71,0,28.28,0,26.34,0,36.770000000000003,0,29.02,0,23,0,29.14,0,23.05,0,26.04,0,27.61,0,35,0,41.09,0,35.11,0,30.43,0,31.61,0,36.520000000000003,0,30.21,0,29.16,0,42.34,0,27.2,0]
["Livro SINAPI: Cálculos e Parâmetros",101440,"OPERADOR DE PAVIMENTADORA / MESA VIBROACABADORA COM ENCARGOS COMPLEMENTARES","MES",5918.63,0,3759.36,0,7078.11,0,4176.6099999999997,0,6726.75,0,5168.78,0,4550.08,0,5943.46,0,3652.72,0,4589.97,0,5374.75,0,4643.2,0,3667.08,0,4861.6099999999997,0,3744.76,0,4341.3599999999997,0,4549.6000000000004,0,5979.69,0,6593.22,0,5376.94,0,5355.11,0,4970.5,0,7038.05,0,5548.26,0,4796.88,0,5978.7,0,4728.6400000000003,0]
["Livro SINAPI: Cálculos e Parâmetros",88310,"PINTOR COM ENCARGOS COMPLEMENTARES","H",30.89,0,26.1,0,31.42,0,25.57,0,32.590000000000003,0,29.88,0,31.89,0,33.4,0,31.35,0,30.54,0,30.27,0,26.67,0,26.06,0,30.2,0,24.53,0,29.1,0,26.86,0,37.369999999999997,0,38.1,0,27.81,0,30.57,0,31.52,0,28.59,0,33.43,0,27.27,0,34.42,0,30.27,0]
["Livro SINAPI: Cálculos e Parâmetros",101458,"TELHADOR COM ENCARGOS COMPLEMENTARES","MES",5080.67,0,4228.8900000000003,0,5224.9799999999996,0,4093.94,0,5396.47,0,4940.66,0,5348.41,0,5869.94,0,5186.1400000000003,0,4861.8900000000003,0,4995.6000000000004,0,4331.4399999999996,0,4253.97,0,4973.09,0,3966.48,0,4768.5200000000004,0,4404.6099999999997,0,6237.54,0,6650.38,0,4261.8599999999997,0,5000.72,0,5179.7700000000004,0,4678.3900000000003,0,5891.29,0,4483.88,0,5767.51,0,4536.3,0]
["Louças e Metais",86895,"BANCADA DE GRANITO CINZA POLIDO, DE 0,50 X 0,60 M, PARA LAVATÓRIO - FORNECIMENTO E INSTALAÇÃO. AF_01/2020","UN",604.58000000000004,5.5800000000000002E-2,351.4,9.6000000000000002E-2,433.48,7.7799999999999994E-2,449.16,7.51E-2,313.45,0,324.88,0.1038,334.29,0.1009,271.70999999999998,0.1241,351.43,9.6000000000000002E-2,385.83,0.75109999999999999,309.41000000000003,0.109,372.49,0,357.51,9.4299999999999995E-2,448.91,7.51E-2,313.25,0.1076,449.63,7.4999999999999997E-2,381.87,0.75890000000000002,420.49,8.0199999999999994E-2,433.18,7.7799999999999994E-2,377.84,0.76700000000000002,488.26,0,390.69,0.74170000000000003,387.7,0,378.94,8.8999999999999996E-2,327.66000000000003,0.10290000000000001,398.98,0,375.54,0.77170000000000005]
["Louças e Metais",100866,"BARRA DE APOIO RETA, EM ACO INOX POLIDO, COMPRIMENTO 60CM, FIXADA NA PAREDE - FORNECIMENTO E INSTALAÇÃO. AF_01/2020","UN",275.12,0.36940000000000001,304.11,0.56499999999999995,286.07,0.3553,390.59,0,291.37,0,456.71,0,302.42,0.33610000000000001,308.81,0.88549999999999995,307.16000000000003,0.89029999999999998,342.48,0.29680000000000001,332.96,0.51600000000000001,313.16000000000003,0.54859999999999998,300.06,0.5726,332.26,0.5171,300,0.91149999999999998,331.36,0,223.73,0.45429999999999998,236.19,0,287.52,0,317.17,0.32050000000000001,321.51,0.53439999999999999,307.49,0.88929999999999998,403.12,0.25209999999999999,343.49,0,303.04000000000002,0.90239999999999998,316.79000000000002,0,305.89999999999998,0.89390000000000003]
["Louças e Metais",86902,"LAVATÓRIO LOUÇA BRANCA COM COLUNA, *44 X 35,5* CM, PADRÃO POPULAR - FORNECIMENTO E INSTALAÇÃO. AF_01/2020","UN",317.94,0.31969999999999998,312.52,0,324.76,0.313,315.68,0,340.52,0,366.91,0,307.32,0.33069999999999999,340.92,0.29809999999999998,324.45999999999998,0.31330000000000002,312.31,0.32540000000000002,357.56,0,326.32,0,307.94,0,377.5,0,314.41000000000003,0.32329999999999998,362.04,0,315.12,0.32250000000000001,358.67,0,362.72,0,319.77,0.31790000000000002,375.1,0,304.13,0.3342,330.97,0.30709999999999998,338.8,0,297.33999999999997,0.34179999999999999,312.69,0,326.17,0.31159999999999999]
["Louças e Metais",86943,"LAVATÓRIO LOUÇA BRANCA SUSPENSO, 29,5 X 39CM OU EQUIVALENTE, PADRÃO POPULAR, INCLUSO SIFÃO FLEXÍVEL EM PVC, VÁLVULA E ENGATE FLEXÍVEL 30CM EM PLÁSTICO E TORNEIRA CROMADA DE MESA, PADRÃO POPULAR - FORNECIMENTO E INSTALAÇÃO. AF_01/2020","UN",238.05,0.14230000000000001,261.31,0,296.58,0.1142,320.14999999999998,0,280.77999999999997,0,274.81,0,259.87,0.13039999999999999,255.87,0.13239999999999999,264.61,0.128,291.95,0.11600000000000001,275.35000000000002,0,264.97000000000003,0,277.49,0,255.75,0,257.7,0.13150000000000001,279.55,0,267.26,0.1268,281.91000000000003,0,294.82,0,236.9,0.14299999999999999,288.95,0,244.75,0.1384,320.69,0.1056,297.36,0,248.41,0.13639999999999999,253.97,0,267.32,0.12670000000000001]
["Louças e Metais",86924,"TANQUE DE LOUÇA BRANCA SUSPENSO, 18L OU EQUIVALENTE, INCLUSO SIFÃO TIPO GARRAFA EM PVC, VÁLVULA PLÁSTICA E TORNEIRA DE PLÁSTICO - FORNECIMENTO E INSTALAÇÃO. AF_01/2020","UN",565.17999999999995,0.11990000000000001,560.79,0,585.14,0.1158,521.86,0,597.72,0,622.19000000000005,0,548.58000000000004,0.1235,626.66999999999996,0.1081,586.77,0.11550000000000001,563.27,0.1203,632.67999999999995,0,582.13,0,573.5,0,674.46,0,571.88,0.11849999999999999,578.80999999999995,0,570.61,0.1188,682.42,0,636.33000000000004,0,576.34,0.1176,684.45,0,523.21,0.1295,616.35,0.1099,581.6,0,524.62,0.12920000000000001,560.01,0,589.32000000000005,0.115]
["Louças e Metais",95471,"VASO SANITARIO SIFONADO CONVENCIONAL PARA PCD SEM FURO FRONTAL COM LOUÇA BRANCA SEM ASSENTO - FORNECIMENTO E INSTALAÇÃO. AF_01/2020","UN",787.73,5.8000000000000003E-2,781.62,0,809.63,5.6500000000000002E-2,687.48,0,829.21,0,856.83,0,759.82,6.0199999999999997E-2,884.48,5.1700000000000003E-2,824.35,5.5500000000000001E-2,773.13,5.91E-2,865.64,0,802.8,0,769.99,0,942.5,0,798.65,5.7200000000000001E-2,777.4,0,798.75,5.7200000000000001E-2,974.81,0,840.35,0,818.25,5.5899999999999998E-2,967.7,0,719.8,6.3500000000000001E-2,852.97,5.3600000000000002E-2,792.8,0,721.49,6.3399999999999998E-2,749.7,0,834.16,5.4800000000000001E-2]
["Louças e Metais",86877,"VÁLVULA EM METAL CROMADO 1.1/2\" X 1.1/2\" PARA TANQUE OU LAVATÓRIO, COM OU SEM LADRÃO - FORNECIMENTO E INSTALAÇÃO. AF_01/2020","UN",51.63,0,67.16,0.90800000000000003,67.47,0.90380000000000005,73.81,0,53.43,0,80.540000000000006,0,51.56,0,75.47,0,76.290000000000006,0,84.46,0,82.89,0,110.47,0,62.09,0,56.83,0,65.930000000000007,0.92490000000000006,83.87,0,70.28,0,92.75,0,72.08,0,93.12,0,71.150000000000006,0,78.77,0,97.28,0,66.73,0,76.209999999999994,0,69.040000000000006,0,67.12,0.90849999999999997]
["Luminárias Externas",101651,"SUBSTITUIÇÃO DE LÂMPADA PARA ILUMINAÇÃO PÚBLICA (NÃO INCLUI FORNECIMENTO). AF_02/2025_PS","UN",69.510000000000005,0.28720000000000001,61.13,0.32650000000000001,67.77,0.29449999999999998,62.98,0.31690000000000002,63.22,7.4700000000000003E-2,63.74,0.31309999999999999,62.78,0.31790000000000002,63.17,0.316,62.23,0.32069999999999999,61.86,7.6300000000000007E-2,61.87,7.6300000000000007E-2,61.04,0.32700000000000001,64.319999999999993,0.31030000000000002,65.150000000000006,7.2400000000000006E-2,58.64,0.34039999999999998,60.54,7.8E-2,60.36,0.33069999999999999,64.47,0.30959999999999999,69.45,0.28739999999999999,62.37,0.32,65.52,7.1999999999999995E-2,67.459999999999994,0.2959,63.91,0,65.27,0,62.65,0.31859999999999999,65.06,0,66.52,7.0999999999999994E-2]
["Massa Única Externa",87832,"EMBOÇO OU MASSA ÚNICA EM ARGAMASSA INDUSTRIALIZADA, PREPARO MECÂNICO E APLICAÇÃO COM EQUIPAMENTO DE MISTURA E PROJEÇÃO DE 1,5 M3/H DE ARGAMASSA NAS PAREDES INTERNAS DA SACADA, ESPESSURA 35 MM, SEM USO DE TELA METÁLICA. AF_08/2022","M2",177.78,8.3999999999999995E-3,143.30000000000001,0,184.01,0,151.54,0,152.79,0,175.21,8.5000000000000006E-3,128.63999999999999,0,140.83000000000001,0,138.37,0,160.94999999999999,0,127.28,0,142.25,0,168.78,0,151.13999999999999,0,134.19999999999999,1.11E-2,157.43,0,130.59,0,148.94,0,154.32,0,138.84,1.0699999999999999E-2,157.5,0,217.54,0,138.1,0,134.84,0,143.97999999999999,0,152.38999999999999,0,128.66999999999999,0]
["Massa Única Externa",104234,"EMBOÇO OU MASSA ÚNICA EM ARGAMASSA TRAÇO 1:2:8, PREPARO MANUAL, APLICADA MANUALMENTE EM PANOS DE FACHADA SEM PRESENÇA DE VÃOS, ESPESSURA DE 25 MM, ACESSO POR ANDAIME. AF_08/2022","M2",52.53,4.3200000000000002E-2,38.82,0,48.1,0,41.09,5.5199999999999999E-2,46.28,0,42.51,0,47.66,0,44.49,0,43.43,0,44.38,5.11E-2,43.17,0,39.29,0,40.5,0,49.99,0,37.909999999999997,5.9900000000000002E-2,44.85,5.0599999999999999E-2,40.68,0,47.21,0,51.32,0,37.86,0.06,49.42,0,46.33,4.9000000000000002E-2,41.67,0,44.59,0,39.49,5.7500000000000002E-2,44.81,0,42.53,5.3400000000000003E-2]
["Massa Única Externa",104206,"EMBOÇO OU MASSA ÚNICA EM ARGAMASSA TRAÇO 1:2:8, PREPARO MECÂNICA COM BETONEIRA 400 L, APLICADA COM PROJETOR TIPO CANEQUINHA EM PANOS DE FACHADA COM PRESENÇA DE VÃOS, ESPESSURA DE 50 MM, ACESSO POR BALANCIM MANUAL. AF_08/2022","M2",114.02,9.8500000000000004E-2,84.44,0.1075,105.14,8.6400000000000005E-2,91.08,0.1215,105.12,8.6400000000000005E-2,94.47,9.7799999999999998E-2,104.1,8.72E-2,97.21,9.3399999999999997E-2,95.17,9.5399999999999999E-2,97.1,0.114,95.95,9.4600000000000004E-2,87.53,0.1037,88.03,0.1031,107.81,8.4199999999999997E-2,83.15,0.1351,97.4,0.1137,90.47,0.1004,102.92,8.8200000000000001E-2,111.53,8.14E-2,84.85,0.13239999999999999,105.44,8.6099999999999996E-2,101.62,0.1089,93.84,9.6799999999999997E-2,99.15,9.1600000000000001E-2,88.29,0.12540000000000001,97.82,0,93.66,0.1182]
["Massa Única Externa",104210,"EMBOÇO OU MASSA ÚNICA EM ARGAMASSA TRAÇO 1:2:8, PREPARO MECÂNICA COM BETONEIRA 400 L, APLICADA COM PROJETOR TIPO CANEQUINHA EM PANOS DE FACHADA SEM PRESENÇA DE VÃOS, ESPESSURA DE 50 MM, ACESSO POR BALANCIM MANUAL. AF_08/2022","M2",89.54,9.3700000000000006E-2,64.19,9.3200000000000005E-2,80.61,7.4200000000000002E-2,70.89,0.1164,80.63,7.4200000000000002E-2,71.760000000000005,8.5300000000000001E-2,79.77,7.4999999999999997E-2,72.78,8.2199999999999995E-2,72.25,8.2799999999999999E-2,74.23,0.1111,73.319999999999993,8.1600000000000006E-2,66.72,8.9599999999999999E-2,67.680000000000007,8.8400000000000006E-2,83.76,7.1400000000000005E-2,63.56,0.13200000000000001,74.58,0.1106,69.47,8.6099999999999996E-2,75.78,7.8899999999999998E-2,82.63,7.2400000000000006E-2,63.97,0.13120000000000001,81.13,7.3700000000000002E-2,78.069999999999993,0.1057,71.459999999999994,8.3699999999999997E-2,74.8,7.9899999999999999E-2,67.22,0.1227,71.63,0,72.099999999999994,0.1144]
["Massa Única Externa",87792,"EMBOÇO OU MASSA ÚNICA EM ARGAMASSA TRAÇO 1:2:8, PREPARO MECÂNICO COM BETONEIRA 400 L, APLICADA MANUALMENTE EM PANOS CEGOS DE FACHADA (SEM PRESENÇA DE VÃOS), ESPESSURA DE 25 MM. AF_08/2022","M2",50.96,4.5699999999999998E-2,36.979999999999997,0,47.02,0,39.96,5.6800000000000003E-2,46.7,0,41.6,1.4E-3,46.28,0,43.17,0,41.85,0,42.8,5.2999999999999999E-2,42.41,0,38.28,0,38.99,0,48.43,0,36.11,6.4500000000000002E-2,43.04,5.2699999999999997E-2,39.880000000000003,0,45.59,0,49.51,0,36.76,6.3399999999999998E-2,47.48,0,44.87,5.0599999999999999E-2,41.45,0,43.82,0,38.47,5.8999999999999997E-2,42.77,0,41.17,5.5100000000000003E-2]
["Massa Única Interna",104954,"EMBOÇO, EM ARGAMASSA TRAÇO 1:2:8, PREPARO MANUAL, APLICADO MANUALMENTE EM PAREDES INTERNAS DE AMBIENTES COM PÉ-DIREITO DUPLO E ÁREA ENTRE 5M² E 10M², E = 17,5MM, COM TALISCAS. AF_03/2024","M2",60.26,0,44.01,0,54.99,0,46.92,0,54.34,0,49.31,0,55.33,0,51.39,0,50.96,0,51.36,0,50.14,0,45.05,0,45.27,0,56.71,0,43.37,0,51.76,0,46.37,0,55.95,0,61.3,0,43.78,0,55.58,0,54.07,0,47.76,0,52.65,0,45.71,0,53.13,0,49.01,0]
["Massa Única Interna",87546,"EMBOÇO, EM ARGAMASSA TRAÇO 1:2:8, PREPARO MANUAL, APLICADO MANUALMENTE EM PAREDES INTERNAS, PARA AMBIENTES COM ÁREA MENOR QUE 5M², E = 10MM, COM TALISCAS. AF_03/2024","M2",39.369999999999997,0,28.85,0,36.049999999999997,0,30.69,0,35.64,0,32.35,0,36.25,0,33.78,0,33.43,0,33.659999999999997,0,32.880000000000003,0,29.53,0,29.65,0,37.1,0,28.4,0,33.89,0,30.38,0,36.83,0,40.31,0,28.73,0,36.409999999999997,0,35.42,0,31.34,0,34.58,0,29.98,0,34.96,0,32.090000000000003,0]
["Massa Única Interna",104956,"MASSA ÚNICA, EM ARGAMASSA TRAÇO 1:2:8, PREPARO MANUAL, APLICADA MANUALMENTE EM PAREDES INTERNAS DE AMBIENTES COM PÉ-DIREITO DUPLO E ÁREA MAIOR QUE 10M², E = 17,5MM, COM TALISCAS. AF_03/2024","M2",57.14,0,41.37,0,51.76,0,44.38,0,51.08,0,46.3,0,52.11,0,48.06,0,47.86,0,48.38,0,47.13,0,42.34,0,42.64,0,53.62,0,40.869999999999997,0,48.79,0,43.67,0,52.13,0,57.25,0,41.06,0,52.39,0,50.94,0,44.83,0,49.3,0,42.97,0,49.51,0,46.22,0]
["Mobiliário Urbano",103308,"INSTALAÇÃO DE BICICLETÁRIO MODELO U INVERTIDO, DIMENSÕES 82 CM X 78 CM EM TUBO CIRCULAR DE AÇO Ø 2'' COM PINTURA ELETROSTÁTICA, FIXADO COM CONCRETO, SOBRE PISO DE CONCRETO EXISTENTE. AF_11/2021","UN",0,null,0,null,0,null,0,null,0,null,0,null,0,null,0,null,0,null,0,null,0,null,0,null,0,null,0,null,0,null,0,null,0,null,0,null,0,null,0,null,0,null,0,null,0,null,0,null,0,null,0,null,0]
["Monocapa",87851,"REVESTIMENTO DECORATIVO MONOCAMADA EXECUTADO MANUALMENTE EM FACHADA DE UM EDIFÍCIO DE ALVENARIA ESTRUTURAL E ACABAMENTO TRAVERTINO. AF_03/2024","M2",216.49,1.4999999999999999E-2,172.94,6.6E-3,221.15,5.1999999999999998E-3,187.44,1.67E-2,169.99,6.7999999999999996E-3,213.87,5.8999999999999999E-3,134.63,8.5000000000000006E-3,150.94999999999999,7.6E-3,155.83000000000001,7.4000000000000003E-3,192.14,6.0000000000000001E-3,136.97,8.3999999999999995E-3,167.77,6.8999999999999999E-3,212.96,5.4000000000000003E-3,172.71,6.7000000000000002E-3,160.81,7.7999999999999996E-3,187.19,6.1000000000000004E-3,147.30000000000001,7.7999999999999996E-3,153.69999999999999,7.4999999999999997E-3,157.68,7.3000000000000001E-3,161.34,7.7999999999999996E-3,181.19,6.3E-3,283.57,4.1000000000000003E-3,154.56,7.4000000000000003E-3,143.29,8.0000000000000002E-3,169.09,6.7999999999999996E-3,161.33000000000001,0,146.6,7.7999999999999996E-3]
["Paisagismo - Plantio",98505,"PLANTIO DE FORRAÇÃO. AF_07/2024","M2",319.38,0,122.78,0,157.47,0,130.54,0,104.44,0,106.67,0,82.27,0,86.42,0,69.14,0,206.78,0,94.03,0,72.3,0.91290000000000004,112.25,0,82.18,0,71.709999999999994,0.9204,131.81,0,106.15,0,58.27,0,37.299999999999997,0,106.38,0,207.57,0,156.56,0,69.34,0,70.64,0,88.7,0,74.69,0,72.14,0.91490000000000005]
["Paisagismo - Plantio",98517,"PLANTIO DE PALMEIRA COM ALTURA DE MUDA MAIOR QUE 2,00 M E MENOR OU IGUAL A 4,00 M. AF_07/2024","UN",0,null,0,null,0,null,0,null,0,null,0,null,0,null,0,null,0,null,0,null,0,null,0,null,0,null,0,null,0,null,0,null,0,null,0,null,0,null,0,null,0,null,0,null,0,null,0,null,0,null,0,null,0]
["Paredes de Concreto - Armação",105814,"ARMAÇÃO DO SISTEMA DE PAREDES DE CONCRETO, EXECUTADA EM PAREDES DE EDIFICAÇÕES MULTIFAMILIARES, TELA Q-283. AF_12/2024_PS","KG",8.74,0.93710000000000004,11.03,9.1000000000000004E-3,11.4,8.8000000000000005E-3,8.69,0.9425,8.57,0,9.52,1.0500000000000001E-2,9.27,1.0800000000000001E-2,12.03,0,9,1.11E-2,8.69,0.9425,9.6300000000000008,0,9.5500000000000007,1.0500000000000001E-2,12.6,7.9000000000000008E-3,11.01,9.1000000000000004E-3,8.66,0.94569999999999999,8.6,0.95230000000000004,10.26,9.7000000000000003E-3,10.89,9.1999999999999998E-3,9.08,1.0999999999999999E-2,8.67,0.9446,13.15,7.6E-3,8.68,0.94350000000000001,10.52,0,9.7899999999999991,0,8.76,0.93489999999999995,8.7200000000000006,0,8.6199999999999992,0.95009999999999994]
["Paredes de Concreto - Estucamento",105822,"ESTUCAMENTO DE DENSIDADE ALTA DE PANOS DE FACHADA DO SISTEMA DE PAREDES DE CONCRETO EM EDIFICAÇÕES DE MÚLTIPLOS PAVIMENTOS, PAVIMENTOS SUPERIORES, UTILIZAÇÃO DE ARGAMASSA POLIMÉRICA. AF_12/2024","M2",20.6,0,19.59,0,19.07,0.38019999999999998,18.93,0,18.940000000000001,0,19.38,0,20.7,0,18.3,0,18.68,0,19.8,0,17.489999999999998,0,17.07,0,17.100000000000001,0,19.41,0,18.03,0,18.53,0,20.97,0,20.61,0,22.46,0,17.54,0,21.01,0,20.09,0,18.02,0,19.100000000000001,0,19.66,0,20.41,0,19.79,0]
["Paredes de Concreto - Estucamento",104414,"ESTUCAMENTO DE DENSIDADE ALTA NAS FACES INTERNAS DE PAREDES DO SISTEMA DE PAREDES DE CONCRETO, EM AMBIENTES COM ÁREA MAIOR OU IGUAL A 10 M², UTILIZAÇÃO DE ARGAMASSA COLANTE. AF_12/2024","M2",7.67,0,6.27,0,7.85,0,6.48,0,6.89,0,7.51,0,6.11,0,6.54,0,6.48,0,7.02,0,5.96,0,6.2,0,7.05,0,6.72,0,5.86,0,6.89,0,5.8,0,7.13,0,7.46,0,6.09,0,6.96,0,9.1,0,6.12,0,6.48,0,6.3,0,7.02,0,5.87,0]
["Paredes de Concreto - Estucamento",104412,"ESTUCAMENTO PARA QUALQUER REVESTIMENTO, EM TETO DO SISTEMA DE PAREDES DE CONCRETO, EM AMBIENTES COM ÁREA MAIOR OU IGUAL A 10 M², UTILIZAÇÃO DE ARGAMASSA COLANTE. AF_12/2024","M2",3.22,0,2.7,0,3.31,0,2.65,0,3.34,0,3.12,0,3.25,0,3.35,0,3.18,0,3.07,0,3.06,0,2.76,0,2.74,0,3.14,0,2.5499999999999998,0,3.03,0,2.75,0,3.84,0,4.07,0,2.75,0,3.21,0,3.33,0,2.96,0,3.43,0,2.82,0,3.59,0,2.83,0]
["Paredes em Drywall",96360,"PAREDE COM SISTEMA EM CHAPAS DE GESSO PARA DRYWALL, USO INTERNO, COM DUAS FACES SIMPLES E ESTRUTURA METÁLICA COM GUIAS DUPLAS, SEM VÃOS. AF_07/2023_PS","M2",142.88999999999999,3.1699999999999999E-2,141.62,1.7000000000000001E-2,132.16999999999999,3.4299999999999997E-2,132.05000000000001,1.83E-2,135.4,0,133.72999999999999,1.7999999999999999E-2,113.14,0.04,114.55,1.8499999999999999E-2,113.54,3.9899999999999998E-2,141.69999999999999,3.2000000000000001E-2,118.86,0,114.64,2.1000000000000001E-2,133.96,1.7999999999999999E-2,136.38,1.77E-2,118.55,3.8199999999999998E-2,113.61,2.12E-2,115.05,3.9399999999999998E-2,123.17,1.9599999999999999E-2,126.62,0,132.69,3.4099999999999998E-2,163.05000000000001,1.4800000000000001E-2,141.62,3.2000000000000001E-2,132.41999999999999,3.4200000000000001E-2,125.71,1.9199999999999998E-2,132.88999999999999,3.4099999999999998E-2,116.34,0,105.66,4.2900000000000001E-2]
["Parquinhos e Equipamentos de Ginástica ao Ar Livre",103216,"INSTALAÇÃO DE ESCORREGADOR METÁLICO EM TUBOS E CHAPAS DE AÇO CARBONO, INSTALADO SOBRE PISO DE CONCRETO EXISTENTE. AF_10/2021","UN",0,null,0,null,0,null,0,null,0,null,0,null,0,null,0,null,0,null,0,null,0,null,0,null,0,null,0,null,0,null,0,null,0,null,0,null,0,null,0,null,0,null,0,null,0,null,0,null,0,null,0,null,0]
["Parquinhos e Equipamentos de Ginástica ao Ar Livre",103188,"INSTALAÇÃO DE SIMULADOR DE CAVALGADA TRIPLO, EM TUBO DE AÇO CARBONO - EQUIPAMENTO DE GINÁSTICA PARA ACADEMIA AO AR LIVRE / ACADEMIA DA TERCEIRA IDADE - ATI, INSTALADO SOBRE PISO DE CONCRETO EXISTENTE. AF_10/2021","UN",5246.84,0.98640000000000005,5235.84,0.98850000000000005,5249.43,0.9859,5233.57,0.9889,5249.96,0.98580000000000001,5244.47,0.98680000000000001,5249.19,0.9859,5251.84,0.98540000000000005,5246.18,0.98650000000000004,5243.85,0.9869,5244.28,0.9869,5237.1899999999996,0.98819999999999997,5235.68,0.98850000000000005,5246.38,0.98650000000000004,5232.6000000000004,0.98909999999999998,5243.39,0.98699999999999999,5237.51,0.98809999999999998,5262.97,0.98340000000000005,5268.2,0.98240000000000005,5237.76,0.98809999999999998,5248.28,0.98609999999999998,5247,0.98640000000000005,5242.57,0.98719999999999997,5252.1,0.98540000000000005,5238.2700000000004,0.98799999999999999,5258.24,0,5239.07,0.98780000000000001]
["Passeios de Concreto",95004,"EXECUÇÃO DE PASSEIO (CALÇADA) COM CONCRETO MOLDADO IN LOCO, FEITO EM OBRA, ACABAMENTO ESTAMPADO, ESPESSURA 8 CM, NÃO ARMADO. AF_08/2022","M2",0,null,0,null,0,null,0,null,0,null,0,null,0,null,0,null,0,null,0,null,0,null,0,null,0,null,0,null,0,null,0,null,0,null,0,null,0,null,0,null,0,null,0,null,0,null,0,null,0,null,0,null,0]
["Pavimento Intertravado",92402,"EXECUÇÃO DE PASSEIO EM PISO INTERTRAVADO, COM BLOCO 16 FACES DE 22 X 11 CM, ESPESSURA 6 CM. AF_10/2022","M2",146.59,1.4E-3,80.41,2.5999999999999999E-3,125.38,1.6999999999999999E-3,105.7,2E-3,85.95,0,78.97,1.5E-3,103.63,2E-3,96.6,0,100.84,2.0999999999999999E-3,85.87,1.4E-3,85.88,0,89.09,0,109.81,1.1000000000000001E-3,90.81,1.2999999999999999E-3,75.17,1.6000000000000001E-3,79.94,2.5999999999999999E-3,72.430000000000007,2.8999999999999998E-3,74.12,1.6000000000000001E-3,93.86,1.2999999999999999E-3,83.96,2.5000000000000001E-3,114.51,0,141.41999999999999,1.5E-3,79.900000000000006,0,80.650000000000006,1.5E-3,90.45,2.3E-3,103.95,0,109.95,0]
["Pavimento Intertravado",92391,"EXECUÇÃO DE PAVIMENTO EM PISO INTERTRAVADO, COM BLOCO PISOGRAMA DE 35 X 15 CM, ESPESSURA 6 CM. AF_10/2022","M2",147.38,2.9999999999999997E-4,76.900000000000006,5.0000000000000001E-4,123.67,4.0000000000000002E-4,104.25,4.0000000000000002E-4,80.099999999999994,0,73.27,4.0000000000000002E-4,99.29,4.0000000000000002E-4,92.59,0,98.17,4.0000000000000002E-4,80.89,4.0000000000000002E-4,82.54,0,86.97,0,109.6,2.9999999999999997E-4,85.36,4.0000000000000002E-4,71.16,4.0000000000000002E-4,74.45,5.0000000000000001E-4,66.31,5.9999999999999995E-4,65.709999999999994,5.0000000000000001E-4,85.98,2.9999999999999997E-4,79.930000000000007,5.0000000000000001E-4,111.7,0,142.6,2.9999999999999997E-4,75.790000000000006,0,73.7,4.0000000000000002E-4,87.39,5.0000000000000001E-4,99.25,0,109.04,0]
["Pavimento Intertravado",92394,"EXECUÇÃO DE PAVIMENTO EM PISO INTERTRAVADO, COM BLOCO SEXTAVADO DE 25 X 25 CM, ESPESSURA 8 CM. AF_10/2022","M2",175.81,5.0000000000000001E-4,92.09,1E-3,148.22999999999999,5.9999999999999995E-4,124.49,6.9999999999999999E-4,96.11,0,88.04,6.9999999999999999E-4,118.25,8.0000000000000004E-4,111.32,0,116.95,8.0000000000000004E-4,96.6,5.9999999999999995E-4,98.2,0,104.03,0,130.47,5.0000000000000001E-4,102.98,5.9999999999999995E-4,84.88,6.9999999999999999E-4,89.24,1E-3,80.569999999999993,1.1000000000000001E-3,79.510000000000005,8.0000000000000004E-4,104.15,5.9999999999999995E-4,95.88,8.9999999999999998E-4,133.55000000000001,0,170.85,5.0000000000000001E-4,90.96,0,88.45,6.9999999999999999E-4,104.71,8.9999999999999998E-4,119.31,0,129.88,0]
["Pavimento Rígido de Concreto",97109,"EXECUÇÃO DE PAVIMENTO DE CONCRETO SIMPLES (PCS), FCK = 40 MPA, ESPESSURA DE 27,5 CM. AF_04/2022","M2",598.98,4.1000000000000003E-3,244.53,2.9999999999999997E-4,361.12,1.35E-2,349.78,7.0000000000000001E-3,261.72000000000003,2.0000000000000001E-4,226.54,2.9999999999999997E-4,237.67,2.9999999999999997E-4,273.91000000000003,2.9999999999999997E-4,262.41000000000003,2.9999999999999997E-4,267.49,9.1000000000000004E-3,246.77,2.9999999999999997E-4,259.36,2.9999999999999997E-4,303.5,2.0000000000000001E-4,293.97000000000003,2.0000000000000001E-4,240.7,1.01E-2,224.93,1.0800000000000001E-2,245,2.0000000000000001E-4,230.94,2.0000000000000001E-4,248.23,2.0000000000000001E-4,246.45,9.9000000000000008E-3,354.87,2.0000000000000001E-4,419.65,5.7999999999999996E-3,252.84,2.0000000000000001E-4,274.82,2.9999999999999997E-4,231.86,1.0500000000000001E-2,219.62,0,283.11,8.6E-3]
["Pele de Vidro em Fachadas",104103,"FACHADA EM VIDRO NO SISTEMA SPIDER GLASS, CONSIDERANDO MÓDULOS DE 2,00 X 2,50 M, FIXADO EM ESTRUTURA METÁLICA FORNECIMENTO E INSTALAÇÃO. AF_06/2022","M2",0,null,0,null,0,null,0,null,0,null,0,null,0,null,0,null,0,null,0,null,0,null,0,null,0,null,0,null,0,null,0,null,0,null,0,null,0,null,0,null,0,null,0,null,0,null,0,null,0,null,0,null,0]
["Perfuração Horizontal Direcional - HDD",103619,"PERFURAÇÃO HORIZONTAL DIRECIONAL E INSTALAÇÃO DE TUBULAÇÃO PEAD 225 MM, EM SOLO DE 1ª CATEGORIA. AF_01/2022","M",0,null,0,null,0,null,0,null,0,null,0,null,0,null,0,null,0,null,0,null,0,null,0,null,0,null,0,null,0,null,0,null,0,null,0,null,0,null,0,null,0,null,0,null,0,null,0,null,0,null,0,null,0]
["Perfuração Horizontal Direcional - HDD",103643,"PERFURAÇÃO HORIZONTAL DIRECIONAL E INSTALAÇÃO DE TUBULAÇÃO PEAD 280 MM, EM SOLO DE 2ª CATEGORIA. AF_01/2022","M",0,null,0,null,0,null,0,null,0,null,0,null,0,null,0,null,0,null,0,null,0,null,0,null,0,null,0,null,0,null,0,null,0,null,0,null,0,null,0,null,0,null,0,null,0,null,0,null,0,null,0,null,0]
["Perfuração Horizontal Direcional - HDD",103603,"PERFURAÇÃO HORIZONTAL DIRECIONAL E INSTALAÇÃO DE TUBULAÇÃO PEAD 450 MM, EM SOLO MOLE. AF_01/2022","M",0,null,0,null,0,null,0,null,0,null,0,null,0,null,0,null,0,null,0,null,0,null,0,null,0,null,0,null,0,null,0,null,0,null,0,null,0,null,0,null,0,null,0,null,0,null,0,null,0,null,0,null,0]
["Perfuração Horizontal Direcional - HDD",103592,"PERFURAÇÃO HORIZONTAL DIRECIONAL E INSTALAÇÃO DE TUBULAÇÃO PEAD 90 MM, EM SOLO MOLE. AF_01/2022","M",0,null,0,null,0,null,0,null,0,null,0,null,0,null,0,null,0,null,0,null,0,null,0,null,0,null,0,null,0,null,0,null,0,null,0,null,0,null,0,null,0,null,0,null,0,null,0,null,0,null,0,null,0]
["Pintura Externa",88429,"APLICAÇÃO MANUAL DE PINTURA COM TINTA TEXTURIZADA ACRÍLICA EM SUPERFÍCIES INTERNAS DA SACADA DE EDIFÍCIOS DE MÚLTIPLOS PAVIMENTOS, DUAS CORES. AF_03/2024","M2",40.71,0,36.81,0,37.33,0,37.119999999999997,0,38.270000000000003,0,36.25,0,40.28,0,38.15,0,39.36,0,45.34,0,37.18,0,34.07,0,36.950000000000003,0,40.369999999999997,0,34.08,0,42.02,0,35.08,0,41.94,0,42.71,0,33.85,0,39.86,0,44.01,0,38.9,0,37.200000000000003,0,37.53,0,41.75,0,41.11,0]
["Pintura Interna",88495,"EMASSAMENTO COM MASSA LÁTEX, APLICAÇÃO EM PAREDE, UMA DEMÃO, LIXAMENTO MANUAL. AF_04/2023","M2",12.2,0,10.11,0,12.23,0,9.67,0,11.99,0,10.79,0,12.53,0,14.1,0,11.33,0,11.38,0,11.96,0,11.13,0,10.67,0,11.35,0,9.42,0,11.01,0,10.19,0,15.37,0,14.44,0,10.16,0,12.2,0,12.05,0,12.37,0,13.14,0,10.47,0,13.75,0,13.1,0]
["Pintura Interna",104642,"PINTURA LÁTEX ACRÍLICA STANDARD, APLICAÇÃO MANUAL EM PAREDES, DUAS DEMÃOS. AF_04/2023","M2",11.58,0,10.39,0,10.86,0,10.4,0,11.05,0,10.46,0,11.54,0,11.12,0,11.22,0,12.68,0,10.65,0,9.75,0,10.42,0,11.51,0,9.65,0,11.83,0,10.02,0,12.27,0,12.54,0,9.7799999999999994,0,11.44,0,12.38,0,11.07,0,10.82,0,10.62,0,12.14,0,11.58,0]
["Pintura em Madeira",102210,"PINTURA TINTA DE ACABAMENTO (PIGMENTADA) ESMALTE SINTÉTICO BRILHANTE EM MADEIRA, 1 DEMÃO. AF_01/2021","M2",8.16,0,7.68,0,8.49,0,7.11,0,8.9600000000000009,0,8.4700000000000006,0,9.0299999999999994,0,9.33,0,8.6199999999999992,0,7.94,0,8.9600000000000009,0,7.58,0,7.34,0,8.4700000000000006,0,6.96,0,8.86,0,7.71,0,9.84,0,10.6,0,7.84,0,8.3800000000000008,0,8.1300000000000008,0,8.3800000000000008,0,8.83,0,7.84,0,9.58,0,8,0]
["Pintura em Madeira",102226,"PINTURA VERNIZ (INCOLOR) POLIURETÂNICO (RESINA POLIURETÂNICA) EM MADEIRA, 3 DEMÃOS. AF_01/2021","M2",0,null,0,null,0,null,0,null,0,null,0,null,0,null,0,null,0,null,0,null,0,null,0,null,0,null,0,null,0,null,0,null,0,null,0,null,0,null,0,null,0,null,0,null,0,null,0,null,0,null,0,null,0]
["Pintura em Superfícies Metálicas",100733,"PINTURA COM TINTA ACRÍLICA DE FUNDO PULVERIZADA SOBRE SUPERFÍCIES METÁLICAS (EXCETO PERFIL) EXECUTADO EM OBRA (POR DEMÃO). AF_01/2020_PE","M2",13.7,0,11.12,0,12.54,0,9.81,0,13.72,0,13.43,0,14.65,0,15,0,13.97,0,11.81,0,13.78,0,11.57,0,10.57,0,13.32,0,10.82,0,13.65,0,12.24,0,14.67,0,16.52,0,10.83,0,12.11,0,12.49,0,11.6,0,13.1,0,10.74,0,14.91,0,13.71,0]
["Pintura em Superfícies Metálicas",100719,"PINTURA COM TINTA ALQUÍDICA DE FUNDO (TIPO ZARCÃO) PULVERIZADA SOBRE PERFIL METÁLICO EXECUTADO EM FÁBRICA (POR DEMÃO). AF_01/2020_PE","M2",10.42,0,11.39,0,11.04,0,9.81,0,11.92,0,11.95,0,12.47,0,12.68,0,11.58,0,9.76,0,13.47,0,10.61,0,10.32,0,11.73,0,9.83,0,14.12,0,11.44,0,12.16,0,14.31,0,11.12,0,11.26,0,9.98,0,12.48,0,11.09,0,11.61,0,12.98,0,10.14,0]
["Pintura em Superfícies Metálicas",100731,"PINTURA COM TINTA EPOXÍDICA DE FUNDO E ACABAMENTO PULVERIZADA SOBRE PERFIL METÁLICO EXECUTADO EM FÁBRICA (POR DEMÃO). AF_01/2020","M2",0,null,0,null,0,null,0,null,0,null,0,null,0,null,0,null,0,null,0,null,0,null,0,null,0,null,0,null,0,null,0,null,0,null,0,null,0,null,0,null,0,null,0,null,0,null,0,null,0,null,0,null,0]
["Pintura para Pisos e para Sinalização Horizontal e Vertical",102517,"PINTURA DE SÍMBOLO \"PEDESTRE\" COM TINTA ACRÍLICA, UTILIZAÇÃO DE MOLDE PLÁSTICO E APLICAÇÃO MECÂNICA, 130X90 CM. AF_05/2021","UN",0,null,0,null,0,null,0,null,0,null,0,null,0,null,0,null,0,null,0,null,0,null,0,null,0,null,0,null,0,null,0,null,0,null,0,null,0,null,0,null,0,null,0,null,0,null,0,null,0,null,0,null,0]
["Pintura para Pisos e para Sinalização Horizontal e Vertical",102488,"PREPARO DO PISO CIMENTADO PARA PINTURA - LIXAMENTO E LIMPEZA. AF_05/2021","M2",3.8,1.84E-2,3.22,2.1700000000000001E-2,3.93,1.78E-2,3.11,2.2499999999999999E-2,3.96,1.77E-2,3.67,1.9099999999999999E-2,3.92,1.7899999999999999E-2,4.05,1.7299999999999999E-2,3.77,1.8599999999999998E-2,3.64,1.9199999999999998E-2,3.68,1.9E-2,3.29,2.1299999999999999E-2,3.21,2.18E-2,3.76,1.8599999999999998E-2,3.04,2.3E-2,3.62,1.9300000000000001E-2,3.31,2.1100000000000001E-2,4.62,1.52E-2,4.91,1.43E-2,3.31,2.1100000000000001E-2,3.88,1.7999999999999999E-2,3.82,1.83E-2,3.57,1.9599999999999999E-2,4.08,1.72E-2,3.35,2.0899999999999998E-2,4.37,0,3.4,2.06E-2]
["Pisos",101726,"PISO EM LADRILHO HIDRÁULICO APLICADO EM AMBIENTES INTERNOS DE ÁREA ENTRE 5 E 15 M², INCLUSO APLICAÇÃO DE RESINA. AF_09/2020","M2",302.32,0,193.46,0,286.44,0,233.92,0,208.82,0,202.79,0,222.38,0,227.99,0,227.63,0,207.37,0,203.21,0,207.71,0,241.22,0,214.57,0,176.44,0,198.68,0,176.75,0,203.22,0,242.69,0,195.75,0,253.01,0,323.95999999999998,0,196.32,0,196.32,0,209.15,0,246.08,0,232.79,0]
["Pisos",98687,"RODAPÉ VINÍLICO FLEXÍVEL EM MANTA, ALTURA 10 CM. AF_09/2020","M",0,null,0,null,0,null,0,null,0,null,0,null,0,null,0,null,0,null,0,null,0,null,0,null,0,null,0,null,0,null,0,null,0,null,0,null,0,null,0,null,0,null,0,null,0,null,0,null,0,null,0,null,0]
["Postes de Concreto e Metálicos",100615,"ASSENTAMENTO DE POSTE DE CONCRETO COM COMPRIMENTO NOMINAL DE 12 M, CARGA NOMINAL DE 600 DAN, ENGASTAMENTO BASE CONCRETADA COM 1 M DE CONCRETO E 0,8 M DE SOLO (NÃO INCLUI FORNECIMENTO). AF_04/2025","UN",1469.93,3.32E-2,1250.33,3.8600000000000002E-2,1402.3,3.44E-2,1376.42,3.5000000000000003E-2,1264.6300000000001,9.7000000000000003E-3,1237.17,3.95E-2,1376.96,3.5000000000000003E-2,1284.05,3.7600000000000001E-2,1219.22,3.9600000000000003E-2,1299.93,9.4999999999999998E-3,1234.82,0.01,1155.19,4.1799999999999997E-2,1242.57,3.8800000000000001E-2,1383.69,8.8999999999999999E-3,1174.27,4.1599999999999998E-2,1177.23,1.0500000000000001E-2,1257.27,3.8399999999999997E-2,1270.79,3.7999999999999999E-2,1311.96,3.6799999999999999E-2,1217.01,4.0099999999999997E-2,1403.93,8.8000000000000005E-3,1477.53,3.2599999999999997E-2,1198.44,0,1371.34,0,1171.55,4.1200000000000001E-2,1275.27,0,1291.4100000000001,9.4999999999999998E-3]
["Postes de Concreto e Metálicos",100590,"ASSENTAMENTO DE POSTE DE CONCRETO COM COMPRIMENTO NOMINAL DE 13,5 M, CARGA NOMINAL MAIOR QUE 1000 DAN, ENGASTAMENTO SIMPLES COM 1,95 M DE SOLO (NÃO INCLUI FORNECIMENTO). AF_04/2025","UN",986.22,5.1799999999999999E-2,1004.69,5.0799999999999998E-2,1000.42,5.0999999999999997E-2,962.01,5.3100000000000001E-2,945.23,1.37E-2,961.29,5.3100000000000001E-2,1017.95,5.0099999999999999E-2,1010.13,5.0500000000000003E-2,928.92,5.4899999999999997E-2,982.68,1.32E-2,918.83,1.41E-2,896.49,5.6899999999999999E-2,922.82,5.5300000000000002E-2,977.28,1.3299999999999999E-2,917.42,5.5599999999999997E-2,900.79,1.44E-2,909.74,5.6099999999999997E-2,992.04,5.1400000000000001E-2,1027.3399999999999,4.9700000000000001E-2,942.91,5.4100000000000002E-2,991.68,1.3100000000000001E-2,982.14,5.1999999999999998E-2,901.61,0,1041.17,0,903.18,5.6500000000000002E-2,1027.4100000000001,0,980.58,1.32E-2]
["Postes de Concreto e Metálicos",105960,"POSTE DE AÇO CÔNICO CONTÍNUO CURVO SIMPLES, ENGASTAMENTO SIMPLES COM 0,5 M DE SOLO, H=5M - FORNECIMENTO E INSTALAÇÃO. AF_04/2025","UN",0,null,0,null,0,null,0,null,0,null,0,null,0,null,0,null,0,null,0,null,0,null,0,null,0,null,0,null,0,null,0,null,0,null,0,null,0,null,0,null,0,null,0,null,0,null,0,null,0,null,0,null,0]
["Postes de Concreto e Metálicos",105951,"POSTE DE AÇO CÔNICO CONTÍNUO RETO, ENGASTAMENTO SIMPLES COM 0,5 M DE SOLO, H=5M - FORNECIMENTO E INSTALAÇÃO. AF_04/2025","UN",0,null,0,null,0,null,0,null,0,null,0,null,0,null,0,null,0,null,0,null,0,null,0,null,0,null,0,null,0,null,0,null,0,null,0,null,0,null,0,null,0,null,0,null,0,null,0,null,0,null,0,null,0]
["Poços de Visita e Caixas para Bocas de Lobo",97987,"ACRÉSCIMO PARA POÇO DE VISITA CIRCULAR PARA ESGOTO, EM CONCRETO PRÉ-MOLDADO, DIÂMETRO INTERNO = 1,2 M. AF_12/2020","M",901.04,0.90600000000000003,529.19000000000005,4.4400000000000002E-2,900.76,0.88380000000000003,886.6,0.92079999999999995,721.98,0,890.23,0.91700000000000004,721.86,3.2599999999999997E-2,711.48,0,887.25,0.92010000000000003,768.82,3.0599999999999999E-2,712.59,0,759.05,0,882.32,0.92520000000000002,700.61,0,878.81,0.92900000000000005,582.04,4.0399999999999998E-2,668.21,3.5200000000000002E-2,897.95,0.88290000000000002,861.89,0,696.86,3.3799999999999997E-2,653.73,3.5999999999999997E-2,900.78,0.90629999999999999,744.51,0,893.88,0.88700000000000001,885.44,0.92200000000000004,899.16,0,667.88,3.5200000000000002E-2]
["Poços de Visita e Caixas para Bocas de Lobo",99297,"ACRÉSCIMO PARA POÇO DE VISITA RETANGULAR PARA DRENAGEM, EM ALVENARIA COM BLOCOS DE CONCRETO, DIMENSÕES INTERNAS = 1,5X4 M. AF_12/2020","M",3982.53,4.0000000000000002E-4,2844.11,0,3403.39,0,3210.7,0,3146.64,0,3168.81,5.0000000000000001E-4,3421.04,0,3226.29,0,3142.48,0,3314.44,0,3237.15,0,2953.15,0,3048.28,0,3450.59,0,2852.07,5.9999999999999995E-4,3058.33,0,2914.54,0,3393.38,0,3478.22,0,3111.27,5.0000000000000001E-4,3712.13,0,3841.3,0,3362.84,0,3445.51,0,2869.23,0,3319.44,0,3183.76,0]
["Poços de Visita e Caixas para Bocas de Lobo",99327,"ACRÉSCIMO PARA POÇO DE VISITA RETANGULAR PARA DRENAGEM, EM ALVENARIA COM BLOCOS DE CONCRETO, DIMENSÕES INTERNAS = 4X4 M. AF_12/2020","M",5580.37,4.0000000000000002E-4,3985.92,0,4767.32,0,4493.58,0,4408.79,0,4446.3500000000004,5.0000000000000001E-4,4799.42,0,4526.84,0,4408.8100000000004,0,4647.9399999999996,0,4540.59,0,4141.18,0,4272.45,0,4832.04,0,4000.8,5.9999999999999995E-4,4290.0200000000004,0,4079.39,0,4759.51,0,4878.51,0,4366.96,5.0000000000000001E-4,5202.34,0,5373.85,0,4717.51,0,4833.17,0,4021.78,0,4661.38,0,4464.76,0]
["Poços de Visita e Caixas para Bocas de Lobo",98027,"ACRÉSCIMO PARA POÇO DE VISITA RETANGULAR PARA ESGOTO, EM ALVENARIA COM BLOCOS DE CONCRETO, DIMENSÕES INTERNAS = 2X3,5 M. AF_12/2020","M",4144.75,4.0000000000000002E-4,3016.9,0,3535.65,3.4200000000000001E-2,3379.05,0,3275.1,0,3317.31,5.0000000000000001E-4,3578.8,0,3338.17,0,3270.69,0,3471.51,0,3353.56,0,3081.96,0,3181.04,0,3595.69,0,3007.31,5.9999999999999995E-4,3194.76,0,3108.34,0,3514.37,0,3616.03,0,3247.86,5.9999999999999995E-4,3879.53,0,3993.05,0,3496.88,0,3567.2,0,3037.97,0,3451.07,0,3351.7,0]
["Poços de Visita e Caixas para Bocas de Lobo",98405,"BASE PARA POÇO DE VISITA CIRCULAR PARA ESGOTO, EM ALVENARIA COM TIJOLOS CERÂMICOS MACIÇOS, DIÂMETRO INTERNO = 1,0 M, PROFUNDIDADE = 1,40 M, EXCLUINDO TAMPÃO. AF_12/2020","UN",3330.23,1.77E-2,2528.52,1.46E-2,2957.28,3.8800000000000001E-2,2909.32,1.9300000000000001E-2,2726.59,0,2572.3200000000002,2.3400000000000001E-2,2836.93,1.9800000000000002E-2,2577.2800000000002,8.0000000000000004E-4,2738.01,2.0500000000000001E-2,2713.37,2.12E-2,2614.98,2.9999999999999997E-4,2471.9899999999998,1.2200000000000001E-2,2637.26,2.18E-2,2998.62,1.01E-2,2324.52,2.5899999999999999E-2,2431.6999999999998,2.3099999999999999E-2,2750.13,2.06E-2,2754.31,1.0699999999999999E-2,2902.92,3.0999999999999999E-3,2494.2600000000002,2.4199999999999999E-2,3105.55,1.7999999999999999E-2,3282.5,1.7500000000000002E-2,2654.18,0,2854.02,2.9999999999999997E-4,2416.7199999999998,2.3800000000000002E-2,2602.15,0,2680.99,2.1399999999999999E-2]
["Poços de Visita e Caixas para Bocas de Lobo",99284,"BASE PARA POÇO DE VISITA RETANGULAR PARA DRENAGEM, EM ALVENARIA COM BLOCOS DE CONCRETO, DIMENSÕES INTERNAS = 1,5X3,5 M, PROFUNDIDADE = 1,40 M, EXCLUINDO TAMPÃO. AF_12/2020","UN",10470.950000000001,2.41E-2,7202.5,2.1700000000000001E-2,8948.91,2.4E-2,8832.98,2.7400000000000001E-2,7799.51,0,7605.07,3.3300000000000003E-2,8414.02,2.8799999999999999E-2,7857.48,5.0000000000000001E-4,7625.78,3.1800000000000002E-2,8022.77,3.0300000000000001E-2,7875.17,2.9999999999999997E-4,7243.9,1.7899999999999999E-2,7790.8,3.1199999999999999E-2,8948.11,1.4500000000000001E-2,6971.84,3.6400000000000002E-2,7396.15,3.27E-2,7781.29,3.1E-2,7970.15,1.6E-2,8334.99,4.7999999999999996E-3,7615.78,3.3300000000000003E-2,9492.33,1.6799999999999999E-2,10256.700000000001,2.3699999999999999E-2,8116.69,0,8326.01,2.9999999999999997E-4,7272.18,3.3500000000000002E-2,7589.46,0,7826.69,3.1099999999999999E-2]
["Poços de Visita e Caixas para Bocas de Lobo",99305,"BASE PARA POÇO DE VISITA RETANGULAR PARA DRENAGEM, EM ALVENARIA COM BLOCOS DE CONCRETO, DIMENSÕES INTERNAS = 3X3,5 M, PROFUNDIDADE = 1,40 M, EXCLUINDO TAMPÃO. AF_12/2020","UN",17506.419999999998,2.5399999999999999E-2,11952.58,2.2599999999999999E-2,14767.56,2.5999999999999999E-2,14723.49,2.9000000000000001E-2,12803.82,0,12603.6,3.5400000000000001E-2,13940.12,3.0700000000000002E-2,12940.92,4.0000000000000002E-4,12614.68,3.39E-2,13329.09,3.2199999999999999E-2,13057.21,2.9999999999999997E-4,12032.64,1.9300000000000001E-2,12965.5,3.3099999999999997E-2,14798.23,1.5699999999999999E-2,11629.3,3.8300000000000001E-2,12231.64,3.49E-2,12830.31,3.3099999999999997E-2,13011.45,1.7600000000000001E-2,13569.79,5.1999999999999998E-3,12705.23,3.5099999999999999E-2,15786.07,1.7600000000000001E-2,17050.97,2.5100000000000001E-2,13544,0,13758.29,2.9999999999999997E-4,12033.82,3.56E-2,12445.01,0,13032,3.2899999999999999E-2]
["Poços de Visita e Caixas para Bocas de Lobo",98042,"BASE PARA POÇO DE VISITA RETANGULAR PARA ESGOTO, EM ALVENARIA COM BLOCOS DE CONCRETO, DIMENSÕES INTERNAS = 3X4 M, PROFUNDIDADE = 1,40 M, EXCLUINDO TAMPÃO. AF_12/2020","UN",19975.099999999999,2.5000000000000001E-2,13796.39,2.18E-2,16821.3,4.4600000000000001E-2,16881.53,2.8400000000000002E-2,14616.72,0,14454.94,3.4599999999999999E-2,15970.11,0.03,14727.26,4.0000000000000002E-4,14412.02,3.3300000000000003E-2,15291.34,3.1399999999999997E-2,14876.46,2.9999999999999997E-4,13769.22,1.9099999999999999E-2,14822.75,3.2399999999999998E-2,16892.63,1.55E-2,13393.54,3.73E-2,14006.21,3.4200000000000001E-2,14822.65,3.2099999999999997E-2,14821.32,1.7399999999999999E-2,15483.71,5.1000000000000004E-3,14543.81,3.44E-2,18061.27,1.7299999999999999E-2,19432.68,2.47E-2,15475.68,0,15668.69,2.9999999999999997E-4,13872.32,3.4700000000000002E-2,14221,0,14990.12,3.2000000000000001E-2]
["Poços de Visita e Caixas para Bocas de Lobo",99319,"CHAMINÉ CIRCULAR PARA POÇO DE VISITA PARA DRENAGEM, EM ALVENARIA COM TIJOLOS CERÂMICOS MACIÇOS, DIÂMETRO INTERNO = 0,6 M. AF_12/2020","M",1094.56,5.9999999999999995E-4,862.82,0,985.41,0,942.3,0,977.73,0,898.82,8.0000000000000004E-4,994.63,0,881.56,0,977.72,0,963.33,0,917.05,0,872.32,0,906.97,0,1027.0899999999999,0,818.02,8.9999999999999998E-4,845.53,0,915.82,0,1007.77,0,1032.26,0,849.14,8.0000000000000004E-4,1035.75,0,1103.56,0,932.17,0,1021.54,0,807.3,0,943.45,0,939.39,0]
["Poços de Visita e Caixas para Bocas de Lobo",98050,"CHAMINÉ CIRCULAR PARA POÇO DE VISITA PARA ESGOTO, EM CONCRETO PRÉ-MOLDADO, DIÂMETRO INTERNO = 0,6 M. AF_12/2020","M",374,0.9113,219.5,4.4900000000000002E-2,374.62,0.88580000000000003,368,0.92610000000000003,300.05,0,370.38,0.92020000000000002,299.98,3.2899999999999999E-2,296.27,0,369.25,0.92300000000000004,319.32,3.09E-2,296.17,0,315.58,0,366.8,0.92910000000000004,290.66000000000003,0,365.44,0.93259999999999998,241.84,4.0800000000000003E-2,277.13,3.56E-2,374.01,0.88480000000000003,359.13,0,289.70999999999998,3.4099999999999998E-2,271.02,3.6400000000000002E-2,373.49,0.91249999999999998,309.3,0,371.83,0.89,368.3,0.92530000000000001,374.71,0,277.17,3.56E-2]
["Produção de Concreto",102483,"CONCRETO FCK = 30MPA, TRAÇO 1:1,9:2,3 (EM MASSA SECA DE CIMENTO/ AREIA MÉDIA/ SEIXO ROLADO) - PREPARO MECÂNICO COM BETONEIRA 600 L. AF_05/2021","M3",883.34,3.3E-3,667.53,0,699.02,0,775.81,0,767.2,0,701.87,4.1999999999999997E-3,917.58,0,712.37,0,727.67,0,787.69,0,770.54,0,685.31,0,887.52,0,774.06,0,665.88,4.4000000000000003E-3,684.82,0,1030.3,0,620.6,0,699.73,0,737.69,4.0000000000000001E-3,764.81,0,1004.07,0,738.91,0,771.86,0,737.24,0,579.54999999999995,0,616.35,0]
["Produção de Concretos e Argamassas Utilizando Agregado Reciclado",104840,"ARGAMASSA PARA CONTRAPISO, TRAÇO EM VOLUME SECO 1:2:2,5 (CIMENTO:AREIA NATURAL MÉDIA:AREIA RECICLADA), COM USO DE AGREGADO RECICLADO MISTO (ARM) - PREPARO MECÂNICO COM MISTURADOR DE EIXO HORIZONTAL DE 600 KG. AF_11/2023","M3",0,null,0,null,0,null,0,null,0,null,0,null,0,null,0,null,0,null,0,null,0,null,0,null,0,null,0,null,0,null,0,null,0,null,0,null,0,null,0,null,0,null,0,null,0,null,0,null,0,null,0,null,0]
["Quadras e seus Equipamentos",103774,"REDE DE PROTEÇÃO HORIZONTAL PARA QUADRA POLIESPORTIVA - FORNECIMENTO E INSTALAÇÃO. AF_03/2022","M2",0,null,0,null,0,null,0,null,0,null,0,null,0,null,0,null,0,null,0,null,0,null,0,null,0,null,0,null,0,null,0,null,0,null,0,null,0,null,0,null,0,null,0,null,0,null,0,null,0,null,0,null,0]
["Radier, Piso de Concreto e Laje sobre Solo",103078,"EXECUÇÃO DE LAJE SOBRE SOLO, ESPESSURA DE 20 CM, FCK = 30 MPA, COM USO DE FORMAS EM MADEIRA SERRADA. AF_09/2021","M2",509.22,0.1048,235.05,2.9999999999999997E-4,349.82,2.9999999999999997E-4,320.91000000000003,0.16619999999999999,246.37,0,223.43,4.0000000000000002E-4,241.47,2.9999999999999997E-4,276.14999999999998,0,249.81,2.9999999999999997E-4,246.65,0.21629999999999999,240.91,0,243.03,0,303.43,2.9999999999999997E-4,298.32,2.9999999999999997E-4,223.92,0.23830000000000001,215.65,0.24740000000000001,255.11,2.9999999999999997E-4,231.65,2.9999999999999997E-4,237.61,2.9999999999999997E-4,232.94,0.22900000000000001,347.73,0,379.82,0.14050000000000001,243.53,0,261.63,2.9999999999999997E-4,220.31,0.2422,215.04,0,262.74,0.20280000000000001]
["Radier, Piso de Concreto e Laje sobre Solo",103063,"EXECUÇÃO DE PISO DE CONCRETO, COM ACABAMENTO SUPERFICIAL, ESPESSURA DE 20 CM, FCK = 30 MPA, COM USO DE FORMAS METÁLICAS. AF_09/2021","M2",0,null,0,null,0,null,0,null,0,null,0,null,0,null,0,null,0,null,0,null,0,null,0,null,0,null,0,null,0,null,0,null,0,null,0,null,0,null,0,null,0,null,0,null,0,null,0,null,0,null,0,null,0]
["Rasgos e Fixações",90470,"CHUMBAMENTO LINEAR EM CONTRAPISO PARA RAMAIS/DISTRIBUIÇÃO DE INSTALAÇÕES HIDRÁULICAS COM DIÂMETROS MAIORES QUE 75 MM E MENORES OU IGUAIS A 100 MM. AF_09/2023","M",18.96,0,15.41,0,17.09,0,16.149999999999999,0,16.61,0,15.31,0,16.62,0,15.42,0,15.7,0,16.57,0,15.96,0,14.33,0,15.15,0,17.87,0,13.73,0,15.15,0,15.35,0,17.899999999999999,0,17.809999999999999,0,14.04,0,18.27,0,20.46,0,15.85,0,17.46,0,14.19,0,17.46,0,16.32,0]
["Rasgos e Fixações",96564,"FIXAÇÃO DE DUTOS FLEXÍVEIS CIRCULARES, DIÂMETRO 109 MM OU 4\", COM ABRAÇADEIRA METÁLICA FLEXÍVEL FIXADA DIRETAMENTE NA LAJE. AF_09/2023","M",0,null,0,null,0,null,0,null,0,null,0,null,0,null,0,null,0,null,0,null,0,null,0,null,0,null,0,null,0,null,0,null,0,null,0,null,0,null,0,null,0,null,0,null,0,null,0,null,0,null,0,null,0]
["Rasgos e Fixações",91173,"FIXAÇÃO DE TUBOS VERTICAIS DE PVC ÁGUA, PVC ESGOTO, PVC ÁGUA PLUVIAL, CPVC, PPR, COBRE OU AÇO, DIÂMETROS MENORES OU IGUAIS A 40 MM, COM ABRAÇADEIRA METÁLICA RÍGIDA TIPO U PERFIL 1 1/4\", FIXADA EM PERFILADO EM PAREDE. AF_09/2023_PS","M",4.1500000000000004,0,3.71,0,4.6900000000000004,0,4.38,0,4.05,0,4.9000000000000004,0,3.98,0,4.01,0,3.5,0,4.2300000000000004,0,3.63,0,4.17,0,3.63,0,3.98,0,3.52,0,4.12,0,3.96,0,4.6900000000000004,0,4.8,0,3.87,0,4.6900000000000004,0,4.32,0,4.09,0,3.63,0,3.23,0,4.5199999999999996,0,4.16,0]
["Rasgos e Fixações",104782,"PASSANTE TIPO PEÇA EM FÔRMA DE MADEIRA, FIXADO EM LAJE, PARA PASSAGEM DE NO MÁXIMO 5 TUBOS DE 50 MM DE DIÂMETRO. AF_09/2023","UN",87.28,0,84.81,0,70.459999999999994,0,76.45,0,53.93,0,72.03,0,51.51,0,68.52,0,92.26,0,66.34,0,66.180000000000007,0,64.25,0,71.489999999999995,0,66.28,0,37.57,0,54.99,0,77.41,0,54.62,0,61.39,0,70.37,0,99.72,0,69.92,0,74.53,0,71.650000000000006,0,58.69,0,56.97,0,68.53,0]
["Rasgos e Fixações",90445,"RASGO LINEAR MECANIZADO EM CONTRAPISO, PARA RAMAIS/ DISTRIBUIÇÃO DE INSTALAÇÕES HIDRÁULICAS, DIÂMETROS MAIORES QUE 40 MM E MENORES OU IGUAIS A 75 MM. AF_09/2023_PS","M",19.59,1.4800000000000001E-2,13.39,2.1700000000000001E-2,21.77,1.3299999999999999E-2,13.74,2.1100000000000001E-2,23.24,0,18.77,0,17.71,1.6400000000000001E-2,19.22,0,16.04,1.8100000000000002E-2,16.2,0,17.8,0,16.25,0,13.51,0,14.89,0,11.21,0,15.06,1.9300000000000001E-2,15.56,1.8599999999999998E-2,21.77,0,26.21,0,19.18,1.5100000000000001E-2,17.91,0,17.190000000000001,1.6899999999999998E-2,22.55,0,16.61,0,15.03,1.9300000000000001E-2,22.3,0,15.39,0]
["Recomposição de Pavimentos",104364,"EXECUÇÃO DE TAPA BURACO COM APLICAÇÃO DE CONCRETO ASFÁLTICO (USINAGEM PRÓPRIA) E PINTURA DE LIGAÇÃO. AF_12/2020","M3",0,null,0,null,0,null,0,null,0,null,0,null,0,null,0,null,0,null,0,null,0,null,0,null,0,null,0,null,0,null,0,null,0,null,0,null,0,null,0,null,0,null,0,null,0,null,0,null,0,null,0,null,0]
["Recomposição de Pavimentos",101864,"REASSENTAMENTO DE BLOCOS RETANGULAR PARA PISO INTERTRAVADO, ESPESSURA DE 8 CM, EM VIA/ESTACIONAMENTO, COM REAPROVEITAMENTO DOS BLOCOS RETANGULAR - INCLUSO RETIRADA E COLOCAÇÃO DO MATERIAL. AF_12/2020","M2",38.64,1.8E-3,31.13,2.2000000000000001E-3,37.200000000000003,1.9E-3,32.979999999999997,2.0999999999999999E-3,39.25,0,36.18,1.9E-3,42.16,1.6999999999999999E-3,35.270000000000003,0,36.83,1.9E-3,37.909999999999997,1.8E-3,34.08,0,29.78,0,32.119999999999997,2.2000000000000001E-3,36.409999999999997,1.9E-3,32.42,2.2000000000000001E-3,36.479999999999997,1.9E-3,32.11,2.2000000000000001E-3,40.56,1.6999999999999999E-3,43.55,1.6000000000000001E-3,32.82,2.0999999999999999E-3,38.68,0,33.72,2.0999999999999999E-3,31.58,0,41.12,1.6999999999999999E-3,32.409999999999997,2.2000000000000001E-3,39.49,0,34.28,0]
["Recomposição de Pavimentos",101840,"RECOMPOSIÇÃO DE BASE E OU SUB-BASE PARA FECHAMENTO DE VALAS DE SOLO COM CIMENTO (TEOR DE 8%) - INCLUSO RETIRADA E COLOCAÇÃO DO MATERIAL. AF_12/2020","M3",310.77999999999997,0.1246,215.46,0.1797,259.11,2.86E-2,270.5,0.1431,231.81,0,210.07,0.18429999999999999,192.87,0.20069999999999999,197.92,3.7400000000000003E-2,202.27,0.19139999999999999,233.42,0.1658,218.19,3.39E-2,223.21,3.32E-2,227.95,0.16980000000000001,284.69,2.5999999999999999E-2,197.19,0.1963,196.98,0.19650000000000001,252.21,0.1535,209.59,3.5299999999999998E-2,210.12,3.5200000000000002E-2,209.35,0.18490000000000001,274.39999999999998,0.1411,389.67,9.9299999999999999E-2,248.6,2.98E-2,225.43,0,208.8,0.18540000000000001,199.71,0,237.37,0.16309999999999999]
["Recomposição de Pavimentos",101826,"RECOMPOSIÇÃO DE BASE E OU SUB-BASE PARA REMENDO PROFUNDO DE SOLO COM CIMENTO (TEOR DE 8%) - INCLUSO RETIRADA E COLOCAÇÃO DO MATERIAL. AF_12/2020","M3",362.61,4.0000000000000001E-3,255.23,5.7000000000000002E-3,318.45,4.5999999999999999E-3,313.98,4.5999999999999999E-3,280.83,0,260.27,5.5999999999999999E-3,245.54,5.8999999999999999E-3,262.58,0,243.21,6.0000000000000001E-3,286.95,5.1000000000000004E-3,262.58,0,263.86,0,267.05,5.4000000000000003E-3,338.75,4.3E-3,233.35,6.1999999999999998E-3,246.81,5.8999999999999999E-3,292.89999999999998,5.0000000000000001E-3,284.77999999999997,5.1000000000000004E-3,292.17,5.0000000000000001E-3,249.15,5.7999999999999996E-3,340.72,0,437.69,3.3E-3,304.45999999999998,0,278.22000000000003,5.1999999999999998E-3,251.77,5.7999999999999996E-3,270.83,0,278.74,0]
["Redes Enterradas de Distribuição Elétrica",103486,"ELETRODUTO FLEXÍVEL CORRUGADO, PEAD, DN 125 (5\"), PARA REDE ENTERRADA DE DISTRIBUIÇÃO DE ENERGIA ELÉTRICA - FORNECIMENTO E INSTALAÇÃO. AF_12/2021","M",0,null,0,null,0,null,0,null,0,null,0,null,0,null,0,null,0,null,0,null,0,null,0,null,0,null,0,null,0,null,0,null,0,null,0,null,0,null,0,null,0,null,0,null,0,null,0,null,0,null,0,null,0]
["Redes Enterradas de Distribuição Elétrica",103489,"ELETRODUTO FLEXÍVEL CORRUGADO, PEAD, DN 200 (8\"), PARA REDE ENTERRADA DE DISTRIBUIÇÃO DE ENERGIA ELÉTRICA - FORNECIMENTO E INSTALAÇÃO. AF_12/2021","M",0,null,0,null,0,null,0,null,0,null,0,null,0,null,0,null,0,null,0,null,0,null,0,null,0,null,0,null,0,null,0,null,0,null,0,null,0,null,0,null,0,null,0,null,0,null,0,null,0,null,0,null,0]
["Redes de Lógica, Telefonia e Imagem",98299,"CABO ELETRÔNICO CATEGORIA 6A, INSTALADO EM EDIFICAÇÃO INSTITUCIONAL - FORNECIMENTO E INSTALAÇÃO. AF_08/2025","M",22.58,0,20.13,0,20.86,0,15.79,0,19.649999999999999,0,20.21,0,25.39,0,19.68,0,22.79,0,23.67,0,20.88,0,27.41,0,27.01,0,26.41,0,25.51,0,20.43,0,31.66,0,28.37,0,23.74,0,20.49,0,17.079999999999998,0,22.24,0,22.21,0,24.92,0,20.46,0,24.81,0,26.41,0]
["Redes de Lógica, Telefonia e Imagem",98275,"CABO TELEFÔNICO CCI-50 6 PARES, SEM BLINDAGEM, INSTALADO EM PRUMADA - FORNECIMENTO E INSTALAÇÃO. AF_08/2025","M",4.05,0,3.64,0,3.86,0,2.87,0,3.58,0,3.65,0,4.5199999999999996,0,3.65,0,4.07,0,4.21,0,3.75,0,4.8,0,4.72,0,4.67,0,4.45,0,3.67,0,5.48,0,5.08,0,4.34,0,3.69,0,3.17,0,4,0,3.98,0,4.5199999999999996,0,3.64,0,4.53,0,4.67,0]
["Redes de Lógica, Telefonia e Imagem",106080,"INTERFONE COLETIVO COM 16 MONOFONES, BIVOLT(NÃO INCLUI TAG'S) - FORNECIMENTO E INSTALAÇÃO. AF_08/2025","UN",0,null,0,null,0,null,0,null,0,null,0,null,0,null,0,null,0,null,0,null,0,null,0,null,0,null,0,null,0,null,0,null,0,null,0,null,0,null,0,null,0,null,0,null,0,null,0,null,0,null,0,null,0]
["Redes de Lógica, Telefonia e Imagem",106077,"TOMADA RJ45 CAT 6E (COMPLETA) - FORNECIMENTO E INSTALAÇÃO. AF_08/2025","UN",0,null,0,null,0,null,0,null,0,null,0,null,0,null,0,null,0,null,0,null,0,null,0,null,0,null,0,null,0,null,0,null,0,null,0,null,0,null,0,null,0,null,0,null,0,null,0,null,0,null,0,null,0]
["Redes de Água e Esgoto em PEAD Liso (Tubos e Conexões)",103398,"ASSENTAMENTO DE CONEXÃO COM 2 ACESSOS, EM PEAD LISO PARA REDE DE ÁGUA OU ESGOTO, DIÂMETRO DE 32 MM, JUNTA SOLDADA (NÃO INCLUI O FORNECIMENTO E EXECUÇÃO DE SOLDA). AF_12/2021","UN",6.08,0,5.05,0,6.82,0,4.7,0,6.61,0,6.08,0,6.56,0,7.07,0,5.47,0,5.77,0,5.91,0,5.3,0,4.93,0,6.08,0,4.83,0,5.71,0,5.38,0,7.15,0,8.77,0,5.96,0,6.3,0,5.75,0,6.06,0,5.71,0,5.48,0,7.96,0,5.25,0]
["Redes de Água e Esgoto em PEAD Liso (Tubos e Conexões)",103436,"COTOVELO 90 GRAUS, POLIETILENO DE ALTA DENSIDADE (PEAD) PARA REDE DE ÁGUA OU ESGOTO, DIÂMETRO DE 200 MM, JUNTA SOLDADA POR ELETROFUSÃO (NÃO INCLUI A EXECUÇÃO DE SOLDA). AF_12/2021","UN",2332.46,0.98370000000000002,2326,0.98640000000000005,2337.13,0.98170000000000002,2323.85,0.98729999999999996,2335.81,0.98229999999999995,2332.44,0.98370000000000002,2335.46,0.98240000000000005,2338.64,0.98109999999999997,2328.63,0.98529999999999995,2330.52,0.98450000000000004,2331.44,0.98409999999999997,2327.5700000000002,0.98580000000000001,2325.25,0.98670000000000002,2332.5100000000002,0.98370000000000002,2324.6,0.98699999999999999,2330.13,0.98470000000000002,2328.08,0.98550000000000004,2339.14,0.98089999999999999,2349.2600000000002,0.97670000000000001,2331.73,0.98399999999999999,2333.84,0.98309999999999997,2330.4,0.98460000000000003,2711.23,0,2330.13,0.98470000000000002,2328.71,0.98529999999999995,2344.16,0,2327.23,0.9859]
["Redes de Água e Esgoto em PEAD Liso (Tubos e Conexões)",103485,"EXECUÇÃO DE JUNTA SOLDADA POR ELETROFUSÃO, DE TUBO OU CONEXÃO EM PEAD LISO PARA REDE DE ÁGUA OU ESGOTO, DIÂMETRO DE 1600 MM (NÃO INCLUI O FORNECIMENTO DE TUBO E CONEXÃO). AF_12/2021","UN",0,null,0,null,0,null,0,null,0,null,0,null,0,null,0,null,0,null,0,null,0,null,0,null,0,null,0,null,0,null,0,null,0,null,0,null,0,null,0,null,0,null,0,null,0,null,0,null,0,null,0,null,0]
["Redes de Água e Esgoto em PEAD Liso (Tubos e Conexões)",103481,"EXECUÇÃO DE JUNTA SOLDADA POR ELETROFUSÃO, DE TUBO OU CONEXÃO EM PEAD LISO PARA REDE DE ÁGUA OU ESGOTO, DIÂMETRO DE 900 MM (NÃO INCLUI O FORNECIMENTO DE TUBO E CONEXÃO). AF_12/2021","UN",0,null,0,null,0,null,0,null,0,null,0,null,0,null,0,null,0,null,0,null,0,null,0,null,0,null,0,null,0,null,0,null,0,null,0,null,0,null,0,null,0,null,0,null,0,null,0,null,0,null,0,null,0]
["Redes de Água e Esgoto em PEAD Liso (Tubos e Conexões)",103376,"TUBO PEAD LISO PARA REDE DE ÁGUA OU ESGOTO, DIÂMETRO DE 110 MM, JUNTA SOLDADA (NÃO INCLUI A EXECUÇÃO DE SOLDA) - FORNECIMENTO E ASSENTAMENTO. AF_12/2021","M",133.91,0.99099999999999999,133.71,0.99239999999999995,134.06,0.9899,133.63999999999999,0.99299999999999999,134.02000000000001,0.99019999999999997,133.91,0.99099999999999999,134.01,0.99019999999999997,134.11000000000001,0.98950000000000005,133.79,0.9919,133.85,0.99139999999999995,133.88,0.99119999999999997,133.75,0.99209999999999998,133.68,0.99270000000000003,133.91999999999999,0.9909,133.66,0.99280000000000002,133.84,0.99150000000000005,133.77000000000001,0.99199999999999999,134.13,0.98929999999999996,134.44999999999999,0.98699999999999999,133.88999999999999,0.99109999999999998,133.96,0.99060000000000004,133.84,0.99150000000000005,155.82,0,133.84,0.99150000000000005,133.79,0.9919,134.29,0,133.74,0.99219999999999997]
["Redes de Água e Esgoto em PEAD Liso (Tubos e Conexões)",103388,"TUBO PEAD LISO PARA REDE DE ÁGUA OU ESGOTO, DIÂMETRO DE 560 MM, JUNTA SOLDADA (NÃO INCLUI A EXECUÇÃO DE SOLDA) - FORNECIMENTO E ASSENTAMENTO. AF_12/2021","M",0,null,0,null,0,null,0,null,0,null,0,null,0,null,0,null,0,null,0,null,0,null,0,null,0,null,0,null,0,null,0,null,0,null,0,null,0,null,0,null,0,null,0,null,0,null,0,null,0,null,0,null,0]
["Redes de Água e Esgoto em PEAD Liso (Tubos e Conexões)",103439,"TÊ DE SERVIÇO, EM PEAD LISO PARA REDE DE ÁGUA OU ESGOTO, DIÂMETRO DE 63 X 63 MM, JUNTA SOLDADA POR ELETROFUSÃO (NÃO INCLUI A EXECUÇÃO DE SOLDA). AF_12/2021","UN",217.85,0.89,213.78,0.90700000000000003,220.79,0.87819999999999998,212.43,0.91269999999999996,219.96,0.88149999999999995,217.84,0.8901,219.74,0.88239999999999996,221.74,0.87439999999999996,215.44,0.9,216.63,0.89500000000000002,217.2,0.89270000000000005,214.77,0.90280000000000005,213.31,0.90900000000000003,217.89,0.88990000000000002,212.9,0.91069999999999995,216.39,0.89600000000000002,215.1,0.90139999999999998,222.05,0.87319999999999998,228.44,0.8488,217.39,0.89190000000000003,218.72,0.88649999999999995,216.55,0.89539999999999997,249.78,0,216.39,0.89600000000000002,215.49,0.89980000000000004,225.22,0,214.56,0.90369999999999995]
["Revestimentos Cerâmicos Internos",104617,"REVESTIMENTO CERÂMICO PARA PAREDES INTERNAS COM PLACAS TIPO PASTILHA DE DIMENSÕES 5 X 5 CM (PLACAS DE 30 X 30 CM) CM APLICADAS A MEIA ALTURA DAS PAREDES. AF_02/2023","M2",353.43,0,290.67,0,335.87,0,349.49,0,249.52,0,324.13,0,319.88,0,258.19,0,283.14999999999998,0,339.9,0,294.87,0,321.64,0,362.11,0,312.86,0,342.62,0,300.94,0,316.62,0,295.36,0,301.81,0,273.82,0,343.96,0,353.6,0,307.8,0,252.94,0,270.66000000000003,0,253.71,0,307.89,0]
["Revestimentos Cerâmicos Internos",88650,"RODAPÉ CERÂMICO DE 7CM DE ALTURA COM PLACAS TIPO ESMALTADA DE DIMENSÕES 60X60CM. AF_02/2023","M",14.13,0,11.64,0,13.73,0,13.8,0,10.5,0,13.06,0,12.84,0,10.8,0,11.58,0,13.55,0,11.96,0,12.73,0,14.2,0,12.62,0,13.35,0,12.17,0,12.53,0,12.32,0,12.75,0,11.07,0,13.81,0,14.42,0,12.33,0,10.6,0,10.98,0,10.8,0,12.25,0]
["Sinalização Horizontal Viária",103751,"FORNECIMENTO E INSTALAÇÃO DE DEFENSA METÁLICA TRIPLA ONDA DUPLA, SOBRE SOLO. AF_03/2022","M",0,null,0,null,0,null,0,null,0,null,0,null,0,null,0,null,0,null,0,null,0,null,0,null,0,null,0,null,0,null,0,null,0,null,0,null,0,null,0,null,0,null,0,null,0,null,0,null,0,null,0,null,0]
["Sinalização Vertical Viária",103711,"FORNECIMENTO E INSTALAÇÃO DE PÓRTICO METÁLICO COM VÃO DE 15,9 M. AF_03/2022","UN",0,null,0,null,0,null,0,null,0,null,0,null,0,null,0,null,0,null,0,null,0,null,0,null,0,null,0,null,0,null,0,null,0,null,0,null,0,null,0,null,0,null,0,null,0,null,0,null,0,null,0,null,0]
["Sinalização Vertical Viária",103714,"FORNECIMENTO E INSTALAÇÃO DE PÓRTICO METÁLICO COM VÃO DE 19,2 M. AF_03/2022","UN",0,null,0,null,0,null,0,null,0,null,0,null,0,null,0,null,0,null,0,null,0,null,0,null,0,null,0,null,0,null,0,null,0,null,0,null,0,null,0,null,0,null,0,null,0,null,0,null,0,null,0,null,0]
["Sinalização Vertical Viária",103695,"FORNECIMENTO E INSTALAÇÃO DE SUPORTE DE MADEIRA PARA PLACAS DE SINALIZAÇÃO, EM SOLO, COM H= DE 2,0 M E SEÇÃO DE 7,5 X 7,5 CM. AF_03/2022","UN",96.86,0,98.57,0,96.79,0,90.14,0,102.12,0,100.41,0,104.19,0,109.41,0,100.49,0,104.89,0,99.17,0,90.76,0,106.25,0,103.8,0,96.8,0,102.2,0,102.2,0,109.49,0,112.29,0,104.14,0,95.65,0,95.53,0,98.29,0,101.16,0,100.78,0,104.91,0,104.93,0]
["Sistema de Proteção contra Descargas Atmosféricas - SPDA",96974,"CORDOALHA DE COBRE NU 50 MM², NÃO ENTERRADA, COM ISOLADOR - FORNECIMENTO E INSTALAÇÃO. AF_08/2023","M",101.1,9.4000000000000004E-3,102.67,6.3500000000000001E-2,99.6,9.4999999999999998E-3,99.8,6.5299999999999997E-2,95.24,0,98.22,6.6400000000000001E-2,103.34,9.1999999999999998E-3,100.72,9.4000000000000004E-3,94.04,1.01E-2,100.93,9.4000000000000004E-3,92.9,1.0200000000000001E-2,91.66,1.04E-2,94.96,0.01,100.99,0,93.01,1.0200000000000001E-2,92.65,7.0400000000000004E-2,93.28,1.0200000000000001E-2,100.25,6.5000000000000002E-2,101.13,9.4000000000000004E-3,96.94,9.7999999999999997E-3,102.35,0,98.94,6.59E-2,91.88,1.03E-2,101.69,9.2999999999999992E-3,92.53,1.03E-2,102.85,0,99.27,9.5999999999999992E-3]
["Sistema de Proteção contra Descargas Atmosféricas - SPDA",96984,"ELETRODUTO PVC RÍGIDO, DIÂMETRO 40MM, COM 3 METROS, PARA SPDA - FORNECIMENTO E INSTALAÇÃO. AF_08/2023","UN",65.14,0,61.2,0,69.11,0,56.93,0,57.37,0,57.47,0,64.33,0,65.760000000000005,0,52.08,0,60.52,0,59.6,0,55.96,0,53.27,0,63.05,0,51.75,0,58.56,0,54.2,0,74.28,0,69.08,0,53.03,0,63,0,58.72,0,65.94,0,68.14,0,54.22,0,69.319999999999993,0,56.96,0]
["Sistemas de Medição",95650,"KIT CAVALETE PARA MEDIÇÃO DE ÁGUA - ENTRADA INDIVIDUALIZADA, EM CPVC DN 28 MM (1\"), PARA 3 MEDIDORES - FORNECIMENTO E INSTALAÇÃO (EXCLUSIVE HIDRÔMETRO). AF_03/2024","UN",1585.06,0,1513.41,0.69840000000000002,1487.88,0.71040000000000003,1520.42,0.69520000000000004,1496.7,0,1464.61,0,1504.47,0,1803.6,0,1465.47,0,1460.88,0.72350000000000003,1692.09,0,1702.19,0,1570.73,0,1455.9,0,1475.12,0.71650000000000003,1631.1,0,1536.12,0.68799999999999994,1625.23,0,1503.36,0,1369.96,0,1659.73,0,1515.89,0.69720000000000004,1759.4,0,1392.66,0,1479.24,0.71450000000000002,1543.26,0,1542.94,0.68500000000000005]
["Sistemas de Medição",95664,"KIT CAVALETE PARA MEDIÇÃO DE ÁGUA - ENTRADA INDIVIDUALIZADA, EM PPR PN20 DN 32 MM (1\") PARA 4 MEDIDORES - FORNECIMENTO E INSTALAÇÃO (EXCLUSIVE HIDRÔMETRO). AF_03/2024","UN",1370.38,0.55720000000000003,1437.29,0.53120000000000001,1413.64,0.54010000000000002,1397.42,0.5464,1470.03,0.51900000000000002,1446.1,0.52759999999999996,1611.92,2.9999999999999997E-4,1553.85,0.49099999999999999,1411.28,0.54100000000000004,1354.78,0.56320000000000003,1577.37,0.48370000000000002,1348.32,0.56589999999999996,1366.69,0.55830000000000002,1393.24,0.54759999999999998,1366.44,0.55840000000000001,1456.18,0.52429999999999999,1427.2,0.53500000000000003,1731.49,0,1529.66,0.49880000000000002,1383.31,0.55189999999999995,1424.41,0.53569999999999995,1431.69,0.5333,1491.73,0,1473.87,0,1363.25,0.56010000000000004,1522.78,0,1462.06,0.52190000000000003]
["Solda de Topo em Elementos de Aço",98753,"SOLDA DE TOPO EM CHAPA/PERFIL/TUBO DE AÇO CHANFRADO, ESPESSURA=3/4''. AF_06/2018","M",201.08,0,332.82,0,342.6,0.80100000000000005,208.29,0,250.29,0,315.32,0,295.10000000000002,0,220.59,0,201.91,0,173.67,0,397.43,0,217.57,0,253.15,0,333.26,0,198.09,0,215.39,0,218.86,0,279.07,0,381.66,0,196.16,0,208.48,0,339.91,0.80730000000000002,376.08,0,246.08,0,327.37,0.83819999999999995,347.39,0,196.56,0]
["Telhamento para Cobertura",100326,"CUMEEIRA NORMAL PARA TELHA TRAPEZOIDAL DE AÇO, E = 0,5 MM, INCLUSO ACESSÓRIOS DE FIXAÇÃO E IÇAMENTO. AF_07/2019","M",0,null,0,null,0,null,0,null,0,null,0,null,0,null,0,null,0,null,0,null,0,null,0,null,0,null,0,null,0,null,0,null,0,null,0,null,0,null,0,null,0,null,0,null,0,null,0,null,0,null,0,null,0]
["Telhamento para Cobertura",94222,"CUMEEIRA PARA TELHA DE CONCRETO EMBOÇADA COM ARGAMASSA TRAÇO 1:2:9 (CIMENTO, CAL E AREIA) PARA TELHADOS COM ATÉ 2 ÁGUAS, INCLUSO TRANSPORTE VERTICAL. AF_07/2019","M",73.62,1E-3,46.35,0,54.68,0,54.94,0,46.93,0,53.66,1.2999999999999999E-3,58.81,0,52.39,0,51.92,0,55.8,0,54.81,0,49.93,0,52.03,0,55.97,0,50.13,1.4E-3,51.33,0,44.53,0,47.73,0,49.43,0,55.93,1.2999999999999999E-3,63.44,0,60.91,0,58.7,0,56.06,0,46.73,0,51.49,0,55.55,0]
["Telhamento para Cobertura",94443,"TELHAMENTO COM TELHA CERÂMICA DE ENCAIXE, TIPO ROMANA, COM MAIS DE 2 ÁGUAS, INCLUSO TRANSPORTE VERTICAL. AF_07/2019","M2",46.69,4.0000000000000002E-4,29.24,6.9999999999999999E-4,48.07,4.0000000000000002E-4,48.81,4.0000000000000002E-4,38.14,0,37.950000000000003,0,46.9,4.0000000000000002E-4,31.86,0,48.33,0,39.119999999999997,0,65.45,0,45.09,0,73.319999999999993,0,39.42,0,29.73,6.9999999999999999E-4,42.36,0,30.2,0,49.68,0,75.430000000000007,0,33.92,5.9999999999999995E-4,93.53,0,46.3,4.0000000000000002E-4,66.849999999999994,0,47.54,0,33.380000000000003,5.9999999999999995E-4,71.05,0,41.71,0]
["Transformadores",102107,"TRANSFORMADOR DE DISTRIBUIÇÃO, 225 KVA, TRIFÁSICO, 60 HZ, CLASSE 15 KV, IMERSO EM ÓLEO MINERAL, INSTALAÇÃO EM POSTE (NÃO INCLUSO SUPORTE) - FORNECIMENTO E INSTALAÇÃO. AF_12/2020","UN",34647.870000000003,0.98209999999999997,34600.18,0.98350000000000004,34762.639999999999,0.97889999999999999,34544.1,0.98509999999999998,38883.769999999997,2.0000000000000001E-4,34616.730000000003,0.98299999999999998,34646,0.98219999999999996,34753.93,0.97909999999999997,34610.93,0.98309999999999997,55561.29,1E-4,34618.83,0.98219999999999996,51948.49,5.9999999999999995E-4,62137.37,5.0000000000000001E-4,34631.42,0.9819,34521.769999999997,0.98570000000000002,34605.269999999997,0.98260000000000003,57698.02,5.9999999999999995E-4,35893.74,8.9999999999999998E-4,34789.94,0.97809999999999997,34604.33,0.98329999999999995,34672.720000000001,0.98070000000000002,34658.99,0.98180000000000001,34625.040000000001,0.98180000000000001,34760.78,0.97799999999999998,34562.83,0.98450000000000004,34812.879999999997,0,34628.480000000003,0.9819]
["Transporte Fluvial - Carga e Descarga",105451,"CARGA E DESCARGA COM MANIPULADOR TELESCÓPICO, DE PÁLETE DE BACIA SANITÁRIA, CAIXA ACOPLADA, TANQUE OU PIA, EM BALSA DE 600 TONELADAS. AF_05/2024","T",0,null,0,null,0,null,0,null,0,null,0,null,0,null,0,null,0,null,0,null,0,null,0,null,0,null,0,null,0,null,0,null,0,null,0,null,0,null,0,null,0,null,0,null,0,null,0,null,0,null,0,null,0]
["Transporte Fluvial - Carga e Descarga",105475,"CARGA E DESCARGA COM MANIPULADOR TELESCÓPICO, DE TELHAS TERMOACÚSTICAS, FIBROCIMENTO, AÇO ZINCADO, FIBROCIMENTO ESTRUTURAL, CANALETE 90 OU KALHETÃO, EM BALSA DE 1000 TONELADAS. AF_05/2024","T",0,null,0,null,0,null,0,null,0,null,0,null,0,null,0,null,0,null,0,null,0,null,0,null,0,null,0,null,0,null,0,null,0,null,0,null,0,null,0,null,0,null,0,null,0,null,0,null,0,null,0,null,0]
["Transporte Fluvial - Carga e Descarga",105470,"CARGA E DESCARGA DE POSTES DE CONCRETO, COM CAMINHÃO CARROCERIA COM GUINDAUTO (MUNCK) 11,7 TM, EM BALSA DE 2000 TONELADAS. AF_05/2024","T",0,null,0,null,0,null,0,null,0,null,0,null,0,null,0,null,0,null,0,null,0,null,0,null,0,null,0,null,0,null,0,null,0,null,0,null,0,null,0,null,0,null,0,null,0,null,0,null,0,null,0,null,0]
["Transporte Fluvial - Carga e Descarga",105506,"CARGA E DESCARGA DE TELA DE AÇO, COM CAMINHÃO CARROCERIA COM GUINDAUTO (MUNCK) 11,7 TM, EM BALSA DE 600 TONELADAS. AF_05/2024","T",0,null,0,null,0,null,0,null,0,null,0,null,0,null,0,null,0,null,0,null,0,null,0,null,0,null,0,null,0,null,0,null,0,null,0,null,0,null,0,null,0,null,0,null,0,null,0,null,0,null,0,null,0]
["Transporte Fluvial - Carga e Descarga",105474,"CARGA E DESCARGA MANUAL, DE VIDRO, EM BALSA DE 1000 TONELADAS. AF_05/2024","T",0,null,0,null,0,null,0,null,0,null,0,null,0,null,0,null,0,null,0,null,0,null,0,null,0,null,0,null,0,null,0,null,0,null,0,null,0,null,0,null,0,null,0,null,0,null,0,null,0,null,0,null,0]
["Transporte Fluvial - Momento de Transporte",105512,"TRANSPORTE FLUVIAL COM CONJUNTO EMPURRADOR DE 315 HP E BALSA 600 A 1000 TONELADAS, EM VIA NAVEGÁVEL NO SENTIDO A JUSANTE (DESCENDO O RIO). AF_05/2024","TXKM",0,null,0,null,0,null,0,null,0,null,0,null,0,null,0,null,0,null,0,null,0,null,0,null,0,null,0,null,0,null,0,null,0,null,0,null,0,null,0,null,0,null,0,null,0,null,0,null,0,null,0,null,0]
["Transporte de Materiais dentro do Canteiro de Obras",100226,"TRANSPORTE HORIZONTAL COM CARRINHO PLATAFORMA, DE LATA DE 18 LITROS (UNIDADE: LXKM). AF_07/2019","LXKM",0.72,0,0.63,0,0.78,0,0.57999999999999996,0,0.72,0,0.7,0,0.74,0,0.8,0,0.67,0,0.71,0,0.67,0,0.64,0,0.63,0,0.75,0,0.59,0,0.71,0,0.64,0,0.89,0,0.95,0,0.67,0,0.79,0,0.69,0,0.71,0,0.72,0,0.64,0,0.91,0,0.64,0]
["Transporte de Materiais dentro do Canteiro de Obras",100208,"TRANSPORTE HORIZONTAL MANUAL, DE BLOCOS VAZADOS DE CONCRETO OU CERÂMICO DE 19X19X39CM (UNIDADE: BLOCOXKM). AF_07/2019","UNXKM",20.41,0,17.82,0,22.14,0,16.43,0,20.53,0,19.809999999999999,0,21.02,0,22.55,0,18.899999999999999,0,20.05,0,18.899999999999999,0,18.190000000000001,0,17.75,0,21.21,0,16.87,0,20.11,0,18.16,0,25.18,0,26.74,0,18.940000000000001,0,22.45,0,19.43,0,20.2,0,20.36,0,18.2,0,25.68,0,18.190000000000001,0]
["Transporte de Materiais dentro do Canteiro de Obras",100250,"TRANSPORTE HORIZONTAL MANUAL, DE TUBO DE AÇO CARBONO LEVE OU MÉDIO, PRETO OU GALVANIZADO, COM DIÂMETRO MAIOR QUE 20 MM E MENOR OU IGUAL A 32 MM (UNIDADE: MXKM). AF_07/2019","MXKM",4.67,0,4.08,0,5.07,0,3.76,0,4.7,0,4.53,0,4.8099999999999996,0,5.16,0,4.33,0,4.59,0,4.33,0,4.16,0,4.0599999999999996,0,4.8600000000000003,0,3.86,0,4.5999999999999996,0,4.16,0,5.76,0,6.12,0,4.33,0,5.14,0,4.45,0,4.62,0,4.66,0,4.16,0,5.88,0,4.16,0]
["Transporte de Materiais dentro do Canteiro de Obras",100240,"TRANSPORTE HORIZONTAL MANUAL, DE TUBO DE PPR - PN12 OU PN25 - COM DIÂMETRO MENOR OU IGUAL A 50 MM (UNIDADE: MXKM). AF_07/2019","MXKM",4.2,0,3.67,0,4.5599999999999996,0,3.38,0,4.2300000000000004,0,4.08,0,4.33,0,4.6500000000000004,0,3.89,0,4.13,0,3.89,0,3.75,0,3.66,0,4.37,0,3.47,0,4.1399999999999997,0,3.74,0,5.19,0,5.51,0,3.9,0,4.62,0,4,0,4.16,0,4.1900000000000004,0,3.75,0,5.29,0,3.75,0]
["Transporte de Materiais dentro do Canteiro de Obras",100231,"TRANSPORTE VERTICAL MANUAL, 1 PAVIMENTO, DE SACOS DE 20 KG (UNIDADE: KG). AF_07/2019","KG",0.04,0,0.03,0,0.04,0,0.03,0,0.04,0,0.03,0,0.04,0,0.04,0,0.03,0,0.03,0,0.03,0,0.03,0,0.03,0,0.04,0,0.03,0,0.04,0,0.03,0,0.05,0,0.05,0,0.03,0,0.04,0,0.03,0,0.04,0,0.04,0,0.03,0,0.05,0,0.03,0]
["Transporte, Carga e Descarga de Materiais",100978,"CARGA, MANOBRA E DESCARGA DE SOLOS E MATERIAIS GRANULARES EM CAMINHÃO BASCULANTE 10 M³ - CARGA COM ESCAVADEIRA HIDRÁULICA (CAÇAMBA DE 1,20 M³ / 155 HP) E DESCARGA LIVRE (UNIDADE: M3). AF_07/2020","M3",7.74,0.41860000000000003,6.84,0.47370000000000001,7.68,0.4219,7.04,0.4602,7.14,0,7.21,0.44940000000000002,7.07,0.45829999999999999,7.09,0.2525,7.03,0.46089999999999998,6.94,0.20749999999999999,7.07,0,6.88,0.30230000000000001,7.16,0.41199999999999998,7.24,3.8699999999999998E-2,6.65,0.48720000000000002,6.87,0.20960000000000001,6.79,0.4345,7.21,0.24829999999999999,7.89,0.22689999999999999,7.11,0.45569999999999999,7.38,3.7900000000000003E-2,7.48,0.43319999999999997,7.47,0,7.38,3.7900000000000003E-2,6.98,0.42259999999999998,7.37,0,7.52,0.15429999999999999]
["Transporte, Carga e Descarga de Materiais",101464,"CARGA, MANOBRA E DESCARGA DE TUBOS DE CONCRETO, DN 700 MM, EM CAMINHÃO CARROCERIA COM GUINDAUTO (MUNCK) 11,7 TM. AF_07/2020","T",38.56,0.2606,33.96,0.2959,38.200000000000003,0.2631,34.56,0.2908,35.78,6.6799999999999998E-2,35.880000000000003,0.28010000000000002,35.630000000000003,0.28210000000000002,36.07,0.27860000000000001,34.86,0.2883,35.03,6.8199999999999997E-2,34.69,6.8900000000000003E-2,34.06,0.29509999999999997,35.64,0.28199999999999997,36.9,6.4799999999999996E-2,32.67,0.30759999999999998,34.409999999999997,6.9500000000000006E-2,33.78,0.29749999999999999,37.56,0.2676,40.57,0.2477,34.94,0.28760000000000002,37.36,6.4000000000000001E-2,37.4,0.26869999999999999,36.03,0,36.479999999999997,0,34.94,0.28760000000000002,37.83,0,36.69,6.5100000000000005E-2]
["Transporte, Carga e Descarga de Materiais",101469,"CARGA, MANOBRA E DESCARGA DE TUBOS METÁLICOS, DN 300 MM, EM CAMINHÃO CARROCERIA COM GUINDAUTO (MUNCK) 11,7 TM. AF_07/2020","T",41.08,0.26069999999999999,36.18,0.29599999999999999,40.700000000000003,0.2631,36.81,0.29099999999999998,38.11,6.6900000000000001E-2,38.229999999999997,0.28010000000000002,37.96,0.28210000000000002,38.42,0.27879999999999999,37.14,0.28839999999999999,37.31,6.83E-2,36.950000000000003,6.9000000000000006E-2,36.29,0.29509999999999997,37.979999999999997,0.28199999999999997,39.299999999999997,6.4899999999999999E-2,34.799999999999997,0.30780000000000002,36.659999999999997,6.9599999999999995E-2,36,0.29749999999999999,40.01,0.26769999999999999,43.23,0.2477,37.22,0.28770000000000001,39.799999999999997,6.4100000000000004E-2,39.840000000000003,0.26879999999999998,38.380000000000003,0,38.869999999999997,0,37.22,0.28770000000000001,40.299999999999997,0,39.090000000000003,6.5199999999999994E-2]
["Transporte, Carga e Descarga de Materiais",101479,"CARGA, MANOBRA E DESCARGA MANUAL DE TUBOS PLÁSTICOS, DN 200 MM, EM CAMINHÃO CARROCERIA 9T. AF_07/2020","T",184.59,0.2344,161.07,0.26860000000000001,185.81,0.23280000000000001,161.43,0.26800000000000002,171.46,0,171.87,0.25169999999999998,172.78,0.25040000000000001,176.17,0.2296,166.84,0.25929999999999997,168.34,1.6799999999999999E-2,165.71,0,162.38,0.26640000000000003,168.25,0.2404,177.77,1.5900000000000001E-2,154.62,0.27979999999999999,166.43,1.6899999999999998E-2,160.09,0.25259999999999999,184.99,0.21859999999999999,201.29,0.2009,166.67,0.2596,180.71,1.5599999999999999E-2,177.02,0.24440000000000001,172.91,0,175.07,1.61E-2,165.41,0.2445,186.85,0,176.33,0]
["Transporte, Carga e Descarga de Materiais",100939,"TRANSPORTE COM CAMINHÃO BASCULANTE DE 14 M³, EM VIA INTERNA (DENTRO DO CANTEIRO - UNIDADE:M3XKM). AF_07/2020","M3XKM",7.4,0.3649,6.48,0.41670000000000001,7.12,0.37919999999999998,6.7,0.40300000000000002,6.38,0,6.73,0.4012,6.65,0.40600000000000003,6.58,0.27960000000000002,6.6,0.40910000000000002,6.5,0.12920000000000001,6.53,0,6.47,0.1298,6.86,0.26819999999999999,6.79,0.39760000000000001,6.27,0.43059999999999998,6.33,0.42649999999999999,6.25,0.2944,6.53,0,7.33,0,6.6,0.40910000000000002,6.88,0.1221,7.08,0.38140000000000002,6.97,0,6.89,0.12189999999999999,6.41,0,6.76,0,6.52,0.28220000000000001]
["Transporte, Carga e Descarga de Materiais",95430,"TRANSPORTE COM CAMINHÃO BASCULANTE DE 18 M³, EM VIA URBANA PAVIMENTADA, ADICIONAL PARA DMT EXCEDENTE A 30 KM (UNIDADE: TXKM). AF_07/2020","TXKM",0.54,0.35189999999999999,0.47,0.40429999999999999,0.52,0.3654,0.49,0.38779999999999998,0.46,0,0.48,0.39579999999999999,0.48,0.39579999999999999,0.47,0.25530000000000003,0.47,0.40429999999999999,0.47,0.12770000000000001,0.47,0,0.47,0.12770000000000001,0.49,0.24490000000000001,0.49,0.38779999999999998,0.45,0.42220000000000002,0.46,0.41299999999999998,0.45,0.26669999999999999,0.47,0,0.52,0,0.48,0.39579999999999999,0.49,0.12239999999999999,0.51,0.3725,0.5,0,0.5,0.12,0.46,0,0.48,0,0.47,0.25530000000000003]
["Transporte, Carga e Descarga de Materiais",100953,"TRANSPORTE COM CAMINHÃO CARROCERIA COM GUINDAUTO (MUNCK), MOMENTO MÁXIMO DE CARGA 11,7 TM, EM VIA URBANA PAVIMENTADA, ADICIONAL PARA DMT EXCEDENTE A 30 KM (UNIDADE: TXKM). AF_07/2020","TXKM",1.26,0.30159999999999998,1.1100000000000001,0.34229999999999999,1.22,0.3115,1.1399999999999999,0.33329999999999999,1.1499999999999999,6.9599999999999995E-2,1.1599999999999999,0.3276,1.1399999999999999,0.33329999999999999,1.1299999999999999,0.33629999999999999,1.1299999999999999,0.33629999999999999,1.1200000000000001,7.1400000000000005E-2,1.1200000000000001,7.1400000000000005E-2,1.1100000000000001,0.34229999999999999,1.18,0.32200000000000001,1.18,6.7799999999999999E-2,1.07,0.35510000000000003,1.1000000000000001,7.2700000000000001E-2,1.1000000000000001,0.34549999999999997,1.1599999999999999,0.3276,1.26,0.30159999999999998,1.1299999999999999,0.33629999999999999,1.19,6.7199999999999996E-2,1.22,0.3115,1.1599999999999999,0,1.18,0,1.1399999999999999,0.33329999999999999,1.17,0,1.21,6.6100000000000006E-2]
["Tratamentos Superficiais",104380,"PAVIMENTO COM TRATAMENTO SUPERFICIAL TRIPLO, COM EMULSÃO ASFÁLTICA RR-2C. AF_01/2020","M2",0,null,0,null,0,null,0,null,0,null,0,null,0,null,0,null,0,null,0,null,0,null,0,null,0,null,0,null,0,null,0,null,0,null,0,null,0,null,0,null,0,null,0,null,0,null,0,null,0,null,0,null,0]
["Tubulação Flangeada para Redes de Água",103106,"ASSENTAMENTO DE CONEXÃO COM 2 ACESSOS, FERRO FUNDIDO PARA REDE DE ÁGUA, DN 100 MM, JUNTA FLANGEADA (NÃO INCLUI O FORNECIMENTO). AF_09/2021","UN",61.48,0.28510000000000002,57.48,0.30499999999999999,63.38,0.27660000000000001,55.89,0.31369999999999998,60.85,7.0800000000000002E-2,59.89,0.29270000000000002,59.54,0.2944,60.26,0.29089999999999999,59.05,0.2969,58.18,7.4099999999999999E-2,58.75,7.3400000000000007E-2,55.22,0.3175,58.31,0.30059999999999998,60.41,7.1300000000000002E-2,53.05,0.33040000000000003,57.19,7.5399999999999995E-2,55.1,0.31809999999999999,64.760000000000005,0.2707,70.8,0.24759999999999999,56.73,0.309,61.22,7.0400000000000004E-2,62.01,0.28270000000000001,59.17,0,63.18,0,57.18,0.30659999999999998,65.680000000000007,0,61.56,7.0000000000000007E-2]
["Tubulação Flangeada para Redes de Água",103125,"ASSENTAMENTO DE CONEXÃO COM 3 ACESSOS, FERRO FUNDIDO PARA REDE DE ÁGUA, DN 250 MM, JUNTA FLANGEADA (NÃO INCLUI O FORNECIMENTO). AF_09/2021","UN",264.7,0.25019999999999998,248.75,0.26619999999999999,272.81,0.2427,237.64,0.2787,263.74,6.1899999999999997E-2,257.54000000000002,0.2571,258.32,0.25629999999999997,261.7,0.253,255.25,0.25940000000000002,250.56,6.5100000000000005E-2,253.61,6.4399999999999999E-2,236.31,0.2802,248.01,0.26700000000000002,260.02,6.2799999999999995E-2,225.75,0.29330000000000001,246.64,6.6199999999999995E-2,236.06,0.28050000000000003,284.49,0.23280000000000001,308.43,0.2147,241.86,0.27379999999999999,264.05,6.1800000000000001E-2,267.02,0.248,253.91,0,274.37,0,244.18,0.2712,289.91000000000003,0,264.27,6.1800000000000001E-2]
["Tubulação Flangeada para Redes de Água",103129,"ASSENTAMENTO DE CONEXÃO COM 3 ACESSOS, FERRO FUNDIDO PARA REDE DE ÁGUA, DN 450 MM, JUNTA FLANGEADA (NÃO INCLUI O FORNECIMENTO). AF_09/2021","UN",554.28,0.24460000000000001,521.33000000000004,0.2601,571.25,0.2374,496.62,0.27300000000000002,552.88,6.0400000000000002E-2,539.17999999999995,0.2515,541.6,0.25040000000000001,548.74,0.24709999999999999,534.83000000000004,0.2535,524.71,6.3700000000000007E-2,531.26,6.2899999999999998E-2,494.35,0.27429999999999999,518.29999999999995,0.2616,544.45000000000005,6.1400000000000003E-2,471.86,0.28739999999999999,516.6,6.4699999999999994E-2,493.91,0.27450000000000002,597.6,0.22689999999999999,647.04999999999995,0.20960000000000001,505.66,0.2681,553.08000000000004,6.0400000000000002E-2,559.16,0.24249999999999999,531.41999999999996,0,575.33000000000004,0,510.64,0.26550000000000001,609.46,0,553.12,6.0400000000000002E-2]
["Tubulões",101098,"TUBULÃO A CÉU ABERTO, DIÂMETRO DO FUSTE DE 100CM, ESCAVAÇÃO MANUAL, SEM ALARGAMENTO DE BASE, CONCRETO FEITO EM OBRA E LANÇADO COM JERICA. AF_05/2020","M3",1623.65,6.0000000000000001E-3,1066.81,6.0000000000000001E-3,1442.81,3.0999999999999999E-3,1401.54,4.5999999999999999E-3,1200.48,0,1092.44,7.1999999999999998E-3,1234.24,5.1999999999999998E-3,1170.04,3.0000000000000001E-3,1102.25,5.7999999999999996E-3,1165.78,2.5000000000000001E-3,1235.1600000000001,0,1112.1500000000001,4.1000000000000003E-3,1185.92,4.8999999999999998E-3,1392.32,8.0000000000000004E-4,1006.74,9.5999999999999992E-3,1075.07,2.7000000000000001E-3,1221.43,4.7999999999999996E-3,1184.1199999999999,3.3999999999999998E-3,1255.08,3.2000000000000002E-3,1130.32,8.6E-3,1437.37,6.9999999999999999E-4,1672.73,3.8E-3,1290.22,0,1205.6099999999999,4.0000000000000002E-4,1098.54,5.3E-3,1114.3499999999999,0,1174.01,2E-3]
["Usinagens",104362,"USINAGEM DE CONCRETO ASFÁLTICO COM CAP 50/70, PARA CAMADA DE BINDER, PADRÃO DNIT FAIXA B, EM USINA DE ASFALTO GRAVIMÉTRICA DE 150 TON/H. AF_09/2025","T",0,null,0,null,0,null,0,null,0,null,0,null,0,null,0,null,0,null,0,null,0,null,0,null,0,null,0,null,0,null,0,null,0,null,0,null,0,null,0,null,0,null,0,null,0,null,0,null,0,null,0,null,0]
["Usinagens",105528,"USINAGEM DE SOLO BRITA 50%-50%, UTILIZANDO BRITA COMERCIAL. AF_09/2025","M3",373.53,9.5999999999999992E-3,104.98,3.4099999999999998E-2,301.16000000000003,6.3E-3,320.35000000000002,1.12E-2,130.94,1.3299999999999999E-2,125.32,1.5100000000000001E-2,223.01,1.61E-2,156.91,1.11E-2,137.86000000000001,2.5999999999999999E-2,121.82,2.9399999999999999E-2,141.85,1.23E-2,111.87,1.6899999999999998E-2,192.89,1.8599999999999998E-2,272.89,6.8999999999999999E-3,111.88,3.2000000000000001E-2,121.79,2.8199999999999999E-2,253.84,1.41E-2,76.83,2.2599999999999999E-2,135.01,1.29E-2,154.32,2.3199999999999998E-2,253.62,7.4999999999999997E-3,341.74,1.0500000000000001E-2,107.02,1.77E-2,126.17,1.4999999999999999E-2,152.66999999999999,2.3400000000000001E-2,90.83,0,158.30000000000001,2.2599999999999999E-2]
["Vergas, contravergas e fixação de alvenaria",93197,"CONTRAVERGA MOLDADA IN LOCO EM CONCRETO, ESPESSURA DE *20* CM. AF_03/2024","M",72.319999999999993,1.8700000000000001E-2,53.18,2.4799999999999999E-2,63.3,2.1999999999999999E-2,63.38,2.0799999999999999E-2,59.47,0,57.2,2.3599999999999999E-2,61.14,2.1600000000000001E-2,58.33,0,54.79,2.41E-2,59.39,2.2200000000000001E-2,61.51,0,54.72,2.41E-2,57.36,2.3E-2,66.27,1.9900000000000001E-2,51.62,2.6200000000000001E-2,56.54,2.3300000000000001E-2,57.32,2.3E-2,62.66,2.1100000000000001E-2,64.12,2.06E-2,57,2.3699999999999999E-2,68.52,1.9300000000000001E-2,71.41,1.8499999999999999E-2,57.83,0,72.319999999999993,0,53.75,2.46E-2,57.52,0,57.64,2.29E-2]
["Vidros e Espelhos",102145,"ESPELHO CRISTAL, ESPESSURA 4 MM, ADERIDO COM ADESIVO FIXA-ESPELHO, COM MOLDURA DE MADEIRA APARAFUSADA NA PAREDE, COM ÁREA MENOR OU IGUAL A 1,0 M2. AF_01/2021","M2",0,null,0,null,0,null,0,null,0,null,0,null,0,null,0,null,0,null,0,null,0,null,0,null,0,null,0,null,0,null,0,null,0,null,0,null,0,null,0,null,0,null,0,null,0,null,0,null,0,null,0,null,0]
["Vidros e Espelhos",102169,"INSTALAÇÃO DE VIDRO LISO INCOLOR, E = 10 MM, EM ESQUADRIA DE ALUMÍNIO OU PVC, FIXADO COM BAGUETE. AF_01/2021_PS","M2",590.82000000000005,0,511.94,7.9600000000000004E-2,574.39,7.0900000000000005E-2,870.75,4.6800000000000001E-2,622.17999999999995,0,512.21,7.9600000000000004E-2,463.46,8.7900000000000006E-2,436.47,9.3399999999999997E-2,370.23,0.1101,463.65,8.7900000000000006E-2,356.49,0,462.16,8.8200000000000001E-2,688.19,5.9200000000000003E-2,523.32000000000005,7.7899999999999997E-2,534.94000000000005,7.6200000000000004E-2,436.3,9.3399999999999997E-2,573.54999999999995,0,439.82,9.2700000000000005E-2,416.42,9.7900000000000001E-2,457.17,0,880.79,4.6300000000000001E-2,464.66,8.77E-2,378.72,0.1076,363.48,0.11210000000000001,474.2,8.5900000000000004E-2,515.37,0,561.77,7.2499999999999995E-2]
["Vidros e Espelhos",102183,"PORTA PIVOTANTE DE VIDRO TEMPERADO, 2 FOLHAS DE 90X210 CM, ESPESSURA DE 10MM, INCLUSIVE ACESSÓRIOS. AF_01/2021","UN",3211.59,0,2563.73,0,3051.2,0,2873.11,0,2365.4,0,2349.2199999999998,0.79649999999999999,1819.09,0,2441.1999999999998,0,1527.92,0,1894,0,1390.62,0,2224.83,0,2675.69,0,2931.94,0,2410.35,0,2081.9299999999998,0,2237.81,0,2395.11,0,2973.13,0,2076.8000000000002,0,2407.7600000000002,0,2487.9899999999998,0,1833.95,0,1869.64,0,2577.35,0,2471.9,0,2526.84,0]
["Válvulas e Registros para Sistemas Prediais",103042,"REGISTRO DE ESFERA, PVC, ROSCÁVEL, COM BORBOLETA, 3/4\" - FORNECIMENTO E INSTALAÇÃO. AF_08/2021","UN",24.77,0,18.96,0,38.07,0,24.86,0,24.36,0,17.54,0,25.9,0,31.21,0,19.57,0,25.51,0,18.2,0,21.97,0,20.170000000000002,0,22.07,0,18.77,0,28.05,0,28.5,0,26.16,0,33.33,0,16.059999999999999,0,26.08,0,17.7,0,35.36,0,24.55,0,21.06,0,29.55,0,18.22,0]
["Válvulas e Registros para Sistemas Prediais",94493,"REGISTRO DE ESFERA, PVC, SOLDÁVEL, COM VOLANTE, DN 60 MM - FORNECIMENTO E INSTALAÇÃO. AF_08/2021","UN",114.61,0,83.76,0,180.78,0,117.72,0,110.89,0,76.849999999999994,0,119.51,0,145.85,0,87.99,0,117.69,0,80.89,0,102.72,0,93.73,0,100.19,0,85.62,0,131.46,0,135.71,0,116.86,0,153.29,0,70.59,0,120.2,0,76.900000000000006,0,171.01,0,112.29,0,96.71,0,132.22999999999999,0,80.12,0]
["Válvulas e Registros para Sistemas Prediais",89351,"REGISTRO DE PRESSÃO BRUTO, LATÃO, ROSCÁVEL, 3/4'' - FORNECIMENTO E INSTALAÇÃO. AF_08/2021","UN",23.1,0,35.020000000000003,0,26.24,0,36.090000000000003,0,34.590000000000003,0,34.74,0,33.909999999999997,0,42.47,0,30.72,0,23.78,0,50.91,0,28.08,0,30.33,0,26.74,0,34,0,36.729999999999997,0,37.840000000000003,0,39.07,0,28.92,0,31.58,0,27.45,0,31.45,0,41.41,0,34.520000000000003,0,29.72,0,27.26,0,36.01,0]
["Válvulas e Registros para Sistemas Prediais",103045,"REGISTRO DE PRESSÃO, PVC, ROSCÁVEL, VOLANTE SIMPLES, 1/2\" - FORNECIMENTO E INSTALAÇÃO. AF_08/2021","UN",10.029999999999999,0,7.99,0,14.44,0,9.73,0,9.93,0,7.59,0,10.44,0,12.3,0,8.23,0,10.19,0,7.82,0,8.86,0,8.25,0,9.11,0,7.64,0,11,0,10.98,0,10.93,0,13.32,0,6.92,0,10.52,0,7.7,0,13.42,0,10.1,0,8.5399999999999991,0,12.1,0,7.84,0]
["Válvulas e Registros para Sistemas Prediais",103046,"REGISTRO DE PRESSÃO, PVC, ROSCÁVEL, VOLANTE SIMPLES, 3/4\" - FORNECIMENTO E INSTALAÇÃO. AF_08/2021","UN",23.5,0,18.05,0,35.93,0,23.52,0,23.13,0,16.739999999999998,0,24.57,0,29.55,0,18.63,0,24.18,0,17.36,0,20.84,0,19.16,0,20.98,0,17.82,0,26.54,0,26.93,0,24.89,0,31.6,0,15.32,0,24.74,0,16.899999999999999,0,33.369999999999997,0,23.33,0,19.989999999999998,0,28.07,0,17.38,0]
["Válvulas e Registros para Sistemas Prediais",103048,"REGISTRO DE PRESSÃO, PVC, SOLDÁVEL, VOLANTE SIMPLES, DN 20 MM - FORNECIMENTO E INSTALAÇÃO. AF_08/2021","UN",18.670000000000002,0,14.29,0,27.44,0,18.45,0,18.170000000000002,0,13.5,0,19.36,0,23.01,0,14.97,0,18.86,0,14.11,0,16.649999999999999,0,15.45,0,16.690000000000001,0,14.04,0,20.68,0,20.97,0,19.670000000000002,0,24.62,0,12.36,0,19.510000000000002,0,13.57,0,25.98,0,18.59,0,15.78,0,21.86,0,14.01,0]
["Válvulas e Registros para Sistemas Prediais",103049,"REGISTRO DE PRESSÃO, PVC, SOLDÁVEL, VOLANTE SIMPLES, DN 25 MM - FORNECIMENTO E INSTALAÇÃO. AF_08/2021","UN",20.28,0,15.34,0,29.93,0,20.170000000000002,0,19.670000000000002,0,14.51,0,21,0,25.05,0,16.170000000000002,0,20.440000000000001,0,15.23,0,18.12,0,16.829999999999998,0,18.05,0,15.18,0,22.5,0,22.9,0,21.21,0,26.68,0,13.3,0,21.17,0,14.58,0,28.51,0,20.16,0,17.12,0,23.49,0,15.04,0]
["Válvulas e Registros para Sistemas Prediais",103029,"REGISTRO OU REGULADOR DE GÁS DE COZINHA - FORNECIMENTO E INSTALAÇÃO. AF_08/2021","UN",30.91,0,48.39,0,35.39,0,50.23,0,47.54,0,47.91,0,46.55,0,58.83,0,42.1,0,32.01,0,71.37,0,38.49,0,41.78,0,36.229999999999997,0,47.31,0,50.85,0,52.67,0,53.49,0,38.67,0,43.55,0,37.119999999999997,0,43.06,0,57.61,0,47.3,0,40.880000000000003,0,36.24,0,49.72,0]
["Válvulas e Registros para Sistemas Prediais",103019,"REGISTRO OU VÁLVULA GLOBO ANGULAR EM LATÃO, PARA HIDRANTES EM INSTALAÇÃO PREDIAL DE INCÊNDIO, 45 GRAUS, 2 1/2\" - FORNECIMENTO E INSTALAÇÃO. AF_08/2021","UN",189.02,0,302.42,0,245.9,0,349.88,0.94320000000000004,304.5,0,227.14,0,214.59,0,215.94,0,352.86,0.93520000000000003,308.95,0,178.34,0,205.69,0,180.56,0,183.66,0,218.83,0,252.78,0,190.22,0,317.54000000000002,0,248.34,0,350.94,0.94030000000000002,146.61000000000001,0,353.81,0.93269999999999997,188,0,145.75,0,350.71,0.94089999999999996,360.62,0,353.42,0.93369999999999997]
["Válvulas e Registros para Sistemas Prediais",103050,"SUBSTITUIÇÃO DE REGISTRO OU VÁLVULA, ROSCÁVEL, DN 20 MM. AF_08/2021","UN",26.51,0,23.96,0,26.09,0,21.78,0,25.75,0,24.89,0,26.57,0,28.5,0,25.1,0,24.45,0,25.43,0,23.36,0,23.11,0,25.91,0,20.64,0,24.54,0,22.95,0,30.51,0,31.52,0,22.57,0,26.84,0,25.06,0,25.99,0,27.54,0,22.61,0,31.39,0,25.13,0]
["Válvulas e Registros para Sistemas Prediais",103051,"SUBSTITUIÇÃO DE REGISTRO OU VÁLVULA, ROSCÁVEL, DN 25 MM. AF_08/2021","UN",32,0,28.91,0,31.5,0,26.31,0,31.15,0,30.11,0,32.119999999999997,0,34.36,0,30.28,0,29.54,0,30.75,0,28.23,0,27.95,0,31.25,0,24.88,0,29.68,0,27.7,0,36.99,0,38.200000000000003,0,27.26,0,32.479999999999997,0,30.35,0,31.42,0,33.380000000000003,0,27.32,0,37.950000000000003,0,30.4,0]
["Válvulas e Registros para Sistemas Prediais",103052,"SUBSTITUIÇÃO DE REGISTRO OU VÁLVULA, ROSCÁVEL, DN 32 MM. AF_08/2021","UN",43.33,0,38.97,0,42.13,0,35.450000000000003,0,41.51,0,40.51,0,43.16,0,46.68,0,41.02,0,39.700000000000003,0,41.31,0,38.36,0,37.770000000000003,0,42.33,0,33.9,0,39.880000000000003,0,37.479999999999997,0,48.91,0,50.61,0,36.61,0,43.5,0,40.479999999999997,0,42.75,0,44.49,0,37,0,50.26,0,40.76,0]
["Válvulas e Registros para Sistemas Prediais",94799,"TORNEIRA DE BOIA PARA CAIXA D'ÁGUA, ROSCÁVEL, 1 1/2\" - FORNECIMENTO E INSTALAÇÃO. AF_08/2021","UN",160.13,0,118.77,0,154.29,0,168.42,0,162.4,0,157.24,0,313.14999999999998,0,178.38,0,205.8,0,149.34,0,147.78,0,180.87,0,181.83,0,160.61000000000001,0,259.70999999999998,0,142.43,0,181.36,0,170,0,321.48,0,126.06,0,145.02000000000001,0,120.08,0,304.29000000000002,0,286.98,0,160.87,0,269.95,0,167.97,0]
["Válvulas e Registros para Sistemas Prediais",94798,"TORNEIRA DE BOIA PARA CAIXA D'ÁGUA, ROSCÁVEL, 1 1/4\" - FORNECIMENTO E INSTALAÇÃO. AF_08/2021","UN",130.13,0,96.28,0,125.28,0,137.15,0,131.96,0,127.8,0,255.65,0,145.02000000000001,0,167.65,0,121.34,0,120.04,0,147.34,0,148.12,0,130.53,0,212.09,0,115.68,0,147.72,0,137.94999999999999,0,262.17,0,102.33,0,117.68,0,97.28,0,248.47,0,234.11,0,130.9,0,219.86,0,136.6,0]
["Válvulas e Registros para Sistemas Prediais",94797,"TORNEIRA DE BOIA PARA CAIXA D'ÁGUA, ROSCÁVEL, 1\" - FORNECIMENTO E INSTALAÇÃO. AF_08/2021","UN",79.099999999999994,0,59.05,0,76.36,0,82.75,0,80.23,0,77.64,0,152.86000000000001,0,88.04,0,101,0,73.819999999999993,0,73.099999999999994,0,88.82,0,89.27,0,79.31,0,126.65,0,70.48,0,89.06,0,84.31,0,157.35,0,62.43,0,71.89,0,59.79,0,148.46,0,140.35,0,79.180000000000007,0,132.55000000000001,0,82.83,0]
["Válvulas e Registros para Sistemas Prediais",94795,"TORNEIRA DE BOIA PARA CAIXA D'ÁGUA, ROSCÁVEL, 1/2\" - FORNECIMENTO E INSTALAÇÃO. AF_08/2021","UN",33.54,0,25.22,0,32.450000000000003,0,34.86,0,34.03,0,32.9,0,63.92,0,37.299999999999997,0,42.51,0,31.32,0,31.04,0,37.4,0,37.6,0,33.61,0,52.89,0,29.94,0,37.5,0,35.9,0,66.010000000000005,0,26.55,0,30.6,0,25.58,0,62.04,0,58.81,0,33.43,0,55.81,0,35.049999999999997,0]
["Válvulas e Registros para Sistemas Prediais",94800,"TORNEIRA DE BOIA PARA CAIXA D'ÁGUA, ROSCÁVEL, 2\" - FORNECIMENTO E INSTALAÇÃO. AF_08/2021","UN",205.63,0,152.56,0,198.16,0,216.24,0,208.56,0,201.91,0,401.98,0,229.07,0,264.23,0,191.78,0,189.78,0,232.22,0,233.47,0,206.24,0,333.36,0,182.92,0,232.86,0,218.34,0,412.71,0,161.88999999999999,0,186.25,0,154.24,0,390.59,0,368.4,0,206.55,0,346.59,0,215.7,0]
["Válvulas e Registros para Sistemas Prediais",94796,"TORNEIRA DE BOIA PARA CAIXA D'ÁGUA, ROSCÁVEL, 3/4\" - FORNECIMENTO E INSTALAÇÃO. AF_08/2021","UN",39.15,0,29.98,0,38.090000000000003,0,40.07,0,39.74,0,38.35,0,72.02,0,43.44,0,48.7,0,36.619999999999997,0,36.36,0,42.9,0,43.1,0,39.19,0,59.43,0,35.1,0,43.02,0,42.38,0,75,0,31.23,0,36.11,0,30.53,0,69.790000000000006,0,66.650000000000006,0,38.64,0,64.03,0,40.71,0]
["Válvulas e Registros para Sistemas Prediais",99635,"VÁLVULA DE DESCARGA METÁLICA, BASE 1 1/2\", ACABAMENTO METALICO CROMADO - FORNECIMENTO E INSTALAÇÃO. AF_08/2021","UN",366.7,0,392.16,0,431.84,0.88349999999999995,421.28,0.90559999999999996,441.7,0,520.47,0,444.12,0,356.62,0,321.06,0,377.93,0,395.98,0,250.78,0,242.74,0,376.51,0,321.67,0,415.81,0,446.53,0,393.09,0,323.18,0,321.94,0,308.26,0,433.83,0,417.5,0,289.73,0,421.48,0,443.46,0,229.34,0]
["Válvulas e Registros para Sistemas Prediais",103018,"VÁLVULA DE DESCARGA METÁLICA, BASE 1 1/4\", ACABAMENTO METALICO CROMADO - FORNECIMENTO E INSTALAÇÃO. AF_08/2021","UN",299.83999999999997,0,320.29000000000002,0,352.72,0.87629999999999997,343.57,0.89959999999999996,360.66,0,424.31,0,362.62,0,291.89,0,262.73,0,308.8,0,323.49,0,205.53,0,199.04,0,307.75,0,262.77,0,339.49,0,364.13,0,321.85000000000002,0,265.33,0,263.23,0,252.62,0,354.2,0,340.87,0,237.69,0,343.83,0,362.8,0,188.49,0]
["Válvulas e Registros para Sistemas Prediais",95252,"VÁLVULA DE ESFERA BRUTA, BRONZE, ROSCÁVEL, 1 1/2'' - FORNECIMENTO E INSTALAÇÃO. AF_08/2021","UN",99.5,0,159.56,0,114.61,0,166.42,0,156.16,0,157.71,0,152.66999999999999,0,194.23,0,137.97,0,103.43,0,237.72,0,126.13,0,137.41999999999999,0,117.7,0,156.84,0,167.85,0,174.58,0,175.12,0,124.39,0,143.38999999999999,0,120.44,0,140.97,0,190.84,0,154.99,0,134.28,0,116.06,0,163.81,0]
["Válvulas e Registros para Sistemas Prediais",95251,"VÁLVULA DE ESFERA BRUTA, BRONZE, ROSCÁVEL, 1 1/4'' - FORNECIMENTO E INSTALAÇÃO. AF_08/2021","UN",81.709999999999994,0,131.63,0,94.23,0,137.41,0,128.72,0,130.06,0,125.84,0,160.28,0,113.69,0,85.04,0,196.46,0,103.94,0,113.32,0,96.85,0,129.47999999999999,0,138.49,0,144.15,0,144.29,0,102.14,0,118.27,0,99.07,0,116.15,0,157.58000000000001,0,127.72,0,110.71,0,95.22,0,135.11000000000001,0]
["Válvulas e Registros para Sistemas Prediais",95250,"VÁLVULA DE ESFERA BRUTA, BRONZE, ROSCÁVEL, 1'' - FORNECIMENTO E INSTALAÇÃO. AF_08/2021","UN",55.53,0,88.96,0,63.93,0,92.78,0,87.08,0,87.94,0,85.14,0,108.29,0,76.94,0,57.72,0,132.49,0,70.34,0,76.63,0,65.66,0,87.4,0,93.57,0,97.32,0,97.66,0,69.400000000000006,0,79.95,0,67.180000000000007,0,78.62,0,106.39,0,86.44,0,74.88,0,64.760000000000005,0,91.33,0]
["Válvulas e Registros para Sistemas Prediais",95248,"VÁLVULA DE ESFERA BRUTA, BRONZE, ROSCÁVEL, 1/2\" - FORNECIMENTO E INSTALAÇÃO. AF_08/2021","UN",34.409999999999997,0,55.95,0,39.75,0,58.53,0,54.63,0,55.25,0,53.39,0,68.180000000000007,0,48.21,0,35.880000000000003,0,83.83,0,44.1,0,48.12,0,40.93,0,55.14,0,58.89,0,61.39,0,61.18,0,42.98,0,50.23,0,41.84,0,49.25,0,67.11,0,54.16,0,47,0,39.99,0,57.42,0]
["Válvulas e Registros para Sistemas Prediais",95253,"VÁLVULA DE ESFERA BRUTA, BRONZE, ROSCÁVEL, 2'' - FORNECIMENTO E INSTALAÇÃO. AF_08/2021","UN",149.91999999999999,0,242.78,0,173.11,0,253.7,0,237.22,0,239.81,0,231.83,0,295.70999999999998,0,209.42,0,156.15,0,363.15,0,191.45,0,208.89,0,178.05,0,239.09,0,255.5,0,266.16000000000003,0,265.70999999999998,0,187.36,0,218.04,0,182.08,0,213.9,0,290.92,0,235.22,0,204.04,0,174.5,0,249.17,0]
["Válvulas e Registros para Sistemas Prediais",95249,"VÁLVULA DE ESFERA BRUTA, BRONZE, ROSCÁVEL, 3/4'' - FORNECIMENTO E INSTALAÇÃO. AF_08/2021","UN",41.13,0,65.91,0,47.36,0,68.739999999999995,0,64.5,0,65.150000000000006,0,63.08,0,80.239999999999995,0,57.01,0,42.78,0,98.16,0,52.13,0,56.77,0,48.65,0,64.75,0,69.33,0,72.099999999999994,0,72.36,0,51.43,0,59.24,0,49.78,0,58.26,0,78.819999999999993,0,64.040000000000006,0,55.49,0,47.98,0,67.67,0]
["Válvulas e Registros para Sistemas Prediais",99622,"VÁLVULA DE RETENÇÃO HORIZONTAL, DE BRONZE, ROSCÁVEL, 1 1/2\" - FORNECIMENTO E INSTALAÇÃO. AF_08/2021","UN",263.26,0,332.27,0.96089999999999998,333.71,0.95679999999999998,330.81,0.96509999999999996,301.32,0,332.7,0.9597,333.53,0.95730000000000004,218.5,0,272.82,0,332.59,0.96,300.66000000000003,0,331.3,0.9637,331.24,0.96389999999999998,297.93,0,330.2,0.96689999999999998,322.14,0,331.31,0.9637,336.42,0.94910000000000005,336.88,0.94779999999999998,331.43,0.96330000000000005,333.75,0.95660000000000001,333.08,0.95860000000000001,311.36,0,334.22,0.95530000000000004,331.28,0.96379999999999999,337.03,0,332.87,0.95920000000000005]
["Válvulas e Registros para Sistemas Prediais",99621,"VÁLVULA DE RETENÇÃO HORIZONTAL, DE BRONZE, ROSCÁVEL, 1 1/4\" - FORNECIMENTO E INSTALAÇÃO. AF_08/2021","UN",233.8,0,295.7,0.96619999999999995,296.79000000000002,0.96260000000000001,294.58,0.96989999999999998,267.83999999999997,0,296.02,0.96509999999999996,296.67,0.96299999999999997,193.64,0,242.45,0,295.95,0.96540000000000004,267.33999999999997,0,294.95,0.96860000000000002,294.91000000000003,0.96879999999999999,264.87,0,294.08999999999997,0.97150000000000003,286.58999999999997,0,294.95999999999998,0.96860000000000002,298.89,0.95589999999999997,299.22000000000003,0.95479999999999998,295.05,0.96830000000000005,296.83,0.96250000000000002,296.32,0.96419999999999995,276.95,0,297.2,0.96130000000000004,294.94,0.96870000000000001,299.33999999999997,0,296.14999999999998,0.9647]
["Válvulas e Registros para Sistemas Prediais",99620,"VÁLVULA DE RETENÇÃO HORIZONTAL, DE BRONZE, ROSCÁVEL, 1\" - FORNECIMENTO E INSTALAÇÃO. AF_08/2021","UN",156.91,0,198.19,0.96289999999999998,198.99,0.95899999999999996,197.38,0.96689999999999998,179.66,0,198.44,0.9617,198.91,0.95940000000000003,130.13999999999999,0,162.65,0,198.38,0.96199999999999997,179.29,0,197.65,0.96550000000000002,197.62,0.9657,177.65,0,197,0.96870000000000001,192.12,0,197.66,0.96550000000000002,200.54,0.9516,200.78,0.95050000000000001,197.72,0.96519999999999995,199.02,0.95889999999999997,198.66,0.96060000000000001,185.69,0,199.3,0.95760000000000001,197.64,0.96560000000000001,200.86,0,198.53,0.96130000000000004]
["Válvulas e Registros para Sistemas Prediais",103008,"VÁLVULA DE RETENÇÃO HORIZONTAL, DE BRONZE, ROSCÁVEL, 1/2\" - FORNECIMENTO E INSTALAÇÃO. AF_08/2021","UN",94.31,0,119.44,0.97,119.82,0.96699999999999997,119.05,0.97319999999999995,108.1,0,119.56,0.96909999999999996,119.79,0.96719999999999995,77.989999999999995,0,97.84,0,119.54,0.96919999999999995,107.92,0,119.19,0.97209999999999996,119.16,0.97230000000000005,106.92,0,118.86,0.9748,115.74,0,119.17,0.97219999999999995,120.59,0.96079999999999999,120.69,0.96,119.2,0.97199999999999998,119.84,0.96679999999999999,119.67,0.96819999999999995,111.84,0,119.98,0.9657,119.17,0.97219999999999995,120.73,0,119.61,0.96860000000000002]
["Válvulas e Registros para Sistemas Prediais",99624,"VÁLVULA DE RETENÇÃO HORIZONTAL, DE BRONZE, ROSCÁVEL, 2 1/2\" - FORNECIMENTO E INSTALAÇÃO. AF_08/2021","UN",523.53,0,662.1,0.96609999999999996,664.58,0.96250000000000002,659.56,0.96989999999999998,599.72,0,662.82,0.96509999999999996,664.27,0.96299999999999997,433.56,0,542.91,0,662.63,0.96540000000000004,598.58000000000004,0,660.37,0.96870000000000001,660.29,0.96879999999999999,593.08000000000004,0,658.51,0.97140000000000004,641.71,0,660.4,0.96860000000000002,669.22,0.95589999999999997,670.02,0.95469999999999999,660.62,0.96830000000000005,664.64,0.96240000000000003,663.49,0.96409999999999996,620.09,0,665.43,0.96130000000000004,660.39,0.96860000000000002,670.3,0,663.1,0.9647]
["Válvulas e Registros para Sistemas Prediais",99623,"VÁLVULA DE RETENÇÃO HORIZONTAL, DE BRONZE, ROSCÁVEL, 2\" - FORNECIMENTO E INSTALAÇÃO. AF_08/2021","UN",367.28,0,464.09,0.96389999999999998,465.94,0.96,462.19,0.96779999999999999,420.58,0,464.64,0.9627,465.71,0.96050000000000002,304.45999999999998,0,380.76,0,464.5,0.96299999999999997,419.73,0,462.81,0.96650000000000003,462.75,0.9667,415.89,0,461.4,0.96950000000000003,449.85,0,462.83,0.96650000000000003,469.42,0.95289999999999997,470.01,0.95169999999999999,462.98,0.96619999999999995,465.99,0.95989999999999998,465.13,0.9617,434.74,0,466.58,0.9587,462.81,0.96650000000000003,470.22,0,464.85,0.96230000000000004]
["Válvulas e Registros para Sistemas Prediais",99625,"VÁLVULA DE RETENÇÃO HORIZONTAL, DE BRONZE, ROSCÁVEL, 3\" - FORNECIMENTO E INSTALAÇÃO. AF_08/2021","UN",719.99,0,911.61,0.96919999999999995,914.71,0.96589999999999998,908.41,0.97260000000000002,825.17,0,912.5,0.96830000000000005,914.3,0.96640000000000004,595.47,0,746.91,0,912.25,0.96850000000000003,823.74,0,909.43,0.97150000000000003,909.33,0.97160000000000002,816.1,0,907.11,0.97399999999999998,883.38,0,909.46,0.97150000000000003,920.51,0.95979999999999999,921.53,0.95879999999999999,909.75,0.97119999999999995,914.78,0.96579999999999999,913.33,0.96740000000000004,853.46,0,915.77,0.96479999999999999,909.44,0.97150000000000003,921.88,0,912.85,0.96789999999999998]
["Válvulas e Registros para Sistemas Prediais",99619,"VÁLVULA DE RETENÇÃO HORIZONTAL, DE BRONZE, ROSCÁVEL, 3/4\" - FORNECIMENTO E INSTALAÇÃO. AF_08/2021","UN",115.49,0,145.87,0.96260000000000001,146.44999999999999,0.95879999999999999,145.27000000000001,0.96650000000000003,132.22999999999999,0,146.05000000000001,0.96140000000000003,146.41,0.95899999999999996,95.81,0,119.72,0,146.02000000000001,0.96160000000000001,131.97,0,145.47999999999999,0.96509999999999996,145.44,0.96540000000000004,130.76,0,144.97999999999999,0.96850000000000003,141.41,0,145.47,0.96519999999999995,147.62,0.95120000000000005,147.80000000000001,0.95,145.52000000000001,0.96489999999999998,146.49,0.95850000000000002,146.22,0.96030000000000004,136.68,0,146.69,0.95720000000000005,145.47,0.96519999999999995,147.85,0,146.13,0.96089999999999998]
["Válvulas e Registros para Sistemas Prediais",99626,"VÁLVULA DE RETENÇÃO HORIZONTAL, DE BRONZE, ROSCÁVEL, 4\" - FORNECIMENTO E INSTALAÇÃO. AF_08/2021","UN",1108.23,0,1405.97,0.97470000000000001,1409.92,0.97189999999999999,1401.92,0.97750000000000004,1271.21,0,1407.11,0.97389999999999999,1409.39,0.97230000000000005,914.42,0,1150.3900000000001,0,1406.81,0.97409999999999997,1269.3900000000001,0,1403.22,0.97660000000000002,1403.11,0.97670000000000001,1257.43,0,1400.29,0.97860000000000003,1362.08,0,1403.27,0.97660000000000002,1417.28,0.96689999999999998,1418.57,0.96599999999999997,1403.64,0.97629999999999995,1410.01,0.97189999999999999,1408.17,0.97319999999999995,1315.62,0,1411.26,0.97099999999999997,1403.23,0.97660000000000002,1419.03,0,1407.56,0.97360000000000002]
["Válvulas e Registros para Sistemas Prediais",99631,"VÁLVULA DE RETENÇÃO VERTICAL, DE BRONZE, ROSCÁVEL, 1 1/2\" - FORNECIMENTO E INSTALAÇÃO. AF_08/2021","UN",146.66999999999999,0,182.97,0.92900000000000005,184.41,0.92179999999999995,181.51,0.9365,167.05,0,183.4,0.92679999999999996,184.23,0.92269999999999996,123.36,0,151.44,0,183.29,0.9274,166.39,0,182,0.93400000000000005,181.94,0.93430000000000002,165.03,0,180.9,0.93959999999999999,177.67,0,182.01,0.93389999999999995,187.12,0.90839999999999999,187.58,0.90620000000000001,182.13,0.93330000000000002,184.45,0.92159999999999997,183.78,0.92490000000000006,172,0,184.92,0.91920000000000002,181.98,0.93410000000000004,187.73,0,183.57,0.92600000000000005]
["Válvulas e Registros para Sistemas Prediais",99630,"VÁLVULA DE RETENÇÃO VERTICAL, DE BRONZE, ROSCÁVEL, 1 1/4\" - FORNECIMENTO E INSTALAÇÃO. AF_08/2021","UN",125.92,0,157.54,0.9365,158.63,0.93010000000000004,156.41999999999999,0.94320000000000004,143.6,0,157.86000000000001,0.93459999999999999,158.51,0.93079999999999996,105.6,0,130.13999999999999,0,157.79,0.93500000000000005,143.1,0,156.79,0.94099999999999995,156.75,0.94120000000000004,141.88999999999999,0,155.93,0.94620000000000004,152.91,0,156.80000000000001,0.94089999999999996,160.72999999999999,0.91790000000000005,161.06,0.91610000000000003,156.88999999999999,0.94040000000000001,158.66999999999999,0.92989999999999995,158.16,0.93289999999999995,148,0,159.04,0.92769999999999997,156.78,0.94110000000000005,161.18,0,157.99,0.93389999999999995]
["Válvulas e Registros para Sistemas Prediais",99629,"VÁLVULA DE RETENÇÃO VERTICAL, DE BRONZE, ROSCÁVEL, 1\" - FORNECIMENTO E INSTALAÇÃO. AF_08/2021","UN",84.68,0,105.7,0.93049999999999999,106.5,0.92349999999999999,104.89,0.93759999999999999,96.48,0,105.95,0.92830000000000001,106.42,0.92420000000000002,71.2,0,87.45,0,105.89,0.92879999999999996,96.11,0,105.16,0.93520000000000003,105.13,0.9355,95.31,0,104.51,0.94110000000000005,102.62,0,105.17,0.93520000000000003,108.05,0.91020000000000001,108.29,0.90820000000000001,105.23,0.93459999999999999,106.53,0.92320000000000002,106.17,0.92630000000000001,99.36,0,106.81,0.92079999999999995,105.15,0.93530000000000002,108.37,0,106.04,0.92749999999999999]
["Válvulas e Registros para Sistemas Prediais",99627,"VÁLVULA DE RETENÇÃO VERTICAL, DE BRONZE, ROSCÁVEL, 1/2\" - FORNECIMENTO E INSTALAÇÃO. AF_08/2021","UN",69.709999999999994,0,87.93,0.95930000000000004,88.31,0.95520000000000005,87.54,0.96360000000000001,79.760000000000005,0,88.05,0.95799999999999996,88.28,0.95550000000000002,57.91,0,72.22,0,88.03,0.95820000000000005,79.58,0,87.68,0.96199999999999997,87.65,0.96240000000000003,78.86,0,87.35,0.9657,85.25,0,87.66,0.96220000000000006,89.08,0.94689999999999996,89.18,0.94579999999999997,87.69,0.96189999999999998,88.33,0.95489999999999997,88.16,0.95679999999999998,82.42,0,88.47,0.95340000000000003,87.66,0.96220000000000006,89.22,0,88.1,0.95740000000000003]
["Válvulas e Registros para Sistemas Prediais",103009,"VÁLVULA DE RETENÇÃO VERTICAL, DE BRONZE, ROSCÁVEL, 2 1/2\" - FORNECIMENTO E INSTALAÇÃO. AF_08/2021","UN",333.92,0,419.28,0.94650000000000001,421.76,0.94099999999999995,416.74,0.95230000000000004,381.36,0,420,0.94489999999999996,421.45,0.94169999999999998,278.83,0,345.5,0,419.81,0.94530000000000003,380.22,0,417.55,0.95040000000000002,417.47,0.9506,376.93,0,415.69,0.95469999999999999,406.77,0,417.58,0.95040000000000002,426.4,0.93069999999999997,427.2,0.92900000000000005,417.8,0.94989999999999997,421.82,0.94079999999999997,420.67,0.94340000000000002,393.44,0,422.61,0.93910000000000005,417.57,0.95040000000000002,427.48,0,420.28,0.94430000000000003]
["Válvulas e Registros para Sistemas Prediais",99632,"VÁLVULA DE RETENÇÃO VERTICAL, DE BRONZE, ROSCÁVEL, 2\" - FORNECIMENTO E INSTALAÇÃO. AF_08/2021","UN",211.38,0,264.44,0.93659999999999999,266.29000000000002,0.93010000000000004,262.54000000000002,0.94340000000000002,241.04,0,264.99,0.93459999999999999,266.06,0.93089999999999995,177.24,0,218.45,0,264.85000000000002,0.93510000000000004,240.19,0,263.16000000000003,0.94110000000000005,263.10000000000002,0.94140000000000001,238.17,0,261.75,0.94620000000000004,256.67,0,263.18,0.94110000000000005,269.77,0.91810000000000003,270.36,0.91610000000000003,263.33,0.9405,266.33999999999997,0.92989999999999995,265.48,0.93289999999999995,248.38,0,266.93,0.92779999999999996,263.16000000000003,0.94110000000000005,270.57,0,265.2,0.93389999999999995]
["Válvulas e Registros para Sistemas Prediais",99633,"VÁLVULA DE RETENÇÃO VERTICAL, DE BRONZE, ROSCÁVEL, 3\" - FORNECIMENTO E INSTALAÇÃO. AF_08/2021","UN",453.25,0,570.01,0.95079999999999998,573.11,0.9456,566.80999999999995,0.95609999999999995,517.99,0,570.9,0.94930000000000003,572.70000000000005,0.94630000000000003,377.8,0,469.21,0,570.65,0.94969999999999999,516.55999999999995,0,567.83000000000004,0.95440000000000003,567.73,0.9546,512.03,0,565.51,0.95830000000000004,552.87,0,567.86,0.95440000000000003,578.91,0.93610000000000004,579.92999999999995,0.9345,568.15,0.95389999999999997,573.17999999999995,0.94550000000000001,571.73,0.94789999999999996,534.62,0,574.16999999999996,0.94389999999999996,567.84,0.95440000000000003,580.28,0,571.25,0.94869999999999999]
["Válvulas e Registros para Sistemas Prediais",99628,"VÁLVULA DE RETENÇÃO VERTICAL, DE BRONZE, ROSCÁVEL, 3/4\" - FORNECIMENTO E INSTALAÇÃO. AF_08/2021","UN",76.14,0,95.47,0.94279999999999997,96.05,0.93710000000000004,94.87,0.94879999999999998,86.9,0,95.65,0.94099999999999995,96.01,0.9375,63.7,0,78.75,0,95.62,0.94130000000000003,86.64,0,95.08,0.94669999999999999,95.04,0.94710000000000005,85.89,0,94.58,0.95169999999999999,92.64,0,95.07,0.94679999999999997,97.22,0.92579999999999996,97.4,0.92410000000000003,95.12,0.94630000000000003,96.09,0.93669999999999998,95.82,0.93940000000000001,89.64,0,96.29,0.93479999999999996,95.07,0.94679999999999997,97.45,0,95.73,0.94020000000000004]
["Válvulas e Registros para Sistemas Prediais",99634,"VÁLVULA DE RETENÇÃO VERTICAL, DE BRONZE, ROSCÁVEL, 4\" - FORNECIMENTO E INSTALAÇÃO. AF_08/2021","UN",772.61,0,976.18,0.96350000000000002,980.13,0.95960000000000001,972.13,0.96750000000000003,884.71,0,977.32,0.96240000000000003,979.6,0.96020000000000005,640.54,0,800.97,0,977.02,0.9627,882.89,0,973.43,0.96630000000000005,973.32,0.96640000000000004,874.85,0,970.5,0.96919999999999995,946.23,0,973.48,0.96619999999999995,987.49,0.95250000000000001,988.78,0.95130000000000003,973.85,0.96579999999999999,980.22,0.95960000000000001,978.38,0.96140000000000003,914.45,0,981.47,0.95830000000000004,973.44,0.96619999999999995,989.24,0,977.77,0.96199999999999997]
["Válvulas e Registros para Sistemas Prediais",103013,"VÁLVULA DE RETENÇÃO, DE BRONZE, PÉ COM CRIVOS, ROSCÁVEL, 1 1/2\" - FORNECIMENTO E INSTALAÇÃO. AF_08/2021","UN",135.44999999999999,0,171.05,0.96209999999999996,171.76,0.95809999999999995,170.32,0.96619999999999995,155.07,0,171.26,0.96089999999999998,171.68,0.95850000000000002,112.38,0,140.4,0,171.2,0.96120000000000005,154.74,0,170.55,0.96489999999999998,170.53,0.96499999999999997,153.33000000000001,0,170.01,0.96789999999999998,165.82,0,170.56,0.96479999999999999,173.12,0.9506,173.35,0.94930000000000003,170.63,0.96440000000000003,171.78,0.95799999999999996,171.46,0.95979999999999999,160.26,0,172.02,0.95660000000000001,170.55,0.96489999999999998,173.43,0,171.34,0.96040000000000003]
["Válvulas e Registros para Sistemas Prediais",103012,"VÁLVULA DE RETENÇÃO, DE BRONZE, PÉ COM CRIVOS, ROSCÁVEL, 1 1/4\" - FORNECIMENTO E INSTALAÇÃO. AF_08/2021","UN",125.77,0,159.19999999999999,0.96870000000000001,159.75,0.96530000000000005,158.63999999999999,0.97209999999999996,144.12,0,159.36000000000001,0.9677,159.68,0.9657,104.05,0,130.46,0,159.32,0.96789999999999998,143.87,0,158.83000000000001,0.97089999999999999,158.81,0.97099999999999997,142.54,0,158.4,0.97350000000000003,154.27000000000001,0,158.83000000000001,0.97089999999999999,160.79,0.95909999999999995,160.97,0.95799999999999996,158.87,0.97070000000000001,159.76,0.96530000000000005,159.52000000000001,0.9667,149.07,0,159.94999999999999,0.96409999999999996,158.83000000000001,0.97089999999999999,161.03,0,159.43,0.96730000000000005]
["Válvulas e Registros para Sistemas Prediais",103011,"VÁLVULA DE RETENÇÃO, DE BRONZE, PÉ COM CRIVOS, ROSCÁVEL, 1\" - FORNECIMENTO E INSTALAÇÃO. AF_08/2021","UN",79.78,0,100.81,0.96360000000000001,101.21,0.95979999999999999,100.39,0.96760000000000002,91.36,0,100.92,0.96250000000000002,101.16,0.96030000000000004,66.150000000000006,0,82.71,0,100.9,0.9627,91.17,0,100.54,0.96619999999999995,100.52,0.96640000000000004,90.35,0,100.21,0.96940000000000004,97.72,0,100.54,0.96619999999999995,101.98,0.95250000000000001,102.1,0.95140000000000002,100.56,0.96599999999999997,101.23,0.95960000000000001,101.04,0.96140000000000003,94.44,0,101.35,0.95850000000000002,100.53,0.96630000000000005,102.14,0,100.97,0.96209999999999996]
["Válvulas e Registros para Sistemas Prediais",103015,"VÁLVULA DE RETENÇÃO, DE BRONZE, PÉ COM CRIVOS, ROSCÁVEL, 2 1/2\" - FORNECIMENTO E INSTALAÇÃO. AF_08/2021","UN",359.84,0,456.65,0.97550000000000003,457.89,0.9728,455.38,0.97819999999999996,412.82,0,457.01,0.97470000000000001,457.74,0.97319999999999995,296.81,0,373.56,0,456.91,0.97489999999999999,412.24,0,455.78,0.97729999999999995,455.74,0.97740000000000005,408.34,0,454.86,0.97929999999999995,442.39,0,455.8,0.97729999999999995,460.21,0.96789999999999998,460.62,0.96709999999999996,455.91,0.97709999999999997,457.92,0.9728,457.35,0.97399999999999998,427.28,0,458.32,0.97189999999999999,455.8,0.97729999999999995,460.76,0,457.15,0.97440000000000004]
["Válvulas e Registros para Sistemas Prediais",103014,"VÁLVULA DE RETENÇÃO, DE BRONZE, PÉ COM CRIVOS, ROSCÁVEL, 2\" - FORNECIMENTO E INSTALAÇÃO. AF_08/2021","UN",203.62,0,257.64,0.96750000000000003,258.57,0.96399999999999997,256.68,0.97109999999999996,233.31,0,257.91000000000003,0.96650000000000003,258.45,0.96440000000000003,168.55,0,211.2,0,257.83999999999997,0.9667,232.87,0,257,0.96989999999999998,256.97000000000003,0.97,230.73,0,256.29000000000002,0.97260000000000002,249.69,0,257.01,0.9698,260.31,0.95760000000000001,260.60000000000002,0.95650000000000002,257.08,0.96960000000000002,258.58999999999997,0.96389999999999998,258.14999999999998,0.96560000000000001,241.27,0,258.89,0.96279999999999999,256.99,0.96989999999999998,260.70999999999998,0,258.01,0.96609999999999996]
["Válvulas e Registros para Sistemas Prediais",103016,"VÁLVULA DE RETENÇÃO, DE BRONZE, PÉ COM CRIVOS, ROSCÁVEL, 3\" - FORNECIMENTO E INSTALAÇÃO. AF_08/2021","UN",491.88,0,624.66999999999996,0.97760000000000002,626.24,0.97509999999999997,623.08000000000004,0.98009999999999997,564.45000000000005,0,625.13,0.97689999999999999,626.03,0.97540000000000004,405.35,0,510.75,0,625.01,0.97699999999999998,563.74,0,623.59,0.97929999999999995,623.54999999999995,0.97929999999999995,558.38,0,622.44000000000005,0.98109999999999997,605.09,0,623.62,0.97919999999999996,629.13,0.97060000000000002,629.65,0.9698,623.76,0.97899999999999998,626.27,0.97509999999999997,625.54999999999995,0.97619999999999996,584.37,0,626.76,0.97430000000000005,623.61,0.97919999999999996,629.82000000000005,0,625.29999999999995,0.97660000000000002]
["Válvulas e Registros para Sistemas Prediais",103010,"VÁLVULA DE RETENÇÃO, DE BRONZE, PÉ COM CRIVOS, ROSCÁVEL, 3/4\" - FORNECIMENTO E INSTALAÇÃO. AF_08/2021","UN",71.510000000000005,0,90.57,0.97,90.86,0.96689999999999998,90.27,0.97319999999999995,81.97,0,90.66,0.96899999999999997,90.84,0.96709999999999996,59.15,0,74.19,0,90.65,0.96909999999999996,81.84,0,90.37,0.97209999999999996,90.35,0.97230000000000005,81.08,0,90.12,0.9748,87.77,0,90.37,0.97209999999999996,91.44,0.9607,91.54,0.9597,90.4,0.9718,90.88,0.9667,90.74,0.96819999999999995,84.8,0,90.98,0.96560000000000001,90.38,0.97199999999999998,91.57,0,90.7,0.96860000000000002]
["Válvulas e Registros para Sistemas Prediais",103017,"VÁLVULA DE RETENÇÃO, DE BRONZE, PÉ COM CRIVOS, ROSCÁVEL, 4\" - FORNECIMENTO E INSTALAÇÃO. AF_08/2021","UN",858.28,0,1092.5,0.98370000000000002,1094.48,0.9819,1090.48,0.98550000000000004,985.89,0,1093.08,0.98319999999999996,1094.22,0.98219999999999996,705.42,0,891.87,0,1092.93,0.98329999999999995,984.97,0,1091.1199999999999,0.98499999999999999,1091.07,0.98499999999999999,975.44,0,1089.6600000000001,0.98629999999999995,1057.92,0,1091.1500000000001,0.9849,1098.1600000000001,0.97860000000000003,1098.8,0.97809999999999997,1091.3399999999999,0.98480000000000001,1094.53,0.9819,1093.6099999999999,0.98270000000000002,1021.39,0,1095.1500000000001,0.98129999999999995,1091.1400000000001,0.9849,1099.03,0,1093.3,0.98299999999999998]
["Válvulas e Registros para Sistemas Prediais",103033,"VÁLVULA DE SEGURANÇA À TEMPERATURA, 1/2\" - FORNECIMENTO E INSTALAÇÃO. AF_08/2021","UN",0,null,0,null,0,null,0,null,0,null,0,null,0,null,0,null,0,null,0,null,0,null,0,null,0,null,0,null,0,null,0,null,0,null,0,null,0,null,0,null,0,null,0,null,0,null,0,null,0,null,0,null,0]
["Válvulas e Registros para Sistemas Prediais",103032,"VÁLVULA ESFERA PARA GÁS, 1\" - FORNECIMENTO E INSTALAÇÃO. AF_08/2021","UN",0,null,0,null,0,null,0,null,0,null,0,null,0,null,0,null,0,null,0,null,0,null,0,null,0,null,0,null,0,null,0,null,0,null,0,null,0,null,0,null,0,null,0,null,0,null,0,null,0,null,0,null,0]
["Válvulas e Registros para Sistemas Prediais",103030,"VÁLVULA ESFERA PARA GÁS, 1/2\" - FORNECIMENTO E INSTALAÇÃO. AF_08/2021","UN",0,null,0,null,0,null,0,null,0,null,0,null,0,null,0,null,0,null,0,null,0,null,0,null,0,null,0,null,0,null,0,null,0,null,0,null,0,null,0,null,0,null,0,null,0,null,0,null,0,null,0,null,0]
["Válvulas e Registros para Sistemas Prediais",103031,"VÁLVULA ESFERA PARA GÁS, 3/4\" - FORNECIMENTO E INSTALAÇÃO. AF_08/2021","UN",0,null,0,null,0,null,0,null,0,null,0,null,0,null,0,null,0,null,0,null,0,null,0,null,0,null,0,null,0,null,0,null,0,null,0,null,0,null,0,null,0,null,0,null,0,null,0,null,0,null,0,null,0]
["Válvulas e Registros para Sistemas Prediais",103035,"VÁLVULA ESTABILIZADORA DE VAZÃO/ AUTOFLOW, 1\" - FORNECIMENTO E INSTALAÇÃO. AF_08/2021","UN",0,null,0,null,0,null,0,null,0,null,0,null,0,null,0,null,0,null,0,null,0,null,0,null,0,null,0,null,0,null,0,null,0,null,0,null,0,null,0,null,0,null,0,null,0,null,0,null,0,null,0,null,0]
["Válvulas e Registros para Sistemas Prediais",103034,"VÁLVULA ESTABILIZADORA DE VAZÃO/ AUTOFLOW, 3/4\" - FORNECIMENTO E INSTALAÇÃO. AF_08/2021","UN",0,null,0,null,0,null,0,null,0,null,0,null,0,null,0,null,0,null,0,null,0,null,0,null,0,null,0,null,0,null,0,null,0,null,0,null,0,null,0,null,0,null,0,null,0,null,0,null,0,null,0,null,0]
["Válvulas e Registros para Sistemas Prediais",103024,"VÁLVULA REDUTORA DE PRESSÃO PARA SISTEMAS PREDIAIS, 1 1/2\" - FORNECIMENTO E INSTALAÇÃO. AF_08/2021","UN",0,null,0,null,0,null,0,null,0,null,0,null,0,null,0,null,0,null,0,null,0,null,0,null,0,null,0,null,0,null,0,null,0,null,0,null,0,null,0,null,0,null,0,null,0,null,0,null,0,null,0,null,0]
["Válvulas e Registros para Sistemas Prediais",103023,"VÁLVULA REDUTORA DE PRESSÃO PARA SISTEMAS PREDIAIS, 1 1/4\" - FORNECIMENTO E INSTALAÇÃO. AF_08/2021","UN",0,null,0,null,0,null,0,null,0,null,0,null,0,null,0,null,0,null,0,null,0,null,0,null,0,null,0,null,0,null,0,null,0,null,0,null,0,null,0,null,0,null,0,null,0,null,0,null,0,null,0,null,0]
["Válvulas e Registros para Sistemas Prediais",103022,"VÁLVULA REDUTORA DE PRESSÃO PARA SISTEMAS PREDIAIS, 1\" - FORNECIMENTO E INSTALAÇÃO. AF_08/2021","UN",0,null,0,null,0,null,0,null,0,null,0,null,0,null,0,null,0,null,0,null,0,null,0,null,0,null,0,null,0,null,0,null,0,null,0,null,0,null,0,null,0,null,0,null,0,null,0,null,0,null,0,null,0]
["Válvulas e Registros para Sistemas Prediais",103020,"VÁLVULA REDUTORA DE PRESSÃO PARA SISTEMAS PREDIAIS, 1/2\" - FORNECIMENTO E INSTALAÇÃO. AF_08/2021","UN",0,null,0,null,0,null,0,null,0,null,0,null,0,null,0,null,0,null,0,null,0,null,0,null,0,null,0,null,0,null,0,null,0,null,0,null,0,null,0,null,0,null,0,null,0,null,0,null,0,null,0,null,0]
["Válvulas e Registros para Sistemas Prediais",103026,"VÁLVULA REDUTORA DE PRESSÃO PARA SISTEMAS PREDIAIS, 2 1/2\" - FORNECIMENTO E INSTALAÇÃO. AF_08/2021","UN",0,null,0,null,0,null,0,null,0,null,0,null,0,null,0,null,0,null,0,null,0,null,0,null,0,null,0,null,0,null,0,null,0,null,0,null,0,null,0,null,0,null,0,null,0,null,0,null,0,null,0,null,0]
["Válvulas e Registros para Sistemas Prediais",103025,"VÁLVULA REDUTORA DE PRESSÃO PARA SISTEMAS PREDIAIS, 2\" - FORNECIMENTO E INSTALAÇÃO. AF_08/2021","UN",0,null,0,null,0,null,0,null,0,null,0,null,0,null,0,null,0,null,0,null,0,null,0,null,0,null,0,null,0,null,0,null,0,null,0,null,0,null,0,null,0,null,0,null,0,null,0,null,0,null,0,null,0]
["Válvulas e Registros para Sistemas Prediais",103021,"VÁLVULA REDUTORA DE PRESSÃO PARA SISTEMAS PREDIAIS, 3/4\" - FORNECIMENTO E INSTALAÇÃO. AF_08/2021","UN",0,null,0,null,0,null,0,null,0,null,0,null,0,null,0,null,0,null,0,null,0,null,0,null,0,null,0,null,0,null,0,null,0,null,0,null,0,null,0,null,0,null,0,null,0,null,0,null,0,null,0,null,0]
["Válvulas e Registros para Sistemas Prediais",103027,"VÁLVULA VENTOSA ELIMINADORA DE AR, PARA SISTEMAS PREDIAIS, 1/2\" - FORNECIMENTO E INSTALAÇÃO. AF_08/2021","UN",0,null,0,null,0,null,0,null,0,null,0,null,0,null,0,null,0,null,0,null,0,null,0,null,0,null,0,null,0,null,0,null,0,null,0,null,0,null,0,null,0,null,0,null,0,null,0,null,0,null,0,null,0]
["Válvulas e Registros para Sistemas Prediais",103028,"VÁLVULA VENTOSA ELIMINADORA DE AR, PARA SISTEMAS PREDIAIS, 3/4\" - FORNECIMENTO E INSTALAÇÃO. AF_08/2021","UN",0,null,0,null,0,null,0,null,0,null,0,null,0,null,0,null,0,null,0,null,0,null,0,null,0,null,0,null,0,null,0,null,0,null,0,null,0,null,0,null,0,null,0,null,0,null,0,null,0,null,0,null,0]
["Válvulas para Redes de Saneamento",103563,"JUNTA DE DESMONTAGEM TRAVADA AXIALMENTE DE FERRO FUNDIDO PARA REDE DE ÁGUA OU ESGOTO, DN 100 MM. AF_12/2021","UN",0,null,0,null,0,null,0,null,0,null,0,null,0,null,0,null,0,null,0,null,0,null,0,null,0,null,0,null,0,null,0,null,0,null,0,null,0,null,0,null,0,null,0,null,0,null,0,null,0,null,0,null,0]
["Válvulas para Redes de Saneamento",103564,"JUNTA DE DESMONTAGEM TRAVADA AXIALMENTE DE FERRO FUNDIDO PARA REDE DE ÁGUA OU ESGOTO, DN 150 MM. AF_12/2021","UN",0,null,0,null,0,null,0,null,0,null,0,null,0,null,0,null,0,null,0,null,0,null,0,null,0,null,0,null,0,null,0,null,0,null,0,null,0,null,0,null,0,null,0,null,0,null,0,null,0,null,0,null,0]
["Válvulas para Redes de Saneamento",103565,"JUNTA DE DESMONTAGEM TRAVADA AXIALMENTE DE FERRO FUNDIDO PARA REDE DE ÁGUA OU ESGOTO, DN 200 MM. AF_12/2021","UN",0,null,0,null,0,null,0,null,0,null,0,null,0,null,0,null,0,null,0,null,0,null,0,null,0,null,0,null,0,null,0,null,0,null,0,null,0,null,0,null,0,null,0,null,0,null,0,null,0,null,0,null,0]
["Válvulas para Redes de Saneamento",103566,"JUNTA DE DESMONTAGEM TRAVADA AXIALMENTE DE FERRO FUNDIDO PARA REDE DE ÁGUA OU ESGOTO, DN 250 MM. AF_12/2021","UN",0,null,0,null,0,null,0,null,0,null,0,null,0,null,0,null,0,null,0,null,0,null,0,null,0,null,0,null,0,null,0,null,0,null,0,null,0,null,0,null,0,null,0,null,0,null,0,null,0,null,0,null,0]
["Válvulas para Redes de Saneamento",103567,"JUNTA DE DESMONTAGEM TRAVADA AXIALMENTE DE FERRO FUNDIDO PARA REDE DE ÁGUA OU ESGOTO, DN 300 MM. AF_12/2021","UN",0,null,0,null,0,null,0,null,0,null,0,null,0,null,0,null,0,null,0,null,0,null,0,null,0,null,0,null,0,null,0,null,0,null,0,null,0,null,0,null,0,null,0,null,0,null,0,null,0,null,0,null,0]
["Válvulas para Redes de Saneamento",103568,"JUNTA DE DESMONTAGEM TRAVADA AXIALMENTE DE FERRO FUNDIDO PARA REDE DE ÁGUA OU ESGOTO, DN 350 MM. AF_12/2021","UN",0,null,0,null,0,null,0,null,0,null,0,null,0,null,0,null,0,null,0,null,0,null,0,null,0,null,0,null,0,null,0,null,0,null,0,null,0,null,0,null,0,null,0,null,0,null,0,null,0,null,0,null,0]
["Válvulas para Redes de Saneamento",103569,"JUNTA DE DESMONTAGEM TRAVADA AXIALMENTE DE FERRO FUNDIDO PARA REDE DE ÁGUA OU ESGOTO, DN 400 MM. AF_12/2021","UN",0,null,0,null,0,null,0,null,0,null,0,null,0,null,0,null,0,null,0,null,0,null,0,null,0,null,0,null,0,null,0,null,0,null,0,null,0,null,0,null,0,null,0,null,0,null,0,null,0,null,0,null,0]
["Válvulas para Redes de Saneamento",103570,"JUNTA DE DESMONTAGEM TRAVADA AXIALMENTE DE FERRO FUNDIDO PARA REDE DE ÁGUA OU ESGOTO, DN 500 MM. AF_12/2021","UN",0,null,0,null,0,null,0,null,0,null,0,null,0,null,0,null,0,null,0,null,0,null,0,null,0,null,0,null,0,null,0,null,0,null,0,null,0,null,0,null,0,null,0,null,0,null,0,null,0,null,0,null,0]
["Válvulas para Redes de Saneamento",103571,"JUNTA DE DESMONTAGEM TRAVADA AXIALMENTE DE FERRO FUNDIDO PARA REDE DE ÁGUA OU ESGOTO, DN 600 MM. AF_12/2021","UN",0,null,0,null,0,null,0,null,0,null,0,null,0,null,0,null,0,null,0,null,0,null,0,null,0,null,0,null,0,null,0,null,0,null,0,null,0,null,0,null,0,null,0,null,0,null,0,null,0,null,0,null,0]
["Válvulas para Redes de Saneamento",103562,"JUNTA DE DESMONTAGEM TRAVADA AXIALMENTE DE FERRO FUNDIDO PARA REDE DE ÁGUA OU ESGOTO, DN 80 MM. AF_12/2021","UN",0,null,0,null,0,null,0,null,0,null,0,null,0,null,0,null,0,null,0,null,0,null,0,null,0,null,0,null,0,null,0,null,0,null,0,null,0,null,0,null,0,null,0,null,0,null,0,null,0,null,0,null,0]
["Válvulas para Redes de Saneamento",103573,"JUNTA MECÂNICA (LUVA DE CORRER COM BOLSA JUNTA MECÂNICA) DE FERRO FUNDIDO PARA REDE DE ÁGUA OU ESGOTO, DN 100 MM. AF_12/2021","UN",0,null,0,null,0,null,0,null,0,null,0,null,0,null,0,null,0,null,0,null,0,null,0,null,0,null,0,null,0,null,0,null,0,null,0,null,0,null,0,null,0,null,0,null,0,null,0,null,0,null,0,null,0]
["Válvulas para Redes de Saneamento",103585,"JUNTA MECÂNICA (LUVA DE CORRER COM BOLSA JUNTA MECÂNICA) DE FERRO FUNDIDO PARA REDE DE ÁGUA OU ESGOTO, DN 1000 MM. AF_12/2021","UN",0,null,0,null,0,null,0,null,0,null,0,null,0,null,0,null,0,null,0,null,0,null,0,null,0,null,0,null,0,null,0,null,0,null,0,null,0,null,0,null,0,null,0,null,0,null,0,null,0,null,0,null,0]
["Válvulas para Redes de Saneamento",103586,"JUNTA MECÂNICA (LUVA DE CORRER COM BOLSA JUNTA MECÂNICA) DE FERRO FUNDIDO PARA REDE DE ÁGUA OU ESGOTO, DN 1200 MM. AF_12/2021","UN",0,null,0,null,0,null,0,null,0,null,0,null,0,null,0,null,0,null,0,null,0,null,0,null,0,null,0,null,0,null,0,null,0,null,0,null,0,null,0,null,0,null,0,null,0,null,0,null,0,null,0,null,0]
["Válvulas para Redes de Saneamento",103574,"JUNTA MECÂNICA (LUVA DE CORRER COM BOLSA JUNTA MECÂNICA) DE FERRO FUNDIDO PARA REDE DE ÁGUA OU ESGOTO, DN 150 MM. AF_12/2021","UN",0,null,0,null,0,null,0,null,0,null,0,null,0,null,0,null,0,null,0,null,0,null,0,null,0,null,0,null,0,null,0,null,0,null,0,null,0,null,0,null,0,null,0,null,0,null,0,null,0,null,0,null,0]
["Válvulas para Redes de Saneamento",103575,"JUNTA MECÂNICA (LUVA DE CORRER COM BOLSA JUNTA MECÂNICA) DE FERRO FUNDIDO PARA REDE DE ÁGUA OU ESGOTO, DN 200 MM. AF_12/2021","UN",0,null,0,null,0,null,0,null,0,null,0,null,0,null,0,null,0,null,0,null,0,null,0,null,0,null,0,null,0,null,0,null,0,null,0,null,0,null,0,null,0,null,0,null,0,null,0,null,0,null,0,null,0]
["Válvulas para Redes de Saneamento",103576,"JUNTA MECÂNICA (LUVA DE CORRER COM BOLSA JUNTA MECÂNICA) DE FERRO FUNDIDO PARA REDE DE ÁGUA OU ESGOTO, DN 250 MM. AF_12/2021","UN",0,null,0,null,0,null,0,null,0,null,0,null,0,null,0,null,0,null,0,null,0,null,0,null,0,null,0,null,0,null,0,null,0,null,0,null,0,null,0,null,0,null,0,null,0,null,0,null,0,null,0,null,0]
["Válvulas para Redes de Saneamento",103577,"JUNTA MECÂNICA (LUVA DE CORRER COM BOLSA JUNTA MECÂNICA) DE FERRO FUNDIDO PARA REDE DE ÁGUA OU ESGOTO, DN 300 MM. AF_12/2021","UN",0,null,0,null,0,null,0,null,0,null,0,null,0,null,0,null,0,null,0,null,0,null,0,null,0,null,0,null,0,null,0,null,0,null,0,null,0,null,0,null,0,null,0,null,0,null,0,null,0,null,0,null,0]
["Válvulas para Redes de Saneamento",103578,"JUNTA MECÂNICA (LUVA DE CORRER COM BOLSA JUNTA MECÂNICA) DE FERRO FUNDIDO PARA REDE DE ÁGUA OU ESGOTO, DN 350 MM. AF_12/2021","UN",0,null,0,null,0,null,0,null,0,null,0,null,0,null,0,null,0,null,0,null,0,null,0,null,0,null,0,null,0,null,0,null,0,null,0,null,0,null,0,null,0,null,0,null,0,null,0,null,0,null,0,null,0]
["Válvulas para Redes de Saneamento",103579,"JUNTA MECÂNICA (LUVA DE CORRER COM BOLSA JUNTA MECÂNICA) DE FERRO FUNDIDO PARA REDE DE ÁGUA OU ESGOTO, DN 400 MM. AF_12/2021","UN",0,null,0,null,0,null,0,null,0,null,0,null,0,null,0,null,0,null,0,null,0,null,0,null,0,null,0,null,0,null,0,null,0,null,0,null,0,null,0,null,0,null,0,null,0,null,0,null,0,null,0,null,0]
["Válvulas para Redes de Saneamento",103580,"JUNTA MECÂNICA (LUVA DE CORRER COM BOLSA JUNTA MECÂNICA) DE FERRO FUNDIDO PARA REDE DE ÁGUA OU ESGOTO, DN 500 MM. AF_12/2021","UN",0,null,0,null,0,null,0,null,0,null,0,null,0,null,0,null,0,null,0,null,0,null,0,null,0,null,0,null,0,null,0,null,0,null,0,null,0,null,0,null,0,null,0,null,0,null,0,null,0,null,0,null,0]
["Válvulas para Redes de Saneamento",103581,"JUNTA MECÂNICA (LUVA DE CORRER COM BOLSA JUNTA MECÂNICA) DE FERRO FUNDIDO PARA REDE DE ÁGUA OU ESGOTO, DN 600 MM. AF_12/2021","UN",0,null,0,null,0,null,0,null,0,null,0,null,0,null,0,null,0,null,0,null,0,null,0,null,0,null,0,null,0,null,0,null,0,null,0,null,0,null,0,null,0,null,0,null,0,null,0,null,0,null,0,null,0]
["Válvulas para Redes de Saneamento",103582,"JUNTA MECÂNICA (LUVA DE CORRER COM BOLSA JUNTA MECÂNICA) DE FERRO FUNDIDO PARA REDE DE ÁGUA OU ESGOTO, DN 700 MM. AF_12/2021","UN",0,null,0,null,0,null,0,null,0,null,0,null,0,null,0,null,0,null,0,null,0,null,0,null,0,null,0,null,0,null,0,null,0,null,0,null,0,null,0,null,0,null,0,null,0,null,0,null,0,null,0,null,0]
["Válvulas para Redes de Saneamento",103572,"JUNTA MECÂNICA (LUVA DE CORRER COM BOLSA JUNTA MECÂNICA) DE FERRO FUNDIDO PARA REDE DE ÁGUA OU ESGOTO, DN 80 MM. AF_12/2021","UN",0,null,0,null,0,null,0,null,0,null,0,null,0,null,0,null,0,null,0,null,0,null,0,null,0,null,0,null,0,null,0,null,0,null,0,null,0,null,0,null,0,null,0,null,0,null,0,null,0,null,0,null,0]
["Válvulas para Redes de Saneamento",103583,"JUNTA MECÂNICA (LUVA DE CORRER COM BOLSA JUNTA MECÂNICA) DE FERRO FUNDIDO PARA REDE DE ÁGUA OU ESGOTO, DN 800 MM. AF_12/2021","UN",0,null,0,null,0,null,0,null,0,null,0,null,0,null,0,null,0,null,0,null,0,null,0,null,0,null,0,null,0,null,0,null,0,null,0,null,0,null,0,null,0,null,0,null,0,null,0,null,0,null,0,null,0]
["Válvulas para Redes de Saneamento",103584,"JUNTA MECÂNICA (LUVA DE CORRER COM BOLSA JUNTA MECÂNICA) DE FERRO FUNDIDO PARA REDE DE ÁGUA OU ESGOTO, DN 900 MM. AF_12/2021","UN",0,null,0,null,0,null,0,null,0,null,0,null,0,null,0,null,0,null,0,null,0,null,0,null,0,null,0,null,0,null,0,null,0,null,0,null,0,null,0,null,0,null,0,null,0,null,0,null,0,null,0,null,0]
["Válvulas para Redes de Saneamento",103557,"MEDIDOR DE VAZÃO ELETROMAGNÉTICO DE AÇO CARBONO PARA REDE DE ÁGUA OU ESGOTO, DN 100 MM, JUNTA FLANGEADA. AF_12/2021","UN",0,null,0,null,0,null,0,null,0,null,0,null,0,null,0,null,0,null,0,null,0,null,0,null,0,null,0,null,0,null,0,null,0,null,0,null,0,null,0,null,0,null,0,null,0,null,0,null,0,null,0,null,0]
["Válvulas para Redes de Saneamento",103558,"MEDIDOR DE VAZÃO ELETROMAGNÉTICO DE AÇO CARBONO PARA REDE DE ÁGUA OU ESGOTO, DN 200 MM, JUNTA FLANGEADA. AF_12/2021","UN",0,null,0,null,0,null,0,null,0,null,0,null,0,null,0,null,0,null,0,null,0,null,0,null,0,null,0,null,0,null,0,null,0,null,0,null,0,null,0,null,0,null,0,null,0,null,0,null,0,null,0,null,0]
["Válvulas para Redes de Saneamento",103559,"MEDIDOR DE VAZÃO ELETROMAGNÉTICO DE AÇO CARBONO PARA REDE DE ÁGUA OU ESGOTO, DN 300 MM, JUNTA FLANGEADA. AF_12/2021","UN",0,null,0,null,0,null,0,null,0,null,0,null,0,null,0,null,0,null,0,null,0,null,0,null,0,null,0,null,0,null,0,null,0,null,0,null,0,null,0,null,0,null,0,null,0,null,0,null,0,null,0,null,0]
["Válvulas para Redes de Saneamento",103560,"MEDIDOR DE VAZÃO ELETROMAGNÉTICO DE AÇO CARBONO PARA REDE DE ÁGUA OU ESGOTO, DN 400 MM, JUNTA FLANGEADA. AF_12/2021","UN",0,null,0,null,0,null,0,null,0,null,0,null,0,null,0,null,0,null,0,null,0,null,0,null,0,null,0,null,0,null,0,null,0,null,0,null,0,null,0,null,0,null,0,null,0,null,0,null,0,null,0,null,0]
["Válvulas para Redes de Saneamento",103561,"MEDIDOR DE VAZÃO ELETROMAGNÉTICO DE AÇO CARBONO PARA REDE DE ÁGUA OU ESGOTO, DN 500 MM, JUNTA FLANGEADA. AF_12/2021","UN",0,null,0,null,0,null,0,null,0,null,0,null,0,null,0,null,0,null,0,null,0,null,0,null,0,null,0,null,0,null,0,null,0,null,0,null,0,null,0,null,0,null,0,null,0,null,0,null,0,null,0,null,0]
["Válvulas para Redes de Saneamento",103529,"REGISTRO DE GAVETA DE FERRO FUNDIDO PARA REDE DE ÁGUA OU ESGOTO, DN 100 MM, JUNTA FLANGEADA. AF_12/2021","UN",0,null,0,null,0,null,0,null,0,null,0,null,0,null,0,null,0,null,0,null,0,null,0,null,0,null,0,null,0,null,0,null,0,null,0,null,0,null,0,null,0,null,0,null,0,null,0,null,0,null,0,null,0]
["Válvulas para Redes de Saneamento",103530,"REGISTRO DE GAVETA DE FERRO FUNDIDO PARA REDE DE ÁGUA OU ESGOTO, DN 150 MM, JUNTA FLANGEADA. AF_01/2021","UN",0,null,0,null,0,null,0,null,0,null,0,null,0,null,0,null,0,null,0,null,0,null,0,null,0,null,0,null,0,null,0,null,0,null,0,null,0,null,0,null,0,null,0,null,0,null,0,null,0,null,0,null,0]
["Válvulas para Redes de Saneamento",103531,"REGISTRO DE GAVETA DE FERRO FUNDIDO PARA REDE DE ÁGUA OU ESGOTO, DN 200 MM, JUNTA FLANGEADA. AF_12/2021","UN",0,null,0,null,0,null,0,null,0,null,0,null,0,null,0,null,0,null,0,null,0,null,0,null,0,null,0,null,0,null,0,null,0,null,0,null,0,null,0,null,0,null,0,null,0,null,0,null,0,null,0,null,0]
["Válvulas para Redes de Saneamento",103532,"REGISTRO DE GAVETA DE FERRO FUNDIDO PARA REDE DE ÁGUA OU ESGOTO, DN 250 MM, JUNTA FLANGEADA. AF_12/2021","UN",0,null,0,null,0,null,0,null,0,null,0,null,0,null,0,null,0,null,0,null,0,null,0,null,0,null,0,null,0,null,0,null,0,null,0,null,0,null,0,null,0,null,0,null,0,null,0,null,0,null,0,null,0]
["Válvulas para Redes de Saneamento",103533,"REGISTRO DE GAVETA DE FERRO FUNDIDO PARA REDE DE ÁGUA OU ESGOTO, DN 300 MM, JUNTA FLANGEADA. AF_12/2021","UN",0,null,0,null,0,null,0,null,0,null,0,null,0,null,0,null,0,null,0,null,0,null,0,null,0,null,0,null,0,null,0,null,0,null,0,null,0,null,0,null,0,null,0,null,0,null,0,null,0,null,0,null,0]
["Válvulas para Redes de Saneamento",103534,"REGISTRO DE GAVETA DE FERRO FUNDIDO PARA REDE DE ÁGUA OU ESGOTO, DN 350 MM, JUNTA FLANGEADA. AF_12/2021","UN",0,null,0,null,0,null,0,null,0,null,0,null,0,null,0,null,0,null,0,null,0,null,0,null,0,null,0,null,0,null,0,null,0,null,0,null,0,null,0,null,0,null,0,null,0,null,0,null,0,null,0,null,0]
["Válvulas para Redes de Saneamento",103535,"REGISTRO DE GAVETA DE FERRO FUNDIDO PARA REDE DE ÁGUA OU ESGOTO, DN 400 MM, JUNTA FLANGEADA. AF_12/2021","UN",0,null,0,null,0,null,0,null,0,null,0,null,0,null,0,null,0,null,0,null,0,null,0,null,0,null,0,null,0,null,0,null,0,null,0,null,0,null,0,null,0,null,0,null,0,null,0,null,0,null,0,null,0]
["Válvulas para Redes de Saneamento",103527,"REGISTRO DE GAVETA DE FERRO FUNDIDO PARA REDE DE ÁGUA OU ESGOTO, DN 50 MM, JUNTA FLANGEADA. AF_12/2021","UN",0,null,0,null,0,null,0,null,0,null,0,null,0,null,0,null,0,null,0,null,0,null,0,null,0,null,0,null,0,null,0,null,0,null,0,null,0,null,0,null,0,null,0,null,0,null,0,null,0,null,0,null,0]
["Válvulas para Redes de Saneamento",103536,"REGISTRO DE GAVETA DE FERRO FUNDIDO PARA REDE DE ÁGUA OU ESGOTO, DN 500 MM, JUNTA FLANGEADA. AF_12/2021","UN",0,null,0,null,0,null,0,null,0,null,0,null,0,null,0,null,0,null,0,null,0,null,0,null,0,null,0,null,0,null,0,null,0,null,0,null,0,null,0,null,0,null,0,null,0,null,0,null,0,null,0,null,0]
["Válvulas para Redes de Saneamento",103528,"REGISTRO DE GAVETA DE FERRO FUNDIDO PARA REDE DE ÁGUA OU ESGOTO, DN 80 MM, JUNTA FLANGEADA. AF_12/2021","UN",0,null,0,null,0,null,0,null,0,null,0,null,0,null,0,null,0,null,0,null,0,null,0,null,0,null,0,null,0,null,0,null,0,null,0,null,0,null,0,null,0,null,0,null,0,null,0,null,0,null,0,null,0]
["Válvulas para Redes de Saneamento",103541,"VÁLVULA DE RETENÇÃO DE FERRO FUNDIDO PARA REDE DE ÁGUA OU ESGOTO, COM FLANGES, DN 200 MM, JUNTA FLANGEADA. AF_12/2021","UN",0,null,0,null,0,null,0,null,0,null,0,null,0,null,0,null,0,null,0,null,0,null,0,null,0,null,0,null,0,null,0,null,0,null,0,null,0,null,0,null,0,null,0,null,0,null,0,null,0,null,0,null,0]
["Válvulas para Redes de Saneamento",103539,"VÁLVULA DE RETENÇÃO DE FERRO FUNDIDO PARA REDE DE ÁGUA OU ESGOTO, DN 100 MM, JUNTA FLANGEADA. AF_12/2021","UN",0,null,0,null,0,null,0,null,0,null,0,null,0,null,0,null,0,null,0,null,0,null,0,null,0,null,0,null,0,null,0,null,0,null,0,null,0,null,0,null,0,null,0,null,0,null,0,null,0,null,0,null,0]
["Válvulas para Redes de Saneamento",103540,"VÁLVULA DE RETENÇÃO DE FERRO FUNDIDO PARA REDE DE ÁGUA OU ESGOTO, DN 150 MM, JUNTA FLANGEADA. AF_12/2021","UN",0,null,0,null,0,null,0,null,0,null,0,null,0,null,0,null,0,null,0,null,0,null,0,null,0,null,0,null,0,null,0,null,0,null,0,null,0,null,0,null,0,null,0,null,0,null,0,null,0,null,0,null,0]
["Válvulas para Redes de Saneamento",103542,"VÁLVULA DE RETENÇÃO DE FERRO FUNDIDO PARA REDE DE ÁGUA OU ESGOTO, DN 250 MM, JUNTA FLANGEADA. AF_12/2021","UN",0,null,0,null,0,null,0,null,0,null,0,null,0,null,0,null,0,null,0,null,0,null,0,null,0,null,0,null,0,null,0,null,0,null,0,null,0,null,0,null,0,null,0,null,0,null,0,null,0,null,0,null,0]
["Válvulas para Redes de Saneamento",103543,"VÁLVULA DE RETENÇÃO DE FERRO FUNDIDO PARA REDE DE ÁGUA OU ESGOTO, DN 300 MM, JUNTA FLANGEADA. AF_12/2021","UN",0,null,0,null,0,null,0,null,0,null,0,null,0,null,0,null,0,null,0,null,0,null,0,null,0,null,0,null,0,null,0,null,0,null,0,null,0,null,0,null,0,null,0,null,0,null,0,null,0,null,0,null,0]
["Válvulas para Redes de Saneamento",103544,"VÁLVULA DE RETENÇÃO DE FERRO FUNDIDO PARA REDE DE ÁGUA OU ESGOTO, DN 350 MM, JUNTA FLANGEADA. AF_12/2021","UN",0,null,0,null,0,null,0,null,0,null,0,null,0,null,0,null,0,null,0,null,0,null,0,null,0,null,0,null,0,null,0,null,0,null,0,null,0,null,0,null,0,null,0,null,0,null,0,null,0,null,0,null,0]
["Válvulas para Redes de Saneamento",103545,"VÁLVULA DE RETENÇÃO DE FERRO FUNDIDO PARA REDE DE ÁGUA OU ESGOTO, DN 400 MM, JUNTA FLANGEADA. AF_12/2021","UN",0,null,0,null,0,null,0,null,0,null,0,null,0,null,0,null,0,null,0,null,0,null,0,null,0,null,0,null,0,null,0,null,0,null,0,null,0,null,0,null,0,null,0,null,0,null,0,null,0,null,0,null,0]
["Válvulas para Redes de Saneamento",103537,"VÁLVULA DE RETENÇÃO DE FERRO FUNDIDO PARA REDE DE ÁGUA OU ESGOTO, DN 50 MM, JUNTA FLANGEADA. AF_12/2021","UN",0,null,0,null,0,null,0,null,0,null,0,null,0,null,0,null,0,null,0,null,0,null,0,null,0,null,0,null,0,null,0,null,0,null,0,null,0,null,0,null,0,null,0,null,0,null,0,null,0,null,0,null,0]
["Válvulas para Redes de Saneamento",103546,"VÁLVULA DE RETENÇÃO DE FERRO FUNDIDO PARA REDE DE ÁGUA OU ESGOTO, DN 500 MM, JUNTA FLANGEADA. AF_12/2021","UN",0,null,0,null,0,null,0,null,0,null,0,null,0,null,0,null,0,null,0,null,0,null,0,null,0,null,0,null,0,null,0,null,0,null,0,null,0,null,0,null,0,null,0,null,0,null,0,null,0,null,0,null,0]
["Válvulas para Redes de Saneamento",103538,"VÁLVULA DE RETENÇÃO DE FERRO FUNDIDO PARA REDE DE ÁGUA OU ESGOTO, DN 80 MM, JUNTA FLANGEADA. AF_12/2021","UN",0,null,0,null,0,null,0,null,0,null,0,null,0,null,0,null,0,null,0,null,0,null,0,null,0,null,0,null,0,null,0,null,0,null,0,null,0,null,0,null,0,null,0,null,0,null,0,null,0,null,0,null,0]
["Válvulas para Redes de Saneamento",103549,"VÁLVULA REDUTORA DE PRESSÃO DE FERRO FUNDIDO PARA REDE DE ÁGUA, DN 100 MM, JUNTA FLANGEADA. AF_12/2021","UN",0,null,0,null,0,null,0,null,0,null,0,null,0,null,0,null,0,null,0,null,0,null,0,null,0,null,0,null,0,null,0,null,0,null,0,null,0,null,0,null,0,null,0,null,0,null,0,null,0,null,0,null,0]
["Válvulas para Redes de Saneamento",103550,"VÁLVULA REDUTORA DE PRESSÃO DE FERRO FUNDIDO PARA REDE DE ÁGUA, DN 150 MM, JUNTA FLANGEADA. AF_12/2021","UN",0,null,0,null,0,null,0,null,0,null,0,null,0,null,0,null,0,null,0,null,0,null,0,null,0,null,0,null,0,null,0,null,0,null,0,null,0,null,0,null,0,null,0,null,0,null,0,null,0,null,0,null,0]
["Válvulas para Redes de Saneamento",103551,"VÁLVULA REDUTORA DE PRESSÃO DE FERRO FUNDIDO PARA REDE DE ÁGUA, DN 200 MM, JUNTA FLANGEADA. AF_12/2021","UN",0,null,0,null,0,null,0,null,0,null,0,null,0,null,0,null,0,null,0,null,0,null,0,null,0,null,0,null,0,null,0,null,0,null,0,null,0,null,0,null,0,null,0,null,0,null,0,null,0,null,0,null,0]
["Válvulas para Redes de Saneamento",103552,"VÁLVULA REDUTORA DE PRESSÃO DE FERRO FUNDIDO PARA REDE DE ÁGUA, DN 250 MM, JUNTA FLANGEADA. AF_12/2021","UN",0,null,0,null,0,null,0,null,0,null,0,null,0,null,0,null,0,null,0,null,0,null,0,null,0,null,0,null,0,null,0,null,0,null,0,null,0,null,0,null,0,null,0,null,0,null,0,null,0,null,0,null,0]
["Válvulas para Redes de Saneamento",103553,"VÁLVULA REDUTORA DE PRESSÃO DE FERRO FUNDIDO PARA REDE DE ÁGUA, DN 300 MM, JUNTA FLANGEADA. AF_12/2021","UN",0,null,0,null,0,null,0,null,0,null,0,null,0,null,0,null,0,null,0,null,0,null,0,null,0,null,0,null,0,null,0,null,0,null,0,null,0,null,0,null,0,null,0,null,0,null,0,null,0,null,0,null,0]
["Válvulas para Redes de Saneamento",103554,"VÁLVULA REDUTORA DE PRESSÃO DE FERRO FUNDIDO PARA REDE DE ÁGUA, DN 350 MM, JUNTA FLANGEADA. AF_12/2021","UN",0,null,0,null,0,null,0,null,0,null,0,null,0,null,0,null,0,null,0,null,0,null,0,null,0,null,0,null,0,null,0,null,0,null,0,null,0,null,0,null,0,null,0,null,0,null,0,null,0,null,0,null,0]
["Válvulas para Redes de Saneamento",103555,"VÁLVULA REDUTORA DE PRESSÃO DE FERRO FUNDIDO PARA REDE DE ÁGUA, DN 400 MM, JUNTA FLANGEADA. AF_12/2021","UN",0,null,0,null,0,null,0,null,0,null,0,null,0,null,0,null,0,null,0,null,0,null,0,null,0,null,0,null,0,null,0,null,0,null,0,null,0,null,0,null,0,null,0,null,0,null,0,null,0,null,0,null,0]
["Válvulas para Redes de Saneamento",103547,"VÁLVULA REDUTORA DE PRESSÃO DE FERRO FUNDIDO PARA REDE DE ÁGUA, DN 50 MM, JUNTA FLANGEADA. AF_12/2021","UN",0,null,0,null,0,null,0,null,0,null,0,null,0,null,0,null,0,null,0,null,0,null,0,null,0,null,0,null,0,null,0,null,0,null,0,null,0,null,0,null,0,null,0,null,0,null,0,null,0,null,0,null,0]
["Válvulas para Redes de Saneamento",103556,"VÁLVULA REDUTORA DE PRESSÃO DE FERRO FUNDIDO PARA REDE DE ÁGUA, DN 500 MM, JUNTA FLANGEADA. AF_12/2021","UN",0,null,0,null,0,null,0,null,0,null,0,null,0,null,0,null,0,null,0,null,0,null,0,null,0,null,0,null,0,null,0,null,0,null,0,null,0,null,0,null,0,null,0,null,0,null,0,null,0,null,0,null,0]
["Válvulas para Redes de Saneamento",103548,"VÁLVULA REDUTORA DE PRESSÃO DE FERRO FUNDIDO PARA REDE DE ÁGUA, DN 80 MM, JUNTA FLANGEADA. AF_12/2021","UN",0,null,0,null,0,null,0,null,0,null,0,null,0,null,0,null,0,null,0,null,0,null,0,null,0,null,0,null,0,null,0,null,0,null,0,null,0,null,0,null,0,null,0,null,0,null,0,null,0,null,0,null,0]

{"sheet":"ICD","index":16,"n_rows":4903,"n_cols":32,"rows_kept":2250,"cut":true,"hidden":true,"merged":[],"bounds":{"rows_first":1000,"rows_last":250,"rows_between":1000,"halvings":1}}
["SINAPI - Sistema Nacional de Pesquisa de Custos e Índices da Construção Civil"]
["RELATÓRIO DE PREÇOS DE INSUMOS - ENCARGOS SOCIAIS COM DESONERAÇÃO"]
["Mês de Referência:","08/2025",null,null,"Encargos sociais sobre a mão de obra:"]
["Data de emissão:","10/09/2025",null,null,"(COM DESONERAÇÃO)","AC","AL","AM","AP","BA","CE","DF","ES","GO","MA","MG","MS","MT","PA","PB","PE","PI","PR","RJ","RN","RO","RR","RS","SC","SE","SP","TO"]
[{"$nulls":4},"Localidade","RIO BRANCO","MACEIO","MANAUS","MACAPA","SALVADOR","FORTALEZA","BRASILIA","VITORIA","GOIANIA","SAO LUIS","BELO HORIZONTE","CAMPO GRANDE","CUIABA","BELEM","JOAO PESSOA","RECIFE","TERESINA","CURITIBA","RIO DE JANEIRO","NATAL","PORTO VELHO","BOA VISTA","PORTO ALEGRE","FLORIANOPOLIS","ARACAJU","SAO PAULO","PALMAS"]
["Origem de preço:","C = COLETADO","CR = COEFICIENTE DE REPRESENTATIVIDADE",null,"Horista",0.9163,0.91669999999999996,0.90869999999999995,0.91049999999999998,0.92659999999999998,0.92169999999999996,0.88170000000000004,0.9405,0.87819999999999998,0.90080000000000005,0.93830000000000002,0.8639,0.85650000000000004,0.95,0.91010000000000002,0.9123,0.90659999999999996,0.9345,0.9083,0.92090000000000005,0.95369999999999999,0.9385,0.9022,0.9254,0.89149999999999996,0.92700000000000005,0.89700000000000002]
["Preço em branco para determinado estado significa que não houve coleta mínima de preços no mês de referência",null,null,null,"Mensalista",0.5212,0.52049999999999996,0.52149999999999996,0.5081,0.53049999999999997,0.53500000000000003,0.52390000000000003,0.54710000000000003,0.50319999999999998,0.5202,0.55489999999999995,0.47920000000000001,0.4869,0.53449999999999998,0.51839999999999997,0.52090000000000003,0.52900000000000003,0.54200000000000004,0.52429999999999999,0.52480000000000004,0.54039999999999999,0.5343,0.51859999999999995,0.53410000000000002,0.51939999999999997,0.53380000000000005,0.51160000000000005]
[]
["Acessar Fichas de Especificação Técnico dos Insumos",null,null,null,"Preços Medianos (R$):"]
["Classificação","Código do\nInsumo","Descrição do Insumo","Unidade","Origem de\nPreço","AC","AL","AM","AP","BA","CE","DF","ES","GO","MA","MG","MS","MT","PA","PB","PE","PI","PR","RJ","RN","RO","RR","RS","SC","SE","SP","TO"]
["SERVIÇOS",45333,"ABERTURA PARA ENCAIXE DE CUBA OU LAVATORIO EM BANCADA DE MARMORE/ GRANITO OU OUTRO TIPO DE PEDRA NATURAL","UN","CR",302.08,174.53,207.9,191.91,113.72,135.16999999999999,139.41,55.08,198.85,236.93,115.49,213.23,142.15,177.69,159.91999999999999,186.58,177.69,152.82,177.69,null,169.8,null,222.92,213.23,114.51,189.89]
["MATERIAL",11270,"ABRACADEIRA DE LATAO PARA FIXACAO DE CABO PARA-RAIO, DIMENSOES 32 X 24 X 24 MM","UN","CR",null,2.58,null,3.48,3,3.6,{"$nulls":4},3.33,2.91,2.58,3.3,null,4.05,null,2.36,3.48,null,3,null,null,3.24,null,2.64]
["MATERIAL",412,"ABRACADEIRA DE NYLON PARA AMARRACAO DE CABOS, COMPRIMENTO DE *230* X *7,6* MM","UN","CR",1.18,0.77,1.18,0.92,0.97,0.87,1.08,1.33,0.87,0.97,1.08,1.54,1.49,1.38,0.92,1.18,1.28,1.02,0.97,1.02,0.82,null,1.1299999999999999,1.02,0.72,1.1299999999999999,0.97]
["MATERIAL",414,"ABRACADEIRA DE NYLON PARA AMARRACAO DE CABOS, COMPRIMENTO DE 100 X 2,5 MM","UN","CR",7.0000000000000007E-2,0.04,7.0000000000000007E-2,0.05,0.06,0.05,0.06,0.08,0.05,0.06,0.06,0.09,0.09,0.08,0.05,7.0000000000000007E-2,0.08,0.06,0.06,0.06,0.05,null,7.0000000000000007E-2,0.06,0.04,7.0000000000000007E-2,0.06]
["MATERIAL",410,"ABRACADEIRA DE NYLON PARA AMARRACAO DE CABOS, COMPRIMENTO DE 150 X *3,6* MM","UN","CR",0.18,0.11,0.18,0.14000000000000001,0.15,0.13,0.16,0.2,0.13,0.15,0.16,0.23,0.23,0.21,0.14000000000000001,0.18,0.19,0.15,0.15,0.15,0.12,null,0.17,0.15,0.11,0.17,0.15]
["MATERIAL",411,"ABRACADEIRA DE NYLON PARA AMARRACAO DE CABOS, COMPRIMENTO DE 200 X *4,6* MM","UN","C",0.23,0.15,0.23,0.18,0.19,0.17,0.21,0.26,0.17,0.19,0.21,0.3,0.28999999999999998,0.27,0.18,0.23,0.25,0.2,0.19,0.2,0.16,null,0.22,0.2,0.14000000000000001,0.22,0.19]
["MATERIAL",408,"ABRACADEIRA DE NYLON PARA AMARRACAO DE CABOS, COMPRIMENTO DE 390 X *4,6* MM","UN","CR",1.1399999999999999,0.74,1.1399999999999999,0.89,0.94,0.84,1.04,1.29,0.84,0.94,1.04,1.48,1.44,1.34,0.89,1.1399999999999999,1.24,0.99,0.94,0.99,0.79,null,1.0900000000000001,0.99,0.69,1.0900000000000001,0.94]
["MATERIAL",39131,"ABRACADEIRA EM ACO PARA AMARRACAO DE ELETRODUTOS, TIPO D, COM 1 1/2\" E CUNHA DE FIXACAO","UN","CR",4.59,3.38,5.95,6.77,3.88,7.14,3.77,3.74,2.63,5.2,3.18,5.82,4.1500000000000004,4.22,4.42,4.93,5.0999999999999996,4.34,4.3899999999999997,4.93,6.12,5,4.8600000000000003,2.14,2.8,3.35,4.78]
["MATERIAL",394,"ABRACADEIRA EM ACO PARA AMARRACAO DE ELETRODUTOS, TIPO D, COM 1 1/2\" E PARAFUSO DE FIXACAO","UN","CR",4.6500000000000004,3.42,6.03,6.85,3.92,7.23,3.82,3.79,2.67,5.27,3.22,5.89,4.2,4.2699999999999996,4.4800000000000004,4.99,5.17,4.3899999999999997,4.4400000000000004,4.99,6.2,5.0599999999999996,4.92,2.17,2.84,3.39,4.84]
["MATERIAL",39130,"ABRACADEIRA EM ACO PARA AMARRACAO DE ELETRODUTOS, TIPO D, COM 1 1/4\" E CUNHA DE FIXACAO","UN","CR",4.1900000000000004,3.09,5.43,6.18,3.54,6.52,3.44,3.41,2.4,4.75,2.9,5.31,3.78,3.85,4.03,4.5,4.6500000000000004,3.96,4,4.5,5.59,4.5599999999999996,4.4400000000000004,1.95,2.56,3.05,4.3600000000000003]
["MATERIAL",395,"ABRACADEIRA EM ACO PARA AMARRACAO DE ELETRODUTOS, TIPO D, COM 1 1/4\" E PARAFUSO DE FIXACAO","UN","CR",4.4800000000000004,3.3,5.8,6.6,3.78,6.97,3.68,3.65,2.57,5.07,3.1,5.67,4.04,4.1100000000000003,4.3099999999999996,4.8099999999999996,4.97,4.2300000000000004,4.28,4.8099999999999996,5.97,4.87,4.74,2.09,2.73,3.26,4.66]
["MATERIAL",39129,"ABRACADEIRA EM ACO PARA AMARRACAO DE ELETRODUTOS, TIPO D, COM 1\" E CUNHA DE FIXACAO","UN","CR",2.58,1.9,3.35,3.81,2.1800000000000002,4.0199999999999996,2.12,2.1,1.48,2.92,1.79,3.27,2.33,2.37,2.48,2.77,2.87,2.44,2.4700000000000002,2.77,3.44,2.81,2.73,1.2,1.57,1.88,2.69]
["MATERIAL",393,"ABRACADEIRA EM ACO PARA AMARRACAO DE ELETRODUTOS, TIPO D, COM 1\" E PARAFUSO DE FIXACAO","UN","C",2.7,1.99,3.5,3.98,2.2799999999999998,4.2,2.2200000000000002,2.2000000000000002,1.55,3.06,1.87,3.42,2.44,2.48,2.6,2.9,3,2.5499999999999998,2.58,2.9,3.6,2.94,2.86,1.26,1.65,1.97,2.81]
["MATERIAL",39127,"ABRACADEIRA EM ACO PARA AMARRACAO DE ELETRODUTOS, TIPO D, COM 1/2\" E CUNHA DE FIXACAO","UN","CR",2.21,1.63,2.86,3.26,1.86,3.44,1.81,1.8,1.26,2.5,1.53,2.8,1.99,2.0299999999999998,2.12,2.37,2.4500000000000002,2.08,2.11,2.37,2.94,2.4,2.34,1.03,1.35,1.61,2.2999999999999998]
["MATERIAL",392,"ABRACADEIRA EM ACO PARA AMARRACAO DE ELETRODUTOS, TIPO D, COM 1/2\" E PARAFUSO DE FIXACAO","UN","CR",2.2599999999999998,1.67,2.94,3.34,1.91,3.52,1.86,1.84,1.3,2.57,1.57,2.87,2.0499999999999998,2.08,2.1800000000000002,2.4300000000000002,2.52,2.14,2.16,2.4300000000000002,3.02,2.4700000000000002,2.4,1.05,1.38,1.65,2.36]
["MATERIAL",39133,"ABRACADEIRA EM ACO PARA AMARRACAO DE ELETRODUTOS, TIPO D, COM 2 1/2\" E CUNHA DE FIXACAO","UN","CR",6.03,4.4400000000000004,7.81,8.89,5.09,9.3800000000000008,4.95,4.91,3.46,6.83,4.17,7.64,5.45,5.54,5.8,6.47,6.7,5.69,5.76,6.47,8.0399999999999991,6.56,6.38,2.81,3.68,4.4000000000000004,6.27]
["MATERIAL",397,"ABRACADEIRA EM ACO PARA AMARRACAO DE ELETRODUTOS, TIPO D, COM 2 1/2\" E PARAFUSO DE FIXACAO","UN","CR",6.66,4.91,8.6300000000000008,9.82,5.62,10.36,5.47,5.42,3.82,7.55,4.6100000000000003,8.44,6.02,6.12,6.41,7.15,7.4,6.29,6.36,7.15,8.8800000000000008,7.25,7.05,3.1,4.07,4.8600000000000003,6.93]
["MATERIAL",39132,"ABRACADEIRA EM ACO PARA AMARRACAO DE ELETRODUTOS, TIPO D, COM 2\" E CUNHA DE FIXACAO","UN","CR",4.82,3.55,6.25,7.11,4.07,7.5,3.96,3.93,2.77,5.46,3.34,6.11,4.3600000000000003,4.43,4.6399999999999997,5.18,5.36,4.55,4.6100000000000003,5.18,6.43,5.25,5.1100000000000003,2.25,2.94,3.52,5.0199999999999996]
["MATERIAL",396,"ABRACADEIRA EM ACO PARA AMARRACAO DE ELETRODUTOS, TIPO D, COM 2\" E PARAFUSO DE FIXACAO","UN","CR",5.17,3.81,6.7,7.62,4.3600000000000003,8.0399999999999991,4.25,4.21,2.96,5.85,3.58,6.54,4.67,4.74,4.97,5.55,5.74,4.88,4.9400000000000004,5.55,6.89,5.62,5.47,2.41,3.15,3.77,5.38]
["MATERIAL",39135,"ABRACADEIRA EM ACO PARA AMARRACAO DE ELETRODUTOS, TIPO D, COM 3 1/2\" E CUNHA DE FIXACAO","UN","CR",9.65,7.11,12.51,14.22,8.14,15.01,7.93,7.86,5.54,10.93,6.68,12.22,8.7200000000000006,8.86,9.2899999999999991,10.36,10.72,9.11,9.2200000000000006,10.36,12.86,10.5,10.220000000000001,4.5,5.89,7.04,10.039999999999999]
["MATERIAL",39134,"ABRACADEIRA EM ACO PARA AMARRACAO DE ELETRODUTOS, TIPO D, COM 3\" E CUNHA DE FIXACAO","UN","CR",8.0399999999999991,5.92,10.42,11.85,6.79,12.51,6.61,6.55,4.6100000000000003,9.11,5.57,10.18,7.26,7.38,7.74,8.6300000000000008,8.93,7.59,7.68,8.6300000000000008,10.72,8.75,8.51,3.75,4.91,5.86,8.3699999999999992]
["MATERIAL",398,"ABRACADEIRA EM ACO PARA AMARRACAO DE ELETRODUTOS, TIPO D, COM 3\" E PARAFUSO DE FIXACAO","UN","CR",7.41,5.46,9.6,10.92,6.25,11.52,6.09,6.03,4.25,8.39,5.13,9.3800000000000008,6.69,6.8,7.13,7.95,8.23,6.99,7.08,7.95,9.8800000000000008,8.06,7.84,3.45,4.5199999999999996,5.4,7.71]
["MATERIAL",39128,"ABRACADEIRA EM ACO PARA AMARRACAO DE ELETRODUTOS, TIPO D, COM 3/4\" E CUNHA DE FIXACAO","UN","CR",2.41,1.77,3.12,3.55,2.0299999999999998,3.75,1.98,1.96,1.38,2.73,1.67,3.05,2.1800000000000002,2.21,2.3199999999999998,2.59,2.68,2.27,2.2999999999999998,2.59,3.21,2.62,2.5499999999999998,1.1200000000000001,1.47,1.76,2.5099999999999998]
["MATERIAL",400,"ABRACADEIRA EM ACO PARA AMARRACAO DE ELETRODUTOS, TIPO D, COM 3/4\" E PARAFUSO DE FIXACAO","UN","CR",2.35,1.73,3.05,3.47,1.98,3.66,1.93,1.91,1.35,2.66,1.63,2.98,2.12,2.16,2.2599999999999998,2.52,2.61,2.2200000000000002,2.25,2.52,3.14,2.56,2.4900000000000002,1.0900000000000001,1.43,1.71,2.4500000000000002]
["MATERIAL",39125,"ABRACADEIRA EM ACO PARA AMARRACAO DE ELETRODUTOS, TIPO D, COM 3/8\" E PARAFUSO DE FIXACAO","UN","CR",2.41,1.77,3.12,3.55,2.0299999999999998,3.75,1.98,1.96,1.38,2.73,1.67,3.05,2.1800000000000002,2.21,2.3199999999999998,2.59,2.68,2.27,2.2999999999999998,2.59,3.21,2.62,2.5499999999999998,1.1200000000000001,1.47,1.76,2.5099999999999998]
["MATERIAL",39126,"ABRACADEIRA EM ACO PARA AMARRACAO DE ELETRODUTOS, TIPO D, COM 4\" E CUNHA DE FIXACAO","UN","CR",10.85,8,14.07,16,9.16,16.88,8.92,8.84,6.23,12.3,7.51,13.75,9.81,9.9700000000000006,10.45,11.66,12.06,10.25,10.37,11.66,14.47,11.82,11.5,5.0599999999999996,6.63,7.92,11.29]
["MATERIAL",399,"ABRACADEIRA EM ACO PARA AMARRACAO DE ELETRODUTOS, TIPO D, COM 4\" E PARAFUSO DE FIXACAO","UN","CR",9.56,7.04,12.39,14.09,8.07,14.87,7.86,7.79,5.49,10.84,6.62,12.11,8.64,8.7799999999999994,9.2100000000000009,10.27,10.62,9.0299999999999994,9.1300000000000008,10.27,12.75,10.41,10.130000000000001,4.46,5.84,6.97,9.9499999999999993]
["MATERIAL",39158,"ABRACADEIRA EM ACO PARA AMARRACAO DE ELETRODUTOS, TIPO ECONOMICA (GOTA), COM 8\"","UN","CR",25.67,18.920000000000002,33.28,37.85,21.68,39.94,21.11,20.92,14.74,29.1,17.78,32.520000000000003,23.2,23.58,24.72,27.58,28.53,24.25,24.53,27.58,34.229999999999997,27.96,27.2,11.98,15.69,18.73,26.72]
["MATERIAL",39141,"ABRACADEIRA EM ACO PARA AMARRACAO DE ELETRODUTOS, TIPO U SIMPLES, COM 1 1/2\"","UN","CR",1.86,1.37,2.42,2.75,1.57,2.9,1.53,1.52,1.07,2.11,1.29,2.36,1.68,1.71,1.79,2,2.0699999999999998,1.76,1.78,2,2.48,2.0299999999999998,1.97,0.87,1.1399999999999999,1.36,1.94]
["MATERIAL",39140,"ABRACADEIRA EM ACO PARA AMARRACAO DE ELETRODUTOS, TIPO U SIMPLES, COM 1 1/4\"","UN","CR",1.69,1.24,2.19,2.4900000000000002,1.43,2.63,1.39,1.38,0.97,1.92,1.17,2.14,1.53,1.55,1.63,1.82,1.88,1.6,1.61,1.82,2.25,1.84,1.79,0.79,1.03,1.23,1.76]
["MATERIAL",39139,"ABRACADEIRA EM ACO PARA AMARRACAO DE ELETRODUTOS, TIPO U SIMPLES, COM 1\"","UN","CR",1.4,1.03,1.82,2.0699999999999998,1.18,2.1800000000000002,1.1499999999999999,1.1399999999999999,0.8,1.59,0.97,1.78,1.27,1.29,1.35,1.51,1.56,1.32,1.34,1.51,1.87,1.53,1.49,0.65,0.86,1.02,1.46]
["MATERIAL",39137,"ABRACADEIRA EM ACO PARA AMARRACAO DE ELETRODUTOS, TIPO U SIMPLES, COM 1/2\"","UN","CR",0.97,0.71,1.26,1.43,0.82,1.51,0.8,0.79,0.56000000000000005,1.1000000000000001,0.67,1.23,0.88,0.89,0.94,1.04,1.08,0.92,0.93,1.04,1.3,1.06,1.03,0.45,0.59,0.71,1.01]
["MATERIAL",39143,"ABRACADEIRA EM ACO PARA AMARRACAO DE ELETRODUTOS, TIPO U SIMPLES, COM 2 1/2\"","UN","CR",3.84,2.83,4.9800000000000004,5.67,3.25,5.98,3.16,3.13,2.2000000000000002,4.3600000000000003,2.66,4.87,3.47,3.53,3.7,4.13,4.2699999999999996,3.63,3.67,4.13,5.13,4.1900000000000004,4.07,1.79,2.35,2.8,4]
["MATERIAL",39142,"ABRACADEIRA EM ACO PARA AMARRACAO DE ELETRODUTOS, TIPO U SIMPLES, COM 2\"","UN","CR",2.75,2.0299999999999998,3.57,4.0599999999999996,2.3199999999999998,4.28,2.2599999999999998,2.2400000000000002,1.58,3.12,1.9,3.49,2.4900000000000002,2.5299999999999998,2.65,2.96,3.06,2.6,2.63,2.96,3.67,3,2.92,1.28,1.68,2.0099999999999998,2.86]
["MATERIAL",39144,"ABRACADEIRA EM ACO PARA AMARRACAO DE ELETRODUTOS, TIPO U SIMPLES, COM 3\"","UN","CR",4.4800000000000004,3.3,5.8,6.6,3.78,6.97,3.68,3.65,2.57,5.07,3.1,5.67,4.04,4.1100000000000003,4.3099999999999996,4.8099999999999996,4.97,4.2300000000000004,4.28,4.8099999999999996,5.97,4.87,4.74,2.09,2.73,3.26,4.66]
["MATERIAL",39138,"ABRACADEIRA EM ACO PARA AMARRACAO DE ELETRODUTOS, TIPO U SIMPLES, COM 3/4\"","UN","CR",1.03,0.76,1.34,1.52,0.87,1.6,0.85,0.84,0.59,1.17,0.71,1.3,0.93,0.94,0.99,1.1100000000000001,1.1399999999999999,0.97,0.98,1.1100000000000001,1.37,1.1200000000000001,1.0900000000000001,0.48,0.63,0.75,1.07]
["MATERIAL",39136,"ABRACADEIRA EM ACO PARA AMARRACAO DE ELETRODUTOS, TIPO U SIMPLES, COM 3/8\"","UN","CR",0.68,0.5,0.89,1.01,0.57999999999999996,1.07,0.56000000000000005,0.56000000000000005,0.39,0.78,0.47,0.87,0.62,0.63,0.66,0.74,0.76,0.65,0.65,0.74,0.91,0.75,0.73,0.32,0.42,0.5,0.71]
["MATERIAL",39145,"ABRACADEIRA EM ACO PARA AMARRACAO DE ELETRODUTOS, TIPO U SIMPLES, COM 4\"","UN","CR",7.38,5.44,9.56,10.88,6.23,11.48,6.06,6.01,4.2300000000000004,8.36,5.1100000000000003,9.35,6.67,6.78,7.1,7.92,8.1999999999999993,6.97,7.05,7.92,9.84,8.0299999999999994,7.81,3.44,4.51,5.38,7.68]
["MATERIAL",12615,"ABRACADEIRA PVC, PARA CALHA PLUVIAL, DIAMETRO ENTRE *80 E 100* MM, PARA DRENAGEM PLUVIAL PREDIAL","UN","CR",13.85,12.32,11.06,9.1,11.18,12.58,12.59,16.37,13.58,11.26,13.14,13.72,13.09,12.88,11.2,10.07,11.68,12.06,13.56,12.53,14.9,10.91,13.85,12.46,11.9,13.58,12.46]
["MATERIAL",11927,"ABRACADEIRA, GALVANIZADA/ZINCADA, ROSCA SEM FIM, PARAFUSO INOX, LARGURA FITA *12,6 A *14 MM, D = 2\" A 2 1/2\"","UN","CR",null,7.7,null,10.38,8.9499999999999993,10.74,{"$nulls":4},9.9499999999999993,8.6999999999999993,7.7,9.85,null,12.1,null,7.05,10.38,null,8.9499999999999993,null,null,9.67,null,7.88]
["MATERIAL",11928,"ABRACADEIRA, GALVANIZADA/ZINCADA, ROSCA SEM FIM, PARAFUSO INOX, LARGURA FITA *12,6 A *14 MM, D = 3\" A 3 3/4\"","UN","CR",null,8.82,null,11.9,10.26,12.31,{"$nulls":4},11.41,9.9700000000000006,8.82,11.28,null,13.87,null,8.08,11.9,null,10.26,null,null,11.08,null,9.02]
["MATERIAL",11929,"ABRACADEIRA, GALVANIZADA/ZINCADA, ROSCA SEM FIM, PARAFUSO INOX, LARGURA FITA *12,6 A *14 MM, D = 4\" A 4 3/4\"","UN","CR",null,13.64,null,18.399999999999999,15.86,19.04,{"$nulls":4},17.64,15.42,13.64,17.45,null,21.45,null,12.5,18.399999999999999,null,15.86,null,null,17.13,null,13.96]
["MATERIAL",36801,"ACABAMENTO DE METAL CROMADO PARA REGISTRO PEQUENO, DE PAREDE, 1/2\" OU 3/4\"","UN","CR",25.8,38.659999999999997,50.94,68.959999999999994,41.78,34.03,38.56,27.31,36.979999999999997,51.92,33.81,37.15,42.77,19.46,36.979999999999997,40.82,41.31,32.549999999999997,37.42,26.4,35.42,33.46,59.85,50.36,37.200000000000003,30.38,38.92]
["MATERIAL",36246,"ACABAMENTO SIMPLES/CONVENCIONAL PARA FORRO PVC, TIPO \"U\" OU \"C\", COR BRANCA, COMPRIMENTO 6 M","M","CR",2.93,5.74,3.25,4.16,3.7,null,3.11,3.72,3.39,4.01,3.93,5.24,4.08,4.09,3.82,4.08,4.5,4.91,5.72,4.09,4.4800000000000004,3.78,5.8,3.76,4.13,4.26,4.01]
["MATERIAL",37600,"ACESSORIO DE LIGACAO NAO ELETRICO PARA CARGAS EXPLOSIVAS, TUBO DE 6 M","UN","CR",{"$nulls":25},104.86]
["MATERIAL",37599,"ACESSORIO INICIADOR NAO ELETRICO, TUBO DE 6 M, TEMPO DE RETARDO DE *160* MS","UN","CR",{"$nulls":25},97.6]
["MATERIAL",1,"ACETILENO - RECARGA DE GAS PARA CILINDRO (NAO INCLUI TROCA/MANUTENCAO DO CILINDRO)","KG","C",null,122.89,null,null,152.5,91.85,null,95,73.33,null,78.88,100,130,null,94.44,null,null,100,{"$nulls":4},109.9,null,180,104.5]
["MATERIAL",3,"ACIDO CLORIDRICO / ACIDO MURIATICO, DILUICAO 10% A 12% PARA USO EM LIMPEZA","L","CR",18.5,16.100000000000001,15.19,15.94,16.010000000000002,18.21,13.65,15.19,17.100000000000001,16.690000000000001,20.99,13.81,16.47,16.7,14.72,26.48,24.24,16.5,17.64,19.7,17.46,19.13,20.27,16.7,22.63,17.16,17.41]
["MATERIAL",43054,"ACO CA-25, 10,0 MM, OU 12,5 MM, OU 16,0 MM, OU 20,0 MM, OU 25,0 MM, VERGALHAO","KG","CR",11.24,10.5,9.77,10.63,7.37,7.82,7.94,9.64,7.33,8.11,8.2100000000000009,8.76,8.83,8.15,8.1300000000000008,8.1300000000000008,7.39,8.5399999999999991,9.44,8.5399999999999991,10.59,9.43,9.25,7.99,9.18,6.7,7.49]
["MATERIAL",42402,"ACO CA-25, 16,0 MM, BARRA DE TRANSFERENCIA","KG","CR",10.74,10.039999999999999,9.34,10.16,7.04,7.48,7.58,9.2100000000000009,7,7.75,7.85,8.3699999999999992,8.44,7.79,7.77,7.77,7.06,8.17,9.02,8.17,10.119999999999999,9.01,8.84,7.63,8.77,6.4,7.16]
["MATERIAL",42403,"ACO CA-25, 20,0 MM, BARRA DE TRANSFERENCIA","KG","CR",13.78,12.88,11.98,13.03,9.0299999999999994,9.59,9.73,11.81,8.98,9.94,10.06,10.73,10.83,9.99,9.9700000000000006,9.9700000000000006,9.06,10.48,11.57,10.48,12.99,11.56,11.34,9.7899999999999991,11.25,8.2100000000000009,9.18]
["MATERIAL",42404,"ACO CA-25, 25,0 MM, BARRA DE TRANSFERENCIA","KG","CR",13.7,12.81,11.91,12.96,8.98,9.5399999999999991,9.68,11.75,8.93,9.89,10.01,10.67,10.77,9.93,9.92,9.92,9.01,10.42,11.51,10.42,12.91,11.49,11.28,9.74,11.19,8.16,9.1300000000000008]
["MATERIAL",42405,"ACO CA-25, 32,0 MM, BARRA DE TRANSFERENCIA","KG","CR",14.59,13.64,12.69,13.8,9.57,10.16,10.31,12.51,9.52,10.53,10.66,11.37,11.47,10.58,10.56,10.56,9.6,11.1,12.26,11.1,13.76,12.24,12.02,10.37,11.92,8.6999999999999993,9.73]
["MATERIAL",34341,"ACO CA-25, 32,0 MM, VERGALHAO","KG","CR",12.67,11.84,11.02,11.98,8.3000000000000007,8.82,8.9499999999999993,10.86,8.26,9.14,9.25,9.8699999999999992,9.9499999999999993,9.18,9.17,9.17,8.33,9.6300000000000008,10.64,9.6300000000000008,11.94,10.62,10.43,9,10.34,7.55,8.44]
["MATERIAL",43053,"ACO CA-25, 6,3 MM OU 8,0 MM, VERGALHAO","KG","CR",10.039999999999999,9.3800000000000008,8.73,9.49,6.58,6.99,7.09,8.61,6.55,7.24,7.33,7.82,7.89,7.28,7.27,7.27,6.6,7.63,8.43,7.63,9.4600000000000009,8.42,8.26,7.13,8.1999999999999993,5.98,6.69]
["MATERIAL",43058,"ACO CA-50, 10,0 MM, OU 12,5 MM, OU 16,0 MM, OU 20,0 MM, DOBRADO E CORTADO","KG","CR",10.41,9.73,9.0500000000000007,9.84,6.82,7.25,7.35,8.93,6.79,7.51,7.6,8.11,8.18,7.55,7.53,7.53,6.84,7.91,8.74,7.91,9.81,8.73,8.57,7.4,8.5,6.2,6.94]
["MATERIAL",34,"ACO CA-50, 10,0 MM, VERGALHAO","KG","CR",10.46,9.7799999999999994,9.1,9.89,6.86,7.28,7.39,8.9700000000000006,6.82,7.55,7.64,8.15,8.2200000000000006,7.58,7.57,7.57,6.88,7.95,8.7799999999999994,7.95,9.86,8.77,8.61,7.43,8.5399999999999991,6.23,6.97]
["MATERIAL",43055,"ACO CA-50, 12,5 MM OU 16,0 MM, VERGALHAO","KG","C",9.06,8.4700000000000006,7.88,8.57,5.94,6.31,6.4,7.77,5.91,6.54,6.62,7.06,7.12,6.57,6.56,6.56,5.96,6.89,7.61,6.89,8.5399999999999991,7.6,7.46,6.44,7.4,5.4,6.04]
["MATERIAL",43056,"ACO CA-50, 20,0 MM OU 25,0 MM, VERGALHAO","KG","CR",10.45,9.77,9.08,9.8800000000000008,6.85,7.27,7.38,8.9600000000000009,6.81,7.54,7.63,8.14,8.2100000000000009,7.57,7.56,7.56,6.87,7.94,8.77,7.94,9.85,8.76,8.6,7.42,8.5299999999999994,6.22,6.96]
["MATERIAL",43057,"ACO CA-50, 32,0 MM, VERGALHAO","KG","CR",11.48,10.73,9.98,10.86,7.52,7.99,8.11,9.84,7.49,8.2899999999999991,8.39,8.94,9.02,8.32,8.31,8.31,7.55,8.73,9.64,8.73,10.82,9.6300000000000008,9.4499999999999993,8.16,9.3800000000000008,6.84,7.65]
["MATERIAL",34449,"ACO CA-50, 6,3 MM, DOBRADO E CORTADO","KG","CR",12.27,11.47,10.67,11.61,8.0399999999999991,8.5399999999999991,8.67,10.52,8,8.86,8.9600000000000009,9.56,9.64,8.9,8.8800000000000008,8.8800000000000008,8.07,9.33,10.31,9.33,11.57,10.29,10.1,8.7200000000000006,10.02,7.31,8.18]
["MATERIAL",32,"ACO CA-50, 6,3 MM, VERGALHAO","KG","CR",11.03,10.31,9.6,10.44,7.23,7.68,7.79,9.4600000000000009,7.2,7.96,8.06,8.6,8.67,8,7.99,7.99,7.26,8.39,9.27,8.39,10.4,9.25,9.08,7.84,9.01,6.57,7.35]
["MATERIAL",33,"ACO CA-50, 8,0 MM, VERGALHAO","KG","CR",11.1,10.37,9.65,10.5,7.27,7.73,7.84,9.52,7.24,8.01,8.11,8.65,8.7200000000000006,8.0500000000000007,8.0299999999999994,8.0299999999999994,7.3,8.44,9.32,8.44,10.46,9.31,9.14,7.89,9.06,6.61,7.4]
["MATERIAL",43061,"ACO CA-60, 4,2 MM OU 5,0 MM, DOBRADO E CORTADO","KG","CR",10.37,9.69,9.02,9.81,6.8,7.22,7.32,8.89,6.76,7.48,7.58,8.08,8.15,7.52,7.51,7.51,6.82,7.88,8.7100000000000009,7.88,9.77,8.6999999999999993,8.5399999999999991,7.37,8.4700000000000006,6.18,6.91]
["MATERIAL",43059,"ACO CA-60, 4,2 MM, OU 5,0 MM, OU 6,0 MM, OU 7,0 MM, VERGALHAO","KG","CR",9.9,9.25,8.61,9.36,6.49,6.89,6.99,8.49,6.45,7.14,7.23,7.71,7.78,7.18,7.16,7.16,6.51,7.53,8.31,7.53,9.33,8.3000000000000007,8.15,7.03,8.08,5.9,6.6]
["MATERIAL",43062,"ACO CA-60, 6,0 MM OU 7,0 MM, DOBRADO E CORTADO","KG","CR",10.97,10.25,9.5399999999999991,10.38,7.19,7.64,7.75,9.41,7.15,7.92,8.01,8.5500000000000007,8.6199999999999992,7.95,7.94,7.94,7.21,8.34,9.2100000000000009,8.34,10.34,9.1999999999999993,9.0299999999999994,7.8,8.9600000000000009,6.54,7.31]
["MATERIAL",43060,"ACO CA-60, 8,0 MM OU 9,5 MM, VERGALHAO","KG","CR",8.6199999999999992,8.06,7.5,8.15,5.65,6,6.09,7.39,5.62,6.22,6.3,6.72,6.77,6.25,6.24,6.24,5.67,6.56,7.24,6.56,8.1300000000000008,7.23,7.1,6.13,7.04,5.14,5.75]
["MATERIAL",40410,"ACOPLAMENTO RIGIDO EM FERRO FUNDIDO PARA SISTEMA DE TUBULACAO RANHURADA, DN 50 MM (2\")","UN","C",{"$nulls":4},40,{"$nulls":20},20.49]
["MATERIAL",40411,"ACOPLAMENTO RIGIDO EM FERRO FUNDIDO PARA SISTEMA DE TUBULACAO RANHURADA, DN 65 MM (2 1/2\")","UN","CR",{"$nulls":4},43.41,{"$nulls":20},22.23]
["MATERIAL",40412,"ACOPLAMENTO RIGIDO EM FERRO FUNDIDO PARA SISTEMA DE TUBULACAO RANHURADA, DN 80 MM (3\")","UN","CR",{"$nulls":4},48.72,{"$nulls":20},24.95]
["MATERIAL",44254,"ADAPTADOR CPVC, ROSCAVEL, COM FLANGES E ANEL DE VEDACAO, 15 MM, CAIXA D'AGUA PARA AGUA QUENTE","UN","CR",32.79,null,null,null,28.76,28.1,28.73,35.43,28.68,null,31.46,36.1,31.95,28.9,null,32.549999999999997,null,30.09,28.1,26.63,34.119999999999997,null,34.51,24.89,null,30.04]
["MATERIAL",44255,"ADAPTADOR CPVC, ROSCAVEL, COM FLANGES E ANEL DE VEDACAO, 22 MM, CAIXA D'AGUA PARA AGUA QUENTE","UN","CR",36.35,null,null,null,31.87,31.15,31.85,39.270000000000003,31.79,null,34.869999999999997,40.020000000000003,35.409999999999997,32.03,null,36.08,null,33.35,31.15,29.52,37.82,null,38.25,27.59,null,33.29]
["MATERIAL",44256,"ADAPTADOR CPVC, ROSCAVEL, COM FLANGES E ANEL DE VEDACAO, 28 MM, CAIXA D'AGUA PARA AGUA QUENTE","UN","CR",41.05,null,null,null,36,35.18,35.97,44.35,35.909999999999997,null,39.39,45.2,39.99,36.18,null,40.75,null,37.659999999999997,35.18,33.340000000000003,42.72,null,43.2,31.16,null,37.6]
["MATERIAL",44257,"ADAPTADOR CPVC, ROSCAVEL, COM FLANGES E ANEL DE VEDACAO, 35 MM, CAIXA D'AGUA PARA AGUA QUENTE","UN","CR",64.95,null,null,null,56.96,55.66,56.91,70.17,56.81,null,62.32,71.510000000000005,63.27,57.24,null,64.47,null,59.59,55.66,52.74,67.58,null,68.349999999999994,49.3,null,59.49]
["MATERIAL",44258,"ADAPTADOR CPVC, ROSCAVEL, COM FLANGES E ANEL DE VEDACAO, 42 MM, CAIXA D'AGUA PARA AGUA QUENTE","UN","CR",74.23,null,null,null,65.09,63.61,65.040000000000006,80.19,64.930000000000007,null,71.22,81.72,72.31,65.42,null,73.680000000000007,null,68.099999999999994,63.61,60.28,77.239999999999995,null,78.11,56.34,null,67.989999999999995]
["MATERIAL",44259,"ADAPTADOR CPVC, ROSCAVEL, COM FLANGES E ANEL DE VEDACAO, 54 MM, CAIXA D'AGUA PARA AGUA QUENTE","UN","CR",101.88,null,null,null,89.35,87.32,89.27,110.07,89.12,null,97.76,112.17,99.26,89.8,null,101.13,null,93.48,87.32,82.74,106.01,null,107.22,77.33,null,93.33]
["MATERIAL",37997,"ADAPTADOR CPVC, SOLDAVEL, 15 MM, PARA AGUA QUENTE","UN","CR",19.54,null,null,null,17.13,16.75,17.12,21.11,17.09,null,18.75,21.51,19.04,17.22,null,19.399999999999999,null,17.93,16.75,15.87,20.329999999999998,null,20.56,14.83,null,17.899999999999999]
["MATERIAL",37998,"ADAPTADOR CPVC, SOLDAVEL, 22 MM, PARA AGUA QUENTE","UN","CR",26.15,null,null,null,22.93,22.41,22.92,28.25,22.88,null,25.09,28.79,25.48,23.05,null,25.96,null,23.99,22.41,21.24,27.21,null,27.52,19.850000000000001,null,23.96]
["MATERIAL",55,"ADAPTADOR DE COMPRESSAO EM POLIPROPILENO (PP), PARA TUBO EM PEAD, 20 MM X 1/2\", PARA LIGACAO PREDIAL DE AGUA (NTS 179)","UN","C",{"$nulls":10},6.31,{"$nulls":11},7.08,null,null,3.94]
["MATERIAL",61,"ADAPTADOR DE COMPRESSAO EM POLIPROPILENO (PP), PARA TUBO EM PEAD, 20 MM X 3/4\", PARA LIGACAO PREDIAL DE AGUA (NTS 179)","UN","CR",{"$nulls":10},5.97,{"$nulls":11},6.7,null,null,3.72]
["MATERIAL",62,"ADAPTADOR DE COMPRESSAO EM POLIPROPILENO (PP), PARA TUBO EM PEAD, 32 MM X 1\", PARA LIGACAO PREDIAL DE AGUA (NTS 179)","UN","CR",{"$nulls":10},12.37,{"$nulls":11},13.88,null,null,7.72]
["MATERIAL",10899,"ADAPTADOR EM LATAO, ENGATE RAPIDO 2 1/2\" X ROSCA INTERNA 5 FIOS 2 1/2\", PARA INSTALACAO PREDIAL DE COMBATE A INCENDIO","UN","CR",72.28,122.66,96.81,null,122.67,89.37,83.23,83.23,null,125.29,67.900000000000006,81.040000000000006,70.069999999999993,70.09,87.61,100.76,74.25,126.17,95.5,null,53.29,null,72.28,52.57,null,144.57]
["MATERIAL",10900,"ADAPTADOR EM LATAO, ENGATE RAPIDO1 1/2\" X ROSCA INTERNA 5 FIOS 2 1/2\", PARA INSTALACAO PREDIAL DE COMBATE A INCENDIO","UN","CR",56.57,95.99,75.77,null,96,69.94,65.14,65.14,null,98.05,53.14,63.42,54.83,54.85,68.569999999999993,78.849999999999994,58.11,98.74,74.739999999999995,null,41.7,null,56.57,41.14,null,113.14]
["MATERIAL",47,"ADAPTADOR PVC PBA, BOLSA/ROSCA, JE, DN 100 / DE 110 MM","UN","CR",79.010000000000005,75.569999999999993,null,81.44,60.11,{"$nulls":5},94.9,76.05,79.34,91.17,null,null,111.36,null,null,null,83.97,{"$nulls":4},97.81]
["MATERIAL",48,"ADAPTADOR PVC PBA, BOLSA/ROSCA, JE, DN 50 / DE 60 MM","UN","CR",20.61,19.71,null,21.24,15.68,{"$nulls":5},24.75,19.84,20.69,23.78,null,null,29.05,null,null,null,21.9,{"$nulls":4},25.51]
["MATERIAL",46,"ADAPTADOR PVC PBA, BOLSA/ROSCA, JE, DN 75 / DE 85 MM","UN","CR",46.21,44.2,null,47.63,35.159999999999997,{"$nulls":5},55.5,44.48,46.4,53.32,null,null,65.13,null,null,null,49.11,{"$nulls":4},57.2]
["MATERIAL",52,"ADAPTADOR PVC PBA, PONTA/ROSCA, JE, DN 50 / DE 60 MM","UN","CR",15.65,14.97,null,16.14,11.91,{"$nulls":5},18.8,15.07,15.72,18.07,null,null,22.07,null,null,null,16.64,{"$nulls":4},19.38]
["MATERIAL",43,"ADAPTADOR PVC PBA, PONTA/ROSCA, JE, DN 75 / DE 85 MM","UN","CR",52.84,50.54,null,54.47,40.200000000000003,{"$nulls":5},63.47,50.86,53.06,60.98,null,null,74.48,null,null,null,56.16,{"$nulls":4},65.41]
["MATERIAL",103,"ADAPTADOR PVC SOLDAVEL CURTO COM BOLSA E ROSCA, 110 MM X 4\", PARA AGUA FRIA","UN","CR",50.83,44.78,42.49,38.01,39.89,44.99,46.66,58.01,48.22,42.49,44.26,46.87,42.91,50.31,42.91,43.33,44.26,41.45,45.1,39.369999999999997,45.1,39.89,51.87,42.39,43.43,45.31,43.33]
["MATERIAL",107,"ADAPTADOR PVC SOLDAVEL CURTO COM BOLSA E ROSCA, 20 MM X 1/2\", PARA AGUA FRIA","UN","CR",0.95,0.84,0.8,0.71,0.75,0.84,0.88,1.0900000000000001,0.91,0.8,0.83,0.88,0.8,0.94,0.8,0.81,0.83,0.78,0.85,0.74,0.85,0.75,0.97,0.8,0.81,0.85,0.81]
["MATERIAL",65,"ADAPTADOR PVC SOLDAVEL CURTO COM BOLSA E ROSCA, 25 MM X 3/4\", PARA AGUA FRIA","UN","CR",1.05,0.92,0.87,0.78,0.82,0.93,0.96,1.19,0.99,0.87,0.91,0.96,0.88,1.04,0.88,0.89,0.91,0.85,0.93,0.81,0.93,0.82,1.07,0.87,0.89,0.93,0.89]
["MATERIAL",108,"ADAPTADOR PVC SOLDAVEL CURTO COM BOLSA E ROSCA, 32 MM X 1\", PARA AGUA FRIA","UN","CR",2.11,1.85,1.76,1.57,1.65,1.86,1.93,2.4,2,1.76,1.83,1.94,1.78,2.08,1.78,1.79,1.83,1.72,1.87,1.63,1.87,1.65,2.15,1.76,1.8,1.88,1.79]
["MATERIAL",110,"ADAPTADOR PVC SOLDAVEL CURTO COM BOLSA E ROSCA, 40 MM X 1 1/2\", PARA AGUA FRIA","UN","CR",7.31,6.44,6.11,5.47,5.74,6.47,6.71,8.35,6.94,6.11,6.37,6.74,6.17,7.24,6.17,6.23,6.37,5.96,6.49,5.66,6.49,5.74,7.46,6.1,6.25,6.52,6.23]
["MATERIAL",109,"ADAPTADOR PVC SOLDAVEL CURTO COM BOLSA E ROSCA, 40 MM X 1 1/4\", PARA AGUA FRIA","UN","CR",4.3499999999999996,3.84,3.64,3.26,3.42,3.85,4,4.97,4.13,3.64,3.79,4.01,3.67,4.3099999999999996,3.67,3.71,3.79,3.55,3.86,3.37,3.86,3.42,4.4400000000000004,3.63,3.72,3.88,3.71]
["MATERIAL",111,"ADAPTADOR PVC SOLDAVEL CURTO COM BOLSA E ROSCA, 50 MM X 1 1/4\", PARA AGUA FRIA","UN","CR",9.89,8.7200000000000006,8.27,7.4,7.76,8.76,9.08,11.29,9.39,8.27,8.61,9.1199999999999992,8.35,9.7899999999999991,8.35,8.43,8.61,8.07,8.7799999999999994,7.66,8.7799999999999994,7.76,10.1,8.25,8.4499999999999993,8.82,8.43]
["MATERIAL",112,"ADAPTADOR PVC SOLDAVEL CURTO COM BOLSA E ROSCA, 50 MM X1 1/2\", PARA AGUA FRIA","UN","CR",5.24,4.62,4.38,3.92,4.1100000000000003,4.6399999999999997,4.8099999999999996,5.98,4.97,4.38,4.5599999999999996,4.83,4.42,5.19,4.42,4.47,4.5599999999999996,4.2699999999999996,4.6500000000000004,4.0599999999999996,4.6500000000000004,4.1100000000000003,5.35,4.37,4.4800000000000004,4.67,4.47]
["MATERIAL",113,"ADAPTADOR PVC SOLDAVEL CURTO COM BOLSA E ROSCA, 60 MM X 2\", PARA AGUA FRIA","UN","CR",13.13,11.56,10.97,9.82,10.3,11.62,12.05,14.98,12.45,10.97,11.43,12.1,11.08,12.99,11.08,11.19,11.43,10.7,11.65,10.17,11.65,10.3,13.39,10.95,11.21,11.7,11.19]
["MATERIAL",104,"ADAPTADOR PVC SOLDAVEL CURTO COM BOLSA E ROSCA, 75 MM X 2 1/2\", PARA AGUA FRIA","UN","CR",22.84,20.13,19.100000000000001,17.079999999999998,17.93,20.22,20.97,26.07,21.67,19.100000000000001,19.89,21.06,19.29,22.61,19.29,19.47,19.89,18.63,20.27,17.690000000000001,20.27,17.93,23.31,19.05,19.52,20.36,19.47]
["MATERIAL",102,"ADAPTADOR PVC SOLDAVEL CURTO COM BOLSA E ROSCA, 85 MM X 3\", PARA AGUA FRIA","UN","CR",31.49,27.75,26.33,23.55,24.72,27.88,28.91,35.950000000000003,29.88,26.33,27.43,29.04,26.59,31.17,26.59,26.85,27.43,25.68,27.94,24.39,27.94,24.72,32.14,26.27,26.91,28.07,26.85]
["MATERIAL",95,"ADAPTADOR PVC SOLDAVEL, COM FLANGE E ANEL DE VEDACAO, 20 MM X 1/2\", PARA CAIXA D'AGUA","UN","CR",13.31,11.73,11.13,9.9499999999999993,10.44,11.78,12.22,15.19,12.63,11.13,11.59,12.27,11.24,13.17,11.24,11.34,11.59,10.85,11.81,10.31,11.81,10.44,13.58,11.1,11.37,11.86,11.34]
["MATERIAL",96,"ADAPTADOR PVC SOLDAVEL, COM FLANGE E ANEL DE VEDACAO, 25 MM X 3/4\", PARA CAIXA D'AGUA","UN","CR",14.48,12.76,12.1,10.83,11.36,12.81,13.29,16.52,13.73,12.1,12.61,13.35,12.22,14.33,12.22,12.34,12.61,11.81,12.84,11.21,12.84,11.36,14.77,12.07,12.37,12.9,12.34]
["MATERIAL",97,"ADAPTADOR PVC SOLDAVEL, COM FLANGE E ANEL DE VEDACAO, 32 MM X 1\", PARA CAIXA D'AGUA","UN","CR",21.78,19.190000000000001,18.21,16.29,17.09,19.28,19.989999999999998,24.86,20.66,18.21,18.97,20.079999999999998,18.39,21.56,18.39,18.57,18.97,17.760000000000002,19.32,16.87,19.32,17.09,22.23,18.16,18.61,19.41,18.57]
["MATERIAL",98,"ADAPTADOR PVC SOLDAVEL, COM FLANGE E ANEL DE VEDACAO, 40 MM X 1 1/4\", PARA CAIXA D'AGUA","UN","CR",32.6,28.73,27.26,24.38,25.59,28.86,29.93,37.21,30.93,27.26,28.39,30.06,27.53,32.270000000000003,27.53,27.79,28.39,26.59,28.93,25.25,28.93,25.59,33.270000000000003,27.19,27.86,29.06,27.79]
["MATERIAL",99,"ADAPTADOR PVC SOLDAVEL, COM FLANGE E ANEL DE VEDACAO, 50 MM X 1 1/2\", PARA CAIXA D'AGUA","UN","CR",30.81,27.15,25.76,23.05,24.18,27.28,28.29,35.17,29.24,25.76,26.84,28.41,26.01,30.5,26.01,26.27,26.84,25.13,27.34,23.87,27.34,24.18,31.45,25.7,26.33,27.47,26.27]
["MATERIAL",60,"ADAPTADOR PVC, COM REGISTRO, PARA PEAD, 20 MM X 3/4\", PARA LIGACAO PREDIAL DE AGUA","UN","CR",{"$nulls":10},8.19,{"$nulls":11},9.19,null,null,5.1100000000000003]
["MATERIAL",72,"ADAPTADOR PVC, ROSCAVEL, COM FLANGES E ANEL DE VEDACAO, 1 1/2\", PARA CAIXA D'AGUA","UN","CR",59.1,52.07,49.41,44.2,46.38,52.31,54.25,67.45,56.07,49.41,51.47,54.49,49.89,58.49,49.89,50.38,51.47,48.2,52.44,45.77,52.44,46.38,60.31,49.29,50.5,52.68,50.38]
["MATERIAL",71,"ADAPTADOR PVC, ROSCAVEL, COM FLANGES E ANEL DE VEDACAO, 1\", PARA CAIXA D'AGUA","UN","CR",36.5,32.159999999999997,30.51,27.3,28.64,32.31,33.51,41.66,34.630000000000003,30.51,31.79,33.659999999999997,30.81,36.130000000000003,30.81,31.11,31.79,29.77,32.380000000000003,28.27,32.380000000000003,28.64,37.25,30.44,31.19,32.53,31.11]
["MATERIAL",67,"ADAPTADOR PVC, ROSCAVEL, COM FLANGES E ANEL DE VEDACAO, 1/2\", PARA CAIXA D'AGUA","UN","CR",19.11,16.829999999999998,15.97,14.29,14.99,16.91,17.54,21.81,18.13,15.97,16.64,17.62,16.13,18.91,16.13,16.29,16.64,15.58,16.95,14.8,16.95,14.99,19.5,15.93,16.329999999999998,17.03,16.29]
["MATERIAL",73,"ADAPTADOR PVC, ROSCAVEL, COM FLANGES E ANEL DE VEDACAO, 3/4\", PARA CAIXA D'AGUA","UN","CR",18.28,16.11,15.29,13.67,14.35,16.190000000000001,16.79,20.87,17.350000000000001,15.29,15.92,16.86,15.44,18.100000000000001,15.44,15.59,15.92,14.91,16.22,14.16,16.22,14.35,18.66,15.25,15.62,16.3,15.59]
["MATERIAL",100,"ADAPTADOR PVC, SOLDAVEL, COM FLANGES E ANEL DE VEDACAO, 60 MM X 2\", PARA CAIXA D'AGUA","UN","CR",53.84,47.44,45.01,40.270000000000003,42.25,47.66,49.42,61.45,51.08,45.01,46.89,49.64,45.45,53.29,45.45,45.89,46.89,43.91,47.77,41.7,47.77,42.25,54.94,44.9,46,47.99,45.89]
["MATERIAL",75,"ADAPTADOR PVC, SOLDAVEL, COM FLANGES LIVRES, 110 MM X 4\", PARA CAIXA D'AGUA","UN","CR",313.88,276.58,262.43,234.77,246.35,277.86,288.14999999999998,358.27,297.8,262.43,273.36,289.44,265,310.67,265,267.57,273.36,255.99,278.51,243.13,278.51,246.35,320.32,261.77999999999997,268.22000000000003,279.79000000000002,267.57]
["MATERIAL",83,"ADAPTADOR PVC, SOLDAVEL, COM FLANGES LIVRES, 75 MM X 2 1/2\", PARA CAIXA D'AGUA","UN","CR",250.94,221.11,209.8,187.69,196.95,222.14,230.37,286.42,238.08,209.8,218.54,231.4,211.86,248.37,211.86,213.91,218.54,204.66,222.66,194.37,222.66,196.95,256.08,209.29,214.43,223.69,213.91]
["MATERIAL",74,"ADAPTADOR PVC, SOLDAVEL, COM FLANGES LIVRES, 85 MM X 3\", PARA CAIXA D'AGUA","UN","CR",358.78,316.13,299.95999999999998,268.33999999999997,281.58,317.60000000000002,329.37,409.5,340.39,299.95999999999998,312.45999999999998,330.84,302.89999999999998,355.1,302.89999999999998,305.83999999999997,312.45999999999998,292.61,318.33999999999997,277.89999999999998,318.33999999999997,281.58,366.13,299.22000000000003,306.58,319.81,305.83999999999997]
["MATERIAL",106,"ADAPTADOR PVC, SOLDAVEL, LONGO, COM FLANGE LIVRE, 110 MM X 4\", PARA CAIXA D'AGUA","UN","CR",453.68,399.76,379.31,339.33,356.07,401.62,416.5,517.83000000000004,430.44,379.31,395.11,418.36,383.03,449.04,383.03,386.75,395.11,370.01,402.55,351.42,402.55,356.07,462.98,378.38,387.68,404.41,386.75]
["MATERIAL",88,"ADAPTADOR PVC, SOLDAVEL, LONGO, COM FLANGE LIVRE, 32 MM X 1\", PARA CAIXA D'AGUA","UN","CR",12.75,11.23,10.66,9.5299999999999994,10.01,11.29,11.7,14.55,12.1,10.66,11.1,11.76,10.76,12.62,10.76,10.87,11.1,10.4,11.31,9.8699999999999992,11.31,10.01,13.01,10.63,10.89,11.36,10.87]
["MATERIAL",82,"ADAPTADOR PVC, SOLDAVEL, LONGO, COM FLANGE LIVRE, 75 MM X 2 1/2\", PARA CAIXA D'AGUA","UN","CR",238.75,210.37,199.61,178.57,187.38,211.35,219.18,272.51,226.52,199.61,207.93,220.16,201.57,236.3,201.57,203.52,207.93,194.72,211.84,184.93,211.84,187.38,243.64,199.12,204.01,212.82,203.52]
["MATERIAL",105,"ADAPTADOR PVC, SOLDAVEL, LONGO, COM FLANGE LIVRE, 85 MM X 3\", PARA CAIXA D'AGUA","UN","CR",338.3,298.10000000000002,282.83999999999997,253.03,265.51,299.48,310.57,386.14,320.97000000000003,282.83999999999997,294.63,311.95999999999998,285.62,334.84,285.62,288.39,294.63,275.91000000000003,300.18,262.05,300.18,265.51,345.24,282.14999999999998,289.08,301.56,288.39]
["MATERIAL",39719,"ADESIVO / COLA DE CONTATO LIQUIDO, A BASE DE RESINAS, PARA COLAGEM DE ESPUMA PARA ISOLAMENTO TERMICO FLEXIVEL","L","CR",200.76,139.11000000000001,150.11000000000001,180.14,166.93,168.93,190.75,196.15,179.14,160.12,191.75,198.15,200.15,180.14,130.1,170.13,177.14,198.15,198.15,155.12,190.35,164.13,228.58,209.96,160.12,158.12,170.13]
["MATERIAL",3410,"ADESIVO / COLA PARA EPS (ISOPOR) E OUTROS MATERIAIS","KG","CR",45.16,31.29,33.76,40.520000000000003,37.549999999999997,38,42.91,44.12,40.29,36.020000000000003,43.13,44.57,45.02,40.520000000000003,29.26,38.270000000000003,39.840000000000003,44.57,44.57,34.89,42.82,36.92,51.42,47.23,36.020000000000003,35.57,38.270000000000003]
["MATERIAL",4791,"ADESIVO ACRILICO DE BASE AQUOSA / COLA DE CONTATO","KG","CR",50.28,37.35,34.979999999999997,23.95,44.67,50.75,57.9,56.65,51.83,29.68,53.51,40.450000000000003,31.1,48.38,39.33,56.18,47.65,38.81,57.77,27.91,33,34.119999999999997,34.119999999999997,34.46,28.69,51.96,52.69]
["MATERIAL",157,"ADESIVO ESTRUTURAL A BASE DE RESINA EPOXI PARA INJECAO EM TRINCAS, BICOMPONENTE, BAIXA VISCOSIDADE","KG","CR",192.13,208.99,null,201.49,145.29,174.64,186.3,128.01,151.54,186.3,134.05000000000001,151.12,157.16,170.27,187.13,161.53,232.3,138.21,159.44999999999999,160.49,198.16,179.01,153.83000000000001,139.88,201.7,152.58000000000001,201.08]
["MATERIAL",156,"ADESIVO ESTRUTURAL A BASE DE RESINA EPOXI, BICOMPONENTE, FLUIDO","KG","CR",68.41,74.41,null,71.739999999999995,51.73,62.18,66.33,45.58,53.95,66.33,47.73,53.81,55.96,60.62,66.63,57.51,82.71,49.21,56.77,57.14,70.56,63.74,54.77,49.8,71.819999999999993,54.32,71.59]
["MATERIAL",131,"ADESIVO ESTRUTURAL A BASE DE RESINA EPOXI, BICOMPONENTE, PASTOSO (TIXOTROPICO)","KG","CR",58.5,63.63,null,61.35,44.24,53.18,56.73,38.979999999999997,46.14,56.73,40.82,46.01,47.85,51.85,56.98,49.18,70.73,42.08,48.55,48.87,60.34,54.51,46.84,42.59,61.42,46.46,61.23]
["MATERIAL",21114,"ADESIVO PARA TUBOS CPVC, *75* G","UN","CR",39.57,27.42,29.59,35.51,32.9,33.299999999999997,37.6,38.659999999999997,35.31,31.56,37.799999999999997,39.06,39.450000000000003,35.51,25.64,33.53,34.92,39.06,39.06,30.58,37.520000000000003,32.35,45.06,41.39,31.56,31.17,33.53]
["MATERIAL",119,"ADESIVO PLASTICO PARA PVC, BISNAGA COM 75 GR","UN","C",10.029999999999999,6.95,7.5,9,8.34,8.44,9.5299999999999994,9.8000000000000007,8.9499999999999993,8,9.58,9.9,10,9,6.5,8.5,8.85,9.9,9.9,7.75,9.51,8.1999999999999993,11.42,10.49,8,7.9,8.5]
["MATERIAL",122,"ADESIVO PLASTICO PARA PVC, FRASCO COM *850* GR","UN","CR",77.17,53.47,57.7,69.25,64.17,64.94,73.319999999999993,75.400000000000006,68.86,61.55,73.709999999999994,76.17,76.94,69.25,50.01,65.400000000000006,68.09,76.17,76.17,59.63,73.17,63.09,87.87,80.709999999999994,61.55,60.78,65.400000000000006]
["MATERIAL",20080,"ADESIVO PLASTICO PARA PVC, FRASCO COM 175 GR","UN","CR",25.19,17.45,18.829999999999998,22.6,20.94,21.19,23.93,24.61,22.47,20.09,24.06,24.86,25.11,22.6,16.32,21.34,22.22,24.86,24.86,19.46,23.88,20.59,28.68,26.34,20.09,19.84,21.34]
["MATERIAL",124,"ADITIVO ACELERADOR DE PEGA E ENDURECIMENTO PARA ARGAMASSAS E CONCRETOS, LIQUIDO E ISENTO DE CLORETOS","L","CR",22.56,24.54,null,23.66,17.059999999999999,20.51,21.87,15.03,17.79,21.87,15.74,17.739999999999998,18.45,19.989999999999998,21.97,18.97,27.28,16.23,18.72,18.84,23.27,21.02,18.059999999999999,16.420000000000002,23.68,17.91,23.61]
["MATERIAL",7334,"ADITIVO ADESIVO LIQUIDO PARA ARGAMASSAS DE REVESTIMENTOS CIMENTICIOS","L","CR",22.73,18.55,null,21.43,17.36,null,14.96,null,12.82,16.41,13.49,null,null,20.05,20.99,17.079999999999998,20.309999999999999,15.18,20.28,14.84,18.47,16.27,17.54,19.75,21.69,14.39,15.03]
["MATERIAL",45146,"ADITIVO IMPERMEABILIZANTE CRISTALIZANTE PARA CONCRETO","KG","CR",43.26,47.06,null,45.37,32.71,39.32,41.95,28.82,34.119999999999997,41.95,30.18,34.020000000000003,35.380000000000003,38.340000000000003,42.13,36.369999999999997,52.3,31.12,35.9,36.130000000000003,44.62,40.31,34.630000000000003,31.49,45.41,34.35,45.27]
["MATERIAL",123,"ADITIVO IMPERMEABILIZANTE DE PEGA NORMAL PARA ARGAMASSAS E CONCRETOS SEM ARMACAO, LIQUIDO E ISENTO DE CLORETOS","L","C",9.23,10.039999999999999,null,9.68,6.98,8.39,8.9499999999999993,6.15,7.28,8.9499999999999993,6.44,7.26,7.55,8.18,8.99,7.76,11.16,6.64,7.66,7.71,9.52,8.6,7.39,6.72,9.69,7.33,9.66]
["MATERIAL",127,"ADITIVO IMPERMEABILIZANTE DE PEGA ULTRARRAPIDA, LIQUIDO E ISENTO DE CLORETOS","L","CR",22.03,23.97,null,23.11,16.66,20.03,21.37,14.68,17.38,21.37,15.37,17.329999999999998,18.02,19.53,21.46,18.52,26.64,15.85,18.29,18.399999999999999,22.73,20.53,17.64,16.04,23.13,17.5,23.06]
["MATERIAL",133,"ADITIVO LIQUIDO INCORPORADOR DE AR PARA CONCRETO E ARGAMASSA, LIQUIDO E ISENTO DE CLORETOS","L","CR",9.15,9.9499999999999993,null,9.6,6.92,8.32,8.8699999999999992,6.1,7.22,8.8699999999999992,6.38,7.2,7.48,8.11,8.91,7.69,11.06,6.58,7.59,7.64,9.44,8.5299999999999994,7.33,6.66,9.61,7.27,9.58]
["MATERIAL",43617,"ADITIVO PLASTIFICANTE E ESTABILIZADOR PARA ARGAMASSAS DE ASSENTAMENTO E REBOCO, LIQUIDO E ISENTO DE CLORETOS","L","CR",10.220000000000001,11.12,null,10.72,7.73,9.2899999999999991,9.91,6.81,8.06,9.91,7.13,8.0399999999999991,8.36,9.06,9.9600000000000009,8.59,12.36,7.35,8.48,8.5399999999999991,10.55,9.5299999999999994,8.18,7.44,10.73,8.1199999999999992,10.7]
["MATERIAL",132,"ADITIVO PLASTIFICANTE RETARDADOR DE PEGA E REDUTOR DE AGUA PARA CONCRETO, LIQUIDO E ISENTO DE CLORETOS","L","CR",9.49,10.32,null,9.9499999999999993,7.17,8.6199999999999992,9.1999999999999993,6.32,7.48,9.1999999999999993,6.62,7.46,7.76,8.41,9.24,7.97,11.47,6.82,7.87,7.92,9.7799999999999994,8.84,7.59,6.91,9.9600000000000009,7.53,9.93]
["MATERIAL",43618,"ADITIVO SUPERPLASTIFICANTE DE PEGA NORMAL PARA CONCRETO, LIQUIDO E ISENTO DE CLORETOS","KG","CR",23.88,25.98,null,25.05,18.059999999999999,21.71,23.16,15.91,18.84,23.16,16.66,18.79,19.54,21.17,23.26,20.079999999999998,28.88,17.18,19.82,19.95,24.64,22.25,19.12,17.39,25.08,18.97,25]
["MATERIAL",37476,"ADUELA/ GALERIA PRE-MOLDADA DE CONCRETO ARMADO, SECAO QUADRADA INTERNA DE 1,50 X 1,50 M (L X A), MISULA DE 20 X 20 CM, C = 1,00 M, ESPESSURA MIN = 15 CM, TB-45 E FCK DO CONCRETO = 30 MPA","UN","CR",null,2811.93,null,null,3926.72,null,3976.63,3904.75,null,4292.7700000000004,3910.08,4257.83,null,3818.9,null,3128.06,3660.5,null,4791.93,3841.2,3510.75,null,4113.74,null,null,5058.1499999999996,3660.5]
["MATERIAL",37478,"ADUELA/ GALERIA PRE-MOLDADA DE CONCRETO ARMADO, SECAO RETANGULAR INTERNA DE 2,00 X 2,00 M (L X A), MISULA DE 20 X 20 CM, C = 1,00 M, ESPESSURA MIN = 15 CM, TB-45 E FCK DO CONCRETO = 30 MPA","UN","CR",null,3522.01,null,null,4918.3100000000004,null,4980.84,4890.8100000000004,null,5376.8,4897.47,5333.04,null,4783.2700000000004,null,3917.98,4584.87,null,6002.01,4811.1899999999996,4397.3100000000004,null,5152.5600000000004,null,null,6335.46,4584.87]
["MATERIAL",37477,"ADUELA/ GALERIA PRE-MOLDADA DE CONCRETO ARMADO, SECAO RETANGULAR INTERNA DE 2,50 X 2,50 M (L X A), MISULA DE 20 X 20 CM, C = 1,00 M, ESPESSURA MIN = 15 CM, TB-45 E FCK DO CONCRETO = 30 MPA","UN","CR",null,4771.76,null,null,6663.52,null,6748.23,6626.25,null,7284.7,6635.29,7225.41,null,6480.56,null,5308.23,6211.76,null,8131.76,6518.39,5957.64,null,6980.89,null,null,8583.52,6211.76]
["MATERIAL",37479,"ADUELA/ GALERIA PRE-MOLDADA DE CONCRETO ARMADO, SECAO RETANGULAR INTERNA DE 3,00 X 3,00 M (L X A), MISULA DE 20 X 20 CM, C = 1.00 M, ESPESSURA MIN = 20 CM, TB-45 E FCK DO CONCRETO = 30 MPA","UN","CR",null,5659.36,null,null,7903.02,null,8003.48,7858.82,null,8639.74,7869.53,8569.42,null,7686.02,null,6295.63,7367.22,null,9644.36,7730.9,7065.84,null,8279.42,null,null,10180.16,7367.22]
["MATERIAL",4319,"AFASTADOR PARA TELHA DE FIBROCIMENTO CANALETE 90 OU KALHETAO","UN","CR",1.45,1.86,null,null,1.67,1.42,null,2.5499999999999998,1.31,2.44,1.74,1.44,1.28,2.44,2.25,1.17,2.4300000000000002,1.1499999999999999,2.1800000000000002,1.54,1.54,1.6,1.82,1.62,2.25,1.9,1.51]
["MATERIAL",42409,"AGENTE DE CURA, PROTETOR DA EVAPORACAO DA AGUA DE HIDRATACAO DO CONCRETO","KG","CR",15.04,16.36,null,15.77,11.37,13.67,14.58,10.02,11.86,14.58,10.49,11.83,12.3,13.33,14.65,12.64,18.190000000000001,10.82,12.48,12.56,15.51,14.01,12.04,10.95,15.79,11.94,15.74]
["MATERIAL",40553,"AGREGADO RECICLADO, TIPO RACHAO RECICLADO CINZA, CLASSE A","M3","C",{"$nulls":17},37,{"$nulls":7},60]
["MAO DE OBRA",6114,"AJUDANTE DE ARMADOR (HORISTA)","H","CR",16.07,14.43,15.57,15.3,14.27,14.54,14.84,16.84,13.52,14.31,16.3,14.24,14.31,13.94,13.92,16.02,13.91,19.82,20.28,14.67,18.59,14.81,17.27,19.75,13.33,21.35,16.18]
["MAO DE OBRA",40912,"AJUDANTE DE ARMADOR (MENSALISTA)","MES","CR",2808.4,2520.44,2734.36,2660.4,2497.48,2556.4299999999998,2646.28,2957.35,2382.39,2521.64,2877.48,2487.31,2523.35,2415.54,2436.5300000000002,2805.34,2457.1,3479.73,3567.85,2562.89,3227.58,2579.15,3033.75,3463.23,2357.63,3739.55,2838.42]
["MAO DE OBRA",247,"AJUDANTE DE ELETRICISTA (HORISTA)","H","CR",16.07,14.43,15.57,15.3,14.27,14.54,14.84,16.84,13.52,14.31,16.3,14.24,14.31,13.94,13.92,16.02,13.91,19.82,20.28,14.67,18.59,14.81,17.27,19.75,13.33,21.35,16.18]
["MAO DE OBRA",40919,"AJUDANTE DE ELETRICISTA (MENSALISTA)","MES","CR",2808.4,2520.44,2734.36,2660.4,2497.48,2556.4299999999998,2646.28,2957.35,2382.39,2521.64,2877.48,2487.31,2523.35,2415.54,2436.5300000000002,2805.34,2457.1,3479.73,3567.85,2562.89,3227.58,2579.15,3033.75,3463.23,2357.63,3739.55,2838.42]
["MAO DE OBRA",44499,"AJUDANTE DE ESTRUTURAS METALICAS (HORISTA)","H","CR",16.07,14.43,15.57,15.3,14.27,14.54,14.84,16.84,13.52,14.31,16.3,14.24,14.31,13.94,13.92,16.02,13.91,19.82,20.28,14.67,18.59,14.81,17.27,19.75,13.25,21.35,16.18]
["MAO DE OBRA",40984,"AJUDANTE DE ESTRUTURAS METALICAS (MENSALISTA)","MES","CR",2808.4,2520.44,2734.36,2660.4,2497.48,2556.4299999999998,2646.28,2957.35,2382.39,2521.64,2877.48,2487.31,2523.35,2415.54,2436.5300000000002,2805.34,2457.1,3479.73,3567.85,2562.89,3227.58,2579.15,3033.75,3463.23,2345.16,3739.55,2838.42]
["MAO DE OBRA",248,"AJUDANTE DE OPERACAO EM GERAL (HORISTA)","H","CR",15.71,14.41,15.26,14.38,15.02,13.74,14.77,15.27,13.89,14.52,17.649999999999999,14.68,14.16,14.39,14.09,16.149999999999999,14.22,19.48,20.62,13.81,18.87,13.49,17.170000000000002,19.29,13.29,19.170000000000002,22.1]
["MAO DE OBRA",41086,"AJUDANTE DE OPERACAO EM GERAL (MENSALISTA)","MES","CR",2744.76,2517.85,2680.79,2500.88,2629.21,2416.94,2634.64,2681.54,2448.23,2556.7399999999998,3118.66,2564.44,2497.2399999999998,2494.0500000000002,2467.88,2830.19,2510.3200000000002,3416.16,3626.44,2413.8000000000002,3275.36,2351.48,3019.08,3382.35,2351.14,3359.31,3875.16]
["MAO DE OBRA",34466,"AJUDANTE DE PINTOR (HORISTA)","H","CR",16.07,18.87,15.57,15.3,14.27,14.54,14.84,16.84,13.52,14.31,16.3,14.24,17.760000000000002,13.94,13.92,16.02,13.91,19.82,20.28,14.67,18.59,14.81,17.27,27.07,17.3,21.35,16.18]
["MAO DE OBRA",41083,"AJUDANTE DE PINTOR (MENSALISTA)","MES","CR",2808.4,3296.88,2734.36,2660.4,2497.48,2556.4299999999998,2646.28,2957.35,2382.39,2521.64,2877.48,2487.31,3131.9,2415.54,2436.5300000000002,2805.34,2457.1,3479.73,3567.85,2562.89,3227.58,2579.15,3033.75,4745.63,3059.91,3739.55,2838.42]
["MAO DE OBRA",252,"AJUDANTE DE SERRALHEIRO (HORISTA)","H","CR",16.07,14.43,15.57,15.3,14.27,14.54,14.84,16.84,13.52,14.31,16.3,14.24,14.31,13.94,13.92,16.02,13.91,19.82,20.28,14.67,18.59,14.81,17.27,19.75,13.33,21.35,16.18]
["MAO DE OBRA",40909,"AJUDANTE DE SERRALHEIRO (MENSALISTA)","MES","CR",2808.4,2520.44,2734.36,2660.4,2497.48,2556.4299999999998,2646.28,2957.35,2382.39,2521.64,2877.48,2487.31,2523.35,2415.54,2436.5300000000002,2805.34,2457.1,3479.73,3567.85,2562.89,3227.58,2579.15,3033.75,3463.23,2357.63,3739.55,2838.42]
["MAO DE OBRA",242,"AJUDANTE ESPECIALIZADO (HORISTA)","H","CR",15.71,14.41,15.26,14.38,15.02,13.74,14.77,15.27,13.89,14.52,17.649999999999999,14.68,14.16,14.39,14.09,16.149999999999999,14.22,19.48,20.62,13.81,18.87,13.49,17.170000000000002,19.29,13.29,20.52,13.99]
["MAO DE OBRA",41085,"AJUDANTE ESPECIALIZADO (MENSALISTA)","MES","CR",2744.76,2517.85,2680.79,2500.88,2629.21,2416.94,2634.64,2681.54,2448.23,2556.7399999999998,3118.66,2564.44,2497.2399999999998,2494.0500000000002,2467.88,2830.19,2510.3200000000002,3416.16,3626.44,2413.8000000000002,3275.36,2351.48,3019.08,3382.35,2351.14,3594.85,2456.83]
["MATERIAL",427,"ALCA PREFORMADA DE CONTRA POSTE, EM ACO GALVANIZADO, PARA CABO 3/16\", COMPRIMENTO *860* MM","UN","CR",6.43,12.1,7.82,null,12.94,null,13.26,9.3800000000000008,10.5,11.5,null,12.89,11.06,11.37,8.83,null,9.23,5.67,11.37,null,5.67,null,null,11.1,null,6.55,15.41]
["MATERIAL",417,"ALCA PREFORMADA DE DISTRIBUICAO, EM ACO GALVANIZADO, PARA CABO DE ALUMINIO DIAMETRO 16 A 25 MM","UN","CR",3.03,5.7,3.69,null,6.1,null,6.25,4.42,4.95,5.42,null,6.08,5.21,5.36,4.16,null,4.3499999999999996,2.67,5.36,null,2.67,null,null,5.23,null,3.08,7.26]
["MATERIAL",11273,"ALCA PREFORMADA DE DISTRIBUICAO, EM ACO GALVANIZADO, PARA CONDUTORES DE ALUMINIO AWG 1/0 (CAA 6/1 OU CA 7 FIOS)","UN","CR",9.4,17.7,11.44,null,18.920000000000002,null,19.399999999999999,13.73,15.36,16.82,null,18.86,16.170000000000002,16.63,12.92,null,13.5,8.3000000000000007,16.63,null,8.3000000000000007,null,null,16.239999999999998,null,9.58,22.54]
["MATERIAL",11272,"ALCA PREFORMADA DE DISTRIBUICAO, EM ACO GALVANIZADO, PARA CONDUTORES DE ALUMINIO AWG 2 (CAA 6/1 OU CA 7 FIOS)","UN","CR",5.67,10.68,6.91,null,11.42,null,11.71,8.2799999999999994,9.27,10.15,null,11.38,9.76,10.039999999999999,7.8,null,8.15,5.01,10.039999999999999,null,5.01,null,null,9.8000000000000007,null,5.78,13.61]
["MATERIAL",11275,"ALCA PREFORMADA DE SERVICO, EM ACO GALVANIZADO, PARA CONDUTORES DE ALUMINIO AWG 4 (CAA 6/1)","UN","CR",2.27,4.28,2.77,null,4.58,null,4.7,3.32,3.72,4.07,null,4.57,3.91,4.03,3.13,null,3.27,2.0099999999999998,4.0199999999999996,null,2.0099999999999998,null,null,3.93,null,2.3199999999999998,5.46]
["MATERIAL",11274,"ALCA PREFORMADA DE SERVICO, EM ACO GALVANIZADO, PARA CONDUTORES DE ALUMINIO AWG 6 (CAA 6/1)","UN","CR",1.73,3.27,2.11,null,3.49,null,3.58,2.5299999999999998,2.83,3.1,null,3.48,2.98,3.07,2.38,null,2.4900000000000002,1.53,3.07,null,1.53,null,null,3,null,1.77,4.16]
["MATERIAL",45208,"ALICATE AMPERIMETRO, TENSAO AC/DC, CAPACIDADE MAXIMA 1000 A","UN","CR",{"$nulls":4},248.73,286.58999999999997,null,233.32,null,380.02,261.33,296.02,278.58,248.35,302.70999999999998,null,null,279.10000000000002,254.78,null,211.24,null,298.92,217.56,null,218.61,374.56]
["MATERIAL",45250,"ALICATE BICO LONGO (MEIA CANA) 6\", COM ISOLAMENTO ATE 1000 V","UN","CR",39.61,30.73,null,37.56,30.99,null,37.97,34.15,38.97,37.54,42.26,30.56,42,null,null,32.42,66.569999999999993,25.59,null,38.42,40.17,42.17,37.21,39.049999999999997,31.62,36.53,48.61]
["MATERIAL",38470,"ALICATE DE CORTE DIAGONAL 6\" COM ISOLAMENTO","UN","CR",40.549999999999997,31.46,null,38.450000000000003,31.72,null,38.869999999999997,34.96,39.9,38.44,43.26,31.29,43,null,null,33.19,68.150000000000006,26.2,null,39.33,41.12,43.17,38.090000000000003,39.97,32.369999999999997,37.4,49.77]
["MATERIAL",38547,"ALICATE DE CRIMPAR RJ11, RJ12 E RJ45, COM CATRACA","UN","CR",269.2,208.86,null,255.27,210.6,null,258.06,232.07,264.85000000000002,255.16,287.18,207.7,285.44,null,null,220.35,452.42,173.93,null,261.08,272.99,286.60000000000002,252.9,265.36,214.93,248.25,330.37]
["MATERIAL",38467,"ALICATE DE PRESSAO 11\" PARA SOLDA, TIPO C","UN","CR",null,158.29,144.76,160.69,201.27,143.74,133.86000000000001,142.99,175.65,293.91000000000003,168.04,197.29,208.75,143.68,93.38,131.72,146.32,144.72,210.02,136.13,187.05,136.13,174.04,248.55,null,142.30000000000001,171]
["MATERIAL",38468,"ALICATE DE PRESSAO 11\" PARA SOLDA, TIPO U","UN","CR",null,197.59,180.71,200.59,251.24,179.43,167.09,178.49,219.26,366.88,209.76,246.28,260.58,179.36,116.56,164.43,182.64,180.65,262.16000000000003,169.93,233.49,169.93,217.25,310.26,null,177.63,213.45]
["MATERIAL",38469,"ALICATE DE PRESSAO PARA SOLDA DE CHAPA 18\"","UN","CR",257.04000000000002,199.43,null,243.74,201.09,null,246.4,221.59,252.89,243.63,274.20999999999998,198.32,272.55,null,null,210.4,431.99,166.08,null,249.28,260.66000000000003,273.66000000000003,241.47,253.37,205.22,237.04,315.45]
["MATERIAL",45197,"ALICATE DESENCAPADOR AUTOMATICO 8\"","UN","CR",205,159.05000000000001,null,194.39,160.37,null,196.51,176.72,201.68,194.3,218.69,158.16,217.37,null,null,167.8,344.52,132.44999999999999,null,198.81,207.89,218.25,192.58,202.07,163.66999999999999,189.05,251.58]
["MATERIAL",38471,"ALICATE PARA ANEIS DE PISTAO, CAPACIDADE *50* A 100 MM","UN","CR",274.91000000000003,213.29,null,260.69,215.07,null,263.54000000000002,236.99,270.47000000000003,260.57,293.27999999999997,212.11,291.5,null,null,225.02,462.02,177.62,null,266.62,278.79000000000002,292.69,258.26,270.99,219.49,253.52,337.38]
["MATERIAL",45206,"ALICATE PROFISSIONAL 8\", UNIVERSAL, COM ISOLAMENTO ATE 1000 V","UN","CR",54.31,42.14,null,51.5,42.49,null,52.07,46.82,53.44,51.48,57.94,41.9,57.59,null,null,44.46,91.28,35.090000000000003,null,52.67,55.08,57.83,51.02,53.54,43.36,50.09,66.66]
["MATERIAL",37370,"ALIMENTACAO - HORISTA (COLETADO CAIXA - ENCARGOS COMPLEMENTARES)","H","C",3.7,2.0099999999999998,5.19,0.56000000000000005,4.5199999999999996,3.62,3.95,5.59,3.32,4.2300000000000004,2.12,1.6,1.84,5.24,0.92,2.79,2.46,4.76,4.84,3.04,3.44,3.4,1.46,0.01,2.46,4.33,2.76]
["MATERIAL",40862,"ALIMENTACAO - MENSALISTA (COLETADO CAIXA - ENCARGOS COMPLEMENTARES)","MES","C",697.26,378.17,978.49,105,851.95,682.64,744.3,1053.3499999999999,625.14,797.5,399.66,301.52999999999997,346.81,988.66,173.76,526.86,463.06,897.94,913.23,573.35,648.08000000000004,641.42999999999995,274.39999999999998,0.01,463.98,817.31,520.35]
["EQUIPAMENTO (AQUISIÇÃO)",10658,"ALISADORA DE CONCRETO COM MOTOR A GASOLINA DE 5,5 HP, PESO COM MOTOR DE 78 KG, 4 PAS","UN","C",{"$nulls":25},10408.950000000001]
["MAO DE OBRA",253,"ALMOXARIFE (HORISTA)","H","C",16.28,28.19,36.03,18.93,26.31,19.48,34.69,20.68,21.71,29.91,21.57,19.77,17.760000000000002,20.260000000000002,17.59,20.07,18.16,25.9,30.87,24.43,20.82,21.53,22.36,27.16,18.29,34.06,18.78]
["MAO DE OBRA",40809,"ALMOXARIFE (MENSALISTA)","MES","CR",2844.64,4920.6400000000003,6319.7,3287.95,4599.45,3424.27,6182.15,3628.25,3822.93,5264.14,3807.32,3452.74,3130.51,3507.56,3076.58,3513.27,3205.7,4542.42,5425.89,4267,3612.54,3750.13,3928.92,4762.1499999999996,3232.37,5965.86,3292.26]
["MATERIAL",42428,"ALONGADOR COM TRES ALTURAS, EM TUBO DE ACO CARBONO, PINTURA NO PROCESSO ELETROSTATICO - EQUIPAMENTO DE GINASTICA PARA ACADEMIA AO AR LIVRE / ACADEMIA DA TERCEIRA IDADE - ATI","UN","C",{"$nulls":25},2271]
["MATERIAL",301,"ANEL BORRACHA PARA TUBO ESGOTO PREDIAL, DN 100 MM (NBR 5688)","UN","C",4.49,3.75,4,3.64,3.15,4.09,2.79,3.1,3.65,3.9,3,3,3,4.5,3.5,4,3.79,2.89,3,3.43,3.5,3,3.2,2.88,3.2,2.89,3.5]
["MATERIAL",296,"ANEL BORRACHA PARA TUBO ESGOTO PREDIAL, DN 50 MM (NBR 5688)","UN","CR",2.54,2.12,2.2599999999999998,2.0499999999999998,1.78,2.31,1.57,1.75,2.06,2.2000000000000002,1.69,1.69,1.69,2.54,1.98,2.2599999999999998,2.14,1.63,1.69,1.94,1.98,1.69,1.81,1.62,1.81,1.63,1.98]
["MATERIAL",297,"ANEL BORRACHA PARA TUBO ESGOTO PREDIAL, DN 75 MM (NBR 5688)","UN","CR",3.73,3.11,3.32,3.02,2.61,3.4,2.31,2.57,3.03,3.24,2.4900000000000002,2.4900000000000002,2.4900000000000002,3.74,2.91,3.32,3.15,2.4,2.4900000000000002,2.85,2.91,2.4900000000000002,2.66,2.39,2.66,2.4,2.91]
["MATERIAL",299,"ANEL BORRACHA, DN 100 MM, PARA TUBO SERIE REFORCADA ESGOTO PREDIAL","UN","CR",5.27,4.4000000000000004,4.6900000000000004,4.2699999999999996,3.69,4.8,3.27,3.64,4.28,4.57,3.52,3.52,3.52,5.28,4.0999999999999996,4.6900000000000004,4.45,3.39,3.52,4.0199999999999996,4.0999999999999996,3.52,3.75,3.38,3.75,3.39,4.0999999999999996]
["MATERIAL",300,"ANEL BORRACHA, DN 150 MM, PARA TUBO SERIE REFORCADA ESGOTO PREDIAL","UN","CR",18.22,15.22,16.239999999999998,14.77,12.78,16.600000000000001,11.32,12.58,14.81,15.83,12.18,12.18,12.18,18.27,14.21,16.239999999999998,15.38,11.73,12.18,13.92,14.21,12.18,12.99,11.69,12.99,11.73,14.21]
["MATERIAL",20085,"ANEL BORRACHA, DN 50 MM, PARA TUBO SERIE REFORCADA ESGOTO PREDIAL","UN","CR",3.33,2.78,2.97,2.7,2.33,3.03,2.0699999999999998,2.2999999999999998,2.71,2.89,2.2200000000000002,2.2200000000000002,2.2200000000000002,3.34,2.59,2.97,2.81,2.14,2.2200000000000002,2.54,2.59,2.2200000000000002,2.37,2.13,2.37,2.14,2.59]
["MATERIAL",298,"ANEL BORRACHA, DN 75 MM, PARA TUBO SERIE REFORCADA ESGOTO PREDIAL","UN","CR",4.05,3.38,3.61,3.28,2.84,3.69,2.5099999999999998,2.79,3.29,3.52,2.7,2.7,2.7,4.0599999999999996,3.15,3.61,3.42,2.6,2.7,3.09,3.15,2.7,2.88,2.6,2.88,2.6,3.15]
["MATERIAL",311,"ANEL BORRACHA, PARA TUBO PVC DEFOFO, DN 100 MM (NBR 7665)","UN","CR",15.03,12.55,13.39,12.18,10.54,13.69,9.34,10.38,12.22,13.05,10.039999999999999,10.039999999999999,10.039999999999999,15.06,11.71,13.39,12.69,9.67,10.039999999999999,11.48,11.71,10.039999999999999,10.71,9.64,10.71,9.67,11.71]
["MATERIAL",318,"ANEL BORRACHA, PARA TUBO PVC DEFOFO, DN 150 MM (NBR 7665)","UN","CR",30.27,25.28,26.97,24.54,21.23,27.57,18.809999999999999,20.9,24.61,26.29,20.22,20.22,20.22,30.34,23.59,26.97,25.55,19.48,20.22,23.12,23.59,20.22,21.57,19.41,21.57,19.48,23.59]
["MATERIAL",319,"ANEL BORRACHA, PARA TUBO PVC DEFOFO, DN 200 MM (NBR 7665)","UN","CR",47.46,39.64,42.28,38.479999999999997,33.299999999999997,43.23,29.49,32.770000000000003,38.58,41.22,31.71,31.71,31.71,47.57,37,42.28,40.06,30.55,31.71,36.26,37,31.71,33.82,30.44,33.82,30.55,37]
["MATERIAL",303,"ANEL BORRACHA, PARA TUBO PVC, REDE COLETOR ESGOTO, DN 100 MM (NBR 7362)","UN","CR",4.97,4.1500000000000004,4.43,4.03,3.49,4.53,3.09,3.43,4.04,4.32,3.32,3.32,3.32,4.9800000000000004,3.87,4.43,4.2,3.2,3.32,3.8,3.87,3.32,3.54,3.19,3.54,3.2,3.87]
["MATERIAL",305,"ANEL BORRACHA, PARA TUBO PVC, REDE COLETOR ESGOTO, DN 150 MM (NBR 7362)","UN","CR",15.65,13.07,13.94,12.68,10.98,14.25,9.7200000000000006,10.8,12.72,13.59,10.45,10.45,10.45,15.68,12.2,13.94,13.21,10.07,10.45,11.95,12.2,10.45,11.15,10.029999999999999,11.15,10.07,12.2]
["MATERIAL",306,"ANEL BORRACHA, PARA TUBO PVC, REDE COLETOR ESGOTO, DN 200 MM (NBR 7362)","UN","CR",23.73,19.82,21.14,19.239999999999998,16.649999999999999,21.61,14.74,16.38,19.29,20.61,15.85,15.85,15.85,23.78,18.5,21.14,20.03,15.27,15.85,18.13,18.5,15.85,16.91,15.22,16.91,15.27,18.5]
["MATERIAL",307,"ANEL BORRACHA, PARA TUBO PVC, REDE COLETOR ESGOTO, DN 250 MM (NBR 7362)","UN","CR",59.96,50.07,53.41,48.6,42.06,54.61,37.25,41.39,48.74,52.08,40.06,40.06,40.06,60.09,46.73,53.41,50.61,38.590000000000003,40.06,45.8,46.73,40.06,42.73,38.46,42.73,38.590000000000003,46.73]
["MATERIAL",309,"ANEL BORRACHA, PARA TUBO PVC, REDE COLETOR ESGOTO, DN 350 MM (NBR 7362)","UN","CR",98.21,82.02,87.49,79.62,68.900000000000006,89.46,61.02,67.81,79.84,85.3,65.62,65.62,65.62,98.43,76.55,87.49,82.9,63.21,65.62,75.02,76.55,65.62,69.989999999999995,62.99,69.989999999999995,63.21,76.55]
["MATERIAL",310,"ANEL BORRACHA, PARA TUBO PVC, REDE COLETOR ESGOTO, DN 400 MM (NBR 7362)","UN","CR",136.12,113.68,121.26,110.35,95.49,123.99,84.58,93.98,110.65,118.23,90.95,90.95,90.95,136.41999999999999,106.11,121.26,114.9,87.61,90.95,103.98,106.11,90.95,97.01,87.31,97.01,87.61,106.11]
["MATERIAL",308,"ANEL BORRACHA, PARA TUBO, PVC REDE COLETOR ESGOTO, DN 300 MM (NBR 7362)","UN","CR",133.81,111.76,119.21,108.48,93.87,121.89,83.14,92.38,108.78,116.23,89.4,89.4,89.4,134.11000000000001,104.3,119.21,112.95,86.13,89.4,102.22,104.3,89.4,95.36,85.83,95.36,86.13,104.3]
["MATERIAL",328,"ANEL BORRACHA, PARA TUBO/CONEXAO PVC PBA, DN 100 MM, PARA REDE AGUA","UN","CR",11.9,9.94,10.6,9.65,8.35,10.84,7.39,8.2100000000000009,9.67,10.34,7.95,7.95,7.95,11.93,9.2799999999999994,10.6,10.039999999999999,7.66,7.95,9.09,9.2799999999999994,7.95,8.48,7.63,8.48,7.66,9.2799999999999994]
["MATERIAL",325,"ANEL BORRACHA, PARA TUBO/CONEXAO PVC PBA, DN 50 MM, PARA REDE AGUA","UN","CR",3.51,2.93,3.13,2.84,2.46,3.2,2.1800000000000002,2.42,2.85,3.05,2.34,2.34,2.34,3.52,2.73,3.13,2.96,2.2599999999999998,2.34,2.68,2.73,2.34,2.5,2.25,2.5,2.2599999999999998,2.73]
["MATERIAL",20326,"ANEL BORRACHA, PARA TUBO/CONEXAO PVC PBA, DN 60 MM, PARA REDE AGUA","UN","CR",6.42,5.36,5.72,5.21,4.5,5.85,3.99,4.43,5.22,5.58,4.29,4.29,4.29,6.44,5.01,5.72,5.42,4.13,4.29,4.9000000000000004,5.01,4.29,4.58,4.12,4.58,4.13,5.01]
["MATERIAL",329,"ANEL BORRACHA, PARA TUBO/CONEXAO PVC PBA, DN 75 MM, PARA REDE AGUA","UN","CR",9.9499999999999993,8.31,8.86,8.07,6.98,9.06,6.18,6.87,8.09,8.64,6.65,6.65,6.65,9.9700000000000006,7.76,8.86,8.4,6.4,6.65,7.6,7.76,6.65,7.09,6.38,7.09,6.4,7.76]
["MATERIAL",39642,"ANEL DE BORRACHA PARA VEDACAO DE DUTO PEAD CORRUGADO PARA ELETRICA, DN 1 1/2\" (NBR 15715)","UN","CR",4.41,3.68,3.93,3.57,3.09,4.01,2.74,3.04,3.58,3.83,2.94,2.94,2.94,4.42,3.43,3.93,3.72,2.84,2.94,3.37,3.43,2.94,3.14,2.83,3.14,2.84,3.43]
["MATERIAL",39641,"ANEL DE BORRACHA PARA VEDACAO DE DUTO PEAD CORRUGADO PARA ELETRICA, DN 1 1/4\" (NBR 15715)","UN","CR",3.87,3.23,3.45,3.14,2.71,3.52,2.4,2.67,3.14,3.36,2.58,2.58,2.58,3.88,3.01,3.45,3.27,2.4900000000000002,2.58,2.95,3.01,2.58,2.76,2.48,2.76,2.4900000000000002,3.01]
["MATERIAL",39643,"ANEL DE BORRACHA PARA VEDACAO DE DUTO PEAD CORRUGADO PARA ELETRICA, DN 2\" (NBR 15715)","UN","CR",5.18,4.32,4.6100000000000003,4.2,3.63,4.72,3.22,3.57,4.21,4.5,3.46,3.46,3.46,5.19,4.03,4.6100000000000003,4.37,3.33,3.46,3.95,4.03,3.46,3.69,3.32,3.69,3.33,4.03]
["MATERIAL",39644,"ANEL DE BORRACHA PARA VEDACAO DE DUTO PEAD CORRUGADO PARA ELETRICA, DN 3\" (NBR 15715)","UN","CR",8.0299999999999994,6.7,7.15,6.51,5.63,7.31,4.99,5.54,6.52,6.97,5.36,5.36,5.36,8.0399999999999991,6.25,7.15,6.77,5.16,5.36,6.13,6.25,5.36,5.72,5.15,5.72,5.16,6.25]
["MATERIAL",39645,"ANEL DE BORRACHA PARA VEDACAO DE DUTO PEAD CORRUGADO PARA ELETRICA, DN 4\" (NBR 15715)","UN","CR",8.8000000000000007,7.35,7.84,7.13,6.17,8.01,5.46,6.07,7.15,7.64,5.88,5.88,5.88,8.82,6.86,7.84,7.42,5.66,5.88,6.72,6.86,5.88,6.27,5.64,6.27,5.66,6.86]
["MATERIAL",41610,"ANEL DE CONCRETO ARMADO COM FUNDO, PARA FOSSA E POCO 1,50 X *0,50* M","UN","CR",null,521.67999999999995,null,null,728.5,null,737.76,724.43,null,796.41,725.41,789.93,null,708.5,null,580.33000000000004,679.11,null,889.02,712.63,651.33000000000004,null,763.2,null,null,938.41,679.11]
["MATERIAL",41611,"ANEL DE CONCRETO ARMADO COM FUNDO, PARA FOSSA E POCO 2,00 X *0,50* M","UN","CR",null,822.27,null,null,1148.26,null,1162.8599999999999,1141.8399999999999,null,1255.31,1143.4000000000001,1245.0899999999999,null,1116.74,null,914.72,1070.42,null,1401.27,1123.25,1026.6300000000001,null,1202.95,null,null,1479.12,1070.42]
["MATERIAL",41612,"ANEL DE CONCRETO ARMADO COM FUNDO, PARA FOSSA E POCO 2,50 X *0,50* M","UN","CR",null,1154.5899999999999,null,null,1612.33,null,1632.83,1603.31,null,1762.63,1605.5,1748.29,null,1568.06,null,1284.4000000000001,1503.02,null,1967.59,1577.22,1441.53,null,1689.12,null,null,2076.9,1503.02]
["MATERIAL",41637,"ANEL DE CONCRETO ARMADO, COM FUROS/DRENO PARA SUMIDOURO, D = 0,80 M, H = 0,50 M","UN","CR",null,107.93,null,null,150.72,null,152.63,149.87,null,164.77,150.08000000000001,163.43,null,146.58000000000001,null,120.06,140.5,null,183.93,147.44,134.75,null,157.9,null,null,194.15,140.5]
["MATERIAL",41638,"ANEL DE CONCRETO ARMADO, COM FUROS/DRENO PARA SUMIDOURO, D = 1,00 M, H = 0,50M","UN","CR",null,140.59,null,null,196.33,null,198.83,195.23,null,214.63,195.5,212.89,null,190.94,null,156.4,183.02,null,239.59,192.06,175.53,null,205.68,null,null,252.9,183.02]
["MATERIAL",41639,"ANEL DE CONCRETO ARMADO, COM FUROS/DRENO PARA SUMIDOURO, D = 1,50 M, H = 0,50 M","UN","CR",null,340.13,null,null,474.97,null,481.01,472.31,null,519.25,472.96,515.02,null,461.93,null,378.36,442.77,null,579.63,464.62,424.65,null,497.59,null,null,611.83000000000004,442.77]
["MATERIAL",11789,"ANEL DE DISTRIBUICAO EM ACO GALVANIZADO PARA FIO FE-160","UN","CR",0.85,1.61,1.04,null,1.72,null,1.77,1.25,1.4,1.53,null,1.72,1.47,1.52,1.18,null,1.23,0.75,1.51,null,0.75,null,null,1.48,null,0.87,2.06]
["MATERIAL",20975,"ANEL DE EXPANSAO EM COBRE, ENGATE RAPIDO 1 1/2\", PARA EMPATACAO MANGUEIRA DE COMBATE A INCENDIO PREDIAL","UN","CR",11.33,19.23,15.18,null,19.239999999999998,14.01,13.05,13.05,null,19.649999999999999,10.65,12.71,10.99,10.99,13.74,15.8,11.64,19.78,14.97,null,8.35,null,11.33,8.24,null,22.67]
["MATERIAL",20976,"ANEL DE EXPANSAO EM COBRE, ENGATE RAPIDO 2 1/2\", PARA EMPATACAO MANGUEIRA DE COMBATE A INCENDIO PREDIAL","UN","CR",17.12,29.06,22.94,null,29.06,21.17,19.72,19.72,null,29.68,16.09,19.2,16.600000000000001,16.600000000000001,20.76,23.87,17.59,29.89,22.63,null,12.62,null,17.12,12.45,null,34.25]
["MATERIAL",6138,"ANEL DE VEDACAO, PVC FLEXIVEL, 100 MM, PARA SAIDA DE BACIA / VASO SANITARIO","UN","CR",12.3,9.68,11.35,12.86,9.31,14.24,15.42,11.96,12.26,12.04,11.06,11.29,12.86,13.08,9.25,9.7100000000000009,11.09,11.23,15.64,13.88,11.32,10.18,10.42,11.34,8.67,11.03,10.55]
["MATERIAL",40340,"ANEL DE VEDACAO/JUNTA ELASTICA, H = *16* MM, PARA TUBO DE CONCRETO, DN 300 MM","UN","CR",33.03,27.58,29.42,26.78,23.17,30.09,20.52,22.8,26.85,28.69,22.07,22.07,22.07,33.1,25.75,29.42,27.88,21.26,22.07,25.23,25.75,22.07,23.54,21.18,23.54,21.26,25.75]
["MATERIAL",40341,"ANEL DE VEDACAO/JUNTA ELASTICA, H = *16* MM, PARA TUBO DE CONCRETO, DN 400 MM","UN","CR",39.42,32.92,35.119999999999997,31.95,27.65,35.909999999999997,24.49,27.21,32.04,34.24,26.34,26.34,26.34,39.51,30.73,35.119999999999997,33.270000000000003,25.37,26.34,30.11,30.73,26.34,28.09,25.28,28.09,25.37,30.73]
["MATERIAL",40342,"ANEL DE VEDACAO/JUNTA ELASTICA, H = *16* MM, PARA TUBO DE CONCRETO, DN 500 MM","UN","CR",47.01,39.26,41.88,38.11,32.979999999999997,42.82,29.21,32.46,38.22,40.83,31.41,31.41,31.41,47.12,36.65,41.88,39.68,30.26,31.41,35.909999999999997,36.65,31.41,33.5,30.15,33.5,30.26,36.65]
["MATERIAL",40343,"ANEL DE VEDACAO/JUNTA ELASTICA, H = *16* MM, PARA TUBO DE CONCRETO, DN 600 MM","UN","CR",55.76,46.57,49.68,45.2,39.119999999999997,50.79,34.65,38.5,45.33,48.43,37.26,37.26,37.26,55.89,43.47,49.68,47.07,35.89,37.26,42.6,43.47,37.26,39.74,35.76,39.74,35.89,43.47]
["MATERIAL",40344,"ANEL DE VEDACAO/JUNTA ELASTICA, H = *18* MM, PARA TUBO DE CONCRETO, DN 700 MM","UN","CR",76.02,63.49,67.72,61.63,53.33,69.239999999999995,47.23,52.48,61.79,66.03,50.79,50.79,50.79,76.19,59.26,67.72,64.17,48.93,50.79,58.07,59.26,50.79,54.18,48.76,54.18,48.93,59.26]
["MATERIAL",40345,"ANEL DE VEDACAO/JUNTA ELASTICA, H = *19* MM, PARA TUBO DE CONCRETO, DN 800 MM","UN","CR",93.67,78.23,83.45,75.94,65.709999999999994,85.32,58.2,64.67,76.14,81.36,62.58,62.58,62.58,93.88,73.010000000000005,83.45,79.069999999999993,60.29,62.58,71.55,73.010000000000005,62.58,66.760000000000005,60.08,66.760000000000005,60.29,73.010000000000005]
["MATERIAL",40346,"ANEL DE VEDACAO/JUNTA ELASTICA, H = *19* MM, PARA TUBO DE CONCRETO, DN 900 MM","UN","CR",108.65,90.75,96.8,88.08,76.23,98.97,67.510000000000005,75.02,88.33,94.38,72.599999999999994,72.599999999999994,72.599999999999994,108.9,84.7,96.8,91.71,69.930000000000007,72.599999999999994,83,84.7,72.599999999999994,77.44,69.69,77.44,69.930000000000007,84.7]
["MATERIAL",40347,"ANEL DE VEDACAO/JUNTA ELASTICA, H = *21* MM, PARA TUBO DE CONCRETO, DN 1000 MM","UN","CR",136.52000000000001,114.02,121.62,110.67,95.77,124.35,84.83,94.25,110.98,118.58,91.21,91.21,91.21,136.82,106.42,121.62,115.23,87.87,91.21,104.29,106.42,91.21,97.29,87.56,97.29,87.87,106.42]
["MATERIAL",43424,"ANEL EM CONCRETO ARMADO, LISO, PARA FOSSAS SEPTICAS E SUMIDOUROS, COM FUNDO, DIAMETRO INTERNO DE 1,20 M E ALTURA DE 0,50 M","UN","CR",null,437.08,null,null,610.36,null,618.12,606.95000000000005,null,667.26,607.78,661.83,null,593.6,null,486.22,568.98,null,744.85,597.07000000000005,545.70000000000005,null,639.42999999999995,null,null,786.23,568.98]
["MATERIAL",43426,"ANEL EM CONCRETO ARMADO, LISO, PARA FOSSAS SEPTICAS E SUMIDOUROS, COM FUNDO, DIAMETRO INTERNO DE 3,00 M E ALTURA DE 0,50 M","UN","CR",null,1507.5,null,null,2105.15,null,2131.92,2093.38,null,2301.4,2096.23,2282.67,null,2047.35,null,1676.99,1962.43,null,2569,2059.31,1882.15,null,2205.42,null,null,2711.73,1962.43]
["MATERIAL",12565,"ANEL EM CONCRETO ARMADO, LISO, PARA FOSSAS SEPTICAS E SUMIDOUROS, SEM FUNDO, DIAMETRO INTERNO DE 2,00 M E ALTURA DE 0,50 M","UN","CR",null,528.66,null,null,738.25,null,747.63,734.12,null,807.07,735.12,800.5,null,717.98,null,588.1,688.2,null,900.91,722.17,660.04,null,773.41,null,null,950.97,688.2]
["MATERIAL",12567,"ANEL EM CONCRETO ARMADO, LISO, PARA FOSSAS SEPTICAS E SUMIDOUROS, SEM FUNDO, DIAMETRO INTERNO DE 2,50 M E ALTURA DE 0,50 M","UN","CR",null,710.08,null,null,991.59,null,1004.2,986.05,null,1084.03,987.39,1075.21,null,964.36,null,789.91,924.36,null,1210.08,970,886.55,null,1038.82,null,null,1277.31,924.36]
["MATERIAL",12568,"ANEL EM CONCRETO ARMADO, LISO, PARA FOSSAS SEPTICAS E SUMIDOUROS, SEM FUNDO, DIAMETRO INTERNO DE 3,00 M E ALTURA DE 0,50 M","UN","CR",null,994.11,null,null,1388.23,null,1405.88,1380.47,null,1517.64,1382.35,1505.29,null,1350.11,null,1105.8800000000001,1294.1099999999999,null,1694.11,1357.99,1241.17,null,1454.35,null,null,1788.23,1294.1099999999999]
["MATERIAL",43441,"ANEL EM CONCRETO ARMADO, LISO, PARA POCOS DE INSPECAO, COM FUNDO, DIAMETRO INTERNO DE 0,60 M E ALTURA DE 0,50 M","UN","CR",null,127.81,null,null,178.48,null,180.75,177.48,null,195.12,177.73,193.53,null,173.58,null,142.18,166.38,null,217.81,174.59,159.57,null,186.98,null,null,229.91,166.38]
["MATERIAL",43423,"ANEL EM CONCRETO ARMADO, LISO, PARA POCOS DE INSPECAO, SEM FUNDO, DIAMETRO INTERNO DE 0,60 M E ALTURA DE 0,20 M","UN","CR",null,59.64,null,null,83.29,null,84.35,82.82,null,91.05,82.94,90.31,null,81,null,66.349999999999994,77.64,null,101.64,81.48,74.47,null,87.26,null,null,107.29,77.64]
["MATERIAL",12532,"ANEL EM CONCRETO ARMADO, LISO, PARA POCOS DE INSPECAO, SEM FUNDO, DIAMETRO INTERNO DE 0,60 M E ALTURA DE 0,50 M","UN","CR",null,91.99,null,null,128.46,null,130.09,127.74,null,140.43,127.91,139.29,null,124.93,null,102.33,119.75,null,156.76,125.66,114.85,null,134.57,null,null,165.47,119.75]
["MATERIAL",43444,"ANEL EM CONCRETO ARMADO, LISO, PARA POCOS DE VISITA, POCOS DE INSPECAO, FOSSAS SEPTICAS E SUMIDOUROS, COM FUNDO, DIAMETRO INTERNO DE 1,20 M E ALTURA DE 0,75 M","UN","CR",null,308.88,null,null,431.34,null,436.82,428.93,null,471.55,429.51,467.71,null,419.5,null,343.61,402.1,null,526.38,421.95,385.65,null,451.88,null,null,555.63,402.1]
["MATERIAL",12551,"ANEL EM CONCRETO ARMADO, LISO, PARA POCOS DE VISITA, POCOS DE INSPECAO, FOSSAS SEPTICAS E SUMIDOUROS, SEM FUNDO, DIAMETRO INTERNO DE 1,20 M E ALTURA DE 0,50 M","UN","CR",null,220.38,null,null,307.75,null,311.66000000000003,306.02999999999997,null,336.44,306.44,333.7,null,299.3,null,245.15,286.88,null,375.56,301.04000000000002,275.14999999999998,null,322.39999999999998,null,null,396.42,286.88]
["MATERIAL",43442,"ANEL EM CONCRETO ARMADO, LISO, PARA POCOS DE VISITAS, POCOS DE INSPECAO, FOSSAS SEPTICAS E SUMIDOUROS, COM FUNDO, DIAMETRO INTERNO DE 0,80 M E ALTURA DE 0,50 M","UN","CR",null,170.42,null,null,237.98,null,241,236.65,null,260.16000000000003,236.97,258.05,null,231.44,null,189.57,221.84,null,290.42,232.8,212.77,null,249.31,null,null,306.55,221.84]
["MATERIAL",43443,"ANEL EM CONCRETO ARMADO, LISO, PARA POCOS DE VISITAS, POCOS DE INSPECAO, FOSSAS SEPTICAS E SUMIDOUROS, COM FUNDO, DIAMETRO INTERNO DE 1,00 M E ALTURA DE 0,50 M","UN","CR",null,223.67,null,null,312.35000000000002,null,316.32,310.60000000000002,null,341.47,311.02,338.69,null,303.77,null,248.82,291.17,null,381.17,305.54000000000002,279.26,null,327.22000000000003,null,null,402.35,291.17]
["MATERIAL",12544,"ANEL EM CONCRETO ARMADO, LISO, PARA POCOS DE VISITAS, POCOS DE INSPECAO, FOSSAS SEPTICAS E SUMIDOUROS, SEM FUNDO, DIAMETRO INTERNO DE 0,80 M E ALTURA DE 0,50 M","UN","CR",null,120.71,null,null,168.57,null,170.71,167.62,null,184.28,167.85,182.78,null,163.94,null,134.28,157.13999999999999,null,205.71,164.89,150.71,null,176.59,null,null,217.14,157.13999999999999]
["MATERIAL",12547,"ANEL EM CONCRETO ARMADO, LISO, PARA POCOS DE VISITAS, POCOS DE INSPECAO, FOSSAS SEPTICAS E SUMIDOUROS, SEM FUNDO, DIAMETRO INTERNO DE 1,00 M E ALTURA DE 0,50 M","UN","CR",null,162.35,null,null,226.71,null,229.6,225.45,null,247.85,225.75,245.83,null,220.49,null,180.6,211.34,null,276.67,221.78,202.7,null,237.51,null,null,292.04000000000002,211.34]
["MATERIAL",43445,"ANEL EM CONCRETO ARMADO, LISO, PARA, POCOS DE VISITA, POCOS DE INSPECAO, FOSSAS SEPTICAS E SUMIDOUROS, COM FUNDO, DIAMETRO INTERNO DE 1,50 M E ALTURA DE 1,00 M","UN","CR",null,426.05,null,null,594.95000000000005,null,602.52,591.63,null,650.41999999999996,592.42999999999995,645.12,null,578.62,null,473.94,554.62,null,726.05,581.99,531.92999999999995,null,623.29,null,null,766.38,554.62]
["MATERIAL",12563,"ANEL EM CONCRETO ARMADO, LISO, PARA, POCOS DE VISITA, POCOS DE INSPECAO, FOSSAS SEPTICAS E SUMIDOUROS, SEM FUNDO, DIAMETRO INTERNO DE 1,50 M E ALTURA DE 0,50 M","UN","CR",null,304.82,null,null,425.67,null,431.08,423.29,null,465.35,423.86,461.56,null,413.98,null,339.09,396.81,null,519.46,416.4,380.58,null,445.94,null,null,548.32000000000005,396.81]
["MATERIAL",43425,"ANEL EM CONCRETO ARMADO, PERFURADO, PARA FOSSAS SEPTICAS E SUMIDOUROS, SEM FUNDO, DIAMETRO INTERNO DE 1,20 M E ALTURA DE 0,50 M","UN","CR",null,191.72,null,null,267.73,null,271.13,266.23,null,292.68,266.58999999999997,290.3,null,260.37,null,213.27,249.57,null,326.72000000000003,261.89999999999998,239.36,null,280.48,null,null,344.87,249.57]
["MATERIAL",43446,"ANEL EM CONCRETO ARMADO, PERFURADO, PARA FOSSAS SEPTICAS E SUMIDOUROS, SEM FUNDO, DIAMETRO INTERNO DE 2,00 M E ALTURA DE 0,50 M","UN","CR",null,404.74,null,null,565.21,null,572.39,562.04,null,617.89,562.80999999999995,612.86,null,549.69000000000005,null,450.25,526.89,null,689.74,552.9,505.33,null,592.12,null,null,728.06,526.89]
["MATERIAL",43447,"ANEL EM CONCRETO ARMADO, PERFURADO, PARA FOSSAS SEPTICAS E SUMIDOUROS, SEM FUNDO, DIAMETRO INTERNO DE 2,50 M E ALTURA DE 0,50 M","UN","CR",null,497.05,null,null,694.11,null,702.94,690.23,null,758.82,691.17,752.64,null,675.05,null,552.94000000000005,647.04999999999995,null,847.05,679,620.58000000000004,null,727.17,null,null,894.11,647.04999999999995]
["MATERIAL",43448,"ANEL EM CONCRETO ARMADO, PERFURADO, PARA FOSSAS SEPTICAS E SUMIDOUROS, SEM FUNDO, DIAMETRO INTERNO DE 3,00 M E ALTURA DE 0,50 M","UN","CR",null,695.88,null,null,971.76,null,984.11,966.32,null,1062.3499999999999,967.64,1053.7,null,945.08,null,774.11,905.88,null,1185.8800000000001,950.6,868.82,null,1018.04,null,null,1251.76,905.88]
["MATERIAL",13761,"APARELHO CORTE OXI-ACETILENO PARA SOLDA E CORTE CONTENDO MACARICO SOLDA, BICO DE CORTE, CILINDROS, REGULADORES, MANGUEIRAS E CARRINHO","UN","CR",null,3989.29,3648.43,4049.79,5072.3900000000003,3622.57,3373.6,3603.61,4426.8100000000004,7407.16,4234.9799999999996,4972.2299999999996,5260.89,3621.13,2353.4,3319.74,3687.53,3647.36,5292.91,3430.78,4714.03,3430.78,4386.2299999999996,6263.94,null,3586.38,4309.53]
["MATERIAL",4814,"APARELHO SINALIZADOR LUMINOSO COM LED, PARA SAIDA GARAGEM, COM 2 LENTES EM POLICARBONATO, BIVOLT (INCLUI SUPORTE DE FIXACAO)","UN","CR",66.33,66.22,66.33,60.8,44.22,49.74,54.17,56.93,49.74,51.95,55.27,46.1,44.11,86.23,54.83,76.28,53.28,66.88,43.11,61.9,54.72,82.91,50.85,53.06,44.22,50.85,54.72]
["EQUIPAMENTO (AQUISIÇÃO)",44473,"APOIO DO PORTA DENTE PARA FRESADORA DE ASFALTO","UN","CR",{"$nulls":25},2222.91]
["MAO DE OBRA",6122,"APONTADOR OU APROPRIADOR DE MAO DE OBRA (HORISTA)","H","CR",16.28,28.9,33.909999999999997,16,27.41,22.44,33.020000000000003,21.03,21.95,29.91,18.739999999999998,19.03,18.34,20.260000000000002,17.97,20.07,18.16,22.84,31.41,25.83,19.59,17.87,22.06,25.12,18.29,35.299999999999997,17.68]
["MAO DE OBRA",40810,"APONTADOR OU APROPRIADOR DE MAO DE OBRA (MENSALISTA)","MES","CR",2844.64,5044.82,5950.41,2783.37,4793.8,3945.3,5885.46,3692.61,3869.01,5264.14,3309.68,3323.17,3232.83,3507.56,3143.45,3513.27,3205.7,4008.64,5522.15,4512.49,3401.44,3113.38,3877.59,4407.22,3232.37,6184.75,3099.88]
["EQUIPAMENTO (AQUISIÇÃO)",21100,"AQUECEDOR DE AGUA A GAS GLP/GN COM CAPACIDADE DE ARMAZENAMENTO DE 50 A 80 L","UN","CR",{"$nulls":4},3657.54,{"$nulls":5},1997.11,{"$nulls":6},3845.1,{"$nulls":7},3845.1]
["EQUIPAMENTO (AQUISIÇÃO)",11811,"AQUECEDOR DE AGUA ELETRICO HORIZONTAL, RESERVATORIO DE 200 L CILINDRICO EM COBRE, REFORCADO COM ACO CARBONO, MONOFASICO, TENSAO NOMINAL 220 V","UN","CR",{"$nulls":4},5279.73,{"$nulls":5},2882.86,{"$nulls":6},5550.48,{"$nulls":7},5550.48]
["EQUIPAMENTO (AQUISIÇÃO)",11816,"AQUECEDOR DE AGUA ELETRICO RESERVATORIO DE 100 L CILINDRICO EM COBRE, REFORCADO COM ACO CARBONO, MONOFASICO, TENSAO NOMINAL 220 V","UN","C",{"$nulls":4},3900,{"$nulls":5},2129.5,{"$nulls":6},4100,{"$nulls":7},4100]
["EQUIPAMENTO (AQUISIÇÃO)",11814,"AQUECEDOR DE AGUA ELETRICO RESERVATORIO DE 500 L CILINDRICO EM COBRE, REFORCADO COM ACO CARBONO, MONOFASICO, TENSAO NOMINAL 220 V","UN","CR",{"$nulls":4},8489.32,{"$nulls":5},4635.38,{"$nulls":6},8924.67,{"$nulls":7},8924.67]
["EQUIPAMENTO (AQUISIÇÃO)",14186,"AQUECEDOR DE AGUA ELETRICO RESERVATORIO DE 500 L CILINDRICO EM COBRE, REFORCADO COM ACO CARBONO, TRIFASICO, TENSAO NOMINAL 220/380/400 V, POTENCIA 24 KW","UN","CR",{"$nulls":4},10659.49,{"$nulls":5},5820.35,{"$nulls":6},11206.13,{"$nulls":7},11206.13]
["EQUIPAMENTO (AQUISIÇÃO)",14185,"AQUECEDOR DE AGUA ELETRICO RESERVATORIO DE 700 L CILINDRICO EM COBRE, REFORCADO COM ACO CARBONO, MONOFASICO, TENSAO NOMINAL 220 V","UN","CR",{"$nulls":4},13808.19,{"$nulls":5},7539.62,{"$nulls":6},14516.3,{"$nulls":7},14516.3]
["EQUIPAMENTO (AQUISIÇÃO)",44498,"AQUECEDOR DE OLEO BPF (FLUIDO) TERMICO, CAPACIDADE DE 300.000 KCAL/H","UN","CR",{"$nulls":25},385137.15]
["EQUIPAMENTO (AQUISIÇÃO)",34469,"AQUECEDOR SOLAR COM RESERVATORIO TERMICO DE 1000 L E *5* PLACAS COLETORAS DE *2,0* M2 (NAO INCLUI ACESSORIOS) (SEM INSTALACAO)","UN","CR",{"$nulls":4},18136.400000000001,{"$nulls":5},9612.61,{"$nulls":11},19023.72,null,null,9750.75]
["EQUIPAMENTO (AQUISIÇÃO)",34476,"AQUECEDOR SOLAR COM RESERVATORIO TERMICO DE 400 L E *2* PLACAS COLETORAS DE *2,0* M2 (NAO INCLUI ACESSORIOS) (SEM INSTALACAO)","UN","CR",{"$nulls":4},9458.89,{"$nulls":5},5013.38,{"$nulls":11},9921.66,null,null,5085.42]
["EQUIPAMENTO (AQUISIÇÃO)",34477,"AQUECEDOR SOLAR COM RESERVATORIO TERMICO DE 600 L E *3* PLACAS COLETORAS DE *2,0* M2 (NAO INCLUI ACESSORIOS) (SEM INSTALACAO)","UN","CR",{"$nulls":4},12553.78,{"$nulls":5},6653.73,{"$nulls":11},13167.97,null,null,6749.34]
["EQUIPAMENTO (AQUISIÇÃO)",34482,"AQUECEDOR SOLAR COM RESERVATORIO TERMICO DE 800 L E *4* PLACAS COLETORAS DE *2,0* M2 (NAO INCLUI ACESSORIOS) (SEM INSTALACAO)","UN","CR",{"$nulls":4},11724.54,{"$nulls":5},6214.21,{"$nulls":11},12298.16,null,null,6303.51]
["EQUIPAMENTO (AQUISIÇÃO)",34472,"AQUECEDOR SOLAR DE INSTALACAO EXTERNA, KIT COMPACTO, CONJUNTO COM RESERVATORIO TERMICO DE 200 L, PLACA COLETORA DE *2,0* M2 E INCLUSO ACESSORIOS (RESIDENCIAS ATE 120,00 M2 E DE 4 A 5 BANHOS POR DIA) (SEM INSTALACAO)","UN","C",{"$nulls":4},5580,{"$nulls":5},2957.5,{"$nulls":11},5853,null,null,3000]
["EQUIPAMENTO (AQUISIÇÃO)",42425,"AR CONDICIONADO SPLIT INVERTER, HI-WALL (PAREDE), 12000 BTU/H, CICLO FRIO, 60HZ, CLASSIFICACAO A (SELO PROCEL), GAS HFC, CONTROLE S/FIO","UN","CR",2693.57,null,2984.84,2565.79,2658.75,null,2899.23,2507.15,2222.25,2922.62,2384.25,null,3536.47,2526.71,2446.56,2552.92,2761.68,2835.85,2710.62,null,2424.6,null,2458.35,2738.87,2175.71,2547.79,2592.73]
["EQUIPAMENTO (AQUISIÇÃO)",42422,"AR CONDICIONADO SPLIT INVERTER, HI-WALL (PAREDE), 18000 BTU/H, CICLO FRIO, 60HZ, CLASSIFICACAO A (SELO PROCEL), GAS HFC, CONTROLE S/FIO","UN","C",3998.7,null,4431.1000000000004,3809,3947,null,4304,3721.95,3299,4338.7299999999996,3539.5,null,5250,3750.99,3632,3789.9,4099.8,4209.91,4024,null,3599.4,null,3649.5,4065.95,3229.91,3782.28,3849]
["EQUIPAMENTO (AQUISIÇÃO)",43184,"AR CONDICIONADO SPLIT INVERTER, HI-WALL (PAREDE), 24000 BTU/H, CICLO FRIO, 60HZ, CLASSIFICACAO A (SELO PROCEL), GAS HFC, CONTROLE S/FIO","UN","CR",5526.59,null,6124.2,5264.4,5455.13,null,5948.54,5144.09,4559.53,5996.54,4891.93,null,7256,5184.2299999999996,5019.7700000000004,5238,5666.32,5818.5,5561.55,null,4974.71,null,5043.96,5619.53,4464.04,5227.47,5319.69]
["EQUIPAMENTO (AQUISIÇÃO)",42424,"AR CONDICIONADO SPLIT INVERTER, HI-WALL (PAREDE), 9000 BTU/H, CICLO FRIO, 60HZ, CLASSIFICACAO A (SELO PROCEL), GAS HFC, CONTROLE S/FIO","UN","CR",2405.59,null,2665.72,2291.4699999999998,2374.4899999999998,null,2589.2600000000002,2239.1,1984.66,2610.16,2129.34,null,3158.37,2256.5700000000002,2184.9899999999998,2279.98,2466.42,2532.66,2420.8200000000002,null,2165.38,null,2195.52,2446.0500000000002,1943.09,2275.4,2315.54]
["EQUIPAMENTO (AQUISIÇÃO)",42416,"AR CONDICIONADO SPLIT INVERTER, PISO TETO, 18000 BTU/H, CICLO FRIO, 60HZ, CLASSIFICACAO ENERGETICA A OU B (SELO PROCEL), GAS HFC, CONTROLE S/FIO","UN","CR",10370.25,null,11491.63,9878.2800000000007,10236.17,null,11162.01,9652.52,8555.64,11252.08,9179.35,null,13615.37,9727.83,9419.24,9828.74,10632.44,10918,10435.86,null,9334.7000000000007,null,9464.6299999999992,10544.65,8376.4599999999991,9808.98,9982.01]
["EQUIPAMENTO (AQUISIÇÃO)",42417,"AR CONDICIONADO SPLIT INVERTER, PISO TETO, 24000 BTU/H, CICLO FRIO, 60HZ, CLASSIFICACAO ENERGETICA A OU B (SELO PROCEL), GAS HFC, CONTROLE S/FIO","UN","CR",11625.89,null,12883.06,11074.36,11475.58,null,12513.53,10821.27,9591.57,12614.5,10290.81,null,15263.95,10905.7,10559.74,11018.82,11919.83,12239.97,11699.45,null,10464.959999999999,null,10610.62,11821.42,9390.7000000000007,10996.67,11190.65]
["EQUIPAMENTO (AQUISIÇÃO)",42419,"AR CONDICIONADO SPLIT INVERTER, PISO TETO, 36000 BTU/H, CICLO FRIO, 60HZ, CLASSIFICACAO ENERGETICA A OU B (SELO PROCEL), GAS HFC, CONTROLE S/FIO","UN","CR",13134.79,null,14555.13,12511.67,12964.97,null,14137.63,12225.73,10836.44,14251.71,11626.43,null,17245.02,12321.12,11930.27,12448.93,13466.88,13828.57,13217.9,null,11823.18,null,11987.75,13355.69,10609.5,12423.9,12643.06]
["EQUIPAMENTO (AQUISIÇÃO)",42420,"AR CONDICIONADO SPLIT INVERTER, PISO TETO, 48000 BTU/H, CICLO FRIO, 60HZ, CLASSIFICACAO ENERGETICA A OU B (SELO PROCEL), GAS HFC, CONTROLE S/FIO","UN","CR",18052.8,null,20004.939999999999,17196.37,17819.39,null,19431.13,16803.37,14893.89,19587.919999999998,15979.66,null,23702,16934.47,16397.27,17110.14,18509.23,19006.34,18167.02,null,16250.09,null,16476.28,18356.41,14581.97,17075.73,17376.95]
["EQUIPAMENTO (AQUISIÇÃO)",42421,"AR CONDICIONADO SPLIT INVERTER, PISO TETO, APRESENTANDO ENTRE 54000 E 58000 BTU/H, CICLO FRIO, 60HZ, CLASSIFICACAO ENERGETICA A OU B (SELO PROCEL), GAS HFC, CONTROLE S/FIO","UN","CR",21902.68,null,24271.13,20863.61,21619.5,null,23574.95,20386.8,18070.11,23765.18,19387.439999999999,null,28756.62,20545.86,19894.099999999999,20758.990000000002,22456.45,23059.58,22041.26,null,19715.54,null,19989.96,22271.040000000001,17691.669999999998,20717.25,21082.71]
["EQUIPAMENTO (AQUISIÇÃO)",39556,"AR CONDICIONADO SPLIT ON/OFF, CASSETE (TETO), 18000 BTUS/H, CICLO QUENTE/FRIO, 60 HZ, CLASSIFICACAO ENERGETICA C - SELO PROCEL, GAS HFC, CONTROLE S/ FIO","UN","CR",7606.31,null,8428.82,7245.46,7507.97,null,8187.05,7079.88,6275.34,8253.1200000000008,6732.82,null,9986.5300000000007,7135.12,6908.78,7209.13,7798.62,8008.07,7654.44,null,6846.76,null,6942.06,7734.23,6143.92,7194.64,7321.55]
["EQUIPAMENTO (AQUISIÇÃO)",39557,"AR CONDICIONADO SPLIT ON/OFF, CASSETE (TETO), 24000 BTUS/H, CICLO QUENTE/FRIO, 60 HZ, CLASSIFICACAO ENERGETICA C - SELO PROCEL, GAS HFC, CONTROLE S/ FIO","UN","CR",8190.34,null,9076,7801.78,8084.44,null,8815.67,7623.48,6757.18,8886.7999999999993,7249.78,null,10753.31,7682.97,7439.24,7762.66,8397.42,8622.9500000000007,8242.16,null,7372.47,null,7475.09,8328.08,6615.66,7747.05,7883.71]
["EQUIPAMENTO (AQUISIÇÃO)",39559,"AR CONDICIONADO SPLIT ON/OFF, CASSETE (TETO), 36000 BTUS/H, CICLO QUENTE/FRIO, 60 HZ, CLASSIFICACAO ENERGETICA A - SELO PROCEL, GAS HFC, CONTROLE S/ FIO","UN","CR",12103.74,null,13412.58,11529.54,11947.25,null,13027.86,11266.04,9985.81,13132.99,10713.78,null,15891.33,11353.94,10993.77,11471.72,12409.76,12743.06,12180.32,null,10895.09,null,11046.74,12307.3,9776.68,11448.66,11650.61]
["EQUIPAMENTO (AQUISIÇÃO)",39560,"AR CONDICIONADO SPLIT ON/OFF, CASSETE (TETO), 48000 BTUS/H, CICLO QUENTE/FRIO, 60 HZ, CLASSIFICACAO ENERGETICA A - SELO PROCEL, GAS HFC, CONTROLE S/ FIO","UN","CR",14002.85,null,15517.05,13338.55,13821.8,null,15071.96,13033.71,11552.6,15193.58,12394.8,null,18384.72,13135.41,12718.72,13271.66,14356.89,14742.48,14091.45,null,12604.56,null,12780,14238.35,11310.66,13244.98,13478.62]
["EQUIPAMENTO (AQUISIÇÃO)",39561,"AR CONDICIONADO SPLIT ON/OFF, CASSETE (TETO), 60000 BTUS/H, CICLO QUENTE/FRIO, 60 HZ, CLASSIFICACAO ENERGETICA A - SELO PROCEL, GAS HFC, CONTROLE S/ FIO","UN","CR",14648.77,null,16232.81,13953.82,14459.37,null,15767.2,13634.93,12085.5,15894.43,12966.54,null,19232.759999999998,13741.31,13305.4,13883.85,15019.14,15422.51,14741.45,null,13185.98,null,13369.51,14895.13,11832.39,13855.94,14100.36]
["EQUIPAMENTO (AQUISIÇÃO)",43195,"AR CONDICIONADO SPLIT ON/OFF, CASSETE (TETO), FRIO 4 VIAS 18000 BTUS/H, CLASSIFICACAO ENERGETICA C - SELO PROCEL, GAS HFC, CONTROLE S/ FIO","UN","CR",6356.65,null,7044.02,6055.08,6274.46,null,6841.98,5916.7,5244.35,6897.19,5626.67,null,8345.81,5962.87,5773.71,6024.72,6517.36,6692.4,6396.87,null,5721.89,null,5801.53,6463.55,5134.5200000000004,6012.61,6118.67]
["EQUIPAMENTO (AQUISIÇÃO)",43196,"AR CONDICIONADO SPLIT ON/OFF, CASSETE (TETO), FRIO 4 VIAS 24000 BTUS/H, CLASSIFICACAO ENERGETICA C - SELO PROCEL, GAS HFC, CONTROLE S/ FIO","UN","CR",7878.15,null,8730.06,7504.41,7776.29,null,8479.65,7332.9,6499.62,8548.07,6973.44,null,10343.44,7390.12,7155.69,7466.78,8077.34,8294.27,7928,null,7091.46,null,7190.16,8010.64,6363.5,7451.76,7583.21]
["EQUIPAMENTO (AQUISIÇÃO)",43198,"AR CONDICIONADO SPLIT ON/OFF, CASSETE (TETO), FRIO 4 VIAS 36000 BTUS/H, CLASSIFICACAO ENERGETICA C - SELO PROCEL, GAS HFC, CONTROLE S/ FIO","UN","CR",11706.75,null,12972.66,11151.37,11555.39,null,12600.55,10896.52,9658.2800000000007,12702.23,10362.370000000001,null,15370.1,10981.54,10633.18,11095.45,12002.73,12325.09,11780.81,null,10537.74,null,10684.41,11903.63,9456.01,11073.15,11268.48]
["EQUIPAMENTO (AQUISIÇÃO)",43199,"AR CONDICIONADO SPLIT ON/OFF, CASSETE (TETO), FRIO 4 VIAS 48000 BTUS/H, CLASSIFICACAO ENERGETICA C - SELO PROCEL, GAS HFC, CONTROLE S/ FIO","UN","CR",12135.72,null,13448.02,11560,11978.81,null,13062.28,11295.81,10012.19,13167.68,10742.09,null,15933.31,11383.94,11022.82,11502.03,12442.55,12776.72,12212.5,null,10923.88,null,11075.93,12339.82,9802.51,11478.9,11681.39]
["EQUIPAMENTO (AQUISIÇÃO)",43200,"AR CONDICIONADO SPLIT ON/OFF, CASSETE (TETO), FRIO 4 VIAS 60000 BTUS/H, CLASSIFICACAO ENERGETICA C - SELO PROCEL, GAS HFC, CONTROLE S/ FIO","UN","CR",13926.62,null,15432.58,13265.94,13746.56,null,14989.92,12962.76,11489.72,15110.88,12327.33,null,18284.64,13063.9,12649.48,13199.42,14278.73,14662.22,14014.74,null,12535.95,null,12710.43,14160.84,11249.09,13172.88,13405.25]
["EQUIPAMENTO (AQUISIÇÃO)",43190,"AR CONDICIONADO SPLIT ON/OFF, HI-WALL (PAREDE), 12000 BTUS/H, CICLO FRIO, 60 HZ, CLASSIFICACAO ENERGETICA A - SELO PROCEL, GAS HFC, CONTROLE S/ FIO","UN","CR",2161.77,null,2395.5300000000002,2059.21,2133.8200000000002,null,2326.8200000000002,2012.15,1783.5,2345.59,1913.52,null,2838.24,2027.85,1963.52,2048.89,2216.42,2275.9499999999998,2175.4499999999998,null,1945.9,null,1972.98,2198.12,1746.15,2044.77,2080.84]
["EQUIPAMENTO (AQUISIÇÃO)",39555,"AR CONDICIONADO SPLIT ON/OFF, HI-WALL (PAREDE), 12000 BTUS/H, CICLO QUENTE/FRIO, 60 HZ, CLASSIFICACAO ENERGETICA A - SELO PROCEL, GAS HFC, CONTROLE S/ FIO","UN","CR",2338.48,null,2591.35,2227.54,2308.2399999999998,null,2517.02,2176.63,1929.29,2537.33,2069.9299999999998,null,3070.25,2193.61,2124.0300000000002,2216.37,2397.6,2462,2353.27,null,2104.96,null,2134.2600000000002,2377.81,1888.88,2211.91,2250.9299999999998]
["EQUIPAMENTO (AQUISIÇÃO)",43191,"AR CONDICIONADO SPLIT ON/OFF, HI-WALL (PAREDE), 18000 BTUS/H, CICLO FRIO, 60 HZ, CLASSIFICACAO ENERGETICA A - SELO PROCEL, GAS HFC, CONTROLE S/ FIO","UN","CR",3110.5,null,3446.85,2962.93,3070.28,null,3347.98,2895.22,2566.2199999999998,3375,2753.29,null,4083.86,2917.81,2825.25,2948.08,3189.14,3274.79,3130.18,null,2799.89,null,2838.86,3162.81,2512.4699999999998,2942.15,2994.05]
["EQUIPAMENTO (AQUISIÇÃO)",39548,"AR CONDICIONADO SPLIT ON/OFF, HI-WALL (PAREDE), 18000 BTUS/H, CICLO QUENTE/FRIO, 60 HZ, CLASSIFICACAO ENERGETICA A - SELO PROCEL, GAS HFC, CONTROLE S/ FIO","UN","CR",3468.69,null,3843.77,3304.13,3423.84,null,3733.52,3228.62,2861.73,3763.65,3070.35,null,4554.13,3253.81,3150.59,3287.56,3556.39,3651.9,3490.63,null,3122.31,null,3165.77,3527.02,2801.8,3280.95,3338.83]
["EQUIPAMENTO (AQUISIÇÃO)",43192,"AR CONDICIONADO SPLIT ON/OFF, HI-WALL (PAREDE), 24000 BTUS/H, CICLO FRIO, 60 HZ, CLASSIFICACAO ENERGETICA A - SELO PROCEL, GAS HFC, CONTROLE S/ FIO","UN","CR",4074.47,null,4515.07,3881.18,4021.79,null,4385.5600000000004,3792.48,3361.51,4420.95,3606.57,null,5349.49,3822.07,3700.82,3861.72,4177.49,4289.6899999999996,4100.25,null,3667.61,null,3718.66,4143,3291.11,3853.95,3921.94]
["EQUIPAMENTO (AQUISIÇÃO)",39554,"AR CONDICIONADO SPLIT ON/OFF, HI-WALL (PAREDE), 24000 BTUS/H, CICLO QUENTE/FRIO, 60 HZ, CLASSIFICACAO ENERGETICA A - SELO PROCEL, GAS HFC, CONTROLE S/ FIO","UN","CR",4586.82,null,5082.8100000000004,4369.22,4527.51,null,4937.0200000000004,4269.3599999999997,3784.21,4976.8599999999997,4060.08,null,6022.16,4302.67,4166.18,4347.3100000000004,4702.79,4829.09,4615.84,null,4128.79,null,4186.26,4663.96,3704.95,4338.57,4415.1000000000004]
["EQUIPAMENTO (AQUISIÇÃO)",43194,"AR CONDICIONADO SPLIT ON/OFF, HI-WALL (PAREDE), 9000 BTUS/H, CICLO FRIO, 60 HZ, CLASSIFICACAO ENERGETICA A - SELO PROCEL, GAS HFC, CONTROLE S/ FIO","UN","CR",1851.92,null,2052.1799999999998,1764.07,1827.98,null,1993.32,1723.75,1527.87,2009.4,1639.25,null,2431.44,1737.2,1682.09,1755.22,1898.75,1949.74,1863.64,null,1666.99,null,1690.2,1883.07,1495.87,1751.69,1782.59]
["EQUIPAMENTO (AQUISIÇÃO)",39551,"AR CONDICIONADO SPLIT ON/OFF, HI-WALL (PAREDE), 9000 BTUS/H, CICLO QUENTE/FRIO, 60 HZ, CLASSIFICACAO ENERGETICA A - SELO PROCEL, GAS HFC, CONTROLE S/ FIO","UN","CR",2039.17,null,2259.67,1942.43,2012.8,null,2194.86,1898.03,1682.35,2212.5700000000002,1804.99,null,2677.28,1912.84,1852.16,1932.69,2090.7199999999998,2146.87,2052.0700000000002,null,1835.54,null,1861.09,2073.46,1647.11,1928.8,1962.82]
["EQUIPAMENTO (AQUISIÇÃO)",43185,"AR CONDICIONADO SPLIT ON/OFF, PISO TETO, 18.000 BTU/H, CICLO FRIO, 60HZ, CLASSIFICACAO ENERGETICA C - SELO PROCEL, GAS HFC, CONTROLE S/FIO","UN","CR",5794.94,null,6421.58,5520.03,5720.02,null,6237.39,5393.88,4780.93,6287.72,5129.47,null,7608.34,5435.96,5263.52,5492.35,5941.46,6101.03,5831.61,null,5216.28,null,5288.88,5892.4,4680.8100000000004,5481.31,5578]
["EQUIPAMENTO (AQUISIÇÃO)",43186,"AR CONDICIONADO SPLIT ON/OFF, PISO TETO, 24.000 BTU/H, CICLO FRIO, 60HZ, CLASSIFICACAO ENERGETICA C - SELO PROCEL, GAS HFC, CONTROLE S/FIO","UN","CR",6112.5,null,6773.47,5822.52,6033.47,null,6579.18,5689.45,5042.92,6632.27,5410.55,null,8025.26,5733.84,5551.95,5793.32,6267.04,6435.36,6151.17,null,5502.12,null,5578.7,6215.3,4937.3100000000004,5781.67,5883.66]
["EQUIPAMENTO (AQUISIÇÃO)",43187,"AR CONDICIONADO SPLIT ON/OFF, PISO TETO, 36.000 BTU/H, CICLO FRIO, 60HZ, CLASSIFICACAO ENERGETICA C - SELO PROCEL, GAS HFC, CONTROLE S/FIO","UN","CR",8111.34,null,8988.4599999999991,7726.54,8006.47,null,8730.64,7549.96,6692,8801.09,7179.86,null,10649.6,7608.86,7367.49,7687.79,8316.42,8539.7800000000007,8162.66,null,7301.36,null,7402.99,8247.76,6551.86,7672.34,7807.68]
["EQUIPAMENTO (AQUISIÇÃO)",43188,"AR CONDICIONADO SPLIT ON/OFF, PISO TETO, 48.000 BTU/H, CICLO FRIO, 60HZ, CLASSIFICACAO ENERGETICA C - SELO PROCEL, GAS HFC, CONTROLE S/FIO","UN","CR",9827.9699999999993,null,10890.72,9361.73,9700.9,null,10578.33,9147.77,8108.25,10663.69,8699.35,null,12903.4,9219.15,8926.7000000000007,9314.7800000000007,10076.450000000001,10347.08,9890.15,null,8846.57,null,8969.7099999999991,9993.26,7938.44,9296.0499999999993,9460.0400000000009]
["EQUIPAMENTO (AQUISIÇÃO)",43189,"AR CONDICIONADO SPLIT ON/OFF, PISO TETO, 60.000 BTU/H, CICLO FRIO, 60HZ, CLASSIFICACAO ENERGETICA C - SELO PROCEL, GAS HFC, CONTROLE S/FIO","UN","CR",11054.83,null,12250.24,10530.38,10911.9,null,11898.86,10289.719999999999,9120.43,11994.87,9785.32,null,14514.18,10370,10041.040000000001,10477.58,11334.33,11638.74,11124.77,null,9950.92,null,10089.42,11240.75,8929.42,10456.51,10640.96]
["EQUIPAMENTO (AQUISIÇÃO)",39580,"AR-CONDICIONADO FRIO SPLITAO INVERTER 30 TR","UN","CR",87116.55,null,96536.92,82983.710000000006,85990.21,null,93767.89,81087.22,71872.740000000005,94524.52,77112.320000000007,null,114377.65,81719.89,79127.55,82567.59,89319.14,91718.02,87667.75,null,78417.320000000007,null,79508.81,88581.68,70367.53,82401.58,83855.16]
["EQUIPAMENTO (AQUISIÇÃO)",39577,"AR-CONDICIONADO FRIO SPLITAO MODULAR 10 TR","UN","CR",27267.3,null,30215.85,25973.72,26914.75,null,29349.15,25380.13,22496.01,29585.97,24135.99,null,35799.96,25578.15,24766.75,25843.48,27956.7,28707.55,27439.82,null,24544.45,null,24886.09,27725.88,22024.89,25791.52,26246.49]
["EQUIPAMENTO (AQUISIÇÃO)",39578,"AR-CONDICIONADO FRIO SPLITAO MODULAR 15 TR","UN","CR",35188.980000000003,null,38994.15,33519.599999999999,34734.019999999997,null,37875.660000000003,32753.55,29031.55,38181.279999999999,31147.97,null,46200.56,33009.11,31961.98,33351.519999999997,36078.67,37047.65,35411.629999999997,null,31675.1,null,32115.99,35780.79,28423.55,33284.46,33871.61]
["EQUIPAMENTO (AQUISIÇÃO)",39579,"AR-CONDICIONADO FRIO SPLITAO MODULAR 20 TR","UN","CR",51197.22,null,56733.440000000002,48768.4,50535.28,null,55106.12,47653.86,42238.63,55550.78,45317.87,null,67218.2,48025.67,46502.19,48523.85,52491.65,53901.440000000002,51521.15,null,46084.79,null,46726.25,52058.25,41354.04,48426.29,49280.54]
["EQUIPAMENTO (AQUISIÇÃO)",39826,"AR-CONDICIONADO SPLIT INVERTER, PISO TETO, 24000 BTU/H, QUENTE/FRIO, 60HZ, CLASSIFICACAO ENERGETICA A - SELO PROCEL, GAS HFC, CONTROLE S/FIO","UN","CR",6287.95,null,6967.9,5989.65,6206.65,null,6768.03,5852.76,5187.67,6822.65,5565.86,null,8255.6200000000008,5898.42,5711.31,5959.61,6446.93,6620.08,6327.73,null,5660.05,null,5738.83,6393.7,5079.03,5947.63,6052.55]
["EQUIPAMENTO (AQUISIÇÃO)",10700,"ARADO REVERSIVEL COM 3 DISCOS DE 26\" X 6MM REBOCAVEL","UN","CR",{"$nulls":4},21018.34,{"$nulls":15},32870.089999999997,null,32945.599999999999,null,null,22731.29]
["MATERIAL",346,"ARAME DE ACO OVALADO 15 X 17 (45,7 KG, 700 KGF), ROLO 1000 M","KG","CR",31.86,30.38,35.54,30.8,28.43,17.53,23.69,35.9,36.25,27.56,24.28,23.61,26.35,25.26,28.43,19.55,26.27,31.86,24.87,25.94,30.1,24.87,24.9,26.3,36.71,25.66,22.73]
["MATERIAL",3312,"ARAME DE AMARRACAO PARA GABIAO GALVANIZADO, DIAMETRO 2,2 MM","KG","CR",28.22,26.91,31.47,27.27,25.18,15.52,20.98,31.8,32.1,24.41,21.5,20.91,23.34,22.37,25.18,17.32,23.27,28.22,22.03,22.97,26.65,22.03,22.05,23.29,32.51,22.72,20.13]
["MATERIAL",339,"ARAME FARPADO GALVANIZADO, 14 BWG (2,11 MM), CLASSE 250","M","CR",1.64,1.56,1.83,1.59,1.46,0.9,1.22,1.85,1.87,1.42,1.25,1.21,1.36,1.3,1.46,1.01,1.35,1.64,1.28,1.33,1.55,1.28,1.28,1.35,1.89,1.32,1.17]
["MATERIAL",340,"ARAME FARPADO GALVANIZADO, 16 BWG (1,65 MM), CLASSE 250","M","CR",1.48,1.41,1.65,1.43,1.32,0.81,1.1000000000000001,1.67,1.69,1.28,1.1299999999999999,1.1000000000000001,1.22,1.17,1.32,0.91,1.22,1.48,1.1599999999999999,1.2,1.4,1.1599999999999999,1.1599999999999999,1.22,1.71,1.19,1.06]
["MATERIAL",43130,"ARAME GALVANIZADO 12 BWG, D = 2,76 MM (0,048 KG/M) OU 14 BWG, D = 2,11 MM (0,026 KG/M)","KG","C",26.9,25.65,30,26,24,14.8,20,30.31,30.6,23.27,20.5,19.93,22.25,21.33,24,16.510000000000002,22.18,26.9,21,21.9,25.41,21,21.02,22.2,30.99,21.66,19.190000000000001]
["MATERIAL",344,"ARAME GALVANIZADO 16 BWG, D = 1,65MM (0,0166 KG/M)","KG","CR",35.36,33.72,39.44,34.18,31.55,19.45,26.29,39.840000000000003,40.229999999999997,30.59,26.95,26.2,29.25,28.04,31.55,21.7,29.16,35.36,27.6,28.79,33.4,27.6,27.63,29.18,40.74,28.47,25.22]
["MATERIAL",345,"ARAME GALVANIZADO 18 BWG, D = 1,24MM (0,009 KG/M)","KG","CR",38.369999999999997,36.58,42.79,37.08,34.229999999999997,21.11,28.52,43.23,43.65,33.19,29.24,28.42,31.73,30.42,34.229999999999997,23.55,31.63,38.369999999999997,29.95,31.23,36.24,29.95,29.98,31.66,44.2,30.89,27.37]
["MATERIAL",43131,"ARAME GALVANIZADO 6 BWG, D = 5,16 MM (0,157 KG/M), OU 8 BWG, D = 4,19 MM (0,101 KG/M), OU 10 BWG, D = 3,40 MM (0,0713 KG/M)","KG","CR",31.25,29.79,34.85,30.2,27.88,17.190000000000001,23.23,35.21,35.54,27.03,23.81,23.15,25.84,24.78,27.88,19.18,25.76,31.25,24.39,25.44,29.52,24.39,24.42,25.79,36,25.16,22.29]
["MATERIAL",3313,"ARAME PROTEGIDO COM POLIMERO PARA GABIAO, DIAMETRO 2,2 MM","KG","CR",36.32,34.630000000000003,40.5,35.1,32.4,19.98,27,40.92,41.31,31.41,27.67,26.91,30.04,28.8,32.4,22.29,29.94,36.32,28.35,29.56,34.299999999999997,28.35,28.38,29.97,41.84,29.24,25.91]
["MATERIAL",43132,"ARAME RECOZIDO 16 BWG, D = 1,65 MM (0,016 KG/M) OU 18 BWG, D = 1,25 MM (0,01 KG/M)","KG","CR",26.9,25.65,30,26,24,14.8,20,30.31,30.6,23.27,20.5,19.93,22.25,21.33,24,16.510000000000002,22.18,26.9,21,21.9,25.41,21,21.02,22.2,30.99,21.66,19.190000000000001]
["MATERIAL",45245,"ARCO DE SERRA REGULAVEL PARA LAMINAS DE 8\" A 12\"","UN","CR",43.55,33.79,null,41.3,34.07,null,41.75,37.549999999999997,42.85,41.28,46.46,33.6,46.18,null,null,35.65,73.2,28.14,null,42.24,44.17,46.37,40.92,42.93,34.770000000000003,40.159999999999997,53.45]
["MATERIAL",366,"AREIA FINA - POSTO JAZIDA/FORNECEDOR (RETIRADO NA JAZIDA, SEM TRANSPORTE)","M3","C",150,100,110,150,139.88999999999999,125,210.23,90,150,160,165,87,130,120,145,137.5,90,121.65,95,110,150,67.5,95,160,100,85,127.5]
["MATERIAL",367,"AREIA GROSSA - POSTO JAZIDA/FORNECEDOR (RETIRADO NA JAZIDA, SEM TRANSPORTE)","M3","CR",151.96,101.3,111.43,151.96,141.71,126.63,212.97,91.17,151.96,162.09,167.15,88.13,131.69,121.56,146.88999999999999,139.29,91.17,123.24,96.24,111.43,151.96,68.38,96.24,162.09,101.3,86.11,129.16]
["MATERIAL",370,"AREIA MEDIA - POSTO JAZIDA/FORNECEDOR (RETIRADO NA JAZIDA, SEM TRANSPORTE)","M3","CR",150,100,110,150,139.88999999999999,125,210.23,90,150,160,165,87,130,120,145,137.5,90,121.65,95,110,150,67.5,95,160,100,85,127.5]
["MATERIAL",368,"AREIA PARA ATERRO - POSTO JAZIDA/FORNECEDOR (RETIRADO NA JAZIDA, SEM TRANSPORTE)","M3","CR",75,50,55,75,69.94,62.5,105.11,45,75,80,82.5,43.5,65,60,72.5,68.75,45,60.82,47.5,55,75,33.75,47.5,80,50,42.5,63.75]
["MATERIAL",11075,"AREIA PARA LEITO FILTRANTE (0,42 A 1,68 MM) - POSTO JAZIDA/FORNECEDOR (RETIRADO NA JAZIDA, SEM TRANSPORTE)","M3","CR",1721.53,1147.69,1262.46,1721.53,1605.5,1434.61,2412.79,1032.92,1721.53,1836.3,1893.69,998.49,1491.99,1377.23,1664.15,1578.07,1032.92,1396.16,1090.3,1262.46,1721.53,774.69,1090.3,1836.3,1147.69,975.53,1463.3]
["MATERIAL",1381,"ARGAMASSA COLANTE AC I PARA CERAMICAS","KG","C",1.18,0.93,1.2,1.03,0.87,1.17,0.65,0.75,0.8,1.03,0.68,0.89,1.18,0.9,0.86,1,0.76,0.74,0.75,0.85,0.95,1.6,0.78,0.7,0.9,0.8,0.75]
["MATERIAL",34353,"ARGAMASSA COLANTE AC II","KG","CR",2.19,1.73,2.23,1.91,1.62,2.17,1.21,1.39,1.49,1.91,1.26,1.65,2.19,1.67,1.6,1.86,1.41,1.37,1.39,1.58,1.76,2.98,1.45,1.3,1.67,1.49,1.39]
["MATERIAL",37595,"ARGAMASSA COLANTE TIPO AC III","KG","CR",3.62,2.86,3.69,3.16,2.67,3.59,1.99,2.2999999999999998,2.46,3.16,2.09,2.73,3.62,2.76,2.64,3.07,2.33,2.27,2.2999999999999998,2.61,2.92,4.92,2.39,2.15,2.76,2.46,2.2999999999999998]
["MATERIAL",37596,"ARGAMASSA COLANTE TIPO AC III E","KG","CR",4.16,3.28,4.2300000000000004,3.63,3.07,4.12,2.29,2.64,2.82,3.63,2.39,3.14,4.16,3.17,3.03,3.52,2.68,2.61,2.64,2.99,3.35,5.64,2.75,2.4700000000000002,3.17,2.82,2.64]
["MATERIAL",371,"ARGAMASSA INDUSTRIALIZADA MULTIUSO, PARA REVESTIMENTO INTERNO E EXTERNO E ASSENTAMENTO DE BLOCOS DIVERSOS","KG","CR",1.29,1.01,1.31,1.1200000000000001,0.95,1.27,0.71,0.81,0.87,1.1200000000000001,0.74,0.97,1.29,0.98,0.94,1.0900000000000001,0.83,0.8,0.81,0.92,1.03,1.74,0.85,0.76,0.98,0.87,0.81]
["MATERIAL",37553,"ARGAMASSA INDUSTRIALIZADA PARA CHAPISCO COLANTE","KG","CR",2.41,1.9,2.4500000000000002,2.1,1.77,2.39,1.32,1.53,1.63,2.1,1.39,1.81,2.41,1.84,1.75,2.04,1.55,1.51,1.53,1.73,1.94,3.27,1.59,1.43,1.84,1.63,1.53]
["MATERIAL",37552,"ARGAMASSA INDUSTRIALIZADA PARA CHAPISCO ROLADO","KG","CR",3.87,3.05,3.94,3.38,2.86,3.84,2.13,2.46,2.63,3.38,2.23,2.92,3.87,2.95,2.82,3.28,2.4900000000000002,2.4300000000000002,2.46,2.79,3.12,5.26,2.56,2.2999999999999998,2.95,2.63,2.46]
["MATERIAL",36880,"ARGAMASSA PARA REVESTIMENTO DECORATIVO MONOCAMADA","KG","CR",3.94,3.1,4,3.43,2.9,3.9,2.17,2.5,2.67,3.43,2.27,2.97,3.94,3,2.87,3.33,2.5299999999999998,2.4700000000000002,2.5,2.83,3.17,5.34,2.6,2.33,3,2.67,2.5]
["MATERIAL",34355,"ARGAMASSA PISO SOBRE PISO","KG","CR",3.39,2.67,3.45,2.96,2.5,3.36,1.86,2.15,2.2999999999999998,2.96,1.95,2.5499999999999998,3.39,2.58,2.4700000000000002,2.87,2.1800000000000002,2.12,2.15,2.44,2.73,4.5999999999999996,2.2400000000000002,2.0099999999999998,2.58,2.2999999999999998,2.15]
["MATERIAL",130,"ARGAMASSA POLIMERICA DE REPARO ESTRUTURAL, BICOMPONENTE","KG","CR",5.26,5.72,null,5.52,3.98,4.78,5.0999999999999996,3.5,4.1500000000000004,5.0999999999999996,3.67,4.1399999999999997,4.3,4.66,5.12,4.42,6.36,3.78,4.3600000000000003,4.3899999999999997,5.43,4.9000000000000004,4.21,3.83,5.52,4.18,5.51]
["MATERIAL",135,"ARGAMASSA POLIMERICA IMPERMEABILIZANTE SEMIFLEXIVEL, BICOMPONENTE, A BASE DE CIMENTO E ADITIVOS","KG","CR",4.2300000000000004,4.5999999999999996,null,4.4400000000000004,3.2,3.85,4.0999999999999996,2.82,3.34,4.0999999999999996,2.95,3.33,3.46,3.75,4.12,3.56,5.12,3.04,3.51,3.53,4.3600000000000003,3.94,3.39,3.08,4.4400000000000004,3.36,4.43]
["MATERIAL",36886,"ARGAMASSA PRONTA PARA CONTRAPISO","KG","CR",1.22,0.96,1.24,1.06,0.9,1.21,0.67,0.77,0.83,1.06,0.7,0.92,1.22,0.93,0.89,1.03,0.78,0.76,0.77,0.88,0.98,1.66,0.8,0.72,0.93,0.83,0.77]
["MATERIAL",38546,"ARGAMASSA USINADA AUTOADENSAVEL E AUTONIVELANTE PARA CONTRAPISO, COM BOMBEAMENTO (DISPONIBILIZACAO DE BOMBA), SEM O LANCAMENTO","M3","CR",1683.16,545.57000000000005,927.47,894.74,627.41,507.38,536.29999999999995,635.59,636.14,638.32000000000005,567.39,611.04,755.62,720.15,567.39,501.92,578.29999999999995,492.46,534.66,570.12,883.83,1126.06,581.03,637.07000000000005,518.29,480.1,698.33]
["MATERIAL",34549,"ARGILA EXPANDIDA, GRANULOMETRIA 2215","M3","CR",{"$nulls":25},775.28]
["MATERIAL",6081,"ARGILA OU BARRO PARA ATERRO/REATERRO (COM TRANSPORTE ATE 10 KM)","M3","CR",{"$nulls":25},54.26]
["MATERIAL",6077,"ARGILA OU BARRO PARA ATERRO/REATERRO (RETIRADO NA JAZIDA, SEM TRANSPORTE)","M3","CR",{"$nulls":25},38.76]
["MATERIAL",6079,"ARGILA, ARGILA VERMELHA OU ARGILA ARENOSA (RETIRADA NA JAZIDA, SEM TRANSPORTE)","M3","CR",{"$nulls":25},38.76]
["MATERIAL",1091,"ARMACAO VERTICAL COM HASTE E CONTRA-PINO, EM CHAPA DE ACO GALVANIZADO 3/16\", COM 1 ESTRIBO E 1 ISOLADOR","UN","CR",25.6,48.2,31.17,null,51.52,null,52.83,37.380000000000003,41.84,45.8,null,51.36,44.04,45.29,35.18,null,36.78,22.6,45.28,null,22.6,null,null,44.23,null,26.08,61.38]
["MATERIAL",1094,"ARMACAO VERTICAL COM HASTE E CONTRA-PINO, EM CHAPA DE ACO GALVANIZADO 3/16\", COM 1 ESTRIBO, SEM ISOLADOR","UN","CR",17.91,33.71,21.8,null,36.04,null,36.950000000000003,26.15,29.26,32.03,null,35.92,30.81,31.68,24.6,null,25.72,15.81,31.67,null,15.81,null,null,30.93,null,18.239999999999998,42.93]
["MATERIAL",1095,"ARMACAO VERTICAL COM HASTE E CONTRA-PINO, EM CHAPA DE ACO GALVANIZADO 3/16\", COM 2 ESTRIBOS, E 2 ISOLADORES","UN","CR",38.06,71.650000000000006,46.33,null,76.59,null,78.52,55.57,62.19,68.08,null,76.34,65.47,67.319999999999993,52.29,null,54.67,33.6,67.31,null,33.6,null,null,65.739999999999995,null,38.770000000000003,91.24]
["MATERIAL",1092,"ARMACAO VERTICAL COM HASTE E CONTRA-PINO, EM CHAPA DE ACO GALVANIZADO 3/16\", COM 2 ESTRIBOS, SEM ISOLADOR","UN","C",29.45,55.44,35.85,null,59.26,null,60.76,43,48.12,52.68,null,59.07,50.66,52.09,40.46,null,42.3,26,52.08,null,26,null,null,50.87,null,30,70.599999999999994]
["MATERIAL",1093,"ARMACAO VERTICAL COM HASTE E CONTRA-PINO, EM CHAPA DE ACO GALVANIZADO 3/16\", COM 3 ESTRIBOS E 3 ISOLADORES","UN","CR",68.77,129.47,83.72,null,138.38999999999999,null,141.88999999999999,100.42,112.37,123.02,null,137.94999999999999,118.31,121.65,94.49,null,98.78,60.72,121.62,null,60.72,null,null,118.8,null,70.06,164.87]
["MATERIAL",1090,"ARMACAO VERTICAL COM HASTE E CONTRA-PINO, EM CHAPA DE ACO GALVANIZADO 3/16\", COM 3 ESTRIBOS, SEM ISOLADOR","UN","CR",49.24,92.7,59.94,null,99.09,null,101.59,71.900000000000006,80.459999999999994,88.08,null,98.77,84.71,87.1,67.650000000000006,null,70.73,43.47,87.08,null,43.47,null,null,85.06,null,50.16,118.05]
["MATERIAL",1096,"ARMACAO VERTICAL COM HASTE E CONTRA-PINO, EM CHAPA DE ACO GALVANIZADO 3/16\", COM 4 ESTRIBOS E 4 ISOLADORES","UN","CR",88.62,166.82,107.87,null,178.32,null,182.83,129.38999999999999,144.80000000000001,158.52000000000001,null,177.75,152.44,156.74,121.75,null,127.28,78.23,156.71,null,78.23,null,null,153.07,null,90.27,212.44]
["MATERIAL",1097,"ARMACAO VERTICAL COM HASTE E CONTRA-PINO, EM CHAPA DE ACO GALVANIZADO 3/16\", COM 4 ESTRIBOS, SEM ISOLADOR","UN","CR",75.22,141.61000000000001,91.57,null,151.37,null,155.19999999999999,109.84,122.91,134.56,null,150.88,129.4,133.06,103.35,null,108.05,66.41,133.03,null,66.41,null,null,129.94,null,76.63,180.34]
["MAO DE OBRA",378,"ARMADOR (HORISTA)","H","CR",21.07,17.97,19.309999999999999,18.93,21.5,19.54,20.73,20.53,21.71,18.89,21.57,18.37,17.760000000000002,18.29,17.420000000000002,20.07,18.16,25.9,26.46,18.86,20.82,21.53,20.420000000000002,27.43,18.29,23.33,18.78]
["MAO DE OBRA",40911,"ARMADOR (MENSALISTA)","MES","CR",3681.3,3137.7,3387.46,3287.95,3757.68,3437.66,3694.54,3601.02,3822.93,3324.37,3807.32,3208.68,3130.51,3166.59,3046.51,3513.27,3205.7,4542.42,4651.59,3297.19,3612.54,3750.13,3588.14,4809.3999999999996,3232.37,4086.34,3292.26]
["MAO DE OBRA",33939,"ARQUITETO JUNIOR (HORISTA)","H","CR",110.3,116.72,109.86,109.96,110.89,110.61,109.85,102.16,108.1,109.41,110.11,107.28,106.86,112.24,111.22,110.07,109.74,111.34,115.85,110.56,112.45,111.58,109.49,110.82,108.87,109.47,109.19]
["MAO DE OBRA",40815,"ARQUITETO JUNIOR (MENSALISTA)","MES","CR",19265.259999999998,20372.72,19269.060000000001,19099.36,19383.04,19440.03,19575.439999999999,17921.29,19037.3,19252.599999999999,19436.71,18733.349999999999,18830.87,19433.7,19452.759999999998,19261.46,19364.05,19528.68,20361.64,19310.86,19508.419999999998,19431.169999999998,19232.34,19428.64,19242.47,19172.96,19143.68]
["MAO DE OBRA",33952,"ARQUITETO PLENO (HORISTA)","H","CR",116.85,123.66,116.39,116.5,117.48,117.18,114.74,116.31,114.53,115.91,116.18,113.66,113.2,118.91,117.83,116.61,116.26,117.96,125.39,117.13,119.13,118.2,115.99,117.41,115.34,115.5,115.67]
["MAO DE OBRA",40816,"ARQUITETO PLENO (MENSALISTA)","MES","CR",20409.689999999999,21582.93,20413.72,20233.93,20534.47,20594.84,20445.919999999998,20403.52,20168.189999999999,20396.28,20506.39,19846.18,19949.490000000002,20588.14,20608.330000000002,20405.669999999998,20514.34,20688.759999999998,22035.99,20457.990000000002,20667.3,20585.45,20374.810000000001,20582.77,20385.54,20228.12,20280.89]
["MAO DE OBRA",33953,"ARQUITETO SENIOR (HORISTA)","H","CR",122.47,129.6,121.98,122.1,123.12,122.81,120.25,120,120.03,121.48,119.86,119.12,118.64,124.62,123.48,122.21,121.85,123.63,126.38,122.76,124.86,123.88,121.56,123.05,120.88,123.48,121.23]
["MAO DE OBRA",40817,"ARQUITETO SENIOR (MENSALISTA)","MES","CR",21390.01,22619.61,21394.23,21205.81,21520.78,21584.06,21427.98,21048.15,21136.91,21375.95,21154.27,20799.439999999999,20907.71,21577.03,21598.19,21385.8,21499.69,21682.49,22210.95,21440.63,21659.99,21574.22,21353.45,21571.4,21364.7,21625.41,21255.03]
["MATERIAL",13348,"ARRUELA EM ACO GALVANIZADO, DIAMETRO EXTERNO = 35MM, ESPESSURA = 3MM, DIAMETRO DO FURO= 18MM","UN","CR",{"$nulls":4},1.58,{"$nulls":8},1.62,{"$nulls":6},1.63,{"$nulls":4},1.63]
["MATERIAL",39212,"ARRUELA EM ALUMINIO, COM ROSCA, DE 1 1/2\", PARA ELETRODUTO","UN","CR",null,1.9,2.3199999999999998,2.0699999999999998,2.31,null,1.74,2.2799999999999998,1.68,2.61,2.61,2.0299999999999998,2.0499999999999998,2.14,1.7,2.0699999999999998,1.86,2.29,1.96,1.88,2,null,2.08,1.8,2.5,2.1800000000000002]
["MATERIAL",39211,"ARRUELA EM ALUMINIO, COM ROSCA, DE 1 1/4\", PARA ELETRODUTO","UN","CR",null,1.71,2.08,1.86,2.0699999999999998,null,1.56,2.0499999999999998,1.5,2.34,2.34,1.82,1.84,1.92,1.52,1.86,1.67,2.06,1.76,1.69,1.79,null,1.86,1.61,2.25,1.96]
["MATERIAL",39210,"ARRUELA EM ALUMINIO, COM ROSCA, DE 1\", PARA ELETRODUTO","UN","CR",null,0.95,1.1599999999999999,1.04,1.1599999999999999,null,0.87,1.1399999999999999,0.84,1.31,1.31,1.02,1.03,1.08,0.85,1.04,0.93,1.1499999999999999,0.98,0.95,1,null,1.04,0.9,1.26,1.1000000000000001]
["MATERIAL",39208,"ARRUELA EM ALUMINIO, COM ROSCA, DE 1/2\", PARA ELETRODUTO","UN","CR",null,0.52,0.63,0.56000000000000005,0.63,null,0.47,0.62,0.46,0.71,0.71,0.55000000000000004,0.56000000000000005,0.57999999999999996,0.46,0.56000000000000005,0.51,0.63,0.53,0.51,0.54,null,0.56999999999999995,0.49,0.68,0.6]
["MATERIAL",39214,"ARRUELA EM ALUMINIO, COM ROSCA, DE 2 1/2\", PARA ELETRODUTO","UN","CR",null,3.53,4.29,3.83,4.28,null,3.22,4.2300000000000004,3.11,4.83,4.83,3.76,3.8,3.97,3.15,3.83,3.45,4.25,3.63,3.49,3.71,null,3.85,3.33,4.6399999999999997,4.05]
["MATERIAL",39213,"ARRUELA EM ALUMINIO, COM ROSCA, DE 2\", PARA ELETRODUTO","UN","CR",null,2.4900000000000002,3.03,2.71,3.03,null,2.2799999999999998,2.99,2.19,3.41,3.41,2.66,2.68,2.81,2.2200000000000002,2.71,2.44,3,2.57,2.4700000000000002,2.62,null,2.72,2.36,3.28,2.86]
["MATERIAL",39215,"ARRUELA EM ALUMINIO, COM ROSCA, DE 3\", PARA ELETRODUTO","UN","CR",null,6.43,7.82,6.99,7.81,null,5.88,7.7,5.66,8.8000000000000007,8.8000000000000007,6.86,6.92,7.24,5.73,6.99,6.29,7.75,6.62,6.37,6.75,null,7.01,6.08,8.4499999999999993,7.37]
["MATERIAL",39209,"ARRUELA EM ALUMINIO, COM ROSCA, DE 3/4\", PARA ELETRODUTO","UN","CR",null,0.62,0.75,0.67,0.75,null,0.56000000000000005,0.74,0.54,0.85,0.85,0.66,0.66,0.69,0.55000000000000004,0.67,0.6,0.74,0.64,0.61,0.65,null,0.67,0.57999999999999996,0.81,0.71]
["MATERIAL",39207,"ARRUELA EM ALUMINIO, COM ROSCA, DE 3/8\", PARA ELETRODUTO","UN","CR",null,0.95,1.1599999999999999,1.04,1.1599999999999999,null,0.87,1.1399999999999999,0.84,1.31,1.31,1.02,1.03,1.08,0.85,1.04,0.93,1.1499999999999999,0.98,0.95,1,null,1.04,0.9,1.26,1.1000000000000001]
["MATERIAL",39216,"ARRUELA EM ALUMINIO, COM ROSCA, DE 4\", PARA ELETRODUTO","UN","CR",null,8.9700000000000006,10.92,9.75,10.89,null,8.1999999999999993,10.75,7.9,12.28,12.28,9.56,9.65,10.1,8,9.75,8.77,10.81,9.24,8.8800000000000008,9.42,null,9.7899999999999991,8.48,11.79,10.29]
["MATERIAL",11267,"ARRUELA LISA, REDONDA, DE LATAO POLIDO, DIAMETRO NOMINAL 5/8\", DIAMETRO EXTERNO = 34 MM, DIAMETRO DO FURO = 17 MM, ESPESSURA = *2,5* MM","UN","CR",{"$nulls":4},1.38,{"$nulls":8},1.42,{"$nulls":6},1.43,{"$nulls":4},1.43]
["MATERIAL",379,"ARRUELA QUADRADA EM ACO GALVANIZADO, DIMENSAO = 38 MM, ESPESSURA = 3MM, DIAMETRO DO FURO= 18 MM","UN","CR",{"$nulls":4},1.39,{"$nulls":8},1.43,{"$nulls":6},1.43,{"$nulls":4},1.43]
["MATERIAL",510,"ASFALTO MODIFICADO TIPO I - NBR 9910 (ASFALTO OXIDADO PARA IMPERMEABILIZACAO, COEFICIENTE DE PENETRACAO 25-40)","KG","CR",17.71,null,null,20.37,16.55,null,10.83,null,13.92,null,12.64,null,23.4,15.02,14.34,16.440000000000001,null,14.6,14.78,14.61,18.760000000000002,13.87,14.75,14.43,10.93,12.64]
["MATERIAL",516,"ASFALTO MODIFICADO TIPO II - NBR 9910 (ASFALTO OXIDADO PARA IMPERMEABILIZACAO, COEFICIENTE DE PENETRACAO 20-35)","KG","CR",20.99,null,null,24.14,19.600000000000001,null,12.83,null,16.489999999999998,null,14.97,null,27.72,17.8,17,19.48,null,17.3,17.510000000000002,17.309999999999999,22.23,16.440000000000001,17.48,17.09,12.95,14.97]
["MATERIAL",509,"ASFALTO MODIFICADO TIPO III - NBR 9910 (ASFALTO OXIDADO PARA IMPERMEABILIZACAO, COEFICIENTE DE PENETRACAO 15-25)","KG","CR",23.55,null,null,27.08,22,null,14.39,null,18.510000000000002,null,16.8,null,31.11,19.97,19.07,21.86,null,19.41,19.64,19.43,24.94,18.45,19.62,19.18,14.53,16.8]
["MAO DE OBRA",40331,"ASSENTADOR DE MANILHAS (HORISTA)","H","CR",14.02,10.25,15.93,11.08,18.22,14.68,16.48,17.71,10.96,10.77,16.66,11.98,8.9600000000000009,10.23,10.67,11.45,12.5,13.44,26.58,16.32,11.97,12.46,15.8,13.57,13.22,21.27,10.75]
["MAO DE OBRA",40930,"ASSENTADOR DE MANILHAS (MENSALISTA)","MES","CR",2451.4499999999998,1791.34,2797.14,1927.17,3185.29,2581.94,2939.99,3107.98,1932.6,1897.92,2943.47,2094.2199999999998,1582.56,1773.17,1868.98,2005.77,2208.5,2359.7800000000002,4674,2853.58,2079.8000000000002,2170.52,2778.29,2381.81,2339.67,3726.5,1886.25]
["MATERIAL",377,"ASSENTO SANITARIO DE PLASTICO, TIPO CONVENCIONAL","UN","C",38.700000000000003,36.450000000000003,40.96,38,36.9,39.9,44.89,39.94,36.81,33.75,37.950000000000003,40.049999999999997,35.47,38,42,27.95,40.5,39,39,33,42.51,38.99,37.69,44.28,33.950000000000003,38.9,40.74]
["MATERIAL",11761,"ASSENTO VASO SANITARIO INFANTIL EM PLASTICO BRANCO","UN","CR",82.35,77.569999999999993,87.16,80.86,78.52,84.91,95.53,84.99,78.33,71.819999999999993,80.760000000000005,85.23,75.48,80.86,89.38,59.48,86.18,82.99,82.99,70.22,90.46,82.97,80.2,94.23,72.25,82.78,86.7]
["MATERIAL",7588,"AUTOMATICO DE BOIA SUPERIOR / INFERIOR, *15* A / 250 V","UN","C",54.6,52.9,44.1,53.62,47.8,42.37,58,47.75,44.67,55.7,52.5,60.55,51.85,51.8,39,56.9,47.07,48.8,48.95,43.9,61.25,39.18,45,54.5,44.1,43.59,49.51]
["MAO DE OBRA",34551,"AUXILIAR DE AZULEJISTA (HORISTA)","H","CR",13.08,12.82,14.25,13.18,13.37,12.83,13.49,12.78,13.87,13.3,14.51,13.69,13.21,13.22,12.93,15.08,12.88,18.28,19.27,12.88,16.64,12.75,16.05,18.25,12.57,19.170000000000002,12.04]
["MAO DE OBRA",41078,"AUXILIAR DE AZULEJISTA (MENSALISTA)","MES","CR",2288.14,2239.1,2503.5300000000002,2291.9,2339.15,2258.15,2405.52,2246.09,2445.0100000000002,2341.5,2564.5100000000002,2392.9,2329.25,2291.85,2262.06,2641.1,2276.75,3206.71,3387.28,2251.4499999999998,2890.03,2222.41,2822.66,3202.46,2226.0100000000002,3359.11,2113.6]
["MAO DE OBRA",246,"AUXILIAR DE ENCANADOR OU BOMBEIRO HIDRAULICO (HORISTA)","H","CR",16.07,14.43,15.57,15.3,14.27,14.54,14.84,16.84,13.52,14.31,16.3,14.24,14.31,13.94,13.92,16.02,13.91,19.82,20.28,14.67,18.59,14.81,17.27,19.75,13.33,21.35,16.18]
["MAO DE OBRA",40927,"AUXILIAR DE ENCANADOR OU BOMBEIRO HIDRAULICO (MENSALISTA)","MES","CR",2808.4,2520.44,2734.36,2660.4,2497.48,2556.4299999999998,2646.28,2957.35,2382.39,2521.64,2877.48,2487.31,2523.35,2415.54,2436.5300000000002,2805.34,2457.1,3479.73,3567.85,2562.89,3227.58,2579.15,3033.75,3463.23,2357.63,3739.55,2838.42]
["MAO DE OBRA",2350,"AUXILIAR DE ESCRITORIO (HORISTA)","H","CR",15.59,19.55,28.09,13.39,18.32,15.31,25.77,15.11,18.04,22.27,17.77,16.86,13.81,17.559999999999999,13.56,15.96,17.04,20.73,22.95,18.920000000000002,17.32,15.97,18.96,24.45,13.03,29.23,14.68]
["MAO DE OBRA",40812,"AUXILIAR DE ESCRITORIO (MENSALISTA)","MES","CR",2726.08,3413.29,4927.63,2328.4299999999998,3203.16,2691.85,4595.38,2652.45,3179.71,3921.4,3138.37,2948.11,2435.5500000000002,3044.77,2374.58,2794.76,3007.63,3639.36,4036.01,3305.47,3008.47,2784.69,3333.63,4287.96,2303.5300000000002,5118.93,2577.14]
["MAO DE OBRA",245,"AUXILIAR DE LABORATORISTA DE SOLOS E DE CONCRETO (HORISTA)","H","CR",20.63,32.200000000000003,47.33,23.99,26.66,26.8,32.700000000000003,25.2,24.69,34.17,27.65,24.71,22.2,25.68,20.09,18.100000000000001,27.98,27.66,30.32,32.340000000000003,26.39,25.6,25.54,31.76,18.7,37.130000000000003,23.8]
["MAO DE OBRA",41090,"AUXILIAR DE LABORATORISTA DE SOLOS E DE CONCRETO (MENSALISTA)","MES","CR",3606.79,5621.48,8301.77,4168.88,4661.03,4713.0600000000004,5829.34,4423.87,4350.3599999999997,6013.91,4883.42,4315.93,3913.14,4447.3100000000004,3514.77,3171.48,4939.26,4852.4799999999996,5330.18,5650.81,4580.4399999999996,4461.59,4487.37,5568.78,3309.11,6504.03,4174.34]
["MAO DE OBRA",251,"AUXILIAR DE MECANICO (HORISTA)","H","CR",16.07,14.43,15.57,15.3,14.27,14.54,14.84,16.84,13.52,14.31,16.3,14.24,14.31,13.94,13.92,16.02,13.91,19.82,20.28,14.67,18.59,14.81,17.27,19.75,13.33,21.35,16.18]
["MAO DE OBRA",40975,"AUXILIAR DE MECANICO (MENSALISTA)","MES","CR",2808.4,2520.44,2734.36,2660.4,2497.48,2556.4299999999998,2646.28,2957.35,2382.39,2521.64,2877.48,2487.31,2523.35,2415.54,2436.5300000000002,2805.34,2457.1,3479.73,3567.85,2562.89,3227.58,2579.15,3033.75,3463.23,2357.63,3739.55,2838.42]
["MAO DE OBRA",6127,"AUXILIAR DE PEDREIRO (HORISTA)","H","CR",16.07,14.43,15.57,15.3,14.27,14.54,14.84,16.84,13.52,14.31,16.3,14.24,14.31,13.94,13.92,16.02,13.91,19.82,20.28,14.67,18.59,14.81,17.27,19.75,13.16,21.35,16.18]
["MAO DE OBRA",41072,"AUXILIAR DE PEDREIRO (MENSALISTA)","MES","CR",2808.4,2520.44,2734.36,2660.4,2497.48,2556.4299999999998,2646.28,2957.35,2382.39,2521.64,2877.48,2487.31,2523.35,2415.54,2436.5300000000002,2805.34,2457.1,3479.73,3567.85,2562.89,3227.58,2579.15,3033.75,3463.23,2328.11,3739.55,2838.42]
["MAO DE OBRA",6121,"AUXILIAR DE SERVICOS GERAIS (HORISTA)","H","CR",14.67,13.47,14.27,13.44,13.77,13.43,14.01,14.84,13.22,13.57,14.47,13.71,13.23,13.45,13.17,15.1,13.28,18.3,19.27,13.42,16.95,13.45,16.05,18.02,13.05,19.170000000000002,13.46]
["MAO DE OBRA",41071,"AUXILIAR DE SERVICOS GERAIS (MENSALISTA)","MES","CR",2563.52,2351.6,2503.7800000000002,2335.7399999999998,2409.1999999999998,2360.52,2497.67,2603.7600000000002,2328.15,2387.9299999999998,2557.0300000000002,2395.12,2332.35,2329.37,2304.9299999999998,2643.32,2344.56,3209.21,3386.99,2344.83,2941.54,2342.56,2819.73,3159.01,2306.44,3357.48,2362.6999999999998]
["MAO DE OBRA",244,"AUXILIAR DE TOPOGRAFO (HORISTA)","H","CR",11.57,15.77,18.22,9.8699999999999992,15.25,20.77,9.31,8.09,9.76,9.06,18.079999999999998,10.56,7.98,10.8,10.5,11.93,14.29,11.64,11.08,10.87,8.69,19.649999999999999,17.059999999999999,12.09,8.2200000000000006,31.04,7.41]
["MAO DE OBRA",41093,"AUXILIAR DE TOPOGRAFO (MENSALISTA)","MES","CR",2022.66,2754.87,3198.05,1715.58,2669.94,3651.96,1662.65,1421.44,1720.42,1598.41,3194.35,1845.27,1408.82,1871.72,1840.05,2090.0300000000002,2525.0300000000002,2044.21,1951.33,1900.64,1508.31,3425.47,2998,2120.3200000000002,1454.65,5437.96,1302.01]
["MAO DE OBRA",532,"AUXILIAR TECNICO / ASSISTENTE DE ENGENHARIA (HORISTA)","H","CR",17.399999999999999,28.92,26.95,23.95,39.76,26.57,30.44,41.29,26.76,27.1,33.549999999999997,22.32,24,24.99,24.02,25.81,21.5,40.14,34.92,29.56,15.96,24.96,30.01,29.68,23.71,32.85,22.46]
["MAO DE OBRA",40931,"AUXILIAR TECNICO / ASSISTENTE DE ENGENHARIA (MENSALISTA)","MES","CR",3038.88,5050.93,4729.09,4161.93,6951.3,4670.9399999999996,5425.34,7244.41,4715.32,4770.3999999999996,5923.31,3898.72,4230.88,4330.22,4202.33,4517.5200000000004,3797.45,7041.69,6137.22,5163.46,2771.07,4350.95,5273.49,5204.8100000000004,4193.1099999999997,5753.26,3939.83]
["MATERIAL",36150,"AVENTAL DE SEGURANCA DE RASPA DE COURO 1,00 X 0,60 M","UN","CR",42.11,43.56,44.29,52.27,42.4,45.39,40.54,38.33,35.57,39.520000000000003,40.19,45.42,56.14,51.11,50.41,46.84,54.83,46.17,52.27,40.51,46.46,55.73,49.08,46.23,39.200000000000003,45.01,48.73]
["MATERIAL",45262,"AVENTAL EM PVC, FORRADO, *0,3* MM DE ESPESSURA, *1,15 X 0,70* M (COMPRIMENTO X LARGURA), 100% IMPERMEAVEL","UN","CR",12.54,12.97,13.18,15.56,12.62,13.51,12.07,11.41,10.59,11.77,11.96,13.52,16.71,15.22,15.01,13.95,16.32,13.75,15.56,12.06,13.83,16.59,14.61,13.76,11.67,13.4,14.51]
["MAO DE OBRA",4760,"AZULEJISTA OU LADRILHEIRO (HORISTA)","H","CR",21.07,17.97,23.55,22.48,21.5,19.48,20.73,20.53,22.31,18.89,23.37,18.37,17.760000000000002,18.29,17.420000000000002,20.07,18.16,25.9,29.42,17.170000000000002,21.94,25.56,20.420000000000002,27.43,18.29,23.33,18.78]
["MAO DE OBRA",41069,"AZULEJISTA OU LADRILHEIRO (MENSALISTA)","MES","CR",3681.3,3137.7,4132.3100000000004,3906.2,3757.68,3424.27,3694.54,3601.55,3931.7,3324.37,4128.49,3208.68,3130.51,3166.59,3046.51,3513.27,3205.7,4542.42,5172.9799999999996,2998.97,3808.5,4455.3,3588.14,4809.3999999999996,3232.37,4086.34,3292.26]
["MATERIAL",10422,"BACIA SANITARIA (VASO) COM CAIXA ACOPLADA, SIFAO APARENTE, DE LOUCA BRANCA (SEM ASSENTO)","UN","CR",398.92,400.01,411.37,336.45,422.44,429.92,383,457.95,423.39,392.53,443,411.22,392.53,485.62,414.96,382.25,412.49,510.2,414.96,422.06,503.69,357.02,442.91,397.11,366.83,371.95,431.56]
["MATERIAL",44019,"BACIA SANITARIA (VASO) COM CAIXA ACOPLADA, SIFAO OCULTO / CARENADO, DE LOUCA BRANCA (SEM ASSENTO) - PADRAO ALTO","UN","CR",552.21,553.71,569.44000000000005,465.74,584.76,595.11,530.16,633.91999999999996,586.08000000000004,543.36,613.22,569.23,543.36,672.21,574.41,529.13,570.99,706.24,574.41,584.24,697.23,494.2,613.09,549.70000000000005,507.78,514.87,597.38]
["MATERIAL",36520,"BACIA SANITARIA (VASO) CONVENCIONAL PARA PCD, SEM FURO FRONTAL, DE LOUCA BRANCA (SEM ASSENTO)","UN","CR",671.42,673.25,692.38,566.28,711,723.59,644.62,770.78,712.61,660.66,745.61,692.12,660.66,817.34,698.42,643.36,694.26,858.71,698.42,710.37,847.76,600.89,745.45,668.37,617.41,626.03,726.35]
["MATERIAL",42319,"BACIA SANITARIA (VASO) CONVENCIONAL PARA USO ESPECIFICO (HOSPITAIS, CLINICAS), COM FURO FRONTAL, DE LOUCA BRANCA, SEM ASSENTO","UN","CR",601.63,603.27,620.41,507.42,637.1,648.37,577.61,690.66,638.53,591.99,668.1,620.17999999999995,591.99,732.38,625.82000000000005,576.49,622.1,769.45,625.82000000000005,636.53,759.64,538.42999999999995,667.96,598.9,553.23,560.95000000000005,650.85]
["MATERIAL",10420,"BACIA SANITARIA (VASO) CONVENCIONAL, DE LOUCA BRANCA, SIFAO APARENTE, SAIDA VERTICAL (SEM ASSENTO)","UN","C",213.42,214,220.08,180,226,230,204.9,245,226.51,210,237,220,210,259.8,222,204.5,220.68,272.95,222,225.8,269.47000000000003,191,236.95,212.45,196.25,198.99,230.88]
["MATERIAL",10421,"BACIA SANITARIA (VASO) CONVENCIONAL, DE LOUCA COLORIDA, SIFAO APARENTE, SAIDA VERTICAL (SEM ASSENTO)","UN","CR",234.52,235.16,241.84,197.8,248.35,252.74,225.16,269.22000000000003,248.91,230.76,260.43,241.75,230.76,285.49,243.95,224.72,242.5,299.94,243.95,248.13,296.11,209.88,260.38,233.46,215.65,218.66,253.71]
["MATERIAL",11786,"BACIA SANITARIA (VASO) INFANTIL, SIFONADO, DE LOUCA BRANCA, (SEM ASSENTO)","UN","CR",472.88,474.17,487.64,398.83,500.76,509.62,454.01,542.86,501.89,465.31,525.13,487.46,465.31,575.65,491.9,453.12,488.97,604.79,491.9,500.32,597.08000000000004,423.21,525.02,470.74,434.84,440.91,511.57]
["MATERIAL",45195,"BALANCIM INDIVIDUAL, TIPO CADEIRA SUSPENSA SOBE E DESCE","UN","CR",5167.28,4009.09,null,4900,4042.5,null,4953.46,4454.55,5083.75,4897.7700000000004,5512.5,3986.82,5479.09,null,null,4229.59,8684.14,3338.68,null,5011.37,5240.1099999999997,5501.37,4854.34,5093.55,4125.58,4765.25,6341.49]
["MATERIAL",45226,"BALDE DE PLASTICO CAPACIDADE 12 L","UN","CR",12.84,14.05,null,12.14,13.66,null,20.94,21.25,18.21,17,17.57,null,16.21,12.14,null,13.35,null,19.73,15.18,19.73,13.41,null,14.81,11.81,null,17.760000000000002]
["MATERIAL",4815,"BALDE VERMELHO PARA SINALIZACAO DE VIAS","UN","CR",10.31,10.67,10.85,12.8,10.38,11.12,9.93,9.39,8.7100000000000009,9.68,9.84,11.12,13.75,12.52,12.35,11.47,13.43,11.31,12.8,9.92,11.38,13.65,12.02,11.32,9.6,11.02,11.94]
["MATERIAL",541,"BANCADA DE MARMORE SINTETICO COM UMA CUBA, 120 X *60* CM","UN","C",278,157.94999999999999,245.09,241.98,193.78,122.5,213.9,160,218.66,162.84,225,275.45,208.49,212.2,125,226,273,210,279.99,124.45,224,257,250.13,187.95,135,275.89999999999998,185]
["MATERIAL",542,"BANCADA DE MARMORE SINTETICO COM UMA CUBA, 150 X *60* CM","UN","CR",348.47,197.99,307.22000000000003,303.32,242.9,153.55000000000001,268.12,200.56,274.08999999999997,204.12,282.04000000000002,345.28,261.33999999999997,265.99,156.69,283.29000000000002,342.21,263.23,350.97,156,280.77999999999997,322.14999999999998,313.54000000000002,235.59,169.22,345.84,231.9]
["MATERIAL",540,"BANCADA DE MARMORE SINTETICO COM UMA CUBA, 200 X *60* CM","UN","CR",785.29,446.17,692.32,683.54,547.38,346.03,604.22,451.96,617.66,459.98,635.57000000000005,778.08,588.94000000000005,599.41999999999996,353.09,638.4,771.16,593.20000000000005,790.91,351.54,632.75,725.97,706.56,530.91,381.34,779.35,522.58000000000004]
["MATERIAL",38364,"BANCADA/ BANCA EM GRANITO, POLIDO, TIPO ANDORINHA/ QUARTZ/ CASTELO/ CORUMBA OU OUTROS EQUIVALENTES DA REGIAO, COM CUBA INOX, FORMATO *120 X 60* CM, E= *2* CM","UN","CR",1740.04,858.49,1090.1400000000001,1215.93,657.23,718.02,737,497.9,817.61,null,653.39,932.91,876.31,1153.03,733.75,1174,null,985.32,1069.18,null,1090.1400000000001,null,922.43,943.39,765.19,943.39]
["MATERIAL",11692,"BANCADA/ BANCA/ BALCAO/ TAMPO EM MARMORE BRANCO COMUM, POLIDO, LISO, ACABAMENTO RETO, E= *3* CM (SEM FUROS)","M2","CR",1022.41,590.72,703.66,649.53,384.9,457.5,471.86,186.44,673.02,801.89,390.89,721.7,481.13,601.41999999999996,541.27,631.49,601.41999999999996,517.22,601.41999999999996,null,574.69000000000005,null,754.48,721.7,387.58,642.71]
["MATERIAL",1746,"BANCADA/BANCA/PIA DE ACO INOXIDAVEL (AISI 430) COM 1 CUBA CENTRAL, COM VALVULA, ESCORREDOR DUPLO, DE *0,55 X 1,20* M","UN","C",301.5,254.7,250,289,221.29,213.9,249.9,296,222.06,296.89999999999998,277.45,264.95,296,297.89999999999998,280,301.89999999999998,229.8,295.89999999999998,272.51,240.96,295,306.5,296.7,251.52,229.9,254.87,263.61]
["MATERIAL",1748,"BANCADA/BANCA/PIA DE ACO INOXIDAVEL (AISI 430) COM 1 CUBA CENTRAL, COM VALVULA, ESCORREDOR DUPLO, DE *0,55 X 1,40* M","UN","CR",400.92,338.69,332.44,384.3,294.26,284.43,332.3,393.61,295.27999999999997,394.8,368.94,352.32,393.61,396.13,372.33,401.45,305.58,393.47,362.37,320.42,392.28,407.57,394.54,334.46,305.70999999999998,338.91,350.54]
["MATERIAL",1749,"BANCADA/BANCA/PIA DE ACO INOXIDAVEL (AISI 430) COM 1 CUBA CENTRAL, COM VALVULA, ESCORREDOR DUPLO, DE *0,55 X 1,80* M","UN","CR",580.86,490.7,481.64,556.78,426.33,412.09,481.45,570.27,427.81,572,534.53,510.45,570.27,573.92999999999995,539.44000000000005,581.63,442.73,570.07000000000005,525.01,464.23,568.34,590.5,571.62,484.57,442.92,491.03,507.86]
["MATERIAL",37412,"BANCADA/BANCA/PIA DE ACO INOXIDAVEL (AISI 430) COM 1 CUBA CENTRAL, COM VALVULA, LISA (SEM ESCORREDOR), DE *0,55 X 1,20* M","UN","CR",294.70999999999998,248.97,244.37,282.5,216.31,209.08,244.28,289.33999999999997,217.06,290.22000000000003,271.20999999999998,258.99,289.33999999999997,291.2,273.7,295.11,224.63,289.24,266.38,235.54,288.36,299.60000000000002,290.02,245.86,224.72,249.13,257.68]
["MATERIAL",1745,"BANCADA/BANCA/PIA DE ACO INOXIDAVEL (AISI 430) COM 1 CUBA CENTRAL, SEM VALVULA, ESCORREDOR DUPLO, DE *0,55 X 1,60* M","UN","CR",350.45,296.05,290.58999999999997,335.92,257.22000000000003,248.63,290.47000000000003,344.06,258.11,345.11,322.5,307.97000000000003,344.06,346.27,325.45999999999998,350.92,267.11,343.94,316.76,280.08,342.9,356.26,344.87,292.36,267.23,296.25,306.41000000000003]
["MATERIAL",1750,"BANCADA/BANCA/PIA DE ACO INOXIDAVEL (AISI 430) COM 2 CUBAS, COM VALVULAS, ESCORREDOR DUPLO, DE *0,55 X 2,00* M","UN","CR",818.96,691.84,679.07,785.01,601.09,581.01,678.8,804.02,603.17999999999995,806.47,753.64,719.68,804.02,809.18,760.56,820.05,624.20000000000005,803.75,740.22,654.52,801.31,832.54,805.92,683.2,624.47,692.3,716.04]
["MATERIAL",11687,"BANCADA/TAMPO ACO INOX (AISI 304), LARGURA 60 CM, COM RODABANCA (NAO INCLUI PES DE APOIO)","M","CR",1304.8599999999999,1102.31,1081.97,1250.76,957.72,925.73,1081.54,1281.05,961.05,1284.95,1200.77,1146.67,1281.05,1289.28,1211.81,1306.5899999999999,994.55,1280.6199999999999,1179.3900000000001,1042.8499999999999,1276.73,1326.5,1284.08,1088.55,994.98,1103.05,1140.8699999999999]
["MATERIAL",11689,"BANCADA/TAMPO ACO INOX (AISI 304), LARGURA 70 CM, COM RODABANCA (NAO INCLUI PES DE APOIO)","M","CR",1634.91,1381.13,1355.65,1567.13,1199.96,1159.8900000000001,1355.1,1605.09,1204.1400000000001,1609.97,1504.5,1436.71,1605.09,1615.39,1518.32,1637.08,1246.1099999999999,1604.54,1477.71,1306.6300000000001,1599.66,1662.02,1608.88,1363.89,1246.6500000000001,1382.05,1429.45]
["MATERIAL",11693,"BANCADA/TAMPO LISO (SEM CUBA) EM MARMORE SINTETICO","M2","CR",308.24,175.13,271.75,268.3,214.86,135.82,237.17,177.4,242.45,180.55,249.48,305.41000000000003,231.17,235.28,138.6,250.58,302.7,232.84,310.45,137.99,248.37,284.95999999999998,277.33999999999997,208.39,149.68,305.91000000000003,205.12]
["MATERIAL",36215,"BANCO ARTICULADO PARA BANHO, EM ACO INOX POLIDO, 70* CM X 45* CM","UN","CR",716.47,null,767.09,1175.02,719.93,1463.69,850.5,null,null,1069.75,{"$nulls":5},734.01,476.35,531.65,567.29,957.85,null,null,1383.36,931.65,null,881.03]
["MATERIAL",42439,"BANCO COM ENCOSTO, 1,60M* DE COMPRIMENTO, EM TUBO DE ACO CARBONO E PINTURA NO PROCESSO ELETROSTATICO - PARA ACADEMIA AO AR LIVRE / ACADEMIA DA TERCEIRA IDADE - ATI","UN","CR",{"$nulls":25},1207.8399999999999]
["MATERIAL",38381,"BANDEJA DE PINTURA PARA ROLO 23 CM","UN","CR",10.27,11.24,null,9.7100000000000009,10.93,null,16.75,17,14.57,13.6,14.06,null,12.97,9.7100000000000009,null,10.68,null,15.78,12.14,15.78,10.73,null,11.85,9.44,null,14.2]
["MATERIAL",39621,"BARRA ANTIPANICO DUPLA, CEGA EM LADO OPOSTO, COR CINZA","PAR","CR",936.32,1222.6099999999999,1228.3399999999999,1389.72,1358.45,1111.78,1358.63,968.46,1484.92,1356.02,1216.01,1184.74,1332.22,1216.01,1098.4000000000001,1467.03,1259.44,1214.27,1432.28,1129.1500000000001,1171.54,1111.78,1513.93,1358.45,1250.75,1398.41,1183.17]
["MATERIAL",39624,"BARRA ANTIPANICO DUPLA, PARA PORTA DE VIDRO, COR CINZA","PAR","CR",1032.8699999999999,1348.67,1354.99,1533.02,1498.52,1226.4100000000001,1498.72,1068.32,1638.03,1495.84,1341.39,1306.9000000000001,1469.59,1341.39,1211.6600000000001,1618.29,1389.3,1339.47,1579.97,1245.57,1292.33,1226.4100000000001,1670.03,1498.52,1379.71,1542.6,1305.17]
["MATERIAL",39615,"BARRA ANTIPANICO SIMPLES, CEGA EM LADO OPOSTO, COR CINZA","UN","CR",417.37,544.99,547.54,619.48,605.54,495.58,605.62,431.7,661.91,604.46,542.04,528.11,593.85,542.04,489.62,653.94000000000005,561.4,541.27,638.45000000000005,503.33,522.22,495.58,674.85,605.54,557.53,623.35,527.41]
["MATERIAL",39620,"BARRA ANTIPANICO SIMPLES, COM FECHADURA LADO OPOSTO, COR CINZA","UN","CR",637.44000000000005,832.34,836.25,946.11,924.83,756.89,924.94,659.32,1010.92,923.17,827.85,806.56,906.97,827.85,747.78,998.74,857.42,826.67,975.09,768.72,797.57,756.89,1030.67,924.83,851.5,952.03,805.5]
["MATERIAL",39623,"BARRA ANTIPANICO SIMPLES, PARA PORTA DE VIDRO, COR CINZA","UN","CR",682.76,891.51,895.69,1013.37,990.57,810.69,990.7,706.19,1082.79,988.8,886.7,863.9,971.44,886.7,800.94,1069.74,918.37,885.43,1044.4000000000001,823.36,854.27,810.69,1103.94,990.57,912.03,1019.7,862.76]
["MATERIAL",546,"BARRA DE ACO CHATA, RETANGULAR (QUALQUER BITOLA)","KG","C",12.94,13.2,10.65,9.26,9.1999999999999993,9.1199999999999992,10.57,8.67,10.029999999999999,9.1199999999999992,8.5,9.7899999999999991,9.92,9.6199999999999992,12.59,9.0500000000000007,8.9499999999999993,10.050000000000001,10.58,11.41,11.38,10.01,8.91,9.82,11.05,10.43,9.26]
["MATERIAL",566,"BARRA DE ACO CHATO, RETANGULAR, 19,05 MM X 3,17 MM (L X E), 0,47 KG/M","M","CR",6.14,6.26,5.05,4.3899999999999997,4.3600000000000003,4.33,5.01,4.1100000000000003,4.76,4.33,4.03,4.6399999999999997,4.7,4.5599999999999996,5.97,4.29,4.24,4.7699999999999996,5.0199999999999996,5.41,5.4,4.75,4.2300000000000004,4.66,5.24,4.95,4.3899999999999997]
["MATERIAL",565,"BARRA DE ACO CHATO, RETANGULAR, 25,4 MM X 4,76 MM (L X E), 0,94 KG/M","M","CR",22.38,22.83,18.420000000000002,16.010000000000002,15.91,15.77,18.28,14.99,17.350000000000001,15.77,14.7,16.93,17.16,16.64,21.78,15.65,15.48,17.38,18.3,19.73,19.68,17.309999999999999,15.41,16.98,19.11,18.04,16.010000000000002]
["MATERIAL",555,"BARRA DE ACO CHATO, RETANGULAR, 25,4 MM X 6,35 MM (L X E), 1,2265 KG/M","M","CR",15.87,16.18,13.06,11.35,11.28,11.18,12.96,10.63,12.3,11.18,10.42,12,12.16,11.79,15.44,11.09,10.97,12.32,12.97,13.99,13.95,12.27,10.92,12.04,13.55,12.79,11.35]
["MATERIAL",557,"BARRA DE ACO CHATO, RETANGULAR, 38,1 MM X 12,7 MM (L X E), 3,79 KG/M","M","CR",49.79,50.79,40.98,35.630000000000003,35.4,35.090000000000003,40.67,33.36,38.590000000000003,35.090000000000003,32.700000000000003,37.67,38.17,37.01,48.44,34.82,34.43,38.67,40.71,43.9,43.79,38.51,34.28,37.78,42.52,40.130000000000003,35.630000000000003]
["MATERIAL",552,"BARRA DE ACO CHATO, RETANGULAR, 38,1 MM X 6,35 MM (L X E), 1,89 KG/M","M","CR",24.7,25.2,20.329999999999998,17.670000000000002,17.559999999999999,17.41,20.18,16.55,19.149999999999999,17.41,16.22,18.690000000000001,18.940000000000001,18.36,24.03,17.27,17.079999999999998,19.18,20.2,21.78,21.72,19.11,17.010000000000002,18.739999999999998,21.09,19.91,17.670000000000002]
["MATERIAL",563,"BARRA DE ACO CHATO, RETANGULAR, 38,1 MM X 9,53 MM (L X E), 2,84 KG/M","M","CR",37.119999999999997,37.869999999999997,30.55,26.56,26.39,26.16,30.32,24.87,28.77,26.16,24.38,28.08,28.46,27.59,36.119999999999997,25.96,25.67,28.83,30.35,32.729999999999997,32.64,28.71,25.56,28.17,31.7,29.92,26.56]
["MATERIAL",549,"BARRA DE ACO CHATO, RETANGULAR, 50,8 MM X 12,7 MM (L X E), 5,06 KG/M","M","CR",66.81,68.150000000000006,54.98,47.81,47.5,47.08,54.57,44.76,51.78,47.08,43.88,50.54,51.21,49.67,65,46.72,46.21,51.89,54.62,58.91,58.75,51.68,46,50.7,57.05,53.85,47.81]
["MATERIAL",551,"BARRA DE ACO CHATO, RETANGULAR, 50,8 MM X 25,4 MM (L X E), 10,12 KG/M","M","CR",132.28,134.94,108.87,94.66,94.05,93.23,108.05,88.63,102.53,93.23,86.89,100.08,101.41,98.34,128.71,92.52,91.49,102.74,108.16,116.64,116.34,102.33,91.08,100.39,112.96,106.62,94.66]
["MATERIAL",559,"BARRA DE ACO CHATO, RETANGULAR, 50,8 MM X 6,35 MM (L X E), 2,53 KG/M","M","CR",33.07,33.729999999999997,27.21,23.66,23.51,23.3,27.01,22.15,25.63,23.3,21.72,25.02,25.35,24.58,32.17,23.13,22.87,25.68,27.04,29.16,29.08,25.58,22.77,25.09,28.24,26.65,23.66]
["MATERIAL",560,"BARRA DE ACO CHATO, RETANGULAR, 50,8 MM X 7,94 MM (L X E), 3,162 KG/M","M","CR",41.37,42.2,34.049999999999997,29.6,29.41,29.16,33.79,27.72,32.07,29.16,27.17,31.3,31.71,30.75,40.25,28.93,28.61,32.130000000000003,33.82,36.479999999999997,36.380000000000003,32,28.48,31.39,35.33,33.340000000000003,29.6]
["MATERIAL",547,"BARRA DE ACO CHATO, RETANGULAR, 50,8 MM X 9,53 MM (L X E), 3,79KG/M","M","CR",49.54,50.53,40.770000000000003,35.450000000000003,35.22,34.909999999999997,40.46,33.19,38.4,34.909999999999997,32.54,37.479999999999997,37.979999999999997,36.83,48.2,34.64,34.26,38.47,40.5,43.68,43.57,38.32,34.11,37.590000000000003,42.3,39.93,35.450000000000003]
["MATERIAL",36207,"BARRA DE APOIO EM \"L\", EM ACO INOX POLIDO 70 X 70 CM, DIAMETRO MINIMO 3 CM","UN","CR",317.35000000000002,null,339.77,520.45000000000005,318.88,648.30999999999995,376.71,null,null,473.82,{"$nulls":5},325.11,210.99,235.48,251.27,424.26,null,null,612.73,412.66,null,390.23]
["MATERIAL",36209,"BARRA DE APOIO EM \"L\", EM ACO INOX POLIDO 80 X 80 CM, DIAMETRO MINIMO 3 CM","UN","CR",364.2,null,389.94,597.29999999999995,365.96,744.04,432.33,null,null,543.79,{"$nulls":5},373.12,242.14,270.25,288.37,486.9,null,null,703.21,473.59,null,447.85]
["MATERIAL",36210,"BARRA DE APOIO LATERAL ARTICULADA, COM TRAVA, EM ACO INOX POLIDO, 70 CM, DIAMETRO MINIMO 3 CM","UN","CR",394.06,null,421.9,646.26,395.96,805.03,467.77,null,null,588.36,{"$nulls":5},403.7,261.99,292.39999999999998,312,526.82000000000005,null,null,760.85,512.41,null,484.56]
["MATERIAL",36204,"BARRA DE APOIO RETA, EM ACO INOX POLIDO, COMPRIMENTO 60CM, DIAMETRO MINIMO 3 CM","UN","CR",139.72,null,149.59,229.14,140.38999999999999,285.43,165.85,null,null,208.61,{"$nulls":5},143.13999999999999,92.89,103.67,110.62,186.79,null,null,269.77,181.68,null,171.81]
["MATERIAL",36205,"BARRA DE APOIO RETA, EM ACO INOX POLIDO, COMPRIMENTO 70CM, DIAMETRO MINIMO 3 CM","UN","CR",155.16999999999999,null,166.13,254.48,155.91999999999999,317,184.2,null,null,231.68,{"$nulls":5},158.97,103.16,115.14,122.86,207.45,null,null,299.60000000000002,201.77,null,190.81]
["MATERIAL",36081,"BARRA DE APOIO RETA, EM ACO INOX POLIDO, COMPRIMENTO 80CM, DIAMETRO MINIMO 3 CM","UN","C",165.45,null,177.14,271.33999999999997,166.25,338,196.4,null,null,247.03,{"$nulls":5},169.5,110,122.77,131,221.19,null,null,319.45,215.14,null,203.45]
["MATERIAL",36206,"BARRA DE APOIO RETA, EM ACO INOX POLIDO, COMPRIMENTO 90 CM, DIAMETRO MINIMO 3 CM","UN","CR",173.33,null,185.58,284.27,174.17,354.11,205.76,null,null,258.8,{"$nulls":5},177.58,115.24,128.62,137.24,231.73,null,null,334.68,225.39,null,213.15]
["MATERIAL",36218,"BARRA DE APOIO RETA, EM ALUMINIO, COMPRIMENTO 60CM, DIAMETRO MINIMO 3 CM","UN","CR",173.26,null,null,null,100,null,null,107.16,{"$nulls":8},133.03,136.26,{"$nulls":7},173.26]
["MATERIAL",36220,"BARRA DE APOIO RETA, EM ALUMINIO, COMPRIMENTO 70CM, DIAMETRO MINIMO 3 CM","UN","CR",198.68,null,null,null,114.66,null,null,122.87,{"$nulls":8},152.54,156.24,{"$nulls":7},198.68]
["MATERIAL",36080,"BARRA DE APOIO RETA, EM ALUMINIO, COMPRIMENTO 80 CM, DIAMETRO MINIMO 3 CM","UN","C",214.9,null,null,null,124.03,null,null,132.91,{"$nulls":8},165,169,{"$nulls":7},214.9]
["MATERIAL",36223,"BARRA DE APOIO RETA, EM ALUMINIO, COMPRIMENTO 90 CM, DIAMETRO MINIMO 3 CM","UN","CR",225.03,null,null,null,129.88,null,null,139.16999999999999,{"$nulls":8},172.78,176.97,{"$nulls":7},225.03]
["MATERIAL",38127,"BASE DE MISTURADOR MONOCOMANDO PARA CHUVEIRO, DE PAREDE (NAO INCLUI ACABAMENTOS)","UN","CR",328.44,492.17,648.59,877.99,531.94000000000005,433.32,490.93,347.77,470.8,661.04,430.41,472.97,544.52,247.79,470.8,519.74,525.94000000000005,414.43,476.38,336.13,450.92,425.95,761.96,641.16,473.59,386.86,495.46]
["MATERIAL",38060,"BASE PARA MASTRO DE PARA-RAIOS DIAMETRO NOMINAL 1 1/2\"","UN","CR",53.28,null,71.02,null,56.29,null,41.94,51.45,59.74,56.52,48.8,58.83,63.38,62.54,34.299999999999997,null,51.33,null,49.43,60.49,62.4,null,54.47,55.64,61.65,57.92,51.65]
["MATERIAL",10956,"BASE PARA MASTRO DE PARA-RAIOS DIAMETRO NOMINAL 2\"","UN","CR",58.43,null,77.88,null,61.73,null,45.99,56.42,65.52,61.98,53.51,64.52,69.510000000000005,68.59,37.61,null,56.29,null,54.21,66.33,68.430000000000007,null,59.74,61.01,67.61,63.51,56.64]
["MATERIAL",39380,"BASE PARA RELE COM SUPORTE METALICO","UN","CR",null,null,19.149999999999999,{"$nulls":9},22.35,{"$nulls":5},12.81,{"$nulls":6},20.28]
["MATERIAL",44172,"BASTIDOR PARA BLOCO M10","UN","CR",10.56,null,10.52,{"$nulls":5},9.0500000000000007,null,7.83,{"$nulls":4},14.05,null,6.66,{"$nulls":4},7.78,null,null,7.83]
["EQUIPAMENTO (AQUISIÇÃO)",37597,"BATE-ESTACAS POR GRAVIDADE, POTENCIA160 HP, PESO DO MARTELO ATE 3 TONELADAS","UN","CR",{"$nulls":22},637339.66,625312.5,null,651367.18000000005]
["MATERIAL",183,"BATENTE / PORTAL / ADUELA / MARCO EM MADEIRA MACICA COM REBAIXO, E = *3* CM, L = *14* CM, PARA PORTAS DE GIRO DE *60 CM A 120* CM X *210* CM, CEDRINHO / ANGELIM COMERCIAL / TAURI / CURUPIXA / PEROBA / CUMARU OU EQUIVALENTE DA REGIAO (NAO INCLUI ALIZARES)","JG","C",171,180,104.25,200,219.11,219.76,299,195,176,247.5,215.95,215,240.53,140,185,183.5,200,279.89999999999998,230.95,225,132.5,170.71,350,229.5,180,280,263.5]
["MATERIAL",184,"BATENTE / PORTAL / ADUELA / MARCO EM MADEIRA MACICA COM REBAIXO, E = *3* CM, L = *14* CM, PARA PORTAS DE GIRO DE *60 CM A 120* CM X *210* CM, PINUS / EUCALIPTO / VIROLA OU EQUIVALENTE DA REGIAO (NAO INCLUI ALIZARES)","JG","CR",105.9,111.48,64.56,123.87,135.69999999999999,136.1,185.18,120.77,109,153.29,133.74,133.16,148.97,86.7,114.58,113.65,123.87,173.35,143.03,139.35,82.06,105.73,216.77,142.13999999999999,111.48,173.41,163.19]
["MATERIAL",181,"BATENTE / PORTAL / ADUELA / MARCO EM MADEIRA MACICA COM REBAIXO, E = *3* CM, L = *16* CM, PARA PORTAS DE GIRO DE *60 CM A 120* CM X *210* CM, CEDRINHO / ANGELIM COMERCIAL / TAURI / CURUPIXA / PEROBA / CUMARU OU EQUIVALENTE DA REGIAO (NAO INCLUI ALIZARES)","JG","CR",228.36,240.38,139.22,267.08999999999997,292.61,293.48,399.3,260.41000000000003,235.04,330.53,288.39,287.12,321.22000000000003,186.96,247.06,245.06,267.08999999999997,373.8,308.43,300.48,176.95,227.98,467.41,306.49,240.38,373.93,351.9]
["MATERIAL",20001,"BATENTE / PORTAL / ADUELA / MARCO EM MADEIRA MACICA COM REBAIXO, E = *3* CM, L = *16* CM, PARA PORTAS DE GIRO DE *60 CM A 120* CM X *210* CM, PINUS / EUCALIPTO / VIROLA OU EQUIVALENTE DA REGIAO (NAO INCLUI ALIZARES)","JG","CR",132.38,139.35,80.7,154.83000000000001,169.63,170.13,231.48,150.96,136.25,191.61,167.18,166.45,186.21,108.38,143.22,142.06,154.83000000000001,216.69,178.79,174.19,102.58,132.16,270.95999999999998,177.67,139.35,216.77,203.99]
["MATERIAL",39837,"BATENTE/PORTAL/ADUELA/MARCO, EM MDF/PVC WOOD/POLIESTIRENO OU MADEIRA LAMINADA, L = *9,0* CM COM GUARNICAO REGULAVEL 2 FACES = *35* MM, PRIMER","JG","CR",{"$nulls":4},399.51,384.96,365.01,302.95999999999998,null,null,442.23,374.15,493.57,477.88,492.63,null,324.37,407.93,352.95,376.33,344.63,null,278.95,267.10000000000002,null,410.94]
["MATERIAL",43366,"BENTONITA, ARGILA CONSTITUIDA POR MONTMORILONITA","KG","CR",{"$nulls":25},1.64]
["EQUIPAMENTO (AQUISIÇÃO)",10535,"BETONEIRA, CAPACIDADE NOMINAL 400 L, CAPACIDADE DE MISTURA 280 L, MOTOR ELETRICO TRIFASICO 220/380 V, POTENCIA 2 CV, SEM CARREGADOR","UN","C",null,4800,5200,5798,5615,null,5646.39,4775.95,4850,6008.62,6135,4989.99,5330,6114,null,5099.5,6387.62,4977.76,5295,null,5882.85,5823.46,4853.55,4790,5700,4914.08,5849.5]
["EQUIPAMENTO (AQUISIÇÃO)",10537,"BETONEIRA, CAPACIDADE NOMINAL 400 L, CAPACIDADE DE MISTURA 310 L, MOTOR A DIESEL, POTENCIA 5 CV, SEM CARREGADOR","UN","CR",null,6545.89,7091.38,7906.89,7657.33,null,7700.14,6513.1,6614.08,8194.1200000000008,8366.4699999999993,6804.99,7268.67,8337.83,null,6954.33,8710.98,6788.31,7220.94,null,8022.61,7941.62,6618.92,6532.26,7773.25,6701.47,7977.13]
["EQUIPAMENTO (AQUISIÇÃO)",13891,"BETONEIRA, CAPACIDADE NOMINAL 400 L, CAPACIDADE DE MISTURA 310 L, MOTOR A GASOLINA, POTENCIA 5,5 CV, SEM CARREGADOR","UN","CR",null,6004.06,6504.4,7252.41,7023.5,null,7062.77,5973.98,6066.6,7515.86,7673.94,6241.71,6667.01,7647.68,null,6378.69,7989.93,6226.41,6623.23,null,7358.54,7284.25,6071.05,5991.55,7129.83,6146.76,7316.83]
["EQUIPAMENTO (AQUISIÇÃO)",36396,"BETONEIRA, CAPACIDADE NOMINAL 400 L, CAPACIDADE DE MISTURA 310 L, MOTOR ELETRICO TRIFASICO 220/380V, POTENCIA 2 CV, SEM CARREGADOR","UN","CR",null,5491.52,5949.15,6633.3,6423.94,null,6459.85,5464.01,5548.72,6874.26,7018.85,5708.88,6097.88,6994.82,null,5834.17,7307.86,5694.89,6057.83,null,6730.37,6662.43,5552.78,5480.08,6521.18,5622.04,6692.22]
["EQUIPAMENTO (AQUISIÇÃO)",36397,"BETONEIRA, CAPACIDADE NOMINAL 600 L, CAPACIDADE DE MISTURA 360 L, MOTOR ELETRICO TRIFASICO 220/380V, POTENCIA 4CV, SEM CARREGADOR","UN","CR",null,19525.419999999998,21152.54,23585.08,22840.67,null,22968.36,19427.59,19728.810000000001,24441.84,24955.93,20298.259999999998,21681.35,24870.5,null,20743.72,25983.53,20248.509999999998,21538.98,null,23930.23,23688.65,19743.25,19484.740000000002,23186.44,19989.47,23794.57]
["EQUIPAMENTO (AQUISIÇÃO)",36398,"BETONEIRA, CAPACIDADE NOMINAL 600 L, CAPACIDADE DE MISTURA 440 L, MOTOR A DIESEL, POTENCIA 10 CV, COM CARREGADOR","UN","CR",null,23731.52,25709.15,28665.7,27760.94,null,27916.13,23612.62,23978.720000000001,29707.02,30331.85,24670.84,26351.88,30228.02,null,25212.27,31580.82,24610.38,26178.83,null,29085.200000000001,28791.58,23996.27,23682.080000000002,28181.18,24295.54,28920.32]
["EQUIPAMENTO (AQUISIÇÃO)",44492,"BETONEIRA, CAPACIDADE NOMINAL 600 L, CAPACIDADE DE MISTURA 440 L, MOTOR A GASOLINA, POTENCIA 10 HP, COM CARREGADOR","UN","CR",null,26115.25,28291.52,31545.05,30549.4,null,30720.18,25984.400000000001,26387.279999999999,32690.959999999999,33378.550000000003,27148.92,28998.81,33264.300000000003,null,27744.73,34752.980000000003,27082.38,28808.38,null,32006.69,31683.57,26406.6,26060.84,31011.86,26735.919999999998,31825.24]
["MAO DE OBRA",647,"BLASTER, DINAMITADOR OU CABO DE FOGO (HORISTA)","H","CR",19.73,14.73,22.42,15.58,26.91,20.100000000000001,14.73,20.62,15.42,14.8,19.2,16.86,12.62,14.39,14.66,15.35,17.190000000000001,28.37,28.87,22.43,16.86,17.52,37.130000000000003,28.3,18.170000000000002,28.73,15.11]
["MAO DE OBRA",40920,"BLASTER, DINAMITADOR OU CABO DE FOGO (MENSALISTA)","MES","CR",3447.44,2572.6999999999998,3933.57,2710.14,4704.72,3533.64,2626.51,3619.56,2717.8,2607.62,3390.75,2945.08,2225.54,2493.59,2567.85,2689.27,3034.34,4978.67,5075.9399999999996,3920.65,2924.78,3052.39,6524.11,4964.33,3214.56,5032.88,2652.6]
["MATERIAL",715,"BLOCO / TIJOLO DE VIDRO INCOLOR, CANELADO / ONDULADO, *19 X 19 X 8* CM (A X L X E)","UN","C",26.25,25.5,25.18,null,28.66,null,null,26.25,null,null,17.899999999999999,null,28.9,36.74,null,null,null,15.9,18.989999999999998,null,29.51,null,17.899999999999999,17.899999999999999,null,19.850000000000001]
["MATERIAL",716,"BLOCO / TIJOLO DE VIDRO INCOLOR, XADREZ, *20 X 20 X 10* CM (A X L X E)","UN","CR",29.68,28.83,28.47,null,32.409999999999997,null,null,29.68,null,null,20.239999999999998,null,32.68,41.55,null,null,null,17.98,21.47,null,33.369999999999997,null,20.239999999999998,20.239999999999998,null,22.44]
["MATERIAL",7270,"BLOCO CERAMICO / TIJOLO VAZADO PARA ALVENARIA DE VEDACAO, 4 FUROS NA HORIZONTAL DE 9 X 9 X 19 CM (L X A X C)","UN","CR",1.03,0.91,0.79,0.91,0.83,0.79,1.02,0.6,1.18,0.89,0.79,0.92,0.98,0.9,0.82,0.6,0.89,0.74,0.76,0.79,0.87,0.8,0.82,1,0.59,0.75,1.01]
["MATERIAL",44460,"BLOCO CERAMICO / TIJOLO VAZADO PARA ALVENARIA DE VEDACAO, 6 FUROS NA HORIZONTAL DE 11,5 X 19 X 29 CM (L X A X C)","UN","CR",1.73,1.54,1.33,1.54,1.39,1.33,1.71,1.02,1.98,1.49,1.33,1.55,1.65,1.51,1.38,1.02,1.49,1.24,1.28,1.33,1.46,1.35,1.38,1.68,0.99,1.27,1.69]
["MATERIAL",44461,"BLOCO CERAMICO / TIJOLO VAZADO PARA ALVENARIA DE VEDACAO, 6 FUROS NA HORIZONTAL DE 11,5 X 19 X 39 CM (L X A X C)","UN","CR",2.36,2.1,1.82,2.1,1.9,1.82,2.33,1.39,2.7,2.0299999999999998,1.82,2.12,2.25,2.06,1.88,1.39,2.0299999999999998,1.69,1.75,1.82,1.99,1.84,1.88,2.29,1.35,1.73,2.31]
["MATERIAL",7267,"BLOCO CERAMICO / TIJOLO VAZADO PARA ALVENARIA DE VEDACAO, 6 FUROS NA HORIZONTAL DE 9 X 14 X 19 CM (L X A X C)","UN","CR",0.87,0.77,0.67,0.77,0.7,0.67,0.86,0.51,0.99,0.75,0.67,0.78,0.83,0.76,0.69,0.51,0.75,0.62,0.64,0.67,0.73,0.68,0.69,0.84,0.49,0.64,0.85]
["MATERIAL",44458,"BLOCO CERAMICO / TIJOLO VAZADO PARA ALVENARIA DE VEDACAO, 6 FUROS NA HORIZONTAL DE 9 X 14 X 24 CM (L X A X C)","UN","CR",1.05,0.94,0.81,0.94,0.85,0.81,1.04,0.62,1.2,0.91,0.81,0.95,1,0.92,0.84,0.62,0.91,0.75,0.78,0.81,0.89,0.82,0.84,1.02,0.6,0.77,1.03]
["MATERIAL",44457,"BLOCO CERAMICO / TIJOLO VAZADO PARA ALVENARIA DE VEDACAO, 6 FUROS NA HORIZONTAL DE 9 X 19 X 39 CM (L X A X C)","UN","CR",2.0299999999999998,1.81,1.57,1.81,1.65,1.57,2.02,1.2,2.33,1.76,1.57,1.83,1.94,1.77,1.63,1.2,1.76,1.46,1.52,1.57,1.72,1.59,1.63,1.98,1.1599999999999999,1.5,2]
["MATERIAL",7271,"BLOCO CERAMICO / TIJOLO VAZADO PARA ALVENARIA DE VEDACAO, 8 FUROS NA HORIZONTAL DE 9 X 19 X 19 CM (L X A X C)","UN","C",1.1000000000000001,0.98,0.85,0.98,0.89,0.85,1.0900000000000001,0.65,1.26,0.95,0.85,0.99,1.05,0.96,0.88,0.65,0.95,0.79,0.82,0.85,0.93,0.86,0.88,1.07,0.63,0.81,1.08]
["MATERIAL",7268,"BLOCO CERAMICO / TIJOLO VAZADO PARA ALVENARIA DE VEDACAO, 8 FUROS NA HORIZONTAL DE 9 X 19 X 29 CM (L X A X C)","UN","CR",1.71,1.53,1.32,1.53,1.39,1.32,1.7,1.01,1.96,1.48,1.32,1.54,1.63,1.49,1.37,1.01,1.48,1.23,1.28,1.32,1.45,1.34,1.37,1.67,0.98,1.26,1.68]
["MATERIAL",44459,"BLOCO CERAMICO / TIJOLO VAZADO PARA ALVENARIA DE VEDACAO, 9 FUROS NA HORIZONTAL DE 11,5 X 14 X 24 CM (L X A X C)","UN","CR",1.1100000000000001,0.99,0.85,0.99,0.9,0.85,1.1000000000000001,0.65,1.27,0.96,0.85,1,1.06,0.97,0.88,0.65,0.96,0.79,0.82,0.85,0.94,0.86,0.88,1.08,0.63,0.81,1.0900000000000001]
["MATERIAL",44462,"BLOCO CERAMICO / TIJOLO VAZADO PARA ALVENARIA DE VEDACAO, 9 FUROS NA HORIZONTAL DE 14 X 19 X 29 CM (L X A X C)","UN","CR",1.96,1.75,1.51,1.75,1.59,1.51,1.94,1.1599999999999999,2.25,1.69,1.51,1.76,1.87,1.71,1.57,1.1599999999999999,1.69,1.41,1.46,1.51,1.66,1.53,1.57,1.91,1.1200000000000001,1.44,1.92]
["MATERIAL",44463,"BLOCO CERAMICO / TIJOLO VAZADO PARA ALVENARIA DE VEDACAO, 9 FUROS NA HORIZONTAL DE 14 X 19 X 39 CM (L X A X C)","UN","CR",2.5299999999999998,2.25,1.95,2.25,2.04,1.95,2.5,1.49,2.89,2.1800000000000002,1.95,2.27,2.41,2.2000000000000002,2.02,1.49,2.1800000000000002,1.81,1.88,1.95,2.13,1.97,2.02,2.46,1.44,1.86,2.48]
["MATERIAL",44464,"BLOCO CERAMICO / TIJOLO VAZADO PARA ALVENARIA DE VEDACAO, 9 FUROS NA HORIZONTAL DE 19 X 19 X 29 CM (L X A X C)","UN","CR",2.62,2.33,2.02,2.33,2.12,2.02,2.59,1.54,3,2.2599999999999998,2.02,2.35,2.5,2.2799999999999998,2.09,1.54,2.2599999999999998,1.88,1.95,2.02,2.21,2.04,2.09,2.54,1.5,1.92,2.57]
["MATERIAL",44465,"BLOCO CERAMICO / TIJOLO VAZADO PARA ALVENARIA DE VEDACAO, 9 FUROS NA HORIZONTAL DE 19 X 19 X 39 CM (L X A X C)","UN","CR",3.59,3.2,2.77,3.2,2.9,2.77,3.56,2.12,4.1100000000000003,3.1,2.77,3.23,3.43,3.13,2.87,2.12,3.1,2.58,2.68,2.77,3.04,2.81,2.87,3.49,2.0499999999999998,2.64,3.53]
["MATERIAL",38783,"BLOCO CERAMICO / TIJOLO VAZADO PARA ALVENARIA DE VEDACAO, FUROS NA HORIZONTAL DE 11,5 X 19 X 19 CM (L X A X C)","UN","CR",1.26,1.1200000000000001,0.97,1.1200000000000001,1.01,0.97,1.24,0.74,1.44,1.08,0.97,1.1299999999999999,1.2,1.1000000000000001,1,0.74,1.08,0.9,0.93,0.97,1.06,0.98,1,1.22,0.72,0.92,1.23]
["MATERIAL",44466,"BLOCO CERAMICO / TIJOLO VAZADO PARA ALVENARIA DE VEDACAO, FUROS NA VERTICAL DE 11,5 X 19 X 29 CM (L X A X C)","UN","CR",2.5499999999999998,2.27,1.97,2.27,2.06,1.97,2.5299999999999998,1.51,2.92,2.2000000000000002,1.97,2.2999999999999998,2.44,2.23,2.04,1.51,2.2000000000000002,1.83,1.9,1.97,2.16,1.99,2.04,2.48,1.46,1.88,2.5099999999999998]
["MATERIAL",44467,"BLOCO CERAMICO / TIJOLO VAZADO PARA ALVENARIA DE VEDACAO, FUROS NA VERTICAL DE 11,5 X 19 X 39 CM (L X A X C)","UN","CR",3.07,2.73,2.37,2.73,2.48,2.37,3.04,1.81,3.52,2.65,2.37,2.76,2.93,2.68,2.4500000000000002,1.81,2.65,2.2000000000000002,2.29,2.37,2.59,2.4,2.4500000000000002,2.99,1.76,2.2599999999999998,3.01]
["MATERIAL",44468,"BLOCO CERAMICO / TIJOLO VAZADO PARA ALVENARIA DE VEDACAO, FUROS NA VERTICAL DE 14 X 19 X 29 CM (L X A X C)","UN","CR",2.66,2.37,2.06,2.37,2.16,2.06,2.64,1.57,3.05,2.2999999999999998,2.06,2.4,2.54,2.3199999999999998,2.13,1.57,2.2999999999999998,1.91,1.99,2.06,2.25,2.08,2.13,2.59,1.52,1.96,2.62]
["MATERIAL",37593,"BLOCO CERAMICO / TIJOLO VAZADO PARA ALVENARIA DE VEDACAO, FUROS NA VERTICAL DE 14 X 19 X 39 CM (L X A X C)","UN","CR",3.43,3.06,2.65,3.06,2.77,2.65,3.4,2.0299999999999998,3.93,2.96,2.65,3.09,3.27,2.99,2.74,2.0299999999999998,2.96,2.46,2.56,2.65,2.9,2.68,2.74,3.34,1.96,2.5299999999999998,3.37]
["MATERIAL",37594,"BLOCO CERAMICO / TIJOLO VAZADO PARA ALVENARIA DE VEDACAO, FUROS NA VERTICAL DE 19 X 19 X 39 CM (L X A X C)","UN","CR",4.07,3.63,3.15,3.63,3.3,3.15,4.04,2.41,4.67,3.52,3.15,3.67,3.89,3.55,3.26,2.41,3.52,2.92,3.04,3.15,3.44,3.18,3.26,3.96,2.33,3,4]
["MATERIAL",37592,"BLOCO CERAMICO / TIJOLO VAZADO PARA ALVENARIA DE VEDACAO, FUROS NA VERTICAL DE 9 X 19 X 39 CM (L X A X C)","UN","CR",2.71,2.42,2.1,2.42,2.19,2.1,2.69,1.6,3.11,2.34,2.1,2.44,2.59,2.37,2.17,1.6,2.34,1.95,2.02,2.1,2.29,2.12,2.17,2.64,1.55,2,2.66]
["MATERIAL",41372,"BLOCO CONCRETO CELULAR AUTOCLAVADO 12,5 X 30 X 60 CM (E X A X C)","M2","CR",{"$nulls":10},120.13,{"$nulls":11},136.11000000000001,130.85,null,120.34]
["MATERIAL",41371,"BLOCO CONCRETO CELULAR AUTOCLAVADO 7,5 X 30 X 60 CM (E X A X C)","M2","CR",{"$nulls":10},71.010000000000005,{"$nulls":11},80.45,77.34,null,71.13]
["MATERIAL",34556,"BLOCO DE CONCRETO ESTRUTURAL 14 X 19 X 29 CM, FBK 10 MPA (NBR 6136)","UN","CR",7.39,4.42,4.96,5.42,3.87,5.1100000000000003,5.56,4.8,4.88,5.35,5.24,4.8,5.1100000000000003,5.1100000000000003,4.96,4.7300000000000004,3.98,4.03,4.03,5.69,6.2,5.97,5.81,5.27,4.34,4.66,5.42]
["MATERIAL",37873,"BLOCO DE CONCRETO ESTRUTURAL 14 X 19 X 29 CM, FBK 12 MPA (NBR 6136)","UN","CR",7.52,4.49,5.05,5.52,3.94,5.2,5.66,4.8899999999999997,4.97,5.44,5.33,4.8899999999999997,5.2,5.2,5.05,4.8099999999999996,4.05,4.0999999999999996,4.0999999999999996,5.79,6.31,6.07,5.91,5.36,4.41,4.75,5.52]
["MATERIAL",34564,"BLOCO DE CONCRETO ESTRUTURAL 14 X 19 X 29 CM, FBK 14 MPA (NBR 6136)","UN","CR",7.88,4.71,5.28,5.78,4.13,5.45,5.93,5.12,5.2,5.7,5.58,5.12,5.45,5.45,5.28,5.04,4.24,4.29,4.29,6.06,6.61,6.36,6.19,5.62,4.62,4.97,5.78]
["MATERIAL",34565,"BLOCO DE CONCRETO ESTRUTURAL 14 X 19 X 29 CM, FBK 16 MPA (NBR 6136)","UN","CR",8.33,4.9800000000000004,5.59,6.11,4.37,5.76,6.27,5.41,5.5,6.03,5.9,5.41,5.76,5.76,5.59,5.33,4.49,4.54,4.54,6.41,6.99,6.73,6.55,5.94,4.8899999999999997,5.26,6.11]
["MATERIAL",38590,"BLOCO DE CONCRETO ESTRUTURAL 14 X 19 X 29 CM, FBK 4,5 MPA (NBR 6136)","UN","CR",6.16,3.68,4.13,4.5199999999999996,3.23,4.26,4.6399999999999997,4,4.07,4.45,4.3600000000000003,4,4.26,4.26,4.13,3.94,3.32,3.36,3.36,4.74,5.17,4.97,4.84,4.3899999999999997,3.61,3.89,4.5199999999999996]
["MATERIAL",34566,"BLOCO DE CONCRETO ESTRUTURAL 14 X 19 X 29 CM, FBK 6 MPA (NBR 6136)","UN","CR",6.47,3.86,4.34,4.75,3.39,4.47,4.87,4.2,4.2699999999999996,4.68,4.58,4.2,4.47,4.47,4.34,4.13,3.48,3.52,3.52,4.9800000000000004,5.42,5.22,5.08,4.6100000000000003,3.8,4.08,4.75]
["MATERIAL",34567,"BLOCO DE CONCRETO ESTRUTURAL 14 X 19 X 29 CM, FBK 8 MPA (NBR 6136)","UN","CR",6.86,4.0999999999999996,4.5999999999999996,5.03,3.59,4.74,5.16,4.46,4.53,4.96,4.8600000000000003,4.46,4.74,4.74,4.5999999999999996,4.38,3.69,3.74,3.74,5.28,5.75,5.53,5.39,4.8899999999999997,4.0199999999999996,4.33,5.03]
["MATERIAL",38591,"BLOCO DE CONCRETO ESTRUTURAL 14 X 19 X 34 CM, FBK 4,5 MPA (NBR 6136)","UN","CR",6.23,3.72,4.17,4.57,3.26,4.3099999999999996,4.68,4.04,4.1100000000000003,4.5,4.41,4.04,4.3099999999999996,4.3099999999999996,4.17,3.98,3.35,3.39,3.39,4.79,5.22,5.0199999999999996,4.8899999999999997,4.4400000000000004,3.65,3.93,4.57]
["MATERIAL",34568,"BLOCO DE CONCRETO ESTRUTURAL 14 X 19 X 39 CM, FBK 10 MPA (NBR 6136)","UN","CR",8.11,4.84,5.44,5.95,4.25,5.61,6.1,5.27,5.35,5.86,5.74,5.27,5.61,5.61,5.44,5.18,4.37,4.42,4.42,6.24,6.8,6.54,6.37,5.78,4.76,5.1100000000000003,5.95]
["MATERIAL",34569,"BLOCO DE CONCRETO ESTRUTURAL 14 X 19 X 39 CM, FBK 12 MPA (NBR 6136)","UN","CR",8.33,4.9800000000000004,5.59,6.11,4.37,5.76,6.27,5.41,5.5,6.03,5.9,5.41,5.76,5.76,5.59,5.33,4.49,4.54,4.54,6.41,6.99,6.73,6.55,5.94,4.8899999999999997,5.26,6.11]
["MATERIAL",34570,"BLOCO DE CONCRETO ESTRUTURAL 14 X 19 X 39 CM, FBK 14 MPA (NBR 6136)","UN","CR",9.0500000000000007,5.4,6.07,6.64,4.74,6.26,6.81,5.88,5.97,6.54,6.41,5.88,6.26,6.26,6.07,5.78,4.87,4.93,4.93,6.96,7.59,7.3,7.11,6.45,5.31,5.71,6.64]
["MATERIAL",25070,"BLOCO DE CONCRETO ESTRUTURAL 14 X 19 X 39 CM, FBK 4,5 MPA (NBR 6136)","UN","CR",6.81,4.07,4.57,4.99,3.57,4.71,5.12,4.42,4.49,4.92,4.82,4.42,4.71,4.71,4.57,4.3499999999999996,3.67,3.71,3.71,5.24,5.71,5.49,5.35,4.8499999999999996,3.99,4.29,4.99]
["MATERIAL",34571,"BLOCO DE CONCRETO ESTRUTURAL 14 X 19 X 39 CM, FBK 6 MPA (NBR 6136)","UN","CR",6.87,4.1100000000000003,4.6100000000000003,5.04,3.6,4.75,5.17,4.47,4.54,4.97,4.87,4.47,4.75,4.75,4.6100000000000003,4.3899999999999997,3.7,3.74,3.74,5.29,5.76,5.55,5.4,4.9000000000000004,4.03,4.34,5.04]
["MATERIAL",34573,"BLOCO DE CONCRETO ESTRUTURAL 14 X 19 X 39 CM, FBK 8 MPA (NBR 6136)","UN","CR",7.23,4.32,4.8499999999999996,5.3,3.79,5,5.44,4.7,4.7699999999999996,5.23,5.12,4.7,5,5,4.8499999999999996,4.62,3.89,3.94,3.94,5.56,6.06,5.84,5.68,5.15,4.24,4.5599999999999996,5.3]
["MATERIAL",37107,"BLOCO DE CONCRETO ESTRUTURAL 14 X 19 X 39, FCK 16 MPA (NBR 6136)","UN","CR",9.5500000000000007,5.7,6.41,7.01,5,6.61,7.19,6.21,6.31,6.91,6.77,6.21,6.61,6.61,6.41,6.11,5.14,5.2,5.2,7.35,8.01,7.71,7.51,6.81,5.6,6.03,7.01]
["MATERIAL",34576,"BLOCO DE CONCRETO ESTRUTURAL 19 X 19 X 39 CM, FBK 10 MPA (NBR 6136)","UN","CR",10.54,6.3,7.07,7.73,5.52,7.29,7.93,6.85,6.96,7.62,7.47,6.85,7.29,7.29,7.07,6.74,5.68,5.74,5.74,8.11,8.84,8.51,8.2899999999999991,7.51,6.19,6.65,7.73]
["MATERIAL",34577,"BLOCO DE CONCRETO ESTRUTURAL 19 X 19 X 39 CM, FBK 12 MPA (NBR 6136)","UN","CR",11,6.57,7.37,8.07,5.76,7.61,8.27,7.14,7.26,7.95,7.79,7.14,7.61,7.61,7.37,7.03,5.92,5.99,5.99,8.4600000000000009,9.2200000000000006,8.8699999999999992,8.64,7.84,6.45,6.94,8.07]
["MATERIAL",34578,"BLOCO DE CONCRETO ESTRUTURAL 19 X 19 X 39 CM, FBK 14 MPA (NBR 6136)","UN","CR",11.92,7.12,8,8.75,6.25,8.25,8.9700000000000006,7.75,7.87,8.6199999999999992,8.4499999999999993,7.75,8.25,8.25,8,7.62,6.42,6.5,6.5,9.17,10,9.6199999999999992,9.3699999999999992,8.5,7,7.52,8.75]
["MATERIAL",34579,"BLOCO DE CONCRETO ESTRUTURAL 19 X 19 X 39 CM, FBK 16 MPA (NBR 6136)","UN","CR",12.72,7.6,8.5299999999999994,9.33,6.66,8.8000000000000007,9.57,8.26,8.4,9.1999999999999993,9.01,8.26,8.8000000000000007,8.8000000000000007,8.5299999999999994,8.1300000000000008,6.85,6.93,6.93,9.7799999999999994,10.66,10.26,10,9.06,7.46,8.02,9.33]
["MATERIAL",25067,"BLOCO DE CONCRETO ESTRUTURAL 19 X 19 X 39 CM, FBK 4,5 MPA (NBR 6136)","UN","CR",8.51,5.08,5.71,6.25,4.46,5.89,6.41,5.53,5.62,6.16,6.03,5.53,5.89,5.89,5.71,5.44,4.58,4.6399999999999997,4.6399999999999997,6.55,7.14,6.87,6.69,6.07,5,5.37,6.25]
["MATERIAL",34580,"BLOCO DE CONCRETO ESTRUTURAL 19 X 19 X 39 CM, FBK 8 MPA (NBR 6136)","UN","CR",9.5,5.68,6.37,6.97,4.9800000000000004,6.57,7.15,6.17,6.27,6.87,6.73,6.17,6.57,6.57,6.37,6.07,5.12,5.18,5.18,7.31,7.97,7.67,7.47,6.77,5.58,5.99,6.97]
["MATERIAL",25071,"BLOCO DE CONCRETO ESTRUTURAL 9 X 19 X 39 CM, FBK 4,5 MPA (NBR 6136)","UN","CR",4.7300000000000004,2.83,3.17,3.47,2.48,3.27,3.56,3.07,3.12,3.42,3.35,3.07,3.27,3.27,3.17,3.02,2.5499999999999998,2.58,2.58,3.64,3.97,3.82,3.72,3.37,2.78,2.98,3.47]
["MATERIAL",44171,"BLOCO DE ENGATE RAPIDO PARA BASTIDOR TIPO M10","UN","CR",30.12,null,30.01,{"$nulls":5},25.82,null,22.34,{"$nulls":4},40.090000000000003,null,19,{"$nulls":4},22.2,null,null,22.34]
["MATERIAL",38395,"BLOCO DE ESPUMA MULTIUSO *23X 13 X 8* CM","UN","CR",8.7100000000000009,7.88,6.07,7.44,7.72,6.71,9.41,8.4700000000000006,8.1199999999999992,9.3699999999999992,10.36,12.47,10.59,8.8000000000000007,7.01,7.74,8.74,8.2799999999999994,7.95,7.48,9.41,6.87,9.3699999999999992,9.0399999999999991,8,9.8800000000000008,10.84]
["MATERIAL",34583,"BLOCO DE GESSO COMPACTO / MACICO, BRANCO, E = 10 CM, DIMENSOES *67 X 50* CM","M2","CR",78.16,71.52,66.14,61.79,58.79,59.93,55.17,57.09,58.6,71.52,60.06,58.85,76.89,62.93,59.93,54.09,62.93,59.93,58.6,61.85,83.75,70.81,68.650000000000006,63.64,65.77,56.78,59.93]
["MATERIAL",34584,"BLOCO DE GESSO VAZADO, BRANCO, E = *7* CM, DIMENSOES *67 X 50* CM","M2","CR",57.32,52.45,48.5,45.31,43.11,43.95,40.46,41.86,42.97,52.45,44.04,43.16,56.39,46.15,43.95,39.67,46.15,43.95,42.97,45.35,61.42,51.92,50.34,46.67,48.23,41.64,43.95]
["MATERIAL",709,"BLOCO DE POLIETILENO ALTA DENSIDADE, *27* X *30* X *100* CM, ACOMPANHADOS PLACAS TERMINAIS E LONGARINAS, PARA FUNDO DE FILTRO","M2","CR",{"$nulls":22},914.53,null,null,784.9]
["MATERIAL",34592,"BLOCO DE VEDACAO CONCRETO 14 X 19 X 29 CM (CLASSE C - NBR 6136)","UN","CR",5.41,3.23,3.63,3.97,2.84,3.74,4.07,3.52,3.57,3.91,3.83,3.52,3.74,3.74,3.63,3.46,2.91,2.95,2.95,4.16,4.54,4.37,4.26,3.86,3.18,3.41,3.97]
["MATERIAL",34599,"BLOCO DE VEDACAO CONCRETO APARENTE 9 X 19 X 39 CM (CLASSE C - NBR 6136)","UN","CR",4.8600000000000003,2.9,3.26,3.57,2.5499999999999998,3.36,3.66,3.16,3.21,3.52,3.44,3.16,3.36,3.36,3.26,3.11,2.62,2.65,2.65,3.74,4.08,3.92,3.82,3.46,2.85,3.07,3.57]
["MATERIAL",651,"BLOCO DE VEDACAO DE CONCRETO 14 X 19 X 39 CM (CLASSE C - NBR 6136)","UN","CR",5.97,3.56,4,4.38,3.12,4.13,4.49,3.88,3.94,4.3099999999999996,4.2300000000000004,3.88,4.13,4.13,4,3.81,3.21,3.25,3.25,4.59,5,4.8099999999999996,4.6900000000000004,4.25,3.5,3.76,4.38]
["MATERIAL",654,"BLOCO DE VEDACAO DE CONCRETO 19 X 19 X 39 CM (CLASSE C - NBR 6136)","UN","CR",7.39,4.42,4.96,5.42,3.87,5.1100000000000003,5.56,4.8,4.88,5.35,5.24,4.8,5.1100000000000003,5.1100000000000003,4.96,4.7300000000000004,3.98,4.03,4.03,5.69,6.2,5.97,5.81,5.27,4.34,4.66,5.42]
["MATERIAL",37103,"BLOCO DE VEDACAO DE CONCRETO APARENTE 14 X 19 X 39 CM (CLASSE C - NBR 6136)","UN","CR",6.19,3.7,4.1500000000000004,4.54,3.24,4.28,4.66,4.0199999999999996,4.09,4.4800000000000004,4.3899999999999997,4.0199999999999996,4.28,4.28,4.1500000000000004,3.96,3.33,3.37,3.37,4.76,5.19,5,4.87,4.41,3.63,3.91,4.54]
["MATERIAL",34555,"BLOCO DE VEDACAO DE CONCRETO APARENTE 19 X 19 X 39 CM (CLASSE C - NBR 6136)","UN","CR",7.86,4.7,5.27,5.77,4.12,5.44,5.92,5.1100000000000003,5.19,5.69,5.57,5.1100000000000003,5.44,5.44,5.27,5.03,4.2300000000000004,4.28,4.28,6.05,6.59,6.35,6.18,5.6,4.6100000000000003,4.96,5.77]
["MATERIAL",674,"BLOCO DE VEDACAO DE CONCRETO CELULAR AUTOCLAVADO 10 X 30 X 60 CM (E X A X C)","M2","CR",{"$nulls":10},85.6,{"$nulls":11},96.98,93.24,null,85.75]
["MATERIAL",34600,"BLOCO DE VEDACAO DE CONCRETO CELULAR AUTOCLAVADO 15 X 30 X 60 CM (E X A X C)","M2","C",{"$nulls":10},125.73,{"$nulls":11},142.44999999999999,136.94999999999999,null,125.95]
["MATERIAL",652,"BLOCO DE VEDACAO DE CONCRETO CELULAR AUTOCLAVADO 20 X 30 X 60 CM (E X A X C)","M2","CR",{"$nulls":10},192.6,{"$nulls":11},218.21,209.79,null,192.94]
["MATERIAL",650,"BLOCO DE VEDACAO DE CONCRETO, 9 X 19 X 39 CM (CLASSE C - NBR 6136)","UN","C",4.7699999999999996,2.85,3.2,3.5,2.5,3.3,3.59,3.1,3.15,3.45,3.38,3.1,3.3,3.3,3.2,3.05,2.57,2.6,2.6,3.67,4,3.85,3.75,3.4,2.8,3.01,3.5]
["MATERIAL",718,"BLOCO DE VIDRO / ELEMENTO VAZADO, INCOLOR, VENEZIANA, *20 X 20 X 6* CM (A X L X E)","UN","CR",25.94,25.2,24.88,null,28.32,null,null,25.94,null,null,17.690000000000001,null,28.56,36.299999999999997,null,null,null,15.71,18.760000000000002,null,29.16,null,17.690000000000001,17.690000000000001,null,19.61]
["MATERIAL",11981,"BLOCO DE VIDRO / ELEMENTO VAZADO, INCOLOR, VENEZIANA, DE *20 X 10 X 8* CM (A X L X E)","UN","CR",25.2,24.48,24.17,null,27.51,null,null,25.2,null,null,17.18,null,27.74,35.270000000000003,null,null,null,15.26,18.23,null,28.32,null,17.18,17.18,null,19.05]
["MATERIAL",34586,"BLOCO ESTRUTURAL CERAMICO DE 14 X 19 X 29 CM (L X A X C) E 6,0 MPA","UN","CR",2.71,2.42,2.1,2.42,2.19,2.1,2.69,1.6,3.11,2.34,2.1,2.44,2.59,2.37,2.17,1.6,2.34,1.95,2.02,2.1,2.29,2.12,2.17,2.64,1.55,2,2.66]
["MATERIAL",38603,"BLOCO ESTRUTURAL CERAMICO DE 14 X 19 X 34 CM (L X A X C) E 6,0 MPA","UN","CR",3.22,2.87,2.4900000000000002,2.87,2.61,2.4900000000000002,3.19,1.9,3.69,2.78,2.4900000000000002,2.9,3.07,2.81,2.58,1.9,2.78,2.31,2.4,2.4900000000000002,2.72,2.52,2.58,3.13,1.84,2.37,3.16]
["MATERIAL",34588,"BLOCO ESTRUTURAL CERAMICO DE 14 X 19 X 39 CM (L X A X C) E 6,0 MPA","UN","CR",3.67,3.27,2.83,3.27,2.97,2.83,3.63,2.16,4.2,3.17,2.83,3.3,3.5,3.2,2.93,2.16,3.17,2.63,2.73,2.83,3.1,2.86,2.93,3.57,2.1,2.7,3.6]
["MATERIAL",34590,"BLOCO ESTRUTURAL CERAMICO DE 19 X 19 X 29 CM (L X A X C) E 6,0 MPA","UN","CR",3.63,3.23,2.8,3.23,2.94,2.8,3.6,2.14,4.16,3.13,2.8,3.27,3.46,3.17,2.9,2.14,3.13,2.6,2.7,2.8,3.07,2.84,2.9,3.53,2.08,2.67,3.56]
["MATERIAL",34591,"BLOCO ESTRUTURAL CERAMICO DE 19 X 19 X 39 CM (L X A X C) E 6,0 MPA","UN","CR",4.43,3.94,3.42,3.94,3.58,3.42,4.3899999999999997,2.61,5.07,3.82,3.42,3.98,4.22,3.86,3.54,2.61,3.82,3.18,3.3,3.42,3.74,3.46,3.54,4.3099999999999996,2.5299999999999998,3.26,4.3499999999999996]
["MATERIAL",40517,"BLOQUETE/PISO DE CONCRETO - MODELO PISOGRAMA/CONCREGRAMA 2 FUROS, DIMENSOES APROX. DE *35 X 15* CM E ESPESSURA DE 7 CM (+/- 1 CM), COR NATURAL","M2","CR",133,66.5,111.51,91.05,66.5,60.87,81.739999999999995,81.84,84.4,66.5,68.489999999999995,77.34,97.44,73.040000000000006,58.46,61.38,56.26,52.68,73.66,68.75,97.44,133,65.47,58.9,76.73,87.98,96.68]
["MATERIAL",40515,"BLOQUETE/PISO DE CONCRETO - MODELO PISOGRAMA/CONCREGRAMA/PAVI-GRADE/GRAMEIRO, DIMENSOES APROXIMADAS DE *60 X 45* CM E ESPESSURA DE 8 CM (+/- 1 CM), COR NATURAL","M2","CR",146.29,73.14,122.66,100.15,73.14,66.959999999999994,89.91,90.03,92.84,73.14,75.34,85.07,107.19,80.349999999999994,64.31,67.52,61.89,57.95,81.02,75.62,107.19,146.29,72.02,64.790000000000006,84.4,96.78,106.34]
["MATERIAL",40524,"BLOQUETE/PISO INTERTRAVADO DE CONCRETO - MODELO ONDA/16 FACES/RETANGULAR/TIJOLINHO/PAVER/HOLANDES/PARALELEPIPEDO, *20 X 10* CM, E = 10 CM, RESISTENCIA DE 35 MPA, COR NATURAL","M2","CR",152,76,127.44,104.06,76,69.56,93.42,93.53,96.46,76,78.28,88.39,111.36,83.48,66.819999999999993,70.150000000000006,64.3,60.21,84.18,78.569999999999993,111.36,152,74.83,67.319999999999993,87.69,100.55,110.49]
["MATERIAL",40529,"BLOQUETE/PISO INTERTRAVADO DE CONCRETO - MODELO ONDA/16 FACES/RETANGULAR/TIJOLINHO/PAVER/HOLANDES/PARALELEPIPEDO, *20 X 10* CM, E = 10 CM, RESISTENCIA DE 50 MPA, COR NATURAL","M2","CR",241,120.5,202.06,164.99,120.5,110.3,148.12,148.30000000000001,152.94,120.5,124.11,140.15,176.57,132.36000000000001,105.94,111.23,101.96,95.47,133.47,124.57,176.57,241,118.64,106.74,139.03,159.43,175.18]
["MATERIAL",36156,"BLOQUETE/PISO INTERTRAVADO DE CONCRETO - MODELO ONDA/16 FACES/RETANGULAR/TIJOLINHO/PAVER/HOLANDES/PARALELEPIPEDO, *20 X 10* CM, E = 6 CM, RESISTENCIA DE 35 MPA, COLORIDO","M2","CR",143.99,71.989999999999995,120.73,98.58,71.989999999999995,65.900000000000006,88.5,88.61,91.38,71.989999999999995,74.150000000000006,83.74,105.5,79.08,63.3,66.459999999999994,60.92,57.04,79.75,74.430000000000007,105.5,143.99,70.89,63.78,83.07,95.26,104.67]
["MATERIAL",36155,"BLOQUETE/PISO INTERTRAVADO DE CONCRETO - MODELO ONDA/16 FACES/RETANGULAR/TIJOLINHO/PAVER/HOLANDES/PARALELEPIPEDO, *20 X 10* CM, E = 6 CM, RESISTENCIA DE 35 MPA, COR NATURAL","M2","CR",114,57,95.58,78.040000000000006,57,52.17,70.06,70.150000000000006,72.34,57,58.71,66.290000000000006,83.52,62.61,50.11,52.61,48.23,45.16,63.13,58.92,83.52,114,56.12,50.49,65.760000000000005,75.41,82.86]
["MATERIAL",36154,"BLOQUETE/PISO INTERTRAVADO DE CONCRETO - MODELO ONDA/16 FACES/RETANGULAR/TIJOLINHO/PAVER/HOLANDES/PARALELEPIPEDO, *20 X 10* CM, E = 8 CM, RESISTENCIA DE 35 MPA, COLORIDO","M2","CR",171.99,85.99,144.21,117.75,85.99,78.72,105.71,105.84,109.15,85.99,88.57,100.02,126.02,94.46,75.61,79.38,72.760000000000005,68.13,95.26,88.91,126.02,171.99,84.67,76.180000000000007,99.23,113.78,125.03]
["MATERIAL",36170,"BLOQUETE/PISO INTERTRAVADO DE CONCRETO - MODELO ONDA/16 FACES/RETANGULAR/TIJOLINHO/PAVER/HOLANDES/PARALELEPIPEDO, *20 X 10* CM, E = 8 CM, RESISTENCIA DE 35 MPA, COR NATURAL","M2","C",130,65,109,89,65,59.5,79.900000000000006,80,82.5,65,66.95,75.599999999999994,95.25,71.400000000000006,57.15,60,55,51.5,72,67.2,95.25,130,64,57.58,75,86,94.5]
["MATERIAL",695,"BLOQUETE/PISO INTERTRAVADO DE CONCRETO - MODELO RAQUETE, *22 X 13,5* CM, E = 6 CM, RESISTENCIA DE 35 MPA, COR NATURAL","M2","CR",144.5,72.25,121.15,98.92,72.25,66.13,88.81,88.92,91.7,72.25,74.41,84.03,105.87,79.36,63.52,66.69,61.13,57.24,80.03,74.69,105.87,144.5,71.13,64,83.36,95.59,105.04]
["MATERIAL",679,"BLOQUETE/PISO INTERTRAVADO DE CONCRETO - MODELO SEXTAVADO / HEXAGONAL, *25 X 25* CM, E = 10 CM, RESISTENCIA DE 35 MPA, COR NATURAL","M2","CR",206.19,103.09,172.89,141.16,103.09,94.37,126.73,126.89,130.85,103.09,106.19,119.91,151.08000000000001,113.25,90.64,95.16,87.23,81.680000000000007,114.2,106.58,151.08000000000001,206.19,101.51,91.33,118.96,136.4,149.88999999999999]
["MATERIAL",711,"BLOQUETE/PISO INTERTRAVADO DE CONCRETO - MODELO SEXTAVADO / HEXAGONAL, *25 X 25* CM, E = 6 CM, RESISTENCIA DE 35 MPA, COR NATURAL","M2","CR",130,65,109,89,65,59.5,79.900000000000006,80,82.5,65,66.95,75.599999999999994,95.25,71.400000000000006,57.15,60,55,51.5,72,67.2,95.25,130,64,57.58,75,86,94.5]
["MATERIAL",712,"BLOQUETE/PISO INTERTRAVADO DE CONCRETO - MODELO SEXTAVADO / HEXAGONAL, *25 X 25* CM, E = 8 CM, RESISTENCIA DE 35 MPA, COR NATURAL","M2","CR",156,78,130.80000000000001,106.8,78,71.400000000000006,95.88,96,99,78,80.34,90.72,114.3,85.68,68.58,72,66,61.8,86.4,80.64,114.3,156,76.8,69.09,90,103.2,113.4]
["MATERIAL",12614,"BOCAL PVC, PARA CALHA PLUVIAL, DIAMETRO DA SAIDA ENTRE *75 E 120* MM, PARA DRENAGEM PLUVIAL PREDIAL","UN","CR",59.74,53.11,47.68,39.24,48.22,54.27,54.31,70.599999999999994,58.54,48.55,56.66,59.16,56.44,55.54,48.29,43.44,50.36,52.02,58.47,54.05,64.260000000000005,47.06,59.74,53.73,51.3,58.58,53.73]
["MATERIAL",6140,"BOLSA DE LIGACAO EM PVC FLEXIVEL PARA VASO SANITARIO 40 MM (1 1/2\")","UN","CR",3.95,4.08,4.3499999999999996,3.96,3.89,3.83,3.74,4.3899999999999997,4.34,3.73,4.3899999999999997,4.18,3.47,4.3499999999999996,4.3499999999999996,3.73,3.73,4.34,4.78,3.64,4.3600000000000003,3.8,4.33,3.99,4.05,4.3099999999999996,3.98]
["MATERIAL",38399,"BOLSA DE LONA PARA FERRAMENTAS *50 X 35 X 25* CM","UN","CR",201.57,156.38999999999999,null,191.14,157.69,null,193.23,173.77,198.31,191.06,215.04,155.52000000000001,213.73,null,null,164.99,338.76,130.24,null,195.49,204.41,214.6,189.36,198.69,160.93,185.89,247.38]
["EQUIPAMENTO (AQUISIÇÃO)",729,"BOMBA CENTRIFUGA COM MOTOR ELETRICO MONOFASICO, POTENCIA 0,33 HP, BOCAIS 1\" X 3/4\", DIAMETRO DO ROTOR 99 MM, HM/Q = 4 MCA / 8,5 M3/H A 18 MCA / 0,90 M3/H","UN","C",924.88,648,930.25,896,725.6,976.72,1045,976.75,787.5,843.52,1180.19,1019.69,821.5,913,944,668,1095,870,769.9,800.99,1250,897.81,960.11,699.9,1071.78,950.75,660]
["EQUIPAMENTO (AQUISIÇÃO)",39925,"BOMBA CENTRIFUGA MONOESTAGIO COM MOTOR ELETRICO MONOFASICO, POTENCIA 15 HP, DIAMETRO DO ROTOR *173* MM, HM/Q = *30* MCA / *90* M3/H A *45* MCA / *55* M3/H","UN","CR",13364.43,9363.5400000000009,13442.03,12947.12,10484.85,14113.51,15100.15,14113.95,11379.3,12188.78,17053.64,14734.43,11870.6,13192.76,13640.71,9652.5400000000009,15822.65,12571.42,11124.98,11574.23,18062.39,12973.27,13873.5,10113.49,15487.12,13738.25,9536.94]
["EQUIPAMENTO (AQUISIÇÃO)",731,"BOMBA CENTRIFUGA MOTOR ELETRICO MONOFASICO 0,49 HP BOCAIS 1\" X 3/4\", DIAMETRO DO ROTOR 110 MM, HM/Q: 6 M / 8,3 M3/H A 20 M / 1,2 M3/H","UN","CR",900.14,630.66,905.36,872.03,706.19,950.59,1017.04,950.62,766.43,820.95,1148.6199999999999,992.41,799.52,888.57,918.74,650.13,1065.7,846.72,749.3,779.56,1216.56,873.79,934.42,681.17,1043.1099999999999,925.31,642.34]
["EQUIPAMENTO (AQUISIÇÃO)",10575,"BOMBA CENTRIFUGA MOTOR ELETRICO MONOFASICO 0,50 CV DIAMETRO DE SUCCAO X ELEVACAO 3/4\" X 3/4\", MONOESTAGIO, DIAMETRO DOS ROTORES 114 MM, HM/Q: 2 M / 2,99 M3/H A 24 M / 0,71 M3/H","UN","CR",1404.73,984.2,1412.88,1360.86,1102.06,1483.46,1587.17,1483.51,1196.07,1281.1600000000001,1792.5,1548.73,1247.71,1386.68,1433.77,1014.57,1663.11,1321.37,1169.3399999999999,1216.56,1898.53,1363.61,1458.24,1063.02,1627.84,1444.02,1002.42]
["EQUIPAMENTO (AQUISIÇÃO)",733,"BOMBA CENTRIFUGA MOTOR ELETRICO MONOFASICO 0,74HP DIAMETRO DE SUCCAO X ELEVACAO 1 1/4\" X 1\", DIAMETRO DO ROTOR 120 MM, HM/Q: 8 M / 7,70 M3/H A 24 M / 2,80 M3/H","UN","CR",1538.01,1077.58,1546.94,1489.98,1206.6199999999999,1624.21,1737.76,1624.26,1309.55,1402.71,1962.57,1695.67,1366.09,1518.25,1569.8,1110.83,1820.91,1446.75,1280.29,1331.99,2078.66,1492.99,1596.59,1163.8800000000001,1782.29,1581.03,1097.53]
["EQUIPAMENTO (AQUISIÇÃO)",732,"BOMBA CENTRIFUGA MOTOR ELETRICO TRIFASICO 0,99HP DIAMETRO DE SUCCAO X ELEVACAO 1\" X 1\", DIAMETRO DO ROTOR 145 MM, HM/Q: 14 M / 8,4 M3/H A 40 M / 0,60 M3/H","UN","CR",1517.33,1063.0899999999999,1526.14,1469.95,1190.4000000000001,1602.38,1714.4,1602.43,1291.95,1383.85,1936.18,1672.87,1347.73,1497.84,1548.7,1095.9000000000001,1796.42,1427.29,1263.07,1314.08,2050.71,1472.92,1575.13,1148.23,1758.33,1559.77,1082.77]
["EQUIPAMENTO (AQUISIÇÃO)",735,"BOMBA CENTRIFUGA MOTOR ELETRICO TRIFASICO 1,48HP DIAMETRO DE SUCCAO X ELEVACAO 1\" X 1\", 4 ESTAGIOS, DIAMETRO DOS ROTORES 3 X 107 MM + 1 X 100 MM, HM/Q: 10 M / 5,3 M3/H A 70 M / 1,8 M3/H","UN","CR",2699.25,1891.18,2714.92,2614.96,2117.65,2850.54,3049.82,2850.63,2298.31,2461.8000000000002,3444.37,2975.95,2397.54,2664.58,2755.05,1949.55,3195.74,2539.08,2246.94,2337.6799999999998,3648.11,2620.25,2802.07,2042.65,3127.98,2774.75,1926.2]
["EQUIPAMENTO (AQUISIÇÃO)",737,"BOMBA CENTRIFUGA MOTOR ELETRICO TRIFASICO 14,8 HP, DIAMETRO DE SUCCAO X ELEVACAO 2 1/2\" X 2\", DIAMETRO DO ROTOR 195 MM, HM/Q: 62 M / 55,5 M3/H A 80 M / 31,50 M3/H","UN","CR",8508.74,5961.49,8558.15,8243.0499999999993,6675.4,8985.66,9613.83,8985.94,7244.87,7760.24,10857.56,9380.98,7557.66,8399.4500000000007,8684.64,6145.49,10073.82,8003.86,7082.95,7368.98,11499.8,8259.7000000000007,8832.85,6438.96,9860.2000000000007,8746.74,6071.89]
["EQUIPAMENTO (AQUISIÇÃO)",736,"BOMBA CENTRIFUGA MOTOR ELETRICO TRIFASICO 2,96HP, DIAMETRO DE SUCCAO X ELEVACAO 1 1/2\" X 1 1/4\", DIAMETRO DO ROTOR 148 MM, HM/Q: 34 M / 14,80 M3/H A 40 M / 8,60 M3/H","UN","CR",2269.58,1590.14,2282.7600000000002,2198.71,1780.56,2396.79,2564.35,2396.87,1932.46,2069.9299999999998,2896.09,2502.2399999999998,2015.9,2240.4299999999998,2316.5,1639.22,2687.04,2134.91,1889.27,1965.57,3067.4,2203.15,2356.0300000000002,1717.5,2630.06,2333.0700000000002,1619.59]
["EQUIPAMENTO (AQUISIÇÃO)",738,"BOMBA CENTRIFUGA MOTOR ELETRICO TRIFASICO 5HP, DIAMETRO DE SUCCAO X ELEVACAO 2\" X 1 1/2\", DIAMETRO DO ROTOR 155 MM, HM/Q: 40 M / 20,40 M3/H A 46 M / 9,20 M3/H","UN","CR",3945.44,2764.3,3968.35,3822.24,3095.33,4166.59,4457.8599999999997,4166.71,3359.39,3598.37,5034.57,4349.8900000000003,3504.43,3894.76,4027.01,2849.62,4671.16,3711.33,3284.31,3416.94,5332.37,3829.96,4095.73,2985.7,4572.1000000000004,4055.8,2815.49]
["EQUIPAMENTO (AQUISIÇÃO)",740,"BOMBA CENTRIFUGA MOTOR ELETRICO TRIFASICO 9,86 DIAMETRO DE SUCCAO X ELEVACAO 1\" X 1\", 4 ESTAGIOS, DIAMETRO DOS ROTORES 4 X 146 MM, HM/Q: 85 M / 14,9 M3/H A 140 M / 4,2 M3/H","UN","CR",8004.49,5608.19,8050.96,7754.54,6279.79,8453.14,9044.08,8453.4,6815.52,7300.35,10214.1,8825.0300000000007,7109.77,7901.67,8169.96,5781.29,9476.81,7529.52,6663.19,6932.27,10818.28,7770.21,8309.39,6057.37,9275.85,8228.3799999999992,5712.05]
["EQUIPAMENTO (AQUISIÇÃO)",734,"BOMBA CENTRIFUGA, MOTOR ELETRICO TRIFASICO 1,48HP DIAMETRO DE SUCCAO X ELEVACAO 1 1/2\" X 1\", DIAMETRO DO ROTOR 117 MM, HM/Q: 10 M / 21,9 M3/H A 24 M / 6,1 M3/H","UN","CR",1626.57,1139.6300000000001,1636.02,1575.78,1276.0999999999999,1717.75,1837.83,1717.8,1384.97,1483.49,2075.59,1793.32,1444.76,1605.68,1660.2,1174.8,1925.76,1530.06,1354.01,1408.69,2198.36,1578.97,1688.53,1230.9000000000001,1884.93,1672.07,1160.73]
["EQUIPAMENTO (AQUISIÇÃO)",39008,"BOMBA DE PROJECAO DE CONCRETO SECO, POTENCIA 10 CV, VAZAO 3 M3/H","UN","CR",null,58513.46,63389.58,70679.39,68448.56,null,68831.210000000006,58220.29,59122.98,73246.91,74787.520000000004,60829.5,64974.32,74531.520000000004,null,62164.46,77867.03,60680.41,64547.66,null,71713.73,70989.75,59166.25,58391.56,69484.740000000005,59904.13,71307.19]
["EQUIPAMENTO (AQUISIÇÃO)",39009,"BOMBA DE PROJECAO DE CONCRETO SECO, POTENCIA 10 CV, VAZAO 6 M3/H","UN","CR",null,62689.919999999998,67914.080000000002,75724.210000000006,73334.149999999994,null,73744.12,62375.82,63342.94,78474.990000000005,80125.56,65171.27,69611.94,79851.289999999994,null,66601.509999999995,83424.88,65011.54,69154.820000000007,null,76832.38,76056.72,63389.31,62559.32,74444.289999999994,64179.85,76396.820000000007]
["EQUIPAMENTO (AQUISIÇÃO)",10587,"BOMBA SUBMERSA PARA POCOS TUBULARES PROFUNDOS DIAMETRO DE 4 POLEGADAS, ELETRICA, MONOFASICA, POTENCIA 0,49 HP, 13 ESTAGIOS, BOCAL DE DESCARGA DIAMETRO DE UMA POLEGADA E MEIA, HM/Q = 18 M / 1,90 M3/H A 85 M / 0,60 M3/H","UN","CR",null,null,3931.31,3609.48,3154.11,null,null,3353.48,4262.63,null,5298.43,6148.72,3680.46,3058.41,null,2803.21,4527.2,4738.74,3177.24,null,3788.12,null,6129.1,4657.3999999999996,null,4242.7]
["EQUIPAMENTO (AQUISIÇÃO)",759,"BOMBA SUBMERSA PARA POCOS TUBULARES PROFUNDOS DIAMETRO DE 4 POLEGADAS, ELETRICA, TRIFASICA, POTENCIA 1,97 HP, 20 ESTAGIOS, BOCAL DE DESCARGA DIAMETRO DE UMA POLEGADA E MEIA, HM/Q = 18 M / 5,40 M3/H A 164 M / 0,80 M3/H","UN","CR",null,null,5652.45,5189.72,4534.9799999999996,null,null,4821.6499999999996,6128.82,null,7618.1,8840.64,5291.77,4397.3900000000003,null,4030.46,6509.22,6813.37,4568.24,null,5446.57,null,8812.44,6696.41,null,6100.16]
["EQUIPAMENTO (AQUISIÇÃO)",761,"BOMBA SUBMERSA PARA POCOS TUBULARES PROFUNDOS DIAMETRO DE 4 POLEGADAS, ELETRICA, TRIFASICA, POTENCIA 5,42 HP, 15 ESTAGIOS, BOCAL DE DESCARGA DIAMETRO DE 2 POLEGADAS, HM/Q = 18 M / 18,10 M3/H A 121 M / 2,90 M3/H","UN","CR",null,null,9581.3799999999992,8797.01,7687.18,null,null,8173.1,10388.870000000001,null,12913.32,14985.63,8970,7453.94,null,6831.97,11033.68,11549.24,7743.55,null,9232.39,null,14937.82,11350.98,null,10340.280000000001]
["EQUIPAMENTO (AQUISIÇÃO)",750,"BOMBA SUBMERSA PARA POCOS TUBULARES PROFUNDOS DIAMETRO DE 4 POLEGADAS, ELETRICA, TRIFASICA, POTENCIA 5,42 HP, 29 ESTAGIOS, BOCAL DE DESCARGA DE UMA POLEGADA E MEIA, HM/Q = 18 M / 8,10 M3/H A 201 M / 3,2 M3/H","UN","CR",null,null,9096.76,8352.06,7298.37,null,null,7759.7,9863.41,null,12260.17,14227.67,8516.2999999999993,7076.92,null,6486.41,10475.6,10965.08,7351.88,null,8765.42,null,14182.27,10776.86,null,9817.27]
["EQUIPAMENTO (AQUISIÇÃO)",755,"BOMBA SUBMERSA PARA POCOS TUBULARES PROFUNDOS DIAMETRO DE 6 POLEGADAS, ELETRICA, TRIFASICA, POTENCIA 27,12 HP, 7 ESTAGIOS, BOCAL DE DESCARGA DIAMETRO DE 4 POLEGADAS, HM/Q = 13,9 M / 90 M3/H A 44,0 M / 25,0 M3/H","UN","CR",null,null,37328.67,34272.82,29948.959999999999,null,null,31842.07,40474.639999999999,null,50309.79,58383.44,34946.769999999997,29040.27,null,26617.09,42986.79,44995.38,30168.560000000001,null,35969.040000000001,null,58197.16,44222.99,null,40285.33]
["EQUIPAMENTO (AQUISIÇÃO)",749,"BOMBA SUBMERSA PARA POCOS TUBULARES PROFUNDOS DIAMETRO DE 6 POLEGADAS, ELETRICA, TRIFASICA, POTENCIA 3,45 HP, 5 ESTAGIOS, BOCAL DE DESCARGA DIAMETRO DE 2 POLEGADAS, HM/Q = 68,5 M / 6,12 M3/H A 39,5 M / 14,04 M3/H","UN","CR",null,null,13728.79,12604.91,11014.67,null,null,11710.92,14885.82,null,18503.009999999998,21472.35,12852.77,10680.47,null,9789.27,15809.74,16548.47,11095.44,null,13228.75,null,21403.83,16264.4,null,14816.2]
["EQUIPAMENTO (AQUISIÇÃO)",756,"BOMBA SUBMERSA PARA POCOS TUBULARES PROFUNDOS DIAMETRO DE 6 POLEGADAS, ELETRICA, TRIFASICA, POTENCIA 32 HP, 9 ESTAGIOS, BOCAL DE DESCARGA DIAMETRO DE 4 POLEGADAS, HM/Q = 114,0 M / 13,9 M3/H A 57,0 M / 25,0 M3/H","UN","CR",null,null,40711.919999999998,37379.1,32663.35,null,null,34728.04,44143.01,null,54869.56,63674.96,38114.129999999997,31672.3,null,29029.5,46882.85,49073.49,32902.86,null,39229.06,null,63471.79,48231.1,null,43936.55]
["EQUIPAMENTO (AQUISIÇÃO)",10588,"BOMBA SUBMERSIVEL, ELETRICA, TRIFASICA, POTENCIA 0,98 HP, DIAMETRO DO ROTOR 142 MM SEMIABERTO, BOCAL DE SAIDA DIAMETRO DE 2 POLEGADAS, HM/Q = 2 M / 32 M3/H A 8 M / 16 M3/H","UN","CR",null,null,4081.2,3747.1,3274.36,null,null,3481.34,4425.1499999999996,null,5500.45,6383.15,3820.78,3175.02,null,2910.09,4699.8100000000004,4919.41,3298.37,null,3932.55,null,6362.79,4834.97,null,4404.46]
["EQUIPAMENTO (AQUISIÇÃO)",10592,"BOMBA SUBMERSIVEL, ELETRICA, TRIFASICA, POTENCIA 0,99 HP, DIAMETRO ROTOR 98 MM SEMIABERTO, BOCAL DE SAIDA DIAMETRO 2 POLEGADAS, HM/Q = 2 M / 28,90 M3/H A 14 M / 7 M3/H","UN","C",null,null,4929.55,4526,3955,null,null,4205,5345,null,6643.81,7710,4615,3835,null,3515,5676.75,5942,3984,null,4750,null,7685.4,5840,null,5320]
["EQUIPAMENTO (AQUISIÇÃO)",10589,"BOMBA SUBMERSIVEL, ELETRICA, TRIFASICA, POTENCIA 1,97 HP, DIAMETRO DO ROTOR 144 MM SEMIABERTO, BOCAL DE SAIDA DIAMETRO DE 2 POLEGADAS, HM/Q = 2 M / 26,8 M3/H A 28 M / 4,6 M3/H","UN","CR",null,null,6622.54,6080.39,5313.29,null,null,5649.15,7180.67,null,8925.5400000000009,10357.9,6199.96,5152.08,null,4722.18,7626.35,7982.7,5352.25,null,6381.32,null,10324.85,7845.67,null,7147.08]
["EQUIPAMENTO (AQUISIÇÃO)",760,"BOMBA SUBMERSIVEL, ELETRICA, TRIFASICA, POTENCIA 13 HP, DIAMETRO DO ROTOR 170 MM, BOCAL DE SAIDA DIAMETRO DE 3 POLEGADAS, HM/Q = 11 M / 68,40 M3/H A 72 M / 3,6 M3/H","UN","CR",null,null,36971.620000000003,33945,29662.5,null,null,31537.5,40087.5,null,49828.57,57825,34612.5,28762.5,null,26362.5,42575.62,44565,29880,null,35625,null,57640.5,43800,null,39900]
["EQUIPAMENTO (AQUISIÇÃO)",751,"BOMBA SUBMERSIVEL, ELETRICA, TRIFASICA, POTENCIA 2,96 HP, DIAMETRO DO ROTOR 144 MM SEMIABERTO, BOCAL DE SAIDA DIAMETRO DE DUAS POLEGADAS, HM/Q = 2 M / 38,8 M3/H A 28 M / 5 M3/H","UN","CR",null,null,5823.03,5346.33,4671.84,null,null,4967.1499999999996,6313.78,null,7848,9107.43,5451.46,4530.09,null,4152.09,6705.66,7018.98,4706.1000000000004,null,5610.93,null,9078.3700000000008,6898.5,null,6284.25]
["EQUIPAMENTO (AQUISIÇÃO)",754,"BOMBA SUBMERSIVEL, ELETRICA, TRIFASICA, POTENCIA 3,75 HP, DIAMETRO DO ROTOR 90 MM SEMIABERTO, BOCAL DE SAIDA DIAMETRO DE 2 POLEGADAS, HM/Q = 5 M / 61,2 M3/H A 25,5 M / 3,6 M3/H","UN","CR",null,null,9242.9,8486.25,7415.62,null,null,7884.37,10021.870000000001,null,12457.14,14456.25,8653.1200000000008,7190.62,null,6590.62,10643.9,11141.25,7470,null,8906.25,null,14410.12,10950,null,9975]
["EQUIPAMENTO (AQUISIÇÃO)",757,"BOMBA SUBMERSIVEL, ELETRICA, TRIFASICA, POTENCIA 6 HP, DIAMETRO DO ROTOR 127 MM, BOCAL DE SAIDA DIAMETRO DE 3 POLEGADAS, HM/Q = 7 M / 66,90 M3/H A 26 M / 2,88 M3/H","UN","CR",null,null,18485.810000000001,16972.5,14831.25,null,null,15768.75,20043.75,null,24914.28,28912.5,17306.25,14381.25,null,13181.25,21287.81,22282.5,14940,null,17812.5,null,28820.25,21900,null,19950]
["EQUIPAMENTO (AQUISIÇÃO)",44489,"BOMBA TRIPLEX COM MOTOR A DIESEL, NACIONAL, DIAMETRO DE SUCCAO DE 2 1/2\"","UN","CR",229924.75,161092.51,231259.73,222745.2,180383.83,242812.15,259786.53,242819.61,195772.15,209698.69,293394.7,253494.48,204224.53,226971.39,234677.98,166064.5,272216.51,216281.61,191396.79,199125.75,310749.44,223195.16,238682.91,173994.82,266444.03000000003,236356.02,164075.70000000001]
["EQUIPAMENTO (AQUISIÇÃO)",39917,"BOMBA TRIPLEX, PARA INJECAO DE CALDA DE CIMENTO, VAZAO MAXIMA DE *100* LITROS/MINUTO, PRESSAO MAXIMA DE *70* BAR, POTENCIA DE 15 CV","UN","CR",null,89880.9,97370.98,108568.64,105141.93,null,105729.71,89430.56,90817.16,112512.54,114879.03,93438.5,99805.25,114485.8,null,95489.1,119609.39,93209.49,99149.87,null,110157.47,109045.38,90883.64,89693.65,106733.57,92017.07,109532.99]
["MATERIAL",38167,"BORBOLETA PARA JANELA TIPO GUILHOTINA, EM ZAMAC CROMADO","PAR","CR",29.29,27.25,32.700000000000003,27.18,28.2,28.61,27.23,27.08,31.06,26.57,30.52,31.77,36.08,28.95,31.42,31.2,28.95,26.63,29.84,27.78,32.97,29.96,29.07,29.97,29.96,27.25,32.700000000000003]
["MATERIAL",36145,"BOTA DE PVC PRETA, CANO MEDIO, SEM FORRO","PAR","CR",45.11,46.67,47.45,56,45.43,48.63,43.43,41.07,38.11,42.34,43.06,48.66,60.14,54.76,54.01,50.19,58.74,49.47,56,43.4,49.78,59.71,52.58,49.53,42,48.23,52.21]
["MATERIAL",12893,"BOTA DE SEGURANCA COM BIQUEIRA DE ACO E COLARINHO ACOLCHOADO","PAR","CR",79.400000000000006,82.14,83.51,98.57,79.95,85.59,76.45,72.290000000000006,67.08,74.53,75.790000000000006,85.65,105.86,96.38,95.07,88.33,103.39,87.07,98.57,76.39,87.62,105.09,92.55,87.18,73.930000000000007,84.88,91.89]
["MATERIAL",11685,"BRACO / CANO PARA CHUVEIRO ELETRICO, EM ALUMINIO, 30 CM X 1/2\"","UN","CR",23.26,null,null,35.25,24.05,38.22,23.1,35.33,35.97,40.26,39.43,53.93,29.1,25.98,null,40.020000000000003,33.28,43.64,32.92,45.08,33.270000000000003,37.19,46.89,30.7,36.299999999999997,31.34]
["MATERIAL",11680,"BRACO OU HASTE COM CANOPLA PLASTICA, 1/2\", PARA CHUVEIRO SIMPLES","UN","CR",18.82,14.82,17.37,19.68,14.25,21.79,23.6,18.3,18.760000000000002,18.420000000000002,16.93,17.28,19.68,20.02,14.15,14.86,16.97,17.18,23.93,21.23,17.32,15.58,15.95,17.350000000000001,13.26,16.89,16.149999999999999]
["MATERIAL",11679,"BRACO OU HASTE RETA COM CANOPLA PLASTICA, 1/2\", PARA CHUVEIRO ELETRICO","UN","CR",25.51,20.09,23.56,26.69,19.32,29.54,32,24.82,25.44,24.98,22.95,23.43,26.68,27.14,19.190000000000001,20.149999999999999,23.01,23.3,32.450000000000003,28.79,23.48,21.13,21.63,23.53,17.98,22.9,21.9]
["MATERIAL",2512,"BRACO P/ LUMINARIA PUBLICA 1 X 1,50M ROMAGNOLE OU EQUIV","UN","CR",null,null,36.82,{"$nulls":9},42.97,{"$nulls":5},24.63,{"$nulls":6},39]
["MATERIAL",45203,"BROCHA RETANGULAR, *15 X 5* CM","UN","CR",8.19,7.42,5.71,7,7.26,6.31,8.85,7.97,7.64,8.81,9.74,11.73,9.9600000000000009,8.2799999999999994,6.6,7.28,8.2200000000000006,7.79,7.48,7.04,8.86,6.46,8.81,8.5,7.53,9.3000000000000007,10.199999999999999]
["MATERIAL",4374,"BUCHA DE NYLON SEM ABA S10","UN","CR",0.37,0.37,0.37,0.37,0.37,0.48,0.7,0.44,0.48,0.37,0.51,0.22,0.37,0.66,0.37,0.59,0.37,0.33,0.37,0.66,0.33,0.37,0.74,0.37,0.22,0.18,0.28999999999999998]
["MATERIAL",7568,"BUCHA DE NYLON SEM ABA S10, COM PARAFUSO DE 6,10 X 65 MM EM ACO ZINCADO COM ROSCA SOBERBA, CABECA CHATA E FENDA PHILLIPS","UN","CR",0.61,0.61,0.61,0.61,0.61,0.79,1.1599999999999999,0.73,0.79,0.61,0.86,0.36,0.61,1.1000000000000001,0.61,0.98,0.61,0.55000000000000004,0.61,1.1000000000000001,0.55000000000000004,0.61,1.22,0.61,0.36,0.3,0.49]
["MATERIAL",7584,"BUCHA DE NYLON SEM ABA S12, COM PARAFUSO DE 5/16\" X 80 MM EM ACO ZINCADO COM ROSCA SOBERBA E CABECA SEXTAVADA","UN","CR",0.93,0.93,0.93,0.93,0.93,1.21,1.77,1.1200000000000001,1.21,0.93,1.31,0.56000000000000005,0.93,1.68,0.93,1.49,0.93,0.84,0.93,1.68,0.84,0.93,1.87,0.93,0.56000000000000005,0.46,0.74]
["MATERIAL",11945,"BUCHA DE NYLON SEM ABA S4","UN","CR",0.06,0.06,0.06,0.06,0.06,7.0000000000000007E-2,0.11,7.0000000000000007E-2,7.0000000000000007E-2,0.06,0.08,0.03,0.06,0.11,0.06,0.09,0.06,0.05,0.06,0.11,0.05,0.06,0.12,0.06,0.03,0.03,0.04]
["MATERIAL",11946,"BUCHA DE NYLON SEM ABA S5","UN","CR",0.06,0.06,0.06,0.06,0.06,0.09,0.13,0.08,0.09,0.06,0.09,0.04,0.06,0.12,0.06,0.11,0.06,0.06,0.06,0.12,0.06,0.06,0.13,0.06,0.04,0.03,0.05]
["MATERIAL",4375,"BUCHA DE NYLON SEM ABA S6","UN","C",0.1,0.1,0.1,0.1,0.1,0.13,0.19,0.12,0.13,0.1,0.14000000000000001,0.06,0.1,0.18,0.1,0.16,0.1,0.09,0.1,0.18,0.09,0.1,0.2,0.1,0.06,0.05,0.08]
["MATERIAL",11950,"BUCHA DE NYLON SEM ABA S6, COM PARAFUSO DE 4,20 X 40 MM EM ACO ZINCADO COM ROSCA SOBERBA, CABECA CHATA E FENDA PHILLIPS","UN","CR",0.2,0.2,0.2,0.2,0.2,0.26,0.39,0.24,0.26,0.2,0.28000000000000003,0.12,0.2,0.37,0.2,0.33,0.2,0.18,0.2,0.37,0.18,0.2,0.41,0.2,0.12,0.1,0.16]
["MATERIAL",4376,"BUCHA DE NYLON SEM ABA S8","UN","CR",0.19,0.19,0.19,0.19,0.19,0.25,0.37,0.23,0.25,0.19,0.27,0.11,0.19,0.35,0.19,0.31,0.19,0.17,0.19,0.35,0.17,0.19,0.39,0.19,0.11,0.09,0.15]
["MATERIAL",7583,"BUCHA DE NYLON SEM ABA S8, COM PARAFUSO DE 4,80 X 50 MM EM ACO ZINCADO COM ROSCA SOBERBA, CABECA CHATA E FENDA PHILLIPS","UN","CR",0.41,0.41,0.41,0.41,0.41,0.54,0.79,0.5,0.54,0.41,0.57999999999999996,0.25,0.41,0.75,0.41,0.67,0.41,0.37,0.41,0.75,0.37,0.41,0.83,0.41,0.25,0.2,0.33]
["MATERIAL",4350,"BUCHA DE NYLON, DIAMETRO DO FURO 8 MM, COMPRIMENTO 40 MM, COM PARAFUSO DE ROSCA SOBERBA, CABECA CHATA, FENDA SIMPLES, 4,8 X 50 MM","UN","CR",null,0.63,null,0.85,0.73,0.88,{"$nulls":4},0.82,0.71,0.63,0.81,null,0.99,null,0.57999999999999996,0.85,null,0.73,null,null,0.79,null,0.65]
["MATERIAL",44400,"BUCHA DE REDUCAO CPVC, SOLDAVEL, 54 X 28 MM, PARA AGUA QUENTE","UN","CR",36.21,null,null,null,31.76,31.04,31.73,39.119999999999997,31.68,null,34.75,39.869999999999997,35.28,31.92,null,35.950000000000003,null,33.22,31.04,29.41,37.68,null,38.11,27.49,null,33.17]
["MATERIAL",39886,"BUCHA DE REDUCAO DE COBRE SEM ANEL DE SOLDA, PONTA X BOLSA, 22 X 15 MM","UN","CR",{"$nulls":6},10.19,{"$nulls":18},6.3]
["MATERIAL",39887,"BUCHA DE REDUCAO DE COBRE SEM ANEL DE SOLDA, PONTA X BOLSA, 28 X 22 MM","UN","CR",{"$nulls":6},15.29,{"$nulls":18},9.4600000000000009]
["MATERIAL",39888,"BUCHA DE REDUCAO DE COBRE SEM ANEL DE SOLDA, PONTA X BOLSA, 35 X 28 MM","UN","CR",{"$nulls":6},34.97,{"$nulls":18},21.63]
["MATERIAL",39890,"BUCHA DE REDUCAO DE COBRE SEM ANEL DE SOLDA, PONTA X BOLSA, 42 X 35 MM","UN","CR",{"$nulls":6},59.69,{"$nulls":18},36.92]
["MATERIAL",39891,"BUCHA DE REDUCAO DE COBRE SEM ANEL DE SOLDA, PONTA X BOLSA, 54 X 42 MM","UN","CR",{"$nulls":6},84.16,{"$nulls":18},52.06]
["MATERIAL",39892,"BUCHA DE REDUCAO DE COBRE SEM ANEL DE SOLDA, PONTA X BOLSA, 66 X 54 MM","UN","CR",{"$nulls":6},262.33,{"$nulls":18},162.29]
["MATERIAL",790,"BUCHA DE REDUCAO DE FERRO GALVANIZADO, COM ROSCA BSP, DE 1 1/2\" X 1 1/4\"","UN","CR",20.34,null,null,null,18.62,{"$nulls":5},20.69,21.66,16.8,21.72,null,null,17.75,null,null,null,16.55,null,20.98,null,null,21.58,20.05]
["MATERIAL",791,"BUCHA DE REDUCAO DE FERRO GALVANIZADO, COM ROSCA BSP, DE 1 1/2\" X 1\"","UN","CR",20.34,null,null,null,18.62,{"$nulls":5},20.69,21.66,16.8,21.72,null,null,17.75,null,null,null,16.55,null,20.98,null,null,21.58,20.05]
["MATERIAL",766,"BUCHA DE REDUCAO DE FERRO GALVANIZADO, COM ROSCA BSP, DE 1 1/2\" X 1/2\"","UN","CR",20.34,null,null,null,18.62,{"$nulls":5},20.69,21.66,16.8,21.72,null,null,17.75,null,null,null,16.55,null,20.98,null,null,21.58,20.05]
["MATERIAL",767,"BUCHA DE REDUCAO DE FERRO GALVANIZADO, COM ROSCA BSP, DE 1 1/2\" X 3/4\"","UN","CR",20.34,null,null,null,18.62,{"$nulls":5},20.69,21.66,16.8,21.72,null,null,17.75,null,null,null,16.55,null,20.98,null,null,21.58,20.05]
["MATERIAL",789,"BUCHA DE REDUCAO DE FERRO GALVANIZADO, COM ROSCA BSP, DE 1 1/4\" X 1\"","UN","CR",15.63,null,null,null,14.31,{"$nulls":5},15.9,16.649999999999999,12.91,16.7,null,null,13.64,null,null,null,12.72,null,16.12,null,null,16.579999999999998,15.41]
["MATERIAL",768,"BUCHA DE REDUCAO DE FERRO GALVANIZADO, COM ROSCA BSP, DE 1 1/4\" X 1/2\"","UN","CR",15.97,null,null,null,14.62,{"$nulls":5},16.25,17.010000000000002,13.19,17.059999999999999,null,null,13.94,null,null,null,13,null,16.47,null,null,16.95,15.74]
["MATERIAL",769,"BUCHA DE REDUCAO DE FERRO GALVANIZADO, COM ROSCA BSP, DE 1 1/4\" X 3/4\"","UN","CR",15.97,null,null,null,14.62,{"$nulls":5},16.25,17.010000000000002,13.19,17.059999999999999,null,null,13.94,null,null,null,13,null,16.47,null,null,16.95,15.74]
["MATERIAL",764,"BUCHA DE REDUCAO DE FERRO GALVANIZADO, COM ROSCA BSP, DE 1\" X 1/2\"","UN","C",9.83,null,null,null,9,{"$nulls":5},10,10.47,8.1199999999999992,10.5,null,null,8.58,null,null,null,8,null,10.14,null,null,10.43,9.69]
["MATERIAL",765,"BUCHA DE REDUCAO DE FERRO GALVANIZADO, COM ROSCA BSP, DE 1\" X 3/4\"","UN","CR",9.83,null,null,null,9,{"$nulls":5},10,10.47,8.1199999999999992,10.5,null,null,8.58,null,null,null,8,null,10.14,null,null,10.43,9.69]
["MATERIAL",770,"BUCHA DE REDUCAO DE FERRO GALVANIZADO, COM ROSCA BSP, DE 1/2\" X 1/4\"","UN","CR",5.64,null,null,null,5.16,{"$nulls":5},5.73,6,4.6500000000000004,6.02,null,null,4.92,null,null,null,4.59,null,5.81,null,null,5.98,5.56]
["MATERIAL",12394,"BUCHA DE REDUCAO DE FERRO GALVANIZADO, COM ROSCA BSP, DE 1/2\" X 3/8\"","UN","CR",5.64,null,null,null,5.16,{"$nulls":5},5.73,6,4.6500000000000004,6.02,null,null,4.92,null,null,null,4.59,null,5.81,null,null,5.98,5.56]
["MATERIAL",787,"BUCHA DE REDUCAO DE FERRO GALVANIZADO, COM ROSCA BSP, DE 2 1/2\" X 1 1/2\"","UN","CR",43.91,null,null,null,40.200000000000003,{"$nulls":5},44.67,46.77,36.270000000000003,46.9,null,null,38.32,null,null,null,35.729999999999997,null,45.29,null,null,46.59,43.28]
["MATERIAL",774,"BUCHA DE REDUCAO DE FERRO GALVANIZADO, COM ROSCA BSP, DE 2 1/2\" X 1 1/4\"","UN","CR",43.91,null,null,null,40.200000000000003,{"$nulls":5},44.67,46.77,36.270000000000003,46.9,null,null,38.32,null,null,null,35.729999999999997,null,45.29,null,null,46.59,43.28]
["MATERIAL",773,"BUCHA DE REDUCAO DE FERRO GALVANIZADO, COM ROSCA BSP, DE 2 1/2\" X 1\"","UN","CR",43.91,null,null,null,40.200000000000003,{"$nulls":5},44.67,46.77,36.270000000000003,46.9,null,null,38.32,null,null,null,35.729999999999997,null,45.29,null,null,46.59,43.28]
["MATERIAL",775,"BUCHA DE REDUCAO DE FERRO GALVANIZADO, COM ROSCA BSP, DE 2 1/2\" X 2\"","UN","CR",43.91,null,null,null,40.200000000000003,{"$nulls":5},44.67,46.77,36.270000000000003,46.9,null,null,38.32,null,null,null,35.729999999999997,null,45.29,null,null,46.59,43.28]
["MATERIAL",788,"BUCHA DE REDUCAO DE FERRO GALVANIZADO, COM ROSCA BSP, DE 2\" X 1 1/2\"","UN","CR",27.29,null,null,null,24.98,{"$nulls":5},27.76,29.07,22.54,29.15,null,null,23.82,null,null,null,22.21,null,28.15,null,null,28.96,26.9]
["MATERIAL",772,"BUCHA DE REDUCAO DE FERRO GALVANIZADO, COM ROSCA BSP, DE 2\" X 1 1/4\"","UN","CR",27.29,null,null,null,24.98,{"$nulls":5},27.76,29.07,22.54,29.15,null,null,23.82,null,null,null,22.21,null,28.15,null,null,28.96,26.9]
["MATERIAL",771,"BUCHA DE REDUCAO DE FERRO GALVANIZADO, COM ROSCA BSP, DE 2\" X 1\"","UN","CR",27.29,null,null,null,24.98,{"$nulls":5},27.76,29.07,22.54,29.15,null,null,23.82,null,null,null,22.21,null,28.15,null,null,28.96,26.9]
["MATERIAL",776,"BUCHA DE REDUCAO DE FERRO GALVANIZADO, COM ROSCA BSP, DE 3\" X 1 1/2\"","UN","CR",64.73,null,null,null,59.26,{"$nulls":5},65.849999999999994,68.94,53.47,69.14,null,null,56.5,null,null,null,52.68,null,66.77,null,null,68.680000000000007,63.81]
["MATERIAL",777,"BUCHA DE REDUCAO DE FERRO GALVANIZADO, COM ROSCA BSP, DE 3\" X 1 1/4\"","UN","CR",62.92,null,null,null,57.61,{"$nulls":5},64.010000000000005,67.02,51.98,67.209999999999994,null,null,54.92,null,null,null,51.21,null,64.91,null,null,66.77,62.03]
["MATERIAL",780,"BUCHA DE REDUCAO DE FERRO GALVANIZADO, COM ROSCA BSP, DE 3\" X 2 1/2\"","UN","CR",63.24,null,null,null,57.9,{"$nulls":5},64.33,67.36,52.24,67.55,null,null,55.2,null,null,null,51.47,null,65.23,null,null,67.099999999999994,62.34]
["MATERIAL",778,"BUCHA DE REDUCAO DE FERRO GALVANIZADO, COM ROSCA BSP, DE 3\" X 2\"","UN","CR",64.73,null,null,null,59.26,{"$nulls":5},65.849999999999994,68.94,53.47,69.14,null,null,56.5,null,null,null,52.68,null,66.77,null,null,68.680000000000007,63.81]
["MATERIAL",779,"BUCHA DE REDUCAO DE FERRO GALVANIZADO, COM ROSCA BSP, DE 3/4\" X 1/2\"","UN","CR",6.78,null,null,null,6.21,{"$nulls":5},6.9,7.23,5.6,7.25,null,null,5.92,null,null,null,5.52,null,7,null,null,7.2,6.69]
["MATERIAL",781,"BUCHA DE REDUCAO DE FERRO GALVANIZADO, COM ROSCA BSP, DE 4\" X 2 1/2\"","UN","CR",119.6,null,null,null,109.5,{"$nulls":5},121.66,127.38,98.79,127.75,null,null,104.39,null,null,null,97.33,null,123.37,null,null,126.9,117.89]
["MATERIAL",786,"BUCHA DE REDUCAO DE FERRO GALVANIZADO, COM ROSCA BSP, DE 4\" X 2\"","UN","CR",119.6,null,null,null,109.5,{"$nulls":5},121.66,127.38,98.79,127.75,null,null,104.39,null,null,null,97.33,null,123.37,null,null,126.9,117.89]
["MATERIAL",782,"BUCHA DE REDUCAO DE FERRO GALVANIZADO, COM ROSCA BSP, DE 4\" X 3\"","UN","CR",119.6,null,null,null,109.5,{"$nulls":5},121.66,127.38,98.79,127.75,null,null,104.39,null,null,null,97.33,null,123.37,null,null,126.9,117.89]
["MATERIAL",783,"BUCHA DE REDUCAO DE FERRO GALVANIZADO, COM ROSCA BSP, DE 5\" X 4\"","UN","CR",327.33,null,null,null,299.69,{"$nulls":5},332.99,348.64,270.38,349.64,null,null,285.7,null,null,null,266.39,null,337.65,null,null,347.3,322.66000000000003]
["MATERIAL",785,"BUCHA DE REDUCAO DE FERRO GALVANIZADO, COM ROSCA BSP, DE 6\" X 4\"","UN","CR",345.85,null,null,null,316.64999999999998,{"$nulls":5},351.83,368.37,285.69,369.42,null,null,301.87,null,null,null,281.45999999999998,null,356.76,null,null,366.96,340.92]
["MATERIAL",784,"BUCHA DE REDUCAO DE FERRO GALVANIZADO, COM ROSCA BSP, DE 6\" X 5\"","UN","CR",371.01,null,null,null,339.68,{"$nulls":5},377.43,395.17,306.47000000000003,396.3,null,null,323.83,null,null,null,301.94,null,382.71,null,null,393.66,365.73]
["MATERIAL",828,"BUCHA DE REDUCAO DE PVC, SOLDAVEL, CURTA, COM 25 X 20 MM, PARA AGUA FRIA PREDIAL","UN","CR",0.7,0.61,0.57999999999999996,0.52,0.54,0.62,0.64,0.79,0.66,0.57999999999999996,0.61,0.64,0.59,0.69,0.59,0.59,0.61,0.56999999999999995,0.62,0.54,0.62,0.54,0.71,0.57999999999999996,0.59,0.62,0.59]
["MATERIAL",829,"BUCHA DE REDUCAO DE PVC, SOLDAVEL, CURTA, COM 32 X 25 MM, PARA AGUA FRIA PREDIAL","UN","CR",1.1200000000000001,0.99,0.94,0.84,0.88,0.99,1.03,1.28,1.06,0.94,0.98,1.03,0.95,1.1100000000000001,0.95,0.95,0.98,0.91,0.99,0.87,0.99,0.88,1.1399999999999999,0.93,0.96,1,0.95]
["MATERIAL",812,"BUCHA DE REDUCAO DE PVC, SOLDAVEL, CURTA, COM 40 X 32 MM, PARA AGUA FRIA PREDIAL","UN","CR",2.4700000000000002,2.1800000000000002,2.0699999999999998,1.85,1.94,2.19,2.27,2.82,2.35,2.0699999999999998,2.15,2.2799999999999998,2.09,2.4500000000000002,2.09,2.11,2.15,2.02,2.19,1.91,2.19,1.94,2.52,2.06,2.11,2.2000000000000002,2.11]
["MATERIAL",819,"BUCHA DE REDUCAO DE PVC, SOLDAVEL, CURTA, COM 50 X 40 MM, PARA AGUA FRIA PREDIAL","UN","CR",4.29,3.78,3.59,3.21,3.37,3.8,3.94,4.9000000000000004,4.07,3.59,3.74,3.96,3.62,4.25,3.62,3.66,3.74,3.5,3.81,3.32,3.81,3.37,4.38,3.58,3.67,3.82,3.66]
["MATERIAL",818,"BUCHA DE REDUCAO DE PVC, SOLDAVEL, CURTA, COM 60 X 50 MM, PARA AGUA FRIA PREDIAL","UN","CR",8.01,7.06,6.7,5.99,6.29,7.09,7.35,9.15,7.6,6.7,6.98,7.39,6.76,7.93,6.76,6.83,6.98,6.53,7.11,6.2,7.11,6.29,8.18,6.68,6.85,7.14,6.83]
["MATERIAL",20086,"BUCHA DE REDUCAO DE PVC, SOLDAVEL, LONGA, 50 X 40 MM, PARA ESGOTO PREDIAL","UN","CR",3.42,3.04,2.73,2.2400000000000002,2.76,3.1,3.1,4.04,3.35,2.78,3.24,3.38,3.23,3.18,2.76,2.48,2.88,2.97,3.34,3.09,3.68,2.69,3.42,3.07,2.93,3.35,3.07]
["MATERIAL",832,"BUCHA DE REDUCAO DE PVC, SOLDAVEL, LONGA, COM 32 X 20 MM, PARA AGUA FRIA PREDIAL","UN","CR",3.31,2.91,2.76,2.4700000000000002,2.59,2.93,3.04,3.77,3.14,2.76,2.88,3.05,2.79,3.27,2.79,2.82,2.88,2.7,2.93,2.56,2.93,2.59,3.37,2.76,2.82,2.95,2.82]
["MATERIAL",834,"BUCHA DE REDUCAO DE PVC, SOLDAVEL, LONGA, COM 40 X 25 MM, PARA AGUA FRIA PREDIAL","UN","CR",4.28,3.77,3.58,3.2,3.36,3.79,3.93,4.8899999999999997,4.0599999999999996,3.58,3.73,3.95,3.61,4.24,3.61,3.65,3.73,3.49,3.8,3.32,3.8,3.36,4.37,3.57,3.66,3.82,3.65]
["MATERIAL",813,"BUCHA DE REDUCAO DE PVC, SOLDAVEL, LONGA, COM 50 X 25 MM, PARA AGUA FRIA PREDIAL","UN","CR",4.9800000000000004,4.3899999999999997,4.17,3.73,3.91,4.41,4.57,5.69,4.7300000000000004,4.17,4.34,4.59,4.21,4.93,4.21,4.25,4.34,4.0599999999999996,4.42,3.86,4.42,3.91,5.09,4.16,4.26,4.4400000000000004,4.25]
["MATERIAL",820,"BUCHA DE REDUCAO DE PVC, SOLDAVEL, LONGA, COM 50 X 32 MM, PARA AGUA FRIA PREDIAL","UN","CR",6.71,5.91,5.61,5.0199999999999996,5.27,5.94,6.16,7.66,6.37,5.61,5.84,6.19,5.66,6.64,5.66,5.72,5.84,5.47,5.95,5.2,5.95,5.27,6.85,5.6,5.73,5.98,5.72]
["MATERIAL",816,"BUCHA DE REDUCAO DE PVC, SOLDAVEL, LONGA, COM 60 X 25 MM, PARA AGUA FRIA PREDIAL","UN","CR",11.96,10.54,10,8.94,9.3800000000000008,10.58,10.98,13.65,11.34,10,10.41,11.03,10.09,11.83,10.09,10.19,10.41,9.75,10.61,9.26,10.61,9.3800000000000008,12.2,9.9700000000000006,10.220000000000001,10.66,10.19]
["MATERIAL",814,"BUCHA DE REDUCAO DE PVC, SOLDAVEL, LONGA, COM 60 X 32 MM, PARA AGUA FRIA PREDIAL","UN","CR",14.85,13.09,12.42,11.11,11.66,13.15,13.63,16.95,14.09,12.42,12.93,13.69,12.54,14.7,12.54,12.66,12.93,12.11,13.18,11.5,13.18,11.66,15.16,12.39,12.69,13.24,12.66]
["MATERIAL",822,"BUCHA DE REDUCAO DE PVC, SOLDAVEL, LONGA, COM 60 X 50 MM, PARA AGUA FRIA PREDIAL","UN","CR",19.39,17.079999999999998,16.21,14.5,15.22,17.16,17.8,22.13,18.399999999999999,16.21,16.89,17.88,16.37,19.190000000000001,16.37,16.53,16.89,15.81,17.2,15.02,17.2,15.22,19.79,16.170000000000002,16.57,17.28,16.53]
["MATERIAL",821,"BUCHA DE REDUCAO DE PVC, SOLDAVEL, LONGA, COM 75 X 50 MM, PARA AGUA FRIA PREDIAL","UN","CR",22.18,19.54,18.54,16.59,17.399999999999999,19.63,20.36,25.31,21.04,18.54,19.309999999999999,20.45,18.72,21.95,18.72,18.899999999999999,19.309999999999999,18.09,19.68,17.18,19.68,17.399999999999999,22.63,18.489999999999998,18.95,19.77,18.899999999999999]
["MATERIAL",39191,"BUCHA DE REDUCAO EM ALUMINIO, COM ROSCA, DE 1 1/2\" X 1 1/4\", PARA ELETRODUTO","UN","CR",null,20.03,24.39,21.77,24.33,null,18.32,24.01,17.649999999999999,27.43,27.43,21.37,21.55,22.56,17.87,21.77,19.59,24.14,20.64,19.84,21.05,null,21.86,18.940000000000001,26.35,22.98]
["MATERIAL",39190,"BUCHA DE REDUCAO EM ALUMINIO, COM ROSCA, DE 1 1/2\" X 1\", PARA ELETRODUTO","UN","CR",null,20.92,25.47,22.74,25.41,null,19.13,25.08,18.440000000000001,28.66,28.66,22.32,22.52,23.56,18.66,22.74,20.47,25.22,21.56,20.73,21.99,null,22.83,19.79,27.52,24]
["MATERIAL",39189,"BUCHA DE REDUCAO EM ALUMINIO, COM ROSCA, DE 1 1/2\" X 3/4\", PARA ELETRODUTO","UN","CR",null,22.14,26.96,24.07,26.9,null,20.25,26.54,19.510000000000002,30.33,30.33,23.62,23.83,24.94,19.75,24.07,21.66,26.69,22.82,21.94,23.27,null,24.17,20.94,29.13,25.4]
["MATERIAL",39188,"BUCHA DE REDUCAO EM ALUMINIO, COM ROSCA, DE 1 1/4\" X 1\", PARA ELETRODUTO","UN","CR",null,16.3,19.850000000000001,17.72,19.8,null,14.91,19.54,14.36,22.33,22.33,17.39,17.54,18.36,14.54,17.72,15.95,19.649999999999999,16.8,16.149999999999999,17.13,null,17.79,15.42,21.44,18.7]
["MATERIAL",39186,"BUCHA DE REDUCAO EM ALUMINIO, COM ROSCA, DE 1 1/4\" X 1/2\", PARA ELETRODUTO","UN","CR",null,19.809999999999999,24.12,21.54,24.06,null,18.12,23.75,17.46,27.14,27.14,21.13,21.32,22.31,17.670000000000002,21.54,19.38,23.88,20.420000000000002,19.63,20.82,null,21.62,18.739999999999998,26.06,22.73]
["MATERIAL",39187,"BUCHA DE REDUCAO EM ALUMINIO, COM ROSCA, DE 1 1/4\" X 3/4\", PARA ELETRODUTO","UN","CR",null,17.09,20.8,18.57,20.75,null,15.63,20.48,15.06,23.4,23.4,18.23,18.39,19.239999999999998,15.24,18.57,16.72,20.59,17.61,16.93,17.95,null,18.649999999999999,16.16,22.47,19.600000000000001]
["MATERIAL",39184,"BUCHA DE REDUCAO EM ALUMINIO, COM ROSCA, DE 1\" X 1/2\", PARA ELETRODUTO","UN","CR",null,6.43,7.82,6.99,7.81,null,5.88,7.7,5.66,8.8000000000000007,8.8000000000000007,6.86,6.92,7.24,5.73,6.99,6.29,7.75,6.62,6.37,6.75,null,7.01,6.08,8.4499999999999993,7.37]
["MATERIAL",39185,"BUCHA DE REDUCAO EM ALUMINIO, COM ROSCA, DE 1\" X 3/4\", PARA ELETRODUTO","UN","CR",null,5.86,7.13,6.37,7.12,null,5.36,7.02,5.16,8.0299999999999994,8.0299999999999994,6.25,6.31,6.6,5.23,6.37,5.73,7.06,6.04,5.8,6.16,null,6.39,5.54,7.71,6.72]
["MATERIAL",39198,"BUCHA DE REDUCAO EM ALUMINIO, COM ROSCA, DE 2 1/2\" X 1 1/2\", PARA ELETRODUTO","UN","CR",null,65.709999999999994,80,71.430000000000007,79.81,null,60.09,78.760000000000005,57.9,90,90,70.099999999999994,70.709999999999994,74,58.62,71.430000000000007,64.290000000000006,79.19,67.709999999999994,65.09,69.05,null,71.709999999999994,62.14,86.43,75.38]
["MATERIAL",39197,"BUCHA DE REDUCAO EM ALUMINIO, COM ROSCA, DE 2 1/2\" X 1 1/4\", PARA ELETRODUTO","UN","CR",null,68.650000000000006,83.57,74.62,83.37,null,62.78,82.28,60.49,94.02,94.02,73.22,73.87,77.3,61.23,74.62,67.150000000000006,82.72,70.739999999999995,68,72.13,null,74.91,64.92,90.29,78.739999999999995]
["MATERIAL",39196,"BUCHA DE REDUCAO EM ALUMINIO, COM ROSCA, DE 2 1/2\" X 1\", PARA ELETRODUTO","UN","CR",null,70.790000000000006,86.18,76.95,85.98,null,64.739999999999995,84.85,62.38,96.96,96.96,75.510000000000005,76.180000000000007,79.72,63.15,76.95,69.25,85.31,72.95,70.13,74.38,null,77.260000000000005,66.95,93.11,81.209999999999994]
["MATERIAL",39199,"BUCHA DE REDUCAO EM ALUMINIO, COM ROSCA, DE 2 1/2\" X 2\", PARA ELETRODUTO","UN","CR",null,63.24,76.989999999999995,68.739999999999995,76.81,null,57.83,75.8,55.72,86.61,86.61,67.459999999999994,68.05,71.209999999999994,56.41,68.739999999999995,61.86,76.209999999999994,65.16,62.64,66.45,null,69.010000000000005,59.8,83.18,72.540000000000006]
["MATERIAL",39195,"BUCHA DE REDUCAO EM ALUMINIO, COM ROSCA, DE 2\" X 1 1/2\", PARA ELETRODUTO","UN","CR",null,36.5,44.44,39.68,44.33,null,33.380000000000003,43.75,32.159999999999997,49.99,49.99,38.93,39.28,41.1,32.56,39.68,35.71,43.99,37.61,36.159999999999997,38.35,null,39.83,34.520000000000003,48.01,41.87]
["MATERIAL",39194,"BUCHA DE REDUCAO EM ALUMINIO, COM ROSCA, DE 2\" X 1 1/4\", PARA ELETRODUTO","UN","CR",null,39.06,47.56,42.46,47.44,null,35.72,46.82,34.42,53.5,53.5,41.67,42.03,43.99,34.840000000000003,42.46,38.21,47.07,40.25,38.69,41.04,null,42.63,36.94,51.38,44.81]
["MATERIAL",39193,"BUCHA DE REDUCAO EM ALUMINIO, COM ROSCA, DE 2\" X 1\", PARA ELETRODUTO","UN","CR",null,42.81,52.12,46.54,52,null,39.15,51.31,37.72,58.64,58.64,45.67,46.07,48.21,38.19,46.54,41.88,51.59,44.12,42.41,44.98,null,46.72,40.49,56.31,49.11]
["MATERIAL",39192,"BUCHA DE REDUCAO EM ALUMINIO, COM ROSCA, DE 2\" X 3/4\", PARA ELETRODUTO","UN","CR",null,44.53,54.22,48.41,54.09,null,40.729999999999997,53.38,39.24,60.99,60.99,47.5,47.92,50.15,39.729999999999997,48.41,43.57,53.67,45.89,44.11,46.79,null,48.6,42.11,58.57,51.09]
["MATERIAL",39201,"BUCHA DE REDUCAO EM ALUMINIO, COM ROSCA, DE 3\" X 1 1/2\", PARA ELETRODUTO","UN","CR",null,78.569999999999993,95.65,85.4,95.42,null,71.849999999999994,94.17,69.23,107.6,107.6,83.8,84.54,88.47,70.08,85.4,76.86,94.68,80.959999999999994,77.83,82.55,null,85.74,74.3,103.33,90.12]
["MATERIAL",39200,"BUCHA DE REDUCAO EM ALUMINIO, COM ROSCA, DE 3\" X 1 1/4\", PARA ELETRODUTO","UN","CR",null,79.2,96.42,86.09,96.19,null,72.430000000000007,94.92,69.790000000000006,108.47,108.47,84.48,85.22,89.18,70.650000000000006,86.09,77.48,95.44,81.61,78.45,83.22,null,86.43,74.89,104.16,90.85]
["MATERIAL",39203,"BUCHA DE REDUCAO EM ALUMINIO, COM ROSCA, DE 3\" X 2 1/2\", PARA ELETRODUTO","UN","CR",null,63.95,77.849999999999994,69.510000000000005,77.67,null,58.48,76.650000000000006,56.35,87.58,87.58,68.209999999999994,68.81,72.010000000000005,57.04,69.510000000000005,62.56,77.06,65.89,63.35,67.19,null,69.790000000000006,60.47,84.11,73.36]
["MATERIAL",39202,"BUCHA DE REDUCAO EM ALUMINIO, COM ROSCA, DE 3\" X 2\", PARA ELETRODUTO","UN","CR",null,75.12,91.45,81.650000000000006,91.24,null,68.7,90.04,66.19,102.89,102.89,80.13,80.84,84.59,67.010000000000005,81.650000000000006,73.489999999999995,90.53,77.41,74.41,78.930000000000007,null,81.98,71.040000000000006,98.8,86.17]
["MATERIAL",39920,"BUCHA DE REDUCAO EM ALUMINIO, COM ROSCA, DE 3/4\" X 1/2\", PARA ELETRODUTO","UN","CR",null,5.39,6.56,5.86,6.55,null,4.93,6.46,4.75,7.38,7.38,5.75,5.8,6.07,4.8099999999999996,5.86,5.27,6.5,5.55,5.34,5.66,null,5.88,5.0999999999999996,7.09,6.18]
["MATERIAL",39205,"BUCHA DE REDUCAO EM ALUMINIO, COM ROSCA, DE 4\" X 2 1/2\", PARA ELETRODUTO","UN","CR",null,125.33,152.58000000000001,136.22999999999999,152.21,null,114.61,150.21,110.43,171.65,171.65,133.68,134.86000000000001,141.13,111.8,136.22999999999999,122.6,151.03,129.13999999999999,124.15,131.69,null,136.77000000000001,118.52,164.84,143.77000000000001]
["MATERIAL",39204,"BUCHA DE REDUCAO EM ALUMINIO, COM ROSCA, DE 4\" X 2\", PARA ELETRODUTO","UN","CR",null,128.36000000000001,156.26,139.52000000000001,155.88999999999999,null,117.38,153.85,113.1,175.8,175.8,136.91999999999999,138.13,144.54,114.5,139.52000000000001,125.57,154.68,132.27000000000001,127.15,134.87,null,140.08000000000001,121.38,168.82,147.24]
["MATERIAL",39206,"BUCHA DE REDUCAO EM ALUMINIO, COM ROSCA, DE 4\" X 3\", PARA ELETRODUTO","UN","CR",null,121.78,148.25,132.36000000000001,147.9,null,111.36,145.94999999999999,107.3,166.78,166.78,129.88999999999999,131.04,137.13,108.63,132.36000000000001,119.13,146.75,125.48,120.63,127.95,null,132.88999999999999,115.16,160.16,139.69]
["MATERIAL",798,"BUCHA DE REDUCAO PVC ROSCAVEL 3/4\" X 1/2\"","UN","CR",1.38,1.22,1.1499999999999999,1.03,1.08,1.22,1.27,1.58,1.31,1.1499999999999999,1.2,1.27,1.1599999999999999,1.37,1.1599999999999999,1.18,1.2,1.1200000000000001,1.22,1.07,1.22,1.08,1.41,1.1499999999999999,1.18,1.23,1.18]
["MATERIAL",797,"BUCHA DE REDUCAO PVC, ROSCAVEL 1 1/2\" X 1\"","UN","CR",10.039999999999999,8.84,8.39,7.51,7.88,8.89,9.2200000000000006,11.46,9.52,8.39,8.74,9.26,8.4700000000000006,9.94,8.4700000000000006,8.56,8.74,8.19,8.91,7.77,8.91,7.88,10.24,8.3699999999999992,8.58,8.9499999999999993,8.56]
["MATERIAL",796,"BUCHA DE REDUCAO PVC, ROSCAVEL, 1 1/2\" X 3/4\"","UN","CR",8.5299999999999994,7.51,7.13,6.38,6.69,7.55,7.83,9.74,8.09,7.13,7.43,7.86,7.2,8.44,7.2,7.27,7.43,6.95,7.57,6.61,7.57,6.69,8.6999999999999993,7.11,7.29,7.6,7.27]
["MATERIAL",799,"BUCHA DE REDUCAO PVC, ROSCAVEL, 1\" X 1/2\"","UN","CR",4.12,3.63,3.45,3.08,3.24,3.65,3.79,4.71,3.91,3.45,3.59,3.8,3.48,4.08,3.48,3.51,3.59,3.36,3.66,3.19,3.66,3.24,4.21,3.44,3.52,3.68,3.51]
["MATERIAL",792,"BUCHA DE REDUCAO PVC, ROSCAVEL, 1\" X 3/4\"","UN","CR",3.99,3.52,3.34,2.99,3.13,3.54,3.67,4.5599999999999996,3.79,3.34,3.48,3.68,3.37,3.95,3.37,3.4,3.48,3.26,3.54,3.09,3.54,3.13,4.08,3.33,3.41,3.56,3.4]
["MATERIAL",38001,"BUCHA DE REDUCAO, CPVC, SOLDAVEL, 22 X 15 MM, PARA AGUA QUENTE","UN","CR",1.34,null,null,null,1.17,1.1499999999999999,1.17,1.45,1.17,null,1.29,1.48,1.31,1.18,null,1.33,null,1.23,1.1499999999999999,1.0900000000000001,1.39,null,1.41,1.02,null,1.23]
["MATERIAL",38002,"BUCHA DE REDUCAO, CPVC, SOLDAVEL, 28 X 22 MM, PARA AGUA QUENTE","UN","CR",4.67,null,null,null,4.0999999999999996,4,4.09,5.05,4.09,null,4.4800000000000004,5.15,4.55,4.12,null,4.6399999999999997,null,4.29,4,3.79,4.8600000000000003,null,4.92,3.55,null,4.28]
["MATERIAL",38003,"BUCHA DE REDUCAO, CPVC, SOLDAVEL, 35 X 28 MM, PARA AGUA QUENTE","UN","CR",31.93,null,null,null,28,27.36,27.98,34.5,27.93,null,30.64,35.15,31.11,28.14,null,31.69,null,29.29,27.36,25.93,33.22,null,33.6,24.23,null,29.25]
["MATERIAL",38004,"BUCHA DE REDUCAO, CPVC, SOLDAVEL, 42 X 22 MM, PARA AGUA QUENTE","UN","CR",36.72,null,null,null,32.200000000000003,31.47,32.18,39.67,32.119999999999997,null,35.229999999999997,40.43,35.78,32.369999999999997,null,36.450000000000003,null,33.69,31.47,29.82,38.21,null,38.64,27.87,null,33.64]
["MATERIAL",44263,"BUCHA DE REDUCAO, CPVC, SOLDAVEL, 54 X 35 MM, PARA AGUA QUENTE","UN","CR",65.930000000000007,null,null,null,57.81,56.5,57.76,71.22,57.67,null,63.25,72.58,64.23,58.1,null,65.44,null,60.49,56.5,53.54,68.599999999999994,null,69.38,50.04,null,60.39]
["MATERIAL",36327,"BUCHA DE REDUCAO, PPR, DN 25 X 20 MM, PARA AGUA QUENTE PREDIAL","UN","CR",{"$nulls":6},5.1100000000000003,{"$nulls":10},5.0599999999999996,{"$nulls":4},4.26,4.1900000000000004,null,4.28]
["MATERIAL",38992,"BUCHA DE REDUCAO, PPR, DN 32 X 25 MM, PARA AGUA QUENTE E FRIA PREDIAL","UN","CR",{"$nulls":6},6.21,{"$nulls":10},6.15,{"$nulls":4},5.18,5.09,null,5.19]
["MATERIAL",38993,"BUCHA DE REDUCAO, PPR, DN 40 X 25 MM, PARA AGUA QUENTE E FRIA PREDIAL","UN","CR",{"$nulls":6},16.149999999999999,{"$nulls":10},15.99,{"$nulls":4},13.47,13.24,null,13.51]
["MATERIAL",44175,"BUCHA DE REDUCAO, PPR, DN 50 X 25 MM, PARA AGUA QUENTE E FRIA PREDIAL","UN","CR",{"$nulls":6},28.17,{"$nulls":10},27.89,{"$nulls":4},23.5,23.11,null,23.57]
["MATERIAL",44177,"BUCHA DE REDUCAO, PPR, DN 50 X 32 MM, PARA AGUA QUENTE E FRIA PREDIAL","UN","CR",{"$nulls":6},21.05,{"$nulls":10},20.84,{"$nulls":4},17.559999999999999,17.260000000000002,null,17.61]
["MATERIAL",38418,"BUCHA DE REDUCAO, PVC, LONGA, SERIE R, DN 50 X 40 MM, PARA ESGOTO PREDIAL","UN","CR",5.87,5.22,4.6900000000000004,3.86,4.74,5.33,5.34,6.94,5.75,4.7699999999999996,5.57,5.81,5.55,5.46,4.75,4.2699999999999996,4.95,5.1100000000000003,5.75,5.31,6.32,4.62,5.87,5.28,5.04,5.76,5.28]
["MATERIAL",39178,"BUCHA EM ALUMINIO, COM ROSCA, DE 1 1/2\", PARA ELETRODUTO","UN","CR",null,2.16,2.64,2.35,2.63,null,1.98,2.59,1.91,2.97,2.97,2.31,2.33,2.44,1.93,2.35,2.12,2.61,2.23,2.14,2.27,null,2.36,2.0499999999999998,2.85,2.48]
["MATERIAL",39177,"BUCHA EM ALUMINIO, COM ROSCA, DE 1 1/4\", PARA ELETRODUTO","UN","CR",null,1.96,2.38,2.13,2.38,null,1.79,2.35,1.72,2.68,2.68,2.09,2.11,2.2000000000000002,1.75,2.13,1.91,2.36,2.02,1.94,2.06,null,2.14,1.85,2.58,2.25]
["MATERIAL",39176,"BUCHA EM ALUMINIO, COM ROSCA, DE 1\", PARA ELETRODUTO","UN","CR",null,1.28,1.56,1.39,1.56,null,1.17,1.54,1.1299999999999999,1.76,1.76,1.37,1.38,1.44,1.1399999999999999,1.39,1.25,1.55,1.32,1.27,1.35,null,1.4,1.21,1.69,1.47]
["MATERIAL",39174,"BUCHA EM ALUMINIO, COM ROSCA, DE 1/2\", PARA ELETRODUTO","UN","CR",null,0.98,1.19,1.06,1.19,null,0.89,1.17,0.86,1.34,1.34,1.04,1.05,1.1000000000000001,0.87,1.06,0.95,1.18,1.01,0.97,1.03,null,1.07,0.92,1.29,1.1200000000000001]
["MATERIAL",39180,"BUCHA EM ALUMINIO, COM ROSCA, DE 2 1/2\", PARA ELETRODUTO","UN","CR",null,5.88,7.16,6.39,7.14,null,5.38,7.05,5.18,8.06,8.06,6.27,6.33,6.62,5.25,6.39,5.75,7.09,6.06,5.83,6.18,null,6.42,5.56,7.74,6.75]
["MATERIAL",39179,"BUCHA EM ALUMINIO, COM ROSCA, DE 2\", PARA ELETRODUTO","UN","CR",null,5.21,6.34,5.66,6.32,null,4.76,6.24,4.59,7.13,7.13,5.55,5.6,5.86,4.6399999999999997,5.66,5.09,6.27,5.36,5.16,5.47,null,5.68,4.92,6.85,5.97]
["MATERIAL",39181,"BUCHA EM ALUMINIO, COM ROSCA, DE 3\", PARA ELETRODUTO","UN","CR",null,7.89,9.6,8.57,9.58,null,7.21,9.4499999999999993,6.95,10.8,10.8,8.41,8.49,8.8800000000000008,7.03,8.57,7.72,9.51,8.1300000000000008,7.81,8.2899999999999991,null,8.61,7.46,10.37,9.0500000000000007]
["MATERIAL",39175,"BUCHA EM ALUMINIO, COM ROSCA, DE 3/4\", PARA ELETRODUTO","UN","CR",null,1.19,1.45,1.3,1.45,null,1.0900000000000001,1.43,1.05,1.64,1.64,1.27,1.29,1.35,1.06,1.3,1.17,1.44,1.23,1.18,1.25,null,1.3,1.1299999999999999,1.57,1.37]
["MATERIAL",39217,"BUCHA EM ALUMINIO, COM ROSCA, DE 3/8\", PARA ELETRODUTO","UN","CR",null,0.92,1.1200000000000001,1,1.1200000000000001,null,0.84,1.1100000000000001,0.81,1.26,1.26,0.98,0.99,1.04,0.82,1,0.9,1.1100000000000001,0.95,0.91,0.97,null,1.01,0.87,1.21,1.06]
["MATERIAL",39182,"BUCHA EM ALUMINIO, COM ROSCA, DE 4\", PARA ELETRODUTO","UN","CR",null,11.09,13.5,12.06,13.47,null,10.14,13.29,9.77,15.19,15.19,11.83,11.94,12.49,9.89,12.06,10.85,13.37,11.43,10.99,11.65,null,12.1,10.49,14.59,12.72]
["MATERIAL",12616,"CABECEIRA DIREITA OU ESQUERDA, PVC, PARA CALHA PLUVIAL, DIAMETRO ENTRE *119 E 170* MM, PARA DRENAGEM PLUVIAL PREDIAL","UN","CR",18.12,16.11,14.46,11.9,14.62,16.46,16.47,21.41,17.75,14.72,17.18,17.940000000000001,17.12,16.84,14.65,13.17,15.27,15.78,17.73,16.39,19.489999999999998,14.27,18.12,16.29,15.56,17.760000000000002,16.29]
["MATERIAL",1049,"CABECOTE PARA ENTRADA DE LINHA DE ALIMENTACAO PARA ELETRODUTO, EM LIGA DE ALUMINIO COM ACABAMENTO ANTI CORROSIVO, COM FIXACAO POR ENCAIXE LISO DE 360 GRAUS, DE 1 1/2\"","UN","CR",null,9.2799999999999994,11.3,10.09,11.27,null,8.49,11.13,8.18,12.71,12.71,9.9,9.99,10.45,8.2799999999999994,10.09,9.08,11.19,9.56,9.19,9.75,null,10.130000000000001,8.7799999999999994,12.21,10.65]
["MATERIAL",1099,"CABECOTE PARA ENTRADA DE LINHA DE ALIMENTACAO PARA ELETRODUTO, EM LIGA DE ALUMINIO COM ACABAMENTO ANTI CORROSIVO, COM FIXACAO POR ENCAIXE LISO DE 360 GRAUS, DE 1 1/4\"","UN","CR",null,7.1,8.65,7.72,8.6300000000000008,null,6.49,8.51,6.26,9.73,9.73,7.58,7.64,8,6.33,7.72,6.95,8.56,7.32,7.04,7.46,null,7.75,6.72,9.34,8.15]
["MATERIAL",1050,"CABECOTE PARA ENTRADA DE LINHA DE ALIMENTACAO PARA ELETRODUTO, EM LIGA DE ALUMINIO COM ACABAMENTO ANTI CORROSIVO, COM FIXACAO POR ENCAIXE LISO DE 360 GRAUS, DE 1\"","UN","CR",null,4.8600000000000003,5.91,5.28,5.9,null,4.4400000000000004,5.82,4.28,6.65,6.65,5.18,5.23,5.47,4.33,5.28,4.75,5.85,5,4.8099999999999996,5.0999999999999996,null,5.3,4.59,6.39,5.57]
["MATERIAL",39678,"CABECOTE PARA ENTRADA DE LINHA DE ALIMENTACAO PARA ELETRODUTO, EM LIGA DE ALUMINIO COM ACABAMENTO ANTI CORROSIVO, COM FIXACAO POR ENCAIXE LISO DE 360 GRAUS, DE 1/2\"","UN","CR",null,2.86,3.49,3.11,3.48,null,2.62,3.43,2.52,3.92,3.92,3.05,3.08,3.22,2.5499999999999998,3.11,2.8,3.45,2.95,2.83,3.01,null,3.12,2.71,3.77,3.28]
["MATERIAL",1101,"CABECOTE PARA ENTRADA DE LINHA DE ALIMENTACAO PARA ELETRODUTO, EM LIGA DE ALUMINIO COM ACABAMENTO ANTI CORROSIVO, COM FIXACAO POR ENCAIXE LISO DE 360 GRAUS, DE 2 1/2\"","UN","CR",null,30.63,37.28,33.29,37.200000000000003,null,28.01,36.71,26.99,41.95,41.95,32.67,32.96,34.49,27.32,33.29,29.96,36.909999999999997,31.56,30.34,32.18,null,33.42,28.96,40.28,35.130000000000003]
["MATERIAL",1100,"CABECOTE PARA ENTRADA DE LINHA DE ALIMENTACAO PARA ELETRODUTO, EM LIGA DE ALUMINIO COM ACABAMENTO ANTI CORROSIVO, COM FIXACAO POR ENCAIXE LISO DE 360 GRAUS, DE 2\"","UN","CR",null,15.8,19.239999999999998,17.18,19.190000000000001,null,14.45,18.940000000000001,13.92,21.64,21.64,16.850000000000001,17,17.79,14.09,17.18,15.46,19.04,16.28,15.65,16.600000000000001,null,17.239999999999998,14.94,20.78,18.13]
["MATERIAL",39679,"CABECOTE PARA ENTRADA DE LINHA DE ALIMENTACAO PARA ELETRODUTO, EM LIGA DE ALUMINIO COM ACABAMENTO ANTI CORROSIVO, COM FIXACAO POR ENCAIXE LISO DE 360 GRAUS, DE 3 1/2\"","UN","CR",null,61.04,74.31,66.349999999999994,74.13,null,55.82,73.16,53.78,83.6,83.6,65.11,65.680000000000007,68.73,54.45,66.349999999999994,59.71,73.56,62.9,60.46,64.13,null,66.61,57.72,80.28,70.02]
["MATERIAL",1102,"CABECOTE PARA ENTRADA DE LINHA DE ALIMENTACAO PARA ELETRODUTO, EM LIGA DE ALUMINIO COM ACABAMENTO ANTI CORROSIVO, COM FIXACAO POR ENCAIXE LISO DE 360 GRAUS, DE 3\"","UN","CR",null,45.67,55.6,49.64,55.46,null,41.76,54.74,40.24,62.55,62.55,48.71,49.14,51.43,40.74,49.64,44.68,55.03,47.06,45.24,47.98,null,49.84,43.19,60.06,52.39]
["MATERIAL",1098,"CABECOTE PARA ENTRADA DE LINHA DE ALIMENTACAO PARA ELETRODUTO, EM LIGA DE ALUMINIO COM ACABAMENTO ANTI CORROSIVO, COM FIXACAO POR ENCAIXE LISO DE 360 GRAUS, DE 3/4\"","UN","CR",null,3.79,4.6100000000000003,4.12,4.5999999999999996,null,3.46,4.54,3.34,5.19,5.19,4.04,4.08,4.2699999999999996,3.38,4.12,3.71,4.57,3.9,3.75,3.98,null,4.13,3.58,4.9800000000000004,4.3499999999999996]
["MATERIAL",1051,"CABECOTE PARA ENTRADA DE LINHA DE ALIMENTACAO PARA ELETRODUTO, EM LIGA DE ALUMINIO COM ACABAMENTO ANTI CORROSIVO, COM FIXACAO POR ENCAIXE LISO DE 360 GRAUS, DE 4\"","UN","CR",null,66.38,80.81,72.150000000000006,80.62,null,60.7,79.56,58.49,90.91,90.91,70.8,71.430000000000007,74.75,59.21,72.150000000000006,64.94,79.989999999999995,68.400000000000006,65.75,69.75,null,72.44,62.77,87.3,76.14]
["MATERIAL",37399,"CABIDE/GANCHO DE BANHEIRO SIMPLES EM METAL CROMADO","UN","CR",47.97,17.66,null,33.619999999999997,13.36,10.29,23.82,31.24,16.3,39.26,20.38,16.47,20.079999999999998,41.78,16.98,48.37,45.24,57.25,34.64,17.16,23.43,24.36,52.92,22.92,21.73,31.25,13.55]
["MATERIAL",43834,"CABO COAXIAL RG11 95% DE MALHA","M","CR",20.57,18.309999999999999,18.86,14.33,17.829999999999998,18.38,23.18,17.760000000000002,20.78,21.6,19,25.1,24.76,24.14,23.39,18.579999999999998,29.08,25.85,21.53,18.649999999999999,15.43,20.23,20.23,22.63,18.649999999999999,22.49,24.14]
["MATERIAL",43835,"CABO COAXIAL RG59 95% DE MALHA","M","CR",1.84,1.64,1.69,1.28,1.59,1.64,2.0699999999999998,1.59,1.86,1.93,1.7,2.25,2.2200000000000002,2.16,2.09,1.66,2.6,2.31,1.93,1.67,1.38,1.81,1.81,2.0299999999999998,1.67,2.0099999999999998,2.16]
["MATERIAL",43833,"CABO COAXIAL RG6 95% DE MALHA","M","CR",1.91,1.7,1.75,1.33,1.66,1.71,2.16,1.65,1.93,2.0099999999999998,1.77,2.34,2.2999999999999998,2.25,2.1800000000000002,1.73,2.71,2.41,2,1.73,1.43,1.88,1.88,2.11,1.73,2.09,2.25]
["MATERIAL",41955,"CABO DE ACO GALVANIZADO, DIAMETRO 12,7 MM (1/2\"), COM ALMA DE ACO CABO INDEPENDENTE 6 X 25 F","KG","CR",90.03,85.85,100.41,87.02,80.319999999999993,49.53,66.94,101.44,102.41,77.88,68.61,66.7,74.47,71.39,80.319999999999993,55.25,74.23,90.03,70.28,73.3,85.04,70.28,70.349999999999994,74.3,103.72,72.489999999999995,64.23]
["MATERIAL",41953,"CABO DE ACO GALVANIZADO, DIAMETRO 12,7 MM (1/2\"), COM ALMA DE FIBRA 6 X 25 F","KG","CR",85.92,81.92,95.82,83.04,76.650000000000006,47.27,63.88,96.81,97.73,74.319999999999993,65.47,63.65,71.06,68.13,76.650000000000006,52.73,70.84,85.92,67.069999999999993,69.95,81.16,67.069999999999993,67.14,70.900000000000006,98.98,69.180000000000007,61.29]
["MATERIAL",41954,"CABO DE ACO GALVANIZADO, DIAMETRO 9,53 MM (3/8\"), COM ALMA DE FIBRA 6 X 25 F","KG","CR",85.1,81.150000000000006,94.91,82.25,75.930000000000007,46.82,63.27,95.89,96.81,73.62,64.849999999999994,63.05,70.39,67.48,75.930000000000007,52.23,70.17,85.1,66.430000000000007,69.28,80.39,66.430000000000007,66.5,70.23,98.04,68.52,60.71]
["MATERIAL",25004,"CABO DE ALUMINIO NU COM ALMA DE ACO, BITOLA 1/0 AWG","KG","CR",58.3,60.79,49.89,61.05,52.39,56.2,60.4,52.52,52.52,59.08,51.99,52.26,55.54,57.51,57.77,51.47,55.01,51.6,51.86,55.15,57.12,55.28,50.29,52.91,53.57,51.47,57.51]
["MATERIAL",25002,"CABO DE ALUMINIO NU COM ALMA DE ACO, BITOLA 2 AWG","KG","CR",58.3,60.79,49.89,61.05,52.39,56.2,60.4,52.52,52.52,59.08,51.99,52.26,55.54,57.51,57.77,51.47,55.01,51.6,51.86,55.15,57.12,55.28,50.29,52.91,53.57,51.47,57.51]
["MATERIAL",37409,"CABO DE ALUMINIO NU COM ALMA DE ACO, BITOLA 2/0 AWG","KG","CR",58.3,60.79,49.89,61.05,52.39,56.2,60.4,52.52,52.52,59.08,51.99,52.26,55.54,57.51,57.77,51.47,55.01,51.6,51.86,55.15,57.12,55.28,50.29,52.91,53.57,51.47,57.51]
["MATERIAL",841,"CABO DE ALUMINIO NU COM ALMA DE ACO, BITOLA 4 AWG","KG","CR",59.01,61.54,50.5,61.8,53.03,56.88,61.14,53.16,53.16,59.81,52.63,52.9,56.22,58.21,58.48,52.1,55.69,52.23,52.5,55.82,57.81,55.95,50.9,53.56,54.23,52.1,58.21]
["MATERIAL",25005,"CABO DE ALUMINIO NU SEM ALMA DE ACO, BITOLA 1/0 AWG","KG","CR",63.97,66.709999999999994,54.75,67,57.49,61.66,66.28,57.63,57.63,64.83,57.05,57.34,60.94,63.11,63.39,56.48,60.37,56.62,56.91,60.51,62.67,60.66,55.18,58.06,58.78,56.48,63.11]
["MATERIAL",25003,"CABO DE ALUMINIO NU SEM ALMA DE ACO, BITOLA 2 AWG","KG","CR",64.930000000000007,67.709999999999994,55.57,68.010000000000005,58.35,62.59,67.27,58.5,58.5,65.81,57.91,58.21,61.86,64.06,64.349999999999994,57.33,61.28,57.47,57.77,61.42,63.62,61.57,56.01,58.94,59.67,57.33,64.06]
["MATERIAL",37410,"CABO DE ALUMINIO NU SEM ALMA DE ACO, BITOLA 2/0 AWG","KG","CR",63.97,66.709999999999994,54.75,67,57.49,61.66,66.28,57.63,57.63,64.83,57.05,57.34,60.94,63.11,63.39,56.48,60.37,56.62,56.91,60.51,62.67,60.66,55.18,58.06,58.78,56.48,63.11]
["MATERIAL",842,"CABO DE ALUMINIO NU SEM ALMA DE ACO, BITOLA 4 AWG","KG","CR",64.88,67.66,55.53,67.95,58.3,62.54,67.22,58.45,58.45,65.760000000000005,57.87,58.16,61.81,64,64.3,57.28,61.23,57.43,57.72,61.37,63.56,61.52,55.97,58.89,59.62,57.28,64]
["MATERIAL",44391,"CABO DE COBRE FLEXIVEL NAO HALOGENADO, SEM EMISSAO DE FUMACA, 750V, SECAO NOMINAL 120 MM","M","CR",138.25,144.16,118.32,144.79,124.24,133.27000000000001,143.22999999999999,124.55,124.55,140.12,123.3,123.92,131.71,136.38,137,122.06,130.46,122.37,122.99,130.78,135.44999999999999,131.09,119.25,125.48,127.04,122.06,136.38]
["MATERIAL",44388,"CABO DE COBRE FLEXIVEL NAO HALOGENADO, SEM EMISSAO DE FUMACA, 750V, SECAO NOMINAL 2,5 MM","M","CR",2.99,3.12,2.56,3.13,2.69,2.88,3.1,2.7,2.7,3.03,2.67,2.68,2.85,2.95,2.97,2.64,2.82,2.65,2.66,2.83,2.93,2.84,2.58,2.72,2.75,2.64,2.95]
["MATERIAL",44392,"CABO DE COBRE FLEXIVEL NAO HALOGENADO, SEM EMISSAO DE FUMACA, 750V, SECAO NOMINAL 240 MM","M","CR",275.27,287.05,235.59,288.29000000000002,247.37,265.35000000000002,285.19,247.99,247.99,278.99,245.51,246.75,262.25,271.55,272.79000000000002,243.03,259.77,243.65,244.89,260.39,269.69,261.01,237.45,249.85,252.95,243.03,271.55]
["MATERIAL",44390,"CABO DE COBRE FLEXIVEL NAO HALOGENADO, SEM EMISSAO DE FUMACA, 750V, SECAO NOMINAL 50 MM","M","CR",58.32,60.82,49.92,61.08,52.41,56.22,60.43,52.54,52.54,59.11,52.02,52.28,55.57,57.54,57.8,51.49,55.04,51.62,51.89,55.17,57.14,55.3,50.31,52.94,53.59,51.49,57.54]
["MATERIAL",44389,"CABO DE COBRE FLEXIVEL NAO HALOGENADO, SEM EMISSAO DE FUMACA, 750V, SECAO NOMINAL 6,0 MM","M","CR",6.88,7.18,5.89,7.21,6.19,6.64,7.13,6.2,6.2,6.98,6.14,6.17,6.56,6.79,6.82,6.08,6.5,6.09,6.12,6.51,6.75,6.53,5.94,6.25,6.33,6.08,6.79]
["MATERIAL",862,"CABO DE COBRE NU 10 MM2 MEIO-DURO","M","CR",12.61,13.15,10.79,13.21,11.33,12.16,13.07,11.36,11.36,12.78,11.25,11.31,12.02,12.44,12.5,11.14,11.9,11.16,11.22,11.93,12.36,11.96,10.88,11.45,11.59,11.14,12.44]
["MATERIAL",866,"CABO DE COBRE NU 120 MM2 MEIO-DURO","M","CR",160.29,167.15,137.18,167.87,144.04,154.51,166.07,144.4,144.4,162.46,142.96,143.68,152.71,158.12,158.85,141.52000000000001,151.26,141.88,142.6,151.63,157.04,151.99,138.27000000000001,145.49,147.29,141.52000000000001,158.12]
["MATERIAL",892,"CABO DE COBRE NU 150 MM2 MEIO-DURO","M","CR",194.03,202.33,166.06,203.21,174.36,187.04,201.02,174.8,174.8,196.65,173.05,173.93,184.85,191.41,192.28,171.3,183.1,171.74,172.62,183.54,190.1,183.98,167.37,176.11,178.3,171.3,191.41]
["MATERIAL",857,"CABO DE COBRE NU 16 MM2 MEIO-DURO","M","CR",21.1,22,18.059999999999999,22.1,18.96,20.34,21.86,19.010000000000002,19.010000000000002,21.39,18.82,18.91,20.100000000000001,20.81,20.91,18.63,19.91,18.68,18.77,19.96,20.67,20.010000000000002,18.2,19.149999999999999,19.39,18.63,20.81]
["MATERIAL",37404,"CABO DE COBRE NU 185 MM2 MEIO-DURO","M","CR",224.49,234.09,192.13,235.11,201.74,216.4,232.58,202.24,202.24,227.52,200.22,201.23,213.87,221.45,222.47,198.2,211.85,198.7,199.71,212.35,219.94,212.86,193.65,203.76,206.29,198.2,221.45]
["MATERIAL",868,"CABO DE COBRE NU 25 MM2 MEIO-DURO","M","CR",30.07,31.36,25.74,31.5,27.03,28.99,31.16,27.09,27.09,30.48,26.82,26.96,28.65,29.67,29.8,26.55,28.38,26.62,26.75,28.45,29.46,28.52,25.94,27.3,27.63,26.55,29.67]
["MATERIAL",863,"CABO DE COBRE NU 35 MM2 MEIO-DURO","M","CR",44.29,46.19,37.909999999999997,46.39,39.799999999999997,42.7,45.89,39.9,39.9,44.89,39.5,39.700000000000003,42.2,43.69,43.89,39.1,41.8,39.200000000000003,39.4,41.9,43.39,42,38.21,40.200000000000003,40.700000000000003,39.1,43.69]
["MATERIAL",867,"CABO DE COBRE NU 50 MM2 MEIO-DURO","M","CR",63.1,65.8,54,66.08,56.7,60.82,65.37,56.84,56.84,63.95,56.27,56.56,60.11,62.24,62.53,55.71,59.54,55.85,56.13,59.69,61.82,59.83,54.43,57.27,57.98,55.71,62.24]
["MATERIAL",864,"CABO DE COBRE NU 70 MM2 MEIO-DURO","M","CR",83.34,86.91,71.33,87.29,74.900000000000006,80.34,86.35,75.08,75.08,84.47,74.33,74.709999999999994,79.400000000000006,82.22,82.59,73.58,78.650000000000006,73.77,74.150000000000006,78.84,81.66,79.03,71.89,75.650000000000006,76.59,73.58,82.22]
["MATERIAL",865,"CABO DE COBRE NU 95 MM2 MEIO-DURO","M","CR",119.88,125.01,102.6,125.55,107.73,115.56,124.2,108,108,121.5,106.92,107.46,114.21,118.26,118.8,105.84,113.13,106.11,106.65,113.4,117.45,113.67,103.41,108.81,110.16,105.84,118.26]
["MATERIAL",39251,"CABO DE COBRE, FLEXIVEL, CLASSE 4 OU 5, ISOLACAO EM PVC/A, ANTICHAMA BWF-B, 1 CONDUTOR, 450/750 V, SECAO NOMINAL 0,5 MM2","M","CR",0.79,0.82,0.67,0.82,0.71,0.76,0.81,0.71,0.71,0.8,0.7,0.7,0.75,0.78,0.78,0.69,0.74,0.7,0.7,0.74,0.77,0.75,0.68,0.71,0.72,0.69,0.78]
["MATERIAL",1011,"CABO DE COBRE, FLEXIVEL, CLASSE 4 OU 5, ISOLACAO EM PVC/A, ANTICHAMA BWF-B, 1 CONDUTOR, 450/750 V, SECAO NOMINAL 0,75 MM2","M","CR",1.07,1.1200000000000001,0.92,1.1200000000000001,0.96,1.03,1.1100000000000001,0.97,0.97,1.0900000000000001,0.96,0.96,1.02,1.06,1.06,0.95,1.01,0.95,0.95,1.01,1.05,1.02,0.92,0.97,0.98,0.95,1.06]
["MATERIAL",39252,"CABO DE COBRE, FLEXIVEL, CLASSE 4 OU 5, ISOLACAO EM PVC/A, ANTICHAMA BWF-B, 1 CONDUTOR, 450/750 V, SECAO NOMINAL 1,0 MM2","M","CR",1.41,1.47,1.2,1.47,1.26,1.36,1.46,1.27,1.27,1.43,1.25,1.26,1.34,1.39,1.39,1.24,1.33,1.25,1.25,1.33,1.38,1.33,1.21,1.28,1.29,1.24,1.39]
["MATERIAL",1013,"CABO DE COBRE, FLEXIVEL, CLASSE 4 OU 5, ISOLACAO EM PVC/A, ANTICHAMA BWF-B, 1 CONDUTOR, 450/750 V, SECAO NOMINAL 1,5 MM2","M","CR",1.69,1.76,1.45,1.77,1.52,1.63,1.75,1.52,1.52,1.71,1.51,1.51,1.61,1.67,1.67,1.49,1.59,1.5,1.5,1.6,1.66,1.6,1.46,1.53,1.55,1.49,1.67]
["MATERIAL",980,"CABO DE COBRE, FLEXIVEL, CLASSE 4 OU 5, ISOLACAO EM PVC/A, ANTICHAMA BWF-B, 1 CONDUTOR, 450/750 V, SECAO NOMINAL 10 MM2","M","CR",12.2,12.72,10.44,12.77,10.96,11.76,12.64,10.99,10.99,12.36,10.88,10.93,11.62,12.03,12.09,10.77,11.51,10.8,10.85,11.54,11.95,11.57,10.52,11.07,11.21,10.77,12.03]
["MATERIAL",39237,"CABO DE COBRE, FLEXIVEL, CLASSE 4 OU 5, ISOLACAO EM PVC/A, ANTICHAMA BWF-B, 1 CONDUTOR, 450/750 V, SECAO NOMINAL 120 MM2","M","CR",129.77000000000001,135.32,111.06,135.9,116.61,125.09,134.44,116.91,116.91,131.52000000000001,115.74,116.32,123.63,128.01,128.6,114.57,122.46,114.86,115.44,122.75,127.13,123.04,111.94,117.78,119.24,114.57,128.01]
["MATERIAL",39238,"CABO DE COBRE, FLEXIVEL, CLASSE 4 OU 5, ISOLACAO EM PVC/A, ANTICHAMA BWF-B, 1 CONDUTOR, 450/750 V, SECAO NOMINAL 150 MM2","M","CR",163.66,170.67,140.07,171.4,147.07,157.76,169.56,147.44,147.44,165.87,145.97,146.71,155.91999999999999,161.44999999999999,162.19,144.49,154.44999999999999,144.86000000000001,145.6,154.81,160.34,155.18,141.18,148.55000000000001,150.38999999999999,144.49,161.44999999999999]
["MATERIAL",979,"CABO DE COBRE, FLEXIVEL, CLASSE 4 OU 5, ISOLACAO EM PVC/A, ANTICHAMA BWF-B, 1 CONDUTOR, 450/750 V, SECAO NOMINAL 16 MM2","M","CR",17.43,18.170000000000002,14.91,18.25,15.66,16.8,18.059999999999999,15.7,15.7,17.66,15.54,15.62,16.600000000000001,17.190000000000001,17.27,15.39,16.45,15.43,15.5,16.489999999999998,17.07,16.52,15.03,15.82,16.010000000000002,15.39,17.190000000000001]
["MATERIAL",39239,"CABO DE COBRE, FLEXIVEL, CLASSE 4 OU 5, ISOLACAO EM PVC/A, ANTICHAMA BWF-B, 1 CONDUTOR, 450/750 V, SECAO NOMINAL 185 MM2","M","CR",197.72,206.18,169.22,207.07,177.68,190.59,204.84,178.12,178.12,200.39,176.34,177.23,188.37,195.05,195.94,174.56,186.59,175.01,175.9,187.03,193.71,187.48,170.55,179.46,181.69,174.56,195.05]
["MATERIAL",1014,"CABO DE COBRE, FLEXIVEL, CLASSE 4 OU 5, ISOLACAO EM PVC/A, ANTICHAMA BWF-B, 1 CONDUTOR, 450/750 V, SECAO NOMINAL 2,5 MM2","M","CR",2.68,2.79,2.29,2.8,2.41,2.58,2.77,2.41,2.41,2.71,2.39,2.4,2.5499999999999998,2.64,2.65,2.36,2.5299999999999998,2.37,2.38,2.5299999999999998,2.62,2.54,2.31,2.4300000000000002,2.46,2.36,2.64]
["MATERIAL",39240,"CABO DE COBRE, FLEXIVEL, CLASSE 4 OU 5, ISOLACAO EM PVC/A, ANTICHAMA BWF-B, 1 CONDUTOR, 450/750 V, SECAO NOMINAL 240 MM2","M","CR",260.05,271.18,222.57,272.35000000000002,233.7,250.68,269.42,234.28,234.28,263.57,231.94,233.11,247.75,256.54000000000002,257.70999999999998,229.6,245.41,230.18,231.35,246,254.78,246.58,224.32,236.04,238.97,229.6,256.54000000000002]
["MATERIAL",39232,"CABO DE COBRE, FLEXIVEL, CLASSE 4 OU 5, ISOLACAO EM PVC/A, ANTICHAMA BWF-B, 1 CONDUTOR, 450/750 V, SECAO NOMINAL 25 MM2","M","CR",27.29,28.46,23.36,28.58,24.52,26.31,28.27,24.59,24.59,27.66,24.34,24.46,26,26.92,27.04,24.09,25.75,24.16,24.28,25.82,26.74,25.88,23.54,24.77,25.08,24.09,26.92]
["MATERIAL",39233,"CABO DE COBRE, FLEXIVEL, CLASSE 4 OU 5, ISOLACAO EM PVC/A, ANTICHAMA BWF-B, 1 CONDUTOR, 450/750 V, SECAO NOMINAL 35 MM2","M","CR",39.78,41.48,34.04,41.66,35.75,38.35,41.21,35.840000000000003,35.840000000000003,40.32,35.479999999999997,35.659999999999997,37.9,39.24,39.42,35.119999999999997,37.54,35.21,35.39,37.630000000000003,38.97,37.72,34.31,36.11,36.549999999999997,35.119999999999997,39.24]
["MATERIAL",981,"CABO DE COBRE, FLEXIVEL, CLASSE 4 OU 5, ISOLACAO EM PVC/A, ANTICHAMA BWF-B, 1 CONDUTOR, 450/750 V, SECAO NOMINAL 4 MM2","M","C",4.4400000000000004,4.63,3.8,4.6500000000000004,3.99,4.28,4.5999999999999996,4,4,4.5,3.96,3.98,4.2300000000000004,4.38,4.4000000000000004,3.92,4.1900000000000004,3.93,3.95,4.2,4.3499999999999996,4.21,3.83,4.03,4.08,3.92,4.38]
["MATERIAL",39234,"CABO DE COBRE, FLEXIVEL, CLASSE 4 OU 5, ISOLACAO EM PVC/A, ANTICHAMA BWF-B, 1 CONDUTOR, 450/750 V, SECAO NOMINAL 50 MM2","M","CR",55.37,57.74,47.39,57.99,49.76,53.38,57.37,49.88,49.88,56.12,49.38,49.63,52.75,54.62,54.87,48.89,52.25,49.01,49.26,52.38,54.25,52.5,47.76,50.26,50.88,48.89,54.62]
["MATERIAL",982,"CABO DE COBRE, FLEXIVEL, CLASSE 4 OU 5, ISOLACAO EM PVC/A, ANTICHAMA BWF-B, 1 CONDUTOR, 450/750 V, SECAO NOMINAL 6 MM2","M","CR",6.38,6.66,5.46,6.68,5.73,6.15,6.61,5.75,5.75,6.47,5.69,5.72,6.08,6.3,6.32,5.63,6.02,5.65,5.68,6.04,6.25,6.05,5.5,5.79,5.86,5.63,6.3]
["MATERIAL",39235,"CABO DE COBRE, FLEXIVEL, CLASSE 4 OU 5, ISOLACAO EM PVC/A, ANTICHAMA BWF-B, 1 CONDUTOR, 450/750 V, SECAO NOMINAL 70 MM2","M","CR",81.67,85.16,69.900000000000006,85.53,73.39,78.72,84.61,73.569999999999993,73.569999999999993,82.77,72.84,73.209999999999994,77.8,80.56,80.930000000000007,72.099999999999994,77.069999999999993,72.290000000000006,72.650000000000006,77.25,80.010000000000005,77.44,70.45,74.13,75.05,72.099999999999994,80.56]
["MATERIAL",39236,"CABO DE COBRE, FLEXIVEL, CLASSE 4 OU 5, ISOLACAO EM PVC/A, ANTICHAMA BWF-B, 1 CONDUTOR, 450/750 V, SECAO NOMINAL 95 MM2","M","CR",108.23,112.86,92.63,113.35,97.26,104.33,112.13,97.51,97.51,109.69,96.53,97.02,103.11,106.77,107.26,95.56,102.14,95.8,96.29,102.38,106.04,102.63,93.36,98.24,99.46,95.56,106.77]
["MATERIAL",993,"CABO DE COBRE, FLEXIVEL, CLASSE 4 OU 5, ISOLACAO EM PVC/A, ANTICHAMA BWF-B, COBERTURA PVC-ST1, ANTICHAMA BWF-B, 1 CONDUTOR, 0,6/1 KV, SECAO NOMINAL 1,5 MM2","M","CR",2.2799999999999998,2.38,1.95,2.39,2.0499999999999998,2.2000000000000002,2.36,2.0499999999999998,2.0499999999999998,2.31,2.0299999999999998,2.04,2.17,2.25,2.2599999999999998,2.0099999999999998,2.15,2.02,2.0299999999999998,2.16,2.23,2.16,1.96,2.0699999999999998,2.09,2.0099999999999998,2.25]
["MATERIAL",1020,"CABO DE COBRE, FLEXIVEL, CLASSE 4 OU 5, ISOLACAO EM PVC/A, ANTICHAMA BWF-B, COBERTURA PVC-ST1, ANTICHAMA BWF-B, 1 CONDUTOR, 0,6/1 KV, SECAO NOMINAL 10 MM2","M","CR",11.63,12.13,9.9499999999999993,12.18,10.45,11.21,12.05,10.48,10.48,11.79,10.37,10.42,11.08,11.47,11.52,10.27,10.97,10.29,10.35,11,11.39,11.03,10.029999999999999,10.55,10.69,10.27,11.47]
["MATERIAL",1017,"CABO DE COBRE, FLEXIVEL, CLASSE 4 OU 5, ISOLACAO EM PVC/A, ANTICHAMA BWF-B, COBERTURA PVC-ST1, ANTICHAMA BWF-B, 1 CONDUTOR, 0,6/1 KV, SECAO NOMINAL 120 MM2","M","CR",142.54,148.63999999999999,121.99,149.28,128.09,137.4,147.68,128.41,128.41,144.47,127.13,127.77,135.80000000000001,140.61000000000001,141.25,125.84,134.51,126.17,126.81,134.83000000000001,139.65,135.15,122.96,129.38,130.97999999999999,125.84,140.61000000000001]
["MATERIAL",999,"CABO DE COBRE, FLEXIVEL, CLASSE 4 OU 5, ISOLACAO EM PVC/A, ANTICHAMA BWF-B, COBERTURA PVC-ST1, ANTICHAMA BWF-B, 1 CONDUTOR, 0,6/1 KV, SECAO NOMINAL 150 MM2","M","CR",172.69,180.08,147.80000000000001,180.86,155.19,166.47,178.91,155.58000000000001,155.58000000000001,175.02,154.02000000000001,154.80000000000001,164.52,170.36,171.13,152.46,162.97,152.85,153.63,163.35,169.19,163.74,148.96,156.74,158.69,152.46,170.36]
["MATERIAL",995,"CABO DE COBRE, FLEXIVEL, CLASSE 4 OU 5, ISOLACAO EM PVC/A, ANTICHAMA BWF-B, COBERTURA PVC-ST1, ANTICHAMA BWF-B, 1 CONDUTOR, 0,6/1 KV, SECAO NOMINAL 16 MM2","M","CR",18.52,19.309999999999999,15.85,19.399999999999999,16.64,17.850000000000001,19.190000000000001,16.68,16.68,18.77,16.52,16.600000000000001,17.64,18.27,18.350000000000001,16.350000000000001,17.48,16.39,16.48,17.52,18.14,17.559999999999999,15.97,16.809999999999999,17.02,16.350000000000001,18.27]
["MATERIAL",1000,"CABO DE COBRE, FLEXIVEL, CLASSE 4 OU 5, ISOLACAO EM PVC/A, ANTICHAMA BWF-B, COBERTURA PVC-ST1, ANTICHAMA BWF-B, 1 CONDUTOR, 0,6/1 KV, SECAO NOMINAL 185 MM2","M","CR",212.12,221.19,181.54,222.15,190.62,204.47,219.76,191.09,191.09,214.98,189.18,190.14,202.08,209.25,210.2,187.27,200.17,187.75,188.71,200.65,207.82,201.13,182.97,192.53,194.92,187.27,209.25]
["MATERIAL",1022,"CABO DE COBRE, FLEXIVEL, CLASSE 4 OU 5, ISOLACAO EM PVC/A, ANTICHAMA BWF-B, COBERTURA PVC-ST1, ANTICHAMA BWF-B, 1 CONDUTOR, 0,6/1 KV, SECAO NOMINAL 2,5 MM2","M","CR",3.18,3.32,2.72,3.33,2.86,3.06,3.29,2.86,2.86,3.22,2.83,2.85,3.03,3.14,3.15,2.81,3,2.81,2.83,3.01,3.11,3.01,2.74,2.89,2.92,2.81,3.14]
["MATERIAL",1015,"CABO DE COBRE, FLEXIVEL, CLASSE 4 OU 5, ISOLACAO EM PVC/A, ANTICHAMA BWF-B, COBERTURA PVC-ST1, ANTICHAMA BWF-B, 1 CONDUTOR, 0,6/1 KV, SECAO NOMINAL 240 MM2","M","CR",281.87,293.93,241.24,295.2,253.3,271.70999999999998,292.02999999999997,253.94,253.94,285.68,251.4,252.67,268.54000000000002,278.06,279.33,248.86,266,249.49,250.76,266.63,276.16000000000003,267.27,243.15,255.84,259.02,248.86,278.06]
["MATERIAL",996,"CABO DE COBRE, FLEXIVEL, CLASSE 4 OU 5, ISOLACAO EM PVC/A, ANTICHAMA BWF-B, COBERTURA PVC-ST1, ANTICHAMA BWF-B, 1 CONDUTOR, 0,6/1 KV, SECAO NOMINAL 25 MM2","M","CR",28.72,29.95,24.58,30.08,25.81,27.68,29.75,25.87,25.87,29.11,25.61,25.74,27.36,28.33,28.46,25.35,27.1,25.42,25.55,27.17,28.14,27.23,24.77,26.07,26.39,25.35,28.33]
["MATERIAL",1001,"CABO DE COBRE, FLEXIVEL, CLASSE 4 OU 5, ISOLACAO EM PVC/A, ANTICHAMA BWF-B, COBERTURA PVC-ST1, ANTICHAMA BWF-B, 1 CONDUTOR, 0,6/1 KV, SECAO NOMINAL 300 MM2","M","CR",365.72,381.37,313,383.02,328.65,352.54,378.9,329.48,329.48,370.66,326.18,327.83,348.42,360.78,362.43,322.89,345.13,323.70999999999998,325.36,345.95,358.31,346.78,315.47000000000003,331.95,336.07,322.89,360.78]
["MATERIAL",1019,"CABO DE COBRE, FLEXIVEL, CLASSE 4 OU 5, ISOLACAO EM PVC/A, ANTICHAMA BWF-B, COBERTURA PVC-ST1, ANTICHAMA BWF-B, 1 CONDUTOR, 0,6/1 KV, SECAO NOMINAL 35 MM2","M","CR",40.58,42.32,34.729999999999997,42.5,36.47,39.119999999999997,42.04,36.56,36.56,41.13,36.19,36.380000000000003,38.659999999999997,40.03,40.22,35.83,38.299999999999997,35.92,36.1,38.39,39.76,38.479999999999997,35.01,36.83,37.29,35.83,40.03]
["MATERIAL",1021,"CABO DE COBRE, FLEXIVEL, CLASSE 4 OU 5, ISOLACAO EM PVC/A, ANTICHAMA BWF-B, COBERTURA PVC-ST1, ANTICHAMA BWF-B, 1 CONDUTOR, 0,6/1 KV, SECAO NOMINAL 4 MM2","M","CR",4.88,5.09,4.17,5.1100000000000003,4.38,4.7,5.05,4.3899999999999997,4.3899999999999997,4.9400000000000004,4.3499999999999996,4.37,4.6500000000000004,4.8099999999999996,4.83,4.3099999999999996,4.5999999999999996,4.32,4.34,4.6100000000000003,4.78,4.63,4.21,4.43,4.4800000000000004,4.3099999999999996,4.8099999999999996]
["MATERIAL",39249,"CABO DE COBRE, FLEXIVEL, CLASSE 4 OU 5, ISOLACAO EM PVC/A, ANTICHAMA BWF-B, COBERTURA PVC-ST1, ANTICHAMA BWF-B, 1 CONDUTOR, 0,6/1 KV, SECAO NOMINAL 400 MM2","M","CR",491.74,512.78,420.85,514.99,441.9,474.02,509.46,443,443,498.38,438.57,440.79,468.48,485.09,487.31,434.14,464.05,435.25,437.47,465.16,481.77,466.26,424.18,446.33,451.86,434.14,485.09]
["MATERIAL",1018,"CABO DE COBRE, FLEXIVEL, CLASSE 4 OU 5, ISOLACAO EM PVC/A, ANTICHAMA BWF-B, COBERTURA PVC-ST1, ANTICHAMA BWF-B, 1 CONDUTOR, 0,6/1 KV, SECAO NOMINAL 50 MM2","M","CR",60.01,62.58,51.36,62.85,53.93,57.85,62.17,54.06,54.06,60.82,53.52,53.79,57.17,59.2,59.47,52.98,56.63,53.12,53.39,56.77,58.79,56.9,51.76,54.47,55.14,52.98,59.2]
["MATERIAL",39250,"CABO DE COBRE, FLEXIVEL, CLASSE 4 OU 5, ISOLACAO EM PVC/A, ANTICHAMA BWF-B, COBERTURA PVC-ST1, ANTICHAMA BWF-B, 1 CONDUTOR, 0,6/1 KV, SECAO NOMINAL 500 MM2","M","CR",588.22,613.4,503.43,616.04999999999995,528.61,567.03,609.41999999999996,529.92999999999995,529.92999999999995,596.16999999999996,524.63,527.28,560.4,580.28,582.92999999999995,519.33000000000004,555.1,520.66,523.30999999999995,556.42999999999995,576.29999999999995,557.75,507.41,533.91,540.53,519.33000000000004,580.28]
["MATERIAL",994,"CABO DE COBRE, FLEXIVEL, CLASSE 4 OU 5, ISOLACAO EM PVC/A, ANTICHAMA BWF-B, COBERTURA PVC-ST1, ANTICHAMA BWF-B, 1 CONDUTOR, 0,6/1 KV, SECAO NOMINAL 6 MM2","M","CR",7.1,7.4,6.07,7.43,6.38,6.84,7.35,6.39,6.39,7.19,6.33,6.36,6.76,7,7.03,6.26,6.7,6.28,6.31,6.71,6.95,6.73,6.12,6.44,6.52,6.26,7]
["MATERIAL",977,"CABO DE COBRE, FLEXIVEL, CLASSE 4 OU 5, ISOLACAO EM PVC/A, ANTICHAMA BWF-B, COBERTURA PVC-ST1, ANTICHAMA BWF-B, 1 CONDUTOR, 0,6/1 KV, SECAO NOMINAL 70 MM2","M","CR",83.95,87.54,71.849999999999994,87.92,75.44,80.930000000000007,86.98,75.63,75.63,85.09,74.87,75.25,79.98,82.82,83.19,74.12,79.22,74.31,74.69,79.41,82.25,79.599999999999994,72.42,76.2,77.14,74.12,82.82]
["MATERIAL",998,"CABO DE COBRE, FLEXIVEL, CLASSE 4 OU 5, ISOLACAO EM PVC/A, ANTICHAMA BWF-B, COBERTURA PVC-ST1, ANTICHAMA BWF-B, 1 CONDUTOR, 0,6/1 KV, SECAO NOMINAL 95 MM2","M","CR",109,113.66,93.29,114.15,97.95,105.07,112.93,98.2,98.2,110.47,97.21,97.71,103.84,107.53,108.02,96.23,102.86,96.48,96.97,103.11,106.79,103.35,94.02,98.93,100.16,96.23,107.53]
["MATERIAL",1006,"CABO DE COBRE, RIGIDO, CLASSE 2, ISOLACAO EM PVC, ANTI-CHAMA BWF-B, 1 CONDUTOR, 450/750 V, DIAMETRO 120 MM2","M","CR",144.43,150.61000000000001,123.61,151.26,129.79,139.22999999999999,149.63,130.12,130.12,146.38,128.82,129.47,137.6,142.47999999999999,143.13,127.51,136.30000000000001,127.84,128.49,136.62,141.5,136.94999999999999,124.59,131.09,132.72,127.51,142.47999999999999]
["MATERIAL",990,"CABO DE COBRE, RIGIDO, CLASSE 2, ISOLACAO EM PVC/A, ANTICHAMA BWF-B, 1 CONDUTOR, 450/750 V, SECAO NOMINAL 150 MM2","M","CR",192.05,200.26,164.36,201.13,172.58,185.12,198.97,173.01,173.01,194.64,171.28,172.15,182.96,189.45,190.32,169.55,181.23,169.99,170.85,181.66,188.15,182.1,165.66,174.31,176.47,169.55,189.45]
["MATERIAL",39241,"CABO DE COBRE, RIGIDO, CLASSE 2, ISOLACAO EM PVC/A, ANTICHAMA BWF-B, 1 CONDUTOR, 450/750 V, SECAO NOMINAL 16 MM2","M","CR",18.91,19.71,16.18,19.8,16.989999999999998,18.22,19.59,17.03,17.03,19.16,16.86,16.95,18.010000000000002,18.649999999999999,18.739999999999998,16.690000000000001,17.84,16.73,16.82,17.88,18.52,17.93,16.309999999999999,17.16,17.37,16.690000000000001,18.649999999999999]
["MATERIAL",1005,"CABO DE COBRE, RIGIDO, CLASSE 2, ISOLACAO EM PVC/A, ANTICHAMA BWF-B, 1 CONDUTOR, 450/750 V, SECAO NOMINAL 185 MM2","M","CR",239.11,249.34,204.64,250.42,214.87,230.49,247.72,215.41,215.41,242.34,213.26,214.34,227.8,235.88,236.95,211.1,225.64,211.64,212.72,226.18,234.26,226.72,206.26,217.03,219.72,211.1,235.88]
["MATERIAL",991,"CABO DE COBRE, RIGIDO, CLASSE 2, ISOLACAO EM PVC/A, ANTICHAMA BWF-B, 1 CONDUTOR, 450/750 V, SECAO NOMINAL 240 MM2","M","CR",313.18,326.58,268.04000000000002,327.99,281.44,301.89999999999998,324.47000000000003,282.14,282.14,317.41000000000003,279.32,280.73,298.37,308.95,310.36,276.5,295.55,277.20999999999998,278.62,296.25,306.83,296.95999999999998,270.14999999999998,284.26,287.79000000000002,276.5,308.95]
["MATERIAL",986,"CABO DE COBRE, RIGIDO, CLASSE 2, ISOLACAO EM PVC/A, ANTICHAMA BWF-B, 1 CONDUTOR, 450/750 V, SECAO NOMINAL 25 MM2","M","CR",29.87,31.15,25.56,31.28,26.84,28.79,30.95,26.91,26.91,30.27,26.64,26.78,28.46,29.47,29.6,26.37,28.19,26.44,26.57,28.26,29.26,28.32,25.77,27.11,27.45,26.37,29.47]
["MATERIAL",987,"CABO DE COBRE, RIGIDO, CLASSE 2, ISOLACAO EM PVC/A, ANTICHAMA BWF-B, 1 CONDUTOR, 450/750 V, SECAO NOMINAL 35 MM2","M","CR",40.89,42.64,35,42.83,36.75,39.42,42.36,36.840000000000003,36.840000000000003,41.44,36.47,36.65,38.96,40.340000000000003,40.520000000000003,36.1,38.590000000000003,36.19,36.380000000000003,38.68,40.06,38.770000000000003,35.270000000000003,37.11,37.58,36.1,40.340000000000003]
["MATERIAL",1007,"CABO DE COBRE, RIGIDO, CLASSE 2, ISOLACAO EM PVC/A, ANTICHAMA BWF-B, 1 CONDUTOR, 450/750 V, SECAO NOMINAL 50 MM2","M","CR",56.6,59.02,48.44,59.28,50.86,54.56,58.64,50.99,50.99,57.37,50.48,50.74,53.92,55.84,56.09,49.97,53.41,50.1,50.36,53.54,55.45,53.67,48.83,51.37,52.01,49.97,55.84]
["MATERIAL",1008,"CABO DE COBRE, RIGIDO, CLASSE 2, ISOLACAO EM PVC/A, ANTICHAMA BWF-B, 1 CONDUTOR, 450/750 V, SECAO NOMINAL 6 MM2","M","CR",7.18,7.49,6.15,7.52,6.46,6.93,7.44,6.47,6.47,7.28,6.41,6.44,6.84,7.09,7.12,6.34,6.78,6.36,6.39,6.8,7.04,6.81,6.2,6.52,6.6,6.34,7.09]
["MATERIAL",988,"CABO DE COBRE, RIGIDO, CLASSE 2, ISOLACAO EM PVC/A, ANTICHAMA BWF-B, 1 CONDUTOR, 450/750 V, SECAO NOMINAL 70 MM2","M","CR",78.05,81.39,66.8,81.739999999999995,70.14,75.23,80.86,70.31,70.31,79.099999999999994,69.61,69.959999999999994,74.349999999999994,76.989999999999995,77.34,68.91,73.650000000000006,69.08,69.430000000000007,73.83,76.459999999999994,74,67.319999999999993,70.84,71.72,68.91,76.989999999999995]
["MATERIAL",989,"CABO DE COBRE, RIGIDO, CLASSE 2, ISOLACAO EM PVC/A, ANTICHAMA BWF-B, 1 CONDUTOR, 450/750 V, SECAO NOMINAL 95 MM2","M","CR",107.73,112.34,92.2,112.83,96.81,103.85,111.61,97.06,97.06,109.19,96.09,96.57,102.64,106.28,106.76,95.11,101.67,95.36,95.84,101.91,105.55,102.15,92.93,97.78,99,95.11,106.28]
["MATERIAL",43972,"CABO DE REDE, PAR TRANCADO U/UTP, 4 PARES, CATEGORIA 5E (CAT 5E), ISOLAMENTO PVC (CM)","M","CR",3.93,3.49,3.6,2.73,3.4,3.51,4.42,3.39,3.97,4.12,3.62,4.79,4.7300000000000004,4.6100000000000003,4.46,3.55,5.55,4.93,4.1100000000000003,3.56,2.94,3.86,3.86,4.32,3.56,4.29,4.6100000000000003]
["MATERIAL",43971,"CABO DE REDE, PAR TRANCADO U/UTP, 4 PARES, CATEGORIA 5E (CAT 5E), ISOLAMENTO PVC (CMX)","M","C",3,2.67,2.75,2.09,2.6,2.68,3.38,2.59,3.03,3.15,2.77,3.66,3.61,3.52,3.41,2.71,4.24,3.77,3.14,2.72,2.25,2.95,2.95,3.3,2.72,3.28,3.52]
["MATERIAL",39598,"CABO DE REDE, PAR TRANCADO U/UTP, 4 PARES, CATEGORIA 5E (CAT 5E), ISOLAMENTO PVC (LSZH)","M","CR",5.56,4.95,5.0999999999999996,3.87,4.82,4.97,6.27,4.8,5.62,5.84,5.13,6.79,6.69,6.53,6.32,5.0199999999999996,7.86,6.99,5.82,5.04,4.17,5.47,5.47,6.12,5.04,6.08,6.53]
["MATERIAL",43973,"CABO DE REDE, PAR TRANCADO U/UTP, 4 PARES, CATEGORIA 6 (CAT 6), ISOLAMENTO PVC (CM)","M","CR",4.1100000000000003,3.65,3.76,2.86,3.56,3.67,4.63,3.54,4.1500000000000004,4.3099999999999996,3.79,5.01,4.9400000000000004,4.82,4.67,3.71,5.8,5.16,4.3,3.72,3.08,4.04,4.04,4.5199999999999996,3.72,4.49,4.82]
["MATERIAL",39599,"CABO DE REDE, PAR TRANCADO UTP, 4 PARES, CATEGORIA 6 (CAT 6), ISOLAMENTO PVC (LSZH)","M","CR",8,7.12,7.33,5.57,6.93,7.15,9.02,6.91,8.08,8.4,7.39,9.76,9.6300000000000008,9.39,9.1,7.23,11.31,10.06,8.3800000000000008,7.25,6,7.87,7.87,8.8000000000000007,7.25,8.75,9.39]
["MATERIAL",43832,"CABO ELETRONICO CATEGORIA 6A U/UTP 23AWG X 4P","M","CR",21.08,18.760000000000002,19.32,14.68,18.27,18.829999999999998,23.75,18.2,21.29,22.13,19.46,25.72,25.36,24.73,23.96,19.04,29.79,26.49,22.06,19.11,15.81,20.73,20.73,23.19,19.11,23.05,24.73]
["MATERIAL",34602,"CABO FLEXIVEL PVC 750 V, 2 CONDUTORES DE 1,5 MM2","M","CR",4.9400000000000004,5.15,4.2300000000000004,5.17,4.4400000000000004,4.76,5.12,4.45,4.45,5.01,4.41,4.43,4.71,4.87,4.9000000000000004,4.3600000000000003,4.66,4.37,4.4000000000000004,4.67,4.84,4.68,4.26,4.4800000000000004,4.54,4.3600000000000003,4.87]
["MATERIAL",34607,"CABO FLEXIVEL PVC 750 V, 2 CONDUTORES DE 4,0 MM2","M","CR",12.11,12.63,10.36,12.68,10.88,11.67,12.55,10.91,10.91,12.27,10.8,10.85,11.54,11.94,12,10.69,11.43,10.72,10.77,11.45,11.86,11.48,10.44,10.99,11.13,10.69,11.94]
["MATERIAL",34609,"CABO FLEXIVEL PVC 750 V, 2 CONDUTORES DE 6,0 MM2","M","CR",17.62,18.37,15.08,18.45,15.83,16.98,18.25,15.87,15.87,17.850000000000001,15.71,15.79,16.78,17.38,17.46,15.55,16.62,15.59,15.67,16.66,17.260000000000002,16.7,15.19,15.99,16.190000000000001,15.55,17.38]
["MATERIAL",34618,"CABO FLEXIVEL PVC 750 V, 3 CONDUTORES DE 1,5 MM2","M","CR",6.74,7.02,5.76,7.05,6.05,6.49,6.98,6.07,6.07,6.83,6.01,6.04,6.42,6.64,6.68,5.95,6.36,5.96,5.99,6.37,6.6,6.39,5.81,6.11,6.19,5.95,6.64]
["MATERIAL",34621,"CABO FLEXIVEL PVC 750 V, 3 CONDUTORES DE 4,0 MM2","M","CR",16.7,17.41,14.29,17.48,15,16.09,17.3,15.04,15.04,16.920000000000002,14.89,14.96,15.91,16.47,16.54,14.74,15.75,14.78,14.85,15.79,16.36,15.83,14.4,15.15,15.34,14.74,16.47]
["MATERIAL",34622,"CABO FLEXIVEL PVC 750 V, 3 CONDUTORES DE 6,0 MM2","M","CR",24.8,25.86,21.23,25.98,22.29,23.91,25.7,22.34,22.34,25.14,22.12,22.23,23.63,24.47,24.58,21.9,23.41,21.95,22.06,23.46,24.3,23.52,21.39,22.51,22.79,21.9,24.47]
["MATERIAL",34624,"CABO FLEXIVEL PVC 750 V, 4 CONDUTORES DE 1,5 MM2","M","CR",8.99,9.3800000000000008,7.7,9.42,8.08,8.67,9.32,8.1,8.1,9.1199999999999992,8.02,8.06,8.57,8.8699999999999992,8.91,7.94,8.49,7.96,8,8.51,8.81,8.5299999999999994,7.76,8.16,8.27,7.94,8.8699999999999992]
["MATERIAL",34627,"CABO FLEXIVEL PVC 750 V, 4 CONDUTORES DE 4,0 MM2","M","CR",21.69,22.62,18.559999999999999,22.72,19.489999999999998,20.91,22.47,19.54,19.54,21.98,19.34,19.440000000000001,20.66,21.4,21.49,19.149999999999999,20.47,19.2,19.3,20.52,21.25,20.57,18.71,19.690000000000001,19.93,19.149999999999999,21.4]
["MATERIAL",34629,"CABO FLEXIVEL PVC 750 V, 4 CONDUTORES DE 6,0 MM2","M","CR",33.14,34.56,28.36,34.71,29.78,31.94,34.33,29.85,29.85,33.590000000000003,29.56,29.7,31.57,32.69,32.840000000000003,29.26,31.27,29.33,29.48,31.35,32.47,31.42,28.59,30.08,30.45,29.26,32.69]
["MATERIAL",39257,"CABO MULTIPOLAR DE COBRE, FLEXIVEL, CLASSE 4 OU 5, ISOLACAO EM HEPR, COBERTURA EM PVC-ST2, ANTICHAMA BWF-B, 0,6/1 KV, 3 CONDUTORES DE 1,5 MM2","M","CR",6.74,7.03,5.77,7.06,6.06,6.5,6.99,6.07,6.07,6.83,6.01,6.04,6.42,6.65,6.68,5.95,6.36,5.97,6,6.38,6.61,6.39,5.82,6.12,6.2,5.95,6.65]
["MATERIAL",39261,"CABO MULTIPOLAR DE COBRE, FLEXIVEL, CLASSE 4 OU 5, ISOLACAO EM HEPR, COBERTURA EM PVC-ST2, ANTICHAMA BWF-B, 0,6/1 KV, 3 CONDUTORES DE 10 MM2","M","CR",38.61,40.26,33.04,40.44,34.700000000000003,37.22,40,34.78,34.78,39.130000000000003,34.44,34.61,36.78,38.090000000000003,38.26,34.090000000000003,36.44,34.17,34.35,36.520000000000003,37.83,36.61,33.299999999999997,35.04,35.479999999999997,34.090000000000003,38.090000000000003]
["MATERIAL",39268,"CABO MULTIPOLAR DE COBRE, FLEXIVEL, CLASSE 4 OU 5, ISOLACAO EM HEPR, COBERTURA EM PVC-ST2, ANTICHAMA BWF-B, 0,6/1 KV, 3 CONDUTORES DE 120 MM2","M","CR",603.49,629.30999999999995,516.5,632.03,542.32000000000005,581.74,625.23,543.67999999999995,543.67999999999995,611.64,538.24,540.96,574.94000000000005,595.33000000000004,598.04999999999995,532.80999999999995,569.51,534.16999999999996,536.89,570.87,591.25,572.23,520.57000000000005,547.76,554.55999999999995,532.80999999999995,595.33000000000004]
["MATERIAL",39262,"CABO MULTIPOLAR DE COBRE, FLEXIVEL, CLASSE 4 OU 5, ISOLACAO EM HEPR, COBERTURA EM PVC-ST2, ANTICHAMA BWF-B, 0,6/1 KV, 3 CONDUTORES DE 16 MM2","M","CR",61.48,64.11,52.62,64.39,55.25,59.27,63.7,55.39,55.39,62.31,54.83,55.11,58.57,60.65,60.93,54.28,58.02,54.42,54.7,58.16,60.24,58.3,53.03,55.8,56.5,54.28,60.65]
["MATERIAL",39258,"CABO MULTIPOLAR DE COBRE, FLEXIVEL, CLASSE 4 OU 5, ISOLACAO EM HEPR, COBERTURA EM PVC-ST2, ANTICHAMA BWF-B, 0,6/1 KV, 3 CONDUTORES DE 2,5 MM2","M","CR",10.16,10.6,8.6999999999999993,10.64,9.1300000000000008,9.8000000000000007,10.53,9.16,9.16,10.3,9.06,9.11,9.68,10.029999999999999,10.07,8.9700000000000006,9.59,9,9.0399999999999991,9.61,9.9600000000000009,9.64,8.77,9.2200000000000006,9.34,8.9700000000000006,10.029999999999999]
["MATERIAL",39263,"CABO MULTIPOLAR DE COBRE, FLEXIVEL, CLASSE 4 OU 5, ISOLACAO EM HEPR, COBERTURA EM PVC-ST2, ANTICHAMA BWF-B, 0,6/1 KV, 3 CONDUTORES DE 25 MM2","M","CR",106.31,110.86,90.99,111.34,95.54,102.48,110.15,95.78,95.78,107.75,94.82,95.3,101.29,104.88,105.36,93.86,100.33,94.1,94.58,100.57,104.16,100.81,91.71,96.5,97.69,93.86,104.88]
["MATERIAL",39264,"CABO MULTIPOLAR DE COBRE, FLEXIVEL, CLASSE 4 OU 5, ISOLACAO EM HEPR, COBERTURA EM PVC-ST2, ANTICHAMA BWF-B, 0,6/1 KV, 3 CONDUTORES DE 35 MM2","M","CR",147.28,153.58000000000001,126.05,154.24,132.35,141.97,152.58000000000001,132.68,132.68,149.27000000000001,131.35,132.02000000000001,140.31,145.29,145.94999999999999,130.03,138.97999999999999,130.36000000000001,131.02000000000001,139.31,144.29,139.65,127.04,133.68,135.33000000000001,130.03,145.29]
["MATERIAL",39259,"CABO MULTIPOLAR DE COBRE, FLEXIVEL, CLASSE 4 OU 5, ISOLACAO EM HEPR, COBERTURA EM PVC-ST2, ANTICHAMA BWF-B, 0,6/1 KV, 3 CONDUTORES DE 4 MM2","M","CR",15.65,16.32,13.39,16.39,14.06,15.09,16.22,14.1,14.1,15.86,13.96,14.03,14.91,15.44,15.51,13.82,14.77,13.85,13.92,14.8,15.33,14.84,13.5,14.21,14.38,13.82,15.44]
["MATERIAL",39265,"CABO MULTIPOLAR DE COBRE, FLEXIVEL, CLASSE 4 OU 5, ISOLACAO EM HEPR, COBERTURA EM PVC-ST2, ANTICHAMA BWF-B, 0,6/1 KV, 3 CONDUTORES DE 50 MM2","M","CR",199.95,208.51,171.13,209.41,179.68,192.74,207.15,180.13,180.13,202.65,178.33,179.23,190.49,197.25,198.15,176.53,188.69,176.98,177.88,189.14,195.9,189.59,172.48,181.48,183.74,176.53,197.25]
["MATERIAL",39260,"CABO MULTIPOLAR DE COBRE, FLEXIVEL, CLASSE 4 OU 5, ISOLACAO EM HEPR, COBERTURA EM PVC-ST2, ANTICHAMA BWF-B, 0,6/1 KV, 3 CONDUTORES DE 6 MM2","M","CR",23.97,24.99,20.51,25.1,21.54,23.1,24.83,21.59,21.59,24.29,21.37,21.48,22.83,23.64,23.75,21.16,22.62,21.21,21.32,22.67,23.48,22.72,20.67,21.75,22.02,21.16,23.64]
["MATERIAL",39266,"CABO MULTIPOLAR DE COBRE, FLEXIVEL, CLASSE 4 OU 5, ISOLACAO EM HEPR, COBERTURA EM PVC-ST2, ANTICHAMA BWF-B, 0,6/1 KV, 3 CONDUTORES DE 70 MM2","M","CR",301.72000000000003,314.63,258.23,315.99,271.14,290.85000000000002,312.58999999999997,271.82,271.82,305.8,269.10000000000002,270.45999999999998,287.45,297.64,299,266.38,284.73,267.06,268.42,285.41000000000003,295.60000000000002,286.08999999999997,260.27,273.86,277.25,266.38,297.64]
["MATERIAL",39267,"CABO MULTIPOLAR DE COBRE, FLEXIVEL, CLASSE 4 OU 5, ISOLACAO EM HEPR, COBERTURA EM PVC-ST2, ANTICHAMA BWF-B, 0,6/1 KV, 3 CONDUTORES DE 95 MM2","M","CR",377.23,393.37,322.85000000000002,395.07,338.99,363.63,390.82,339.84,339.84,382.33,336.45,338.15,359.39,372.13,373.83,333.05,355.99,333.9,335.6,356.84,369.58,357.69,325.39999999999998,342.39,346.64,333.05,372.13]
["MATERIAL",11901,"CABO TELEFONICO CCI 50, 1 PAR, USO INTERNO, SEM BLINDAGEM","M","CR",0.72,0.64,0.66,0.5,0.62,0.64,0.81,0.62,0.73,0.76,0.66,0.88,0.87,0.84,0.82,0.65,1.02,0.9,0.75,0.65,0.54,0.71,0.71,0.79,0.65,0.79,0.84]
["MATERIAL",11902,"CABO TELEFONICO CCI 50, 2 PARES, USO INTERNO, SEM BLINDAGEM","M","CR",1.38,1.23,1.26,0.96,1.19,1.23,1.55,1.19,1.39,1.45,1.27,1.68,1.66,1.62,1.57,1.24,1.95,1.73,1.44,1.25,1.03,1.35,1.35,1.52,1.25,1.51,1.62]
["MATERIAL",11903,"CABO TELEFONICO CCI 50, 3 PARES, USO INTERNO, SEM BLINDAGEM","M","CR",1.46,1.3,1.34,1.01,1.26,1.3,1.64,1.26,1.47,1.53,1.35,1.78,1.76,1.71,1.66,1.32,2.06,1.83,1.53,1.32,1.0900000000000001,1.43,1.43,1.6,1.32,1.59,1.71]
["MATERIAL",11904,"CABO TELEFONICO CCI 50, 4 PARES, USO INTERNO, SEM BLINDAGEM","M","CR",2.21,1.97,2.0299999999999998,1.54,1.92,1.98,2.4900000000000002,1.91,2.2400000000000002,2.3199999999999998,2.04,2.7,2.66,2.6,2.52,2,3.13,2.78,2.3199999999999998,2.0099999999999998,1.66,2.1800000000000002,2.1800000000000002,2.4300000000000002,2.0099999999999998,2.42,2.6]
["MATERIAL",11905,"CABO TELEFONICO CCI 50, 5 PARES, USO INTERNO, SEM BLINDAGEM","M","CR",2.7,2.4,2.4700000000000002,1.88,2.34,2.41,3.04,2.33,2.73,2.83,2.4900000000000002,3.29,3.25,3.17,3.07,2.44,3.82,3.39,2.83,2.4500000000000002,2.02,2.65,2.65,2.97,2.4500000000000002,2.95,3.17]
["MATERIAL",11906,"CABO TELEFONICO CCI 50, 6 PARES, USO INTERNO, SEM BLINDAGEM","M","CR",3.43,3.06,3.15,2.39,2.97,3.07,3.87,2.96,3.47,3.61,3.17,4.1900000000000004,4.13,4.03,3.9,3.1,4.8499999999999996,4.32,3.59,3.11,2.57,3.38,3.38,3.78,3.11,3.75,4.03]
["MATERIAL",11919,"CABO TELEFONICO CI 50, 10 PARES, USO INTERNO","M","CR",6.29,5.6,5.77,4.38,5.45,5.62,7.09,5.43,6.36,6.61,5.81,7.68,7.57,7.38,7.15,5.68,8.9,7.91,6.59,5.7,4.72,6.19,6.19,6.92,5.7,6.88,7.38]
["MATERIAL",11920,"CABO TELEFONICO CI 50, 20 PARES, USO INTERNO","M","CR",11.95,10.64,10.96,8.33,10.36,10.68,13.47,10.32,12.07,12.55,11.04,14.58,14.39,14.03,13.59,10.8,16.899999999999999,15.02,12.51,10.84,8.9600000000000009,11.75,11.75,13.15,10.84,13.07,14.03]
["MATERIAL",11924,"CABO TELEFONICO CI 50, 200 PARES, USO INTERNO","M","CR",100.36,89.32,92,69.92,86.98,89.66,113.08,86.65,101.37,105.38,92.67,122.45,120.77,117.76,114.08,90.66,141.85,126.13,105.05,91,75.27,98.69,98.69,110.4,91,109.73,117.76]
["MATERIAL",11921,"CABO TELEFONICO CI 50, 30 PARES, USO INTERNO","M","CR",17.489999999999998,15.57,16.03,12.18,15.16,15.63,19.71,15.1,17.670000000000002,18.37,16.149999999999999,21.34,21.05,20.52,19.88,15.8,24.72,21.98,18.309999999999999,15.86,13.12,17.2,17.2,19.239999999999998,15.86,19.12,20.52]
["MATERIAL",11922,"CABO TELEFONICO CI 50, 50 PARES, USO INTERNO","M","CR",28.29,25.17,25.93,19.71,24.51,25.27,31.87,24.42,28.57,29.7,26.12,34.51,34.04,33.19,32.15,25.55,39.979999999999997,35.549999999999997,29.61,25.65,21.21,27.82,27.82,31.12,25.65,30.93,33.19]
["MATERIAL",11923,"CABO TELEFONICO CI 50, 75 PARES, USO INTERNO","M","CR",41.41,36.85,37.96,28.85,35.89,36.99,46.66,35.75,41.82,43.48,38.229999999999997,50.52,49.83,48.59,47.07,37.409999999999997,58.53,52.04,43.34,37.54,31.06,40.72,40.72,45.55,37.54,45.27,48.59]
["MATERIAL",11916,"CABO TELEFONICO CTP - APL - 50, 10 PARES, USO EXTERNO","M","CR",8.61,7.66,7.89,6,7.46,7.69,9.6999999999999993,7.43,8.69,9.0399999999999991,7.95,10.5,10.36,10.1,9.7899999999999991,7.78,12.17,10.82,9.01,7.8,6.46,8.4700000000000006,8.4700000000000006,9.4700000000000006,7.8,9.41,10.1]
["MATERIAL",11914,"CABO TELEFONICO CTP - APL - 50, 100 PARES, USO EXTERNO","M","CR",62.04,55.21,56.87,43.22,53.77,55.42,69.900000000000006,53.56,62.66,65.14,57.28,75.69,74.650000000000006,72.790000000000006,70.52,56.04,87.68,77.959999999999994,64.930000000000007,56.25,46.53,61.01,61.01,68.239999999999995,56.25,67.83,72.790000000000006]
["MATERIAL",11917,"CABO TELEFONICO CTP - APL - 50, 20 PARES, USO EXTERNO","M","CR",15.16,13.5,13.9,10.56,13.14,13.55,17.09,13.09,15.32,15.92,14,18.5,18.25,17.79,17.239999999999998,13.7,21.43,19.059999999999999,15.87,13.75,11.37,14.91,14.91,16.68,13.75,16.579999999999998,17.79]
["MATERIAL",11918,"CABO TELEFONICO CTP - APL - 50, 30 PARES, USO EXTERNO","M","CR",17.989999999999998,16.010000000000002,16.489999999999998,12.53,15.59,16.07,20.27,15.53,18.170000000000002,18.89,16.61,21.95,21.65,21.11,20.45,16.25,25.42,22.61,18.829999999999998,16.309999999999999,13.49,17.690000000000001,17.690000000000001,19.79,16.309999999999999,19.670000000000002,21.11]
["EQUIPAMENTO (AQUISIÇÃO)",37734,"CACAMBA METALICA BASCULANTE COM CAPACIDADE DE 10 M3 (INCLUI MONTAGEM, NAO INCLUI CAMINHAO)","UN","CR",{"$nulls":4},58561.36,null,null,77223.77,null,null,84731.64,null,86876.74,null,null,null,64353.14,72933.56,77223.77,null,null,null,97816.78,null,44403.67,81699.7,77223.77]
["EQUIPAMENTO (AQUISIÇÃO)",42251,"CACAMBA METALICA BASCULANTE COM CAPACIDADE DE 12 M3 (INCLUI MONTAGEM, NAO INCLUI CAMINHAO)","UN","CR",{"$nulls":4},66500,null,null,87692.3,null,null,96217.94,null,98653.84,null,null,null,73076.92,82820.509999999995,87692.3,null,null,null,111076.92,null,50423.07,92775,87692.3]
["EQUIPAMENTO (AQUISIÇÃO)",37733,"CACAMBA METALICA BASCULANTE COM CAPACIDADE DE 6 M3 (INCLUI MONTAGEM, NAO INCLUI CAMINHAO)","UN","CR",{"$nulls":4},43909.09,null,null,57902.09,null,null,63531.46,null,65139.85,null,null,null,48251.74,54685.31,57902.09,null,null,null,73342.649999999994,null,33293.699999999997,61258.13,57902.09]
["EQUIPAMENTO (AQUISIÇÃO)",37735,"CACAMBA METALICA BASCULANTE COM CAPACIDADE DE 8 M3 (INCLUI MONTAGEM, NAO INCLUI CAMINHAO)","UN","CR",{"$nulls":4},52910.45,null,null,69772.02,null,null,76555.42,null,78493.53,null,null,null,58143.35,65895.8,69772.02,null,null,null,88377.9,null,40118.910000000003,73816.05,69772.02]
["MATERIAL",5090,"CADEADO SIMPLES, CORPO EM LATAO MACICO, COM LARGURA DE 25 MM E ALTURA DE APROX 25 MM, HASTE CEMENTADA (NAO LONGA), EM ACO TEMPERADO COM DIAMETRO DE APROX 5,0 MM, INCLUINDO 2 CHAVES","UN","C",21.5,20,24,19.95,20.7,21,19.989999999999998,19.88,22.8,19.5,22.4,23.32,26.48,21.25,23.06,22.9,21.25,19.55,21.9,20.39,24.2,21.99,21.34,22,21.99,20,24]
["MATERIAL",5085,"CADEADO SIMPLES, CORPO EM LATAO MACICO, COM LARGURA DE 35 MM E ALTURA DE APROX 30 MM, HASTE CEMENTADA (NAO LONGA), EM ACO TEMPERADO COM DIAMETRO DE APROX 6,0 MM, INCLUINDO 2 CHAVES","UN","CR",32.01,29.77,35.729999999999997,29.7,30.81,31.26,29.76,29.59,33.94,29.03,33.35,34.72,39.42,31.63,34.33,34.090000000000003,31.63,29.1,32.6,30.35,36.03,32.74,31.77,32.75,32.74,29.77,35.729999999999997]
["MATERIAL",43603,"CADEADO SIMPLES, CORPO EM LATAO MACICO, COM LARGURA DE 50 MM E ALTURA DE APROX 40 MM, HASTE CEMENTADA EM ACO TEMPERADO COM DIAMETRO DE APROX 8,0 MM, INCLUINDO 2 CHAVES","UN","CR",45.72,42.53,51.04,42.43,44.02,44.66,42.51,42.28,48.49,41.47,47.64,49.6,56.32,45.19,49.04,48.7,45.19,41.58,46.58,43.36,51.47,46.77,45.38,46.79,46.77,42.53,51.04]
["MATERIAL",38374,"CADEIRA SUSPENSA MANUAL / BALANCIM INDIVIDUAL (NBR 14751)","UN","CR",832.25,860.95,875.3,1033.1400000000001,837.99,897.11,801.26,757.63,703.11,781.17,794.37,897.68,1109.48,1010.18,996.4,925.81,1083.6500000000001,912.61,1033.1400000000001,800.68,918.34,1101.44,970,913.75,774.85,889.65,963.11]
["MATERIAL",4513,"CAIBRO 5 X 5 CM EM PINUS, MISTA OU EQUIVALENTE DA REGIAO - BRUTA","M","CR",4.8600000000000003,8.0500000000000007,5.46,6.54,6.75,7.78,5.34,5.64,7.21,8.06,5.54,5.09,8.15,7.73,8.4600000000000009,7.5,7.21,5.09,6.19,9.17,4.7699999999999996,4.72,4.9800000000000004,5.09,7.85,5.73,6.86]
["MATERIAL",20212,"CAIBRO APARELHADO *6 X 8* CM, EM MACARANDUBA/MASSARANDUBA, ANGELIM OU EQUIVALENTE DA REGIAO","M","CR",19.579999999999998,16.66,15.46,16.18,22.74,24.77,22.62,23.07,18.79,22.21,30.76,23.49,20.329999999999998,22.62,19.510000000000002,24.86,17.079999999999998,28.53,25.89,26.48,23.03,14.52,21.41,51.26,17.8,27.8,23.07]
["MATERIAL",20209,"CAIBRO APARELHADO *7,5 X 7,5* CM, EM MACARANDUBA/MASSARANDUBA, ANGELIM OU EQUIVALENTE DA REGIAO","M","CR",23.39,19.899999999999999,18.47,19.329999999999998,27.16,29.59,27.02,27.55,22.45,26.53,36.74,28.06,24.29,27.02,23.31,29.7,20.41,34.08,30.92,31.63,27.51,17.350000000000001,25.57,61.23,21.26,33.21,27.55]
["MATERIAL",4430,"CAIBRO NAO APARELHADO *5 X 6* CM, EM MACARANDUBA/MASSARANDUBA, ANGELIM OU EQUIVALENTE DA REGIAO - BRUTA","M","C",11.46,9.75,9.0500000000000007,9.4700000000000006,13.31,14.5,13.24,13.5,11,13,18,13.75,11.9,13.24,11.42,14.55,10,16.7,15.15,15.5,13.48,8.5,12.53,30,10.42,16.27,13.5]
["MATERIAL",4433,"CAIBRO NAO APARELHADO *6 X 6* CM, EM MACARANDUBA/MASSARANDUBA, ANGELIM OU EQUIVALENTE DA REGIAO - BRUTA","M","CR",22.41,19.059999999999999,17.690000000000001,18.52,26.03,28.35,25.89,26.4,21.51,25.42,35.200000000000003,26.89,23.27,25.89,22.33,28.45,19.55,32.659999999999997,29.62,30.31,26.36,16.62,24.5,58.67,20.37,31.81,26.4]
["MATERIAL",4400,"CAIBRO NAO APARELHADO, *6 X 8* CM, EM MACARANDUBA/MASSARANDUBA, ANGELIM OU EQUIVALENTE DA REGIAO - BRUTA","M","CR",18.239999999999998,15.51,14.4,15.07,21.18,23.07,21.07,21.48,17.5,20.69,28.65,21.88,18.940000000000001,21.07,18.170000000000002,23.15,15.91,26.58,24.11,24.67,21.45,13.52,19.940000000000001,47.75,16.579999999999998,25.89,21.48]
["MATERIAL",2729,"CAIBRO ROLICO DE MADEIRA TRATADA, D = 4 A 7 CM, H = 3,00 M, EM EUCALIPTO OU EQUIVALENTE DA REGIAO","UN","CR",null,33.619999999999997,null,33.619999999999997,33.619999999999997,null,28.38,null,31.68,null,24.37,44.59,35.21,null,null,37.479999999999997,null,39.299999999999997,35.78,null,36.630000000000003,null,45.05,27.61,null,29.95]
["MATERIAL",37106,"CAIXA D'AGUA / RESERVATORIO EM POLIESTER REFORCADO COM FIBRA DE VIDRO, 10000 LITROS, COM TAMPA","UN","CR",5053.97,5185.2299999999996,4989.97,4724.2,4707.93,5402.19,5304.56,5044.21,4566.37,5304.56,5326.25,5034.45,4988.8900000000003,5629.45,5098.45,4554.9799999999996,5813.32,5537.78,4773.0200000000004,4946.04,5738.47,5776.44,5422.8,4664.54,5152.6899999999996,4821.29,5811.8]
["MATERIAL",11869,"CAIXA D'AGUA / RESERVATORIO EM POLIESTER REFORCADO COM FIBRA DE VIDRO, 1500 LITROS, COM TAMPA","UN","CR",1010.79,1037.04,997.99,944.84,941.58,1080.43,1060.9100000000001,1008.84,913.27,1060.9100000000001,1065.25,1006.89,997.77,1125.8900000000001,1019.69,910.99,1162.6600000000001,1107.55,954.6,989.2,1147.69,1155.28,1084.56,932.9,1030.53,964.25,1162.3599999999999]
["MATERIAL",43981,"CAIXA D'AGUA / RESERVATORIO EM POLIESTER REFORCADO COM FIBRA DE VIDRO, 15000 LITROS, COM TAMPA","UN","CR",7616.29,7814.1,7519.84,7119.33,7094.81,8141.05,7993.92,7601.58,6881.47,7993.92,8026.61,7586.87,7518.21,8483.5300000000007,7683.32,6864.31,8760.6200000000008,8345.39,7192.89,7453.63,8647.82,8705.0300000000007,8172.11,7029.42,7765.05,7265.64,8758.33]
["MATERIAL",37104,"CAIXA D'AGUA / RESERVATORIO EM POLIESTER REFORCADO COM FIBRA DE VIDRO, 2000 LITROS, COM TAMPA","UN","CR",1268.56,1301.51,1252.5,1185.79,1181.71,1355.97,1331.46,1266.1099999999999,1146.17,1331.46,1336.91,1263.6600000000001,1252.23,1413.01,1279.73,1143.31,1459.16,1390,1198.04,1241.47,1440.38,1449.91,1361.14,1170.81,1293.3399999999999,1210.1600000000001,1458.78]
["MATERIAL",43982,"CAIXA D'AGUA / RESERVATORIO EM POLIESTER REFORCADO COM FIBRA DE VIDRO, 20000 LITROS, COM TAMPA","UN","CR",12031.83,12344.31,11879.46,11246.75,11208.01,12860.81,12628.38,12008.58,10871,12628.38,12680.03,11985.34,11876.88,13401.84,12137.71,10843.88,13839.57,13183.62,11362.96,11774.87,13661.38,13751.77,12909.87,11104.71,12266.83,11477.88,13835.95]
["MATERIAL",43978,"CAIXA D'AGUA / RESERVATORIO EM POLIESTER REFORCADO COM FIBRA DE VIDRO, 3000 LITROS, COM TAMPA","UN","CR",1879.99,1928.81,1856.18,1757.32,1751.27,2009.52,1973.2,1876.36,1698.61,1973.2,1981.27,1872.73,1855.78,2094.06,1896.53,1694.37,2162.4499999999998,2059.96,1775.48,1839.84,2134.61,2148.73,2017.19,1735.13,1916.71,1793.43,2161.89]
["MATERIAL",11871,"CAIXA D'AGUA / RESERVATORIO EM POLIESTER REFORCADO COM FIBRA DE VIDRO, 500 LITROS, COM TAMPA","UN","CR",471.18,483.42,465.21,440.44,438.92,503.64,494.54,470.27,425.72,494.54,496.57,469.36,465.11,524.83000000000004,475.33,424.66,541.97,516.29,444.99,461.12,535,538.54,505.57,434.87,480.38,449.49,541.83000000000004]
["MATERIAL",37105,"CAIXA D'AGUA / RESERVATORIO EM POLIESTER REFORCADO COM FIBRA DE VIDRO, 5000 LITROS, COM TAMPA","UN","CR",2899.16,2974.45,2862.44,2709.99,2700.65,3098.91,3042.9,2893.56,2619.4499999999998,3042.9,3055.35,2887.96,2861.82,3229.27,2924.67,2612.91,3334.75,3176.69,2737.99,2837.24,3291.81,3313.59,3110.73,2675.76,2955.79,2765.68,3333.88]
["MATERIAL",43980,"CAIXA D'AGUA / RESERVATORIO EM POLIESTER REFORCADO COM FIBRA DE VIDRO, 7000 LITROS, COM TAMPA","UN","CR",3610.6,3704.37,3564.87,3375.01,3363.38,3859.36,3789.62,3603.62,3262.25,3789.62,3805.12,3596.65,3564.1,4021.72,3642.37,3254.11,4153.08,3956.24,3409.88,3533.49,4099.6099999999997,4126.7299999999996,3874.09,3332.38,3681.12,3444.37,4151.99]
["MATERIAL",43979,"CAIXA D'AGUA / RESERVATORIO EM POLIESTER REFORCADO COM FIBRA DE VIDRO, 750 LITROS, COM TAMPA","UN","CR",678.39,696.01,669.8,634.13,631.94000000000005,725.13,712.03,677.08,612.94000000000005,712.03,714.94,675.77,669.66,755.64,684.36,611.41,780.32,743.33,640.67999999999995,663.9,770.27,775.37,727.9,626.12,691.64,647.16,780.11]
["MATERIAL",11868,"CAIXA D'AGUA / RESERVATORIO EM POLIESTER REFORCADO COM FIBRA DE VIDRO,1000 LITROS, COM TAMPA","UN","CR",656.08,673.11,647.77,613.27,611.15,701.28,688.6,654.80999999999995,592.78,688.6,691.42,653.54,647.63,730.78,661.85,591.29999999999995,754.65,718.88,619.6,642.05999999999995,744.93,749.86,703.95,605.52,668.89,625.87,754.45]
["MATERIAL",34636,"CAIXA D'AGUA / RESERVATORIO EM POLIETILENO, 1000 LITROS, COM TAMPA","UN","C",465.9,478,460,435.5,434,498,489,465,420.95,489,491,464.1,459.9,518.95000000000005,470,419.9,535.9,510.5,440,455.95,529,532.5,499.9,430,475,444.45,535.76]
["MATERIAL",34639,"CAIXA D'AGUA / RESERVATORIO EM POLIETILENO, 1500 LITROS, COM TAMPA","UN","CR",1075.3800000000001,1103.31,1061.76,1005.21,1001.75,1149.47,1128.7,1073.3,971.63,1128.7,1133.31,1071.22,1061.53,1197.83,1084.8399999999999,969.2,1236.95,1178.32,1015.6,1052.4100000000001,1221.02,1229.0999999999999,1153.8599999999999,992.51,1096.3800000000001,1025.8699999999999,1236.6300000000001]
["MATERIAL",34640,"CAIXA D'AGUA / RESERVATORIO EM POLIETILENO, 2000 LITROS, COM TAMPA","UN","CR",1219.8499999999999,1251.53,1204.4000000000001,1140.25,1136.33,1303.9000000000001,1280.33,1217.49,1102.1600000000001,1280.33,1285.57,1215.1400000000001,1204.1400000000001,1358.75,1230.58,1099.4100000000001,1403.13,1336.62,1152.04,1193.8,1385.06,1394.23,1308.8699999999999,1125.8499999999999,1243.68,1163.69,1402.76]
["MATERIAL",43977,"CAIXA D'AGUA / RESERVATORIO EM POLIETILENO, 3000 LITROS, COM TAMPA","UN","CR",2102.94,2157.56,2076.31,1965.73,1958.96,2247.84,2207.21,2098.88,1900.05,2207.21,2216.2399999999998,2094.8200000000002,2075.86,2342.4,2121.4499999999998,1895.31,2418.91,2304.2600000000002,1986.04,2058.0300000000002,2387.7600000000002,2403.56,2256.41,1940.9,2144.02,2006.13,2418.27]
["MATERIAL",34637,"CAIXA D'AGUA / RESERVATORIO EM POLIETILENO, 500 LITROS, COM TAMPA","UN","CR",281.75,289.07,278.18,263.36,262.45999999999998,301.16000000000003,295.72000000000003,281.2,254.57,295.72000000000003,296.93,280.66000000000003,278.12,313.83,284.23,253.93,324.08,308.72000000000003,266.08999999999997,275.73,319.91000000000003,322.02999999999997,302.31,260.04000000000002,287.25,268.77999999999997,324]
["MATERIAL",34638,"CAIXA D'AGUA / RESERVATORIO EM POLIETILENO, 750 LITROS, COM TAMPA","UN","CR",435.81,447.13,430.29,407.38,405.97,465.84,457.42,434.97,393.77,457.42,459.29,434.13,430.2,485.44,439.65,392.78,501.29,477.53,411.59,426.51,494.84,498.11,467.62,402.23,444.33,415.75,501.16]
["MATERIAL",34641,"CAIXA DE ATERRAMENTO EM CONCRETO PRE-MOLDADO, DIAMETRO DE 0,30 M E ALTURA DE 0,35 M, SEM FUNDO E COM TAMPA","UN","CR",null,78.81,null,null,110.05,null,111.45,109.44,null,120.31,109.59,119.33,null,107.03,null,87.67,102.59,null,134.30000000000001,107.66,98.39,null,115.29,null,null,141.76,102.59]
["MATERIAL",43434,"CAIXA DE CONCRETO ARMADO PRE-MOLDADO, COM FUNDO E SEM TAMPA, DIMENSOES DE 0,30 X 0,30 X 0,30 M","UN","CR",null,85.21,null,null,118.99,null,120.5,118.32,null,130.08000000000001,118.48,129.02000000000001,null,115.72,null,94.78,110.92,null,145.21,116.4,106.38,null,124.65,null,null,153.27000000000001,110.92]
["MATERIAL",43435,"CAIXA DE CONCRETO ARMADO PRE-MOLDADO, COM FUNDO E SEM TAMPA, DIMENSOES DE 0,40 X 0,40 X 0,40 M","UN","CR",null,156.21,null,null,218.15,null,220.92,216.93,null,238.48,217.22,236.54,null,212.16,null,173.78,203.36,null,266.20999999999998,213.39,195.04,null,228.54,null,null,281,203.36]
["MATERIAL",43436,"CAIXA DE CONCRETO ARMADO PRE-MOLDADO, COM FUNDO E SEM TAMPA, DIMENSOES DE 0,60 X 0,60 X 0,50 M","UN","CR",null,273.38,null,null,381.76,null,386.61,379.62,null,417.35,380.14,413.95,null,371.28,null,304.11,355.88,null,465.88,373.45,341.32,null,399.94,null,null,491.76,355.88]
["MATERIAL",43437,"CAIXA DE CONCRETO ARMADO PRE-MOLDADO, COM FUNDO E SEM TAMPA, DIMENSOES DE 0,80 X 0,80 X 0,50 M","UN","CR",null,495.63,null,null,692.13,null,700.93,688.26,null,756.65,689.2,750.49,null,673.13,null,551.36,645.21,null,844.63,677.05,618.80999999999995,null,725.09,null,null,891.56,645.21]
["MATERIAL",43438,"CAIXA DE CONCRETO ARMADO PRE-MOLDADO, COM FUNDO E SEM TAMPA, DIMENSOES DE 1,00 X 1,00 X 0,50 M","UN","CR",null,887.6,null,null,1239.49,null,1255.25,1232.56,null,1355.04,1234.24,1344.01,null,1205.46,null,987.39,1155.46,null,1512.6,1212.49,1108.19,null,1298.52,null,null,1596.63,1155.46]
["MATERIAL",41627,"CAIXA DE CONCRETO ARMADO PRE-MOLDADO, COM FUNDO E TAMPA, DIMENSOES DE 0,30 X 0,30 X 0,30 M","UN","CR",null,131.36000000000001,null,null,183.44,null,185.77,182.41,null,200.54,182.66,198.91,null,178.4,null,146.13,171,null,223.86,179.44,164.01,null,192.18,null,null,236.3,171]
["MATERIAL",41628,"CAIXA DE CONCRETO ARMADO PRE-MOLDADO, COM FUNDO E TAMPA, DIMENSOES DE 0,40 X 0,40 X 0,40 M","UN","CR",null,241.42,null,null,337.14,null,341.42,335.25,null,368.57,335.71,365.57,null,327.88,null,268.57,314.27999999999997,null,411.42,329.79,301.42,null,353.19,null,null,434.28,314.27999999999997]
["MATERIAL",41629,"CAIXA DE CONCRETO ARMADO PRE-MOLDADO, COM FUNDO E TAMPA, DIMENSOES DE 0,60 X 0,60 X 0,50 M","UN","CR",null,306.75,null,null,428.36,null,433.81,425.97,null,468.3,426.55,464.49,null,416.6,null,341.24,399.32,null,522.75,419.04,382.99,null,448.77,null,null,551.79,399.32]
["MATERIAL",43429,"CAIXA DE CONCRETO ARMADO PRE-MOLDADO, SEM FUNDO, QUADRADA, DIMENSOES DE 0,30 X 0,30 X 0,30 M","UN","CR",null,67.959999999999994,null,null,94.91,null,96.12,94.38,null,103.76,94.51,102.91,null,92.3,null,75.61,88.48,null,115.82,92.84,84.86,null,99.43,null,null,122.26,88.48]
["MATERIAL",43430,"CAIXA DE CONCRETO ARMADO PRE-MOLDADO, SEM FUNDO, QUADRADA, DIMENSOES DE 0,40 X 0,40 X 0,40 M","UN","CR",null,112.9,null,null,157.66,null,159.66,156.78,null,172.36,156.99,170.95,null,153.33000000000001,null,125.59,146.97,null,192.4,154.22,140.96,null,165.17,null,null,203.09,146.97]
["MATERIAL",43431,"CAIXA DE CONCRETO ARMADO PRE-MOLDADO, SEM FUNDO, QUADRADA, DIMENSOES DE 0,60 X 0,60 X 0,50 M","UN","CR",null,218.7,null,null,305.41000000000003,null,309.29000000000002,303.7,null,333.88,304.11,331.16,null,297.02,null,243.29,284.7,null,372.7,298.75,273.05,null,319.95,null,null,393.41,284.7]
["MATERIAL",43432,"CAIXA DE CONCRETO ARMADO PRE-MOLDADO, SEM FUNDO, QUADRADA, DIMENSOES DE 0,80 X 0,80 X 0,50 M","UN","CR",null,454.45,null,null,634.62,null,642.67999999999995,631.07000000000005,null,693.78,631.92999999999995,688.13,null,617.19000000000005,null,505.54,591.59,null,774.45,620.79,567.39,null,664.84,null,null,817.47,591.59]
["MATERIAL",43433,"CAIXA DE CONCRETO ARMADO PRE-MOLDADO, SEM FUNDO, QUADRADA, DIMENSOES DE 1,00 X 1,00 X 0,50 M","UN","CR",null,716.47,null,null,1000.52,null,1013.23,994.92,null,1093.78,996.28,1084.8800000000001,null,973.04,null,797.02,932.68,null,1220.97,978.73,894.53,null,1048.17,null,null,1288.8,932.68]
["MATERIAL",43094,"CAIXA DE DERIVACAO PARA MEDIDOR DE ENERGIA, COM BARRAMENTO MONOFASICO, EM POLICARBONATO / TERMOPLASTICO - MODULO (PADRAO CONCESSIONARIA LOCAL)","UN","CR",352.25,302.01,343.05,305.3,238.61,223.12,502.92,256.12,216.52,329.9,290.58,251.9,315.62,241.71,366.29,371.68,317.76,430.09,350.54,248.96,260.31,334.68,260.06,396.04,237.03,241.71,344.35]
["MATERIAL",43093,"CAIXA DE DERIVACAO PARA MEDIDOR DE ENERGIA, COM BARRAMENTO POLIFASICO, EM POLICARBONATO / TERMOPLASTICO - MODULO (PADRAO CONCESSIONARIA LOCAL)","UN","CR",374.34,320.95,364.56,324.45,253.57,237.11,534.45000000000005,272.18,230.09,350.59,308.8,267.7,335.41,256.87,389.26,394.99,337.68,457.05,372.52,264.57,276.63,355.67,276.37,420.87,251.89,256.87,365.94]
["MATERIAL",11694,"CAIXA DE DESCARGA PLASTICA PARA BACIA / VASO SANITARIO DE EMBUTIR, COM ESPELHO ACIONADOR EM PLASTICO, CAPACIDADE 6 A 10 LITROS, (COMPLETA - ACESSORIOS INCLUSOS)","UN","CR",1003.57,1035.6300000000001,1105.26,1006.89,987.22,972.63,950.52,1116.31,1103.05,948.31,1116.31,1062.5899999999999,883.1,1105.26,1105.26,948.31,948.31,1102.6099999999999,1213.57,923.99,1108.57,966.44,1100.8399999999999,1014.85,1027.8900000000001,1094.8699999999999,1012.42]
["MATERIAL",1030,"CAIXA DE DESCARGA PLASTICA PARA BACIA / VASO SANITARIO, EXTERNA, CAPACIDADE 9 LITROS, PUXADOR FIO DE NYLON, NAO INCLUSO CANO, BOLSA, ENGATE","UN","C",45.4,46.85,50,45.55,44.66,44,43,50.5,49.9,42.9,50.5,48.07,39.950000000000003,50,50,42.9,42.9,49.88,54.9,41.8,50.15,43.72,49.8,45.91,46.5,49.53,45.8]
["MATERIAL",11881,"CAIXA DE GORDURA CILINDRICA EM CONCRETO SIMPLES, PRE-MOLDADA, COM DIAMETRO DE 40 CM E ALTURA DE 45 CM, COM TAMPA","UN","CR",null,120.71,null,null,168.57,null,170.71,167.62,null,184.28,167.85,182.78,null,163.94,null,134.28,157.13999999999999,null,205.71,164.89,150.71,null,176.59,null,null,217.14,157.13999999999999]
["MATERIAL",35277,"CAIXA DE GORDURA EM PVC, DIAMETRO MINIMO 300 MM, DIAMETRO DE SAIDA 100 MM, CAPACIDADE APROXIMADA 18 LITROS, COM TAMPA E CESTO","UN","CR",403.54,317.85000000000002,372.64,422.11,305.61,467.28,506.11,392.56,402.44,395.1,363.02,370.61,422.03,429.29,303.5,318.69,364.03,368.5,513.29,455.38,371.46,334.23,342.16,372.13,284.5,362.17,346.38]
["MATERIAL",10521,"CAIXA DE INCENDIO/ABRIGO PARA MANGUEIRA, DE EMBUTIR/INTERNA, COM 75 X 45 X 17 CM, EM CHAPA DE ACO, PORTA COM VENTILACAO, VISOR COM A INSCRICAO \"INCENDIO\", SUPORTE/CESTA INTERNA PARA A MANGUEIRA, PINTURA ELETROSTATICA VERMELHA","UN","CR",null,379.9,482.04,null,372.27,524.99,276.81,367.49,305.45,410.45,268.22000000000003,398.14,278.77999999999997,343.63,438.13,429.54,362.72,413.79,361.77,null,394.69,null,355.5,285.20999999999998,null,403.25]
["MATERIAL",10885,"CAIXA DE INCENDIO/ABRIGO PARA MANGUEIRA, DE EMBUTIR/INTERNA, COM 90 X 60 X 17 CM, EM CHAPA DE ACO, PORTA COM VENTILACAO, VISOR COM A INSCRICAO \"INCENDIO\", SUPORTE/CESTA INTERNA PARA A MANGUEIRA, PINTURA ELETROSTATICA VERMELHA","UN","CR",null,480.53,609.73,null,470.88,664.06,350.14,464.84,386.36,519.16999999999996,339.27,503.6,352.62,434.65,554.19000000000005,543.32000000000005,458.8,523.4,457.59,null,499.24,null,449.66,360.76,null,510.07]
["MATERIAL",20962,"CAIXA DE INCENDIO/ABRIGO PARA MANGUEIRA, DE SOBREPOR/EXTERNA, COM 75 X 45 X 17 CM, EM CHAPA DE ACO, PORTA COM VENTILACAO, VISOR COM A INSCRICAO \"INCENDIO\", SUPORTE/CESTA INTERNA PARA A MANGUEIRA, PINTURA ELETROSTATICA VERMELHA","UN","C",null,398,505,null,390,550,290,385,320,430,281,417.1,292.06,360,459,450,380,433.5,379,null,413.49,null,372.43,298.8,null,422.46]
["MATERIAL",20963,"CAIXA DE INCENDIO/ABRIGO PARA MANGUEIRA, DE SOBREPOR/EXTERNA, COM 90 X 60 X 17 CM, EM CHAPA DE ACO, PORTA COM VENTILACAO, VISOR COM A INSCRICAO \"INCENDIO\", SUPORTE/CESTA INTERNA PARA A MANGUEIRA, PINTURA ELETROSTATICA VERMELHA","UN","CR",null,486.19,616.9,null,476.42,671.87,354.26,470.31,390.9,525.28,343.26,509.52,356.77,439.77,560.71,549.71,464.2,529.54999999999995,462.98,null,505.11,null,454.95,365.01,null,516.07000000000005]
["MATERIAL",34643,"CAIXA DE INSPECAO PARA ATERRAMENTO E PARA RAIOS, EM POLIPROPILENO, DIAMETRO = 300 MM X ALTURA = 400 MM (INCLUIDA TAMPA SEM ESCOTILHA)","UN","CR",46.47,36.6,42.91,48.61,35.19,53.81,58.29,45.21,46.35,45.5,41.81,42.68,48.6,49.44,34.950000000000003,36.700000000000003,41.92,42.44,59.11,52.44,42.78,38.49,39.4,42.86,32.76,41.71,39.89]
["MATERIAL",41480,"CAIXA DE INSPECAO PARA ATERRAMENTO OU OUTRO USO, EM PVC, DN = 250 X 250 MM (INCLUIDA TAMPA EM FERRO FUNDIDO SEM ESCOTILHA)","UN","CR",53.88,42.44,49.76,56.36,40.81,62.39,67.58,52.42,53.74,52.76,48.47,49.49,56.35,57.32,40.520000000000003,42.55,48.61,49.2,68.540000000000006,60.8,49.6,44.63,45.69,49.69,37.99,48.36,46.25]
["MATERIAL",41474,"CAIXA DE INSPECAO PARA ATERRAMENTO OU OUTRO USO, EM PVC, DN = 300 X *300* MM (INCLUIDA TAMPA EM FERRO FUNDIDO SEM ESCOTILHA)","UN","CR",86.08,67.8,79.489999999999995,90.04,65.19,99.67,107.96,83.74,85.84,84.28,77.430000000000007,79.05,90.02,91.57,64.739999999999995,67.98,77.650000000000006,78.599999999999994,109.49,97.13,79.23,71.290000000000006,72.98,79.38,60.68,77.25,73.88]
["MATERIAL",41475,"CAIXA DE INSPECAO PARA ATERRAMENTO OU OUTRO USO, EM PVC, DN = 300 X 250 MM (INCLUIDA TAMPA EM FERRO FUNDIDO SEM ESCOTILHA)","UN","CR",73.44,57.85,67.819999999999993,76.819999999999993,55.62,85.04,92.11,71.45,73.239999999999995,71.91,66.069999999999993,67.45,76.81,78.13,55.23,58,66.25,67.069999999999993,93.42,82.88,67.599999999999994,60.83,62.27,67.73,51.78,65.91,63.04]
["MATERIAL",41476,"CAIXA DE INSPECAO PARA ATERRAMENTO OU OUTRO USO, EM PVC, DN = 300 X 600 MM (INCLUIDA TAMPA EM FERRO FUNDIDO SEM ESCOTILHA)","UN","CR",160.81,126.67,148.5,168.22,121.79,186.22,201.69,156.44,160.38,157.44999999999999,144.66999999999999,147.69,168.18,171.08,120.95,127,145.07,146.85,204.55,181.47,148.03,133.19,136.35,148.30000000000001,113.38,144.33000000000001,138.04]
["MATERIAL",2555,"CAIXA DE LUZ \"3 X 3\" EM ACO ESMALTADA","UN","CR",null,1.91,null,1.45,1.42,1.27,1.37,1.3,null,null,1.43,null,1.7,1.3,1.24,1.31,1.59,null,1.43,1.31,1.94,null,1.61,1.41,null,1.25]
["MATERIAL",2556,"CAIXA DE LUZ \"4 X 2\" EM ACO ESMALTADA","UN","CR",null,1.98,null,1.5,1.47,1.31,1.42,1.34,null,null,1.48,null,1.76,1.34,1.28,1.36,1.64,null,1.47,1.36,2,null,1.67,1.46,null,1.29]
["MATERIAL",2557,"CAIXA DE LUZ \"4 X 4\" EM ACO ESMALTADA","UN","CR",null,4.18,null,3.18,3.11,2.77,3,2.85,null,null,3.14,null,3.72,2.85,2.71,2.87,3.47,null,3.12,2.87,4.2300000000000004,null,3.52,3.09,null,2.73]
["MATERIAL",10569,"CAIXA DE PASSAGEM / DERIVACAO / LUZ, OCTOGONAL 4 X4, EM ACO ESMALTADA, COM FUNDO MOVEL SIMPLES (FMS)","UN","CR",null,4.18,null,3.18,3.11,2.77,3,2.85,null,null,3.14,null,3.72,2.85,2.71,2.87,3.47,null,3.12,2.87,4.2300000000000004,null,3.52,3.09,null,2.73]
["MATERIAL",39810,"CAIXA DE PASSAGEM ELETRICA DE PAREDE, DE EMBUTIR, EM PVC, COM TAMPA APARAFUSADA, DIMENSOES 120 X 120 X *75* MM","UN","CR",47.54,40.76,46.29,41.2,32.200000000000003,30.11,67.87,34.56,29.22,44.52,39.21,33.99,42.59,32.619999999999997,49.43,50.16,42.88,58.04,47.3,33.6,35.130000000000003,45.16,35.090000000000003,53.45,31.98,32.619999999999997,46.47]
["MATERIAL",39811,"CAIXA DE PASSAGEM ELETRICA DE PAREDE, DE EMBUTIR, EM PVC, COM TAMPA APARAFUSADA, DIMENSOES 150 X 150 X *75* MM","UN","CR",58.15,49.85,56.63,50.4,39.39,36.83,83.02,42.28,35.74,54.46,47.96,41.58,52.1,39.9,60.46,61.35,52.45,70.989999999999995,57.86,41.09,42.97,55.24,42.93,65.37,39.119999999999997,39.9,56.84]
["MATERIAL",39812,"CAIXA DE PASSAGEM ELETRICA DE PAREDE, DE EMBUTIR, EM PVC, COM TAMPA APARAFUSADA, DIMENSOES 200 X 200 X *90* MM","UN","CR",95.61,81.97,93.11,82.86,64.760000000000005,60.56,136.5,69.52,58.77,89.54,78.87,68.37,85.67,65.599999999999994,99.42,100.88,86.25,116.73,95.14,67.569999999999993,70.650000000000006,90.84,70.59,107.49,64.33,65.599999999999994,93.46]
["MATERIAL",43096,"CAIXA DE PASSAGEM ELETRICA DE PAREDE, DE EMBUTIR, EM TERMOPLASTICO / PVC, COM TAMPA APARAFUSADA, DIMENSOES 400 X 400 X *120* MM","UN","CR",316.91000000000003,271.70999999999998,308.63,274.68,214.67,200.74,452.46,230.43,194.8,296.81,261.43,226.63,283.95999999999998,217.46,329.54,334.4,285.88,386.94,315.38,223.99,234.19,301.11,233.98,356.31,213.25,217.46,309.8]
["MATERIAL",43102,"CAIXA DE PASSAGEM ELETRICA DE PAREDE, DE SOBREPOR, EM PVC, COM TAMPA APARAFUSADA, DIMENSOES 300 X 300 X *100* MM","UN","CR",192.7,165.22,187.67,167.02,130.53,122.06,275.13,140.11000000000001,118.45,180.48,158.96,137.80000000000001,172.66,132.22999999999999,200.38,203.33,173.83,235.28,191.77,136.19999999999999,142.4,183.09,142.27000000000001,216.66,129.66999999999999,132.22999999999999,188.38]
["MATERIAL",43103,"CAIXA DE PASSAGEM ELETRICA DE PAREDE, DE SOBREPOR, EM PVC, COM TAMPA APARAFUSADA, DIMENSOES, 400 X 400 X *120* MM","UN","CR",283.76,243.29,276.33999999999997,245.94,192.21,179.73,405.13,206.32,174.42,265.75,234.07,202.92,254.25,194.71,295.07,299.41000000000003,255.97,346.46,282.38,200.55,209.69,269.60000000000002,209.5,319.02999999999997,190.94,194.71,277.39]
["MATERIAL",43098,"CAIXA DE PASSAGEM ELETRICA DE PAREDE, DE SOBREPOR, EM TERMOPLASTICO / PVC, COM TAMPA APARAFUSADA, DIMENSOES 200 X 200 X *100* MM","UN","CR",107.35,92.04,104.54,93.04,72.72,67.989999999999995,153.27000000000001,78.05,65.98,100.54,88.55,76.77,96.19,73.66,111.63,113.27,96.84,131.07,106.83,75.87,79.33,101.99,79.25,120.69,72.23,73.66,104.94]
["MATERIAL",43097,"CAIXA DE PASSAGEM ELETRICA DE PAREDE, DE SOBREPOR, EM TERMOPLASTICO / PVC, COM TAMPA APARAFUSADA, DIMENSOES, 150 X 150 X *100* MM","UN","CR",63.6,54.53,61.94,55.12,43.08,40.28,90.8,46.24,39.090000000000003,59.56,52.46,45.48,56.98,43.64,66.13,67.11,57.37,77.650000000000006,63.29,44.95,47,60.42,46.95,71.5,42.79,43.64,62.17]
["MATERIAL",43104,"CAIXA DE PASSAGEM ELETRICA, PARA PISO, EM PVC, DIMENSOES DE 3/4\" A 4\"","UN","CR",752.32,645.02,732.66,652.04999999999995,509.6,476.52,1074.0899999999999,547.01,462.43,704.58,620.59,538,674.09,516.23,782.3,793.81,678.65,918.54,748.66,531.72,555.95000000000005,714.79,555.42999999999995,845.83,506.23,516.23,735.44]
["MATERIAL",39771,"CAIXA DE PASSAGEM METALICA DE SOBREPOR COM TAMPA PARAFUSADA, DIMENSOES 20 X 20 X 10 CM","UN","CR",null,40.15,null,30.53,29.86,26.63,28.84,27.36,null,null,30.14,null,35.770000000000003,27.36,26.05,27.62,33.369999999999997,null,29.99,27.62,40.700000000000003,null,33.840000000000003,29.67,null,26.29]
["MATERIAL",39772,"CAIXA DE PASSAGEM METALICA DE SOBREPOR COM TAMPA PARAFUSADA, DIMENSOES 30 X 30 X 10 CM","UN","CR",null,78.92,null,60.02,58.69,52.34,56.69,53.77,null,null,59.25,null,70.31,53.77,51.21,54.28,65.599999999999994,null,58.94,54.28,79.989999999999995,null,66.52,58.33,null,51.67]
["MATERIAL",39773,"CAIXA DE PASSAGEM METALICA DE SOBREPOR COM TAMPA PARAFUSADA, DIMENSOES 40 X 40 X 15 CM","UN","CR",null,126.84,null,96.47,94.33,84.12,91.12,86.43,null,null,95.23,null,113.01,86.43,82.31,87.25,105.44,null,94.74,87.25,128.57,null,106.92,93.75,null,83.05]
["MATERIAL",39774,"CAIXA DE PASSAGEM METALICA DE SOBREPOR COM TAMPA PARAFUSADA, DIMENSOES 50 X 50 X 15 CM","UN","CR",null,189.73,null,144.29,141.09,125.83,136.29,129.27000000000001,null,null,142.44999999999999,null,169.04,129.27000000000001,123.12,130.5,157.71,null,141.71,130.5,192.31,null,159.93,140.22999999999999,null,124.22]
["MATERIAL",39775,"CAIXA DE PASSAGEM METALICA DE SOBREPOR COM TAMPA PARAFUSADA, DIMENSOES 60 X 60 X 20 CM","UN","CR",null,253.21,null,192.58,188.31,167.93,181.9,172.53,null,null,190.11,null,225.61,172.53,164.32,174.18,210.49,null,189.13,174.18,256.67,null,213.45,187.16,null,165.8]
["MATERIAL",39776,"CAIXA DE PASSAGEM METALICA DE SOBREPOR COM TAMPA PARAFUSADA, DIMENSOES 70 X 70 X 20 CM","UN","CR",null,306.02,null,232.74,227.57,202.95,219.83,208.51,null,null,229.76,null,272.64999999999998,208.51,198.58,210.5,254.38,null,228.57,210.5,310.19,null,257.95999999999998,226.18,null,200.37]
["MATERIAL",39777,"CAIXA DE PASSAGEM METALICA DE SOBREPOR COM TAMPA PARAFUSADA, DIMENSOES 80 X 80 X 20 CM","UN","CR",null,387.86,null,294.99,288.44,257.23,278.63,264.27999999999997,null,null,291.20999999999998,null,345.58,264.27999999999997,251.7,266.8,322.42,null,289.7,266.8,393.15,null,326.95,286.68,null,253.96]
["MATERIAL",20254,"CAIXA DE PASSAGEM METALICA, DE SOBREPOR, COM TAMPA APARAFUSADA, DIMENSOES 15 X 15 X *10* CM","UN","CR",null,28.15,null,21.41,20.93,18.670000000000002,20.22,19.18,null,null,21.14,null,25.08,19.18,18.27,19.36,23.4,null,21.03,19.36,28.53,null,23.73,20.81,null,18.43]
["MATERIAL",20253,"CAIXA DE PASSAGEM METALICA, DE SOBREPOR, COM TAMPA APARAFUSADA, DIMENSOES 35 X 35 X *12* CM","UN","CR",null,92.44,null,70.31,68.75,61.31,66.41,62.99,null,null,69.41,null,82.37,62.99,59.99,63.59,76.849999999999994,null,69.05,63.59,93.7,null,77.930000000000007,68.33,null,60.53]
["MATERIAL",1872,"CAIXA DE PASSAGEM, EM PVC, DE 4\" X 2\", PARA ELETRODUTO FLEXIVEL CORRUGADO","UN","CR",2.16,1.85,2.1800000000000002,3.15,2.1,1.78,2.73,2.58,1.5,2.62,2.89,1.82,2.71,2.97,1.34,3.28,2.27,4.21,3.02,2.2799999999999998,2.02,2.62,2.98,2.14,1.74,1.88,2.44]
["MATERIAL",1873,"CAIXA DE PASSAGEM, EM PVC, DE 4\" X 4\", PARA ELETRODUTO FLEXIVEL CORRUGADO","UN","CR",4.29,3.68,4.34,6.26,4.1900000000000004,3.54,5.42,5.13,2.99,5.21,5.75,3.61,5.39,5.91,2.67,6.52,4.5199999999999996,8.36,6.01,4.53,4.01,5.21,5.93,4.26,3.46,3.73,4.8499999999999996]
["MATERIAL",14055,"CAIXA DE PASSAGEM/ LUZ / TELEFONIA, DE EMBUTIR, EM CHAPA DE ACO GALVANIZADO, DIMENSOES 120 X 120 X *12* CM (PADRAO CONCESSIONARIA LOCAL)","UN","CR",null,844.77,null,642.49,628.23,560.26,606.85,575.61,null,null,634.26,null,752.67,575.61,548.20000000000005,581.09,702.24,null,630.97,581.09,856.28,null,712.11,624.39,null,553.13]
["MATERIAL",11247,"CAIXA DE PASSAGEM/ LUZ / TELEFONIA, DE EMBUTIR, EM CHAPA DE ACO GALVANIZADO, DIMENSOES 150 X 150 X 15 CM (PADRAO CONCESSIONARIA LOCAL)","UN","CR",null,1777.58,null,1351.93,1321.94,1178.9000000000001,1276.95,1211.2,null,null,1334.63,null,1583.79,1211.2,1153.52,1222.74,1477.67,null,1327.71,1222.74,1801.81,null,1498.43,1313.86,null,1163.9100000000001]
["MATERIAL",11250,"CAIXA DE PASSAGEM/ LUZ / TELEFONIA, DE EMBUTIR, EM CHAPA DE ACO GALVANIZADO, DIMENSOES 20 X 20 X *12* CM (PADRAO CONCESSIONARIA LOCAL)","UN","CR",null,76.53,null,58.2,56.91,50.75,54.97,52.14,null,null,57.46,null,68.180000000000007,52.14,49.66,52.64,63.61,null,57.16,52.64,77.569999999999993,null,64.510000000000005,56.56,null,50.11]
["MATERIAL",11249,"CAIXA DE PASSAGEM/ LUZ / TELEFONIA, DE EMBUTIR, EM CHAPA DE ACO GALVANIZADO, DIMENSOES 200 X 200 X 20 CM (PADRAO CONCESSIONARIA LOCAL)","UN","CR",null,3472.24,null,2640.8,2582.21,2302.81,2494.33,2365.9,null,null,2607,null,3093.7,2365.9,2253.2399999999998,2388.4299999999998,2886.4,null,2593.48,2388.4299999999998,3519.56,null,2926.96,2566.44,null,2273.52]
["MATERIAL",11251,"CAIXA DE PASSAGEM/ LUZ / TELEFONIA, DE EMBUTIR, EM CHAPA DE ACO GALVANIZADO, DIMENSOES 40 X 40 X *12* CM (PADRAO CONCESSIONARIA LOCAL)","UN","CR",null,169.51,null,128.91999999999999,126.06,112.42,121.77,115.5,null,null,127.27,null,151.03,115.5,110,116.6,140.91,null,126.61,116.6,171.82,null,142.88999999999999,125.29,null,110.99]
["MATERIAL",11253,"CAIXA DE PASSAGEM/ LUZ / TELEFONIA, DE EMBUTIR, EM CHAPA DE ACO GALVANIZADO, DIMENSOES 60 X 60 X *12* CM (PADRAO CONCESSIONARIA LOCAL)","UN","CR",null,280.89999999999998,null,213.63,208.89,186.29,201.79,191.39,null,null,210.9,null,250.27,191.39,182.28,193.22,233.5,null,209.81,193.22,284.73,null,236.78,207.62,null,183.92]
["MATERIAL",11255,"CAIXA DE PASSAGEM/ LUZ / TELEFONIA, DE EMBUTIR, EM CHAPA DE ACO GALVANIZADO, DIMENSOES 80 X 80 X *12* CM (PADRAO CONCESSIONARIA LOCAL)","UN","CR",null,419.94,null,319.38,312.3,278.5,301.67,286.14,null,null,315.29000000000002,null,374.16,286.14,272.51,288.86,349.09,null,313.66000000000003,288.86,425.66,null,353.99,310.39,null,274.95999999999998]
["MATERIAL",11256,"CAIXA DE PASSAGEM/ LUZ / TELEFONIA, DE SOBREPOR, EM CHAPA DE ACO GALVANIZADO, DIMENSOES 80 X 80 X *12* CM (PADRAO CONCESSIONARIA LOCAL)","UN","CR",null,526.02,null,400.06,391.18,348.85,377.87,358.41,null,null,394.94,null,468.67,358.41,341.35,361.83,437.26,null,392.89,361.83,533.17999999999995,null,443.41,388.79,null,344.42]
["MATERIAL",39693,"CAIXA DE PROTECAO EXTERNA PARA MEDIDOR HOROSAZONAL, DE BAIXA TENSAO, COM MODULO, EM CHAPA DE ACO (PADRAO DA CONCESSIONARIA LOCAL)","UN","CR",null,3303.63,null,2512.56,2456.8200000000002,2190.9899999999998,2373.21,2251.0100000000002,null,null,2480.4,null,2943.47,2251.0100000000002,2143.8200000000002,2272.4499999999998,2746.24,null,2467.54,2272.4499999999998,3348.66,null,2784.83,2441.8200000000002,null,2163.12]
["MATERIAL",39692,"CAIXA DE PROTECAO PARA TRANSFORMADOR CORRENTE, EM CHAPA DE ACO 18 USG (PADRAO DA CONCESSIONARIA LOCAL)","UN","CR",null,1057.0899999999999,null,803.96,786.13,701.07,759.37,720.27,null,null,793.67,null,941.84,720.27,685.97,727.13,878.73,null,789.56,727.13,1071.49,null,891.08,781.32,null,692.15]
["MATERIAL",1062,"CAIXA INTERNA/EXTERNA DE MEDICAO PARA 1 MEDIDOR TRIFASICO, COM VISOR, EM CHAPA DE ACO 18 USG (PADRAO DA CONCESSIONARIA LOCAL)","UN","CR",null,335.01,null,254.79,249.14,222.18,240.66,228.27,null,null,251.53,null,298.49,228.27,217.4,230.44,278.48,null,250.22,230.44,339.57,null,282.39999999999998,247.61,null,219.35]
["MATERIAL",39686,"CAIXA INTERNA/EXTERNA DE MEDICAO PARA 4 MEDIDORES MONOFASICOS, COM VISOR, EM CHAPA DE ACO 18 USG (PADRAO DA CONCESSIONARIA LOCAL)","UN","CR",null,542.45000000000005,null,412.56,403.4,359.75,389.67,369.61,null,null,407.28,null,483.31,369.61,352.01,373.13,450.93,null,405.16,373.13,549.84,null,457.26,400.94,null,355.18]
["MATERIAL",43095,"CAIXA MODULAR PARA MEDIDOR DE ENERGIA AGRUPADA, EM POLICARBONATO / TERMOPLASTICO, COM SUPORTE PARA DISJUNTOR (PADRAO DA CONCESSIONARIA LOCAL)","UN","CR",208.83,179.05,203.38,181,141.46,132.28,298.16000000000003,151.84,128.36000000000001,195.58,172.27,149.34,187.12,143.30000000000001,217.16,220.35,188.38,254.98,207.82,147.6,154.32,198.42,154.18,234.79,140.52000000000001,143.30000000000001,204.15]
["MATERIAL",1871,"CAIXA OCTOGONAL DE FUNDO MOVEL, EM PVC, DE 3\" X 3\", PARA ELETRODUTO FLEXIVEL CORRUGADO","UN","CR",3.86,3.31,3.91,5.63,3.77,3.19,4.88,4.6100000000000003,2.69,4.6900000000000004,5.18,3.25,4.8499999999999996,5.32,2.41,5.86,4.0599999999999996,7.52,5.41,4.08,3.61,4.6900000000000004,5.33,3.83,3.11,3.36,4.3600000000000003]
["MATERIAL",12001,"CAIXA OCTOGONAL DE FUNDO MOVEL, EM PVC, DE 4\" X 4\", PARA ELETRODUTO FLEXIVEL CORRUGADO","UN","CR",5.58,4.79,5.65,8.1300000000000008,5.44,4.6100000000000003,7.05,6.66,3.88,6.78,7.48,4.7,7,7.68,3.48,8.4700000000000006,5.87,10.87,7.82,5.9,5.22,6.78,7.7,5.53,4.49,4.8600000000000003,6.3]
["MATERIAL",11882,"CAIXA PARA HIDROMETRO CONCRETO PRE MOLDADO, *0,24 M X 0,45 M X 0,30* M (L X C X A)","UN","CR",null,86.63,null,null,120.97,null,122.51,120.29,null,132.25,120.46,131.16999999999999,null,117.65,null,96.36,112.77,null,147.63,118.33,108.15,null,126.73,null,null,155.83000000000001,112.77]
["MATERIAL",1068,"CAIXA PARA MEDICAO COLETIVA TIPO L, PADRAO BIFASICO OU TRIFASICO, PARA ATE 4 MEDIDORES, SEM BARRAMENTO E COM PORTAS INFERIOR E SUPERIOR","UN","CR",null,2209.73,null,1680.6,1643.32,1465.51,1587.39,1505.66,null,null,1659.09,null,1968.83,1505.66,1433.96,1520,1836.9,null,1650.49,1520,2239.85,null,1862.71,1633.28,null,1446.86]
["MATERIAL",39690,"CAIXA PARA MEDICAO COLETIVA TIPO M, PADRAO BIFASICO OU TRIFASICO, PARA ATE 8 MEDIDORES, SEM BARRAMENTO E COM PORTAS INFERIOR E SUPERIOR","UN","CR",null,3707.2,null,2819.49,2756.94,2458.64,2663.12,2526,null,null,2783.41,null,3303.04,2526,2405.71,2550.0500000000002,3081.72,null,2768.97,2550.0500000000002,3757.72,null,3125.02,2740.1,null,2427.36]
["MATERIAL",39691,"CAIXA PARA MEDICAO COLETIVA TIPO N, PADRAO BIFASICO OU TRIFASICO, PARA ATE 12 MEDIDORES, SEM BARRAMENTO E COM PORTAS INFERIOR E SUPERIOR","UN","CR",null,4662.62,null,3546.13,3467.46,3092.28,3349.46,3177,null,null,3500.75,null,4154.3,3177,3025.71,3207.25,3875.94,null,3482.59,3207.25,4726.16,null,3930.4,3446.28,null,3052.94]
["MATERIAL",39808,"CAIXA PARA MEDIDOR MONOFASICO, EM POLICARBONATO / TERMOPLASTICO, PARA ALOJAR 1 DISJUNTOR (PADRAO DA CONCESSIONARIA LOCAL)","UN","CR",109.03,93.48,106.18,94.5,73.849999999999994,69.06,155.66,79.27,67.010000000000005,102.11,89.94,77.97,97.69,74.81,113.37,115.04,98.35,133.12,108.5,77.06,80.569999999999993,103.59,80.489999999999995,122.58,73.36,74.81,106.58]
["MATERIAL",39809,"CAIXA PARA MEDIDOR POLIFASICO, EM POLICARBONATO / TERMOPLASTICO, PARA ALOJAR 1 DISJUNTOR (PADRAO DA CONCESSIONARIA LOCAL)","UN","CR",258.60000000000002,221.71,251.84,224.13,175.17,163.80000000000001,369.2,188.03,158.94999999999999,242.19,213.32,184.93,231.71,177.45,268.89999999999998,272.86,233.28,315.74,257.33999999999997,182.77,191.1,245.7,190.92,290.74,174.01,177.45,252.8]
["MATERIAL",43439,"CAIXA PRE-MOLDADA PARA BOCA DE LOBO, EM CONCRETO ARMADO, COM FCK DE 25 MPA, COM DIMENSOES 1,10 X 0,65 X 1,00 M (COMPRIMENTO X LARGURA X ALTURA)","UN","CR",null,397.64,null,null,555.29,null,562.35,552.17999999999995,null,607.04999999999995,552.94000000000005,602.11,null,540.04,null,442.35,517.64,null,677.64,543.20000000000005,496.47,null,581.74,null,null,715.29,517.64]
["MATERIAL",5103,"CAIXA SIFONADA PVC, 100 X 100 X 50 MM, COM GRELHA REDONDA, BRANCA","UN","CR",25.54,20.12,23.59,26.72,19.34,29.58,32.04,24.85,25.48,25.01,22.98,23.46,26.72,27.17,19.21,20.170000000000002,23.04,23.33,32.49,28.83,23.51,21.16,21.66,23.56,18.010000000000002,22.93,21.93]
["MATERIAL",11880,"CAIXA SIFONADA PVC, 250 X 230 X 75 MM, COM TAMPA CEGA QUADRADA, BRANCA","UN","CR",107.45,84.63,99.22,112.4,81.37,124.42,134.76,104.53,107.16,105.2,96.66,98.68,112.37,114.31,80.81,84.86,96.93,98.12,136.66999999999999,121.25,98.91,88.99,91.11,99.09,75.75,96.43,92.23]
["MATERIAL",11714,"CAIXA SIFONADA, PVC, 150 X *185* X 75 MM, COM GRELHA QUADRADA, BRANCA","UN","CR",73.2,57.66,67.599999999999994,76.569999999999993,55.44,84.76,91.81,71.209999999999994,73,71.67,65.849999999999994,67.23,76.55,77.87,55.05,57.81,66.03,66.84,93.11,82.6,67.38,60.63,62.07,67.5,51.61,65.7,62.83]
["MATERIAL",11712,"CAIXA SIFONADA, PVC, 150 X 150 X 50 MM, COM GRELHA QUADRADA, BRANCA (NBR 5688)","UN","C",47.8,37.65,44.14,50,36.200000000000003,55.35,59.95,46.5,47.67,46.8,43,43.9,49.99,50.85,35.950000000000003,37.75,43.12,43.65,60.8,53.94,44,39.590000000000003,40.53,44.08,33.700000000000003,42.9,41.03]
["MATERIAL",11717,"CAIXA SIFONADA, PVC, 150 X 150 X 50 MM, COM GRELHA REDONDA, BRANCA","UN","CR",57.62,45.38,53.21,60.27,43.64,66.72,72.27,56.05,57.46,56.42,51.83,52.92,60.26,61.3,43.33,45.5,51.98,52.62,73.290000000000006,65.02,53.04,47.72,48.86,53.14,40.619999999999997,51.71,49.46]
["MATERIAL",1106,"CAL HIDRATADA CH-I PARA ARGAMASSAS","KG","C",2.37,1.1000000000000001,1.68,1.27,1.6,1.27,1.5,1.25,1.37,1.27,1.21,1.25,1.08,2,1.1000000000000001,1.75,1.27,0.82,1.57,0.88,1.42,1.27,1.06,0.96,1.3,0.95,1.5]
["MATERIAL",11161,"CAL HIDRATADA PARA PINTURA","KG","CR",3.96,1.84,2.81,2.12,2.67,2.12,2.5,2.09,2.29,2.12,2.02,2.09,1.8,3.34,1.84,2.92,2.12,1.37,2.62,1.47,2.37,2.12,1.77,1.6,2.17,1.58,2.5]
["MATERIAL",1107,"CAL VIRGEM COMUM PARA ARGAMASSAS (NBR 6453)","KG","CR",2.02,0.93,1.43,1.08,1.36,1.08,1.27,1.06,1.1599999999999999,1.08,1.03,1.06,0.92,1.7,0.93,1.49,1.08,0.69,1.33,0.75,1.21,1.08,0.9,0.81,1.1000000000000001,0.81,1.27]
["MATERIAL",44479,"CALCARIO DOLOMITICO A (POSTO PEDREIRA/FORNECEDOR, SEM FRETE)","KG","CR",0.53,0.14000000000000001,0.43,0.46,0.17,0.17,0.31,0.21,0.19,0.16,0.19,0.15,0.27,0.38,0.15,0.16,0.36,0.09,0.18,0.21,0.36,0.49,0.14000000000000001,0.17,0.21,0.12,0.22]
["MAO DE OBRA",4759,"CALCETEIRO / RASTELEIRO (HORISTA)","H","CR",19.079999999999998,17.97,17.48,17.13,21.53,19.48,18.77,17.399999999999999,19.66,18.89,15.39,16.64,16.07,16.55,17.420000000000002,20.07,18.16,21.99,26.2,17.170000000000002,18.850000000000001,19.5,17.440000000000001,27.43,18.29,23.31,18.78]
["MAO DE OBRA",41068,"CALCETEIRO / RASTELEIRO (MENSALISTA)","MES","CR",3334.3,3137.7,3068.16,2978.02,3765.88,3424.27,3346.28,3055.41,3462.57,3324.37,2719.19,2906.22,2835.42,2868.1,3046.51,3515.56,3205.7,3859.27,4607.12,2998.97,3272.02,3396.64,3065.05,4809.3999999999996,3232.37,4086.31,3292.26]
["MATERIAL",12618,"CALHA / PERFIL PLUVIAL DE PVC, DIAMETRO ENTRE *119 E 170* MM, COMPRIMENTO DE 3 M, PARA DRENAGEM PLUVIAL PREDIAL","UN","CR",184.86,164.36,147.55000000000001,121.44,149.22999999999999,167.94,168.05,218.47,181.16,150.24,175.34,183.07,174.66,171.86,149.44999999999999,134.44,155.84,160.99,180.94,167.27,198.86,145.65,184.86,166.26,158.75,181.27,166.26]
["MATERIAL",1108,"CALHA MOLDURA AMERICANA DE CHAPA DE ACO GALVANIZADA NUM 26, CORTE 33 CM","M","CR",null,36.03,null,27.4,26.8,23.9,25.88,24.55,null,null,27.05,null,32.1,24.55,23.38,24.78,29.95,null,26.91,24.78,36.520000000000003,null,30.37,26.63,null,23.59]
["MATERIAL",1117,"CALHA PARA AGUA FURTADA DE CHAPA DE ACO GALVANIZADA NUM 26, CORTE 40 CM","M","CR",null,36.32,null,27.62,27.01,24.09,26.09,24.75,null,null,27.27,null,32.36,24.75,23.57,24.98,30.19,null,27.13,24.98,36.81,null,30.61,26.84,null,23.78]
["MATERIAL",1118,"CALHA PARA AGUA FURTADA DE CHAPA DE ACO GALVANIZADA NUM 26, CORTE 50 CM","M","CR",null,42.92,null,32.64,31.92,28.47,30.83,29.25,null,null,32.229999999999997,null,38.24,29.25,27.85,29.52,35.68,null,32.06,29.52,43.51,null,36.18,31.72,null,28.1]
["MATERIAL",1110,"CALHA PLATIBANDA DE CHAPA DE ACO GALVANIZADA NUM 26, CORTE 45 CM","M","CR",null,42.92,null,32.64,31.92,28.47,30.83,29.25,null,null,32.229999999999997,null,38.24,29.25,27.85,29.52,35.68,null,32.06,29.52,43.51,null,36.18,31.72,null,28.1]
["MATERIAL",40784,"CALHA QUADRADA DE CHAPA DE ACO GALVANIZADA NUM 24, CORTE 100 CM","M","CR",null,118.4,null,90.05,88.05,78.52,85.05,80.67,null,null,88.89,null,105.49,80.67,76.83,81.44,98.42,null,88.43,81.44,120.01,null,99.8,87.51,null,77.52]
["MATERIAL",40782,"CALHA QUADRADA DE CHAPA DE ACO GALVANIZADA NUM 24, CORTE 33 CM","M","CR",null,46.46,null,35.33,34.549999999999997,30.81,33.369999999999997,31.66,null,null,34.880000000000003,null,41.4,31.66,30.15,31.96,38.619999999999997,null,34.700000000000003,31.96,47.09,null,39.159999999999997,34.340000000000003,null,30.42]
["MATERIAL",40783,"CALHA QUADRADA DE CHAPA DE ACO GALVANIZADA NUM 24, CORTE 50 CM","M","CR",null,60.52,null,46.03,45.01,40.14,43.48,41.24,null,null,45.44,null,53.92,41.24,39.270000000000003,41.63,50.31,null,45.2,41.63,61.35,null,51.02,44.73,null,39.630000000000003]
["MATERIAL",1109,"CALHA QUADRADA DE CHAPA DE ACO GALVANIZADA NUM 26, CORTE 33 CM","M","CR",null,36.03,null,27.4,26.8,23.9,25.88,24.55,null,null,27.05,null,32.1,24.55,23.38,24.78,29.95,null,26.91,24.78,36.520000000000003,null,30.37,26.63,null,23.59]
["MATERIAL",1119,"CALHA QUADRADA DE CHAPA DE ACO GALVANIZADA NUM 28, CORTE 25 CM","M","CR",null,23.23,null,17.66,17.27,15.4,16.68,15.83,null,null,17.440000000000001,null,20.7,15.83,15.07,15.98,19.309999999999999,null,17.350000000000001,15.98,23.54,null,19.579999999999998,17.170000000000002,null,15.21]
["MATERIAL",13115,"CALHA/CANALETA DE CONCRETO SIMPLES, TIPO MEIA CANA, DIAMETRO DE 20 CM, PARA AGUA PLUVIAL","M","CR",30.4,18.41,null,null,21.08,null,20.75,32.43,null,null,37.49,null,null,41.55,null,null,48.64,14.99,34.450000000000003,32.46,38.75,null,24.32,18.64,19.23,27.56]
["MATERIAL",10541,"CALHA/CANALETA DE CONCRETO SIMPLES, TIPO MEIA CANA, DIAMETRO DE 30 CM, PARA AGUA PLUVIAL","M","CR",37.15,22.5,null,null,25.76,null,25.36,39.630000000000003,null,null,45.82,null,null,50.77,null,null,59.44,18.32,42.1,39.67,47.36,null,29.72,22.78,23.5,33.68]
["MATERIAL",10542,"CALHA/CANALETA DE CONCRETO SIMPLES, TIPO MEIA CANA, DIAMETRO DE 40 CM, PARA AGUA PLUVIAL","M","CR",48.58,29.43,null,null,33.68,null,33.159999999999997,51.82,null,null,59.92,null,null,66.400000000000006,null,null,77.739999999999995,23.96,55.06,51.87,61.93,null,38.869999999999997,29.8,30.73,44.05]
["MATERIAL",10543,"CALHA/CANALETA DE CONCRETO SIMPLES, TIPO MEIA CANA, DIAMETRO DE 50 CM, PARA AGUA PLUVIAL","M","CR",78.83,47.75,null,null,54.65,null,53.81,84.08,null,null,97.22,null,null,107.73,null,null,126.12,38.89,89.34,84.17,100.48,null,63.06,48.34,49.86,71.47]
["MATERIAL",10544,"CALHA/CANALETA DE CONCRETO SIMPLES, TIPO MEIA CANA, DIAMETRO DE 60 CM, PARA AGUA PLUVIAL","M","CR",101.95,61.76,null,null,70.69,null,69.599999999999994,108.75,null,null,125.75,null,null,139.34,null,null,163.13,50.3,115.55,108.86,129.96,null,81.56,62.53,64.489999999999995,92.44]
["MATERIAL",10545,"CALHA/CANALETA DE CONCRETO SIMPLES, TIPO MEIA CANA, DIAMETRO DE 80 CM, PARA AGUA PLUVIAL","M","CR",190.54,115.41,null,null,132.1,null,130.07,203.24,null,null,234.99,null,null,260.39999999999998,null,null,304.86,93.99,215.94,203.44,242.87,null,152.43,116.86,120.52,172.75]
["MATERIAL",38365,"CAMADA SEPARADORA DE FILME DE POLIETILENO 20 A 25 MICRA","M2","CR",null,2.46,null,3.27,2.34,null,2.06,2.4700000000000002,1.89,null,1.99,null,1.95,2.4300000000000002,2.31,2.09,3.67,2.66,2.52,null,3.18,null,2.19,null,3.01,2.1800000000000002]
["EQUIPAMENTO (AQUISIÇÃO)",44056,"CAMINHAO TOCO, PESO BRUTO TOTAL 10700 KG, CARGA UTIL MAXIMA 7400 KG, DISTANCIA ENTRE EIXOS 4,00 M, POTENCIA 175 CV (INCLUI CABINE E CHASSI, NAO INCLUI CARROCERIA)","UN","CR",{"$nulls":4},463783.76,{"$nulls":4},459099.08,462385.32,null,null,496576.55,null,501261.24,{"$nulls":4},475963.94,null,518688.26,454414.39,null,471700.88,623063.03]
["EQUIPAMENTO (AQUISIÇÃO)",44057,"CAMINHAO TOCO, PESO BRUTO TOTAL 13200 KG, CARGA UTIL MAXIMA 9200 KG, DISTANCIA ENTRE EIXOS 3,31 M, POTENCIA 175 CV (INCLUI CABINE E CHASSI, NAO INCLUI CARROCERIA)","UN","C",{"$nulls":4},495000,{"$nulls":4},490000,493507.43,null,null,530000,null,535000,{"$nulls":4},508000,null,553600,485000,null,503450,665000]
["EQUIPAMENTO (AQUISIÇÃO)",37754,"CAMINHAO TOCO, PESO BRUTO TOTAL 14300 KG, CARGA UTIL MAXIMA 9480 KG, DISTANCIA ENTRE EIXOS 4,80 M, POTENCIA 185 CV (INCLUI CABINE E CHASSI, NAO INCLUI CARROCERIA)","UN","CR",{"$nulls":4},511767.58,{"$nulls":4},506598.21,510224.45,null,null,547953.16,null,553122.53,{"$nulls":4},525207.93999999994,null,572352.59,501428.84,null,520503.81,687526.14]
["EQUIPAMENTO (AQUISIÇÃO)",37757,"CAMINHAO TOCO, PESO BRUTO TOTAL 16000 KG, CARGA UTIL MAXIMA 10600 KG, DISTANCIA ENTRE EIXOS 4,80 M, POTENCIA 277 CV (INCLUI CABINE E CHASSI, NAO INCLUI CARROCERIA)","UN","CR",{"$nulls":4},570810.82999999996,{"$nulls":4},565045.06000000006,569089.67000000004,null,null,611171.18999999994,null,616936.95999999996,{"$nulls":4},585801.81999999995,null,638385.61,559279.30000000005,null,580554.97,766846.87]
["EQUIPAMENTO (AQUISIÇÃO)",44058,"CAMINHAO TOCO, PESO BRUTO TOTAL 16000 KG, CARGA UTIL MAXIMA 10830 KG, DISTANCIA ENTRE EIXOS 3,56 M, POTENCIA 226 CV (INCLUI CABINE E CHASSI, NAO INCLUI CARROCERIA)","UN","CR",{"$nulls":4},539594.59,{"$nulls":4},534144.14,537967.56000000006,null,null,577747.75,null,583198.19999999995,{"$nulls":4},553765.77,null,603473.87,528693.68999999994,null,548805.86,724909.91]
["EQUIPAMENTO (AQUISIÇÃO)",37752,"CAMINHAO TOCO, PESO BRUTO TOTAL 16000 KG, CARGA UTIL MAXIMA 11030 KG, DISTANCIA ENTRE EIXOS 5,41 M, POTENCIA 185 CV (INCLUI CABINE E CHASSI, NAO INCLUI CARROCERIA)","UN","CR",{"$nulls":4},561891.87,{"$nulls":4},556216.18999999994,560197.6,null,null,601621.6,null,607297.27,{"$nulls":4},576648.63,null,628410.79,550540.52,null,571483.76,754864.84]
["EQUIPAMENTO (AQUISIÇÃO)",44059,"CAMINHAO TOCO, PESO BRUTO TOTAL 8500 KG, CARGA UTIL MAXIMA 5600 KG, DISTANCIA ENTRE EIXOS 3,40 M, POTENCIA 167 CV (INCLUI CABINE E CHASSI, NAO INCLUI CARROCERIA)","UN","CR",{"$nulls":4},444162.16,{"$nulls":4},439675.67,442822.88,null,null,475567.56,null,480054.05,{"$nulls":4},455827.02,null,496743.78,435189.19,null,451744.32,596702.69999999995]
["EQUIPAMENTO (AQUISIÇÃO)",37750,"CAMINHAO TOCO, PESO BRUTO TOTAL 9600 KG, CARGA UTIL MAXIMA 6190 KG, DISTANCIA ENTRE EIXOS 3,70 M, POTENCIA 156 CV (INCLUI CABINE E CHASSI, NAO INCLUI CARROCERIA)","UN","CR",{"$nulls":4},445054.05,{"$nulls":4},440558.55,443712.08,null,null,476522.52,null,481018.01,{"$nulls":4},456742.34,null,497741.26,436063.06,null,452651.44,597900.9]
["EQUIPAMENTO (AQUISIÇÃO)",37758,"CAMINHAO TRUCADO, PESO BRUTO TOTAL 23000 KG, CARGA UTIL MAXIMA 15285 KG, DISTANCIA ENTRE EIXOS 4,80 M, POTENCIA 326 CV (INCLUI CABINE E CHASSI, NAO INCLUI CARROCERIA)","UN","CR",{"$nulls":4},708162.14,{"$nulls":4},701008.99,706026.83,null,null,758234.21,null,765387.37,{"$nulls":4},726760.34,null,791997.1,693855.84,null,720250.97,951369.34]
["EQUIPAMENTO (AQUISIÇÃO)",44060,"CAMINHAO TRUCADO, PESO BRUTO TOTAL 23000 KG, CARGA UTIL MAXIMA 15460 KG, DISTANCIA ENTRE EIXOS 4,80 M, POTENCIA 286 CV (INCLUI CABINE E CHASSI, NAO INCLUI CARROCERIA)","UN","CR",{"$nulls":4},684972.98,{"$nulls":4},678054.06,682907.58,null,null,733405.41,null,740324.33,{"$nulls":4},702962.17,null,766062.71,671135.14,null,696665.95,920216.22]
["EQUIPAMENTO (AQUISIÇÃO)",37749,"CAMINHAO TRUCADO, PESO BRUTO TOTAL 23000 KG, CARGA UTIL MAXIMA 16360 KG, CABINE ESTENDIDA, DISTANCIA ENTRE EIXOS 3,56 M, POTENCIA 277 CV (INCLUI CABINE E CHASSI, NAO INCLUI CARROCERIA)","UN","CR",{"$nulls":4},731351.36,{"$nulls":4},723963.97,729146.12,null,null,783063.07,null,790450.46,{"$nulls":4},750558.57,null,817931.54,716576.58,null,743836.04,982522.53]
["EQUIPAMENTO (AQUISIÇÃO)",44061,"CAMINHAO TRUCADO, PESO BRUTO TOTAL 23000 KG, CARGA UTIL MAXIMA 16540 KG, DISTANCIA ENTRE EIXOS 4,80 M, POTENCIA 256 CV (INCLUI CABINE E CHASSI, NAO INCLUI CARROCERIA)","UN","CR",{"$nulls":4},671594.61,{"$nulls":4},664810.82999999996,669569.56000000006,null,null,719081.1,null,725864.88,{"$nulls":4},689232.45,null,751100.56,658027.04,null,683059.21,902243.27]
["EQUIPAMENTO (AQUISIÇÃO)",1159,"CAMINHONETE COM MOTOR A DIESEL, POTENCIA *160* CV, CABINE DUPLA, 4X4","UN","C",275165.5,275165.5,275165.5,275165.5,275165.5,275165.5,275165.5,275165.5,275165.5,275165.5,275165.5,275165.5,275165.5,275165.5,275165.5,275165.5,275165.5,275165.5,275165.5,275165.5,275165.5,275165.5,275165.5,275165.5,275165.5,275165.5,275165.5]
["MATERIAL",12114,"CAMPAINHA ALTA POTENCIA 110V / 220V, DIAMETRO 150 MM","UN","CR",188.02,202.32,169.14,154.84,95.85,132.57,184.33,169.58,129.77000000000001,124.01,125.34,117.97,126.96,121.66,121.66,120.92,159.26,131.24,117.38,124.6,141.56,124.6,164.27,153.36000000000001,101.6,138.47,133.01]
["MATERIAL",38106,"CAMPAINHA CIGARRA 127 V / 220 V (APENAS MODULO)","UN","CR",25.55,27.49,22.98,21.04,13.02,18.010000000000002,25.05,23.04,17.63,16.850000000000001,17.03,16.03,17.25,16.53,16.53,16.43,21.64,17.829999999999998,15.95,16.93,19.239999999999998,16.93,22.32,20.84,13.8,18.82,18.07]
["MATERIAL",38085,"CAMPAINHA CIGARRA 127 V / 220 V, CONJUNTO MONTADO PARA EMBUTIR 4\" X 2\" (PLACA + SUPORTE + MODULO)","UN","CR",30.18,32.479999999999997,27.15,24.85,15.38,21.28,29.59,27.22,20.83,19.91,20.12,18.93,20.38,19.53,19.53,19.41,25.56,21.07,18.84,20,22.72,20,26.37,24.62,16.309999999999999,22.23,21.35]
["MATERIAL",659,"CANALETA DE CONCRETO 14 X 19 X 19 CM (CLASSE C - NBR 6136)","UN","CR",4.41,2.63,2.96,3.23,2.31,3.05,3.32,2.86,2.91,3.19,3.12,2.86,3.05,3.05,2.96,2.82,2.37,2.4,2.4,3.39,3.7,3.56,3.46,3.14,2.59,2.78,3.23]
["MATERIAL",660,"CANALETA DE CONCRETO 19 X 19 X 19 CM (CLASSE C - NBR 6136)","UN","CR",5.28,3.16,3.54,3.88,2.77,3.65,3.98,3.43,3.49,3.82,3.74,3.43,3.65,3.65,3.54,3.38,2.84,2.88,2.88,4.0599999999999996,4.43,4.26,4.1500000000000004,3.77,3.1,3.33,3.88]
["MATERIAL",658,"CANALETA DE CONCRETO 9 X 19 X 19 CM (CLASSE C - NBR 6136)","UN","CR",2.98,1.78,2,2.19,1.56,2.06,2.2400000000000002,1.94,1.97,2.15,2.11,1.94,2.06,2.06,2,1.9,1.6,1.62,1.62,2.29,2.5,2.4,2.34,2.12,1.75,1.88,2.19]
["MATERIAL",38599,"CANALETA DE CONCRETO ESTRUTURAL 14 X 19 X 29 CM, FBK 14 MPA (NBR 6136)","UN","CR",9.18,5.48,6.16,6.73,4.8099999999999996,6.35,6.91,5.96,6.06,6.64,6.5,5.96,6.35,6.35,6.16,5.87,4.9400000000000004,5,5,7.06,7.7,7.41,7.21,6.54,5.39,5.79,6.73]
["MATERIAL",38596,"CANALETA DE CONCRETO ESTRUTURAL 14 X 19 X 29 CM, FBK 4,5 MPA (NBR 6136)","UN","CR",7.62,4.55,5.1100000000000003,5.59,3.99,5.27,5.73,4.95,5.03,5.51,5.4,4.95,5.27,5.27,5.1100000000000003,4.87,4.0999999999999996,4.1500000000000004,4.1500000000000004,5.86,6.39,6.15,5.99,5.43,4.47,4.8099999999999996,5.59]
["MATERIAL",38600,"CANALETA DE CONCRETO ESTRUTURAL 14 X 19 X 39 CM, FBK 14 MPA (NBR 6136)","UN","CR",9.73,5.81,6.53,7.14,5.0999999999999996,6.73,7.32,6.32,6.42,7.04,6.89,6.32,6.73,6.73,6.53,6.22,5.24,5.3,5.3,7.48,8.16,7.85,7.65,6.93,5.71,6.14,7.14]
["MATERIAL",38597,"CANALETA DE CONCRETO ESTRUTURAL 14 X 19 X 39 CM, FBK 4,5 MPA (NBR 6136)","UN","CR",7.67,4.58,5.14,5.63,4.0199999999999996,5.3,5.77,4.9800000000000004,5.0599999999999996,5.55,5.43,4.9800000000000004,5.3,5.3,5.14,4.9000000000000004,4.13,4.18,4.18,5.9,6.43,6.19,6.03,5.47,4.5,4.84,5.63]
["MATERIAL",38548,"CANALETA ESTRUTURAL CERAMICA DE 14 X 19 X 19 CM (L X A X C) E 6,0 MPA","UN","CR",2.4700000000000002,2.2000000000000002,1.91,2.2000000000000002,1.99,1.91,2.44,1.46,2.83,2.13,1.91,2.2200000000000002,2.35,2.15,1.97,1.46,2.13,1.77,1.84,1.91,2.08,1.93,1.97,2.4,1.41,1.82,2.42]
["MATERIAL",34649,"CANALETA ESTRUTURAL CERAMICA DE 14 X 19 X 29 CM (L X A X C) E 6,0 MPA","UN","CR",3.62,3.22,2.79,3.22,2.92,2.79,3.58,2.13,4.1399999999999997,3.12,2.79,3.25,3.45,3.16,2.89,2.13,3.12,2.6,2.69,2.79,3.06,2.83,2.89,3.52,2.0699999999999998,2.66,3.55]
["MATERIAL",34655,"CANALETA ESTRUTURAL CERAMICA DE 14 X 19 X 39 CM (L X A X C) E 6,0 MPA","UN","CR",5.32,4.74,4.1100000000000003,4.74,4.3,4.1100000000000003,5.27,3.14,6.09,4.59,4.1100000000000003,4.78,5.07,4.6399999999999997,4.25,3.14,4.59,3.82,3.96,4.1100000000000003,4.49,4.1500000000000004,4.25,5.17,3.04,3.91,5.22]
["MATERIAL",40607,"CANOPLA ACABAMENTO CROMADO PARA INSTALACAO DE SPRINKLER, SOB FORRO, 15 MM","UN","CR",null,6.53,null,null,5.86,8.99,5.72,6.37,4.57,7.35,6.21,8.68,5.05,6,null,null,null,9.4,6.86,6.86,null,null,3.9,null,null,5.99]
["MATERIAL",567,"CANTONEIRA (ABAS IGUAIS) EM ACO CARBONO, 25,4 MM X 3,17 MM (L X E), 1,27KG/M","M","CR",16.41,16.739999999999998,13.51,11.74,11.67,11.57,13.41,10.99,12.72,11.57,10.78,12.42,12.58,12.2,15.97,11.48,11.35,12.75,13.42,14.47,14.43,12.69,11.3,12.45,14.01,13.23,11.74]
["MATERIAL",586,"CANTONEIRA EM ALUMINIO, ABAS IGUAIS, LARGURA DE 25,40 MM (1\"), ESPESSURA DE 4,76 MM (3/16\") E PESO LINEAR DE APROXIMADAMENTE 0,593 KG/M","M","CR",{"$nulls":4},28.57,{"$nulls":5},33.83,39.65,{"$nulls":5},26.28,{"$nulls":4},23.4,27.11,null,21.69]
["MATERIAL",584,"CANTONEIRA EM ALUMINIO, ABAS IGUAIS, LARGURA DE 50,80 MM (2\"), ESPESSURA DE 3,17 MM (1/8\") E PESO LINEAR DE APROXIMADAMENTE 0,842 KG/M","M","CR",{"$nulls":4},48.27,{"$nulls":5},57.16,66.989999999999995,{"$nulls":5},44.4,{"$nulls":4},39.53,45.81,null,36.65]
["MATERIAL",1165,"CAP OU TAMPAO DE FERRO GALVANIZADO, COM ROSCA BSP, DE 1 1/2\"","UN","CR",18.850000000000001,null,null,null,17.260000000000002,{"$nulls":5},19.170000000000002,20.07,15.57,20.13,null,null,16.45,null,null,null,15.34,null,19.440000000000001,null,null,20,18.579999999999998]
["MATERIAL",1169,"CAP OU TAMPAO DE FERRO GALVANIZADO, COM ROSCA BSP, DE 2 1/2\"","UN","CR",49.11,null,null,null,44.96,{"$nulls":5},49.96,52.3,40.56,52.45,null,null,42.86,null,null,null,39.96,null,50.66,null,null,52.1,48.41]
["MATERIAL",1167,"CAP OU TAMPAO DE FERRO GALVANIZADO, COM ROSCA BSP, DE 4\"","UN","CR",117.1,null,null,null,107.21,{"$nulls":5},119.12,124.72,96.73,125.08,null,null,102.21,null,null,null,95.3,null,120.79,null,null,124.24,115.43]
["MATERIAL",1197,"CAP PVC, ROSCAVEL, 1/2\", PARA AGUA FRIA PREDIAL","UN","CR",2.06,1.81,1.72,1.54,1.62,1.82,1.89,2.35,1.95,1.72,1.79,1.9,1.74,2.04,1.74,1.75,1.79,1.68,1.83,1.59,1.83,1.62,2.1,1.72,1.76,1.84,1.75]
["MATERIAL",1198,"CAP PVC, ROSCAVEL, 3/4\", PARA AGUA FRIA PREDIAL","UN","CR",2.7,2.38,2.25,2.02,2.12,2.39,2.48,3.08,2.56,2.25,2.35,2.4900000000000002,2.2799999999999998,2.67,2.2799999999999998,2.2999999999999998,2.35,2.2000000000000002,2.39,2.09,2.39,2.12,2.75,2.25,2.2999999999999998,2.4,2.2999999999999998]
["MATERIAL",1185,"CAP PVC, SOLDAVEL, 25 MM, PARA AGUA FRIA PREDIAL","UN","CR",1.47,1.29,1.23,1.1000000000000001,1.1499999999999999,1.3,1.35,1.68,1.39,1.23,1.28,1.35,1.24,1.45,1.24,1.25,1.28,1.2,1.3,1.1399999999999999,1.3,1.1499999999999999,1.5,1.22,1.25,1.31,1.25]
["MATERIAL",1195,"CAP PVC, SOLDAVEL, 60 MM, PARA AGUA FRIA PREDIAL","UN","CR",14.03,12.36,11.73,10.49,11.01,12.42,12.88,16.010000000000002,13.31,11.73,12.22,12.94,11.84,13.89,11.84,11.96,12.22,11.44,12.45,10.87,12.45,11.01,14.32,11.7,11.99,12.51,11.96]
["MATERIAL",1207,"CAP, PVC PBA, JE, DN 100 / DE 110 MM, PARA REDE DE AGUA (NBR 10351)","UN","CR",32.36,30.96,null,33.36,24.62,{"$nulls":5},38.869999999999997,31.15,32.5,37.35,null,null,45.62,null,null,null,34.4,{"$nulls":4},40.06]
["MATERIAL",42685,"CAP, PVC, JE, OCRE, DN 150 MM (CONEXAO PARA TUBO COLETOR DE ESGOTO)","UN","CR",72.260000000000005,64.239999999999995,57.67,47.47,58.33,65.64,65.69,85.39,70.81,58.72,68.53,71.55,68.27,67.180000000000007,58.42,52.55,60.91,62.93,70.72,65.38,77.73,56.93,72.260000000000005,64.989999999999995,62.05,70.849999999999994,64.989999999999995]
["MATERIAL",12894,"CAPA PARA CHUVA EM PVC COM FORRO DE POLIESTER, COM CAPUZ (AMARELA OU AZUL)","UN","CR",21.6,22.34,22.71,26.81,21.74,23.28,20.79,19.66,18.239999999999998,20.27,20.61,23.29,28.79,26.21,25.86,24.02,28.12,23.68,26.81,20.78,23.83,28.58,25.17,23.71,20.11,23.09,24.99]
["MATERIAL",41410,"CAPTOR FRANKLIN (4 PONTAS), EM LATAO CROMADO, H = 300 MM, DUAS DESCIDAS","UN","CR",75.31,null,100.37,null,79.56,null,59.27,72.709999999999994,84.44,79.88,68.959999999999994,83.15,89.58,88.4,48.47,null,72.540000000000006,null,69.86,85.49,88.19,null,76.989999999999995,78.63,87.13,81.849999999999994,73]
["MATERIAL",41412,"CAPTOR FRANKLIN (4 PONTAS), EM LATAO CROMADO, H = 350 MM, DUAS DESCIDAS","UN","CR",132.05000000000001,null,176,null,139.5,null,103.94,127.5,148.06,140.07,120.93,145.80000000000001,157.08000000000001,155,85,null,127.2,null,122.5,149.9,154.63999999999999,null,135,137.88,152.78,143.53,128]
["MATERIAL",39360,"CARENAGEM /TAMPA, EM PLASTICO, COR BRANCA, UTILIZADO EM KIT CHASSI METALICO PARA INSTAL. HIDRAULICA DE TANQUE COM MAQUINA DE LAVAR ROUPA, *360* X *470* MM (L X H) (COM FUROS E DEMAIS ENCAIXES)","UN","CR",{"$nulls":22},62.93,null,null,39.33]
["SERVIÇOS",39635,"CARPETE DE POLIPROPILENO EM MANTA PARA TRAFEGO COMERCIAL MEDIO, E = 5 A 6 MM (INSTALADO)","M2","CR",{"$nulls":17},156.86000000000001,{"$nulls":5},102.15,null,123.9]
["MAO DE OBRA",40915,"CARPINTEIRO DE ESQUADRIAS (MENSALISTA)","MES","CR",3466.49,2989.4,3189.8,3096.09,3580.08,3262.44,3478.95,4057.11,3599.86,3167.26,4415.01,3021.44,2947.85,2981.82,2870.7,3347.24,3054.19,4277.3599999999997,5182.5200000000004,2786.92,3401.74,3531.31,3378.77,4852.9399999999996,3079.59,4086.34,3100.15]
["MATERIAL",2711,"CARRINHO DE MAO, EM ACO, COM CAPACIDADE DE *45 A 65* L / *100* KG, PNEU COM CAMARA","UN","C",232,180,null,220,181.5,null,222.4,200,228.25,219.9,247.5,179,246,null,null,189.9,389.9,149.9,null,225,235.27,247,217.95,228.69,185.23,213.95,284.72000000000003]
["MATERIAL",45235,"CARRINHO PLATAFORMA EM MADEIRA COM ESTRUTURA EM ACO, 1500 X 800 MM, COM CAPACIDADE DE 600 KG, 4 RODAS/PNEUS/CAMARAS","UN","CR",1494.72,1159.69,null,1417.41,1169.3599999999999,null,1432.87,1288.55,1470.56,1416.76,1594.58,1153.25,1584.92,null,null,1223.48,2512.0300000000002,965.77,null,1449.62,1515.79,1591.36,1404.2,1473.39,1193.3900000000001,1378.43,1834.38]
["EQUIPAMENTO (AQUISIÇÃO)",37732,"CARROCERIA FIXA ABERTA DE MADEIRA PARA TRANSPORTE GERAL DE CARGA SECA DIMENSOES APROXIMADAS 2,5 X 7,5 X 0,50 M (INCLUI MONTAGEM, NAO INCLUI CAMINHAO)","UN","CR",{"$nulls":4},26345.45,null,null,34741.25,null,null,38118.879999999997,null,39083.910000000003,null,null,null,28951.040000000001,32811.18,34741.25,null,null,null,44005.59,null,19976.22,36754.879999999997,34741.25]
["EQUIPAMENTO (AQUISIÇÃO)",37762,"CAVALO MECANICO TRACAO 4X2, PESO BRUTO TOTAL 16000 KG, CAPACIDADE MAXIMA DE TRACAO *36000* KG, DISTANCIA ENTRE EIXOS *3,56* M, POTENCIA *286* CV (INCLUI CABINE E CHASSI, NAO INCLUI SEMIRREBOQUE)","UN","CR",{"$nulls":4},708321.63,{"$nulls":4},694415.93,702237.89,712667.16,{"$nulls":5},693112.27,801229.09,null,739895.96,null,823565.12,741664.7,773504.6,732160.78]
["MAO DE OBRA",4235,"CAVOUQUEIRO OU OPERADOR DE PERFURATRIZ / ROMPEDOR (HORISTA)","H","CR",22.95,16.399999999999999,22.33,21.03,16.510000000000002,16.350000000000001,17.21,14.84,16.22,16.510000000000002,25.21,16.84,15.07,32.479999999999997,16.04,16.71,16.18,20.6,24.99,16.34,26.51,21.03,18.079999999999998,20.29,15.88,34.619999999999997,20.46]
["MAO DE OBRA",40976,"CAVOUQUEIRO OU OPERADOR DE PERFURATRIZ / ROMPEDOR (MENSALISTA)","MES","CR",4010.59,2864.46,3917.13,3654.24,2887.41,2875.33,3068.38,2603.7600000000002,2860.13,2908.72,4453.6499999999996,2942.39,2659.26,5627.08,2807.62,2925.11,2855.89,3616.06,4395.1000000000004,2856.22,4602,3664.92,3177.21,3559.51,2809.47,6064.03,3589.88]
["MATERIAL",43090,"CENTRO DE MEDICAO AGRUPADA, EM POLICARBONATO / PVC, COM 8 MEDIDORES E PROTECAO GERAL (INCLUI BARRAMENTO, DISJUNTORES E ACESSORIOS DE FIXACAO) (PADRAO CONCESSIONARIA LOCAL)","UN","CR",4473.1000000000004,3835.13,4356.2299999999996,3876.92,3030,2833.32,6386.3,3252.41,2749.5,4189.3,3689.92,3198.81,4007.96,3069.43,4651.3599999999997,4719.84,4035.12,5461.46,4451.38,3161.51,3305.54,4249.9799999999996,3302.47,5029.1400000000003,3009.93,3069.43,4372.75]
["MATERIAL",43105,"CHAPA DE ACO CARBONO GALVANIZADA, PERFURADA (GRADE FUROS) E = 1,5 MM, DIAMETRO DO FURO = 9,52 MM (FUROS ALTERNADOS HORIZ.)","KG","CR",null,46.86,null,35.64,34.85,31.08,33.659999999999997,31.93,null,null,35.18,null,41.75,31.93,30.41,32.229999999999997,38.96,null,35,32.229999999999997,47.5,null,39.5,34.64,null,30.68]
["MATERIAL",1321,"CHAPA DE ACO FINA A QUENTE BITOLA MSG 13, E = 2,25 MM (18,00 KG/M2)","KG","CR",null,12.1,null,9.1999999999999993,9,8.0299999999999994,8.69,8.25,null,null,9.09,null,10.78,8.25,7.85,8.32,10.06,null,9.0399999999999991,8.32,12.27,null,10.199999999999999,8.94,null,7.92]
["MATERIAL",1318,"CHAPA DE ACO FINA A QUENTE BITOLA MSG 14, E = 2,00 MM (16,0 KG/M2)","KG","CR",null,12.11,null,9.2100000000000009,9.01,8.0299999999999994,8.6999999999999993,8.25,null,null,9.09,null,10.79,8.25,7.86,8.33,10.07,null,9.0500000000000007,8.33,12.28,null,10.210000000000001,8.9499999999999993,null,7.93]
["MATERIAL",11046,"CHAPA DE ACO GALVANIZADA BITOLA GSG 18, E = 1,25 MM (10,00 KG/M2)","KG","CR",null,14.79,null,11.25,11,9.81,10.62,10.08,null,null,11.1,null,13.18,10.08,9.6,10.17,12.29,null,11.04,10.17,14.99,null,12.47,10.93,null,9.68]
["MATERIAL",11049,"CHAPA DE ACO GALVANIZADA BITOLA GSG 22, E = 0,80 MM (6,40 KG/M2)","KG","C",null,15.41,null,11.72,11.46,10.220000000000001,11.07,10.5,null,null,11.57,null,13.73,10.5,10,10.6,12.81,null,11.51,10.6,15.62,null,12.99,11.39,null,10.09]
["MATERIAL",1333,"CHAPA DE ACO GROSSA, ASTM A36, E = 1/2\" (12,70 MM) 99,59 KG/M2","KG","CR",null,11.75,null,8.94,8.74,7.79,8.44,8,null,null,8.82,null,10.47,8,7.62,8.08,9.77,null,8.7799999999999994,8.08,11.91,null,9.9,8.68,null,7.69]
["MATERIAL",1330,"CHAPA DE ACO GROSSA, ASTM A36, E = 1/4\" (6,35 MM) 49,79 KG/M2","KG","CR",null,11.64,null,8.85,8.66,7.72,8.36,7.93,null,null,8.74,null,10.37,7.93,7.55,8.01,9.68,null,8.69,8.01,11.8,null,9.81,8.6,null,7.62]
["MATERIAL",1335,"CHAPA DE ACO GROSSA, ASTM A36, E = 7/8\" (22,23 MM) 174,28 KG/M2","KG","CR",null,13.68,null,10.4,10.17,9.07,9.82,9.32,null,null,10.27,null,12.19,9.32,8.8699999999999992,9.41,11.37,null,10.210000000000001,9.41,13.86,null,11.53,10.11,null,8.9499999999999993]
["MATERIAL",1341,"CHAPA DE LAMINADO MELAMINICO, TEXTURIZADO, DE 1,25 X 3,08 METROS, ESPESSURA = 0,8 MILIMETROS","M2","CR",{"$nulls":4},52.11,null,null,43.43,{"$nulls":8},54.72,null,54.72,null,54.72,{"$nulls":4},43.1]
["MATERIAL",34660,"CHAPA DE MDF BRANCO LISO 1 FACE, E = 18 MM, DE *2,75 X 1,85* M","M2","CR",null,null,null,54.48,62.22,null,61.71,57.36,49.38,null,55.98,64.81,60.25,56.1,null,61.6,69.489999999999995,null,65,null,62.35,null,55.98,59.35,null,63.34]
["MATERIAL",34667,"CHAPA DE MDF BRANCO LISO 1 FACE, E = 6 MM, DE *2,75 X 1,85* M","M2","CR",null,null,null,28.33,32.36,null,32.1,29.83,25.68,null,29.11,33.71,31.34,29.18,null,32.04,36.14,null,33.81,null,32.43,null,29.11,30.87,null,32.94]
["MATERIAL",34666,"CHAPA DE MDF BRANCO LISO 2 FACES, E = 25 MM, DE *2,75 X 1,85* M","M2","CR",null,null,null,83.37,95.22,null,94.44,87.78,75.56,null,85.66,99.18,92.2,85.85,null,94.26,106.34,null,99.47,null,95.41,null,85.66,90.83,null,96.92]
["MATERIAL",34671,"CHAPA DE MDF CRU, E = 12 MM, DE *2,75 X 1,85* M","M2","CR",null,null,null,31.21,35.64,null,35.35,32.86,28.28,null,32.06,37.119999999999997,34.51,32.14,null,35.28,39.81,null,37.229999999999997,null,35.71,null,32.06,34,null,36.28]
["MATERIAL",34677,"CHAPA DE MDF CRU, E = 9 MM, DE *2,75 X 1,85* M","M2","CR",null,null,null,25.19,28.77,null,28.54,26.52,22.83,null,25.88,29.97,27.86,25.94,null,28.48,32.130000000000003,null,30.06,null,28.83,null,25.88,27.44,null,29.29]
["MATERIAL",43126,"CHAPA EM ACO GALVANIZADO PARA STEEL DECK, COM NERVURAS TRAPEZOIDAIS, LARGURA UTIL DE 915 MM E ESPESSURA DE 0,80 MM","M2","CR",92.77,null,null,85.26,90.19,{"$nulls":5},81.349999999999994,null,98.07,106.03,null,null,102.71,null,123.26,null,109.74,null,86.59,null,null,103.27]
["MATERIAL",1345,"CHAPA/PAINEL DE MADEIRA COMPENSADA PLASTIFICADA (MADEIRITE PLASTIFICADO) PARA FORMA DE CONCRETO, DE 2200 X 1100 MM, E = *17* MM","M2","CR",119.96,116.49,93.7,105.5,68.81,97.73,65.53,90.5,127.73,88.73,88.3,86.68,97.81,88.57,46.63,71.98,106.63,68.03,77.73,95.77,138.83000000000001,93.7,101.55,95.45,77.87,71.31,92.14]
["MATERIAL",43680,"CHAPA/PAINEL DE MADEIRA COMPENSADA PLASTIFICADA (MADEIRITE PLASTIFICADO) PARA FORMA DE CONCRETO, DE 2200 X 1100 MM, E = 20 MM","M2","CR",144.47999999999999,140.30000000000001,112.85,127.06,82.87,117.71,78.92,109,153.83000000000001,106.86,106.34,104.4,117.8,106.67,56.16,86.69,128.41999999999999,81.93,93.62,115.34,167.2,112.85,122.3,114.95,93.78,85.88,110.97]
["MATERIAL",43682,"CHAPA/PAINEL DE MADEIRA COMPENSADA RESINADA (MADEIRITE RESINADO ROSA) PARA FORMA DE CONCRETO, DE 2200 X 1100 MM, E = 6 MM","M2","CR",26.94,26.16,21.04,23.69,15.45,21.95,14.71,20.32,28.69,19.93,19.829999999999998,19.47,21.97,19.89,10.47,16.16,23.95,15.28,17.46,21.51,31.18,21.04,22.81,21.43,17.489999999999998,16.010000000000002,20.69]
["MATERIAL",45243,"CHAVE AJUSTAVEL (INGLESA) 15\"","UN","CR",236.77,183.7,null,224.53,185.23,null,226.98,204.11,232.95,224.42,252.59,182.68,251.06,null,null,193.81,397.93,152.97999999999999,null,229.63,240.11,252.08,222.43,233.4,189.04,218.35,290.58]
["MATERIAL",45246,"CHAVE DE GRIFO DE 24\"","UN","CR",192.45,149.31,null,182.49,150.56,null,184.48,165.9,189.34,182.41,205.31,148.47999999999999,204.06,null,null,157.52000000000001,323.43,124.34,null,186.64,195.16,204.89,180.79,189.7,153.65,177.47,236.18]
["MATERIAL",11977,"CHUMBADOR DE ACO ZINCADO, DIAMETRO 1/2\", COMPRIMENTO 75 MM","UN","CR",null,10.65,null,14.37,12.39,14.86,{"$nulls":4},13.77,12.04,10.65,13.63,null,16.75,null,9.76,14.37,null,12.39,null,null,13.38,null,10.9]
["MATERIAL",11975,"CHUMBADOR DE ACO ZINCADO, DIAMETRO 5/8\", COMPRIMENTO 6\", COM PORCA","UN","CR",null,23.35,null,31.49,27.15,32.58,{"$nulls":4},30.19,26.39,23.35,29.86,null,36.700000000000003,null,21.39,31.49,null,27.15,null,null,29.32,null,23.89]
["MATERIAL",1380,"CIMENTO BRANCO NAO ESTRUTURAL (CPB - NAO ESTRUTURAL)","KG","CR",8.56,5.48,6.35,7.43,5.35,4.88,4.41,4.3499999999999996,4.82,6.02,5.08,5.55,5.95,7.76,4.82,4.68,6.69,4.82,4.55,4.82,7.36,11.64,6.22,5.55,5.0199999999999996,4.1500000000000004,6.15]
["MATERIAL",34753,"CIMENTO PORTLAND POZOLANICO CP IV-32","KG","CR",1.24,0.79,0.92,1.08,0.77,0.71,0.64,0.63,0.7,0.87,0.73,0.8,0.86,1.1200000000000001,0.7,0.68,0.97,0.7,0.66,0.7,1.07,1.69,0.9,0.8,0.72,0.6,0.89]
["MATERIAL",12329,"COBRE ELETROLITICO EM BARRA OU CHAPA","KG","CR",152.53,159.06,130.54,159.74,137.07,147.03,158.03,137.41,137.41,154.59,136.04,136.72999999999999,145.31,150.47,151.16,134.66999999999999,143.94,135.01,135.69999999999999,144.28,149.44,144.63,131.57,138.44,140.16,134.66999999999999,150.47]
["MATERIAL",37419,"COLAR DE TOMADA EM POLIPROPILENO, PP, COM PARAFUSOS, PARA PEAD, 63 X 3/4\" - LIGACAO PREDIAL DE AGUA","UN","CR",{"$nulls":10},25.79,{"$nulls":11},28.93,null,null,16.100000000000001]
["MATERIAL",1420,"COLAR TOMADA PVC, COM TRAVAS, SAIDA COM ROSCA, DE 40 MM X 1/2\" OU 40 MM X 3/4\", PARA LIGACAO PREDIAL DE AGUA","UN","CR",8.4700000000000006,8.1,null,8.73,6.44,{"$nulls":5},10.17,8.15,8.51,9.77,null,null,11.94,null,null,null,9,{"$nulls":4},10.49]
["MATERIAL",1414,"COLAR TOMADA PVC, COM TRAVAS, SAIDA COM ROSCA, DE 60 MM X 1/2\" OU 60 MM X 3/4\", PARA LIGACAO PREDIAL DE AGUA","UN","CR",10.01,9.57,null,10.32,7.61,{"$nulls":5},12.02,9.6300000000000008,10.050000000000001,11.55,null,null,14.11,null,null,null,10.64,{"$nulls":4},12.39]
["EQUIPAMENTO (AQUISIÇÃO)",11281,"COMPACTADOR DE SOLO A PERCUSSAO (SOQUETE), A GASOLINA 4 TEMPOS, PESO 55 A 65 KG, FORCA DE IMPACTO 1.000 A 1.500 KGF, FREQ. 600 A 700 GOLPES P/ MINUTO, VELOCIDADE TRABALHO DE 10 A 15 M/MIN, POT. DE 2,00 A 3,00 HP","UN","C",{"$nulls":4},11766,null,null,9200,null,null,9900,11856.9,{"$nulls":8},15436.29,null,12859,null,null,13990,11229.07]
["EQUIPAMENTO (AQUISIÇÃO)",13457,"COMPACTADOR DE SOLO TIPO PLACA VIBRATORIA REVERSIVEL, A GASOLINA 4 TEMPOS, PESO 150 A 175 KG, FORCA CENTRIF. 2800 A 3100 KGF, LARG. TRABALHO DE 450 A 520 MM, FREQ. VIBRACAO 4000 A 4300 RPM, VELOC. TRABALHO DE 15 A 20 M/MIN, POT. DE 6,0 A 7,0 HP","UN","CR",{"$nulls":4},8526.08,null,null,6666.66,null,null,7173.91,8591.9500000000007,{"$nulls":8},11185.71,null,9318.11,null,null,10137.68,8137]
["EQUIPAMENTO (AQUISIÇÃO)",40700,"COMPACTADOR DE SOLO, TIPO PLACA VIBRATORIA REVERSIVEL, A GASOLINA 4 TEMPOS, PESO 160 A 265 KG, FORCA CENTRIF. DE 2750 A 4000 KGF, LARG. TRABALHO DE 430 A 550 MM, FREQ. VIBRACAO DE 4000 A 5500 RPM, VELOCIDADE TRABALHO DE 20 A 25 M/MIN, POT. DE 7,5 A 9,0 HP","UN","CR",{"$nulls":4},15342.96,null,null,11996.87,null,null,12909.68,15461.49,{"$nulls":8},20129.05,null,16768.240000000002,null,null,18243.07,14642.8]
["MATERIAL",34743,"COMPENSADO NAVAL - CHAPA/PAINEL EM MADEIRA COMPENSADA PRENSADA, DE 2200 X 1600 MM, E = 18 MM","M2","CR",148.28,143.99,115.82,130.4,85.05,120.8,81,111.86,157.88,109.67,109.14,107.14,120.9,109.47,57.64,88.97,131.80000000000001,84.09,96.08,118.37,171.6,115.82,125.52,117.98,96.25,88.14,113.89]
["MATERIAL",1360,"COMPENSADO NAVAL - CHAPA/PAINEL EM MADEIRA COMPENSADA PRENSADA, DE 2200 X 1600 MM, E = 6 MM","M2","CR",63.72,61.88,49.77,56.04,36.549999999999997,51.91,34.81,48.07,67.849999999999994,47.13,46.9,46.04,51.95,47.04,24.77,38.229999999999997,56.64,36.130000000000003,41.29,50.87,73.739999999999995,49.77,53.94,50.7,41.36,37.880000000000003,48.94]
["EQUIPAMENTO (AQUISIÇÃO)",36527,"COMPRESSOR DE AR REBOCAVEL VAZAO 860 PCM, PRESSAO EFETIVA DE TRABALHO 102 PSI, MOTOR DIESEL, POTENCIA 250 CV","UN","CR",{"$nulls":25},364638.21]
["EQUIPAMENTO (AQUISIÇÃO)",38642,"COMPRESSOR DE AR REBOCAVEL, VAZAO 152 PCM, PRESSAO EFETIVA DE TRABALHO 102 PSI, MOTOR DIESEL, POTENCIA 31,5 KW","UN","CR",{"$nulls":25},84897.13]
["MATERIAL",11146,"CONCRETO AUTOADENSAVEL (CAA) CLASSE DE RESISTENCIA C15, ESPALHAMENTO SF2, COM BOMBEAMENTO (DISPONIBILIZACAO DE BOMBA), SEM O LANCAMENTO (NBR 15823)","M3","CR",1735.77,562.62,956.46,922.7,647.02,523.24,553.05999999999995,655.46,656.02,658.27,585.13,630.14,779.23,742.66,585.13,517.61,596.38,507.86,551.37,587.94000000000005,911.45,1161.26,599.19000000000005,656.99,534.49,495.11,720.16]
["MATERIAL",34491,"CONCRETO AUTOADENSAVEL (CAA) CLASSE DE RESISTENCIA C30, ESPALHAMENTO SF2, COM BOMBEAMENTO (DISPONIBILIZACAO DE BOMBA), SEM O LANCAMENTO (NBR 15823)","M3","CR",1876.81,608.34,1034.18,997.68,699.59,565.75,598,708.71,709.32,711.76,632.66999999999996,681.34,842.55,803.01,632.66999999999996,559.66999999999996,644.84,549.12,596.16999999999996,635.71,985.51,1255.6199999999999,647.88,710.37,577.91999999999996,535.34,778.67]
["MATERIAL",34492,"CONCRETO USINADO BOMBEAVEL, CLASSE DE RESISTENCIA C20, COM BRITA 0 E 1, SLUMP = 100 +/- 20 MM, EXCLUI SERVICO DE BOMBEAMENTO (NBR 8953)","M3","C",1542.56,500,850,820,575,465,491.5,582.5,583,585,520,560,692.5,660,520,460,530,451.33,490,522.5,810,1032,532.5,583.86,475,440,640]
["MATERIAL",39849,"CONCRETO USINADO BOMBEAVEL, CLASSE DE RESISTENCIA C20, COM BRITA 0 E 1, SLUMP = 190 +/- 20 MM, COM BOMBEAMENTO (DISPONIBILIZACAO DE BOMBA), SEM O LANCAMENTO (NBR 8953)","M3","CR",1831.08,593.52,1008.98,973.37,682.54,551.97,583.42999999999995,691.45,692.04,694.41,617.26,664.74,822.02,783.44,617.26,546.03,629.13,535.74,581.64,620.22,961.5,1225.02,632.09,693.06,563.84,522.29,759.7]
["MATERIAL",34493,"CONCRETO USINADO BOMBEAVEL, CLASSE DE RESISTENCIA C25, COM BRITA 0 E 1, SLUMP = 100 +/- 20 MM, EXCLUI SERVICO DE BOMBEAMENTO (NBR 8953)","M3","CR",1586.04,514.09,873.96,843.11,591.20000000000005,478.1,505.35,598.91,599.42999999999995,601.49,534.65,575.78,712.02,678.6,534.65,472.96,544.92999999999995,464.05,503.81,537.22,832.83,1061.0899999999999,547.51,600.30999999999995,488.38,452.4,658.04]
["MATERIAL",38406,"CONCRETO USINADO BOMBEAVEL, CLASSE DE RESISTENCIA C30, COM BRITA 0 E 1, SLUMP = 130 +/- 20 MM, EXCLUI SERVICO DE BOMBEAMENTO (NBR 8953)","M3","CR",1739.2,563.73,958.35,924.53,648.29999999999995,524.27,554.15,656.75,657.32,659.57,586.28,631.38,780.77,744.13,586.28,518.64,597.55999999999995,508.86,552.46,589.1,913.25,1163.55,600.38,658.28,535.54999999999995,496.09,721.58]
["MATERIAL",34495,"CONCRETO USINADO BOMBEAVEL, CLASSE DE RESISTENCIA C35, COM BRITA 0 E 1, SLUMP = 100 +/- 20 MM, EXCLUI SERVICO DE BOMBEAMENTO (NBR 8953)","M3","CR",1691.77,548.36,932.22,899.32,630.62,509.98,539.04,638.84,639.39,641.58000000000004,570.29999999999995,614.16,759.48,723.84,570.29999999999995,504.49,581.26,494.98,537.39,573.04,888.35,1131.82,584,640.33000000000004,520.94000000000005,482.56,701.9]
["MATERIAL",34479,"CONCRETO USINADO BOMBEAVEL, CLASSE DE RESISTENCIA C40, BRITA 0 E 1, SLUMP = 100 +/- 20 MM, COM BOMBEAMENTO (DISPONIBILIZACAO DE BOMBA), SEM O LANCAMENTO (NBR 8953)","M3","CR",1876.81,608.34,1034.18,997.68,699.59,565.75,598,708.71,709.32,711.76,632.66999999999996,681.34,842.55,803.01,632.66999999999996,559.66999999999996,644.84,549.12,596.16999999999996,635.71,985.51,1255.6199999999999,647.88,710.37,577.91999999999996,535.34,778.67]
["MATERIAL",14041,"CONCRETO USINADO CONVENCIONAL (NAO BOMBEAVEL) CLASSE DE RESISTENCIA C10, COM BRITA 1 E 2, SLUMP = 80 MM +/- 10 MM (NBR 8953)","M3","CR",1456.51,472.1,802.58,774.25,542.91999999999996,439.06,464.08,550,550.47,552.36,490.99,528.76,653.87,623.17999999999995,490.99,434.33,500.43,426.15,462.66,493.35,764.81,974.43,502.79,551.29,448.5,415.45,604.29]
["MATERIAL",14052,"CONDULETE DE ALUMINIO TIPO B, PARA ELETRODUTO ROSCAVEL DE 1/2\", COM TAMPA CEGA","UN","CR",null,12.83,15.62,13.94,15.58,null,11.73,15.37,11.3,17.57,17.57,13.68,13.8,14.44,11.44,13.94,12.55,15.46,13.22,12.71,13.48,null,14,12.13,16.87,14.71]
["MATERIAL",2589,"CONDULETE DE ALUMINIO TIPO E, PARA ELETRODUTO ROSCAVEL DE 1 1/2\", COM TAMPA CEGA","UN","CR",null,30.6,37.25,33.26,37.159999999999997,null,27.98,36.68,26.96,41.91,41.91,32.64,32.93,34.46,27.29,33.26,29.93,36.880000000000003,31.53,30.31,32.15,null,33.39,28.94,40.25,35.1]
["MATERIAL",2566,"CONDULETE DE ALUMINIO TIPO E, PARA ELETRODUTO ROSCAVEL DE 1 1/4\", COM TAMPA CEGA","UN","CR",null,23.02,28.03,25.02,27.96,null,21.05,27.59,20.28,31.53,31.53,24.56,24.77,25.92,20.53,25.02,22.52,27.74,23.72,22.8,24.19,null,25.12,21.77,30.28,26.41]
["MATERIAL",2565,"CONDULETE DE ALUMINIO TIPO E, PARA ELETRODUTO ROSCAVEL DE 3/4\", COM TAMPA CEGA","UN","CR",null,11.18,13.61,12.15,13.58,null,10.220000000000001,13.4,9.85,15.31,15.31,11.92,12.03,12.59,9.9700000000000006,12.15,10.94,13.47,11.52,11.07,11.75,null,12.2,10.57,14.7,12.82]
["MATERIAL",2570,"CONDULETE DE ALUMINIO TIPO LR, PARA ELETRODUTO ROSCAVEL DE 1\", COM TAMPA CEGA","UN","CR",null,18.16,22.1,19.739999999999998,22.05,null,16.600000000000001,21.76,16,24.87,24.87,19.37,19.54,20.45,16.2,19.739999999999998,17.760000000000002,21.88,18.71,17.98,19.079999999999998,null,19.809999999999999,17.170000000000002,23.88,20.83]
["MATERIAL",2593,"CONDULETE DE ALUMINIO TIPO LR, PARA ELETRODUTO ROSCAVEL DE 3/4\", COM TAMPA CEGA","UN","CR",null,11.55,14.06,12.55,14.02,null,10.56,13.84,10.17,15.82,15.82,12.32,12.43,13,10.3,12.55,11.3,13.92,11.9,11.44,12.13,null,12.6,10.92,15.19,13.25]
["MATERIAL",2595,"CONDULETE DE ALUMINIO TIPO LR, PARA ELETRODUTO ROSCAVEL DE 4\", COM TAMPA CEGA","UN","CR",null,248.69,302.75,270.31,302.02999999999997,null,227.42,298.06,219.13,340.59,340.59,265.27,267.61,280.04000000000002,221.83,270.31,243.28,299.69,256.25,246.34,261.3,null,271.39,235.17,327.08,285.27]
["MATERIAL",2577,"CONDULETE DE ALUMINIO TIPO T, PARA ELETRODUTO ROSCAVEL DE 2\", COM TAMPA CEGA","UN","CR",null,57.44,69.930000000000007,62.44,69.77,null,52.53,68.849999999999994,50.62,78.67,78.67,61.27,61.81,64.69,51.24,62.44,56.19,69.22,59.19,56.9,60.36,null,62.69,54.32,75.55,65.89]
["MATERIAL",2585,"CONDULETE DE ALUMINIO TIPO T, PARA ELETRODUTO ROSCAVEL DE 4\", COM TAMPA CEGA","UN","CR",null,246.11,299.61,267.51,298.89999999999998,null,225.06,294.97000000000003,216.86,337.06,337.06,262.52,264.83,277.14,219.53,267.51,240.76,296.58,253.6,243.79,258.58999999999997,null,268.58,232.73,323.69,282.31]
["MATERIAL",2596,"CONDULETE DE ALUMINIO TIPO X, PARA ELETRODUTO ROSCAVEL DE 2\", COM TAMPA CEGA","UN","CR",null,60.72,73.92,66,73.739999999999995,null,55.53,72.78,53.5,83.16,83.16,64.77,65.34,68.38,54.16,66,59.4,73.17,62.57,60.15,63.8,null,66.260000000000005,57.42,79.86,69.650000000000006]
["MATERIAL",2583,"CONDULETE DE ALUMINIO TIPO X, PARA ELETRODUTO ROSCAVEL DE 3\", COM TAMPA CEGA","UN","CR",null,147.69,179.79,160.53,179.36,null,135.06,177.01,130.13,202.27,202.27,157.53,158.91999999999999,166.31,131.74,160.53,144.47999999999999,177.97,152.18,146.29,155.18,null,161.16999999999999,139.66,194.24,169.41]
["MATERIAL",39332,"CONDULETE EM PVC, TIPO \"C\", SEM TAMPA, DE 1\"","UN","CR",11.16,9.57,11.29,16.260000000000002,10.89,9.2100000000000009,14.09,13.33,7.77,13.55,14.95,9.39,14,15.36,6.95,16.940000000000001,11.74,21.73,15.63,11.79,10.43,13.55,15.4,11.07,8.99,9.7100000000000009,12.6]
["MATERIAL",39333,"CONDULETE EM PVC, TIPO \"E\", SEM TAMPA, DE 1/2\"","UN","CR",8.66,7.43,8.76,12.62,8.4499999999999993,7.15,10.94,10.34,6.03,10.52,11.6,7.29,10.87,11.92,5.4,13.15,9.11,16.86,12.13,9.15,8.1,10.52,11.95,8.59,6.97,7.54,9.7799999999999994]
["MATERIAL",12020,"CONDULETE EM PVC, TIPO \"LL\", SEM TAMPA, DE 1/2\" OU 3/4\"","UN","CR",10,8.58,10.119999999999999,14.57,9.75,8.26,12.63,11.94,6.96,12.14,13.4,8.42,12.55,13.76,6.23,15.18,10.52,19.47,14.01,10.56,9.35,12.14,13.8,9.92,8.0500000000000007,8.6999999999999993,11.29]
["MATERIAL",39337,"CONDULETE EM PVC, TIPO \"LR\", SEM TAMPA, DE 3/4\"","UN","CR",8.8800000000000008,7.62,8.99,12.94,8.66,7.33,11.22,10.61,6.18,10.79,11.9,7.48,11.15,12.23,5.53,13.48,9.35,17.3,12.44,9.3800000000000008,8.3000000000000007,10.79,12.26,8.81,7.15,7.73,10.029999999999999]
["MATERIAL",39340,"CONDULETE EM PVC, TIPO \"T\", SEM TAMPA, DE 3/4\"","UN","CR",10.68,9.16,10.81,15.56,10.42,8.82,13.49,12.75,7.43,12.97,14.31,8.99,13.4,14.7,6.65,16.21,11.24,20.8,14.96,11.28,9.98,12.97,14.74,10.59,8.6,9.2899999999999991,12.06]
["MATERIAL",39344,"CONDULETE EM PVC, TIPO \"X\", SEM TAMPA, DE 3/4\"","UN","CR",11.87,10.19,12.02,17.309999999999999,11.58,9.8000000000000007,15,14.18,8.27,14.42,15.91,10,14.9,16.34,7.4,18.03,12.5,23.12,16.63,12.55,11.1,14.42,16.39,11.78,9.56,10.33,13.41]
["MATERIAL",34498,"CONE DE SINALIZACAO EM PVC FLEXIVEL, H = 70 / 76 CM (NBR 15071)","UN","CR",74.62,147.29,99.77,148.47999999999999,89.58,118.54,96.21,94.6,87.66,135.62,95.74,100.63,95.5,115.22,110.47,158.93,112.79,90.03,106.9,86.95,103.22,106.9,132.80000000000001,126.33,104.05,106.9,154.56]
["MATERIAL",38999,"CONECTOR / ADAPTADOR F/F, COM INSERTO METALICO, PPR, DN 32 MM X 3/4\", PARA AGUA QUENTE E FRIA PREDIAL","UN","CR",{"$nulls":6},34.340000000000003,{"$nulls":10},34,{"$nulls":4},28.64,28.16,null,28.73]
["MATERIAL",39600,"CONECTOR / TOMADA FEMEA RJ 45, CATEGORIA 5 E (CAT 5E) PARA CABOS","UN","CR",15.73,14,14.42,10.96,13.63,14.05,17.72,13.58,15.89,16.52,14.52,19.190000000000001,18.93,18.46,17.88,14.21,22.23,19.77,16.46,14.26,11.8,15.47,15.47,17.3,14.26,17.2,18.46]
["MATERIAL",39864,"CONECTOR BRONZE/LATAO SEM ANEL DE SOLDA, BOLSA X ROSCA F, 22 MM X 3/4\"","UN","CR",{"$nulls":6},29.98,{"$nulls":18},18.55]
["MATERIAL",2548,"CONECTOR CURVO 90 GRAUS DE ALUMINIO, BITOLA 1/2\", PARA ADAPTAR ENTRADA DE ELETRODUTO METALICO FLEXIVEL EM QUADROS","UN","CR",null,9.73,11.85,10.58,11.82,null,8.9,11.67,8.58,13.33,13.33,10.38,10.48,10.96,8.68,10.58,9.52,11.73,10.029999999999999,9.64,10.23,null,10.62,9.2100000000000009,12.8,11.17]
["MATERIAL",2518,"CONECTOR CURVO 90 GRAUS DE ALUMINIO, BITOLA 2 1/2\", PARA ADAPTAR ENTRADA DE ELETRODUTO METALICO FLEXIVEL EM QUADROS","UN","CR",null,116.6,141.94999999999999,126.74,141.61000000000001,null,106.63,139.75,102.74,159.69,159.69,124.37,125.47,131.30000000000001,104.01,126.74,114.06,140.51,120.15,115.5,122.51,null,127.24,110.26,153.35,133.75]
["MATERIAL",2520,"CONECTOR CURVO 90 GRAUS DE ALUMINIO, BITOLA 4\", PARA ADAPTAR ENTRADA DE ELETRODUTO METALICO FLEXIVEL EM QUADROS","UN","CR",null,258.76,315.02,281.27,314.27,null,236.64,310.14,228.01,354.4,354.4,276.02,278.45,291.39,230.82,281.27,253.14,311.83,266.64,256.33,271.89,null,282.39,244.7,340.33,296.83]
["MATERIAL",1603,"CONECTOR DE ALUMINIO TIPO PRENSA CABO, BITOLA 2\", PARA CABOS DE DIAMETRO DE 47,5 A 50 MM","UN","CR",78.63,84.52,65.959999999999994,90.51,64.38,null,84.29,84.86,83.84,85.31,103.41,82.59,96.74,67.319999999999993,69.58,84.86,95.04,77.95,79.2,89.84,90.51,39.6,86.21,67.88,68,77.62,87.23]
["MATERIAL",11821,"CONECTOR METALICO TIPO PARAFUSO FENDIDO (SPLIT BOLT), COM SEPARADOR DE CABOS BIMETALICOS, PARA CABOS ATE 25 MM2","UN","CR",10.61,11.4,8.9,12.21,8.68,null,11.37,11.45,11.31,11.51,13.95,11.14,13.05,9.08,9.3800000000000008,11.45,12.82,10.51,10.68,12.12,12.21,5.34,11.63,9.16,9.17,10.47,11.77]
["MATERIAL",1563,"CONECTOR METALICO TIPO PARAFUSO FENDIDO (SPLIT BOLT), COM SEPARADOR DE CABOS BIMETALICOS, PARA CABOS ATE 70 MM2","UN","CR",23.31,25.06,19.55,26.83,19.079999999999998,null,24.99,25.16,24.86,25.29,30.66,24.49,28.68,19.96,20.63,25.16,28.18,23.11,23.48,26.63,26.83,11.74,25.56,20.12,20.16,23.01,25.86]
["MATERIAL",11858,"CONECTOR METALICO TIPO PARAFUSO FENDIDO (SPLIT BOLT), PARA CABOS ATE 150 MM2","UN","CR",45.4,48.79,38.08,52.25,37.159999999999997,null,48.66,48.99,48.4,49.25,59.7,47.68,55.85,38.86,40.17,48.99,54.87,45,45.72,51.86,52.25,22.86,49.77,39.19,39.25,44.81,50.36]
["MATERIAL",11862,"CONECTOR METALICO TIPO PARAFUSO FENDIDO (SPLIT BOLT), PARA CABOS ATE 50 MM2","UN","CR",15.1,16.23,12.67,17.38,12.36,null,16.190000000000001,16.3,16.100000000000001,16.38,19.86,15.86,18.579999999999998,12.93,13.36,16.3,18.25,14.97,15.21,17.25,17.38,7.6,16.559999999999999,13.04,13.06,14.91,16.75]
["MATERIAL",2527,"CONECTOR RETO DE ALUMINIO PARA ELETRODUTO DE 1 1/2\", PARA ADAPTAR ENTRADA DE ELETRODUTO METALICO FLEXIVEL EM QUADROS","UN","CR",null,8.77,10.67,9.5299999999999994,10.65,null,8.02,10.51,7.72,12.01,12.01,9.35,9.43,9.8699999999999992,7.82,9.5299999999999994,8.57,10.56,9.0299999999999994,8.68,9.2100000000000009,null,9.57,8.2899999999999991,11.53,10.06]
["MATERIAL",2526,"CONECTOR RETO DE ALUMINIO PARA ELETRODUTO DE 1 1/4\", PARA ADAPTAR ENTRADA DE ELETRODUTO METALICO FLEXIVEL EM QUADROS","UN","CR",null,5.62,6.84,6.1,6.82,null,5.14,6.73,4.95,7.69,7.69,5.99,6.04,6.32,5.01,6.1,5.49,6.77,5.79,5.56,5.9,null,6.13,5.31,7.39,6.44]
["MATERIAL",2489,"CONECTOR RETO DE ALUMINIO PARA ELETRODUTO DE 2\", PARA ADAPTAR ENTRADA DE ELETRODUTO METALICO FLEXIVEL EM QUADROS","UN","CR",null,9.7200000000000006,11.83,10.56,11.8,null,8.8800000000000008,11.65,8.56,13.31,13.31,10.36,10.45,10.94,8.67,10.56,9.5,11.71,10.01,9.6199999999999992,10.210000000000001,null,10.6,9.19,12.78,11.14]
["MATERIAL",38005,"CONECTOR, CPVC, SOLDAVEL, 15 MM X 1/2\", PARA AGUA QUENTE","UN","CR",21.41,null,null,null,18.78,18.350000000000001,18.760000000000002,23.13,18.73,null,20.55,23.58,20.86,18.87,null,21.26,null,19.649999999999999,18.350000000000001,17.39,22.28,null,22.54,16.25,null,19.62]
["MATERIAL",38009,"CONECTOR, CPVC, SOLDAVEL, 42 MM X 1 1/2\", PARA AGUA QUENTE","UN","CR",64.319999999999993,null,null,null,56.4,55.12,56.36,69.489999999999995,56.26,null,61.71,70.81,62.66,56.69,null,63.85,null,59.01,55.12,52.23,66.930000000000007,null,67.69,48.82,null,58.92]
["MATERIAL",44249,"CONECTOR, CPVC, SOLDAVEL, 73 MM X 2 1/2\", PARA AGUA QUENTE","UN","CR",404.5,null,null,null,354.72,346.67,354.42,436.99,353.83,null,388.11,445.34,394.07,356.51,null,401.52,null,371.12,346.67,328.49,420.9,null,425.67,307.02999999999997,null,370.52]
["MATERIAL",39280,"CONECTOR/ADAPTADOR FIXO, ROSCA FEMEA, EM PLASTICO, DN 20 MM X 1/2\", PARA CONEXAO COM CRIMPAGEM, EM TUBO PEX PARA INST. AGUA QUENTE/FRIA","UN","CR",{"$nulls":22},17.5,null,null,10.94]
["MATERIAL",38847,"CONECTOR/ADAPTADOR FIXO, ROSCA FEMEA, METALICA, COM ANEL DESLIZANTE, DN 20 MM X 3/4\", PARA TUBO PEX PARA INST. AGUA QUENTE/FRIA","UN","CR",{"$nulls":22},18.88,null,null,11.8]
["MATERIAL",38854,"CONECTOR/ADAPTADOR MOVEL, ROSCA FEMEA, METALICA, COM ANEL DESLIZANTE, DN 16 MM X 3/4\", PARA TUBO PEX PARA INST. AGUA QUENTE/FRIA","UN","CR",{"$nulls":22},16.75,null,null,10.46]
["MATERIAL",3104,"CONJ. DE FERRAGENS PARA PORTA DE VIDRO TEMPERADO, EM ZAMAC CROMADO, CONTEMPLANDO DOBRADICA INF., DOBRADICA SUP., PIVO PARA DOBRADICA INF., PIVO PARA DOBRADICA SUP., FECHADURA CENTRAL EM ZAMC. CROMADO, CONTRA FECHADURA DE PRESSAO","CJ","CR",124.23,162.21,162.97,184.39,180.24,147.51,180.26,128.49,197.02,179.91,161.34,157.19,176.76,161.34,145.72999999999999,194.64,167.1,161.11000000000001,190.03,149.81,155.44,147.51,200.87,180.24,165.95,185.54,156.97999999999999]
["MATERIAL",37598,"CONJUNTO MONTADO ESTOPIM COM ESPOLETA COMUM NUMERO 8, COM CABECA ACENDEDORA, 1,5 M","UN","CR",{"$nulls":25},38.11]
["MATERIAL",43440,"CONJUNTO PRE-MOLDADO COMPOSTO POR GRELHA (0,99 X 0,45 M), QUADRO (1,10 X 0,52 M) E CANTONEIRA (1,10 X 0,35 M), EM CONCRETO ARMADO, COM FCK DE 21 MPA","UN","CR",null,342.97,null,null,478.94,null,485.02,476.26,null,523.58000000000004,476.91,519.32000000000005,null,465.79,null,381.52,446.47,null,584.47,468.51,428.2,null,501.75,null,null,616.94000000000005,446.47]
["MATERIAL",1620,"CONTATOR TRIPOLAR, CORRENTE DE *38* A, TENSAO NOMINAL DE *500* V, CATEGORIA AC-2 E AC-3","UN","CR",null,488.91,null,null,219.42,null,411.42,327.9,229.02,402.45,488.17,487.73,353.66,256.56,null,null,302.01,391.95,257.99,388.11,null,null,486.96,328.29,327.35000000000002,391.95]
["MATERIAL",1629,"CONTATOR TRIPOLAR, CORRENTE DE *500* A, TENSAO NOMINAL DE *500* V, CATEGORIA AC-2 E AC-3","UN","CR",null,18249.400000000001,null,null,8190.47,null,15357.14,12239.64,8548.7999999999993,15022.35,18221.759999999998,18205.38,13200.99,9576.7099999999991,null,null,11273.16,14630.23,9629.9500000000007,14486.9,null,null,18176.71,12253.97,12219.16,14630.23]
["MATERIAL",1616,"CONTATOR TRIPOLAR, CORRENTE DE 300 A, TENSAO NOMINAL DE *500* V, CATEGORIA AC-2 E AC-3","UN","CR",null,8817,null,null,3957.14,null,7419.64,5913.45,4130.26,7257.89,8803.65,8795.73,6377.92,4626.88,null,null,5446.51,7068.44,4652.6099999999997,6999.19,null,null,8781.8799999999992,5920.38,5903.56,7068.44]
["MATERIAL",1624,"CONTATOR TRIPOLAR, CORRENTE DE 630 A, TENSAO NOMINAL DE *500* V, CATEGORIA AC-2 E AC-3","UN","CR",null,25872.42,null,null,11611.74,null,21772.02,17352.3,12119.76,21297.39,25833.23,25810.01,18715.23,13577.03,null,null,15982.11,20741.48,13652.51,20538.27,null,null,25769.37,17372.62,17323.27,20741.48]
["MATERIAL",43657,"CONTRAMARCO DE ALUMINIO (PERFIL 25) PARA ESQUADRIAS, TIPO CONVENCIONAL / CADEIRINHA, 60 MM (CM-060), INCLUSO CONEXOES, GRAPAS E TRAVAMENTOS","M","CR",null,10.91,null,null,4.2300000000000004,8.51,null,6.92,null,null,6.34,10.19,7.21,5.57,null,8.23,6.09,13.28,13.93,5.42,16.93,null,9.42,7.15,null,8]
["MATERIAL",11889,"CORDAO DE COBRE, FLEXIVEL, TORCIDO, CLASSE 4 OU 5, ISOLACAO EM PVC/D, 300 V, 2 CONDUTORES DE 0,75 MM2","M","CR",2.21,2.2999999999999998,1.89,2.31,1.98,2.13,2.29,1.99,1.99,2.2400000000000002,1.97,1.98,2.1,2.1800000000000002,2.19,1.95,2.08,1.95,1.96,2.09,2.16,2.09,1.9,2,2.0299999999999998,1.95,2.1800000000000002]
["MATERIAL",11890,"CORDAO DE COBRE, FLEXIVEL, TORCIDO, CLASSE 4 OU 5, ISOLACAO EM PVC/D, 300 V, 2 CONDUTORES DE 1,5 MM2","M","CR",3.9,4.07,3.34,4.09,3.51,3.76,4.04,3.52,3.52,3.96,3.48,3.5,3.72,3.85,3.87,3.44,3.68,3.45,3.47,3.69,3.82,3.7,3.37,3.54,3.59,3.44,3.85]
["EQUIPAMENTO (AQUISIÇÃO)",44274,"COROA PARA PERFURATRIZ T38, D = 2 1/2\", 6 X 4 BOTOES BALISTICOS, FACE PLANA","UN","CR",{"$nulls":4},689.62,null,null,679.05,null,null,695.98,673.27,null,681.53,null,null,null,694.95,741.42,null,760.01,null,797.18,784.79,null,706.97]
["EQUIPAMENTO (AQUISIÇÃO)",11280,"CORTADEIRA DE PISO DE CONCRETO E ASFALTO, PARA DISCO PADRAO DE DIAMETRO 350 MM (14\") OU 450 MM (18\"), MOTOR A GASOLINA, POTENCIA 13 HP, SEM DISCO","UN","CR",{"$nulls":4},6583.49,7585.75,null,6175.81,null,10058.61,6917.1,7835.31,7373.72,6573.55,8012.31,null,null,7387.46,6743.59,null,5591.32,null,7911.89,5758.48,null,5786.41,9914.15]
["MATERIAL",3446,"COTOVELO 45 GRAUS DE FERRO GALVANIZADO, COM ROSCA BSP, DE 1 1/2\"","UN","CR",35.25,null,null,null,32.270000000000003,{"$nulls":5},35.86,37.549999999999997,29.12,37.65,null,null,30.77,null,null,null,28.69,null,36.36,null,null,37.4,34.75]
["MATERIAL",3447,"COTOVELO 45 GRAUS DE FERRO GALVANIZADO, COM ROSCA BSP, DE 2\"","UN","CR",51.26,null,null,null,46.94,{"$nulls":5},52.15,54.6,42.35,54.76,null,null,44.75,null,null,null,41.72,null,52.88,null,null,54.39,50.53]
["MATERIAL",37439,"COTOVELO 45 GRAUS, PEAD PE 100, DE 200 MM, PARA ELETROFUSAO","UN","CR",{"$nulls":22},1874.55,null,null,1608.84]
["MATERIAL",3473,"COTOVELO 90 GRAUS DE FERRO GALVANIZADO, COM ROSCA BSP MACHO/FEMEA, DE 1 1/2\"","UN","CR",39.86,null,null,null,36.49,{"$nulls":5},40.549999999999997,42.45,32.92,42.57,null,null,34.79,null,null,null,32.44,null,41.11,null,null,42.29,39.29]
["MATERIAL",3450,"COTOVELO 90 GRAUS DE FERRO GALVANIZADO, COM ROSCA BSP MACHO/FEMEA, DE 1/2\"","UN","CR",9.52,null,null,null,8.7200000000000006,{"$nulls":5},9.69,10.14,7.86,10.17,null,null,8.31,null,null,null,7.75,null,9.82,null,null,10.1,9.39]
["MATERIAL",3452,"COTOVELO 90 GRAUS DE FERRO GALVANIZADO, COM ROSCA BSP MACHO/FEMEA, DE 2\"","UN","CR",57.42,null,null,null,52.57,{"$nulls":5},58.42,61.16,47.43,61.34,null,null,50.12,null,null,null,46.73,null,59.23,null,null,60.93,56.61]
["MATERIAL",3472,"COTOVELO 90 GRAUS DE FERRO GALVANIZADO, COM ROSCA BSP, DE 1\"","UN","CR",15.3,null,null,null,14.01,{"$nulls":5},15.57,16.3,12.64,16.34,null,null,13.36,null,null,null,12.45,null,15.78,null,null,16.239999999999998,15.08]
["MATERIAL",3471,"COTOVELO 90 GRAUS DE FERRO GALVANIZADO, COM ROSCA BSP, DE 2\"","UN","CR",49.02,null,null,null,44.88,{"$nulls":5},49.87,52.21,40.49,52.36,null,null,42.78,null,null,null,39.89,null,50.56,null,null,52.01,48.32]
["MATERIAL",3456,"COTOVELO 90 GRAUS DE FERRO GALVANIZADO, COM ROSCA BSP, DE 3/4\"","UN","CR",10.19,null,null,null,9.33,{"$nulls":5},10.37,10.85,8.42,10.89,null,null,8.89,null,null,null,8.2899999999999991,null,10.51,null,null,10.81,10.050000000000001]
["MATERIAL",37430,"COTOVELO 90 GRAUS, PEAD PE 100, DE 20 MM, PARA ELETROFUSAO","UN","CR",{"$nulls":22},35.93,null,null,30.84]
["MATERIAL",39870,"COTOVELO BRONZE/LATAO SEM ANEL DE SOLDA, BOLSA X ROSCA F, 22MM X 1/2\"","UN","CR",{"$nulls":6},36.19,{"$nulls":18},22.39]
["MATERIAL",12715,"COTOVELO DE COBRE 90 GRAUS SEM ANEL DE SOLDA, BOLSA X BOLSA, 22 MM","UN","CR",{"$nulls":6},20,{"$nulls":18},12.37]
["MATERIAL",12716,"COTOVELO DE COBRE 90 GRAUS SEM ANEL DE SOLDA, BOLSA X BOLSA, 28 MM","UN","CR",{"$nulls":6},34.36,{"$nulls":18},21.25]
["MATERIAL",12720,"COTOVELO DE COBRE 90 GRAUS SEM ANEL DE SOLDA, BOLSA X BOLSA, 66 MM","UN","CR",{"$nulls":6},572.88,{"$nulls":18},354.41]
["MATERIAL",3463,"COTOVELO DE REDUCAO 90 GRAUS DE FERRO GALVANIZADO, COM ROSCA BSP, DE 1\" X 1/2\"","UN","CR",17.36,null,null,null,15.89,{"$nulls":5},17.66,18.489999999999998,14.34,18.54,null,null,15.15,null,null,null,14.13,null,17.91,null,null,18.420000000000002,17.11]
["MATERIAL",37416,"COTOVELO/JOELHO 90 GRAUS, EM POLIPROPILENO, PN 16, PARA TUBOS PEAD, 20 X 20 MM - LIGACAO PREDIAL DE AGUA","UN","CR",{"$nulls":10},5.38,{"$nulls":11},6.04,null,null,3.36]
["MATERIAL",37413,"COTOVELO/JOELHO COM ADAPTADOR, 90 GRAUS, EM POLIPROPILENO, PN 16, PARA TUBOS PEAD, 20 MM X 1/2\" - LIGACAO PREDIAL DE AGUA","UN","CR",{"$nulls":10},5.75,{"$nulls":11},6.46,null,null,3.59]
["MATERIAL",43590,"CREMONA RETANGULAR INJETADA LISA COM CHAVE, COM CASTANHA / ALCA, EM LATAO, COM ACABAMENTO CROMADO, DE SOBREPOR / EMBUTIR","UN","CR",163.54,152.13,182.56,151.75,157.44999999999999,159.74,152.05000000000001,151.22,173.43,148.33000000000001,170.38,177.38,201.42,161.63999999999999,175.4,174.19,161.63999999999999,148.71,166.58,155.1,184.08,167.27,162.32,167.34,167.27,152.13,182.56]
["MATERIAL",1648,"CRUZETA DE FERRO GALVANIZADO, COM ROSCA BSP, DE 1\"","UN","CR",40.58,null,null,null,37.15,{"$nulls":5},41.28,43.22,33.520000000000003,43.34,null,null,35.42,null,null,null,33.020000000000003,null,41.86,null,null,43.05,40]
["MATERIAL",1652,"CRUZETA DE FERRO GALVANIZADO, COM ROSCA BSP, DE 3\"","UN","CR",270.17,null,null,null,247.36,{"$nulls":5},274.85000000000002,287.77,223.18,288.58999999999997,null,null,235.82,null,null,null,219.88,null,278.7,null,null,286.67,266.33]
["MATERIAL",1654,"CRUZETA DE FERRO GALVANIZADO, COM ROSCA BSP, DE 3/4\"","UN","CR",29.01,null,null,null,26.56,{"$nulls":5},29.51,30.89,23.96,30.98,null,null,25.32,null,null,null,23.6,null,29.92,null,null,30.78,28.59]
["MATERIAL",39640,"CUMEEIRA ARTICULADA (ABA INFERIOR) PARA TELHA ONDULADA DE FIBROCIMENTO E = 4 MM, ABA *330* MM, COMPRIMENTO 500 MM (SEM AMIANTO)","UN","CR",18.86,18.28,24.33,9.56,12.56,19.239999999999998,9.93,11.94,13.05,17.809999999999999,10.98,12.83,13.31,22,16.89,15.57,14.02,12.26,13.2,16.68,12.56,19.559999999999999,13.41,12.13,17.010000000000002,11.29,17.899999999999999]
["MATERIAL",7181,"CUMEEIRA PARA TELHA CERAMICA, COMPRIMENTO DE *41* CM, RENDIMENTO DE *3* TELHAS/M","UN","CR",4.32,2.33,4.32,4.92,3.12,3.23,4.32,2.2000000000000002,4.66,3.43,6.83,4.32,8.0299999999999994,3.36,2.48,3.86,2.39,4.32,7.53,2.84,10.29,4.32,6.93,4.32,2.79,7.11,3.88]
["MATERIAL",2623,"CURVA 135 GRAUS PARA ELETRODUTO, EM ACO GALVANIZADO ELETROLITICO, COM ROSCA, DIAMETRO DE 20 MM (3/4\"), ESPESSURA DE 1,50 MM","UN","CR",6.59,null,null,null,4.59,null,4.99,4.6500000000000004,5.26,5.14,7.82,4.88,7.27,6.29,5.54,null,null,6.67,5.88,4.8099999999999996,null,null,7.59,10.15,3.59,5.1100000000000003,3.78]
["MATERIAL",2624,"CURVA 135 GRAUS PARA ELETRODUTO, EM ACO GALVANIZADO ELETROLITICO, COM ROSCA, DIAMETRO DE 25 MM (1\"), ESPESSURA DE 1,50 MM","UN","CR",10.48,null,null,null,7.3,null,7.93,7.39,8.3699999999999992,8.18,12.43,7.76,11.57,10,8.81,null,null,10.61,9.35,7.65,null,null,12.08,16.14,5.71,8.1300000000000008,6.02]
["MATERIAL",1880,"CURVA 135 GRAUS, DE PVC RIGIDO ROSCAVEL, DE 1\", PARA ELETRODUTO","UN","CR",2.97,2.5499999999999998,3,4.33,2.89,2.4500000000000002,3.75,3.54,2.06,3.6,3.98,2.5,3.72,4.08,1.85,4.51,3.12,5.78,4.16,3.13,2.77,3.6,4.0999999999999996,2.94,2.39,2.58,3.35]
["MATERIAL",40408,"CURVA 180 GRAUS, DE PVC RIGIDO ROSCAVEL, DE 1 1/4\", PARA ELETRODUTO","UN","CR",6.22,5.34,6.3,9.07,6.07,5.14,7.86,7.43,4.33,7.56,8.34,5.24,7.81,8.57,3.88,9.4499999999999993,6.55,12.12,8.7200000000000006,6.58,5.82,7.56,8.59,6.17,5.01,5.42,7.03]
["MATERIAL",12034,"CURVA 180 GRAUS, DE PVC RIGIDO ROSCAVEL, DE 3/4\", PARA ELETRODUTO","UN","CR",4.29,3.68,4.34,6.26,4.1900000000000004,3.54,5.42,5.13,2.99,5.21,5.75,3.61,5.39,5.91,2.67,6.52,4.5199999999999996,8.36,6.01,4.53,4.01,5.21,5.93,4.26,3.46,3.73,4.8499999999999996]
["MATERIAL",39879,"CURVA 45 GRAUS DE COBRE SEM ANEL DE SOLDA, BOLSA X BOLSA, 15 MM","UN","CR",{"$nulls":6},8.81,{"$nulls":18},5.45]
["MATERIAL",39884,"CURVA 45 GRAUS DE COBRE SEM ANEL DE SOLDA, BOLSA X BOLSA, 54 MM","UN","CR",{"$nulls":6},195.59,{"$nulls":18},121]
["MATERIAL",1819,"CURVA 45 GRAUS DE FERRO GALVANIZADO, COM ROSCA BSP FEMEA, DE 1 1/4\"","UN","CR",59.1,null,null,null,54.11,{"$nulls":5},60.12,62.95,48.82,63.13,null,null,51.59,null,null,null,48.1,null,60.97,null,null,62.71,58.26]
["MATERIAL",1820,"CURVA 45 GRAUS DE FERRO GALVANIZADO, COM ROSCA BSP FEMEA, DE 3/4\"","UN","CR",25.52,null,null,null,23.37,{"$nulls":5},25.96,27.18,21.08,27.26,null,null,22.28,null,null,null,20.77,null,26.33,null,null,27.08,25.16]
["MATERIAL",1780,"CURVA 45 GRAUS DE FERRO GALVANIZADO, COM ROSCA BSP FEMEA, DE 4\"","UN","CR",589.54,null,null,null,539.76,{"$nulls":5},599.74,627.92999999999995,486.99,629.73,null,null,514.57000000000005,null,null,null,479.79,null,608.13,null,null,625.53,581.15]
["MATERIAL",1810,"CURVA 45 GRAUS DE FERRO GALVANIZADO, COM ROSCA BSP MACHO/FEMEA, DE 2\"","UN","CR",97.63,null,null,null,89.38,{"$nulls":5},99.31,103.98,80.64,104.28,null,null,85.21,null,null,null,79.45,null,100.71,null,null,103.59,96.24]
["MATERIAL",40386,"CURVA 45 GRAUS EM ACO CARBONO, SOLDAVEL, PRESSAO 3.000 LBS, DN 1 1/2\"","UN","CR",{"$nulls":4},131.51,null,null,70.849999999999994,{"$nulls":14},119.89,null,null,89.73]
["MATERIAL",40388,"CURVA 45 GRAUS EM ACO CARBONO, SOLDAVEL, PRESSAO 3.000 LBS, DN 2\"","UN","CR",{"$nulls":4},186.97,null,null,100.74,{"$nulls":14},170.45,null,null,127.58]
["MATERIAL",40391,"CURVA 45 GRAUS EM ACO CARBONO, SOLDAVEL, PRESSAO 3.000 LBS, DN 3\"","UN","CR",{"$nulls":4},969.53,null,null,522.38,{"$nulls":14},883.86,null,null,661.54]
["MATERIAL",2611,"CURVA 45 GRAUS PARA ELETRODUTO, EM ACO GALVANIZADO ELETROLITICO, COM ROSCA, DIAMETRO DE 40 MM (1 1/2\"), ESPESSURA DE 1,50 MM","UN","CR",19.04,null,null,null,13.27,null,14.41,13.43,15.22,14.86,22.59,14.11,21.02,18.18,16,null,null,19.29,16.98,13.9,null,null,21.94,29.33,10.38,14.77,10.93]
["MATERIAL",1789,"CURVA 90 GRAUS DE FERRO GALVANIZADO, COM ROSCA BSP FEMEA, DE 1 1/2\"","UN","CR",77.97,null,null,null,71.38,{"$nulls":5},79.31,83.04,64.400000000000006,83.28,null,null,68.05,null,null,null,63.45,null,80.430000000000007,null,null,82.73,76.86]
["MATERIAL",1786,"CURVA 90 GRAUS DE FERRO GALVANIZADO, COM ROSCA BSP FEMEA, DE 1/2\"","UN","CR",15.52,null,null,null,14.21,{"$nulls":5},15.78,16.53,12.82,16.57,null,null,13.54,null,null,null,12.63,null,16.010000000000002,null,null,16.46,15.3]
["MATERIAL",1790,"CURVA 90 GRAUS DE FERRO GALVANIZADO, COM ROSCA BSP FEMEA, DE 2\"","UN","CR",129.84,null,null,null,118.88,{"$nulls":5},132.09,138.30000000000001,107.25,138.69,null,null,113.33,null,null,null,105.67,null,133.94,null,null,137.77000000000001,127.99]
["MATERIAL",1796,"CURVA 90 GRAUS DE FERRO GALVANIZADO, COM ROSCA BSP MACHO, DE 1 1/4\"","UN","CR",67.91,null,null,null,62.17,{"$nulls":5},69.08,72.33,56.09,72.540000000000006,null,null,59.27,null,null,null,55.27,null,70.05,null,null,72.05,66.94]
["MATERIAL",1799,"CURVA 90 GRAUS DE FERRO GALVANIZADO, COM ROSCA BSP MACHO, DE 3\"","UN","CR",365.59,null,null,null,334.72,{"$nulls":5},371.91,389.39,301.99,390.5,null,null,319.10000000000002,null,null,null,297.52999999999997,null,377.11,null,null,387.9,360.38]
["MATERIAL",1809,"CURVA 90 GRAUS DE FERRO GALVANIZADO, COM ROSCA BSP MACHO/FEMEA, DE 1 1/2\"","UN","CR",73.099999999999994,null,null,null,66.92,{"$nulls":5},74.36,77.849999999999994,60.38,78.08,null,null,63.8,null,null,null,59.49,null,75.400000000000006,null,null,77.56,72.05]
["MATERIAL",1814,"CURVA 90 GRAUS DE FERRO GALVANIZADO, COM ROSCA BSP MACHO/FEMEA, DE 1 1/4\"","UN","CR",60.05,null,null,null,54.98,{"$nulls":5},61.09,63.96,49.6,64.14,null,null,52.41,null,null,null,48.87,null,61.94,null,null,63.71,59.19]
["MATERIAL",1806,"CURVA 90 GRAUS DE FERRO GALVANIZADO, COM ROSCA BSP MACHO/FEMEA, DE 2\"","UN","CR",122.54,null,null,null,112.19,{"$nulls":5},124.65,130.51,101.22,130.88999999999999,null,null,106.95,null,null,null,99.72,null,126.4,null,null,130.02000000000001,120.79]
["MATERIAL",40383,"CURVA 90 GRAUS EM ACO CARBONO, RAIO CURTO, SOLDAVEL, PRESSAO 3.000 LBS, DN 1 1/4\"","UN","CR",{"$nulls":4},90.04,null,null,48.51,{"$nulls":14},82.08,null,null,61.43]
["MATERIAL",40390,"CURVA 90 GRAUS EM ACO CARBONO, RAIO CURTO, SOLDAVEL, PRESSAO 3.000 LBS, DN 3\"","UN","CR",{"$nulls":4},845.13,null,null,455.35,{"$nulls":14},770.45,null,null,576.65]
["MATERIAL",2621,"CURVA 90 GRAUS PARA ELETRODUTO, EM ACO GALVANIZADO ELETROLITICO, COM ROSCA, DIAMETRO DE 100 MM (4\")","UN","CR",162.87,null,null,null,113.56,null,123.33,114.94,130.19999999999999,127.15,193.24,120.74,179.81,155.54,136.91999999999999,null,null,165.01,145.31,118.91,null,null,187.75,250.94,88.83,126.39,93.57]
["MATERIAL",2617,"CURVA 90 GRAUS PARA ELETRODUTO, EM ACO GALVANIZADO ELETROLITICO, COM ROSCA, DIAMETRO DE 25 MM (1\"), ESPESSURA DE 1,50 MM","UN","CR",7.08,null,null,null,4.9400000000000004,null,5.36,5,5.66,5.53,8.41,5.25,7.82,6.77,5.96,null,null,7.18,6.32,5.17,null,null,8.17,10.92,3.86,5.5,4.07]
["MATERIAL",2620,"CURVA 90 GRAUS PARA ELETRODUTO, EM ACO GALVANIZADO ELETROLITICO, COM ROSCA, DIAMETRO DE 80 MM (3\")","UN","CR",96.03,null,null,null,66.959999999999994,null,72.72,67.77,76.77,74.97,113.94,71.19,106.02,91.71,80.73,null,null,97.29,85.68,70.11,null,null,110.7,147.96,52.38,74.52,55.17]
["MATERIAL",39273,"CURVA 90 GRAUS, CURTA, DE PVC RIGIDO ROSCAVEL, DE 1\", PARA ELETRODUTO","UN","CR",3.24,2.78,3.28,4.72,3.16,2.67,4.09,3.87,2.25,3.93,4.34,2.73,4.07,4.46,2.02,4.92,3.41,6.31,4.54,3.42,3.03,3.93,4.47,3.21,2.61,2.82,3.66]
["MATERIAL",39271,"CURVA 90 GRAUS, CURTA, DE PVC RIGIDO ROSCAVEL, DE 1/2\", PARA ELETRODUTO","UN","CR",1.91,1.64,1.93,2.78,1.86,1.57,2.41,2.2799999999999998,1.33,2.3199999999999998,2.56,1.6,2.39,2.63,1.19,2.9,2.0099999999999998,3.72,2.67,2.0099999999999998,1.78,2.3199999999999998,2.63,1.89,1.54,1.66,2.15]
["MATERIAL",1884,"CURVA 90 GRAUS, LONGA, DE PVC RIGIDO ROSCAVEL, DE 1\", PARA ELETRODUTO","UN","CR",3.79,3.25,3.84,5.53,3.7,3.13,4.79,4.53,2.64,4.5999999999999996,5.08,3.19,4.76,5.22,2.36,5.76,3.99,7.38,5.31,4,3.54,4.5999999999999996,5.23,3.76,3.05,3.3,4.28]
["MATERIAL",1879,"CURVA 90 GRAUS, LONGA, DE PVC RIGIDO ROSCAVEL, DE 3/4\", PARA ELETRODUTO","UN","CR",2.5,2.15,2.5299999999999998,3.65,2.44,2.06,3.16,2.99,1.74,3.04,3.35,2.11,3.14,3.44,1.56,3.8,2.63,4.87,3.51,2.64,2.34,3.04,3.45,2.48,2.0099999999999998,2.1800000000000002,2.83]
["MATERIAL",1926,"CURVA DE PVC 45 GRAUS, SOLDAVEL, 20 MM, COR MARROM, PARA AGUA FRIA PREDIAL","UN","CR",2.57,2.2599999999999998,2.15,1.92,2.0099999999999998,2.27,2.36,2.93,2.44,2.15,2.2400000000000002,2.37,2.17,2.54,2.17,2.19,2.2400000000000002,2.09,2.2799999999999998,1.99,2.2799999999999998,2.0099999999999998,2.62,2.14,2.19,2.29,2.19]
["MATERIAL",1923,"CURVA DE PVC 45 GRAUS, SOLDAVEL, 32 MM, COR MARROM, PARA AGUA FRIA PREDIAL","UN","CR",5.25,4.63,4.3899999999999997,3.93,4.12,4.6500000000000004,4.82,5.99,4.9800000000000004,4.3899999999999997,4.57,4.84,4.43,5.2,4.43,4.4800000000000004,4.57,4.28,4.66,4.07,4.66,4.12,5.36,4.38,4.49,4.68,4.4800000000000004]
["MATERIAL",1924,"CURVA DE PVC 45 GRAUS, SOLDAVEL, 60 MM, COR MARROM, PARA AGUA FRIA PREDIAL","UN","CR",17.59,15.5,14.7,13.15,13.8,15.57,16.149999999999999,20.079999999999998,16.690000000000001,14.7,15.32,16.22,14.85,17.41,14.85,14.99,15.32,14.34,15.61,13.62,15.61,13.8,17.95,14.67,15.03,15.68,14.99]
["MATERIAL",1956,"CURVA DE PVC 90 GRAUS, SOLDAVEL, 25 MM, COR MARROM, PARA AGUA FRIA PREDIAL","UN","CR",3.51,3.09,2.93,2.62,2.75,3.1,3.22,4,3.33,2.93,3.05,3.23,2.96,3.47,2.96,2.99,3.05,2.86,3.11,2.72,3.11,2.75,3.58,2.92,3,3.13,2.99]
["MATERIAL",1925,"CURVA DE PVC 90 GRAUS, SOLDAVEL, 60 MM, COR MARROM, PARA AGUA FRIA PREDIAL","UN","CR",40.06,35.299999999999997,33.49,29.96,31.44,35.46,36.78,45.73,38.01,33.49,34.89,36.94,33.82,39.65,33.82,34.15,34.89,32.67,35.549999999999997,31.03,35.549999999999997,31.44,40.880000000000003,33.409999999999997,34.229999999999997,35.71,34.15]
["MATERIAL",1960,"CURVA DE PVC 90 GRAUS, SOLDAVEL, 75 MM, COR MARROM, PARA AGUA FRIA PREDIAL","UN","CR",61.52,54.2,51.43,46.01,48.28,54.46,56.47,70.22,58.36,51.43,53.57,56.73,51.94,60.89,51.94,52.44,53.57,50.17,54.58,47.65,54.58,48.28,62.78,51.3,52.57,54.83,52.44]
["MATERIAL",39868,"CURVA DE TRANSPOSICAO BRONZE/LATAO SEM ANEL DE SOLDA, BOLSA X BOLSA, 28 MM","UN","CR",{"$nulls":6},125.51,{"$nulls":18},77.64]
["MATERIAL",38025,"CURVA DE TRANSPOSICAO, PVC, SOLDAVEL, 25 MM, COR MARROM, PARA AGUA FRIA PREDIAL","UN","CR",7.85,6.92,6.56,5.87,6.16,6.95,7.21,8.9600000000000009,7.45,6.56,6.84,7.24,6.63,7.77,6.63,6.69,6.84,6.4,6.97,6.08,6.97,6.16,8.01,6.55,6.71,7,6.69]
["MATERIAL",1865,"CURVA LONGA PVC, PB, JE, 90 GRAUS, DN 150 MM, PARA REDE COLETORA ESGOTO","UN","CR",168.68,149.97,134.63,110.81,136.16999999999999,153.24,153.34,199.35,165.3,137.09,159.99,167.04,159.37,156.82,136.37,122.67,142.19999999999999,146.9,165.1,152.63,181.46,132.9,168.68,151.71,144.86000000000001,165.41,151.71]
["MATERIAL",36355,"CURVA PPR 90 GRAUS, F/F, DN 20 MM, PARA AGUA QUENTE PREDIAL","UN","CR",{"$nulls":6},12.89,{"$nulls":10},12.76,{"$nulls":4},10.75,10.57,null,10.78]
["MATERIAL",1966,"CURVA PVC CURTA 90 GRAUS, DN 100 MM, PARA ESGOTO PREDIAL","UN","CR",25.82,22.95,20.6,16.96,20.84,23.45,23.47,30.51,25.3,20.98,24.49,25.57,24.39,24,20.87,18.77,21.76,22.48,25.27,23.36,27.77,20.34,25.82,23.22,22.17,25.31,23.22]
["MATERIAL",1951,"CURVA PVC CURTA 90 GRAUS, DN 75 MM, PARA ESGOTO PREDIAL","UN","CR",26.56,23.61,21.2,17.45,21.44,24.13,24.15,31.39,26.03,21.59,25.19,26.3,25.1,24.69,21.47,19.32,22.39,23.13,26,24.03,28.57,20.93,26.56,23.89,22.81,26.05,23.89]
["MATERIAL",1827,"CURVA PVC PBA, JE, PB, 45 GRAUS, DN 100 / DE 110 MM, PARA REDE DE AGUA","UN","CR",135.07,129.19,null,139.22999999999999,102.77,{"$nulls":5},162.22999999999999,130.01,135.63999999999999,155.87,null,null,190.37,null,null,null,143.55000000000001,{"$nulls":4},167.2]
["MATERIAL",1831,"CURVA PVC PBA, JE, PB, 45 GRAUS, DN 50 / DE 60 MM, PARA REDE DE AGUA","UN","CR",29.48,28.2,null,30.39,22.43,{"$nulls":5},35.409999999999997,28.38,29.61,34.03,null,null,41.56,null,null,null,31.34,{"$nulls":4},36.5]
["MATERIAL",1824,"CURVA PVC PBA, JE, PB, 90 GRAUS, DN 75 / DE 85 MM, PARA REDE DE AGUA","UN","CR",87.23,83.44,null,89.92,66.37,{"$nulls":5},104.78,83.97,87.6,100.67,null,null,122.95,null,null,null,92.71,{"$nulls":4},107.99]
["MATERIAL",20098,"CURVA PVC, SERIE R, 87.30 GRAUS, CURTA, PARA PE-DE-COLUNA, DN 150 MM, PARA ESGOTO PREDIAL","UN","CR",112.37,99.91,89.69,73.819999999999993,90.71,102.09,102.15,132.80000000000001,110.12,91.32,106.58,111.28,106.17,104.47,90.85,81.72,94.73,97.86,109.99,101.68,120.88,88.53,112.37,101.06,96.5,110.19,101.06]
["MATERIAL",38369,"DESEMPENADEIRA DE ACO DENTADA 12 X *25* CM, DENTES 8 X 8 MM, CABO FECHADO DE MADEIRA","UN","CR",21.65,16.8,null,20.53,16.940000000000001,null,20.76,18.670000000000002,21.3,20.52,23.1,16.71,22.96,null,null,17.72,36.39,13.99,null,21,21.96,23.05,20.34,21.34,17.29,19.97,26.58]
["MATERIAL",45199,"DESEMPENADEIRA DE MADEIRA *16 X 27* CM","UN","CR",30.05,27.21,20.95,25.67,26.64,23.15,32.47,29.24,28.02,32.33,35.74,43.03,36.549999999999997,30.38,24.2,26.72,30.17,28.57,27.45,25.83,32.49,23.72,32.33,31.19,27.61,34.1,37.409999999999997]
["MATERIAL",43144,"DESMOLDANTE PARA CONCRETO ESTAMPADO","KG","CR",48.23,52.47,null,50.59,36.47,43.84,46.77,32.14,38.04,46.77,33.65,37.94,39.450000000000003,42.75,46.98,40.549999999999997,58.32,34.700000000000003,40.03,40.29,49.75,44.94,38.619999999999997,35.119999999999997,50.64,38.299999999999997,50.48]
["MATERIAL",5318,"DILUENTE AGUARRAS","L","C",24.37,21.2,20,21,21.09,23.98,17.98,20,22.52,21.98,27.64,18.190000000000001,21.69,22,19.39,34.869999999999997,31.92,21.73,23.23,25.95,23,25.2,26.69,22,29.8,22.6,22.93]
["MATERIAL",13887,"DISCO DE CORTE DIAMANTADO SEGMENTADO PARA CONCRETO/ASFALTO, DIAMETRO DE *350* MM, FURO DE 25,40 MM","UN","CR",331.69,257.33999999999997,null,314.52999999999997,259.49,null,317.95999999999998,285.94,326.33,314.39,353.85,255.91,351.7,null,null,271.5,557.44000000000005,214.31,null,321.68,336.36,353.13,311.60000000000002,326.95999999999998,264.82,305.88,407.06]
["MATERIAL",38140,"DISCO DE CORTE DIAMANTADO SEGMENTADO, DIAMETRO DE *110* MM, FURO DE 20 MM","UN","CR",27.17,21.08,null,25.76,21.25,null,26.04,23.42,26.73,25.75,28.98,20.96,28.81,null,null,22.24,45.66,17.55,null,26.35,27.55,28.92,25.52,26.78,21.69,25.05,33.340000000000003]
["MATERIAL",34729,"DISJUNTOR TERMOMAGNETICO AJUSTAVEL, TRIPOLAR DE 100 ATE 250A, CAPACIDADE DE INTERRUPCAO DE 35KA","UN","CR",1265.7,1372.27,1149.08,1306.92,1067.6500000000001,1181.25,1879.96,1055.5899999999999,1116.9100000000001,1105.8499999999999,1457.72,1191.31,1205.3800000000001,1100.83,995.27,1319.99,1080.72,1319.99,1015.37,1098.82,1104.8499999999999,981.19,1072.68,1100.83,1105.8499999999999,1066.6500000000001,1208.4000000000001]
["MATERIAL",34628,"DISJUNTOR TERMOMAGNETICO PARA TRILHO DIN (IEC), BIPOLAR, 63 A","UN","CR",78.59,85.2,71.34,81.150000000000006,66.290000000000006,73.34,116.73,65.540000000000006,69.349999999999994,68.66,90.51,73.97,74.84,68.349999999999994,61.79,81.96,67.099999999999994,81.96,63.04,68.22,68.599999999999994,60.92,66.599999999999994,68.349999999999994,68.66,66.23,75.03]
["MATERIAL",34688,"DISJUNTOR TERMOMAGNETICO PARA TRILHO DIN (IEC), MONOPOLAR, 63 A","UN","CR",17.61,19.100000000000001,15.99,18.190000000000001,14.86,16.440000000000001,26.17,14.69,15.54,15.39,20.29,16.579999999999998,16.77,15.32,13.85,18.37,15.04,18.37,14.13,15.29,15.38,13.65,14.93,15.32,15.39,14.84,16.82]
["MATERIAL",34714,"DISJUNTOR TERMOMAGNETICO PARA TRILHO DIN (IEC), TRIPOLAR, 63 A","UN","CR",81.540000000000006,88.4,74.02,84.19,68.78,76.099999999999994,121.11,68,71.95,71.239999999999995,93.91,76.739999999999995,77.650000000000006,70.91,64.11,85.03,69.62,85.03,65.41,70.790000000000006,71.17,63.21,69.099999999999994,70.91,71.239999999999995,68.709999999999994,77.84]
["MATERIAL",34705,"DISJUNTOR TERMOMAGNETICO TRIPOLAR 3 X 250 A/ICC - 25 KA","UN","CR",868.39,941.5,788.38,896.67,732.51,810.45,1289.82,724.23,766.3,758.72,1000.13,817.35,827,755.27,682.84,905.63,741.47,905.63,696.64,753.89,758.03,673.19,735.96,755.27,758.72,731.82,829.07]
["MATERIAL",2376,"DISJUNTOR TERMOMAGNETICO TRIPOLAR 600 A / 600 V, TIPO LXD / ICC - 40 KA","UN","CR",2246.1799999999998,2435.29,2039.22,2319.33,1894.71,2096.31,3336.26,1873.3,1982.13,1962.51,2586.94,2114.15,2139.13,1953.59,1766.26,2342.52,1917.9,2342.52,1801.94,1950.02,1960.72,1741.28,1903.63,1953.59,1962.51,1892.93,2144.48]
["MATERIAL",2370,"DISJUNTOR TIPO NEMA, MONOPOLAR 10 ATE 30A, TENSAO MAXIMA DE 240 V","UN","C",12.59,13.65,11.43,13,10.62,11.75,18.7,10.5,11.11,11,14.5,11.85,11.99,10.95,9.9,13.13,10.75,13.13,10.1,10.93,10.99,9.76,10.67,10.95,11,10.61,12.02]
["MATERIAL",2386,"DISJUNTOR TIPO NEMA, MONOPOLAR 35 ATE 50 A, TENSAO MAXIMA DE 240 V","UN","CR",21.12,22.9,19.170000000000002,21.81,17.809999999999999,19.71,31.37,17.61,18.63,18.45,24.32,19.88,20.11,18.37,16.600000000000001,22.02,18.03,22.02,16.940000000000001,18.329999999999998,18.43,16.37,17.899999999999999,18.37,18.45,17.8,20.16]
["MATERIAL",39465,"DISPOSITIVO DPS CLASSE II, 1 POLO, TENSAO MAXIMA DE 175 V, CORRENTE MAXIMA DE *20* KA (TIPO AC)","UN","CR",72.739999999999995,78.86,66.040000000000006,75.11,61.36,67.88,108.04,60.66,64.19,63.55,83.77,68.459999999999994,69.27,63.26,57.2,75.86,62.11,75.86,58.35,63.15,63.49,56.39,61.64,63.26,63.55,61.3,69.44]
["MATERIAL",39470,"DISPOSITIVO DPS CLASSE II, 1 POLO, TENSAO MAXIMA DE 275 V, CORRENTE MAXIMA DE *30* KA (TIPO AC)","UN","CR",93.12,100.96,84.54,96.15,78.55,86.91,138.31,77.66,82.17,81.36,107.25,87.65,88.68,80.989999999999995,73.22,97.11,79.510000000000005,97.11,74.7,80.84,81.28,72.19,78.92,80.989999999999995,81.36,78.47,88.9]
["MATERIAL",39475,"DISPOSITIVO DPS CLASSE II, 1 POLO, TENSAO MAXIMA DE 385 V, CORRENTE MAXIMA DE *45* KA (TIPO AC)","UN","CR",151.93,164.72,137.93,156.88,128.15,141.79,225.66,126.71,134.07,132.74,174.98,143,144.69,132.13999999999999,119.47,158.44,129.72,158.44,121.88,131.9,132.62,117.78,128.76,132.13999999999999,132.74,128.03,145.05000000000001]
["MATERIAL",39478,"DISPOSITIVO DPS CLASSE II, 1 POLO, TENSAO MAXIMA DE 460 V, CORRENTE MAXIMA DE *30* KA (TIPO AC)","UN","CR",144.47,156.63,131.15,149.16999999999999,121.86,134.83000000000001,214.58,120.48,127.48,126.22,166.38,135.97,137.58000000000001,125.65,113.6,150.66,123.35,150.66,115.89,125.42,126.11,111.99,122.43,125.65,126.22,121.74,137.91999999999999]
["MATERIAL",39480,"DISPOSITIVO DPS CLASSE II, 1 POLO, TENSAO MAXIMA DE 460 V, CORRENTE MAXIMA DE *90* KA (TIPO AC)","UN","CR",351.23,380.8,318.87,362.67,296.27,327.79,521.67999999999995,292.92,309.94,306.87,404.51,330.58,334.49,305.48,276.18,366.29,299.89999999999998,366.29,281.76,304.92,306.58999999999997,272.27999999999997,297.66000000000003,305.48,306.87,295.99,335.33]
["MATERIAL",39448,"DISPOSITIVO DR, 2 POLOS, SENSIBILIDADE DE 30 MA, CORRENTE DE 80 A, TIPO AC","UN","CR",277.79000000000002,301.18,252.2,286.83999999999997,234.33,259.26,412.61,231.68,245.14,242.71,319.94,261.47000000000003,264.55,241.61,218.44,289.70999999999998,237.19,289.70999999999998,222.85,241.17,242.49,215.35,235.43,241.61,242.71,234.1,265.22000000000003]
["MATERIAL",39451,"DISPOSITIVO DR, 2 POLOS, SENSIBILIDADE DE 300 MA, CORRENTE DE 40 A, TIPO AC","UN","CR",184.86,200.42,167.83,190.88,155.93,172.52,274.57,154.16999999999999,163.13,161.51,212.9,173.99,176.05,160.78,145.36000000000001,192.79,157.84,192.79,148.30000000000001,160.47999999999999,161.36000000000001,143.30000000000001,156.66999999999999,160.78,161.51,155.79,176.49]
["MATERIAL",39449,"DISPOSITIVO DR, 4 POLOS, SENSIBILIDADE DE 30 MA, CORRENTE DE 100 A, TIPO AC","UN","CR",344.64,373.66,312.88,355.86,290.70999999999998,321.64,511.9,287.43,304.13,301.11,396.92,324.38,328.21,299.75,271,359.42,294.27,359.42,276.48,299.2,300.83999999999997,267.17,292.08,299.75,301.11,290.44,329.04]
["MATERIAL",39464,"DISPOSITIVO DR, 4 POLOS, SENSIBILIDADE DE 300 MA, CORRENTE DE 100 A, TIPO AC","UN","CR",558.29,605.29999999999995,506.85,576.47,470.93,521.04,829.24,465.61,492.66,487.78,642.99,525.48,531.67999999999995,485.57,439,582.24,476.7,582.24,447.87,484.68,487.34,432.8,473.15,485.57,487.78,470.49,533.02]
["MATERIAL",39463,"DISPOSITIVO DR, 4 POLOS, SENSIBILIDADE DE 300 MA, CORRENTE DE 80 A, TIPO AC","UN","CR",553.96,600.6,502.92,572,467.28,517,822.8,462,488.84,484,638,521.4,527.55999999999995,481.8,435.6,577.72,473,577.72,444.4,480.92,483.56,429.44,469.48,481.8,484,466.84,528.88]
["MATERIAL",38872,"DISTRIBUIDOR METALICO, COM ROSCA, 3 SAIDAS, DN 1\" X 1/2\", PARA CONEXAO COM ANEL DESLIZANTE EM TUBO PEX PARA INST. AGUA QUENTE/FRIA","UN","CR",{"$nulls":22},70.31,null,null,43.94]
["MATERIAL",38871,"DISTRIBUIDOR METALICO, COM ROSCA, 3 SAIDAS, DN 3/4\" X 1/2\", PARA CONEXAO COM ANEL DESLIZANTE EM TUBO PEX PARA INST. AGUA QUENTE/FRIA","UN","CR",{"$nulls":22},48.6,null,null,30.37]
["MATERIAL",10629,"DIVISORIA EM MARMORE, COM DUAS FACES POLIDAS, BRANCO COMUM, E= *3,0* CM","M2","CR",1295.6500000000001,748.59,891.71,823.12,487.77,579.76,597.96,236.26,852.89,1016.2,495.36,914.58,609.72,762.15,685.93,800.25,762.15,655.44,762.15,null,728.28,null,956.11,914.58,491.16,814.47]
["MATERIAL",2432,"DOBRADICA EM ACO/FERRO, 3 1/2\" X 3\", E= 1,9 A 2 MM, COM ANEL, CROMADO OU ZINCADO, TAMPA BOLA, COM PARAFUSOS","UN","CR",25.03,15.09,23.93,18.86,34.47,29.64,25.07,23.99,28.61,27.33,22.55,25.87,21.4,27.64,31.26,41.24,26.95,28.67,29.83,18.690000000000001,32.340000000000003,21.4,33.35,34.49,59.18,35.85,12.93]
["MATERIAL",11451,"DOBRADICA TIPO VAI-E-VEM EM ACO/FERRO, TAMANHO 3\", GALVANIZADO, COM PARAFUSOS","UN","CR",77.150000000000006,46.51,73.760000000000005,58.14,106.25,91.37,77.28,73.959999999999994,88.18,84.26,69.5,79.739999999999995,65.98,85.19,96.35,127.12,83.06,88.38,91.96,57.61,99.67,65.98,102.8,106.32,182.41,110.5,39.869999999999997]
["MATERIAL",11116,"DOMOS / CLARABOIA INDIVIDUAL, EM ACRILICO BRANCO/LEITOSO, *95 X 95* CM, INCLUI ACESSORIOS DE FIXACAO, SEM INSTALACAO","UN","CR",{"$nulls":4},1103.42,{"$nulls":5},745.61,{"$nulls":6},796.02,null,null,733.8,null,717.85,666.8,null,653.72]
["MATERIAL",7608,"DUCHA / CHUVEIRO PLASTICO SIMPLES, 5\", BRANCO, PARA ACOPLAR EM HASTE 1/2\", AGUA FRIA","UN","CR",13.07,10.3,12.07,13.68,9.9,15.14,16.399999999999999,12.72,13.04,12.8,11.76,12.01,13.67,13.91,9.83,10.32,11.79,11.94,16.63,14.75,12.03,10.83,11.08,12.06,9.2200000000000006,11.73,11.22]
["MATERIAL",11650,"ELEMENTO PRE-MOLDADO PARA TRANSICAO EXCENTRICA EM CONCRETO ARMADO, DN *1500* MM, FURO CIRCULAR DN 600 MM, ESPESSURA 15 CM","UN","CR",1201.69,1060.31,848.25,791.7,579.64,723.98,728.08,null,622.04999999999995,1060.31,904.8,747.87,846.13,699.81,706.87,989.63,1095.6600000000001,null,706.87,866.21,1166.3499999999999,null,1116.8699999999999,763.43,692.74,693.87,819.98]
["MATERIAL",672,"ELEMENTO VAZADO DE CONCRETO, QUADRICULADO, 1 FURO *20 X 20 X 6,5* CM","UN","CR",26.77,15.99,17.95,19.64,14.03,18.52,20.14,17.39,17.670000000000002,19.36,18.96,17.39,18.52,18.52,17.95,17.11,14.42,14.59,14.59,20.59,22.44,21.6,21.04,19.079999999999998,15.71,16.89,19.64]
["MATERIAL",668,"ELEMENTO VAZADO DE CONCRETO, QUADRICULADO, 16 FUROS *29 X 29 X 6* CM","UN","CR",32.31,19.309999999999999,21.68,23.71,16.93,22.35,24.32,21,21.34,23.37,22.9,21,22.35,22.35,21.68,20.66,17.41,17.61,17.61,24.86,27.1,26.08,25.4,23.03,18.97,20.39,23.71]
["MATERIAL",10579,"ELEMENTO VAZADO DE CONCRETO, VENEZIANA *39 X 29 X 10* CM","UN","CR",44.95,26.86,30.16,32.979999999999997,23.56,31.1,33.83,29.21,29.68,32.51,31.85,29.21,31.1,31.1,30.16,28.74,24.22,24.5,24.5,34.590000000000003,37.700000000000003,36.28,35.340000000000003,32.04,26.39,28.36,32.979999999999997]
["MAO DE OBRA",40918,"ELETRICISTA (MENSALISTA)","MES","CR",3681.3,3963.94,5034.33,3287.95,3757.68,3424.27,3694.54,4836.54,3822.93,3324.37,3807.32,3553.63,3238.46,3166.59,3046.51,3513.27,3205.7,4542.42,4661.3,3528.99,3792.15,4094.43,3838.71,6304.53,3232.37,5317.99,3731.23]
["MATERIAL",2680,"ELETRODUTO DE PVC RIGIDO ROSCAVEL DE 1 1/2\", SEM LUVA","M","CR",15.15,14.24,12.1,14.35,9.91,11.39,14.15,10.11,8.2799999999999994,13.52,12.44,12.1,11.36,14.24,11.87,12.33,11.84,15.23,10.9,9.17,12.33,10.53,16.170000000000002,11.39,11.82,9.7100000000000009,10.76]
["MATERIAL",2684,"ELETRODUTO DE PVC RIGIDO ROSCAVEL DE 1 1/4\", SEM LUVA","M","CR",13.78,12.95,11.01,13.06,9.01,10.36,12.87,9.19,7.54,12.3,11.32,11.01,10.34,12.95,10.8,11.22,10.78,13.86,9.92,8.34,11.22,9.58,14.71,10.36,10.75,8.83,9.7899999999999991]
["MATERIAL",2681,"ELETRODUTO DE PVC RIGIDO ROSCAVEL DE 2\", SEM LUVA","M","CR",24.76,23.27,19.78,23.45,16.190000000000001,18.61,23.13,16.52,13.54,22.1,20.329999999999998,19.78,18.57,23.27,19.399999999999999,20.149999999999999,19.36,24.9,17.82,14.98,20.149999999999999,17.22,26.43,18.61,19.309999999999999,15.87,17.59]
["MATERIAL",2678,"ELETRODUTO DE PVC RIGIDO SOLDAVEL, CLASSE B, DE 25 MM","M","CR",3.87,3.64,3.09,3.67,2.5299999999999998,2.91,3.62,2.58,2.12,3.46,3.18,3.09,2.9,3.64,3.03,3.15,3.03,3.89,2.79,2.34,3.15,2.69,4.13,2.91,3.02,2.48,2.75]
["MATERIAL",2675,"ELETRODUTO DE PVC RIGIDO SOLDAVEL, CLASSE B, DE 50 MM","M","CR",10.81,10.16,8.6300000000000008,10.24,7.07,8.1199999999999992,10.1,7.21,5.91,9.65,8.8800000000000008,8.6300000000000008,8.1,10.16,8.4700000000000006,8.7899999999999991,8.4499999999999993,10.87,7.78,6.54,8.7899999999999991,7.51,11.54,8.1199999999999992,8.43,6.92,7.68]
["MATERIAL",21128,"ELETRODUTO EM ACO GALVANIZADO ELETROLITICO, LEVE, DIAMETRO 3/4\", PAREDE DE 0,90 MM","M","C",10.67,null,null,null,7.44,null,8.08,7.53,8.5299999999999994,8.33,12.66,7.91,11.78,10.19,8.9700000000000006,null,null,10.81,9.52,7.79,null,null,12.3,16.440000000000001,5.82,8.2799999999999994,6.13]
["MATERIAL",2504,"ELETRODUTO FLEXIVEL, EM FITA DE ACO GALVANIZADO, REVESTIDO COM PVC PRETO, DIAMETRO EXTERNO DE 25 MM, DN = 3/4\", TIPO SEALTUBO","M","CR",11.84,null,null,null,8.25,null,8.9600000000000009,8.35,9.4600000000000009,9.24,14.05,8.77,13.07,11.3,9.9499999999999993,null,null,11.99,10.56,8.64,null,null,13.65,18.239999999999998,6.45,9.18,6.8]
["MATERIAL",2505,"ELETRODUTO FLEXIVEL, EM FITA DE ACO GALVANIZADO, REVESTIDO COM PVC PRETO, DIAMETRO EXTERNO DE 75 MM, DN = 2 1/2\", TIPO SEALTUBO","M","CR",62.59,null,null,null,43.64,null,47.39,44.17,50.03,48.86,74.260000000000005,46.4,69.099999999999994,59.77,52.61,null,null,63.41,55.84,45.69,null,null,72.150000000000006,96.43,34.14,48.57,35.950000000000003]
["MATERIAL",12059,"ELETRODUTO FLEXIVEL, EM FITA DE ACO GALVANIZADO, SEM REVESTIMENTO, DIAMETRO NOMINAL 1/2\"","M","CR",7.53,null,null,null,5.25,null,5.7,5.32,6.02,5.88,8.94,5.58,8.32,7.2,6.33,null,null,7.63,6.72,5.5,null,null,8.69,11.61,4.1100000000000003,5.85,4.33]
["MATERIAL",12060,"ELETRODUTO FLEXIVEL, EM FITA DE ACO GALVANIZADO, SEM REVESTIMENTO, DIAMETRO NOMINAL 2 1/2\"","M","CR",55.81,null,null,null,38.909999999999997,null,42.26,39.380000000000003,44.61,43.57,66.22,41.37,61.61,53.3,46.92,null,null,56.54,49.79,40.74,null,null,64.33,85.99,30.44,43.31,32.06]
["MATERIAL",2688,"ELETRODUTO PVC FLEXIVEL CORRUGADO, COR AMARELA, DE 25 MM","M","CR",3.48,3.27,2.78,3.3,2.2799999999999998,2.62,3.25,2.3199999999999998,1.9,3.11,2.86,2.78,2.61,3.27,2.73,2.83,2.72,3.5,2.5099999999999998,2.11,2.83,2.42,3.72,2.62,2.72,2.23,2.4700000000000002]
["MATERIAL",39245,"ELETRODUTO PVC FLEXIVEL CORRUGADO, REFORCADO, COR LARANJA, DE 32 MM, PARA LAJES E PISOS","M","CR",10.210000000000001,9.6,8.16,9.68,6.68,7.68,9.5399999999999991,6.81,5.59,9.1199999999999992,8.39,8.16,7.66,9.6,8.01,8.31,7.99,10.27,7.35,6.18,8.31,7.1,10.91,7.68,7.97,6.55,7.26]
["MATERIAL",39247,"ELETRODUTO/DUTO PEAD FLEXIVEL PAREDE SIMPLES, CORRUGACAO HELICOIDAL, COR PRETA, SEM ROSCA, DE 1 1/4\", CRC 680 N, PARA CABEAMENTO SUBTERRANEO (NBR 15715)","M","CR",null,5.77,10.26,4.34,4.2699999999999996,null,3.79,4.7,3.06,4.2300000000000004,3.08,4.8600000000000003,3.59,4.7,5.6,null,6.65,5.21,4.45,9.5299999999999994,5.07,null,5.88,3.15,4.37,3.87,4.1399999999999997]
["MATERIAL",39248,"ELETRODUTO/DUTO PEAD FLEXIVEL PAREDE SIMPLES, CORRUGACAO HELICOIDAL, COR PRETA, SEM ROSCA, DE 4\", CRC 680 N, PARA CABEAMENTO SUBTERRANEO (NBR 15715)","M","CR",null,18.55,33,13.96,13.74,null,12.2,15.13,9.86,13.61,9.9,15.62,11.56,15.13,18.02,null,21.38,16.75,14.33,30.66,16.32,null,18.899999999999999,10.15,14.06,12.45,13.33]
["MAO DE OBRA",40922,"ELETROTECNICO (MENSALISTA)","MES","CR",4229.87,4464.29,6671.94,3777.92,4875.28,5170.54,4796.2,5561.43,4578.91,3909.37,5949.96,3989.46,4204.12,3638.46,3431.06,3729.18,4463.28,5715.17,5362.18,4086.76,4357.25,4704.57,4857.09,7077.75,4621.46,6257.76,4266.38]
["MATERIAL",37534,"EMULSAO EXPLOSIVA EM CARTUCHOS DE 1\" X 12\", DENSIDADE 1.15 G/CM3, INICIACAO ESPOLETA N. 8 / CORDEL","KG","CR",{"$nulls":25},18.600000000000001]
["MATERIAL",37533,"EMULSAO EXPLOSIVA EM CARTUCHOS DE 1\" X 8\", DENSIDADE 1.15 G/CM3, INICIACAO ESPOLETA N. 8 / CORDEL","KG","CR",{"$nulls":25},18.600000000000001]
["MATERIAL",37532,"EMULSAO EXPLOSIVA EM CARTUCHOS DE 2\" X 24\", DENSIDADE 1.15 G/CM3, INICIACAO ESPOLETA N. 8 / CORDEL","KG","C",{"$nulls":25},14.08]
["MATERIAL",43146,"ENDURECEDOR MINERAL DE BASE CIMENTICIA PARA PISO DE CONCRETO","KG","CR",11.36,12.36,null,11.91,8.59,10.32,11.01,7.57,8.9600000000000009,11.01,7.92,8.93,9.2899999999999991,10.07,11.06,9.5500000000000007,13.74,8.17,9.43,9.49,11.72,10.58,9.09,8.27,11.93,9.02,11.89]
["MATERIAL",11684,"ENGATE / RABICHO FLEXIVEL INOX 1/2\" X 40 CM","UN","CR",36.11,null,null,54.72,37.33,59.34,35.869999999999997,54.84,55.84,62.5,61.21,83.71,45.18,40.32,null,62.12,51.66,67.75,51.1,69.989999999999995,51.65,57.73,72.790000000000006,47.66,56.35,48.66]
["MAO DE OBRA",2707,"ENGENHEIRO CIVIL DE OBRA PLENO (HORISTA)","H","CR",117.96,124.83,117.49,117.61,116.94,122.6,130.6,122.27,116.29,111.69,117.59,115.41,114.95,120.04,118.96,117.72,112.03,126.57,136.55000000000001,137.4,120.26,119.33,117.59,127.42,116.44,114.96,116.77]
["MAO DE OBRA",40814,"ENGENHEIRO CIVIL DE OBRA SENIOR (MENSALISTA)","MES","CR",24598.74,26012.79,21167.56,24386.91,22596.13,25152.29,32740.77,25077.17,24421.45,26537.08,25963.45,24031.54,24156.63,24813.81,24838.13,24593.89,23275.46,24518.86,26776.75,25729.85,24909.22,24810.58,22731.07,22648.59,24569.64,28201.21,24443.5]
["MATERIAL",43482,"EPI - FAMILIA ALMOXARIFE - HORISTA (ENCARGOS COMPLEMENTARES - COLETADO CAIXA)","H","C",0.81,0.81,0.81,0.81,0.81,0.81,0.81,0.81,0.81,0.81,0.81,0.81,0.81,0.81,0.81,0.81,0.81,0.81,0.81,0.81,0.81,0.81,0.81,0.81,0.81,0.81,0.81]
["MATERIAL",43496,"EPI - FAMILIA ELETRICISTA - MENSALISTA (ENCARGOS COMPLEMENTARES - COLETADO CAIXA)","MES","C",238.02,238.02,238.02,238.02,238.02,238.02,238.02,238.02,238.02,238.02,238.02,238.02,238.02,238.02,238.02,238.02,238.02,238.02,238.02,238.02,238.02,238.02,238.02,238.02,238.02,238.02,238.02]
["MATERIAL",43497,"EPI - FAMILIA ENCANADOR - MENSALISTA (ENCARGOS COMPLEMENTARES - COLETADO CAIXA)","MES","C",212.45,212.45,212.45,212.45,212.45,212.45,212.45,212.45,212.45,212.45,212.45,212.45,212.45,212.45,212.45,212.45,212.45,212.45,212.45,212.45,212.45,212.45,212.45,212.45,212.45,212.45,212.45]
["MATERIAL",43486,"EPI - FAMILIA ENGENHEIRO CIVIL - HORISTA (ENCARGOS COMPLEMENTARES - COLETADO CAIXA)","H","C",0.77,0.77,0.77,0.77,0.77,0.77,0.77,0.77,0.77,0.77,0.77,0.77,0.77,0.77,0.77,0.77,0.77,0.77,0.77,0.77,0.77,0.77,0.77,0.77,0.77,0.77,0.77]
["MATERIAL",43501,"EPI - FAMILIA PEDREIRO - MENSALISTA (ENCARGOS COMPLEMENTARES - COLETADO CAIXA)","MES","C",247.11,247.11,247.11,247.11,247.11,247.11,247.11,247.11,247.11,247.11,247.11,247.11,247.11,247.11,247.11,247.11,247.11,247.11,247.11,247.11,247.11,247.11,247.11,247.11,247.11,247.11,247.11]
["MATERIAL",43503,"EPI - FAMILIA SERVENTE - MENSALISTA (ENCARGOS COMPLEMENTARES - COLETADO CAIXA)","MES","C",261.93,261.93,261.93,261.93,261.93,261.93,261.93,261.93,261.93,261.93,261.93,261.93,261.93,261.93,261.93,261.93,261.93,261.93,261.93,261.93,261.93,261.93,261.93,261.93,261.93,261.93,261.93]
["EQUIPAMENTO (AQUISIÇÃO)",37774,"EQUIPAMENTO DE LIMPEZA COMBINADO (VACUO/ALTA PRESSAO) 95% VACUO, TANQUE 7000 L, BOMBA 140 KGF/CM2 66 L/MIN COM MOTOR INDEPENDENTE A DIESEL DE 60 CV (INCLUI MONTAGEM, NAO INCLUI CAMINHAO)","UN","CR",{"$nulls":25},565124.71]
["EQUIPAMENTO (AQUISIÇÃO)",38629,"EQUIPAMENTO P/ DEMARCACAO DE FAIXAS DE TRAFEGO A QUENTE, A SER MONTADO SOBRE CAMINHAO DE PBT MIN. DE 17 T, DIST. MIN. ENTRE EIXOS 5,2 M, CAPACIDADE PARA 1.000 KG DE MATERIAL TERMOPLASTICO (INCLUI MONTAGEM, NAO INCLUI CAMINHAO, NEM COMPRESSOR DE AR)","UN","CR",{"$nulls":4},2079492.18,null,null,2742187.5,null,null,3008789.06,null,3084960.93,null,null,null,2285156.25,2589843.75,2742187.5,null,null,null,3473437.5,null,1576757.81,2901126.21,2742187.5]
["EQUIPAMENTO (AQUISIÇÃO)",36408,"ESCAVADEIRA HIDRAULICA SOBRE ESTEIRAS, CACAMBA 0,4 A 1,70 M3, PESO OPERACIONAL 23,2 T, POTENCIA BRUTA 183 HP","UN","CR",{"$nulls":4},1153170.3600000001,null,null,1135495.51,null,null,1163813.82,1125825.8400000001,null,1139639.6499999999,null,null,null,1162087.1000000001,1239789.8,null,1270870.8799999999,null,1333033.05,1312312.33,null,1182184.9099999999]
["EQUIPAMENTO (AQUISIÇÃO)",40636,"ESCAVADEIRA HIDRAULICA SOBRE ESTEIRAS, CAPACIDADE DA CACAMBA ENTRE 1,20 E 1,50 M3, PESO OPERACIONAL ENTRE 20,00 E 22,00 TON, POTENCIA LIQUIDA ENTRE 150 E 155 HP, EQUIPADA COM CLAMSHELL","UN","CR",{"$nulls":4},1155981.3700000001,null,null,1138263.43,null,null,1166650.77,1128570.19,null,1142417.67,null,null,null,1164919.8400000001,1242811.95,null,1273968.8,null,1336282.49,1315511.26,null,1185066.6399999999]
["MATERIAL",37555,"ESGUICHO JATO REGULAVEL, TIPO ELKHART, ENGATE RAPIDO 2 1/2\", PARA COMBATE A INCENDIO","UN","CR",235.71,399.99,315.70999999999998,null,400.02,291.42,271.42,271.42,null,408.57,221.42,264.27999999999997,228.49,228.57,285.70999999999998,328.57,242.14,411.42,311.42,null,173.78,null,235.71,171.42,null,471.42]
["MATERIAL",10902,"ESGUICHO TIPO JATO SOLIDO, EM LATAO, ENGATE RAPIDO 1 1/2\" X 13 MM, PARA MANGUEIRA EM INSTALACAO PREDIAL COMBATE A INCENDIO","UN","CR",59.14,100.37,79.22,null,100.38,73.12,68.11,68.11,null,102.52,55.56,66.31,57.33,57.35,71.69,82.44,60.76,103.24,78.14,null,43.6,null,59.14,43.01,null,118.29]
["MATERIAL",20967,"ESGUICHO TIPO JATO SOLIDO, EM LATAO, ENGATE RAPIDO 2 1/2\" X 16 MM, PARA MANGUEIRA EM INSTALACAO PREDIAL COMBATE A INCENDIO","UN","CR",97.42,165.33,130.49,null,165.34,120.45,112.19,112.19,null,168.87,91.52,109.23,94.44,94.47,118.09,135.80000000000001,100.08,170.05,128.72,null,71.83,null,97.42,70.849999999999994,null,194.85]
["MATERIAL",39016,"ESPACADOR / DISTANCIADOR TIPO PINO EM PLASTICO, PARA VERGALHAO ATE 10 MM, PARA APOIO DE ARMADURA","UN","CR",{"$nulls":4},0.35,null,null,0.26,null,null,0.35,{"$nulls":11},0.28000000000000003,0.39,null,0.37]
["MATERIAL",40433,"ESPACADOR/SEPARADOR DE CORDOALHA TIPO DISCO 12 FUROS DE 14 MM, PARA TIRANTES","UN","CR",{"$nulls":4},1.5,null,null,1.1200000000000001,null,null,1.5,{"$nulls":11},1.2,1.68,null,1.58]
["EQUIPAMENTO (AQUISIÇÃO)",20219,"ESPARGIDOR DE ASFALTO PRESSURIZADO, REBOCAVEL, TANQUE DE 2500 L, PNEUMATICO, COM MOTOR A GASOLINA 3,4HP","UN","C",{"$nulls":25},140400]
["MATERIAL",38095,"ESPELHO / PLACA CEGA 4\" X 4\", PARA INSTALACAO DE TOMADAS E INTERRUPTORES","UN","CR",7.12,7.66,6.4,5.86,3.63,5.0199999999999996,6.98,6.42,4.91,4.6900000000000004,4.74,4.46,4.8099999999999996,4.5999999999999996,4.5999999999999996,4.58,6.03,4.97,4.4400000000000004,4.72,5.36,4.72,6.22,5.81,3.84,5.24,5.03]
["MATERIAL",38096,"ESPELHO / PLACA DE 2 POSTOS 4\" X 4\", PARA INSTALACAO DE TOMADAS E INTERRUPTORES","UN","CR",7.66,8.24,6.89,6.3,3.9,5.4,7.51,6.9,5.28,5.05,5.0999999999999996,4.8,5.17,4.95,4.95,4.92,6.48,5.34,4.78,5.07,5.76,5.07,6.69,6.24,4.13,5.64,5.41]
["MATERIAL",11557,"ESPELHO, RETO OU CURVO, EM LATAO CROMADO, ESPESSURA MINIMA 6 MM, LARGURA *43*MM, ALTURA *230*MM - PARA FECHADURA DE EMBUTIR","PAR","CR",39.01,36.29,43.55,36.200000000000003,37.56,38.11,36.270000000000003,36.07,41.37,35.39,40.65,42.32,48.05,38.56,41.85,41.56,38.56,35.479999999999997,39.74,37,43.92,39.9,38.72,39.92,39.9,36.29,43.55]
["MATERIAL",2759,"ESPOLETA SIMPLES N 8.","UN","C",{"$nulls":25},9.68]
["EQUIPAMENTO (AQUISIÇÃO)",39616,"ESTABILIZADOR BIVOLT AUTOMATICO, 1000 VA","UN","C",595,null,null,null,600,369.5,708.9,null,null,null,433.69,null,347.93,null,null,509,465.46,null,490,454,361.27,349,null,462.9,492.4,407.55]
["EQUIPAMENTO (AQUISIÇÃO)",39614,"ESTABILIZADOR BIVOLT AUTOMATICO, 500 VA","UN","CR",344.81,null,null,null,347.71,214.13,410.82,null,null,null,251.33,null,201.63,null,null,294.97000000000003,269.74,null,283.95999999999998,263.10000000000002,209.36,202.25,null,268.25,285.35000000000002,236.18]
["MATERIAL",38384,"ESTILETE DE METAL, LAMINA 18 MM","UN","CR",16.91,13.12,null,16.03,13.23,null,16.21,14.58,16.64,16.03,18.04,13.05,17.93,null,null,13.84,28.42,10.92,null,16.399999999999999,17.149999999999999,18,15.89,16.670000000000002,13.5,15.59,20.75]
["MATERIAL",13,"ESTOPA","KG","CR",18.440000000000001,16.690000000000001,12.85,15.74,16.34,14.2,19.920000000000002,17.940000000000001,17.190000000000001,19.829999999999998,21.92,26.4,22.42,18.63,14.85,16.39,18.510000000000002,17.53,16.84,15.84,19.93,14.55,19.829999999999998,19.13,16.940000000000001,20.92,22.95]
["MATERIAL",40863,"EXAMES - MENSALISTA (COLETADO CAIXA - ENCARGOS COMPLEMENTARES)","MES","C",270.51,270.51,270.51,270.51,270.51,270.51,270.51,270.51,270.51,270.51,270.51,270.51,270.51,270.51,270.51,270.51,270.51,270.51,270.51,270.51,270.51,270.51,270.51,270.51,270.51,270.51,270.51]
["MATERIAL",10886,"EXTINTOR DE INCENDIO PORTATIL COM CARGA DE AGUA PRESSURIZADA DE 10 L, CLASSE A","UN","CR",245,242.81,194.68,393.75,252,249.37,210,210.87,179.37,181.56,155.31,222.96,201.25,214.37,262.5,245,218.75,196.87,249.37,null,218.75,240.62,192.5,190.48,203.87,201.25,200.37]
["MATERIAL",20977,"EXTINTOR DE INCENDIO PORTATIL COM CARGA DE PO QUIMICO SECO (PQS) DE 8 KG, CLASSE BC","UN","CR",333.84,330.86,265.27999999999997,536.53,343.38,339.8,286.14999999999998,287.33999999999997,244.42,247.4,211.63,303.82,274.23,292.11,357.69,333.84,298.07,268.26,339.8,null,298.07,327.88,262.3,259.56,277.8,274.23,273.02999999999997]
["MATERIAL",3073,"EXTREMIDADE PVC PBA, BF, JE, DN 100/ DE 110 MM","UN","CR",198.66,190.02,null,204.78,151.15,{"$nulls":5},238.61,191.22,199.5,229.25,null,null,279.99,null,null,null,211.13,{"$nulls":4},245.92]
["MATERIAL",11480,"FECHADURA AUXILIAR DE SEGURANCA PARA PORTA EXTERNA, EM ACO INOX, BROCA DE 45 A 55 MM, LINGUETA COM 3 AVANCOS, INCLUINDO 2 CHAVES TIPO CILINDRO","CJ","CR",99.69,130.16999999999999,130.78,147.97,144.63999999999999,118.37,144.66,103.11,158.1,144.38,129.47,126.14,141.84,129.47,116.95,156.19999999999999,134.09,129.28,152.5,120.22,124.73,118.37,161.19,144.63999999999999,133.16999999999999,148.88999999999999,125.97]
["MATERIAL",11468,"FECHADURA DE SOBREPOR PARA GAVETAS E ARMARIOS, EM ACO INOX COM ACABAMENTO CROMADO, COM CILINDRO DE APROX 20 MM","UN","CR",10.65,13.9,13.97,15.8,15.45,12.64,15.45,11.01,16.89,15.42,13.83,13.47,15.15,13.83,12.49,16.68,14.32,13.81,16.29,12.84,13.32,12.64,17.22,15.45,14.22,15.9,13.45]
["MATERIAL",43607,"FECHADURA ESPELHO PARA PORTA DE BANHEIRO, EM ACO INOX (MAQUINA, TESTA E CONTRA-TESTA) E EM ZAMAC (MACANETA, LINGUETA E TRINCOS) COM ACABAMENTO CROMADO, MAQUINA DE 55 MM, INCLUINDO CHAVE TIPO TRANQUETA (CONJUNTO DE FECHADURAS)","CJ","CR",80.16,104.67,105.17,118.98,116.31,95.19,116.32,82.91,127.13,116.1,104.11,101.43,114.06,104.11,94.04,125.6,107.83,103.96,122.63,96.67,100.3,95.19,129.62,116.31,107.08,119.73,101.3]
["MATERIAL",3090,"FECHADURA ESPELHO PARA PORTA INTERNA, EM ACO INOX (MAQUINA, TESTA E CONTRA-TESTA) E EM ZAMAC (MACANETA, LINGUETA E TRINCOS) COM ACABAMENTO CROMADO, MAQUINA DE 40 MM, INCLUINDO CHAVE TIPO INTERNA","CJ","CR",48.11,62.82,63.11,71.400000000000006,69.8,57.12,69.81,49.76,76.290000000000006,69.67,62.48,60.87,68.45,62.48,56.43,75.38,64.709999999999994,62.39,73.59,58.01,60.19,57.12,77.790000000000006,69.8,64.260000000000005,71.849999999999994,60.79]
["MATERIAL",3103,"FECHADURA PARA PORTA PIVOTANTE DE VIDRO TEMPERADO, EM ACO INOX COM ACABAMENTO CROMADO, RECORTE PADRAO SANTA MARINA, COM CILINDRO EM LATAO, INCLUINDO CHAVE TIPO CILINDRO","UN","CR",39.89,52.08,52.33,59.2,57.87,47.36,57.88,41.26,63.26,57.77,51.8,50.47,56.75,51.8,46.79,62.5,53.65,51.73,61.02,48.1,49.91,47.36,64.489999999999995,57.87,53.28,59.57,50.4]
["MATERIAL",43610,"FECHADURA ROSETA REDONDA PARA PORTA INTERNA, EM ACO INOX (MAQUINA, TESTA E CONTRA-TESTA) E EM ZAMAC (MACANETA, LINGUETA E TRINCOS) COM ACABAMENTO CROMADO, MAQUINA DE 40 MM, INCLUINDO CHAVE TIPO INTERNA (CONJUNTO DE FECHADURAS)","CJ","CR",59.88,78.19,78.55,88.87,86.87,71.099999999999994,86.88,61.93,94.96,86.72,77.760000000000005,75.760000000000005,85.2,77.760000000000005,70.239999999999995,93.82,80.540000000000006,77.650000000000006,91.6,72.209999999999994,74.92,71.099999999999994,96.82,86.87,79.989999999999995,89.43,75.66]
["MATERIAL",38165,"FECHO / FECHADURA COM PUXADOR CONCHA, COM TRANCA TIPO TRAVA, PARA JANELA / PORTA DE CORRER (INCLUI TESTA, FECHADURA, PUXADOR) - COMPLETA","CJ","CR",74.14,68.97,82.76,68.8,71.38,72.42,68.930000000000007,68.55,78.62,67.239999999999995,77.25,80.42,91.32,73.28,79.52,78.97,73.28,67.42,75.52,70.31,83.45,75.83,73.59,75.87,75.83,68.97,82.76]
["MATERIAL",3108,"FECHO QUEBRA UNHA, EM LATAO COM ACABAMENTO CROMADO, DE EMBUTIR, COM COMANDO ALAVANCA, ALTURA DE DE 22 CM, LARGURA MINIMA DE 1,90 CM E ESPESSURA MINIMA DE 1,90 MM, PARA PORTAS E JANELAS (INCLUI PARAFUSOS)","UN","CR",111.81,104.01,124.82,103.75,107.65,109.21,103.96,103.39,118.58,101.41,116.5,121.28,137.72,110.51,119.93,119.1,110.51,101.67,113.9,106.04,125.86,114.36,110.98,114.42,114.36,104.01,124.82]
["MATERIAL",43458,"FERRAMENTAS - FAMILIA ALMOXARIFE - HORISTA (ENCARGOS COMPLEMENTARES - COLETADO CAIXA)","H","C",0.06,0.06,0.06,0.06,0.06,0.06,0.06,0.06,0.06,0.06,0.06,0.06,0.06,0.06,0.06,0.06,0.06,0.06,0.06,0.06,0.06,0.06,0.06,0.06,0.06,0.06,0.06]
["MATERIAL",43460,"FERRAMENTAS - FAMILIA ELETRICISTA - HORISTA (ENCARGOS COMPLEMENTARES - COLETADO CAIXA)","H","C",0.86,0.86,0.86,0.86,0.86,0.86,0.86,0.86,0.86,0.86,0.86,0.86,0.86,0.86,0.86,0.86,0.86,0.86,0.86,0.86,0.86,0.86,0.86,0.86,0.86,0.86,0.86]
["MATERIAL",43475,"FERRAMENTAS - FAMILIA ENCARREGADO GERAL - MENSALISTA (ENCARGOS COMPLEMENTARES - COLETADO CAIXA)","MES","C",15.46,15.46,15.46,15.46,15.46,15.46,15.46,15.46,15.46,15.46,15.46,15.46,15.46,15.46,15.46,15.46,15.46,15.46,15.46,15.46,15.46,15.46,15.46,15.46,15.46,15.46,15.46]
["MATERIAL",43462,"FERRAMENTAS - FAMILIA ENGENHEIRO CIVIL - HORISTA (ENCARGOS COMPLEMENTARES - COLETADO CAIXA)","H","C",0.01,0.01,0.01,0.01,0.01,0.01,0.01,0.01,0.01,0.01,0.01,0.01,0.01,0.01,0.01,0.01,0.01,0.01,0.01,0.01,0.01,0.01,0.01,0.01,0.01,0.01,0.01]
["MATERIAL",43465,"FERRAMENTAS - FAMILIA PEDREIRO - HORISTA (ENCARGOS COMPLEMENTARES - COLETADO CAIXA)","H","C",0.78,0.78,0.78,0.78,0.78,0.78,0.78,0.78,0.78,0.78,0.78,0.78,0.78,0.78,0.78,0.78,0.78,0.78,0.78,0.78,0.78,0.78,0.78,0.78,0.78,0.78,0.78]
["MATERIAL",43479,"FERRAMENTAS - FAMILIA SERVENTE - MENSALISTA (ENCARGOS COMPLEMENTARES - COLETADO CAIXA)","MES","C",114.77,114.77,114.77,114.77,114.77,114.77,114.77,114.77,114.77,114.77,114.77,114.77,114.77,114.77,114.77,114.77,114.77,114.77,114.77,114.77,114.77,114.77,114.77,114.77,114.77,114.77,114.77]
["MATERIAL",45204,"FERRO DE SOLDA, POTENCIA 40 W","UN","CR",null,48.84,44.66,49.58,62.1,44.35,41.3,44.11,54.19,90.68,51.84,60.87,64.41,44.33,28.81,40.64,45.14,44.65,64.8,42,57.71,42,53.7,76.69,null,43.9,52.76]
["MATERIAL",3122,"FERROLHO COM FECHO / TRINCO REDONDO, EM ACO GALVANIZADO / ZINCADO, DE SOBREPOR, COM COMPRIMENTO DE 3\" A 4\" E ESPESSURA MINIMA DA CHAPA DE 0,90 MM","UN","CR",5.79,5.39,6.47,5.37,5.58,5.66,5.38,5.36,6.14,5.25,6.03,6.28,7.13,5.72,6.21,6.17,5.72,5.27,5.9,5.49,6.52,5.92,5.75,5.93,5.92,5.39,6.47]
["MATERIAL",11455,"FERROLHO COM FECHO / TRINCO REDONDO, EM ACO GALVANIZADO / ZINCADO, DE SOBREPOR, COM COMPRIMENTO DE 8\" E ESPESSURA MINIMA DA CHAPA DE 1,50 MM","UN","CR",18.010000000000002,16.75,20.100000000000001,16.71,17.34,17.59,16.739999999999998,16.649999999999999,19.09,16.329999999999998,18.760000000000002,19.53,22.18,17.8,19.309999999999999,19.18,17.8,16.37,18.34,17.079999999999998,20.27,18.420000000000002,17.87,18.420000000000002,18.420000000000002,16.75,20.100000000000001]
["MATERIAL",43586,"FERROLHO COM FECHO CHATO E PORTA CADEADO, EM ACO GALVANIZADO / ZINCADO, DE SOBREPOR, COM COMPRIMENTO DE 5\", CHAPA COM ESPESSURA MINIMA DE 0,90 MM E LARGURA MINIMA DE 3,20 CM (FECHO SIMPLES)","UN","CR",10.49,9.76,11.71,9.73,10.1,10.25,9.75,9.6999999999999993,11.13,9.52,10.93,11.38,12.92,10.37,11.25,11.18,10.37,9.5399999999999991,10.69,9.9499999999999993,11.81,10.73,10.41,10.74,10.73,9.76,11.71]
["MATERIAL",3123,"FERTILIZANTE NPK - 4: 14: 8","KG","C",null,3.12,null,null,2.93,3.64,3.48,2.67,2.82,2.0499999999999998,2.91,3.21,3.2,3.4,null,null,null,2.88,3.6,null,4.0599999999999996,null,2.57,2.86,3.1,2.87,3.6]
["MATERIAL",38125,"FERTILIZANTE ORGANICO COMPOSTO, CLASSE A","KG","CR",2.0499999999999998,0.9,null,null,1.33,2.57,1.37,2.19,1.71,2.2200000000000002,1.43,2.39,1.1399999999999999,1.97,1.37,1.0900000000000001,null,1.57,1.19,1.88,2.36,1.23,1.4,1.43,null,1.71,1.88]
["MATERIAL",39367,"FILTRO ANAEROBIO, EM POLIETILENO DE ALTA DENSIDADE (PEAD), CAPACIDADE *5000* LITROS (NBR 13969)","UN","CR",5193.6499999999996,5328.53,5127.88,4854.76,4838.04,5551.48,5451.16,5183.6099999999997,4692.5600000000004,5451.16,5473.45,5173.58,5126.76,5785.03,5239.3500000000004,4680.8599999999997,5973.98,5690.83,4904.93,5082.7299999999996,5897.06,5936.08,5572.66,4793.45,5295.09,4954.53,5972.42]
["MATERIAL",937,"FIO DE COBRE, SOLIDO, CLASSE 1, ISOLACAO EM PVC/A, ANTICHAMA BWF-B, 450/750V, SECAO NOMINAL 10 MM2","M","CR",10.78,11.24,9.2200000000000006,11.29,9.68,10.39,11.16,9.7100000000000009,9.7100000000000009,10.92,9.61,9.66,10.27,10.63,10.68,9.51,10.17,9.5399999999999991,9.59,10.19,10.56,10.220000000000001,9.2899999999999991,9.7799999999999994,9.9,9.51,10.63]
["MATERIAL",406,"FITA ACO INOX PARA CINTAR POSTE, L = 19 MM, E = 0,5 MM (ROLO DE 30M)","UN","CR",103.92,87.79,86.17,99.61,76.27,73.73,86.14,102.03,76.540000000000006,102.34,95.63,91.32,102.03,102.68,96.51,104.06,79.209999999999994,101.99,93.93,83.06,101.68,105.65,102.27,86.7,79.239999999999995,87.85,90.86]
["MATERIAL",39634,"FITA ADESIVA ANTICORROSIVA DE PVC FLEXIVEL, COR PRETA, PARA PROTECAO TUBULACAO, 50 MM X 30 M (L X C), E= *0,25* MM","M","CR",7.79,5.84,4.4800000000000004,8.75,6.82,7.79,8.77,10.19,5.94,9.35,7.79,9.74,7.69,7.3,3.89,6.72,8.06,9.74,7.17,6.11,6.72,7.79,9.84,8.57,7.01,5.0599999999999996,7.79]
["MATERIAL",39431,"FITA DE PAPEL MICROPERFURADO, 50 X 150 MM, PARA TRATAMENTO DE JUNTAS DE CHAPA DE GESSO PARA DRYWALL","M","CR",0.43,0.39,0.36,0.34,0.32,0.32,0.3,0.31,0.32,0.39,0.33,0.32,0.42,0.34,0.32,0.28999999999999998,0.34,0.32,0.32,0.34,0.46,0.38,0.37,0.35,0.36,0.31,0.32]
["MATERIAL",14151,"FITA METALICA GRAVADA, L = 17 MM, ROLO DE 25 M, CARGA RECOMENDADA = *120* KGF","UN","CR",{"$nulls":4},76.69,null,null,43.12,null,null,107.81,{"$nulls":7},86.25,{"$nulls":6},51.03]
["MATERIAL",3146,"FITA VEDA ROSCA, EM PTFE, ROLO DE 18 MM X 10 M (L X C)","UN","C",4,3,2.2999999999999998,4.49,3.5,4,4.5,5.23,3.05,4.8,4,5,3.95,3.75,2,3.45,4.1399999999999997,5,3.68,3.14,3.45,4,5.05,4.4000000000000004,3.6,2.6,4]
["MATERIAL",3143,"FITA VEDA ROSCA, EM PTFE, ROLO DE 18 MM X 25 M (L X C)","UN","CR",9.1,6.82,5.23,10.210000000000001,7.96,9.1,10.23,11.9,6.93,10.92,9.1,11.37,8.98,8.5299999999999994,4.55,7.84,9.41,11.37,8.3699999999999992,7.14,7.84,9.1,11.49,10.01,8.19,5.91,9.1]
["MATERIAL",13261,"FLANELA *30 X 40* CM","UN","CR",2.34,2.12,1.63,2,2.08,1.8,2.5299999999999998,2.2799999999999998,2.19,2.52,2.79,3.36,2.85,2.37,1.89,2.08,2.35,2.23,2.14,2.0099999999999998,2.54,1.85,2.52,2.4300000000000002,2.15,2.66,2.92]
["MATERIAL",3264,"FLANGE SEXTAVADO DE FERRO GALVANIZADO, COM ROSCA BSP, DE 1\"","UN","CR",29.67,null,null,null,27.17,{"$nulls":5},30.19,31.61,24.51,31.7,null,null,25.9,null,null,null,24.15,null,30.61,null,null,31.49,29.25]
["MATERIAL",3271,"FLANGE SEXTAVADO DE FERRO GALVANIZADO, COM ROSCA BSP, DE 4\"","UN","CR",193.73,null,null,null,177.37,{"$nulls":5},197.08,206.34,160.03,206.94,null,null,169.09,null,null,null,157.66,null,199.84,null,null,205.56,190.97]
["MATERIAL",3270,"FLANGE SEXTAVADO DE FERRO GALVANIZADO, COM ROSCA BSP, DE 6\"","UN","CR",325.48,null,null,null,298,{"$nulls":5},331.11,346.67,268.86,347.67,null,null,284.08999999999997,null,null,null,264.89,null,335.75,null,null,345.35,320.85000000000002]
["SERVIÇOS",39513,"FORRO DE FIBRA MINERAL EM PLACAS DE 625 X 625 MM, E = 15/16 MM, BORDA REBAIXADA, COM PINTURA ANTIMOFO, APOIADO EM PERFIL DE ACO GALVANIZADO COM 24 MM DE BASE - INSTALADO","M2","CR",{"$nulls":4},179.55,null,null,86.67,{"$nulls":7},104.92,null,null,127.6,164.96,null,null,120.28,null,null,145.56]
["MATERIAL",11587,"FORRO DE PVC LISO, BRANCO, REGUA DE 10 CM, ESPESSURA APROXIMADA DE 8 MM (COM COLOCACAO / SEM ESTRUTURA METALICA)","M2","CR",59.97,117.31,66.510000000000005,85,75.72,null,63.66,76.06,69.36,82.09,80.41,107.22,83.43,83.73,78.069999999999993,83.43,92.14,100.52,117,83.76,91.61,77.260000000000005,118.61,77.03,84.4,87.12,82.09]
["MATERIAL",39361,"FOSSA SEPTICA, SEM FILTRO, EM POLIETILENO DE ALTA DENSIDADE (PEAD), PARA 4 A 7 CONTRIBUINTES, CILINDRICA, COM TAMPA, CAPACIDADE APROXIMADA DE *1100* LITROS (NBR 7229)","UN","CR",1799.16,1845.89,1776.38,1681.77,1675.97,1923.12,1888.37,1795.69,1625.58,1888.37,1896.09,1792.21,1775.99,2004.03,1815,1621.52,2069.48,1971.39,1699.14,1760.74,2042.84,2056.35,1930.46,1660.53,1834.3,1716.33,2068.94]
["EQUIPAMENTO (AQUISIÇÃO)",14576,"FRESADORA DE ASFALTO A FRIO SOBRE ESTEIRAS, LARG. FRESAGEM 2,00 M, POT. 410 KW/550 HP","UN","CR",{"$nulls":25},5500565.4500000002]
["MATERIAL",7307,"FUNDO ANTICORROSIVO PARA METAIS FERROSOS (ZARCAO)","L","CR",37.020000000000003,44.75,41.43,36.68,45.37,45.56,49.41,49.35,43.53,34.46,52.28,41.35,38.950000000000003,44.91,37.590000000000003,53.9,41.5,44.85,55.41,41.26,41.95,34.31,47.94,40.450000000000003,42.84,49.88,36.24]
["MATERIAL",12344,"FUSIVEL DIAZED 20 A TAMANHO DII, CAPACIDADE DE INTERRUPCAO DE 50 KA EM VCA E 8 KA EM VCC, TENSAO NOMINAL DE 500 V","UN","CR",null,5.64,4.5,null,3.53,null,6.03,3.28,3.73,5.2,null,3.26,6.56,4.0999999999999996,null,null,8.68,4.49,4.18,4.37,null,null,5.0999999999999996,null,4.9800000000000004,4.49]
["MATERIAL",3295,"FUSIVEL NH *36* A 80 AMPERES, TAMANHO 00, CAPACIDADE DE INTERRUPCAO DE 120 KA, TENSAO NOMINAL DE 500 V","UN","CR",null,30.57,24.38,null,19.12,null,32.65,17.75,20.2,28.18,null,17.670000000000002,35.549999999999997,22.2,null,null,47.02,24.33,22.66,23.67,null,null,27.65,null,26.96,24.33]
["MATERIAL",3294,"FUSIVEL NH 160 A TAMANHO 00, CAPACIDADE DE INTERRUPCAO DE 120 KA, TENSAO NOMINAL DE 500 V","UN","CR",null,34.64,27.62,null,21.66,null,36.99,20.12,22.88,31.93,null,20.02,40.28,25.15,null,null,53.28,27.57,25.67,26.82,null,null,31.33,null,30.55,27.57]
["MATERIAL",34383,"GABIAO MANTA (COLCHAO) MALHA HEXAGONAL 6 X 8 CM (ZN/AL REVESTIDO COM POLIMERO), FIO 2 MM, DIMENSOES 4,0 X 2,0 X 0,3 M (C X L X A)","UN","CR",1861.36,1774.87,2075.87,1799.09,1660.69,1024.0899999999999,1383.91,2097.3200000000002,2117.39,1610.18,1418.51,1379.07,1539.6,1475.94,1660.69,1142.42,1534.76,1861.36,1453.11,1515.38,1758.26,1453.11,1454.49,1536.14,2144.37,1498.78,1327.86]
["MATERIAL",3311,"GABIAO SACO MALHA HEXAGONAL 8 X 10 CM (ZN/AL REVESTIDO COM POLIMERO), FIO 2,4 MM, H = 0,65 M","M3","CR",539.29999999999995,514.24,601.45000000000005,521.26,481.16,296.70999999999998,400.97,607.66999999999996,613.48,466.52,410.99,399.56,446.08,427.63,481.16,331,444.67,539.29999999999995,421.01,439.06,509.43,421.01,421.42,445.07,621.29999999999995,434.25,384.73]
["MATERIAL",11597,"GABIAO TIPO CAIXA MALHA HEXAGONAL 8 X 10 CM (ZN/AL), FIO 2,7 MM, DIMENSOES 2,0 X 1,0 X 1,0 M (C X L X A)","UN","CR",836.25,797.39,932.62,808.27,746.1,460.09,621.75,942.26,951.27,723.4,637.29,619.57000000000005,691.69,663.09,746.1,513.25,689.52,836.25,652.83000000000004,680.81,789.93,652.83000000000004,653.45000000000005,690.14,963.4,673.35,596.55999999999995]
["MATERIAL",40441,"GABIAO TIPO CAIXA PARA SOLO REFORCADO, MALHA HEXAGONAL 8 X 10 CM (ZN/AL REVESTIDO COM POLIMERO), FIO 2,7 MM, DIMENSOES 2,0 X 1,0 X 1,0 M, COM CAUDA DE 4,0 M","M3","CR",478.22,456,533.33000000000004,462.22,426.66,263.11,355.55,538.84,544,413.68,364.44,354.31,395.55,379.2,426.66,293.51,394.31,478.22,373.33,389.33,451.73,373.33,373.68,394.66,550.92999999999995,385.06,341.15]
["MATERIAL",34635,"GABIAO TIPO CAIXA PARA SOLO REFORCADO, MALHA HEXAGONAL DE DUPLA TORCAO 8 X 10 CM (ZN/AL REVESTIDO COM POLIMERO), FIO 2,7 MM, DIMENSOES 2,0 X 1,0 X 1,0 M, COM CAUDA DE 3,0 M","UN","CR",1330.06,1268.25,1483.34,1285.56,1186.67,731.78,988.89,1498.66,1513,1150.57,1013.61,985.43,1100.1400000000001,1054.6500000000001,1186.67,816.33,1096.68,1330.06,1038.33,1082.83,1256.3800000000001,1038.33,1039.32,1097.67,1532.29,1070.97,948.84]
["MATERIAL",11596,"GABIAO TIPO CAIXA, MALHA HEXAGONAL 8 X 10 CM (ZN/AL), FIO 2,7 MM, DIMENSOES 2,0 X 1,0 X 0,5 M (C X L X A)","UN","CR",571.08000000000004,544.54,636.9,551.98,509.52,314.2,424.6,643.48,649.63,494.02,435.21,423.11,472.36,452.83,509.52,350.5,470.88,571.08000000000004,445.83,464.93,539.45000000000005,445.83,446.25,471.3,657.91,459.84,407.4]
["MATERIAL",40436,"GABIAO TIPO CAIXA, MALHA HEXAGONAL 8 X 10 CM (ZN/AL), FIO DE 2,7 MM, DIMENSOES 5,0 X 1,0 X 1,0 M (C X L X A)","M3","CR",417.63,398.22,465.76,403.66,372.61,229.77,310.5,470.57,475.08,361.27,318.27,309.42,345.44,331.15,372.61,256.32,344.35,417.63,326.02999999999997,340,394.5,326.02999999999997,326.33999999999997,344.66,481.13,336.28,297.93]
["MATERIAL",4226,"GAS DE COZINHA - GLP","KG","C",9.34,7.83,9.51,9.31,8.89,8.3000000000000007,7.87,7.45,8.36,9.1199999999999992,8.09,8.5,8.9499999999999993,8.66,7.96,7.26,8.0299999999999994,7.99,7.38,7.96,9.1199999999999992,10.61,8.6199999999999992,9.16,8,8.4499999999999993,9.7200000000000006]
["MATERIAL",4021,"GEOTEXTIL NAO TECIDO AGULHADO DE FILAMENTOS CONTINUOS 100% POLIESTER, RESITENCIA A TRACAO = 14 KN/M","M2","CR",null,11.21,null,14.89,10.67,null,9.3800000000000008,11.25,8.61,null,9.07,null,8.8699999999999992,11.07,10.5,9.51,16.7,12.1,11.48,null,14.48,null,9.98,null,13.69,9.92]
["EQUIPAMENTO (AQUISIÇÃO)",36498,"GERADOR PORTATIL MONOFASICO, POTENCIA 5500 VA, MOTOR A GASOLINA, POTENCIA DO MOTOR 13 CV","UN","CR",{"$nulls":4},8825.3700000000008,null,null,9545.6299999999992,null,null,9545.6299999999992,{"$nulls":4},8553.9500000000007,null,6783.47,9545.6299999999992,{"$nulls":6},9377.68]
["MATERIAL",3315,"GESSO EM PO PARA REVESTIMENTOS/MOLDURAS/SANCAS E USO GERAL","KG","CR",1.0900000000000001,0.99,0.92,0.86,0.82,0.83,0.77,0.79,0.81,0.99,0.83,0.82,1.07,0.87,0.83,0.75,0.87,0.83,0.81,0.86,1.1599999999999999,0.98,0.95,0.88,0.91,0.79,0.83]
["MATERIAL",36870,"GESSO PROJETADO","KG","CR",0.84,0.77,0.71,0.66,0.63,0.64,0.59,0.61,0.63,0.77,0.64,0.63,0.82,0.67,0.64,0.57999999999999996,0.67,0.64,0.63,0.66,0.9,0.76,0.74,0.68,0.7,0.61,0.64]
["EQUIPAMENTO (AQUISIÇÃO)",3318,"GRADE DE DISCOS MECANICA 20X24\" COM 20 DISCOS 24\" X 6MM COM PNEUS PARA TRANSPORTE","UN","C",{"$nulls":4},45400,{"$nulls":15},71000,null,71163.100000000006,null,null,49100]
["MATERIAL",45242,"GRAMPO DE APERTO RAPIDO 18\"","UN","CR",68.64,53.25,null,65.09,53.7,null,65.8,59.17,67.53,65.06,73.22,52.96,72.78,null,null,56.18,115.36,44.35,null,66.569999999999993,69.61,73.08,64.48,67.66,54.8,63.3,84.24]
["MATERIAL",425,"GRAMPO METALICO TIPO OLHAL PARA HASTE DE ATERRAMENTO DE 5/8\", CONDUTOR DE *10* A 50 MM2","UN","CR",5.25,4.46,5.95,7.39,6.62,5.13,5.25,6.16,5.67,6.68,9.07,5.66,5.61,6.39,7.13,9.1300000000000008,6.96,6.15,6.23,8.48,5.36,6.74,8.73,6.26,8.07,6.68,5.65]
["MATERIAL",38056,"GRAMPO METALICO TIPO U PARA HASTE DE ATERRAMENTO DE ATE 5/8\", CONDUTOR DE 10 A 25 MM2","UN","CR",28.25,24.01,32.01,39.770000000000003,35.64,27.59,28.26,33.159999999999997,30.53,35.93,48.78,30.43,30.19,34.35,38.33,49.13,37.46,33.1,33.5,45.6,28.85,36.270000000000003,46.94,33.700000000000003,43.43,35.94,30.42]
["MATERIAL",36786,"GRANALHA DE ACO, ANGULAR (GRIT), PARA JATEAMENTO, PENEIRA 0,117 A 1,00 MM, (SAE G-40 A G-80)","SC25KG","CR",{"$nulls":25},137.86000000000001]
["MATERIAL",11795,"GRANITO PARA BANCADA, POLIDO, TIPO ANDORINHA/ QUARTZ/ CASTELO/ CORUMBA OU OUTROS EQUIVALENTES DA REGIAO, E= *2,5* CM","M2","CR",1252.83,618.11,784.9,875.47,473.2,516.98,530.64,358.49,588.66999999999996,null,470.44,671.69,630.94000000000005,830.18,528.29999999999995,845.28,null,709.43,769.81,null,784.9,null,664.15,679.24,550.94000000000005,679.24]
["MATERIAL",11732,"GRELHA FIXA, PVC CROMADA, REDONDA, 150 MM, PARA RALOS E CAIXAS","UN","CR",28.61,22.53,26.42,29.93,21.66,33.130000000000003,35.880000000000003,27.83,28.53,28.01,25.73,26.27,29.92,30.43,21.51,22.59,25.81,26.12,36.39,32.28,26.33,23.69,24.26,26.38,20.170000000000002,25.68,24.56]
["MATERIAL",11244,"GRELHA FOFO ARTICULADA, CARGA MAXIMA 1,5 T, *300 X 1000* MM, E= *15* MM","UN","CR",{"$nulls":4},321.61,{"$nulls":5},202.52,{"$nulls":6},340.83,{"$nulls":7},238.92]
["EQUIPAMENTO (AQUISIÇÃO)",36493,"GRUA ASCENCIONAL, LANCA DE 42 M, CAPACIDADE DE 1,5 T A 30 M, ALTURA ATE 39 M","UN","CR",{"$nulls":22},821179.19,805682.81,null,839252.93]
["EQUIPAMENTO (AQUISIÇÃO)",13533,"GRUPO GERADOR DE SOLDA ELETRICA, COM MAQUINA DE SOLDA, ATE 400 AMPERES E GERADOR A DIESEL 30 CV, MOTOR 4 CILINDROS, TANQUE COMBUST., CARENAGEM DE PROTECAO SOBRE RODAS","UN","CR",{"$nulls":4},218461.82,null,null,236290.92,null,null,236290.92,{"$nulls":4},211743.09,null,167917.07,236290.92,{"$nulls":6},232133.52]
["EQUIPAMENTO (AQUISIÇÃO)",39584,"GRUPO GERADOR DIESEL, COM CARENAGEM, POTENCIA STANDART ENTRE 50 E 55 KVA, VELOCIDADE DE 1800 RPM, FREQUENCIA DE 60 HZ","UN","CR",{"$nulls":4},140530.16,null,null,151999.1,null,null,151999.1,{"$nulls":4},136208.19,null,108016.18,151999.1,{"$nulls":6},149324.76]
["EQUIPAMENTO (AQUISIÇÃO)",39590,"GRUPO GERADOR DIESEL, SEM CARENAGEM, POTENCIA STANDART ENTRE 100 E 110 KVA, VELOCIDADE DE 1800 RPM, FREQUENCIA DE 60 HZ","UN","CR",{"$nulls":4},137160.47,null,null,148354.4,null,null,148354.4,{"$nulls":4},132942.14000000001,null,105426.13,148354.4,{"$nulls":6},145744.20000000001]
["EQUIPAMENTO (AQUISIÇÃO)",25019,"GRUPO GERADOR ESTACIONARIO, MOTOR DIESEL POTENCIA 170 KVA","UN","CR",{"$nulls":4},183426.46,null,null,198396.25,null,null,198396.25,{"$nulls":4},177785.23,null,140987.72,198396.25,{"$nulls":6},194905.59]
["MATERIAL",20017,"GUARNICAO / ALIZAR / VISTA LISA EM MADEIRA MACICA, PARA PORTA, E = *1* CM, L = *5* CM, CEDRINHO / ANGELIM COMERCIAL / TAURI/ CURUPIXA / PEROBA / CUMARU OU EQUIVALENTE DA REGIAO","M","CR",6.21,6.54,3.79,7.27,7.96,7.99,10.87,7.09,6.4,9,7.85,7.82,8.74,5.09,6.72,6.67,7.27,10.18,8.4,8.18,4.8099999999999996,6.2,12.73,8.34,6.54,10.18,9.58]
["MATERIAL",39836,"GUARNICAO/ALIZAR/VISTA, E = *1,3* CM, L = *5,0* CM HASTE REGULAVEL = *35* MM, EM MDF/PVC WOOD/ POLIESTIRENO OU MADEIRA LAMINADA, PRIMER BRANCO (JOGO PARA 1 FACE)","JG","CR",{"$nulls":4},274.75,264.74,251.02,208.35,null,null,304.12,257.31,339.43,328.64,338.79,null,223.07,280.54000000000002,242.73,258.81,237.01,null,191.84,183.69,null,282.61]
["MATERIAL",39830,"GUARNICAO/ALIZAR/VISTA, E = *1,3* CM, L = *7,0* CM, EM POLIESTIRENO, BRANCO (JOGO PARA 1 FACE)","JG","CR",{"$nulls":4},313.35000000000002,301.93,286.27999999999997,237.62,null,null,346.85,293.45999999999998,387.12,374.81,386.39,null,254.41,319.95,276.83,295.17,270.31,null,218.79,209.49,null,322.31]
["EQUIPAMENTO (AQUISIÇÃO)",44474,"GUINDASTE HIDRAULICO AUTOPROPELIDO, COM LANCA TELESCOPICA 40 M, CAPACIDADE MAXIMA 60 T, POTENCIA 260 KW, TRACAO 6 X 6","UN","CR",{"$nulls":22},2437384.66,2391389.06,null,2491030.2799999998]
["EQUIPAMENTO (AQUISIÇÃO)",37775,"GUINDAUTO HIDRAULICO, CAPACIDADE MAXIMA DE CARGA 14340 KG, MOMENTO MAXIMO DE CARGA 42,3 TM, ALCANCE MAXIMO HORIZONTAL 16,80 M, PARA MONTAGEM SOBRE CHASSI DE CAMINHAO PBT MINIMO 23000 KG (INCLUI MONTAGEM, NAO INCLUI CAMINHAO)","UN","CR",{"$nulls":22},399985.58,392437.5,null,408789.06]
["MATERIAL",3378,"HASTE DE ATERRAMENTO EM ACO COM 3,00 M DE COMPRIMENTO E DN = 3/4\", REVESTIDA COM BAIXA CAMADA DE COBRE, SEM CONECTOR","UN","CR",81.92,69.64,92.85,115.35,103.35,80.02,81.97,96.17,88.55,104.19,141.47,88.27,87.55,99.64,111.18,142.49,108.65,95.99,97.15,132.24,83.67,105.18,136.13999999999999,97.74,125.95,104.22,88.24]
["MATERIAL",3380,"HASTE DE ATERRAMENTO EM ACO COM 3,00 M DE COMPRIMENTO E DN = 5/8\", REVESTIDA COM BAIXA CAMADA DE COBRE, COM CONECTOR TIPO GRAMPO","UN","C",57.35,48.75,65,80.75,72.349999999999994,56.02,57.38,67.319999999999993,61.99,72.94,99.03,61.79,61.29,69.75,77.83,99.75,76.06,67.2,68.010000000000005,92.57,58.57,73.63,95.3,68.42,88.17,72.959999999999994,61.77]
["MATERIAL",11029,"HASTE RETA PARA GANCHO DE FERRO GALVANIZADO, COM ROSCA 1/4\" X 30 CM PARA FIXACAO DE TELHA METALICA, INCLUI PORCA E ARRUELAS DE VEDACAO","CJ","CR",1.59,2.04,null,null,1.83,1.56,null,2.81,1.44,2.68,1.92,1.58,1.41,2.68,2.4700000000000002,1.28,2.66,1.27,2.4,1.69,1.69,1.76,2,1.77,2.4700000000000002,2.09,1.66]
["MATERIAL",4314,"HASTE RETA PARA GANCHO DE FERRO GALVANIZADO, COM ROSCA 5/16\" X 45 CM PARA FIXACAO DE TELHA DE FIBROCIMENTO, INCLUI PORCA E ARRUELAS DE VEDACAO","CJ","CR",3.08,3.95,null,null,3.54,3.03,null,5.43,2.78,5.18,3.71,3.05,2.73,5.18,4.7699999999999996,2.48,5.15,2.4500000000000002,4.6399999999999997,3.27,3.27,3.41,3.87,3.43,4.7699999999999996,4.04,3.22]
["EQUIPAMENTO (AQUISIÇÃO)",37772,"HIDROJATEADORA PARA DESOBSTRUCAO DE REDES E GALERIAS, TANQUE 7000 L, BOMBA TRIPLEX 120 KGF/CM2 128 L/MIN (INCLUI MONTAGEM, NAO INCLUI CAMINHAO)","UN","CR",{"$nulls":25},342998.8]
["EQUIPAMENTO (AQUISIÇÃO)",37771,"HIDROJATEADORA PARA DESOBSTRUCAO DE REDES E GALERIAS, TANQUE 7000 L, BOMBA TRIPLEX 140 KGF/CM2 260 L/MIN ALIMENTADA POR MOTOR INDEPENDENTE A DIESEL POTENCIA 125 CV (INCLUI MONTAGEM, NAO INCLUI CAMINHAO)","UN","CR",{"$nulls":25},364896.09]
["MATERIAL",12768,"HIDROMETRO MULTIJATO / MEDIDOR DE AGUA, DN 2\", VAZAO MAXIMA DE 30 M3/H, PARA AGUA POTAVEL FRIA, RELOJOARIA PLANA, CLASSE B, HORIZONTAL (SEM CONEXOES)","UN","CR",{"$nulls":4},1922.42,{"$nulls":5},1674.64,{"$nulls":7},3111.27,null,null,null,1926.33,1829.66,null,1275.51]
["MATERIAL",12777,"HIDROMETRO WOLTMANN, DN 3\", VAZAO MAXIMA DE 80 M3/H, PARA AGUA POTAVEL FRIA, RELOJOARIA PLANA, TURBINA HORIZONTAL, EQUIPADO COM TELEMETRIA (SEM CONEXOES)","UN","CR",{"$nulls":4},4053.3,{"$nulls":5},3530.88,{"$nulls":7},6559.92,null,null,null,4061.54,3857.72,null,2689.33]
["MATERIAL",140,"IMPERMEABILIZANTE FLEXIVEL BRANCO DE BASE ACRILICA PARA COBERTURAS","KG","CR",24.27,26.4,null,25.45,18.350000000000001,22.06,23.53,16.170000000000002,19.14,23.53,16.93,19.09,19.850000000000001,21.5,23.63,20.399999999999999,29.34,17.46,20.14,20.27,25.03,22.61,19.43,17.670000000000002,25.48,19.27,25.4]
["MATERIAL",7340,"IMUNIZANTE PARA MADEIRA, INCOLOR","L","CR",42.42,34.64,null,40,32.409999999999997,null,27.92,null,23.93,30.63,25.19,null,null,37.43,39.17,31.88,37.92,28.35,37.86,27.71,34.47,30.37,32.75,36.869999999999997,40.49,26.86,28.06]
["MATERIAL",38115,"INTERRUPTOR INTERMEDIARIO 10 A, 250 V (APENAS MODULO)","UN","CR",26.38,28.38,23.73,21.72,13.44,18.600000000000001,25.86,23.79,18.2,17.399999999999999,17.579999999999998,16.55,17.809999999999999,17.07,17.07,16.96,22.34,18.41,16.47,17.48,19.86,17.48,23.05,21.51,14.25,19.420000000000002,18.66]
["MATERIAL",38073,"INTERRUPTOR SIMPLES + 2 INTERRUPTORES PARALELOS 10A, 250V, CONJUNTO MONTADO PARA EMBUTIR 4\" X 2\" (PLACA + SUPORTE + MODULOS)","UN","CR",32.33,34.79,29.08,26.62,16.48,22.79,31.69,29.16,22.31,21.32,21.55,20.28,21.83,20.92,20.92,20.79,27.38,22.57,20.18,21.42,24.34,21.42,28.25,26.37,17.47,23.81,22.87]
["MATERIAL",38112,"INTERRUPTOR SIMPLES 10A, 250V (APENAS MODULO)","UN","CR",9.5299999999999994,10.26,8.58,7.85,4.8600000000000003,6.72,9.35,8.6,6.58,6.29,6.35,5.98,6.44,6.17,6.17,6.13,8.07,6.65,5.95,6.32,7.18,6.32,8.33,7.78,5.15,7.02,6.74]
["MATERIAL",38062,"INTERRUPTOR SIMPLES 10A, 250V, CONJUNTO MONTADO PARA EMBUTIR 4\" X 2\" (PLACA + SUPORTE + MODULO)","UN","CR",9.7899999999999991,10.53,8.8000000000000007,8.06,4.99,6.9,9.59,8.83,6.75,6.45,6.52,6.14,6.61,6.33,6.33,6.29,8.2899999999999991,6.83,6.11,6.48,7.37,6.48,8.5500000000000007,7.98,5.29,7.21,6.92]
["MATERIAL",38070,"INTERRUPTORES PARALELOS (2 MODULOS) 10A, 250V, CONJUNTO MONTADO PARA EMBUTIR 4\" X 2\" (PLACA + SUPORTE + MODULOS)","UN","CR",23.21,24.97,20.88,19.11,11.83,16.36,22.75,20.93,16.02,15.31,15.47,14.56,15.67,15.01,15.01,14.92,19.66,16.2,14.49,15.38,17.47,15.38,20.28,18.93,12.54,17.09,16.420000000000002]
["MATERIAL",38071,"INTERRUPTORES SIMPLES (3 MODULOS) 10A, 250V, CONJUNTO MONTADO PARA EMBUTIR 4\" X 2\" (PLACA + SUPORTE + MODULOS)","UN","CR",24.02,25.85,21.61,19.78,12.24,16.940000000000001,23.55,21.67,16.579999999999998,15.84,16.010000000000002,15.07,16.22,15.54,15.54,15.45,20.350000000000001,16.77,15,15.92,18.09,15.92,20.99,19.59,12.98,17.690000000000001,16.989999999999998]
["MATERIAL",3393,"ISOLADOR DE PORCELANA, TIPO BUCHA, PARA TENSAO DE *35* KV","UN","CR",null,315.35000000000002,1400.58,848.56,793.66,null,702.05,1053.81,968.95,1350.66,867.65,701.17,{"$nulls":4},233.72,866.18,798.65,781.03,925.79,null,null,691.48,273.06,792.78]
["MATERIAL",3395,"ISOLADOR DE PORCELANA, TIPO PINO MONOCORPO, PARA TENSAO DE *35* KV","UN","CR",null,45.3,201.22,121.91,114.02,null,100.86,151.4,139.21,194.05,124.65,100.73,{"$nulls":4},33.57,124.44,114.74,112.21,133.01,null,null,99.34,39.229999999999997,113.9]
["MATERIAL",3437,"JANELA BASCULANTE EM MADEIRA PINUS/ EUCALIPTO/ TAUARI/ VIROLA OU EQUIVALENTE DA REGIAO, CAIXA DO BATENTE/ MARCO *10* CM, *2* FOLHAS BASCULANTES PARA VIDRO, COM FERRAGENS (SEM VIDRO, SEM GUARNICAO/ALIZAR E SEM ACABAMENTO)","M2","CR",null,478.65,null,null,551.46,349.72,{"$nulls":4},725.66,null,null,null,539.32000000000005,null,448.31,765.59,null,337.08,null,null,798.57,394.38,359.88,528.91999999999996]
["MATERIAL",40661,"JANELA DE 6 FOLHAS DE CORRER EM MADEIRA PINUS/ EUCALIPTO/ TAUARI/ VIROLA OU EQUIVALENTE DA REGIAO, CAIXA DO BATENTE/MARCO *10* CM, 2 FOLHAS DE CORRER VENEZIANA, 2 FOLHAS FIXAS VENEZIANA E 2 FOLHAS DE CORRER PARA VIDRO, COM FERRAGENS (SEM VIDRO, SEM ACABAMENTO E SEM GUARNICAO/ALIZAR)","M2","CR",null,527.71,null,null,607.98,385.57,{"$nulls":4},800.03,null,null,null,594.6,null,494.26,844.06,null,371.62,null,null,880.41,434.8,396.76,583.12]
["MATERIAL",36896,"JANELA DE CORRER, EM ALUMINIO PERFIL 25, 100 X 120 CM (A X L), 2 FLS MOVEIS, SEM BANDEIRA, ACABAMENTO BRANCO OU BRILHANTE, BATENTE DE 6 A 7 CM, COM VIDRO 4 MM, SEM GUARNICAO","UN","C",null,567.35,null,null,220,442.5,null,359.9,null,null,329.98,529.9,374.95,289.89999999999998,null,427.9,316.8,690.42,724,282,880,null,489.9,371.98,null,416.04]
["MATERIAL",34367,"JANELA DE CORRER, EM ALUMINIO PERFIL 25, 100 X 150 CM (A X L), 2 FLS MOVEIS, SEM BANDEIRA, ACABAMENTO BRANCO OU BRILHANTE, BATENTE DE 6 A 7 CM, COM VIDRO 4 MM, SEM GUARNICAO","UN","CR",null,731.23,null,null,283.54000000000002,570.30999999999995,null,463.85,null,null,425.29,682.96,483.25,373.63,null,551.5,408.3,889.84,933.12,363.45,1134.19,null,631.4,479.42,null,536.21]
["MATERIAL",3421,"JANELA EM MADEIRA CEDRINHO/ ANGELIM COMERCIAL/ CURUPIXA/ CUMARU OU EQUIVALENTE DA REGIAO, CAIXA DO BATENTE/MARCO *10* CM, 2 FOLHAS DE ABRIR TIPO VENEZIANA E 2 FOLHAS GUILHOTINA PARA VIDRO, COM GUARNICAO/ALIZAR, COM FERRAGENS (SEM VIDRO E SEM ACABAMENTO)","M2","CR",null,531.74,null,null,612.63,388.51,{"$nulls":4},806.15,null,null,null,599.15,null,498.04,850.51,null,374.46,null,null,887.14,438.12,399.79,587.58000000000004]
["MATERIAL",34381,"JANELA MAXIM-AR, EM ALUMINIO PERFIL 25, 60 X 80 CM (A X L), ACABAMENTO BRANCO OU BRILHANTE, BATENTE DE 4 A 5 CM, COM VIDRO 4 MM, SEM GUARNICAO/ALIZAR","UN","CR",null,417.8,null,null,162.01,325.86,null,265.02999999999997,null,null,243,390.22,276.11,213.48,null,315.11,233.29,508.43,533.16,207.66,648.04,null,360.76,273.93,null,306.37]
["MATERIAL",37963,"JOELHO CPVC, SOLDAVEL, 45 GRAUS, 15 MM, PARA AGUA QUENTE","UN","CR",5.08,null,null,null,4.46,4.3499999999999996,4.45,5.49,4.4400000000000004,null,4.88,5.6,4.95,4.4800000000000004,null,5.04,null,4.66,4.3499999999999996,4.13,5.29,null,5.35,3.86,null,4.6500000000000004]
["MATERIAL",37965,"JOELHO CPVC, SOLDAVEL, 45 GRAUS, 28 MM, PARA AGUA QUENTE","UN","CR",9.8000000000000007,null,null,null,8.59,8.4,8.59,10.59,8.57,null,9.4,10.79,9.5500000000000007,8.64,null,9.73,null,8.99,8.4,7.96,10.199999999999999,null,10.31,7.44,null,8.98]
["MATERIAL",37968,"JOELHO CPVC, SOLDAVEL, 45 GRAUS, 54 MM, PARA AGUA QUENTE","UN","CR",61.4,null,null,null,53.84,52.62,53.8,66.33,53.71,null,58.91,67.599999999999994,59.82,54.12,null,60.95,null,56.33,52.62,49.86,63.89,null,64.61,46.6,null,56.24]
["MATERIAL",37956,"JOELHO CPVC, SOLDAVEL, 90 GRAUS, 22 MM, PARA AGUA QUENTE","UN","CR",4.96,null,null,null,4.3499999999999996,4.25,4.3499999999999996,5.36,4.34,null,4.76,5.46,4.83,4.37,null,4.93,null,4.55,4.25,4.03,5.16,null,5.22,3.76,null,4.54]
["MATERIAL",37960,"JOELHO CPVC, SOLDAVEL, 90 GRAUS, 54 MM, PARA AGUA QUENTE","UN","CR",75.069999999999993,null,null,null,65.83,64.34,65.78,81.099999999999994,65.67,null,72.03,82.65,73.13,66.16,null,74.52,null,68.87,64.34,60.96,78.11,null,79,56.98,null,68.760000000000005]
["MATERIAL",37961,"JOELHO CPVC, SOLDAVEL, 90 GRAUS, 73 MM, PARA AGUA QUENTE","UN","CR",161.34,null,null,null,141.47999999999999,138.27000000000001,141.36000000000001,174.3,141.12,null,154.80000000000001,177.63,157.18,142.19,null,160.15,null,148.02000000000001,138.27000000000001,131.02000000000001,167.88,null,169.78,122.46,null,147.78]
["MATERIAL",3496,"JOELHO DE REDUCAO, PVC, ROSCAVEL, 90 GRAUS, 3/4\" X 1/2\", COR BRANCA, PARA AGUA FRIA PREDIAL","UN","CR",3.95,3.48,3.3,2.95,3.1,3.5,3.62,4.51,3.75,3.3,3.44,3.64,3.33,3.91,3.33,3.37,3.44,3.22,3.5,3.06,3.5,3.1,4.03,3.29,3.37,3.52,3.37]
["MATERIAL",36348,"JOELHO PPR 45 GRAUS, SOLDAVEL, F/F, DN 20 MM, PARA AGUA QUENTE PREDIAL","UN","CR",{"$nulls":6},2.67,{"$nulls":10},2.64,{"$nulls":4},2.2200000000000002,2.19,null,2.23]
["MATERIAL",38990,"JOELHO PPR 45 GRAUS, SOLDAVEL, F/F, DN 75 MM, PARA AQUA QUENTE E FRIA PREDIAL","UN","CR",{"$nulls":6},96.89,{"$nulls":10},95.94,{"$nulls":4},80.819999999999993,79.47,null,81.06]
["MATERIAL",38991,"JOELHO PPR 45 GRAUS, SOLDAVEL, F/F, DN 90 MM, PARA AQUA QUENTE E FRIA PREDIAL","UN","CR",{"$nulls":6},174.36,{"$nulls":10},172.64,{"$nulls":4},145.44,143.01,null,145.87]
["MATERIAL",38435,"JOELHO PPR, 90 GRAUS, SOLDAVEL, F/F, DN 40 MM, PARA AGUA QUENTE PREDIAL","UN","CR",{"$nulls":6},10.93,{"$nulls":10},10.82,{"$nulls":4},9.1199999999999992,8.9600000000000009,null,9.14]
["MATERIAL",38438,"JOELHO PPR, 90 GRAUS, SOLDAVEL, F/F, DN 75 MM, PARA AGUA QUENTE PREDIAL","UN","CR",{"$nulls":6},85.24,{"$nulls":10},84.4,{"$nulls":4},71.11,69.92,null,71.319999999999993]
["MATERIAL",3485,"JOELHO PVC, ROSCAVEL, 45 GRAUS, 1\", COR BRANCA, PARA AGUA FRIA PREDIAL","UN","CR",15.57,13.72,13.02,11.65,12.22,13.79,14.3,17.78,14.78,13.02,13.56,14.36,13.15,15.41,13.15,13.28,13.56,12.7,13.82,12.06,13.82,12.22,15.89,12.99,13.31,13.88,13.28]
["MATERIAL",3475,"JOELHO PVC, ROSCAVEL, 45 GRAUS, 1/2\", COR BRANCA, PARA AGUA FRIA PREDIAL","UN","CR",5.63,4.96,4.71,4.21,4.42,4.99,5.17,6.43,5.35,4.71,4.91,5.2,4.76,5.58,4.76,4.8,4.91,4.59,5,4.3600000000000003,5,4.42,5.75,4.7,4.8099999999999996,5.0199999999999996,4.8]
["MATERIAL",3505,"JOELHO PVC, ROSCAVEL, 90 GRAUS, 3/4\", COR BRANCA, PARA AGUA FRIA PREDIAL","UN","CR",3.08,2.71,2.58,2.2999999999999998,2.42,2.73,2.83,3.52,2.92,2.58,2.68,2.84,2.6,3.05,2.6,2.63,2.68,2.5099999999999998,2.73,2.39,2.73,2.42,3.14,2.57,2.63,2.75,2.63]
["MATERIAL",3530,"JOELHO PVC, SOLDAVEL, 90 GRAUS, 110 MM, COR MARROM, PARA AGUA FRIA PREDIAL","UN","CR",243.02,214.14,203.18,181.77,190.73,215.13,223.1,277.38,230.57,203.18,211.65,224.1,205.17,240.53,205.17,207.16,211.65,198.2,215.63,188.24,215.63,190.73,248,202.68,207.66,216.63,207.16]
["MATERIAL",3536,"JOELHO PVC, SOLDAVEL, 90 GRAUS, 32 MM, COR MARROM, PARA AGUA FRIA PREDIAL","UN","CR",2.85,2.5099999999999998,2.38,2.13,2.23,2.52,2.61,3.25,2.7,2.38,2.48,2.63,2.4,2.82,2.4,2.4300000000000002,2.48,2.3199999999999998,2.5299999999999998,2.2000000000000002,2.5299999999999998,2.23,2.91,2.37,2.4300000000000002,2.54,2.4300000000000002]
["MATERIAL",3540,"JOELHO PVC, SOLDAVEL, 90 GRAUS, 50 MM, COR MARROM, PARA AGUA FRIA PREDIAL","UN","CR",5.87,5.17,4.9000000000000004,4.3899999999999997,4.5999999999999996,5.19,5.39,6.7,5.57,4.9000000000000004,5.1100000000000003,5.41,4.95,5.81,4.95,5,5.1100000000000003,4.78,5.21,4.54,5.21,4.5999999999999996,5.99,4.8899999999999997,5.01,5.23,5]
["MATERIAL",3515,"JOELHO PVC, SOLDAVEL, COM BUCHA DE LATAO, 90 GRAUS, 20 MM X 1/2\", PARA AGUA FRIA PREDIAL","UN","CR",7.65,6.74,6.4,5.72,6.01,6.77,7.03,8.74,7.26,6.4,6.66,7.06,6.46,7.57,6.46,6.52,6.66,6.24,6.79,5.93,6.79,6.01,7.81,6.38,6.54,6.82,6.52]
["MATERIAL",37952,"JOELHO PVC, SOLDAVEL, PB, 45 GRAUS, DN 150 MM, PARA ESGOTO PREDIAL","UN","CR",72.540000000000006,64.489999999999995,57.9,47.65,58.56,65.900000000000006,65.94,85.73,71.09,58.95,68.8,71.83,68.540000000000006,67.44,58.64,52.75,61.15,63.17,71,65.63,78.03,57.15,72.540000000000006,65.239999999999995,62.29,71.13,65.239999999999995]
["MATERIAL",3520,"JOELHO PVC, SOLDAVEL, PB, 90 GRAUS, DN 100 MM, PARA ESGOTO PREDIAL","UN","CR",9.1999999999999993,8.18,7.34,6.04,7.42,8.36,8.36,10.87,9.01,7.48,8.7200000000000006,9.11,8.69,8.5500000000000007,7.44,6.69,7.75,8.01,9,8.32,9.9,7.25,9.1999999999999993,8.27,7.9,9.02,8.27]
["MATERIAL",37950,"JOELHO PVC, SOLDAVEL, PB, 90 GRAUS, DN 150 MM, PARA ESGOTO PREDIAL","UN","CR",66.78,59.37,53.3,43.87,53.91,60.67,60.71,78.92,65.44,54.27,63.34,66.13,63.09,62.08,53.99,48.56,56.29,58.16,65.36,60.42,71.84,52.61,66.78,60.06,57.35,65.48,60.06]
["MATERIAL",20151,"JOELHO, PVC SERIE R, 45 GRAUS, DN 100 MM, PARA ESGOTO PREDIAL","UN","CR",22.62,20.11,18.05,14.86,18.260000000000002,20.55,20.56,26.73,22.17,18.38,21.45,22.4,21.37,21.03,18.29,16.45,19.07,19.7,22.14,20.47,24.33,17.82,22.62,20.34,19.420000000000002,22.18,20.34]
["MATERIAL",20157,"JOELHO, PVC SERIE R, 90 GRAUS, DN 100 MM, PARA ESGOTO PREDIAL","UN","CR",21.49,19.100000000000001,17.149999999999999,14.11,17.34,19.52,19.53,25.39,21.06,17.46,20.38,21.28,20.3,19.97,17.37,15.62,18.11,18.71,21.03,19.440000000000001,23.11,16.93,21.49,19.32,18.45,21.07,19.32]
["MATERIAL",20155,"JOELHO, PVC SERIE R, 90 GRAUS, DN 50 MM, PARA ESGOTO PREDIAL","UN","CR",6.63,5.89,5.29,4.3499999999999996,5.35,6.02,6.03,7.84,6.5,5.39,6.29,6.57,6.26,6.16,5.36,4.82,5.59,5.77,6.49,6,7.13,5.22,6.63,5.96,5.69,6.5,5.96]
["MATERIAL",3499,"JOELHO, PVC SOLDAVEL, 45 GRAUS, 20 MM, COR MARROM, PARA AGUA FRIA PREDIAL","UN","CR",1.33,1.17,1.1100000000000001,0.99,1.04,1.18,1.22,1.52,1.26,1.1100000000000001,1.1599999999999999,1.23,1.1200000000000001,1.32,1.1200000000000001,1.1299999999999999,1.1599999999999999,1.08,1.18,1.03,1.18,1.04,1.36,1.1100000000000001,1.1399999999999999,1.18,1.1299999999999999]
["MATERIAL",3477,"JOELHO, PVC SOLDAVEL, 45 GRAUS, 60 MM, COR MARROM, PARA AGUA FRIA PREDIAL","UN","CR",31.96,28.16,26.72,23.9,25.08,28.29,29.34,36.479999999999997,30.32,26.72,27.83,29.47,26.98,31.63,26.98,27.24,27.83,26.07,28.36,24.76,28.36,25.08,32.619999999999997,26.66,27.31,28.49,27.24]
["MATERIAL",38914,"JOELHO/COTOVELO 90 GRAUS, METALICO, PARA CONEXAO COM ANEL DESLIZANTE, DN 20 MM, EM TUBO PEX PARA INST. AGUA QUENTE/FRIA","UN","CR",{"$nulls":22},21.63,null,null,13.52]
["MATERIAL",39301,"JOELHO/COTOVELO 90 GRAUS, PLASTICO, PARA CONEXAO COM CRIMPAGEM, DN 20 MM, EM TUBO PEX PARA INST. AGUA QUENTE/FRIA","UN","CR",{"$nulls":22},21.07,null,null,13.16]
["MATERIAL",39302,"JOELHO/COTOVELO 90 GRAUS, PLASTICO, PARA CONEXAO COM CRIMPAGEM, DN 25 MM, EM TUBO PEX PARA INST. AGUA QUENTE/FRIA","UN","CR",{"$nulls":22},38.29,null,null,23.93]
["MATERIAL",38926,"JOELHO/COTOVELO 90 GRAUS, ROSCA FEMEA TERMINAL, METALICO, PARA CONEXAO COM ANEL DESLIZANTE, DN 20 MM X 3/4\", EM TUBO PEX PARA INST. AGUA QUENTE/FRIA","UN","CR",{"$nulls":22},25.95,null,null,16.22]
["MATERIAL",38928,"JOELHO/COTOVELO 90 GRAUS, ROSCA FEMEA TERMINAL, PLASTICO, PARA CONEXAO COM CRIMPAGEM, DN 25 MM X 1/2\", EM TUBO PEX PARA INST. AGUA QUENTE/FRIA","UN","CR",{"$nulls":22},36.270000000000003,null,null,22.67]
["MATERIAL",45196,"JOGO DE CHAVES DE FENDA E PHILLIPS ISOLADAS, 1000 V - *6* PECAS","UN","CR",115.67,89.75,null,109.69,90.49,null,110.89,99.72,113.8,109.64,123.4,89.25,122.65,null,null,94.68,194.41,74.739999999999995,null,112.18,117.3,123.15,108.67,114.02,92.35,106.67,141.96]
["MATERIAL",12030,"JOGO DE TRANQUETA E ROSETA REDONDA DE SOBREPOR SEM FUROS, EM LATAO CROMADO, DIAMETRO *50* MM, PARA FECHADURA DE PORTA DE BANHEIRO","JG","CR",55.16,51.31,61.58,51.19,53.11,53.88,51.29,51.01,58.5,50.03,57.47,59.83,67.94,54.52,59.17,58.76,54.52,50.16,56.19,52.32,62.09,56.42,54.75,56.45,56.42,51.31,61.58]
["MATERIAL",10908,"JUNCAO DE REDUCAO INVERTIDA, PVC SOLDAVEL, 100 X 50 MM, SERIE NORMAL PARA ESGOTO PREDIAL","UN","CR",21.12,18.78,16.86,13.87,17.05,19.190000000000001,19.2,24.96,20.7,17.16,20.03,20.92,19.96,19.64,17.07,15.36,17.8,18.39,20.67,19.11,22.72,16.64,21.12,18.989999999999998,18.14,20.71,18.989999999999998]
["MATERIAL",10911,"JUNCAO INVERTIDA, PVC SOLDAVEL, 75 X 75 MM, SERIE NORMAL PARA ESGOTO PREDIAL","UN","CR",20.329999999999998,18.07,16.22,13.35,16.41,18.47,18.48,24.02,19.920000000000002,16.52,19.28,20.13,19.21,18.899999999999999,16.43,14.78,17.14,17.7,19.899999999999999,18.39,21.87,16.010000000000002,20.329999999999998,18.28,17.46,19.93,18.28]
["MATERIAL",3660,"JUNCAO SIMPLES DE REDUCAO, PVC, DN 100 X 75 MM, SERIE NORMAL PARA ESGOTO PREDIAL","UN","CR",26.78,23.81,21.38,17.59,21.62,24.33,24.35,31.65,26.25,21.76,25.4,26.52,25.3,24.9,21.65,19.48,22.58,23.32,26.21,24.23,28.81,21.1,26.78,24.09,23,26.26,24.09]
["MATERIAL",20145,"JUNCAO SIMPLES, PVC SERIE R, DN 150 X 100 MM, PARA ESGOTO PREDIAL","UN","CR",148.02000000000001,131.6,118.15,97.24,119.49,134.47,134.56,174.94,145.06,120.3,140.4,146.59,139.86000000000001,137.61000000000001,119.67,107.65,124.79,128.91,144.88,133.94,159.24,116.62,148.02000000000001,133.13,127.12,145.15,133.13]
["MATERIAL",3670,"JUNCAO SIMPLES, PVC, 45 GRAUS, DN 100 X 100 MM, SERIE NORMAL PARA ESGOTO PREDIAL","UN","CR",26.59,23.64,21.23,17.47,21.47,24.16,24.18,31.43,26.06,21.61,25.22,26.34,25.13,24.72,21.5,19.34,22.42,23.16,26.03,24.06,28.61,20.95,26.59,23.92,22.84,26.08,23.92]
["MATERIAL",42696,"JUNCAO, PVC, 45 GRAUS, JE, BBB, DN 150 MM, PARA TUBO CORRUGADO E/OU LISO, REDE COLETORA DE ESGOTO","UN","CR",163.96,145.78,130.87,107.72,132.36000000000001,148.96,149.06,193.78,160.68,133.26,155.52000000000001,162.37,154.91999999999999,152.44,132.56,119.25,138.22999999999999,142.80000000000001,160.49,148.36000000000001,176.39,129.18,163.96,147.47,140.81,160.78,147.47]
["MATERIAL",39872,"JUNTA DE EXPANSAO DE COBRE, PONTA X PONTA, 15 MM","UN","CR",{"$nulls":6},764.13,{"$nulls":18},472.72]
["MATERIAL",39873,"JUNTA DE EXPANSAO DE COBRE, PONTA X PONTA, 22 MM","UN","CR",{"$nulls":6},886.34,{"$nulls":18},548.33000000000004]
["MATERIAL",3672,"JUNTA PLASTICA DE DILATACAO PARA PISOS, COR CINZA, 10 X 4,5 MM (ALTURA X ESPESSURA)","M","CR",2.06,null,null,null,1.8,{"$nulls":5},3.04,{"$nulls":5},3.34,null,null,1.3,{"$nulls":5},1.45]
["MATERIAL",38394,"KIT ACESSORIOS PARA COMPRESSOR DE AR, 5 PECAS (PISTOLAS PINTURA, LIMPEZA E PULVERIZACAO, CALIBRADOR E MANGUEIRA)","UN","CR",217.44,168.7,null,206.19,170.1,null,208.44,187.44,213.92,206.09,231.96,167.76,230.56,null,null,177.98,365.43,140.49,null,210.87,220.5,231.49,204.27,214.33,173.6,200.52,266.85000000000002]
["MATERIAL",39357,"KIT CHASSI COZINHA, CUBA SIMPLES SEM MAQUINA LAVAR LOUCA, INSTAL. PEX, QUADRO METALICO C/ TRAVESSA C/ FURO P/ESGOTO DN 50 MM E FUROS SUPERIORES P/AGUA, *340* X *650* MM (L X H), P/ CONEXAO COM ANEL DESLIZANTE (CONJUNTO COMPLETO)","UN","CR",{"$nulls":22},97.64,null,null,61.02]
["MATERIAL",39356,"KIT CHASSI TANQUE E MAQUINA LAVAR ROUPA, INSTAL. PEX, QUADRO METALICO C/ TRAVESSA C/ FURO P/ ESGOTO DN 50 MM, FURO LATERAL P/MAQUINA E FUROS SUPERIORES P/AGUA, *344* X *442* MM (L X H), P/ CONEXAO COM CRIMPAGEM (CONJUNTO COMPLETO)","UN","CR",{"$nulls":22},135.77000000000001,null,null,84.86]
["MATERIAL",12118,"KIT DE PROTECAO ARSTOP PARA AR CONDICIONADO, TOMADA PADRAO 2P+T 20 A, COM DISJUNTOR UNIPOLAR DIN 20A","UN","CR",31.39,33.78,28.24,25.85,16,22.13,30.77,28.31,21.66,20.7,20.92,19.690000000000001,21.19,20.309999999999999,20.309999999999999,20.18,26.59,21.91,19.59,20.8,23.63,20.8,27.42,25.6,16.96,23.11,22.2]
["MATERIAL",39488,"KIT PORTA PRONTA DE MADEIRA, FOLHA LEVE (NBR 15930) DE 800 X 2100 MM, DE 35 MM A 40 MM DE ESPESSURA, NUCLEO COLMEIA, ESTRUTURA USINADA PARA FECHADURA, CAPA LISA EM HDF, ACABAMENTO EM PRIMER PARA PINTURA (INCLUI MARCO, ALIZARES E DOBRADICAS)","UN","CR",738.86,536.27,null,null,538.54,611.35,607.77,513.63,547.95000000000005,703.11,512.44000000000005,642.80999999999995,null,null,557.72,524.35,null,619.69000000000005,603.01,523.47,667.36,500.52,667.12,490.15,561.49,570.24,582.75]
["MATERIAL",39495,"KIT PORTA PRONTA DE MADEIRA, FOLHA MEDIA (NBR 15930) DE 700 X 2100 MM, DE 35 MM A 40 MM DE ESPESSURA, NUCLEO SEMI-SOLIDO (SARRAFEADO), ESTRUTURA USINADA PARA FECHADURA, CAPA LISA EM HDF, ACABAMENTO EM PRIMER PARA PINTURA (INCLUI MARCO, ALIZARES E DOBRADICAS)","UN","CR",906.02,657.59,null,null,660.37,749.66,745.27,629.83000000000004,671.92,862.18,628.37,788.24,null,null,683.9,642.98,null,759.89,739.43,641.9,818.34,613.75,818.05,601.04,688.52,699.24,714.59]
["MATERIAL",39496,"KIT PORTA PRONTA DE MADEIRA, FOLHA MEDIA (NBR 15930) DE 800 X 2100 MM, DE 35 MM A 40 MM DE ESPESSURA, NUCLEO SEMI-SOLIDO (SARRAFEADO), ESTRUTURA USINADA PARA FECHADURA, CAPA LISA EM HDF, ACABAMENTO EM PRIMER PARA PINTURA (INCLUI MARCO, ALIZARES E DOBRADICAS)","UN","CR",996.62,723.35,null,null,726.4,824.62,819.8,692.81,739.1,948.39,691.2,867.06,null,null,752.28,707.28,null,835.87,813.37,706.09,900.17,675.13,899.85,661.14,757.36,769.16,786.04]
["MATERIAL",39498,"KIT PORTA PRONTA DE MADEIRA, FOLHA PESADA (NBR 15930) DE 800 X 2100 MM, DE 40 MM A 45 MM DE ESPESSURA, NUCLEO SOLIDO, ESTRUTURA USINADA PARA FECHADURA, CAPA LISA EM HDF, ACABAMENTO EM LAMINADO NATURAL COM VERNIZ (INCLUI MARCO, ALIZARES E DOBRADICAS)","UN","CR",1665.36,1208.73,null,null,1213.83,1377.95,1369.89,1157.69,1235.05,1584.78,1155.01,1448.86,null,null,1257.08,1181.8699999999999,null,1396.75,1359.15,1179.8800000000001,1504.2,1128.1500000000001,1503.66,1104.78,1265.57,1285.28,1313.49]
["MATERIAL",39499,"KIT PORTA PRONTA DE MADEIRA, FOLHA PESADA (NBR 15930) DE 900 X 2100 MM, DE 40 MM A 45 MM DE ESPESSURA, NUCLEO SOLIDO, ESTRUTURA USINADA PARA FECHADURA, CAPA LISA EM HDF, ACABAMENTO EM LAMINADO NATURAL COM VERNIZ (INCLUI MARCO, ALIZARES E DOBRADICAS)","UN","CR",1689.01,1225.8900000000001,null,null,1231.07,1397.52,1389.35,1174.1300000000001,1252.5899999999999,1607.28,1171.4100000000001,1469.44,null,null,1274.93,1198.6500000000001,null,1416.59,1378.45,1196.6300000000001,1525.56,1144.17,1525.01,1120.47,1283.54,1303.53,1332.14]
["MATERIAL",3736,"LAJE PRE-MOLDADA CONVENCIONAL (LAJOTAS + VIGOTAS) PARA FORRO, UNIDIRECIONAL, SOBRECARGA DE 100 KG/M2, VAO ATE 4 M (SEM COLOCACAO)","M2","C",85,75,60,56,41,51.21,51.5,null,44,75,64,52.9,59.85,49.5,50,70,77.5,null,50,61.27,82.5,null,79,54,49,49.08,58]
["MATERIAL",3741,"LAJE PRE-MOLDADA CONVENCIONAL (LAJOTAS + VIGOTAS) PARA FORRO, UNIDIRECIONAL, SOBRECARGA DE 100 KG/M2, VAO ATE 4,5 M (SEM COLOCACAO)","M2","CR",88.6,78.180000000000007,62.54,58.37,42.74,53.38,53.68,null,45.86,78.180000000000007,66.709999999999994,55.14,62.39,51.6,52.12,72.97,80.78,null,52.12,63.87,86,null,82.35,56.29,51.07,51.16,60.46]
["MATERIAL",3746,"LAJE PRE-MOLDADA TRELICADA (LAJOTAS + VIGOTAS) PARA PISO, UNIDIRECIONAL, SOBRECARGA DE 200 KG/M2, VAO ATE 6,00 M (SEM COLOCACAO)","M2","CR",149.63,132.03,105.62,98.58,72.17,90.15,90.66,null,77.459999999999994,132.03,112.66,93.12,105.36,87.14,88.02,123.23,136.43,null,88.02,107.86,145.22999999999999,null,139.07,95.06,86.26,86.4,102.1]
["MATERIAL",39387,"LAMPADA LED TUBULAR BIVOLT 18/20 W, BASE G13","UN","CR",11.5,11.48,11.5,10.54,7.67,8.6199999999999992,9.39,9.8699999999999992,8.6199999999999992,9.01,9.58,7.99,7.65,14.95,9.51,13.23,9.24,11.6,7.47,10.73,9.49,14.38,8.82,9.1999999999999993,7.67,8.82,9.49]
["EQUIPAMENTO (AQUISIÇÃO)",746,"LAVADORA DE ALTA PRESSAO (LAVA - JATO) PARA AGUA FRIA, PRESSAO DE OPERACAO ENTRE 1400 E 1900 LIB/POL2, VAZAO MAXIMA ENTRE 400 E 700 L/H, POTENCIA DE OPERACAO ENTRE 2,50 E 3,00 CV","UN","C",null,null,null,1075,2728.5,1349,null,2599,2020,2740,2838,1900.08,2371.1,799.68,1401.18,1999.9,1989,2400,2699,null,2479,1341.54,2749,2790,2099.9,2287,2299.88]
["MATERIAL",20270,"LAVATORIO / CUBA DE EMBUTIR, OVAL, DE LOUCA COLORIDA, SEM LADRAO, DIMENSOES *50 X 35* CM (L X C)","UN","CR",110.94,111.24,114.4,93.57,117.48,119.56,106.51,127.36,117.75,109.16,123.2,114.36,109.16,135.05000000000001,115.4,106.31,114.72,141.88999999999999,115.4,117.38,140.08000000000001,99.29,123.17,110.44,102.02,103.44,120.02]
["MATERIAL",36794,"LAVATORIO DE LOUCA BRANCA, COM COLUNA, DIMENSOES *44 X 35* CM (L X C)","UN","CR",170.08,170.55,175.39,143.44999999999999,180.11,183.3,163.29,195.25,180.52,167.36,188.88,175.33,167.36,207.05,176.92,162.97999999999999,175.87,217.53,176.92,179.95,214.76,152.22,188.84,169.31,156.4,158.58000000000001,184]
["MATERIAL",10853,"LETRA ACO INOX (AISI 304), CHAPA NUM. 22, RECORTADO, H= 20 CM (SEM RELEVO)","UN","CR",122.81,103.74,101.83,117.71,90.13,87.12,101.79,120.57,90.45,120.93,113.01,107.92,120.57,121.34,114.05,122.97,93.6,120.52,111,98.15,120.16,124.84,120.85,102.45,93.64,103.81,107.37]
["MATERIAL",44331,"LIMPA VIDROS COM PULVERIZADOR","L","CR",60.03,52.22,49.27,51.73,51.95,59.07,44.29,49.27,55.47,54.14,68.09,44.81,53.43,54.19,47.76,85.9,78.63,53.53,57.22,63.92,56.66,62.08,65.75,54.19,73.41,55.67,56.48]
["EQUIPAMENTO (AQUISIÇÃO)",37768,"LIMPADORA A SUCCAO, TANQUE 12000 L, BASCULAMENTO HIDRAULICO, BOMBA 12 M3/MIN 95% VACUO (INCLUI MONTAGEM, NAO INCLUI CAMINHAO)","UN","C",{"$nulls":25},295000]
["MATERIAL",38383,"LIXA D'AGUA EM FOLHA, COR PRETA, GRAO 100","UN","CR",2.15,1.94,1.5,1.83,1.9,1.65,2.3199999999999998,2.09,2,2.31,2.5499999999999998,3.08,2.61,2.17,1.73,1.91,2.15,2.04,1.96,1.84,2.3199999999999998,1.69,2.31,2.23,1.97,2.44,2.67]
["EQUIPAMENTO (AQUISIÇÃO)",38413,"LIXADEIRA ELETRICA ANGULAR, PARA DISCO DE 7\" (180 MM), POTENCIA DE 2.200 W, *5.000* RPM, 220 V","UN","CR",{"$nulls":4},1051.47,1211.55,null,986.36,null,1606.5,1104.76,1251.4100000000001,1177.68,1049.8900000000001,1279.68,null,null,1179.8800000000001,1077.04,null,893.01,null,1263.6400000000001,919.71,null,924.17,1583.43]
["EQUIPAMENTO (LOCAÇÃO)",40271,"LOCACAO DE APRUMADOR METALICO DE PILAR, COM ALTURA E ANGULO REGULAVEIS, EXTENSAO DE *1,50* A *2,80* M","UNXMES","CR",26.28,33.68,26.94,21.67,16.53,19.82,23.15,19.899999999999999,21.43,15.31,15.31,27.55,22.96,18.37,15.15,21.43,15.31,22.96,22.96,14.54,22.96,22.81,25.26,33.49,34.44,22.96,19.899999999999999]
["EQUIPAMENTO (LOCAÇÃO)",743,"LOCACAO DE BOMBA SUBMERSIVEL PARA DRENAGEM E ESGOTAMENTO, MOTOR ELETRICO TRIFASICO, POTENCIA DE 2 CV, DIAMETRO DE RECALQUE DE 2\", FAIXA DE OPERACAO Q=35 M3/H (+ OU - 3 M3/H) E AMT=2 M, Q=13 M3/H (+ OU - 3 M3/H) E AMT = 17 M (+ OU - 3 M)","H","C",null,null,null,3.38,2.34,1.65,4.05,3.06,3.6,2.93,1.76,2.16,3.15,3.6,2.25,2.2200000000000002,2.4300000000000002,1.62,3.67,null,1.8,null,2.02,3.11,2.68,2.64,2.86]
["EQUIPAMENTO (LOCAÇÃO)",40294,"LOCACAO DE BOMBA SUBMERSIVEL PARA DRENAGEM E ESGOTAMENTO, MOTOR ELETRICO TRIFASICO, POTENCIA DE 3 CV, DIAMETRO DE RECALQUE DE 2\", FAIXA DE OPERACAO Q=84 M3/H (+ OU - 2,5 M3/H) E AMT=2 M, Q=9,1 M3/H (+ OU - 2 M3/H) E AMT = 12 M (+ OU - 2 M)","H","CR",null,null,null,3.38,2.34,1.65,4.05,3.06,3.6,2.93,1.76,2.16,3.15,3.6,2.25,2.2200000000000002,2.4300000000000002,1.62,3.67,null,1.8,null,2.02,3.11,2.68,2.64,2.86]
["EQUIPAMENTO (LOCAÇÃO)",10776,"LOCACAO DE CONTAINER 2,30 X 6,00 M, ALT. 2,50 M, PARA ESCRITORIO, SEM DIVISORIAS INTERNAS E SEM SANITARIO (NAO INCLUI MOBILIZACAO/DESMOBILIZACAO)","MES","CR",{"$nulls":4},1504.68,1152.3399999999999,1230.46,976.56,null,null,804.68,{"$nulls":5},1015.62,546.87,1210.93,null,1281.48,null,799.21,null,null,662.1]
["EQUIPAMENTO (LOCAÇÃO)",40339,"LOCACAO DE CRUZETA, SIMPLES, PARA ESCORA METALICA, COMPRIMENTO ENTRE 50 A 60 CM, PARA ESCORA DE 1,80 A 3,20 METROS E TUBO EXTERNO ATE 48 MM DE DIAMETRO","UNXMES","CR",9.2200000000000006,11.81,9.4499999999999993,7.6,5.79,6.95,8.1199999999999992,6.98,7.51,5.37,5.37,9.66,8.0500000000000007,6.44,5.31,7.51,5.37,8.0500000000000007,8.0500000000000007,5.0999999999999996,8.0500000000000007,8,8.86,11.74,12.08,8.0500000000000007,6.98]
["EQUIPAMENTO (LOCAÇÃO)",3346,"LOCACAO DE GRUPO GERADOR *80 A 125* KVA, MOTOR DIESEL, REBOCAVEL, ACIONAMENTO MANUAL","H","C",{"$nulls":4},20.79,null,null,null,15.75,19.350000000000001,21.53,null,27.54,null,null,23.29,25.68,22.5,22.28,18,null,null,20.25,null,null,24.72]
["EQUIPAMENTO (LOCAÇÃO)",40291,"LOCACAO DE TORRE METALICA COMPLETA PARA UMA CARGA DE 8 TF (80 KN) E PE DIREITO DE 6 M, INCLUINDO MODULOS, DIAGONAIS, SAPATAS E FORCADOS","UNXMES","CR",858.5,1100,880,707.75,540,647.5,756.25,650,700,500,500,900,750,600,495,700,500,750,750,475,750,745,825,1093.75,1125,750,650]
["MATERIAL",44699,"LUBRIFICANTE REDUTOR DE TORQUE E ARRASTO DE ALTO DESEMPENHO, PARA PERFURACAO HORIZONTAL DIRECIONAL, HDD","KG","CR",60.92,47.43,51.82,51.02,47.59,48.46,48.54,47.35,47.35,47.11,46.63,48.14,50.3,50.78,44.87,44.63,47.11,47.11,47.91,47.91,51.02,54.61,48.38,48.7,48.86,47.99,48.86]
["MATERIAL",42248,"LUMINARIA DE LED PARA ILUMINACAO PUBLICA, DE 181 W ATE 239 W, INVOLUCRO EM ALUMINIO OU ACO INOX","UN","CR",597.62,596.62,597.62,547.82000000000005,398.41,448.21,488.05,512.96,448.21,468.13,498.02,415.34,397.42,776.91,494.03,687.26,480.09,602.6,388.45,557.78,493.03,747.03,458.17,478.09,398.41,458.17,493.03]
["MATERIAL",42245,"LUMINARIA DE LED PARA ILUMINACAO PUBLICA, DE 51 W ATE 67 W, INVOLUCRO EM ALUMINIO OU ACO INOX","UN","CR",285.31,284.83999999999997,285.31,261.54000000000002,190.21,213.98,233,244.89,213.98,223.49,237.76,198.29,189.73,370.91,235.86,328.11,229.2,287.69,185.45,266.29000000000002,235.38,356.64,218.74,228.25,190.21,218.74,235.38]
["MATERIAL",42243,"LUMINARIA DE LED PARA ILUMINACAO PUBLICA, DE 98 W ATE 137 W, INVOLUCRO EM ALUMINIO OU ACO INOX","UN","CR",380.83,380.19,380.83,349.09,253.88,285.62,311.01,326.88,285.62,298.32,317.36,264.67,253.25,495.08,314.82,437.95,305.93,384,247.54,355.44,314.18,476.04,291.97000000000003,304.66000000000003,253.88,291.97000000000003,314.18]
["MATERIAL",12271,"LUMINARIA DUPLA P/SINALIZACAO, TIPO WETZEL AS-2/110 OU EQUIV","UN","CR",null,null,345.54,{"$nulls":9},403.34,{"$nulls":5},231.19,{"$nulls":6},365.99]
["MATERIAL",39389,"LUMINARIA LED REFLETOR RETANGULAR BIVOLT, LUZ BRANCA, 10 W","UN","CR",14.96,14.93,14.96,13.71,9.9700000000000006,11.22,12.21,12.84,11.22,11.71,12.46,10.39,9.94,19.440000000000001,12.36,17.2,12.01,15.08,9.7200000000000006,13.96,12.34,18.7,11.46,11.96,9.9700000000000006,11.46,12.34]
["MATERIAL",3803,"LUMINARIA PLAFON REDONDO COM VIDRO FOSCO DIAMETRO *25* CM, PARA 1 LAMPADA, BASE E27, POTENCIA MAXIMA 40/60 W (NAO INCLUI LAMPADA)","UN","CR",null,null,58.43,{"$nulls":9},68.2,{"$nulls":5},39.090000000000003,{"$nulls":6},61.89]
["MATERIAL",39378,"LUMINARIA SPOT DE SOBREPOR EM ALUMINIO COM ALETA PLASTICA PARA 2 LAMPADAS, BASE E27, POTENCIA MAXIMA 40/60 W (NAO INCLUI LAMPADA)","UN","CR",null,null,71.94,{"$nulls":9},83.98,{"$nulls":5},48.13,{"$nulls":6},76.2]
["MATERIAL",21119,"LUVA CPVC, SOLDAVEL, 15 MM, PARA AGUA QUENTE PREDIAL","UN","CR",2.13,null,null,null,1.87,1.82,1.87,2.2999999999999998,1.86,null,2.04,2.35,2.08,1.88,null,2.11,null,1.95,1.82,1.73,2.2200000000000002,null,2.2400000000000002,1.62,null,1.95]
["MATERIAL",37978,"LUVA CPVC, SOLDAVEL, 54 MM, PARA AGUA QUENTE PREDIAL","UN","CR",37.43,null,null,null,32.83,32.08,32.799999999999997,40.44,32.74,null,35.909999999999997,41.21,36.47,32.99,null,37.159999999999997,null,34.340000000000003,32.08,30.4,38.950000000000003,null,39.39,28.41,null,34.29]
["MATERIAL",37979,"LUVA CPVC, SOLDAVEL, 73 MM, PARA AGUA QUENTE PREDIAL","UN","CR",158.86000000000001,null,null,null,139.31,136.15,139.19,171.62,138.96,null,152.41999999999999,174.9,154.76,140.01,null,157.69,null,145.75,136.15,129.01,165.3,null,167.17,120.58,null,145.51]
["MATERIAL",12725,"LUVA DE COBRE SEM ANEL DE SOLDA, BOLSA X BOLSA, 28 MM","UN","CR",{"$nulls":6},19.010000000000002,{"$nulls":18},11.76]
["MATERIAL",12728,"LUVA DE COBRE SEM ANEL DE SOLDA, BOLSA X BOLSA, 54 MM","UN","CR",{"$nulls":6},86.9,{"$nulls":18},53.76]
["MATERIAL",3844,"LUVA DE CORRER COM TRAVAS DEFOFO, PVC, JE, DN 200 MM","UN","CR",205.59,196.65,null,211.92,156.43,{"$nulls":5},246.93,197.89,206.46,237.25,null,null,289.77,null,null,null,218.5,{"$nulls":4},254.51]
["MATERIAL",3839,"LUVA DE CORRER COM TRAVAS DEFOFO, PVC, JE, DN 250 MM","UN","CR",374.48,358.19,null,386.01,284.93,{"$nulls":5},449.78,360.45,376.06,432.14,null,null,527.79,null,null,null,397.99,{"$nulls":4},463.57]
["MATERIAL",3886,"LUVA DE CORRER PARA TUBO ROSCAVEL, PVC, 3/4\", PARA AGUA FRIA PREDIAL","UN","CR",21.85,19.260000000000002,18.27,16.350000000000001,17.149999999999999,19.350000000000001,20.059999999999999,24.95,20.74,18.27,19.03,20.149999999999999,18.45,21.63,18.45,18.63,19.03,17.82,19.39,16.93,19.39,17.149999999999999,22.3,18.23,18.670000000000002,19.48,18.63]
["MATERIAL",3847,"LUVA DE CORRER PARA TUBO SOLDAVEL, PVC, 50 MM, PARA AGUA FRIA PREDIAL","UN","CR",33.56,29.57,28.06,25.1,26.34,29.71,30.81,38.299999999999997,31.84,28.06,29.23,30.95,28.33,33.21,28.33,28.61,29.23,27.37,29.78,25.99,29.78,26.34,34.25,27.99,28.68,29.91,28.61]
["MATERIAL",3825,"LUVA DE CORRER PVC PBA, JE, DN 50 / DE 60 MM, PARA REDE DE AGUA","UN","CR",14.9,14.25,null,15.36,11.34,{"$nulls":5},17.899999999999999,14.34,14.96,17.2,null,null,21,null,null,null,15.84,{"$nulls":4},18.45]
["MATERIAL",3830,"LUVA DE CORRER PVC, JE, DN 250 MM, PARA REDE COLETORA DE ESGOTO","UN","CR",218.85,194.58,174.68,143.77000000000001,176.67,198.82,198.95,258.64,214.47,177.86,207.57,216.73,206.78,203.46,176.93,159.16,184.49,190.6,214.21,198.02,235.43,172.42,218.85,196.83,187.94,214.6,196.83]
["MATERIAL",37985,"LUVA DE CORRER, CPVC, SOLDAVEL, 42 MM, PARA AGUA QUENTE PREDIAL","UN","CR",34.03,null,null,null,29.84,29.17,29.82,36.770000000000003,29.77,null,32.65,37.47,33.15,29.99,null,33.78,null,31.22,29.17,27.64,35.409999999999997,null,35.81,25.83,null,31.17]
["MATERIAL",20164,"LUVA DE CORRER, PVC SERIE R, 75 MM, PARA ESGOTO PREDIAL","UN","CR",13.03,11.59,10.4,8.56,10.52,11.84,11.85,15.4,12.77,10.59,12.36,12.91,12.31,12.12,10.54,9.48,10.99,11.35,12.76,11.79,14.02,10.27,13.03,11.72,11.19,12.78,11.72]
["MATERIAL",3911,"LUVA DE FERRO GALVANIZADO, COM ROSCA BSP, DE 1 1/4\"","UN","CR",18.41,null,null,null,16.850000000000001,{"$nulls":5},18.72,19.600000000000001,15.2,19.66,null,null,16.059999999999999,null,null,null,14.98,null,18.989999999999998,null,null,19.53,18.14]
["MATERIAL",3910,"LUVA DE FERRO GALVANIZADO, COM ROSCA BSP, DE 1\"","UN","CR",13.17,null,null,null,12.06,{"$nulls":5},13.4,14.03,10.88,14.07,null,null,11.49,null,null,null,10.72,null,13.58,null,null,13.97,12.98]
["MATERIAL",3914,"LUVA DE FERRO GALVANIZADO, COM ROSCA BSP, DE 3\"","UN","CR",94.96,null,null,null,86.94,{"$nulls":5},96.61,101.15,78.44,101.44,null,null,82.89,null,null,null,77.28,null,97.96,null,null,100.76,93.61]
["MATERIAL",45266,"LUVA DE LATEX MULTIUSO AMARELA FORRADA","PAR","CR",3.09,3.2,3.25,3.84,3.11,3.33,2.97,2.81,2.61,2.9,2.95,3.33,4.12,3.75,3.7,3.44,4.0199999999999996,3.39,3.84,2.97,3.41,4.09,3.6,3.39,2.88,3.3,3.58]
["MATERIAL",1900,"LUVA DE PRESSAO, EM PVC, DE 32 MM, PARA ELETRODUTO FLEXIVEL","UN","CR",1.57,1.35,1.59,2.29,1.53,1.3,1.98,1.88,1.0900000000000001,1.91,2.11,1.32,1.97,2.16,0.98,2.39,1.65,3.06,2.2000000000000002,1.66,1.47,1.91,2.17,1.56,1.26,1.37,1.77]
["MATERIAL",12408,"LUVA DE REDUCAO DE FERRO GALVANIZADO, COM ROSCA BSP MACHO/FEMEA, DE 1\" X 1/2\"","UN","CR",19.23,null,null,null,17.600000000000001,{"$nulls":5},19.559999999999999,20.48,15.88,20.54,null,null,16.78,null,null,null,15.65,null,19.829999999999998,null,null,20.399999999999999,18.95]
["MATERIAL",3922,"LUVA DE REDUCAO DE FERRO GALVANIZADO, COM ROSCA BSP, DE 1 1/2\" X 1/2\"","UN","CR",22.01,null,null,null,20.16,{"$nulls":5},22.4,23.45,18.18,23.52,null,null,19.21,null,null,null,17.920000000000002,null,22.71,null,null,23.36,21.7]
["MATERIAL",3937,"LUVA DE REDUCAO DE FERRO GALVANIZADO, COM ROSCA BSP, DE 1 1/4\" X 1/2\"","UN","CR",19.739999999999998,null,null,null,18.079999999999998,{"$nulls":5},20.079999999999998,21.03,16.309999999999999,21.09,null,null,17.23,null,null,null,16.07,null,20.37,null,null,20.95,19.46]
["MATERIAL",3926,"LUVA DE REDUCAO DE FERRO GALVANIZADO, COM ROSCA BSP, DE 2\" X 1 1/2\"","UN","CR",38.32,null,null,null,35.08,{"$nulls":5},38.979999999999997,40.81,31.65,40.93,null,null,33.44,null,null,null,31.18,null,39.53,null,null,40.659999999999997,37.770000000000003]
["MATERIAL",3935,"LUVA DE REDUCAO DE FERRO GALVANIZADO, COM ROSCA BSP, DE 2\" X 1 1/4\"","UN","CR",38.32,null,null,null,35.08,{"$nulls":5},38.979999999999997,40.81,31.65,40.93,null,null,33.44,null,null,null,31.18,null,39.53,null,null,40.659999999999997,37.770000000000003]
["MATERIAL",12406,"LUVA DE REDUCAO DE FERRO GALVANIZADO, COM ROSCA BSP, DE 3/4\" X 1/2\"","UN","CR",9.41,null,null,null,8.61,{"$nulls":5},9.57,10.02,7.77,10.050000000000001,null,null,8.2100000000000009,null,null,null,7.66,null,9.7100000000000009,null,null,9.98,9.27]
["MATERIAL",40355,"LUVA DE REDUCAO EM ACO CARBONO, COM ENCAIXE PARA SOLDA DN SW, PRESSAO 3.000 LBS, 3/4\" X 1/2\"","UN","CR",{"$nulls":4},18.649999999999999,null,null,10.039999999999999,{"$nulls":14},17,null,null,12.72]
["MATERIAL",40367,"LUVA DE REDUCAO EM ACO CARBONO, COM ENCAIXE PARA SOLDA DN SW, PRESSAO 3.000 LBS, DN 2\" X 1 1/2\"","UN","CR",{"$nulls":4},137.75,null,null,74.22,{"$nulls":14},125.58,null,null,93.99]
["MATERIAL",3889,"LUVA DE REDUCAO ROSCAVEL, PVC, 3/4\" X 1/2\", PARA AGUA FRIA PREDIAL","UN","CR",4.49,3.95,3.75,3.35,3.52,3.97,4.12,5.12,4.26,3.75,3.91,4.1399999999999997,3.79,4.4400000000000004,3.79,3.82,3.91,3.66,3.98,3.47,3.98,3.52,4.58,3.74,3.83,4,3.82]
["MATERIAL",3869,"LUVA DE REDUCAO SOLDAVEL, PVC, 32 MM X 25 MM, PARA AGUA FRIA PREDIAL","UN","CR",3.65,3.21,3.05,2.73,2.86,3.23,3.35,4.17,3.46,3.05,3.18,3.36,3.08,3.61,3.08,3.11,3.18,2.97,3.24,2.83,3.24,2.86,3.72,3.04,3.12,3.25,3.11]
["MATERIAL",21120,"LUVA DE TRANSICAO, CPVC, 15 MM X 1/2\", PARA AGUA QUENTE PREDIAL","UN","CR",13.84,null,null,null,12.14,11.86,12.13,14.96,12.11,null,13.28,15.24,13.49,12.2,null,13.74,null,12.7,11.86,11.24,14.41,null,14.57,10.51,null,12.68]
["MATERIAL",37987,"LUVA DE TRANSICAO, CPVC, SOLDAVEL, 42 MM X 1 1/2\", PARA AGUA QUENTE","UN","CR",135.37,null,null,null,118.71,116.01,118.61,146.24,118.41,null,129.88,149.03,131.87,119.31,null,134.37,null,124.19,116.01,109.93,140.85,null,142.44999999999999,102.75,null,123.99]
["MATERIAL",40363,"LUVA EM ACO CARBONO, SOLDAVEL, PRESSAO 3.000 LBS, DN 1 1/4\"","UN","CR",{"$nulls":4},53.29,null,null,28.71,{"$nulls":14},48.58,null,null,36.36]
["MATERIAL",40375,"LUVA EM ACO CARBONO, SOLDAVEL, PRESSAO 3.000 LBS, DN 3\"","UN","CR",{"$nulls":4},292.06,null,null,157.36000000000001,{"$nulls":14},266.25,null,null,199.28]
["MATERIAL",1892,"LUVA EM PVC RIGIDO ROSCAVEL, DE 1\", PARA ELETRODUTO","UN","CR",1.51,1.3,1.53,2.21,1.48,1.25,1.91,1.81,1.05,1.84,2.0299999999999998,1.27,1.9,2.08,0.94,2.2999999999999998,1.59,2.95,2.12,1.6,1.41,1.84,2.09,1.5,1.22,1.32,1.71]
["MATERIAL",1891,"LUVA EM PVC RIGIDO ROSCAVEL, DE 3/4\", PARA ELETRODUTO","UN","CR",1.08,0.93,1.1000000000000001,1.58,1.06,0.89,1.37,1.29,0.75,1.32,1.45,0.91,1.36,1.49,0.67,1.65,1.1399999999999999,2.11,1.52,1.1399999999999999,1.01,1.32,1.5,1.07,0.87,0.94,1.22]
["MATERIAL",1895,"LUVA EM PVC RIGIDO ROSCAVEL, DE 4\", PARA ELETRODUTO","UN","CR",24.55,21.07,24.85,35.79,23.96,20.28,31.01,29.32,17.100000000000001,29.82,32.9,20.67,30.82,33.799999999999997,15.31,37.28,25.84,47.82,34.39,25.94,22.96,29.82,33.9,24.35,19.78,21.37,27.73]
["MATERIAL",2644,"LUVA PARA ELETRODUTO, EM ACO GALVANIZADO ELETROLITICO, COM ROSCA, DIAMETRO DE 40 MM (1 1/2\")","UN","CR",5.86,null,null,null,4.09,null,4.4400000000000004,4.1399999999999997,4.6900000000000004,4.58,6.96,4.3499999999999996,6.47,5.6,4.93,null,null,5.94,5.23,4.28,null,null,6.76,9.0399999999999991,3.2,4.55,3.37]
["MATERIAL",2643,"LUVA PARA ELETRODUTO, EM ACO GALVANIZADO ELETROLITICO, COM ROSCA,DIAMETRO DE 50 MM (2\")","UN","CR",8.18,null,null,null,5.7,null,6.19,5.77,6.53,6.38,9.6999999999999993,6.06,9.0299999999999994,7.81,6.87,null,null,8.2799999999999994,7.29,5.97,null,null,9.43,12.6,4.46,6.34,4.6900000000000004]
["MATERIAL",39858,"LUVA PASSANTE DE COBRE SEM ANEL DE SOLDA, BOLSA 35 MM","UN","CR",{"$nulls":6},42.17,{"$nulls":18},26.09]
["MATERIAL",39860,"LUVA PASSANTE DE COBRE SEM ANEL DE SOLDA, BOLSA 54 MM","UN","CR",{"$nulls":6},99.76,{"$nulls":18},61.72]
["MATERIAL",3861,"LUVA PVC SOLDAVEL, 20 MM, PARA AGUA FRIA PREDIAL","UN","CR",0.9,0.8,0.76,0.68,0.71,0.8,0.83,1.03,0.86,0.76,0.79,0.83,0.76,0.89,0.76,0.77,0.79,0.74,0.8,0.7,0.8,0.71,0.92,0.75,0.77,0.81,0.77]
["MATERIAL",3863,"LUVA PVC SOLDAVEL, 50 MM, PARA AGUA FRIA PREDIAL","UN","CR",5.13,4.5199999999999996,4.28,3.83,4.0199999999999996,4.54,4.7,5.85,4.8600000000000003,4.28,4.46,4.7300000000000004,4.33,5.07,4.33,4.37,4.46,4.18,4.55,3.97,4.55,4.0199999999999996,5.23,4.2699999999999996,4.38,4.57,4.37]
["MATERIAL",3876,"LUVA PVC, ROSCAVEL, 1\", AGUA FRIA PREDIAL","UN","CR",5.59,4.93,4.67,4.18,4.3899999999999997,4.95,5.13,6.38,5.31,4.67,4.87,5.16,4.72,5.54,4.72,4.7699999999999996,4.87,4.5599999999999996,4.96,4.33,4.96,4.3899999999999997,5.71,4.66,4.78,4.9800000000000004,4.7699999999999996]
["MATERIAL",3883,"LUVA PVC, ROSCAVEL, 1/2\", AGUA FRIA PREDIAL","UN","CR",1.8,1.58,1.5,1.34,1.41,1.59,1.65,2.0499999999999998,1.7,1.5,1.56,1.66,1.52,1.78,1.52,1.53,1.56,1.46,1.59,1.39,1.59,1.41,1.83,1.5,1.53,1.6,1.53]
["MATERIAL",38441,"LUVA SIMPLES PPR, F/F, SOLDAVEL, DN 32 MM, PARA AGUA QUENTE PREDIAL","UN","CR",{"$nulls":6},4.8899999999999997,{"$nulls":10},4.84,{"$nulls":4},4.07,4.01,null,4.09]
["MATERIAL",38444,"LUVA SIMPLES PPR, F/F, SOLDAVEL, DN 63 MM, PARA AGUA QUENTE PREDIAL","UN","CR",{"$nulls":6},28.32,{"$nulls":10},28.04,{"$nulls":4},23.62,23.23,null,23.69]
["MATERIAL",11045,"LUVA SIMPLES PVC PBA, JE, DN 75 / DE 85 MM, PARA REDE DE AGUA","UN","CR",31.7,30.32,null,32.67,24.12,{"$nulls":5},38.07,30.51,31.83,36.58,null,null,44.68,null,null,null,33.69,{"$nulls":4},39.24]
["MATERIAL",20171,"LUVA SIMPLES, PVC SERIE R, 150 MM, PARA ESGOTO PREDIAL","UN","CR",43.33,38.53,34.590000000000003,28.47,34.979999999999997,39.369999999999997,39.39,51.21,42.47,35.22,41.1,42.91,40.94,40.29,35.03,31.51,36.53,37.74,42.41,39.21,46.62,34.14,43.33,38.97,37.21,42.49,38.97]
["MATERIAL",20169,"LUVA SIMPLES, PVC SERIE R, 75 MM, PARA ESGOTO PREDIAL","UN","CR",13.09,11.64,10.45,8.6,10.56,11.89,11.9,15.47,12.83,10.64,12.41,12.96,12.37,12.17,10.58,9.52,11.03,11.4,12.81,11.84,14.08,10.31,13.09,11.77,11.24,12.83,11.77]
["MATERIAL",3898,"LUVA SIMPLES, PVC, SOLDAVEL, DN 75 MM, SERIE NORMAL, PARA ESGOTO PREDIAL","UN","CR",7.43,6.6,5.93,4.88,5.99,6.75,6.75,8.7799999999999994,7.28,6.04,7.04,7.36,7.02,6.9,6,5.4,6.26,6.47,7.27,6.72,7.99,5.85,7.43,6.68,6.38,7.28,6.68]
["MATERIAL",38678,"LUVA SOLDAVEL COM BUCHA DE LATAO, PVC, 32 MM X 1\"","UN","CR",20.420000000000002,17.989999999999998,17.07,15.27,16.02,18.07,18.739999999999998,23.3,19.37,17.07,17.78,18.829999999999998,17.239999999999998,20.21,17.239999999999998,17.399999999999999,17.78,16.649999999999999,18.11,15.81,18.11,16.02,20.83,17.03,17.440000000000001,18.2,17.399999999999999]
["MATERIAL",3859,"LUVA SOLDAVEL COM ROSCA, PVC, 20 MM X 1/2\", PARA AGUA FRIA PREDIAL","UN","CR",1.55,1.37,1.3,1.1599999999999999,1.22,1.38,1.43,1.78,1.48,1.3,1.35,1.43,1.31,1.54,1.31,1.32,1.35,1.27,1.38,1.2,1.38,1.22,1.59,1.3,1.33,1.39,1.32]
["MATERIAL",3871,"LUVA SOLDAVEL COM ROSCA, PVC, 50 MM X 1 1/2\", PARA AGUA FRIA PREDIAL","UN","CR",21.47,18.920000000000002,17.95,16.059999999999999,16.850000000000001,19,19.71,24.5,20.37,17.95,18.7,19.8,18.12,21.25,18.12,18.3,18.7,17.510000000000002,19.05,16.63,19.05,16.850000000000001,21.91,17.899999999999999,18.34,19.14,18.3]
["MATERIAL",37428,"LUVA, PEAD PE 100, DE 200 MM, PARA ELETROFUSAO","UN","CR",{"$nulls":22},260.27999999999997,null,null,223.39]
["MATERIAL",39294,"LUVA/UNIAO DE REDUCAO METALICA, PARA CONEXAO COM ANEL DESLIZANTE, DN 25 X 20 MM, EM TUBO PEX PARA INST. AGUA QUENTE/FRIA","UN","CR",{"$nulls":22},23.55,null,null,14.72]
["MATERIAL",39295,"LUVA/UNIAO DE REDUCAO METALICA, PARA CONEXAO COM ANEL DESLIZANTE, DN 32 X 25 MM, EM TUBO PEX PARA INST. AGUA QUENTE/FRIA","UN","CR",{"$nulls":22},32.39,null,null,20.239999999999998]
["MATERIAL",39297,"LUVA/UNIAO METALICA, PARA CONEXAO COM ANEL DESLIZANTE, DN 20 MM, EM TUBO PEX PARA INST. AGUA QUENTE/FRIA","UN","CR",{"$nulls":22},17.53,null,null,10.95]
["MATERIAL",39309,"LUVA/UNIAO, PLASTICA, PARA CONEXAO COM CRIMPAGEM, DN 20 MM, EM TUBO PEX PARA INST. AGUA QUENTE/FRIA","UN","CR",{"$nulls":22},12.3,null,null,7.68]
["MATERIAL",11520,"MACANETA ALAVANCA, RETA SIMPLES / OCA, CROMADA, COMPRIMENTO DE 10 A 16 CM, ACABAMENTO PADRAO POPULAR - SOMENTE MACANETAS","PAR","CR",18.649999999999999,24.35,24.47,27.68,27.06,22.14,27.06,19.29,29.58,27.01,24.22,23.6,26.53,24.22,21.88,29.22,25.08,24.18,28.53,22.49,23.33,22.14,30.15,27.06,24.91,27.85,23.57]
["MAO DE OBRA",4244,"MACARIQUEIRO (HORISTA)","H","CR",20.54,19.989999999999998,22.14,18.45,25.08,18.98,20.2,22.47,21.48,18.39,21.96,17.91,18.260000000000002,17.82,16.670000000000002,19.559999999999999,17.71,25.59,34.92,20.09,21.29,22.91,21.43,37.56,17.809999999999999,25.7,20.73]
["MATERIAL",4115,"MADEIRA ROLICA TRATADA, D = 12 A 15 CM, H = 3,00 M, EM EUCALIPTO OU EQUIVALENTE DA REGIAO","M","CR",null,32.9,null,32.9,32.9,null,27.78,null,31,null,23.85,43.64,34.46,null,null,36.68,null,38.46,35.01,null,35.85,null,44.09,27.02,null,29.31]
["MATERIAL",45395,"MANGOTE DE SEGURANCA EM RASPA DE COURO","PAR","CR",30.93,32,32.53,38.4,31.15,33.340000000000003,29.78,28.16,26.13,29.03,29.53,33.369999999999997,41.24,37.549999999999997,37.04,34.409999999999997,40.28,33.92,38.4,29.76,34.130000000000003,40.94,36.049999999999997,33.96,28.8,33.07,35.799999999999997]
["MATERIAL",37460,"MANGUEIRA CRISTAL TRANCADA, PVC COM REFORCO, PRESSAO DE TRABALHO (PT) 250 LBS/POL2, DE 1\" X *3,1* MM","M","CR",18.239999999999998,19.97,null,17.25,19.399999999999999,null,29.76,30.19,25.87,24.15,24.97,null,23.03,17.25,null,18.97,null,28.03,21.56,28.03,19.059999999999999,null,21.04,16.77,null,25.23]
["MATERIAL",37455,"MANGUEIRA CRISTAL, LISA, PVC TRANSPARENTE, 1/4\" X1,5 MM","M","CR",2.2000000000000002,2.41,null,2.08,2.34,null,3.59,3.65,3.13,2.92,3.02,null,2.78,2.08,null,2.29,null,3.39,2.6,3.39,2.2999999999999998,null,2.54,2.02,null,3.05]
["MATERIAL",21030,"MANGUEIRA DE INCENDIO, TIPO 1, DE 1 1/2\", COMPRIMENTO = 20 M, TECIDO EM FIO DE POLIESTER E TUBO INTERNO EM BORRACHA SINTETICA, COM UNIOES ENGATE RAPIDO","UN","CR",564.13,530.04,552.85,708.78,504.16,539.29,357.47,507.08,417.87,477.13,428.35,604,522.89,468.41,517.72,554.70000000000005,549.77,393.22,492.61,616.33000000000004,517.72,null,427.66,483.82,502.93,438.11,640.99]
["MATERIAL",37528,"MANGUEIRA DE INCENDIO, TIPO 2, DE 1 1/2\", COMPRIMENTO = 20 M, TECIDO EM FIO DE POLIESTER E TUBO INTERNO EM BORRACHA SINTETICA, COM UNIOES","UN","CR",807.68,758.88,791.53,1014.78,721.82,772.12,511.8,726,598.28,683.12,613.28,864.77,748.64,670.64,741.23,794.18,787.12,562.98,705.28,882.42,741.23,null,612.29,692.7,720.05,627.26,917.72]
["MATERIAL",21036,"MANGUEIRA DE INCENDIO, TIPO 2, DE 2 1/2\", COMPRIMENTO = 25 M, TECIDO EM FIO DE POLIESTER E TUBO INTERNO EM BORRACHA SINTETICA, COM UNIOES ENGATE RAPIDO","UN","CR",1391.07,1307.02,1363.26,1747.77,1243.19,1329.82,881.48,1250.4000000000001,1030.42,1176.53,1056.26,1489.4,1289.3900000000001,1155.04,1276.6300000000001,1367.82,1355.66,969.63,1214.71,1519.8,1276.6300000000001,null,1054.56,1193.04,1240.1500000000001,1080.33,1580.59]
["MATERIAL",44909,"MANGUEIRA FLEXIVEL TRANSPARENTE COM ESPIRAL AZUL, EM PVC, DIAM. 1\" (25 MM), PARA SERVICOS LEVES DE SUCCAO E DESCARGA","M","CR",12.63,13.83,null,11.95,13.44,null,20.61,20.91,17.920000000000002,16.73,17.3,null,15.95,11.95,null,13.14,null,19.420000000000002,14.93,19.420000000000002,13.2,null,14.58,11.62,null,17.47]
["MATERIAL",44333,"MANGUEIRA FLEXIVEL TRANSPARENTE COM ESPIRAL AZUL, EM PVC, DIAM. 4\" (100 MM), PARA SERVICOS LEVES DE SUCCAO E DESCARGA","M","CR",76.349999999999994,83.57,null,72.2,81.22,null,124.54,126.35,108.3,101.08,104.51,null,96.39,72.2,null,79.42,null,117.32,90.25,117.32,79.78,null,88.08,70.209999999999994,null,105.59]
["MATERIAL",12899,"MANOMETRO COM CAIXA EM ACO PINTADO, ESCALA *10* KGF/CM2 (*10* BAR), DIAMETRO NOMINAL DE *63* MM, CONEXAO DE 1/4\"","UN","CR",{"$nulls":4},110.32,{"$nulls":5},112.96,{"$nulls":6},145,{"$nulls":4},137.58000000000001,null,null,133.65]
["MATERIAL",39699,"MANTA / LENCOL DE BORRACHA, SBR, ANTIRRUIDO, E = 5 MM","M2","CR",17.79,25.11,17.79,15.83,20.97,15.44,15.84,15.44,16.22,15.62,16.87,15.68,16.64,19.829999999999998,19.16,22.85,21.16,15.5,18.28,17.79,17.79,17.79,13.53,14.44,17.79,16.39,17.79]
["MATERIAL",39700,"MANTA ANTIRRUIDO DE POLIESTER (PET) PARA CONTRAPISO E = *8* MM","M2","CR",null,30.9,null,41.07,29.43,null,25.87,31.02,23.74,null,25.02,null,24.47,30.53,28.95,26.23,46.04,33.369999999999997,31.65,null,39.94,null,27.52,null,37.75,27.37]
["MATERIAL",4016,"MANTA ASFALTICA ELASTOMERICA TIPO GLASS 3 MM, TIPO II, CLASSE C, ACABAMENTO PP (NBR 9952)","M2","C",null,44.9,null,59.67,42.76,null,37.590000000000003,45.07,34.5,null,36.35,null,35.549999999999997,44.36,42.07,38.11,66.89,48.48,45.99,null,58.03,null,39.99,null,54.85,39.770000000000003]
["MATERIAL",626,"MANTA LIQUIDA DE BASE ASFALTICA MODIFICADA COM A ADICAO DE ELASTOMEROS DILUIDOS EM SOLVENTE ORGANICO, APLICACAO A FRIO (MEMBRANA DE EMULSAO ASFALTICA PARA IMPERMEABILIZACAO FLEXIVEL)","KG","C",28.06,22.91,null,26.46,21.44,null,18.47,null,15.83,20.260000000000002,16.66,null,null,24.76,25.91,21.09,25.08,18.75,25.04,18.329999999999998,22.8,20.09,21.66,24.39,26.78,17.77,18.559999999999999]
["MATERIAL",44507,"MANTA TERMOPLASTICA, PEAD, GEOMEMBRANA LISA, E = 1,00 MM (NBR 15352)","M2","CR",{"$nulls":22},33.26,null,null,28.54]
["MATERIAL",44508,"MANTA TERMOPLASTICA, PEAD, GEOMEMBRANA LISA, E = 1,50 MM (NBR 15352)","M2","CR",{"$nulls":22},49.87,null,null,42.8]
["MATERIAL",44513,"MANTA TERMOPLASTICA, PEAD, GEOMEMBRANA TEXTURIZADA EM AMBAS AS FACES, E = 0,75 MM (NBR 15352)","M2","CR",{"$nulls":22},26.14,null,null,22.43]
["MATERIAL",44517,"MANTA TERMOPLASTICA, PEAD, GEOMEMBRANA TEXTURIZADA EM AMBAS AS FACES, E = 2,50 MM (NBR 15352)","M2","CR",{"$nulls":22},90.78,null,null,77.91]
["MATERIAL",43608,"MAQUINA DE 55 MM PARA FECHADURA, PARA PORTA DE BANHEIRO, EM ACO INOX","UN","CR",37.08,48.42,48.65,55.04,53.8,44.03,53.81,38.35,58.81,53.71,48.16,46.92,52.76,48.16,43.5,58.1,49.88,48.09,56.73,44.72,46.4,44.03,59.96,53.8,49.54,55.38,46.86]
["EQUIPAMENTO (AQUISIÇÃO)",40637,"MAQUINA DEMARCADORA DE FAIXA DE TRAFEGO A FRIO, AUTOPROPELIDA, MOTOR DIESEL 38 HP","UN","CR",{"$nulls":25},959890.6]
["EQUIPAMENTO (AQUISIÇÃO)",14535,"MAQUINA TIPO PRENSA HIDRAULICA, PARA FABRICACAO DE TUBOS DE CONCRETO PARA AGUAS PLUVIAIS, DN 200 A DN 600 MM X 1000 MM DE COMPRIMENTO, COM MOTOR PRINCIPAL COM POTENCIA DE 20 CV","UN","CR",{"$nulls":25},284337.68]
["MAO DE OBRA",41067,"MARMORISTA / GRANITEIRO (MENSALISTA)","MES","CR",3681.3,3137.7,3600.37,3494.61,3757.68,3349.83,3694.54,3628.28,3822.93,3324.37,4035.07,3208.68,3130.51,3313.39,3046.51,3513.27,3197.65,5162.6400000000003,3712.75,2998.97,3839.6,3985.83,3583.34,3575.35,3162.09,4234.46,3292.26]
["MATERIAL",38463,"MARTELO DE SOLDADOR/PICADOR DE SOLDA","UN","CR",null,51.19,46.82,51.97,65.09,46.48,43.29,46.24,56.81,95.05,54.34,63.81,67.510000000000005,46.47,30.2,42.6,47.32,46.8,67.92,44.02,60.49,44.02,56.28,80.38,null,46.02,55.3]
["EQUIPAMENTO (AQUISIÇÃO)",40703,"MARTELO DEMOLIDOR ELETRICO, COM POTENCIA DE 2.000 W, FREQUENCIA DE 1.000 IMPACTOS POR MINUTO, FORCA DE IMPACTO ENTRE 60 E 65 J, PESO DE 30 KG","UN","C",{"$nulls":4},11421.25,13160,null,10714,null,17450,12000,13592.94,12792.16,11404,13900,null,null,12816,11699,null,9700,null,13725.8,9990,null,10038.450000000001,17199.38]
["EQUIPAMENTO (AQUISIÇÃO)",45303,"MARTELO PERFURADOR PNEUMATICO MANUAL, DE SUPERFICIE, COM AVANCO DE COLUNA, PESO DE *28* KG","UN","CR",{"$nulls":4},43405.62,50013.61,null,40717.769999999997,null,66317.45,45605.120000000003,51658.97,48615.67,43340.06,52825.93,null,null,48706.27,44461.19,null,36864.14,null,52163.9,37966.26,null,38150.39,65364.98]
["EQUIPAMENTO (AQUISIÇÃO)",45302,"MARTELO ROMPEDOR PNEUMATICO MANUAL, HASTE 22 X 82,5 MM, 10 KG","UN","CR",{"$nulls":4},7320.98,8435.52,null,6867.64,null,11185.4,7691.96,8713.0300000000007,8199.73,7309.93,8909.86,null,null,8215.02,7499.02,null,6217.67,null,8798.19,6403.56,null,6434.61,11024.75]
["MATERIAL",39433,"MASSA DE REJUNTE PRONTA PARA TRATAMENTO DE JUNTAS DE CHAPA DE GESSO PARA DRYWALL, SEM ADICAO DE AGUA","KG","CR",3.77,3.45,3.19,2.98,2.83,2.89,2.66,2.75,2.82,3.45,2.89,2.83,3.71,3.03,2.89,2.61,3.03,2.89,2.82,2.98,4.04,3.41,3.31,3.07,3.17,2.73,2.89]
["MATERIAL",4049,"MASSA EPOXI BICOMPONENTE (MASSA + CATALISADOR)","L","CR",74.66,57,68.239999999999995,51.58,57.8,44.96,75.459999999999994,104.37,52.18,56.2,76.27,79.48,72.25,54.59,50.58,55.39,52.98,105.97,72.25,44.15,72.25,69.040000000000006,95.13,83.49,57.8,80.28,108.58]
["MATERIAL",38877,"MASSA PREMIUM PARA TEXTURA LISA DE BASE ACRILICA, USO INTERNO E EXTERNO","KG","CR",8.2100000000000009,7.82,6.79,8.09,6.96,6.78,7.83,6.68,7.67,10.02,7.08,6.67,7.88,8.1999999999999993,7.15,9.07,7.01,7.2,7.28,6.33,7.89,9.35,8.01,6.4,7.84,7.7,8.57]
["MATERIAL",41380,"MASTRO TELESCOPICO DE 4 METROS (3 M X DN= 2\" + 1 M X DN= 1 1/2\")","UN","CR",418.94,null,558.38,null,442.57,null,329.76,404.5,469.73,444.38,383.66,462.56,498.35,491.75,269.67,null,403.55,null,388.64,475.57,490.61,null,428.3,437.44,484.71,455.36,406.09]
["MATERIAL",41385,"MASTRO TELESCOPICO GALVANIZADO 9 METROS (6 M X DN= 2\" + 3 M X DN= 1 1/2\")","UN","CR",717.52,null,956.33,null,758,null,564.77,692.79,804.51,761.09,657.09,792.23,853.52,842.22,461.86,null,691.16,null,665.62,814.51,840.26,null,733.54,749.19,830.16,779.89,695.51]
["MAO DE OBRA",4058,"MECANICO DE EQUIPAMENTOS PESADOS (HORISTA)","H","CR",32.590000000000003,20.94,43.51,25.77,35.85,29.78,26.26,30.6,23.25,30.31,30.27,28.33,23.35,23.79,27.75,24.01,24.55,30.73,34.119999999999997,29.12,32.700000000000003,26.16,42.83,31.63,23.18,37.36,24.98]
["MATERIAL",3288,"MEIA CANA DE MADEIRA CEDRINHO OU EQUIVALENTE DA REGIAO, ACABAMENTO PARA FORRO PAULISTA, *2,5 X 2,5* CM","M","C",12,null,null,null,11,null,4.5,10,12.9,null,10.7,7.75,{"$nulls":5},7.35,10,null,6.25,null,8,6.15,null,7.5]
["MATERIAL",38595,"MEIA CANALETA DE CONCRETO ESTRUTURAL 14 X 19 X 19 CM, FBK 4,5 MPA (NBR 6136)","UN","CR",4.59,2.74,3.08,3.36,2.4,3.17,3.45,2.98,3.03,3.32,3.25,2.98,3.17,3.17,3.08,2.93,2.4700000000000002,2.5,2.5,3.53,3.85,3.7,3.6,3.27,2.69,2.89,3.36]
["MATERIAL",34774,"MEIO BLOCO DE VEDACAO DE CONCRETO 14 X 19 X 19 CM (CLASSE C - NBR 6136)","UN","CR",3.63,2.17,2.4300000000000002,2.66,1.9,2.5099999999999998,2.73,2.36,2.4,2.62,2.57,2.36,2.5099999999999998,2.5099999999999998,2.4300000000000002,2.3199999999999998,1.95,1.98,1.98,2.79,3.04,2.93,2.85,2.59,2.13,2.29,2.66]
["MATERIAL",34771,"MEIO BLOCO DE VEDACAO DE CONCRETO 19 X 19 X 19 CM (CLASSE C - NBR 6136)","UN","CR",4.38,2.61,2.93,3.21,2.29,3.03,3.29,2.84,2.89,3.16,3.1,2.84,3.03,3.03,2.93,2.8,2.36,2.38,2.38,3.37,3.67,3.53,3.44,3.12,2.57,2.76,3.21]
["MATERIAL",34788,"MEIO BLOCO ESTRUTURAL CERAMICO DE 14 X 19 X 14 CM (L X A X C) E 6,0 MPA","UN","CR",1.67,1.49,1.29,1.49,1.35,1.29,1.65,0.98,1.91,1.44,1.29,1.5,1.59,1.46,1.33,0.98,1.44,1.2,1.24,1.29,1.41,1.3,1.33,1.62,0.95,1.23,1.64]
["MATERIAL",41680,"MEIO-FIO OU GUIA DE CONCRETO PRE-MOLDADO, COMP *39* CM, *19 X 6,5/6,5* CM (H X L1/L2)","UN","CR",19.39,16.62,11.38,15.09,10.119999999999999,11.84,12.82,16.63,15.18,15.6,19.579999999999998,12.65,15.19,13.89,9.9,14.2,11.13,13.49,15.85,13.35,12.65,15.85,14.42,12.48,11.13,12.48,16.23]
["MATERIAL",4062,"MEIO-FIO OU GUIA DE CONCRETO, PRE-MOLDADO, COMP 1 M, *30 X 15* CM (H X L)","UN","CR",48.96,41.96,28.74,38.1,25.54,29.89,32.369999999999997,42,38.32,39.380000000000003,49.42,31.93,38.35,35.06,25.01,35.85,28.1,34.06,40.020000000000003,33.700000000000003,31.93,40.01,36.4,31.5,28.1,31.5,40.98]
["MATERIAL",43148,"MEMBRANA IMPERMEABILIZANTE A BASE DE POLIURETANO","KG","CR",76.77,83.51,null,80.52,58.06,69.790000000000006,74.44,51.15,60.55,74.44,53.57,60.39,62.8,68.040000000000006,74.78,64.55,92.83,55.23,63.71,64.13,79.19,71.53,61.47,55.89,80.599999999999994,60.97,80.349999999999994]
["EQUIPAMENTO (AQUISIÇÃO)",10608,"MESA VIBRATORIA COM DIMENSOES DE 2,0 X 1,0 M, COM MOTOR ELETRICO DE 2 POLOS E POTENCIA DE 3 CV","UN","C",{"$nulls":25},9789.7999999999993]
["MATERIAL",44478,"MICROESFERAS DE VIDRO PARA SINALIZACAO HORIZONTAL VIARIA, TIPO I-B (PREMIX) - NBR 16184","KG","CR",16.920000000000002,14.99,16.97,26.99,18.329999999999998,14.99,13.33,12.41,10.24,13.33,8.33,13.36,20.83,15.29,15.83,12.49,15.31,12.39,11.62,13.33,27.12,13.33,10.49,9.99,13.74,14.99,16.66]
["MATERIAL",11698,"MICTORIO COLETIVO ACO INOX (AISI 304), E = 0,8 MM, DE *100 X 50 X 35* CM (C X A X P)","UN","CR",1002.37,846.78,831.15,960.81,735.7,711.13,830.82,984.09,738.26,987.08,922.41,880.86,984.09,990.4,930.89,1003.7,764,983.75,905.99,801.1,980.76,1019,986.41,836.21,764.33,847.34,876.4]
["MATERIAL",10432,"MICTORIO INDIVIDUAL, SIFONADO, DE LOUCA BRANCA, SEM COMPLEMENTOS","UN","CR",371.58,372.59,383.17,313.39,393.48,400.45,356.74,426.56,394.37,365.62,412.63,383.03,365.62,452.33,386.52,356.05,384.22,475.23,386.52,393.13,469.17,332.54,412.55,369.89,341.68,346.45,401.98]
["MATERIAL",41422,"MINICAPTOR, EM ACO GALVANIZADO A FOGO, FIXACAO HORIZONTAL COM BANDEIRA A 20 CM, H=600 MM E X DN=10 MM","UN","CR",14.59,null,19.440000000000001,null,15.41,null,11.48,14.08,16.350000000000001,15.47,13.36,16.100000000000001,17.350000000000001,17.12,9.39,null,14.05,null,13.53,16.559999999999999,17.079999999999998,null,14.91,15.23,16.88,15.85,14.14]
["EQUIPAMENTO (AQUISIÇÃO)",37514,"MINICARREGADEIRA SOBRE RODAS, POTENCIA LIQUIDA DE *47* HP, CAPACIDADE NOMINAL DE OPERACAO DE *646* KG","UN","C",{"$nulls":4},330000,319000,null,300000,null,null,300000,365000,{"$nulls":6},364250,null,437500,null,321000,null,null,360000]
["EQUIPAMENTO (AQUISIÇÃO)",37522,"MINIESCAVADEIRA SOBRE ESTEIRAS, POTENCIA LIQUIDA DE *42* HP, PESO OPERACIONAL DE *5.300* KG","UN","CR",{"$nulls":4},629530.93000000005,608546.56999999995,null,572300.85,null,null,572300.85,696299.36,{"$nulls":6},694868.61,null,834605.4,null,612361.9,null,null,686761.02]
["EQUIPAMENTO (AQUISIÇÃO)",37546,"MISTURADOR DE ARGAMASSA, EIXO HORIZONTAL, CAPACIDADE DE MISTURA 160 KG, MOTOR ELETRICO TRIFASICO 220/380 V, POTENCIA 3 CV","UN","CR",null,12028.65,13031.04,14529.61,14071.02,null,14149.68,11968.39,12153.95,15057.42,15374.13,12504.76,13356.82,15321.5,null,12779.19,16007.18,12474.12,13269.11,null,14742.25,14593.42,12162.85,12003.6,14284.03,12314.54,14658.67]
["MATERIAL",11769,"MISTURADOR DE METAL CROMADO, DE MESA/BANCADA, COM BICA BAIXA, PARA LAVATORIO","UN","CR",288.08999999999997,431.71,568.91,770.13,466.59,380.09,430.62,305.05,412.96,579.83000000000004,377.53,414.86,477.63,217.35,412.96,455.89,461.32,363.52,417.85,294.83,395.52,373.62,668.35,562.39,415.41,339.34,434.59]
["MATERIAL",37587,"MISTURADOR MONOCOMANDO PARA CHUVEIRO, BASE BRUTA, METALICO COM ACABAMENTO CROMADO","UN","CR",380.32,569.91,751.04,1016.67,615.97,501.77,568.48,402.7,545.16999999999996,765.46,498.4,547.67999999999995,630.53,286.93,545.16999999999996,601.83000000000004,609.01,479.89,551.62,389.22,522.14,493.23,882.31,742.43,548.39,447.97,573.72]
["MAO DE OBRA",34761,"MONTADOR DE ELETROELETRONICOS (HORISTA)","H","CR",17.84,19.22,24.29,16.02,18.2,16.48,17.55,26,18.38,15.98,16.989999999999998,17.22,15.55,15.48,14.74,17.260000000000002,15.38,21.93,25.01,17.09,18.5,19.899999999999999,18.5,30.45,15.47,30,18.02]
["MAO DE OBRA",40983,"MONTADOR DE ESTRUTURAS METALICAS (MENSALISTA)","MES","CR",3456.33,2549.48,3451.55,3280.31,4286.42,3173.91,2978.11,4027.16,2741.97,2702.56,3367.16,3622.25,2856.03,2677.18,2314.34,2582.09,2645.82,4007.22,5464.03,3357.54,3973.01,3060.26,4621.25,3904.63,2996.91,4158.6000000000004,2659.44]
["MAO DE OBRA",40921,"MONTADOR DE MAQUINAS (MENSALISTA)","MES","CR",3677.4,2699.29,3978.95,2890.92,6778.5,3766.1,3047.55,5370.21,2514.71,3206.25,4329.2299999999996,3958.73,2140.13,2659.91,2911.68,2654.09,3327.88,4837.5,6528.1,4299.93,4219.58,3255.99,6367.06,4576.32,5737.81,4983.28,2829.53]
["EQUIPAMENTO (AQUISIÇÃO)",36503,"MOTOBOMBA TRASH (PARA AGUA SUJA) AUTO ESCORVANTE, MOTOR GASOLINA DE 6,41 HP, DIAMETROS DE SUCCAO X RECALQUE: 3\" X 3\", HM/Q: 10/60 A 23/0","UN","CR",4710.28,3300.17,4737.63,4563.2,3695.37,4974.29,5322.03,4974.45,4010.62,4295.92,6010.54,5193.13,4183.78,4649.78,4807.66,3402.03,5576.68,4430.78,3920.99,4079.33,6366.07,4572.42,4889.7,3564.49,5458.42,4842.03,3361.28]
["EQUIPAMENTO (AQUISIÇÃO)",39628,"MOTOR A DIESEL PARA VIBRADOR DE IMERSAO, DE *4,7* CV","UN","CR",{"$nulls":4},4390.59,{"$nulls":11},4070.04,4388.8599999999997,4422.18,null,null,null,4667.8500000000004,null,null,4729.2700000000004]
["EQUIPAMENTO (AQUISIÇÃO)",39404,"MOTOR A GASOLINA PARA VIBRADOR DE IMERSAO, 4 TEMPOS, DE 5,5 CV","UN","CR",{"$nulls":4},2177.15,{"$nulls":11},2018.2,2176.29,2192.81,null,null,null,2314.64,null,null,2345.09]
["MAO DE OBRA",10512,"MOTORISTA DE CAMINHAO (MENSALISTA)","MES","CR",3406.87,3465.52,5024.29,3530.16,4239.17,4271.8999999999996,3694.54,3822.26,4054.43,3919.68,4330.7,3332.34,4363.75,3369.14,3337.13,3513.27,3205.7,4667.9399999999996,7357.49,3814.13,4114.1000000000004,3956.03,3591.48,5734.15,4098.12,4548.63,3292.26]
["MAO DE OBRA",40988,"MOTORISTA DE CAMINHAO-CARRETA (MENSALISTA)","MES","CR",4237.54,4310.49,6249.33,4390.8900000000003,5272.78,5313.49,4595.3500000000004,4754.22,5042.99,4875.38,5386.62,4144.83,5427.73,4190.6099999999997,4150.8,4369.8900000000003,3987.32,5806.09,9151.4,4744.1099999999997,5117.2,4920.6000000000004,4467.17,7132.27,5097.34,5657.69,4094.98]
["MATERIAL",4114,"MOURAO CONCRETO CURVO, SECAO \"T\", H = 2,80 M + CURVA COM 0,45 M, COM FUROS PARA FIOS","UN","CR",112.22,96.19,65.87,87.34,58.55,68.510000000000005,74.2,96.27,87.83,90.27,113.29,73.19,87.91,80.37,57.33,82.18,64.400000000000006,78.069999999999993,91.73,77.260000000000005,73.19,91.71,83.43,72.209999999999994,64.400000000000006,72.2,93.94]
["MATERIAL",4107,"MOURAO DE CONCRETO RETO, SECAO QUADRADA *10 X 10* CM, H= *2,30* M","UN","CR",94.21,80.75,55.3,73.319999999999993,49.15,57.52,62.29,80.819999999999993,73.73,75.78,95.1,61.44,73.8,67.47,48.13,68.989999999999995,54.07,65.540000000000006,77.010000000000005,64.86,61.44,76.989999999999995,70.040000000000006,60.62,54.07,60.61,78.86]
["MATERIAL",2747,"MOURAO ROLICO DE MADEIRA TRATADA, D = 16 A 20 CM, H = 2,20 M, EM EUCALIPTO OU EQUIVALENTE DA REGIAO (PARA CERCA)","M","CR",null,37.28,null,37.28,37.28,null,31.48,null,35.14,null,27.03,49.46,39.049999999999997,null,null,41.58,null,43.59,39.68,null,40.630000000000003,null,49.97,30.63,null,33.22]
["MATERIAL",38640,"MUDA DE ARBUSTO, PINGO DE OURO/ VIOLETEIRA, H = *10 A 20* CM","UN","CR",12.93,4.83,6.2,5.17,4.03,4.13,3.1,3.25,2.58,8.27,3.62,null,4.3899999999999997,3.1,null,5.17,4.13,2.0499999999999998,1.1599999999999999,4.13,8.27,6.2,2.58,2.63,3.41,2.73]
["MATERIAL",360,"MUDA DE RASTEIRA/FORRACAO, AMENDOIM RASTEIRO/ONZE HORAS/AZULZINHA/IMPATIENS OU EQUIVALENTE DA REGIAO","UN","C",12.5,4.67,6,5,3.9,4,3,3.15,2.5,8,3.5,null,4.25,3,null,5,4,1.99,1.1299999999999999,4,8,6,2.5,2.5499999999999998,3.3,2.64]
["MATERIAL",42430,"MULTIEXERCITADOR COM SEIS FUNCOES, EM TUBO DE ACO CARBONO, PINTURA NO PROCESSO ELETROSTATICO - EQUIPAMENTO DE GINASTICA PARA ACADEMIA AO AR LIVRE / ACADEMIA DA TERCEIRA IDADE - ATI","UN","CR",{"$nulls":25},6434.22]
["MATERIAL",4208,"NIPLE DE FERRO GALVANIZADO, COM ROSCA BSP, DE 2 1/2\"","UN","CR",52.85,null,null,null,48.39,{"$nulls":5},53.77,56.3,43.66,56.46,null,null,46.13,null,null,null,43.01,null,54.52,null,null,56.08,52.1]
["MATERIAL",4178,"NIPLE DE FERRO GALVANIZADO, COM ROSCA BSP, DE 3/4\"","UN","CR",7.69,null,null,null,7.04,{"$nulls":5},7.83,8.19,6.35,8.2200000000000006,null,null,6.71,null,null,null,6.26,null,7.94,null,null,8.16,7.58]
["MATERIAL",4191,"NIPLE DE REDUCAO DE FERRO GALVANIZADO, COM ROSCA BSP, DE 1 1/2\" X 3/4\"","UN","CR",29.32,null,null,null,26.84,{"$nulls":5},29.83,31.23,24.22,31.32,null,null,25.59,null,null,null,23.86,null,30.25,null,null,31.11,28.9]
["MATERIAL",4206,"NIPLE DE REDUCAO DE FERRO GALVANIZADO, COM ROSCA BSP, DE 1 1/4\" X 1\"","UN","CR",22.91,null,null,null,20.98,{"$nulls":5},23.31,24.4,18.920000000000002,24.47,null,null,20,null,null,null,18.64,null,23.63,null,null,24.31,22.58]
["MATERIAL",4197,"NIPLE DE REDUCAO DE FERRO GALVANIZADO, COM ROSCA BSP, DE 2 1/2\" X 2\"","UN","CR",73.209999999999994,null,null,null,67.03,{"$nulls":5},74.48,77.98,60.47,78.2,null,null,63.9,null,null,null,59.58,null,75.52,null,null,77.680000000000007,72.17]
["MATERIAL",4204,"NIPLE DE REDUCAO DE FERRO GALVANIZADO, COM ROSCA BSP, DE 2\" X 1\"","UN","CR",44.24,null,null,null,40.5,{"$nulls":5},45,47.12,36.54,47.25,null,null,38.61,null,null,null,36,null,45.63,null,null,46.94,43.61]
["MATERIAL",40365,"NIPLE SEXTAVADO EM ACO CARBONO, COM ROSCA BSP, PRESSAO 3.000 LBS, DN 1 1/4\"","UN","CR",{"$nulls":4},56.31,null,null,30.34,{"$nulls":14},51.34,null,null,38.42]
["MATERIAL",40362,"NIPLE SEXTAVADO EM ACO CARBONO, COM ROSCA BSP, PRESSAO 3.000 LBS, DN 1\"","UN","CR",{"$nulls":4},37.299999999999997,null,null,20.09,{"$nulls":14},34,null,null,25.45]
["MATERIAL",40359,"NIPLE SEXTAVADO EM ACO CARBONO, COM ROSCA BSP, PRESSAO 3.000 LBS, DN 3/4\"","UN","CR",{"$nulls":4},24.85,null,null,13.39,{"$nulls":14},22.66,null,null,16.96]
["EQUIPAMENTO (AQUISIÇÃO)",39610,"NOBREAK TRIFASICO, DE 15 KVA FATOR DE POTENCIA DE 0,8, AUTONOMIA MINIMA DE 30 MINUTOS A PLENA CARGA","UN","CR",120299.14,null,null,null,121310.05,74706.77,143327.82999999999,null,null,null,87684.93,null,70345.679999999993,null,null,102911.36,94108.29,null,99069.88,91791.27,73042.8,70562.009999999995,null,93590.7,99555.12,82399.850000000006]
["EQUIPAMENTO (AQUISIÇÃO)",39608,"NOBREAK TRIFASICO, DE 5 KVA FATOR DE POTENCIA DE 0,8, AUTONOMIA MINIMA DE 30 MINUTOS A PLENA CARGA","UN","CR",65897.59,null,null,null,66451.350000000006,40922.959999999999,78512.27,null,null,null,48032.14,null,38534.03,null,null,56372.9,51550.74,null,54268.6,50281.52,40011.46,38652.53,null,51267.22,54534.41,45137.08]
["MATERIAL",38176,"NUMERO / ALGARISMO PARA RESIDENCIA (FACHADA), EM ZAMAC, COM ALTURA DE APROX 125 MM, INCLUSIVE PARAFUSOS","UN","CR",14.68,13.66,16.39,13.63,14.14,14.34,13.65,13.58,15.57,13.32,15.3,15.93,18.09,14.51,15.75,15.64,14.51,13.35,14.96,13.93,16.53,15.02,14.58,15.03,15.02,13.66,16.39]
["MATERIAL",38170,"OLHO MAGICO PARA PORTAS, EM LATAO, COM LENTE DE POLICARBONATO, ANGULO DE *200* GRAUS, ESPESSURA ENTRE *25 E 46* MM, INCLUINDO FECHO JANELA","UN","CR",21.82,20.3,24.36,20.25,21.01,21.31,20.29,20.170000000000002,23.14,19.79,22.73,23.67,26.87,21.56,23.4,23.24,21.56,19.84,22.22,20.69,24.56,22.32,21.66,22.33,22.32,20.3,24.36]
["MAO DE OBRA",40986,"OPERADOR DE BETONEIRA ESTACIONARIA / MISTURADOR (MENSALISTA)","MES","CR",2677.06,2063.1,3733.07,2606.29,5135.74,3477.05,3047.55,3653.86,2245.35,2640.04,3530.35,3224.38,2423.5700000000002,2677.18,1943.67,2619.1999999999998,3387.6,4157.74,4211.1499999999996,3271.93,3095.81,2446.34,5032.03,4328.8900000000003,3093.24,4071.18,2506.08]
["MAO DE OBRA",41043,"OPERADOR DE DEMARCADORA DE FAIXAS DE TRAFEGO (MENSALISTA)","MES","CR",4662.78,2824.99,5380.58,3522.57,5227.68,3802.14,3049.78,4275.34,2446.44,3206.25,4331.6499999999996,3671.72,2701.25,3209.43,2947.85,3239.1,3503.03,4426.72,4896.7,4189.22,4114.1000000000004,3690.23,6082.75,4947.5,3696.42,4489.8,3635.82]
["MAO DE OBRA",4234,"OPERADOR DE ESCAVADEIRA (HORISTA)","H","C",27.76,17.97,31.55,21.95,31.92,25.63,20.73,26.7,21.71,18.89,31.03,23.72,17.760000000000002,20.260000000000002,18.71,20.07,21.92,26.61,31.9,28.62,23.71,24.65,31.29,26.87,23.18,34.200000000000003,21.28]
["MAO DE OBRA",4254,"OPERADOR DE GUINDASTE (HORISTA)","H","CR",27.38,15.75,31.11,21.64,38.06,36.049999999999997,17.100000000000001,35.619999999999997,22.57,22.46,29.69,24.65,18.43,19.96,22.25,23.86,26.06,34.39,34,34.01,23.38,24.3,45.91,27.2,27.55,24.54,20.98]
["MAO DE OBRA",40998,"OPERADOR DE MAQUINAS E TRATORES DIVERSOS - TERRAPLANAGEM (MENSALISTA)","MES","CR",4575.6899999999996,2826.29,5387.06,5211.79,5095.41,4421.62,3047.55,4884.4399999999996,2749.63,3598.78,5016.3999999999996,3681.62,2743.77,3233.37,3046.13,3081.81,3387.6,4466.0600000000004,5573.31,3697.18,4722.26,4051.34,5907.29,4699.0200000000004,3921.64,4817.38,3361.42]
["MAO DE OBRA",4240,"OPERADOR DE MOTO SCRAPER (HORISTA)","H","CR",33.47,28.84,36.72,28.02,45.15,37.450000000000003,30.46,32.58,25.93,27.54,32.729999999999997,30.95,21.9,23.98,25.49,22.18,36.049999999999997,32.51,32.549999999999997,37.64,28.6,27.17,46.98,37.42,35.97,35.409999999999997,29.46]
["MAO DE OBRA",4239,"OPERADOR DE MOTONIVELADORA (HORISTA)","H","CR",33.47,28.84,36.72,28.02,45.15,37.450000000000003,30.46,32.58,25.93,27.54,32.729999999999997,30.95,21.9,23.98,25.49,22.18,36.049999999999997,32.51,32.549999999999997,37.64,28.6,27.17,46.98,37.42,35.97,35.409999999999997,29.46]
["MAO DE OBRA",41040,"OPERADOR DE PAVIMENTADORA / MESA VIBROACABADORA (MENSALISTA)","MES","CR",4662.78,2824.99,5380.58,3522.57,5227.68,3802.14,3049.78,4275.34,2446.44,3206.25,4331.6499999999996,3671.72,2701.25,3209.43,2947.85,3239.1,3503.03,4426.72,4896.7,4189.22,4114.1000000000004,3690.23,6082.75,4947.5,3696.42,4489.8,3635.82]
["MATERIAL",2,"OXIGENIO - RECARGA DE GAS PARA CILINDRO (NAO INCLUI TROCA/MANUTENCAO DO CILINDRO)","M3","CR",null,26.93,null,null,33.42,20.13,null,20.82,16.07,null,17.28,21.91,28.49,null,20.69,null,null,21.91,{"$nulls":4},24.08,null,39.450000000000003,22.9]
["EQUIPAMENTO (AQUISIÇÃO)",4263,"PA CARREGADEIRA SOBRE RODAS, POTENCIA LIQUIDA 197 HP, CAPACIDADE DA CACAMBA DE 2,5 A 3,5 M3, PESO OPERACIONAL MAXIMO DE 18338 KG","UN","CR",null,null,1137066.6100000001,null,1069119.94,1036533.28,null,963733.28,null,null,952879.84,908266.62,null,1164799.94,null,null,null,1137066.6100000001,1150933.27,null,1164799.94,null,1074666.6100000001,1101013.28,null,922133.28]
["EQUIPAMENTO (AQUISIÇÃO)",36518,"PA CARREGADEIRA SOBRE RODAS, POTENCIA LIQUIDA 213 HP, CAPACIDADE DA CACAMBA DE 1,9 A 3,5 M3, PESO OPERACIONAL MAXIMO DE 19234 KG","UN","CR",null,null,1294506.6100000001,null,1217151.94,1180053.28,null,1097173.28,null,null,1084817.06,1034026.62,null,1326079.94,null,null,null,1294506.6100000001,1310293.27,null,1326079.94,null,1223466.6100000001,1253461.28,null,1049813.28]
["MATERIAL",3413,"PAINEL DE LA DE VIDRO SEM REVESTIMENTO PSI 20, E = 50 MM, DE 1200 X 600 MM","M2","CR",null,51.41,null,null,77.47,null,null,39.47,null,null,28.69,{"$nulls":7},50.16,null,null,null,77.099999999999994,56.92,null,45.86]
["MATERIAL",39638,"PAINEL ESTRUTURAL PARA LAJE SECA REVESTIDO EM PLACA CIMENTICIA, DE 1,20 X 2,50 M, E = 40 MM","M2","CR",163.6,158.57,211.1,82.98,109,166.91,86.18,103.64,113.2,154.55000000000001,95.27,111.27,115.44,190.82,146.55000000000001,135.06,121.64,106.36,114.53,144.72999999999999,109,169.69,116.36,105.27,147.55000000000001,97.98,155.29]
["MATERIAL",37400,"PAPELEIRA PLASTICA TIPO DISPENSER PARA PAPEL HIGIENICO ROLAO","UN","CR",71.959999999999994,61.32,37.590000000000003,67.31,52.54,44.75,35.299999999999997,65.17,105.1,102.65,42.91,52.99,49.96,59.33,88.49,88.39,51.84,41.54,48.84,55.57,66.959999999999994,85.74,45.7,57.73,71.05,60.13,47.89]
["MATERIAL",4276,"PARA-RAIOS DE DISTRIBUICAO, TENSAO NOMINAL 15 KV, CORRENTE NOMINAL DE DESCARGA 5 KA","UN","CR",198.8,null,264.97000000000003,null,210.02,null,156.47999999999999,191.95,222.91,210.88,182.06,219.51,236.49,233.36,127.97,null,191.5,null,184.43,225.68,232.81,null,203.25,207.58,230.01,216.09,192.71]
["MATERIAL",39438,"PARAFUSO CABECA TROMBETA E PONTA AGULHA (GN55), COMPRIMENTO 55 MM, EM ACO FOSFATIZADO, PARA FIXAR CHAPA DE GESSO EM PERFIL DRYWALL METALICO MAXIMO 0,7 MM","UN","CR",null,0.26,null,0.35,0.3,0.36,{"$nulls":4},0.33,0.28999999999999998,0.26,0.33,null,0.41,null,0.23,0.35,null,0.3,null,null,0.32,null,0.26]
["MATERIAL",13294,"PARAFUSO DE ACO ZINCADO, SEXTAVADO, COM ROSCA SOBERBA, DIAMETRO 3/8\", COMPRIMENTO 80 MM","UN","CR",null,1.49,null,2.0099999999999998,1.73,2.08,{"$nulls":4},1.93,1.69,1.49,1.91,null,2.35,null,1.37,2.0099999999999998,null,1.73,null,null,1.87,null,1.53]
["MATERIAL",11955,"PARAFUSO DE LATAO COM ACABAMENTO CROMADO PARA FIXAR PECA SANITARIA, INCLUI PORCA CEGA, ARRUELA E BUCHA DE NYLON TAMANHO S-10","UN","CR",null,4.41,null,5.95,5.13,6.15,{"$nulls":4},5.7,4.9800000000000004,4.41,5.64,null,6.93,null,4.04,5.95,null,5.13,null,null,5.54,null,4.51]
["MATERIAL",11960,"PARAFUSO DE LATAO COM ROSCA SOBERBA, CABECA CHATA E FENDA SIMPLES, DIAMETRO 2,5 MM, COMPRIMENTO 12 MM","UN","CR",null,0.14000000000000001,null,0.2,0.17,0.2,{"$nulls":4},0.19,0.16,0.14000000000000001,0.19,null,0.23,null,0.13,0.2,null,0.17,null,null,0.18,null,0.15]
["MATERIAL",39437,"PARAFUSO DRY WALL, EM ACO FOSFATIZADO, CABECA TROMBETA E PONTA AGULHA (TA), COMPRIMENTO 45 MM","UN","CR",null,0.22,null,0.3,0.26,0.32,{"$nulls":4},0.28999999999999998,0.25,0.22,0.28999999999999998,null,0.36,null,0.21,0.3,null,0.26,null,null,0.28000000000000003,null,0.23]
["MATERIAL",39442,"PARAFUSO DRY WALL, EM ACO ZINCADO, CABECA LENTILHA E PONTA AGULHA (LA), LARGURA 4,2 MM, COMPRIMENTO 13 MM","UN","CR",null,0.18,null,0.24,0.21,0.25,{"$nulls":4},0.23,0.2,0.18,0.23,null,0.28999999999999998,null,0.16,0.24,null,0.21,null,null,0.23,null,0.18]
["MATERIAL",4383,"PARAFUSO FRANCES METRICO ZINCADO, DIAMETRO 12 MM, COMPRIMENTO 140MM, COM PORCA SEXTAVADA E ARRUELA DE PRESSAO MEDIA","UN","CR",null,19.440000000000001,null,26.22,22.6,27.13,{"$nulls":4},25.14,21.97,19.440000000000001,24.86,null,30.56,null,17.809999999999999,26.22,null,22.6,null,null,24.41,null,19.89]
["MATERIAL",4344,"PARAFUSO FRANCES METRICO ZINCADO, DIAMETRO 12 MM, COMPRIMENTO 150 MM, COM PORCA SEXTAVADA E ARRUELA DE PRESSAO MEDIA","UN","CR",null,20.37,null,27.48,23.69,28.43,{"$nulls":4},26.34,23.03,20.37,26.06,null,32.03,null,18.670000000000002,27.48,null,23.69,null,null,25.59,null,20.85]
["MATERIAL",441,"PARAFUSO M16 EM ACO GALVANIZADO, COMPRIMENTO = 150 MM, DIAMETRO = 16 MM, ROSCA MAQUINA, CABECA QUADRADA","UN","CR",{"$nulls":4},11.55,{"$nulls":8},11.87,{"$nulls":6},11.94,{"$nulls":4},11.94]
["MATERIAL",429,"PARAFUSO M16 EM ACO GALVANIZADO, COMPRIMENTO = 300 MM, DIAMETRO = 16 MM, ROSCA DUPLA","UN","CR",{"$nulls":4},20.75,{"$nulls":8},21.33,{"$nulls":6},21.45,{"$nulls":4},21.45]
["MATERIAL",11790,"PARAFUSO M16 EM ACO GALVANIZADO, COMPRIMENTO = 450 MM, DIAMETRO = 16 MM, ROSCA MAQUINA, CABECA QUADRADA","UN","CR",{"$nulls":4},31.11,{"$nulls":8},31.98,{"$nulls":6},32.159999999999997,{"$nulls":4},32.159999999999997]
["MATERIAL",428,"PARAFUSO M16 EM ACO GALVANIZADO, COMPRIMENTO = 500 MM, DIAMETRO = 16 MM, ROSCA MAQUINA, COM CABECA SEXTAVADA E PORCA","UN","C",{"$nulls":4},33.83,{"$nulls":8},34.770000000000003,{"$nulls":6},34.97,{"$nulls":4},34.97]
["MATERIAL",11056,"PARAFUSO ROSCA SOBERBA ZINCADO CABECA CHATA FENDA SIMPLES 3,8 X 30 MM (1.1/4\")","UN","CR",7.0000000000000007E-2,0.09,null,null,0.08,7.0000000000000007E-2,null,0.12,0.06,0.12,0.08,7.0000000000000007E-2,0.06,0.12,0.11,0.05,0.12,0.05,0.1,7.0000000000000007E-2,7.0000000000000007E-2,7.0000000000000007E-2,0.09,0.08,0.11,0.09,7.0000000000000007E-2]
["MATERIAL",4320,"PARAFUSO ZINCADO 5/16\" X 250 MM PARA FIXACAO DE TELHA DE FIBROCIMENTO CANALETE 49, INCLUI BUCHA NYLON S-10","UN","CR",2.85,3.65,null,null,3.28,2.8,null,5.0199999999999996,2.57,4.79,3.43,2.82,2.52,4.79,4.41,2.29,4.76,2.27,4.29,3.02,3.02,3.15,3.58,3.17,4.41,3.73,2.97]
["MATERIAL",4305,"PARAFUSO ZINCADO ROSCA SOBERBA, CABECA SEXTAVADA, 5/16\" X 180 MM, PARA FIXACAO DE TELHA EM MADEIRA","UN","CR",1.79,2.2999999999999998,null,null,2.06,1.76,null,3.15,1.61,3.01,2.15,1.77,1.58,3.01,2.77,1.44,3,1.42,2.69,1.9,1.9,1.98,2.25,2,2.77,2.34,1.87]
["MATERIAL",4306,"PARAFUSO ZINCADO ROSCA SOBERBA, CABECA SEXTAVADA, 5/16\" X 200 MM, PARA FIXACAO DE TELHA EM MADEIRA","UN","CR",2.08,2.66,null,null,2.39,2.04,null,3.66,1.87,3.49,2.5,2.06,1.84,3.49,3.22,1.67,3.47,1.65,3.13,2.2000000000000002,2.2000000000000002,2.2999999999999998,2.61,2.31,3.22,2.72,2.17]
["MATERIAL",11962,"PARAFUSO ZINCADO, SEXTAVADO, COM ROSCA INTEIRA, DIAMETRO 1/4\", COMPRIMENTO 1/2\"","UN","CR",null,0.22,null,0.3,0.26,0.31,{"$nulls":4},0.28999999999999998,0.25,0.22,0.28000000000000003,null,0.35,null,0.2,0.3,null,0.26,null,null,0.28000000000000003,null,0.22]
["MATERIAL",4336,"PARAFUSO ZINCADO, SEXTAVADO, COM ROSCA INTEIRA, DIAMETRO 5/8\", COMPRIMENTO 3\", COM PORCA E ARRUELA DE PRESSAO MEDIA","UN","CR",null,5.21,null,7.03,6.06,7.27,{"$nulls":4},6.74,5.89,5.21,6.67,null,8.1999999999999993,null,4.7699999999999996,7.03,null,6.06,null,null,6.55,null,5.33]
["MATERIAL",40552,"PARAFUSO, AUTOATARRAXANTE, CABECA CHATA, FENDA SIMPLES, EM ACO ZINCADO, 1/4\" (6,35 MM) X 25 MM","CENTO","CR",null,46.53,null,62.77,54.11,64.930000000000007,{"$nulls":4},60.17,52.59,46.53,59.52,null,73.16,null,42.64,62.77,null,54.11,null,null,58.44,null,47.61]
["MATERIAL",40549,"PARAFUSO, COMUM, ASTM A307, SEXTAVADO, DIAMETRO 1/2\" (12,7 MM), COMPRIMENTO 1\" (25,4 MM)","CENTO","CR",null,184.2,null,248.46,214.19,257.02999999999997,{"$nulls":4},238.18,208.19,184.2,235.61,null,289.58999999999997,null,168.78,248.46,null,214.19,null,null,231.33,null,188.49]
["MATERIAL",39897,"PASTA PARA SOLDA DE TUBOS E CONEXOES DE COBRE (EMBALAGEM COM 250 G)","UN","CR",{"$nulls":6},91.45,{"$nulls":18},56.57]
["MATERIAL",36882,"PASTILHA CERAMICA/PORCELANA, REVEST INT/EXT E PISCINA, CORES LISAS/SOLIDAS, QUENTES, SEM MESCLAGEM/MISTURA, *5 X 5* CM","M2","CR",255.97,210.5,231.89,259.69,163.69999999999999,230.36,235.41,173.84,198.28,248.94,211.85,239.53,271.61,225.14,262.87,213.56,237.64,201.34,200.76,195.53,250.53,240.35,225.78,169.23,190.8,164.68,228.53]
["MATERIAL",39604,"PATCH CORD (CABO DE REDE), CATEGORIA 5 E (CAT 5E) UTP, 24 AWG, 4 PARES, EXTENSAO DE 1,50 M","UN","CR",13.29,11.83,12.18,9.26,11.52,11.87,14.98,11.48,13.43,13.96,12.27,16.22,16,15.6,15.11,12.01,18.79,16.71,13.91,12.05,9.9700000000000006,13.07,13.07,14.62,12.05,14.53,15.6]
["MATERIAL",39606,"PATCH CORD (CABO DE REDE), CATEGORIA 6 (CAT 6) UTP, 23 AWG, 4 PARES, EXTENSAO DE 1,50 M","UN","CR",25.29,22.51,23.18,17.62,21.92,22.59,28.49,21.83,25.54,26.55,23.35,30.85,30.43,29.67,28.75,22.84,35.74,31.78,26.47,22.93,18.96,24.87,24.87,27.82,22.93,27.65,29.67]
["MATERIAL",39597,"PATCH PANEL, 48 PORTAS, CATEGORIA 6, COM RACKS DE 19\" DE LARGURA E 2 U DE ALTURA","UN","CR",4338.12,null,4323.0200000000004,{"$nulls":5},3719.59,null,3218.57,{"$nulls":4},5774.82,null,2737.19,{"$nulls":4},3198.09,null,null,3217.44]
["MATERIAL",4721,"PEDRA BRITADA N. 1 (9,5 A 19 MM) POSTO PEDREIRA/FORNECEDOR, SEM FRETE","M3","CR",348.17,92.51,278.52999999999997,298.43,116.09,111.23,205.09,141.25,123.83,108.35,126.92,98.88,176.57,252.15,99.47,108.35,234.56,64.209999999999994,119.37,139.13999999999999,233.27,318.32,92.87,111.91,137.75,77.78,143.16999999999999]
["MATERIAL",13186,"PEDRA GRANITICA OU BASALTICA IRREGULAR, FAIXA GRANULOMETRICA 100 A 150 MM PARA PAVIMENTACAO OU CALCAMENTO POLIEDRICO, POSTO PEDREIRA / FORNECEDOR (SEM FRETE)","M3","CR",377.61,100.33,302.08,323.66000000000003,125.9,120.64,222.43,153.19999999999999,134.29,117.51,137.65,107.24,191.5,273.47000000000003,107.88,117.51,254.4,69.64,129.46,150.91,252.99,345.24,100.72,121.37,149.4,84.35,155.28]
["MATERIAL",10737,"PEDRA GRANITICA OU BASALTO, CACO, RETALHO, CAVACO, TIPO MIRACEMA, MADEIRA, PADUANA, RACHINHA, SANTA ISABEL OU OUTRAS SIMILARES, E= *1,0 A *2,0 CM","M2","CR",{"$nulls":25},141.41]
["MATERIAL",4710,"PEDRA QUARTZITO OU CALCARIO LAMINADO, SERRADA, TIPO CARIRI, ITACOLOMI, LAGOA SANTA, LUMINARIA, PIRENOPOLIS, SAO TOME OU OUTRAS SIMILARES DA REGIAO, *20 X *40 CM, E= *1,5 A *2,5 CM","M2","CR",{"$nulls":25},255.82]
["MATERIAL",41975,"PEITORIL PRE-MOLDADO EM GRANILITE, MARMORITE OU GRANITINA, L = *15* CM","M2","CR",{"$nulls":10},130.34,{"$nulls":14},103.04]
["EQUIPAMENTO (AQUISIÇÃO)",38410,"PENEIRA ROTATIVA COM MOTOR ELETRICO TRIFASICO DE 2 CV, CILINDRO DE 1 M X 0,60 M, COM FUROS DE 3,17 MM","UN","CR",null,14085.38,15259.17,17013.97,16476.97,null,16569.080000000002,14014.81,14232.11,17632.03,18002.88,14642.9,15640.65,17941.259999999998,null,14964.25,18744.189999999999,14607.01,15537.94,null,17262.96,17088.68,14242.52,14056.04,16726.400000000001,14420.15,17165.099999999999]
["MATERIAL",40535,"PERFIL \"U\" SIMPLES, EM CHAPA DOBRADA DE ACO LAMINADO, E = 2,65 MM, H = 75 MM, L = 40 MM (3,04 KG/M)","KG","CR",{"$nulls":4},8.18,{"$nulls":6},8.5399999999999991,{"$nulls":8},22.96,null,10.53,null,null,8.66]
["MATERIAL",43692,"PERFIL \"U\" SIMPLES, EM CHAPA DOBRADA DE ACO LAMINADO, E = 3 MM, H = 200 MM, L = 50 MM (6,83 KG/M)","KG","CR",{"$nulls":4},8.61,{"$nulls":6},9,{"$nulls":8},24.19,null,11.1,null,null,9.1199999999999992]
["MATERIAL",39425,"PERFIL CANTONEIRA L, PERFURADA, EM ACO, 23 X 23 MM, E = 0,5 MM, PARA ESTRUTURA DRYWALL","M","CR",3.42,4.09,3.29,3.87,3.73,3.92,2.83,2.4900000000000002,2.79,3.93,2.72,2.67,3.13,3.96,3.29,3.03,2.7,2.91,2.62,3.79,4.3,3.9,3.07,3.12,3.69,2.57,2.2000000000000002]
["MATERIAL",34360,"PERFIL DE ALUMINIO ANODIZADO","KG","CR",{"$nulls":4},56.69,{"$nulls":5},67.14,78.67,{"$nulls":5},52.14,{"$nulls":4},46.43,53.8,null,43.04]
["MATERIAL",3678,"PERFIL ELASTOMERICO PRE-FORMADO EM EPMD, PARA JUNTA DE DILATACAO DE USO GERAL EM MEDIAS SOLICITACOES, 8 MM DE LARGURA, MOVIMENTACAO DE *5 A 11* MM","M","CR",134.9,null,null,null,117.61,{"$nulls":5},198.55,{"$nulls":5},217.92,null,null,85.09,{"$nulls":5},94.78]
["MATERIAL",39419,"PERFIL GUIA, FORMATO U, EM ACO ZINCADO, PARA ESTRUTURA PAREDE DRYWALL, E = 0,5 MM, 70 X 3000 MM (L X C)","M","CR",7.92,9.48,7.63,8.9499999999999993,8.64,9.09,6.55,5.78,6.46,9.1,6.31,6.19,7.25,9.18,7.63,7.02,6.25,6.73,6.07,8.7799999999999994,9.9700000000000006,9.0399999999999991,7.1,7.22,8.5399999999999991,5.96,5.0999999999999996]
["MATERIAL",39423,"PERFIL MONTANTE, FORMATO C, EM ACO ZINCADO, PARA ESTRUTURA PAREDE DRYWALL, E = 0,5 MM, 90 X 3000 MM (L X C)","M","CR",10.44,12.49,10.050000000000001,11.79,11.38,11.97,8.6199999999999992,7.61,8.51,11.98,8.31,8.16,9.5500000000000007,12.09,10.050000000000001,9.25,8.23,8.8699999999999992,8,11.56,13.13,11.91,9.36,9.51,11.25,7.85,6.72]
["MATERIAL",39570,"PERFIL TRAVESSA (SECUNDARIO), T CLICADO, EM ACO GALVANIZADO, BRANCO, PARA FORRO REMOVIVEL, 24 X 1250 MM (L X C)","M","CR",5.19,6.21,5,5.87,5.66,5.95,4.29,3.79,4.2300000000000004,5.96,4.13,4.0599999999999996,4.75,6.01,5,4.5999999999999996,4.09,4.41,3.98,5.75,6.53,5.93,4.6500000000000004,4.7300000000000004,5.6,3.9,3.34]
["MATERIAL",39029,"PERFILADO PERFURADO DUPLO 38 X 76 MM, CHAPA 22","M","CR",16.57,19.829999999999998,15.96,18.72,18.059999999999999,19,13.69,12.09,13.51,19.02,13.19,12.95,15.16,19.18,15.96,14.69,13.06,14.08,12.69,18.350000000000001,20.84,18.91,14.85,15.09,17.86,12.45,10.67]
["EQUIPAMENTO (AQUISIÇÃO)",38541,"PERFURATRIZ COM TORRE METALICA PARA EXECUCAO DE ESTACA HELICE CONTINUA, PROFUNDIDADE MAXIMA DE 30 M, DIAMETRO MAXIMO DE 800 MM, POTENCIA INSTALADA DE 268 HP, MESA ROTATIVA COM TORQUE MAXIMO DE 170 KNM","UN","CR",{"$nulls":4},4512405.72,null,null,4443243.2300000004,null,null,4554054.04,4405405.4000000004,null,4459459.45,null,null,null,4547297.29,4851351.34,null,4972972.96,null,5216216.21,5135135.13,null,4625940.91]
["EQUIPAMENTO (AQUISIÇÃO)",43886,"PERFURATRIZ HIDRAULICA SOBRE ESTEIRA, TORQUE MAXIMO 98 KNM, PROFUNDIDADE MAXIMA 25 M, DIAMETRO MAXIMO 115 MM, POTENCIA MOTOR 190 HP","UN","CR",{"$nulls":4},3193783.48,null,null,3144831.76,null,null,3223261.26,3118050.96,null,3156309.25,null,null,null,3218478.98,3433681.88,null,3519763.04,null,3691925.37,3634537.93,null,3274141.24]
["EQUIPAMENTO (AQUISIÇÃO)",40791,"PERFURATRIZ MANUAL, TORQUE MAXIMO 83 N.M, POTENCIA 5 CV, COM DIAMETRO MAXIMO 4\", PARA SOLO GRAMPEADO (INCLUI SUPORTE OU CHASSI TIPO MESA)","UN","CR",{"$nulls":4},42512.76,48984.83,null,39880.199999999997,null,64953.29,44667.02,50596.34,47615.64,42448.55,51739.3,null,null,47704.37,43546.62,null,36105.839999999997,null,51090.879999999997,37185.29,null,37365.629999999997,64020.42]
["EQUIPAMENTO (AQUISIÇÃO)",44550,"PERFURATRIZ PARA FURO DIRECIONAL HORIZONTAL (HDD) COM CAPACIDADE DE 201 KN A 560 KN, POTENCIA 200 HP A 260 HP (INCLUSO FERRAMENTAS E LOCALIZADOR), PARA REDE SUBTERRANEA","UN","CR",{"$nulls":4},8774523.3599999994,null,null,8640034.5999999996,null,null,8855509.9100000001,8566457.6600000001,null,8671567.5700000003,null,null,null,8842371.1699999999,9433614.4199999999,null,9670111.7200000007,null,10143106.310000001,9985441.4499999993,null,8995296.3200000003]
["MATERIAL",45265,"PERNEIRA DE RASPA COM VELCRO","PAR","CR",33.979999999999997,35.15,35.729999999999997,42.18,34.21,36.619999999999997,32.71,30.93,28.7,31.89,32.43,36.65,45.3,41.24,40.68,37.799999999999997,44.24,37.26,42.18,32.69,37.49,44.97,39.6,37.299999999999997,31.63,36.32,39.32]
["MATERIAL",35276,"PILAR QUADRADO NAO APARELHADO *20 X 20* CM, EM MACARANDUBA/MASSARANDUBA, ANGELIM OU EQUIVALENTE DA REGIAO - BRUTA","M","CR",161.08000000000001,137.05000000000001,127.21,133.11000000000001,187.09,203.81,186.1,189.76,154.62,182.73,253.01,193.27,167.27,186.1,160.52000000000001,204.52,140.56,234.74,212.95,217.87,189.48,119.48,176.12,421.69,146.46,228.69,189.76]
["MATERIAL",37396,"PINO DE ACO LISO 1/4\", HASTE = *36,5* MM (ACAO DIRETA)","CENTO","CR",{"$nulls":4},51.56,null,null,28.99,null,null,72.489999999999995,{"$nulls":7},57.99,{"$nulls":6},34.31]
["MATERIAL",37397,"PINO DE ACO LISO 1/4\", HASTE = *53* MM (ACAO DIRETA)","CENTO","CR",{"$nulls":4},54.01,null,null,30.37,null,null,75.930000000000007,{"$nulls":7},60.75,{"$nulls":6},35.94]
["MAO DE OBRA",12874,"PINTOR DE LETREIROS (HORISTA)","H","CR",20.46,17.440000000000001,18.739999999999998,18.37,21.5,18.899999999999999,20.13,19.71,21.07,19.420000000000002,20.93,17.829999999999998,17.239999999999998,17.739999999999998,16.649999999999999,19.48,17.63,25.14,23.87,17.84,20.22,20.89,19.82,26.22,18.29,21.5,20.65]
["MAO DE OBRA",41081,"PINTOR PARA TINTA EPOXI (MENSALISTA)","MES","CR",3681.3,3137.7,3387.46,3287.95,4346.1400000000003,3424.27,3694.54,3750.78,3822.93,3521.69,3807.32,3208.68,3130.51,3166.59,2999.75,3513.27,3205.7,4542.42,4550.6400000000003,3210.31,3612.54,3750.13,3588.14,4735.1499999999996,3146.02,4086.34,3731.23]
["MATERIAL",4795,"PISO DE BORRACHA PASTILHADO EM PLACAS 50 X 50 CM, E = 15 MM, PARA ARGAMASSA, PRETO","M2","CR",375.93,530.54999999999995,375.93,334.55,443.15,326.3,334.79,326.37,342.65,330.06,356.41,331.44,351.55,419.05,404.91,482.85,447.02,327.48,386.28,375.93,375.93,375.93,285.92,305.23,375.93,346.45,375.93]
["SERVIÇOS",39694,"PISO ELEVADO COM 2 PLACAS DE ACO COM ENCHIMENTO DE CONCRETO CELULAR, INCLUSO BASE/HASTE/CRUZETAS, 60 X 60 CM, H = *28* CM, RESISTENCIA CARGA CONCENTRADA 496 KG (COM COLOCACAO)","M2","CR",281.14999999999998,549.89,311.77999999999997,398.48,354.97,null,298.42,356.54,325.13,384.81,376.96,502.61,391.09,392.51,365.96,391.09,431.93,471.2,548.48,392.67,429.42,362.19,556.02,361.09,395.65,408.37,384.81]
["MATERIAL",10840,"PISO EM GRANITO, POLIDO, TIPO AMENDOA/ AMARELO CAPRI/ AMARELO DOURADO CARIOCA OU OUTROS EQUIVALENTES DA REGIAO, FORMATO MENOR OU IGUAL A 3025 CM2, E= *2* CM","M2","C",830,409.5,520,580,313.5,342.5,351.55,237.5,390,null,311.67,445,418,550,350,560,null,470,510,null,520,null,440,450,365,450]
["MATERIAL",45191,"PISO EM PORCELANATO,RETIFICADO, LISO, MONOCOLOR, ACETINADO OU POLIDO, FORMATO MAIOR QUE 6400 CM2","M2","CR",142.13,116.89,128.76,144.19999999999999,90.9,127.91,130.71,96.53,110.1,138.22999999999999,117.63,133,150.82,125.01,145.97,118.58,131.94999999999999,111.8,111.48,108.57,139.11000000000001,133.46,125.37,93.97,105.94,91.44,126.9]
["SERVIÇOS",40649,"PISO EPOXI MULTILAYER, ESPESSURA *2* MM (INCLUSO EXECUCAO)","M2","CR",{"$nulls":10},167.64,{"$nulls":14},132.53]
["MATERIAL",40651,"PISO FULGET (GRANITO LAVADO) EM PLACAS DE *75 X 75* CM, E = 2,0 CM (SEM COLOCACAO)","M2","CR",{"$nulls":10},398.13,{"$nulls":14},314.73]
["MATERIAL",36178,"PISO TATIL / PODOTATIL, LADRILHO HIDRAULICO/CONCRETO, *40 X 40* CM, E= 2,5* CM, PADRAO TATIL ALERTA OU DIRECIONAL, COR NATURAL","UN","CR",28.68,14.34,24.05,19.64,14.34,13.13,17.63,17.649999999999999,18.2,14.34,14.77,16.68,21.02,15.75,12.61,13.24,12.13,11.36,15.88,14.83,21.02,28.68,14.12,12.7,16.55,18.97,20.85]
["SERVIÇOS",40654,"PISO URETANO, VERSAO REVESTIMENTO AUTONIVELANTE, ESPESSURA VARIAVEL DE 3 A 4 MM (INCLUSO EXECUCAO)","M2","CR",{"$nulls":10},279.41000000000003,{"$nulls":14},220.88]
["MATERIAL",39567,"PLACA / CHAPA DE GESSO ACARTONADO, ACABAMENTO VINILICO LISO EM UMA DAS FACES, COR BRANCA, BORDA QUADRADA, E = 9,5 MM, *625 X 1250* MM (L X C), PARA FORRO REMOVIVEL","M2","CR",57.36,52.49,48.54,45.35,43.15,43.99,40.49,41.9,43.01,52.49,44.08,43.19,56.43,46.18,43.99,39.700000000000003,46.18,43.99,43.01,45.39,61.47,51.97,50.38,46.71,48.27,41.67,43.99]
["MATERIAL",39566,"PLACA / CHAPA DE GESSO ACARTONADO, ACABAMENTO VINILICO LISO EM UMA DAS FACES, COR BRANCA, BORDA QUADRADA, E = 9,5 MM, *625 X 625* MM (L X C), PARA FORRO REMOVIVEL","M2","CR",60.72,55.56,51.38,48,45.67,46.56,42.86,44.35,45.52,55.56,46.65,45.72,59.73,48.88,46.56,42.02,48.88,46.56,45.52,48.04,65.06,55,53.32,49.44,51.09,44.11,46.56]
["MATERIAL",39414,"PLACA / CHAPA DE GESSO ACARTONADO, RESISTENTE AO FOGO (RF), COR ROSA, E = 12,5 MM, 1200 X 1800 MM (L X C)","M2","CR",35.049999999999997,32.07,29.66,27.7,26.36,26.87,24.74,25.6,26.28,32.07,26.93,26.39,34.479999999999997,28.22,26.87,24.25,28.22,26.87,26.28,27.73,37.549999999999997,31.75,30.78,28.53,29.49,25.46,26.87]
["MATERIAL",43741,"PLACA / CHAPA DE GESSO ACARTONADO, STANDARD (ST), COR BRANCA, E = 15 MM, 1200 X 2400 MM (L X C)","M2","CR",29.17,26.69,24.68,23.05,21.94,22.36,20.59,21.3,21.87,26.69,22.41,21.96,28.69,23.48,22.36,20.18,23.48,22.36,21.87,23.08,31.25,26.42,25.61,23.75,24.54,21.19,22.36]
["MATERIAL",13521,"PLACA DE ACO ESMALTADA PARA IDENTIFICACAO DE RUA, *45 CM X 20* CM","UN","CR",{"$nulls":4},124.57,{"$nulls":5},145.03,{"$nulls":13},94.05,132]
["MATERIAL",39515,"PLACA DE FIBRA MINERAL PARA FORRO, DE 1250 X 625 MM, E = 15 MM, BORDA RETA, COM PINTURA ANTIMOFO (NAO INCLUI PERFIS)","UN","CR",{"$nulls":4},71.09,null,null,34.31,{"$nulls":7},41.54,null,null,50.52,65.319999999999993,null,null,47.62,null,null,57.63]
["MATERIAL",10848,"PLACA DE INAUGURACAO METALICA, *40* CM X *60* CM","UN","CR",{"$nulls":4},1138.17,{"$nulls":5},1325.1,{"$nulls":13},859.28,1206.01]
["MATERIAL",37557,"PLACA DE SINALIZACAO DE SEGURANCA CONTRA INCENDIO, FOTOLUMINESCENTE, QUADRADA, *14 X 14* CM, EM PVC *2* MM ANTI-CHAMAS (SIMBOLOS, CORES E PICTOGRAMAS CONFORME NBR 16820)","UN","CR",null,17.93,null,20.32,10.16,8.9600000000000009,14.94,10.36,8.9600000000000009,null,5.97,null,6.04,10.61,11.95,17.93,13.45,8.07,14.94,null,14.94,null,8.9600000000000009,14.38,5.97,13.09,8.9600000000000009]
["MATERIAL",34721,"PLACA DE SINALIZACAO EM CHAPA DE ALUMINIO COM PINTURA REFLETIVA, E = 2 MM","M2","CR",{"$nulls":4},1087.21,{"$nulls":5},1265.77,{"$nulls":13},820.8,1152.01]
["MATERIAL",4309,"PLACA DE VENTILACAO PARA TELHA DE FIBROCIMENTO CANALETE 49 KALHETA","UN","CR",6.18,7.94,null,null,7.11,6.07,null,10.89,5.58,10.4,7.44,6.13,5.47,10.4,9.58,4.9800000000000004,10.35,4.92,9.3000000000000007,6.57,6.57,6.84,7.77,6.9,9.58,8.1,6.46]
["MATERIAL",4790,"PLACA VINILICA SEMIFLEXIVEL PARA REVESTIMENTO DE PISOS E PAREDES, E = 2 MM (SEM COLOCACAO)","M2","C",109,153.83000000000001,109,97,128.49,94.61,97.07,94.63,99.35,95.7,103.34,96.1,101.93,121.5,117.4,140,129.61000000000001,94.95,112,109,109,109,82.9,88.5,109,100.45,109]
["MATERIAL",4894,"PLUG OU BUJAO DE FERRO GALVANIZADO, DE 1 1/4\"","UN","CR",11.88,null,null,null,10.88,{"$nulls":5},12.09,12.66,9.81,12.69,null,null,10.37,null,null,null,9.67,null,12.26,null,null,12.61,11.71]
["MATERIAL",4892,"PLUG OU BUJAO DE FERRO GALVANIZADO, DE 3\"","UN","CR",57.35,null,null,null,52.5,{"$nulls":5},58.34,61.08,47.37,61.26,null,null,50.05,null,null,null,46.67,null,59.16,null,null,60.85,56.53]
["MATERIAL",4907,"PLUG PVC, JE, DN 100 MM, PARA REDE COLETORA ESGOTO","UN","CR",23.59,20.97,18.829999999999998,15.49,19.04,21.43,21.44,27.88,23.12,19.170000000000002,22.37,23.36,22.29,21.93,19.07,17.149999999999999,19.88,20.54,23.09,21.34,25.38,18.579999999999998,23.59,21.21,20.260000000000002,23.13,21.21]
["MATERIAL",4741,"PO DE PEDRA (POSTO PEDREIRA/FORNECEDOR, SEM FRETE)","M3","CR",328.88,87.38,263.10000000000002,281.89999999999998,109.66,105.07,193.73,133.43,116.97,102.34,119.89,93.4,166.79,238.18,93.96,102.34,221.57,60.65,112.76,131.44,220.35,300.69,87.72,105.71,130.12,73.47,135.24]
["MATERIAL",39995,"POLIESTIRENO EXPANDIDO/EPS (ISOPOR), TIPO 2F, BLOCO","M3","CR",null,493.19,null,null,743.12,null,null,378.66,null,null,275.23,{"$nulls":7},481.21,null,null,null,739.57,546.02,null,439.92]
["MATERIAL",3408,"POLIESTIRENO EXPANDIDO/EPS (ISOPOR), TIPO 2F, PLACA, ISOLAMENTO TERMOACUSTICO, E = 20 MM, 1000 X 500 MM","M2","C",null,11.11,null,null,16.739999999999998,null,null,8.5299999999999994,null,null,6.2,{"$nulls":7},10.84,null,null,null,16.66,12.3,null,9.91]
["MATERIAL",4491,"PONTALETE *7,5 X 7,5* CM EM PINUS, MISTA OU EQUIVALENTE DA REGIAO - BRUTA","M","CR",6.91,11.43,7.75,9.3000000000000007,9.59,11.05,7.6,8.02,10.25,11.46,7.88,7.23,11.58,10.98,12.03,10.66,10.25,7.23,8.7899999999999991,13.03,6.78,6.71,7.08,7.23,11.16,8.14,9.75]
["MATERIAL",12362,"PORCA OLHAL EM ACO GALVANIZADO, ESPESSURA 16MM, ABERTURA 21MM","UN","CR",12.8,24.1,15.58,null,25.76,null,26.41,18.690000000000001,20.92,22.9,null,25.68,22.02,22.64,17.59,null,18.39,11.3,22.64,null,11.3,null,null,22.11,null,13.04,30.69]
["MATERIAL",4337,"PORCA ZINCADA, QUADRADA, DIAMETRO 5/8\"","UN","CR",null,2.54,null,3.42,2.95,3.54,{"$nulls":4},3.28,2.87,2.54,3.25,null,3.99,null,2.3199999999999998,3.42,null,2.95,null,null,3.19,null,2.6]
["MATERIAL",4330,"PORCA ZINCADA, SEXTAVADA, DIAMETRO 5/16\"","UN","CR",null,0.14000000000000001,null,0.2,0.17,0.2,{"$nulls":4},0.19,0.16,0.14000000000000001,0.19,null,0.23,null,0.13,0.2,null,0.17,null,null,0.18,null,0.15]
["MATERIAL",4340,"PORCA ZINCADA, SEXTAVADA, DIAMETRO 5/8\"","UN","CR",null,1.17,null,1.58,1.36,1.64,{"$nulls":4},1.52,1.33,1.17,1.5,null,1.85,null,1.07,1.58,null,1.36,null,null,1.47,null,1.2]
["MATERIAL",4981,"PORTA DE ABRIR / GIRO, DE MADEIRA FOLHA MEDIA (NBR 15930) DE 700 X 2100 MM, DE 35 MM A 40 MM DE ESPESSURA, NUCLEO SEMI-SOLIDO (SARRAFEADO), CAPA LISA EM HDF, ACABAMENTO EM LAMINADO NATURAL PARA VERNIZ","UN","C",310,225,null,null,225.95,256.5,255,215.5,229.9,295,215,269.7,null,null,234,220,null,260,253,219.63,280,210,279.89999999999998,205.65,235.58,239.25,244.5]
["MATERIAL",4987,"PORTA DE ABRIR / GIRO, DE MADEIRA FOLHA MEDIA (NBR 15930) DE 900 X 2100 MM, DE 35 MM A 40 MM DE ESPESSURA, NUCLEO SEMI-SOLIDO (SARRAFEADO), CAPA LISA EM HDF, ACABAMENTO EM LAMINADO NATURAL PARA VERNIZ","UN","CR",439.5,318.99,null,null,320.33999999999997,363.65,361.53,305.52,325.94,418.24,304.82,382.37,null,null,331.75,311.89999999999998,null,368.62,358.69,311.38,396.97,297.73,396.83,291.56,333.99,339.2,346.64]
["MATERIAL",4998,"PORTA DE ABRIR / GIRO, EM MADEIRA MACICA (ANGELIM OU EQUIVALENTE REGIONAL), QUALQUER DESENHO (VERTICAL/DIAGONAL/HORIZ.), E = *3,5* CM, DIMENSOES 2,10 X 0,70 (SOMENTE FOLHA DE PORTA, ACABAMENTO NATURAL)","M2","CR",null,1075.25,259.02999999999997,null,907.61,866.56,{"$nulls":4},1014.64,null,null,null,1112.3900000000001,868.41,790.3,839.67,666.64,459.42,342.13,null,null,833.64,561.51,654.91999999999996]
["MATERIAL",39024,"PORTA DE ABRIR EM ALUMINIO COM DIVISAO HORIZONTAL PARA VIDROS, ACABAMENTO ANODIZADO NATURAL, VIDROS INCLUSOS, SEM GUARNICAO/ALIZAR/VISTA, 87 CM X 210 CM","UN","CR",null,674.54,null,686.22,553.84,669.47,608.5,709.03,null,null,null,770.89,null,596.39,null,607.59,614.29,1292.1099999999999,null,550.84,1128.9000000000001,null,993.51,1327.79,947.31,799.11]
["MATERIAL",4911,"PORTA DE ENROLAR MANUAL COMPLETA, ARTICULADA RAIADA LARGA, EM ACO GALVANIZADO NATURAL, CHAPA NUMERO 24 (SEM INSTALACAO)","M2","CR",null,431.48,null,328.16,320.88,286.16000000000003,309.95999999999998,294,null,null,323.95999999999998,null,384.44,294,280,296.8,358.68,null,322.27999999999997,296.8,437.36,null,363.72,318.92,null,282.52]
["MATERIAL",5002,"PORTA DE MADEIRA QUADRICULADA PARA VIDRO, DE CORRER (EUCALIPTO OU EQUIVALENTE REGIONAL), E = *3,5* CM","M2","CR",null,783.83,188.83,null,661.63,631.70000000000005,{"$nulls":4},739.65,null,null,null,810.91,633.04999999999995,576.11,612.1,485.97,334.91,249.4,null,null,607.71,409.33,477.42]
["MATERIAL",43777,"PORTA DE MADEIRA, FOLHA LEVE (NBR 15930), DE 600 X 2100 MM, E = 35 MM, NUCLEO COLMEIA, CAPA LISA EM HDF, ACABAMENTO MELAMINICO EM PADRAO MADEIRA","UN","CR",345.09,250.47,null,null,251.53,285.52999999999997,283.86,239.89,255.92,328.39,239.34,300.23,null,null,260.49,244.9,null,289.43,281.64,244.49,311.69,233.77,311.58,228.93,262.25,266.33,272.18]
["MATERIAL",20322,"PORTA DE MADEIRA, FOLHA MEDIA (NBR 15930) DE 600 X 2100 MM, DE 35 MM A 40 MM DE ESPESSURA, NUCLEO SEMI-SOLIDO (SARRAFEADO), CAPA FRISADA EM HDF, ACABAMENTO MELAMINICO EM PADRAO MADEIRA","UN","CR",320.35000000000002,232.51,null,null,233.49,265.06,263.51,222.69,237.57,304.85000000000002,222.18,278.7,null,null,241.81,227.34,null,268.68,261.44,226.96,289.35000000000002,217.01,289.24,212.51,243.44,247.24,252.66]
["MATERIAL",39502,"PORTA DE MADEIRA, FOLHA PESADA (NBR 15930) DE 800 X 2100 MM, DE 40 MM A 45 MM DE ESPESSURA, NUCLEO SOLIDO, CAPA LISA EM HDF, ACABAMENTO EM LAMINADO NATURAL PARA VERNIZ","UN","CR",597.51,433.67,null,null,435.5,494.39,491.5,415.36,443.12,568.59,414.4,519.83000000000004,null,null,451.02,424.03,null,501.13,487.64,423.32,539.67999999999995,404.76,539.49,396.38,454.06,461.14,471.26]
["MATERIAL",39505,"PORTA DE MADEIRA, FOLHA PESADA (NBR 15930) DE 900 X 2100 MM, DE 40 MM A 45 MM DE ESPESSURA, NUCLEO SOLIDO, CAPA LISA EM HDF, ACABAMENTO EM PRIMER PARA PINTURA","UN","CR",749.39,543.91,null,null,546.20000000000005,620.05999999999995,616.42999999999995,520.94000000000005,555.75,713.13,519.73,651.97,null,null,565.66,531.82000000000005,null,628.52,611.59,530.92999999999995,676.86,507.65,676.62,497.13,569.48,578.36,591.04999999999995]
["MATERIAL",21102,"PORTA TOALHA BANHO EM METAL CROMADO, TIPO BARRA","UN","CR",86.18,31.73,null,60.41,24,18.48,42.8,56.12,29.29,70.540000000000006,36.61,29.59,36.07,75.05,30.51,86.89,81.28,102.85,62.24,30.82,42.1,43.77,95.07,41.18,39.049999999999997,56.13,24.34]
["MATERIAL",21101,"PORTA TOALHA ROSTO EM METAL CROMADO, TIPO ARGOLA","UN","CR",55.34,20.37,null,38.79,15.41,11.87,27.48,36.04,18.8,45.29,23.51,19,23.16,48.19,19.59,55.8,52.19,66.05,39.96,19.79,27.03,28.11,61.05,26.45,25.07,36.049999999999997,15.63]
["MATERIAL",37561,"PORTAO DE CORRER EM CHAPA TIPO PAINEL LAMBRIL QUADRADO, COM PORTA SOCIAL COMPLETA INCLUIDA, COM REQUADRO, ACABAMENTO NATURAL, COM TRILHOS E ROLDANAS","M2","CR",{"$nulls":4},381.41,null,515.53,null,253.03,null,449.06,467.81,675.66,null,null,null,347.37,1114.8699999999999,{"$nulls":4},534.28,null,null,599.9]
["MATERIAL",5052,"POSTE CONICO CONTINUO EM ACO GALVANIZADO, CURVO, BRACO SIMPLES, FLANGEADO, H = 7 M, DIAMETRO INFERIOR = *125* MM","UN","C",{"$nulls":22},1636,null,null,1186.27]
["MATERIAL",5050,"POSTE CONICO CONTINUO EM ACO GALVANIZADO, RETO, FLANGEADO, H = 3 M, DIAMETRO INFERIOR = *95* MM","UN","CR",{"$nulls":22},564.91,null,null,409.62]
["MATERIAL",12366,"POSTE DE CONCRETO ARMADO DE SECAO CIRCULAR, EXTENSAO DE 10,00 M, RESISTENCIA DE 150 A 200 DAN, TIPO C-14","UN","CR",null,1098.51,null,null,1289.1300000000001,null,null,1421.6,null,null,1589.61,1400.92,null,1615.46,null,null,1447.45,null,null,null,1861.01,null,1340.18,null,null,1057.1500000000001]
["MATERIAL",41182,"POSTE DE CONCRETO ARMADO DE SECAO CIRCULAR, EXTENSAO DE 13,00 M, RESISTENCIA DE 2000 DAN, TIPO C-29","UN","CR",null,7449.75,null,null,8742.5,null,null,9640.85,null,null,10780.23,9500.6200000000008,null,10955.51,null,null,9816.14,null,null,null,12620.75,null,9088.69,null,null,7169.29]
["MATERIAL",41185,"POSTE DE CONCRETO ARMADO DE SECAO CIRCULAR, EXTENSAO DE 14,00 M, RESISTENCIA DE 1000 DAN, TIPO C-23","UN","CR",null,5251.76,null,null,6163.09,null,null,6796.39,null,null,7599.6,6697.53,null,7723.17,null,null,6919.96,null,null,null,8897.09,null,6407.14,null,null,5054.04]
["MATERIAL",41190,"POSTE DE CONCRETO ARMADO DE SECAO CIRCULAR, EXTENSAO DE 15,00 M, RESISTENCIA DE 1000 DAN, TIPO C-23","UN","CR",null,5642.94,null,null,6622.16,null,null,7302.63,null,null,8165.67,7196.41,null,8298.44,null,null,7435.4,null,null,null,9559.81,null,6884.39,null,null,5430.5]
["MATERIAL",41191,"POSTE DE CONCRETO ARMADO DE SECAO CIRCULAR, EXTENSAO DE 15,00 M, RESISTENCIA DE 1500 DAN, TIPO C-29","UN","CR",null,8653.24,null,null,10154.83,null,null,11198.31,null,null,12521.74,11035.42,null,12725.35,null,null,11401.91,null,null,null,14659.6,null,10556.95,null,null,8327.4699999999993]
["MATERIAL",5059,"POSTE DE CONCRETO ARMADO DE SECAO CIRCULAR, EXTENSAO DE 9,00 M, RESISTENCIA DE 300 A 400 DAN, TIPO C-17","UN","CR",null,1131.8,null,null,1328.2,null,null,1464.68,null,null,1637.78,1443.38,null,1664.41,null,null,1491.31,null,null,null,1917.4,null,1380.79,null,null,1089.19]
["MATERIAL",41200,"POSTE DE CONCRETO ARMADO DE SECAO DUPLO T, EXTENSAO DE 10,00 M, RESISTENCIA DE 600 DAN, TIPO B","UN","CR",null,1436.56,null,null,1685.84,null,null,1859.08,null,null,2078.79,1832.04,null,2112.59,null,null,1892.88,null,null,null,2433.6999999999998,null,1752.6,null,null,1382.48]
["MATERIAL",41207,"POSTE DE CONCRETO ARMADO DE SECAO DUPLO T, EXTENSAO DE 11,00 M, RESISTENCIA DE 2000 DAN, TIPO B-4,5","UN","CR",null,4724.6400000000003,null,null,5544.51,null,null,6114.24,null,null,6836.83,6025.31,null,6948,null,null,6225.41,null,null,null,8004.1,null,5764.06,null,null,4546.7700000000004]
["MATERIAL",41210,"POSTE DE CONCRETO ARMADO DE SECAO DUPLO T, EXTENSAO DE 12,00 M, RESISTENCIA DE 1000 DAN, TIPO B-1,5","UN","CR",null,2938.55,null,null,3448.48,null,null,3802.83,null,null,4252.26,3747.52,null,4321.3999999999996,null,null,3871.97,null,null,null,4978.25,null,3585.03,null,null,2827.92]
["MATERIAL",41211,"POSTE DE CONCRETO ARMADO DE SECAO DUPLO T, EXTENSAO DE 12,00 M, RESISTENCIA DE 1500 DAN, TIPO B-3,0","UN","CR",null,4140.37,null,null,4858.8500000000004,null,null,5358.13,null,null,5991.37,5280.19,null,6088.79,null,null,5455.55,null,null,null,7014.28,null,5051.26,null,null,3984.5]
["MATERIAL",41217,"POSTE DE CONCRETO ARMADO DE SECAO DUPLO T, EXTENSAO DE 13,00 M, RESISTENCIA DE 1500 DAN, TIPO B-3,0","UN","CR",null,5760.6,null,null,6760.23,null,null,7454.89,null,null,8335.92,7346.46,null,8471.4699999999993,null,null,7590.43,null,null,null,9759.1299999999992,null,7027.93,null,null,5543.73]
["MATERIAL",41214,"POSTE DE CONCRETO ARMADO DE SECAO DUPLO T, EXTENSAO DE 13,00 M, RESISTENCIA DE 300 DAN, TIPO B","UN","CR",null,1628.83,null,null,1911.48,null,null,2107.9,null,null,2357.0100000000002,2077.23,null,2395.34,null,null,2146.2199999999998,null,null,null,2759.43,null,1987.17,null,null,1567.51]
["MATERIAL",41222,"POSTE DE CONCRETO ARMADO DE SECAO DUPLO T, EXTENSAO DE 15,00 M, RESISTENCIA DE 2000 DAN, TIPO B-4,5","UN","CR",null,10161.67,null,null,11925.02,null,null,13150.39,null,null,14704.53,12959.12,null,14943.63,null,null,13389.49,null,null,null,17215.060000000001,null,12397.24,null,null,9779.11]
["MATERIAL",41197,"POSTE DE CONCRETO ARMADO DE SECAO DUPLO T, EXTENSAO DE 9,00 M, RESISTENCIA DE 600 DAN, TIPO B","UN","CR",null,1262.56,null,null,1481.66,null,null,1633.91,null,null,1827.01,1610.14,null,1856.71,null,null,1663.61,null,null,null,2138.9299999999998,null,1540.33,null,null,1215.03]
["MATERIAL",41458,"POSTES METALICOS AUTOPORTANTES, CONICO OU TELESCOPICO, PARA SPDA, ALTURA 12 METROS LIVRES","UN","CR",2173.67,null,2897.13,null,2296.31,null,1710.95,2098.77,2437.21,2305.69,1990.62,2400.0100000000002,2585.69,2551.4499999999998,1399.18,null,2093.84,null,2016.47,2467.5,2545.5300000000002,null,2222.23,2269.64,2514.91,2362.64,2107]
["MATERIAL",4465,"PRANCHA NAO APARELHADA *6 X 25* CM, EM MACARANDUBA/MASSARANDUBA, ANGELIM OU EQUIVALENTE DA REGIAO - BRUTA","M","CR",37.96,32.29,29.97,31.36,44.08,48.03,43.85,44.71,36.43,43.06,59.62,45.54,39.409999999999997,43.85,37.82,48.19,33.119999999999997,55.31,50.18,51.34,44.65,28.15,41.5,99.37,34.51,53.89,44.71]
["MATERIAL",20204,"PRANCHAO APARELHADO *7,5 X 23* CM, EM MACARANDUBA/MASSARANDUBA, ANGELIM OU EQUIVALENTE DA REGIAO","M","CR",70.03,59.58,55.3,57.87,81.34,88.61,80.91,82.5,67.22,79.44,110,84.03,72.72,80.91,69.790000000000006,88.92,61.11,102.06,92.58,94.72,82.38,51.94,76.569999999999993,183.34,63.68,99.43,82.5]
["MATERIAL",4437,"PRANCHAO NAO APARELHADO *7,5 X 23* CM, EM MACARANDUBA/MASSARANDUBA, ANGELIM OU EQUIVALENTE DA REGIAO - BRUTA","M","CR",78.790000000000006,67.03,62.22,65.11,91.51,99.69,91.03,92.81,75.63,89.38,123.75,94.53,81.81,91.03,78.510000000000005,100.03,68.75,114.82,104.16,106.56,92.68,58.44,86.14,206.26,71.64,111.86,92.81]
["MATERIAL",5063,"PREGO DE ACO POLIDO COM CABECA 14 X 18 (1 1/2 X 14)","KG","CR",22.37,28.84,23.97,19.760000000000002,19.47,17.57,23.11,25.22,24.21,24.21,20.96,24.21,23.61,20.85,26.7,20.94,24.27,18.670000000000002,23.3,27.92,22.11,21.85,16.21,19.71,20.16,14.56,21.24]
["MATERIAL",5074,"PREGO DE ACO POLIDO COM CABECA 15 X 18 (1 1/2 X 13)","KG","CR",21,27.08,22.51,18.55,18.28,16.5,21.7,23.68,22.74,22.74,19.68,22.74,22.17,19.579999999999998,25.07,19.66,22.79,17.53,21.88,26.21,20.76,20.51,15.22,18.510000000000002,18.93,13.67,19.940000000000001]
["MATERIAL",5068,"PREGO DE ACO POLIDO COM CABECA 17 X 21 (2 X 11)","KG","CR",18.75,24.17,20.09,16.559999999999999,16.32,14.73,19.37,21.14,20.29,20.29,17.57,20.29,19.79,17.48,22.38,17.55,20.34,15.64,19.53,23.4,18.53,18.309999999999999,13.59,16.52,16.899999999999999,12.2,17.8]
["MATERIAL",5061,"PREGO DE ACO POLIDO COM CABECA 18 X 27 (2 1/2 X 10)","KG","C",18.43,23.76,19.75,16.28,16.04,14.48,19.04,20.78,19.95,19.95,17.27,19.95,19.45,17.18,22,17.25,20,15.38,19.2,23,18.22,18,13.36,16.239999999999998,16.61,12,17.5]
["MATERIAL",40568,"PREGO DE ACO POLIDO COM CABECA 22 X 48 (4 1/4 X 5)","KG","CR",18.89,24.35,20.239999999999998,16.68,16.440000000000001,14.84,19.510000000000002,21.3,20.440000000000001,20.440000000000001,17.7,20.440000000000001,19.93,17.61,22.55,17.68,20.5,15.76,19.68,23.57,18.670000000000002,18.45,13.69,16.64,17.02,12.3,17.93]
["MATERIAL",44072,"PRIMER EPOXI / EPOXIDICO","L","CR",106.61,128.88,119.31,105.65,130.65,131.21,142.30000000000001,142.12,125.37,99.25,150.57,119.1,112.17,129.35,108.26,155.22999999999999,119.53,129.16,159.57,118.82,120.81,98.81,138.08000000000001,116.49,123.38,143.63999999999999,104.37]
["MATERIAL",511,"PRIMER PARA MANTA ASFALTICA A BASE DE ASFALTO MODIFICADO DILUIDO EM SOLVENTE, APLICACAO A FRIO","L","C",25.93,null,null,29.82,24.22,null,15.85,null,20.38,null,18.5,null,34.25,21.99,21,24.07,null,21.37,21.63,21.39,27.46,20.309999999999999,21.6,21.12,16,18.5]
["MATERIAL",38392,"PROLONGADOR/ EXTENSOR TELESCOPICO, EM CHAPA METALICA, COM 3 METROS, PARA ROLO DE PINTURA","UN","CR",57.8,52.33,40.299999999999997,49.36,51.24,44.52,62.45,56.24,53.89,62.17,68.73,82.76,70.3,58.42,46.55,51.39,58.02,54.96,52.8,49.67,62.49,45.61,62.17,59.99,53.11,65.58,71.95]
["MATERIAL",36142,"PROTETOR AUDITIVO TIPO PLUG DE INSERCAO COM CORDAO, ATENUACAO SUPERIOR A 15 DB","UN","CR",2.16,2.2400000000000002,2.27,2.68,2.1800000000000002,2.33,2.08,1.97,1.82,2.0299999999999998,2.06,2.33,2.88,2.62,2.59,2.4,2.81,2.37,2.68,2.08,2.38,2.86,2.52,2.37,2.0099999999999998,2.31,2.5]
["MATERIAL",38377,"PRUMO DE CENTRO EM ACO *400* G, COM CORDAO EM NYLON E CALCO GUIA EM ACO OU MADEIRA","UN","CR",32.31,25.07,null,30.64,25.28,null,30.97,27.85,31.79,30.63,34.47,24.93,34.26,null,null,26.45,54.31,20.88,null,31.34,32.770000000000003,34.4,30.35,31.85,25.8,29.8,39.65]
["MATERIAL",38116,"PULSADOR CAMPAINHA 10A, 250V (APENAS MODULO)","UN","CR",7.99,8.6,7.19,6.58,4.07,5.63,7.83,7.2,5.51,5.27,5.32,5.01,5.39,5.17,5.17,5.14,6.77,5.57,4.99,5.29,6.01,5.29,6.98,6.51,4.3099999999999996,5.88,5.65]
["MATERIAL",38067,"PULSADOR MINUTERIA 10A, 250V, CONJUNTO MONTADO PARA EMBUTIR 4\" X 2\" (PLACA + SUPORTE + MODULO)","UN","CR",18.559999999999999,19.98,16.7,15.29,9.4600000000000009,13.09,18.2,16.739999999999998,12.81,12.24,12.37,11.65,12.53,12.01,12.01,11.94,15.72,12.96,11.59,12.3,13.98,12.3,16.22,15.14,10.029999999999999,13.67,13.13]
["MATERIAL",38168,"PUXADOR TUBULAR RETO DUPLO, EM ALUMINIO CROMADO, COMPRIMENTO DE APROX 400 MM E DIAMETRO DE 25 MM (1\")","UN","CR",152.24,141.62,169.94,141.26,146.57,148.69999999999999,141.55000000000001,140.77000000000001,161.44999999999999,138.08000000000001,158.61000000000001,165.13,187.5,150.47,163.29,162.15,150.47,138.43,155.07,144.38,171.36,155.71,151.11000000000001,155.78,155.71,141.62,169.94]
["MATERIAL",12039,"QUADRO DE DISTRIBUICAO COM BARRAMENTO TRIFASICO, DE EMBUTIR, EM CHAPA DE ACO GALVANIZADO, PARA 24 DISJUNTORES DIN, 100 A","UN","CR",null,659.33,null,501.45,490.33,437.27,473.64,449.25,null,null,495.03,null,587.45000000000005,449.25,427.86,453.53,548.09,null,492.47,453.53,668.32,null,555.79,487.33,null,431.71]
["MATERIAL",13396,"QUADRO DE DISTRIBUICAO COM BARRAMENTO TRIFASICO, DE EMBUTIR, EM CHAPA DE ACO GALVANIZADO, PARA 28 DISJUNTORES DIN, 100 A","UN","CR",null,925.99,null,704.26,688.63,614.12,665.2,630.95000000000005,null,null,695.24,null,825.04,630.95000000000005,600.9,636.96,769.76,null,691.64,636.96,938.61,null,780.57,684.43,null,606.30999999999995]
["MATERIAL",39763,"QUADRO DE DISTRIBUICAO COM BARRAMENTO TRIFASICO, DE EMBUTIR, EM CHAPA DE ACO GALVANIZADO, PARA 48 DISJUNTORES DIN, 100 A","UN","CR",null,1298.53,null,987.59,965.68,861.19,932.82,884.79,null,null,974.95,null,1156.96,884.79,842.65,893.21,1079.44,null,969.89,893.21,1316.23,null,1094.6099999999999,959.78,null,850.24]
["MATERIAL",12038,"QUADRO DE DISTRIBUICAO COM BARRAMENTO TRIFASICO, DE SOBREPOR, EM CHAPA DE ACO GALVANIZADO, PARA 18 DISJUNTORES DIN, 100 A","UN","CR",null,580.67999999999995,null,441.63,431.83,385.11,417.14,395.66,null,null,435.98,null,517.37,395.66,376.82,399.43,482.7,null,433.72,399.43,588.59,null,489.49,429.19,null,380.21]
["MATERIAL",39806,"QUADRO DE DISTRIBUICAO, EM PVC, DE EMBUTIR, COM BARRAMENTO TERRA / NEUTRO, PARA 18 DISJUNTORES NEMA OU 24 DISJUNTORES DIN","UN","CR",367.64,315.20999999999998,358.04,318.64,249.03,232.87,524.89,267.31,225.98,344.32,303.27,262.91000000000003,329.41,252.27,382.29,387.92,331.64,448.88,365.86,259.83999999999997,271.68,349.3,271.43,413.34,247.38,252.27,359.39]
["MATERIAL",43100,"QUADRO DE DISTRIBUICAO, EM PVC, DE EMBUTIR, COM BARRAMENTO TERRA / NEUTRO, PARA 48 DISJUNTORES DIN","UN","CR",622.9,534.05999999999995,606.63,539.88,421.94,394.55,889.33,452.91,382.88,583.38,513.84,445.45,558.13,427.43,647.73,657.26,561.91,760.54,619.88,440.26,460.31,591.83000000000004,459.88,700.33,419.15,427.43,608.92999999999995]
["MATERIAL",39797,"QUADRO DE DISTRIBUICAO, SEM BARRAMENTO, EM PVC, DE EMBUTIR, PARA 18 DISJUNTORES NEMA OU 24 DISJUNTORES DIN","UN","C",189.45,162.43,184.5,164.2,128.33000000000001,120,270.48,137.75,116.45,177.43,156.28,135.47999999999999,169.75,130,197,199.9,170.9,231.31,188.53,133.9,140,180,139.87,213,127.48,130,185.2]
["MATERIAL",39802,"QUADRO DE DISTRIBUICAO, SEM BARRAMENTO, EM PVC, DE SOBREPOR, PARA 18 DISJUNTORES NEMA OU 24 DISJUNTORES DIN","UN","CR",250.5,214.77,243.96,217.12,169.68,158.66999999999999,357.65,182.14,153.97999999999999,234.61,206.64,179.14,224.45,171.89,260.49,264.32,225.97,305.85000000000002,249.29,177.05,185.12,238.01,184.94,281.64,168.56,171.89,244.88]
["MATERIAL",43837,"RACK DE PISO PARA SERVIDOR, ABERTO, EM COLUNA, 44U X *570* MM","UN","CR",1838.07,null,1831.67,{"$nulls":5},1575.99,null,1363.71,{"$nulls":4},2446.8000000000002,null,1159.75,{"$nulls":4},1355.03,null,null,1363.23]
["MATERIAL",43836,"RACK DE PISO PARA SERVIDOR, FECHADO, 44U, COM PORTA, 44U X *570* MM","UN","CR",3740.14,null,3727.12,{"$nulls":5},3206.87,null,2774.91,{"$nulls":4},4978.8,null,2359.89,{"$nulls":4},2757.26,null,null,2773.94]
["MATERIAL",21062,"RALO FOFO COM REQUADRO, QUADRADO 400 X 400 MM","UN","CR",{"$nulls":4},257.7,{"$nulls":5},162.27000000000001,{"$nulls":6},273.08999999999997,{"$nulls":7},191.44]
["MATERIAL",11710,"RALO FOFO SEMIESFERICO, 200 MM, PARA LAJES/ CALHAS","UN","CR",{"$nulls":4},151.86000000000001,{"$nulls":5},95.62,{"$nulls":6},160.93,{"$nulls":7},112.81]
["MATERIAL",11745,"RALO SIFONADO QUADRADO, PVC, 100 X 53 MM, SAIDA 40 MM, COM GRELHA QUADRADA BRANCA","UN","CR",16.88,13.3,15.59,17.66,12.79,19.55,21.18,16.420000000000002,16.84,16.53,15.19,15.51,17.66,17.96,12.7,13.33,15.23,15.42,21.48,19.05,15.54,13.98,14.32,15.57,11.9,15.15,14.49]
["MATERIAL",11743,"RALO SIFONADO REDONDO CONICO, PVC, 100 X 40 MM, COM GRELHA REDONDA BRANCA","UN","CR",10.76,8.4700000000000006,9.93,11.25,8.15,12.46,13.49,10.46,10.73,10.53,9.68,9.8800000000000008,11.25,11.44,8.09,8.49,9.6999999999999993,9.82,13.68,12.14,9.9,8.91,9.1199999999999992,9.92,7.58,9.65,9.23]
["MATERIAL",20043,"REDUCAO EXCENTRICA PVC, DN 100 X 50 MM, PARA ESGOTO PREDIAL","UN","CR",9.93,8.83,7.93,6.52,8.02,9.02,9.0299999999999994,11.74,9.74,8.07,9.42,9.84,9.39,9.24,8.0299999999999994,7.22,8.3699999999999992,8.65,9.7200000000000006,8.99,10.69,7.83,9.93,8.93,8.5299999999999994,9.74,8.93]
["MATERIAL",20047,"REDUCAO EXCENTRICA PVC, SERIE R, DN 150 X 100 MM, PARA ESGOTO PREDIAL","UN","CR",61.17,54.38,48.82,40.18,49.38,55.57,55.61,72.290000000000006,59.94,49.71,58.02,60.57,57.79,56.87,49.45,44.48,51.57,53.27,59.87,55.35,65.8,48.19,61.17,55.01,52.53,59.98,55.01]
["MATERIAL",20327,"REDUCAO PVC PBA, JE, PB, DN 75 X 50 / DE 85 X 60 MM, PARA REDE DE AGUA","UN","CR",19.079999999999998,18.25,null,19.670000000000002,14.52,{"$nulls":5},22.92,18.37,19.16,22.02,null,null,26.9,null,null,null,20.28,{"$nulls":4},23.62]
["MATERIAL",6031,"REGISTRO DE ESFERA PVC, COM BORBOLETA, COM ROSCA EXTERNA, DE 3/4\"","UN","C",18.920000000000002,13.5,32.03,20,18.399999999999999,11.9,19.899999999999999,24.87,14,19.899999999999999,12.5,16.899999999999999,15.14,16.3,14.2,22.5,23.44,18.95,25.94,10.95,20,11.89,29.74,18.27,16,22.11,12.5]
["MATERIAL",6033,"REGISTRO DE ESFERA PVC, COM CABECA QUADRADA, COM ROSCA EXTERNA, 3/4\"","UN","CR",25.2,17.98,42.66,26.64,24.51,15.85,26.5,33.130000000000003,18.649999999999999,26.5,16.649999999999999,22.51,20.16,21.71,18.91,29.97,31.22,25.24,34.549999999999997,14.58,26.64,15.83,39.61,24.33,21.31,29.45,16.649999999999999]
["MATERIAL",11671,"REGISTRO DE ESFERA, PVC, COM VOLANTE, VS, ROSCAVEL, DN 2\", COM CORPO DIVIDIDO","UN","CR",83.9,59.86,142.03,88.69,81.59,52.77,88.24,110.28,62.08,88.24,55.43,74.94,67.13,72.28,62.97,99.77,103.94,84.03,115.03,48.55,88.69,52.72,131.88,81.010000000000005,70.95,98.04,55.43]
["MATERIAL",11673,"REGISTRO DE ESFERA, PVC, COM VOLANTE, VS, SOLDAVEL, DN 20 MM, COM CORPO DIVIDIDO","UN","CR",18.87,13.46,31.95,19.95,18.350000000000001,11.87,19.850000000000001,24.81,13.96,19.850000000000001,12.47,16.850000000000001,15.1,16.260000000000002,14.16,22.44,23.38,18.899999999999999,25.87,10.92,19.95,11.86,29.66,18.22,15.96,22.05,12.47]
["MATERIAL",11676,"REGISTRO DE ESFERA, PVC, COM VOLANTE, VS, SOLDAVEL, DN 40 MM, COM CORPO DIVIDIDO","UN","CR",51.6,36.81,87.35,54.54,50.18,32.450000000000003,54.27,67.819999999999993,38.18,54.27,34.090000000000003,46.09,41.29,44.45,38.72,61.36,63.92,51.68,70.739999999999995,29.86,54.54,32.42,81.11,49.82,43.63,60.3,34.090000000000003]
["MATERIAL",6037,"REGISTRO DE PRESSAO PVC, SOLDAVEL, VOLANTE SIMPLES, DE 20 MM","UN","CR",12.88,9.19,21.81,13.61,12.52,8.1,13.55,16.93,9.5299999999999994,13.55,8.51,11.5,10.3,11.09,9.66,15.32,15.96,12.9,17.66,7.45,13.61,8.09,20.25,12.44,10.89,15.05,8.51]
["MATERIAL",6020,"REGISTRO GAVETA BRUTO EM LATAO FORJADO, BITOLA 1/2\"","UN","CR",20.39,34.93,23.88,36.92,33.83,34.39,32.99,42.71,29.73,21.48,53.43,27.2,29.9,24.78,34.78,36.86,38.74,37.65,25.45,31.28,25.26,30.31,42.31,33.380000000000003,29.14,23.43,35.799999999999997]
["MATERIAL",6016,"REGISTRO GAVETA BRUTO EM LATAO FORJADO, BITOLA 3/4\"","UN","CR",21.51,36.85,25.19,38.94,35.69,36.270000000000003,34.799999999999997,45.05,31.36,22.66,56.36,28.69,31.54,26.14,36.68,38.880000000000003,40.869999999999997,39.72,26.85,33,26.64,31.97,44.63,35.21,30.74,24.71,37.770000000000003]
["MATERIAL",6027,"REGISTRO GAVETA BRUTO EM LATAO FORJADO, BITOLA 4\"","UN","CR",425.74,729.3,498.5,770.68,706.34,717.95,688.74,891.55,620.6,448.45,1115.45,567.78,624.25,517.41,726.06,769.46,808.8,786.09,531.36,653.04999999999995,527.29999999999995,632.76,883.2,696.85,608.42999999999995,489.17,747.47]
["MATERIAL",6006,"REGISTRO GAVETA COM ACABAMENTO E CANOPLA CROMADOS, SIMPLES, BITOLA 1/2\"","UN","CR",46.52,79.69,54.47,84.21,77.180000000000007,78.45,75.260000000000005,97.42,67.81,49,121.89,62.04,68.209999999999994,56.54,79.34,84.08,88.38,85.9,58.06,71.36,57.62,69.14,96.51,76.150000000000006,66.48,53.45,81.680000000000007]
["MATERIAL",11753,"REGISTRO PRESSAO BRUTO EM LATAO FORJADO, BITOLA 3/4\"","UN","CR",17.25,29.56,20.2,31.23,28.63,29.1,27.91,36.130000000000003,25.15,18.170000000000002,45.21,23.01,25.3,20.97,29.43,31.18,32.78,31.86,21.53,26.47,21.37,25.64,35.79,28.24,24.66,19.82,30.29]
["EQUIPAMENTO (AQUISIÇÃO)",10640,"REGUA VIBRATORIA DE CONCRETO TRELICADA, EQUIPADA COM MOTOR A GASOLINA DE 9 HP","UN","CR",{"$nulls":25},18910.740000000002]
["MATERIAL",37329,"REJUNTE EPOXI, QUALQUER COR","KG","CR",145.93,115.01,148.4,127.38,107.59,144.69,80.38,92.75,98.93,127.38,84.09,110.06,145.93,111.3,106.35,123.67,93.99,91.51,92.75,105.12,117.49,197.87,96.46,86.57,111.3,98.93,92.75]
["MATERIAL",7353,"RESINA ACRILICA PREMIUM BASE AGUA - COR BRANCA","L","CR",38.130000000000003,36.33,31.56,37.549999999999997,32.31,31.48,36.380000000000003,31.02,35.619999999999997,46.53,32.880000000000003,30.96,36.6,38.07,33.200000000000003,42.13,32.56,33.44,33.82,29.41,36.619999999999997,43.44,37.22,29.72,36.42,35.76,39.79]
["EQUIPAMENTO (AQUISIÇÃO)",6046,"RETROESCAVADEIRA SOBRE RODAS COM CARREGADEIRA, TRACAO 4 X 4, POTENCIA LIQUIDA 72 HP, PESO OPERACIONAL MINIMO DE 7140 KG, CAPACIDADE MINIMA DA CARREGADEIRA DE 0,79 M3 E DA RETROESCAVADEIRA MINIMA DE 0,18 M3, PROFUNDIDADE DE ESCAVACAO MAXIMA DE 4,50 M","UN","C",null,null,480000,null,486000,null,null,450000,null,null,461000,452500,null,469000,null,null,null,440000,450000,null,null,null,440000,467000,null,450000]
["MATERIAL",44954,"REVESTIMENTO EM CERAMICA ESMALTADA PARA FACHADAS, PECAS NO FORMATO APROX. *5 X 15* CM, FORNECIDAS EM PLACAS COM PECAS UNIDAS EM PONTOS","M2","CR",135.13,111.13,122.42,137.1,86.42,121.61,124.27,91.77,104.68,131.41999999999999,111.84,126.45,143.38999999999999,118.85,138.77000000000001,112.74,125.45,106.29,105.98,103.22,132.26,126.89,119.19,89.34,100.72,86.93,120.64]
["MATERIAL",44955,"REVESTIMENTO EM CERAMICA ESMALTADA PARA FACHADAS, PECAS NO FORMATO APROX. *7 X 26* CM, FORNECIDAS EM PLACAS COM PECAS UNIDAS EM PONTOS","M2","CR",197.47,162.4,178.89,200.34,126.29,177.72,181.61,134.11000000000001,152.97,192.05,163.43,184.79,209.54,173.69,202.8,164.75,183.33,155.32,154.88,150.85,193.27,185.42,174.18,130.55000000000001,147.19,127.04,176.3]
["MATERIAL",536,"REVESTIMENTO PARA PAREDE, EM CERAMICA ESMALTADA, FORMATO MENOR OU IGUAL A 2025 CM2","M2","CR",37.78,31.07,34.229999999999997,38.33,24.16,34,34.75,25.66,29.27,36.74,31.27,35.36,40.090000000000003,33.229999999999997,38.799999999999997,31.52,35.08,29.72,29.63,28.86,36.979999999999997,35.479999999999997,33.33,24.98,28.16,24.31,33.729999999999997]
["MATERIAL",36250,"RODAFORRO EM PVC, PARA FORRO DE PVC, COMPRIMENTO 6 M","M","CR",3.33,6.51,3.69,4.72,4.2,null,3.53,4.22,3.85,4.55,4.46,5.95,4.63,4.6500000000000004,4.33,4.63,5.1100000000000003,5.58,6.49,4.6500000000000004,5.08,4.29,6.58,4.2699999999999996,4.68,4.83,4.55]
["MATERIAL",39829,"RODAPE EM POLIESTIRENO, BRANCO, H = *5* CM, E = *1,5* CM","M","C",{"$nulls":4},38.44,37.04,35.119999999999997,29.15,null,null,42.55,36,47.49,45.98,47.4,null,31.21,39.25,33.96,36.21,33.159999999999997,null,26.84,25.7,null,39.54]
["MATERIAL",4804,"RODAPE PLANO PARA PISO VINILICO, H = 5 CM","M","CR",26.47,37.35,26.47,23.55,31.2,22.97,23.57,22.98,24.12,23.24,25.09,23.33,24.75,29.5,28.51,33.99,31.47,23.05,27.19,26.47,26.47,26.47,20.13,21.49,26.47,24.39,26.47]
["MATERIAL",38401,"RODO PARA CHAO 40 CM, COM BORRACHA DUPLA E CABO","UN","CR",52.66,47.68,36.72,44.98,46.68,40.56,56.91,51.24,49.1,56.65,62.63,75.41,64.05,53.23,42.41,46.83,52.86,50.07,48.11,45.26,56.93,41.56,56.65,54.66,48.39,59.75,65.56]
["EQUIPAMENTO (AQUISIÇÃO)",10642,"ROLO COMPACTADOR DE PNEUS, ESTATICO, PRESSAO VARIAVEL, POTENCIA 111 HP, PESO SEM/COM LASTRO 9,5/26,0 T, LARGURA DE ROLAGEM 1,90 M","UN","C",{"$nulls":4},887000,{"$nulls":18},814500,null,940000]
["EQUIPAMENTO (AQUISIÇÃO)",10646,"ROLO COMPACTADOR VIBRATORIO DE UM CILINDRO, ACO LISO, POTENCIA 80 HP, PESO OPERACIONAL MAXIMO 8,1 T, IMPACTO DINAMICO 16,15/9,5 T, LARGURA TRABALHO 1,68 M","UN","CR",{"$nulls":4},567553.06999999995,{"$nulls":18},521163.44,null,601465.48]
["EQUIPAMENTO (AQUISIÇÃO)",6070,"ROLO COMPACTADOR VIBRATORIO PE DE CARNEIRO, COM CONTROLE REMOTO POR RADIO, POTENCIA 12,5 KW, PESO OPERACIONAL DE 1,675 T, LARGURA DE TRABALHO 0,85 M","UN","CR",{"$nulls":4},775491.41,{"$nulls":18},712105.7,null,821828.55]
["MATERIAL",45233,"ROLO DE ESPUMA POLIESTER, 9 CM X 10 MM, COM CABO","UN","CR",7.93,7.18,5.53,6.78,7.03,6.11,8.57,7.72,7.4,8.5399999999999991,9.44,11.36,9.65,8.02,6.39,7.06,7.96,7.54,7.25,6.82,8.58,6.26,8.5399999999999991,8.24,7.29,9,9.8800000000000008]
["MATERIAL",11577,"ROSETA REDONDA DE SOBREPOR, SEM FUROS, EM ACO INOX POLIDO, DIAMETRO APROXIMADO DE 50 MM, PARA FECHADURA DE PORTA - PARAFUSOS INCLUIDOS","UN","CR",12.41,11.54,13.85,11.51,11.95,12.12,11.54,11.47,13.16,11.25,12.93,13.46,15.28,12.26,13.31,13.22,12.26,11.28,12.64,11.77,13.97,12.69,12.32,12.7,12.69,11.54,13.85]
["MATERIAL",1114,"RUFO INTERNO DE CHAPA DE ACO GALVANIZADA NUM 26, CORTE 50 CM","M","CR",null,42.92,null,32.64,31.92,28.47,30.83,29.25,null,null,32.229999999999997,null,38.24,29.25,27.85,29.52,35.68,null,32.06,29.52,43.51,null,36.18,31.72,null,28.1]
["MATERIAL",40873,"RUFO INTERNO/EXTERNO DE CHAPA DE ACO GALVANIZADA NUM 24, CORTE 25 CM","M","CR",null,33.590000000000003,null,25.54,24.98,22.27,24.13,22.89,null,null,25.22,null,29.93,22.89,21.8,23.1,27.92,null,25.09,23.1,34.049999999999997,null,28.31,24.83,null,21.99]
["MATERIAL",37526,"SACO DE RAFIA PARA ENTULHO, NOVO, LISO (SEM CLICHE), *60 X 90* CM","UN","CR",4.99,null,null,null,3.33,null,4.4400000000000004,null,3.88,null,3.22,3.33,3.97,null,null,2.66,3.33,3.16,3.61,null,4.38,null,3.66,null,null,5.74,3.99]
["MATERIAL",7581,"SAPATILHA EM ACO GALVANIZADO PARA CABOS COM DIAMETRO NOMINAL ATE 5/8\"","UN","CR",3.37,6.36,4.1100000000000003,null,6.8,null,6.97,4.93,5.52,6.04,null,6.77,5.81,5.97,4.6399999999999997,null,4.8499999999999996,2.98,5.97,null,2.98,null,null,5.83,null,3.44,8.1]
["MATERIAL",4460,"SARRAFO NAO APARELHADO *2,5 X 10* CM, EM MACARANDUBA/MASSARANDUBA, ANGELIM OU EQUIVALENTE DA REGIAO - BRUTA","M","CR",8.08,6.88,6.38,6.68,9.39,10.23,9.34,9.52,7.76,9.17,12.7,9.6999999999999993,8.4,9.34,8.06,10.27,7.05,11.78,10.69,10.94,9.51,6,8.84,21.17,7.35,11.48,9.52]
["MATERIAL",4415,"SARRAFO NAO APARELHADO *2,5 X 5* CM, EM MACARANDUBA/MASSARANDUBA, ANGELIM, PEROBA-ROSA OU EQUIVALENTE DA REGIAO - BRUTA","M","CR",4.33,3.68,3.42,3.58,5.03,5.48,5,5.0999999999999996,4.1500000000000004,4.91,6.8,5.19,4.5,5,4.3099999999999996,5.5,3.78,6.31,5.72,5.86,5.09,3.21,4.7300000000000004,11.34,3.94,6.15,5.0999999999999996]
["MATERIAL",4734,"SEIXO ROLADO PARA APLICACAO EM CONCRETO (POSTO PEDREIRA/FORNECEDOR, SEM FRETE)","M3","CR",259.25,304.11,207.4,222.22,381.61,365.65,674.19,464.34,407.05,356.17,417.22,325.04000000000002,580.42999999999995,187.76,327,356.17,771.08,211.08,392.4,457.41,173.7,237.03,305.29000000000002,367.88,452.83,255.68,106.61]
["MATERIAL",7317,"SELANTE DE BASE ASFALTICA PARA VEDACAO","KG","CR",59.14,48.28,null,55.77,45.19,null,38.93,null,33.36,42.7,35.11,null,null,52.18,54.61,44.45,52.86,39.520000000000003,52.77,38.630000000000003,48.05,42.34,45.65,51.4,56.44,37.450000000000003,39.119999999999997]
["MATERIAL",38123,"SELANTE TIPO VEDA CALHA PARA METAL E FIBROCIMENTO","KG","CR",73.78,54.81,51.33,35.15,65.56,74.47,84.97,83.13,76.05,43.56,78.52,59.36,45.64,70.989999999999995,57.72,82.44,69.92,56.96,84.78,40.96,48.42,50.07,50.07,50.57,42.1,76.239999999999995,77.319999999999993]
["EQUIPAMENTO (AQUISIÇÃO)",37743,"SEMIRREBOQUE COM DOIS EIXOS EM TANDEM TIPO BASCULANTE COM CACAMBA METALICA 14 M3 (INCLUI MONTAGEM, NAO INCLUI CAVALO MECANICO)","UN","CR",{"$nulls":4},170481.81,null,null,224811.18,null,null,246667.83,null,252912.58,null,null,null,187342.65,212321.67,224811.18,null,null,null,284760.83,null,129266.43,237841.37,224811.18]
["MATERIAL",39393,"SENSOR DE PRESENCA BIVOLT DE PAREDE SEM FOTOCELULA PARA QUALQUER TIPO DE LAMPADA POTENCIA MAXIMA *1000* W, USO INTERNO","UN","CR",null,null,45.73,{"$nulls":9},53.39,{"$nulls":5},30.6,{"$nulls":6},48.44]
["EQUIPAMENTO (AQUISIÇÃO)",45298,"SERRA TICO-TICO COM MOTOR ELETRICO, POTENCIA DE 450 W, 60 HZ, 220 V, 3000 GPM, SEM LAMINA","UN","CR",{"$nulls":4},452.56,521.45000000000005,null,424.53,null,691.44,475.49,538.61,506.88,451.87,550.78,null,null,507.82,463.56,null,384.35,null,543.87,395.84,null,397.76,681.51]
["MAO DE OBRA",41084,"SERVENTE DE OBRAS (MENSALISTA)","MES","CR",2563.52,2351.6,2503.7800000000002,2335.7399999999998,2370.4299999999998,2360.52,2497.67,2603.7600000000002,2328.15,2387.9299999999998,2497.16,2395.12,2332.35,2329.37,2304.9299999999998,2643.32,2344.56,3209.21,3386.99,2344.83,2941.54,2342.56,2819.73,3159.01,2306.44,3357.48,2294.6]
["SERVIÇOS",44535,"SERVICO DE BOMBEAMENTO DE CONCRETO COM CONSUMO MINIMO DE 40 M3, (DISPONIBILIZACAO DE BOMBA), SEM O LANCAMENTO","M3","CR",158.6,51.41,87.39,84.31,59.12,47.81,50.53,59.89,59.94,60.15,53.46,57.57,71.2,67.86,53.46,47.29,54.49,46.4,50.38,53.72,83.28,106.11,54.75,60.03,48.83,45.24,65.8]
["MATERIAL",6136,"SIFAO EM METAL CROMADO PARA PIA OU LAVATORIO, 1 X 1.1/2\"","UN","C",143.87,null,null,218,148.72,236.4,142.9,218.5,222.45,249,243.86,333.5,179.99,160.66,null,247.49,205.8,269.89999999999998,203.6,278.82,205.76,230,290,189.9,224.5,193.85]
["MATERIAL",6146,"SIFAO PLASTICO TIPO COPO PARA TANQUE, 1.1/4 X 1.1/2\"","UN","CR",15.95,15.38,18.45,19.61,15.32,16.899999999999999,16.239999999999998,16.239999999999998,15.38,19.13,19.61,18.07,25.93,18.260000000000002,16.72,14.9,15.82,16.72,25.86,14.13,17.3,15.38,20.57,16.34,15.67,20.95,13.65]
["MATERIAL",42433,"SIMULADOR DE CAMINHADA TRIPLO, EM TUBO DE ACO CARBONO, PINTURA NO PROCESSO ELETROSTATICO - EQUIPAMENTO DE GINASTICA PARA ACADEMIA AO AR LIVRE / ACADEMIA DA TERCEIRA IDADE - ATI","UN","CR",{"$nulls":25},4789.18]
["MATERIAL",42435,"SIMULADOR DE REMO INDIVIDUAL, EM TUBO DE ACO CARBONO, PINTURA NO PROCESSO ELETROSTATICO - EQUIPAMENTO DE GINASTICA PARA ACADEMIA AO AR LIVRE / ACADEMIA DA TERCEIRA IDADE - ATI","UN","CR",{"$nulls":25},2580.7800000000002]
["MATERIAL",12732,"SOLDA ESTANHO/COBRE PARA CONEXOES DE COBRE, FIO 2,5 MM, CARRETEL 500 GR (SEM CHUMBO)","UN","CR",{"$nulls":6},498.83,{"$nulls":18},308.60000000000002]
["MATERIAL",20232,"SOLEIRA EM GRANITO, POLIDO, TIPO ANDORINHA/ QUARTZ/ CASTELO/ CORUMBA OU OUTROS EQUIVALENTES DA REGIAO, L= *15* CM, E= *2,0* CM","M","CR",174.87,86.27,109.55,122.2,66.05,72.16,74.06,50.03,82.16,null,65.66,93.75,88.06,115.88,73.739999999999995,117.98,null,99.02,107.45,null,109.55,null,92.7,94.81,76.900000000000006,94.81]
["MATERIAL",11609,"SOLUCAO ASFALTICA ELASTOMERICA PARA IMPRIMACAO, APLICACAO A FRIO","L","CR",15.59,16.96,null,16.350000000000001,11.79,14.17,15.11,10.38,12.29,15.11,10.87,12.26,12.75,13.81,15.18,13.1,18.850000000000001,11.21,12.93,13.02,16.079999999999998,14.52,12.48,11.35,16.36,12.38,16.309999999999999]
["MATERIAL",20083,"SOLUCAO PREPARADORA / LIMPADORA PARA PVC, FRASCO COM 1000 CM3","UN","CR",87.43,60.58,65.38,78.45,72.7,73.569999999999993,83.07,85.43,78.02,69.739999999999995,83.51,86.3,87.17,78.45,56.66,74.09,77.150000000000006,86.3,86.3,67.56,82.9,71.48,99.55,91.44,69.739999999999995,68.86,74.09]
["MATERIAL",12294,"SOQUETE DE PORCELANA BASE E27, PARA USO AO TEMPO, PARA LAMPADAS","UN","CR",9.83,9.52,8.76,9.5399999999999991,7.16,7.23,8.35,9.02,7.04,7.11,9.07,8.35,9.5399999999999991,8.9499999999999993,7.23,11.93,7.13,10.74,7.99,8.85,11.17,10.45,14.06,13.12,7.16,8.83,8.99]
["MATERIAL",21043,"SPRINKLER TIPO PENDENTE, BULBO AMARELO DE RESPOSTA RAPIDA, 79 GRAUS CELSIUS, ACABAMENTO NATURAL, D = 20 MM (3/4\")","UN","CR",null,58.67,null,null,52.66,80.680000000000007,51.34,57.21,41.07,66.010000000000005,55.74,77.91,45.31,53.91,null,null,null,84.35,61.61,61.61,null,null,35.06,null,null,53.83]
["MATERIAL",14149,"SUPORTE \"Y\" PARA FITA PERFURADA","CENTO","CR",{"$nulls":4},297.45,null,null,167.26,null,null,418.17,{"$nulls":7},334.53,{"$nulls":6},197.93]
["MATERIAL",38100,"SUPORTE DE FIXACAO PARA ESPELHO / PLACA 4\" X 4\", PARA 6 MODULOS, PARA INSTALACAO DE TOMADAS E INTERRUPTORES (SOMENTE SUPORTE)","UN","CR",3.43,3.69,3.09,2.82,1.75,2.42,3.36,3.09,2.37,2.2599999999999998,2.29,2.15,2.31,2.2200000000000002,2.2200000000000002,2.2000000000000002,2.9,2.39,2.14,2.27,2.58,2.27,3,2.8,1.85,2.52,2.4300000000000002]
["MATERIAL",7572,"SUPORTE ISOLADOR REFORCADO DIAMETRO NOMINAL 5/16\", COM ROSCA SOBERBA E BUCHA","UN","CR",7.69,null,10.26,null,8.1300000000000008,null,6.06,7.43,8.6300000000000008,8.16,7.05,8.5,9.15,9.0299999999999994,4.95,null,7.41,null,7.14,8.74,9.01,null,7.87,8.0299999999999994,8.9,8.36,7.46]
["MATERIAL",12626,"SUPORTE METALICO PARA CALHA PLUVIAL, ZINCADO, DOBRADO, DIAMETRO ENTRE 119 E 170 MM, PARA DRENAGEM PLUVIAL PREDIAL","UN","CR",45.21,40.200000000000003,36.090000000000003,29.7,36.5,41.07,41.1,53.43,44.31,36.74,42.88,44.77,42.72,42.03,36.549999999999997,32.880000000000003,38.119999999999997,39.380000000000003,44.25,40.909999999999997,48.64,35.619999999999997,45.21,40.659999999999997,38.83,44.34,40.659999999999997]
["MATERIAL",6194,"TABUA *2,5 X 15 CM EM PINUS, MISTA OU EQUIVALENTE DA REGIAO - BRUTA","M","CR",4.93,8.16,5.53,6.64,6.84,7.89,5.42,5.72,7.32,8.18,5.62,5.16,8.26,7.84,8.58,7.6,7.32,5.16,6.27,9.3000000000000007,4.84,4.79,5.05,5.16,7.96,5.81,6.96]
["MATERIAL",10567,"TABUA *2,5 X 23* CM EM PINUS, MISTA OU EQUIVALENTE DA REGIAO - BRUTA","M","CR",7.81,12.92,8.76,10.51,10.83,12.49,8.59,9.06,11.58,12.95,8.91,8.18,13.08,12.41,13.59,12.04,11.58,8.18,9.93,14.72,7.66,7.58,8,8.18,12.61,9.1999999999999993,11.02]
["MATERIAL",6178,"TABUA DE MADEIRA PARA PISO, CUMARU/IPE CHAMPANHE OU EQUIVALENTE DA REGIAO, ENCAIXE MACHO/FEMEA, *10 X 2* CM","M2","CR",125.08,null,null,308.85000000000002,234.42,null,null,231.64,222.37,{"$nulls":8},242.76,291.87,null,129.72,null,277.97000000000003,189.25,null,450.31]
["MATERIAL",43614,"TABUA NAO APARELHADA *2,5 X 15* CM, EM MACARANDUBA/MASSARANDUBA, ANGELIM OU EQUIVALENTE DA REGIAO - BRUTA","M","CR",13.3,11.32,10.5,10.99,15.45,16.829999999999998,15.37,15.67,12.77,15.09,20.9,15.96,13.81,15.37,13.26,16.89,11.61,19.39,17.59,17.989999999999998,15.65,9.8699999999999992,14.54,34.83,12.09,18.89,15.67]
["EQUIPAMENTO (AQUISIÇÃO)",13914,"TALHA MANUAL DE CORRENTE, CAPACIDADE DE 1 T COM ELEVACAO DE 3 M","UN","CR",{"$nulls":4},939.31,873.09,null,543.02,775.8,776.47,581.41,687.97,693.7,1045.5899999999999,null,798.16,959.88,640.03,793.75,null,825.94,null,617.05999999999995,771.33,null,749.03,866.18]
["EQUIPAMENTO (AQUISIÇÃO)",10742,"TALHA MANUAL DE CORRENTE, CAPACIDADE DE 2 T COM ELEVACAO DE 3 M","UN","C",{"$nulls":4},1370,1273.4100000000001,null,792,1131.52,1132.5,848,1003.41,1011.77,1525,null,1164.1300000000001,1400,933.5,1157.69,null,1204.6500000000001,null,900,1125,null,1092.47,1263.33]
["MATERIAL",41614,"TAMPA DE CONCRETO ARMADO PARA FOSSA, D = *1,10* M, E = 0,05 M","UN","CR",null,112.19,null,null,156.66999999999999,null,158.66,155.79,null,171.27,156,169.88,null,152.37,null,124.8,146.05000000000001,null,191.19,153.25,140.07,null,164.13,null,null,201.81,146.05000000000001]
["MATERIAL",41617,"TAMPA DE CONCRETO ARMADO PARA FOSSA, D = 2,00 M, E = 0,05 M","UN","CR",null,515.16,null,null,719.4,null,728.54,715.37,null,786.46,716.35,780.06,null,699.65,null,573.08000000000004,670.63,null,877.91,703.73,643.19000000000005,null,753.66,null,null,926.68,670.63]
["MATERIAL",41620,"TAMPA DE CONCRETO ARMADO PARA POCO, COM FURO E TAMPINHA, D = *1,10* M, E = 0,05 M","UN","CR",null,136.33000000000001,null,null,190.38,null,192.8,189.32,null,208.13,189.57,206.44,null,185.15,null,151.66,177.47,null,232.33,186.24,170.21,null,199.45,null,null,245.24,177.47]
["MATERIAL",41622,"TAMPA DE CONCRETO ARMADO PARA POCO, COM FURO E TAMPINHA, D = *1,35* M, E = 0,05 M","UN","CR",null,236.45,null,null,330.2,null,334.39,328.35,null,360.98,328.8,358.04,null,321.13,null,263.04000000000002,307.81,null,402.95,323.01,295.22000000000003,null,345.92,null,null,425.34,307.81]
["MATERIAL",39350,"TAMPA PARA CONDULETE, EM PVC, PARA 1 MODULO RJ","UN","CR",3.23,2.77,3.27,4.71,3.15,2.67,4.08,3.86,2.25,3.93,4.33,2.72,4.0599999999999996,4.45,2.0099999999999998,4.91,3.4,6.3,4.53,3.41,3.02,3.93,4.46,3.2,2.6,2.81,3.65]
["MATERIAL",38836,"TAMPAO / CAP, ROSCA MACHO, DN 3/4\", PARA TUBO PEX PARA INST. AGUA QUENTE/FRIA","UN","CR",{"$nulls":22},9.84,null,null,6.15]
["MATERIAL",20964,"TAMPAO COM CORRENTE, EM LATAO, ENGATE RAPIDO 1 1/2\", PARA INSTALACAO PREDIAL DE COMBATE A INCENDIO","UN","CR",64.42,109.33,86.29,null,109.34,79.650000000000006,74.19,74.19,null,111.67,60.52,72.23,62.45,62.47,78.09,89.8,66.180000000000007,112.45,85.12,null,47.5,null,64.42,46.85,null,128.85]
["MATERIAL",10905,"TAMPAO COM CORRENTE, EM LATAO, ENGATE RAPIDO 2 1/2\", PARA INSTALACAO PREDIAL DE COMBATE A INCENDIO","UN","CR",86.42,146.66,115.76,null,146.66999999999999,106.85,99.52,99.52,null,149.80000000000001,81.19,96.9,83.78,83.8,104.76,120.47,88.78,150.85,114.19,null,63.72,null,86.42,62.85,null,172.85]
["MATERIAL",21071,"TAMPAO FOFO SIMPLES COM BASE / REQUADRO, CLASSE A15 CARGA MAX. 1,5 T, 400 X 400 MM (COM INSCRICAO EM RELEVO DO TIPO DE REDE)","UN","CR",{"$nulls":4},265.88,{"$nulls":5},167.42,{"$nulls":6},281.76,{"$nulls":7},197.51]
["MATERIAL",6243,"TAMPAO FOFO SIMPLES COM BASE / REQUADRO, CLASSE B125 CARGA MAX. 12,5 T, REDONDO, TAMPA 600 MM (COM INSCRICAO EM RELEVO DO TIPO DE REDE)","UN","C",{"$nulls":4},659.6,{"$nulls":5},415.35,{"$nulls":6},699,{"$nulls":7},490]
["EQUIPAMENTO (AQUISIÇÃO)",37736,"TANQUE DE ACO CARBONO NAO REVESTIDO, PARA TRANSPORTE DE AGUA COM CAPACIDADE DE 10 M3, COM BOMBA CENTRIFUGA POR TOMADA DE FORCA, VAZAO MAXIMA *75* M3/H (INCLUI MONTAGEM, NAO INCLUI CAMINHAO)","UN","C",{"$nulls":25},85950]
["EQUIPAMENTO (AQUISIÇÃO)",37739,"TANQUE DE ACO PARA TRANSPORTE DE AGUA COM CAPACIDADE DE 14 M3 (INCLUI MONTAGEM, NAO INCLUI CAMINHAO)","UN","CR",{"$nulls":25},105784.61]
["EQUIPAMENTO (AQUISIÇÃO)",25014,"TANQUE DE ASFALTO ESTACIONARIO COM MACARICO, CAPACIDADE 20.000 L","UN","CR",{"$nulls":25},119510.74]
["MATERIAL",36790,"TANQUE DUPLO EM MARMORE SINTETICO COM CUBA LISA E ESFREGADOR, *110 X 60* CM","UN","CR",418.56,237.81,369.01,364.33,291.76,184.44,322.05,240.9,329.22,245.17,338.76,414.72,313.89999999999998,319.49,188.2,340.27,411.03,316.18,421.56,187.37,337.26,386.94,376.6,282.98,203.26,415.4,278.54000000000002]
["MATERIAL",20234,"TANQUE SIMPLES EM MARMORE SINTETICO SUSPENSO, CAPACIDADE *38* L, *60 X 60* CM","UN","CR",344.77,195.89,303.95999999999998,300.10000000000002,240.32,151.91999999999999,265.27999999999997,198.43,271.18,201.95,279.04000000000002,341.61,258.57,263.17,155.02000000000001,280.27999999999997,338.57,260.44,347.24,154.34,277.8,318.73,310.20999999999998,233.09,167.42,342.17,229.43]
["MATERIAL",11457,"TARJETA LIVRE / OCUPADO PARA PORTA DE BANHEIRO, CORPO EM ZAMAC E ESPELHO EM LATAO","UN","CR",49.23,45.79,54.95,45.68,47.4,48.08,45.77,45.52,52.21,44.65,51.29,53.4,60.63,48.66,52.8,52.43,48.66,44.76,50.14,46.69,55.41,50.35,48.86,50.37,50.35,45.79,54.95]
["MATERIAL",3585,"TE 45 GRAUS DE FERRO GALVANIZADO, COM ROSCA BSP, DE 1/2\"","UN","CR",21.26,null,null,null,19.46,{"$nulls":5},21.63,22.64,17.559999999999999,22.71,null,null,18.55,null,null,null,17.3,null,21.93,null,null,22.56,20.95]
["MATERIAL",3591,"TE 45 GRAUS DE FERRO GALVANIZADO, COM ROSCA BSP, DE 4\"","UN","CR",642.47,null,null,null,588.22,{"$nulls":5},653.58000000000004,684.29,530.70000000000005,686.26,null,null,560.77,null,null,null,522.86,null,662.73,null,null,681.68,633.32000000000005]
["MATERIAL",40392,"TE 90 GRAUS EM ACO CARBONO, SOLDAVEL, PRESSAO 3.000 LBS, DN 1/2\"","UN","CR",{"$nulls":4},47.87,null,null,25.79,{"$nulls":14},43.64,null,null,32.659999999999997]
["MATERIAL",40398,"TE 90 GRAUS EM ACO CARBONO, SOLDAVEL, PRESSAO 3.000 LBS, DN 2 1/2\"","UN","CR",{"$nulls":4},621.98,null,null,335.12,{"$nulls":14},567.02,null,null,424.39]
["MATERIAL",44253,"TE CPVC, SOLDAVEL, 90 GRAUS, 114 MM, PARA AGUA QUENTE PREDIAL","UN","CR",313.45999999999998,null,null,null,274.88,268.64,274.64999999999998,338.63,274.19,null,300.75,345.1,305.37,276.27,null,311.14999999999998,null,287.58,268.64,254.55,326.16000000000003,null,329.86,237.92,null,287.12]
["MATERIAL",38013,"TE CPVC, SOLDAVEL, 90 GRAUS, 42 MM, PARA AGUA QUENTE PREDIAL","UN","CR",54.97,null,null,null,48.2,47.11,48.16,59.39,48.08,null,52.74,60.52,53.55,48.45,null,54.56,null,50.43,47.11,44.64,57.2,null,57.85,41.72,null,50.35]
["MATERIAL",12733,"TE DE COBRE SEM ANEL DE SOLDA, BOLSA X BOLSA X BOLSA, 15 MM","UN","CR",{"$nulls":6},12.05,{"$nulls":18},7.45]
["MATERIAL",12735,"TE DE COBRE SEM ANEL DE SOLDA, BOLSA X BOLSA X BOLSA, 28 MM","UN","CR",{"$nulls":6},42.26,{"$nulls":18},26.14]
["MATERIAL",12738,"TE DE COBRE SEM ANEL DE SOLDA, BOLSA X BOLSA X BOLSA, 54 MM","UN","CR",{"$nulls":6},245.98,{"$nulls":18},152.16999999999999]
["MATERIAL",6323,"TE DE FERRO GALVANIZADO, DE 1\"","UN","CR",21.22,null,null,null,19.43,{"$nulls":5},21.59,22.6,17.53,22.67,null,null,18.52,null,null,null,17.27,null,21.89,null,null,22.52,20.92]
["MATERIAL",6322,"TE DE FERRO GALVANIZADO, DE 3\"","UN","CR",165.74,null,null,null,151.75,{"$nulls":5},168.61,176.53,136.91,177.04,null,null,144.66999999999999,null,null,null,134.88999999999999,null,170.97,null,null,175.86,163.38]
["MATERIAL",6295,"TE DE FERRO GALVANIZADO, DE 3/4\"","UN","CR",13.18,null,null,null,12.07,{"$nulls":5},13.41,14.04,10.89,14.08,null,null,11.5,null,null,null,10.73,null,13.6,null,null,13.99,12.99]
["MATERIAL",7105,"TE DE INSPECAO, PVC, 100 X 75 MM, SERIE NORMAL PARA ESGOTO PREDIAL","UN","CR",45.43,40.39,36.26,29.85,36.68,41.27,41.3,53.69,44.52,36.92,43.09,44.99,42.93,42.24,36.729999999999997,33.04,38.299999999999997,39.57,44.47,41.11,48.87,35.79,45.43,40.86,39.020000000000003,44.55,40.86]
["MATERIAL",7126,"TE DE REDUCAO COM ROSCA, PVC, 90 GRAUS, 1.1/2\" X 3/4\", AGUA FRIA PREDIAL","UN","CR",27.04,23.83,22.61,20.22,21.22,23.94,24.82,30.86,25.65,22.61,23.55,24.93,22.83,26.76,22.83,23.05,23.55,22.05,23.99,20.94,23.99,21.22,27.59,22.55,23.1,24.1,23.05]
["MATERIAL",6320,"TE DE REDUCAO DE FERRO GALVANIZADO, COM ROSCA BSP, DE 1\" X 1/2\"","UN","CR",24.89,null,null,null,22.79,{"$nulls":5},25.32,26.51,20.56,26.59,null,null,21.73,null,null,null,20.260000000000002,null,25.68,null,null,26.41,24.54]
["MATERIAL",6308,"TE DE REDUCAO DE FERRO GALVANIZADO, COM ROSCA BSP, DE 2 1/2\" X 1 1/2\"","UN","CR",133.75,null,null,null,122.46,{"$nulls":5},136.07,142.46,110.49,142.87,null,null,116.74,null,null,null,108.85,null,137.97,null,null,141.91999999999999,131.85]
["MATERIAL",6309,"TE DE REDUCAO DE FERRO GALVANIZADO, COM ROSCA BSP, DE 2 1/2\" X 2\"","UN","CR",137.63999999999999,null,null,null,126.02,{"$nulls":5},140.02000000000001,146.6,113.7,147.02000000000001,null,null,120.14,null,null,null,112.02,null,141.97999999999999,null,null,146.04,135.68]
["MATERIAL",6311,"TE DE REDUCAO DE FERRO GALVANIZADO, COM ROSCA BSP, DE 3\" X 1 1/4\"","UN","CR",192.39,null,null,null,176.15,{"$nulls":5},195.72,204.92,158.91999999999999,205.51,null,null,167.93,null,null,null,156.58000000000001,null,198.46,null,null,204.14,189.65]
["MATERIAL",6314,"TE DE REDUCAO DE FERRO GALVANIZADO, COM ROSCA BSP, DE 3\" X 2 1/2\"","UN","CR",192.39,null,null,null,176.15,{"$nulls":5},195.72,204.92,158.91999999999999,205.51,null,null,167.93,null,null,null,156.58000000000001,null,198.46,null,null,204.14,189.65]
["MATERIAL",6315,"TE DE REDUCAO DE FERRO GALVANIZADO, COM ROSCA BSP, DE 4\" X 2\"","UN","CR",364.29,null,null,null,333.53,{"$nulls":5},370.59,388,300.91000000000003,389.12,null,null,317.95999999999998,null,null,null,296.47000000000003,null,375.77,null,null,386.52,359.1]
["MATERIAL",39327,"TE DE REDUCAO, CPVC, 42 X 35 MM, PARA AGUA QUENTE PREDIAL","UN","CR",47.74,null,null,null,41.86,40.909999999999997,41.83,51.58,41.76,null,45.81,52.56,46.51,42.08,null,47.39,null,43.8,40.909999999999997,38.770000000000003,49.68,null,50.24,36.24,null,43.73]
["MATERIAL",7106,"TE DE REDUCAO, PVC, SOLDAVEL, 90 GRAUS, 110 MM X 60 MM, PARA AGUA FRIA PREDIAL","UN","CR",167.31,147.43,139.88,125.14,131.31,148.11000000000001,153.6,190.97,158.74,139.88,145.71,154.28,141.25,165.6,141.25,142.63,145.71,136.44999999999999,148.44999999999999,129.6,148.44999999999999,131.31,170.74,139.54,142.97,149.13999999999999,142.63]
["MATERIAL",7129,"TE DE REDUCAO, PVC, SOLDAVEL, 90 GRAUS, 50 MM X 25 MM, PARA AGUA FRIA PREDIAL","UN","CR",11.96,10.54,10,8.9499999999999993,9.39,10.59,10.98,13.65,11.35,10,10.42,11.03,10.1,11.84,10.1,10.199999999999999,10.42,9.75,10.61,9.26,10.61,9.39,12.21,9.98,10.220000000000001,10.66,10.199999999999999]
["MATERIAL",7130,"TE DE REDUCAO, PVC, SOLDAVEL, 90 GRAUS, 50 MM X 32 MM, PARA AGUA FRIA PREDIAL","UN","CR",17.38,15.31,14.53,13,13.64,15.38,15.95,19.84,16.489999999999998,14.53,15.14,16.03,14.67,17.2,14.67,14.81,15.14,14.17,15.42,13.46,15.42,13.64,17.739999999999998,14.49,14.85,15.49,14.81]
["MATERIAL",37421,"TE DE SERVICO INTEGRADO, EM POLIPROPILENO (PP), PARA TUBOS EM PEAD/PVC, 60 X 32 MM - LIGACAO PREDIAL DE AGUA","UN","CR",{"$nulls":10},82.81,{"$nulls":11},92.92,null,null,51.71]
["MATERIAL",37445,"TE DE SERVICO, PEAD PE 100, DE 125 X 63 MM, PARA ELETROFUSAO","UN","CR",{"$nulls":22},364.26,null,null,312.63]
["MATERIAL",37441,"TE DE SERVICO, PEAD PE 100, DE 63 X 32 MM, PARA ELETROFUSAO","UN","CR",{"$nulls":22},187.57,null,null,160.97999999999999]
["MATERIAL",37442,"TE DE SERVICO, PEAD PE 100, DE 63 X 63 MM, PARA ELETROFUSAO","UN","CR",{"$nulls":22},225.92,null,null,193.89]
["MATERIAL",39896,"TE DUPLA CURVA BRONZE/LATAO SEM ANEL DE SOLDA, ROSCA F X BOLSA X ROSCA F, 3/4\" X 22 X 3/4\"","UN","CR",{"$nulls":6},127.53,{"$nulls":18},78.89]
["MATERIAL",39000,"TE MISTURADOR COM INSERTO METALICO, FEMEA, PPR, DN 25 MM X 3/4\", PARA AGUA QUENTE E FRIA PREDIAL","UN","CR",{"$nulls":6},40.590000000000003,{"$nulls":10},40.19,{"$nulls":4},33.85,33.29,null,33.950000000000003]
["MATERIAL",38020,"TE MISTURADOR, CPVC, SOLDAVEL, 22 MM, PARA AGUA QUENTE","UN","CR",10.49,null,null,null,9.1999999999999993,8.99,9.19,11.33,9.18,null,10.07,11.55,10.220000000000001,9.25,null,10.41,null,9.6199999999999992,8.99,8.52,10.92,null,11.04,7.96,null,9.61]
["MATERIAL",38455,"TE MISTURADOR, PPR, F/M/M, DN 25 X 25 MM, PARA AGUA QUENTE PREDIAL","UN","CR",{"$nulls":6},20.37,{"$nulls":10},20.170000000000002,{"$nulls":4},16.989999999999998,16.71,null,17.04]
["MATERIAL",38457,"TE NORMAL, PPR, F/F/F, SOLDAVEL, 90 GRAUS, DN 40 X 40 X 40 MM, PARA AGUA QUENTE PREDIAL","UN","CR",{"$nulls":6},17.7,{"$nulls":10},17.52,{"$nulls":4},14.76,14.52,null,14.81]
["MATERIAL",7094,"TE PVC ROSCAVEL 90 GRAUS, 1\", PARA AGUA FRIA PREDIAL","UN","CR",14.72,12.97,12.31,11.01,11.55,13.03,13.52,16.8,13.97,12.31,12.82,13.58,12.43,14.57,12.43,12.55,12.82,12.01,13.06,11.4,13.06,11.55,15.02,12.28,12.58,13.12,12.55]
["MATERIAL",7110,"TE PVC, ROSCAVEL, 90 GRAUS, 2\", AGUA FRIA PREDIAL","UN","CR",57.56,50.72,48.13,43.05,45.18,50.96,52.84,65.7,54.61,48.13,50.13,53.08,48.6,56.97,48.6,49.07,50.13,46.95,51.07,44.59,51.07,45.18,58.74,48.01,49.19,51.31,49.07]
["MATERIAL",7123,"TE PVC, ROSCAVEL, 90 GRAUS, 3/4\", AGUA FRIA PREDIAL","UN","CR",5.44,4.79,4.55,4.07,4.2699999999999996,4.82,5,6.21,5.16,4.55,4.74,5.0199999999999996,4.59,5.39,4.59,4.6399999999999997,4.74,4.4400000000000004,4.83,4.21,4.83,4.2699999999999996,5.55,4.54,4.6500000000000004,4.8499999999999996,4.6399999999999997]
["MATERIAL",7114,"TE PVC, SOLDAVEL, COM BUCHA DE LATAO NA BOLSA CENTRAL, 90 GRAUS, 32 MM X 3/4\", PARA AGUA FRIA PREDIAL","UN","CR",15.05,13.26,12.58,11.26,11.81,13.32,13.82,17.18,14.28,12.58,13.11,13.88,12.71,14.9,12.71,12.83,13.11,12.28,13.36,11.66,13.36,11.81,15.36,12.55,12.86,13.42,12.83]
["MATERIAL",40419,"TE RANHURADO EM FERRO FUNDIDO, DN 50 (2\")","UN","CR",{"$nulls":4},62.31,{"$nulls":20},31.92]
["MATERIAL",38905,"TE ROSCA FEMEA, METALICO, PARA CONEXAO COM ANEL DESLIZANTE, DN 16 MM X 1/2\", EM TUBO PEX PARA INST. AGUA QUENTE/FRIA","UN","CR",{"$nulls":22},34.729999999999997,null,null,21.7]
["MATERIAL",38910,"TE ROSCA FEMEA, METALICO, PARA CONEXAO COM ANEL DESLIZANTE, DN 25 MM X 3/4\", EM TUBO PEX PARA INST. AGUA QUENTE/FRIA","UN","CR",{"$nulls":22},39.159999999999997,null,null,24.47]
["MATERIAL",7097,"TE SANITARIO, PVC, DN 50 X 50 MM, SERIE NORMAL, PARA ESGOTO PREDIAL","UN","CR",8.32,7.39,6.64,5.46,6.71,7.56,7.56,9.83,8.15,6.76,7.89,8.24,7.86,7.73,6.72,6.05,7.01,7.24,8.14,7.53,8.9499999999999993,6.55,8.32,7.48,7.14,8.16,7.48]
["MATERIAL",7140,"TE SOLDAVEL, PVC, 90 GRAUS, 32 MM, PARA AGUA FRIA PREDIAL (NBR 5648)","UN","CR",4.43,3.91,3.71,3.31,3.48,3.92,4.07,5.0599999999999996,4.21,3.71,3.86,4.09,3.74,4.3899999999999997,3.74,3.78,3.86,3.61,3.93,3.43,3.93,3.48,4.5199999999999996,3.7,3.79,3.95,3.78]
["MATERIAL",7145,"TE SOLDAVEL, PVC, 90 GRAUS, 85 MM, PARA AGUA FRIA PREDIAL (NBR 5648)","UN","CR",91.76,80.849999999999994,76.709999999999994,68.63,72.010000000000005,81.23,84.23,104.73,87.05,76.709999999999994,79.91,84.61,77.47,90.82,77.47,78.22,79.91,74.83,81.41,71.069999999999993,81.41,72.010000000000005,93.64,76.52,78.41,81.790000000000006,78.22]
["MATERIAL",7142,"TE SOLDAVEL, PVC, 90 GRAUS,50 MM, PARA AGUA FRIA PREDIAL (NBR 5648)","UN","CR",11.33,9.98,9.4700000000000006,8.4700000000000006,8.89,10.029999999999999,10.4,12.93,10.75,9.4700000000000006,9.8699999999999992,10.45,9.57,11.22,9.57,9.66,9.8699999999999992,9.24,10.050000000000001,8.7799999999999994,10.050000000000001,8.89,11.56,9.4499999999999993,9.68,10.1,9.66]
["MATERIAL",41892,"TE, PVC PBA, BBB, 90 GRAUS, DN 100 / DE 110 MM, PARA REDE DE AGUA","UN","CR",115.09,110.08,null,118.63,87.56,{"$nulls":5},138.22999999999999,110.78,115.57,132.81,null,null,162.21,null,null,null,122.31,{"$nulls":4},142.47]
["MATERIAL",20179,"TE, PVC, SERIE R, 100 X 100 MM, PARA ESGOTO PREDIAL","UN","CR",48.46,43.08,38.68,31.83,39.119999999999997,44.02,44.05,57.27,47.49,39.380000000000003,45.96,47.99,45.79,45.05,39.18,35.24,40.85,42.2,47.43,43.85,52.13,38.18,48.46,43.58,41.62,47.52,43.58]
["MAO DE OBRA",40945,"TECNICO DE EDIFICACOES (HORISTA)","H","CR",20.329999999999998,27.69,32,17.32,26.81,36.47,16.37,14.22,17.14,15.94,31.76,18.54,14.03,18.97,18.47,20.95,25.1,20.440000000000001,19.48,19.09,15.25,34.520000000000003,29.95,21.23,14.45,54.51,13.03]
["MAO DE OBRA",41089,"TECNICO EM LABORATORIO E CAMPO DE CONSTRUCAO CIVIL (MENSALISTA)","MES","CR",3722.36,6124.63,11715.82,4651.79,6719.23,5184.37,9073.2000000000007,7436.8,4901.82,6740.9,6255.92,5200.7,4304.45,4962.4799999999996,4256.13,4625.08,3229.96,6645.32,7519.49,6278.68,5111.01,4604.34,5381.41,6480.22,3986.89,9539.42,4657.87]
["MAO DE OBRA",40944,"TECNICO EM SEGURANCA DO TRABALHO (MENSALISTA)","MES","CR",4188.5,5955.7,12887.68,4793.54,6719.23,4819.2299999999996,8749.85,5279.67,5110.1499999999996,7278.24,6231.71,5000.68,4262.24,5113.7,4268.96,4417.54,3910.98,6065.61,7384.89,6906.55,5500.19,6449.27,6206.63,6499.18,4038.48,11639.8,4799.82]
["MATERIAL",34547,"TELA DE ACO SOLDADA GALVANIZADA/ZINCADA PARA ALVENARIA, FIO D = *1,20 A 1,70* MM, MALHA 15 X 15 MM, (C X L) *50 X 12* CM","M","CR",null,4,4.0999999999999996,null,3.05,3.46,3.33,4.3499999999999996,3.19,null,3.48,3.46,4.6100000000000003,4,null,null,3.71,3.9,3.23,null,4.79,null,3.83,3.51,null,3.1]
["MATERIAL",34550,"TELA DE ACO SOLDADA GALVANIZADA/ZINCADA PARA ALVENARIA, FIO D = *1,20 A 1,70* MM, MALHA 15 X 15 MM, (C X L) *50 X 6* CM","M","CR",null,1.73,1.77,null,1.32,1.49,1.44,1.88,1.38,null,1.5,1.49,1.99,1.73,null,null,1.6,1.69,1.39,null,2.0699999999999998,null,1.65,1.52,null,1.34]
["MATERIAL",39508,"TELA DE ACO SOLDADA NERVURADA, CA-60, L-159, (1,69 KG/M2), DIAMETRO DO FIO = 4,5 MM, LARGURA = 2,45 M, ESPACAMENTO DA MALHA = 30 X 10 CM","M2","CR",null,10.4,10.68,null,7.93,9,8.66,11.33,8.2899999999999991,null,9.0500000000000007,9,12.01,10.4,null,null,9.66,10.15,8.4,null,12.47,null,9.9600000000000009,9.14,null,8.07]
["MATERIAL",43127,"TELA DE ACO SOLDADA NERVURADA, CA-60, Q-283 (4,48 KG/M2), DIAMETRO DO FIO = 6,0 MM, LARGURA = 2,45 X 6,00 M DE COMPRIMENTO, ESPACAMENTO DA MALHA = 10 X 10 CM","M2","CR",null,40.909999999999997,41.99,null,31.2,35.39,34.07,44.55,32.61,null,35.590000000000003,35.39,47.21,40.89,null,null,37.99,39.909999999999997,33.04,null,49.04,null,39.15,35.950000000000003,null,31.73]
["MATERIAL",44529,"TELA DE ANIAGEM (JUTA)","M2","CR",20.2,null,null,null,13.47,null,17.96,null,15.71,null,13.02,13.47,16.07,null,null,10.77,13.47,12.79,14.62,null,17.72,null,14.81,null,null,23.22,16.16]
["MATERIAL",10927,"TELA DE ARAME GALVANIZADA QUADRANGULAR / LOSANGULAR, FIO 2,77 MM (12 BWG), MALHA 8 X 8 CM, H = 2 M","M2","CR",28.27,null,null,47.77,24.83,null,21.82,null,24.56,null,21.1,23.05,null,31.03,null,32.97,null,29.74,34.26,null,32.61,null,24.04,22.05,null,24.06]
["MATERIAL",7162,"TELA DE ARAME GALVANIZADA QUADRANGULAR / LOSANGULAR, FIO 3,4 MM (10 BWG), MALHA 5 X 5 CM, H = 2 M","M2","CR",69.17,null,null,116.88,60.76,null,53.39,null,60.09,null,51.64,56.41,null,75.930000000000007,null,80.67,null,72.77,83.83,null,79.81,null,58.84,53.97,null,58.89]
["MATERIAL",36887,"TELA DE FIBRA DE VIDRO, ACABAMENTO ANTI-ALCALINO, MALHA 10 X 10 MM","M2","CR",null,10.87,9.69,null,9.06,7.52,11.23,8.74,7.88,12.18,7.97,10.1,11.91,11.05,10.87,12.68,10.14,9.06,11.77,9.42,9.9600000000000009,13.9,16.3,10.6,8.06,8.69,12.82]
["MATERIAL",7170,"TELA FACHADEIRA EM POLIETILENO, ROLO DE 3 X 100 M (L X C), COR BRANCA, SEM LOGOMARCA - PARA PROTECAO DE OBRAS","M2","CR",null,2.62,2.34,null,2.19,1.81,2.71,2.11,1.9,2.94,1.92,2.44,2.88,2.67,2.62,3.06,2.4500000000000002,2.19,2.84,2.27,2.41,3.36,3.94,2.56,1.95,2.1,3.1]
["MATERIAL",37525,"TELA PLASTICA TECIDA LISTRADA BRANCA E LARANJA, TIPO GUARDA CORPO, EM POLIETILENO MONOFILADO, ROLO 1,20 X 50 M (L X C)","M","CR",null,3.28,2.92,null,2.73,2.27,3.39,2.64,2.38,3.68,2.4,3.05,3.6,3.34,3.28,3.83,3.06,2.73,3.55,2.84,3.01,4.2,4.92,3.2,2.4300000000000002,2.62,3.87]
["MATERIAL",7175,"TELHA DE BARRO / CERAMICA, NAO ESMALTADA, TIPO ROMANA, AMERICANA, PORTUGUESA, FRANCESA, COMPRIMENTO DE *41* CM, RENDIMENTO DE *16* TELHAS/M2","UN","CR",1.88,1.02,1.88,2.15,1.36,1.41,1.88,0.96,2.0299999999999998,1.49,2.98,1.88,3.5,1.47,1.08,1.68,1.04,1.88,3.28,1.24,4.49,1.88,3.02,1.88,1.22,3.1,1.69]
["MATERIAL",34468,"TELHA DE FIBROCIMENTO E = 6 MM, DE 4,60 X 1,06 M (SEM AMIANTO)","UN","CR",432.59,419.28,558.16999999999996,219.42,288.22000000000003,441.34,227.88,274.02999999999997,299.32,408.65,251.92,294.23,305.24,504.56,387.5,357.11,321.63,281.25,302.83,382.69,288.22000000000003,448.7,307.69,278.36,390.14,259.08,410.62]
["MATERIAL",7190,"TELHA DE FIBROCIMENTO ONDULADA E = 4 MM, DE 1,22 X 0,50 M (SEM AMIANTO)","UN","CR",19.170000000000002,18.579999999999998,24.74,9.7200000000000006,12.77,19.559999999999999,10.1,12.14,13.26,18.11,11.16,13.04,13.52,22.36,17.170000000000002,15.82,14.25,12.46,13.42,16.96,12.77,19.88,13.63,12.33,17.29,11.48,18.2]
["MATERIAL",7194,"TELHA DE FIBROCIMENTO ONDULADA E = 6 MM, DE 2,44 X 1,10 M (SEM AMIANTO)","M2","CR",41.49,40.21,53.53,21.04,27.64,42.33,21.85,26.28,28.7,39.19,24.16,28.22,29.27,48.39,37.159999999999997,34.25,30.84,26.97,29.04,36.700000000000003,27.64,43.03,29.51,26.69,37.42,24.84,39.380000000000003]
["MATERIAL",7197,"TELHA DE FIBROCIMENTO ONDULADA E = 6 MM, DE 3,66 X 1,10 M (SEM AMIANTO)","UN","CR",175.1,169.71,225.93,88.81,116.66,178.64,92.24,110.92,121.16,165.41,101.97,119.09,123.55,204.23,156.85,144.55000000000001,130.19,113.84,122.58,154.9,116.66,181.62,124.54,112.67,157.91999999999999,104.87,166.21]
["MATERIAL",34425,"TELHA ESTRUTURAL DE FIBROCIMENTO 1 ABA, DE 0,52 X 2,00 M (SEM AMIANTO)","UN","CR",186.15,180.42,240.19,94.42,124.02,189.91,98.06,117.92,128.80000000000001,175.85,108.4,126.61,131.34,217.12,166.74,153.66999999999999,138.4,121.02,130.31,164.67,124.02,193.08,132.4,119.78,167.88,111.48,176.69]
["MATERIAL",7224,"TELHA ESTRUTURAL DE FIBROCIMENTO 1 ABA, DE 0,52 X 4,00 M (SEM AMIANTO)","UN","CR",381.35,369.61,492.05,193.43,254.08,389.07,200.89,241.57,263.87,360.25,222.08,259.38,269.08,444.8,341.6,314.81,283.52999999999997,247.93,266.95999999999998,337.36,254.08,395.55,271.24,245.39,343.93,228.39,361.98]
["MATERIAL",7229,"TELHA ESTRUTURAL DE FIBROCIMENTO 2 ABAS, DE 1,00 X 3,00 M (SEM AMIANTO)","UN","CR",345.93,335.28,446.35,175.46,230.48,352.93,182.23,219.14,239.36,326.79000000000002,201.45,235.28,244.09,403.48,309.87,285.57,257.2,224.9,242.17,306.02,230.48,358.81,246.05,222.6,311.98,207.18,328.36]
["MATERIAL",7230,"TELHA ESTRUTURAL DE FIBROCIMENTO 2 ABAS, DE 1,00 X 4,60 M (SEM AMIANTO)","UN","CR",575.91,558.17999999999995,743.09,292.11,383.7,587.55999999999995,303.38,364.82,398.49,544.03,335.38,391.7,406.36,671.72,515.87,475.42,428.19,374.42,403.16,509.47,383.7,597.35,409.62,370.58,519.39,344.92,546.66]
["MATERIAL",7233,"TELHA ESTRUTURAL DE FIBROCIMENTO 2 ABAS, DE 1,00 X 9,20 M (SEM AMIANTO)","UN","CR",1293.56,1253.73,1669.06,656.12,861.84,1319.72,681.42,819.43,895.05,1221.96,753.3,879.81,912.73,1508.77,1158.71,1067.8499999999999,961.76,841,905.55,1144.33,861.84,1341.72,920.07,832.37,1166.6199999999999,774.72,1227.8599999999999]
["MATERIAL",39521,"TELHA TERMOISOLANTE REVESTIDA EM ACO GALVANIZADO, FACE SUPERIOR EM TELHA TRAPEZOIDAL E FACE INFERIOR EM CHAPA PLANA (SEM ACESSORIOS DE FIXACAO), REVESTIMENTO COM ESPESSURA DE 0,50 MM COM PRE-PINTURA NAS DUAS FACES, NUCLEO EM POLIESTIRENO (EPS) DE 50 MM","M2","CR",139.24,null,null,127.97,135.36000000000001,{"$nulls":5},122.1,null,147.19,159.13,null,null,154.16,null,184.99,null,164.7,null,129.96,null,null,154.99]
["MATERIAL",11067,"TELHA TRAPEZOIDAL EM ALUMINIO, ALTURA DE *38* MM E ESPESSURA DE 0,5 MM (LARGURA TOTAL DE 1056 MM E COMPRIMENTO DE 5000 MM)","UN","CR",null,462.91,null,null,531.27,null,null,785.28,null,null,553.72,{"$nulls":4},532.88,null,null,444.69,null,null,null,430.59,392.94,null,417.81]
["MATERIAL",7246,"TELHA VIDRO TIPO CANAL OU COLONIAL, C = 46 A 50 CM","UN","CR",53.1,51.58,50.93,null,57.97,null,null,53.1,null,null,36.21,null,58.46,74.319999999999993,null,null,null,32.159999999999997,38.409999999999997,null,59.69,null,36.21,36.21,null,40.15]
["MATERIAL",1575,"TERMINAL A COMPRESSAO EM COBRE ESTANHADO PARA CABO 16 MM2, 1 FURO E 1 COMPRESSAO, PARA PARAFUSO DE FIXACAO M6","UN","CR",2.1,2.2599999999999998,1.76,2.42,1.72,null,2.2599999999999998,2.27,2.2400000000000002,2.2799999999999998,2.77,2.21,2.59,1.8,1.86,2.27,2.54,2.09,2.12,2.4,2.42,1.06,2.31,1.82,1.82,2.08,2.33]
["MATERIAL",1577,"TERMINAL A COMPRESSAO EM COBRE ESTANHADO PARA CABO 35 MM2, 1 FURO E 1 COMPRESSAO, PARA PARAFUSO DE FIXACAO M8","UN","CR",3.28,3.53,2.75,3.78,2.69,null,3.52,3.54,3.5,3.56,4.32,3.45,4.04,2.81,2.91,3.54,3.97,3.26,3.31,3.75,3.78,1.65,3.6,2.83,2.84,3.24,3.64]
["MATERIAL",39321,"TERMINAL DE VENTILACAO, 100 MM, SERIE NORMAL, ESGOTO PREDIAL","UN","CR",24.28,21.59,19.38,15.95,19.600000000000001,22.06,22.07,28.69,23.79,19.73,23.03,24.04,22.94,22.57,19.63,17.66,20.47,21.14,23.76,21.97,26.12,19.13,24.28,21.84,20.85,23.81,21.84]
["MATERIAL",39319,"TERMINAL DE VENTILACAO, 50 MM, SERIE NORMAL, ESGOTO PREDIAL","UN","CR",10.1,8.98,8.06,6.64,8.15,9.18,9.18,11.94,9.9,8.2100000000000009,9.58,10.01,9.5500000000000007,9.39,8.17,7.35,8.52,8.8000000000000007,9.89,9.14,10.87,7.96,10.1,9.09,8.68,9.91,9.09]
["MATERIAL",38196,"TERMINAL METALICO A PRESSAO PARA 1 CABO DE 150 MM2, COM 1 FURO DE FIXACAO","UN","CR",27.69,29.76,23.23,31.87,22.67,null,29.68,29.88,29.52,30.04,36.42,29.08,34.06,23.7,24.5,29.88,33.47,27.45,27.89,31.63,31.87,13.94,30.36,23.9,23.94,27.33,30.72]
["MATERIAL",11838,"TERMINAL METALICO A PRESSAO PARA 1 CABO DE 240 MM2, COM 1 FURO DE FIXACAO","UN","CR",39.93,42.92,33.5,45.96,32.69,null,42.8,43.09,42.57,43.32,52.52,41.94,49.12,34.18,35.33,43.09,48.26,39.590000000000003,40.22,45.62,45.96,20.11,43.78,34.47,34.53,39.409999999999997,44.3]
["MATERIAL",1545,"TERMINAL METALICO A PRESSAO PARA 1 CABO DE 50 A 70 MM2, COM 2 FUROS PARA FIXACAO","UN","CR",69.72,74.94,58.48,80.25,57.08,null,74.739999999999995,75.239999999999995,74.34,75.64,91.69,73.23,85.77,59.69,61.69,75.239999999999995,84.27,69.12,70.22,79.650000000000006,80.25,35.11,76.44,60.19,60.29,68.819999999999993,77.349999999999994]
["MATERIAL",1589,"TERMINAL METALICO A PRESSAO PARA 1 CABO DE 70 MM2, COM 1 FURO DE FIXACAO","UN","CR",10.39,11.17,8.7200000000000006,11.96,8.51,null,11.14,11.22,11.08,11.28,13.67,10.92,12.79,8.9,9.1999999999999993,11.22,12.56,10.3,10.47,11.87,11.96,5.23,11.4,8.9700000000000006,8.99,10.26,11.53]
["MATERIAL",1590,"TERMINAL METALICO A PRESSAO PARA 1 CABO DE 95 MM2, COM 1 FURO DE FIXACAO","UN","CR",18.3,19.670000000000002,15.35,21.06,14.98,null,19.62,19.75,19.510000000000002,19.850000000000001,24.07,19.22,22.51,15.66,16.190000000000001,19.75,22.12,18.14,18.43,20.91,21.06,9.2100000000000009,20.059999999999999,15.8,15.82,18.059999999999999,20.3]
["MATERIAL",4806,"TESTEIRA ANTIDERRAPANTE PARA PISO VINILICO *5 X 2,5* CM, E = 2 MM","M","CR",20.02,28.25,20.02,17.809999999999999,23.6,17.37,17.82,17.38,18.239999999999998,17.57,18.98,17.649999999999999,18.72,22.31,21.56,25.71,23.8,17.43,20.57,20.02,20.02,20.02,15.22,16.25,20.02,18.45,20.02]
["MATERIAL",7256,"TIJOLO CERAMICO MACICO APARENTE 2 FUROS DE *6,5 X 10 X 20* CM (L X A X C)","UN","CR",1.53,1.37,1.18,1.37,1.24,1.18,1.52,0.9,1.76,1.32,1.18,1.38,1.46,1.34,1.23,0.9,1.32,1.1000000000000001,1.1399999999999999,1.18,1.3,1.2,1.23,1.49,0.88,1.1299999999999999,1.51]
["MATERIAL",34400,"TIJOLO CERAMICO REFRATARIO DE *2,5 X 11,4 X 22,9* CM (L X A X C)","UN","CR",5.98,5.32,4.62,5.32,4.83,4.62,5.92,3.53,6.85,5.16,4.62,5.38,5.71,5.22,4.78,3.53,5.16,4.29,4.45,4.62,5.05,4.67,4.78,5.81,3.42,4.4000000000000004,5.87]
["MATERIAL",154,"TINTA / REVESTIMENTO A BASE DE RESINA EPOXI COM ALCATRAO, BICOMPONENTE","L","CR",93.58,101.8,null,98.15,70.77,85.07,90.75,62.35,73.81,90.75,65.290000000000006,73.61,76.55,82.94,91.15,78.680000000000007,113.15,67.319999999999993,77.67,78.17,96.53,87.2,74.930000000000007,68.13,98.25,74.319999999999993,97.94]
["MATERIAL",7348,"TINTA ACRILICA PREMIUM PARA PISO","L","CR",23.08,21.99,19.100000000000001,22.73,19.559999999999999,19.05,22.02,18.78,21.56,28.16,19.899999999999999,18.739999999999998,22.15,23.04,20.09,25.5,19.71,20.239999999999998,20.47,17.8,22.17,26.29,22.53,17.989999999999998,22.04,21.64,24.08]
["MATERIAL",43649,"TINTA ESMALTE BASE AGUA PREMIUM ACETINADO","L","CR",36.619999999999997,44.27,40.98,36.29,44.88,45.07,48.88,48.81,43.06,34.090000000000003,51.72,40.909999999999997,38.53,44.43,37.18,53.32,41.06,44.36,54.81,40.81,41.49,33.94,47.43,40.01,42.38,49.34,35.85]
["MATERIAL",7292,"TINTA ESMALTE SINTETICO PREMIUM BRILHANTE","L","C",34.32,41.49,38.409999999999997,34.01,42.06,42.24,45.81,45.75,40.36,31.95,48.47,38.340000000000003,36.11,41.64,34.85,49.97,38.479999999999997,41.58,51.37,38.25,38.89,31.81,44.45,37.5,39.72,46.24,33.6]
["MATERIAL",7306,"TINTA ESMALTE SINTETICO PREMIUM DE EFEITO PROTETOR DE SUPERFICIE METALICA ALUMINIO","L","CR",41.9,50.65,46.89,41.52,51.35,51.57,55.93,55.86,49.27,39.01,59.18,46.81,44.09,50.84,42.55,61.01,46.98,50.76,62.72,46.7,47.48,38.840000000000003,54.27,45.78,48.49,56.45,41.02]
["MATERIAL",35693,"TINTA LATEX ACRILICA ECONOMICA, COR BRANCA","L","CR",14.35,13.68,11.88,14.14,12.16,11.85,13.69,11.68,13.41,17.52,12.37,11.65,13.78,14.33,12.5,15.86,12.26,12.59,12.73,11.07,13.79,16.350000000000001,14.01,11.19,13.71,13.46,14.98]
["MATERIAL",35692,"TINTA LATEX ACRILICA STANDARD, COR BRANCA","L","CR",22.52,21.46,18.64,22.18,19.079999999999998,18.59,21.49,18.32,21.04,27.48,19.420000000000002,18.29,21.62,22.49,19.61,24.88,19.23,19.75,19.97,17.37,21.63,25.66,21.98,17.55,21.51,21.12,23.5]
["MATERIAL",7350,"TINTA/RESINA ACRILICA PREMIUM PARA CERAMICA, PEDRAS E OUTROS","L","CR",49.67,47.33,41.11,48.92,42.09,41.01,47.39,40.42,46.41,60.61,42.83,40.33,47.68,49.6,43.24,54.88,42.42,43.56,44.05,38.31,47.71,56.58,48.48,38.71,47.45,46.58,51.83]
["MATERIAL",7528,"TOMADA 2P+T 10A, 250V, CONJUNTO MONTADO PARA EMBUTIR 4\" X 2\" (PLACA + SUPORTE + MODULO)","UN","C",12.75,13.72,11.47,10.5,6.5,8.99,12.5,11.5,8.8000000000000007,8.41,8.5,8,8.61,8.25,8.25,8.1999999999999993,10.8,8.9,7.96,8.4499999999999993,9.6,8.4499999999999993,11.14,10.4,6.89,9.39,9.02]
["MATERIAL",7525,"TOMADA INDUSTRIAL DE EMBUTIR 3P+T 30 A, 440 V, COM TRAVA, COM PLACA","UN","CR",62.78,67.56,56.48,51.7,32,44.26,61.55,56.62,43.33,41.41,41.85,39.39,42.39,40.619999999999997,40.619999999999997,40.369999999999997,53.18,43.82,39.19,41.6,47.27,41.6,54.85,51.21,33.92,46.23,44.41]
["MATERIAL",38082,"TOMADA RJ11, 2 FIOS, CONJUNTO MONTADO PARA EMBUTIR 4\" X 2\" (PLACA + SUPORTE + MODULO)","UN","CR",28.1,30.24,25.28,23.14,14.32,19.809999999999999,27.55,25.35,19.399999999999999,18.54,18.73,17.63,18.98,18.18,18.18,18.07,23.8,19.62,17.54,18.62,21.16,18.62,24.55,22.92,15.18,20.7,19.88]
["MATERIAL",38104,"TOMADA RJ45, 8 FIOS, CAT 5E (APENAS MODULO)","UN","CR",44.67,48.07,40.18,36.78,22.77,31.49,43.79,40.29,30.83,29.46,29.78,28.03,30.16,28.9,28.9,28.73,37.840000000000003,31.18,27.89,29.6,33.630000000000003,29.6,39.03,36.43,24.14,32.9,31.6]
["MATERIAL",7606,"TORNEIRA DE BOIA BALAO METALICO, VAZAO TOTAL, PARA CAIXA D'AGUA, AGUA QUENTE, ROSCA 3/4\", COM HASTE, TORNEIRA E BALAO METALICOS","UN","CR",62.46,44.22,59.33,68.180000000000007,63.27,61.54,132.30000000000001,69.98,83.88,58.04,57.12,73.52,73.959999999999994,62.83,110.37,54.91,73.7,64.489999999999995,133.44,48.24,55.09,44.22,128.97999999999999,119.77,64.31,109.67,66.33]
["MATERIAL",11763,"TORNEIRA DE BOIA CONVENCIONAL PARA CAIXA D'AGUA, AGUA FRIA, 1.1/2\", COM HASTE E TORNEIRA METALICOS E BALAO PLASTICO","UN","CR",136.4,96.57,129.56,148.88,138.16999999999999,134.38999999999999,288.91000000000003,152.82,183.16,126.75,124.73,160.55000000000001,161.51,137.21,241.02,119.91,160.94999999999999,140.83000000000001,291.39999999999998,105.34,120.31,96.57,281.67,261.55,140.43,239.5,144.85]
["MATERIAL",11766,"TORNEIRA DE BOIA VAZAO TOTAL PARA CAIXA D'AGUA, AGUA FRIA, BITOLA 1/2\", COM HASTE E TORNEIRA METALICOS E BALAO PLASTICO","UN","CR",40.79,28.88,38.75,44.53,41.32,40.19,86.41,45.7,54.78,37.909999999999997,37.299999999999997,48.02,48.3,41.03,72.09,35.86,48.14,42.12,87.15,31.5,35.979999999999997,28.88,84.24,78.22,42,71.63,43.32]
["MATERIAL",44045,"TORNEIRA DE MESA PARA LAVATORIO, METALICA CROMADA, COM MISTURADOR MONOCOMANDO, BICA BAIXA","UN","CR",243.16,364.38,480.18,650.01,393.82,320.81,363.46,257.47000000000003,348.56,489.4,318.64999999999998,350.16,403.13,183.45,348.56,384.79,389.37,306.82,352.68,248.85,333.83,315.35000000000002,564.11,474.68,350.62,286.41000000000003,366.81]
["MATERIAL",7602,"TORNEIRA DE METAL AMARELO, PARA TANQUE / JARDIM, DE PAREDE, COM BICO PLASTICO, CANO CURTO, AREA EXTERNA, PADRAO POPULAR / USO GERAL, 1/2\" OU 3/4\"","UN","CR",33.83,50.7,66.81,90.44,54.8,44.64,50.57,35.82,48.5,68.099999999999994,44.34,48.72,56.09,25.52,48.5,53.54,54.18,42.69,49.07,34.619999999999997,46.45,43.88,78.489999999999995,66.05,48.78,39.85,51.04]
["MATERIAL",36795,"TORNEIRA METALICA CROMADA DE MESA PARA LAVATORIO, COM SENSOR DE PRESENCA A PILHA, COM AREJADOR EMBUTIDO","UN","CR",1310.3800000000001,1963.6,2587.65,3502.84,2122.27,1728.8,1958.65,1387.49,1878.33,2637.33,1717.19,1886.98,2172.44,988.59,1878.33,2073.58,2098.29,1653.42,1900.57,1341.03,1799,1699.39,3039.93,2557.9899999999998,1889.45,1543.44,1976.7]
["MATERIAL",11762,"TORNEIRA METALICA CROMADA PARA JARDIM / TANQUE, COM BICO PLASTICO, CANO LONGO, DE PAREDE, PADRAO POPULAR / USO GERAL, 1/2\" OU 3/4\"","UN","CR",43.55,65.260000000000005,86,116.42,70.540000000000006,57.46,65.099999999999994,46.11,62.43,87.66,57.07,62.72,72.2,32.85,62.43,68.92,69.739999999999995,54.95,63.17,44.57,59.79,56.48,101.04,85.02,62.8,51.3,65.7]
["MATERIAL",7604,"TORNEIRA METALICA CROMADA PARA TANQUE / JARDIM, SEM BICO, CANO LONGO, DE PAREDE, PADRAO POPULAR / USO GERAL, 1/2\" OU 3/4\"","UN","CR",36.869999999999997,55.26,72.819999999999993,98.58,59.72,48.65,55.12,39.049999999999997,52.86,74.22,48.32,53.1,61.14,27.82,52.86,58.35,59.05,46.53,53.49,37.74,50.63,47.82,85.55,71.989999999999995,53.17,43.43,55.63]
["MATERIAL",40329,"TORNEIRA PLASTICA DE BOIA CONVENCIONAL PARA CAIXA DE AGUA, AGUA FRIA, 3/4\", COM HASTE METALICA E COM TORNEIRA E BALAO PLASTICOS (PADRAO POPULAR)","UN","C",16.95,12,16.100000000000001,18.5,17.170000000000002,16.7,35.9,18.989999999999998,22.76,15.75,15.5,19.95,20.07,17.05,29.95,14.9,20,17.5,36.21,13.09,14.95,12,35,32.5,17.45,29.76,18]
["MATERIAL",11831,"TORNEIRA PLASTICA PARA TANQUE 1/2\" OU 3/4\" COM BICO PARA MANGUEIRA","UN","CR",15.88,15.3,18.36,19.510000000000002,15.25,16.809999999999999,16.16,16.16,15.3,19.03,19.510000000000002,17.98,25.81,18.170000000000002,16.64,14.82,15.74,16.64,25.73,14.06,17.22,15.3,20.47,16.260000000000002,15.59,20.85,13.58]
["MATERIAL",7618,"TRANSFORMADOR TRIFASICO DE DISTRIBUICAO, POTENCIA DE 1500 KVA, TENSAO NOMINAL DE 15 KV, TENSAO SECUNDARIA DE 220/127V, EM OLEO ISOLANTE TIPO MINERAL","UN","CR",{"$nulls":4},176760.48,{"$nulls":4},254046.5,null,237484,284655.64,null,null,null,264153.63,162428.01,{"$nulls":7},157172.09]
["MATERIAL",7610,"TRANSFORMADOR TRIFASICO DE DISTRIBUICAO, POTENCIA DE 30 KVA, TENSAO NOMINAL DE 15 KV, TENSAO SECUNDARIA DE 220/127V, EM OLEO ISOLANTE TIPO MINERAL","UN","CR",{"$nulls":4},12107.07,{"$nulls":4},17400.72,null,16266.28,19497.27,null,null,null,18093,11125.38,{"$nulls":7},10765.38]
["MATERIAL",7616,"TRANSFORMADOR TRIFASICO DE DISTRIBUICAO, POTENCIA DE 500 KVA, TENSAO NOMINAL DE 15 KV, TENSAO SECUNDARIA DE 220/127V, EM OLEO ISOLANTE TIPO MINERAL","UN","CR",{"$nulls":4},72788.31,{"$nulls":4},104613.96,null,97793.68,117218.52,null,null,null,108775.98,66886.33,{"$nulls":7},64721.99]
["EQUIPAMENTO (AQUISIÇÃO)",36509,"TRATOR DE ESTEIRAS, POTENCIA 125 HP, PESO OPERACIONAL DE 12,9 T, COM LAMINA COM CAPACIDADE DE 2,7 M3","UN","CR",{"$nulls":10},1166605.43,{"$nulls":6},1069724.7,1033394.43,null,null,null,1098385.25,null,null,1130275.1599999999]
["EQUIPAMENTO (AQUISIÇÃO)",7624,"TRATOR DE ESTEIRAS, POTENCIA DE 150 HP, PESO OPERACIONAL DE 16,7 T, COM RODA MOTRIZ ELEVADA E LAMINA COM CONTATO DE 3,18M3","UN","C",{"$nulls":10},1445000,{"$nulls":6},1325000,1280000,null,null,null,1360500,null,null,1400000]
["EQUIPAMENTO (AQUISIÇÃO)",7625,"TRATOR DE ESTEIRAS, POTENCIA DE 170 HP, PESO OPERACIONAL DE 19 T, COM LAMINA COM CAPACIDADE DE 5,2 M3","UN","CR",{"$nulls":10},1436161.94,{"$nulls":6},1316895.8999999999,1272171.1299999999,null,null,null,1352178.77,null,null,1391437.18]
["EQUIPAMENTO (AQUISIÇÃO)",36515,"TRATOR DE PNEUS COM POTENCIA DE 15 CV, PESO COM LASTRO DE 1160 KG","UN","CR",{"$nulls":4},104013.75999999999,{"$nulls":5},120560.73,{"$nulls":9},135269.13,null,119756.99,null,108504.65,106495.31]
["EQUIPAMENTO (AQUISIÇÃO)",36513,"TRATOR DE PNEUS COM POTENCIA DE 85 CV, TURBO, PESO COM LASTRO DE 4900 KG","UN","CR",{"$nulls":4},249330.7,{"$nulls":5},288995.31,{"$nulls":9},324252.73,null,287068.67,null,260095.77,255279.19]
["MATERIAL",11581,"TRILHO PANTOGRAFICO CONCAVO, TIPO U, EM ALUMINIO, COM DIMENSOES DE APROX *35 X 35* MM, PARA ROLDANA DE PORTA DE CORRER","M","CR",22.09,20.54,24.65,20.49,21.26,21.57,20.53,20.420000000000002,23.42,20.03,23.01,23.96,27.2,21.83,23.69,23.52,21.83,20.079999999999998,22.5,20.95,24.86,22.59,21.92,22.6,22.59,20.54,24.65]
["MATERIAL",43605,"TRILHO PANTOGRAFICO RETO, EM ALUMINIO, TIPO U, COM DIMENSOES DE *38 X 38* MM PARA PORTA DE CORRER","M","CR",45.19,42.04,50.45,41.93,43.51,44.14,42.02,41.78,47.92,40.99,47.08,49.02,55.66,44.66,48.47,48.13,44.66,41.09,46.03,42.86,50.87,46.22,44.85,46.24,46.22,42.04,50.45]
["EQUIPAMENTO (AQUISIÇÃO)",10743,"TROLEY MANUAL CAPACIDADE 1 T","UN","CR",{"$nulls":4},758.44,704.97,null,438.46,626.41999999999996,626.96,469.46,555.49,560.12,844.25,null,644.47,775.05,516.79,640.91,null,666.9,null,498.25,622.80999999999995,null,604.79999999999995,699.39]
["MATERIAL",7676,"TUBO 30\" EM CHAPA PRETA, E= 3/8\", 177 KG/6 M","M","CR",{"$nulls":7},4643.41,{"$nulls":7},5077.6499999999996,{"$nulls":6},3926.41,5396.58,null,4362.55]
["MATERIAL",21019,"TUBO ACO CARBONO COM COSTURA, NBR 5580, CLASSE M, DN = 25 MM, E = 3,35 MM, *2,50* KG//M","M","CR",{"$nulls":4},21.08,null,17.79,null,null,null,33.94,{"$nulls":4},27.41,{"$nulls":4},32.58,null,24.29,29.61,null,28.05]
["MATERIAL",40624,"TUBO ACO CARBONO SEM COSTURA 1 1/2\", E= *3,68 MM, SCHEDULE 40, 4,05 KG/M","M","CR",{"$nulls":7},99.43,{"$nulls":7},108.73,{"$nulls":6},84.07,115.56,null,93.41]
["MATERIAL",42574,"TUBO ACO CARBONO SEM COSTURA 1\", E= *3,38 MM, SCHEDULE 40, *2,50* KG/M","M","CR",{"$nulls":7},68.09,{"$nulls":7},74.45,{"$nulls":6},57.57,79.13,null,63.97]
["MATERIAL",21148,"TUBO ACO CARBONO SEM COSTURA 2\", E= *3,91* MM, SCHEDULE 40, *5,43* KG/M","M","C",{"$nulls":7},122.01,{"$nulls":7},133.41999999999999,{"$nulls":6},103.17,141.80000000000001,null,114.63]
["MATERIAL",13042,"TUBO ACO CARBONO SEM COSTURA 20\", E= *6,35 MM, SCHEDULE 10, *78,46 KG/M","M","CR",{"$nulls":7},2241.8200000000002,{"$nulls":7},2451.4699999999998,{"$nulls":6},1895.66,2605.4499999999998,null,2106.2199999999998]
["MATERIAL",13141,"TUBO ACO CARBONO SEM COSTURA 3/4\", E= *3,91 MM, SCHEDULE 80, *2,19 KG/M.","M","CR",{"$nulls":7},76.22,{"$nulls":7},83.35,{"$nulls":6},64.45,88.59,null,71.61]
["MATERIAL",7672,"TUBO ACO CARBONO SEM COSTURA 6\", E= 7,11 MM, SCHEDULE 40, *28,26 KG/M","M","CR",{"$nulls":7},639.42999999999995,{"$nulls":7},699.22,{"$nulls":6},540.69000000000005,743.14,null,600.75]
["MATERIAL",7661,"TUBO ACO CARBONO SEM COSTURA 8\", E= *8,18 MM, SCHEDULE 40, *42,55 KG/M","M","CR",{"$nulls":7},962.77,{"$nulls":7},1052.8,{"$nulls":6},814.1,1118.93,null,904.53]
["MATERIAL",21011,"TUBO ACO GALVANIZADO COM COSTURA, CLASSE LEVE, DN 32 MM (1 1/4\"), E = 2,65 MM, *2,71* KG/M (NBR 5580)","M","CR",{"$nulls":4},55.7,null,null,61.86,null,null,66.239999999999995,{"$nulls":4},41.52,null,null,null,42.32,54.48,null,45.89,41.61,null,46.59,56.07]
["MATERIAL",21012,"TUBO ACO GALVANIZADO COM COSTURA, CLASSE LEVE, DN 40 MM (1 1/2\"), E = 3,00 MM, *3,48* KG/M (NBR 5580)","M","CR",{"$nulls":4},61.56,null,null,68.349999999999994,null,null,73.2,{"$nulls":4},45.88,null,null,null,46.77,60.2,null,50.72,45.98,null,51.49,61.96]
["MATERIAL",40626,"TUBO ACO GALVANIZADO COM COSTURA, CLASSE MEDIA, DN 1\", E = 3,38 MM, PESO 2,50 KG/M (NBR 5580)","M","CR",{"$nulls":4},42.06,null,null,46.7,null,null,50.02,{"$nulls":4},31.35,null,null,null,31.96,41.14,null,34.65,31.42,null,35.18,42.34]
["MATERIAL",7701,"TUBO ACO GALVANIZADO COM COSTURA, CLASSE MEDIA, DN 2.1/2\", E = *3,65* MM, PESO *6,51* KG/M (NBR 5580)","M","CR",{"$nulls":4},110.27,null,null,122.45,null,null,131.13,{"$nulls":4},82.2,null,null,null,83.78,107.85,null,90.85,82.37,null,92.24,110.99]
["MATERIAL",7695,"TUBO ACO GALVANIZADO COM COSTURA, CLASSE MEDIA, DN 6\", E = 4,85* MM, PESO 19,68* KG/M (NBR 5580)","M","CR",{"$nulls":4},331.83,null,null,368.47,null,null,394.6,{"$nulls":4},247.35,null,null,null,252.13,324.54000000000002,null,273.39999999999998,247.87,null,277.57,334]
["MATERIAL",36365,"TUBO COLETOR DE ESGOTO PVC, JEI, DN 100 MM (NBR 7362)","M","CR",44.44,39.51,35.47,29.19,35.869999999999997,40.369999999999997,40.4,52.52,43.55,36.11,42.15,44,41.98,41.31,35.92,32.32,37.46,38.700000000000003,43.49,40.21,47.8,35.01,44.44,39.96,38.159999999999997,43.57,39.96]
["MATERIAL",41932,"TUBO COLETOR DE ESGOTO PVC, JEI, DN 300 MM (NBR 7362)","M","CR",356.8,317.23,284.79000000000002,234.41,288.04000000000002,324.14999999999998,324.37,421.68,349.67,289.98,338.42,353.34,337.13,331.72,288.47000000000003,259.49,300.8,310.74,349.24,322.85000000000002,383.84,281.12,356.8,320.91000000000003,306.42,349.88,320.91000000000003]
["MATERIAL",41785,"TUBO CORRUGADO PEAD, PAREDE DUPLA, INTERNA LISA, JEI, DN/DI *1000* MM, PARA SANEAMENTO (DRENAGEM/ESGOTO)","M","CR",null,2454.69,4366.76,1847.47,1819.05,null,1614.92,2002.51,1304.8599999999999,1800.96,1310.03,2067.1,1529.66,2002.51,2384.92,null,2829.35,2216.9699999999998,1896.57,4056.7,2160.12,null,2501.1999999999998,1343.62,1860.39,1648.51,1764.79]
["MATERIAL",41779,"TUBO CORRUGADO PEAD, PAREDE DUPLA, INTERNA LISA, JEI, DN/DI 250 MM, PARA SANEAMENTO (DRENAGEM/ESGOTO)","M","CR",null,174.56,310.54000000000002,131.38,129.36000000000001,null,114.84,142.4,92.79,128.07,93.16,147,108.78,142.4,169.6,null,201.2,157.65,134.87,288.49,153.61000000000001,null,177.87,95.55,132.30000000000001,117.23,125.5]
["MATERIAL",41780,"TUBO CORRUGADO PEAD, PAREDE DUPLA, INTERNA LISA, JEI, DN/DI 300 MM, PARA SANEAMENTO (DRENAGEM/ESGOTO)","M","CR",null,273.48,486.51,205.83,202.66,null,179.92,223.1,145.37,200.65,145.94999999999999,230.3,170.42,223.1,265.70999999999998,null,315.22000000000003,247,211.3,451.97,240.66,null,278.66000000000003,149.69,207.27,183.66,196.62]
["MATERIAL",21123,"TUBO CPVC, SOLDAVEL, 15 MM, AGUA QUENTE PREDIAL (NBR 15884)","M","C",13.57,null,null,null,11.9,11.63,11.89,14.66,11.87,null,13.02,14.94,13.22,11.96,null,13.47,null,12.45,11.63,11.02,14.12,null,14.28,10.3,null,12.43]
["MATERIAL",38030,"TUBO CPVC, SOLDAVEL, 73 MM, AGUA QUENTE PREDIAL (NBR 15884)","M","CR",154.5,null,null,null,135.49,132.41,135.37,166.91,135.15,null,148.24,170.1,150.52000000000001,136.16999999999999,null,153.36000000000001,null,141.75,132.41,125.47,160.76,null,162.59,117.27,null,141.52000000000001]
["MATERIAL",39739,"TUBO DE BORRACHA ELASTOMERICA FLEXIVEL, PRETA, PARA ISOLAMENTO TERMICO DE TUBULACAO, DN 1\" (25 MM), E= 32 MM, COEFICIENTE DE CONDUTIVIDADE TERMICA 0,036W/MK, VAPOR DE AGUA MAIOR OU IGUAL A 10.000","M","CR",88.08,null,null,106.32,78.64,null,null,59.14,null,125.83,68.569999999999993,null,null,110.73,51.9,null,null,53.16,62.28,null,156.97,94.37,59.77,null,77.069999999999993,56.93,94.37]
["MATERIAL",39738,"TUBO DE BORRACHA ELASTOMERICA FLEXIVEL, PRETA, PARA ISOLAMENTO TERMICO DE TUBULACAO, DN 1/4\" (6 MM), E= 9 MM, COEFICIENTE DE CONDUTIVIDADE TERMICA 0,036W/MK, VAPOR DE AGUA MAIOR OU IGUAL A 10.000","M","CR",6.19,null,null,7.48,5.53,null,null,4.16,null,8.85,4.82,null,null,7.79,3.65,null,null,3.74,4.38,null,11.04,6.64,4.2,null,5.42,4,6.64]
["MATERIAL",39740,"TUBO DE BORRACHA ELASTOMERICA FLEXIVEL, PRETA, PARA ISOLAMENTO TERMICO DE TUBULACAO, DN 3/4\" (18 MM), E= 32 MM, COEFICIENTE DE CONDUTIVIDADE TERMICA 0,036W/MK, VAPOR DE AGUA MAIOR OU IGUAL A 10.000","M","CR",84.58,null,null,102.1,75.52,null,null,56.79,null,120.83,65.849999999999994,null,null,106.33,49.84,null,null,51.05,59.81,null,150.72999999999999,90.62,57.39,null,74.010000000000005,54.67,90.62]
["MATERIAL",39750,"TUBO DE COBRE CLASSE \"A\", DN = 1 1/4\" (35 MM), PARA INSTALACOES DE MEDIA PRESSAO PARA GASES COMBUSTIVEIS E MEDICINAIS","M","CR",{"$nulls":6},253.95,{"$nulls":18},157.11000000000001]
["MATERIAL",39752,"TUBO DE COBRE CLASSE \"A\", DN = 2\" (54 MM), PARA INSTALACOES DE MEDIA PRESSAO PARA GASES COMBUSTIVEIS E MEDICINAIS","M","CR",{"$nulls":6},434.75,{"$nulls":18},268.95]
["MATERIAL",39754,"TUBO DE COBRE CLASSE \"A\", DN = 3\" (79 MM), PARA INSTALACOES DE MEDIA PRESSAO PARA GASES COMBUSTIVEIS E MEDICINAIS","M","CR",{"$nulls":6},828.59,{"$nulls":18},512.6]
["MATERIAL",12743,"TUBO DE COBRE CLASSE \"E\", DN = 22 MM, PARA INSTALACAO HIDRAULICA PREDIAL","M","CR",{"$nulls":6},90.76,{"$nulls":18},56.15]
["MATERIAL",12746,"TUBO DE COBRE CLASSE \"E\", DN = 42 MM, PARA INSTALACAO HIDRAULICA PREDIAL","M","CR",{"$nulls":6},225.88,{"$nulls":18},139.74]
["MATERIAL",39661,"TUBO DE COBRE FLEXIVEL, D = 3/16\", E = 0,79 MM, PARA AR-CONDICIONADO/ INSTALACOES GAS RESIDENCIAIS E COMERCIAIS","M","CR",{"$nulls":6},22.72,{"$nulls":18},14.05]
["MATERIAL",39666,"TUBO DE COBRE FLEXIVEL, D = 3/4\", E = 0,79 MM, PARA AR-CONDICIONADO/ INSTALACOES GAS RESIDENCIAIS E COMERCIAIS","M","CR",{"$nulls":6},104.57,{"$nulls":18},64.69]
["MATERIAL",13256,"TUBO DE CONCRETO ARMADO PARA AGUAS PLUVIAIS, CLASSE PA-1, COM ENCAIXE PONTA E BOLSA, DIAMETRO NOMINAL DE 1100 MM","M","CR",null,461.55,null,null,644.53,null,652.73,640.92999999999995,null,704.62,641.79999999999995,698.88,null,626.84,null,513.44000000000005,600.84,null,786.55,630.49,576.26,null,675.23,null,null,830.25,600.84]
["MATERIAL",40334,"TUBO DE CONCRETO ARMADO PARA AGUAS PLUVIAIS, CLASSE PA-1, COM ENCAIXE PONTA E BOLSA, DIAMETRO NOMINAL DE 300 MM","M","CR",null,77.39,null,null,108.08,null,109.45,107.47,null,118.15,107.62,117.19,null,105.11,null,86.1,100.75,null,131.88999999999999,105.73,96.63,null,113.23,null,null,139.22,100.75]
["MATERIAL",7725,"TUBO DE CONCRETO ARMADO PARA AGUAS PLUVIAIS, CLASSE PA-1, COM ENCAIXE PONTA E BOLSA, DIAMETRO NOMINAL DE = 600 MM","M","C",null,169,null,null,236,null,239,234.68,null,258,235,255.9,null,229.52,null,188,220,null,288,230.86,211,null,247.24,null,null,304,220]
["MATERIAL",7766,"TUBO DE CONCRETO ARMADO PARA AGUAS PLUVIAIS, CLASSE PA-2, COM ENCAIXE PONTA E BOLSA, DIAMETRO NOMINAL DE 1200 MM","M","CR",null,531.14,null,null,741.71,null,751.14,737.56,null,810.85,738.57,804.25,null,721.34,null,590.85,691.42,null,905.14,725.55,663.14,null,777.03,null,null,955.42,691.42]
["MATERIAL",7727,"TUBO DE CONCRETO ARMADO PARA AGUAS PLUVIAIS, CLASSE PA-2, COM ENCAIXE PONTA E BOLSA, DIAMETRO NOMINAL DE 2000 MM","M","CR",null,2215.46,null,null,3093.78,null,3133.1,3076.47,null,3382.18,3080.67,3354.65,null,3008.83,null,2464.5300000000002,2884.03,null,3775.46,3026.4,2766.05,null,3241.12,null,null,3985.21,2884.03]
["MATERIAL",7722,"TUBO DE CONCRETO ARMADO PARA AGUAS PLUVIAIS, CLASSE PA-2, COM ENCAIXE PONTA E BOLSA, DIAMETRO NOMINAL DE 700 MM","M","CR",null,224.38,null,null,313.33999999999997,null,317.32,311.58999999999997,null,342.55,312.01,339.76,null,304.74,null,249.61,292.10000000000002,null,382.38,306.52,280.14999999999998,null,328.26,null,null,403.63,292.10000000000002]
["MATERIAL",12572,"TUBO DE CONCRETO ARMADO PARA AGUAS PLUVIAIS, CLASSE PA-3, COM ENCAIXE PONTA E BOLSA, DIAMETRO NOMINAL DE 1000 MM","M","CR",null,461.55,null,null,644.53,null,652.73,640.92999999999995,null,704.62,641.79999999999995,698.88,null,626.84,null,513.44000000000005,600.84,null,786.55,630.49,576.26,null,675.23,null,null,830.25,600.84]
["MATERIAL",12574,"TUBO DE CONCRETO ARMADO PARA AGUAS PLUVIAIS, CLASSE PA-3, COM ENCAIXE PONTA E BOLSA, DIAMETRO NOMINAL DE 1200 MM","M","CR",null,734.08,null,null,1025.1099999999999,null,1038.1400000000001,1019.37,null,1120.67,1020.76,1111.55,null,996.96,null,816.61,955.61,null,1250.98,1002.78,916.52,null,1073.93,null,null,1320.48,955.61]
["MATERIAL",12579,"TUBO DE CONCRETO ARMADO PARA AGUAS PLUVIAIS, CLASSE PA-3, COM ENCAIXE PONTA E BOLSA, DIAMETRO NOMINAL DE 700 MM","M","CR",null,379.18,null,null,529.51,null,536.24,526.54999999999995,null,578.87,527.26,574.16,null,514.97,null,421.81,493.61,null,646.17999999999995,517.98,473.42,null,554.73,null,null,682.08,493.61]
["MATERIAL",40335,"TUBO DE CONCRETO ARMADO PARA ESGOTO SANITARIO, CLASSE EA-2, COM ENCAIXE PONTA E BOLSA, COM JUNTA ELASTICA, DIAMETRO NOMINAL DE 300 MM","M","CR",null,138.46,null,null,193.36,null,195.81,192.27,null,211.38,192.54,209.66,null,188.05,null,154.03,180.25,null,235.96,189.14,172.87,null,202.57,null,null,249.07,180.25]
["MATERIAL",7773,"TUBO DE CONCRETO ARMADO PARA ESGOTO SANITARIO, CLASSE EA-2, COM ENCAIXE PONTA E BOLSA, COM JUNTA ELASTICA, DIAMETRO NOMINAL DE 800 MM","M","CR",null,430.38,null,null,601,null,608.64,597.64,null,657.03,598.46,651.67999999999995,null,584.5,null,478.76,560.26,null,733.43,587.91,537.34,null,629.63,null,null,774.17,560.26]
["MATERIAL",7755,"TUBO DE CONCRETO ARMADO PARA ESGOTO SANITARIO, CLASSE EA-3, COM ENCAIXE PONTA E BOLSA, COM JUNTA ELASTICA, DIAMETRO NOMINAL DE 400 MM","M","CR",null,167.57,null,null,234.01,null,236.99,232.7,null,255.83,233.02,253.74,null,227.59,null,186.42,218.15,null,285.57,228.91,209.22,null,245.16,null,null,301.44,218.15]
["MATERIAL",7743,"TUBO DE CONCRETO ARMADO PARA ESGOTO SANITARIO, CLASSE EA-3, COM ENCAIXE PONTA E BOLSA, COM JUNTA ELASTICA, DIAMETRO NOMINAL DE 600 MM","M","CR",null,369.95,null,null,516.62,null,523.17999999999995,513.73,null,564.78,514.42999999999995,560.17999999999995,null,502.43,null,411.54,481.59,null,630.45000000000005,505.36,461.89,null,541.22,null,null,665.47,481.59]
["MATERIAL",37449,"TUBO DE CONCRETO SIMPLES PARA AGUAS PLUVIAIS, CLASSE PS1, COM ENCAIXE MACHO E FEMEA, DIAMETRO NOMINAL DE 200 MM","M","CR",44.59,27.01,null,null,30.91,null,30.44,47.56,null,null,55,null,null,60.94,null,null,71.349999999999994,22,50.54,47.61,56.84,null,35.67,27.35,28.2,40.43]
["MATERIAL",37452,"TUBO DE CONCRETO SIMPLES PARA AGUAS PLUVIAIS, CLASSE PS1, COM ENCAIXE MACHO E FEMEA, DIAMETRO NOMINAL DE 500 MM","M","CR",126.68,76.73,null,null,87.83,null,86.48,135.13,null,null,156.25,null,null,173.14,null,null,202.7,62.5,143.58000000000001,135.27000000000001,161.47999999999999,null,101.35,77.7,80.13,114.86]
["MATERIAL",7778,"TUBO DE CONCRETO SIMPLES PARA AGUAS PLUVIAIS, CLASSE PS1, COM ENCAIXE PONTA E BOLSA, DIAMETRO NOMINAL DE 200 MM","M","CR",54.72,33.15,null,null,37.94,null,37.36,58.37,null,null,67.489999999999995,null,null,74.790000000000006,null,null,87.56,26.99,62.02,58.43,69.760000000000005,null,43.78,33.56,34.61,49.62]
["MATERIAL",7783,"TUBO DE CONCRETO SIMPLES PARA AGUAS PLUVIAIS, CLASSE PS2, COM ENCAIXE PONTA E BOLSA, DIAMETRO NOMINAL DE 200 MM","M","CR",55.95,33.89,null,null,38.79,null,38.19,59.68,null,null,69.010000000000005,null,null,76.47,null,null,89.52,27.6,63.41,59.74,71.319999999999993,null,44.76,34.31,35.39,50.73]
["MATERIAL",13159,"TUBO DE CONCRETO SIMPLES PARA ESGOTO SANITARIO, CLASSE ES, COM ENCAIXE PONTA E BOLSA, COM JUNTA ELASTICA, DIAMETRO NOMINAL DE 400 MM","M","CR",141.88999999999999,85.94,null,null,98.37,null,96.86,151.35,null,null,175,null,null,193.91,null,null,227.02,70,160.81,151.5,180.86,null,113.51,87.02,89.75,128.63999999999999]
["MATERIAL",12584,"TUBO DE CONCRETO SIMPLES POROSO PARA DRENAGEM (DRENO POROSO), COM ENCAIXE MACHO E FEMEA, DIAMETRO NOMINAL DE 300 MM","M","CR",60.81,36.83,null,null,42.16,null,41.51,64.86,null,null,74.989999999999995,null,null,83.1,null,null,97.29,29.99,68.91,64.92,77.510000000000005,null,48.64,37.29,38.46,55.13]
["MATERIAL",12613,"TUBO DE DESCARGA, TIPO BENGALA, PARA LIGACAO CAIXA DE DESCARGA - EMBUTIR, PVC, 40 MM X 150 CM","UN","CR",21.48,16.920000000000002,19.829999999999998,22.47,16.27,24.87,26.94,20.9,21.42,21.03,19.32,19.73,22.46,22.85,16.149999999999999,16.96,19.38,19.61,27.32,24.24,19.77,17.79,18.21,19.809999999999999,15.14,19.28,18.440000000000001]
["MATERIAL",39710,"TUBO DE ESPUMA DE POLIETILENO EXPANDIDO FLEXIVEL PARA ISOLAMENTO TERMICO DE TUBULACAO DE AR CONDICIONADO, AGUA QUENTE, DN 1 1/8\", E= 10 MM","M","CR",5.13,null,null,6.19,4.58,null,null,3.44,null,7.33,3.99,null,null,6.45,3.02,null,null,3.09,3.62,null,9.14,5.49,3.48,null,4.49,3.31,5.49]
["MATERIAL",39713,"TUBO DE ESPUMA DE POLIETILENO EXPANDIDO FLEXIVEL PARA ISOLAMENTO TERMICO DE TUBULACAO DE AR CONDICIONADO, AGUA QUENTE, DN 1/4\", E= 10 MM","M","CR",2.21,null,null,2.67,1.97,null,null,1.48,null,3.16,1.72,null,null,2.78,1.3,null,null,1.33,1.56,null,3.95,2.37,1.5,null,1.93,1.43,2.37]
["MATERIAL",9815,"TUBO DE POLIETILENO DE ALTA DENSIDADE (PEAD), PE-80, DE = 32 MM X 3,0 MM DE PAREDE, PARA LIGACAO DE AGUA PREDIAL (NBR 15561)","M","CR",{"$nulls":22},12.68,null,null,10.88]
["MATERIAL",44526,"TUBO DE POLIETILENO DE ALTA DENSIDADE, PEAD, PE-80, DE = 110 MM X 10,0 MM PAREDE, (SDR 11 - PN 12,5) PARA REDE DE AGUA OU ESGOTO (NBR 15561)","M","CR",{"$nulls":22},154.62,null,null,132.69999999999999]
["MATERIAL",44547,"TUBO DE POLIETILENO DE ALTA DENSIDADE, PEAD, PE-80, DE= 200 MM X 18,2 MM PAREDE, (SDR 11 - PN 12,5) PARA REDE DE AGUA OU ESGOTO (NBR 15561)","M","CR",{"$nulls":22},517.37,null,null,444.04]
["MATERIAL",44523,"TUBO DE POLIETILENO DE ALTA DENSIDADE, PEAD, PE-80, DE= 630 MM X 57,3 MM PAREDE (SDR 11 - PN 12,5) PARA REDE DE AGUA OU ESGOTO (NBR 15561)","M","CR",{"$nulls":22},5331.39,null,null,4575.7]
["MATERIAL",9877,"TUBO DE PVC, PBL, TIPO LEVE, DN = 250 MM, PARA VENTILACAO","M","CR",136.91,121.73,109.28,89.94,110.52,124.38,124.46,161.80000000000001,134.16999999999999,111.27,129.86000000000001,135.58000000000001,129.36000000000001,127.29,110.69,99.57,115.42,119.24,134.01,123.88,147.28,107.87,136.91,123.14,117.58,134.26,123.14]
["MATERIAL",9878,"TUBO DE PVC, PBL, TIPO LEVE, DN = 300 MM, PARA VENTILACAO","M","CR",168.55,149.85,134.53,110.73,136.06,153.12,153.22,199.19,165.18,136.97999999999999,159.86000000000001,166.91,159.25,156.69999999999999,136.27000000000001,122.58,142.09,146.79,164.97,152.51,181.32,132.79,168.55,151.59,144.75,165.28,151.59]
["MATERIAL",41697,"TUBO DE REVESTIMENTO, EM ACO, CORPO SCHEDULE 40, PONTEIRA SCHEDULE 80, ROSQUEAVEL E SEGMENTADO PARA PERFURACAO, DIAMETRO 4\" (450 MM)","M","CR",{"$nulls":7},1269.9000000000001,{"$nulls":7},1388.66,{"$nulls":6},1073.81,1475.88,null,1193.0899999999999]
["MATERIAL",38053,"TUBO DRENO, CORRUGADO, ESPIRALADO, FLEXIVEL, PERFURADO, EM POLIETILENO DE ALTA DENSIDADE (PEAD), DN *160* MM, (6\") PARA DRENAGEM - EM BARRA (NORMA DNIT 093/2006 - EM)","M","CR",{"$nulls":20},27.51,{"$nulls":4},22.55]
["MATERIAL",38826,"TUBO MONOCAMADA PEX, DN 25 MM, PARA AGUA QUENTE E FRIA","M","CR",{"$nulls":22},13.77,null,null,8.42]
["MATERIAL",38827,"TUBO MONOCAMADA PEX, DN 32 MM, PARA AGUA QUENTE E FRIA","M","CR",{"$nulls":22},22.52,null,null,13.77]
["MATERIAL",38831,"TUBO MULTICAMADA PEX GAS, DN *32* MM","M","CR",{"$nulls":22},45.63,null,null,27.9]
["MATERIAL",36274,"TUBO PPR PN 20, DN 20 MM, PARA AGUA QUENTE PREDIAL","M","C",{"$nulls":6},12.18,{"$nulls":10},12.06,{"$nulls":4},10.16,9.99,null,10.19]
["MATERIAL",36278,"TUBO PPR PN 20, DN 25 MM, PARA AGUA QUENTE PREDIAL","M","CR",{"$nulls":6},16.52,{"$nulls":10},16.350000000000001,{"$nulls":4},13.78,13.55,null,13.82]
["MATERIAL",38977,"TUBO PPR, CLASSE PN 12, DN 110 MM","M","CR",{"$nulls":6},161.59,{"$nulls":10},159.99,{"$nulls":4},134.79,132.53,null,135.18]
["MATERIAL",38971,"TUBO PPR, CLASSE PN 12, DN 32 MM","M","CR",{"$nulls":6},13.56,{"$nulls":10},13.43,{"$nulls":4},11.31,11.12,null,11.34]
["MATERIAL",38972,"TUBO PPR, CLASSE PN 12, DN 40 MM","M","CR",{"$nulls":6},18.28,{"$nulls":10},18.100000000000001,{"$nulls":4},15.25,14.99,null,15.29]
["MATERIAL",38973,"TUBO PPR, CLASSE PN 12, DN 50 MM","M","CR",{"$nulls":6},30.21,{"$nulls":10},29.91,{"$nulls":4},25.2,24.78,null,25.28]
["MATERIAL",38974,"TUBO PPR, CLASSE PN 12, DN 63 MM","M","CR",{"$nulls":6},49.06,{"$nulls":10},48.58,{"$nulls":4},40.92,40.24,null,41.04]
["MATERIAL",38975,"TUBO PPR, CLASSE PN 12, DN 75 MM","M","CR",{"$nulls":6},62.91,{"$nulls":10},62.29,{"$nulls":4},52.48,51.6,null,52.63]
["MATERIAL",38976,"TUBO PPR, CLASSE PN 12, DN 90 MM","M","CR",{"$nulls":6},108.15,{"$nulls":10},107.08,{"$nulls":4},90.21,88.7,null,90.48]
["MATERIAL",44176,"TUBO PPR, CLASSE PN 20, SOLDAVEL, DN 32 MM PARA AGUA FRIA OU QUENTE PREDIAL","M","CR",{"$nulls":6},24.86,{"$nulls":10},24.61,{"$nulls":4},20.73,20.39,null,20.79]
["MATERIAL",38986,"TUBO PPR, CLASSE PN 25, DN 110 MM, PARA AGUA QUENTE E FRIA PREDIAL","M","CR",{"$nulls":6},326.45999999999998,{"$nulls":10},323.25,{"$nulls":4},272.32,267.76,null,273.12]
["MATERIAL",38978,"TUBO PPR, CLASSE PN 25, DN 20 MM, PARA AGUA QUENTE E FRIA PREDIAL","M","CR",{"$nulls":6},13.39,{"$nulls":10},13.26,{"$nulls":4},11.17,10.98,null,11.2]
["MATERIAL",38979,"TUBO PPR, CLASSE PN 25, DN 25 MM, PARA AGUA QUENTE E FRIA PREDIAL","M","CR",{"$nulls":6},18.52,{"$nulls":10},18.329999999999998,{"$nulls":4},15.44,15.19,null,15.49]
["MATERIAL",38980,"TUBO PPR, CLASSE PN 25, DN 32 MM, PARA AGUA QUENTE E FRIA PREDIAL","M","CR",{"$nulls":6},24.78,{"$nulls":10},24.53,{"$nulls":4},20.67,20.32,null,20.73]
["MATERIAL",38981,"TUBO PPR, CLASSE PN 25, DN 40 MM, PARA AGUA QUENTE E FRIA PREDIAL","M","CR",{"$nulls":6},35.75,{"$nulls":10},35.4,{"$nulls":4},29.82,29.32,null,29.91]
["MATERIAL",38982,"TUBO PPR, CLASSE PN 25, DN 50 MM, PARA AGUA QUENTE E FRIA PREDIAL","M","CR",{"$nulls":6},56.49,{"$nulls":10},55.94,{"$nulls":4},47.12,46.33,null,47.26]
["MATERIAL",38983,"TUBO PPR, CLASSE PN 25, DN 63 MM, PARA AGUA QUENTE E FRIA PREDIAL","M","CR",{"$nulls":6},99.4,{"$nulls":10},98.42,{"$nulls":4},82.92,81.53,null,83.16]
["MATERIAL",38984,"TUBO PPR, CLASSE PN 25, DN 75 MM, PARA AGUA QUENTE E FRIA PREDIAL","M","CR",{"$nulls":6},136.65,{"$nulls":10},135.30000000000001,{"$nulls":4},113.98,112.08,null,114.32]
["MATERIAL",38985,"TUBO PPR, CLASSE PN 25, DN 90 MM, PARA AGUA QUENTE E FRIA PREDIAL","M","CR",{"$nulls":6},234.93,{"$nulls":10},232.62,{"$nulls":4},195.97,192.69,null,196.55]
["MATERIAL",38032,"TUBO PVC CORRUGADO, PAREDE DUPLA, JE, DN 150 MM/ DE 160 MM, REDE COLETORA ESGOTO","M","CR",65.2,57.97,52.04,42.83,52.63,59.23,59.27,77.05,63.89,52.99,61.84,64.56,61.6,60.61,52.71,47.41,54.96,56.78,63.81,58.99,70.14,51.37,65.2,58.64,55.99,63.93,58.64]
["MATERIAL",38033,"TUBO PVC CORRUGADO, PAREDE DUPLA, JE, DN 200 MM/ DE 200 MM, REDE COLETORA ESGOTO","M","CR",110.83,98.54,88.46,72.81,89.47,100.69,100.75,130.97999999999999,108.61,90.07,105.12,109.75,104.72,103.04,89.6,80.599999999999994,93.43,96.52,108.48,100.28,119.22,87.32,110.83,99.68,95.18,108.68,99.68]
["MATERIAL",38034,"TUBO PVC CORRUGADO, PAREDE DUPLA, JE, DN 250 MM/ DE 250 MM, REDE COLETORA ESGOTO","M","CR",173.61,154.36000000000001,138.57,114.06,140.15,157.72,157.83000000000001,205.18,170.14,141.1,164.67,171.93,164.04,161.41,140.36000000000001,126.26,146.36000000000001,151.19999999999999,169.93,157.09,186.76,136.78,173.61,156.15,149.1,170.24,156.15]
["MATERIAL",38035,"TUBO PVC CORRUGADO, PAREDE DUPLA, JE, DN 300 MM/ DE 315 MM, REDE COLETORA ESGOTO","M","CR",255.41,227.08,203.86,167.79,206.18,232.03,232.19,301.83999999999997,250.3,207.57,242.25,252.93,241.32,237.45,206.49,185.75,215.31,222.43,249.99,231.1,274.76,201.23,255.41,229.71,219.34,250.45,229.71]
["MATERIAL",38036,"TUBO PVC CORRUGADO, PAREDE DUPLA, JE, DN 350 MM/ DE 355 MM, REDE COLETORA ESGOTO","M","CR",344.07,305.91000000000003,274.63,226.04,277.75,312.58,312.79000000000002,406.62,337.18,279.63,326.33999999999997,340.73,325.08999999999997,319.88,278.17,250.23,290.06,299.64999999999998,336.77,311.33,370.13,271.08,344.07,309.45,295.48,337.39,309.45]
["MATERIAL",38037,"TUBO PVC CORRUGADO, PAREDE DUPLA, JE, DN 400 MM/ DE 400 MM, REDE COLETORA ESGOTO","M","CR",454.47,404.06,362.75,298.57,366.88,412.88,413.15,537.1,445.38,369.36,431.05,450.06,429.4,422.52,367.43,330.52,383.13,395.8,444.83,411.22,488.9,358.06,454.47,408.74,390.29,445.65,408.74]
["MATERIAL",9850,"TUBO PVC DE REVESTIMENTO GEOMECANICO NERVURADO REFORCADO, DN = 150 MM, COMPRIMENTO = 2 M","M","C",null,null,null,234.5,{"$nulls":9},148.75,{"$nulls":11},147.75]
["MATERIAL",9853,"TUBO PVC DE REVESTIMENTO GEOMECANICO NERVURADO REFORCADO, DN = 200 MM, COMPRIMENTO = 2 M","M","CR",null,null,null,417.01,{"$nulls":9},264.52,{"$nulls":11},262.74]
["MATERIAL",9854,"TUBO PVC DE REVESTIMENTO GEOMECANICO NERVURADO STANDARD, DN = 154 MM, COMPRIMENTO = 2 M","M","CR",null,null,null,182.71,{"$nulls":9},115.9,{"$nulls":11},115.12]
["MATERIAL",9851,"TUBO PVC DE REVESTIMENTO GEOMECANICO NERVURADO STANDARD, DN = 206 MM, COMPRIMENTO = 2 M","M","CR",null,null,null,316.83,{"$nulls":9},200.97,{"$nulls":11},199.62]
["MATERIAL",9825,"TUBO PVC DEFOFO, JEI, 1 MPA, DN 100 MM, PARA REDE DE AGUA (NBR 7665)","M","CR",46.64,44.61,null,48.08,35.49,{"$nulls":5},56.02,44.89,46.84,53.82,null,null,65.739999999999995,null,null,null,49.57,{"$nulls":4},57.74]
["MATERIAL",9828,"TUBO PVC DEFOFO, JEI, 1 MPA, DN 150 MM, PARA REDE DE AGUA (NBR 7665)","M","CR",125.51,120.06,null,129.38,95.5,{"$nulls":5},150.75,120.81,126.04,144.84,null,null,176.9,null,null,null,133.4,{"$nulls":4},155.38]
["MATERIAL",9829,"TUBO PVC DEFOFO, JEI, 1 MPA, DN 200 MM, PARA REDE DE AGUA (NBR 7665)","M","CR",212.71,203.46,null,219.26,161.85,{"$nulls":5},255.49,204.75,213.61,245.47,null,null,299.8,null,null,null,226.07,{"$nulls":4},263.32]
["MATERIAL",9826,"TUBO PVC DEFOFO, JEI, 1 MPA, DN 250 MM, PARA REDE DE AGUA (NBR 7665)","M","CR",323.82,309.74,null,333.8,246.39,{"$nulls":5},388.94,311.7,325.19,373.69,null,null,456.4,null,null,null,344.16,{"$nulls":4},400.87]
["MATERIAL",9827,"TUBO PVC DEFOFO, JEI, 1 MPA, DN 300 MM, PARA REDE DE AGUA (NBR 7665)","M","CR",459.83,439.84,null,473.99,349.87,{"$nulls":5},552.29999999999995,442.61,461.77,530.64,null,null,648.1,null,null,null,488.71,{"$nulls":4},569.24]
["MATERIAL",36374,"TUBO PVC PBA JEI, CLASSE 12, DN 100 MM, PARA REDE DE AGUA (NBR 5647)","M","CR",55.9,53.47,null,57.62,42.53,{"$nulls":5},67.14,53.8,56.13,64.510000000000005,null,null,78.78,null,null,null,59.41,{"$nulls":4},69.2]
["MATERIAL",36084,"TUBO PVC PBA JEI, CLASSE 12, DN 50 MM, PARA REDE DE AGUA (NBR 5647)","M","C",16.559999999999999,15.84,null,17.07,12.6,{"$nulls":5},19.89,15.94,16.63,19.11,null,null,23.34,null,null,null,17.600000000000001,{"$nulls":4},20.5]
["MATERIAL",36373,"TUBO PVC PBA JEI, CLASSE 12, DN 75 MM, PARA REDE DE AGUA (NBR 5647)","M","CR",34.39,32.89,null,35.450000000000003,26.16,{"$nulls":5},41.3,33.1,34.53,39.68,null,null,48.47,null,null,null,36.549999999999997,{"$nulls":4},42.57]
["MATERIAL",36377,"TUBO PVC PBA JEI, CLASSE 15, DN 100 MM, PARA REDE DE AGUA (NBR 5647)","M","CR",67.05,64.14,null,69.12,51.02,{"$nulls":5},80.540000000000006,64.540000000000006,67.34,77.38,null,null,94.51,null,null,null,71.260000000000005,{"$nulls":4},83.01]
["MATERIAL",36375,"TUBO PVC PBA JEI, CLASSE 15, DN 50 MM, PARA REDE DE AGUA (NBR 5647)","M","CR",20.43,19.55,null,21.06,15.55,{"$nulls":5},24.54,19.670000000000002,20.52,23.58,null,null,28.8,null,null,null,21.72,{"$nulls":4},25.3]
["MATERIAL",36376,"TUBO PVC PBA JEI, CLASSE 15, DN 75 MM, PARA REDE DE AGUA (NBR 5647)","M","CR",40.130000000000003,38.39,null,41.37,30.53,{"$nulls":5},48.2,38.630000000000003,40.299999999999997,46.31,null,null,56.56,null,null,null,42.65,{"$nulls":4},49.68]
["MATERIAL",36380,"TUBO PVC PBA JEI, CLASSE 20, DN 100 MM, PARA REDE DE AGUA (NBR 5647)","M","CR",83.84,80.2,null,86.42,63.79,{"$nulls":5},100.7,80.7,84.2,96.75,null,null,118.17,null,null,null,89.11,{"$nulls":4},103.79]
["MATERIAL",36378,"TUBO PVC PBA JEI, CLASSE 20, DN 50 MM, PARA REDE DE AGUA (NBR 5647)","M","CR",25.12,24.03,null,25.89,19.11,{"$nulls":5},30.17,24.18,25.23,28.99,null,null,35.409999999999997,null,null,null,26.7,{"$nulls":4},31.1]
["MATERIAL",36379,"TUBO PVC PBA JEI, CLASSE 20, DN 75 MM, PARA REDE DE AGUA (NBR 5647)","M","CR",50.64,48.44,null,52.2,38.53,{"$nulls":5},60.83,48.75,50.86,58.44,null,null,71.38,null,null,null,53.82,{"$nulls":4},62.69]
["MATERIAL",9859,"TUBO PVC ROSCAVEL, 3/4\", AGUA FRIA PREDIAL","M","CR",11.94,10.52,9.99,8.93,9.3699999999999992,10.57,10.97,13.63,11.33,9.99,10.4,11.01,10.08,11.82,10.08,10.18,10.4,9.74,10.6,9.25,10.6,9.3699999999999992,12.19,9.9600000000000009,10.210000000000001,10.65,10.18]
["MATERIAL",9836,"TUBO PVC SERIE NORMAL, DN 100 MM, PARA ESGOTO PREDIAL (NBR 5688)","M","C",16.5,14.67,13.17,10.84,13.32,14.99,15,19.5,16.170000000000002,13.41,15.65,16.34,15.59,15.34,13.34,12,13.91,14.37,16.149999999999999,14.93,17.75,13,16.5,14.84,14.17,16.18,14.84]
["MATERIAL",20065,"TUBO PVC SERIE NORMAL, DN 150 MM, PARA ESGOTO PREDIAL (NBR 5688)","M","CR",43.13,38.340000000000003,34.42,28.33,34.82,39.18,39.21,50.97,42.27,35.049999999999997,40.909999999999997,42.71,40.75,40.1,34.869999999999997,31.37,36.36,37.56,42.21,39.020000000000003,46.4,33.979999999999997,43.13,38.79,37.04,42.29,38.79]
["MATERIAL",9835,"TUBO PVC SERIE NORMAL, DN 40 MM, PARA ESGOTO PREDIAL (NBR 5688)","M","CR",7.21,6.41,5.75,4.7300000000000004,5.82,6.55,6.55,8.52,7.06,5.86,6.84,7.14,6.81,6.7,5.83,5.24,6.08,6.28,7.05,6.52,7.75,5.68,7.21,6.48,6.19,7.07,6.48]
["MATERIAL",9838,"TUBO PVC SERIE NORMAL, DN 50 MM, PARA ESGOTO PREDIAL (NBR 5688)","M","CR",11.9,10.58,9.5,7.82,9.61,10.81,10.82,14.07,11.67,9.67,11.29,11.79,11.25,11.07,9.6199999999999992,8.66,10.029999999999999,10.37,11.65,10.77,12.81,9.3800000000000008,11.9,10.71,10.220000000000001,11.67,10.71]
["MATERIAL",9837,"TUBO PVC SERIE NORMAL, DN 75 MM, PARA ESGOTO PREDIAL (NBR 5688)","M","CR",15.62,13.89,12.47,10.26,12.61,14.19,14.2,18.46,15.31,12.69,14.82,15.47,14.76,14.52,12.63,11.36,13.17,13.6,15.29,14.13,16.8,12.31,15.62,14.05,13.41,15.32,14.05]
["MATERIAL",44315,"TUBO PVC, RIGIDO, CORRUGADO, PERFURADO DN 100 MM, PARA DRENAGEM, SISTEMA IRRIGACAO","M","CR",64.599999999999994,57.43,51.56,42.44,52.15,58.69,58.73,76.349999999999994,63.31,52.5,61.27,63.97,61.04,60.06,52.23,46.98,54.46,56.26,63.23,58.45,69.489999999999995,50.9,64.599999999999994,58.1,55.48,63.35,58.1]
["MATERIAL",9862,"TUBO PVC, ROSCAVEL, 1 1/2\", AGUA FRIA PREDIAL","M","CR",36.82,32.44,30.78,27.54,28.9,32.590000000000003,33.799999999999997,42.03,34.93,30.78,32.07,33.950000000000003,31.09,36.44,31.09,31.39,32.07,30.03,32.67,28.52,32.67,28.9,37.57,30.71,31.46,32.82,31.39]
["MATERIAL",9861,"TUBO PVC, ROSCAVEL, 1 1/4\", AGUA FRIA PREDIAL","M","CR",28.92,25.48,24.18,21.63,22.69,25.6,26.55,33.01,27.43,24.18,25.18,26.66,24.41,28.62,24.41,24.65,25.18,23.58,25.66,22.4,25.66,22.69,29.51,24.12,24.71,25.78,24.65]
["MATERIAL",9866,"TUBO PVC, ROSCAVEL, 1\", AGUA FRIA PREDIAL","M","CR",24.95,21.99,20.86,18.66,19.579999999999998,22.09,22.91,28.48,23.68,20.86,21.73,23.01,21.07,24.7,21.07,21.27,21.73,20.350000000000001,22.14,19.329999999999998,22.14,19.579999999999998,25.47,20.81,21.32,22.24,21.27]
["MATERIAL",9856,"TUBO PVC, ROSCAVEL, 1/2\", AGUA FRIA PREDIAL","M","CR",9.33,8.2200000000000006,7.8,6.97,7.32,8.25,8.56,10.64,8.85,7.8,8.1199999999999992,8.6,7.87,9.23,7.87,7.95,8.1199999999999992,7.6,8.27,7.22,8.27,7.32,9.52,7.78,7.97,8.31,7.95]
["MATERIAL",9863,"TUBO PVC, ROSCAVEL, 2 1/2\", AGUA FRIA PREDIAL","M","CR",72.19,63.61,60.35,53.99,56.65,63.9,66.27,82.39,68.489999999999995,60.35,62.87,66.56,60.94,71.45,60.94,61.53,62.87,58.87,64.05,55.91,64.05,56.65,73.66,60.2,61.68,64.349999999999994,61.53]
["MATERIAL",9860,"TUBO PVC, ROSCAVEL, 2\", PARA AGUA FRIA PREDIAL","M","CR",52.69,46.43,44.05,39.409999999999997,41.35,46.64,48.37,60.14,49.99,44.05,45.89,48.59,44.48,52.15,44.48,44.92,45.89,42.97,46.75,40.81,46.75,41.35,53.77,43.94,45.02,46.97,44.92]
["MATERIAL",9841,"TUBO PVC, SERIE R, DN 100 MM, PARA ESGOTO OU AGUAS PLUVIAIS PREDIAL (NBR 5688)","M","CR",31.07,27.62,24.8,20.41,25.08,28.23,28.25,36.72,30.45,25.25,29.47,30.77,29.36,28.89,25.12,22.6,26.19,27.06,30.41,28.11,33.42,24.48,31.07,27.94,26.68,30.47,27.94]
["MATERIAL",9840,"TUBO PVC, SERIE R, DN 150 MM, PARA ESGOTO OU AGUAS PLUVIAIS PREDIAL (NBR 5688)","M","CR",65.64,58.36,52.39,43.12,52.98,59.63,59.67,77.569999999999993,64.319999999999993,53.34,62.25,65,62.02,61.02,53.06,47.73,55.33,57.16,64.239999999999995,59.39,70.61,51.71,65.64,59.03,56.37,64.36,59.03]
["MATERIAL",20067,"TUBO PVC, SERIE R, DN 40 MM, PARA ESGOTO OU AGUAS PLUVIAIS PREDIAL (NBR 5688)","M","CR",10.08,8.9600000000000009,8.0399999999999991,6.62,8.1300000000000008,9.15,9.16,11.91,9.8699999999999992,8.19,9.56,9.98,9.52,9.3699999999999992,8.15,7.33,8.49,8.77,9.86,9.1199999999999992,10.84,7.94,10.08,9.06,8.65,9.8800000000000008,9.06]
["MATERIAL",20068,"TUBO PVC, SERIE R, DN 50 MM, PARA ESGOTO OU AGUAS PLUVIAIS PREDIAL (NBR 5688)","M","CR",14.19,12.62,11.33,9.32,11.45,12.89,12.9,16.77,13.91,11.53,13.46,14.05,13.41,13.19,11.47,10.32,11.96,12.36,13.89,12.84,15.27,11.18,14.19,12.76,12.19,13.92,12.76]
["MATERIAL",9839,"TUBO PVC, SERIE R, DN 75 MM, PARA ESGOTO OU AGUAS PLUVIAIS PREDIAL (NBR 5688)","M","CR",25.74,22.88,20.54,16.91,20.78,23.38,23.4,30.42,25.22,20.92,24.41,25.49,24.32,23.93,20.81,18.72,21.7,22.41,25.19,23.29,27.69,20.28,25.74,23.15,22.1,25.24,23.15]
["MATERIAL",9870,"TUBO PVC, SOLDAVEL, DE 110 MM, AGUA FRIA (NBR-5648)","M","CR",107.66,94.86,90.01,80.52,84.49,95.3,98.83,122.88,102.14,90.01,93.76,99.27,90.89,106.55,90.89,91.77,93.76,87.8,95.52,83.39,95.52,84.49,109.86,89.79,91.99,95.96,91.77]
["MATERIAL",9867,"TUBO PVC, SOLDAVEL, DE 20 MM, AGUA FRIA (NBR-5648)","M","CR",4.32,3.81,3.61,3.23,3.39,3.83,3.97,4.9400000000000004,4.0999999999999996,3.61,3.77,3.99,3.65,4.28,3.65,3.69,3.77,3.53,3.84,3.35,3.84,3.39,4.41,3.61,3.69,3.85,3.69]
["MATERIAL",9868,"TUBO PVC, SOLDAVEL, DE 25 MM, AGUA FRIA (NBR-5648)","M","C",4.88,4.3,4.08,3.65,3.83,4.32,4.4800000000000004,5.57,4.63,4.08,4.25,4.5,4.12,4.83,4.12,4.16,4.25,3.98,4.33,3.78,4.33,3.83,4.9800000000000004,4.07,4.17,4.3499999999999996,4.16]
["MATERIAL",9869,"TUBO PVC, SOLDAVEL, DE 32 MM, AGUA FRIA (NBR-5648)","M","CR",10.53,9.2799999999999994,8.8000000000000007,7.88,8.26,9.32,9.67,12.02,9.99,8.8000000000000007,9.17,9.7100000000000009,8.89,10.42,8.89,8.98,9.17,8.59,9.34,8.16,9.34,8.26,10.75,8.7799999999999994,9,9.39,8.98]
["MATERIAL",9874,"TUBO PVC, SOLDAVEL, DE 40 MM, AGUA FRIA (NBR-5648)","M","CR",16.54,14.57,13.83,12.37,12.98,14.64,15.18,18.88,15.69,13.83,14.4,15.25,13.96,16.37,13.96,14.1,14.4,13.49,14.67,12.81,14.67,12.98,16.88,13.79,14.13,14.74,14.1]
["MATERIAL",9875,"TUBO PVC, SOLDAVEL, DE 50 MM, AGUA FRIA (NBR-5648)","M","CR",18.14,15.98,15.16,13.57,14.23,16.059999999999999,16.649999999999999,20.7,17.21,15.16,15.8,16.73,15.31,17.95,15.31,15.46,15.8,14.79,16.09,14.05,16.09,14.23,18.510000000000002,15.13,15.5,16.170000000000002,15.46]
["MATERIAL",9873,"TUBO PVC, SOLDAVEL, DE 60 MM, AGUA FRIA (NBR-5648)","M","CR",29.84,26.29,24.95,22.32,23.42,26.42,27.4,34.06,28.31,24.95,25.99,27.52,25.19,29.54,25.19,25.44,25.99,24.34,26.48,23.11,26.48,23.42,30.45,24.89,25.5,26.6,25.44]
["MATERIAL",9871,"TUBO PVC, SOLDAVEL, DE 75 MM, AGUA FRIA (NBR-5648)","M","CR",49.45,43.57,41.34,36.979999999999997,38.81,43.77,45.4,56.44,46.92,41.34,43.07,45.6,41.75,48.94,41.75,42.15,43.07,40.33,43.88,38.299999999999997,43.88,38.81,50.46,41.24,42.25,44.08,42.15]
["MATERIAL",9872,"TUBO PVC, SOLDAVEL, DE 85 MM, AGUA FRIA (NBR-5648)","M","CR",68.790000000000006,60.62,57.52,51.45,53.99,60.9,63.16,78.52,65.27,57.52,59.91,63.44,58.08,68.09,58.08,58.64,59.91,56.11,61.04,53.29,61.04,53.99,70.2,57.38,58.78,61.32,58.64]
["MATERIAL",12425,"UNIAO COM ASSENTO CONICO DE BRONZE, DIAMETRO 1\"","UN","CR",61.3,null,null,null,56.12,{"$nulls":5},62.36,65.290000000000006,50.63,65.48,null,null,53.5,null,null,null,49.88,null,63.23,null,null,65.040000000000006,60.42]
["MATERIAL",12426,"UNIAO COM ASSENTO CONICO DE BRONZE, DIAMETRO 1/2\"","UN","CR",44.61,null,null,null,40.85,{"$nulls":5},45.39,47.52,36.85,47.66,null,null,38.94,null,null,null,36.31,null,46.02,null,null,47.34,43.98]
["MATERIAL",12427,"UNIAO COM ASSENTO CONICO DE BRONZE, DIAMETRO 2 1/2\"","UN","CR",254.43,null,null,null,232.94,{"$nulls":5},258.83,270.99,210.17,271.77,null,null,222.07,null,null,null,207.06,null,262.45,null,null,269.95999999999998,250.8]
["MATERIAL",12428,"UNIAO COM ASSENTO CONICO DE BRONZE, DIAMETRO 2\"","UN","CR",163.31,null,null,null,149.52000000000001,{"$nulls":5},166.13,173.94,134.9,174.44,null,null,142.54,null,null,null,132.9,null,168.46,null,null,173.27,160.97999999999999]
["MATERIAL",12429,"UNIAO COM ASSENTO CONICO DE BRONZE, DIAMETRO 3\"","UN","CR",411.42,null,null,null,376.68,{"$nulls":5},418.53,438.2,339.85,439.46,null,null,359.1,null,null,null,334.82,null,424.39,null,null,436.53,405.56]
["MATERIAL",12430,"UNIAO COM ASSENTO CONICO DE BRONZE, DIAMETRO 3/4\"","UN","CR",54.7,null,null,null,50.08,{"$nulls":5},55.64,58.26,45.18,58.43,null,null,47.74,null,null,null,44.51,null,56.42,null,null,58.04,53.92]
["MATERIAL",12431,"UNIAO COM ASSENTO CONICO DE BRONZE, DIAMETRO 4\"","UN","CR",700.16,null,null,null,641.04,{"$nulls":5},712.27,745.74,578.36,747.88,null,null,611.12,null,null,null,569.80999999999995,null,722.24,null,null,742.89,690.19]
["MATERIAL",12432,"UNIAO COM ASSENTO CONICO DE FERRO LONGO (MACHO-FEMEA), DIAMETRO 1 1/2\"","UN","CR",144,null,null,null,131.84,{"$nulls":5},146.49,153.38,118.95,153.82,null,null,125.69,null,null,null,117.19,null,148.54,null,null,152.79,141.94999999999999]
["MATERIAL",12433,"UNIAO COM ASSENTO CONICO DE FERRO LONGO (MACHO-FEMEA), DIAMETRO 1\"","UN","CR",91.67,null,null,null,83.93,{"$nulls":5},93.26,97.64,75.72,97.92,null,null,80.010000000000005,null,null,null,74.599999999999994,null,94.56,null,null,97.27,90.36]
["MATERIAL",12434,"UNIAO COM ASSENTO CONICO DE FERRO LONGO (MACHO-FEMEA), DIAMETRO 1/2\"","UN","CR",46.92,null,null,null,42.96,{"$nulls":5},47.74,49.98,38.76,50.12,null,null,40.96,null,null,null,38.19,null,48.4,null,null,49.79,46.26]
["MATERIAL",12435,"UNIAO COM ASSENTO CONICO DE FERRO LONGO (MACHO-FEMEA), DIAMETRO 2 1/2\"","UN","CR",283.7,null,null,null,259.75,{"$nulls":5},288.61,302.17,234.35,303.04000000000002,null,null,247.63,null,null,null,230.89,null,292.64999999999998,null,null,301.02,279.66000000000003]
["MATERIAL",12437,"UNIAO COM ASSENTO CONICO DE FERRO LONGO (MACHO-FEMEA), DIAMETRO 2\"","UN","CR",229.13,null,null,null,209.78,{"$nulls":5},233.09,244.04,189.27,244.74,null,null,199.99,null,null,null,186.47,null,236.35,null,null,243.11,225.86]
["MATERIAL",12438,"UNIAO COM ASSENTO CONICO DE FERRO LONGO (MACHO-FEMEA), DIAMETRO 3\"","UN","CR",414.65,null,null,null,379.64,{"$nulls":5},421.82,441.64,342.52,442.91,null,null,361.92,null,null,null,337.45,null,427.72,null,null,439.96,408.74]
["MATERIAL",12439,"UNIAO COM ASSENTO CONICO DE FERRO LONGO (MACHO-FEMEA), DIAMETRO 3/4\"","UN","CR",73.540000000000006,null,null,null,67.33,{"$nulls":5},74.81,78.33,60.74,78.55,null,null,64.19,null,null,null,59.85,null,75.86,null,null,78.03,72.489999999999995]
["MATERIAL",12436,"UNIAO COM ASSENTO CONICO DE FERRO LONGO (MACHO-FEMEA), DIAMETRO 4\"","UN","CR",523.79,null,null,null,479.56,{"$nulls":5},532.84,557.89,432.67,559.49,null,null,457.18,null,null,null,426.27,null,540.29999999999995,null,null,555.76,516.33000000000004]
["MATERIAL",36357,"UNIAO COM FLANGE PPR, COM PARAFUSOS, DN 40 MM, PARA AGUA QUENTE PREDIAL","UN","CR",{"$nulls":6},180.29,{"$nulls":10},178.51,{"$nulls":4},150.38999999999999,147.87,null,150.83000000000001]
["MATERIAL",12424,"UNIAO DE FERRO GALVANIZADO, COM ASSENTO CONICO DE BRONZE, DE 1 1/2\"","UN","CR",94.38,null,null,null,86.41,{"$nulls":5},96.02,100.53,77.959999999999994,100.82,null,null,82.38,null,null,null,76.81,null,97.36,null,null,100.14,93.04]
["MATERIAL",12440,"UNIAO DE FERRO GALVANIZADO, COM ASSENTO CONICO DE BRONZE, DE 1 1/4\"","UN","CR",91.23,null,null,null,83.53,{"$nulls":5},92.81,97.17,75.36,97.45,null,null,79.63,null,null,null,74.239999999999995,null,94.11,null,null,96.8,89.93]
["MATERIAL",9884,"UNIAO DE FERRO GALVANIZADO, COM ROSCA BSP, COM ASSENTO PLANO, DE 1 1/2\"","UN","CR",68.05,null,null,null,62.3,{"$nulls":5},69.22,72.48,56.21,72.69,null,null,59.39,null,null,null,55.38,null,70.19,null,null,72.2,67.08]
["MATERIAL",9888,"UNIAO DE FERRO GALVANIZADO, COM ROSCA BSP, COM ASSENTO PLANO, DE 1 1/4\"","UN","CR",54.67,null,null,null,50.06,{"$nulls":5},55.62,58.23,45.16,58.4,null,null,47.72,null,null,null,44.49,null,56.4,null,null,58.01,53.89]
["MATERIAL",9886,"UNIAO DE FERRO GALVANIZADO, COM ROSCA BSP, COM ASSENTO PLANO, DE 1\"","UN","CR",32.68,null,null,null,29.92,{"$nulls":5},33.24,34.81,26.99,34.909999999999997,null,null,28.52,null,null,null,26.59,null,33.71,null,null,34.67,32.21]
["MATERIAL",9883,"UNIAO DE FERRO GALVANIZADO, COM ROSCA BSP, COM ASSENTO PLANO, DE 1/2\"","UN","CR",23.86,null,null,null,21.84,{"$nulls":5},24.27,25.41,19.71,25.48,null,null,20.82,null,null,null,19.41,null,24.61,null,null,25.31,23.52]
["MATERIAL",9889,"UNIAO DE FERRO GALVANIZADO, COM ROSCA BSP, COM ASSENTO PLANO, DE 2 1/2\"","UN","CR",165.55,null,null,null,151.57,{"$nulls":5},168.42,176.33,136.75,176.84,null,null,144.5,null,null,null,134.72999999999999,null,170.77,null,null,175.66,163.19999999999999]
["MATERIAL",9887,"UNIAO DE FERRO GALVANIZADO, COM ROSCA BSP, COM ASSENTO PLANO, DE 2\"","UN","CR",100.06,null,null,null,91.61,{"$nulls":5},101.79,106.58,82.65,106.88,null,null,87.34,null,null,null,81.430000000000007,null,103.22,null,null,106.17,98.64]
["MATERIAL",9890,"UNIAO DE FERRO GALVANIZADO, COM ROSCA BSP, COM ASSENTO PLANO, DE 3\"","UN","CR",256.48,null,null,null,234.83,{"$nulls":5},260.92,273.18,211.87,273.97000000000003,null,null,223.87,null,null,null,208.73,null,264.57,null,null,272.14,252.83]
["MATERIAL",9885,"UNIAO DE FERRO GALVANIZADO, COM ROSCA BSP, COM ASSENTO PLANO, DE 3/4\"","UN","CR",31.59,null,null,null,28.92,{"$nulls":5},32.14,33.65,26.1,33.75,null,null,27.57,null,null,null,25.71,null,32.590000000000003,null,null,33.520000000000003,31.14]
["MATERIAL",9891,"UNIAO DE FERRO GALVANIZADO, COM ROSCA BSP, COM ASSENTO PLANO, DE 4\"","UN","CR",360.06,null,null,null,329.66,{"$nulls":5},366.29,383.5,297.42,384.6,null,null,314.27,null,null,null,293.02999999999997,null,371.41,null,null,382.04,354.93]
["MATERIAL",36316,"UNIAO DUPLA PPR DN 25 MM, PARA AGUA QUENTE PREDIAL","UN","CR",{"$nulls":6},29.38,{"$nulls":10},29.09,{"$nulls":4},24.51,24.1,null,24.58]
["MATERIAL",36313,"UNIAO DUPLA PPR, DN 20 MM, PARA AGUA QUENTE PREDIAL","UN","CR",{"$nulls":6},18.87,{"$nulls":10},18.68,{"$nulls":4},15.74,15.47,null,15.78]
["MATERIAL",64,"UNIAO EM POLIPROPILENO (PP), PARA TUBO EM PEAD, 20 MM - LIGACAO PREDIAL DE AGUA","UN","CR",{"$nulls":10},7.21,{"$nulls":11},8.09,null,null,4.5]
["MATERIAL",37423,"UNIAO EM POLIPROPILENO (PP), PARA TUBO EM PEAD, 32 MM - LIGACAO PREDIAL DE AGUA","UN","CR",{"$nulls":10},17.8,{"$nulls":11},19.97,null,null,11.11]
["MATERIAL",9892,"UNIAO PVC, ROSCAVEL 1/2\", AGUA FRIA PREDIAL","UN","CR",7.92,6.98,6.62,5.92,6.21,7.01,7.27,9.0399999999999991,7.51,6.62,6.9,7.3,6.69,7.84,6.69,6.75,6.9,6.46,7.03,6.13,7.03,6.21,8.08,6.6,6.77,7.06,6.75]
["MATERIAL",9901,"UNIAO PVC, ROSCAVEL, 1 1/2\", AGUA FRIA PREDIAL","UN","CR",38.32,33.76,32.04,28.66,30.07,33.92,35.18,43.74,36.35,32.04,33.369999999999997,35.33,32.35,37.92,32.35,32.659999999999997,33.369999999999997,31.25,34,29.68,34,30.07,39.1,31.96,32.74,34.159999999999997,32.659999999999997]
["MATERIAL",9900,"UNIAO PVC, ROSCAVEL, 1\", AGUA FRIA PREDIAL","UN","CR",22.2,19.559999999999999,18.559999999999999,16.600000000000001,17.420000000000002,19.649999999999999,20.38,25.34,21.06,18.559999999999999,19.329999999999998,20.47,18.739999999999998,21.97,18.739999999999998,18.920000000000002,19.329999999999998,18.11,19.7,17.2,19.7,17.420000000000002,22.66,18.52,18.97,19.79,18.920000000000002]
["MATERIAL",9899,"UNIAO PVC, ROSCAVEL, 3/4\", AGUA FRIA PREDIAL","UN","CR",9.9600000000000009,8.77,8.32,7.44,7.81,8.81,9.14,11.36,9.44,8.32,8.67,9.18,8.4,9.85,8.4,8.49,8.67,8.1199999999999992,8.83,7.71,8.83,7.81,10.16,8.3000000000000007,8.51,8.8699999999999992,8.49]
["MATERIAL",9908,"UNIAO PVC, SOLDAVEL, 110 MM, PARA AGUA FRIA PREDIAL","UN","CR",447.57,394.37,374.19,334.76,351.26,396.21,410.88,510.85,424.64,374.19,389.79,412.71,377.86,442.98,377.86,381.53,389.79,365.02,397.12,346.68,397.12,351.26,456.74,373.28,382.45,398.96,381.53]
["MATERIAL",9905,"UNIAO PVC, SOLDAVEL, 20 MM, PARA AGUA FRIA PREDIAL","UN","CR",7.79,6.86,6.51,5.82,6.11,6.89,7.15,8.89,7.39,6.51,6.78,7.18,6.57,7.71,6.57,6.64,6.78,6.35,6.91,6.03,6.91,6.11,7.95,6.49,6.65,6.94,6.64]
["MATERIAL",9906,"UNIAO PVC, SOLDAVEL, 25 MM, PARA AGUA FRIA PREDIAL","UN","CR",9.39,8.27,7.85,7.02,7.37,8.31,8.6199999999999992,10.72,8.91,7.85,8.18,8.66,7.93,9.2899999999999991,7.93,8,8.18,7.66,8.33,7.27,8.33,7.37,9.58,7.83,8.02,8.3699999999999992,8]
["MATERIAL",9895,"UNIAO PVC, SOLDAVEL, 32 MM, PARA AGUA FRIA PREDIAL","UN","CR",15.81,13.93,13.22,11.82,12.41,14,14.51,18.05,15,13.22,13.77,14.58,13.35,15.65,13.35,13.48,13.77,12.89,14.03,12.25,14.03,12.41,16.14,13.19,13.51,14.09,13.48]
["MATERIAL",9894,"UNIAO PVC, SOLDAVEL, 40 MM, PARA AGUA FRIA PREDIAL","UN","CR",30.41,26.79,25.42,22.74,23.87,26.92,27.92,34.71,28.85,25.42,26.48,28.04,25.67,30.1,25.67,25.92,26.48,24.8,26.98,23.55,26.98,23.87,31.03,25.36,25.98,27.11,25.92]
["MATERIAL",9897,"UNIAO PVC, SOLDAVEL, 50 MM, PARA AGUA FRIA PREDIAL","UN","CR",32.47,28.61,27.15,24.28,25.48,28.74,29.81,37.06,30.81,27.15,28.28,29.94,27.41,32.14,27.41,27.68,28.28,26.48,28.81,25.15,28.81,25.48,33.14,27.08,27.75,28.94,27.68]
["MATERIAL",9910,"UNIAO PVC, SOLDAVEL, 60 MM, PARA AGUA FRIA PREDIAL","UN","CR",84.48,74.44,70.63,63.19,66.3,74.790000000000006,77.56,96.43,80.150000000000006,70.63,73.569999999999993,77.900000000000006,71.319999999999993,83.62,71.319999999999993,72.02,73.569999999999993,68.900000000000006,74.959999999999994,65.44,74.959999999999994,66.3,86.21,70.459999999999994,72.19,75.31,72.02]
["MATERIAL",9909,"UNIAO PVC, SOLDAVEL, 75 MM, PARA AGUA FRIA PREDIAL","UN","CR",172.05,151.6,143.85,128.69,135.03,152.31,157.94999999999999,196.38,163.24,143.85,149.84,158.66,145.26,170.29,145.26,146.66999999999999,149.84,140.32,152.66,133.27000000000001,152.66,135.03,175.58,143.5,147.02000000000001,153.37,146.66999999999999]
["MATERIAL",9907,"UNIAO PVC, SOLDAVEL, 85 MM, PARA AGUA FRIA PREDIAL","UN","CR",203.14,179,169.84,151.94,159.43,179.83,186.49,231.87,192.74,169.84,176.92,187.33,171.51,201.06,171.51,173.17,176.92,165.68,180.25,157.35,180.25,159.43,207.31,169.43,173.59,181.08,173.17]
["MATERIAL",20973,"UNIAO TIPO STORZ, COM EMPATACAO INTERNA TIPO ANEL DE EXPANSAO, ENGATE RAPIDO 1 1/2\", PARA MANGUEIRA DE COMBATE A INCENDIO PREDIAL","UN","CR",101.05,171.47,135.34,null,171.49,124.93,116.36,116.36,null,175.15,94.92,113.29,97.95,97.98,122.48,140.85,103.8,176.37,133.5,null,74.5,null,101.05,73.489999999999995,null,202.1]
["MATERIAL",20974,"UNIAO TIPO STORZ, COM EMPATACAO INTERNA TIPO ANEL DE EXPANSAO, ENGATE RAPIDO 2 1/2\", PARA MANGUEIRA DE COMBATE A INCENDIO PREDIAL","UN","CR",144.57,245.33,193.63,null,245.35,178.74,166.47,166.47,null,250.59,135.80000000000001,162.09,140.13999999999999,140.19,175.23,201.52,148.51,252.34,191,null,106.58,null,144.57,105.14,null,289.14]
["MATERIAL",37989,"UNIAO, CPVC, SOLDAVEL, 15 MM, PARA AGUA QUENTE PREDIAL","UN","CR",17,null,null,null,14.9,14.57,14.89,18.36,14.87,null,16.309999999999999,18.71,16.559999999999999,14.98,null,16.87,null,15.59,14.57,13.8,17.690000000000001,null,17.89,12.9,null,15.57]
["MATERIAL",37990,"UNIAO, CPVC, SOLDAVEL, 22 MM, PARA AGUA QUENTE PREDIAL","UN","CR",18.739999999999998,null,null,null,16.440000000000001,16.059999999999999,16.420000000000002,20.25,16.39,null,17.98,20.64,18.260000000000002,16.52,null,18.61,null,17.2,16.059999999999999,15.22,19.5,null,19.72,14.23,null,17.170000000000002]
["MATERIAL",37991,"UNIAO, CPVC, SOLDAVEL, 28 MM, PARA AGUA QUENTE PREDIAL","UN","CR",24.95,null,null,null,21.88,21.38,21.86,26.95,21.82,null,23.94,27.47,24.31,21.99,null,24.76,null,22.89,21.38,20.260000000000002,25.96,null,26.25,18.940000000000001,null,22.85]
["MATERIAL",37992,"UNIAO, CPVC, SOLDAVEL, 35 MM, PARA AGUA QUENTE PREDIAL","UN","CR",38.71,null,null,null,33.950000000000003,33.18,33.92,41.82,33.86,null,37.14,42.62,37.71,34.119999999999997,null,38.43,null,35.520000000000003,33.18,31.44,40.28,null,40.74,29.38,null,35.46]
["MATERIAL",37993,"UNIAO, CPVC, SOLDAVEL, 42 MM, PARA AGUA QUENTE PREDIAL","UN","CR",58.74,null,null,null,51.51,50.34,51.47,63.46,51.38,null,56.36,64.67,57.22,51.77,null,58.31,null,53.89,50.34,47.7,61.12,null,61.81,44.58,null,53.8]
["MATERIAL",37994,"UNIAO, CPVC, SOLDAVEL, 54 MM, PARA AGUA QUENTE PREDIAL","UN","CR",139.86000000000001,null,null,null,122.65,119.87,122.55,151.1,122.34,null,134.19999999999999,153.99,136.26,123.27,null,138.83000000000001,null,128.32,119.87,113.58,145.53,null,147.18,106.16,null,128.11000000000001]
["MATERIAL",37995,"UNIAO, CPVC, SOLDAVEL, 73 MM, PARA AGUA QUENTE PREDIAL","UN","CR",182.31,null,null,null,159.87,156.24,159.74,196.95,159.47,null,174.92,200.71,177.61,160.68,null,180.96,null,167.26,156.24,148.05000000000001,189.7,null,191.85,138.38,null,166.99]
["MATERIAL",37996,"UNIAO, CPVC, SOLDAVEL, 89 MM, PARA AGUA QUENTE PREDIAL","UN","CR",277.60000000000002,null,null,null,243.44,237.92,243.24,299.89999999999998,242.83,null,266.35000000000002,305.63,270.44,244.67,null,275.56,null,254.69,237.92,225.44,288.86,null,292.13,210.71,null,254.28]
["MATERIAL",45267,"UNIFORME PROFISSIONAL DE BRIM, CALCA E CAMISA MANGA LONGA COM FAIXA REFLETIVA","UN","CR",185.62,192.02,195.22,230.43,186.9,200.09,178.71,168.98,156.82,174.23,177.17,200.22,247.46,225.31,222.24,206.49,241.7,203.55,230.43,178.58,204.83,245.66,216.35,203.8,172.82,198.42,214.81]
["EQUIPAMENTO (AQUISIÇÃO)",13883,"USINA DE ASFALTO A FRIO, CAPACIDADE DE 30 A 40 T/H, ELETRICA, POTENCIA DE 30 CV","UN","CR",{"$nulls":25},161683.64000000001]
["EQUIPAMENTO (AQUISIÇÃO)",38604,"USINA DE ASFALTO A FRIO, CAPACIDADE DE 40 A 60 T/H, ELETRICA, POTENCIA DE 30 CV","UN","CR",{"$nulls":25},201374.82]
["EQUIPAMENTO (AQUISIÇÃO)",10601,"USINA DE ASFALTO A QUENTE, FIXA, TIPO CONTRA FLUXO, CAPACIDADE DE 100 A 140 T/H, POTENCIA DE 280 KW, COM MISTURADOR EXTERNO ROTATIVO","UN","CR",{"$nulls":25},3917142.05]
["EQUIPAMENTO (AQUISIÇÃO)",44469,"USINA DE ASFALTO, GRAVIMETRICA, CAPACIDADE DE 150 T/H, POTENCIA DE 400 KW","UN","CR",{"$nulls":25},10313696.779999999]
["EQUIPAMENTO (AQUISIÇÃO)",13894,"USINA DE CONCRETO FIXA, CAPACIDADE NOMINAL DE 40 M3/H, SEM SILO","UN","CR",{"$nulls":25},399604.75]
["EQUIPAMENTO (AQUISIÇÃO)",13895,"USINA DE CONCRETO FIXA, CAPACIDADE NOMINAL DE 60 M3/H, SEM SILO","UN","CR",{"$nulls":25},537335.18000000005]
["EQUIPAMENTO (AQUISIÇÃO)",13892,"USINA DE CONCRETO FIXA, CAPACIDADE NOMINAL DE 80 M3/H, SEM SILO","UN","CR",{"$nulls":25},658491.12]
["EQUIPAMENTO (AQUISIÇÃO)",9914,"USINA DE CONCRETO FIXA, CAPACIDADE NOMINAL DE 90 A 120 M3/H, SEM SILO","UN","C",{"$nulls":25},712400]
["EQUIPAMENTO (AQUISIÇÃO)",36485,"USINA DE LAMA ASFALTICA, PROD 30 A 50 T/H, SILO DE AGREGADO 7 M3, RESERVATORIOS PARA EMULSAO E AGUA DE 2,3 M3 CADA, MISTURADOR TIPO PUGG-MILL A SER MONTADO SOBRE CAMINHAO","UN","CR",{"$nulls":25},805286.77]
["EQUIPAMENTO (AQUISIÇÃO)",9912,"USINA DE MISTURAS ASFALTICAS A QUENTE, MOVEL, TIPO CONTRA FLUXO, CAPACIDADE DE 40 A 80 T/H","UN","C",{"$nulls":25},3188995]
["EQUIPAMENTO (AQUISIÇÃO)",9921,"USINA MISTURADORA DE SOLOS, DOSADORES TRIPLOS, CALHA VIBRATORIA CAPACIDADE DE 200 A 500 T/H, POTENCIA DE 75 KW","UN","CR",{"$nulls":25},1645034.46]
["MATERIAL",21112,"VALVULA DE DESCARGA EM METAL CROMADO PARA MICTORIO COM ACIONAMENTO POR PRESSAO E FECHAMENTO AUTOMATICO","UN","CR",274.10000000000002,298.7,null,null,337.79,408.02,339.85,262.23,236.72,285.76,300.51,180.28,173.36,283.13,244.17,318.49,348.63,287.29000000000002,225.53,240.85,222.09,332.27,319.77999999999997,204.87,327.02,328.42,156.91999999999999]
["MATERIAL",10228,"VALVULA DE DESCARGA METALICA, BASE 1 1/2\" E ACABAMENTO METALICO CROMADO","UN","C",318.43,347,null,null,392.41,474,394.8,304.64,275,331.97,349.1,209.44,201.4,328.92,283.66000000000003,369.99,405,333.75,262,279.8,258,386,371.49,238,379.9,381.53,182.3]
["MATERIAL",11781,"VALVULA DE DESCARGA METALICA, BASE 1 1/4\" E ACABAMENTO METALICO CROMADO","UN","CR",257.97000000000003,281.11,null,null,317.89999999999998,384,319.83,246.79,222.78,268.93,282.81,169.67,163.16,266.45999999999998,229.8,299.74,328.1,270.38,212.25,226.67,209.01,312.70999999999998,300.95,192.81,307.76,309.08,147.68]
["MATERIAL",37588,"VALVULA DE ESCOAMENTO PARA TANQUE, EM METAL CROMADO, 1.1/2\", SEM LADRAO, COM TAMPAO PLASTICO","UN","CR",45.26,null,null,68.58,46.78,74.37,44.95,68.739999999999995,69.98,78.33,76.709999999999994,104.91,56.62,50.54,null,77.86,64.739999999999995,84.91,64.05,87.71,64.73,72.349999999999994,91.23,59.74,70.62,60.98]
["MATERIAL",11751,"VALVULA DE ESFERA BRUTA EM BRONZE, BITOLA 1 1/2\"","UN","CR",85.56,146.57,100.18,154.88999999999999,141.96,144.29,138.41999999999999,179.18,124.72,90.12,224.18,114.11,125.46,103.98,145.91999999999999,154.63999999999999,162.55000000000001,157.97999999999999,106.79,131.24,105.97,127.17,177.5,140.05000000000001,122.28,98.31,150.22]
["MATERIAL",11750,"VALVULA DE ESFERA BRUTA EM BRONZE, BITOLA 1 1/4\"","UN","CR",71,121.63,83.14,128.53,117.8,119.74,114.87,148.69,103.5,74.790000000000006,186.04,94.69,104.11,86.29,121.09,128.33000000000001,134.88999999999999,131.1,88.62,108.92,87.94,105.53,147.30000000000001,116.22,101.47,81.58,124.66]
["MATERIAL",11746,"VALVULA DE ESFERA BRUTA EM BRONZE, BITOLA 1\"","UN","CR",47.64,81.61,55.78,86.24,79.040000000000006,80.34,77.069999999999993,99.76,69.44,50.18,124.82,63.53,69.849999999999994,57.89,81.239999999999995,86.1,90.5,87.96,59.46,73.069999999999993,59,70.8,98.83,77.98,68.08,54.74,83.64]
["MATERIAL",11748,"VALVULA DE ESFERA BRUTA EM BRONZE, BITOLA 1/2\"","UN","CR",30.57,52.37,35.79,55.34,50.72,51.55,49.46,64.02,44.56,32.200000000000003,80.099999999999994,40.770000000000003,44.82,37.15,52.14,55.25,58.08,56.45,38.15,46.89,37.86,45.44,63.42,50.04,43.69,35.119999999999997,53.67]
["MATERIAL",11747,"VALVULA DE ESFERA BRUTA EM BRONZE, BITOLA 2\"","UN","CR",131.94,226.01,154.49,238.83,218.9,222.49,213.44,276.29000000000002,192.32,138.97,345.68,175.96,193.46,160.34,225.01,238.46,250.65,243.61,164.67,202.38,163.41,196.09,273.70999999999998,215.96,188.55,151.6,231.64]
["MATERIAL",11749,"VALVULA DE ESFERA BRUTA EM BRONZE, BITOLA 3/4\"","UN","CR",35.28,60.45,41.32,63.88,58.54,59.51,57.08,73.900000000000006,51.44,37.17,92.46,47.06,51.74,42.88,60.18,63.78,67.040000000000006,65.150000000000006,44.04,54.13,43.7,52.45,73.2,57.76,50.43,40.54,61.95]
["MATERIAL",10236,"VALVULA DE RETENCAO DE BRONZE, PE COM CRIVOS, EXTREMIDADE COM ROSCA, DE 1 1/2\", PARA FUNDO DE POCO","UN","CR",128.5,null,null,null,147.97999999999999,null,null,104.86,133.78,null,147.97999999999999,null,null,146.47999999999999,null,159.22,{"$nulls":6},153.6,null,null,164.56]
["MATERIAL",10233,"VALVULA DE RETENCAO DE BRONZE, PE COM CRIVOS, EXTREMIDADE COM ROSCA, DE 1 1/4\", PARA FUNDO DE POCO","UN","CR",120.42,null,null,null,138.66999999999999,null,null,98.26,125.37,null,138.66999999999999,null,null,137.27000000000001,null,149.19999999999999,{"$nulls":6},143.94,null,null,154.21]
["MATERIAL",10234,"VALVULA DE RETENCAO DE BRONZE, PE COM CRIVOS, EXTREMIDADE COM ROSCA, DE 1\", PARA FUNDO DE POCO","UN","CR",75.849999999999994,null,null,null,87.35,null,null,61.9,78.97,null,87.35,null,null,86.47,null,93.99,{"$nulls":6},90.67,null,null,97.14]
["MATERIAL",10231,"VALVULA DE RETENCAO DE BRONZE, PE COM CRIVOS, EXTREMIDADE COM ROSCA, DE 2 1/2\", PARA FUNDO DE POCO","UN","CR",347.84,null,null,null,400.58,null,null,283.85000000000002,362.14,null,400.58,null,null,396.52,null,431,{"$nulls":6},415.79,null,null,445.45]
["MATERIAL",10232,"VALVULA DE RETENCAO DE BRONZE, PE COM CRIVOS, EXTREMIDADE COM ROSCA, DE 2\", PARA FUNDO DE POCO","UN","CR",194.64,null,null,null,224.15,null,null,158.84,202.65,null,224.15,null,null,221.88,null,241.18,{"$nulls":6},232.67,null,null,249.26]
["MATERIAL",10235,"VALVULA DE RETENCAO DE BRONZE, PE COM CRIVOS, EXTREMIDADE COM ROSCA, DE 3\", PARA FUNDO DE POCO","UN","CR",476.85,null,null,null,549.14,null,null,389.13,496.45,null,549.14,null,null,543.58000000000004,null,590.85,{"$nulls":6},570,null,null,610.66]
["MATERIAL",10229,"VALVULA DE RETENCAO DE BRONZE, PE COM CRIVOS, EXTREMIDADE COM ROSCA, DE 3/4\", PARA FUNDO DE POCO","UN","C",68.599999999999994,null,null,null,79,null,null,55.98,71.42,null,79,null,null,78.2,null,85,{"$nulls":6},82,null,null,87.85]
["MATERIAL",10230,"VALVULA DE RETENCAO DE BRONZE, PE COM CRIVOS, EXTREMIDADE COM ROSCA, DE 4\", PARA FUNDO DE POCO","UN","CR",839.21,null,null,null,966.44,null,null,684.83,873.71,null,966.44,null,null,956.65,null,1039.8399999999999,{"$nulls":6},1003.14,null,null,1074.71]
["MATERIAL",10409,"VALVULA DE RETENCAO HORIZONTAL, DE BRONZE (PN-25), 1 1/2\", 400 PSI, TAMPA DE PORCA DE UNIAO, EXTREMIDADES COM ROSCA","UN","CR",249.32,null,null,null,287.12,null,null,203.45,259.57,null,287.12,null,null,284.20999999999998,null,308.93,{"$nulls":6},298.02,null,null,319.27999999999997]
["MATERIAL",10411,"VALVULA DE RETENCAO HORIZONTAL, DE BRONZE (PN-25), 1 1/4\", 400 PSI, TAMPA DE PORCA DE UNIAO, EXTREMIDADES COM ROSCA","UN","CR",223.09,null,null,null,256.92,null,null,182.05,232.26,null,256.92,null,null,254.31,null,276.43,{"$nulls":6},266.67,null,null,285.7]
["MATERIAL",10410,"VALVULA DE RETENCAO HORIZONTAL, DE BRONZE (PN-25), 1\", 400 PSI, TAMPA DE PORCA DE UNIAO, EXTREMIDADES COM ROSCA","UN","CR",149.02000000000001,null,null,null,171.62,null,null,121.61,155.15,null,171.62,null,null,169.88,null,184.65,{"$nulls":6},178.13,null,null,190.84]
["MATERIAL",10404,"VALVULA DE RETENCAO HORIZONTAL, DE BRONZE (PN-25), 1/2\", 400 PSI, TAMPA DE PORCA DE UNIAO, EXTREMIDADES COM ROSCA","UN","CR",90.47,null,null,null,104.19,null,null,73.83,94.19,null,104.19,null,null,103.14,null,112.1,{"$nulls":6},108.15,null,null,115.86]
["MATERIAL",10405,"VALVULA DE RETENCAO HORIZONTAL, DE BRONZE (PN-25), 2 1/2\", 400 PSI, TAMPA DE PORCA DE UNIAO, EXTREMIDADES COM ROSCA","UN","CR",499.51,null,null,null,575.24,null,null,407.62,520.04999999999995,null,575.24,null,null,569.41999999999996,null,618.92999999999995,{"$nulls":6},597.09,null,null,639.67999999999995]
["MATERIAL",10408,"VALVULA DE RETENCAO HORIZONTAL, DE BRONZE (PN-25), 2\", 400 PSI, TAMPA DE PORCA DE UNIAO, EXTREMIDADES COM ROSCA","UN","CR",349.3,null,null,null,402.26,null,null,285.04000000000002,363.66,null,402.26,null,null,398.18,null,432.81,{"$nulls":6},417.53,null,null,447.32]
["MATERIAL",10406,"VALVULA DE RETENCAO HORIZONTAL, DE BRONZE (PN-25), 3\", 400 PSI, TAMPA DE PORCA DE UNIAO, EXTREMIDADES COM ROSCA","UN","CR",689.93,null,null,null,794.53,null,null,563.01,718.29,null,794.53,null,null,786.48,null,854.87,{"$nulls":6},824.7,null,null,883.54]
["MATERIAL",10412,"VALVULA DE RETENCAO HORIZONTAL, DE BRONZE (PN-25), 3/4\", 400 PSI, TAMPA DE PORCA DE UNIAO, EXTREMIDADES COM ROSCA","UN","CR",109.64,null,null,null,126.27,null,null,89.47,114.15,null,126.27,null,null,124.99,null,135.86000000000001,{"$nulls":6},131.06,null,null,140.41]
["MATERIAL",10407,"VALVULA DE RETENCAO HORIZONTAL, DE BRONZE (PN-25), 4\", 400 PSI, TAMPA DE PORCA DE UNIAO, EXTREMIDADES COM ROSCA","UN","CR",1070.0899999999999,null,null,null,1232.32,null,null,873.23,1114.08,null,1232.32,null,null,1219.8399999999999,null,1325.91,{"$nulls":6},1279.1099999999999,null,null,1370.37]
["MATERIAL",10416,"VALVULA DE RETENCAO VERTICAL, DE BRONZE (PN-16), 1 1/2\", 200 PSI, EXTREMIDADES COM ROSCA","UN","CR",132.72999999999999,null,null,null,152.85,null,null,108.31,138.19,null,152.85,null,null,151.31,null,164.46,{"$nulls":6},158.66,null,null,169.98]
["MATERIAL",10419,"VALVULA DE RETENCAO VERTICAL, DE BRONZE (PN-16), 1 1/4\", 200 PSI, EXTREMIDADES COM ROSCA","UN","CR",115.21,null,null,null,132.68,null,null,94.01,119.95,null,132.68,null,null,131.33000000000001,null,142.75,{"$nulls":6},137.72,null,null,147.54]
["MATERIAL",10418,"VALVULA DE RETENCAO VERTICAL, DE BRONZE (PN-16), 1\", 200 PSI, EXTREMIDADES COM ROSCA","UN","CR",76.790000000000006,null,null,null,88.44,null,null,62.67,79.95,null,88.44,null,null,87.54,null,95.15,{"$nulls":6},91.8,null,null,98.35]
["MATERIAL",21092,"VALVULA DE RETENCAO VERTICAL, DE BRONZE (PN-16), 1/2\", 200 PSI, EXTREMIDADES COM ROSCA","UN","CR",65.87,null,null,null,75.849999999999994,null,null,53.75,68.569999999999993,null,75.849999999999994,null,null,75.08,null,81.61,{"$nulls":6},78.73,null,null,84.35]
["MATERIAL",12657,"VALVULA DE RETENCAO VERTICAL, DE BRONZE (PN-16), 2 1/2\", 200 PSI, EXTREMIDADES COM ROSCA","UN","CR",309.89999999999998,null,null,null,356.88,null,null,252.89,322.64,null,356.88,null,null,353.27,null,383.99,{"$nulls":6},370.44,null,null,396.86]
["MATERIAL",10417,"VALVULA DE RETENCAO VERTICAL, DE BRONZE (PN-16), 2\", 200 PSI, EXTREMIDADES COM ROSCA","UN","CR",193.4,null,null,null,222.72,null,null,157.82,201.35,null,222.72,null,null,220.46,null,239.63,{"$nulls":6},231.17,null,null,247.67]
["MATERIAL",10414,"VALVULA DE RETENCAO VERTICAL, DE BRONZE (PN-16), 3\", 200 PSI, EXTREMIDADES COM ROSCA","UN","CR",423.19,null,null,null,487.35,null,null,345.34,440.59,null,487.35,null,null,482.41,null,524.36,{"$nulls":6},505.86,null,null,541.94000000000005]
["MATERIAL",10413,"VALVULA DE RETENCAO VERTICAL, DE BRONZE (PN-16), 3/4\", 200 PSI, EXTREMIDADES COM ROSCA","UN","CR",70.290000000000006,null,null,null,80.94,null,null,57.36,73.180000000000007,null,80.94,null,null,80.12,null,87.09,{"$nulls":6},84.02,null,null,90.01]
["MATERIAL",10415,"VALVULA DE RETENCAO VERTICAL, DE BRONZE (PN-16), 4\", 200 PSI, EXTREMIDADES COM ROSCA","UN","CR",734.47,null,null,null,845.82,null,null,599.35,764.66,null,845.82,null,null,837.26,null,910.06,{"$nulls":6},877.94,null,null,940.58]
["MATERIAL",38643,"VALVULA EM METAL CROMADO PARA LAVATORIO, 1\" SEM LADRAO","UN","CR",35.96,null,null,54.5,37.18,59.1,35.72,54.62,55.61,62.25,60.96,83.37,44.99,40.159999999999997,null,61.87,51.45,67.47,50.9,69.7,51.44,57.5,72.5,47.47,56.12,48.46]
["MATERIAL",6157,"VALVULA EM METAL CROMADO PARA PIA AMERICANA 3.1/2 X 1.1/2\"","UN","CR",49.13,null,null,74.45,50.79,80.73,48.8,74.62,75.97,85.04,83.28,113.9,61.47,54.87,null,84.52,70.28,92.17,69.53,95.22,70.27,78.55,99.04,64.849999999999994,76.67,66.2]
["MATERIAL",6158,"VALVULA EM PLASTICO BRANCO PARA LAVATORIO 1\", SEM UNHO, COM LADRAO","UN","CR",7.09,6.83,8.1999999999999993,8.7100000000000009,6.81,7.51,7.22,7.22,6.83,8.5,8.7100000000000009,8.0299999999999994,11.52,8.11,7.43,6.62,7.03,7.43,11.49,6.28,7.69,6.83,9.14,7.26,6.96,9.31,6.06]
["MATERIAL",6156,"VALVULA EM PLASTICO BRANCO PARA TANQUE 1.1/4\" X 1.1/2\", SEM UNHO E SEM LADRAO","UN","CR",6.08,5.86,7.03,7.47,5.84,6.44,6.19,6.19,5.86,7.29,7.47,6.89,9.89,6.96,6.37,5.68,6.03,6.37,9.86,5.38,6.59,5.86,7.84,6.23,5.97,7.99,5.2]
["MATERIAL",6153,"VALVULA EM PLASTICO BRANCO PARA TANQUE OU LAVATORIO 1\", SEM UNHO E SEM LADRAO","UN","CR",4.88,4.7,5.64,6,4.68,5.17,4.97,4.97,4.7,5.85,6,5.53,7.93,5.58,5.1100000000000003,4.5599999999999996,4.84,5.1100000000000003,7.91,4.32,5.29,4.7,6.29,5,4.79,6.41,4.17]
["MATERIAL",6154,"VALVULA EM PLASTICO CROMADO PARA LAVATORIO 1\", SEM UNHO, COM LADRAO","UN","CR",8.67,8.36,10.029999999999999,10.66,8.33,9.18,8.83,8.83,8.36,10.4,10.66,9.82,14.1,9.93,9.09,8.1,8.6,9.09,14.06,7.68,9.4,8.36,11.18,8.8800000000000008,8.52,11.39,7.42]
["MATERIAL",6155,"VALVULA EM PLASTICO CROMADO TIPO AMERICANA PARA PIA DE COZINHA 3.1/2\" X 1.1/2\", SEM ADAPTADOR","UN","CR",19.96,19.239999999999998,23.09,24.53,19.170000000000002,21.14,20.32,20.32,19.239999999999998,23.93,24.53,22.61,32.450000000000003,22.85,20.93,18.64,19.79,20.93,32.35,17.68,21.65,19.239999999999998,25.74,20.440000000000001,19.600000000000001,26.22,17.079999999999998]
["MATERIAL",43595,"VARA FINA PARA CREMONA, EM FERRO ZINCADO BRANCO, COM DIAMETRO DE APROX 10 MM E COMPRIMENTO DE 1,20 M","UN","CR",20.010000000000002,18.61,22.34,18.57,19.27,19.55,18.600000000000001,18.5,21.22,18.149999999999999,20.85,21.7,24.65,19.78,21.46,21.31,19.78,18.2,20.38,18.98,22.52,20.47,19.86,20.48,20.47,18.61,22.34]
["MATERIAL",43596,"VARA FINA PARA CREMONA, EM FERRO ZINCADO BRANCO, COM DIAMETRO DE APROX 10 MM E COMPRIMENTO DE 1,50 M","UN","CR",23.13,21.51,25.82,21.46,22.27,22.59,21.5,21.38,24.53,20.98,24.1,25.09,28.49,22.86,24.81,24.63,22.86,21.03,23.56,21.93,26.03,23.65,22.96,23.67,23.65,21.51,25.82]
["MATERIAL",38108,"VARIADOR DE LUMINOSIDADE ROTATIVO (DIMMER) 127 V, 300 W (APENAS MODULO)","UN","CR",66.400000000000006,71.45,59.73,54.68,33.85,46.82,65.099999999999994,59.89,45.83,43.8,44.27,41.66,44.84,42.96,42.96,42.7,56.24,46.35,41.45,44.01,49.99,44.01,58.02,54.16,35.880000000000003,48.9,46.97]
["MATERIAL",38087,"VARIADOR DE LUMINOSIDADE ROTATIVO (DIMMER) 127V, 300W, CONJUNTO MONTADO PARA EMBUTIR 4\" X 2\" (PLACA + SUPORTE + MODULO)","UN","CR",85.41,91.9,76.83,70.33,43.54,60.22,83.73,77.03,58.94,56.33,56.94,53.59,57.67,55.26,55.26,54.93,72.34,59.61,53.32,56.6,64.3,56.6,74.62,69.66,46.15,62.9,60.42]
["MATERIAL",38109,"VARIADOR DE LUMINOSIDADE ROTATIVO (DIMMER) 220 V, 600 W (APENAS MODULO)","UN","CR",106.12,114.2,95.47,87.4,54.1,74.83,104.04,95.72,73.239999999999995,70,70.75,66.59,71.66,68.67,68.67,68.25,89.89,74.08,66.25,70.33,79.900000000000006,70.33,92.72,86.56,57.35,78.16,75.08]
["MATERIAL",38088,"VARIADOR DE LUMINOSIDADE ROTATIVO (DIMMER) 220V, 600W, CONJUNTO MONTADO PARA EMBUTIR 4\" X 2\" (PLACA + SUPORTE + MODULO)","UN","CR",111.59,120.08,100.38,91.89,56.89,78.680000000000007,109.4,100.65,77.02,73.599999999999994,74.39,70.010000000000005,75.349999999999994,72.2,72.2,71.760000000000005,94.52,77.89,69.66,73.95,84.02,73.95,97.5,91.02,60.3,82.18,78.94]
["MATERIAL",38110,"VARIADOR DE VELOCIDADE PARA VENTILADOR 127 V, 150 W (APENAS MODULO)","UN","CR",40.82,43.93,36.72,33.619999999999997,20.81,28.78,40.020000000000003,36.82,28.17,26.93,27.21,25.61,27.57,26.41,26.41,26.25,34.58,28.49,25.48,27.05,30.74,27.05,35.67,33.299999999999997,22.06,30.06,28.88]
["MATERIAL",38089,"VARIADOR DE VELOCIDADE PARA VENTILADOR 127V, 150W + 2 INTERRUPTORES PARALELOS, PARA REVERSAO E LAMPADA, CONJUNTO MONTADO PARA EMBUTIR 4\" X 2\" (PLACA + SUPORTE + MODULOS)","UN","CR",71.13,76.55,63.99,58.58,36.26,50.16,69.739999999999995,64.16,49.1,46.92,47.42,44.63,48.03,46.03,46.03,45.75,60.25,49.65,44.41,47.14,53.56,47.14,62.15,58.02,38.44,52.39,50.32]
["MATERIAL",38111,"VARIADOR DE VELOCIDADE PARA VENTILADOR 220 V, 250 W (APENAS MODULO)","UN","CR",45.65,49.13,41.07,37.6,23.27,32.19,44.76,41.18,31.51,30.11,30.43,28.64,30.83,29.54,29.54,29.36,38.67,31.87,28.5,30.25,34.369999999999997,30.25,39.89,37.24,24.67,33.619999999999997,32.299999999999997]
["MATERIAL",38090,"VARIADOR DE VELOCIDADE PARA VENTILADOR 220V, 250W + 2 INTERRUPTORES PARALELOS, PARA REVERSAO E LAMPADA, CONJUNTO MONTADO PARA EMBUTIR 4\" X 2\" (PLACA + SUPORTE + MODULOS)","UN","CR",73.52,79.12,66.14,60.55,37.479999999999997,51.84,72.08,66.319999999999993,50.75,48.5,49.01,46.13,49.65,47.57,47.57,47.28,62.28,51.32,45.9,48.73,55.36,48.73,64.239999999999995,59.97,39.729999999999997,54.15,52.01]
["MATERIAL",38400,"VASSOURA 40 CM COM CABO","UN","CR",43.63,39.5,30.42,37.26,38.68,33.6,47.14,42.45,40.68,46.93,51.88,62.47,53.06,44.1,35.14,38.79,43.79,41.48,39.85,37.5,47.17,34.43,46.93,45.28,40.090000000000003,49.5,54.31]
["EQUIPAMENTO (AQUISIÇÃO)",13726,"VASSOURA MECANICA REBOCAVEL COM ESCOVA CILINDRICA LARGURA UTIL DE VARRIMENTO = 2,44M","UN","CR",{"$nulls":4},61382.65,{"$nulls":15},95994.89,null,96215.41,null,null,66385.2]
["MATERIAL",12627,"VEDACAO DE CALHA, EM BORRACHA COR PRETA, MEDIDA ENTRE 119 E 170 MM, PARA DRENAGEM PLUVIAL PREDIAL","UN","CR",1.42,1.26,1.1299999999999999,0.93,1.1399999999999999,1.29,1.29,1.68,1.39,1.1499999999999999,1.35,1.41,1.34,1.32,1.1499999999999999,1.03,1.2,1.24,1.39,1.28,1.53,1.1200000000000001,1.42,1.28,1.22,1.39,1.28]
["MATERIAL",39996,"VERGALHAO ZINCADO ROSCA TOTAL, 1/4\" (6,3 MM)","M","CR",4.59,5.49,4.42,5.19,5,5.26,3.79,3.35,3.74,5.27,3.65,3.59,4.2,5.32,4.42,4.07,3.62,3.9,3.52,5.09,5.78,5.24,4.1100000000000003,4.18,4.95,3.45,2.95]
["MATERIAL",10478,"VERNIZ A BASE RESINA ALQUIDICA COM POLIURETANO PARA MADEIRA, COM FILTRO SOLAR, BRILHANTE, USO INTERNO E EXTERNO","L","C",41.97,44.7,35.42,30.24,41.27,41.83,36.24,40.35,35.549999999999997,45.08,43.96,42.67,44.8,38.81,37.92,41.72,43.04,43.32,44.3,37.49,44.8,33.21,41.97,39.21,41.72,41.1,43.64]
["MATERIAL",10481,"VERNIZ MARITIMO PREMIUM PARA MADEIRA, COM FILTRO SOLAR, BRILHANTE, USO INTERNO E EXTERNO","L","CR",37.32,39.75,31.5,26.89,36.700000000000003,37.200000000000003,32.229999999999997,35.880000000000003,31.61,40.090000000000003,39.090000000000003,37.950000000000003,39.840000000000003,34.51,33.72,37.1,38.270000000000003,38.520000000000003,39.39,33.340000000000003,39.840000000000003,29.53,37.32,34.869999999999997,37.1,36.549999999999997,38.81]
["MATERIAL",10475,"VERNIZ TIPO COPAL PARA MADEIRA, BRILHANTE, USO INTERNO","L","CR",36.119999999999997,38.47,30.48,26.02,35.51,36,31.18,34.72,30.59,38.79,37.83,36.72,38.549999999999997,33.4,32.630000000000003,35.9,37.04,37.28,38.119999999999997,32.26,38.549999999999997,28.58,36.119999999999997,33.74,35.9,35.369999999999997,37.549999999999997]
["MATERIAL",4030,"VEU DE POLIESTER PARA IMPERMEABILIZACAO","M2","CR",null,8.34,null,11.08,7.94,null,6.98,8.3699999999999992,6.4,null,6.75,null,6.6,8.24,7.81,7.07,12.42,9,8.5399999999999991,null,10.78,null,7.42,null,10.18,7.38]
["MATERIAL",4031,"VEU DE VIDRO/VEU DE SUPERFICIE 30 A 35 G/M2","M2","CR",null,39.19,null,52.08,37.32,null,32.81,39.340000000000003,30.11,null,31.73,null,31.03,38.72,36.72,33.26,58.39,42.32,40.14,null,50.65,null,34.9,null,47.88,34.71]
["EQUIPAMENTO (AQUISIÇÃO)",39399,"VIBRADOR DE IMERSAO, COM PONTEIRA DE *35* MM, MANGOTE DE 5 M, SEM MOTOR","UN","CR",{"$nulls":4},1430.7,{"$nulls":11},1326.24,1430.13,1440.99,null,null,null,1521.04,null,null,1541.06]
["EQUIPAMENTO (AQUISIÇÃO)",39400,"VIBRADOR DE IMERSAO, COM PONTEIRA DE *45* MM, MANGOTE DE 5 M, SEM MOTOR.","UN","CR",{"$nulls":4},1555.11,{"$nulls":11},1441.57,1554.49,1566.29,null,null,null,1653.31,null,null,1675.06]
["EQUIPAMENTO (AQUISIÇÃO)",39401,"VIBRADOR DE IMERSAO, COM PONTEIRA DE *60* MM, MANGOTE DE 5 M, SEM MOTOR.","UN","CR",{"$nulls":4},1744.46,{"$nulls":11},1617.1,1743.77,1757.01,null,null,null,1854.62,null,null,1879.02]
["EQUIPAMENTO (AQUISIÇÃO)",11652,"VIBRADOR DE IMERSAO, DIAMETRO DA PONTEIRA DE *35* MM, COM MOTOR 4 TEMPOS A GASOLINA DE 5,5 HP (5,5 CV)","UN","C",{"$nulls":4},3753,{"$nulls":11},3479,3751.52,3780,null,null,null,3990,null,null,4042.5]
["EQUIPAMENTO (AQUISIÇÃO)",13475,"VIBRADOR DE IMERSAO, DIAMETRO DA PONTEIRA DE *45* MM, COM MOTOR 4 TEMPOS A GASOLINA DE 5,5 HP (5,5 CV)","UN","CR",{"$nulls":4},4101.13,{"$nulls":11},3801.71,4099.51,4130.63,null,null,null,4360.1099999999997,null,null,4417.4799999999996]
["EQUIPAMENTO (AQUISIÇÃO)",13896,"VIBRADOR DE IMERSAO, DIAMETRO DA PONTEIRA DE *45* MM, COM MOTOR ELETRICO TRIFASICO DE 2 HP (2 CV)","UN","CR",{"$nulls":4},3366.77,{"$nulls":11},3120.96,3365.44,3390.99,null,null,null,3579.37,null,null,3626.47]
["EQUIPAMENTO (AQUISIÇÃO)",44470,"VIBROACABADORA DE ASFALTO SOBRE ESTEIRAS, LARG. PAVIM. 2,13 M A 4,55 M, POT. 74 KW/ 100 HP, CAP. 400 T/ H","UN","CR",{"$nulls":25},1615059.56]
["EQUIPAMENTO (AQUISIÇÃO)",13476,"VIBROACABADORA DE ASFALTO SOBRE ESTEIRAS, LARG. PAVIM. 2,60 M A 5,75 M, POT. 110 HP, CAP. 450 T/ H","UN","CR",{"$nulls":25},1626763]
["EQUIPAMENTO (AQUISIÇÃO)",44491,"VIBROACABADORA DE ASFALTO SOBRE ESTEIRAS, LARG. PAVIM. MAX. 8,00 M, POT. 100 KW/ 134 HP, CAP. 600 T/ H","UN","CR",{"$nulls":25},3836351.74]
["EQUIPAMENTO (AQUISIÇÃO)",10488,"VIBROACABADORA DE ASFALTO SOBRE ESTEIRAS, LARG. PAVIMENT. 1,90 A 5,3 M, POT. 78 KW/105 HP, CAP. 450 T/H","UN","C",{"$nulls":25},1970840.88]
["EQUIPAMENTO (AQUISIÇÃO)",13606,"VIBROACABADORA DE ASFALTO SOBRE RODAS, LARGURA DE PAVIMENTACAO DE 1,70 A 4,20 M, POTENCIA 78 KW/105 HP, CAPACIDADE 300 T/H","UN","CR",{"$nulls":25},1746136.83]
["MAO DE OBRA",10489,"VIDRACEIRO (HORISTA)","H","CR",18.600000000000001,13.66,17.04,16.71,14.27,14.81,18.64,17.05,18.7,14.37,16.28,15.84,15.31,18.03,13.71,15.26,13.82,26.28,23.54,13.06,18.38,19.010000000000002,17.93,20.79,13.9,19.170000000000002,16.57]
["MAO DE OBRA",41073,"VIDRACEIRO (MENSALISTA)","MES","CR",3250.91,2387.38,2991.43,2903.56,2498.31,2605.41,3323.39,2992.04,3296.44,2529.39,2876.28,2766.78,2699.37,3122.7,2400.84,2673.13,2439.1,4611.47,4139.08,2281.81,3190.19,3311.69,3150.57,3646.93,2459.4,3359.4,2907.35]
["SERVIÇOS",34391,"VIDRO COMUM LAMINADO LISO INCOLOR DUPLO, ESPESSURA TOTAL 8 MM (CADA CAMADA DE 4 MM) - COLOCADO","M2","CR",972.48,861.75,975.45,1551.15,1053.25,861.75,766,713.33,588.86,766,478.75,767.81,1196.8699999999999,878.5,909.62,718.12,879.7,712.14,667.85,766,1558.33,766,603.22,574.5,789.93,861.75,957.5]
["SERVIÇOS",10496,"VIDRO COMUM LAMINADO, LISO, INCOLOR, DUPLO, ESPESSURA TOTAL 6 MM (CADA CAMADA E= 3 MM) - COLOCADO","M2","CR",846.37,750,848.95,1350,916.66,750,666.66,620.83000000000004,512.5,666.66,416.66,668.25,1041.6600000000001,764.58,791.66,625,765.62,619.79,581.25,666.66,1356.25,666.66,525,500,687.5,750,833.33]
["SERVIÇOS",10497,"VIDRO COMUM LAMINADO, LISO, INCOLOR, TRIPLO, ESPESSURA TOTAL 12 MM (CADA CAMADA E= 4 MM) - COLOCADO","M2","CR",2200.5700000000002,1949.99,2207.29,3509.99,2383.33,1949.99,1733.33,1614.16,1332.49,1733.33,1083.33,1737.44,2708.33,1987.91,2058.33,1624.99,1990.62,1611.45,1511.24,1733.33,3526.24,1733.33,1364.99,1299.99,1787.49,1949.99,2166.66]
["SERVIÇOS",10504,"VIDRO COMUM LAMINADO, LISO, INCOLOR, TRIPLO, ESPESSURA TOTAL 15 MM (CADA CAMADA E = 5 MM) - COLOCADO","M2","CR",2572.98,2280,2580.83,4104,2786.66,2280,2026.66,1887.33,1558,2026.66,1266.6600000000001,2031.48,3166.66,2324.33,2406.66,1900,2327.5,1884.16,1767,2026.66,4123,2026.66,1596,1520,2090,2280,2533.33]
["MATERIAL",34390,"VIDRO CRISTAL COLORIDO, 10 MM, PINTADO NA COR BRANCA","M2","CR",758.35,671.99,760.66,1209.5899999999999,821.33,671.99,597.33000000000004,556.26,459.19,597.33000000000004,373.33,598.75,933.33,685.06,709.33,559.99,685.99,555.33000000000004,520.79,597.33000000000004,1215.19,597.33000000000004,470.39,447.99,615.99,671.99,746.66]
["MATERIAL",34389,"VIDRO CRISTAL COLORIDO, 4 MM, PINTADO NA COR BRANCA","M2","CR",236.98,210,237.7,378,256.66000000000003,210,186.66,173.83,143.5,186.66,116.66,187.11,291.66000000000003,214.08,221.66,175,214.37,173.54,162.75,186.66,379.75,186.66,147,140,192.5,210,233.33]
["MATERIAL",34388,"VIDRO CRISTAL COLORIDO, 6 MM, PINTADO NA COR BRANCA","M2","CR",336.82,298.47000000000003,337.85,537.24,364.79,298.47000000000003,265.3,247.06,203.95,265.3,165.81,265.93,414.54,304.27,315.05,248.72,304.68,246.65,231.31,265.3,539.73,265.3,208.92,198.98,273.58999999999997,298.47000000000003,331.63]
["MATERIAL",34387,"VIDRO CRISTAL COLORIDO, 8 MM, PINTADO NA COR BRANCA","M2","CR",546.75,484.5,548.41999999999996,872.1,592.16,484.5,430.66,401.05,331.07,430.66,269.16000000000003,431.68,672.91,493.92,511.41,403.75,494.59,400.38,375.48,430.66,876.13,430.66,339.15,323,444.12,484.5,538.33000000000004]
["MATERIAL",11188,"VIDRO LISO FUME E = 4MM - SEM COLOCACAO","M2","CR",270.83,239.99,271.66000000000003,431.99,293.33,239.99,213.33,198.66,163.99,213.33,133.33000000000001,213.83,333.33,244.66,253.33,199.99,244.99,198.33,185.99,213.33,433.99,213.33,167.99,159.99,219.99,239.99,266.66000000000003]
["MATERIAL",11189,"VIDRO LISO FUME E = 6MM - SEM COLOCACAO","M2","CR",406.26,360,407.5,648,440,360,320,298,246,320,200,320.76,500,367,380,300,367.5,297.5,279,320,651,320,252,240,330,360,400]
["MATERIAL",21107,"VIDRO LISO FUME, E = 5 MM - SEM COLOCACAO","M2","CR",292.37,259.07,293.26,466.34,316.64999999999998,259.07,230.29,214.46,177.03,230.29,143.93,230.84,359.83,264.11,273.47000000000003,215.89,264.47000000000003,214.1,200.78,230.29,468.5,230.29,181.35,172.71,237.48,259.07,287.86]
["MATERIAL",34386,"VIDRO LISO INCOLOR 10 MM - SEM COLOCACAO","M2","CR",507.82,450,509.37,810,550,450,400,372.5,307.5,400,250,400.95,625,458.75,475,375,459.37,371.87,348.75,400,813.75,400,315,300,412.5,450,500]
["MATERIAL",10490,"VIDRO LISO INCOLOR 2 A 3 MM - SEM COLOCACAO","M2","CR",177.73,157.5,178.28,283.5,192.5,157.5,140,130.37,107.62,140,87.5,140.33000000000001,218.75,160.56,166.25,131.25,160.78,130.15,122.06,140,284.81,140,110.25,105,144.37,157.5,175]
["MATERIAL",10492,"VIDRO LISO INCOLOR 4MM - SEM COLOCACAO","M2","C",203.13,180,203.75,324,220,180,160,149,123,160,100,160.38,250,183.5,190,150,183.75,148.75,139.5,160,325.5,160,126,120,165,180,200]
["MATERIAL",10493,"VIDRO LISO INCOLOR 5MM - SEM COLOCACAO","M2","CR",236.98,210,237.7,378,256.66000000000003,210,186.66,173.83,143.5,186.66,116.66,187.11,291.66000000000003,214.08,221.66,175,214.37,173.54,162.75,186.66,379.75,186.66,147,140,192.5,210,233.33]
["MATERIAL",10491,"VIDRO LISO INCOLOR 6 MM - SEM COLOCACAO","M2","CR",287.76,255,288.64,459,311.66000000000003,255,226.66,211.08,174.25,226.66,141.66,227.2,354.16,259.95,269.16000000000003,212.5,260.31,210.72,197.62,226.66,461.12,226.66,178.5,170,233.75,255,283.33]
["MATERIAL",34385,"VIDRO LISO INCOLOR 8MM - SEM COLOCACAO","M2","CR",419.8,372,421.08,669.6,454.66,372,330.66,307.93,254.2,330.66,206.66,331.45,516.66,379.23,392.66,310,379.75,307.41000000000003,288.3,330.66,672.7,330.66,260.39999999999998,248,341,372,413.33]
["MATERIAL",10499,"VIDRO MARTELADO OU CANELADO, 4 MM - SEM COLOCACAO","M2","CR",169.27,149.99,169.79,269.99,183.33,149.99,133.33000000000001,124.16,102.49,133.33000000000001,83.33,133.63999999999999,208.33,152.91,158.33000000000001,124.99,153.12,123.95,116.24,133.33000000000001,271.24,133.33000000000001,104.99,99.99,137.49,149.99,166.66]
["MATERIAL",34384,"VIDRO PLANO ARAMADO E = 6 MM - SEM COLOCACAO","M2","CR",507.82,450,509.37,810,550,450,400,372.5,307.5,400,250,400.95,625,458.75,475,375,459.37,371.87,348.75,400,813.75,400,315,300,412.5,450,500]
["MATERIAL",11185,"VIDRO PLANO ARAMADO E = 7MM - SEM COLOCACAO","M2","CR",524.75,464.99,526.35,836.99,568.33000000000004,464.99,413.33,384.91,317.74,413.33,258.33,414.31,645.83000000000004,474.04,490.83,387.49,474.68,384.27,360.37,413.33,840.87,413.33,325.49,309.99,426.24,464.99,516.66]
["MATERIAL",10507,"VIDRO TEMPERADO INCOLOR E = 10 MM, SEM COLOCACAO","M2","CR",676.08,508.5,615.29,573.22,444.71,null,306.02,482.61,230.38,330.52,217.64,425.29,526.99,587.09,480.76,369.82,425.29,443.78,571.37,393.58,462.27,488.16,304.17,321.77,508.5,457.65,497.87]
["MATERIAL",10505,"VIDRO TEMPERADO INCOLOR E = 6 MM, SEM COLOCACAO","M2","CR",398.93,300.05,363.06,338.24,262.41000000000003,null,180.57,284.77999999999997,135.94,195.03,128.41999999999999,250.95,310.95999999999998,346.42,283.68,218.22,250.95,261.86,337.15,232.24,272.77,288.05,179.48,189.86,300.05,270.05,293.77999999999997]
["MATERIAL",10506,"VIDRO TEMPERADO INCOLOR E = 8 MM, SEM COLOCACAO","M2","CR",520.78,391.69,473.95,441.55,342.55,null,235.73,371.75,177.46,254.6,167.64,327.60000000000002,405.94,452.23,370.33,284.87,327.60000000000002,341.84,440.12,303.17,356.08,376.03,234.3,247.85,391.69,352.52,383.5]
["MATERIAL",5031,"VIDRO TEMPERADO INCOLOR PARA PORTA DE ABRIR, E = 10 MM (SEM FERRAGENS E SEM COLOCACAO)","M2","C",731.25,550,665.5,620,481,null,331,522,249.18,357.5,235.4,460,570,635,520,400,460,480,618,425.7,500,528,329,348.03,550,495,538.5]
["MATERIAL",10502,"VIDRO TEMPERADO VERDE E = 10 MM, SEM COLOCACAO","M2","CR",852.08,640.88,775.46,722.44,560.48,null,385.69,608.25,290.35000000000002,416.57,274.29000000000002,536.01,664.18,739.92,605.91999999999996,466.09,536.01,559.30999999999995,720.11,496.04,582.62,615.24,383.36,405.53,640.88,576.79,627.48]
["MATERIAL",10501,"VIDRO TEMPERADO VERDE E = 6 MM, SEM COLOCACAO","M2","CR",481.4,362.08,438.11,408.16,316.64999999999998,null,217.9,343.64,164.04,235.35,154.97,302.83,375.24,418.03,342.33,263.33,302.83,315.99,406.84,280.25,329.16,347.59,216.58,229.11,362.08,325.87,354.5]
["MATERIAL",10503,"VIDRO TEMPERADO VERDE E = 8 MM, SEM COLOCACAO","M2","CR",650.37,489.17,591.89,551.41999999999996,427.8,null,294.39,464.26,221.62,317.95999999999998,209.36,409.12,506.95,564.76,462.48,355.76,409.12,426.91,549.64,378.61,444.7,469.6,292.61,309.52999999999997,489.17,440.25,478.94]
["MATERIAL",4500,"VIGA *7,5 X 10* CM EM PINUS, MISTA OU EQUIVALENTE DA REGIAO - BRUTA","M","CR",13.32,22.04,14.95,17.93,18.489999999999998,21.31,14.65,15.46,19.760000000000002,22.09,15.19,13.95,22.32,21.17,23.18,20.54,19.760000000000002,13.95,16.95,25.11,13.08,12.94,13.65,13.95,21.51,15.69,18.8]
["MATERIAL",4448,"VIGA *7,5 X 15 CM EM PINUS, MISTA OU EQUIVALENTE DA REGIAO - BRUTA","M","CR",18.3,30.28,20.54,24.63,25.39,29.27,20.12,21.24,27.15,30.34,20.87,19.16,30.66,29.08,31.84,28.22,27.15,19.16,23.28,34.5,17.96,17.77,18.75,19.16,29.54,21.56,25.82]
["MATERIAL",20213,"VIGA APARELHADA *6 X 12* CM, EM MACARANDUBA/MASSARANDUBA, ANGELIM OU EQUIVALENTE DA REGIAO","M","CR",22.14,18.84,17.489999999999998,18.3,25.72,28.02,25.58,26.09,21.26,25.12,34.78,26.57,22.99,25.58,22.07,28.12,19.32,32.270000000000003,29.28,29.95,26.05,16.420000000000002,24.21,57.98,20.13,31.44,26.09]
["MATERIAL",20211,"VIGA APARELHADA *6 X 16* CM, EM MACARANDUBA/MASSARANDUBA, ANGELIM OU EQUIVALENTE DA REGIAO","M","CR",29.32,24.95,23.16,24.23,34.06,37.1,33.880000000000003,34.54,28.15,33.26,46.06,35.18,30.45,33.880000000000003,29.22,37.229999999999997,25.59,42.73,38.770000000000003,39.659999999999997,34.49,21.75,32.06,76.77,26.66,41.63,34.54]
["MATERIAL",40270,"VIGA DE ESCORAMENTO H20, DE MADEIRA, PESO DE 5,00 A 5,20 KG/M, COM EXTREMIDADES PLASTICAS","M","C",{"$nulls":25},133.03]
["MATERIAL",4425,"VIGA NAO APARELHADA *6 X 12* CM, EM MACARANDUBA/MASSARANDUBA, ANGELIM OU EQUIVALENTE DA REGIAO - BRUTA","M","CR",24.24,20.62,19.14,20.03,28.15,30.67,28,28.55,23.26,27.49,38.07,29.08,25.17,28,24.15,30.77,21.15,35.32,32.04,32.78,28.51,17.98,26.5,63.46,22.04,34.409999999999997,28.55]
["MATERIAL",4472,"VIGA NAO APARELHADA *6 X 16* CM, EM MACARANDUBA/MASSARANDUBA, ANGELIM OU EQUIVALENTE DA REGIAO - BRUTA","M","CR",30.28,25.76,23.91,25.02,35.17,38.31,34.979999999999997,35.67,29.06,34.35,47.56,36.33,31.44,34.979999999999997,30.17,38.44,26.42,44.12,40.03,40.950000000000003,35.619999999999997,22.46,33.11,79.27,27.53,42.99,35.67]
["MATERIAL",35272,"VIGA NAO APARELHADA *6 X 20* CM, EM MACARANDUBA/MASSARANDUBA, ANGELIM OU EQUIVALENTE DA REGIAO - BRUTA","M","CR",43.77,37.24,34.56,36.17,50.84,55.38,50.57,51.56,42.01,49.65,68.75,52.52,45.45,50.57,43.62,55.57,38.19,63.78,57.86,59.2,51.48,32.46,47.86,114.59,39.799999999999997,62.14,51.56]
["MATERIAL",4481,"VIGA NAO APARELHADA *8 X 16* CM EM MACARANDUBA/MASSARANDUBA, ANGELIM OU EQUIVALENTE DA REGIAO - BRUTA","M","CR",46.85,39.86,37,38.71,54.41,59.28,54.13,55.19,44.97,53.15,73.59,56.21,48.65,54.13,46.69,59.48,40.880000000000003,68.27,61.94,63.37,55.11,34.75,51.23,122.65,42.6,66.52,55.19]
["MAO DE OBRA",34345,"VIGIA DIURNO (HORISTA)","H","CR",14.67,13.83,14.27,13.58,14.16,15.1,14.94,14.82,14.33,13.57,17.23,13.71,13.71,13.45,13.56,15.54,13.28,20.46,21.56,13.75,17.25,13.45,17.95,18.23,13.05,21.44,16.16]
["MAO DE OBRA",41096,"VIGIA DIURNO (MENSALISTA)","MES","CR",2563.52,2417.16,2503.7800000000002,2359.19,2476.21,2657.49,2664.4,2601.15,2523.67,2387.9299999999998,3044.36,2395.12,2420.21,2329.37,2372.94,2721.33,2344.56,3592.19,3791.2,2404.1,2995.23,2342.56,3156.24,3197.61,2306.44,3758.17,2836.18]

{"sheet":"CP-SEINFRA","index":17,"n_rows":5611,"n_cols":4,"rows_kept":5611,"cut":false,"hidden":true,"merged":[[5597,3,5598,3],[5599,0,5599,2],[5600,0,5600,2],[5602,0,5602,2],[5594,0,5594,2],[5597,0,5598,0],[5597,1,5598,1],[5597,2,5598,2],[5589,0,5590,0],[5589,1,5590,1],[5589,2,5590,2],[5589,3,5590,3],[5585,0,5586,0],[5585,1,5586,1],[5585,2,5586,2],[5585,3,5586,3],[5587,0,5588,0],[5587,1,5588,1],[5587,2,5588,2],[5587,3,5588,3],[5581,0,5582,0],[5581,1,5582,1],[5581,2,5582,2],[5581,3,5582,3],[5583,0,5584,0],[5583,1,5584,1],[5583,2,5584,2],[5583,3,5584,3],[5578,0,5579,0],[5578,1,5579,1],[5578,2,5579,2],[5578,3,5579,3],[5580,0,5580,2],[5573,3,5574,3],[5576,0,5577,0],[5576,1,5577,1],[5576,2,5577,2],[5576,3,5577,3],[5572,0,5572,2],[5573,0,5574,0],[5573,1,5574,1],[5573,2,5574,2],[5563,0,5563,2],[5553,3,5554,3],[5556,0,5556,2],[5557,0,5558,0],[5557,1,5558,1],[5557,2,5558,2],[5557,3,5558,3],[5549,0,5549,2],[5550,0,5550,2],[5553,0,5554,0],[5553,1,5554,1],[5553,2,5554,2],[5544,0,5545,0],[5544,1,5545,1],[5544,2,5545,2],[5544,3,5545,3],[5546,0,5547,0],[5546,1,5547,1],[5546,2,5547,2],[5546,3,5547,3],[5540,0,5541,0],[5540,1,5541,1],[5540,2,5541,2],[5540,3,5541,3],[5542,0,5543,0],[5542,1,5543,1],[5542,2,5543,2],[5542,3,5543,3],[5536,0,5537,0],[5536,1,5537,1],[5536,2,5537,2],[5536,3,5537,3],[5538,0,5539,0],[5538,1,5539,1],[5538,2,5539,2],[5538,3,5539,3],[5534,0,5535,0],[5534,1,5535,1],[5534,2,5535,2],[5534,3,5535,3],[5529,0,5530,0],[5529,1,5530,1],[5529,2,5530,2],[5529,3,5530,3],[5531,0,5532,0],[5531,1,5532,1],[5531,2,5532,2],[5531,3,5532,3],[5525,0,5526,0],[5525,1,5526,1],[5525,2,5526,2],[5525,3,5526,3],[5527,0,5528,0],[5527,1,5528,1],[5527,2,5528,2],[5527,3,5528,3],[5521,3,5522,3],[5523,0,5524,0],[5523,1,5524,1],[5523,2,5524,2],[5523,3,5524,3],[5521,0,5522,0],[5521,1,5522,1],[5521,2,5522,2],[5516,0,5517,0],[5516,1,5517,1],[5516,2,5517,2],[5516,3,5517,3],[5518,0,5518,2],[5512,0,5513,0],[5512,1,5513,1],[5512,2,5513,2],[5512,3,5513,3],[5514,0,5515,0],[5514,1,5515,1],[5514,2,5515,2],[5514,3,5515,3],[5508,0,5509,0],[5508,1,5509,1],[5508,2,5509,2],[5508,3,5509,3],[5510,0,5511,0],[5510,1,5511,1],[5510,2,5511,2],[5510,3,5511,3],[5504,0,5505,0],[5504,1,5505,1],[5504,2,5505,2],[5504,3,5505,3],[5506,0,5507,0],[5506,1,5507,1],[5506,2,5507,2],[5506,3,5507,3],[5500,0,5501,0],[5500,1,5501,1],[5500,2,5501,2],[5500,3,5501,3],[5502,0,5503,0],[5502,1,5503,1],[5502,2,5503,2],[5502,3,5503,3],[5496,0,5497,0],[5496,1,5497,1],[5496,2,5497,2],[5496,3,5497,3],[5498,0,5499,0],[5498,1,5499,1],[5498,2,5499,2],[5498,3,5499,3],[5492,0,5493,0],[5492,1,5493,1],[5492,2,5493,2],[5492,3,5493,3],[5494,0,5495,0],[5494,1,5495,1],[5494,2,5495,2],[5494,3,5495,3],[5489,0,5489,2],[5490,0,5491,0],[5490,1,5491,1],[5490,2,5491,2],[5490,3,5491,3],[5485,0,5486,0],[5485,1,5486,1],[5485,2,5486,2],[5485,3,5486,3],[5487,0,5488,0],[5487,1,5488,1],[5487,2,5488,2],[5487,3,5488,3],[5481,0,5482,0],[5481,1,5482,1],[5481,2,5482,2],[5481,3,5482,3],[5483,0,5484,0],[5483,1,5484,1],[5483,2,5484,2],[5483,3,5484,3],[5477,0,5478,0],[5477,1,5478,1],[5477,2,5478,2],[5477,3,5478,3],[5479,0,5480,0],[5479,1,5480,1],[5479,2,5480,2],[5479,3,5480,3],[5473,0,5474,0],[5473,1,5474,1],[5473,2,5474,2],[5473,3,5474,3],[5475,0,5476,0],[5475,1,5476,1],[5475,2,5476,2],[5475,3,5476,3],[5469,0,5470,0],[5469,1,5470,1],[5469,2,5470,2],[5469,3,5470,3],[5471,0,5472,0],[5471,1,5472,1],[5471,2,5472,2],[5471,3,5472,3],[5465,0,5466,0],[5465,1,5466,1],[5465,2,5466,2],[5465,3,5466,3],[5467,0,5468,0],[5467,1,5468,1],[5467,2,5468,2],[5467,3,5468,3],[5461,0,5462,0],[5461,1,5462,1],[5461,2,5462,2],[5461,3,5462,3],[5463,0,5464,0],[5463,1,5464,1],[5463,2,5464,2],[5463,3,5464,3],[5457,0,5458,0],[5457,1,5458,1],[5457,2,5458,2],[5457,3,5458,3],[5459,0,5460,0],[5459,1,5460,1],[5459,2,5460,2],[5459,3,5460,3],[5453,0,5454,0],[5453,1,5454,1],[5453,2,5454,2],[5453,3,5454,3],[5455,0,5456,0],[5455,1,5456,1],[5455,2,5456,2],[5455,3,5456,3],[5449,0,5450,0],[5449,1,5450,1],[5449,2,5450,2],[5449,3,5450,3],[5451,0,5452,0],[5451,1,5452,1],[5451,2,5452,2],[5451,3,5452,3],[5445,0,5446,0],[5445,1,5446,1],[5445,2,5446,2],[5445,3,5446,3],[5447,0,5448,0],[5447,1,5448,1],[5447,2,5448,2],[5447,3,5448,3],[5441,0,5442,0],[5441,1,5442,1],[5441,2,5442,2],[5441,3,5442,3],[5443,0,5444,0],[5443,1,5444,1],[5443,2,5444,2],[5443,3,5444,3],[5437,0,5438,0],[5437,1,5438,1],[5437,2,5438,2],[5437,3,5438,3],[5439,0,5440,0],[5439,1,5440,1],[5439,2,5440,2],[5439,3,5440,3],[5433,0,5434,0],[5433,1,5434,1],[5433,2,5434,2],[5433,3,5434,3],[5435,0,5436,0],[5435,1,5436,1],[5435,2,5436,2],[5435,3,5436,3],[5430,0,5430,2],[5431,0,5432,0],[5431,1,5432,1],[5431,2,5432,2],[5431,3,5432,3],[5426,0,5427,0],[5426,1,5427,1],[5426,2,5427,2],[5426,3,5427,3],[5428,0,5429,0],[5428,1,5429,1],[5428,2,5429,2],[5428,3,5429,3],[5422,0,5423,0],[5422,1,5423,1],[5422,2,5423,2],[5422,3,5423,3],[5424,0,5425,0],[5424,1,5425,1],[5424,2,5425,2],[5424,3,5425,3],[5418,0,5419,0],[5418,1,5419,1],[5418,2,5419,2],[5418,3,5419,3],[5420,0,5421,0],[5420,1,5421,1],[5420,2,5421,2],[5420,3,5421,3],[5414,0,5415,0],[5414,1,5415,1],[5414,2,5415,2],[5414,3,5415,3],[5416,0,5417,0],[5416,1,5417,1],[5416,2,5417,2],[5416,3,5417,3],[5410,0,5411,0],[5410,1,5411,1],[5410,2,5411,2],[5410,3,5411,3],[5412,0,5413,0],[5412,1,5413,1],[5412,2,5413,2],[5412,3,5413,3],[5406,0,5407,0],[5406,1,5407,1],[5406,2,5407,2],[5406,3,5407,3],[5408,0,5409,0],[5408,1,5409,1],[5408,2,5409,2],[5408,3,5409,3],[5402,0,5403,0],[5402,1,5403,1],[5402,2,5403,2],[5402,3,5403,3],[5404,0,5405,0],[5404,1,5405,1],[5404,2,5405,2],[5404,3,5405,3],[5398,0,5399,0],[5398,1,5399,1],[5398,2,5399,2],[5398,3,5399,3],[5400,0,5401,0],[5400,1,5401,1],[5400,2,5401,2],[5400,3,5401,3],[5394,0,5395,0],[5394,1,5395,1],[5394,2,5395,2],[5394,3,5395,3],[5396,0,5397,0],[5396,1,5397,1],[5396,2,5397,2],[5396,3,5397,3],[5390,0,5391,0],[5390,1,5391,1],[5390,2,5391,2],[5390,3,5391,3],[5392,0,5393,0],[5392,1,5393,1],[5392,2,5393,2],[5392,3,5393,3],[5387,0,5387,2],[5388,0,5389,0],[5388,1,5389,1],[5388,2,5389,2],[5388,3,5389,3],[5384,0,5385,0],[5384,1,5385,1],[5384,2,5385,2],[5384,3,5385,3],[5386,0,5386,2],[5380,0,5381,0],[5380,1,5381,1],[5380,2,5381,2],[5380,3,5381,3],[5382,0,5383,0],[5382,1,5383,1],[5382,2,5383,2],[5382,3,5383,3],[5376,0,5377,0],[5376,1,5377,1],[5376,2,5377,2],[5376,3,5377,3],[5378,0,5379,0],[5378,1,5379,1],[5378,2,5379,2],[5378,3,5379,3],[5372,0,5373,0],[5372,1,5373,1],[5372,2,5373,2],[5372,3,5373,3],[5374,0,5375,0],[5374,1,5375,1],[5374,2,5375,2],[5374,3,5375,3],[5368,0,5369,0],[5368,1,5369,1],[5368,2,5369,2],[5368,3,5369,3],[5370,0,5371,0],[5370,1,5371,1],[5370,2,5371,2],[5370,3,5371,3],[5364,0,5365,0],[5364,1,5365,1],[5364,2,5365,2],[5364,3,5365,3],[5366,0,5367,0],[5366,1,5367,1],[5366,2,5367,2],[5366,3,5367,3],[5361,0,5361,2],[5362,0,5363,0],[5362,1,5363,1],[5362,2,5363,2],[5362,3,5363,3],[5357,0,5358,0],[5357,1,5358,1],[5357,2,5358,2],[5357,3,5358,3],[5359,0,5360,0],[5359,1,5360,1],[5359,2,5360,2],[5359,3,5360,3],[5353,0,5354,0],[5353,1,5354,1],[5353,2,5354,2],[5353,3,5354,3],[5355,0,5356,0],[5355,1,5356,1],[5355,2,5356,2],[5355,3,5356,3],[5349,0,5350,0],[5349,1,5350,1],[5349,2,5350,2],[5349,3,5350,3],[5351,0,5352,0],[5351,1,5352,1],[5351,2,5352,2],[5351,3,5352,3],[5339,0,5340,0],[5339,1,5340,1],[5339,2,5340,2],[5339,3,5340,3],[5341,0,5342,0],[5341,1,5342,1],[5341,2,5342,2],[5341,3,5342,3],[5335,0,5336,0],[5335,1,5336,1],[5335,2,5336,2],[5335,3,5336,3],[5337,0,5338,0],[5337,1,5338,1],[5337,2,5338,2],[5337,3,5338,3],[5331,0,5332,0],[5331,1,5332,1],[5331,2,5332,2],[5331,3,5332,3],[5333,0,5334,0],[5333,1,5334,1],[5333,2,5334,2],[5333,3,5334,3],[5327,2,5328,2],[5327,3,5328,3],[5329,0,5330,0],[5329,1,5330,1],[5329,2,5330,2],[5329,3,5330,3],[5327,0,5328,0],[5327,1,5328,1],[5318,0,5318,2],[5319,0,5319,2],[5311,0,5311,2],[5307,0,5308,0],[5307,1,5308,1],[5307,2,5308,2],[5307,3,5308,3],[5309,0,5310,0],[5309,1,5310,1],[5309,2,5310,2],[5309,3,5310,3],[5303,0,5304,0],[5303,1,5304,1],[5303,2,5304,2],[5303,3,5304,3],[5305,0,5306,0],[5305,1,5306,1],[5305,2,5306,2],[5305,3,5306,3],[5299,2,5300,2],[5299,3,5300,3],[5301,0,5302,0],[5301,1,5302,1],[5301,2,5302,2],[5301,3,5302,3],[5299,0,5300,0],[5299,1,5300,1],[5293,0,5294,0],[5293,1,5294,1],[5293,2,5294,2],[5293,3,5294,3],[5289,3,5290,3],[5291,0,5292,0],[5291,1,5292,1],[5291,2,5292,2],[5291,3,5292,3],[5289,0,5290,0],[5289,1,5290,1],[5289,2,5290,2],[5282,2,5283,2],[5282,3,5283,3],[5285,0,5286,0],[5285,1,5286,1],[5285,2,5286,2],[5285,3,5286,3],[5282,0,5283,0],[5282,1,5283,1],[5274,0,5275,0],[5274,1,5275,1],[5274,2,5275,2],[5274,3,5275,3],[5276,0,5277,0],[5276,1,5277,1],[5276,2,5277,2],[5276,3,5277,3],[5262,0,5262,2],[5258,0,5259,0],[5258,1,5259,1],[5258,2,5259,2],[5258,3,5259,3],[5260,0,5261,0],[5260,1,5261,1],[5260,2,5261,2],[5260,3,5261,3],[5254,0,5255,0],[5254,1,5255,1],[5254,2,5255,2],[5254,3,5255,3],[5256,0,5257,0],[5256,1,5257,1],[5256,2,5257,2],[5256,3,5257,3],[5250,0,5251,0],[5250,1,5251,1],[5250,2,5251,2],[5250,3,5251,3],[5252,0,5253,0],[5252,1,5253,1],[5252,2,5253,2],[5252,3,5253,3],[5246,0,5247,0],[5246,1,5247,1],[5246,2,5247,2],[5246,3,5247,3],[5248,0,5249,0],[5248,1,5249,1],[5248,2,5249,2],[5248,3,5249,3],[5242,0,5243,0],[5242,1,5243,1],[5242,2,5243,2],[5242,3,5243,3],[5244,0,5245,0],[5244,1,5245,1],[5244,2,5245,2],[5244,3,5245,3],[5238,0,5239,0],[5238,1,5239,1],[5238,2,5239,2],[5238,3,5239,3],[5240,0,5241,0],[5240,1,5241,1],[5240,2,5241,2],[5240,3,5241,3],[5234,2,5235,2],[5234,3,5235,3],[5236,0,5237,0],[5236,1,5237,1],[5236,2,5237,2],[5236,3,5237,3],[5234,0,5235,0],[5234,1,5235,1],[5227,0,5228,0],[5227,1,5228,1],[5227,2,5228,2],[5227,3,5228,3],[5229,0,5230,0],[5229,1,5230,1],[5229,2,5230,2],[5229,3,5230,3],[5222,3,5223,3],[5225,0,5226,0],[5225,1,5226,1],[5225,2,5226,2],[5225,3,5226,3],[5221,0,5221,2],[5222,0,5223,0],[5222,1,5223,1],[5222,2,5223,2],[5208,0,5209,0],[5208,1,5209,1],[5208,2,5209,2],[5208,3,5209,3],[5210,0,5210,2],[5204,0,5205,0],[5204,1,5205,1],[5204,2,5205,2],[5204,3,5205,3],[5206,0,5207,0],[5206,1,5207,1],[5206,2,5207,2],[5206,3,5207,3],[5202,0,5203,0],[5202,1,5203,1],[5202,2,5203,2],[5202,3,5203,3],[5198,0,5199,0],[5198,1,5199,1],[5198,2,5199,2],[5198,3,5199,3],[5196,0,5197,0],[5196,1,5197,1],[5196,2,5197,2],[5196,3,5197,3],[5193,0,5193,2],[5194,0,5194,2],[5186,0,5186,2],[5173,2,5174,2],[5173,3,5174,3],[5175,0,5176,0],[5175,1,5176,1],[5175,2,5176,2],[5175,3,5176,3],[5173,0,5174,0],[5173,1,5174,1],[5162,2,5163,2],[5162,3,5163,3],[5162,0,5163,0],[5162,1,5163,1],[5151,2,5152,2],[5151,3,5152,3],[5155,0,5156,0],[5155,1,5156,1],[5155,2,5156,2],[5155,3,5156,3],[5151,0,5152,0],[5151,1,5152,1],[5146,0,5146,2],[5139,0,5140,0],[5139,1,5140,1],[5139,2,5140,2],[5139,3,5140,3],[5137,0,5138,0],[5137,1,5138,1],[5137,2,5138,2],[5137,3,5138,3],[5132,0,5133,0],[5132,1,5133,1],[5132,2,5133,2],[5132,3,5133,3],[5134,0,5135,0],[5134,1,5135,1],[5134,2,5135,2],[5134,3,5135,3],[5128,0,5129,0],[5128,1,5129,1],[5128,2,5129,2],[5128,3,5129,3],[5130,0,5131,0],[5130,1,5131,1],[5130,2,5131,2],[5130,3,5131,3],[5124,0,5125,0],[5124,1,5125,1],[5124,2,5125,2],[5124,3,5125,3],[5126,0,5127,0],[5126,1,5127,1],[5126,2,5127,2],[5126,3,5127,3],[5122,0,5123,0],[5122,1,5123,1],[5122,2,5123,2],[5122,3,5123,3],[5117,0,5118,0],[5117,1,5118,1],[5117,2,5118,2],[5117,3,5118,3],[5119,0,5120,0],[5119,1,5120,1],[5119,2,5120,2],[5119,3,5120,3],[5114,0,5115,0],[5114,1,5115,1],[5114,2,5115,2],[5114,3,5115,3],[5109,2,5110,2],[5109,3,5110,3],[5112,0,5113,0],[5112,1,5113,1],[5112,2,5113,2],[5112,3,5113,3],[5109,0,5110,0],[5109,1,5110,1],[5100,0,5101,0],[5100,1,5101,1],[5100,2,5101,2],[5100,3,5101,3],[5102,0,5103,0],[5102,1,5103,1],[5102,2,5103,2],[5102,3,5103,3],[5096,3,5097,3],[5098,0,5099,0],[5098,1,5099,1],[5098,2,5099,2],[5098,3,5099,3],[5094,0,5094,2],[5096,0,5097,0],[5096,1,5097,1],[5096,2,5097,2],[5091,0,5092,0],[5091,1,5092,1],[5091,2,5092,2],[5091,3,5092,3],[5093,0,5093,2],[5087,0,5088,0],[5087,1,5088,1],[5087,2,5088,2],[5087,3,5088,3],[5089,0,5090,0],[5089,1,5090,1],[5089,2,5090,2],[5089,3,5090,3],[5083,0,5084,0],[5083,1,5084,1],[5083,2,5084,2],[5083,3,5084,3],[5085,0,5086,0],[5085,1,5086,1],[5085,2,5086,2],[5085,3,5086,3],[5080,0,5081,0],[5080,1,5081,1],[5080,2,5081,2],[5080,3,5081,3],[5082,0,5082,2],[5076,0,5077,0],[5076,1,5077,1],[5076,2,5077,2],[5076,3,5077,3],[5078,0,5079,0],[5078,1,5079,1],[5078,2,5079,2],[5078,3,5079,3],[5073,0,5074,0],[5073,1,5074,1],[5073,2,5074,2],[5073,3,5074,3],[5070,0,5071,0],[5070,1,5071,1],[5070,2,5071,2],[5070,3,5071,3],[5066,0,5067,0],[5066,1,5067,1],[5066,2,5067,2],[5066,3,5067,3],[5068,0,5069,0],[5068,1,5069,1],[5068,2,5069,2],[5068,3,5069,3],[5063,0,5064,0],[5063,1,5064,1],[5063,2,5064,2],[5063,3,5064,3],[5060,0,5061,0],[5060,1,5061,1],[5060,2,5061,2],[5060,3,5061,3],[5058,0,5059,0],[5058,1,5059,1],[5058,2,5059,2],[5058,3,5059,3],[5052,2,5053,2],[5052,3,5053,3],[5055,0,5056,0],[5055,1,5056,1],[5055,2,5056,2],[5055,3,5056,3],[5052,0,5053,0],[5052,1,5053,1],[5045,0,5046,0],[5045,1,5046,1],[5045,2,5046,2],[5045,3,5046,3],[5047,0,5048,0],[5047,1,5048,1],[5047,2,5048,2],[5047,3,5048,3],[5043,0,5044,0],[5043,1,5044,1],[5043,2,5044,2],[5043,3,5044,3],[5040,0,5041,0],[5040,1,5041,1],[5040,2,5041,2],[5040,3,5041,3],[5037,0,5038,0],[5037,1,5038,1],[5037,2,5038,2],[5037,3,5038,3],[5024,2,5025,2],[5024,3,5025,3],[5024,0,5025,0],[5024,1,5025,1],[5019,0,5020,0],[5019,1,5020,1],[5019,2,5020,2],[5019,3,5020,3],[5015,0,5015,2],[5001,0,5001,2],[5002,0,5002,2],[4995,0,4995,2],[4998,0,4998,2],[4991,0,4992,0],[4991,1,4992,1],[4991,2,4992,2],[4991,3,4992,3],[4988,0,4989,0],[4988,1,4989,1],[4988,2,4989,2],[4988,3,4989,3],[4983,0,4983,2],[4984,0,4984,2],[4979,0,4979,2],[4980,0,4981,0],[4980,1,4981,1],[4980,2,4981,2],[4980,3,4981,3],[4975,2,4976,2],[4975,3,4976,3],[4977,0,4978,0],[4977,1,4978,1],[4977,2,4978,2],[4977,3,4978,3],[4975,0,4976,0],[4975,1,4976,1],[4963,0,4964,0],[4963,1,4964,1],[4963,2,4964,2],[4963,3,4964,3],[4965,0,4965,2],[4959,0,4960,0],[4959,1,4960,1],[4959,2,4960,2],[4959,3,4960,3],[4961,0,4962,0],[4961,1,4962,1],[4961,2,4962,2],[4961,3,4962,3],[4955,0,4956,0],[4955,1,4956,1],[4955,2,4956,2],[4955,3,4956,3],[4957,0,4958,0],[4957,1,4958,1],[4957,2,4958,2],[4957,3,4958,3],[4952,0,4953,0],[4952,1,4953,1],[4952,2,4953,2],[4952,3,4953,3],[4954,0,4954,2],[4950,0,4951,0],[4950,1,4951,1],[4950,2,4951,2],[4950,3,4951,3],[4945,2,4946,2],[4945,3,4946,3],[4947,0,4948,0],[4947,1,4948,1],[4947,2,4948,2],[4947,3,4948,3],[4945,0,4946,0],[4945,1,4946,1],[4939,0,4940,0],[4939,1,4940,1],[4939,2,4940,2],[4939,3,4940,3],[4935,0,4936,0],[4935,1,4936,1],[4935,2,4936,2],[4935,3,4936,3],[4937,0,4938,0],[4937,1,4938,1],[4937,2,4938,2],[4937,3,4938,3],[4931,0,4932,0],[4931,1,4932,1],[4931,2,4932,2],[4931,3,4932,3],[4933,0,4934,0],[4933,1,4934,1],[4933,2,4934,2],[4933,3,4934,3],[4927,0,4928,0],[4927,1,4928,1],[4927,2,4928,2],[4927,3,4928,3],[4929,0,4930,0],[4929,1,4930,1],[4929,2,4930,2],[4929,3,4930,3],[4923,0,4924,0],[4923,1,4924,1],[4923,2,4924,2],[4923,3,4924,3],[4925,0,4926,0],[4925,1,4926,1],[4925,2,4926,2],[4925,3,4926,3],[4919,0,4920,0],[4919,1,4920,1],[4919,2,4920,2],[4919,3,4920,3],[4921,0,4922,0],[4921,1,4922,1],[4921,2,4922,2],[4921,3,4922,3],[4915,0,4916,0],[4915,1,4916,1],[4915,2,4916,2],[4915,3,4916,3],[4917,0,4918,0],[4917,1,4918,1],[4917,2,4918,2],[4917,3,4918,3],[4911,0,4912,0],[4911,1,4912,1],[4911,2,4912,2],[4911,3,4912,3],[4913,0,4914,0],[4913,1,4914,1],[4913,2,4914,2],[4913,3,4914,3],[4907,0,4908,0],[4907,1,4908,1],[4907,2,4908,2],[4907,3,4908,3],[4909,0,4910,0],[4909,1,4910,1],[4909,2,4910,2],[4909,3,4910,3],[4903,0,4904,0],[4903,1,4904,1],[4903,2,4904,2],[4903,3,4904,3],[4905,0,4906,0],[4905,1,4906,1],[4905,2,4906,2],[4905,3,4906,3],[4899,0,4900,0],[4899,1,4900,1],[4899,2,4900,2],[4899,3,4900,3],[4901,0,4902,0],[4901,1,4902,1],[4901,2,4902,2],[4901,3,4902,3],[4895,2,4896,2],[4895,3,4896,3],[4897,0,4898,0],[4897,1,4898,1],[4897,2,4898,2],[4897,3,4898,3],[4895,0,4896,0],[4895,1,4896,1],[4871,3,4872,3],[4869,0,4869,2],[4870,0,4870,2],[4871,0,4872,0],[4871,1,4872,1],[4871,2,4872,2],[4856,0,4856,2],[4840,0,4841,0],[4840,1,4841,1],[4840,2,4841,2],[4840,3,4841,3],[4838,0,4839,0],[4838,1,4839,1],[4838,2,4839,2],[4838,3,4839,3],[4834,0,4835,0],[4834,1,4835,1],[4834,2,4835,2],[4834,3,4835,3],[4832,0,4833,0],[4832,1,4833,1]],"merged_total":4042,"flags":["merged_cut"]}
[]
[]
[]
["CÓDIGO","DESCRIÇÃO","UNIDADE","PREÇO\nUNITÁRIO"]
["SERVICOS PRELIMINARES",null,null,124270.31]
["SONDAGENS",null,null,5740.12]
["C2820","EXECUÇÃO DE SONDAGEM ELÉTRICA VERTICAL AB/2 ATÉ 150m - SEV","UN",549.91]
["C2818","EXECUÇÃO DE SONDAGEM ELÉTRICA VERTICAL AB/2 >150m a 500m-SEV","UN",703.48]
["C2819","EXECUÇÃO DE SONDAGEM ELÉTRICA VERTICAL AB/2 >500m - SEV","UN",902.37]
["C2833","FOTOGEOLOGIA","UN",392.76]
["C0053","LEVANTAMENTO BATIMÉTRICO","M2",0.56000000000000005]
["C2937","RELATÓRIO FINAL DE SONDAGEM","UN",1178.28]
["C0333","SERVIÇOS DE SONDAGEM GEOTÉCNICA MISTA EM ROCHA","M",1251.98]
["C0143","SERVIÇOS DE SONDAGEM GEOTÉCNICA MISTA EM SOLOS","M",299.97000000000003]
["C2290","SONDAGEM  À PERCUSSÃO P/RECONHECIMENTO DO SUBSOLO","M",69.56]
["C3955","SONDAGEM ROTATIVA P/ RECONHECIMENTO DO SUBSOLO","M",391.25]
["CADASTRO",null,null,225.58]
["C0580","CADASTRO DE ADUTORA","M",1.51]
["C0581","CADASTRO DE LIGAÇÃO","UN",2.8]
["C0582","CADASTRO DE OBRAS LOCALIZADAS","M2",49.19]
["C0583","CADASTRO DE REDE DE ÁGUA (MEIO MAGNÉTICO)","M",1.1599999999999999]
["C0584","CADASTRO DE REDE DE ESGOTO/EMISSÁRIO/DRENAGEM (MEIO MAGNÉTICO)","M",1.73]
["C3427","CADASTRO OPERACIONAL DE CLIENTE CAPITAL - PADRÃO","IMÓVEL",11.53]
["C3428","CADASTRO OPERACIONAL DE CLIENTE INTERIOR - PADRÃO","IMÓVEL",10.18]
["C4579","CENSO DE CAMPO - CAPITAL","IMÓVEL",8.56]
["C4580","CENSO DE CAMPO - INTERIOR","IMÓVEL",8.52]
["C4581","SERVIÇO DE OBTENÇÃO / ATUALIZAÇÃO DE PLANTA EM CAMPO MEIO DIGITAL","QUADRA",76.28]
["C4582","SERVIÇO DE OBTENÇÃO / ATUALIZAÇÃO DE QUADRAS (OVERLAYS)","QUADRA",54.12]
["PROJETOS",null,null,46.46]
["C3507","ELABORAÇÃO DE PROJETO DE CÁLCULO ESTRUTURAL (RESERVATÓRIO ELEVADO)","M2xARF",28.68]
["C3508","ELABORAÇÃO DE PROJETO DE CÁLCULO ESTRUTURAL (RESERVATÓRIO APOIADO, ELEVATÓRIA E  CAIXA DE AREIA)","M2xARF",17.78]
[]
["PREPARAÇÃO DO TERRENO",null,null,449.31]
["C0927","CORTE DE CAPOEIRA FINA A FOICE","M2",1.43]
["C4919","LIMPEZA MECANIZADA DE TERRENO COM REMOCAO DE CAMADA VEGETAL, UTILIZANDO TRATOR DE ESTEIRAS","M2",0.22]
[]
["C2102","RASPAGEM E LIMPEZA DO TERRENO","M2",4.62]
["C2204","RETIRADA DE ÁRVORES","UN",443.04]
["CONSTRUÇÃO DO CANTEIRO DA OBRA",null,null,106224.46]
["C0002","ABRIGO PROVISÓRIO C/1 PAVIMENTO P/ALOJAMENTO E DEPÓSITO","M2",1008.04]
["C0003","ABRIGO PROVISÓRIO C/2 PAVIMENTOS P/ALOJAMENTO E DEPÓSITO","M2",830.23]
["C0043","ALOJAMENTO","M2",326.83]
["C0369","BARRACÃO ABERTO","M2",144.88999999999999]
["C0370","BARRACÃO PARA ESCRITÓRIO TIPO A1","UN",6807.23]
["C0371","BARRACÃO PARA ESCRITÓRIO TIPO A2","UN",11274.68]
["C0372","BARRACÃO PARA ESCRITÓRIO TIPO A3","UN",17779.740000000002]
["C0373","BARRACÃO PARA ESCRITÓRIO TIPO A4","UN",24077.09]
["C0374","BARRACÃO PARA ESCRITÓRIO TIPO A5","UN",32931.919999999998]
["C4991","DESMOBILIZAÇÃO DE EQUIPAMENTOS EM CAMINHÃO EQUIPADO COM GUINDASTE","KM",3.14]
["C4993","DESMOBILIZAÇÃO DE EQUIPAMENTOS EM CAVALO MECÂNICO C/ PRANCHA DE 3 EIXOS","KM",4.97]
[]
["C2831","FOSSA SUMIDOURO PARA BARRACÃO","UN",2511.33]
["C2851","INSTALAÇÕES PROVISÓRIAS DE ÁGUA","UN",1343.32]
["C2849","INSTALAÇÕES PROVISÓRIAS DE ESGOTO","UN",262.81]
["C2850","INSTALAÇÕES PROVISÓRIAS DE LUZ , FORÇA,TELEFONE E LÓGICA","UN",1676.69]
["C1622","LIGAÇÃO PROVISÓRIA DE ÁGUA E SANITÁRIO","UN",3512.61]
["C4990","MOBILIZAÇÃO DE EQUIPAMENTOS EM CAMINHÃO EQUIPADO COM GUINDASTE","KM",3.14]
["C4992","MOBILIZAÇÃO DE EQUIPAMENTOS EM CAVALO MECÂNICO C/ PRANCHA DE 3 EIXOS","KM",4.97]
["C4541","PLACA PADRÃO DE OBRA, TIPO BANNER","M2",385.95]
["C1937","PLACAS PADRÃO DE OBRA","M2",183.41]
["C2936","REFEITÓRIOS","M2",353.19]
["C2946","SANITÁRIOS E CHUVEIROS","M2",270.58]
["C2316","TAPUME DE CHAPA DE MADEIRA COMPENSADA E= 6mm C/ABERTURA E PORTÃO","M2",116.21]
["C3974","TAPUME DE ESTRUTURA DE MADEIRA C/ FECHAMENTO EM CHAPA DE AÇO GALVANIZADO DE 0,3 mm e ALTURA DE 2 M","M2",184.51]
[]
["C2317","TAPUME DE TÁBUAS DE 3.ª C/ABERTURA E PORTÃO","M2",123.14]
["C2318","TAPUME DE TÁBUAS DE 3.ª SOBREPOSTAS","M2",103.84]
["ALUGUEL DE CONTAINER",null,null,5293.43]
["C5208","LOCAÇÃO DE BANHEIRO QUÍMICO - INCLUSO TRANSPORTE, INSTALAÇÃO E MANUTENÇÃO","UNXMÊS",950]
[]
["C4994","LOCAÇÃO DE CONTÊINER ALMOXARIFADO COM PISO NAVAL - 6,00M X 2,35M","MÊS",800.6]
["C4995","LOCAÇÃO DE CONTÊINER BANHEIRO COM 02 VASOS SANITÁRIOS, 01 LAVATÓRIO E 04 CHUVEIROS - 6,00 X 2,35M","MÊS",1163.8599999999999]
[]
["C4996","LOCAÇÃO DE CONTÊINER BANHEIRO COM 04 VASOS SANITÁRIOS, 02 LAVATÓRIOS, 01 MICTÓRIO CALHA E 04 CHUVEIROS - 6,00 X 2,35M","MÊS",1280.98]
[]
["C4997","LOCAÇÃO DE CONTÊINER ESCRITÓRIO COM BANHEIRO (01 VASO SANITÁRIO, 01 LAVATÓRIO E 01 CHUVEIRO), JANELA EM VIDRO, PORTAS, LUMINÁRIAS, TOMADAS, FORRO EM PVC, AR CONDICIONADO E ISOLAMENTO TERMO-ACÚSTICO EM ISOPOR - 6,00 X 2,35M","MÊS",1097.99]
[]
["LOCAÇÃO DA OBRA",null,null,530.28]
["C1630","LOCAÇÃO DA OBRA - EXECUÇÃO DE GABARITO","M2",7.15]
["C2872","LOCAÇÃO DA OBRA COM AUXÍLIO TOPOGRÁFICO (ÁREA >5000 M2)","HA",512.71]
["C2873","LOCAÇÃO DA OBRA COM AUXÍLIO TOPOGRÁFICO (ÁREA ATÉ 5000 M2)","M2",0.28000000000000003]
["C2874","LOCAÇÃO DE REDE DE ÁGUA","M",0.25]
["C0774","LOCAÇÃO DE OBRAS EM MAR","M2",0.56000000000000005]
["C0775","LOCAÇÃO DE JAZIDAS EM MAR","M2",0.65]
["C2875","LOCAÇÃO E NIVELAMENTO DE ADUTORA","M",1.66]
["C2876","LOCAÇÃO E NIVELAMENTO DE REDE DE ESGOTO/EMISSÁRIO/DRENAGEM","M",2.27]
["C3528","MUTIRÃO MISTO - LOCAÇÃO DA OBRA - EXECUÇÃO DE GABARITO","M2",4.75]
["DEMOLIÇÕES E RETIRADAS",null,null,5263.77]
["C2992","DEMOLIÇÃO DE ALVENARIA DE PEDRA COM REMOÇÃO LATERAL","M3",185.87]
["C1042","DEMOLIÇÃO DE ALVENARIA DE TIJOLOS  C/ REAPROVEITAMENTO","M3",125.26]
["C1043","DEMOLIÇÃO DE ALVENARIA DE TIJOLOS S/ REAPROVEITAMENTO","M3",62.63]
["C1044","DEMOLIÇÃO DE CALHAS","M",23.29]
["C1045","DEMOLIÇÃO DE COBERTURA C/TELHAS CERÂMICAS","M2",12.53]
["C1046","DEMOLIÇÃO DE COBERTURA C/TELHAS ONDULADAS DE FIBROCIMENTO","M2",5.22]
["C1047","DEMOLIÇÃO DE COBOGÓS","M2",34.94]
["C1048","DEMOLIÇÃO DE CONCRETO ARMADO C/MARTELETE PNEUMÁTICO","M3",572.59]
["C1049","DEMOLIÇÃO DE CONCRETO SIMPLES","M3",271.39]
["C1058","DEMOLIÇÃO DE DEGRAUS DE PEDRA","M",33.4]
["C1050","DEMOLIÇÃO DE DIVISÓRIA LEVE","M2",13.44]
["C1051","DEMOLIÇÃO DE DIVISÓRIA OUTRAS (PRÉ MOLDADO)","M2",37.42]
["C1052","DEMOLIÇÃO DE ESTRUTURA DE MADEIRA P/TELHADOS","M2",27.97]
["C1053","DEMOLIÇÃO DE ESTRUTURA METÁLICA","M2",35.19]
["C1054","DEMOLIÇÃO DE FORRO DE PVC","M2",15.66]
["C1055","DEMOLIÇÃO DE FORRO DE TÁBUAS DE PINHO","M2",6.45]
["C1056","DEMOLIÇÃO DE FORRO DE GESSO","M2",3.89]
["C1057","DEMOLIÇÃO DE FORRO PACOTE","M2",10.44]
["C2993","DEMOLIÇÃO DE FORRO DE LAMBRI","M2",6.45]
["C1061","DEMOLIÇÃO DE LOUÇA SANITÁRIA","UN",20.6]
["C1062","DEMOLIÇÃO DE PAVIMENTAÇÃO ASFÁLTICA C/MARTELETE PNEUMÁTICO","M2",23.64]
["C1063","DEMOLIÇÃO DE PÉRGOLAS OU BRISES","M3",271.39]
["C1064","DEMOLIÇÃO DE PISO CERÂMICO","M2",14.61]
["C1065","DEMOLIÇÃO DE PISO CERÂMICO SOBRE LASTRO DE CONCRETO","M2",29.23]
["C1066","DEMOLIÇÃO DE PISO CIMENTADO SOBRE LASTRO DE CONCRETO","M2",27.14]
["C2716","DEMOLIÇÃO DE PISO DE LADRILHO","M2",18.46]
["C1067","DEMOLIÇÃO DE PISO DE TÁBUAS DE PEROBA","M2",19.36]
["C1068","DEMOLIÇÃO DE PISO E VIGAS DE MADEIRA","M2",25.82]
["C1069","DEMOLIÇÃO DE PISO INDUSTRIAL","M2",55.57]
["C1070","DEMOLIÇÃO DE REVESTIMENTO C/ARGAMASSA","M2",10.44]
["C1071","DEMOLIÇÃO DE REVESTIMENTO C/AZULEJOS","M2",52.19]
["C1074","DEMOLIÇÃO DE REVESTIMENTO C/CERÂMICAS","M2",52.19]
["C1072","DEMOLIÇÃO DE REVESTIMENTO C/LAMBRIS","M2",52.19]
["C1073","DEMOLIÇÃO DE REVESTIMENTO C/ PEDRAS NATURAIS","M2",60.19]
["C1075","DEMOLIÇÃO DE SARJETA OU SARJETÃO DE CONCRETO","M2",16.7]
["C1076","DEMOLIÇÃO DE SOLEIRAS, PEITORIS E DEGRAUS","M",27.14]
["C1077","DEMOLIÇÃO DE VIGAS DE FERRO","KG",0.33]
["C3064","DEMOLIÇÃO E REMOÇÃO MANUAL DE PAVIMENTO EM PARALELEPIPEDO E POLIÉDRICO","M2",9.23]
[]
["C3063","DEMOLIÇÃO E REMOÇÃO DE PAREDES DE TAIPA","M2",30.77]
["C2717","DEMOLIÇÃO MANUAL DE CONCRETO ARMADO","M3",501.02]
["C3103","REMOÇÃO DE BUEIROS EXISTENTES","M",147.68]
["C3104","REMOÇÃO DE CERCAS","M",0.46]
["C2197","REMOÇÃO DE PINTURA ANTIGA A CAL","M2",3.69]
["C2198","REMOÇÃO DE PINTURA ANTIGA À TEMPERA","M2",5.54]
["C4914","REMOÇÃO DE PINTURA À ÓLEO OU ESMALTE","M2",13.85]
["C4913","REMOÇÃO DE PINTURA LÁTEX (RASPAGEM E/OU LIXAMENTO E/OU ESCOVAÇÃO)","M2",7.38]
["C3038","RETIRADA DE CAIXA DE AR CONDICIONADO","UN",85.24]
["C3039","RETIRADA DE CARPETE S/REAPROVEITAMENTO","M2",4.62]
["C3376","RETIRADA DE COLETOR EM CONCRETO ATÉ 400mm","M",47.01]
["C2206","RETIRADA DE ESQUADRIAS METÁLICAS","M2",10.44]
["C3040","RETIRADA DE GRADE DE FERRO","M2",8.52]
["C2207","RETIRADA DE GUIAS PRÉ FABRICADAS DE CONCRETO","M",10.44]
["C3373","RETIRADA DE MEIO FIO DE PEDRA GRANÍTICA","M",10.44]
["C2938","RETIRADA DE PAVIMENTAÇÃO ASFÁLTICA COM BASE EM PEDRA","M2",31.82]
["C2939","RETIRADA DE PAVIMENTAÇÃO EM BLOCO DE CONCRETO","M2",12]
["C3041","RETIRADA DE PAVIMENTAÇÃO EM BLOKRET C/ REMOÇÃO LATERAL","M2",12.53]
["C2940","RETIRADA DE PAVIMENTAÇÃO EM PARALELEPÍPEDO OU PEDRA TOSCA","M2",11.08]
["C2941","RETIRADA DE PAVIMENTAÇÃO EM PASSEIO CIMENTADO","M2",18.46]
["C2942","RETIRADA DE PAVIMENTAÇÃO EM PEDRA PORTUGUESA","M2",9.23]
["C2209","RETIRADA DE PISO PAVIFLEX","M2",11.65]
["C2210","RETIRADA DE PORTAS E JANELAS, INCLUSIVE BATENTES","M2",16.7]
["C3047","RETIRADA DE TUBO PVC ENTERRADO DN=50mm","M",8.08]
["C3048","RETIRADA DE TUBO PVC ENTERRADO DN=75mm","M",9.99]
["C3049","RETIRADA DE TUBO PVC ENTERRADO DN=85mm","M",10.94]
["C3042","RETIRADA DE TUBO PVC ENTERRADO DN=100mm","M",11.9]
["C3043","RETIRADA DE TUBO PVC ENTERRADO DN=150mm","M",16.16]
["C3044","RETIRADA DE TUBO PVC ENTERRADO DN=200mm","M",22.32]
["C3045","RETIRADA DE TUBO PVC ENTERRADO DN=250mm","M",26.14]
["C3046","RETIRADA DE TUBO PVC ENTERRADO DN=300mm","M",34.22]
["C3054","RETIRADA DE TUBOS DE CONCRETO D=30cm","M",35.28]
["C3055","RETIRADA DE TUBOS DE CONCRETO D=40cm","M",44.82]
["C3056","RETIRADA DE TUBOS DE CONCRETO D=50cm","M",58.8]
["C3057","RETIRADA DE TUBOS DE CONCRETO D=60cm","M",75.67]
["C3050","RETIRADA DE TUBOS DE CONCRETO D=80cm","M",108.74]
["C3051","RETIRADA DE TUBOS DE CONCRETO D=100cm","M",186.37]
["C3052","RETIRADA DE TUBOS DE CONCRETO D=120cm","M",263.08]
["C3053","RETIRADA DE TUBOS DE CONCRETO D=150cm","M",384.15]
["C3377","RETIRADA DE TUBOS E CONEXÕES EM PVC JE DN 50MM","M",2.76]
["C3378","RETIRADA DE TUBOS E CONEXÕES EM PVC JE DN 75MM","M",3.32]
["C3379","RETIRADA DE TUBOS E CONEXÕES EM PVC JE DN 100MM","M",4.4400000000000004]
["C3380","RETIRADA DE TUBOS E CONEXÕES EM PVC JE DN 125MM","M",5.57]
["C3381","RETIRADA DE TUBOS E CONEXÕES EM PVC JE DN 150MM","M",6.37]
["C3382","RETIRADA DE TUBOS E CONEXÕES EM PVC JE DN 200MM","M",8.33]
["C3383","RETIRADA DE TUBOS E CONEXÕES EM PVC JE DN 250MM","M",9.34]
["C3384","RETIRADA DE TUBOS E CONEXÕES EM PVC JE DN 300MM","M",13.25]
["C3385","RETIRADA DE TUBOS E CONEXÕES EM PVC JE DN 350MM","M",14.69]
["C3386","RETIRADA DE TUBOS E CONEXÕES EM PVC JE DN 400MM","M",16.61]
["C3387","RETIRADA DE TUBOS, PEÇAS E CONEXÕES EM FoFo JE DN 50MM","M",6.94]
["C3388","RETIRADA DE TUBOS, PEÇAS E CONEXÕES EM FoFo JE DN 75MM","M",8.4499999999999993]
["C3389","RETIRADA DE TUBOS, PEÇAS E CONEXÕES EM FoFo JE DN 100MM","M",13.86]
["C3390","RETIRADA DE TUBOS, PEÇAS E CONEXÕES EM FoFo JE DN 150MM","M",19.27]
["C3391","RETIRADA DE TUBOS, PEÇAS E CONEXÕES EM FoFo JE DN 200MM","M",22.22]
["C3392","RETIRADA DE TUBOS, PEÇAS E CONEXÕES EM FoFo JE DN 250MM","M",27.64]
["C3393","RETIRADA DE TUBOS, PEÇAS E CONEXÕES EM FoFo JE DN 300MM","M",34.99]
["C3394","RETIRADA DE TUBOS, PEÇAS E CONEXÕES EM FoFo JE DN 350MM","M",41.67]
["C3395","RETIRADA DE TUBOS, PEÇAS E CONEXÕES EM FoFo JE DN 400MM","M",47.82]
["C3396","RETIRADA DE TUBOS, PEÇAS E CONEXÕES EM FoFo JE DN 450MM","M",61.12]
["C3397","RETIRADA DE TUBOS, PEÇAS E CONEXÕES EM FoFo JE DN 500MM","M",74.3]
["C3398","RETIRADA DE TUBOS, PEÇAS E CONEXÕES EM FoFo JE DN 600MM","M",86.29]
["C3399","RETIRADA DE TUBOS, PEÇAS E CONEXÕES EM FoFo JE DN 700MM","M",111.53]
["C2211","RETIRADA DE VIDROS C/ REAPROVEITAMENTO","M2",45.31]
["TRÂNSITO E SEGURANÇA",null,null,496.9]
["C0375","BARREIRA DE CONCRETO (NEW JERSEY) SIMPLES","M",390.62]
["C2891","PASSADIÇOS COM CHAPAS DE AÇO","M2",15.19]
["C2892","PASSADIÇOS COM PRANCHAS DE MADEIRA","M2",51.87]
["C2947","SINALIZAÇÃO DE ADVERTÊNCIA","UN",15.77]
["C2948","SINALIZAÇÃO DE TRÂNSITO COM BARREIRAS","M",6.11]
["C2949","SINALIZAÇÃO DE TRÂNSITO NOTURNA","M",3.09]
["C2950","SINALIZAÇÃO EM TAPUME COM INDICATIVO DE FLUXO","M2",8.82]
["C2978","SINALIZAÇÃO EM TAPUME DE PROTEÇÃO COM CHAPAS COMPENSADAS E= 12mm","M",5.43]
["MOVIMENTO DE TERRA",null,null,24533.63]
["ESCAVAÇÕES EM CAMPO ABERTO",null,null,3688.04]
["C5011","ESCAVAÇÃO DE MATERIAL DE 3ª CATEGORIA COM ESCAVADEIRA E ROMPEDOR HIDRÁULICO DE 1700KG","M3",56.84]
[]
["C2779","ESCAVAÇÃO EM S.Q.N SATURADO, PROF.2.0 a 12.0m (POÇO AMAZONAS)","M3",208.97]
["C1263","ESCAVAÇÃO MANUAL CAMPO ABERTO EM ROCHA C/EXPLOS.PERF.MAN. ATÉ 2M","M3",396.58]
["C1260","ESCAVAÇÃO MANUAL CAMPO ABERTO EM ROCHA C/EXPLOS.PERF.MAN. - 2,01 A 4,00M","M3",421.5]
["C1261","ESCAVAÇÃO MANUAL CAMPO ABERTO EM ROCHA C/EXPLOS.PERF.MAN. - 4,01 A 6,00M","M3",446.42]
["C1262","ESCAVAÇÃO MANUAL CAMPO ABERTO EM ROCHA C/EXPLOS.PERF.MAN. - 6,01 A 8,00M","M3",471.34]
["C1266","ESCAVAÇÃO MANUAL CAMPO ABERTO EM ROCHA C/EXPLOS.PERF.MEC. ATÉ 2M","M3",308.2]
["C1264","ESCAVAÇÃO MANUAL CAMPO ABERTO EM ROCHA C/EXPLOS.PERF.MEC. - 2,01 A 4,00M","M3",333.83]
["C1265","ESCAVAÇÃO MANUAL CAMPO ABERTO EM ROCHA C/EXPLOS.PERF.MEC. - 4,01 A 6,00M","M3",359.46]
["C1254","ESCAVAÇÃO MANUAL CAMPO ABERTO EM ROCHA C/EXPLOS.PERF.MEC. - 6,01 A 8,00M","M3",385.09]
["C1256","ESCAVAÇÃO MANUAL CAMPO ABERTO EM TERRA ATÉ 2M","M3",54.09]
["C1257","ESCAVAÇÃO MANUAL CAMPO ABERTO EM TERRA, DE 2,01 A 4,00M","M3",64.430000000000007]
["C1258","ESCAVAÇÃO MANUAL CAMPO ABERTO EM TERRA, DE 4,00 A 6,00M","M3",74.760000000000005]
["C1259","ESCAVAÇÃO MANUAL CAMPO ABERTO EM TERRA, DE 6,00 A 8,00M","M3",86.21]
["C1267","ESCAVAÇÃO MECAN. CAMPO ABERTO EM TERRA EXCETO ROCHA ATÉ 2M","M3",2.78]
["C1268","ESCAVAÇÃO MECAN. CAMPO ABERTO EM TERRA EXCETO ROCHA ATÉ 4M","M3",3.19]
["C1269","ESCAVAÇÃO MECAN. CAMPO ABERTO EM TERRA EXCETO ROCHA ATÉ 6M","M3",3.91]
["C1270","ESCAVAÇÃO MECAN. CAMPO ABERTO EM TERRA EXCETO ROCHA ATÉ 8M","M3",4.6399999999999997]
["C4899","ESCAVAÇÃO MECANIZADA CAMPO ABERTO EM TERRA EXCETO ROCHA ATÉ 10M","M3",5.8]
["ESCAVAÇÃO E CARGA DE MATERIAL",null,null,139.69]
["C3208","ESCAVAÇÃO E CARGA DE MATERIAL 1-CAT.","M3",6.44]
["C3209","ESCAVAÇÃO E CARGA DE MATERIAL 2-CAT.","M3",8.7799999999999994]
["C3210","ESCAVAÇÃO E CARGA DE MATERIAL 3-CAT.","M3",49.29]
["C3212","ESCAVAÇÃO E CARGA DE SOLO MOLE","M3",13.59]
["C2797","ESCAVAÇÃO SUBMERSA (DRAGAGEM)","M3",61.59]
["CARGA,TRANSPORTE E DESCARGA DE MATERIAL",null,null,529.27]
["C0702","CARGA MANUAL DE ENTULHO EM CAMINHÃO BASCULANTE","M3",28.37]
["C0706","CARGA MANUAL DE ROCHA EM CAMINHÃO BASCULANTE","M3",29.56]
["C0707","CARGA MANUAL DE TERRA EM CAMINHÃO BASCULANTE","M3",23.65]
["C0708","CARGA MECANIZADA DE ENTULHO EM CAMINHÃO BASCULANTE","M3",4.58]
["C0709","CARGA MECANIZADA DE ROCHA EM CAMINHÃO BASCULANTE","M3",4.8899999999999997]
["C0710","CARGA MECANIZADA DE TERRA EM CAMINHÃO BASCULANTE","M3",4.32]
["C2987","COMPLEMENTAÇÃO DE TRANSPORTE EM CAMINHÃO BASCULANTE","M3xKM",1.34]
["C2529","TRANSPORTE DE MATERIAL, EXCETO ROCHA EM CAMINHÃO ATÉ 0.5 KM","M3",5.78]
["C2531","TRANSPORTE DE MATERIAL, EXCETO ROCHA EM CAMINHÃO ATÉ 1KM","M3",6.43]
["C2533","TRANSPORTE DE MATERIAL, EXCETO ROCHA EM CAMINHÃO ATÉ 5 KM","M3",32.17]
["C2530","TRANSPORTE DE MATERIAL, EXCETO ROCHA EM CAMINHÃO ATÉ 10KM","M3",38.6]
["C2532","TRANSPORTE DE MATERIAL, EXCETO ROCHA EM CAMINHÃO ATÉ 20KM","M3",57.9]
["C2536","TRANSPORTE HORIZONTAL ATÉ 30M DE MATERIAIS À GRANEL","M3",46.15]
["C2537","TRANSPORTE HORIZONTAL DE 30,00 ATÉ 60,00M DE MATERIAIS À GRANEL","M3",57.23]
["C2535","TRANSPORTE HORIZONTAL DE 60,01 ATÉ 100,00M DE MATERIAIS À GRANEL","M3",75.69]
["C2538","TRANSPORTE VERTICAL DE MATERIAIS À GRANEL P/ A 1A LAJE","M3",33.229999999999997]
["C2539","TRANSPORTE VERTICAL DE MATERIAIS À GRANEL P/ A 2A LAJE","M3",79.38]
["ESCAVAÇÃO, CARGA, TRANSPORTE E DESCARGA DE MATERIAL",null,null,1423.35]
["C3131","ARRASAMENTO ATERRO (ESCALONAMENTO) DMT ATÉ 50M","M3",7.34]
["C3182","ESCAVAÇÃO CARGA TRANSP. 1-CAT ATÉ 200M","M3",10.17]
["C3178","ESCAVAÇÃO CARGA TRANSP. 1-CAT 201 A 400M","M3",11.38]
["C3180","ESCAVAÇÃO CARGA TRANSP. 1-CAT 401 A 600M","M3",12.04]
["C3169","ESCAVACAO CARGA TRANSP. 1-CAT 601 A 800M","M3",13.36]
["C3181","ESCAVAÇÃO CARGA TRANSP. 1-CAT 801 A 1000M","M3",14.08]
["C3175","ESCAVAÇÃO CARGA TRANSP. 1-CAT 1001 A 1200M","M3",14.36]
["C3165","ESCAVACÃO CARGA TRANSP. 1-CAT 1201 A 1400M","M3",15.64]
["C3176","ESCAVAÇÃO CARGA TRANSP. 1-CAT 1401 A 1600M","M3",16.27]
["C3177","ESCAVAÇÃO CARGA TRANSP. 1-CAT 1601 A 1800M","M3",17.48]
["C3166","ESCAVAÇÃO CARGA TRANSP. 1-CAT 1801 A 2000M","M3",18.149999999999999]
["C3167","ESCAVAÇÃO CARGA TRANSP. 1-CAT 2001 A 3000M","M3",18.649999999999999]
["C3168","ESCAVAÇÃO CARGA TRANSP. 1-CAT 3001 A 4000M","M3",21.61]
["C3179","ESCAVAÇÃO CARGA TRANSP. 1-CAT 4001 A 5000M","M3",24.13]
["C3192","ESCAVAÇÃO CARGA TRANSP. 2-CAT ATÉ 200M","M3",13.41]
["C3187","ESCAVAÇÃO CARGA TRANSP. 2-CAT 201 A 400M","M3",14]
["C3189","ESCAVAÇÃO CARGA TRANSP. 2-CAT 401 A 600M","M3",15.72]
["C3190","ESCAVAÇÃO CARGA TRANSP. 2-CAT 601 A 800M","M3",16.43]
["C3191","ESCAVAÇÃO CARGA TRANSP. 2-CAT 801 A 1000M","M3",17.190000000000001]
["C3170","ESCAVAÇÃO CARGA TRANSP. 2-CAT 1001 A 1200M","M3",18.5]
["C3183","ESCAVAÇÃO CARGA TRANSP. 2-CAT 1201 A 1400M","M3",19.21]
["C3184","ESCAVAÇÃO CARGA TRANSP. 2-CAT 1401 A 1600M","M3",19.920000000000002]
["C3185","ESCAVAÇÃO CARGA TRANSP. 2-CAT 1601 A 1800M","M3",21.53]
["C3186","ESCAVAÇÃO CARGA TRANSP. 2-CAT 1801 A 2000M","M3",22.21]
["C3171","ESCAVAÇÃO CARGA TRANSP. 2-CAT 2001 A 3000M","M3",22.8]
["C3188","ESCAVAÇÃO CARGA TRANSP. 2-CAT 3001 A 4000M","M3",25.61]
["C3172","ESCAVAÇÃO CARGA TRANSP. 2-CAT 4001 A 5000M","M3",28.69]
["C3205","ESCAVAÇÃO CARGA TRANSP. 3-CAT ATÉ 50M","M3",49.31]
["C3202","ESCAVAÇÃO CARGA TRANSP. 3-CAT 51 A 100M","M3",56.52]
["C3194","ESCAVAÇÃO CARGA TRANSP. 3-CAT 101 A 200M","M3",56.76]
["C3200","ESCAVAÇÃO CARGA TRANSP. 3-CAT 201 A 400M","M3",57.5]
["C3201","ESCAVAÇÃO CARGA TRANSP. 3-CAT 401 A 600M","M3",58.54]
["C3203","ESCAVAÇÃO CARGA TRANSP. 3-CAT 601 A 800M","M3",61.23]
["C3204","ESCAVAÇÃO CARGA TRANSP. 3-CAT 801 A 1000M","M3",62.25]
["C3193","ESCAVAÇÃO CARGA TRANSP. 3-CAT 1001 A 1200M","M3",62.71]
["C3195","ESCAVAÇÃO CARGA TRANSP. 3-CAT 1201 A 1400M","M3",65.22]
["C3196","ESCAVAÇÃO CARGA TRANSP. 3-CAT 1401 A 1600M","M3",66.2]
["C3197","ESCAVAÇÃO CARGA TRANSP. 3-CAT 1601 A 1800M","M3",67.06]
["C3198","ESCAVAÇÃO CARGA TRANSP. 3-CAT 1801 A 2000M","M3",68.040000000000006]
["C3199","ESCAVAÇÃO CARGA TRANSP. 3-CAT 2001 A 3000M","M3",70.430000000000007]
["C3173","ESCAVAÇÃO CARGA TRANSP. 3-CAT 3001 A 4000M","M3",74.47]
["C3174","ESCAVAÇÃO CARGA TRANSP. 3-CAT 4001 A 5000M","M3",77.23]
["ESCAVAÇÕES EM VALAS,VALETAS,CANAIS E FUNDAÇÕES",null,null,17711.41]
["C3280","ESCAVAÇÃO DE BASE DE TUBULÃO A AR COMPRIMIDO ATÉ 12M","M3",899.5]
["C3281","ESCAVAÇÃO DE BASE DE TUBULÃO A AR COMPRIMIDO DE 12,00 A 18M","M3",1005.54]
["C3282","ESCAVAÇÃO DE BASE DE TUBULÃO A CEU ABERTO","M3",608.27]
["C2777","ESCAVAÇÃO DE MATERIAL DE 3A. CAT A FOGO","M3",180.23]
["C3206","ESCAVAÇÃO DE POÇO TUBULÃO A AR COMPRIMIDO C/ DESCIDA DE CAMISA DE CONCRETO ARMADO ATÉ 12m","M3",862.43]
[]
["C3213","ESCAVAÇÃO DE POÇO TUBULÃO A AR COMPRIMIDO C/DESCIDA DE CAMISA DE CONCRETO ARMADO 12,01 A 18,00M","M3",963.15]
[]
["C3207","ESCAVAÇÃO DE POÇO TUBULÃO A CEU ABERTO  C/ DESCIDA DE CAMISA DE CONCRETO ARMADO","M3",483.27]
[]
["C5012","ESCAVAÇÃO DE VALA EM MATERIAL DE 3ª CATEGORIA COM ESCAVADEIRA E ROMPEDOR HIDRÁULICO DE 1700KG","M3",85.25]
[]
["C5177","ESCAVAÇÃO EM ROCHA BRANDA A FRIO COM ESCAVADEIRA HIDRÁULICA E ROMPEDOR ACOPLADO","M3",81.7]
[]
["C1255","ESCAVAÇÃO MANUAL C/ APIL. FUNDO P/ CAIXA EM ALVENARIA","M3",85.47]
["C2784","ESCAVAÇÃO MANUAL SOLO DE 1A.CAT. PROF. ATÉ 1.50m","M3",48.92]
["C2781","ESCAVAÇÃO MANUAL SOLO DE 1A CAT. PROF. DE 1.51 a 3.00m","M3",64.61]
["C2782","ESCAVAÇÃO MANUAL SOLO DE 1A CAT. PROF. DE 3.01 a 4.50m","M3",75.69]
["C2783","ESCAVAÇÃO MANUAL SOLO DE 1A CAT. PROF. DE 4.51 a 6.00m","M3",88.61]
["C2785","ESCAVAÇÃO MANUAL SOLO DE 2A CAT. PROF. ATÉ 1.50m","M3",64.61]
["C2786","ESCAVAÇÃO MANUAL SOLO DE 2A CAT. PROF. DE 1.51 a 3.00m","M3",97.65]
["C2787","ESCAVAÇÃO MANUAL SOLO DE 2A CAT. PROF. DE 3.01 a 4.50m","M3",130.69999999999999]
["C2788","ESCAVAÇÃO MANUAL SOLO DE 2A CAT. PROF. DE 4.51 a 6.00m","M3",163.92]
["C2789","ESCAVAÇÃO MECÂNICA SOLO DE 1A CAT. PROF. ATÉ 2.00m","M3",9.57]
["C2790","ESCAVAÇÃO MECÂNICA SOLO DE 1A CAT. PROF. DE 2.01 a 4.00m","M3",12.68]
["C2791","ESCAVAÇÃO MECÂNICA SOLO DE 1A CAT. PROF. DE 4.01 a 6.00m","M3",17.68]
["C2792","ESCAVAÇÃO MECÂNICA SOLO DE 1A CAT. PROF. DE 6.01 a 8.00m","M3",56.51]
["C2796","ESCAVAÇÃO MECÂNICA SOLO DE 2A.CAT. PROF. ATÉ 2.00m","M3",22.05]
["C2793","ESCAVAÇÃO MECÂNICA SOLO DE 2A CAT. PROF. DE 2.01 a 4.00m","M3",32.270000000000003]
["C2794","ESCAVAÇÃO MECÂNICA SOLO DE 2A CAT. PROF. DE 4.01 a 6.00m","M3",42.89]
["C2795","ESCAVAÇÃO MECÂNICA SOLO DE 2A. CAT. PROF. DE 6.01 a 8.00m","M3",84.63]
["C3474","TRAVESSIA MÉTODO NÃO DESTRUTIVO P/ TUBO ATÉ DN 100 (COMPLETO)","M",1714.35]
["C3475","TRAVESSIA MÉTODO NÃO DESTRUTIVO P/ TUBO 100<DN<=200 (COMPLETO)","M",2320.81]
["C3476","TRAVESSIA MÉTODO NÃO DESTRUTIVO P/ TUBO 200<DN<=300 (COMPLETO)","M",2814.1]
["C4218","TRAVESSIA MÉTODO NÃO DESTRUTIVO P/ TUBO 300<DN<=500 (COMPLETO)","M",4594.3500000000004]
["ATERRO,REATERRO E COMPACTAÇÃO",null,null,671.41]
["C0095","APILOAMENTO DE PISO OU FUNDO DE VALAS C/MAÇO DE 30 A 60 KG","M2",31.38]
["C0328","ATERRO C/COMPACTAÇÃO MECÂNICA E CONTROLE, MAT. DE AQUISIÇÃO","M3",104.47]
["C0329","ATERRO C/COMPACTAÇÃO MECÂNICA E CONTROLE, MAT. PRODUZIDO (S/TRANSP.)","M3",32.56]
["C0330","ATERRO C/COMPACTAÇÃO MANUAL S/CONTROLE, MAT. C/AQUISIÇÃO","M3",108.38]
["C0331","ATERRO C/COMPACTAÇÃO MANUAL S/CONTROLE, MAT. PRODUZIDO (S/TRANSP.)","M3",36.479999999999997]
["C4814","ATERRO COM PÓ DE PEDRA, ESPALHAMENTO E COMPACTAÇÃO MECÂNICA, C/ CONTROLE, MAT. DE AQUISIÇÃO","M3",108.65]
[]
["C3145","COMPACTAÇÃO DE ATERROS  95% P.N","M3",4.8099999999999996]
["C3146","COMPACTAÇÃO DE ATERROS 100% P.N","M3",4.9400000000000004]
["C4665","COMPACTAÇÃO DE ATERROS 95% P.I. P/ OBRAS AEROPORTUÁRIAS","M3",5.2]
["C4666","COMPACTAÇÃO DE ATERROS 100% P.I. P/ OBRAS AEROPORTUÁRIAS","M3",5.69]
["C4667","COMPACTAÇÃO DE ATERROS 95% P.M. P/ OBRAS AEROPORTUÁRIAS","M3",5.81]
["C4668","COMPACTAÇÃO DE ATERROS 100% P.M. P/ OBRAS AEROPORTUÁRIAS","M3",5.94]
["C0821","COMPACTAÇÃO MECÂNICA DE CALÇAMENTO C/COMPACTADOR TIPO SAPO","M2",2.02]
["C0822","COMPACTAÇÃO MECÂNICA DO CALÇAMENTO C/ ROLO LISO","M2",1.24]
["C0928","CORTE E ATERRO COMPENSADO S/CONTROLE DO GRAU DE COMPACTAÇÃO","M3",8.8800000000000008]
["C0930","CORTE MANUAL EM TERRA","M3",55.38]
["C3214","ESPALHAMENTO E ADENSAMENTO DE AREIA","M3",12]
["C2989","ESPALHAMENTO MECÂNICO DE SOLO EM BOTA FORA","M3",1.73]
["C3530","MUTIRÃO MISTO - ATERRO COM COMPACTAÇÃO MANUAL S/CONTROLE, MAT. C/AQUISIÇÃO","M3",77]
[]
["C2921","REATERRO C/COMPACTAÇÃO MANUAL S/CONTROLE, MATERIAL DA VALA","M3",31.38]
["C2920","REATERRO C/COMPACTAÇÃO MECÂNICA, E CONTROLE, MATERIAL DA VALA","M3",27.47]
["CARGA, TRANSPORTE E DESCARGA DE TUBOS E CONEXÕES",null,null,370.46]
["C0717","CARGA, DESCARGA E TRANSP. DE TUBOS E CONEXÕES EM MBV DN 100mm ATÉ 15km","M",1.66]
["C0711","CARGA, DESCARGA E TRANSP. DE TUBOS E CONEXÕES EM MBV DN 150mm ATÉ 15km","M",2.35]
["C0712","CARGA, DESCARGA E TRANSP. DE TUBOS E CONEXÕES EM MBV DN 200mm ATÉ 15km","M",3.35]
["C0713","CARGA, DESCARGA E TRANSP. DE TUBOS E CONEXÕES EM MBV DN 250mm ATÉ 15km","M",5.86]
["C0714","CARGA, DESCARGA E TRANSP. DE TUBOS E CONEXÕES EM MBV DN 300mm ATÉ 15km","M",7.21]
["C0715","CARGA, DESCARGA E TRANSP. DE TUBOS E CONEXÕES EM MBV DN 350mm ATÉ 15km","M",11.81]
["C0716","CARGA, DESCARGA E TRANSP. DE TUBOS E CONEXÕES EM MBV DN 400mm ATÉ 15km","M",17.260000000000002]
["C4672","CARGA E DESCARGA DE TUBOS CORRUGADOS DE DUPLA PAREDE E CONEXÕES EM PEAD","M",54.44]
[]
["C0703","CARGA E DESCARGA DE TUBOS DE CONCRETO","T",75.290000000000006]
["C0704","CARGA E DESCARGA DE TUBOS E CONEXÕES EM AÇO","T",56.47]
["C0705","CARGA E DESCARGA DE TUBOS E CONEXÕES EM FoFo","T",65.88]
["C0727","CARGA, TRANSPORTE E DESCARGA DE TUBOS E PEÇAS EM PVC DN 50mm ATÉ 15km","M",0.41]
["C0728","CARGA, TRANSPORTE E DESCARGA DE TUBOS E PEÇAS EM PVC DN 75mm ATÉ 15km","M",0.68]
["C0718","CARGA, TRANSPORTE E DESCARGA DE TUBOS E PEÇAS EM PVC DN 100mm ATÉ 15km","M",0.74]
["C0719","CARGA, TRANSPORTE E DESCARGA DE TUBOS E PEÇAS EM PVC DN 150mm ATÉ 15km","M",1.1299999999999999]
["C0720","CARGA, TRANSPORTE E DESCARGA DE TUBOS E PEÇAS EM PVC DN 200mm ATÉ 15km","M",1.49]
["C0721","CARGA, TRANSPORTE E DESCARGA DE TUBOS E PEÇAS EM PVC DN 250mm ATÉ 15km","M",1.87]
["C0722","CARGA, TRANSPORTE E DESCARGA DE TUBOS E PEÇAS EM PVC DN 300mm ATÉ 15km","M",2.2200000000000002]
["C0723","CARGA, TRANSPORTE E DESCARGA DE TUBOS E PEÇAS EM PVC DN 350mm ATÉ 15km","M",2.62]
["C0724","CARGA, TRANSPORTE E DESCARGA DE TUBOS E PEÇAS EM PVC DN 400mm ATÉ 15km","M",2.98]
["C0725","CARGA, TRANSPORTE E DESCARGA DE TUBOS E PEÇAS EM PVC DN 450mm ATÉ 15km","M",3.43]
["C0726","CARGA, TRANSPORTE E DESCARGA DE TUBOS E PEÇAS EM PVC DN 500mm ATÉ 15km","M",3.82]
["C2980","TRANSPORTE DE TUBOS E CONEXÕES DE FoFo, AÇO OU CONCRETO","T",47.49]
["SERVIÇOS AUXILIARES",null,null,12786.28]
["SERVIÇOS PREPARATÓRIOS",null,null,16.559999999999999]
["C3160","DESMATAMENTO DE JAZIDA","M2",0.42]
["C3161","DESMATAMENTO DESTOCAMENTO DE ÁRVORE E LIMPEZA","M2",0.28000000000000003]
["C3211","ESCAVAÇÃO E CARGA DE MATERIAL DE JAZIDA","M3",4.8099999999999996]
["C3218","EXPURGO DE JAZIDA","M3",3.66]
["C3319","NIVELAMENTO DE FUNDO DE VALAS","M2",7.06]
["C2990","REGULARIZAÇÃO DE TALUDES","M2",0.33]
["SUSTENTAÇÕES DIVERSAS",null,null,4829.09]
["C0083","ANDAIME METÁLICO DE ENCAIXE P/FACHADAS-LOCAÇÃO MENSAL","M2",7.27]
["C0084","ANDAIME P/1 M3 DE CONCRETO ARMADO","UN",22.44]
["C0086","ANDAIME P/ALVENARIA DE 1/2 TIJOLO","M2",4.18]
["C0085","ANDAIME P/ALVENARIA DE 1 TIJOLO","M2",11.01]
["C0087","ANDAIME P/REVESTIMENTO DE FORROS","M2",9.74]
["C0088","ANDAIME PRINCIPAL VERTICAL INCLUSIVE DEMOLIÇÃO","M2",53.73]
["C3352","ANDAIME SUSPENSO E PLATAFORMA DE MADEIRA","M2",52.02]
["C0364","BANDEJA SALVA-VIDAS C/TÁBUAS DE 1\"x12\" DE 2ª","M",331.79]
["C3320","CIMBRAMENTO DE MADEIRA","M3",44.77]
["C1236","ENCAIXOTAMENTO DE EDIFICAÇÕES","M2",113.39]
["C1246","ENTELAMENTO DE EDIFICAÇÕES C/PASSARELA DE TÁBUAS DE 1\"x12\" DE 2º","M2",317.75]
["C2804","ESCORAMENTO DE ÁRVORES","UN",131.97999999999999]
["C2803","ESCORAMENTO DE POSTES","UN",683.88]
["C3351","ESCORAMENTO P/ OBRAS D'ARTES CORRENTES","M3",65.03]
["C3081","ESCORAMENTO TUBULAR TIPO CONVENCIONAL","M3",47.17]
["C1274","ESCORAMENTO DE PROTEÇÃO EM EDIFICAÇÕES VIZINHAS","M2",218.44]
["C4166","ESTRUTURA DE SUSTENTAÇÃO EM VIGAS TRELIÇADAS E TABLADO DE MADEIRA","M2",255.1]
["C3466","EXECUÇÃO DE ESTRUTURA METÁLICA P/ IÇAMENTO D0 RESERVATÓRIO","KG",17.93]
["C4766","LOCAÇÃO DE CUBETAS (61X61)CM H=21CM, PARA LAJE NERVURADA - FORNECIMENTO","M2XMÊS",27.08]
[]
["C5211","LOCAÇÃO DE CUBETAS (80X80)CM H=20CM, PARA LAJE NERVRURADA - FORNECIMENTO","M2XMÊS",15.47]
[]
["C5212","LOCAÇÃO DE CUBETAS (80X80)CM H=25CM, PARA LAJE NERVRURADA - FORNECIMENTO","M2XMÊS",16.88]
[]
["C5213","LOCAÇÃO DE CUBETAS (80X80)CM H=30CM, PARA LAJE NERVRURADA - FORNECIMENTO","M2XMÊS",18.28]
[]
["C4125","LOCAÇÃO MENSAL DE ANDAIME METÁLICO","M3",7.74]
["C3470","LOCAÇÃO MENSAL DE CIMBRAMENTO METÁLICO","M3",29.38]
["C1271","LOCAÇÃO MENSAL DE ESCORA METÁLICA P/VIGAS/LAJES","M2",5.03]
["C4129","LOCAÇÃO MENSAL DE ESCORAMENTO TUBULAR","M3",16.399999999999999]
["C4782","LOCAÇÃO MENSAL PARA ESCORAMENTO E CIMBRAMENTO P/ LAJES NERVURADAS","M2XMÊS",14.25]
["C3468","MONTAGEM E DESMONTAGEM DE ESTRUTURA METÁLICA P/ IÇAMENTO","KG",7.79]
["C4754","PLATAFORMA EM TÁBUAS DE PINHO, INCLUSIVE MOVIMENTAÇÃO (UTIL. 6X)                                   \n","M",4.53]
[]
["C2154","REFORMA DE ANDAIME EXTERNO ATÉ 3 ANDARES","M2",6.36]
["C2155","REFORMA DE ANDAIME EXTERNO MAIOR QUE 3 ANDARES","M2",11.93]
["C2967","SUSTENTAÇÃO DE TUBULAÇÕES EXISTENTES - MADEIRA","M3",2258.84]
["C2968","SUSTENTAÇÃO DE TUBULAÇÕES EXISTENTES - METÁLICA","KG",1.51]
["ESCORAMENTO DE MADEIRA  EM VALAS E CAVAS",null,null,280.47000000000003]
["C1272","ESCORAMENTO COMUM DE VALAS TIPO CONTÍNUO C/PRANCHAS PEROBA","M2",123.13]
["C2798","ESCORAMENTO CONTÍNUO COM CHAPA COMPENSADA DE 12mm","M2",21.52]
["C1273","ESCORAMENTO CONTÍNUO P/GALERIA MOLDADA","M2",100.98]
["C2805","ESCORAMENTO DESCONTÍNUO COM PRANCHAS DE MADEIRA","M2",34.840000000000003]
["ESCORAMENTO METÁLICO EM VALAS,CAVAS OU POÇOS",null,null,377.52]
["C5178","ESCORAMENTO CONTÍNUO DE VALAS C/BLINDADOS METÁLICOS DE 2,00M","M2",42.61]
["C5179","ESCORAMENTO CONTÍNUO DE VALAS C/BLINDADOS METÁLICOS DE 4,00M","M2",45.32]
["C5180","ESCORAMENTO CONTÍNUO DE VALAS C/BLINDADOS METÁLICOS DE 6,00M","M2",52.47]
["C2799","ESCORAMENTO CONTÍNUO DE VALAS C/PRANCHAS METÁLICAS DE 2.00M","M2",33.49]
["C2800","ESCORAMENTO CONTÍNUO DE VALAS C/PRANCHAS METÁLICAS DE 3.00M","M2",49.73]
["C2801","ESCORAMENTO CONTÍNUO DE VALAS C/PRANCHAS METÁLICAS DE 4.00M","M2",61.86]
["C2802","ESCORAMENTO CONTÍNUO DE VALAS C/PRANCHAS METÁLICAS DE 6.00M","M2",92.04]
["INSTALAÇÃO DE GUINCHO",null,null,4836.72]
["C1355","EXECUÇÃO DE BASE DA CAÇAMBA E INSTALAÇÃO DO GUINCHO","UN",4463.21]
["C2508","TORRE PARA GUINCHO","M",373.51]
["PRODUÇÃO DE MATERIAIS",null,null,402.1]
["C3129","AREIA DE CAMPO - EXTRAÇÃO","M3",4.63]
["C3130","AREIA DE RIO - EXTRAÇÃO","M3",8.8000000000000007]
["C3139","BRITA PRODUZIDA PARA BASES","M3",93.68]
["C3252","BRITA PRODUZIDA PARA REVESTIMENTOS BETUMINOSOS","M3",108.97]
["C3253","BRITA PRODUZIDA PARA USOS DIVERSOS","M3",100.7]
["C3227","PEDRA DE MÃO/POLIÉDRICA","M3",42.66]
["C3235","ROCHA PARA BRITAGEM","M3",42.66]
["LASTROS",null,null,1787.25]
["C2860","LASTRO DE AREIA ADQUIRIDA","M3",161.51]
["C2861","LASTRO DE AREIA EXTRAIDA (S/ TRANSPORTE)","M3",29.32]
["C2862","LASTRO DE BRITA","M3",152.49]
["C1605","LASTRO DE BRITA  APILOADO MANUALMENTE","M3",166.75]
["C1606","LASTRO DE BRITA ESP.= 10CM, P/CAIXA EM ALVENARIA","M3",139.06]
["C1607","LASTRO DE CONCRETO IMPERMEABILIZADO E=6CM","M2",57.4]
["C1608","LASTRO DE CONCRETO IMPERMEABILIZADO E=8CM","M2",82.3]
["C1609","LASTRO DE CONCRETO INCLUINDO PREPARO E LANÇAMENTO","M3",646.46]
["C1611","LASTRO DE CONCRETO REGULARIZADO ESP.= 5CM","M2",45.88]
["C2863","LASTRO DE PEDRA DE MÃO","M3",193.38]
["C2864","LASTRO DE PÓ DE PEDRA","M3",112.7]
["SERVIÇOS DE USINAGEM",null,null,133.65]
["C3315","USINAGEM DE MISTURAS BETUMINOSAS A FRIO","M3",24.94]
["C3316","USINAGEM DE MISTURAS BETUMINOSAS A QUENTE","M3",90.02]
["C3244","USINAGEM DE MISTURAS DE AGREGADOS","M3",18.690000000000001]
["TRANSPORTE COM ELEVADOR",null,null,47.55]
["C2540","TRANSPORTE VERTICAL DE MATERIAIS A GRANEL P/ A 2a. LAJE","M3",23.13]
["C2541","TRANSPORTE VERTICAL DE MATERIAIS A GRANEL P/ A 5a. LAJE","M3",24.42]
["TRANSPORTE COM GUINDASTE",null,null,75.37]
["C2525","TRANSPORTE C/GUINDASTE DE TORRE CAP. 1200KG","CICLO",10.37]
["C2526","TRANSPORTE C/GUINDASTE ESTACIONÁRIO CAP. 1100KG","CICLO",8.91]
["C2528","TRANSPORTE C/GUINDASTE SOBRE TRILHO CAP. 1100KG","CICLO",18.78]
["C2527","TRANSPORTE C/GUINDASTE SOBRE TRILHO CAP. 1200KG","CICLO",37.31]
["OBRAS DE DRENAGEM",null,null,692361.36]
["ESGOTAMENTO DE ÁREAS E VALAS",null,null,11.52]
["C1278","ESGOTAMENTO C/BOMBA ELÉTRICA DE IMERSÃO 1KW ATÉ 8M","M3",0.04]
["C1277","ESGOTAMENTO C/BOMBA ELÉTRICA DE IMERSÃO  2.7KW ATÉ 8M","M3",0.04]
["C2806","ESGOTAMENTO COM CONJUNTO MOTO-BOMBA DE 20m3/h, H=6m.c.a","H",5.72]
["C2807","ESGOTAMENTO COM CUNJUNTO MOTO-BOMBA DE 20m3/h, H=10m.c.a","H",5.72]
["REBAIXAMENTO DO LENÇOL FREÁTICO",null,null,105.55]
["C2924","REBAIXAMENTO DE LENÇOL FREÁTICO EM ÁREAS","PTxDIA",24.25]
["C2922","REBAIXAMENTO DE LENÇOL FREÁTICO EM ÁREAS (POÇOS DE VISITA)","PTxDIA",38.03]
["C2923","REBAIXAMENTO DE LENÇOL FREÁTICO EM VALAS","M",43.27]
["OBRAS D' ARTE CORRENTE",null,null,660407.22]
["C0109","AQUISIÇÃO, ASSENT. E REJUNT. DE TUBO DE CONCRETO SIMPLES D=30cm","M",80.97]
["C0110","AQUISIÇÃO, ASSENT. E REJUNT. DE TUBO DE CONCRETO SIMPLES D=40cm","M",111.82]
["C0105","AQUISIÇÃO, ASSENT. E REJUNT. DE TUBO DE CONCRETO ARMADO D= 60cm","M",255.06]
["C0108","AQUISIÇÃO, ASSENT. E REJUNT. DE TUBO DE CONCRETO ARMADO D=80cm","M",419.37]
["C0104","AQUISIÇÃO, ASSENT. E REJUNT. DE TUBO DE CONCRETO ARMADO D= 100cm","M",514]
["C4325","AQUISIÇÃO, ASSENT. E REJUNT. DE TUBO DE CONCRETO ARMADO D=100 cm, SOBRE BERÇO DE CONCRETO MOLDADO \"IN LOCO\", FCK > 10MPa","M",872.56]
[]
["C0106","AQUISIÇÃO, ASSENT. E REJUNT. DE TUBO DE CONCRETO ARMADO D=120cm","M",768.38]
["C0107","AQUISIÇÃO, ASSENT. E REJUNT. DE TUBO DE CONCRETO ARMADO D=150cm","M",1125.6199999999999]
["C4673","AQUISIÇÃO E ASSENTAMENTO DE TUBO CORRUGADO DE DUPLA PAREDE PEAD D=37,5cm","M",211.28]
[]
["C4674","AQUISIÇÃO E ASSENTAMENTO DE TUBO CORRUGADO DE DUPLA PAREDE PEAD D=45,0cm","M",336.88]
[]
["C4675","AQUISIÇÃO E ASSENTAMENTO DE TUBO CORRUGADO DE DUPLA PAREDE PEAD D=60,0cm","M",575.91]
[]
["C4676","AQUISIÇÃO E ASSENTAMENTO DE TUBO CORRUGADO DE DUPLA PAREDE PEAD D=75,0cm","M",858.49]
[]
["C4677","AQUISIÇÃO E ASSENTAMENTO DE TUBO CORRUGADO DE DUPLA PAREDE PEAD D=90,0cm","M",1101.99]
[]
["C4678","AQUISIÇÃO E ASSENTAMENTO DE TUBO CORRUGADO DE DUPLA PAREDE PEAD D=105,0cm","M",1526.57]
[]
["C4679","AQUISIÇÃO E ASSENTAMENTO DE TUBO CORRUGADO DE DUPLA PAREDE PEAD D=120,0cm","M",1918.51]
[]
["C0424","BOCA DE BUEIRO SIMPLES TUBULAR  D= 80cm","UN",1775.42]
["C0423","BOCA DE BUEIRO SIMPLES TUBULAR  D= 100cm","UN",2346.16]
["C0406","BOCA DE BUEIRO DUPLO TUBULAR    D= 80cm","UN",2930.76]
["C0407","BOCA DE BUEIRO DUPLO TUBULAR    D=100cm","UN",3683.02]
["C0440","BOCA DE BUEIRO TRIPLO TUBULAR   D=100cm","UN",5019.87]
["C0408","BOCA DE BUEIRO SIMPLES CAPEADO  (1.00 X 1.00m)","UN",2054.44]
["C0409","BOCA DE BUEIRO SIMPLES CAPEADO  (1.50 X 1.00m)","UN",2493.7800000000002]
["C0410","BOCA DE BUEIRO SIMPLES CAPEADO  (1.50 X 1.50m)","UN",3607.41]
["C0411","BOCA DE BUEIRO SIMPLES CAPEADO  (2.00 X 1.00m)","UN",2867.04]
["C0412","BOCA DE BUEIRO SIMPLES CAPEADO  (2.00 X 1.50m)","UN",3985.46]
["C0413","BOCA DE BUEIRO SIMPLES CAPEADO  (2.00 X 2.00m)","UN",5336.28]
["C0414","BOCA DE BUEIRO SIMPLES CAPEADO  (2.50 X 1.00m)","UN",3235.85]
["C0415","BOCA DE BUEIRO SIMPLES CAPEADO  (2.50 X 1.50m)","UN",4419.66]
["C0416","BOCA DE BUEIRO SIMPLES CAPEADO  (2.50 X 2.00m)","UN",5991.82]
["C0417","BOCA DE BUEIRO SIMPLES CAPEADO  (2.50 X 2.50m)","UN",7665.23]
["C0418","BOCA DE BUEIRO SIMPLES CAPEADO  (3.00 X 1.00m)","UN",3611.89]
["C0419","BOCA DE BUEIRO SIMPLES CAPEADO  (3.00 X 1.50m)","UN",5066.49]
["C0420","BOCA DE BUEIRO SIMPLES CAPEADO  (3.00 X 2.00m)","UN",6582.49]
["C0421","BOCA DE BUEIRO SIMPLES CAPEADO  (3.00 X 2.50m)","UN",8333.48]
["C0422","BOCA DE BUEIRO SIMPLES CAPEADO  (3.00 X 3.00m)","UN",10319.49]
["C0391","BOCA DE BUEIRO DUPLO CAPEADO    (1.00 X 1.00m)","UN",2940.32]
["C0392","BOCA DE BUEIRO DUPLO CAPEADO    (1.50 X 1.00m)","UN",3734.12]
["C0393","BOCA DE BUEIRO DUPLO CAPEADO    (1.50 X 1.50m)","UN",5136.22]
["C0394","BOCA DE BUEIRO DUPLO CAPEADO    (2.00 X 1.00m)","UN",4433.63]
["C0395","BOCA DE BUEIRO DUPLO CAPEADO    (2.00 X 1.50m)","UN",5852.98]
["C0396","BOCA DE BUEIRO DUPLO CAPEADO    (2.00 X 2.00m)","UN",7508.47]
["C0397","BOCA DE BUEIRO DUPLO CAPEADO    (2.50 X 1.00m)","UN",5106.32]
["C0398","BOCA DE BUEIRO DUPLO CAPEADO    (2.50 X 1.50m)","UN",6642.44]
["C0399","BOCA DE BUEIRO DUPLO CAPEADO    (2.50 X 2.00m)","UN",8667.7199999999993]
["C0400","BOCA DE BUEIRO DUPLO CAPEADO    (2.50 X 2.50m)","UN",10709.98]
["C0401","BOCA DE BUEIRO DUPLO CAPEADO    (3.00 X 1.00m)","UN",5796.25]
["C0402","BOCA DE BUEIRO DUPLO CAPEADO    (3.00 X 1.50m)","UN",7780.96]
["C0403","BOCA DE BUEIRO DUPLO CAPEADO    (3.00 X 2.00m)","UN",9722.23]
["C0404","BOCA DE BUEIRO DUPLO CAPEADO    (3.00 X 2.50m)","UN",11898.5]
["C0405","BOCA DE BUEIRO DUPLO CAPEADO    (3.00 X 3.00m)","UN",14309.78]
["C0425","BOCA DE BUEIRO TRIPLO CAPEADO   (1.00 X 1.00m)","UN",3825.95]
["C0426","BOCA DE BUEIRO TRIPLO CAPEADO   (1.50 X 1.00m)","UN",4974.47]
["C0427","BOCA DE BUEIRO TRIPLO CAPEADO   (1.50 X 1.50m)","UN",6665.29]
["C0428","BOCA DE BUEIRO TRIPLO CAPEADO   (2.00 X 1.00m)","UN",5997.61]
["C0431","BOCA DE BUEIRO TRIPLO CAPEADO   (2.50 X 1.00m)","UN",6976.36]
["C0429","BOCA DE BUEIRO TRIPLO CAPEADO   (2.00 X 1.50m)","UN",7721.63]
["C0430","BOCA DE BUEIRO TRIPLO CAPEADO   (2.00 X 2.00m)","UN",9680.2199999999993]
["C0432","BOCA DE BUEIRO TRIPLO CAPEADO   (2.50 X 1.50m)","UN",8865.91]
["C0433","BOCA DE BUEIRO TRIPLO CAPEADO   (2.50 X 2.00m)","UN",11343.88]
["C0434","BOCA DE BUEIRO TRIPLO CAPEADO   (2.50 X 2.50m)","UN",13754.04]
["C0435","BOCA DE BUEIRO TRIPLO CAPEADO   (3.00 X 1.00m)","UN",7980.61]
["C0436","BOCA DE BUEIRO TRIPLO CAPEADO   (3.00 X 1.50m)","UN",10494.73]
["C0437","BOCA DE BUEIRO TRIPLO CAPEADO   (3.00 X 2.00m)","UN",12861.27]
["C0438","BOCA DE BUEIRO TRIPLO CAPEADO   (3.00 X 2.50m)","UN",15462.82]
["C0439","BOCA DE BUEIRO TRIPLO CAPEADO   (3.00 X 3.00m)","UN",18299.38]
["C0919","CORPO DE BUEIRO SIMPLES TUBULAR  D= 80cm","M",611.74]
["C0920","CORPO DE BUEIRO SIMPLES TUBULAR  D=100cm","M",775.57]
["C0886","CORPO DE BUEIRO DUPLO TUBULAR   D=  80cm","M",1160.8599999999999]
["C0887","CORPO DE BUEIRO DUPLO TUBULAR   D= 100cm","M",1473.64]
["C0918","CORPO DE BUEIRO TRIPLO TUBULAR  D= 100cm","M",2169.4699999999998]
["C0888","CORPO DE BUEIRO SIMPLES CAPEADO (1.00 X 1.00m)","M",1596.33]
["C0889","CORPO DE BUEIRO SIMPLES CAPEADO (1.50 X 1.00m)","M",2065.98]
["C0890","CORPO DE BUEIRO SIMPLES CAPEADO (1.50 X 1.50m)","M",2593.5100000000002]
["C0891","CORPO DE BUEIRO SIMPLES CAPEADO (2.00 X 1.00m)","M",2550.41]
["C0892","CORPO DE BUEIRO SIMPLES CAPEADO (2.00 X 1.50m)","M",3015.86]
["C0893","CORPO DE BUEIRO SIMPLES CAPEADO (2.00 X 2.00m)","M",3481.31]
["C0894","CORPO DE BUEIRO SIMPLES CAPEADO (2.50 X 1.00m)","M",2889.34]
["C0895","CORPO DE BUEIRO SIMPLES CAPEADO (2.50 X 1.50m)","M",3371.05]
["C0897","CORPO DE BUEIRO SIMPLES CAPEADO (2.50 X 2.50m)","M",4620.5600000000004]
["C0896","CORPO DE BUEIRO SIMPLES CAPEADO (2.50 X 2.00m)","M",4095.31]
["C0898","CORPO DE BUEIRO SIMPLES CAPEADO (3.00 X 1.00m)","M",3276.38]
["C0899","CORPO DE BUEIRO SIMPLES CAPEADO (3.00 X 1.50m)","M",4074.78]
["C0900","CORPO DE BUEIRO SIMPLES CAPEADO (3.00 X 2.00m)","M",4638.0600000000004]
["C0901","CORPO DE BUEIRO SIMPLES CAPEADO (3.00 X 2.50m)","M",5201.34]
["C0902","CORPO DE BUEIRO SIMPLES CAPEADO (3.00 X 3.00m)","M",5764.61]
["C0872","CORPO DE BUEIRO DUPLO CAPEADO   (1.00 X 1.00m)","M",2615.5100000000002]
["C0873","CORPO DE BUEIRO DUPLO CAPEADO   (1.50 X 1.00m)","M",3476.43]
["C0874","CORPO DE BUEIRO DUPLO CAPEADO   (1.50 X 1.50m)","M",4292.17]
["C0875","CORPO DE BUEIRO DUPLO CAPEADO   (2.00 X 1.00m)","M",4406.1000000000004]
["C0876","CORPO DE BUEIRO DUPLO CAPEADO   (2.00 X 1.50m)","M",5136.79]
["C0877","CORPO DE BUEIRO DUPLO CAPEADO   (2.00 X 2.00m)","M",5867.48]
["C0878","CORPO DE BUEIRO DUPLO CAPEADO   (2.50 X 1.00m)","M",5083.96]
["C0879","CORPO DE BUEIRO DUPLO CAPEADO   (2.50 X 1.50m)","M",5847.17]
["C0880","CORPO DE BUEIRO DUPLO CAPEADO   (2.50 X 2.00m)","M",6973.55]
["C0921","CORPO DE BUEIRO DUPLO CAPEADO   (2.50 X 2.50m)","M",7802.07]
["C0881","CORPO DE BUEIRO DUPLO CAPEADO   (3.00 X 1.00m)","M",5858.04]
["C0882","CORPO DE BUEIRO DUPLO CAPEADO   (3.00 X 1.50m)","M",7104.41]
["C0883","CORPO DE BUEIRO DUPLO CAPEADO   (3.00 X 2.00m)","M",7998.1]
["C0884","CORPO DE BUEIRO DUPLO CAPEADO   (3.00 X 2.50m)","M",8891.7900000000009]
["C0885","CORPO DE BUEIRO DUPLO CAPEADO   (3.00 X 3.00m)","M",9785.48]
["C0903","CORPO DE BUEIRO TRIPLO CAPEADO  (1.00 X 1.00m)","M",3634.69]
["C0905","CORPO DE BUEIRO TRIPLO CAPEADO  (1.50 X 1.50m)","M",5990.79]
["C0904","CORPO DE BUEIRO TRIPLO CAPEADO  (1.50 X 1.00m)","M",4886.88]
["C0907","CORPO DE BUEIRO TRIPLO CAPEADO  (2.00 X 1.50m)","M",7257.72]
["C0906","CORPO DE BUEIRO TRIPLO CAPEADO  (2.00 X 1.00m)","M",6261.79]
["C0908","CORPO DE BUEIRO TRIPLO CAPEADO  (2.00 X 2.00m)","M",8253.65]
["C0909","CORPO DE BUEIRO TRIPLO CAPEADO  (2.50 X 1.00m)","M",7278.58]
["C0910","CORPO DE BUEIRO TRIPLO CAPEADO  (2.50 X 1.50m)","M",8323.2800000000007]
["C0911","CORPO DE BUEIRO TRIPLO CAPEADO  (2.50 X 2.00m)","M",9851.7999999999993]
["C0912","CORPO DE BUEIRO TRIPLO CAPEADO  (2.50 X 2.50m)","M",10983.59]
["C0913","CORPO DE BUEIRO TRIPLO CAPEADO  (3.00 X 1.00m)","M",8439.7000000000007]
["C0914","CORPO DE BUEIRO TRIPLO CAPEADO  (3.00 X 1.50m)","M",10134.049999999999]
["C0915","CORPO DE BUEIRO TRIPLO CAPEADO  (3.00 X 2.00m)","M",11358.15]
["C0916","CORPO DE BUEIRO TRIPLO CAPEADO  (3.00 X 2.50m)","M",12582.24]
["C0917","CORPO DE BUEIRO TRIPLO CAPEADO  (3.00 X 3.00m)","M",13806.34]
["C4687","CORPO DE BUEIRO SIMPLES - TUBO CORRUGADO DE DUPLA PAREDE PEAD D=120,0cm","M",2183.0700000000002]
[]
["C4688","CORPO DE BUEIRO DUPLO - TUBO CORRUGADO DE DUPLA PAREDE PEAD D=120,0cm","M",4273.0600000000004]
["C4689","CORPO DE BUEIRO TRIPLO - TUBO CORRUGADO DE DUPLA PAREDE PEAD D=120,0cm","M",6360.79]
["C3630","GALERIA EM PVC HELICOIDAL TIPO RIB LOC D=0,40m","M",213.82]
["C3632","GALERIA EM PVC HELICOIDAL TIPO RIB LOC D=0,60m","M",382.61]
["C3633","GALERIA EM PVC HELICOIDAL TIPO RIB LOC D=0,70m","M",534.28]
["C3631","GALERIA EM PVC HELICOIDAL TIPO RIB LOC D=0,50m","M",268.55]
["C3634","GALERIA EM PVC HELICOIDAL TIPO RIB LOC D=0,80m","M",607.57000000000005]
["C3635","GALERIA EM PVC HELICOIDAL TIPO RIB LOC D=0,90m","M",689.87]
["C3636","GALERIA EM PVC HELICOIDAL TIPO RIB LOC D=1,00m","M",987.09]
["C3637","GALERIA EM PVC HELICOIDAL TIPO RIB LOC D=1,20m","M",1197.3]
["C4680","GALERIA EM TUBO CORRUGADO DE DUPLA PAREDE PEAD D=37,5cm","M",178.1]
["C4681","GALERIA EM TUBO CORRUGADO DE DUPLA PAREDE PEAD D=45,0cm","M",295.26]
["C4682","GALERIA EM TUBO CORRUGADO DE DUPLA PAREDE PEAD D=60,0cm","M",517.38]
["C4683","GALERIA EM TUBO CORRUGADO DE DUPLA PAREDE PEAD D=75,0cm","M",779.44]
["C4684","GALERIA EM TUBO CORRUGADO DE DUPLA PAREDE PEAD D=90,0cm","M",1004.46]
["C4685","GALERIA EM TUBO CORRUGADO DE DUPLA PAREDE PEAD D=105,0cm","M",1405.69]
["C4686","GALERIA EM TUBO CORRUGADO DE DUPLA PAREDE PEAD D=120,0cm","M",1772.93]
["DRENAGEM PROFUNDA",null,null,1561.22]
["C3401","COLOCAÇÃO DE MATERIAL PARA O LEITO FILTRANTE","M3",106.55]
["C2728","DRENAGEM COM TUBO CERÂMICO PERFURADO, D= 10cm","M",19.690000000000001]
["C2729","DRENAGEM COM TUBO CERÂMICO PERFURADO, D= 15cm","M",26.61]
["C2730","DRENAGEM COM TUBO CERÂMICO PERFURADO, D= 20cm","M",41.1]
["C2731","DRENAGEM COM TUBO DE CONCRETO POROSO, D= 15cm","M",38.840000000000003]
["C2732","DRENAGEM COM TUBO DE CONCRETO POROSO, D= 20cm","M",57.48]
["C2733","DRENAGEM COM TUBO DE CONCRETO POROSO, D= 30cm","M",78.349999999999994]
["C3071","DRENO PROFUNDO C/TUBO POROSO D=20cm/AREIA","M",66.73]
["C3070","DRENO PROFUNDO C/TUBO POROSO D=20cm/AREIA:BRITA","M",87.49]
["C3072","DRENO PROFUNDO C/TUBO POROSO D=20cm/BRITA","M",120.77]
["C3073","DRENO PROFUNDO COM ENCHIMENTO DE AREIA","M",13.58]
["C3074","DRENO PROFUNDO COM ENCHIMENTO DE BRITA","M",73.319999999999993]
["C3085","EXTREMIDADE PARA DRENO PROFUNDO","UN",634.69000000000005]
["C2590","TUBO DE PVC CORRUGADO PERFURADO D= 10cm","M",30.82]
["C2591","TUBO DE PVC CORRUGADO PERFURADO D= 15cm","M",75.28]
["C2592","TUBO DE PVC CORRUGADO PERFURADO D= 20cm","M",89.92]
["DRENAGEM SUB-SUPERFICIAL",null,null,729.03]
["C4661","BARBACÃ C/ TUBO PVC ESGOTO 50 mm, INCLUSIVE GEOTÊXTIL NÃO-TECIDO 100% POLIÉSTER COM RESISTÊNCIA A TRAÇÃO LONGITUDINAL MÍNIMA DE 8 kN/m (BIDIM RT-08 OU SIMILAR) E BRITA","UN",7.63]
[]
["C4662","BARBACÃ C/ TUBO PVC ESGOTO 75 mm, INCLUSIVE GEOTÊXTIL NÃO-TECIDO 100% POLIÉSTER COM RESISTÊNCIA A TRAÇÃO LONGITUDINAL MÍNIMA DE 8 kN/m (BIDIM RT-08 OU SIMILAR) E BRITA","UN",9.85]
[]
["C4663","BARBACÃ C/ TUBO PVC ESGOTO 100 mm, INCLUSIVE GEOTÊXTIL NÃO-TECIDO 100% POLIÉSTER COM RESISTÊNCIA A TRAÇÃO LONGITUDINAL MÍNIMA DE 8 kN/m (BIDIM RT-08 OU SIMILAR) E BRITA","UN",10.47]
[]
["C3141","COLCHÃO DRENANTE DE AREIA ( S/TRANSP)","M3",15.13]
["C3142","COLCHÃO DRENANTE DE BRITA ( S/TRANSP)","M3",115.09]
["C3076","DRENO SUB-SUPERFICIAL C/ENCHIMENTO DE BRITA","M",25.79]
["C4660","DRENO SUB-SUPERFICIAL C/ GEOTÊXTIL NÃO TECIDO 100% POLIÉSTER COM RESISTÊNCIA A TRAÇÃO LONGITUDINAL MÍNIMA DE 9 kN/m (BIDIM RT-09 OU SIMILAR) INCLUSIVE ENCHIMENTO DE BRITA","M",45.54]
[]
["C3086","EXTREMIDADE PARA DRENO SUB-SUPERFICIAL","UN",231.73]
["C4659","GEOTEXTIL NÃO TECIDO 100% POLIÉSTER COM RESISTÊNCIA AO PUNCIONAMENTO CBR MÍNIMA DE 2 kN","M2",10.64]
[]
["C4650","GEOTÊXTIL NÃO-TECIDO 100% POLIÉSTER COM RESISTÊNCIA AO PUNCIONAMENTO CBR MÍNIMA DE 5,5 kN (BIDIM RT-31 OU SIMILAR) PARA ÁREAS SUBMERSAS","M2",45.29]
[]
["C4651","GEOTÊXTIL NÃO-TECIDO 100% POLIÉSTER COM RESISTÊNCIA A TRAÇÃO LONGITUDINAL MÍNIMA DE 7 kN/m (BIDIM RT-07 OU SIMILAR)","M2",9.49]
[]
["C4652","GEOTÊXTIL NÃO-TECIDO 100% POLIÉSTER COM RESISTÊNCIA A TRAÇÃO LONGITUDINAL MÍNIMA DE 8 kN/m (BIDIM RT-08 OU SIMILAR)","M2",10.45]
[]
["C4653","GEOTÊXTIL NÃO-TECIDO 100% POLIÉSTER COM RESISTÊNCIA A TRAÇÃO LONGITUDINAL MÍNIMA DE 9 kN/m (BIDIM RT-09 OU SIMILAR)","M2",11.77]
[]
["C4586","GEOTÊXTIL NÃO-TECIDO 100% POLIÉSTER COM RESISTÊNCIA A TRAÇÃO LONGITUDINAL MÍNIMA DE 10 kN/m (BIDIM RT-10 OU SIMILAR)","M2",12.89]
[]
["C4654","GEOTÊXTIL NÃO-TECIDO 100% POLIÉSTER COM RESISTÊNCIA A TRAÇÃO LONGITUDINAL MÍNIMA DE 14 kN/m (BIDIM RT-14 OU SIMILAR)","M2",17.68]
[]
["C4655","GEOTÊXTIL NÃO-TECIDO 100% POLIÉSTER COM RESISTÊNCIA A TRAÇÃO LONGITUDINAL MÍNIMA DE 16 kN/m (BIDIM RT-16 OU SIMILAR)","M2",20.38]
[]
["C4656","GEOTÊXTIL NÃO-TECIDO 100% POLIÉSTER COM RESISTÊNCIA A TRAÇÃO LONGITUDINAL MÍNIMA DE 21 kN/m (BIDIM RT-21 OU SIMILAR)","M2",25.86]
[]
["C4657","GEOTÊXTIL NÃO-TECIDO 100% POLIÉSTER COM RESISTÊNCIA A TRAÇÃO LONGITUDINAL MÍNIMA DE 26 kN/m (BIDIM RT-26 OU SIMILAR)","M2",33.43]
[]
["C4658","GEOTÊXTIL NÃO-TECIDO 100% POLIÉSTER COM RESISTÊNCIA A TRAÇÃO LONGITUDINAL MÍNIMA DE 31 kN/m (BIDIM RT-31 OU SIMILAR)","M2",38.79]
[]
["C4752","MANTA GEOTEXTIL, TECIDA 100% POLIPROPILENO, RESISTÊNCIA A TRAÇÃO DE 55KN/M E DEFORMAÇÃO INFERIOR A 15% (FORNECIMENTO E ASSENTAMENTO)","M2",11.88]
[]
["C4753","PEÇA EM MADEIRA MUIRACATIARA (2,50X5,00CM) PARA FIXAÇÃO DA MANTA GEOTEXTIL","M",19.25]
[]
["DRENAGEM SUPERFICIAL",null,null,29546.82]
["C0365","BANQUETA/ MEIO FIO DE CONCRETO MOLDADO NO LOCAL ","M",28.88]
["C0367","BANQUETA/ MEIO FIO DE CONCRETO PRÉ-MOLDADO (1,00x0,25x0,15m)","M",48]
["C0366","BANQUETA/ MEIO FIO DE CONCRETO P/ VIAS URBANAS (1,00x0,35x0,15m)","M",61.44]
["C0368","BANQUETA/ MEIO FIO DE TIJOLO MACIÇO","M",35.76]
["C3065","DESCIDA D'ÁGUA DE CONCRETO ARMADO PADRÃO DERT","M",194.23]
["C3066","DESCIDA D'ÁGUA DE CONCRETO ARMADO TIPO U","M",193.69]
["C3067","DESCIDA D'AGUA EM CALHA PRÉ-MOLDADA DE CONCRETO D= 0,40m","M",70.33]
["C2727","DRENAGEM COM CALHA PRÉ-MOLDADA DE CONCRETO D= 0,30m","M",65.19]
["C4583","MEIO FIO CONJUGADO C/ SARJETA, EXTRUSADO COM CONCRETO FCK 20 MPa","M",74.11]
["C3097","MEIO FIO DE PEDRA GRANÍTICA","M",23.39]
["C3449","MEIO FIO PRÉ MOLDADO (0,07x0,30x1,00)m C/REJUNTAMENTO","M",27.49]
["C2018","POÇO DE VISITA DE ALVENARIA P/ GALERIA DE ÁGUAS PLUVIAIS DIAM. = 1m  E PROFUNDIDADE= 2m","UN",6148.07]
[]
["C2019","POÇO DE VISITA DE ALVENARIA P/ GALERIA DE ÁGUAS PLUVIAIS DIAM. = 1m  E PROFUNDIDADE= 4m","UN",8897.27]
[]
["C2020","POÇO DE VISITA DE ALVENARIA P/ GALERIA DE ÁGUAS PLUVIAIS DIAM.= 1m  E PROFUNDIDADE= 6m","UN",11778.87]
[]
["C3110","SAIDA D'AGUA C/ DISSIPADOR DE ENERGIA","UN",271.91000000000003]
["C3322","SARJETA CONJUGADA COM BANQUETA EM CONCRETO SIMPLES","M",93.45]
["C3111","SARJETA DE CONCRETO SIMPLES \"U\" C/H=0,35m/E=0,08m","M",170.18]
["C3112","SARJETA DE CONCRETO SIMPLES C/L=1,00m/E=0,08m","M",60.4]
["C3113","SARJETA DE CONCRETO SIMPLES C/L=1,20m/E=0,08m","M",73.930000000000007]
["C2310","TAMPÃO DE FERRO FUNDIDO P/ POÇO DE VISITA  DE DIAM-=1 M","UN",1178.45]
["C4874","TAMPONAMENTO PROVISÓRIO EM CAIXA DE VISITA","UN",51.78]
["ARGAMASSAS",null,null,36378.51]
["PREPARAÇÃO DE MATERIAIS",null,null,881.86]
["C0115","AREIA SECA MEIO PENEIRADA","M3",330.17]
["C0116","AREIA SECA PENEIRADA","M3",551.69000000000005]
["ARGAMASSA DE CIMENTO",null,null,30084.61]
["C0117","ARGAMASSA DE CIMENTO ARENOSO E AREIA S/PEN. TRAÇO 1:2:4","M3",515.66]
["C0129","ARGAMASSA DE CIMENTO ARENOSO E AREIA S/PEN. TRAÇO 1:2:6","M3",470.93]
["C0133","ARGAMASSA DE CIMENTO ARENOSO E AREIA S/PEN. TRAÇO1:2.5:3.5","M3",513.75]
["C0130","ARGAMASSA DE CIMENTO ARENOSO E AREIA S/PEN. TRAÇO 1:3:3","M3",511.9]
["C0131","ARGAMASSA DE CIMENTO ARENOSO E AREIA S/PEN. TRAÇO 1:3:5","M3",468.1]
["C0132","ARGAMASSA DE CIMENTO ARENOSO E AREIA S/PEN. TRAÇO 1:3:7","M3",444.56]
["C0181","ARGAMASSA DE CIMENTO ARENOSO E AREIA S/PEN. TRAÇO 1:3.5:2.5","M3",510.06]
["C0118","ARGAMASSA DE CIMENTO ARENOSO E AREIA S/PEN. TRAÇO 1:4:2","M3",508.15]
["C0119","ARGAMASSA DE CIMENTO ARENOSO E AREIA S/PEN. TRAÇO 1:4:4","M3",465.25]
["C0120","ARGAMASSA DE CIMENTO ARENOSO E AREIA S/PEN. TRAÇO 1:4:6","M3",442.23]
["C0121","ARGAMASSA DE CIMENTO ARENOSO E AREIA S/PEN. TRAÇO 1:4:8","M3",424.06]
["C0122","ARGAMASSA DE CIMENTO ARENOSO E AREIA S/PEN. TRAÇO 1:5:3","M3",462.4]
["C0128","ARGAMASSA DE CIMENTO ARENOSO E AREIA S/PEN. TRAÇO 1:5:5","M3",439.9]
["C0123","ARGAMASSA DE CIMENTO ARENOSO E AREIA S/PEN. TRAÇO 1:5:7","M3",422.08]
["C0179","ARGAMASSA DE CIMENTO ARENOSO E AREIA S/PEN. TRAÇO 1:6:2","M3",459.57]
["C0124","ARGAMASSA DE CIMENTO ARENOSO E AREIA S/PEN. TRAÇO 1:6:4","M3",437.56]
["C0125","ARGAMASSA DE CIMENTO ARENOSO E AREIA S/PEN. TRAÇO 1:6:6","M3",420.12]
["C0180","ARGAMASSA DE CIMENTO ARENOSO E AREIA S/PEN. TRAÇO 1:7:3","M3",435.23]
["C0126","ARGAMASSA DE CIMENTO ARENOSO E AREIA S/PEN. TRAÇO 1:7:5","M3",418.16]
["C0127","ARGAMASSA DE CIMENTO ARENOSO E AREIA S/PEN. TRAÇO 1:8:4","M3",416.18]
["C0162","ARGAMASSA DE CIMENTO BRANCO E PÓ DE MÁRMORE TRAÇO 1:3","M3",1174.17]
["C0160","ARGAMASSA DE CIMENTO E AREIA FINA PENEIRADA E ADITIVO AGLUTINANTE ORGANO-SINTÉTICO NO TRAÇO 1:8","M3",398]
[]
["C0161","ARGAMASSA DE CIMENTO E AREIA MEDIA PENEIRADA E ADITIVO AGLUTINANTE ORGANO-SINTÉTICO NO TRAÇO 1:8","M3",401.02]
[]
["C0155","ARGAMASSA DE CIMENTO E AREIA PENEIRADA C/ IMPERMEABILIZANTE TRAÇO 1:1.5","M3",1258.98]
["C0154","ARGAMASSA DE CIMENTO E AREIA PENEIRADA C/ IMPERMEABILIZANTE TRAÇO 1:4","M3",1099.81]
["C0163","ARGAMASSA DE CIMENTO E AREIA PEN. TRAÇO 1:2","M3",1095.5999999999999]
["C0164","ARGAMASSA DE CIMENTO E AREIA PEN. TRAÇO 1:3","M3",1045.72]
["C0165","ARGAMASSA DE CIMENTO E AREIA PEN. TRAÇO 1:4","M3",959.81]
["C4429","ARGAMASSA DE CIMENTO E AREIA PEN. TRAÇO 1:5","M3",907.98]
["C4430","ARGAMASSA DE CIMENTO E AREIA PEN. TRAÇO 1:6","M3",873.19]
["C3009","ARGAMASSA DE CIMENTO E AREIA PEN. TRAÇO 1:7","M3",848.34]
["C0156","ARGAMASSA DE CIMENTO E AREIA S/PEN. C/IMPERMEAB. TRAÇO 1:2","M3",870.64]
["C0157","ARGAMASSA DE CIMENTO E AREIA S/PEN. C/IMPERMEAB. TRAÇO 1:3","M3",771.29]
["C0158","ARGAMASSA DE CIMENTO E AREIA S/PEN. C/IMPERMEAB. TRAÇO 1:4","M3",685.38]
["C0159","ARGAMASSA DE CIMENTO E AREIA S/PEN. C/IMPERMEAB. TRAÇO 1:5","M3",633.54999999999995]
["C0166","ARGAMASSA DE CIMENTO E AREIA S/PEN. TRAÇO 1:1","M3",895.64]
["C0167","ARGAMASSA DE CIMENTO E AREIA S/PEN. TRAÇO 1:1.5","M3",797.96]
["C0168","ARGAMASSA DE CIMENTO E AREIA S/PEN. TRAÇO 1:2","M3",730.64]
["C0169","ARGAMASSA DE CIMENTO E AREIA S/PEN. TRAÇO 1:2.5","M3",681.41]
["C0170","ARGAMASSA DE CIMENTO E AREIA S/PEN. TRAÇO 1:3","M3",631.29]
["C0171","ARGAMASSA DE CIMENTO E AREIA S/PEN. TRAÇO 1:4","M3",545.38]
["C0172","ARGAMASSA DE CIMENTO E AREIA S/PEN. TRAÇO 1:5","M3",493.55]
["C0173","ARGAMASSA DE CIMENTO E AREIA S/PEN. TRAÇO 1:6","M3",458.76]
["C0174","ARGAMASSA DE CIMENTO E AREIA S/PEN. TRAÇO 1:7","M3",433.91]
["C3323","ARGAMASSA DE CIMENTO E AREIA TRAÇO 1:3 COM AREIA PRODUZIDA","M3",540.36]
["C3324","ARGAMASSA DE CIMENTO E AREIA TRAÇO 1:4 COM AREIA PRODUZIDA","M3",454.45]
["C0175","ARGAMASSA DE CIMENTO E PEDRISCO TRAÇO 1:4","M3",491.08]
["C3554","MUTIRÃO MISTO - ARGAMASSA DE CIMENTO E AREIA S/PEN. TRAÇO 1:3","M3",446.69]
["C3553","MUTIRÃO MISTO - ARGAMASSA DE CIMENTO E AREIA S/PEN. TRAÇO 1:6","M3",274.16000000000003]
["ARGAMASSA MISTA",null,null,5369.36]
["C0185","ARGAMASSA MISTA DE CAL EM PASTA E AREIA S/PEN. TRAÇO 1:4  C/100 KG DE CIMENTO","M3",593.91]
[]
["C0189","ARGAMASSA MISTA DE CAL HIDR. E AREIA S/PEN. TRAÇO 1:3 C/100KG DE CIMENTO","M3",590.51]
["C0192","ARGAMASSA MISTA DE CAL HIDR. E AREIA S/PEN. TRAÇO 1:4 C/100KG DE CIMENTO","M3",531.95000000000005]
["C0194","ARGAMASSA MISTA DE CIMENTO CAL HIDR. E AREIA PEN.  TRAÇO 1:2:8","M3",1004.42]
["C0197","ARGAMASSA MISTA DE CIMENTO CAL HIDR. E AREIA S/PEN. TRAÇO 1:1:4","M3",720.1]
["C0205","ARGAMASSA MISTA DE CIMENTO CAL HIDR. E AREIA S/PEN. TRAÇO 1:2:8","M3",590.16999999999996]
["C0200","ARGAMASSA MISTA DE CIMENTO CAL HIDR. E AREIA S/PEN. TRAÇO 1:2:9","M3",556.77]
["C1439","GROUT CIMENTO, CAL HIDR., AREIA E PEDRISCO  TRAÇO 1:0.1:3:2","M3",781.53]
["ARGAMASSA INDUSTRIALIZADA",null,null,42.68]
["C0210","ARGAMASSA PRÉ-FABRICADA P/REBOCO","M2",9.18]
["C0211","ARGAMASSA PRÉ-FABRICADA P/REBOCO IMITAÇÃO TRAVERTINO","M2",9.18]
["C0212","ARGAMASSA PRÉ-FABRICADA P/REBOCO TIPO MASSA RASPADA","M2",23.25]
["C1848","PASTA DE CIMENTO COLANTE","KG",1.07]
["FUNDAÇÕES E  ESTRUTURAS",null,null,154318.67000000001]
["TUBULÕES A CÉU ABERTO",null,null,15458.6]
["C0825","CONCRETAGEM DE BASE DE TUBULÃO À CÉU ABERTO","M3",1626.06]
["C0826","CONCRETAGEM DE TUBULÃO (CAMISA/ENCHIM.)   À CÉU ABERTO  D=1,20m","M",2477.58]
["C0827","CONCRETAGEM DE TUBULÃO (CAMISA/ENCHIM.)   À CÉU ABERTO  D=1,40m","M",2994.71]
["C0828","CONCRETAGEM DE TUBULÃO (CAMISA/ENCHIM.)   À CÉU ABERTO  D=1,60m","M",3533.1]
["C2636","TUBULÃO - CEU ABERTO - C/CONCRETO FCK 13.5 MPa","M3",640.05999999999995]
["C2637","TUBULÃO - CEU ABERTO - C/CONCRETO FCK 13.5 MPa C/RACHÃO","M3",588.38]
["C2638","TUBULÃO - CEU ABERTO - C/CONCRETO FCK 15 MPa","M3",647.79999999999995]
["C2634","TUBULAO - CEU ABERTO - C/CONCRETO FCK 15 MPa C/RACHÃO","M3",594.85]
["C2639","TUBULÃO - CEU ABERTO - C/CONCRETO FCK 18 MPa","M3",663.21]
["C2635","TUBULAO - CEU ABERTO - C/CONCRETO FCK 18 MPa  C/RACHÃO","M3",607.04]
["C2641","TUBULÃO - CEU ABERTO - C/CONCRETO USINADO FCK 15 MPa","M3",535]
["C2642","TUBULÃO - CEU ABERTO - C/CONCRETO USINADO FCK 20 MPa","M3",550.80999999999995]
["TUBULÕES A AR COMPRIMIDO",null,null,28617.16]
["C3148","CONCRETAGEM DE BASES TUBULÃO AR COMPRIMIDO ATE 12m","M3",2009.74]
["C3147","CONCRETAGEM DE BASES TUBULÃO AR COMPRIMIDO 12/18m","M3",2094.98]
["C3149","CONCRETAGEM DE TUBULÃO (CAMISA/ENCHIM.)   AR COMP. D=1,20m  ATÉ 12m","M",2890.2]
["C3150","CONCRETAGEM DE TUBULÃO (CAMISA/ENCHIM.)   AR COMP. D=1,20m  DE 12/18m","M",2970.6]
["C3151","CONCRETAGEM DE TUBULÃO (CAMISA/ENCHIM.)   AR COMP. D=1,40m  ATÉ 12m","M",3502.12]
["C3152","CONCRETAGEM DE TUBULÃO (CAMISA/ENCHIM.)   AR COMP. D=1,40m  DE 12/18m","M",3617.49]
["C3153","CONCRETAGEM DE TUBULÃO (CAMISA/ENCHIM.)   AR COMP. D=1,60m  ATÉ 12m","M",4087.21]
["C3154","CONCRETAGEM DE TUBULÃO (CAMISA/ENCHIM.)   AR COMP. D=1,60m DE 12/18m","M",4321.08]
["C0963","CRAVAÇÃO DE CAMISA METÁLICA P/ TUBULÃO, INCLUSIVE ESCAVAÇÃO MECÂNICA","M",1945.57]
["C2643","TUBULÃO SOB AR COMPRIMIDO - C/CONCRETO FCK 15 MPa","M3",1178.17]
["ESTACAS",null,null,4481.5600000000004]
["C5046","CORTE OXI-ACETILENO EM CHAPA DE AÇO  6,3MM","M",1.87]
["C5047","CORTE OXI-ACETILENO EM CHAPA DE AÇO  8,0MM","M",2.17]
["C5048","CORTE OXI-ACETILENO EM CHAPA DE AÇO  9,5MM","M",2.52]
["C5049","CORTE OXI-ACETILENO EM CHAPA DE AÇO 12,5MM","M",3.46]
["C0938","CORTE PERFIL METÁLICO ' I ' DE 10\"X4\"X5/8\"  P/EMPREITADA","UN",41.02]
["C0939","CORTE PERFIL METÁLICO ' I '  DE 12\"X5\"X1/4\" P/EMPREITADA","UN",49.21]
["C0936","CORTE PERFIL METÁLICO DUPLO I DE 10\"X4\"X5/8\" P/EMPREITADA","UN",74.95]
["C0937","CORTE PERFIL METÁLICO DUPLO ' I '  DE 12\"X5\"X1/4\" P/EMPREITADA","UN",89.6]
["C1292","ESTACA DE MADEIRA CONDIÇÕES FAVORÁVEIS D= 22cm P/6 A 8T","M",81.25]
["C1293","ESTACA DE MADEIRA CONDIÇÕES FAVORÁVEIS D= 25cm P/8 A 10T","M",107.83]
["C1290","ESTACA DE MADEIRA CONDIÇÕES POUCO FAVORÁVEIS D= 22cm P/6 A 8T","M",102.14]
["C1291","ESTACA DE MADEIRA CONDIÇÕES POUCO FAVORÁVEIS D= 25cm P/8 A 10T","M",128.72999999999999]
["C5221","ESTACA HÉLICE CONTÍNUA, DIÂMETRO DE 30 CM (EXCLUSIVE MOBILIZAÇÃO, DESMOBILIZAÇÃO, ARMADURA, CONCRETO E BOMBEAMENTO)","M",41.41]
[]
["C5222","ESTACA HÉLICE CONTÍNUA, DIÂMETRO DE 40 CM (EXCLUSIVE MOBILIZAÇÃO, DESMOBILIZAÇÃO, ARMADURA, CONCRETO E BOMBEAMENTO)","M",46.06]
[]
["C5223","ESTACA HÉLICE CONTÍNUA, DIÂMETRO DE 50 CM (EXCLUSIVE MOBILIZAÇÃO, DESMOBILIZAÇÃO, ARMADURA, CONCRETO E BOMBEAMENTO)","M",50.67]
[]
["C5224","ESTACA HÉLICE CONTÍNUA, DIÂMETRO DE 70 CM (EXCLUSIVE MOBILIZAÇÃO, DESMOBILIZAÇÃO, ARMADURA, CONCRETO E BOMBEAMENTO)","IM",58.88]
[]
["C4690","ESTACA RAIZ DIÂMETRO 160mm - ATÉ 30 Tf","M",186.32]
["C4691","ESTACA RAIZ DIÂMETRO 200mm - ATÉ 40 Tf","M",226.48]
["C4692","ESTACA RAIZ DIÂMETRO 250mm - ATÉ 60 Tf","M",280.14]
["C4693","ESTACA RAIZ DIÂMETRO 310mm - ATÉ 90 Tf","M",313.45]
["C4697","ESTACA RAIZ DIÂMETRO 350mm - ATÉ 110 Tf","M",347.86]
["C4694","ESTACA RAIZ DIÂMETRO 410mm - ATÉ 125 Tf","M",464.67]
["C4695","ESTACA RAIZ DIÂMETRO 450mm - ATÉ 145 Tf","M",532.84]
["C4696","ESTACA RAIZ DIÂMETRO 450mm - ATÉ 169 Tf","M",568.1]
["C4698","PERFIL METÁLICO \"I\" OU \"H\" COM CRAVAÇÃO EMPREITADA","KG",16.739999999999998]
["C4699","SOLDA DE TOPO EM PERFIL \"I\" OU \"H\"","UN",242.89]
["C2282","SOLDA LONGITUDINAL EM PERFIL METÁLICO P/EMPREITADA","M",34.090000000000003]
["C5042","SOLDA OXI-ACETILENO EM CHAPA DE AÇO  6,3MM ","M",37.729999999999997]
["C5043","SOLDA OXI-ACETILENO EM CHAPA DE AÇO  8,0MM","M",67.040000000000006]
["C5044","SOLDA OXI-ACETILENO EM CHAPA DE AÇO  9,5MM","M",100.56]
["C5045","SOLDA OXI-ACETILENO EM CHAPA DE AÇO 12,5MM","M",180.88]
["EMBASAMENTOS E BALDRAMES",null,null,3957.2]
["C0054","ALVENARIA DE EMBASAMENTO DE PEDRA ARGAMASSADA","M3",543.91]
["C0055","ALVENARIA DE EMBASAMENTO DE TIJOLO COMUM, C/ARGAMASSA MISTA C/ CAL HIDRATADA","M3",833.89]
[]
["C0056","ALVENARIA DE EMBASAMENTO DE TIJOLO FURADO, C/ ARGAMASSA MISTA C/ CAL HIDRATADA (1:2:8)","M3",576.54]
[]
["C4592","ALVENARIA DE EMBASAMENTO EM TIJOLO CERÂMICO FURADO C/ ARGAMASSA CIMENTO E AREIA 1:4","M3",663.36]
[]
["C0089","ANEL DE IMPERMEABILIZAÇÃO C/ARMAÇÃO EM FERRO","M3",808.69]
["C0471","BROCA D= 20cm COM CONCRETO FCK=13.5MPa, MAIS VIGA BALDRAME 20X20cm E UMA FIADA DE BLOCO DE CONCRETO 14X19X39cm","M",124.1]
[]
["C3604","MUTIRÃO MISTO - ALVENARIA DE EMBASAMENTO C/TIJ. FURADO, C/ ARG. MISTA C/CAL HIDRATADA","M3",406.71]
[]
["FORMAS",null,null,6625.95]
["C4713","CONFECÇÃO DE FORMA ACRÍLICA 5MM P/ LOGOMARCAS EM PREMOLDADOS DE CONCRETO (ABRIGO PARADA DE ÔNIBUS), PARA UTIL. 40 X","M2",1065.3800000000001]
[]
["C4710","CONFECÇÃO DE FORMA METÁLICA P/ PEÇAS PREMOLDADAS DE CONCRETO (ABRIGO PARADA DE ÔNIBUS), PARA UTIL. 15 X","M2",986.74]
[]
["C2822","FORMA CURVA CHAPA COMPENSADA PLASTIFICADA, ESP.= 12mm","M2",273.10000000000002]
["C3990","FORMA CURVA CHAPA COMPENSADA PLASTIFICADA, ESP.= 18mm","M2",278.5]
["C2823","FORMA CURVA CHAPA COMPENSADA RESINADA, ESP.=  6mm","M2",232.61]
["C2824","FORMA CURVA CHAPA COMPENSADA RESINADA, ESP.= 10mm ","M2",238.31]
["C2825","FORMA CURVA CHAPA COMPENSADA RESINADA, ESP.= 12mm","M2",238.31]
["C3981","FORMA DE PAPELÃO RESINADO TIPO ESTRUTUBOS D=1,20 M  (FORNECIMENTO/MONTAGEM/DESMONTAGEM)","M",220.48]
[]
["C1400","FORMA DE TÁBUAS DE 1\" DE 3A. P/FUNDAÇÕES UTIL. 5 X","M2",77.540000000000006]
["C1401","FORMA DE TÁBUAS DE 1\" DE 3A. P/SUPERESTRUTURA - UTIL. 2 X","M2",162.96]
["C4158","FORMA METÁLICA P/ PILAR","M2",195.17]
["C4282","FORMA P/ CONCRETO \"IN LOCO\" (APLICAÇÃO)","M2",91.97]
["C4281","FORMA P/ CONCRETO \"IN LOCO\" (FABRICAÇÃO)","M2",242.49]
["C1404","CONFECÇÃO DE FORMA  P/ PEÇAS PRÉ-MOLDADAS DE CONCRETO PROTENDIDO, REVESTIDAS C/CHAPA METÁLICA.UTIL(10 A 15X)","M2",673.49]
[]
["C1403","FORMA P/ PEÇAS PRÉ-MOLDADAS DE CONCRETO PROTENDIDO, REVESTIDAS C/CHAPA COMPENSADA PLASTIFICADA (12X)","M2",646.5]
[]
["C4301","FORMA PARA CONCRETO \"IN LOCO\", INCLUSIVE DESFORMA","M2",151.28]
["C4302","FORMA PARA CONCRETO PRÉ-MOLDADO, INCLUSIVE DESFORMA","M2",54.49]
["C1399","FORMA PLANA CHAPA COMPENSADA PLASTIFICADA, ESP.= 12mm UTIL. 5X","M2",123.56]
["C3991","FORMA PLANA CHAPA COMPENSADA PLASTIFICADA, ESP.= 18mm UTIL. 5X","M2",127.83]
["C1402","FORMA PLANA CHAPA COMPENSADA RESINADA, ESP.= 10mm P/GALERIA  E BUEIROS CAPEADOS","M2",69.59]
[]
["C2827","FORMA PLANA CHAPA COMPENSADA RESINADA, ESP.= 10mm UTIL. 3X","M2",140.04]
["C1405","FORMA PLANA CHAPA COMPENSADA RESINADA, ESP.= 12mm UTIL. 3 X","M2",140.12]
["C4711","MONTAGEM DE FORMA METÁLICA P/ CONCRETO PREMOLDADO (ABRIGO PARADA DE ÔNIBUS), INCL. DESFORMA","M2",83.92]
[]
["C1799","MONTAGEM, DESMONTAGEM E REPAROS EM FORMAS P/PRE-MOLDADOS","M2",86.52]
["C4759","MONTAGEM E DESMONTAGEM DAS FORMAS/ESCORAMENTOS ESPECIAIS P/ LAJE NERVURADA INCLUSIVE DESMOLDANTE                                        \n","M2",25.05]
[]
["ARMADURAS",null,null,17329.87]
["C3331","ANCORAGEM ATIVA PARA CABO COM 1 CORDOALHA DE 12,7mm","UN",156.47999999999999]
["C3332","ANCORAGEM ATIVA PARA CABO COM 2 CORDOALHA DE 12,7mm","UN",263.62]
["C3333","ANCORAGEM ATIVA PARA CABO COM 4 CORDOALHA DE 12,7mm","UN",476.65]
["C3334","ANCORAGEM ATIVA PARA CABO COM 6 CORDOALHA DE 12,7mm","UN",653.28]
["C3335","ANCORAGEM ATIVA PARA CABO COM 7 CORDOALHA DE 12,7mm","UN",752.95]
["C3336","ANCORAGEM ATIVA PARA CABO COM 12 CORDOALHA DE 12,7mm","UN",1303.55]
["C3337","ANCORAGEM PASSIVA PARA CABO COM 1 CORDOALHA DE 12,7mm","UN",56.43]
["C3338","ANCORAGEM PASSIVA PARA CABO COM 2 CORDOALHA DE 12,7mm","UN",99.41]
["C3339","ANCORAGEM PASSIVA PARA CABO COM 4 CORDOALHA DE 12,7mm","UN",222.41]
["C3340","ANCORAGEM PASSIVA PARA CABO COM 6 CORDOALHA DE 12,7mm ","UN",296.2]
["C3341","ANCORAGEM PASSIVA PARA CABO COM 7 CORDOALHA DE 12,7mm","UN",326.08]
["C3342","ANCORAGEM PASSIVA PARA CABO COM 12 CORDOALHA DE 12,7mm","UN",451.67]
["C4132","ARMADURA  P/ ESTACAS PRÉ-MOLDADAS DE CONCRETO (APLICAÇÃO)","T",1413.95]
["C0213","ARMADURA CA-25 GROSSA D= 12,5 A 25,0mm","KG",14.7]
["C0214","ARMADURA CA-25 MÉDIA D= 6,3 A 10,0mm","KG",13.67]
["C0215","ARMADURA CA-50A GROSSA D= 12,5 A 25,0mm","KG",12.99]
["C0216","ARMADURA CA-50A MÉDIA D= 6,3 A 10,0mm","KG",11.96]
["C0217","ARMADURA CA-60 FINA D=3,40 A 6,40mm","KG",12.09]
["C0218","ARMADURA CA-60 MÉDIA D= 6,4 A 9,5mm","KG",12.52]
["C4151","ARMADURA DE AÇO CA 50/60","KG",12.87]
["C3985","ARMADURA DE CORDOALHA CP-190RB","KG",31.06]
["C0219","ARMADURA DE TELA DE AÇO","M2",26]
["C0220","ARMADURA EM TELA SOLDADA DE AÇO CA-60B","KG",25.88]
["C4071","ARMADURA EM TELA SOLDÁVEL Q-92","M2",12.1]
["C4131","ARMADURA P/ ESTACAS PRÉ-MOLDADAS DE CONCRETO (FABRICAÇÃO)","T",10481.16]
["C3344","CONFECÇÃO E COLOCAÇÃO DE CABO COM 1 CORDOALHA DE D=12,7mm COM BAINHA","KG",43.38]
["C3325","CONFECÇÃO E COLOCAÇÃO DE CABO COM 2 CORDOALHA DE D=12,7mm COM BAINHA","KG",29.77]
["C3326","CONFECÇÃO E COLOCAÇÃO DE CABO COM 4 CORDOALHA DE D=12,7mm COM BAINHA","KG",23.58]
["C3327","CONFECÇAO E COLOCAÇAO DE CABO COM 6 CORDOALHA DE D=12,7mm COM BAINHA","KG",24.58]
["C3328","CONFECÇÃO E COLOCAÇÃO DE CABO COM 7 CORDOALHAS DE D=12,7mm COM BAINHA","KG",23.44]
[]
["C3329","CONFECÇÃO E COLOCAÇÃO DE CABO COM 12 CORDOALHAS DE D=12,7mm COM BAINHA","KG",21.57]
[]
["C3343","PROTENSÃO E INJEÇÃO EM CABO COM CORDOALHA DE 12,7mm","KG",16.18]
["C3330","PURGADOR PARA ANCORAGEM","UN",7.69]
["CONCRETOS",null,null,30997.33]
["C0006","ACABAMENTO DE SUPERFÍCIES C/DESEMPENADEIRA MECÂNICA","M2",0.2]
["C0028","ADENSAMENTO/REGULARIZAÇÃO SUP.CONCRETO RÉGUA DUPLA L=3 A 6m","M2",5.89]
["C0027","ADENSAMENTO/REGULARIZAÇÃO SUPERFICIAL DE CONCRETO C/RÉGUA SIMPLES L= 3m","M2",4.53]
[]
["C0034","ADIÇÃO DE IMPERMEABILIZANTE PARA CONCRETO ESTRUTURAL","M3",55.44]
["C0461","BOMBEAMENTO DE CONCRETO","M3",48.32]
["C0829","CONCRETO CICLÓPICO FCK 10 MPa  COM AGREGADO PRODUZIDO (S/TRANSP)","M3",534.45000000000005]
["C0830","CONCRETO CICLÓPICO FCK 15 MPa COM AGREGADO ADQUIRIDO","M3",653.54999999999995]
["C4134","CONCRETO DE ALTO DESEMPENHO FCK > 50 MPa / EXECUTADO EM CENTRAL DOSADORA","M3",720.91]
[]
["C4438","CONCRETO FCK > 30 MPa SUBMERSO C/ PLATAFORMA FLUTUANTE, INCLUSIVE LANÇAMENTO, CURA E TRANSPORTE","M3",979.46]
[]
["C0834","CONCRETO GROUT (ARGAMASSA AUTONIVELANTE), LANÇAMENTO E CURA","M3",4745.46]
["C0833","CONCRETO GROUT C/ATÉ 50% DE PEDRISCO EM PESO, LANÇAMENTO E CURA","M3",3657.21]
["C4291","CONCRETO MOLDADO \"IN LOCO\" FCK ACIMA DE 10 MPa, INCLUSIVE LANÇAMENTO E CURA","M3",802.22]
[]
["C4292","CONCRETO MOLDADO \"IN LOCO\" FCK ACIMA DE 50 MPa, INCLUSIVE LANÇAMENTO E CURA","M3",1215.1099999999999]
[]
["C0836","CONCRETO NÃO ESTRUTURAL PREPARO MANUAL","M3",502.89]
["C3268","CONCRETO P/VIBR., FCK=10MPa COM AGREGADO PRODUZIDO (S/TRANSP.) ","M3",412.47]
["C3269","CONCRETO P/VIBR., FCK=13,5MPa COM AGREGADO PRODUZIDO (S/TRANSP.)","M3",432.15]
["C3270","CONCRETO P/VIBR., FCK=15MPa COM AGREGADO PRODUZIDO (S/ TRANSP.)","M3",440.58]
["C3271","CONCRETO P/VIBR., FCK=18MPA COM AGREGADO PRODUZIDO (S/ TRANSP.)","M3",458.87]
["C3272","CONCRETO P/VIBR., FCK=20MPa COM AGREGADO PRODUZIDO (S/TRANSP.)","M3",470.1]
["C3273","CONCRETO P/VIBR., FCK=25MPa COM AGREGADO PRODUZIDO (S/TRANSP.)","M3",479.46]
["C3274","CONCRETO P/VIBR., FCK=30MPa COM AGREGADO PRODUZIDO (S/TRANSP.)","M3",513.37]
["C3275","CONCRETO P/VIBR., FCK=35MPa COM AGREGADO PRODUZIDO (S/TRANSP.)","M3",549.04]
["C3276","CONCRETO P/VIBR., FCK=40MPa COM AGREGADO PRODUZIDO (S/TRANSP.)","M3",590.51]
["C0838","CONCRETO P/VIBR., FCK 10 MPa COM AGREGADO ADQUIRIDO","M3",469.96]
["C0839","CONCRETO P/VIBR., FCK 13.5 MPa COM AGREGADO ADQUIRIDO","M3",487.95]
["C0840","CONCRETO P/VIBR., FCK 15 MPa COM AGREGADO ADQUIRIDO","M3",495.65]
["C0841","CONCRETO P/VIBR., FCK 18 MPa COM AGREGADO ADQUIRIDO","M3",512.4]
["C0842","CONCRETO P/VIBR., FCK 20 MPa COM AGREGADO ADQUIRIDO","M3",522.58000000000004]
["C0843","CONCRETO P/VIBR., FCK 25 MPa COM AGREGADO ADQUIRIDO","M3",533]
["C0844","CONCRETO P/VIBR., FCK 30 MPa COM AGREGADO ADQUIRIDO","M3",571.55999999999995]
["C0845","CONCRETO P/VIBR., FCK 35 MPa COM AGREGADO ADQUIRIDO","M3",596.59]
["C0846","CONCRETO P/VIBR., FCK 40 MPa COM AGREGADO ADQUIRIDO","M3",634.48]
["C3731","CONCRETO P/VIBR., FCK 50MPa COM AGREGADO ADQUIRIDO","M3",874.26]
["C0847","CONCRETO PRE-MISTURADO FCK=10 MPa","M3",369.88]
["C0848","CONCRETO PRE-MISTURADO FCK 15 MPa","M3",375.92]
["C0849","CONCRETO PRE-MISTURADO FCK 20 MPa","M3",391.73]
["C0850","CONCRETO PRE-MISTURADO FCK 25 MPa","M3",402.79]
["C0851","CONCRETO PRE-MISTURADO FCK 30 MPa","M3",416.21]
["C0852","CONCRETO PRE-MISTURADO FCK 35 MPa","M3",429.63]
["C4169","CONCRETO PRE-MISTURADO FCK 50 MPa","M3",491.82]
["C0853","CONCRETO PRE-MISTURADO FCK 40 MPa","M3",448.19]
["C4170","CONCRETO PRE-MISTURADO FCK 50 MPa - ALTO DESEMPENHO","M3",666.88]
["C4293","CONCRETO PRÉ-MOLDADO FCK ACIMA DE 50 MPa INCLUSIVE LANÇAMENTO, CURA E TRANSPORTE","M3",848.41]
[]
["C4303","INJEÇÃO DE CONCRETO SUBMERSO C/ PLATAFORMA FLUTUANTE","M3",1338.66]
["C4135","LANÇAMENTO DE CONCRETO EM PRÉ-MOLDADO","M3",41.84]
["C1603","LANÇAMENTO E APLICAÇÃO DE CONCRETO C/ ELEVAÇÃO","M3",268.48]
["C1604","LANÇAMENTO E APLICAÇÃO DE CONCRETO S/ ELEVAÇÃO","M3",159.08000000000001]
["C3531","MUTIRÃO MISTO - CONCRETO P/VIBR., FCK 13.5 MPa COM AGREGADO ADQUIRIDO","M3",377.19]
["ELEMENTOS DE CONCRETO PRÉ FABRICADO",null,null,31213.9]
["C3250","CONFECÇÃO DE BANQUETA / MEIO FIO PRÉ-MOLDADA DE CONCRETO (1,00 x 0,25 x 0,15 m)","M",30.29]
[]
["C3251","CONFECÇÃO DE BANQUETA / MEIO FIO  PRÉ-MOLDADA DE CONCRETO PARA VIAS URBANAS (1,00 x 0,35 x 0,15m)","M",43.92]
[]
["C3606","CONFECÇÃO E MONTAGEM DE ABÓBADAS PRÉ-MOLDADAS DE CONCRETO P/TERMINAL RODOVIARIO  TIPO \"A\"","M",2519.96]
[]
["C3609","CONFECÇÃO E MONTAGEM DE PILAR PRÉ-MOLDADO DE CONCRETO P/TERMINAL RODOVIARIO  TIPO \"A\"","UN",3946.35]
[]
["C3607","CONFECÇÃO E MONTAGEM DE PÓRTICO INDICATIVO PRÉ-MOLDADO DE CONCRETO P/TERMINAL RODOVIÁRIO","UN",15258.49]
[]
["C3608","CONFECÇÃO E MONTAGEM DE SAPATA PRÉ-MOLDADA DE CONCRETO P/TERMINAL RODOVIÁRIO  TIPO \"A\"","M",2220.5300000000002]
[]
["C3610","CONFECÇÃO E MONTAGEM DE VIGA CALHA PRÉ-MOLDADA DE CONCRETO P/TERMINAL RODOVIÁRIO  TIPO \"A\"","M",952.85]
[]
["C3284","ESTACAS DE CONCRETO ARMADO (2,20 x 0,10 x 0,10 M) P/ CERCAS","UN",38.409999999999997]
["C4449","LAJE PRÉ-FABRICADA P/ FÔRRO - VÃO ATÉ 2 m","M2",115.65]
["C4418","LAJE PRÉ-FABRICADA P/ FÔRRO - VÃO DE 2,01 A 3 m","M2",125.88]
["C4419","LAJE PRÉ-FABRICADA P/ FÔRRO - VÃO DE 3,01 A 4 m","M2",130.01]
["C4420","LAJE PRÉ-FABRICADA P/ FÔRRO - VÃO ACIMA DE 4,01 m","M2",134.55000000000001]
["C4448","LAJE PRÉ-FABRICADA P/ PISO - VÃO ATÉ 2 m","M2",118.84]
["C4415","LAJE PRÉ-FABRICADA P/ PISO - VÃO DE 2,01 A 3 m","M2",132.26]
["C4416","LAJE PRÉ-FABRICADA P/ PISO - VÃO DE 3,01 A 4 m","M2",137.63]
["C4417","LAJE PRÉ-FABRICADA P/ PISO - VÃO ACIMA DE 4,01 m","M2",139.13]
["C4455","LAJE PRÉ-FABRICADA TRELIÇADA P/ FÔRRO - VÃO ATÉ 2,80 m","M2",132.34]
["C4456","LAJE PRÉ-FABRICADA TRELIÇADA P/ FÔRRO - VÃO  DE 2,81 A 3,80 m","M2",132.61000000000001]
["C4457","LAJE PRÉ-FABRICADA TRELIÇADA P/ FÔRRO - VÃO  DE 3,81 A 4,80 m","M2",141.37]
["C4458","LAJE PRÉ-FABRICADA TRELIÇADA P/ FÔRRO - VÃO  ACIMA DE 4,81 m","M2",176.96]
["C4450","LAJE PRÉ-FABRICADA TRELIÇADA P/ PISO - VÃO ATÉ 1,80 m","M2",129.28]
["C4451","LAJE PRÉ-FABRICADA TRELIÇADA P/ PISO - VÃO DE 1,81 A 2,80 m","M2",141.02000000000001]
["C4452","LAJE PRÉ-FABRICADA TRELIÇADA P/ PISO - VÃO DE 2,81 A 3,80 m","M2",147.43]
["C4453","LAJE PRÉ-FABRICADA TRELIÇADA P/ PISO - VÃO DE 3,81 A 4,80 m","M2",149.61000000000001]
["C4454","LAJE PRÉ-FABRICADA TRELIÇADA P/ PISO - VÃO ACIMA DE 4,81 m","M2",170.01]
["C2881","MONTAGEM DE ANEL PRÉ-MOLDADO D=0,60m, h=0,50m","UN",9.5500000000000007]
["C3459","MONTAGEM  DE ANEL PRÉ-MOLDADO D=1,00m  h=0,50m","UN",27.58]
["C4598","MONTAGEM DE ANEL PREMOLDADO D=1,20m h=0,50m MSD FUNASA TIPO 10 (MATERIAL E EXECUÇÃO)","UN",37.380000000000003]
[]
["C3460","MONTAGEM  DE ANEL PRÉ-MOLDADO D=1,50m  h=0,50m","UN",49.94]
["C2882","MONTAGEM DE ANEL PRÉ-MOLDADO P/DECANTO DIGESTOR/FILTRO ANAERÓBIO","UN",63.2]
["C2883","MONTAGEM DE CALHA VERTEDOURA PRÉ-MOLDADA P/FILTRO ANAERÓBIO","UN",31.8]
["C2884","MONTAGEM DE CÂMARA DE DECANTAÇÃO PRÉ-MOLDADA","UN",365.13]
["C2885","MONTAGEM DE TAMPA DE FECHAMENTO/LAJE DE FUNDO P/ANEL D=600MM","UN",5.84]
["C2886","MONTAGEM DE TAMPA PRÉ-MOLDADA P/DECANTO/FILTRO/FUNDO FALSO","UN",52.58]
["C3289","MOURÃO DE CONCRETO (2,20 x 0,15 x 0,15 M)","UN",87.37]
["C1838","PAINEL PROTENDIDO P/PISOS/PAREDES DE VEDAÇÃO ESP.=10cm","M2",214.37]
["C1839","PAINEL PROTENDIDO P/PISOS/PAREDES DE VEDAÇÃO ESP.=15cm","M2",262.68]
["C1840","PAINEL PROTENDIDO P/PISOS/PAREDES DE VEDAÇÃO ESP.=20cm","M2",319.87]
["C1841","PAINEL PROTENDIDO P/PISOS/PAREDES DE VEDAÇÃO ESP.=25cm","M2",327.58999999999997]
["C1842","PAINEL-COBERTURA DE CONCRETO CELULAR AUTOCLAVADO ARMADO, C/ DIMENSÕES 7,5X40X280cm","M2",95.01]
[]
["C1843","PAINEL-LAJE DE CONCRETO CELULAR AUTOCLAVADO, C/ DIMENSÕES 10X40X280cm","M2",109.82]
["C1899","PEÇAS PRÉ- MOLDADAS (PM) DE CONCRETO, ESP.= 3cm","M2",437.91]
["C1900","PEÇAS PRÉ- MOLDADAS (PM) DE CONCRETO, ESP.= 4cm","M2",452.37]
["C1901","PEÇAS PRÉ- MOLDADAS (PM) DE CONCRETO, ESP.= 5cm","M2",459.64]
["C1886","PÉRGOLAS PRÉ-MOLDADAS (PM) DE CONCRETO, ESP.= 5cm","M2",438.89]
["JUNTA DE DILATAÇÃO",null,null,3845.25]
["C4998","FUNGENBAND PARA JUNTA DE DILATAÇÃO, O-22, ATÉ  5MCA","M",108.44]
["C4999","FUNGENBAND PARA JUNTA DE DILATAÇÃO, O-22, ATÉ 30MCA","M",150.66]
["C5000","FUNGENBAND PARA JUNTA DE DILATAÇÃO, O-35/06, ATÉ 100MCA","M",240.09]
["C5001","FUNGENBAND PARA JUNTA DE DILATAÇÃO, O-35/10, ATÉ 100MCA","M",311.20999999999998]
["C4073","JUNTA ASFÁLTICA NAS PLACAS DOS TALUDES DAS LAGOAS (SEÇÃO 1,5 x 3,0 cm)","M",12.38]
["C3732","JUNTA DE DILATAÇÃO À BASE DE MASTIQUE (1.00 x 1.00cm)","M",24.4]
["C4209","JUNTA DILATAÇÃO COM CORDA DE SISAL E ASFALTO OXIDADO (SEÇÃO 1,5 x 3 cm)","M",16.649999999999999]
["C5009","JUNTA DE MOVIMENTAÇÃO PARA ESTRUTURA DE CONCRETO DE 20 X 40 MM (TIPO JUNTA JEENE 20/30 VV OU SIMILAR)\n","M",521.58000000000004]
[]
["C5008","JUNTA DE MOVIMENTAÇÃO PARA ESTRUTURA DE CONCRETO DE 25 X 50 MM (TIPO JUNTA JEENE 25/40 VV OU SIMILAR)\n","M",653.64]
[]
["C5007","JUNTA DE MOVIMENTAÇÃO PARA ESTRUTURA DE CONCRETO DE 35 X 60 MM (TIPO JUNTA JEENE 35/50 VV OU SIMILAR)","M",779.93]
[]
["C5010","JUNTA DE MOVIMENTAÇÃO PARA ESTRUTURA DE CONCRETO DE 50 X 80 MM (TIPO JUNTA JEENE 50/70 VV OU SIMILAR)\n","M",919.88]
[]
["C4571","MASTIQUE BETUMINOSO MODIFICADO COM POLIURETANO, TIXOTRÓPICO, BICOMPONENTE PARA JUNTA DE DILATAÇÃO","M",31.67]
[]
["C1814","NEOPRENE P/ JUNTAS DE DILATAÇÃO","M",27.73]
["C2268","SELANTE ELASTRÔMETRO P/ JUNTA DE DILATAÇÃO","M",46.99]
["RECUPERAÇÃO ESTRUTURAL",null,null,6250.79]
["C0005","ACABAMENTO DE PEDREIRO","M2",77.290000000000006]
["C0094","APICOAMENTO EM CONCRETO/PREPARO DA SUPERFÍCIE","M2",36.92]
["C0098","APLICAÇÃO DE ADESIVO ESTRUTURAL BASE EPOXI","KG",133.57]
["C0809","COLOCAÇÃO DE INJETORES","UN",19.14]
["C3156","CONCRETO PROJETADO (MEDIDO NA MÁQUINA 35MPa)","M3",1450.42]
["C0929","CORTE EM CONCRETO DETERIORADO","M2",36.92]
["C3083","EXECUÇÃO DE FUROS EM CONCRETO C/BROCA 1/2\"<= D <=1\"","UN",20.149999999999999]
["C3082","EXECUÇÃO DE FUROS EM CONCRETO C/BROCA 1\"< D <=1 1/2\"","UN",28.63]
["C4410","EXECUÇÃO DE FURO EM CONCRETO COM BROCA - Ø 1 1/2\" A 2\"","M",110.23]
["C3084","EXECUÇÃO DE PINGADEIRAS","M",12.43]
["C3467","FORNECIMENTO E COLOCAÇÃO DE CHUMBADOR PARABOULT DE  3/4\" a 1\"","UN",91.53]
["C2830","FORNECIMENTO E CRAVAÇÃO DE PINOS C/PISTOLA P/FIXAÇÃO DE TELA","UN",5.51]
["C1523","JATEAMENTO DE AR COMPRIMIDO, P/LIMPEZA DE SUPERFÍCIES","M2",17.21]
["C1524","JATEAMENTO DE AREIA À SECO EM SUPERFÍCIES","M2",14.35]
["C3091","LIMPEZA COM JATO DE AREIA/ÁGUA","M2",90.81]
["C3095","LIMPEZA DE SUPERFÍCIE C/ ESCOVA DE AÇO","M2",7.38]
["C2900","PINTURA PROTEÇÃO C/INIBIDOR MIGRATÓRIO CORROSÃO, 3 DEMÃOS","M2",25.17]
["C4738","RECUPERAÇÃO CONCRETO, C/REFORÇO E RECONSTITUIÇÃO “GROUNT”, ESP.=60MM","M2",550.23]
["C4737","RECUPERAÇÃO CONCRETO, C/MICROCONCRETO FLUIDO, ESP.=300MM\n","M2",1954.76]
[]
["C4739","RECUPERAÇÃO CONCRETO, S/REFORÇO E RECONSTITUIÇÃO “GROUNT”, ESP.=60MM","M2",457.06]
["C4740","RECUPERAÇÃO CONCRETO, S/REFORÇO RECONSTITUIÇÃO C/ ARGAMASSA POLIMÉRICA ESP.=25MM","M2",333.84]
[]
["C4741","RECUPERAÇÃO CONCRETO, SÓ REFORÇO DA ARMADURA","M2",272.08999999999997]
["C3102","RECUPERAÇÃO DE GUARDA CORPO","M",324.39]
["C3106","REPOSIÇÃO DE ARMADURA OXIDADA (REFORÇO, FORNECIMENTO, DOBBRAGEM E COLOCAÇÃO)","KG",23.24]
[]
["C3114","SELAGEM DE FISSURAS C/ INJEÇÃO DE RESINAS","KG",157.52000000000001]
["RASGO EM CONCRETO  PARA TUBULAÇÕES",null,null,87.17]
["C2098","RASGO EM CONCRETO P/TUBULAÇÕES D=15 A 25mm (1/2\" A 1\")","M",18.29]
["C2099","RASGO EM CONCRETO P/TUBULAÇÕES D=32 A 50mm (1 1/4\" A 2\")","M",28.49]
["C2100","RASGO EM CONCRETO P/TUBULAÇÕES D=65 A 100mm (2 1/2\" A 4\")","M",40.39]
["OUTROS ELEMENTOS",null,null,5453.89]
["C0090","APARELHO DE APOIO EM NEOPRENE","KG",62.85]
["C3402","BLOCO DE ANCORAGEM EM CONCRETO CICLÓPICO","M3",963.72]
["C3403","BLOCO DE ANCORAGEM EM CONCRETO SIMPLES FCK=10MPa","M3",780.13]
["C3404","BLOCO DE ANCORAGEM EM CONCRETO ESTRUTURAL FCK=15MPa","M3",1767.97]
["C4098","BLOCO DE POLIESTIRENO EXPANDIDO (ISOPOR) EM CAIXÃO PERDIDO","M3",450.29]
["C4379","CANTONEIRA EM AÇO (6 x 6 x 1/2\") - FORNECIMENTO E COLOCAÇÃO","M",294.7]
["C3068","DRENO DE PVC D= 75mm","UN",51.92]
["C4297","DRENOS DE PVC D=75mm","M",174.08]
["C3069","DRENO DE PVC D=100mm","UN",58.88]
["C4326","FORNECIMENTO E COLOCAÇÃO DE CANTONEIRA EM AÇO SAC (3\"X3\"X5/16\")","M",148.08000000000001]
["C3088","FORNECIMENTO E COLOCAÇÃO DE CANTONEIRA DE FERRO (4\"X4\"X3/8\")","KG",36.75]
["C2829","FORNECIMENTO E COLOCAÇÃO DE ISOPOR 20MM (PLACA DE 1,20 X 0,60M)"," M2",23.43]
["C3089","GUARDA CORPO (VARANDA)","M",424.45]
["C1094","MONTAGEM DE APOIO AOS PÓRTICOS","M",216.64]
["CONTENÇÕES",null,null,11503.88]
["ENROCAMENTO E PROTEÇÃO DE TALUDES",null,null,644.09]
["C3077","ENROCAMENTO DE PEDRA ARRUMADA (PRODUZIDA) (S/TRANSPORTE)","M3",117.24]
["C2764","ENROCAMENTO DE PEDRA DE MÃO ARRUMADA (ADQUIRIDA)","M3",200.55]
["C2765","ENROCAMENTO DE PEDRA DE MÃO JOGADA (ADQUIRIDA)","M3",179.24]
["C3078","ENROCAMENTO DE PEDRA JOGADA (PRODUZIDA) (S/TRANSPORTE)","M3",98.06]
["C3079","ENROCAMENTO DE PEDRA JOGADA DE CORTE DE 3.ª CATEGORIA (S/TRANSPORTE)","M3",49]
["ENSECADEIRAS",null,null,734.24]
["C2767","ENSECADEIRA COM SACOS DE AREIA, S/ FORNECIMENTO DE AREIA","M3",103.68]
["C1244","ENSECADEIRA DE PAREDE SIMPLES","M2",180.42]
["C1243","ENSECADEIRA DE PAREDE DUPLA","M2",450.14]
["MURO DE ARRIMO",null,null,6729.92]
["C1808","MURO DE ARRIMO C/ BLOCOS DE CONCRETO ARTICULADO (30X15X28)cm","M2",334.47]
["C1809","MURO DE ARRIMO C/ BLOCOS DE CONCRETO ARTICULADO (60X45X15)cm  C/INJEÇÃO ATÉ 2,5m","M2",505.76]
[]
["C1810","MURO DE ARRIMO C/GABIÃO, ALTURA 2m","M",1661.48]
["C1811","MURO DE ARRIMO C/GABIÃO, ALTURA 4m","M",4228.21]
["GABIÕES",null,null,3395.63]
["C2763","ENCHIMENTO DE GABIÃO COM PEDRA DE MÃO","M3",209.78]
["C1317","ESTIVAS - ESTRUTURAS SUBMERSAS C/GABIÕES-SACO ALT.= 1m","M",1228.07]
["C1422","GABIÃO COLCHÃO ESP.= 30cm","M2",238.15]
["C1420","GABIÃO P/EXECUÇÃO DE OBRAS","M3",650.26]
["C2834","GABIÃO TELA GALV. REVEST. PVC TIPO CAIXA ALT.=0,50m","M3",372.24]
["C2835","GABIÃO TELA GALV. REVEST. PVC TIPO CAIXA ALT.=1,00m","M3",362.92]
["C2836","GABIÃO TELA GALV. REVEST. PVC TIPO COLCHÃO RENO ALT.=0,17m","M2",103.12]
["C2837","GABIÃO TELA GALV. REVEST. PVC TIPO COLCHÃO RENO ALT.=0,23m","M2",110.7]
["C2838","GABIÃO TELA GALV. REVEST. PVC TIPO COLCHÃO RENO ALT.=0,30m","M2",120.39]
["PAREDES E PAINÉIS",null,null,26634.5]
["ALVENARIA DE ELEVAÇÃO",null,null,3600.75]
["C0047","ALVENARIA DE BLOCO CERÂMICO FURADO (9x19x39)cm  C/ARGAMASSA MISTA DE CAL HIDRATADA, ESP=9 cm","M2",36.85]
[]
["C0046","ALVENARIA DE BLOCO CERÂMICO FURADO (19x19x39)cm C/ARGAMASSA MISTA DE CAL HIDRATADA ESP=19 cm","M2",72]
[]
["C3612","ALVENARIA DE BLOCO DE CONCRETO TIPO STONE CINZA (14x19x49)cm C/ARGAMASSA MISTA DE CAL HIDRATADA ESP=14 CM","M2",97.29]
[]
["C3613","ALVENARIA DE BLOCO DE CONCRETO TIPO STONE COLORIDO (14x19x49)cm C/ARGAMASSA MISTA DE CAL HIDRATADA ESP=14 cm\n\n","M2",124.13]
[]
["C3743","ALVENARIA DE BLOCO DE CONCRETO (9x19x39)cm C/ARGAMASSA MISTA DE CAL HIDRATADA ESP=9 cm","M2",64.53]
[]
["C3744","ALVENARIA DE BLOCO DE CONCRETO (14x19x39)cm C/ARGAMASSA MISTA DE CAL HIDRATADA ESP=14 cm","M2",77.22]
[]
["C0048","ALVENARIA DE BLOCO DE CONCRETO (19x19x39)cm C/ARGAMASSA MISTA DE CAL HIDRATADA ESP=19 cm","M2",88.85]
[]
["C0050","ALVENARIA DE BLOCO DE VIDRO C/ARGAMASSA MISTA DE CAL HIDRATADA ESP=10 cm","M2",553.44000000000005]
[]
["C0073","ALVENARIA DE TIJOLO CERÂMICO FURADO (9x19x19)cm C/ARGAMASSA MISTA DE CAL HIDRATADA ESP.=10cm (1:2:8)","M2",62.98]
[]
["C0074","ALVENARIA DE TIJOLO CERÂMICO FURADO (9x19x19)cm C/ARGAMASSA MISTA DE CAL HIDRATADA ESP=20 cm","M2",108.91]
[]
["C3658","ALVENARIA DE TIJOLO CERÂMICO FURADO (9x19x19)cm C/ARGAMASSA MISTA DE CAL HIDRATADA, ESP=30cm","M2",158.83000000000001]
[]
["C0075","ALVENARIA DE TIJOLO COMUM C/ARGAMASSA MISTA DE CAL HIDRATADA 1:2:8   ESP=5 cm","M2",64.819999999999993]
[]
["C0076","ALVENARIA DE TIJOLO COMUM C/ARGAMASSA MISTA DE CAL HIDRATADA 1:2:8   ESP=10 cm","M2",122.43]
[]
["C0077","ALVENARIA DE TIJOLO COMUM C/ARGAMASSA MISTA DE CAL HIDRATADA 1:2:8   ESP=20 cm","M2",214.91]
[]
["C0078","ALVENARIA DE TIJOLO COMUM C/ARGAMASSA MISTA DE CAL HIDRATADA 1:2:8   ESP=30 cm","M2",296.81]
[]
["C3614","ALVENARIA DE TIJOLO MACIÇO APARENTE (23x11x5)cm C/ARGAMASSA MISTA DE CAL HIDRATADA, ESP=11 cm","M2",195.41]
[]
["C3615","ALVENARIA DE TIJOLO MACIÇO APARENTE (23x11x5)cm C/ARGAMASSA MISTA DE CAL HIDRATADA ESP=22 cm","M2",350.34]
[]
["C0061","ALVENARIA DE TIJOLO REFRATÁRIO 1/2 VEZ C/ARGAMASSA 1:4+100 Kg CIMENTO","M2",251.17]
["C0060","ALVENARIA DE TIJOLO REFRATÁRIO 1 VEZ C/ARGAMASSA 1:4+100 Kg CIMENTO","M2",458.05]
["C3533","MUTIRÃO MISTO - ALVENARIA DE TIJOLO CERÂMICO FURADO (9X19X19)cm ARGAMASSA MISTA DE CAL HIDRATADA ESP=10CM","M2",42.3]
[]
["C4507","PAREDE DE BLOCO DE GESSO STAND, INCLUSIVE EMASSAMENTO - FORNECIMENTO E EXECUÇÃO","M2",70.17]
[]
["C4508","PAREDE DE BLOCO DE GESSO HIDROFUGANTE, INCLUSIVE EMASSAMENTO - FORNECIMENTO E EXECUÇÃO","M2",89.31]
[]
["ALVENARIA ESTRUTURAL",null,null,1472.54]
["C0068","ALVENARIA ESTRUTURAL DE BLOCO DE CONCRETO (14x19x39)cm C/ARGAMASSA MISTA DE CAL HIDRATADA ESP=14 cm","M2",90.9]
[]
["C0069","ALVENARIA ESTRUTURAL DE BLOCO DE CONCRETO (19x19x39)cm C/ARGAMASSA MISTA DE CAL HIDRATADA ESP=19 cm","M2",109.17]
[]
["C0064","ALVENARIA ESTRUTURAL DE BLOCO CERÂMICO (9X19X39cm) ESP.=9cm","M2",43.49]
["C0062","ALVENARIA ESTRUTURAL DE BLOCO CERÂMICO (14X19X39cm) ESP.=14cm","M2",46.89]
["C4542","ALVENARIA ESTRUTURAL DE BLOCO CERÂMICO (14X19X39cm) ESP.=14cm - COM SUPERFÍCIE EXTERNA LISA PARA ACABAMENTO APARENTE","M2",58.45]
[]
["C0063","ALVENARIA ESTRUTURAL DE BLOCO CERÂMICO (19X19X39cm) ESP.=19cm","M2",56.57]
["C4585","ALVENARIA ESTRUTURAL DE BLOCO CERÂMICO COM SUPERFÍCIES EXTERNA LISA, PARA ACABAMENTO APARENTE (14x19x29)cm ESP. 14cm, INCLUSIVE PEÇAS ESPECIAIS CALHA U E J","M2",62.63]
[]
["C0079","AMARRAÇÃO EM PAREDES, COM FERRO","UN",174.57]
["C4952","PAREDE PRÉ-MOLDADA EM CONCRETO ARMADO, REFORÇADA PARA PENITENCIÁRIA, ESP.=13CM,\nINCLUSIVE TRANSPORTE E MONTAGEM","M2",405.97]
[]
["C4953","PAREDE PRÉ-MOLDADA EM CONCRETO ARMADO, REFORÇADA PARA PENITENCIÁRIA, ESP.=16CM, INCLUSIVE TRANSPORTE E MONTAGEM","M2",423.9]
[]
["ALVENARIA DE PEDRA",null,null,3418.62]
["C3345","ALVENARIA DE PEDRA ARGAMASSADA (TRAÇO 1:3) C/AGREGADOS ADQUIRIDOS","M3",569.65]
["C3346","ALVENARIA DE PEDRA ARGAMASSADA (TRAÇO 1:3) C/AGREGADOS PRODUZIDOS (S/TRANSP)","M3",461.19]
[]
["C3347","ALVENARIA DE PEDRA ARGAMASSADA (TRAÇO 1:4) C/AGREGADOS ADQUIRIDOS","M3",543.87]
["C0057","ALVENARIA DE PEDRA ARGAMASSADA (TRAÇO 1:4) C/AGREGADOS PRODUZIDOS (S/TRANSP)","M3",435.42]
[]
["C3723","ALVENARIA DE PEDRA ARGAMASSADA (TRAÇO 1:6) C/AGREGADOS ADQUIRIDOS","M3",517.89]
["C0058","ALVENARIA DE PEDRA ARGAMASSADA (TRAÇO 1:2:8) C/ AGREGADOS ADQUIRIDOS","M3",557.30999999999995]
["C3529","MUTIRÃO MISTO - ALVENARIA DE PEDRA ARGAMASSADA (TRAÇO 1:6) C/AGREGADOS ADQUIRIDOS","M3",333.29]
[]
["RASGO EM ALVENARIA P/ TUBULAÇÕES",null,null,34.44]
["C2095","RASGO EM ALVENARIA P/TUBULAÇÕES D=15 A 25mm (1/2\" A 1\")","M",7.12]
["C2096","RASGO EM ALVENARIA P/TUBULAÇÕES D=32 A 50mm (1 1/4\" A 2\")","M",11.16]
["C2097","RASGO EM ALVENARIA P/TUBULAÇÕES D=65 A 100mm (2 1/2\" A 4\")","M",16.16]
["DIVISÓRIAS",null,null,4494.6899999999996]
["C4495","DIVISÓRIA DE GESSO ACARTONADO e=48mm, S/ REVESTIMENTO - FORNECIMENTO E MONTAGEM","M2",121.15]
[]
["C4496","DIVISÓRIA DE GESSO ACARTONADO e=70mm, S/ REVESTIMENTO - FORNECIMENTO E MONTAGEM","M2",123.5]
[]
["C1134","DIVISÓRIA DE GRANILITE C/ARGAMASSA DE CIMENTO E AREIA","M2",297.74]
["C4070","DIVISÓRIA DE GRANITO CINZA E=2cm","M2",472.42]
["C4096","DIVISÓRIA DE GRANITO CINZA E=3cm","M2",503.66]
["C1142","DIVISÓRIA PRÉ-MOLDADA EM CONCRETO ESP.=5cm","M2",195.7]
["C4486","DIVISÓRIA PAINEL CELULAR, MONTANTE/RODAPÉ SIMPLES, PERFIL EM AÇO - FORNECIMENTO E MONTAGEM","M2",107.41]
[]
["C4488","DIVISÓRIA PAINEL CELULAR, MONTANTE/RODAPÉ SIMPLES, PERFIL EM ALUMÍNIO - FORNECIMENTO E MONTAGEM","M2",109.31]
[]
["C4487","DIVISÓRIA PAINEL CELULAR, MONTANTE/RODAPÉ DUPLO, PERFIL EM AÇO - FORNECIMENTO E MONTAGEM","M2",128.09]
[]
["C4489","DIVISÓRIA PAINEL CELULAR, MONTANTE/RODAPÉ DUPLO, PERFIL EM ALUMÍNIO - FORNECIMENTO E MONTAGEM","M2",136.63999999999999]
[]
["C4497","DIVISÓRIA PAINEL FIBRAROC, MONTANTE/RODAPÉ SIMPLES, PERFIL EM AÇO - FORNECIMENTO E MONTAGEM","M2",266.44]
[]
["C4498","DIVISÓRIA PAINEL FIBRAROC, MONTANTE/RODAPÉ SIMPLES, PERFIL EM ALUMÍNIO - FORNECIMENTO E MONTAGEM","M2",299.38]
[]
["C4499","DIVISÓRIA PAINEL FIBRAROC, MONTANTE/RODAPÉ DUPLO, PERFIL EM AÇO - FORNECIMENTO E MONTAGEM","M2",277.08999999999997]
[]
["C4500","DIVISÓRIA PAINEL FIBRAROC, MONTANTE/RODAPÉ DUPLO, PERFIL EM ALUMÍNIO - FORNECIMENTO E MONTAGEM","M2",311.35000000000002]
[]
["C4493","DIVISÓRIA PAINEL PVC, MONTANTE/RODAPÉ SIMPLES, PERFIL EM AÇO - FORNECIMENTO E MONTAGEM","M2",224.21]
[]
["C4494","DIVISÓRIA PAINEL PVC, MONTANTE/RODAPÉ SIMPLES, PERFIL EM ALUMÍNIO - FORNECIMENTO E MONTAGEM","M2",272.64]
[]
["C5214","REMANEJAMENTO DE DIVISÓRIA LEVE - DESMONTAGEM E REMONTAGEM","M2",26.88]
["C4490","VÃO DE PORTA - PORTA COMPLETA C/ FECHADURA TIPO CILINDRO, P/ DIVISÓRIAS EM GERAL (SEM REQUADRO) - FORNECIMENTO E MONTAGEM","UN",212.82]
[]
["C4491","VÃO DE PORTA - PORTA COMPLETA C/ FECHADURA TIPO CILINDRO, P/ DIVISÓRIAS EM GERAL (COM REQUADRO EM ALUMÍNIO) - FORNECIMENTO E MONTAGEM","UN",228.83]
[]
["C4492","VIDRO TRANSPARENTE LISO 4mm, P/ DIVISÓRIAS EM GERAL FORNECIMENTO E MONTAGEM","M2",179.43]
[]
["ELEMENTOS VAZADOS",null,null,3013.95]
["C1177","ALVENARIA DE BLOCOS DE VIDRO (20x20x10)cm","M2",524.41999999999996]
["C1174","ALVENARIA DE ELEMENTO VAZADO CERÂMICO (20X20X10cm) C/ARG. CIMENTO E AREIA TRAÇO 1:3","M2",126.65]
[]
["C1175","ALVENARIA DE ELEMENTO VAZADO DE CONCRETO (20X10X6cm) C/ARG. CIMENTO E AREIA TRAÇO 1:3 ANTI-CHUVA","M2",300.45]
[]
["C1176","ALVENARIA DE ELEMENTO VAZADO DE CONCRETO (20X20X20cm) C/ARG. CIMENTO E AREIA TRAÇO 1:3","M2",246.66]
[]
["C0051","ALVENARIA DE ELEMENTO VAZADO DE CONCRETO (32X12X6cm) C/ARG. CIMENTO E AREIA TRAÇO 1:3 TIPO PESTANA","M2",313.27999999999997]
[]
["C0052","ALVENARIA DE ELEMENTO VAZADO DE CONCRETO (50X50X6cm) C/ARG. CIMENTO E AREIA TRAÇO 1:3 ANTI-CHUVA","M2",130.91]
[]
["C0804","COBOGÓ ANTI-CHUVA (50x40)cm C/ARG. CIMENTO E AREIA TRAÇO 1:3","M2",181.2]
["C0805","COBOGÓ DE CIMENTO TIPO DIAMANTE","M2",142.94999999999999]
["C0806","COBOGÓ DE CIMENTO TIPO VENEZIANO (50X50X6)cm C/ARG. CIMENTO E AREIA TRAÇO 1:3","M2",140]
[]
["C4525","COBOGÓ DE VIDRO (20x10x18)cm","M2",748.79]
["C3534","MUTIRÃO MISTO - COBOGÓ ANTI-CHUVA (50X40)cm","M2",158.63999999999999]
["VERGAS E CHAPIM",null,null,3732.19]
["C3521","CHAPIM EM GRANITO VERDE MERUOCA","M2",348.79]
["C0773","CHAPIM PRÉ-MOLDADO DE CONCRETO","M2",136.66]
["C3532","MUTIRÃO MISTO - VERGA RETA DE CONCRETO ARMADO","M3",1351.95]
["C2665","VERGA EM ARCO DE CONCRETO ARMADO","M",86.39]
["C2666","VERGA RETA DE CONCRETO ARMADO","M3",1808.4]
["OUTROS ELEMENTOS",null,null,6867.32]
["C0383","BATE-MACAS EM AÇO INOXIDÁVEL CONTRA IMPACTO EM PAREDE","M",470.69]
["C0384","BATE-MACAS EM MADEIRA BOLEADA","M",125.64]
["C4501","FACHADA DE VIDRO TEMPERADO DE 10mm FIXADO COM SPIDER GLASS","M2",867.47]
["C4444","FACHADA METÁLICA PADRÃO PARA DELEGACIAS","M2",609.74]
["C1391","FLANELÓGRAFO EM MONTANTE DE MADEIRA","M2",286.99]
["C1791","MESA EM ALVENARIA, TAMPO CONCRETO PRÉ-MOLDADO, ACABADA","M2",370.04]
["C1836","PAINEL ESTRUTURADO AÇO INOX, ESCOVADO CHAPA 20","M2",895.23]
["C1837","PAINEL INFORMATIVO DUPLO C/PORTA DE CORRER EM VIDRO","M2",913.83]
["C1897","PEÇA DE MADEIRA BOLEADA NAS QUINAS FIXADAS EM PAREDES","M",59.06]
["C0032","PORTA EM PVC P/DIVISÓRIA (0,80X2,10)M COMPLETA - FORNECIMENTO E MONTAGEM","UN",410.13]
["C4756","PRATELEIRA DE GRANITO CINZA ESP.=2CM                                    \n","M2",299.49]
[]
["C2910","PRATELEIRA DE MADEIRA DE LEI PLAINADA","M2",175.35]
["C2023","PRATELEIRA DE MÁRMORE NATURAL POLIDA DE 1 FACE","M2",367.8]
["C2024","PRATELEIRA DE MÁRMORE NATURAL POLIDA DE 2 FACES","M2",367.8]
["C2021","PRATELEIRA DE MARMORITE NATURAL POLIDA DE 1 FACE","M2",174.55]
["C2022","PRATELEIRA DE MARMORITE NATURAL POLIDA DE 2 FACES","M2",196.14]
["C4757","PRATELEIRA PRÉ-MOLDADA \"IN LOCO\" DE CONCRETO ESP.=5,0CM                                \n","M2",262.52999999999997]
[]
["C3674","SUPORTE EM BARRA CHATA DE FERRO ENGASTADO NA PAREDE P/BANCADAS E/OU PRATELEIRAS","UN",14.84]
[]
["ESQUADRIAS E FERRAGENS",null,null,94042.55]
["ESQUADRIAS DE MADEIRA",null,null,43147.519999999997]
["C0363","BANDEIROLA EM MADEIRA","M2",196.63]
["C1284","ESQUADRIAS DE MADEIRA E VIDRO","M2",462.74]
["C3544","JANELA TIPO FICHA (1.40X1.10)m - MADEIRA MISTA - COMPLETA - PADRÃO POPULAR","UN",402.98]
["C1519","JANELA VENEZIANA MÓVEL (S/ACESSÓRIOS)","M2",318.05]
["C3543","MUTIRÃO MISTO - JANELA TIPO FICHA (1.40X1.10)m - MADEIRA MISTA - COMPLETA","UN",305.51]
["C3541","MUTIRÃO MISTO - PORTA TIPO FICHA (0.60X2.10)m - MADEIRA MISTA - COMPLETA","UN",354.93]
["C3537","MUTIRÃO MISTO - PORTA TIPO FICHA (0.80X2.10)m - ROLADA MADEIRA MISTA - COMPLETA C/FECHADURA","UN",426.61]
[]
["C3539","MUTIRÃO MISTO - PORTA TIPO FICHA (0.80X2.10)m - ROLADA MADEIRA MISTA - COMPLETA S/FECHADURA","UN",373.49]
[]
["C1959","PORTA COMPENSADO P/ARMÁRIO EMBUTIDO C/BATENTE DE (7X1.5)cm","M2",184.42]
["C1960","PORTA COMPENSADO P/ARMÁRIO SOB PIA","M2",192.33]
["C1962","PORTA COMPLETA, BLINDOR/CHUMBO (0,60X2.1O)m (S/ACESSÓRIOS)","UN",2663.81]
["C1963","PORTA COMPLETA, BLINDOR/CHUMBO (0,80X2,10)m  (S/ACESSÓRIOS)","UN",3497.66]
["C1961","PORTA COMPLETA, BLINDOR/CHUMBO (1,20X2,10)m (S/ACESSÓRIOS)","UN",5165.37]
["C1977","PORTA EXTERNA DE CEDRO LISA COMPLETA UMA FOLHA (0.80X 2.10)m","UN",940.75]
["C1978","PORTA EXTERNA DE CEDRO LISA COMPLETA UMA FOLHA (0.90X2.10)m","UN",990.83]
["C1979","PORTA EXTERNA DE CEDRO LISA COMPLETA UMA FOLHA (1.00X2.10)m","UN",1013.52]
["C1985","PORTA INTERNA DE CEDRO LISA COMPLETA UMA FOLHA (0.60X 2.10)m","UN",934.72]
["C1986","PORTA INTERNA DE CEDRO LISA COMPLETA UMA FOLHA (0.70X 2.10)m","UN",958.9]
["C1987","PORTA INTERNA DE CEDRO LISA COMPLETA UMA FOLHA (0.80X 2.10)m","UN",1002.81]
["C1988","PORTA INTERNA DE CEDRO LISA COMPLETA UMA FOLHA (0.90X 2.10)m","UN",1052.8900000000001]
["C1989","PORTA INTERNA DE CEDRO LISA COMPLETA UMA FOLHA (1.00X 2.10)m","UN",1075.58]
["C1974","PORTA EXTERNA DE CEDRO LISA COMPLETA DUAS FOLHAS (1.60X2.10)m","UN",1408.08]
["C1975","PORTA EXTERNA DE CEDRO LISA COMPLETA DUAS FOLHAS (1.80X2.10)m","UN",1508.24]
["C1976","PORTA EXTERNA DE CEDRO LISA COMPLETA DUAS FOLHAS (2.00X2.10)m","UN",1553.62]
["C1980","PORTA INTERNA DE CEDRO LISA COMPLETA DUAS FOLHAS (1.20X 2.10)m","UN",1333.11]
["C1981","PORTA INTERNA DE CEDRO LISA COMPLETA DUAS FOLHAS (1.40X 2.10)m","UN",1381.47]
["C1982","PORTA INTERNA DE CEDRO LISA COMPLETA DUAS FOLHAS (1.60X 2.10)m","UN",1469.29]
["C1983","PORTA INTERNA DE CEDRO LISA COMPLETA DUAS FOLHAS (1.80X 2.10)m","UN",1569.45]
["C1984","PORTA INTERNA DE CEDRO LISA COMPLETA DUAS FOLHAS (2.00X 2.10)m","UN",1614.83]
["C4604","PORTA EXTERNA DE MUIRACATIARA 1 FOLHA COMPLETA (0,60x2,10x0,03m)","UN",1374.97]
["C1992","PORTA TIPO EUCATEX  (S/ACESSÓRIOS)","UN",275.60000000000002]
["C3405","PORTA TIPO FICHA  EXTERNA-PADRÃO FUNASA (0,55X1,90m)","UN",430.68]
["C3542","PORTA TIPO FICHA (0.60X2.10)m - MADEIRA MISTA - COMPLETA - PADRÃO POPULAR","UN",452.4]
["C3538","PORTA TIPO FICHA (0.80X2.10)m - ROLADA MADEIRA MISTA - COMPLETA C/FECHADURA - PADRÃO POPULAR","UN",524.53]
[]
["C3540","PORTA TIPO FICHA (0.80X2.10)m - ROLADA MADEIRA MISTA - COMPLETA S/FECHADURA - PADRÃO POPULAR","UN",470.96]
[]
["C1993","PORTA TIPO FICHA EMBUTIDA (S/ACESSÓRIOS)","M2",430.3]
["C1994","PORTA TIPO PARANÁ (S/ACESSÓRIOS)","M2",150.28]
["C4423","PORTA TIPO PARANÁ (0,60 x 2,10 m), C/ FERRAGENS","UN",362.67]
["C4424","PORTA TIPO PARANÁ (0,60 x 2,10 m), COMPLETA","UN",1042.77]
["C4425","PORTA TIPO PARANÁ (0,70 x 2,10 m), C/ FERRAGENS","UN",374.05]
["C4426","PORTA TIPO PARANÁ (0,70 x 2,10 m), COMPLETA","UN",1054.1500000000001]
["C4427","PORTA TIPO PARANÁ (0,80 x 2,10 m), C/ FERRAGENS","UN",393.17]
["C4428","PORTA TIPO PARANÁ (0,80 x 2,10 m), COMPLETA","UN",1073.27]
["C4396","PORTA TIPO VENEZIANA  0,60x1.80 (FORNECIMENTO E MONTAGEM)","UN",385.1]
["ESQUADRIAS METÁLICAS",null,null,38124.85]
["C0807","COFRE-TRANCA PARA GRADES DE FERRO SEGURANÇA MÁXIMA","UN",2604.17]
["C4560","GRADE DE ALUMÍNIO DE PROTEÇÃO","M2",277.82]
["C1426","GRADE DE FERRO DE PROTEÇÃO","M2",239.77]
["C3681","GRADE DE FERRO TUBULAR C/MOLDURA EM BARRA CHATA DE FERRO","M2",453.07]
["C4955","GRADE DE FERRO P/CELAS DE SEGURANÇA MÁXIMA, EM FERRO CHATO 2\" X 3/8\" (40KG/M2) E AÇO CA-60 (32KG/M2)","M2",1103.06]
[]
["C1437","GRELHA DE FERRO P/CANALETAS","M2",249.27]
["C4830","JANELA BASCULANTE EM ALUMÍNIO ANODIZADO NATURAL, EXCLUSIVE VIDRO","M2",527.57000000000005]
["C1516","JANELA DE ALUMÍNIO, TIPO VENEZIANA","M2",658.93]
["C1517","JANELA DE FERRO TIPO CAIXILHO BASCULANTE OU FIXO","M2",363.58]
["C1518","JANELA DE FERRO TIPO CAIXILHO DE CORRER OU MAXIMAR","M2",418.28]
["C4515","JANELA EM ALUMÍNIO ANODIZADO NATURAL/FOSCO, DE CORRER, COM BANDEIROLA E/OU PEITORIL, SEM VIDRO - FORNECIMENTO E MONTAGEM","M2",366.28]
[]
["C4513","JANELA EM ALUMÍNIO ANODIZADO NATURAL/FOSCO, DE CORRER, SEM BANDEIROLA E/OU PEITORIL, SEM VIDRO - FORNECIMENTO E MONTAGEM","M2",311.95]
[]
["C4519","JANELA EM ALUMÍNIO ANODIZADO PRETO, DE CORRER, SEM BANDEIROLA E/OU PEITORIL, SEM VIDRO - FORNECIMENTO E MONTAGEM","M2",344.72]
[]
["C4521","JANELA EM ALUMÍNIO ANODIZADO PRETO, DE CORRER, COM BANDEIROLA E/OU PEITORIL, SEM VIDRO - FORNECIMENTO E MONTAGEM","M2",397.68]
[]
["C1958","PORTA DE FERRO COMPACTA EM CHAPA, INCLUS. BATENTES E FERRAGENS","M2",387.07]
["C1966","PORTA CORTA-FOGO UMA FOLHA (0,80X2,10)m  OU  (0,90x2,10)m","UN",1240.45]
["C1964","PORTA CORTA-FOGO DUAS FOLHAS LARG.=1,20 A 2,20m  E ALT.=2,10 A 2,40 m","UN",1396.65]
["C1965","PORTA CORTA-FOGO INDUSTRIAL DE CORRER","M2",2042.21]
["C1969","PORTA DE AÇO EM CHAPA ONDULADA OU GRADES DE ENROLAR","M2",359.69]
["C1967","PORTA DE ALUMÍNIO ANODIZADO COMPACTA","M2",640.1]
["C1968","PORTA DE ALUMÍNIO C/VIDRO CRISTAL TEMPERADO","M2",447.85]
["C1973","PORTA DE ALUMÍNIO E ACRÍLICO","M2",494.39]
["C1970","PORTA DE FERRO EM CHAPA","M2",292.7]
["C4518","PORTA EM ALUMÍNIO ANODIZADO NATURAL/FOSCO, DE ABRIR, COM BANDEIROLA E/OU PEITORIL, SEM VIDRO - FORNECIMENTO E MONTAGEM","M2",449.4]
[]
["C4517","PORTA EM ALUMÍNIO ANODIZADO NATURAL/FOSCO, DE ABRIR, SEM BANDEIROLA E/OU PEITORIL, SEM VIDRO - FORNECIMENTO E MONTAGEM","M2",407.91]
[]
["C4516","PORTA EM ALUMÍNIO ANODIZADO NATURAL/FOSCO, DE CORRER, COM BANDEIROLA E/OU PEITORIL, SEM VIDRO - FORNECIMENTO E MONTAGEM","M2",438.25]
[]
["C4514","PORTA EM ALUMÍNIO ANODIZADO NATURAL/FOSCO, DE CORRER, SEM BANDEIROLA E/OU PEITORIL, SEM VIDRO - FORNECIMENTO E MONTAGEM","M2",404.39]
[]
["C4524","PORTA EM ALUMÍNIO ANODIZADO PRETO, DE ABRIR, COM BANDEIROLA E/OU PEITORIL, SEM VIDRO - FORNECIMENTO E MONTAGEM","M2",494.41]
[]
["C4523","PORTA EM ALUMÍNIO ANODIZADO PRETO, DE ABRIR, SEM BANDEIROLA E/OU PEITORIL, SEM VIDRO - FORNECIMENTO E MONTAGEM","M2",451.93]
[]
["C4522","PORTA EM ALUMÍNIO ANODIZADO PRETO, DE CORRER, COM BANDEIROLA E/OU PEITORIL, SEM VIDRO - FORNECIMENTO E MONTAGEM","M2",464.45]
[]
["C4520","PORTA EM ALUMÍNIO ANODIZADO PRETO, DE CORRER, SEM BANDEIROLA E/OU PEITORIL, SEM VIDRO - FORNECIMENTO E MONTAGEM","M2",449.4]
[]
["C3737","PORTA FRIGORÍFICA TERMO-ISOLANTE DE ACIONAMENTO MANUAL C/AQUECIMENTO. 2100X1000X150MM -( FORNECIMENTO","UN",3352.31]
[]
["C1991","PORTA SASAZAKI-VENEZIANA, INCLUSIVE BATENTES E FERRAGENS","M2",385.84]
["C4872","PORTÃO COM PERFIL EM TUBO DE AÇO GALVANIZADO DE 2\" (1X2,5)m, INCL. PILARES DE SUSTENTAÇÃO","UN",1858.25]
[]
["C4873","PORTÃO COM PERFIL EM TUBO DE AÇO GALVANIZADO DE 2\" (4X2,5)m, INCL. PILARES DE SUSTENTAÇÃO","UN",5316.16]
[]
["C3733","PORTÃO DE ALUMÍNIO ANODIZADO NATURAL, FECHAMENTO TOTAL C/ LAMBRI BOLA E CORREDIÇO (FORNECIMENTO E MONTAGEM)","M2",485.06]
[]
["C4397","PORTÃO DE ALUMÍNIO EM TUBOS DE 20 mm (FORNECIMENTO E MONTAGEM)","M2",448.84]
["C1999","PORTÃO DE FERRO EM BARRA CHATA TIPO TIJOLINHO","M2",211.68]
["C3659","PORTÃO DE METALON E BARRA CHATA DE FERRO C/FECHADURA E DOBRADIÇA, INCLUS. PINTURA ESMALTE SINTÉTICO","M2",487.12]
[]
["C2903","PORTÃO DE TUBO DE AÇO GALVANIZADO DE 2\" (1X2)m, INCL. PILARES DE SUSTENTAÇÃO","UN",1457.24]
[]
["C2904","PORTÃO DE TUBO DE AÇO GALVANIZADO DE 2\" (4X2)m, INCL.. PILARES DE SUSTENTAÇÃO","UN",4335.8599999999997]
[]
["C3729","REMANEJAMENTO DE ESQUADRIAS DE ALUMÍNIO","M2",78.59]
["C2423","TELA METÁLICA AÇO GALVANIZADO, MALHA (13 X 13)MM2","M2",137.96]
["C3249","TRANCA EM FERRO PARA CELAS PRISIONAIS","UN",376.61]
["C4400","TELA DE AÇO ELETROSOLDADA COM FIOS DE 3,4mm C/ 15 cm (INSTALADO)","KG",8.25]
["C4401","TELA DE AÇO ELETROSOLDADA COM FIOS DE 5,0mm C/ 15 cm (INSTALADO)","KG",7.68]
["MOBILIÁRIO",null,null,5233.54]
["C0221","ARMÁRIO ALTO EM DIVISÓRIA (ABERTO)","M2",370.91]
["C0222","ARMÁRIO BAIXO EM DIVISÓRIA (FECHADO)","M2",504.03]
["C0223","ARMÁRIO DE AÇO P/ UTENSÍLIOS (1.90X0.90X0.50)m","UN",701.88]
["C0224","ARMÁRIO DE AÇO TIPO ESCANINHO - MODELO 3 PORTAS","UN",274.74]
["C0226","ARMÁRIO EM BRUMASA REVESTIDO COM FÓRMICA","M2",358.8]
["C0227","ARMÁRIO SOBREPOR EM MADEIRA C/ CAPEADO EM CEREJEIRA","M2",688.9]
["C0228","ARMÁRIO SOBREPOR EM MADEIRA SUCUPIRA","M2",656.44]
["C0353","BALCÃO EM BRUMASA REVESTIDO EM FÓRMICA","M2",674.89]
["C1450","GUARDA-ROUPA EM MADEIRA SUCUPIRA","M2",543.53]
["C2134","RECIPIENTE PRÉ-MOLDADO C/PORTA EM CHAPA DE AÇO, P/GUARDAR TELEVISÃO","UN",294.43]
["C2295","SUPORTE METÁLICO PARA TELEVISÃO","UN",164.99]
["OUTROS ELEMENTOS",null,null,7536.64]
["C0042","ALIZAR (GUARNIÇÃO) DE MADEIRA","M",10.46]
["C4422","ALIZAR DE MADEIRA L= 5 cm (1 FACE)","CJ",46.95]
["C3437","ARMADOR DE EMBUTIR","UN",33.56]
["C3438","ARMADOR TIPO RABO DE ANDORINHA","UN",24.2]
["C3651","BATE-MACAS EM AÇO INOXIDÁVEL CONTRA IMPACTO EM PORTA DE MADEIRA","M2",796.98]
["C0585","CADEADO GRANDE PARA CELAS","UN",169]
["C0586","CADEADO MÉDIO","UN",28.49]
["C0587","CADEADO PEQUENO","UN",19.14]
["C0699","CAPEADO DE CEREJEIRA C/APLICAÇÃO","M2",54.75]
["C0700","CAPEADO DE MOGNO C/ APLICAÇÃO","M2",65.760000000000005]
["C0701","CAPEADO DE PAU-MARFIM C/ APLICAÇÃO","M2",61.94]
["C0922","CORRIMÃO EM ALUMÍNIO ANODIZADO","M",104.62]
["C0923","CORRIMÃO EM MADEIRA MACIÇA ( PINTADA )","M",86.3]
["C0924","CORRIMÃO EM TUBO DE AÇO INOX","M",199.2]
["C1144","DOBRADIÇA CROMADA 3\" X 2 1/2\"","UN",28.59]
["C1143","DOBRADIÇA CROMADA 3 1/2\" X 3\"","UN",47.81]
["C1145","DOBRADIÇA CROMADA TIPO PALMELA","UN",27.91]
["C1146","DOBRADIÇA CROMADA TIPO VAI - VEM","UN",122.46]
["C4588","DOBRADIÇA DE FERRO (PADRÃO POPULAR)","UN",24.1]
["C4552","DOBRADIÇA PARA FIXAÇÃO EM GRANITO","UN",111.54]
["C1360","FECHADURA COMPLETA PARA PORTA EXTERNA","UN",153.5]
["C1361","FECHADURA COMPLETA PARA PORTA INTERNA","UN",145.21]
["C1362","FECHADURA DE TARJETA (LIVRE-OCUPADA)","UN",108.7]
["C4553","FECHADURA DE TARJETA (LIVRE-OCUPADA) PARA FIXAÇÃO EM GRANITO","UN",108.7]
["C4587","FECHADURA DE SOBREPOR (PADRÃO POPULAR)","UN",139.63999999999999]
["C1364","FERROLHO DE SOBREPOR OU EMBUTIR GRANDE","UN",26.97]
["C1365","FERROLHO DE SOBREPOR OU EMBUTIR MÉDIO","UN",23.46]
["C1366","FERROLHO DE SOBREPOR OU EMBUTIR PEQUENO","UN",12.85]
["C1407","FORRAMENTO EM AÇO (BATENTAÇO) LARG. =12cm","M",59.15]
["C3673","FORRAMENTO EM AÇO C/PERFIL \"U\"  L=15CM  - PARA PRESÍDIOS","M",57.02]
["C4421","FORRAMENTO DE MADEIRA L = 15 cm","CJ",586.20000000000005]
["C1408","FORRAMENTO OU BATENTE DE MADEIRA","M",67.38]
["C1447","GUARDA CORPO C/BARRA CHATA DE FERRO E CORRIMÃO EM MADEIRA MACIÇA","M2",208]
["C3683","GUARDA CORPO DE MADEIRA E CORDA DE SISAL","M",102.27]
["C1449","GUARDA CORPO METÁLICO EM TUBO DE AÇO GALVANIZADO DE 2 1/2\"","M",365.28]
["C1795","MOLA HIDRÁULICA P/PORTA DE VIDRO","UN",780.73]
["C4954","MOLA PNEUMÁTICA DE PISO, EM AÇO INOX, BLINDADA, P/ PORTAS DE ATÉ 120KG E LARGURA ATÉ 1,20M, COMPLETA","UN",289.85000000000002]
[]
["C1796","MOLA P/ PORTA TIPO COIMBRA","UN",187.47]
["C3552","MUTIRÃO MISTO - ARMADOR RABO DE ANDORINHA","UN",17.8]
["C1868","PEGADOR METÁLICO P/PORTA (INTERNO)","UN",51.52]
["C3522","PILAR EM MADEIRA LIMPA DE 1a. QUALIDADE 20cmX20cm","M",127.34]
["C3676","PORTA DE PVC SANFONADA (0,80 X 2,10) COMPLETA - FORNECIMENTO E MONTAGEM","UN",150.15]
["C4556","PORTÃO PIVOTANTE NYLOFOR, COMPOSTO DE QUADRO, PAINÉIS E ACESSÓRIOS COM PINTURA ELETROSTÁTICA COM TINTA POLIESTER, NAS CORES VERDE OU BRANCA, COM POSTE EM AÇO REVESTIDO, COR VERDE OU BRANCA - FORNECIMENTO E MONTAGEM","M2",630.91]
[]
["C4557","PORTÃO DESLIZANTE NYLOFOR, COMPOSTO DE QUADRO, PAINÉIS E ACESSÓRIOS COM PINTURA ELETROSTÁTICA COM TINTA POLIESTER, NAS CORES VERDE OU BRANCA, COM POSTE EM AÇO REVESTIDO, COR VERDE OU BRANCA - FORNECIMENTO E MONTAGEM\t\t\t\t\t\t\t\t\n","M2",630.91]
[]
["C2031","PRENDEDOR METÁLICO PARA PORTA","UN",34.799999999999997]
["C2215","REVESTIMENTO DE FÓRMICA EM ESQUADRIAS OU MÓVEIS","M2",99.51]
["C2319","TARJETA CROMADA P/ JANELAS VENEZIANAS","UN",10.69]
["C3675","VENEZIANA INDUSTRIAL DE PVC RÍGIDO, TRANSLÚCIDO E MONTANTES EM AÇO GALVANIZADO OU ALUMÍNIO (FORNECIM","M2",296.87]
[]
["VIDROS",null,null,79730.320000000007]
["CRISTAL COMUM",null,null,2357.13]
["C2670","VIDRO COMUM EM CAIXILHOS C/MASSA ESP.= 4mm, COLOCADO","M2",179.43]
["C2671","VIDRO COMUM EM CAIXILHOS C/MASSA ESP.= 5mm, COLOCADO","M2",209.33]
["C2672","VIDRO COMUM EM CAIXILHOS C/MASSA ESP.= 6mm, COLOCADO","M2",254.19]
["C2673","VIDRO COMUM FUMÊ EM CAIXILHOS C/MASSA E= 4mm, COLOCADO","M2",239.24]
["C2674","VIDRO COMUM FUMÊ EM CAIXILHOS C/MASSA E= 5mm, COLOCADO","M2",258.24]
["C2675","VIDRO COMUM FUMÊ EM CAIXILHOS C/MASSA E= 6mm, COLOCADO","M2",358.85]
["C4826","VIDRO LAMINADO DUPLO, INCOLOR, C/MASSA PARA CAIXILHOS E=6MM (FORNECIMENTO E COLOCAÇÃO)","M2",708.33]
[]
["C2984","VIDRO TRANSLÚCIDO CANELADO OU MARTELADO E=3mm (COLOCADO)","M2",149.52000000000001]
["CRISTAL TEMPERADO",null,null,74670.080000000002]
["C1382","FIXO 2 FOLHAS E BASCULANTE DE VIDRO TEMPERADO (1.80X2.10)m  E=10mm","CJ",2611.36]
["C1383","FIXO 2 FOLHAS. 2  BANDEIRAS E 1 CONTRAVENTAMENTO DE VIDRO TEMPERADO (1.80 X 3.50)m  E=10mm","CJ",4356.26]
[]
["C1384","FIXO 3 FOLHAS 3 BANDEIRAS E 2 CONTRAVENTAMENTO DE VIDRO TEMPERADO (2.70 X3.50)m  E=10mm","CJ",6678.01]
[]
["C1385","FIXO 3 FOLHAS E BASCULANTES 2 FOLHAS DE VIDRO TEMPERADO (0.70X2.10)m  E=10mm","CJ",4049.67]
[]
["C1386","FIXO DE VIDRO TEMPERADO C/BANDEIRA (0.90X3.50)m  E=10mm","CJ",2089.41]
["C1387","FIXO DE VIDRO TEMPERADO 1 FOLHA   (0.90X2.10)m  E=10mm","CJ",1240.81]
["C1388","FIXO DE VIDRO TEMPERADO 2 FOLHAS (1.80X2.10)m  E=10mm","CJ",2445.17]
["C1389","FIXO DE VIDRO TEMPERADO 3 FOLHAS (2.70X2.10)m  E=10mm","CJ",3649.53]
["C1390","FIXO E BASCULANTE DE VIDRO TEMPERADO  (0.90X2.10)m  E=10mm","CJ",1344.35]
["C1952","PORTA 2 FOLHAS C/BANDEIRA DE VIDRO TEMPERADO E=10mm C/MOLA (1.80X2.90)m","CJ",5664.64]
["C1953","PORTA 2 FOLHAS C/BANDEIRA DE VIDRO TEMPERADO E=10mm C/MOLA (1.80X3.50)m","CJ",6257.52]
["C1954","PORTA 2 FOLHAS C/BANDEIRA E FIXO 2 FLS. DE VIDRO TEMPERADO E=10mm (3.60X2.90)m","CJ",8940.85]
[]
["C1955","PORTA 2 FOLHAS. FIXA 2 FOLHAS. 3 BANDEIRAS 2 CONTRAVENTAMENTO DE VIDRO TEMPERADO DE10mm (3.60X3.50)m","CJ",11026.19]
[]
["C1956","PORTA C/BANDEIRA DE VIDRO TEMPERADO E=10mm C/MOLA (0.90X2.90)m  ","CJ",2927.71]
["C1957","PORTA C/BANDEIRA DE VIDRO TEMPERADO E=10mm C/MOLA (0.90X3.50)m","CJ",3224.15]
["C1972","PORTA DE VIDRO TEMPERADO 1 FOLHA (0.90X2.10)m  E=10mm","CJ",2355.21]
["C1971","PORTA DE VIDRO TEMPERADO  2 FOLHAS (1.80X2.10)m  E=10mm","CJ",4688.54]
["C4949","VIDRO TEMPERADO INCOLOR C/MASSA E=6MM, COLOCADO","M2",291.54000000000002]
["C4950","VIDRO TEMPERADO INCOLOR C/MASSA E=8MM, COLOCADO","M2",369.02]
["C4951","VIDRO TEMPERADO INCOLOR C/MASSA E=10MM, COLOCADO","M2",460.14]
["OUTROS  ELEMENTOS ",null,null,2703.11]
["C3650","GUICHÊ EM AÇO INOX E VIDRO TEMPERADO E=6MM","M2",544.30999999999995]
["C1451","GUICHÊ EM ALUMÍNIO E VIDRO TEMPERADO E=10mm","M2",705.83]
["C1873","PELÍCULA DE INSULFILM","M2",49.39]
["C1874","PELÍCULA DE POLIÉSTER, INVESTIGAÇÃO","M2",95.17]
["C3649","VISOR COM VIDRO TEMPERADO E=6MM E MOLDURA DE AÇO INOX","M2",488.49]
["C2679","VISOR COM VIDRO TEMPERADO E=6mm E MOLDURA DE ALUMÍNIO","M2",397.62]
["C2680","VISOR COM VIDRO TEMPERADO E=6mm E MOLDURA DE MADEIRA","M2",422.3]
["COBERTURA",null,null,25157.93]
["ESTRUTURA DE MADEIRA",null,null,1783.06]
["C3722","ESTRUTURA DE MADEIRA P/ COBERTA DE PALHA DE CARNÁUBA","M2",108.69]
["C1336","ESTRUTURA DE MADEIRA P/ TELHA CERÂMICA OU CONCRETO VÃO 3 A 7m (TESOURAS / TERÇAS / CONTRAVENTAMENTOS / FERRAGENS)","M2",135.52000000000001]
[]
["C1337","ESTRUTURA DE MADEIRA P/ TELHA CERÂMICA OU CONCRETO VÃO 7 A 10m (TESOURAS / TERÇAS / CONTRAVENTAMENTOS / FERRAGENS)","M2",152.36000000000001]
[]
["C1335","ESTRUTURA DE MADEIRA P/ TELHA CERÂMICA OU CONCRETO VÃO 10 A 13m (TESOURAS / TERÇAS / CONTRAVENTAMENTOS / FERRAGENS)","M2",172.08]
[]
["C1338","ESTRUTURA DE MADEIRA P/ TELHA ONDULADA DE FIBROCIMENTO, ALUMÍNIO OU PLÁSTICAS, VÃO 10m","M2",101.93]
[]
["C1339","ESTRUTURA DE MADEIRA P/ TELHA ONDULADA DE FIBROCIMENTO, ALUMÍNIO OU PLÁSTICAS,  VÃO 15m","M2",120.09]
[]
["C1340","ESTRUTURA DE MADEIRA P/ TELHA ONDULADA DE FIBROCIMENTO, ALUMÍNIO OU PLÁSTICAS, VÃO 20m","M2",145.68]
[]
["C4511","ESTRUTURA DE MADEIRA P/ TELHAS ONDULADAS DE FIBROCIMENTO, ALUMÍNIO OU PLÁSTICAS, APOIADA SOBRE PAREDES E/OU LAJES DE FORRO","M2",73.23]
[]
["C1341","ESTRUTURA DE MADEIRA P/ TELHA ESTRUTURAL DE FIBROCIMENTO ANCORADA EM LAJES OU EM PAREDES","M2",38.869999999999997]
[]
["C3005","MADEIRAMENTO P/TELHA CERÂMICA C/ REAPROVEITAMENTO","M2",45.12]
["C4459","MADEIRAMENTO P/ TELHA CERÂMICA - (RIPA, CAIBRO)","M2",60.4]
["C4460","MADEIRAMENTO P/ TELHA CERÂMICA - (RIPA, CAIBRO, LINHA)","M2",108.42]
["C4467","MADEIRAMENTO P/TELHA CERÂMICA - (RIPA, CAIBRO, LINHA) - CASA POPULAR","M2",72.87]
["C3006","MADEIRAMENTO P/TELHA FIBROCIMENTO C/ REAPROVEITAMENTO","M2",44.68]
["C2237","RIPA DE PEROBA (2X8)cm","M",24.04]
["C2460","TESOURA EM MASSARANDUBA C/ACESSÓRIOS","M",145.21]
["C2678","VIGA DE MADEIRA MACIÇA 6\" X 3\"","M",71.37]
["C3721","VIGA DE MADEIRA MACIÇA 10\"x 4\"","M",162.5]
["ESTRUTURA METÁLICA",null,null,9980.76]
["C0818","COLUNAS P/PÉ DIREITO DE 6m  VÃO DE 20m","M2",78.040000000000006]
["C0819","COLUNAS P/PÉ DIREITO DE 6m  VÃO DE 30m","M2",88.07]
["C0820","COLUNAS P/PÉ DIREITO DE 6m  VÃO DE 40m","M2",97.43]
["C1318","ESTRUTURA DE ALUMÍNIO EM ARCO VÃO DE 20m","M2",231.74]
["C1319","ESTRUTURA DE ALUMÍNIO EM ARCO VÃO DE 30m","M2",261.11]
["C1320","ESTRUTURA DE ALUMÍNIO EM ARCO VÃO DE 40m","M2",290.48]
["C1324","ESTRUTURA DE ALUMÍNIO EM DUAS ÁGUAS VÃO DE 20m","M2",244.79]
["C1321","ESTRUTURA DE ALUMÍNIO EM DUAS ÁGUAS VÃO DE 25m","M2",264.37]
["C1322","ESTRUTURA DE ALUMÍNIO EM DUAS ÁGUAS VÃO DE 30m","M2",283.95]
["C1323","ESTRUTURA DE ALUMÍNIO EM DUAS ÁGUAS VÃO DE 40m","M2",316.58]
["C1325","ESTRUTURA DE ALUMÍNIO EM SHED VÃO DE 20 A 30m","M2",319.83999999999997]
["C1342","ESTRUTURA ESPACIAL DE ALUMÍNIO VÃO DE 20m","M2",247.71]
["C1343","ESTRUTURA ESPACIAL DE ALUMÍNIO VÃO DE 30m","M2",290.13]
["C1344","ESTRUTURA ESPACIAL DE ALUMÍNIO VÃO DE 40m","M2",329.29]
["C1345","ESTRUTURA ESPACIAL DE ALUMÍNIO VÃO DE 50m","M2",368.44]
["C1346","ESTRUTURA ESPACIAL DE ALUMÍNIO VÃO DE 60m","M2",407.6]
["C1352","ESTRUTURA METÁLICA EM TUBO DE AÇO 150mm, INCLUS. PINTURA","M",592.58000000000004]
["C1353","ESTRUTURA METÁLICA TRELIÇADA EM AÇO, EM MARQUISES","M2",256.77]
["C5217","ESTRUTURA TRELIÇADA DE COBERTURA, TIPO ARCO, COM LIGAÇÕES PARAFUSADAS, INCLUSOS PERFIS METÁLICOS, CHAPAS METÁLICAS, TRANSPORTE COM GUINDASTE, JATEAMENTO E PINTURA\n","KG",20.29]
[]
["C5218","ESTRUTURA TRELIÇADA DE COBERTURA, TIPO ARCO, COM LIGAÇÕES SOLDADAS, INCLUSOS PERFIS METÁLICOS, CHAPAS METÁLICAS, TRANSPORTE COM GUINDASTE, JATEAMENTO E PINTURA","KG",20.239999999999998]
[]
["C5215","ESTRUTURA TRELIÇADA DE COBERTURA, TIPO FINK, COM LIGAÇÕES PARAFUSADAS, INCLUSOS PERFIS METÁLICOS, CHAPAS METÁLICAS, TRANSPORTE COM GUINDASTE, JATEAMENTO E PINTURA","KG",11.45]
[]
["C5216","ESTRUTURA TRELIÇADA DE COBERTURA, TIPO FINK, COM LIGAÇÕES SOLDADAS, INCLUSOS PERFIS METÁLICOS, CHAPAS METÁLICAS, TRANSPORTE COM GUINDASTE, JATEAMENTO E PINTURA\n","KG",17.68]
[]
["C5219","ESTRUTURA TRELIÇADA DE COBERTURA, TIPO SHED, COM LIGAÇÕES PARAFUSADAS, INCLUSOS PERFIS METÁLICOS, CHAPAS METÁLICAS, TRANSPORTE COM GUINDASTE, JATEAMENTO E PINTURA","KG",20.02]
[]
["C5220","ESTRUTURA TRELIÇADA DE COBERTURA, TIPO SHED, COM LIGAÇÕES SOLDADAS, INCLUSOS PERFIS METÁLICOS, CHAPAS METÁLICAS, TRANSPORTE COM GUINDASTE, JATEAMENTO E PINTURA","KG",19.14]
[]
["C1600","LANTERNIM SIMPLES VÃO DE 20m","M2",33.31]
["C1601","LANTERNIM SIMPLES VÃO DE 30m","M2",42.92]
["C1602","LANTERNIM SIMPLES VÃO DE 40m","M2",55.54]
["C1597","LANTERNIM DUPLO VÃO DE 20m","M2",57.94]
["C1598","LANTERNIM DUPLO VÃO DE 30m","M2",67.739999999999995]
["C1599","LANTERNIM DUPLO VÃO DE 40m","M2",77.099999999999994]
["C1879","PERFIL METÁLICO ' I ', PRÉ-PINTADO C/ H=200mm","M",511.58]
["C1878","PERFIL METÁLICO  ' I ', PRÉ-PINTADO C/ H=300mm","M",985.69]
["C1880","PERFIL METÁLICO ' I ', PRÉ-PINTADO C/ H=400mm","M",1278.52]
["C1881","PERFIL METÁLICO ' I ', PRÉ-PINTADO C/ H=500mm","M",1762.27]
["C4395","PERFIL \"U\" EM ALUMÍNIO 3/4\" x 3/4\" P/ COBERTURA","M",30.41]
["TELHAS",null,null,6256.67]
["C0041","ALGEIROZ EM TELHAMENTO COLONIAL","M",27.99]
["C0387","BEIRA E BICA EM TELHA COLONIAL","M",14]
["C0675","CANTONEIRA DE FIBROCIMENTO P/TELHA ONDULADA","M",56.64]
["C0803","COBERTURA C/TELHA PVC RÍGIDO INCLINAÇÃO 27%","M2",78.08]
["C0987","CUMEEIRA ARTICULADA DE FIBROCIMENTO P/TELHA MODULADA","M",83.18]
["C0988","CUMEEIRA ARTICULADA DE FIBROCIMENTO P/TELHA VOGATEX","M",56.21]
["C0989","CUMEEIRA CERÂMICA DA TELHA CANAL \"TIMOM\"","M",29.55]
["C0990","CUMEEIRA CERÂMICA DA TELHA RETANGULAR \"TIMOM\"","M",30.72]
["C0994","CUMEEIRA DE CONCRETO COLORIDA INCLUSIVE EMBOÇAMENTO","M",101.88]
["C0995","CUMEEIRA NORMAL DE FIBROCIMENTO P/TELHA CANALETE 49","M",157.29]
["C0996","CUMEEIRA NORMAL DE FIBROCIMENTO P/TELHA CANALETE 90","M",171.68]
["C0997","CUMEEIRA NORMAL DE FIBROCIMENTO P/TELHA KALHETA DELTA","M",126.97]
["C0998","CUMEEIRA NORMAL DE FIBROCIMENTO P/TELHA KALHETÃO","M",167.31]
["C0999","CUMEEIRA NORMAL DE FIBROCIMENTO P/TELHA MAXIPLAC","M",94.68]
["C1000","CUMEEIRA NORMAL DE FIBROCIMENTO P/TELHA ONDULADA","M",43.53]
["C1001","CUMEEIRA NORMAL PARA TELHA DE MADEIRA","M",23.91]
["C5202","CUMEEIRA ONDULADA DE ALUMÍNIO","M",108]
["C4463","CUMEEIRA TELHA CERÂMICA, EMBOÇADA","M",30.1]
["C1002","CUMEEIRA TERMOACÚSTICA","M",77.73]
["C1003","CUMEEIRA TIPO ONDULINE EM ESTRUTURA DE MADEIRA","M",53.6]
["C1004","CUMEEIRA TIPO ONDULINE EM ESTRUTURA METÁLICA","M",71.05]
["C1005","CUMEEIRA TIPO SHED OU RUFO DE FIBROCIMENTO P/TELHA ONDULADA","M",63.45]
["C1006","CUMEEIRA UNIVERSAL DE FIBROCIMENTO P/TELHA ONDULADA","M",52.9]
["C3858","DESMONTAGEM DE TELHAMENTO EM ESTRUTURAS METÁLICAS","M2",10.23]
["C4464","EMBOÇAMENTO DA ÚLTIMA FIADA TELHA CERÂMICA","M",13.9]
["C1363","FECHAMENTO LATERAL C/TELHA DE FIBROCIMENTO ONDULADA E=6mm","M2",53.66]
["C1380","FIXAÇÃO DE TELHAS CANALETE 90-(LINHA DE FIXAÇÃO)","UN",249.24]
["C1381","FIXAÇÃO DE TELHAS KALHETÃO (LINHA DE FIXAÇÃO)","UN",150.09]
["C3859","MONTAGEM DE TELHAMENTO EM ESTRUTURAS METÁLICAS","M2",12.79]
["C2199","RETELHAMENTO C/ OUTROS TIPOS DE TELHA MAT. FIXAÇÃO","M2",50.65]
["C2200","RETELHAMENTO C/ TELHA CERÂMICA  ATE 20% NOVA","M2",51.14]
["C2201","RETELHAMENTO C/ TELHA CERÂMICA COM 50% NOVA","M2",57.53]
["C2203","RETELHAMENTO C/ TELHA FIBROCIMENTO MAT. DE FIXAÇÃO","M2",42]
["C2303","TAMPÃO DE FIBROCIMENTO P/TELHA KALHETA DELTA","M",65.900000000000006]
["C2304","TAMPÃO DE FIBROCIMENTO P/TELHA KALHETÃO","M",40.86]
["C2305","TAMPÃO E RUFO DE FIBROCIMENTO","M",113.12]
["C4462","TELHA CERÂMICA","M2",70.31]
["C2429","TELHA CERÂMICA TIPO CANAL C/ ESBARRO \"TIMON\"","M2",117.51]
["C2430","TELHA CERÂMICA TIPO RETANGULAR C/ ESBARRO \"TIMOM\"","M2",129.21]
["C2431","TELHA DE AÇO ZINCADA PRÉ-PINTADA INCLINAÇÃO 1%.VAO 10.5m","M2",133.86000000000001]
["C2432","TELHA DE AÇO ZINCADA PRÉ-PINTADA INCLINAÇÃO 2.75% VÃO 16m","M2",133.86000000000001]
["C2433","TELHA DE AÇO ZINCADA PRÉ-PINTADA INCLINAÇÃO 3%.VÃO 22m","M2",216.43]
["C2434","TELHA DE AÇO ZINCADA PRÉ-PINTADA INCLINAÇÃO 3%.VÃO 24m","M2",236.16]
["C2435","TELHA DE AÇO ZINCADA PRÉ-PINTADA INCLINAÇÃO 3%.VÃO 26m","M2",272.41000000000003]
["C2425","TELHA DE ALUMÍNIO C/ MIOLO POLIURETANO, TRAPEZOIDAL + LISA","M2",159.91]
["C2426","TELHA DE ALUMÍNIO C/MIOLO POLIURETANO, TRAPEZOIDAL+TRAPEZOIDAL","M2",159.91]
["C4827","TELHA DE ALUMÍNIO ONDULADA, ESP.=0,7MM","M2",76.44]
["C4554","TELHA DE ALUMÍNIO, TRAPEZOIDAL e = 0,7mm","M2",67.77]
["C2436","TELHA DE CONCRETO COLORIDA INCLINAÇÃO ACIMA DE 30%","M2",57.81]
["C2437","TELHA DE FIBROCIMENTO CANALETE 49 INCLINAÇÃO 3%","M2",133.9]
["C2438","TELHA DE FIBROCIMENTO CANALETE 90 INCLINAÇÃO 3%","M2",177.32]
["C2439","TELHA DE FIBROCIMENTO CANALETE 90 INCLINAÇÃO 9%","M2",180.15]
["C2440","TELHA DE FIBROCIMENTO KALHETA DELTA INCLINAÇÃO 3%","M2",163.78]
["C2441","TELHA DE FIBROCIMENTO KALHETÃO INCLINAÇÃO 3%","M2",146.97999999999999]
["C2442","TELHA DE FIBROCIMENTO KALHETÃO INCLINAÇÃO 9%","M2",148.36000000000001]
["C2443","TELHA DE FIBROCIMENTO MAXIPLAC E=6mm INCLINAÇÃO 27%","M2",30.43]
["C2444","TELHA DE FIBROCIMENTO MODULADA, INCLINAÇÃO 18%","M2",177.8]
["C2446","TELHA DE FIBROCIMENTO ONDULADA E=6mm EM ARCO","M2",56.35]
["C2445","TELHA DE FIBROCIMENTO ONDULADA E=6mm , INCLINAÇÃO 27%","M2",53]
["C3745","TELHA DE FIBROCIMENTO ONDULADA E= 8mm, INCLINAÇÃO 27%","M2",68.650000000000006]
["C2447","TELHA DE FIBROCIMENTO VOGATEX, INCLINAÇÃO 27%","M2",19.89]
["C2448","TELHA DE MADEIRA COMPENSADA ONDULADA E=6mm","M2",25.16]
["C2449","TELHA DE POLIESTER REFORÇADO","M2",40.67]
["C2450","TELHA TERMOACÚSTICA TRAPEZOIDAL INCLINAÇÃO 17.6%","M2",164.68]
["C2451","TELHA TIPO ONDULINE EM ESTRUTURA DE MADEIRA","M2",49.29]
["C2452","TELHA TIPO ONDULINE EM ESTRUTURA METÁLICA","M2",84.19]
["C2453","TELHA TRANSPARENTE ONDULADA","M2",72.92]
["COBERTURA (MADEIRAMENTO E TELHAMENTO)",null,null,834.71]
["C0800","COBERTURA C/TELHA ESTRUTURAL DE FIBRO-CIMENTO, CANALETE 49 C/ APOIOS","M2",180.16]
["C0801","COBERTURA C/TELHA ESTRUTURAL DE FIBRO-CIMENTO, CANALETE 90 C/ APOIOS","M2",195.74]
["C0802","COBERTURA C/TELHA ONDULADA DE FIBRO-CIMENTO E= 6mm ( C/MADEIRAMENTO )","M2",149.37]
["C4465","COBERTURA TELHA CERÂMICA - (RIPA, CAIBRO)","M2",130.71]
["C4466","COBERTURA TELHA CERÂMICA (RIPA, CAIBRO, LINHA)","M2",178.73]
["DOMOS",null,null,4136.5]
["C4370","ABÓBADA DE POLICARBONATO TRANSPARENTE (FORN./MONTAGEM)","M2",630.53]
["C0769","CHAPA POLICARBONATO  ALVEOLAR CRISTAL ESP.= 6mm","M2",130.68]
["C0770","CHAPA POLICARBONATO COMPACTO CRISTAL ESP.= 6mm","M2",547.41999999999996]
["C0771","CHAPA POLICARBONATO FUMÊ ESP.= 4mm","M2",97.67]
["C1147","DOMO INDIVIDUAL DE ACRÍLICO","M2",668.03]
["C1148","DOMO INDIVIDUAL DE FIBRA DE VIDRO","M2",528.66]
["C1149","DOMO MODULAR DE ACRÍLICO","M2",726.45]
["C1150","DOMO MODULAR DE FIBRA DE VIDRO","M2",807.06]
["OUTROS ELEMENTOS",null,null,2166.23]
["C3448","BEIRAL DE MADEIRA (1X10)cm","M",31.97]
["C0388","BEIRAL DE MADEIRA DE (2 X 8)cm, INCLUSIVE PINTURA","M",31.89]
["C0657","CALHA DE ALUMÍNIO DESENVOLVIMENTO DE 25cm","M",66.260000000000005]
["C0658","CALHA DE CHAPA COBRE 26 DESENVOLVIMENTO 33cm","M",157.19]
["C0659","CALHA DE CHAPA COBRE 26 DESENVOLVIMENTO 50cm","M",189.51]
["C0660","CALHA DE CHAPA GALVANIZADA 26 DESENVOLVIMENTO 33cm","M",65.22]
["C0661","CALHA DE CHAPA GALVANIZADA 26 DESENVOLVIMENTO 50cm","M",84.11]
["C0662","CALHA DE FIBERGLASS ESP.= 2mm  DESENVOLVIMENTO 30cm","M",46.78]
["C4910","CALHA EM CHAPA DE ALUMÍNIO LISA 22, ESP.=0,71MM, INCLUSO TRANSPORTE VERTICAL","M2",170.11]
[]
["C3684","COBERTA EM PALHA DE CARNAÚBA","M2",38.24]
["C3746","ESTACIONAMENTO COBERTO C/ TELHA DE FIBROCIMENTO - VAGA (4,50x2,75)","M2",172.89]
["C1631","LONA PLÁSTICA PRETA, P/SERVIÇOS EM COBERTAS","M2",10.37]
["C2248","RUFO DE CHAPA COBRE 26 DESENVOLVIMENTO 33cm","M",125.91]
["C2249","RUFO DE CHAPA GALVANIZADA 26 DESENVOLVIMENTO 33cm","M",38.200000000000003]
["C2250","RUFO DE FIBROCIMENTO","M",109.11]
["C2251","RUFO DE FIBROCIMENTO C/ VEDAÇÃO ELÁSTICA","M",137.12]
["C2252","RUFO DE FIBROCIMENTO P/TELHA MAXIPLAC","M",81.260000000000005]
["C2253","RUFO DE FIBROCIMENTO P/TELHA ONDULADA","M",63.45]
["C3652","RUFO/ALGEIROZ EM CONCRETO PRÉ-MOLDADO L=30CM","M",126.76]
["C4911","RUFO EM CHAPA DE ALUMÍNIO LISA 22, ESP.=0,71MM, INCLUSO TRANSPORTE VERTICAL","M2",155.65]
[]
["C2479","TOLDO COM ESTRUTURA METÁLICA","M2",264.23]
["IMPERMEABILIZAÇÃO",null,null,3124.78]
["BALDRAMES",null,null,94.07]
["C1462","IMPERMEABILIZAÇÃO DE ALVENARIA DE EMBASAMENTO NO RESPALDO C/ARGAMASSA CIMENTO E AREIA S/ PENEIRAMENTO, TRAÇO 1:3, ESP.=2cm C/ ADITIVO IMPERMABILIZANTE","M2",47.39]
[]
["C1466","IMPERMEABILIZAÇÃO HORIZONTAL DE ALICERCES C/MANTA BUTÍLICA EM PAREDES DE 1 ½  TIJOLO","M",46.68]
[]
["PISOS",null,null,127.37]
["C1424","GEOTEXTIL COMO CAMADA  DE DESLIZAMENTO / SEPARAÇÃO OU COMO CAMADA DE BERÇO E/OU AMORTECIMENTO","M2",13.6]
[]
["C1465","IMPERMEABILIZAÇÃO DE ÁREAS SUJEITAS A INFILTRAÇÃO POR LENÇOL FREÁTICO","M2",54.71]
["C1472","IMPERMEABILIZAÇÃO P/ REBAIXO BANHEIRO E COZINHA C/TINTA ASFÁLTICA","M2",19]
["C2057","PROTEÇÃO DE SUPERFÍCIES IMPERMEABILIZADAS","M2",40.06]
["CALHAS",null,null,166.24]
["C1458","IMPERMEABILIZAÇÃO C/ IMPERMEABILIZANTE ESTRUTURAL E APLICAÇÃO DE MEMBRANA DE BASE ACRÍLICA","M2",69.599999999999994]
[]
["C1463","IMPERMEABILIZAÇÃO DE CALHA, VIGA-CALHA, JARDINEIRA C/MANTA ASFÁLTICA .AUTO-ADESIVA","M2",41.53]
[]
["C1470","IMPERMEABILIZAÇÃO JARDINEIRAS C/ARGAMASSA DE CIMENTO E AREIA S/ PENEIRAMENTO, TRAÇO 1:3 - ESP.= 3cm","M2",55.11]
[]
["COBERTURAS",null,null,697.05]
["C1476","IMPERMEABILIZAÇÃO À BASE DE ELASTÔMEROS  SINTÉTICOS CALANDRADOS E PRÉ-VULCANIZADOS C/ MANTA BUTÍLICA","M2",171.8]
[]
["C1173","IMPERMEABILIZAÇÃO À BASE DE ELASTÔMEROS SINTÉTICOS \"NEOPRENE + HYPALON\"","M2",233.95]
[]
["C1232","IMPERMEABILIZAÇÃO À BASE DE EMULSÃO ASFÁLTICA ESTRUTURADA C/ VÉU DE FIBRA DE VIDRO C/ PINTURA DEFLETIVA","M2",187.31]
[]
["C1459","IMPERMEABLIZAÇÃO C/ APLICAÇÃO DIRETA DE IMPERMEABILIZANTE ESTRUTURAL SEGUIDA DE APLICAÇÃO DE MEMBRANA DE BASE ACRÍLICA","M2",69.599999999999994]
[]
["C1779","IMPERMEABILIZAÇÃO DE LAJES C/ MANTA ASFÁLTICA PRÉ-FABRICADA, C/ VÉU DE POLIÉSTER","M2",34.39]
[]
["RESERVATÓRIOS",null,null,263.89]
["C1473","IMPERMEABILIZAÇÃO DE RESERVATÓRIOS E PISCINAS ELEVADAS C/ IMPERMEABILIZANTE ESTRUTURAL C/ APLICAÇÃO DE MEMBRANA ELÁSTICA BI-COMPONENTE","M2",35.99]
[]
["C1475","IMPERMEABILIZAÇÃO DE SUPERFÍCIES INTERNAS DE RESERVATÓRIOS ENTERRADOS","M2",87.01]
["C1469","IMPERMEABILIZAÇÃO INTERNA E EXTERNA P/RESERVATÓRIO ENTERRADO","M2",93.19]
["C1460","IMPERMEABILIZAÇÃO INTERNA C/ CIMENTO IMPERMEABILIZANTE ESTRUTURAL","M2",19.82]
["C1467","IMPERMEABILIZAÇÃO INTERNA DE PISCINAS ENTERRADAS C/CIMENTO IMPERMEABILIZANTE ESTRUTURAL","M2",24.44]
[]
["C2033","PREPARO DE SUPERFÍCIE INTERNA EM RESERVATÓRIOS A SEREM IMPERMEABILIZADOS","M2",3.44]
[]
["CORTINA",null,null,266.77]
["C0667","CAMADA PROTETORA DE SUPERFÍCIES HORIZONTAIS C/ ARGAMASSA DE CIMENTO E AREIA S/ PENEIRAMENTO TRAÇO 1:5 - ESP.= 1 A 2 cm","M2",37.94]
[]
["C0668","CAMADA PROTETORA DE SUPERFÍCIES VERTICAIS C/ PINTURA DE EMULSÃO ASFÁLTICA E ARGAMASSA DE CIMENTO E AREIA S/ PENEIRAMENTO TRAÇO 1:5, ESP.= 1 A 2 cm","M2",47.2]
[]
["C1461","IMPERMEABILIZAÇÃO DE ÁREAS SUJEITAS À UMIDADE C/ APLICAÇÃO DE DUAS DEMÃOS DE IMPERMEABILIZANTE ESTRUTURAL DILUÍDO C/ ÁGUA E EMULSÃO ADESIVA TRAÇO 12:4:1","M2",14.31]
[]
["C2188","REGULARIZAÇÃO DE SUPERFÍCIES HORIZONTAIS E VERTICAIS C/ ARGAMASSA DE CIMENTO E AREIA S/ PENEIRAMENTO, TRAÇO 1:3, ESP.= 6cm P/ APLICAÇÃO DE IMPERMEABILIZAÇÃO","M2",64.150000000000006]
[]
["C2217","REVESTIMENTO DE SUPERFÍCIE HORIZONTAL OU VERTICAL C/ARGAMASSA DE CIMENTO E AREIA S/ PENEIRAMENTO TRAÇO 1:3, ESP.= 5cm","M2",103.17]
[]
["OUTROS ELEMENTOS",null,null,341.24]
["C4723","IMPERMEABILIZAÇÃO À BASE DE ARGAMASSA POLIMÉRICA E RESINA EPOXI(SUPERFÍCIES EM CONTATO DIRETO COM ÁGUA RESIDUÁRIAS OU CONTATO COM GASES                                                                                                                                                  ","M2",55.87]
[]
["C4722","IMPERMEABILIZAÇÃO À BASE DE ARGAMASSA POLIMÉRICA, RESINA TERMOPLÁSTICA E TELA DE POLIESTER MALHA 2X2MM (SUPERFÍCIE EM CONTATO DIRETO COM A ÁGUA)","M2",42.34]
[]
["C4724","IMPERMEABILIZAÇÃO À BASE DE ARGAMASSA POLIMÉRICA (LAJE DE RESERVATÓRIO SOB AÇÃO DE GASES)","M2",7.77]
[]
["C2841","IMPERMEABILIZAÇÃO C/ ARGAMASSA DE  CIMENTO E AREIA 1:3 ADITIVADA, ESP.= 2.50cm","M2",43.18]
[]
["C2842","IMPERMEABILIZAÇÃO C/ CIMENTO CRISTALIZANTE, BASE ACRÍLICA","M2",67.08]
["C2843","IMPERMEABILIZAÇÃO C/ EMULSÃO ASFÁLTICA CONSUMO 2kg/m²","M2",40.18]
["C3444","IMPERMEABILIZAÇÃO C/ SIKA E IGOL P/ CX. D´ÁGUA","M2",63.86]
["C4021","IMPERMEABILIZAÇÃO DE ACABAMENTO C/ HEYDICRYL PLUS, COR BRANCA, CONSUMO 3,0 KG/M2, REFORÇADA C/ TELA","M2",20.96]
[]
["IMPERMEABILIZAÇÃO UTILIZANDO MANTA ASFÁLTICA (ABNT NBR 9952:2014)",null,null,1168.1500000000001]
["C5013","IMPERMEABILIZAÇÃO COM MANTA ASFÁLTICA, CLASSE B, ESTRUTURADA COM POLIESTER NÃO TECIDO, FACE EXPOSTA EM ALUMÍNIO, TIPO II, E=3MM\n","M2",63.46]
[]
["C5014","IMPERMEABILIZAÇÃO COM MANTA ASFÁLTICA, CLASSE B, ESTRUTURADA COM POLIESTER NÃO TECIDO, FACE EXPOSTA EM ALUMÍNIO, TIPO II, E=4MM\n","M2",76.63]
[]
["C5015","IMPERMEABILIZAÇÃO COM MANTA ASFÁLTICA, CLASSE B, ESTRUTURADA COM POLIESTER NÃO TECIDO, FACE EXPOSTA EM ALUMÍNIO, TIPO III, E=3MM\n","M2",70.34]
[]
["C5016","IMPERMEABILIZAÇÃO COM MANTA ASFÁLTICA, CLASSE B, ESTRUTURADA COM POLIESTER NÃO TECIDO, FACE EXPOSTA EM ALUMÍNIO, TIPO III, E=4MM\n","M2",80.78]
[]
["C5017","IMPERMEABILIZAÇÃO COM MANTA ASFÁLTICA, CLASSE B, ESTRUTURADA COM POLIESTER NÃO TECIDO, FACES EM POLIETILENO, TIPO II, E=3MM","M2",60.69]
[]
["C5018","IMPERMEABILIZAÇÃO COM MANTA ASFÁLTICA, CLASSE B, ESTRUTURADA COM POLIESTER NÃO TECIDO, FACES EM POLIETILENO, TIPO II, E=4MM","M2",68.959999999999994]
[]
["C5019","IMPERMEABILIZAÇÃO COM MANTA ASFÁLTICA, CLASSE B, ESTRUTURADA COM POLIESTER NÃO TECIDO, FACES EM POLIETILENO, TIPO III, E=3MM","M2",64.849999999999994]
[]
["C5020","IMPERMEABILIZAÇÃO COM MANTA ASFÁLTICA, CLASSE B, ESTRUTURADA COM POLIESTER NÃO TECIDO, FACES EM POLIETILENO, TIPO III, E=4MM","M2",73.19]
[]
["C5021","IMPERMEABILIZAÇÃO COM MANTA ASFÁLTICA, CLASSE B, ESTRUTURADA COM POLIESTER NÃO TECIDO, FACES EM POLIETILENO, TIPO IV, E=3MM","M2",70.95]
[]
["C5022","IMPERMEABILIZAÇÃO COM MANTA ASFÁLTICA, CLASSE B, ESTRUTURADA COM POLIESTER NÃO TECIDO, FACES EM POLIETILENO, TIPO IV, E=4MM","M2",82.15]
[]
["C5023","IMPERMEABILIZAÇÃO COM MANTA ASFÁLTICA, CLASSE B, EM DUAS CAMADAS TIPO II, E=3MM E E=4MM","M2",125.68]
[]
["C5024","IMPERMEABILIZAÇÃO COM MANTA ASFÁLTICA, CLASSE B, EM DUAS CAMADAS, TIPO II DE E=3MM E TIPO III DE E=4MM","M2",129.91999999999999]
[]
["C5029","IMPERMEABILIZAÇÃO COM MANTA ASFÁLTICA, CLASSE B, EM DUAS CAMADAS TIPO III, E=3MM E E=4MM","M2",134.08000000000001]
[]
["C5025","PROTEÇÃO MECÂNICA, COM ARGAMASSA DE CIMENTO E AREIA TRAÇO 1:4, E=2CM","M2",32.22]
["C5026","PROTEÇÃO MECÂNICA, COM CAMADA SEPARADORA DE FILME DE POLIETILENO, COM ARGAMASSA DE CIMENTO E AREIA TRAÇO 1:4, E=2CM","M2",34.25]
[]
["PROTEÇÃO TÉRMICA",null,null,1107.3900000000001]
["ISOLAMENTO DE PAREDES",null,null,316.14]
["C1505","ISOLAMENTO TÉRMICO C/PAINEL DE FIBRA DE VIDRO FLEXÍVEL ESP.=50mm FIXADO COM ADESIVO HIDRO-ASFÁLTICO","M2",62.98]
[]
["C1503","ISOLAMENTO TÉRMICO C/PAINEL DE FIBRA DE VIDRO RÍGIDO ESP.= 25mm FIXADO COM ASFALTO OXIDADO (MODIFICADO)","M2",89.28]
[]
["C1506","ISOLAMENTO TÉRMICO C/PAINEL DE FIBRA DE VIDRO SEMI-RÍGIDO ESP.= 50mm FIXADO C/ARAME E TELA","M2",70.459999999999994]
[]
["C1504","ISOLAMENTO TÉRMICO C/TIJOLO CERÂMICO FURADO (30X20X10)cm","M2",93.42]
["ISOLAMENTO DE COBERTURAS E LAJES",null,null,658.02]
["C1500","ISOLAMENTO TÉRMICO C/ARGILA EXPANDIDA AGLOMERADA ESP.= 20cm","M2",172.27]
["C1508","ISOLAMENTO TÉRMICO C/LAJOTAS PRE-MOLDADAS DE CONCRETO","M2",84.29]
["C1510","ISOLAMENTO TÉRMICO C/PEDRA BRITADA SOLTA ESP.= 25cm, SOBRE ARGAMASA DE PROTEÇÃO P/IMPERMEABILIZAÇÃO","M2",40.299999999999997]
[]
["C1511","ISOLAMENTO TÉRMICO C/PLACAS DE CONCRETO CELULAR ESP.= 5cm","M2",91.9]
["C1512","ISOLAMENTO TÉRMICO C/PLACAS DE POLIESTIRENO EXPANDIDO ESP.= 5cm","M2",49.22]
["C1513","ISOLAMENTO TÉRMICO C/VERMICULITA AGLOMERADA C/CIMENTO E AREIA ESP.= 15cm","M2",220.04]
[]
["ISOLAMENTO DE TUBOS DE AÇO",null,null,133.22999999999999]
["C3717","ISOLAMENTO TÉRMICO COM POLIESTIRENO EXPANDIDO (ISOPOR) EM TUBO DE AÇO PRETO  DE 2\"","M",56.33]
[]
["C3718","ISOLAMENTO TÉRMICO COM POLIESTIRENO EXPANDIDO (ISOPOR) EM TUBO DE AÇO PRETO  DE 2 1/2\"","M",76.900000000000006]
[]
["REVESTIMENTOS",null,null,10939.62]
["ARGAMASSAS PARA PAREDES INTERNAS E EXTERNAS",null,null,1549.49]
["C0776","CHAPISCO C/ ARGAMASSA DE CIMENTO E AREIA S/PENEIRAR TRAÇO 1:3  ESP.= 5mm P/ PAREDE","M2",7.42]
[]
["C0777","CHAPISCO C/ ARGAMASSA DE CIMENTO E PEDRISCO TRAÇO 1:4  ESP.= 7mm P/ PAREDE","M2",11.97]
[]
["C1220","EMBOÇO C/ ARGAMASSA DE CIMENTO E AREIA S/ PENEIRAR, TRAÇO 1:3","M2",38.200000000000003]
["C1221","EMBOÇO C/ ARGAMASSA DE CIMENTO E AREIA S/ PENEIRAR, TRAÇO 1:4","M2",36.479999999999997]
["C1226","EMBOÇO C/ ARGAMASSA DE CIMENTO E AREIA S/ PENEIRAR, TRAÇO 1:5","M2",35.44]
["C3245","EMBOÇO C/ ARGAMASSA DE CIMENTO E AREIA S/ PENEIRAR, TRAÇO 1:6","M2",34.75]
["C3246","EMBOÇO C/ ARGAMASSA DE CIMENTO E AREIA S/ PENEIRAR, TRAÇO 1:7","M2",34.25]
["C1211","EMBOÇO C/ ARGAMASSA DE CIMENTO, ARENOSO E AREIA S/PENEIRAR TRAÇO 1:7:3  ESP.= 20mm P/ PAREDE","M2",34.28]
[]
["C3023","EMBOÇO C/ ARGAMASSA DE CIMENTO E AREIA PENEIRADA, TRAÇO 1:3","M2",46.49]
["C3029","EMBOÇO C/ ARGAMASSA DE CIMENTO E AREIA PENEIRADA, TRAÇO 1:4","M2",44.77]
["C3080","EMBOÇO C/ ARGAMASSA DE CIMENTO E AREIA PENEIRADA, TRAÇO 1:5","M2",43.73]
["C3120","EMBOÇO C/ ARGAMASSA DE CIMENTO E AREIA PENEIRADA, TRAÇO 1:6","M2",43.04]
["C3122","EMBOÇO C/ ARGAMASSA DE CIMENTO E AREIA PENEIRADA, TRAÇO 1:7","M2",42.54]
["C1212","EMBOÇO C/ ARGAMASSA MISTA DE CIMENTO, CAL EM PASTA E AREIA S/PENEIRAR TRAÇO 1:1.5:9  ESP.= 20mm P/ PAREDE","M2",36.67]
[]
["C1213","EMBOÇO C/ ARGAMASSA MISTA DE CIMENTO, CAL HIDRATADA E AREIA S/PENEIRAR TRAÇO 1:2:9  ESP.= 20mm P/ PAREDE","M2",36.71]
[]
["C1238","ENCHIMENTO DE RASGO C/ARGAMASSA DIAM.= 15 A 25mm (1/2\" A 1\")","M",5.52]
["C1239","ENCHIMENTO DE RASGO C/ARGAMASSA DIAM.= 32 A 50mm (1 1/4\" A 2\")","M",7.76]
["C1240","ENCHIMENTO DE RASGO C/ARGAMASSA DIAM.= 65 A100mm  (2 1/2\" A 4\")","M",12.31]
["C1245","ENTELAMENTO CORRETIVO DE SUPERFÍCIE C/TRINCA P/RETRAÇÃO OU DILATAÇÃO TELA LARG.=15cm REF. CENT.LARG.=5cm","M",20.11]
[]
["C1247","ENTELAMENTO PREVENTIVO DE SUPERFÍCIE SUJEITA A TRINCAS P/RETRAÇÃO OU DILATAÇÃO TELA LARG.= 25cm","M",6.37]
[]
["C3545","MUTIRÃO MISTO - CHAPISCO C/ARGAMASSA DE CIMENTO E PEDRISCO TRAÇO 1:4  ESP.=7mm P/PAREDE","M2",7.24]
[]
["C3546","MUTIRÃO MISTO - REBOCO C/ ARGAMASSA DE CAL TRAÇO 1:4 P/PAREDE","M2",15.81]
["C4831","REBOCO ACÚSTICO C/VERMICULITA AGLOMERADA C/CIMENTO E AREIA ESP=25MM","M2",124.79]
["C2110","REBOCO C/ACABAMENTO.LISO.C/ARGAMASSA DE CIMENTO E AREIA PENEIRADA E ADITIVO IMPERMEABILIZANTE TRAÇO 1:1.5 ESP=5 mm","M2",41.65]
[]
["C2121","REBOCO C/ARGAMASSA DE CAL EM PASTA E AREIA PENEIRADA TRAÇO 1:3  ESP=5 mm P/PAREDE","M2",26.12]
[]
["C2122","REBOCO C/ARGAMASSA DE CAL EM PASTA E AREIA PENEIRADA TRAÇO 1:4  ESP=5 mm P/PAREDE","M2",25.69]
[]
["C2123","REBOCO C/ARGAMASSA DE CAL HIDRATADA E AREIA PENEIRADA TRAÇO 1:3  ESP=5 mm P/PAREDE","M2",25.76]
[]
["C3408","REBOCO C/ ARGAMASSA DE CIMENTO E AREIA S/ PENEIRAR, TRAÇO 1:3","M2",41.35]
["C3409","REBOCO C/ ARGAMASSA DE CIMENTO E AREIA S/ PENEIRAR, TRAÇO 1:4","M2",39.21]
["C3124","REBOCO C/ ARGAMASSA DE CIMENTO E AREIA S/ PENEIRAR, TRAÇO 1:5","M2",37.909999999999997]
["C3407","REBOCO C/ ARGAMASSA DE CIMENTO E AREIA S/ PENEIRAR, TRAÇO 1:6","M2",37.04]
["C3162","REBOCO C/ ARGAMASSA DE CIMENTO E AREIA S/ PENEIRAR, TRAÇO 1:7","M2",36.42]
["C3028","REBOCO C/ ARGAMASSA DE CIMENTO E AREIA PENEIRADA, TRAÇO 1:3","M2",51.72]
["C3037","REBOCO C/ ARGAMASSA DE CIMENTO E AREIA PENEIRADA, TRAÇO 1:4","M2",49.57]
["C3087","REBOCO C/ ARGAMASSA DE CIMENTO E AREIA PENEIRADA, TRAÇO 1:5","M2",48.27]
["C3121","REBOCO C/ ARGAMASSA DE CIMENTO E AREIA PENEIRADA, TRAÇO 1:6","M2",47.4]
["C3123","REBOCO C/ ARGAMASSA DE CIMENTO E AREIA PENEIRADA, TRAÇO 1:7","M2",46.78]
["C2126","REBOCO C/ARGAMASSA PRÉ-FABRICADA ESP=5 mm P/ PAREDE","M2",30.49]
["C4002","REBOCO C/ ARGAMASSA PRÉ-FABRICADA ESP=20 mm P/ PAREDE","M2",60.09]
["C2108","REBOCO C/ARGAMASSA PRÉ-FABRICADA,  ADESIVO DE ALTA RESISTÊNCIA P/TINTA EPÓXI ESP= 5mm P/PAREDE","M2",35.369999999999997]
[]
["C2127","REBOCO COM BARITA ESP.=1CM","M2",103.14]
["C4510","REBOCO DE GESSO SOBRE BLOCO DE CONCRETO E/OU TIJOLO CERÂMICO - FORNECIMENTO E EXECUÇÃO","M2",21.69]
[]
["C4509","REBOCO DE GESSO SOBRE GESSO E/OU EMBOÇO - FORNECIMENTO E EXECUÇÃO","M2",16.89]
["C2205","RETIRADA DE AZULEJOS DAS CAIXAS E IMERSÃO EM ÁGUA","M2",0.28000000000000003]
["ACABAMENTOS DE PAREDES INTERNAS E EXTERNAS",null,null,7151.46]
["C0007","ACABAMENTO INTERNO E EXTERNO EM PAREDE DE CONCRETO C/CIMENTO  ESP= 2 mm","M2",14.73]
[]
["C0334","AZULEJOS JUNTA A PRUMO C/ARGAMASSA MISTA CIMENTO,  CAL HIDRATADA .E AREIA TRAÇO 1:2:8","M2",131.04]
[]
["C0335","AZULEJOS JUNTA A PRUMO C/ARGAMASSA DE CAL EM PASTA E AREIA TRAÇO 1:3.C/100KG DE CIMENTO","M2",130.12]
[]
["C0336","AZULEJOS JUNTA À PRUMO C/CIMENTO COLANTE","M2",65.819999999999993]
["C0337","AZULEJOS JUNTA À PRUMO C/COLA A BASE DE PVA","M2",78.459999999999994]
["C0338","AZULEJOS JUNTA AMARRADA C/ARGAMASSA MISTA CIMENTO, CAL HIDRATADA E AREIA TRAÇO 1:2:8","M2",121.38]
[]
["C0339","AZULEJOS JUNTA AMARRADA C/ARGAMASSA DE CAL VIRGEM E AREIA TRAÇO 1:3.C/100Kg DE CIMENTO","M2",120.19]
[]
["C0340","AZULEJOS JUNTA AMARRADA C/CIMENTO COLANTE","M2",63.65]
["C0341","AZULEJOS JUNTA AMARRADA C/COLA À BASE DE PVA","M2",76.05]
["C0342","AZULEJOS JUNTA DIAGONAL C/ARGAMASSA DE CAL EM PASTA E AREIA TRAÇO 1:3 C/100KG DE CIMENTO","M2",154.02000000000001]
[]
["C0343","AZULEJOS JUNTA DIAGONAL C/ARGAMASSA MISTA CIMENTO, CAL HIDRATADA E AREIA TRAÇO 1:2:8","M2",155.19999999999999]
[]
["C0344","AZULEJOS JUNTA DIAGONAL C/CIMENTO COLANTE","M2",70.17]
["C0345","AZULEJOS JUNTA DIAGONAL C/COLA A BASE DE PVA","M2",84.5]
["C0674","CANTONEIRA DE ALUMÍNIO P/ AZULEJOS","M",26.69]
["C4832","CANTONEIRA DE ALUMÍNIO 1 1/4\" X 1 1/4\"","M",38.99]
["C4431","CERÂMICA ESMALTADA C/ ARG. CIMENTO E AREIA ATÉ 10x10cm (100 cm²) - DECORATIVA P/ PAREDE","M2",124.6]
[]
["C4432","CERÂMICA ESMALTADA RETIFICADA C/ ARG. CIMENTO E AREIA ATÉ 30x30cm (900 cm²) - PEI-5/PEI-4 P/ PAREDE","M2",106.37]
[]
["C4434","CERÂMICA ESMALTADA RETIFICADA C/ ARG. CIMENTO E AREIA ACIMA DE 30x30cm (900 cm²) - PEI-5/PEI-4 P/ PAREDE","M2",136.02000000000001]
[]
["C4442","CERÂMICA ESMALTADA C/ ARG. PRÉ-FABRICADA ATÉ 10x10cm (100cm²) - DECORATIVA - P/ PAREDE","M2",87.14]
[]
["C4443","CERÂMICA ESMALTADA RETIFICADA C/ ARG. PRÉ-FABRICADA ATÉ 30x30cm (900cm²) - PEI-5/PEI-4 - P/ PAREDE","M2",73.75]
[]
["C4445","CERÂMICA ESMALTADA RETIFICADA C/ ARG. PRÉ-FABRICADA ACIMA DE 30x30cm (900cm²) - PEI-5/PEI-4 - P/ PAREDE","M2",108.24]
[]
["C0766","CERÂMICA VERMELHA (7.5X15)cm C/ARGAMASSA MISTA CIMENTO CAL HIDRATADA E AREIA","M2",94.96]
[]
["C0782","CHAPISCO MECÂNICO DE ADÔRNO","M2",20.52]
["C1367","FILETE DE GRANITO LARG.= 4cm","M",29.72]
["C4411","PASTILHA (5x5)cm EM CORES, COM ARGAMASSA PRÉ-FABRICADA","M2",157.44]
["C1849","PASTILHAS DE PORCELANA C/ARGAMASSA PRÉ-FABRICADA","M2",187.25]
["C1850","PASTILHAS DE PORCELANA EM SUPERFÍCIES CURVAS","M2",200.04]
["C1851","PASTILHAS DE PORCELANA C/ARGAMASSA MISTA CIMENTO, CAL HIDRATADA E AREIA TRAÇO 1:3:9","M2",207.31]
[]
["C1853","PASTILHAS DE PORCELANA C/CIMENTO COLANTE INCLUSIVE LIMPEZA","M2",161.56]
["C1861","PASTILHAS DE PORCELANA EM FAIXAS ATÉ 40cm DE LARGURA C/ARGAMASSA PRÉ-FABRICADA","M2",159.81]
[]
["C1857","PASTILHAS DE PORCELANA EM FAIXAS DE ATÉ 4cm, C/ARGAMASSA MISTA DE CIMENTO, CAL HIDRATADA E AREIA","M",27.49]
[]
["C1856","PASTILHAS DE PORCELANA EM FAIXAS DE 5 A 14cm, C/ARGAMASSA MISTA DE CIMENTO, CAL HIDRATADA E AREIA","M",46.62]
[]
["C1854","PASTILHAS DE PORCELANA EM FAIXAS DE 15 A 24cm, C/ARGAMASSA MISTA DE CIMENTO, CAL HIDRATADA E AREIA","M",63.84]
[]
["C1855","PASTILHAS DE PORCELANA EM FAIXAS DE 25 A 40cm, C/ARGAMASSA MISTA DE CIMENTO, CAL HIDRATADA  E AREIA","M",91.12]
[]
["C1858","PASTILHAS DE PORCELANA EM SUPERFICIES CURVAS","M2",239.33]
["C1801","PASTILHA DE VIDRO (MOSAICO VIDROSO) 2X2CM C/ARGAMASSA MISTA CIMENTO,CAL E AREIA  TRAÇO 1:1:6  INCLUSIVE. LIMPEZA","M2",410.9]
[]
["C1866","PEDRAS NATURAIS DECORATIVAS POLIDAS, C/ARGAMASSA MISTA CIMENTO CAL HIDRATADA E AREIA","M2",77.34]
[]
["C1867","PEDRAS NATURAIS DECORATIVAS, C/ARGAMASSA MISTA CIMENTO. CAL HIDRATADA E AREIA","M2",71.03]
[]
["C1877","PERFIL DE ALUMÍNIO TIPO ( L- T- U )","M",30.27]
["C1904","PINGADOR METÁLICO/ALUMÍNIO ( 1 X 1)cm  P/ FACHADAS","M",23.91]
["C1936","PLACAS DE MÁRMORE PADRONIZADO C/CIMENTO COLANTE","M2",281.95999999999998]
["C4436","PORCELANATO RETIFICADO NATURAL (FOSCO) C/ ARG. CIMENTO E AREIA P/ PAREDE","M2",168.43]
["C4447","PORCELANATO RETIFICADO NATURAL (FOSCO) C/ ARG. PRÉ-FABRICADA - P/ PAREDE","M2",140.65]
["C4435","PORCELANATO RETIFICADO POLIDO C/ ARG. CIMENTO E AREIA P/ PAREDE","M2",155.38]
["C4446","PORCELANATO RETIFICADO POLIDO C/ ARG. PRÉ-FABRICADA - P/ PAREDE","M2",127.6]
["C1102","REJUNTAMENTO C/ ARG. PRÉ-FABRICADA, JUNTA ATÉ 2mm EM CERÂMICA, ATÉ 10x10 cm (100 cm²) - DECORATIVA (PAREDE/PISO)","M2",14.15]
[]
["C1120","REJUNTAMENTO C/ ARG. PRÉ-FABRICADA, JUNTA ATÉ 2mm EM CERÂMICA, ATÉ 30x30 cm (900 cm²) (PAREDE/PISO)","M2",10.050000000000001]
[]
["C1123","REJUNTAMENTO C/ ARG. PRÉ-FABRICADA, JUNTA ATÉ 2mm EM CERÂMICA, ACIMA DE 30x30 cm (900 cm²) E PORCELANATOS (PAREDE/PISO)","M2",9.6300000000000008]
[]
["C1126","REJUNTAMENTO C/ ARG. PRÉ-FABRICADA, JUNTA ENTRE 2mm E 6mm EM CERÂMICA, ATÉ 10x10 cm (100 cm²) - DECORATIVA (PAREDE/PISO)","M2",20.66]
[]
["C1129","REJUNTAMENTO C/ ARG. PRÉ-FABRICADA, JUNTA ENTRE 2mm E 6mm EM CERÂMICA, ATÉ 30x30 cm (900 cm²) (PAREDE/PISO)","M2",12.35]
[]
["C1427","REJUNTAMENTO C/ ARG. PRÉ-FABRICADA, JUNTA ENTRE 2mm E 6mm EM CERÂMICA, ACIMA DE 30x30 cm (900 cm²) E PORCELANATOS (PAREDE/PISO)","M2",11.3]
[]
["C2058","REJUNTAMENTO C/ ARG. PRÉ-FABRICADA, JUNTA ENTRE 6mm E 10mm EM CERÂMICA, ATÉ 10x10 cm (100 cm²) - DECORATIVA (PAREDE/PISO)","M2",27.17]
[]
["C2780","REJUNTAMENTO C/ ARG. PRÉ-FABRICADA, JUNTA ENTRE 6mm E 10mm EM CERÂMICA, ATÉ 30x30 cm (900 cm²) (PAREDE/PISO)","M2",14.65]
[]
["C2828","REJUNTAMENTO C/ ARG. PRÉ-FABRICADA, JUNTA ENTRE 6mm E 10mm EM CERÂMICA, ACIMA DE 30x30 cm (900 cm²) E PORCELANATOS (PAREDE/PISO)","M2",12.97]
[]
["C2190","REJUNTAMENTO P/AZULEJO C/ARGAMASSA PRÉ FABRICADA  ESP.= 3mm","M2",13.09]
["C2191","REJUNTAMENTO P/AZULEJO C/CIMENTO BRANCO ESP.= 3mm","M2",10.85]
["C2103","REJUNTAMENTO P/CERÂMICA C/ L-FLEX E EPOXI (PAREDE/PISO)","M2",59.79]
["C2212","REVESTIMENTO C/CARPETE ESP= 4mm","M2",53.62]
["C2223","REVESTIMENTO C/CHAPAS FIBROCIMENTO SOBRE CAIBROS VERTICAIS","M2",85.4]
["C2224","REVESTIMENTO C/CHAPAS FIBROCIMENTO SOBRE PERFIS ESTRUTURAIS ESP.= 35mm","M2",93.41]
["C2225","REVESTIMENTO C/CHAPAS FIBROCIMENTO SOBRE PERFIS ESTRUTURAIS ESP.= 50mm","M2",120.8]
["C2226","REVESTIMENTO C/CHAPAS FIBROCIMENTO SOBRE PERFIS ESTRUTURAIS TIPO \" I \" ","M2",76.58]
["C2227","REVESTIMENTO C/CHAPAS FIBROCIMENTO SOBRE SARRAFOS","M2",106.31]
["C2228","REVESTIMENTO C/CHAPAS FIBROCIMENTO SOBRE SARRAFOS VERTICAIS","M2",115.96]
["C2216","REVESTIMENTO C/LAMINADO MELAMÍNICO COLADO","M2",76.06]
["C2213","REVESTIMENTO C/CORTIÇA ESP= 12mm","M2",150.24]
["C2218","REVESTIMENTO C/PEDRAS GRANÍTICAS","M2",148.38999999999999]
["C2214","REVESTIMENTO C/QUARTZOLITE","M2",31.21]
["C2221","REVESTIMENTO INTERNO C/PAPEL DE PAREDE","M2",49.75]
["C2222","REVESTIMENTO METÁLICO, TIPO \"REYNOBOND\" DUAS CHAPAS","M2",566.14]
["C4128","TIJOLINHO APARENTE 6,50x18cm C/ ARGAMASSA DE CIMENTO E AREIA 1:3","M2",119.32]
["ARGAMASSAS PARA TETOS",null,null,462.73]
["C0778","CHAPISCO C/ ARGAMASSA DE CIMENTO E AREIA  S/ PENEIRAR TRAÇO 1:3  ESP=5 mm P/ TETO","M2",14.44]
[]
["C0779","CHAPISCO C/ PASTA DE CIMENTO COLANTE P/ TETO","M2",10.34]
["C0781","CHAPISCO C/ ARGAMASSA DE CIMENTO E AREIA S/ PENEIRAR TRAÇO 1:4 P/ TETO","M2",13.93]
["C3034","REBOCO C/ ARGAMASSA MISTA DE CIMENTO, CAL HIDRATADA E AREIA S/ PENEIRAR, TRAÇO 1:2:8, ESP=20 mm P/ TETO","M2",41.64]
[]
["C1218","EMBOÇO C/ ARGAMASSA MISTA DE CIMENTO, CAL HIDRATADA E AREIA S/ PENEIRAR TRAÇO 1:2:9  ESP=20 mm P/ TETO","M2",40.97]
[]
["C1217","EMBOÇO C/ ARGAMASSA MISTA CIMENTO, CAL HIDRATADA E AREIA S/ PENEIRAR TRAÇO 1:2:11 ESP=20 mm P/ TETO","M2",38.880000000000003]
[]
["C2111","REBOCO C/ ARGAMASSA DE CAL EM PASTA E AREIA PENEIRADA TRAÇO 1:2  ESP=5 mm P/ TETO","M2",30.52]
[]
["C2107","REBOCO  C/ ARGAMASSA DE CAL EM PASTA E AREIA PENEIRADA TRAÇO 1:1.5  ESP=5 mm P/ TETO","M2",30.71]
[]
["C2112","REBOCO C/ ARGAMASSA DE CAL EM PASTA E AREIA PENEIRADA TRAÇO 1:3  ESP=5 mm P/ TETO","M2",30.39]
[]
["C2113","REBOCO C/ ARGAMASSA DE CAL EM PASTA E AREIA PENEIRADA TRAÇO 1:4  ESP=5 mm P/ TETO","M2",30.14]
[]
["C2116","REBOCO C/ ARGAMASSA DE CAL HIDRATADA E AREIA PENEIRADA TRAÇO 1:3  ESP=5 mm P/ TETO","M2",30.21]
[]
["C2125","REBOCO C/ ARGAMASSA DE CAL HIDRATADA E AREIA PENEIRADA, TRAÇO 1:4.5  ESP=5 mm P/ TETO","M2",29.44]
[]
["C3032","REBOCO  C/ ARGAMASSA DE CAL HIDRATADA E AREIA S/ PENEIRAR, TRAÇO 1:3, C/ 100 KG DE CIMENTO E ESP=20 mm P/ TETO","M2",41.64]
[]
["C3033","REBOCO C/ ARGAMASSA DE CAL HIDRATADA E AREIA S/ PENEIRAR TRAÇO 1:4, C/ 100 KG DE CIMENTO E ESP=20 mm P/ TETO","M2",40.47]
[]
["C3035","REBOCO C/ ARGAMASSA DE CIMENTO E AREIA S/ PENEIRAR TRAÇO 1:6, ESP=20 mm P/ TETO","M2",39.01]
[]
["ACABAMENTOS PARA TETOS",null,null,1775.94]
["C4479","FORRO ACÚSTICO EM PLACAS DE FIBRA MINERAL C/PERFIL \"T\" EM AÇO - FORNECIMENTO E MONTAGEM","M2",120.58]
[]
["C4480","FORRO ACÚSTICO EM PLACAS DE FIBRA MINERAL C/PERFIL \"T\" EM ALUMÍNIO - FORNECIMENTO E MONTAGEM","M2",101.88]
[]
["C4481","FORRO ACÚSTICO EM PLACAS DE FIBRA MINERAL C/PERFIL \"CARTOLA\" EM ALUMÍNIO - FORNECIMENTO E MONTAGEM","M2",104.86]
[]
["C4790","FORRO BOREAL MODULADO ESTRUTURADO (25X625X1250MM), COM PERFIL T LEVE EM AÇO BRANCO E TRATAMENTO TERMO-ACÚSTICO EM LÃ DE VIDRO, FECHAMENTO EM PELÍCULA DE PVC PERFURADO OU EQUIVALENTE - FORNECIMENTO E INSTALAÇÃO","M2",90.67]
[]
["C4285","FORRO DE GESSO ACARTONADO ARAMADO - FORNECIMENTO E MONTAGEM","M2",54.69]
["C4294","FORRO DE GESSO ACARTONADO ESTRUTURADO - FORNECIMENTO E MONTAGEM","M2",71.94]
["C3970","FORRO DE GESSO CONVENCIONAL (60x60)cm COM TIRO E ARAME GALVANIZADO ENCAPADO - FORNECIMENTO E MONTAGEM","M2",38.78]
[]
["C3971","FORRO DE GESSO CONVENCIONAL (60x60)cm SEM TIRO E ARAME GALVANIZADO ENCAPADO - FORNECIMENTO E MONTAGEM","M2",31.03]
[]
["C2998","FORRO DE LAMBRI DE MADEIRA (7x1)cm","M2",171.16]
["C4484","FORRO PACOTE C/ PERFIL \"CARTOLA\" EM AÇO - FORNECIMENTO E MONTAGEM","M2",86.28]
["C4485","FORRO PACOTE C/ PERFIL \"CARTOLA\" EM ALUMÍNIO - FORNECIMENTO E MONTAGEM","M2",118.85]
["C4482","FORRO PACOTE C/ PERFIL \"T\" EM AÇO - FORNECIMENTO E MONTAGEM","M2",70.930000000000007]
["C4483","FORRO PACOTE C/ PERFIL \"T\" EM ALUMÍNIO - FORNECIMENTO E MONTAGEM","M2",76.69]
["C4472","FORRO PVC - COLMÉIA - FORNECIMENTO E MONTAGEM","M2",196.35]
["C4468","FORRO PVC - LAMBRI (100x6000 OU 200x6000)mm - FORNECIMENTO E MONTAGEM","M2",69.540000000000006]
["C4471","FORRO PVC - MODULADO (618x1250)mm C/ PERFIL \"CARTOLA\" EM ALUMÍNIO - FORNECIMENTO E MONTAGEM","M2",125.67]
[]
["C4469","FORRO PVC - MODULADO (618x1250)mm C/ PERFIL \"T\" EM AÇO - FORNECIMENTO E MONTAGEM","M2",88.88]
[]
["C4470","FORRO PVC - MODULADO (618x1250)mm C/ PERFIL \"T\" EM ALUMÍNIO - FORNECIMENTO E MONTAGEM","M2",91.51]
[]
["C4512","REMANEJAMENTO DE FORROS (PACOTE / MODULADOS) - EXECUÇÃO","M2",15.34]
["C4506","SANCA DE GESSO P/ FORRO ACARTONADO - FORNECIMENTO E MONTAGEM","M",19.39]
["C4284","SANCA DE GESSO P/ FORRO CONVENCIONAL - FORNECIMENTO E MONTAGEM","M",19.39]
["C2478","TIROS E PINO DE AÇO PARA FIXAÇÃO","UN",11.53]
["PISOS",null,null,15965.89]
["PISOS INTERNOS",null,null,12757]
["C0099","APLICAÇÃO DE SINTECO EM PISOS C/MADEIRA","M2",53.53]
["C4437","CERÂMICA ESMALTADA RETIFICADA C/ ARG. CIMENTO E AREIA ATÉ 30x30cm (900 cm²) - PEI-5/PEI-4 P/ PISO","M2",97.85]
[]
["C4439","CERÂMICA ESMALTADA RETIFICADA C/ ARG. CIMENTO E AREIA ACIMA DE 30x30cm (900 cm²) - PEI-5/PEI-4 P/ PISO","M2",127.49]
[]
["C2996","CERÂMICA ESMALTADA RETIFICADA C/ ARG. PRÉ-FABRICADA ATÉ 30x30 cm (900 cm²) - PEI-5/PEI-4 - P/ PISO","M2",68.64]
[]
["C3001","CERÂMICA ESMALTADA RETIFICADA C/ ARG. PRÉ-FABRICADA ACIMA DE 30x30 cm (900 cm²) - PEI-5/PEI-4 - P/ PISO","M2",103.12]
[]
["C0837","CONCRETO NÃO-ESTRUTURAL S/BETONEIRA P/LASTRO","M3",485.58]
["C0871","CORDÃO DE PEROBA P/RODAPÉS","M",19.09]
["C1032","DEGRAU COM FORRAÇÃO TÊXTIL (20X30)cm","M",44.18]
["C1033","DEGRAU COM PLACAS LISAS DE BORRACHA (50X32X2.5)cm  ","M",126.73]
["C1034","DEGRAU DE GRANILITE MOLDADO NO LOCAL (20X30)cm","M",113.12]
["C1035","DEGRAU DE MÁRMORE (20X30)cm","M",131.87]
["C1036","DEGRAU INDUSTRIAL MONOLÍTICO C/PINGADEIRA","M",86.28]
["C1037","DEGRAU INDUSTRIAL MONOLÍTICO S/PINGADEIRA","M",62.46]
["C1038","DEGRAU PRÉ-MOLDADO DE GRANILITE","M",97.96]
["C1237","ENCERAMENTO DE PISOS C/ DUAS DEMÃOS DE CÊRA","M2",26.85]
["C4066","GRANITO POLIDO E=2cm, BRANCO, ARGAMASSA CIMENTO E AREIA 1:4, C/ REJUNTAMENTO","M2",548.89]
[]
["C4065","GRANITO POLIDO E=2cm, CINZA, ARGAMASSA DE CIMENTO E AREIA 1:4, C/ REJUNTAMENTO","M2",370.94]
[]
["C4067","GRANITO POLIDO E=2cm, OUTRAS CORES, ARGAMASSA CIMENTO E AREIA 1:4, C/ REJUNTAMENTO","M2",450.18]
[]
["C4064","GRANITO POLIDO E=2cm, PRETO,  ARGAMASSA CIMENTO E AREIA 1:4, C/ REJUNTAMENTO","M2",497.74]
[]
["C1623","LIMPEZA DE BASE OU LASTRO","M2",1.85]
["C3547","MUTIRÃO MISTO - PEITORIL DE CIMENTO","M2",106.08]
["C3549","MUTIRÃO MISTO - PISO CIMENTADO ESP.=1.5cm","M2",29.57]
["C3548","MUTIRÃO MISTO - PISO MORTO DE CONCRETO FCK=13.5 MPa C/PREPARO E LANÇAMENTO","M3",425.51]
[]
["C1846","PARQUETES DE MADEIRA FIXADOS C/COLA A BASE DE PVA","M2",104.65]
["C1852","PASTILHAS DE PORCELANA C/CIMENTO COLANTE","M2",153.66]
["C1859","PASTILHAS DE PORCELANA C/ARGAMASSA MISTA CIMENTO, CAL HIDRATADA E AREIA","M2",247.46]
["C3015","PEITORIL DE CIMENTO","M2",162.56]
["C1869","PEITORIL DE GRANITO L= 15 cm","M",95.24]
["C1870","PEITORIL DE MARMORE L= 15cm","M",91.7]
["C1871","PEITORIL DE MÁRMORE  L= 25cm","M",127.97]
["C3016","PEITORIL DE MARMORITE","M2",183.32]
["C1872","PEITORIL PRÉ-MOLDADO DE GRANILITE L= 10cm","M",56.81]
["C1912","PISO ANTIDERRAPANTE NITOPISO TF-5000, SELADO C/NITOP. FC-140","M2",183.8]
["C1914","PISO C/FORRAÇÃO TÊXTIL ( CARPETE  E = 4mm )","M2",50.13]
["C1915","PISO CIMENTADO C/ ARGAMASSA DE CIMENTO E AREIA S/ PENEIRAR, TRAÇO 1:4, ESP.= 1.5cm","M2",50.8]
[]
["C1916","PISO CIMENTADO C/ ARGAMASSA DE CIMENTO E AREIA S/ PENEIRAR, TRAÇO 1:4, ESP.= 1,5cm C/ IMPERMEABILIZANTE","M2",52.9]
[]
["C4601","PISO CIMENTADO COM ARGAMASSA DE CIMENTO E AREIA S/ PENEIRAR ESP. 2,0 cm","M2",52.61]
["C2901","PISO DE BORRACHA ANTI-DERRAPANTE (COLOCADO)","M2",216.17]
["C1921","PISO DE BORRACHA (LENÇOL) ANTIDERRAPANTE TIPO GRÃO DE ARROZ,  ESP.= 3mm","M2",145.44999999999999]
["C4833","PISO EMBORRACHADO, DRENANTE E ANTI-IMPACTO, COMPOSTO POR PARTÍCULAS DE BORRACHA RECICLADA PRENSADA, PIGMENTADA E ATÓXICA, 50X50X2,5CM  (FORNECIMENTO E EXECUÇÃO)","M2",284.12]
[]
["C5210","PISO EMBORRACHADO DRENANTE E ANTI-IMPACTO, COMPOSTO POR PARTÍCULAS DE BORRACHA RECICLADA PRENSADA, PIGMENTADA E ATÓXICA, 50X50X4CM (FORNECIMENTO E EXECUÇÃO)","M2",448]
[]
["C3024","PISO EM MÁRMORE BRANCO ESP.= 3cm","M2",408.85]
["C1919","PISO INDUSTRIAL NATURAL  ESP.= 12mm, INCLUS. POLIMENTO (EXTERNO)","M2",109.79]
["C1920","PISO INDUSTRIAL NATURAL  ESP.= 12mm, INCLUS. POLIMENTO (INTERNO)","M2",136.06]
["C1922","PISO MONOLÍTICO C/ARGAMASSA A BASE DE EPOXI","M2",114.29]
["C3025","PISO MORTO CONCRETO FCK=13,5MPa C/PREPARO E LANÇAMENTO","M3",647.03]
["C3026","PISO MORTO DE TIJOLO MACIÇO C/REJUNTAMENTO","M2",64.91]
["C3027","PISO MORTO DE TIJOLO MACIÇO S/REJUNTAMENTO","M2",47.19]
["C2902","PISO TIPO MONOLÍTICO DE ALTA RESISTÊNCIA","M2",78.66]
["C4022","PISO TIPO MONOLÍTICO DE ALTA RESISTÊNCIA, DE BAIXA ESPESSURA, DE POLIURETANO ANTIDERRAPANTE, S/ JUNTAS, TIPO DUROCOR OU SIMILAR","M2",299.97000000000003]
[]
["C4503","PISO VINÍLICO TIPO \"PAVIFLEX\", e=1,6mm - FORNECIMENTO E COLOCAÇÃO","M2",89.23]
["C4504","PISO VINÍLICO TIPO \"PAVIFLEX\", e=2,0mm - FORNECIMENTO E COLOCAÇÃO","M2",111.54]
["C1934","PLACA DE BORRACHA (50x50)cm  ESP.= 7,5mm, ARGAMASSA DE CIMENTO E AREIA PENEIRADA 1:2, E NATA DE COLA PVA","M2",248.06]
[]
["C1933","PLACA DE BORRACHA (50X50)cm  ESP.=13mm,  E NATA DE COLA PVA","M2",306.31]
["C4099","POLIMENTO EM CONCRETO NIVELADO À LASER","M2",16.16]
["C1943","POLIMENTO EM PISO INDUSTRIAL","M2",62.4]
["C1944","POLIMENTO EM PISOS DE MÁRMORE","M2",60.61]
["C4441","PORCELANATO RETIFICADO NATURAL (FOSCO) C/ ARG. CIMENTO E AREIA P/ PISO","M2",159.91]
["C3007","PORCELANATO RETIFICADO NATURAL (FOSCO) C/ ARG. PRÉ-FABRICADA - P/ PISO","M2",135.54]
["C3002","PORCELANATO RETIFICADO POLIDO C/ ARG. PRÉ-FABRICADA - P/ PISO","M2",122.48]
["C4440","PORCELANATO POLIDO C/ ARG. CIMENTO E AREIA P/ PISO","M2",146.85]
["C2101","RASPAGEM E CALAFETAÇÃO DE TACOS C/UMA DEMÃO DE CÊRA","M2",52.24]
["C2181","REGULARIZAÇÃO DE BASE C/ ARGAMASSA CIMENTO E AREIA S/ PENEIRAR, TRAÇO 1:3 - ESP= 3cm","M2",29.6]
[]
["C2179","REGULARIZAÇÃO DE BASE C/ ARGAMASSA CIMENTO E AREIA S/ PENEIRAR, TRAÇO 1:4 - ESP= 3cm","M2",27.02]
[]
["C2180","REGULARIZAÇÃO DE BASE C/ ARGAMASSA CIMENTO E AREIA S/ PENEIRAR, TRAÇO 1:5 - ESP= 3cm","M2",25.46]
[]
["C2184","REGULARIZAÇÃO DE BASE C/ ARGAMASSA CIMENTO E AREIA S/ PENEIRAR, TRAÇO 1:5 - ESP= 3cm, C/IMPERMEABILIZANTE","M2",29.66]
[]
["C2185","REGULARIZAÇÃO PARA DEGRAUS C/ ARGAMASSA DE CIMENTO E AREIA S/ PENEIRAR, TRAÇO 1:5 - ESP= 1cm","M",8.86]
[]
["C2186","REGULARIZAÇÃO PARA RODAPÉS C/ ARGAMASSA DE CIMENTO E AREIA S/ PENEIRAR, TRAÇO 1:5 - H=7cm, ESP= 3cm","M",5.28]
[]
["C2234","REVESTIMENTOS DE PISOS C/GRANILITE","M2",141.07]
["C2219","REVESTIMENTO EPÓXICO P/PISOS DUAS DEMÃOS","M2",181.83]
["C2240","RODAPÉ COM FORRAÇÃO TÊXTIL (CARPETE) H= 7cm","M",9]
["C4001","RODAPÉ DE GRANITO H=10 cm","M",49.5]
["C2241","RODAPÉ DE MÁRMORE H= 10cm","M",38.51]
["C2242","RODAPÉ DE PEROBA (7X1.5)cm","M",33.69]
["C2245","RODAPÉ INDUSTRIAL MONOLÍTICO H= 7cm","M",14.46]
["C2244","RODAPÉ INDUSTRIAL MONOLÍTICO H= 10cm","M",24.2]
["C2246","RODAPÉ PRE-MOLDADO DE GRANILITE  H= 10cm","M",63.9]
["C4505","RODAPÉ VINÍLICO, H=5cm - FORNECIMENTO E COLOCAÇÃO","M",27.12]
["C2283","SOLEIRA CIMENTADA L= 15cm","M",9.27]
["C2284","SOLEIRA DE GRANITO L= 15cm","M",95.24]
["C2285","SOLEIRA DE GRANITO L= 25cm","M",166.86]
["C2286","SOLEIRA DE MARMORE L= 15cm","M",65.78]
["C2287","SOLEIRA DE MÁRMORE L= 25 cm","M",109.15]
["C3058","SOLEIRA DE MARMORITE","M2",175.5]
["C2288","SOLEIRA PRÉ-MOLDADA DE GRANILITE L= 15cm","M",63.51]
["C2289","SOLEIRA PRÉ-MOLDADA DE GRANILITE L= 25cm","M",102.91]
["C3488","TÁBUAS CORRIDAS SOBRE VIGAS DE PEROBA","M2",403.8]
["C2296","TACOS DE MADEIRA C/ARGAMASSA DE CIMENTO E AREIA PENEIRADA TRAÇO 1:4","M2",242.41]
["C2297","TACOS DE MADEIRA C/COLA À BASE DE PVA","M2",197.71]
["C2315","TAPETE TIPO TABACOW, ESP. ATÉ 6mm (COLOCADO)","M2",95.93]
["C2314","TAPETE TIPO TABACOW  ESP.  6,01mm <= ESP <= 10mm","M2",118.83]
["PISOS EXTERNOS",null,null,3208.89]
["C3410","CALÇADA DE PROTEÇÃO EM CIMENTADO C/ BASE DE CONCRETO","M2",294.38]
["C1586","LADRILHOS HIDRÁULICOS C/ARGAMASSA DE CAL 1:4+100KG CIMENTO","M2",148.05000000000001]
["C5225","LONA PLÁSTICA PRETA APLICADA EM PISOS","M2",1.43]
["C1862","PAVIMENTAÇÃO RÚSTICA C/CONCRETO P/LASTRO NA ESP.DE 9cm E CAMADA SUPERFICIAL DE  CONCRETO FCK=13.5MPa  NA ESP.DE 3cm","M2",150.5]
[]
["C1863","PEDRA CARIRI ESP.= 2cm, C/ ARGAMASSA MISTA DE CIMENTO CAL HIDRATADA E AREIA","M2",63.16]
[]
["C1864","PEDRA PORTUGUESA - COR BRANCA","M2",181.85]
["C1865","PEDRA PORTUGUESA  2 CORES","M2",181.85]
["C3014","PEDRA SÃO TOMÉ","M2",287.14]
["C3450","PISO CIMENTADO ESP.=1,50cm C/ JUNTA PLÁSTICA ( 27x3 )mm EM MÓDULOS ( 1,00x1,00 )m","M2",58.39]
[]
["C1847","PISO DE CONCRETO FCK=13,5MPa ESP=7 cm, INCL. PREPARO DE CAIXA","M2",91.29]
["C1917","PISO DE CONCRETO FCK=15MPa  ESP.= 12cm,  ARMADO C/TELA DE AÇO","M2",120.93]
["C1935","PISO DE CONCRETO FCK=20MPa  ESP.= 20cm, P/ESTACIONAMENTO DE ÔNIBUS","M2",144.11000000000001]
["C5028","PISO INTERTRAVADO TIPO TIJOLINHO (20 X 10 X 4CM), CINZA - COMPACTAÇÃO MECANIZADA","M2",50.91]
[]
["C5027","PISO INTERTRAVADO TIPO TIJOLINHO (20 X 10 X 4CM), COLORIDO - COMPACTAÇÃO MECANIZADA\n","M2",59.07]
[]
["C4916","PISO INTERTRAVADO TIPO TIJOLINHO (20X10X6)CM 35MPA, COLORIDO - COMPACTAÇÃO MECANIZADA\n","M2",62.02]
[]
["C4819","PISO INTERTRAVADO TIPO TIJOLINHO (20X10X6)CM 35MPA, COR CINZA - COMPACTAÇÃO MECANIZADA","M2",55.56]
[]
["C4917","PISO INTERTRAVADO TIPO TIJOLINHO (20X10X8)CM 35MPA, COR CINZA - COMPACTAÇÃO MECANIZADA","M2",77.180000000000007]
[]
["C4918","PISO INTERTRAVADO TIPO TIJOLINHO (20X10X10)CM 35MPA, COR CINZA - COMPACTAÇÃO MECANIZADA","M2",87.04]
[]
["C4165","PISO MONOLÍTICO DE POLIURETANO, ANTIDERRAPANTE, AUTONIVELANTE, S/ JUNTAS","M2",205.53]
["C3012","PISO PRÉ-MOLDADO ARTICULADO DE 6 FACES e = 4,5 cm","M2",50.63]
["C3013","PISO PRÉ-MOLDADO ARTICULADO DE 6 FACES e = 6,0 cm","M2",52.94]
["C1923","PISO PRÉ-MOLDADO ARTICULADO E INTERTRAVADO DE 16 FACES - e = 4,5 cm P/ PASSEIO","M2",71.510000000000005]
[]
["C1089","PISO PRÉ-MOLDADO ARTICULADO E INTERTRAVADO DE 16 FACES - e = 6,0 cm P/ TRÁFEGO LEVE","M2",91.63]
[]
["C3782","PISO PRÉ-MOLDADO ARTICULADO E INTERTRAVADO DE 16 FACES - e = 8,0 cm (35 MPa) P/ TRÁFEGO PESADO","M2",110.11]
[]
["C4576","PISO PRÉ-MOLDADO ARTICULADO, INTERTRAVADO, SEXTAVADO E COM CUNHAS MACHO E FÊMEA NAS FACES LATERAIS e=8,0cm (fck=35Mpa) P/ TRÁFEGO PESADO","M2",100.4]
[]
["C1924","PISO RÚSTICO DE CONCRETO RIPADO (0.50X0.50)m  JUNTAS= 5cm  ESP.= 8cm","M2",119.67]
["C1925","PISO RÚSTICO DE CONCRETO RIPADO (1.00X1.00)m  JUNTAS= 10cm  ESP.= 8cm","M2",105.07]
["C1926","PISO RÚSTICO DE CONCRETO RIPADO (1.20X1.20)m   ESP.= 7cm","M2",87.43]
["C1927","PISO RÚSTICO DE CONCRETO RIPADO (1.50X1.50)m   ESP.= 7cm","M2",86.41]
["C2032","REGULARIZAÇÃO MECANIZADA  ATÉ 0,40 M , COMPACTADA P/ PAVIMENTAÇÃO","M2",12.7]
["INSTALAÇÕES HIDRÁULICAS",null,null,1857643.43]
["TUBOS E CONEXÕES DE FERRO FUNDIDO",null,null,8078.46]
["C0319","ASSENTAMENTO DE TUBOS, PEÇAS E CONEXÕES EM FoFo, JE DN 50mm","M",5.92]
["C0322","ASSENTAMENTO DE TUBOS, PEÇAS E CONEXÕES EM FoFo, JE DN 75mm","M",7.36]
["C0308","ASSENTAMENTO DE TUBOS, PEÇAS E CONEXÕES EM FoFo, JE DN 100mm","M",11.96]
["C0311","ASSENTAMENTO DE TUBOS, PEÇAS E CONEXÕES EM FoFo, JE DN 150mm","M",15.95]
["C0312","ASSENTAMENTO DE TUBOS, PEÇAS E CONEXÕES EM FoFo, JE DN 200mm","M",19.11]
["C0313","ASSENTAMENTO DE TUBOS, PEÇAS E CONEXÕES EM FoFo, JE DN 250mm","M",23.05]
["C0314","ASSENTAMENTO DE TUBOS, PEÇAS E CONEXÕES EM FoFo, JE DN 300mm","M",29.22]
["C0315","ASSENTAMENTO DE TUBOS, PEÇAS E CONEXÕES EM FoFo, JE DN 350mm","M",34.67]
["C0316","ASSENTAMENTO DE TUBOS, PEÇAS E CONEXÕES EM FoFo, JE DN 400mm","M",40.200000000000003]
["C0317","ASSENTAMENTO DE TUBOS, PEÇAS E CONEXÕES EM FoFo, JE DN 450mm","M",50.88]
["C0318","ASSENTAMENTO DE TUBOS, PEÇAS E CONEXÕES EM FoFo, JE DN 500mm","M",62.29]
["C0320","ASSENTAMENTO DE TUBOS, PEÇAS E CONEXÕES EM FoFo, JE DN 600mm","M",76.430000000000007]
["C0321","ASSENTAMENTO DE TUBOS, PEÇAS E CONEXÕES EM FoFo, JE DN 700mm","M",92.99]
["C0323","ASSENTAMENTO DE TUBOS, PEÇAS E CONEXÕES EM FoFo, JE DN 800mm","M",97.29]
["C0324","ASSENTAMENTO DE TUBOS, PEÇAS E CONEXÕES EM FoFo, JE DN 900mm","M",123.59]
["C0307","ASSENTAMENTO DE TUBOS, PEÇAS E CONEXÕES EM FoFo, JE DN 1000mm","M",145.13999999999999]
["C0309","ASSENTAMENTO DE TUBOS, PEÇAS E CONEXÕES EM FoFo, JE DN 1100mm","M",165.18]
["C0310","ASSENTAMENTO DE TUBOS, PEÇAS E CONEXÕES EM FoFo, JE DN 1200mm","M",189.57]
["C0475","BUCHA DE REDUÇÃO FERRO FUNDIDO D= 75X50mm (3\"X2\")","UN",96.46]
["C0476","BUCHA DE REDUÇÃO FERRO FUNDIDO D=100X75mm (4\"X3\")","UN",124.7]
["C0477","BUCHA DE REDUÇÃO FERRO FUNDIDO D=150X100mm (6\"X4\")","UN",360.2]
["C0655","CAIXA SIFONADA DE FERRO FUNDIDO D= 150mm","UN",282.52999999999997]
["C1438","GRELHA HEMISFÉRICA FERRO FUNDIDO D=80mm (3\")","UN",70.89]
["C1536","JOELHO FERRO FUNDIDO D= 50mm (2\")","UN",92.8]
["C1537","JOELHO FERRO FUNDIDO D= 75mm (3\")","UN",135.11000000000001]
["C1535","JOELHO FERRO FUNDIDO D= 100mm (4\")","UN",177.59]
["C1538","JOELHO FERRO FUNDIDO D=150mm (6\")","UN",388.14]
["C1534","JOELHO FERRO FUNDIDO C/VISITA D= 100X50mm (4\"X2\")","UN",158.49]
["C1539","JOELHO FERRO FUNDIDO JUNTA ELÁSTICA, D= 50mm (2\")","UN",62.14]
["C1569","JUNÇÃO DUPLA FERRO FUNDIDO. J.E. D=100X100mm (4\"X4\")","UN",561.22]
["C1679","LUVA BIPARTIDA FERRO FUNDIDO D= 50mm (2\")","UN",146.47]
["C1680","LUVA BIPARTIDA FERRO FUNDIDO D= 75mm (3\")","UN",179.58]
["C1681","LUVA BIPARTIDA FERRO FUNDIDO D=150mm (6\")","UN",338.17]
["C1682","LUVA BIPARTIDA FERRO FUNDIDO D=100mm (4\")","UN",210.93]
["C1683","LUVA BOLSAXBOLSA FERRO FUNDIDO D= 50mm (2\")","UN",78.680000000000007]
["C1684","LUVA BOLSAXBOLSA FERRO FUNDIDO D= 75mm (3\")","UN",95.34]
["C1685","LUVA BOLSAXBOLSA FERRO FUNDIDO D=100mm (4\")","UN",244.12]
["C1686","LUVA BOLSAXBOLSA FERRO FUNDIDO D=150MM (6')","UN",312.98]
["C1938","PLUG FERRO FUNDIDO D= 50mm (2\")","UN",74.569999999999993]
["C1939","PLUG FERRO FUNDIDO D= 75mm (3\")","UN",97.17]
["C1940","PLUG FERRO FUNDIDO D=100mm (4\")","UN",160.31]
["C1941","PLUG FERRO FUNDIDO D=150mm (6\")","UN",181.4]
["C2415","TÊ SANITÁRIO FERRO FUNDIDO D= 50X50mm (2\"X2\")","UN",132.85]
["C2416","TÊ SANITÁRIO FERRO FUNDIDO D= 75X50mm (3\"X2\")","UN",224.9]
["C2422","TÊ SANITÁRIO FERRO FUNDIDO D=75X75mm (3\"X3\")","UN",231.44]
["C2418","TÊ SANITÁRIO FERRO FUNDIDO D=100X50mm (4\"X2\")","UN",205.75]
["C2419","TÊ SANITÁRIO FERRO FUNDIDO D=100X75mm (4\"X3\")","UN",269.51]
["C2417","TÊ SANITÁRIO FERRO FUNDIDO D=100X100mm (4\"X4\")","UN",248.82]
["C2420","TÊ SANITÁRIO FERRO FUNDIDO D=150X100mm (6\"X4\")","UN",436]
["C2421","TÊ SANITÁRIO FERRO FUNDIDO D=150X150mm (6\"X6\")","UN",508.4]
["TUBOS E CONEXÕES DE AÇO",null,null,28097.11]
["C0264","ASSENTAMENTO DE TUBOS E CONEXÕES EM AÇO, J.ELASTICA D=16\"","M",39.9]
["C0265","ASSENTAMENTO DE TUBOS E CONEXÕES EM AÇO, J.ELASTICA D=20\"","M",60.99]
["C0266","ASSENTAMENTO DE TUBOS E CONEXÕES EM AÇO, J.ELASTICA D=24\"","M",73.790000000000006]
["C0267","ASSENTAMENTO DE TUBOS E CONEXÕES EM AÇO, J.ELASTICA D=28\"","M",88.45]
["C0268","ASSENTAMENTO DE TUBOS E CONEXÕES EM AÇO, J.ELASTICA D=32\"","M",90.51]
["C0269","ASSENTAMENTO DE TUBOS E CONEXÕES EM AÇO, J.ELASTICA D=36\"","M",114.22]
["C0270","ASSENTAMENTO DE TUBOS E CONEXÕES EM AÇO, J.ELASTICA D=40\"","M",132.85]
["C0271","ASSENTAMENTO DE TUBOS E CONEXÕES EM AÇO, J.ELASTICA D=44\"","M",164.36]
["C0272","ASSENTAMENTO DE TUBOS E CONEXÕES EM AÇO, J.ELASTICA D=48\"","M",184.41]
["C0273","ASSENTAMENTO DE TUBOS E CONEXÕES EM AÇO, J.ELASTICA D=60\"","M",271.8]
["C0274","ASSENTAMENTO DE TUBOS E CONEXÕES EM AÇO, J.ELASTICA D=72\"","M",344.84]
["C0248","ASSENTAMENTO DE TUBOS E CONEXÕES EM AÇO, J. SOLDADA D=16\"","M",94.57]
["C0249","ASSENTAMENTO DE TUBOS E CONEXÕES EM AÇO, J. SOLDADA D=20\"","M",118.25]
["C0250","ASSENTAMENTO DE TUBOS E CONEXÕES EM AÇO, J. SOLDADA D=24\"","M",138.66]
["C0251","ASSENTAMENTO DE TUBOS E CONEXÕES EM AÇO, J. SOLDADA D=28\"","M",165.71]
["C0252","ASSENTAMENTO DE TUBOS E CONEXÕES EM AÇO, J. SOLDADA D=30\"","M",174.41]
["C0253","ASSENTAMENTO DE TUBOS E CONEXÕES EM AÇO, J. SOLDADA D=32\"","M",186.98]
["C0254","ASSENTAMENTO DE TUBOS E CONEXÕES EM AÇO, J. SOLDADA D=36\"","M",209.1]
["C0255","ASSENTAMENTO DE TUBOS E CONEXÕES EM AÇO, J. SOLDADA D=40\"","M",241.42]
["C0256","ASSENTAMENTO DE TUBOS E CONEXÕES EM AÇO, J. SOLDADA D=42\"","M",314.66000000000003]
["C0257","ASSENTAMENTO DE TUBOS E CONEXÕES EM AÇO, J. SOLDADA D=44\"","M",327.63]
["C0258","ASSENTAMENTO DE TUBOS E CONEXÕES EM AÇO, J. SOLDADA D=48\"","M",357.5]
["C0259","ASSENTAMENTO DE TUBOS E CONEXÕES EM AÇO, J. SOLDADA D=54\"","M",456.75]
["C0260","ASSENTAMENTO DE TUBOS E CONEXÕES EM AÇO, J. SOLDADA D=56\"","M",498.68]
["C0261","ASSENTAMENTO DE TUBOS E CONEXÕES EM AÇO, J. SOLDADA D=60\"","M",533.22]
["C0262","ASSENTAMENTO DE TUBOS E CONEXÕES EM AÇO, J. SOLDADA D=64\"","M",581.30999999999995]
["C0234","ASSENTAMENTO DE TUBOS E CONEXÒES EM AÇO, J. SOLDADA D=72\"","M",667.34]
["C0263","ASSENTAMENTO DE TUBOS E CONEXÕES EM AÇO, J. SOLDADA D=84\"","M",824.34]
["C0247","ASSENTAMENTO DE TUBOS E CONEXÕES EM AÇO, J. SOLDADA D=100\"","M",959.3]
["C4875","ASSENTAMENTO DE TUBOS, PEÇAS E CONEXÕES EM AÇO CARBONO SCHEDULE D = 3\"","M",16.600000000000001]
[]
["C4373","BUCHA DE REDUÇÃO DE AÇO GALVANIZADO 1 1/4\"x 1\"","UN",25.42]
["C4374","BUCHA DE REDUÇÃO DE AÇO GALVANIZADO 1 1/2\"x 1\"","UN",31.63]
["C4376","BUCHA DE REDUÇÃO DE AÇO GALVANIZADO 2\"x 1/2\"","UN",43.78]
["C0510","BUJÃO EM AÇO GALV. D=15mm (1/2\")  À  25mm (1\")","UN",8.23]
["C0511","BUJÃO EM AÇO GALV. D=32mm (1 1/4\")  À 50mm (2\")","UN",19.3]
["C0512","BUJÃO EM AÇO GALV. D=65mm (2 1/2\")  À  80mm (3\")","UN",48.64]
["C0509","BUJÃO EM AÇO GALV. D=100mm (4')","UN",115.09]
["C0513","BUJÃO OU TAMPÃO AÇO GALV. D=65mm (2 1/2')  À  80mm (3\")","UN",48.64]
["C3700","COTOVELO 90 AÇO ASTM A-120 ROSCÁVEL DE 20mm (3/4\")","UN",80.48]
["C3701","COTOVELO 90 AÇO ASTM A-120 ROSCÁVEL DE 25mm (1\")","UN",129.30000000000001]
["C3702","COTOVELO 90 AÇO ASTM A-120 ROSCÁVEL DE 32mm (1 1/4\")","UN",174.26]
["C3703","COTOVELO 90 AÇO ASTM A-120 ROSCÁVEL DE 40mm (1 1/2\")","UN",184.83]
["C3704","COTOVELO 90 AÇO ASTM A-120 ROSCÁVEL DE 50mm (2\")","UN",195.4]
["C3705","COTOVELO 90 AÇO ASTM A-120 ROSCÁVEL DE 80mm (3\")","UN",207.53]
["C3706","COTOVELO 90 AÇO ASTM A-120 ROSCÁVEL DE 100mm (4\")","UN",218.3]
["C0940","COTOVELO AÇO GALV. D= 15mm (1/2\")","UN",24.77]
["C0941","COTOVELO AÇO GALV. D= 20mm (3/4\")","UN",28.61]
["C0942","COTOVELO AÇO GALV. D= 25mm (1\")","UN",34.42]
["C0943","COTOVELO AÇO GALV. D= 32mm (1 1/4\")","UN",57.06]
["C0944","COTOVELO AÇO GALV. D= 40mm (1 1/2\")","UN",66.11]
["C0945","COTOVELO AÇO GALV. D= 50mm (2\")","UN",85.51]
["C0946","COTOVELO AÇO GALV. D= 65mm (2 1/2\")","UN",135.43]
["C0947","COTOVELO AÇO GALV. D= 80mm (3\")","UN",177.04]
["C0948","COTOVELO AÇO GALV. D=100mm (4\")","UN",314.5]
["C0949","COTOVELO AÇO GALV. D=125mm (5\")","UN",445.74]
["C0950","COTOVELO AÇO GALV. D=150mm (6\")","UN",1069.46]
["C0960","COTOVELO REDUÇÃO AÇO GALV. D= 20X15mm (3/4X1/2'')  A  25X20mm (1\"x3/4\")","UN",30.04]
["C0962","COTOVELO REDUÇÃO AÇO GALV. D=32X20mm (1 1/4\"X3/4'')  A  50X40mm ( 2\"x1 1/2\")","UN",52.42]
["C0961","COTOVELO REDUÇÃO AÇO GALV. D= 65X50mm (2 1/2\"X2'')","UN",154.37]
["C0965","CRUZETA EM AÇO GALV. D=15mm (1/2\")","UN",49.98]
["C0964","CRUZETA EM AÇO GALV. D=15mm  À 25mm","UN",68.290000000000006]
["C0967","CRUZETA EM AÇO GALV. D=32mm (1 1/4\")","UN",111.34]
["C0966","CRUZETA EM AÇO GALV. D=32mm  À 50mm","UN",111.34]
["C0969","CRUZETA EM AÇO GALV. D=65mm (2 1/2\")","UN",266.7]
["C0968","CRUZETA EM AÇO GALV. D=65mm  À 80mm","UN",266.7]
["C4375","BUCHA DE REDUÇÃO DE AÇO GALVANIZADO 1 1/2\"x 1\" 1/4\"","UN",31.63]
["C1016","CURVA EM AÇO GALV. D= 15 A 25mm  (1/2\")  A  (1\")","UN",34.270000000000003]
["C1017","CURVA EM AÇO GALV. D= 65 A 80mm  (2 1/2\")  A  (3\")","UN",267.99]
["C1018","CURVA EM AÇO GALV. D=100 A 150mm  (4\")  A  (6\")","UN",713.32]
["C1394","FLANGE SEXTAVADA EM AÇO GALV. D=15mm (1/2\")","UN",29.05]
["C1395","FLANGE SEXTAVADA EM AÇO GALV. D=15mm (1/2\")  À  25mm (3/4\")","UN",28.92]
["C1396","FLANGE SEXTAVADA EM AÇO GALV. D=32mm (1 1/4\")","UN",61.8]
["C1392","FLANGE SEXTAVADA EM AÇO GALV. D=32mm (1\")  À  50mm (2\")","UN",61.58]
["C1397","FLANGE SEXTAVADA EM AÇO GALV. D=65mm (2 1/2\")","UN",127.16]
["C1398","FLANGE SEXTAVADA EM AÇO GALV. D=65mm(2 1/2\")  À  80mm (3\")","UN",126.91]
["C1393","FLANGE SEXTAVADA EM AÇO GALV. D=100mm (4\")","UN",241.11]
["C3845","FORNECIMENTO, MONTAGEM, INSPEÇÃO E ASSENTAMENTO DE TUBOS E CONEXÕES EM AÇO, J. SOLDADA D=4\", API 5 LX SOLDA, NORMA API 104","M",251.93]
[]
["C3844","FORNECIMENTO, MONTAGEM, INSPEÇÃO E ASSENTAMENTO DE TUBOS E CONEXÕES EM AÇO, J. SOLDADA D=6\", API 5 LX SOLDA, NORMA API 104","M",357.51]
[]
["C3719","JUNTA DE BORRACHA ROSQUEADA DE 3/4\"","UN",149.72999999999999]
["C3720","JUNTA DE BORRACHA ROSQUEADA DE 1\"","UN",169.12]
["C1691","LUVA DE REDUÇÃO AÇO GALV. D= 20X15mm  À 25X20mm","UN",19.21]
["C1692","LUVA DE REDUÇÃO AÇO GALV. D= 32X15mm  À 50X40mm","UN",37.340000000000003]
["C1690","LUVA DE REDUÇÃO AÇO GALV. D=80X65mm (3\"X2 1/2\")","UN",133.4]
["C1688","LUVA DE REDUÇÃO AÇO GALV. D=100X50mm (4\"X2\")","UN",222.23]
["C1693","LUVA DE REDUÇÃO AÇO GALV. D=100X50mm À 100X80mm","UN",222.23]
["C1689","LUVA DE REDUÇÃO AÇO GALV. D=100X65mm (4\"X2 1/2\")","UN",222.23]
["C1687","LUVA DE REDUÇÃO AÇO GALV. D=100X80mm (4\"X3\")","UN",222.23]
["C3712","LUVA DE UNIÃO AÇO ASTM  A-120 DE 20mm (3/4\")","UN",62.02]
["C3713","LUVA DE UNIÃO AÇO ASTM  A-120 DE 25mm (1\")","UN",75.819999999999993]
["C4402","LUVA DE UNIÃO AÇO ASTM A-120 DE 40mm (1 1/2\")","UN",100.48]
["C1694","LUVA DE UNIÃO AÇO GALVANIZADO DE (2 1/2\")","UN",96.74]
["C1695","LUVA DE UNIÃO AÇO GALVANIZADO DE (3\")","UN",126]
["C1696","LUVA DE UNIÃO AÇO GALVANIZADO DE (4\")","UN",193.06]
["C1705","LUVA AÇO GALV. D=15mm (1/2\")  À  25mm (1\")","UN",47.73]
["C1706","LUVA AÇO GALV. D=32mm (1 1/4\")  À  50mm (2\")","UN",35.82]
["C1707","LUVA AÇO GALV. D=65mm (2 1/2\")  À  80mm (3\")","UN",88.56]
["C1704","LUVA AÇO GALV. D=100mm (4\") À 150mm (6\")","UN",191.46]
["C1822","NIPLE DUPLO DE REDUÇÃO AÇO GALV. D=20X15mm (3/4\"X1/2\")","UN",18.54]
["C1826","NIPLE DUPLO DE REDUÇÃO AÇO GALV. D=20X15mm (3/4\"X1/2\")  À  25X20mm (1\"X3/4\")","UN",18.54]
["C1823","NIPLE DUPLO DE REDUÇÃO AÇO GALV. D=32X15mm (1 1/4\"X1/2\")","UN",41.71]
["C1824","NIPLE DUPLO REDUÇÃO AÇO GALV. D=32X15mm (1 1/4\"X1/2\")  À  50X40mm (2\"X1 1/2\")","UN",41.71]
["C1825","NIPLE DUPLO DE REDUÇÃO AÇO GALV. D=65X32mm(2 1/2\"X1 1/4\")  À  80X65mm(3\"X2 1/2\")","UN",81.010000000000005]
[]
["C1815","NIPLE DUPLO DE REDUÇÃO AÇO GALV. D=80X50mm (3\"X2\")  À  80X65mm (3\"X2 1/2\")","UN",151.21]
["C1817","NIPLE DUPLO AÇO GALV. D=15mm (1/2\")  À 25mm (1\")","UN",14.82]
["C1818","NIPLE DUPLO AÇO GALV. D=32mm  (1 1/4\")  À 50mm (2\")","UN",33.89]
["C1821","NIPLE DUPLO AÇO GALV. D=65mm (2 1/2\")","UN",77.09]
["C1819","NIPLE DUPLO AÇO GALV. D=65mm (2 1/2\")  À 80mm (3\")","UN",77.09]
["C1816","NIPLE DUPLO AÇO GALV. D=100mm (4\")","UN",178.58]
["C3711","REDUÇÃO AÇO ASTM  A-120  ROSCÁVEL DE (1\"x 1 1/2\")  À (1\"x 3/4\")","UN",36.26]
["C3710","REDUÇÃO AÇO ASTM  A-120  ROSCÁVEL DE (2\"x 1 1/2\")  À (2\"x 3/4\")","UN",36.26]
["C3709","REDUÇÃO AÇO ASTM  A-120  ROSCÁVEL DE (3\"x 2 1/2\")  À (3\"x 3/4\")","UN",36.299999999999997]
["C3708","REDUÇÃO AÇO ASTM  A-120  ROSCÁVEL DE (4\"x 2\")","UN",50.66]
["C3707","REDUÇÃO AÇO ASTM  A-120  ROSCÁVEL DE (4\"x 3\")","UN",47.12]
["C2307","TAMPÃO EM AÇO GALV. D=15mm (1/2\")  À 25mm(1\")","UN",15.63]
["C2308","TAMPÃO EM AÇO GALV. D=32mm (1 1/4\")  À  50mm(2\")","UN",25.01]
["C2309","TAMPÃO EM AÇO GALV. D=65mm(2 1/2\")  À  80mm(3\")","UN",64.319999999999993]
["C2306","TAMPÃO EM AÇO GALV. D=100mm (4')","UN",143.71]
["C3692","TÊ AÇO ASTM A-120 ROSCÁVEL DE 20mm (3/4\")","UN",22.79]
["C3693","TÊ AÇO ASTM A-120 ROSCÁVEL DE 25mm (1\")","UN",23.39]
["C3694","TÊ AÇO ASTM A-120 ROSCÁVEL DE 32mm (1 1/4\")","UN",37.479999999999997]
["C3696","TÊ AÇO ASTM A-120 ROSCÁVEL DE 40mm (1 1/2\")","UN",38.51]
["C3697","TÊ AÇO ASTM A-120 ROSCÁVEL DE 50mm (2\")","UN",105.63]
["C3698","TÊ AÇO ASTM  A-120  ROSCÁVEL DE 80mm (3\")","UN",136.6]
["C3699","TÊ AÇO ASTM  A-120  ROSCÁVEL DE 100mm (4\")","UN",166.97]
["C2321","TÊ AÇO GALV. D= 15mm (1/2\")","UN",30.11]
["C2322","TÊ AÇO GALV. D= 20mm (3/4\")","UN",34.57]
["C2323","TÊ AÇO GALV. D= 25mm (1\")","UN",43.7]
["C2324","TÊ AÇO GALV. D= 32mm (1 1/4\")","UN",70.11]
["C2325","TÊ AÇO GALV. D= 40mm (1 1/2\")","UN",79.959999999999994]
["C2326","TÊ AÇO GALV. D= 50mm (2\")","UN",107.27]
["C2327","TÊ AÇO GALV. D= 65mm (2 1/2\")","UN",180.22]
["C2328","TÊ AÇO GALV. D= 80mm (3\")","UN",227.94]
["C2329","TÊ AÇO GALV. D=100mm (4\")","UN",396.2]
["C2330","TÊ AÇO GALV. D=125mm (5\")","UN",552.62]
["C2331","TÊ AÇO GALV. D=150mm (6\")","UN",1225.1400000000001]
["C2394","TE REDUÇÃO AÇO GALVANIZADO 3/4\" X 1/2\"\n","UN",36.979999999999997]
[]
["C2395","TE REDUÇÃO AÇO GALVANIZADO 1 1/4\" X 1/2\"","UN",74.8]
["C2396","TE REDUÇÃO AÇO GALVANIZADO 2 1/2\" X 1\"\n","UN",191.59]
[]
["C2397","TE REDUÇÃO AÇO GALVANIZADO 4\" X 2\"\n","UN",462.91]
[]
["C3685","TUBO AÇO ASTM A-120 PRETO C/ ROSCA DE 20mm (3/4\")","M",26.55]
["C3686","TUBO AÇO ASTM A-120 PRETO  C/ ROSCA DE 25mm (1\")","M",40.93]
["C3687","TUBO AÇO ASTM A-120 PRETO  C/ ROSCA DE 32mm (1 1/4\")","M",48.92]
["C3688","TUBO AÇO ASTM A-120 PRETO  C/ ROSCA DE 40mm (1 1/2\")","M",68.900000000000006]
["C3690","TUBO AÇO ASTM A-120 PRETO  C/ ROSCA DE 80mm (3\")","M",135.28]
["C3689","TUBO AÇO ASTM A-120 PRETO  C/ ROSCA DE 50mm (2\")","M",75.87]
["C3691","TUBO AÇO ASTM A-120 PRETO  C/ ROSCA DE 100mm (4\")","M",181.77]
["C2558","TUBO AÇO GALV. C/OU S/COSTURA D=15mm (1/2\")","M",30.16]
["C2559","TUBO AÇO GALV. C/OU S/COSTURA D=20mm (3/4\")","M",36.42]
["C2560","TUBO AÇO GALV. C/OU S/COSTURA D=25mm (1\")","M",49.1]
["C2561","TUBO AÇO GALV. C/OU S/COSTURA D=32mm (1 1/4\")","M",65.48]
["C2554","TUBO AÇO GALV. C/OU S/COSTURA D= 40mm (1 1/2\")","M",77.77]
["C2562","TUBO AÇO GALV. C/OU S/COSTURA D=50mm (2\")","M",105.5]
["C2563","TUBO AÇO GALV. C/OU S/COSTURA D=65mm (2 1/2\")","M",127.17]
["C2564","TUBO AÇO GALV. C/OU S/COSTURA D=80mm (3\")","M",164.78]
["C2555","TUBO AÇO GALV. C/OU S/COSTURA D=100mm (4\")","M",217.25]
["C2556","TUBO AÇO GALV. C/OU S/COSTURA D=125mm (5\")","M",305.77999999999997]
["C2557","TUBO AÇO GALV. C/OU S/COSTURA D=150mm (6\")","M",337.58]
["C2543","TUBO AÇO GALV. C/OU S/COST.INCL.CONEXÕES D= 15mm (1/2\")","M",59.38]
["C2544","TUBO AÇO GALV. C/OU S/COST.INCL.CONEXÕES D= 20mm (3/4\")","M",71.45]
["C2545","TUBO AÇO GALV. C/OU S/COST.INCL.CONEXÕES D= 25mm (1\")","M",98.83]
["C2546","TUBO AÇO GALV. C/OU S/COST.INCL.CONEXÕES D= 32mm (1 1/4\")","M",116.65]
["C2547","TUBO AÇO GALV. C/OU S/COST.INCL.CONEXÕES D= 40mm(1 1/2\")","M",130.76]
["C2552","TUBO AÇO GALV. C/OU S/COST.INCL.CONEXÕES D=50mm (2\")","M",170.62]
["C2553","TUBO AÇO GALV. C/OU S/COST.INCL.CONEXÕES D=65mm (2 1/2\")","M",203.84]
["C2548","TUBO AÇO GALV. C/OU S/COST.INCL.CONEXÕES D= 80mm (3\")","M",244.04]
["C2549","TUBO AÇO GALV. C/OU S/COST.INCL.CONEXÕES D=100mm (4\")","M",312.41000000000003]
["C2550","TUBO AÇO GALV. C/OU S/COST.INCL.CONEXÕES D=125mm (5\")","M",429.38]
["C2551","TUBO AÇO GALV. C/OU S/COST.INCL.CONEXÕES D=150mm (6\")","M",467.79]
["TUBOS E CONEXÕES DE PVC",null,null,18691.96]
["C0014","ADAPTADOR DE JUNTA ELAST.P/SIFÃO METAL PVC P/ESGOTO  D=40mm","UN",9.6999999999999993]
["C0015","ADAPTADOR P/ SIFÃO PVC 40mm (1 1/4\")","UN",7.93]
["C3653","ADAPTADOR PVC P/ REGISTRO 25mm (3/4\")","UN",5.08]
["C3654","ADAPTADOR PVC P/ REGISTRO 32mm (1\")","UN",6.23]
["C3655","ADAPTADOR PVC P/ REGISTRO 40mm (1 1/4\")","UN",10.91]
["C3656","ADAPTADOR PVC P/ REGISTRO 50mm (1 1/2\")","UN",11.77]
["C3657","ADAPTADOR PVC P/ REGISTRO 60mm (2\")","UN",19.5]
["C0016","ADAPTADOR PVC P/ REGISTRO 75mm (2 1/2'')","UN",31.13]
["C0017","ADAPTADOR PVC P/ REGISTRO 85mm (3'')","UN",39.44]
["C0019","ADAPTADOR PVC SOLD. FLANGES LIVRES P/CX. D'ÁGUA 20mm (1/2')","UN",16.71]
["C0020","ADAPTADOR PVC SOLD. FLANGES LIVRES P/CX. D'ÁGUA 25mm (3/4\")","UN",20.71]
["C0021","ADAPTADOR PVC SOLD. FLANGES LIVRES P/CX. D'ÁGUA 32mm (1\")","UN",24.88]
["C0022","ADAPTADOR PVC SOLD. FLANGES LIVRES P/CX. D'ÁGUA 40mm (1 1/4\")","UN",39.49]
["C0023","ADAPTADOR PVC SOLD. FLANGES LIVRES P/CX. D'ÁGUA 50mm (1 1/2\")","UN",42.64]
["C0024","ADAPTADOR PVC SOLD. FLANGES LIVRES P/CX. D'ÁGUA 60mm (2\")","UN",67.819999999999993]
["C0025","ADAPTADOR PVC SOLD. FLANGES LIVRES P/CX. D'ÁGUA 75mm (2 1/2\")","UN",244.85]
["C0026","ADAPTADOR PVC SOLD. FLANGES LIVRES P/CX. D'ÁGUA 85mm (3\")","UN",345.72]
["C0018","ADAPTADOR PVC SOLD. FLANGES LIVRES P/CX. D'ÁGUA 110mm (4\")","UN",307.76]
["C4330","AQUISIÇÃO E ASSENTAMENTO DE TUBO PVC RÍGIDO PBA DEFoFo, INCLUSIVE CONEXÕES - DN 100","M",51.22]
[]
["C4329","AQUISIÇÃO E ASSENTAMENTO DE TUBO PVC RÍGIDO PBA DEFoFo, INCLUSIVE CONEXÕES - DN 150","M",134.41999999999999]
[]
["C0289","ASSENTAMENTO DE TUBOS E CONEXÕES EM PVC, JE DN 40mm","M",2.09]
["C0291","ASSENTAMENTO DE TUBOS E CONEXÕES EM PVC, JE DN 50mm","M",2.2999999999999998]
["C0292","ASSENTAMENTO DE TUBOS E CONEXÕES EM PVC, JE DN 75mm","M",2.77]
["C0281","ASSENTAMENTO DE TUBOS E CONEXÕES EM PVC, JE DN 100mm","M",3.68]
["C0282","ASSENTAMENTO DE TUBOS E CONEXÕES EM PVC, JE DN 125mm","M",4.6900000000000004]
["C0283","ASSENTAMENTO DE TUBOS E CONEXÕES EM PVC, JE DN 150mm","M",5.32]
["C0284","ASSENTAMENTO DE TUBOS E CONEXÕES EM PVC, JE DN 200mm","M",6.94]
["C0285","ASSENTAMENTO DE TUBOS E CONEXÕES EM PVC, JE DN 250mm","M",9]
["C0286","ASSENTAMENTO DE TUBOS E CONEXÕES EM PVC, JE DN 300mm","M",11.02]
["C0287","ASSENTAMENTO DE TUBOS E CONEXÕES EM PVC, JE DN 350mm","M",12.26]
["C0288","ASSENTAMENTO DE TUBOS E CONEXÕES EM PVC, JE DN 400mm","M",13.88]
["C0290","ASSENTAMENTO DE TUBOS E CONEXÕES EM PVC, JE DN 450mm","M",16.02]
["C0233","ASSENTAMENTO DE TUBOS E CONEXÕES EM PVC, JE DN 500mm","M",18.5]
["C0277","ASSENTAMENTO DE TUBOS E CONEXÕES EM PVC, J.SOLDADA DN 32mm","M",1.26]
["C0278","ASSENTAMENTO DE TUBOS E CONEXÕES EM PVC, J.SOLDADA DN 40mm","M",1.64]
["C0279","ASSENTAMENTO DE TUBOS E CONEXÕES EM PVC, J.SOLDADA DN 50mm","M",1.64]
["C0280","ASSENTAMENTO DE TUBOS E CONEXÕES EM PVC, J.SOLDADA DN 75mm","M",1.68]
["C0275","ASSENTAMENTO DE TUBOS E CONEXÕES EM PVC, J.SOLDADA DN 100mm","M",1.68]
["C0276","ASSENTAMENTO DE TUBOS E CONEXÕES EM PVC, J.SOLDADA DN 150mm","M",2.52]
["C0488","BUCHA REDUÇÃO LONGA PVC P/ESGOTO 50X40mm","UN",11.79]
["C0507","BUCHA REDUÇÃO PVC ROSC. D=3/4\"X1/2\" (25X20mm)","UN",5.36]
["C0496","BUCHA REDUÇÃO PVC ROSC. D=1\"X1/2\"(32X20mm)","UN",7.96]
["C0497","BUCHA REDUÇÃO PVC ROSC. D=1\"X3/4\" (32X25mm)","UN",7.88]
["C0494","BUCHA REDUÇÃO PVC ROSC. D=1 1/4\"X1/2\" (40X20mm)","UN",11.77]
["C0495","BUCHA REDUÇÃO PVC ROSC. D=1 1/4\"X3/4\" (40X25mm)","UN",11.89]
["C0493","BUCHA REDUÇÃO PVC ROSC. D=1 1/4\"X1\" (40X32mm)","UN",12.11]
["C0491","BUCHA REDUÇÃO PVC ROSC. D=1 1/2\"X1/2\" (50X20mm)","UN",12.85]
["C0492","BUCHA REDUÇÃO PVC ROSC. D=1 1/2\"X3/4\" (50X25mm)","UN",14.32]
["C0490","BUCHA REDUÇÃO PVC ROSC. D=1 1/2\"X1\" (50X32mm)","UN",15.77]
["C0489","BUCHA REDUÇÃO PVC ROSC. D=1 1/2\"X1 1/4\" (50X40mm)","UN",14.27]
["C0503","BUCHA REDUÇÃO PVC ROSC. D=2\"X1\" (60X32mm)","UN",22.5]
["C0502","BUCHA REDUÇÃO PVC ROSC. D=2\"X1 1/4\" (60X40mm)","UN",22.57]
["C0501","BUCHA REDUÇÃO PVC ROSC. D=2\"X1 1/2\" (60X50mm)","UN",24.75]
["C0499","BUCHA REDUÇÃO PVC ROSC. D=2 1/2\"X1 1/4\" (75X40mm)","UN",34]
["C0498","BUCHA REDUÇÃO PVC ROSC. D=2 1/2\"X1 1/2\" (75X50mm)","UN",36.33]
["C0500","BUCHA REDUÇÃO PVC ROSC. D=2 1/2\"X2\" (75X60mm)","UN",43.3]
["C0504","BUCHA REDUÇÃO PVC ROSC. D=3\"X1 1/2\" (85X50mm)","UN",35.6]
["C0506","BUCHA REDUÇÃO PVC ROSC. D=3\"X2\" (85X60mm)","UN",25.67]
["C0505","BUCHA REDUÇÃO PVC ROSC. D=3\"X2 1/2\" (85X75mm)","UN",47.49]
["C0508","BUCHA REDUÇÃO PVC ROSC. D=4\"X3\" (110X85mm)","UN",108.61]
["C3586","CAIXA SIFONADA 150X150X50cm COM GRELHA - PADRÃO POPULAR","UN",59.56]
["C0680","CAP (TAMPÃO) OU PLUG (BUJÃO) PVC P/ESGOTO D=50mm-SOLD.","UN",7.04]
["C0676","CAP (TAMPÃO) OU PLUG (BUJÃO) PVC P/ESGOTO  D=75mm - SOLD.","UN",11.65]
["C0678","CAP (TAMPÃO) OU PLUG (BUJÃO) PVC P/ESGOTO D=100mm SOLD.","UN",17.489999999999998]
["C0679","CAP (TAMPÃO) OU PLUG (BUJÃO) PVC P/ESGOTO D=50mm C/ANÉIS","UN",8.16]
["C0681","CAP (TAMPÃO) OU PLUG (BUJÃO) PVC P/ESGOTO D=75mm C/ANÉIS","UN",11.97]
["C0677","CAP (TAMPÃO) OU PLUG (BUJÃO) PVC P/ESGOTO D=100mm C/ANÉIS","UN",17.45]
["C0685","CAP PVC BRANCO ROSC. D=1/2\" (20mm)","UN",5.86]
["C0688","CAP PVC BRANCO ROSC. D=3/4\" (25mm)","UN",6.48]
["C0684","CAP PVC BRANCO ROSC. D=1\" (32mm)","UN",9.4499999999999993]
["C0683","CAP PVC BRANCO ROSC. D=1 1/4\" (40mm)","UN",18.18]
["C0682","CAP PVC BRANCO ROSC. D=1 1/2\" (50mm)","UN",18.63]
["C0686","CAP PVC BRANCO ROSC. D=2 1/2\" (75mm)","UN",32.909999999999997]
["C0687","CAP PVC BRANCO ROSC. D=3\" (85mm)","UN",40.44]
["C0689","CAP PVC BRANCO ROSC. D=4\"(110mm)","UN",61.96]
["C0690","CAP PVC SOLD. MARROM D= 20mm (1/2\")","UN",3.55]
["C0691","CAP PVC SOLD. MARROM D= 25mm (3/4\")","UN",3.68]
["C0692","CAP PVC SOLD. MARROM D= 32mm (1\")","UN",4.7]
["C0693","CAP PVC SOLD. MARROM D= 40mm (1 1/4\")","UN",8.01]
["C0694","CAP PVC SOLD. MARROM D= 50mm (1 1/2\")","UN",11.89]
["C0695","CAP PVC SOLD. MARROM D= 60mm (2\")","UN",17.579999999999998]
["C0696","CAP PVC SOLD. MARROM D= 75mm (2 1/2\")","UN",29.33]
["C0697","CAP PVC SOLD. MARROM D= 85mm (3\")","UN",59.15]
["C0698","CAP PVC SOLD. MARROM D=110mm (4\")","UN",92.85]
["C0952","COTOVELO PVC SOLD. MARROM D=20mm (1/2\")","UN",8.75]
["C0953","COTOVELO PVC SOLD. MARROM D=25mm (3/4\")","UN",8.98]
["C0954","COTOVELO PVC SOLD. MARROM D=32mm (1\")","UN",11]
["C0955","COTOVELO PVC SOLD. MARROM D=40mm (1 1/4\")","UN",19.25]
["C0956","COTOVELO PVC SOLD. MARROM D=50mm (1 1/2\")","UN",18.64]
["C0957","COTOVELO PVC SOLD. MARROM D=60mm (2\")","UN",45.19]
["C0958","COTOVELO PVC SOLD. MARROM D=75mm (2 1/2\")","UN",84.72]
["C0959","COTOVELO PVC SOLD. MARROM D=85mm (3\")","UN",130.09]
["C0951","COTOVELO PVC SOLD. MARROM D=110mm (4\")","UN",248.55]
["C0973","CRUZETA PVC BRANCO ROSC. D=1/2\" (20mm)","UN",21.59]
["C0975","CRUZETA PVC BRANCO ROSC. D=3/4\" (25mm)","UN",28.04]
["C0972","CRUZETA PVC BRANCO ROSC. D=1\" (32mm)","UN",26.49]
["C0971","CRUZETA PVC BRANCO ROSC. D=1 1/4\" (40mm)","UN",45.93]
["C0970","CRUZETA PVC BRANCO ROSC. D=1 1/2\" (50mm)","UN",55.56]
["C0974","CRUZETA PVC BRANCO ROSC. D=2\" (60mm)","UN",61.21]
["C0976","CRUZETA PVC SOLD. MARROM D= 20mm (1/2\")","UN",18.32]
["C0977","CRUZETA PVC SOLD. MARROM D= 25mm (3/4\")","UN",21.8]
["C0978","CRUZETA PVC SOLD. MARROM D= 32mm (1\")","UN",23.09]
["C0980","CRUZETA PVC SOLD. MARROM D=40mm (1 1/4\")","UN",32.33]
["C0981","CRUZETA PVC SOLD. MARROM D=50mm (1 1/2\")","UN",47.07]
["C0982","CRUZETA PVC SOLD. MARROM D=60mm (2\")","UN",50.67]
["C0983","CRUZETA PVC SOLD. MARROM D=75mm (2 1/2\")","UN",74.83]
["C0984","CRUZETA PVC SOLD. MARROM D=85mm (3\")","UN",101.4]
["C0979","CRUZETA PVC SOLD. MARROM D=110mm (4\")","UN",191.01]
["C1525","JOELHO 90 PVC SOLD./ROSCA. D= 20mmX1/2\"","UN",11.06]
["C1526","JOELHO 90 PVC SOLD./ROSCA. D= 25mmX3/4\"","UN",11.71]
["C1527","JOELHO 90 PVC SOLD./ROSCA. D= 32mmX1\"","UN",19.739999999999998]
["C1532","JOELHO C/VISITA. PVC P/ESG. D=75X50mm - JUNTA C/ANÉIS","UN",39.46]
["C1528","JOELHO C/VISITA PVC P/ESG. D=100X50mm - JUNTA C/ANÉIS","UN",51.99]
["C1530","JOELHO C/VISITA PVC P/ESG. D=100X75mm - JUNTA C/ANÉIS","UN",54.05]
["C1533","JOELHO C/VISITA. PVC P/ESG. D=75X50mm - JUNTA SOLD.","UN",36.92]
["C1529","JOELHO C/VISITA PVC P/ESG. D=100X50mm - JUNTA SOLD.","UN",49.91]
["C1531","JOELHO C/VISITA PVC P/ESG. D=100X75mm - JUNTA SOLD.","UN",52.76]
["C1543","JOELHO OU CURVA PVC ROSC. D=1/2\"(20mm)","UN",11.52]
["C1547","JOELHO OU CURVA PVC ROSC. D=3/4\" (25mm)","UN",12.52]
["C1542","JOELHO OU CURVA PVC ROSC. D=1\" (32mm)","UN",15.67]
["C1541","JOELHO OU CURVA PVC ROSC. D=1 1/4\" (40mm)","UN",28.71]
["C1540","JOELHO OU CURVA PVC ROSC. D=1 1/2\" (50mm)","UN",29.87]
["C1545","JOELHO OU CURVA PVC ROSC. D=2\" (60mm)","UN",51.36]
["C1544","JOELHO OU CURVA PVC ROSC. D=2 1/2\" (75mm)","UN",74.38]
["C1546","JOELHO OU CURVA PVC ROSC. D=3\" (85mm)","UN",76.98]
["C1548","JOELHO OU CURVA PVC ROSC. D=4\" (110mm)","UN",161.5]
["C1551","JOELHO PVC BRANCO P/ESGOTO D=40mm (1 1/2\")","UN",15.83]
["C1552","JOELHO PVC BRANCO P/ESGOTO D=50mm (2\")","UN",17.47]
["C1554","JOELHO PVC BRANCO P/ESGOTO D=75mm (3\")","UN",28.04]
["C1549","JOELHO PVC BRANCO P/ESGOTO D=100mm (4\")","UN",36.03]
["C1553","JOELHO PVC BRANCO P/ESGOTO D=50mm (2\") - JUNTA C/ANÉIS","UN",20.21]
["C1555","JOELHO PVC BRANCO P/ESGOTO D=75mm (3\") - JUNTA C/ANÉIS","UN",29.2]
["C1550","JOELHO PVC BRANCO P/ESGOTO D=100mm (4\") - JUNTA C/ANÉIS","UN",36.74]
["C1556","JOELHO PVC CINZA P/ESGOTO D=150mm (6\") - JUNTA C/ANÉIS","UN",147]
["C1557","JOELHO PVC CINZA. P/ESGOTO D=150mm (6\") - JUNTA SOLD","UN",124.83]
["C1558","JOELHO PVC SOLD. AZUL D=20mmX1/2\"","UN",15.17]
["C1559","JOELHO PVC SOLD. AZUL D=25mmX3/4\"","UN",17.02]
["C1560","JOELHO REDUÇÃO PVC SOLD./ROSCA. D=25mmX1/2\"","UN",13.15]
["C1561","JOELHO REDUÇÃO PVC SOLD./ROSCA. D=32mmX3/4\"","UN",23.17]
["C1568","JOELHO REDUÇÃO PVC ROSC. D=3/4\"X1/2\" (25X20mm)","UN",13.29]
["C1567","JOELHO REDUÇÃO PVC ROSC. D=1\"X3/4\" (32X25mm)","UN",15.18]
["C1562","JOELHO REDUÇÃO PVC SOLD. AZUL D=25mmX1/2\"","UN",14.03]
["C1563","JOELHO REDUÇÃO PVC SOLD. AZUL D=32mmX3/4\"","UN",28.72]
["C1564","JOELHO REDUÇÃO PVC SOLD.MARROM D=25X20mm (3/4\"X1/2\")","UN",11.33]
["C1565","JOELHO REDUÇÃO PVC SOLD.MARROM D=32X25mm (1\"X3/4\")","UN",14.28]
["C1566","JOELHO REDUÇÃO PVC SOLD.MARROM D=40X32mm (1 1/4\"X1\")","UN",17.53]
["C4388","JOELHO 45 PVC BRANCO PARA ESGOTO D=40mm (1 1/4\")","UN",19.649999999999999]
["C4669","JOELHO 45 PVC BRANCO PARA ESGOTO D=50mm (2\")","UN",21.56]
["C4389","JOELHO 45 PVC BRANCO PARA ESGOTO D=75mm (3\")","UN",27.68]
["C4390","JOELHO 45 PVC BRANCO PARA ESGOTO D=100mm (4\")","UN",33.22]
["C4391","JOELHO 45 PVC SOLDÁVEL D=25mm (3/4\")","UN",8.5299999999999994]
["C4392","JOELHO 45 PVC SOLDÁVEL D=32mm (1\")","UN",12.88]
["C4393","JOELHO 45 PVC SOLDÁVEL D=40mm (1 1/4\")","UN",15.84]
["C3994","JUNÇÃO PVC BRANCO 50 x 50 mm (2\" x 2\")","UN",31.56]
["C1575","JUNÇÃO SIMPLES C/INSPEÇÃO PVC P/ESGOTO D=75mm (3\")-C/ANÉIS","UN",41.21]
["C1574","JUNÇÃO SIMPLES C/INSPEÇÃO PVC P/ESGOTO D=100mm (4\")-C/ANÉIS","UN",48.31]
["C1579","JUNÇÃO SIMPLES DE REDUÇÃO PVC P/ESGOTO 75X50mm (3\"X2\")","UN",36.950000000000003]
["C1580","JUNÇÃO SIMPLES DE REDUÇÃO PVC P/ESGOTO 75X50mm (3\"X2\")-C/ANÉIS","UN",38.71]
["C1576","JUNÇÃO SIMPLES DE REDUÇÃO PVC P/ESGOTO 100X50mm (4\"X2\")-C/ANÉIS","UN",49.68]
["C1577","JUNÇÃO SIMPLES DE REDUÇÃO PVC P/ESGOTO 100X75mm (4\"X3\")-C/ANÉIS","UN",56.21]
["C1578","JUNÇÃO SIMPLES DE REDUÇÃO PVC P/ESGOTO 150X100mm (6\"X4\")-C/ANÉIS","UN",113.63]
["C1582","JUNÇÃO SIMPLES DE REDUÇÃO PVC P/ESGOTO 100X50mm(4\"X2\")","UN",48.64]
["C1583","JUNÇÃO SIMPLES DE REDUÇÃO PVC P/ESGOTO 100X75mm(4\"X3\")","UN",55.98]
["C1581","JUNÇÃO SIMPLES DE REDUÇÃO PVC P/ESGOTO 150X100mm(6\"X4\")","UN",105.06]
["C1585","JUNÇÃO SIMPLES C/INSPEÇÃO PVC P/ESGOTO D=75mm (3\")","UN",40.57]
["C1584","JUNÇÃO SIMPLES C/INSPEÇÃO PVC P/ESGOTO D=100mm (4\")","UN",48.4]
["C1572","JUNÇÃO DUPLA PVC BRANCO D=75mm (3\") - JUNTA C/ANÉIS","UN",51.83]
["C1570","JUNÇÃO DUPLA PVC BRANCO D=100mm (4\") - JUNTA C/ANÉIS","UN",79.959999999999994]
["C1573","JUNÇÃO DUPLA PVC BRANCO D=75mm(3\") - JUNTA SOLD.","UN",50.54]
["C1571","JUNÇÃO DUPLA PVC BRANCO D=100mm (4\") - JUNTA SOLD.","UN",80.150000000000006]
["C1720","LUVA PVC BRANCO ROSC. D=1/2\" (20mm)","UN",6.58]
["C1724","LUVA PVC BRANCO ROSC. D=3/4\" (25mm)","UN",7.61]
["C1719","LUVA PVC BRANCO ROSC. D=1\" (32mm)","UN",10.24]
["C1718","LUVA PVC BRANCO ROSC. D=1 1/4\" (40mm)","UN",14.57]
["C1717","LUVA PVC BRANCO ROSC. D=1 1/2\"  (50mm)","UN",20.88]
["C1722","LUVA PVC BRANCO ROSC. D=2\" (60mm)","UN",23.1]
["C1721","LUVA PVC BRANCO ROSC. D=2 1/2\" (75mm)","UN",34.04]
["C1723","LUVA PVC BRANCO ROSC. D=3\" (85mm)","UN",44.59]
["C1725","LUVA PVC BRANCO ROSC. D=4\" (110mm)","UN",61.53]
["C1726","LUVA PVC SOLD. AZUL C/ROSCA MET. D=20mmX1/2\"","UN",9.86]
["C1727","LUVA PVC SOLD. AZUL C/ROSCA MET. D=25mmX3/4\"","UN",11.56]
["C1728","LUVA PVC SOLD. MARROM D= 20mm (1/2\")","UN",5.23]
["C1729","LUVA PVC SOLD. MARROM D= 25mm (3/4\")","UN",5.54]
["C1730","LUVA PVC SOLD. MARROM D= 32mm (1\")","UN",7.13]
["C1731","LUVA PVC SOLD. MARROM D= 40mm (1 1/4\")","UN",12.1]
["C1732","LUVA PVC SOLD. MARROM D= 50mm (1 1/2\")","UN",13.02]
["C1733","LUVA PVC SOLD. MARROM D= 60mm (2\")","UN",23.66]
["C1734","LUVA PVC SOLD. MARROM D= 75mm (2 1/2\")","UN",34.549999999999997]
["C1735","LUVA PVC SOLD. MARROM D= 85mm (3\")","UN",62.01]
["C1736","LUVA PVC SOLD. MARROM D=110mm (4\")","UN",62.87]
["C1737","LUVA PVC SOLD./ROSCA. D=20mmX1/2\"","UN",8.23]
["C1738","LUVA PVC SOLD./ROSCA. D=25mmX1/2\"","UN",8.91]
["C1739","LUVA PVC SOLD./ROSCA. D=25mmX3/4\"","UN",8.59]
["C1740","LUVA PVC SOLD./ROSCA. D=32mmX1\"","UN",12.04]
["C1741","LUVA PVC SOLD./ROSCA. D=40mmX1 1/4\"","UN",22.91]
["C1742","LUVA PVC SOLD./ROSCA. D=50mmX1 1/2\"","UN",32.049999999999997]
["C1752","LUVA REDUÇÃO PVC ROSC. D=3/4\"X1/2\" (25X20mm)","UN",9.11]
["C1751","LUVA REDUÇÃO PVC ROSC. D=1\"X3/4\" (32X25mm)","UN",10.87]
["C1753","LUVA REDUÇÃO PVC SOLDÁVEL AZUL C/ROSCA METÁLICA, D=25mmX1/2\"","UN",10.89]
["C1743","LUVA REDUÇÃO PVC SOLDÁVEL MARROM D= 25X20mm (3/4\"X1/2\")","UN",6.04]
["C1744","LUVA REDUÇÃO PVC SOLDÁVEL MARROM D= 32X25mm (1\"X3/4\")","UN",8.18]
["C1745","LUVA REDUÇÃO PVC SOLDÁVEL MARROM D= 40X32mm (1 1/4\"X1\")","UN",17.899999999999999]
["C1748","LUVA REDUÇÃO PVC SOLDÁVEL MARROM D=75X60mm ( 2 1/2\"X2\")","UN",27.49]
["C1749","LUVA REDUÇÃO PVC SOLDÁVEL MARROM D=85X60mm (3\"X2\")","UN",36.24]
["C1750","LUVA REDUÇÃO PVC SOLDÁVEL MARROM D=85X75mm (3\"X2 1/2\")","UN",44.28]
["C1746","LUVA REDUÇÃO PVC SOLDÁVEL MARROM D=110X75mm (4\"X2 1/2\")","UN",68.73]
["C1747","LUVA REDUÇÃO PVC SOLDÁVEL MARROM D=110X85mm (4\"X3\")","UN",64.180000000000007]
["C1760","LUVA SIMPLES PVC BRANCO P/ESGOTO 40mm (1 1/2\")","UN",9.2100000000000009]
["C1761","LUVA SIMPLES PVC BRANCO P/ESGOTO 50mm (2\")","UN",11.76]
["C1762","LUVA SIMPLES PVC BRANCO P/ESGOTO 75mm (3\")","UN",20.11]
["C1758","LUVA SIMPLES PVC BRANCO P/ESGOTO 100mm (4\")","UN",24.8]
["C1759","LUVA SIMPLES PVC BRANCO P/ESGOTO 150mm (6\")","UN",62.23]
["C1756","LUVA SIMPLES PVC BRANCO P/ESGOTO D=50mm (2\")-C/ANÉIS","UN",14.01]
["C1757","LUVA SIMPLES PVC BRANCO P/ESGOTO D=75mm (3\")-C/ANÉIS","UN",20.75]
["C1754","LUVA SIMPLES PVC BRANCO P/ESGOTO D=100mm (4')-C/ANÉIS","UN",24.71]
["C1755","LUVA SIMPLES PVC BRANCO P/ESGOTO D=150mm (6\")-C/ANÉIS","UN",70.84]
["C1697","LUVA DUPLA OU DE CORRER PVC P/ESGOTO 40mm","UN",9.2100000000000009]
["C1699","LUVA DUPLA PVC P/ESGOTO D=50mm (2\")-C/ANÉIS","UN",22.44]
["C1700","LUVA DUPLA PVC P/ESGOTO D=75mm (3\")-C/ANÉIS","UN",26.89]
["C1698","LUVA DUPLA PVC P/ESGOTO D=100mm (4\")-C/ANÉIS","UN",37.33]
["C1702","LUVA DUPLA PVC P/ESGOTO 50mm JUNTAS SOLDADAS","UN",20.190000000000001]
["C1703","LUVA DUPLA PVC P/ESGOTO 75mm JUNTAS SOLDADAS","UN",26.25]
["C1701","LUVA DUPLA PVC P/ESGOTO 100mm JUNTAS SOLDADAS","UN",37.42]
["C3582","MUTIRÃO MISTO - ADAPTADOR DE JUNTA ELÂSTICA P/SIFÃO METAL PVC P/ESGOTO D=40mm","UN",7.03]
[]
["C3556","MUTIRÃO MISTO - ADAPTADOR PVC SOLDÁVEL FLANGES LIVRES P/CX. D'ÁGUA 25mm (3/4\")","UN",18.989999999999998]
[]
["C3585","MUTIRÃO MISTO - CAIXA SIFONADA 150X150X50cm COM GRELHA","UN",50.01]
["C3588","MUTIRÃO MISTO - JOELHO PVC BRANCO P/ESGOTO D=40mm(1 1/2\")","UN",10.48]
["C3589","MUTIRÃO MISTO - JOELHO PVC BRANCO P/ESGOTO D=50mm(2\")","UN",12.12]
["C3587","MUTIRÃO MISTO - JOELHO PVC BRANCO P/ESGOTO D=100mm(4\")","UN",27.44]
["C3559","MUTIRÃO MISTO - JOELHO PVC SOLDÁVEL AZUL D=25mmX3/4\"","UN",13.58]
["C3557","MUTIRÃO MISTO - JOELHO REDUÇÃO 90 PVC SOLDÁVEL C/ROSCA D=25mmX1/2\"","UN",9.33]
["C3558","MUTIRÃO MISTO - JOELHO REDUÇÃO PVC SOLDÁVEL AZUL D=25mmX1/2\"","UN",10.59]
["C3560","MUTIRÃO MISTO - LUVA PVC  SOLDÁVEL AZUL C/ROSCA MET. D=25mmX3/4\"","UN",9.84]
["C3561","MUTIRÃO MISTO - TE PVC SOLDÁVEL MARROM D=25mm (3/4\")","UN",6.56]
["C3562","MUTIRÃO MISTO - TUBO PVC SOLDÁVEL MARROM D= 25mm (3/4\")","M",7.23]
["C3591","MUTIRÃO MISTO - TUBO PVC BRANCO P/ESGOTO D=40mm(1 1/2\")","M",13.39]
["C3592","MUTIRÃO MISTO - TUBO PVC BRANCO P/ESGOTO D=50mm(2\")","M",19.05]
["C3590","MUTIRÃO MISTO - TUBO PVC BRANCO P/ESGOTO D=100mm(4\")","M",32.21]
["C1827","NIPLE EM PVC C/ ROSCA DE 1 1/4\"","UN",16.850000000000001]
["C1828","NIPLE EM PVC C/ ROSCA DE 2 1/2\"","UN",28.68]
["C2093","RALO SECO  PVC RÍGIDO","UN",56]
["C2145","REDUÇÃO EXCÊNTRICA PVC BRANCO REFORÇADO  D=75X50mm (3\"X2\")","UN",17.07]
["C2143","REDUÇÃO EXCÊNTRICA PVC BRANCO REFORÇADO  D=100X75mm (4\"X3\")","UN",24.86]
["C2144","REDUÇÃO EXCÊNTRICA PVC BRANCO REFORÇADO  D=150x150mm(6\"x4\")= (150 X 100MM)","UN",78.319999999999993]
[]
["C2153","REDUÇÃO PVC BRANCO/CINZA P/ESGOTO D=100X75mm (4\"X3\")","UN",36.89]
["C2151","REDUÇÃO PVC BRANCO P/ESGOTO D=75X50mm (3\"X2\")","UN",27.4]
["C2146","REDUÇÃO PVC BRANCO P/ESGOTO D=100X50mm (4\"X2\")","UN",24.06]
["C2149","REDUÇÃO PVC BRANCO P/ESGOTO D=150X100mm (6\"X4\")","UN",76.75]
["C2152","REDUÇÃO PVC BRANCO P/ESGOTO D=75X50mm (3\"X2\")-C/ANÉIS","UN",36.299999999999997]
["C2147","REDUÇÃO PVC BRANCO P/ESGOTO D=100X50mm (4\"X2\")-C/ANÉIS","UN",39.700000000000003]
["C2148","REDUÇÃO PVC BRANCO P/ESGOTO D=100X75mm (4\"X3\")-C/ANÉIS","UN",53.82]
["C2150","REDUÇÃO PVC BRANCO P/ESGOTO D=150X100mm (6\"X4\")-C/ANÉIS","UN",82.7]
["C2320","TÊ PVC BRANCO C/INSPEÇÃO P/ESGOTO D=150mm(6\")","UN",235.7]
["C2345","TÊ PVC BRANCO C/INSPEÇÃO P/ESGOTO D=75mm (3\")","UN",53.52]
["C2343","TÊ PVC BRANCO C/INSPEÇÃO P/ESGOTO D=100mm (4\")","UN",63.13]
["C2346","TÊ PVC BRANCO C/INSPEÇÃO P/ESGOTO D=75mm (3\")-JUNTAS C/ANEIS","UN",54.16]
["C2344","TÊ PVC BRANCO C/INSPEÇÃO P/ESGOTO D=100mm (4\")-JUNTAS C/ANÉIS","UN",63.04]
["C2350","TÊ PVC BRANCO C/REDUÇÃO P/ESGOTO D=75X50mm (3\"X2\")","UN",35.380000000000003]
["C2347","TÊ PVC BRANCO C/REDUÇÃO P/ESGOTO D=100X50mm (4\"X2\")","UN",46.83]
["C2348","TÊ PVC BRANCO C/REDUÇÃO P/ESGOTO D=100X75mm (4\"X3\")","UN",51.03]
["C2349","TÊ PVC BRANCO C/REDUÇÃO P/ESGOTO D=150X100mm (6\"X4\")","UN",135.69]
["C2360","TÊ PVC BRANCO P/ESGOTO D=50mm (2\") - JUNTA C/ANÉIS","UN",27.88]
["C2362","TÊ PVC BRANCO P/ESGOTO D=75mm (3\") - JUNTA C/ANÉIS","UN",43.12]
["C2355","TÊ PVC BRANCO P/ESGOTO D=100mm (4\") - JUNTA C/ANÉIS","UN",49.7]
["C2351","TÊ PVC BRANCO P/ ESGOTO D=150mm (6\") - JUNTA C/ANÉIS","UN",89.26]
["C2358","TÊ PVC BRANCO P/ESGOTO D=40mm (1 1/2\")-JUNTAS SOLD.","UN",18.600000000000001]
["C2359","TÊ PVC BRANCO P/ESGOTO D=50MM (2')-JUNTAS SOLD.","UN",23.76]
["C2363","TÊ PVC BRANCO P/ESGOTO D=75mm (3\")-JUNTAS SOLD.","UN",41.38]
["C2356","TÊ PVC BRANCO P/ESGOTO D=100mm (4\")-JUNTAS SOLD.","UN",48.64]
["C2352","TÊ PVC BRANCO P/ ESGOTO D=150mm (6\") - JUNTAS SOLD.","UN",76.34]
["C2361","TÊ PVC BRANCO P/ESGOTO D=75X50mm (3\"X2\")-JUNTAS C/ANÉIS","UN",37.14]
["C2353","TÊ PVC BRANCO P/ESGOTO D=100X50mm (4\"X2\")-JUNTAS C/ANÉIS","UN",47.87]
["C2354","TÊ PVC BRANCO P/ESGOTO D=100X75mm (4\"X3\")-JUNTAS C/ANÉIS","UN",74.87]
["C2357","TÊ PVC BRANCO P/ESGOTO D=150X100mm (6\"X4\")-JUNTAS C/ANÉIS","UN",144.26]
["C2364","TÊ PVC BRANCO ROSC. D=  1/2\" (20mm)","UN",14.32]
["C2371","TÊ PVC BRANCO ROSC. D=3/4' (25mm)","UN",15.27]
["C2366","TÊ PVC BRANCO ROSC. D= 1\" (32mm)","UN",24.03]
["C2365","TÊ PVC BRANCO ROSC. D= 1 1/2\" (50mm)","UN",44.35]
["C2368","TÊ PVC BRANCO ROSC. D=1 1/4\" (40mm)","UN",38.72]
["C2367","TÊ PVC BRANCO ROSC. D= 2\" (60mm)","UN",69.89]
["C2369","TÊ PVC BRANCO ROSC. D=2 1/2\" (75mm)","UN",87.42]
["C2370","TÊ PVC BRANCO ROSC. D=3\" (85mm)","UN",107.15]
["C2372","TÊ PVC BRANCO ROSC. D=4\" (110mm)","UN",208.29]
["C2373","TÊ PVC CINZA C/INSPEÇÃO P/ESGOTO D=150mm (6\")-JUNTAS C/ANÉIS","UN",331.78]
["C2375","TÊ PVC CINZA C/INSPEÇÃO P/ESGOTO D=150mm (6\")-JUNTAS SOLD.","UN",323.17]
["C2376","TÊ PVC CINZA P/ESGOTO D=150MM (6')-JUNTAS C/ANÉIS","UN",198.77]
["C2377","TÊ PVC CINZA P/ESGOTO D=150MM (6')-JUNTAS SOLD.","UN",185.85]
["C2378","TÊ PVC SOLD./ROSCA AZUL D=20mmX20mmX1/2\"","UN",18.77]
["C2379","TÊ PVC SOLD./ROSCA AZUL D=25mmX25mmX3/4'","UN",21.08]
["C2380","TÊ PVC SOLD. MARROM D= 20mm (1/2\")","UN",9.91]
["C2381","TÊ PVC SOLD. MARROM D= 25mm (3/4\")","UN",10.19]
["C2382","TÊ PVC SOLD. MARROM D= 32mm (1\")","UN",13.25]
["C2383","TÊ PVC SOLD. MARROM D= 40mm (1 1/4\")","UN",24.17]
["C2384","TÊ PVC SOLD. MARROM D= 50mm (1 1/2\")","UN",25.19]
["C2385","TÊ PVC SOLD. MARROM D= 60mm (2\")","UN",49.06]
["C2386","TÊ PVC SOLD. MARROM D= 75mm (2 1/2\")","UN",85.33]
["C2387","TÊ PVC SOLD. MARROM D= 85mm (3\")","UN",108.66]
["C2388","TÊ PVC SOLD. MARROM D=110mm (4\")","UN",213.47]
["C2389","TE PVC SOLD./ROSCA D=20mmX20mmX1/2\"","UN",11.95]
["C2390","TE PVC SOLD./ROSCA D=25mmX25mmX3/4\"","UN",14.08]
["C2391","TE PVC SOLD./ROSCA D=32mmX32mmX1\"","UN",24.87]
["C2400","TE REDUCAO PVC ROSCAVEL DE 3/4\" X 1/2\" PARA AGUA FRIA\n","UN",19.649999999999999]
[]
["C2399","TE REDUCAO PVC ROSCAVEL DE 1\" X 3/4\" PARA AGUA FRIA\n","UN",22.62]
[]
["C2398","TE REDUCAO PVC ROSCAVEL DE 1 1/2\" X 3/4\" PARA AGUA FRIA\n","UN",41.2]
[]
["C5126","TE REDUCAO PVC ROSCAVEL DE 1 1/4\" X 1\" PARA AGUA FRIA\n","UN",38.840000000000003]
[]
["C5127","TE REDUCAO PVC ROSCAVEL DE 1 1/2\" X 1 1/4\" PARA AGUA FRIA","UN",39.409999999999997]
["C2393","TÊ REDUÇÃO PVC SOLD./ROSCA AZUL D=32mmX32mmX3/4\"","UN",23.35]
["C2392","TÊ REDUÇÃO PVC SOLD./ROSCA AZUL D=25mmX25mmX1/2\"","UN",19.95]
["C2404","TE REDUCAO PVC SOLDAVEL DE 25X20 MM PARA AGUA FRIA\n","UN",13.36]
[]
["C2405","TE REDUCAO PVC SOLDAVEL DE 32X25 MM PARA AGUA FRIA\n","UN",16.920000000000002]
[]
["C2406","TE REDUCAO PVC SOLDAVEL DE  40X32MM PARA AGUA FRIA\n","UN",24.3]
[]
["C2407","TE REDUCAO PVC SOLDAVEL DE  50X20MM PARA ÁGUA FRIA","UN",24.8]
["C2408","TE REDUCAO PVC SOLDAVEL DE  50X25MM PARA AGUA FRIA","UN",26.6]
["C2409","TE REDUCAO PVC SOLDAVEL DE  50X32MM PARA AGUA FRIA","UN",31.79]
["C2410","TE REDUCAO PVC SOLDAVEL DE  50X40MM PARA AGUA FRIA\n","UN",35.58]
[]
["C2411","TE REDUCAO PVC SOLDAVEL DE  75X50MM PARA AGUA FRIA","UN",72.19]
["C2412","TE REDUCAO PVC ROSCAVEL DE 2 1/2\" X 2\" PARA AGUA FRIA\n","UN",89.03]
[]
["C2413","TE REDUCAO PVC SOLDAVEL DE  85X60MM PARA AGUA FRIA","UN",134.5]
["C2414","TE REDUCAO PVC ROSCAVEL DE 3\" X 2 1/2\" PARA AGUA FRIA\n","UN",91.55]
[]
["C2401","TE REDUCAO PVC SOLDAVEL DE 110X60MM PARA AGUA FRIA","UN",184.16]
["C2402","TE REDUCAO PVC SOLDAVEL DE 110X75MM PARA AGUA FRIA","UN",195.92]
["C2403","TE REDUCAO PVC SOLDAVEL DE 110X85MM PARA AGUA FRIA","UN",219.05]
["C2341","TÊ REDUÇÃO PVC SOLD./ROSCA. D=25mmX25mmX1/2\"","UN",15.11]
["C2342","TÊ REDUÇÃO PVC SOLD./ROSCA. D=32mmX32mmX3/4\"","UN",24.83]
["C4822","TERMINAL DE VENTILAÇÃO PVC 50MM","UN",18.420000000000002]
["C4823","TERMINAL DE VENTILACAO PVC 75 MM","UN",27.78]
["C4824","TERMINAL DE VENTILAÇÃO PVC 100MM\n","UN",32.44]
[]
["C2595","TUBO PVC BRANCO P/ESGOTO D=40mm (1 1/2\")","M",17.97]
["C2596","TUBO PVC BRANCO P/ESGOTO D=50mm (2\")","M",24.78]
["C2598","TUBO PVC BRANCO P/ESGOTO D=75mm (3\")","M",38.229999999999997]
["C2593","TUBO PVC BRANCO P/ESGOTO D=100MM (4')","M",42.14]
["C2597","TUBO PVC BRANCO P/ESGOTO D=50mm (2\") - JUNTA C/ANÉIS","M",24.75]
["C2599","TUBO PVC BRANCO P/ESGOTO D=75mm (3\") - JUNTA C/ANÉIS","M",37.07]
["C2594","TUBO PVC BRANCO P/ESGOTO D=100mm (4\") - JUNTA C/ANÉIS","M",40.229999999999997]
["C2600","TUBO PVC BRANCO RÍGIDO ESGOTO D=150mm (6\")","M",67.31]
["C2601","TUBO PVC BRANCO RÍGIDO ESGOTO D=200mm (8\")","M",126.1]
["C2602","TUBO PVC BRANCO RÍGIDO ESGOTO D=250mm (10\")","M",142.63999999999999]
["C2603","TUBO PVC BRANCO RÍGIDO ESGOTO D=300mm (12\")","M",199.97]
["C2613","TUBO PVC CINZA RÍGIDO ESGOTO D=150mm (6\") JUNTA C/ANÉIS","M",122.12]
["C2614","TUBO PVC CINZA RÍGIDO ESGOTO D=150mm (6\") JUNTA SOLD.","M",124.93]
["C2607","TUBO PVC ROSC. BRANCO D= 1/2\" (20mm)","M",12.14]
["C2611","TUBO PVC ROSC. BRANCO D= 3/4\" (25mm)","M",17.75]
["C2606","TUBO PVC ROSC. BRANCO D= 1\" (32mm)","M",27.14]
["C2605","TUBO PVC ROSC. BRANCO D= 1 1/4\" (40mm)","M",37.619999999999997]
["C2604","TUBO PVC ROSC. BRANCO D= 1 1/2\" (50mm)","M",47.23]
["C2609","TUBO PVC ROSC. BRANCO D= 2\" (60mm)","M",65.180000000000007]
["C2608","TUBO PVC ROSC. BRANCO D= 2 1/2\" (75mm)","M",89.13]
["C2610","TUBO PVC ROSC. BRANCO D= 3\" (85mm)","M",122.12]
["C2612","TUBO PVC ROSC. BRANCO D= 4\"(110mm)","M",144.72999999999999]
["C4760","TUBO PVC SÉRIE REFORÇADA P/ ESGOTO D=100MM (4\") - INCLUSIVE CONEXÕES                                     \n","M",80.540000000000006]
[]
["C4763","TUBO PVC SÉRIE REFORÇADA P/ ESGOTO D=150MM (6\") JUNTA COM ANEL                                \n","M",119.79]
[]
["C2615","TUBO PVC SOLD. MARROM D= 20mm (1/2\")","M",7]
["C2616","TUBO PVC SOLD. MARROM D= 25mm (3/4\")","M",9.5299999999999994]
["C2617","TUBO PVC SOLD. MARROM D= 32mm (1\")","M",14.24]
["C2618","TUBO PVC SOLD. MARROM D= 40mm (1 1/4\")","M",21.17]
["C2619","TUBO PVC SOLD. MARROM D= 50mm (1 1/2\")","M",24.75]
["C2620","TUBO PVC SOLD. MARROM D= 60mm (2\")","M",37.25]
["C2621","TUBO PVC SOLD. MARROM D= 75mm (2 1/2\")","M",58.42]
["C2622","TUBO PVC SOLD. MARROM D= 85mm (3\")","M",71.62]
["C2623","TUBO PVC SOLD. MARROM D=110mm (4\")","M",104.25]
["C2624","TUBO PVC SOLD. MARROM INCL.CONEXÕES D= 20mm (1/2\")","M",19.920000000000002]
["C2625","TUBO PVC SOLD. MARROM INCL.CONEXÕES D= 25mm(3/4\")","M",24.03]
["C2626","TUBO PVC SOLD. MARROM INCL.CONEXÕES D= 32mm(1\")","M",32.1]
["C2627","TUBO PVC SOLD. MARROM INCL.CONEXÕES D= 40mm (1 1/4\")","M",40.090000000000003]
["C2628","TUBO PVC SOLD. MARROM INCL.CONEXÕES D= 50mm (1 1/2\")","M",45.69]
["C2629","TUBO PVC SOLD. MARROM INCL.CONEXÕES D= 60mm (2\")","M",63.73]
["C2631","TUBO PVC SOLD. MARROM INCL.CONEXÕES D=75mm (2 1/2\")","M",95.1]
["C2632","TUBO PVC SOLD. MARROM INCL.CONEXÕES D=85MM(3')","M",108.47]
["C2630","TUBO PVC SOLD. MARROM INCL.CONEXÕES D=110mm(4')","M",152.52000000000001]
["C2648","UNIÃO PVC BRANCO ROSC. D=1/2\" (20mm)","UN",12.5]
["C2652","UNIÃO PVC BRANCO ROSC. D=3/4\" (25mm)","UN",14.51]
["C2647","UNIÃO PVC BRANCO ROSC. D=1\" (32mm)","UN",26.03]
["C2646","UNIÃO PVC BRANCO ROSC. D=1 1/4\" (40mm)","UN",43.32]
["C2645","UNIÃO PVC BRANCO ROSC. D=1 1/2\" (50mm)","UN",43.94]
["C2650","UNIÃO PVC BRANCO ROSC. D=2\" (60mm)","UN",96.5]
["C2651","UNIÃO PVC BRANCO ROSC. D=3\" (85mm)","UN",240.35]
["C2649","UNIÃO PVC BRANCO ROSC. D=2 1/2\" (75mm)","UN",191.91]
["C2653","UNIÃO PVC BRANCO ROSC. D=4\" (110mm)","UN",365.54]
["C2654","UNIÃO PVC SOLD. MARROM D= 20mm (1/2\")","UN",11.75]
["C2655","UNIÃO PVC SOLD. MARROM D= 25mm (3/4\")","UN",13.53]
["C2656","UNIÃO PVC SOLD. MARROM D= 32mm (1\")","UN",19.850000000000001]
["C2657","UNIÃO PVC SOLD. MARROM D= 40mm (1 1/4\")","UN",35.97]
["C2658","UNIÃO PVC SOLD. MARROM D= 50mm (1 1/2\")","UN",38.76]
["C2659","UNIÃO PVC SOLD. MARROM D= 60mm (2\")","UN",88.01]
["C2660","UNIÃO PVC SOLD. MARROM D= 75mm (2 1/2\")","UN",173.93]
["C2661","UNIÃO PVC SOLD. MARROM D= 85mm (3\")","UN",203.56]
["C2662","UNIÃO PVC SOLD. MARROM D=110mm (4\")","UN",433.01]
["TUBOS E CONEXÕES DE PRFV",null,null,307.70999999999998]
["C4188","ASSENTAMENTO DE TUBO, PEÇAS E CONEXÕES EM PRFV, JE DN 300mm","M",16.239999999999998]
["C4189","ASSENTAMENTO DE TUBO, PEÇAS E CONEXÕES EM PRFV, JE DN 350mm","M",17.04]
["C4190","ASSENTAMENTO DE TUBO, PEÇAS E CONEXÕES EM PRFV, JE DN 400mm","M",19.559999999999999]
["C4191","ASSENTAMENTO DE TUBO, PEÇAS E CONEXÕES EM PRFV, JE DN 450mm","M",20.63]
["C4192","ASSENTAMENTO DE TUBO, PEÇAS E CONEXÕES EM PRFV, JE DN 500mm","M",21.73]
["C4193","ASSENTAMENTO DE TUBO, PEÇAS E CONEXÕES EM PRFV, JE DN 600mm","M",24.05]
["C4194","ASSENTAMENTO DE TUBO, PEÇAS E CONEXÕES EM PRFV, JE DN 700mm","M",27.18]
["C4195","ASSENTAMENTO DE TUBO, PEÇAS E CONEXÕES EM PRFV, JE DN 800mm","M",32.85]
["C4196","ASSENTAMENTO DE TUBO, PEÇAS E CONEXÕES EM PRFV, JE DN 900mm","M",36.979999999999997]
["C4197","ASSENTAMENTO DE TUBO, PEÇAS E CONEXÕES EM PRFV, JE DN 1000mm","M",41.82]
["C4198","ASSENTAMENTO DE TUBO, PEÇAS E CONEXÕES EM PRFV, JE DN 1200mm","M",49.63]
["TUBOS E CONEXÕES DE CERÂMICA",null,null,384.37]
["C0235","ASSENTAMENTO DE TUBOS E CONEXÕES CERÂMICOS, J.ARG. D= 100mm","M",6.9]
["C0239","ASSENTAMENTO DE TUBOS E CONEXÕES CERÂMICOS, J.ARG. D=150mm","M",8.92]
["C0236","ASSENTAMENTO DE TUBOS E CONEXÕES CERÂMICOS, J.ARG. D= 200mm","M",10.88]
["C0237","ASSENTAMENTO DE TUBOS E CONEXÕES CERÂMICOS, J.ARG. D= 250mm","M",14.8]
["C0238","ASSENTAMENTO DE TUBOS E CONEXÕES CERÂMICOS, J.ARG. D= 300mm","M",18.309999999999999]
["C0240","ASSENTAMENTO DE TUBOS E CONEXÕES CERÂMICOS, J.ASF. D= 100mm","M",22.94]
["C0241","ASSENTAMENTO DE TUBOS E CONEXÕES CERÂMICOS, J.ASF. D= 150mm","M",26.07]
["C0242","ASSENTAMENTO DE TUBOS E CONEXÕES CERÂMICOS, J.ASF. D= 200mm","M",30.91]
["C0243","ASSENTAMENTO DE TUBOS E CONEXÕES CERÂMICOS, J.ASF. D= 250mm","M",41.92]
["C0244","ASSENTAMENTO DE TUBOS E CONEXÕES CERÂMICOS, J.ASF. D= 300mm","M",52.98]
["C0245","ASSENTAMENTO DE TUBOS E CONEXÕES CERÂMICOS, J.ASF. D= 350mm","M",67.290000000000006]
["C0246","ASSENTAMENTO DE TUBOS E CONEXÕES CERÂMICOS, J.ASF. D= 400mm","M",82.45]
["TUBOS E CONEXÕES DE CONCRETO",null,null,3159.44]
["C0305","ASSENTAMENTO DE TUBOS EM CONCRETO,JUNTA ARGAMASSADA, D=150mm","M",23.14]
["C0306","ASSENTAMENTO DE TUBOS EM CONCRETO,JUNTA ARGAMASSADA, D=200mm","M",30.78]
["C0298","ASSENTAMENTO DE TUBOS EM CONCRETO, JE D= 300mm","M",40.4]
["C0299","ASSENTAMENTO DE TUBOS EM CONCRETO, JE D= 400mm","M",62.86]
["C0300","ASSENTAMENTO DE TUBOS EM CONCRETO, JE D=500mm","M",86.86]
["C0301","ASSENTAMENTO DE TUBOS EM CONCRETO, JE D=600mm","M",109.38]
["C0302","ASSENTAMENTO DE TUBOS EM CONCRETO, JE D= 700mm","M",137.16999999999999]
["C0303","ASSENTAMENTO DE TUBOS EM CONCRETO, JE D= 800mm","M",161.9]
["C0304","ASSENTAMENTO DE TUBOS EM CONCRETO, JE D= 900mm","M",200.6]
["C0293","ASSENTAMENTO DE TUBOS EM CONCRETO, JE D= 1000mm","M",258.37]
["C0294","ASSENTAMENTO DE TUBOS EM CONCRETO, JE D= 1200mm","M",345.2]
["C0295","ASSENTAMENTO DE TUBOS EM CONCRETO, JE D=1500mm","M",436.69]
["C0296","ASSENTAMENTO DE TUBOS EM CONCRETO, JE D= 1750mm","M",556.77]
["C0297","ASSENTAMENTO DE TUBOS EM CONCRETO, JE D=2000mm","M",709.32]
["TUBOS E CONEXÕES DE COBRE",null,null,8305.27]
["C1007","CURVA COBRE OU BRONZE D= 15mm (1/2\")","UN",12.63]
["C1008","CURVA COBRE OU BRONZE D= 22mm (3/4\")","UN",18.760000000000002]
["C1009","CURVA COBRE OU BRONZE D= 28mm (1\")","UN",26.59]
["C1010","CURVA COBRE OU BRONZE D= 35mm (1 1/4\")","UN",49.22]
["C1011","CURVA COBRE OU BRONZE D= 42mm (1 1/2\")","UN",69.31]
["C1012","CURVA COBRE OU BRONZE D= 54mm (2\")","UN",102.47]
["C1013","CURVA COBRE OU BRONZE D= 66mm (2 1/2\")","UN",324.16000000000003]
["C1014","CURVA COBRE OU BRONZE D= 79mm (3\")","UN",309.61]
["C1015","CURVA COBRE OU BRONZE D=104mm (4\")","UN",749.68]
["C2332","TÊ COBRE OU BRONZE D= 15mm (1/2\")","UN",15.3]
["C2333","TÊ COBRE OU BRONZE D= 22mm (3/4\")","UN",22.91]
["C2334","TÊ COBRE OU BRONZE D= 28mm (1\")","UN",31.95]
["C2335","TÊ COBRE OU BRONZE D= 35mm (1 1/4\")","UN",67.23]
["C2336","TÊ COBRE OU BRONZE D= 42mm (1 1/2\")","UN",83.25]
["C2337","TÊ COBRE OU BRONZE D= 54mm (2\")","UN",149.22]
["C2338","TÊ COBRE OU BRONZE D= 66mm (2 1/2\")","UN",386.69]
["C2339","TÊ COBRE OU BRONZE D= 79mm (3\")","UN",462.38]
["C2340","TÊ COBRE OU BRONZE D=104mm (4\")","UN",932.73]
["C2565","TUBO COBRE D= 15mm(1/2\") CLASSE E","M",32.869999999999997]
["C2566","TUBO COBRE D= 22mm (3/4\") CLASSE E","M",55.18]
["C2567","TUBO COBRE D= 28mm (1\") CLASSE E","M",68.430000000000007]
["C2568","TUBO COBRE D= 35mm (1 1/4\") CLASSE E","M",99.65]
["C2569","TUBO COBRE D= 42mm (1 1/2\") CLASSE E","M",131.49]
["C2570","TUBO COBRE D= 54mm (2\") CLASSE E","M",190.91]
["C2571","TUBO COBRE D= 66mm (2 1/2\") CLASSE E","M",266.08999999999997]
["C2572","TUBO COBRE D= 79mm (3\") CLASSE E","M",383.78]
["C2573","TUBO COBRE D=104mm (4\") CLASSE E","M",560.35]
["C2574","TUBO COBRE INCLUSIVE CONEXÕES D= 15mm (1/2\") CLASSE E","M",65.33]
["C2575","TUBO COBRE INCLUSIVE CONEXÕES D= 22mm (3/4\") CLASSE E","M",98.73]
["C2576","TUBO COBRE INCLUSIVE CONEXÕES D= 28mm (1\") CLASSE E","M",118.81]
["C2577","TUBO COBRE INCLUSIVE CONEXÕES D= 35mm (1 1/4\") CLASSE E","M",166.24]
["C2578","TUBO COBRE INCLUSIVE CONEXÕES D= 42mm (1 1/2\") CLASSE E","M",205.51]
["C2579","TUBO COBRE INCLUSIVE CONEXÕES D= 54mm (2\") CLASSE E","M",295.8]
["C2580","TUBO COBRE INCLUSIVE CONEXÕES D= 66mm (2 1/2\") CLASSE E","M",409.45]
["C2581","TUBO COBRE INCLUSIVE CONEXÕES D= 79mm (3\") CLASSE E","M",547.96]
["C2582","TUBO COBRE INCLUSIVE CONEXÕES D=104mm (4\") CLASSE E","M",794.6]
["REGISTROS E VÁLVULAS",null,null,15740.36]
["C3599","MUTIRÃO MISTO - REGISTRO DE GAVETA BRUTO D=20mm (3/4\")","UN",47.45]
["C3600","MUTIRÃO MISTO - REGISTRO DE PRESSÃO D=20mm (3/4\")","UN",34.520000000000003]
["C2156","REGISTRO DE GAVETA BRUTO D= 15mm (1/2\")","UN",55.83]
["C2157","REGISTRO DE GAVETA BRUTO D= 20mm (3/4\")","UN",57.76]
["C2158","REGISTRO DE GAVETA BRUTO D= 25mm (1\")","UN",77.78]
["C2159","REGISTRO DE GAVETA BRUTO D= 32mm (1 1/4\")","UN",110.8]
["C2160","REGISTRO DE GAVETA BRUTO D= 40mm (1 1/2\")","UN",130.38]
["C2161","REGISTRO DE GAVETA BRUTO D= 50mm (2\")","UN",167.26]
["C2162","REGISTRO DE GAVETA BRUTO D= 65mm (2 1/2\")","UN",320.11]
["C2163","REGISTRO DE GAVETA BRUTO D= 80mm (3\")","UN",377.16]
["C2164","REGISTRO DE GAVETA BRUTO D=100mm (4\")","UN",745.95]
["C2165","REGISTRO DE GAVETA C/CANOPLA CROMADA D= 15mm (1/2\")","UN",100.64]
["C2166","REGISTRO DE GAVETA C/CANOPLA CROMADA D= 20mm (3/4\")","UN",110.31]
["C2167","REGISTRO DE GAVETA C/CANOPLA CROMADA D= 25mm (1\")","UN",129.24]
["C2168","REGISTRO DE GAVETA C/CANOPLA CROMADA D= 32mm (1 1/4\")","UN",183.95]
["C2169","REGISTRO DE GAVETA C/CANOPLA CROMADA D= 40mm (1 1/2\")","UN",190.66]
["C2171","REGISTRO DE PRESSÃO C/CANOPLA CROMADA D= 15mm (1/2\")","UN",102.82]
["C2172","REGISTRO DE PRESSÃO C/CANOPLA CROMADA D= 20mm (3/4\")","UN",105.53]
["C2170","REGISTRO DE PRESSAO C/CANOPLA CROMADA D=25MM (1\")","UN",108.51]
["C3601","REGISTRO DE PRESSÃO D=20mm (3/4\") - PADRÃO POPULAR","UN",46.17]
["C2173","REGISTRO DE RECALQUE NO PASSEIO D= 65mm (2 1/2\")","UN",773.97]
["C2177","REGISTRO GLOBO /FECHO RÁPIDO DE 3/4\"","UN",69.55]
["C2176","REGISTRO GLOBO /FECHO RÁPIDO DE 1\"","UN",89.32]
["C2175","REGISTRO GLOBO /FECHO RÁPIDO DE 1 1/4\"","UN",126.72]
["C2178","REGISTRO GLOBO/FECHO RÁPIDO DE 1 1/2\"","UN",150.02000000000001]
["C2174","REGISTRO GLOBO / FECHO RÁPIDO DE 2\"","UN",224.25]
["C4403","REGISTRO GLOBO / FECHO RÁPIDO DE 2 1/2\"","UN",238.54]
["C3695","REGISTRO GLOBO EM BRONZE ROSC. DE 3/4\"","UN",79.81]
["C3714","REGISTRO GLOBO EM BRONZE ROSC. DE 1\"","UN",99.68]
["C2684","VÁLVULA DE DESCARGA CROMADA C/CANOPLA LISA DE 32 OU 40mm","UN",264.58999999999997]
["C2685","VÁLVULA DE DESCARGA CROMADA C/REGISTRO ACOPLADO DE 32 OU 40mm","UN",392.93]
["C2686","VÁLVULA DE DESCARGA PVC RÍGIDO S/REGISTRO .ACOPLADO. D=50mm (1 1/2\")","UN",188.6]
["C2687","VÁLVULA DE FLUXO EM AÇO GALVANIZADO DE  (2 1/2\")","UN",453.12]
["C2688","VÁLVULA DE RETENÇÃO DE PÉ C/CRIVO D= 15mm (1/2\")","UN",75.44]
["C2689","VÁLVULA DE RETENÇÃO DE PÉ C/CRIVO D= 20mm (3/4\")","UN",82.87]
["C2690","VÁLVULA DE RETENÇÃO DE PÉ C/CRIVO D= 25mm (1\")","UN",89.26]
["C2691","VÁLVULA DE RETENÇÃO DE PÉ C/CRIVO D= 32mm (1 1/4\")","UN",141.25]
["C2692","VÁLVULA DE RETENÇÃO DE PÉ C/CRIVO D= 40mm (1 1/2\")","UN",148.41]
["C2693","VÁLVULA DE RETENÇÃO DE PÉ C/CRIVO D= 50mm (2\")","UN",205.95]
["C2694","VÁLVULA DE RETENÇÃO DE PÉ C/CRIVO D= 65mm (2 1/2\")","UN",351.9]
["C2695","VÁLVULA DE RETENÇÃO DE PÉ C/CRIVO D= 80mm (3\")","UN",464.02]
["C2696","VÁLVULA DE RETENÇÃO DE PÉ C/CRIVO D=100mm (4\")","UN",792.95]
["C4775","VÁLVULA DE RETENÇÃO DE PVC P/ ESGOTO D=150MM","UN",329.39]
["C2707","VÁLVULA DE RETENÇÃO HORIZONTAL D= 15mm (1/2\")","UN",69.709999999999994]
["C2708","VÁLVULA DE RETENÇÃO HORIZONTAL D= 20mm (3/4\")","UN",85.2]
["C2709","VÁLVULA DE RETENÇÃO HORIZONTAL D= 25mm (1\")","UN",108.23]
["C2710","VÁLVULA DE RETENÇÃO HORIZONTAL D= 32mm (1 1/4\")","UN",168.63]
["C2711","VÁLVULA DE RETENÇÃO HORIZONTAL D= 40mm (1 1/2\")","UN",215.93]
["C2712","VÁLVULA DE RETENÇÃO HORIZONTAL D= 50mm (2\")","UN",277.55]
["C2713","VÁLVULA DE RETENÇÃO HORIZONTAL D= 65mm (2 1/2\")","UN",438.93]
["C2714","VÁLVULA DE RETENÇÃO HORIZONTAL D= 80mm (3\")","UN",597.79]
["C2706","VÁLVULA DE RETENÇÃO HORIZONTAL D= 100mm (4\")","UN",897.78]
["C2697","VÁLVULA DE RETENÇÃO HORIZ.OU VERT. D= 15mm (1/2\")","UN",69.709999999999994]
["C2698","VÁLVULA DE RETENÇÃO HORIZ.OU VERT. D= 20mm (3/4\")","UN",85.2]
["C2699","VÁLVULA DE RETENÇÃO HORIZ.OU VERT. D= 25mm (1\")","UN",108.23]
["C2700","VÁLVULA DE RETENÇÃO HORIZ.OU VERT. D= 32mm (1 1/4\")","UN",168.63]
["C2701","VÁLVULA DE RETENÇÃO HORIZ.OU VERT. D= 40mm (1 1/2\")","UN",215.93]
["C2702","VÁLVULA DE RETENÇÃO HORIZ.OU VERT. D= 50mm (2\")","UN",277.55]
["C2703","VÁLVULA DE RETENÇÃO HORIZ.OU VERT. D= 65mm (2 1/2\")","UN",438.93]
["C2704","VÁLVULA DE RETENÇÃO HORIZ.OU VERT. D= 80mm (3\")","UN",597.79]
["C2705","VÁLVULA DE RETENÇÃO HORIZ.OU VERT. D=100mm (4\")","UN",897.78]
["C4005","VÁLVULA ELETRÔNICA CROMADA P/ MICTÓRIO","UN",320.67]
["C3715","VÁLVULA MOTORIZADA DE 2 VIAS ROSC. DE 3/4\"","UN",323.43]
["C3716","VÁLVULA MOTORIZADA DE 2 VIAS ROSC. DE 1\"","UN",341.39]
["LOUÇAS, METAIS E ACESSÓRIOS",null,null,41934.75]
["C0091","APARELHO MISTURADOR P/PIA TIPO MESA","UN",285.43]
["C0092","APARELHO MISTURADOR P/PIA TIPO PAREDE","UN",322.10000000000002]
["C0225","ARMÁRIO DE EMBUTIR C/ESPELHO (45x60)cm","UN",164.99]
["C0348","BACIA DE LOUÇA BRANCA C/CAIXA ACOPLADA","UN",661.55]
["C0349","BACIA DE LOUÇA BRANCA C/CAIXA ACOPLADA, ENTRADA HORIZONTAL","UN",687.29]
["C3247","BACIA DE LOUÇA BRANCA P/ CRIANÇA, INCLUSIVE TAMPA","UN",634.54]
["C0350","BACIA SIFONADA DE LOUÇA BRANCA C/ACESSÓRIOS E TUBO DE LIGAÇÃO","UN",411.42]
["C0351","BACIA TURCA DE LOUÇA BRANCA","UN",864.43]
["C0355","BANCADA DE GRANITO C/ 2  CUBAS LOUÇAS, S/ACESSÓRIOS (1.60x0.60)m","UN",746.88]
["C0356","BANCADA DE GRANITO C/ 3 CUBAS DE LOUÇAS, S/ACESSÓRIOS (2.00x0.60)m","UN",981.48]
["C0357","BANCADA DE GRANITO (OUTRAS CORES) E= 3cm (COLOCADO)","M2",608.34]
["C4068","BANCADA DE GRANITO CINZA E=2cm","M2",411.72]
["C4069","BANCADA DE GRANITO (OUTRAS CORES) ESP. = 2cm (COLOCADO)","M2",498.84]
["C0358","BANCADA DE GRANITO PRETO C/BOLEAMENTO DUPLO (COLOCADO)","M2",921.96]
["C0359","BANCADA DE MÁRMORE  LARG.= 0.60m  ESP.= 3cm","M",332.66]
["C3996","BANCADA EM GRANITO P/ LAVATÓRIO, INCL. LOUÇA BRANCA E ACESSÓRIOS","CJ",914.53]
["C3997","BANCADA EM GRANITO P/ PIA DE COZINHA, INCL. CUBA DE AÇO INOX  E ACESSÓRIOS","CJ",995.88]
["C3670","BANHEIRA HOSPITALAR C/ TAMPO E CUBA DE AÇO INOX DIMENSÃO 1800X600MM","UN",1949.2]
["C0386","BEBEDOURO EM AÇO INOX COM 1,60m","UN",2427.13]
["C0515","CABIDE DE LOUÇA BRANCA C/DOIS GANCHOS","UN",57.53]
["C0516","CABIDE DE LOUÇA BRANCA C/ UM GANCHO","UN",61.66]
["C0600","CAIXA DE DESCARGA PLÁSTICA DE SOBREPOR","UN",179.76]
["C3513","CHUVEIRO CROMADO C/ ARTICULAÇÃO","UN",105.49]
["C0797","CHUVEIRO PLÁSTICO (INSTALADO)","UN",13.22]
["C3671","CONE PARA EXPURGO EM AÇO INOX COM TAMPA E GRELHA - L=500MM X C=500MM, ALTURA ATÉ 300MM E SAÍDA D=100MM","UN",1145.72]
[]
["C0985","CUBA DE INOX PARA BANCADA,COMPLETA","UN",416.82]
["C4770","CUBA DE LOUÇA BRANCA DE SOBREPOR, D=41CM, S/ TORNEIRA C/ ACESSÓRIOS","UN",480.34]
["C0986","CUBA DE LOUÇA DE EMBUTIR C/ TORNEIRA E ACESSÓRIOS","UN",463.18]
["C4821","CUBA DE LOUÇA DE EMBUTIR S/TORNEIRA C/ACESSÓRIOS","UN",364.52]
["C1151","DUCHA P/ WC CROMADO (INSTALADO)","UN",72.8]
["C1241","ENGATE CROMADO (INSTALADO)","UN",26.47]
["C1242","ENGATE PLÁSTICO (INSTALADO)","UN",12.03]
["C4835","ESPELHO CRISTAL, ESPESSURA 4MM, COM PARAFUSOS DE FIXAÇÃO, SEM MOLDURA","M2",524.98]
["C3669","LAVA OLHOS DE EMERGÊNCIA C/ CUBA FLEXÍVEL E CHUVEIRO P/ LABORATÓRIO","UN",774.09]
["C3003","LAVATÓRIO C/TAMPÃO DE MÁRMORE C/ 1 CUBA DE LOUÇA","UN",376.37]
["C1618","LAVATÓRIO DE LOUÇA BRANCA C/COLUNA, C/ TORNEIRA E ACESSÓRIOS","UN",667.15]
["C1619","LAVATÓRIO DE LOUÇA BRANCA S/COLUNA C/TORNEIRA E ACESSÓRIOS","UN",542.11]
["C3004","LAVATÓRIO DE LOUÇA BRANCA S/COLUNA C/TORNEIRA DE METAL E ACESSÓRIOS - PADRÃO POPULAR","UN",301.33999999999997]
[]
["C3598","LAVATÓRIO DE LOUÇA BRANCA S/COLUNA C/TORNEIRA PLÁSTICA E ACESSÓRIOS - PADRÃO POPULAR","UN",257.12]
[]
["C1793","MICTÓRIO COLETIVO DE AÇO INOXIDÁVEL","M",1012.8]
["C1792","MICTORIO DE LOUÇA BRANCA","UN",636.24]
["C3593","MUTIRÃO MISTO - BACIA SIFONADA DE LOUÇA BRANCA C/ACESSÓRIOS","UN",331.07]
["C3596","MUTIRÃO MISTO - CAIXA DE DESCARGA PLASTICA DE SOBREPOR","UN",130.1]
["C3597","MUTIRÃO MISTO - LAVATÓRIO DE LOUÇA BRANCA S/COLUNA C/TORNEIRA PLÁSTICA E ACESSÓRIOS","UN",204.59]
[]
["C3602","MUTIRÃO MISTO - PIA DE COZINHA EM CIMENTO (1,20x0,50)m","UN",131.27000000000001]
["C3594","MUTIRÃO MISTO - TANQUE DE LAVAR DE CIMENTO (1.00X0.50)m COMPLETA","UN",177.45]
["C1898","PEÇAS DE APOIO DEFICIENTES C/TUBO INOX  P/WC'S","M",195.9]
["C3017","PIA DE AÇO INOX  (1.20x0.60)m C/ 1 CUBA E ACESSÓRIOS","UN",729.79]
["C1903","PIA DE AÇO INOX. (1.50X0.58)m C/ 1 CUBA E ACESSÓRIOS","UN",904.66]
["C3018","PIA DE AÇO INOX  (2.20x0.60)m C/ 1 CUBA E ACESSÓRIOS","UN",1157.26]
["C3019","PIA DE AÇO INOX (3.00x0.60)m  C/ 1 CUBA  E  ACESSÓRIOS","UN",1927.79]
["C1902","PIA DE AÇO INOX  (2.00X0.58)m  C/ 2 CUBAS E ACESSÓRIOS","UN",1618.38]
["C3020","PIA DE AÇO INOX (4.20X0.60)m C/ 2 CUBAS E ACESSÓRIOS","UN",2722.97]
["C3603","PIA DE COZINHA EM CIMENTO (1,20x0,50)m - PADRÃO POPULAR","UN",151.46]
["C3021","PIA DE COZINHA EM MARMORITE 1,00x0,50m COMP. - PADRÃO POPULAR","UN",242.64]
["C1997","PORTA-PAPEL DE LOUCA BRANCA (15X15)cm","UN",77.260000000000005]
["C4670","PORTA PAPEL METÁLICO","UN",34.26]
["C4825","PORTA PAPEL TOALHA (DISPENSER)EM ABS","UN",66.33]
["C1990","PORTA SABÃO LÍQUIDO DE VIDRO (INSTALAD0)","UN",53.36]
["C1995","PORTA TOALHA DE LOUÇA BRANCA","UN",94.34]
["C1996","PORTA TOALHA DE PAPEL - METALICO (INSTALADO)","UN",55.97]
["C2255","SABONETEIRA DE LOUÇA BRANCA  (7.5X15)cm","UN",72.41]
["C2254","SABONETEIRA DE LOUÇA BRANCA  (15X15)cm S/ALÇA","UN",76.78]
["C4671","SABONETEIRA METÁLICA","UN",44.52]
["C2271","SIFÃO CROMADO 1\" X 1 1/2\" (INSTALADO)","UN",199.04]
["C2270","SIFÃO CROMADO 1 1/4\" X 2\" (INSTALADO)","UN",208.76]
["C2272","SIFÃO DE PVC RÍGIDO D= 2\"  (INSTALADO)","UN",29.3]
["C2294","SUPORTE DE MÁRMORE P/FILTROS","UN",90.24]
["C2302","TAMPO DE AÇO INOX P/ BANCADAS","M2",1087.01]
["C2311","TANQUE DE AÇO INOXIDÁVEL","UN",744.44]
["C3059","TANQUE DE LAVAR DE CIMENTO (1.00x0.50)m COMPLETA C/ TORNEIRA DE METAL - PADRÃO POPULAR","UN",218.23]
[]
["C3595","TANQUE DE LAVAR DE CIMENTO (1.00X0.50)m COMPLETA C/ TORNEIRA DE PLÁSTICO - PADRÃO POPULAR","UN",195.87]
[]
["C2312","TANQUE DE LOUÇA C/COLUNA","UN",779.57]
["C3682","TANQUE LAVANDERIA EM AÇO INOX C/CUBA E ESFREGADOR DIMENSÃO 1200X600X200MM","UN",1592.48]
[]
["C2313","TANQUE PRÉ-MOLDADO DE CONCRETO (0.80X0.70)m","UN",260.73]
["C2496","TORNEIRA CIRÚRGICA (INSTALADO)","UN",164.52]
["C2502","TORNEIRA DE FECHAMENTO AUTOMÁTICO","UN",208.36]
["C2503","TORNEIRA DE PAREDE C/ FOTO SENSOR ","UN",771.48]
["C4820","TORNEIRA DE PAREDE P/ PIA, ACABAMENTO CROMADO, C/ BICA MÓVEL E AREJADOR, 1/2 \" OU 3/4 \"","UN",125.25]
[]
["C2504","TORNEIRA DE PRESSÃO CROMADA LONGA P/PIA","UN",138.16]
["C2505","TORNEIRA DE PRESSÃO CROMADA USO GERAL","UN",69.680000000000007]
["C2506","TORNEIRA DE PRESSÃO P/JARDIM DE 3/4\"","UN",33.770000000000003]
["C3998","TORNEIRA ELETRÔNICA C/ ANTI-VANDALISMO, P/ LAVATÓRIO DE BANCADA","UN",197.99]
["C3999","TORNEIRA ELETRÔNICA C/ ANTI-VANDALISMO, P/ PIA DE COZINHA","UN",237.29]
["C4000","TORNEIRA TIPO JARDIM CROMADA","UN",69.91]
["EQUIPAMENTOS",null,null,116373.02]
["C0001","ABRIGO P/ HIDRANTE C/MANGUEIRA E ESGUICHO DE LATÃO","UN",2529.3200000000002]
["C0010","ACIONADOR MANUAL, TIPO \"QUEBRA VIDRO\", MOD.EUROTRON/SIMILAR","UN",79.14]
["C0100","AQUECEDOR À GÁS EM CAIXA DE FERRO ESMALTADO","UN",3803.8]
["C0332","AUTOMÁTICO DE BOIA","UN",84.13]
["C0385","BATERIA SELADA 12V/7.5AH, P/LUMINÁRIAS AUTÔNOMAS","UN",169.5]
["C0389","BLOCO LUMINOSO AUTÔNOMO, INDICADOR DE SETA, MOD. UNITRON/SIMILAR","UN",331.37]
["C1802","BOMBA CENTRÍFUGA DE 1/4 CV, INCLUSIVE MAT.DE SUCÇÃO","UN",798.45]
["C0442","BOMBA CENTRÍFUGA DE 1/3 CV, INCLUSIVE MAT.DE SUCÇÃO","UN",769.48]
["C0441","BOMBA CENTRÍFUGA DE 1/2 CV, INCLUSIVE MAT.DE SUCCÃO","UN",785.94]
["C0443","BOMBA CENTRÍFUGA DE 1 CV, INCLUSIVE MAT.DE SUCÇÃO","UN",1204.07]
["C0444","BOMBA CENTRÍFUGA DE 1 1/2 CV, INCLUSIVE MAT.DE SUCÇÃO","UN",1483.79]
["C0445","BOMBA CENTRÍFUGA DE 2 CV, INCLUSIVE MAT.DE SUCÇÃO","UN",1851.75]
["C0446","BOMBA CENTRÍFUGA DE 3 CV, INCLUSIVE MAT.DE SUCÇÃO","UN",2015.3]
["C0447","BOMBA CENTRÍFUGA DE 5 CV, INCLUSIVE MAT.DE SUCÇÃO","UN",2695.97]
["C0448","BOMBA CENTRÍFUGA P/ PRESSURIZAÇÃO/HIDRANTE 10 CV","UN",3524.16]
["C0449","BOMBA CENTRÍFUGA P/ PRESSURIZAÇÃO/HIDRANTE 15 CV","UN",3915.18]
["C0451","BOMBA CENTRÍFUGA P/ PRESSURUZAÇÃO/HIDRANTE 20 CV","UN",5979.11]
["C0450","BOMBA CENTRÍFUGA P/ PRESSURIZAÇÃO/HIDRANTE 25 CV","UN",7175.72]
["C0455","BOMBA INJETORA DE 1/3 CV, MONOSÁFICA, INCL.MAT. SUCÇÃO","UN",1639.41]
["C0454","BOMBA INJETORA DE 1/2 CV, MONOFÁSICA INCL. MAT. SUCÇÃO","UN",1598.66]
["C0459","BOMBA INJETORA DE 3/4 CV, MONOFÁSICA INCL. MAT. SUCÇÃO","UN",1861.22]
["C0453","BOMBA INJETORA DE 1 CV, TRIFÁSICA INCL. MAT. SUCÇÃO","UN",2105.33]
["C0452","BOMBA INJETORA DE 1 1/2 CV, TRIFÁSICA INCL. MAT. SUCÇÃO","UN",2484.54]
["C0457","BOMBA INJETORA DE 2 CV, TRIFÁSICA INCL. MAT. SUCÇÃO","UN",2652]
["C0456","BOMBA INJETORA DE 2 1/2 CV, TRIFÁSICA INCL. MAT. SUCÇÃO","UN",2723.34]
["C0458","BOMBA INJETORA DE 3 CV, TRIFÁSICA INCL. MAT. SUCÇÃO","UN",2841.63]
["C0460","BOMBA INJETORA DE 7.5 CV, INCLUSIVE MAT. DE SUCÇÃO","UN",4213.92]
["C0729","CASA DE BOMBAS(1.5X1.5)m,  EM ALVENARIA E CONCRETO","UN",1062.4100000000001]
["C0732","CENTRAL ALARME P/6 LAÇOS SUPERV., MOD. FIRE-LITE/SIMILAR","UN",7715.34]
["C0730","CENTRAL ALARME P/12 LAÇOS SUPERV., MOD.FIRE-LITE/SIMILAR","UN",15378.05]
["C0731","CENTRAL ALARME P/18 LAÇOS SUPERV., MOD.FIRE-LITE/SIMILAR","UN",23070.71]
["C0796","CHUVEIRO ELÉTRICO AUTOMÁTICO 220V-2800/4400W (INSTALADO)","UN",380.62]
["C4385","ESGUICHO DE AGULHA 1/2\" x 1/2\"","UN",116.4]
["C4589","EXTINTOR EM CARRETA, CAP. 50KG - PO QUIMICO","UN",3079.08]
["C1357","EXTINTOR DE ÁGUA, PRESSURIZADA CAPACIDADE 10L","UN",258.54000000000002]
["C1359","EXTINTOR DE GÁS CARBÔNICO OU PÓ QUÍMICO DE 4 OU 6KG","UN",858.83]
["C1456","HIDRANTE C/REGISTRO GLOBO ANGULAR  D= 65mm (2 1/2\")","UN",905.09]
["C4304","HIDRANTE DE PISO","UN",1212.1500000000001]
["C2275","SINALIZADOR AUDIO-VISUAL, SIRENE BITONAL E STROBO/SIMILAR","UN",258.95]
["C2291","SPRINKLERS CROMADO (INSTALADO)","UN",70.89]
["C2292","SPRINKLERS EM BRONZE (INSTALADO)","UN",73.569999999999993]
["C2497","TORNEIRA DE BÓIA D= 20mm (3/4\")","UN",45.25]
["C2498","TORNEIRA DE BÓIA D= 25mm (1\")","UN",58.46]
["C2499","TORNEIRA DE BÓIA D= 32mm (1 1/4\")","UN",87.12]
["C2500","TORNEIRA DE BÓIA D= 40mm (1 1/2\")","UN",84.87]
["C2501","TORNEIRA DE BÓIA D= 50mm (2\")","UN",139.29]
["C2507","TORNEIRA ELÉTRICA AUTOMÁTICA 220V-2800W (INSTALADO)","UN",201.17]
["POÇOS E CAIXAS",null,null,145988.17000000001]
["C0011","ACRÉSCIMO DE CÂMARA EM PV C/ANÉIS DE CONCRETO D= 600mm","M",310.02999999999997]
["C0012","ACRÉSCIMO DE CÂMARA EM PV C/ANÉIS DE CONCRETO D=1000mm","M",508.07]
["C0013","ACRÉSCIMO DE CÂMARA EM PV C/ANÉIS DE CONCRETO D=1200mm","M",730.21]
["C0232","ASSENTAMENTO DE TUBO DE QUEDA","M",261.37]
["C3441","CAIXA D´ÁGUA EM FYBERGLASS - CAP. 500L","UN",374.61]
["C3442","CAIXA D´ÁGUA EM FYBERGLASS - CAP. 1000L","UN",545.73]
["C4595","CAIXA D'ÁGUA EM POLIETILENO CAP.310 ATÉ 500 L, COM TAMPA","UN",287.2]
["C0601","CAIXA DE GORDURA/SABÃO EM ALVENARIA","UN",334.51]
["C3584","CAIXA DE GORDURA/SABÃO PRÉ MOLDADA - PADRÃO POPULAR","UN",95.68]
["C0605","CAIXA DE INSPEÇÃO EM ALVENARIA - 1/2 TIJOLO COMUM","M2",164.61]
["C0603","CAIXA EM ALVENARIA (40X40X60cm) DE 1/2 TIJOLO COMUM, LASTRO DE CONCRETO E TAMPA DE CONCRETO","UN",297.89999999999998]
[]
["C0609","CAIXA EM ALVENARIA (60X60X60cm) DE 1/2 TIJOLO COMUM, LASTRO DE CONCRETO E TAMPA DE CONCRETO","UN",465.14]
[]
["C0602","CAIXA EM ALVENARIA (80X80X60cm) DE 1/2 TIJOLO COMUM, LASTRO DE CONCRETO E TAMPA DE CONCRETO","UN",650.63]
[]
["C0604","CAIXA DE INSPEÇÃO EM ALVENARIA - 1 TIJOLO COMUM","M2",257.02]
["C0610","CAIXA EM ALVENARIA (40X40X60cm) DE 1 TIJOLO COMUM, LASTRO DE CONCRETO E TAMPA DE CONCRETO","UN",505.37]
[]
["C0607","CAIXA EM ALVENARIA (60X60X60cm) DE 1 TIJOLO COMUM, LASTRO DE CONCRETO E TAMPA DE CONCRETO","UN",726.93]
[]
["C0608","CAIXA EM ALVENARIA (80X80X60cm) DE 1 TIJOLO COMUM, LASTRO DE CONCRETO E TAMPA DE CONCRETO","UN",951.8]
[]
["C0606","CAIXA DE INSPEÇÃO EM ALVENARIA - TAMPA DE CONCRETO ESP.= 5cm","M2",222.28]
["C0613","CAIXA DE INSPEÇÃO EM ALVENARIA-LASTRO DE CONCRETO ESP.= 10cm","M3",644.62]
["C0611","CAIXA DE INSPEÇÃO EM ALVENARIA P/LIGAÇÃO CONDOMINIAL, DI= (40X40)cm","UN",184.52]
["C0614","CAIXA DE INSPEÇÃO NO PASSEIO C/TUBO PVC D=300mm TAMPA FoFo","UN",773.07]
["C0615","CAIXA DE INSPEÇÃO NO PASSEIO EM ANÉIS D= 600mm, PADRÃO CAGECE","UN",244.86]
["C0623","CAIXA DE MACROMEDIDOR (2.10 X 2.10)m","UN",5713.66]
["C0637","CAIXA DE PITOMETRIA (1.30 X 1.30)m","UN",1870.74]
["C0638","CAIXA DE PITOMETRIA (1.50 X 1.50)m","UN",2530.5500000000002]
["C0639","CAIXA EM ALVENARIA 1 VEZ, S/TAMPA, CINTA ARM., FUNDO CONC. (4.80 X 1.50)m","UN",6086.87]
["C0640","CAIXA EM ALVENARIA C/DOSADOR A NIVEL CONSTANTE ","UN",1714.87]
["C0641","CAIXA EM ALVENARIA C/TAMPA EM CONCRETO FUNDO BRITA (1.0 X 1.0)m","UN",1043.78]
["C0642","CAIXA EM ALVENARIA S/TAMPA E FUNDO BRITA P/FILTRO (1.0.X.1.0)m","UN",861.88]
["C0643","CAIXA EM ALVENARIA S/TAMPA E FUNDO CONCRETO (1.20 X 1.20)m","UN",1277.68]
["C0644","CAIXA EM ALVENARIA S/TAMPA E FUNDO LAJE (1.60 X 1.30)m FILTRO","UN",1349.23]
["C0645","CAIXA INSPEÇÃO EM ANÉIS D=600mm, P/REDE CONDOMÍNIO (0.50<h<0.80)m","UN",228.36]
["C0646","CAIXA INSPEÇÃO EM ANÉIS D=800mm, P/REDE CONDOM.(1.00<h<=1.50)m","UN",499.92]
["C0647","CAIXA INSPEÇÃO EM ANÉIS D=800mm, P/REDE CONDOMI.0,80<h<1,00m","UN",342.1]
["C0648","CAIXA INSPEÇÃO NO PASSEIO C/TUBO PVC D=300mm TAMPA FoFo/CONCRETO","UN",847.53]
["C0649","CAIXA INSPEÇÃO NO PASSEIO EM ALVENARIA DI=(50X50)cm, PADRÃO CAGECE","UN",364.06]
["C3411","CAIXA P/ REGISTRO DE DESCARGA EM ALVENARIA DE TIJOLO MACIÇO DN ATÉ 200mm","UN",1030.51]
["C3412","CAIXA P/ REGISTRO DE DESCARGA EM ALVENARIA DE TIJOLO MACIÇO  200<DN<=500mm","UN",3255.53]
[]
["C3413","CAIXA P/ REGISTRO DE DESCARGA EM ALVENARIA DE TIJOLO MACIÇO  500<DN<=700mm","UN",4964.55]
[]
["C3414","CAIXA P/ REGISTRO DE DESCARGA EM ALVENARIA DE TIJOLO MACIÇO  700<DN<=900mm","UN",6194.02]
[]
["C0653","CAIXA P/REGISTRO OU VENTOSA EM ALVENARIA DE TIJOLO MACIÇO, DN ATÉ 200mm","UN",682.92]
["C0650","CAIXA P/REGISTRO OU VENTOSA EM ALVENARIA DE TIJOLO MACIÇO, 200<DN<=500mm","UN",2907.94]
["C0651","CAIXA P/REGISTRO OU VENTOSA EM ALVENARIA DE TIJOLO MACIÇO, 500<DN<=700mm","UN",4391.22]
["C0652","CAIXA P/REGISTRO OU VENTOSA EM ALVENARIA DE TIJOLO MACIÇO, 700<DN<=900mm","UN",5602.05]
["C4923","CAIXA SIFONADA PVC 100 X 100 X 50MM, ACABAMENTO BRANCO (GRELHA OU TAMPA CEGA)","UN",38.74]
[]
["C4924","CAIXA SIFONADA PVC 100 X 100 X 50MM, ACABAMENTO CROMADO (GRELHA OU TAMPA CEGA)","UN",55.68]
[]
["C4925","CAIXA SIFONADA PVC 100 X 100 X 50MM, ACABAMENTO INOX (GRELHA OU TAMPA CEGA)","UN",56.45]
[]
["C4926","CAIXA SIFONADA PVC 150 X 150 X 50MM, ACABAMENTO BRANCO (GRELHA OU TAMPA CEGA)\n","UN",59.56]
[]
["C4927","CAIXA SIFONADA PVC 150 X 150 X 50MM, ACABAMENTO CROMADO (GRELHA OU TAMPA CEGA)","UN",63]
[]
["C4928","CAIXA SIFONADA PVC 150 X 150 X 50MM, ACABAMENTO INOX (GRELHA OU TAMPA CEGA)","UN",74.67]
[]
["C4929","CAIXA SIFONADA PVC 150 X 185 X 75MM, ACABAMENTO BRANCO (GRELHA OU TAMPA CEGA)","UN",73.040000000000006]
[]
["C4378","CAIXA SIFONADA PVC 150 X 185 X 75MM, ACABAMENTO CROMADO (GRELHA OU TAMPA CEGA)","UN",90.78]
[]
["C4930","CAIXA SIFONADA PVC 150 X 185 X 75MM, ACABAMENTO INOX (GRELHA OU TAMPA CEGA)","UN",128.66999999999999]
[]
["C2816","EXECUÇÃO COMPLETA DE TIL (LAJE DE FUNDO EM CONCRETO ARMADO)","UN",341.22]
["C4327","GRELHA DE FERRO FUNDIDO (900 x 500 x 70 mm)","UN",507.69]
["C3583","MUTIRÃO MISTO - CAIXA DE GORDURA/SABÃO PRÉ MOLDADA","UN",86.13]
["C2907","POÇO DE VISITA, C/ANÉIS DE CONCRETO, PROF. ATÉ 1.00m, D= 600mm","UN",862.33]
["C2908","POÇO DE VISITA, C/ANÉIS DE CONCRETO, PROF. ATÉ 1.50m, D=1000mm","UN",2364.04]
["C2909","POÇO DE VISITA, C/ANÉIS DE CONCRETO, PROF. ATÉ 1.50m, D=1200mm","UN",4183.83]
["C4572","POÇO DE VISITA PRÉ-MOLDADO PARA GALERIA DE ÁGUAS PLUVIAIS Ø 1,0 m E PROFUNDIDADE 2,0m","UN",2482.59]
[]
["C4573","POÇO DE VISITA PRÉ-MOLDADO PARA GALERIA DE ÁGUAS PLUVIAIS Ø 2,0 m E PROFUNDIDADE 3,0m","UN",3132.29]
[]
["C4574","POÇO DE VISITA PRÉ-MOLDADO PARA GALERIA DE ÁGUAS PLUVIAIS Ø 1,0 m E PROFUNDIDADE 4,0m","UN",3789.49]
[]
["C4764","POÇO TUBULAR C/ TUBO GEOMECÂNICO DE 6``, PROFUNDIDADE 100M, COMPLETAMENTE EXECUTADO, INCLUSIVE MARCAÇÃO (FORNECIMENTO E EXECUÇÃO)","UN",37274.089999999997]
[]
["C3648","RESERVATÓRIO PRÉ MOLDADO ELEVADO CILÍNDRICO D=2,0M, CAP.=12,0M3, H=9,0M COMPLETO E CISTERNA CAP.=4,5 M3","UN",23860.14]
[]
["C4312","SOBRETAMPA EM FERRO FUNDIDO COM D=600mm","UN",760.37]
["C4328","SOBRETAMPA EM FERRO FUNDIDO C/ D=800 mm","UN",1156.3499999999999]
["C4772","TAMPA EM CONCRETO ARMADO, ESPESSURA 0,05M","M2",80.09]
["C4773","TAMPA EM CONCRETO ARMADO, ESPESSURA 0,08M","M2",128.15]
["C4783","TAMPA EM CONCRETO ARMADO, ESPESSURA 0,15M","M2",240.27]
["C4610","TAMPA EM CONCRETO ARMADO (0,70 x 0,70 x 0,15 m)","UN",117.73]
["C4609","TAMPA EM CONCRETO ARMADO (0,80 x 0,80 x 0,15 m)","UN",153.77000000000001]
["C4611","TAMPA EM CONCRETO ARMADO (0,90 x 0,90 x 0,15 m)","UN",194.62]
["C4612","TAMPA EM CONCRETO ARMADO (1,00 x 1,00 x 0,15 m)","UN",240.27]
["C4216","TAMPA EM CONCRETO ARMADO PARA REGISTRO (70x70x12cm)","UN",95.99]
["GRADEAMENTO, COMPORTA, VERTEDOURO E CALHAS",null,null,27464.99]
["C0663","CALHA PARSHALL EM FIBRA DE VIDRO PARA ÁGUA/ESGOTO W:3\" (FORNECIMENTO E INSTALAÇÃO)","UN",1446.21]
[]
["C0664","CALHA PARSHALL EM FIBRA DE VIDRO PARA ÁGUA/ESGOTO W:6\"(FORNECIMENTO E INSTALAÇÃO)","UN",2006.12]
[]
["C0665","CALHA PARSHALL EM FIBRA DE VIDRO PARA ÁGUA/ESGOTO W:9\"(FORNECIMENTO E INSTALAÇÃO)","UN",2309.52]
[]
["C4742","CALHA PARSHALL EM FIBRA DE VIDRO PARA ÁGUA/ESGOTO W:12\" (FORNECIMENTO E INSTALAÇÃO)","UN",12470.49]
[]
["C0823","COMPORTA EM FIBRA, CALHA EM ALUMÍNIO","M2",429.82]
["C0824","COMPORTA EM MADEIRA TRATADA C/ÓLEO DE LINHAÇA, CALHA ALUMÍNIO","M2",205.74]
["C2734","DRENO DE FUNDO EM PVC DO FILTRO D=1.50m, PADRÃO CAGECE","UN",478.7]
["C2735","DRENO DE FUNDO EM PVC DO FILTRO D=2.20m, PADRÃO CAGECE","UN",707.46]
["C2736","DRENO DE FUNDO EM PVC DO FILTRO D=2.80m, PADRÃO CAGECE","UN",1549.94]
["C2737","DRENO DE FUNDO EM PVC DO FILTRO D=3.20m, PADRÃO CAGECE","UN",1805.14]
["C2815","GRADE DE PVC DE 25 mm P/ CAIXA DE NÍVEL","UN",348.74]
["C4898","GRADE DE RETENÇÃO DE SÓLIDOS EM FERRO CHATO, COM BARRAS DE 10MMX40MM (1.1/4\"x1/2\") COM ESPAÇAMENTO E=20MM","M2",1487.73]
[]
["C2839","GRADE EM FERRO CHATO 1 1/4\" X 1/2\" ","M2",1603.2]
["C2981","VERTEDOURO EM MADEIRA DE LEI TRATADA C/ÓLEO DE LINHAÇA","M2",126.32]
["C2982","VERTEDOURO TRIANGULAR EM CHAPA DE ALUMÍNIO ESP. 3/16\" (50x40)cm","UN",161.63999999999999]
["C2983","VERTEDOURO TRIANGULAR EM FIBRA E CANTONEIRA DE ALUMÍNIO","M2",328.22]
["LIGAÇÕES PREDIAIS",null,null,2510.21]
["C5050","CAIXA DE GORDURA EM PVC, COM CESTO 18L","UN",326.38]
["C3489","CAIXA DE INSPEÇÃO EM ALVENARIA P/ LIGAÇÃO CONDOMINIAL DI=30x30cm","UN",176.23]
["C3415","CAIXA EM ALVENARIA PARA LIGAÇÃO D´ÁGUA 1 1/2\" E 2\"","UN",569.91999999999996]
["C3738","INSTALAÇÃO DE TUBO DE VENTILAÇÃO 50mm C/ L=4m, C/ REBOCO E PINTURA A CAL (C/ MATERIAL)","UN",74.19]
[]
["C3739","INSTALAÇÃO DE TUBO DE VENTILAÇÃO 50mm C/ L=4m, COM REBOCO E PINTURA A CAL (SEM MATERIAL)","UN",20.27]
[]
["C2865","LIGAÇÃO PREDIAL D'ÁGUA PADRÃO CAGECE","UN",52.81]
["C4813","LIGAÇÃO PREDIAL MND COM USO DE PERFURATRIZ PNEUMÁTICA TIPO MOLE, INCLUSIVE RAMAL","UN",520.47]
[]
["C5041","RAMAL INTRADOMICILIAR DE ESGOTO PARA TUBULAÇÃO DE 40MM","M",43.85]
["C5124","RAMAL INTRADOMICILIAR DE ESGOTO PARA TUBULAÇÃO DE 50MM","M",48.63]
["C5125","RAMAL INTRADOMICILIAR DE ESGOTO PARA TUBULAÇÃO DE 100MM","M",62.58]
["C2911","RAMAL PREDIAL COM PAVIMENTAÇÃO EM ASFALTO COM BASE EM PEDRA","M",31.21]
["C2912","RAMAL PREDIAL COM PAVIMENTAÇÃO EM PEDRA TOSCA OU PARALELO","M",25.7]
["C2919","RAMAL PREDIAL S/ PAVIMENTAÇÃO","M",15.43]
["C2913","RAMAL PREDIAL DE ESGOTO EM MBV 100mm, C/PAVIMENTO EM ASFALTO","M",100.89]
["C2914","RAMAL PREDIAL DE ESGOTO EM MBV 100mm, C/PAVIMENTO EM PEDRA TOSCA","M",100.92]
["C2915","RAMAL PREDIAL DE ESGOTO EM MBV 100mm, S/PAVIMENTO","M",81.8]
["C2916","RAMAL PREDIAL DE ESGOTO EM PVC 100mm, C/PAVIMENTO EM ASFALTO","M",106.33]
["C2917","RAMAL PREDIAL DE ESGOTO EM PVC 100mm, C/PAVIMENTO EM PEDRA TOSCA","M",77.84]
["C2918","RAMAL PREDIAL DE ESGOTO EM PVC 100mm, S/ PAVIMENTO","M",74.760000000000005]
["OUTROS ELEMENTOS",null,null,942922.86]
["C3435","ABRIGO P/ QUADRO COMANDO(54x54cm) DE POÇOS, ÁREA NÃO INUNDÁVEL","UN",779.84]
["C3433","ABRIGO P/ QUADRO COMANDO(108x108cm), POÇOS ÁREA NÃO INUNDÁVEL","UN",1264.5899999999999]
["C3434","ABRIGO P/ QUADRO COMANDO(120x120cm),  COM MURETA DE 2,10m","UN",3039.01]
["C1079","DESOBSTRUÇÃO DE TUBULAÇÕES","M",28.93]
["C1250","ENVELOPE DE CONCRETO P/PROTEÇÃO DE TUBO PVC ENTERRADO","M",19.45]
["C1248","ENVELOPE DE CONCRETO P/TUBOS PVC ENTERRADO, TIPO C, FCK= 13,5MPa","M3",830.37]
["C5209","ESTAÇÃO DE TRATAMENTO DE ESGOTO (ETE), VAZÃO DE 5,00 M3/DIA, CONFECCIONADA EM POLIESTER REFORÇADA E FIBRA DE VIDRO, COMPLETA INCLUINDO FORNECIMENTO, MONTAGEM E TREINAMENTO","UN",206055.74]
[]
["C4846","ESTAÇÃO DE TRATAMENTO DE ESGOTO (ETE), VAZÃO DE 10,00 M3/DIA, CONFECCIONADA EM POLIESTER REFORÇADA E FIBRA DE VIDRO, COMPLETA INCLUINDO FORNECIMENTO, MONTAGEM E TREINAMENTO","UN",206055.74]
[]
["C4847","ESTAÇÃO DE TRATAMENTO DE ESGOTO (ETE), VAZÃO DE 15,00 M3/DIA, CONFECCIONADA EM POLIESTER REFORÇADA E FIBRA DE VIDRO, COMPLETA INCLUINDO FORNECIMENTO, MONTAGEM E TREINAMENTO","UN",246694.77]
[]
["C4848","ESTAÇÃO DE TRATAMENTO DE ESGOTO (ETE), VAZÃO DE 20,00 M3/DIA, CONFECCIONADA EM POLIESTER REFORÇADA E FIBRA DE VIDRO, COMPLETA INCLUINDO FORNECIMENTO, MONTAGEM E TREINAMENTO","UN",264223.02]
[]
["C2832","FOSSA SÉPTICA E SUMIDOURO  EM ALVENARIA","UN",4497.57]
["C4162","FOSSA SÉPTICA E SUMIDOURO EM ANÉIS D=1,20M","UN",3230.9]
["C1436","GRELHA DE FERRO P/ CALHAS E CAIXAS","M2",182.9]
["C3995","GRELHA HEMISFÉRICA DE FERRO FUNDIDO D=150 mm (6\")","UN",157.99]
["C2852","LAJE C/FURO EXCÊNTRICO DE 600 MM P/POÇO DE VISITA D= 1000mm","UN",205.94]
["C2853","LAJE C/FURO EXCÊNTRICO DE 600 MM P/POÇO DE VISITA D=1200mm","UN",252.34]
["C2854","LAJE DE FUNDO P/POÇO DE VISITA C/ANÉIS PRÉ-MOLDADO D= 600mm","UN",298.7]
["C2856","LAJE DE FUNDO P/POÇO DE VISITA C/ANÉIS PRÉ-MOLDADO D=1000mm","UN",520.20000000000005]
["C2855","LAJE DE FUNDO P/POÇO DE VISITA C/ANÉIS PRÉ-MOLDADO D=1200mm","UN",620.12]
["C1948","PONTO HIDRÁULICO, MATERIAL E EXECUÇÃO","PT",256.47000000000003]
["C1950","PONTO SANITÁRIO, MATERIAL E EXECUÇÃO","PT",238.04]
["C4602","PONTO DE ESGOTO EM PVC P/ TANQUE E LAVATÓRIO MSD FUNASA TIPO 10 (MATERIAL E EXECUÇÃO)","PT",254.23]
[]
["C4603","PONTO DE ESGOTO EM PVC P/ SANITÁRIO INCLUSIVE COLUNA VENTILAÇÃO MSD FUNASA TIPO 10 (MATERIAL E EXECUÇÃO)","PT",266.08999999999997]
[]
["C5201","TELA DE ADVERTÊNCIA SUBTERRÂNEA COM FITA LARGURA 40CM AMARELA - APLICADA","M",8.9]
[]
["C4020","VASO DE EQUALIZAÇÃO DE 400 L","UN",2941.01]
["INSTALAÇÕES DE PRODUÇÃO",null,null,69383.88]
["C3465","INSTALAÇÃO E FORNECIMENTO DE MONOVIA: TRILHO, TROLLEY / TALHA MANUAL 0,5 T","UN",9553.42]
[]
["C3463","INSTALAÇÃO E FORNECIMENTO DE MONOVIA:TRILHO,TROLLEY / TALHA MANUAL 1,0 T","UN",10237.959999999999]
["C3464","INSTALAÇÃO E FORNECIMENTO DE MONOVIA:TRILHO,TROLLEY / TALHA MANUAL 2,0 T","UN",10802.13]
["C3417","INSTALAÇÃO ELETROMECÂNICA DE CONJUNTO MOTO-BOMBA ATÉ 4 CV","UN",661]
["C3416","INSTALAÇÃO ELETROMECÂNICA DE CONJUNTO MOTO-BOMBA DE 4 À 7,5 CV","UN",1984.33]
["C3418","INSTALAÇÃO ELETROMECÂNICA DE CONJUNTO MOTO-BOMBA DE 7,5 À 15 CV","UN",4120.8]
["C3419","INSTALAÇÃO ELETROMECÂNICA DE CONJUNTO MOTO-BOMBA DE 15 À 50 CV","UN",4592.53]
["C3420","INSTALAÇÃO ELETROMECÂNICA DE CONJUNTO MOTO-BOMBA DE 50 À 100 CV","UN",7482.56]
["C3421","INSTALAÇÃO ELETROMECÂNICA DE CONJUNTO MOTO-BOMBA DE 100 À 200 CV","UN",8824.66]
["C3422","INSTALAÇÃO ELETROMECÂNICA DE CONJUNTO MOTO-BOMBA DE 200 À 500 CV","UN",11124.49]
["SERVIÇOS ESPECIAIS",null,null,287451.99]
["C4907","ADICIONAL PARA ABERTURA DE BOLETIM DE OCORRÊNCIA POLICIAL","UN",19.899999999999999]
["C4867","APLICAÇÃO DE PRODUTO QUÍMICO \"DESINCRUSTANTE\" EM POÇO","L",55.13]
["C4855","CESTO DE LIMPEZA EM AÇO INOX PARA GRADE DE ENTRADA DO POÇO DE SUCÇÃO D=70X30X30CM","UN",1296.9000000000001]
[]
["C4856","CESTO TIPO BANDEJA COM ESTRUTURA PARA IÇAMENTO E TUBO GUIA EM AÇO INOX","UN",1328.11]
["C4854","COLOCAÇÃO DE MATERIAL PARA LEITO SECAGEM\n","M3",106.55]
[]
["C4909","DESLOCAMENTO DE MOTO PARA REGULARIZAÇÃO DA FRAUDE NÃO EFETIVADA","UN",11.85]
["C4908","DESLOCAMENTO DE VEICULO PARA REGULARIZAÇÃO DA FRAUDE NÃO EFETIVADA","UN",16.27]
["C3462","DESMONTAGEM DE TUBOS, CONEXÕES E PÇS ESPECIAIS, RESERVATÓRIO ELEVADO","UN",2725.12]
["C5185","DESTINAÇÃO FINAL DO RESÍDUO SOLIDO NÃO SEGREGADO EM TERRENO LICENCIADO - SEM TRANSPORTE","M3",11.2]
[]
["C5186","DESTINAÇÃO FINAL DO RESÍDUO SÓLIDO SEGREGADO EM USINA DE RECICLAGEM LICENCIADA - SEM TRANSPORTE","M3",18.579999999999998]
[]
["C4865","FORNECIMENTO E ASSENTAMENTO DE LAJOTA PRE-MOLDADA DE CONCRETO E = 5cm SOBRE LEITO DE SECAGEM","M2",51.35]
[]
["C3523","FORNECIMENTO E MONTAGEM DE PLACA DE FIBRA DE 2,50mX1,20m, ESP. 3mm P/ FLOCULADOR","M2",172.66]
[]
["C4862","FORNECIMENTO E MONTAGEM DE PLACA DE PVC C/ ESP. 6mm P/ FLOCULADOR","M2",183.39]
["C4863","FORNECIMENTO E MONTAGEM DE PLACA DE PVC C/ ESP. 10mm P/ FLOCULADOR","M2",635.5]
["C4864","FORNECIMENTO E MONTAGEM DE PLACA DE PVC C/ ESP. 25mm P/ FLOCULADOR\n","M2",951.29]
[]
["C4577","FORNECIMENTO E MONTAGEM DE PLACA EM FIBRA DE VIDRO e = 3,00mm","M2",290.36]
["C4578","FORNECIMENTO E MONTAGEM DE PLACA EM FIBRA DE VIDRO COM RESINA ISOFTÁLICA e = 3,00mm","M2",376.98]
[]
["C4905","IDENTIFICAÇÃO DE DERIVAÇÃO DO RAMAL PREDIAL DE ÁGUA, REMOÇÃO DA DERIVAÇÃO E APLICAÇÃO DO TERMO DE OCORRÊNCIA - TO","UN",21.38]
[]
["C4904","IDENTIFICAÇÃO DE HIDRÔMETRO INVERTIDO, DESCONCECTADO OU RETIRADO, ADEQUAÇÃO DO HIDRÔMETRO E APLICAÇÃO DO TERMO DE OCORRÊNCIA - TO","UN",15.34]
[]
["C4906","IDENTIFICAÇÃO DE RELIGAÇÃO CLANDESTINA, REGULARIZAÇÃO DA LIGAÇÃO E APLICAÇÃO DO TERMO DE OCORRÊNCIA - TO","UN",21.38]
[]
["C4903","IDENTIFICAÇÃO DE VIOLAÇÃO DO LACRE DA LIGAÇÃO, RECOLOCAÇÃO DO LACRE NA  LIGAÇÃO E APLICAÇÃO DO TERMO DE OCORRÊNCIA - TO","UN",12.28]
[]
["C4902","IDENTIFICAÇÃO DE VIOLAÇÃO DO HIDRÔMETRO OU DO LACRE DO HIDROMETRO, SUBSTITUIÇÃO DO HIDROMETRO VIOLADO E APLIAÇÃO DO TERMO DE OCORRÊNCIA - TO","UN",15.34]
[]
["C4900","IDENTIFICAÇÃO E RETIRDA DO BY-PASS E APLICAÇÃO DO TERMO DE OCORRÊNCIA - TO","UN",134.88999999999999]
[]
["C4901","IDENTIFICAÇÃO E SUPRESSÃO DE LIGAÇÃO CLANDESTINA E APLICAÇÃO DO TERMO DE OCORRÊNCIA - TO","UN",122.17]
[]
["C3471","MONTAGEM BARRILETE FILTRO FIBRA, KIT'S, PÇS VAZÃO ATÉ 50 m3/h","UN",8035.6]
["C3473","MONTAGEM BARRILETE FILTRO FIBRA, KIT'S, PÇS VAZÃO 95,01 À 230 m3/h","UN",20224.16]
["C5181","MONTAGEM DE TANQUE HIDROPNEUMÁTICO CAP 500L","UN",842.31]
["C5182","MONTAGEM DE TANQUE HIDROPNEUMÁTICO CAP 1000L","UN",1263.46]
["C5183","MONTAGEM DE TANQUE HIDROPNEUMÁTICO CAP 3500L\n","UN",1684.62]
[]
["C5184","MONTAGEM DE TANQUE HIDROPNEUMÁTICO CAP 4500L","UN",1684.62]
["C3502","MONTAGEM DE TUBOS, CONEXÕES E EQUIPAMENTOS DE TRATAMENTO, CASA DE OPERAÇÃO","UN",2962.56]
[]
["C3496","MONTAGEM DE TUBOS, CONEXÕES E PÇS, ELEVATÓRIA CAP ATÉ 5 l/s","UN",1928.69]
["C3497","MONTAGEM DE TUBOS, CONEXÕES E PÇS, ELEVATÓRIA C/ VAZÃO DE 5,01 À 10 l/s","UN",3216.55]
["C3498","MONTAGEM DE TUBOS, CONEXÕES E PÇS, ELEVATÓRIA C/ VAZÃO DE 10,01 À 20 l/s","UN",8266.48]
["C3499","MONTAGEM DE TUBOS, CONEXÕES E PÇS, ELEVATÓRIA C/ VAZÃO DE 20,01 À 40 l/s","UN",17230.810000000001]
["C3500","MONTAGEM DE TUBOS, CONEXÕES E PÇS, ELEVATÓRIA C/ VAZÃO DE 40,01 À 60 l/s","UN",30867.94]
["C3501","MONTAGEM DE TUBOS, CONEXÕES E PÇS, ELEVATÓRIA C/ VAZÃO DE 60,01 À 90 l/s","UN",40073.06]
["C3490","MONTAGEM DE TUBOS, CONEXÕES E PÇS, RESERVATÓRIO APOIADO CAP ATÉ 100 M3","UN",1358.51]
["C3491","MONTAGEM DE TUBOS, CONEXÕES E PÇS, RESERVATÓRIO APOIADO CAP DE 100,01 À 300 M3","UN",2039.01]
[]
["C3492","MONTAGEM DE TUBOS, CONEXÕES E PÇS, RESERVATÓRIO APOIADO CAP DE 300,01 À 600 M3","UN",2722]
[]
["C3512","MONTAGEM DE TUBOS, CONEXÕES E PÇS, RESERVATÓRIO ELEVADO CAP. ATÉ 50 M3","UN",2445.48]
["C3493","MONTAGEM DE TUBOS, CONEXÕES E PÇS, RESERVATÓRIO ELEVADO CAP DE 50,01 À 100 M3","UN",4101.84]
[]
["C3494","MONTAGEM DE TUBOS, CONEXÕES E PÇS, RESERVATÓRIO ELEVADO CAP  DE 100,01 À 300 M3","UN",5726.6]
[]
["C3525","MONTAGEM DE TUBOS, CONEXÕES E PÇS ESPECIAIS EM FLOCULADOR/DECANTADOR","UN",3991.04]
["C3495","MONTAGEM DE TUBOS, CONEXÕES E PÇS, RESERVATÓRIO ELEVADO CAP  DE 300,01 À 600 M3","UN",8108.89]
[]
["C3461","MONTAGEM  DE TUBOS, CONEXÕES E PÇS ESPECIAIS, AERADOR BANDEJA","UN",3947.52]
["C3472","MONTAGEM BARRILETE FILTRO FIBRA, KIT'S, PÇS VAZÃO 50,01 À 95 m3/h","UN",16071.2]
["C3503","MONTAGEM DOS EQUIPAMENTOS DA ETE - REATOR E INSTALAÇÕES HIDRÁULICAS","CJ",49849.68]
["C3524","RECUPERAÇÃO DE PLACAS DE CONCRETO DOS FLOCULADORES","M2",283.81]
["C5187","TAMPONAMENTO DA LIGAÇÃO DE ESGOTO","UN",56.79]
["C5207","TANQUE DE COMBUSTÍVEL 200 L","UN",771.94]
["C4866","TESTES DE VAZÃO DO POÇO, DN 6 E PROFUNDIDADE DE 25,00m","UN",6291.13]
["C4613","TMND PARA TUBO 500<DN<=800mm","M",6802.19]
["C4614","TMND PARA TUBO 800<DN<=1200mm","M",10762.71]
["C4615","TMND PARA TUBO 1200<DN<=1500mm","M",15098.1]
["C4812","TRANSFERÊNCIA DE LIGAÇÃO PREDIAL DE ÁGUA EM REDE EXISTENTE","UN",148.77000000000001]
["INSTALAÇÕES DIVERSAS",null,null,140848.88]
["C3509","INSTALAÇÕES HIDRO-SANITÁRIAS KIT-01 C/ FORN. DE MATERIAL","UN",919.7]
["C3510","INSTALAÇÕES HIDRO-SANITÁRIAS KIT-02 C/ FORN. DE MATERIAL","UN",1357.58]
["C3511","INSTALAÇÕES HIDRO-SANITÁRIAS KIT-03 C/ FORN. DE MATERIAL","UN",1268.1400000000001]
["C3457","MONTAGEM DAS INSTALAÇÕES HIDRO-SANITÁRIAS DAS ELEVATÓRIAS","UN",3170.88]
["C4857","MONTAGEM DE TUBOS, CONEXÕES E PEÇAS DE LEITO DRENANTE","UN",340.96]
["C4868","MONTAGEM DE TUBOS, CONEXÕES E PÇS, ELEVATÓRIA C VAZÃO DE 90,01 A 200L/S","UN",59630.58]
["C4869","MONTAGEM DE TUBOS, CONEXÕES E PÇS, ELEVATÓRIA C VAZÃO DE 200,01 À 350L/S","UN",74135.839999999997]
["C4006","REDE DE GÁS P/ COZINHA (FORN./MONTAGEM)","M",25.2]
["SERVIÇOS OPERACIONAIS",null,null,26534.75]
["INSTALAÇÃO E SUBSTITUIÇÃO DE HIDRÔMETRO",null,null,757.8]
["C2718","DESLOCAMENTO DE HIDRÔMETRO C/ CAIXA OU CAVALETE","UN",66.260000000000005]
["C2844","INST. DE HIDRÔMETRO E CAVALETE 1§ COMPART. (CASO H), RECUO (CASO G)","UN",51.36]
["C2845","INST. DE HIDRÔMETRO E CAVALETE C/ CAIXA NO MURO P002 (CASO I)","UN",69.88]
["C2846","INSTALAÇÃO DE HIDRANTE DE COLUNA","UN",149.82]
["C2847","INSTALAÇÃO DE HIDRANTE SUBTERRÂNEO","UN",208.52]
["C2848","INSTALAÇÃO OU SUBSTITUIÇÃO DE CAIXA DO HIDRÔMETRO","UN",34.409999999999997]
["C2956","SUBST. DE HIDRÔMETRO DA CALÇADA P/ PADRÃO CASO: A, B, C OU D C/ CAIXA","UN",71.150000000000006]
["C2957","SUBST. DE HIDRÔMETRO CAVALETE MONTADO C/RECUP. CALÇADA/MURO (CASO F)","UN",34.07]
["C2958","SUBSTITUIÇÃO OU INSTALAÇÃO DE HIDRÔMETRO EM CAVALETE MONTADO (CASO E,N)","UN",16.13]
[]
["C2963","SUBSTITUIÇÃO DE REGISTRO PVC 3/4\" NO CAVALETE","UN",11.93]
["C4201","SUBSTITUIÇÃO DE KIT CAVALETE (CASO E, N) CALÇADA / MURO (CASO F)","UN",16.09]
["C4202","SUBSTITUIÇÃO DE KIT CAVALETE MONTADO C/ RECUP. CALÇADA / MURO (CASO F)","UN",28.18]
["CORTE E SUPRESSÃO DE LIGAÇÃO",null,null,1547.11]
["C0029","ADICIONAL DE LIGAÇÃO D'ÁGUA EM CORREDOR DE ATIVIDADE","UN",40.340000000000003]
["C0030","ADICIONAL DE LIGAÇÃO DE ESGOTO EM CORREDOR DE ATIVIDADE","UN",52.67]
["C0031","ADICIONAL DE SUPRESSÃO EM CORREDOR DE ATIVIDADE","UN",30.94]
["C3430","CORTE AGRAVADO E EXECUÇÃO DA LIGAÇÃO C/ FORNECIMENTO MATERIAL","UN",57.08]
["C4593","CORTE DO RAMAL PREDIAL DE ÁGUA DE MODO SIMPLES OU AGRAVADO E RELIGAÇÃO COM O FORNECIMENTO DE MATERIAL","UN",45.67]
[]
["C4897","CORTE E BISELAMENTO EM EXTREMIDADES P/TUBOS EM AÇO DESVIO DE 0 A 15º","UN",153.43]
["C4594","CORTE E RELIGAÇÃO COM CHIBÁGUA COM FORNECIMENTO DE MATERIAL","UN",84.63]
["C4204","CORTE EM TUBULAÇÃO DE F°F° P/ LIGAÇÃO EM NOVO PV","UN",176.88]
["C0931","CORTE OU RELIGAÇÃO DE ÁGUA NO FERRULE(PAV. EM ASFALTO)","UN",57.18]
["C0932","CORTE OU RELIGAÇÃO DE ÁGUA NO FERRULE(PAV. EM P.TOSCA)","UN",40.840000000000003]
["C0933","CORTE OU RELIGAÇÃO DE ÁGUA NO MEIO FIO ATE 1\"(CAPITAL)","UN",30.48]
["C0934","CORTE OU RELIGAÇÃO DE ÁGUA NO MEIO FIO ATE 1\"(INTERIOR)","UN",25.71]
["C4719","CORTE OU RELIGAÇÃO DO RAMAL PREDIAL DE ÁGUA PELO MÉTODO AGRAVADO NO MEIO FIO, COM USO DE CARRO","UN",37.950000000000003]
[]
["C4718","CORTE OU RELIGAÇÃO SIMPLES COM A UTILIZAÇÃO DE CHAVE MAGNÉTICA, COM USO DE MOTO","UN",7.57]
[]
["C4716","CORTE SIMPLES DO RAMAL DE ÁGUA NO KIT CAVALETE COM USO DE MOTO","UN",10.64]
["C3432","CORTE SIMPLES E EXECUÇÃO DA SUPRESSÃO DE LIGAÇÃO C/ PAVIMENTO ASFÁLTICO","UN",96.68]
[]
["C3780","CORTE SIMPLES E EXECUÇÃO DA SUPRESSÃO DE LIGAÇÃO C/ PAVIMENTO DE PEDRA TOSCA","UN",45.4]
[]
["C4721","DESLOCAMENTO PARA EXECUÇÃO DE CORTE NA LIGAÇÃO PREDIAL, NÃO EFETIVADO","UN",5.01]
["C3431","CORTE SIMPLES E EXECUÇÃO DA SUPRESSÃO SEM PAVIMENTO","UN",44.08]
["C2721","DESOBSTRUÇÃO E LIMPEZA DE REDE ENTRE PV's DN ATE 200 C/VARETA","UN",80.819999999999993]
["C4717","RELIGAÇÃO SIMPLES DO RAMAL PREDIAL DE ÁGUA NO KIT CAVALETE COM USO DE MOTO","UN",7.76]
[]
["C4605","RELIGAÇÃO DO RAMAL PREDIAL DE ÁGUA EM QUALQUER TIPO DE PAVIMENTO DO LOGRADOURO COM O FORNECIMENTO DE MATERIAL","UN",23.67]
[]
["C4606","SUPRESSÃO DO RAMAL PREDIAL DE ÁGUA COM A REMOÇÃO DO HIDRÔMETRO EM LOGRADOURO SEM PAVIMENTO","UN",66.099999999999994]
[]
["C4607","SUPRESSÃO DO RAMAL PREDIAL DE ÁGUA COM A REMOÇÃO DO HIDRÔMETRO EM LOGRADOURO COM PAVIMENTO DE PEDRA TOSCA OU PARALELO","UN",74.150000000000006]
[]
["C4608","SUPRESSÃO DO RAMAL PREDIAL DE ÁGUA COM A REMOÇÃO DO HIDRÔMETRO EM LOGRADOURO COM PAVIMENTO EM ASFALTO","UN",146.55000000000001]
[]
["C4720","SUPRESSÃO DO RAMAL PREDIAL DE ÁGUA COM USO DE CHIBAGUA E RETIRADA DE HIDRÔMETRO","UN",51.83]
[]
["C2979","TRANSFERÊNCIA DE LIGAÇÃO EM REDE REMANEJADA","UN",16.34]
["C2986","VISITA AO LOCAL DA SUPRESSÃO (PAGAR SE HOUVER QUITAÇÃO APÓS VISITA)","UN",10.93]
["C4616","VISITA DE COBRANÇA COM ORDEM DE CORTE AOS CLIENTES INADIMPLENTES","UN",25.78]
["RETIRADA DE VAZAMENTO EM REDE E LIGAÇÃO D'ÁGUA/OUTROS",null,null,3303.41]
["C0810","COLOCAÇÃO DE REGISTRO EM REDE EM OPERAÇÃO DN  50 a 100","UN",72.099999999999994]
["C0811","COLOCAÇÃO DE REGISTRO EM REDE EM OPERAÇÃO DN 150 a 200","UN",100.94]
["C0812","COLOCAÇÃO DE REGISTRO EM REDE EM OPERAÇÃO DN 250 a 300","UN",129.78]
["C2719","DESOBSTRUÇÃO DE REDE EM TUBO FoFo ATÉ 75mm COM VARETAS","M",7.15]
["C2715","RETIRADA DE VAZAMENTO EM LIGAÇÃO, RUA COM PAVIMENTAÇÃO EM ASFALTO","UN",50.42]
["C2738","RETIRADA DE VAZAMENTO EM LIGAÇÃO, NA CALÇADA SEM PAVIMENTAÇÃO","UN",24.5]
["C2739","RETIRADA DE VAZAMENTO EM LIGAÇÃO, NA CALÇADA, QUALQUER TIPO DE PAVIMENTAÇÃO","UN",27.45]
[]
["C2740","RETIRADA DE VAZAMENTO EM LIGAÇÃO, RUA COM PAVIMENTAÇÃO EM PEDRA TOSCA OU PARALELO","UN",40.840000000000003]
[]
["C2741","RETIRADA DE VAZAMENTO EM LIGAÇÃO, RUA SEM PAVIMENTAÇÃO","UN",24.5]
["C2742","RETIRADA DE VAZAMENTO EM REDE DE CA/FoFo ATÉ DN 100mm, PAVIMENTAÇÃO EM ASFALTO","UN",143.01]
[]
["C2743","RETIRADA DE VAZAMENTO EM REDE DE CA/FoFo ATÉ DN 100mm, PAVIMENTAÇÃO EM PEDRA TOSCA","UN",121.72]
[]
["C2744","RETIRADA DE VAZAMENTO EM REDE DE CA/FoFo ATÉ DN 100mm, SEM PAVIMENTAÇÃO","UN",100.43]
["C2745","RETIRADA DE VAZAMENTO EM REDE DE CA/FoFo DN 150 À 250mm, PAVIMENTAÇÃO EM ASFALTO","UN",262.20999999999998]
[]
["C2746","RETIRADA DE VAZAMENTO EM REDE DE CA/FoFo DN 150 À 250mm, PAVIMENTAÇÃO EM PEDRA TOSCA","UN",240.92]
[]
["C2747","RETIRADA DE VAZAMENTO EM REDE DE CA/FoFo DN 150 À 250mm, S/ PAVIMENTAÇÃO","UN",219.63]
["C2748","RETIRADA DE VAZAMENTO EM REDE DE FoFo DN 300mm, PAVIMENTAÇÃO EM ASFALTO","UN",334.07]
[]
["C2749","RETIRADA DE VAZAMENTO EM REDE DE FoFo DN 300mm, PAVIMENTAÇÃO EM PEDRA TOSCA","UN",322.33]
[]
["C2750","RETIRADA DE VAZAMENTO EM REDE DE FoFo DN 300mm, S/ PAVIMENTAÇÃO","UN",301.04000000000002]
["C2751"," RETIRADA DE VAZAMENTO EM REDE DE PVC ATÉ DN 100mm, PAVIMENTAÇÃO EM ASFALTO","UN",118.69]
[]
["C2752","RETIRADA DE VAZAMENTO EM REDE DE PVC ATÉ DN 100mm, PAVIMENTAÇÃO EM PEDRA TOSCA","UN",97.4]
[]
["C2753","RETIRADA DE VAZAMENTO EM REDE DE PVC ATÉ DN 100mm, S/PAVIMENTAÇÃO","UN",75.47]
["C2754","RETIRADA DE VAZAMENTO EM REDE DE PVC/DEFoFo DN 150 À 250mm","UN",179.37]
["C2755","RETIRADA DE VAZAMENTO EM REDE DE PVC/DEFoFo DN 150 À 250mm, PAVIMENTAÇÃO EM PEDRA TOSCA","UN",157.47]
[]
["C2756","RETIRADA DE VAZAMENTO EM REDE DE PVC/DEFoFo DN 150 À 250mm, S/ PAVIMENTAÇÃO","UN",136.79]
[]
["C2890","RETIRADA DE VAZAMENTO NO CAVALETE","UN",15.18]
["INJETAMENTO EM TUBULAÇÃO",null,null,12986.59]
["C2762","INJETAMENTO EM TUBO EXISTENTE PVC ATE 100mm INCL. DESLOCAMENTO","UN",241.51]
["C2761","INJETAMENTO EM TUBO EXISTENTE PVC 100<DN<=200mm INCL. DESLOCAMENTO","UN",351.51]
["C2760","INJETAMENTO EM TUBO EXISTENTE FoFo ATE DN 200mm INCL. DESLOCAMENTO","UN",784.63]
["C2757","INJETAMENTO EM TUBO EXISTENTE DE PVC DN>200mm INCL. DESLOCAMENTO","UN",429.86]
["C2758","INJETAMENTO EM TUBO EXISTENTE FoFo 200<DN<=300mm INCL. DESLOCAMETO","UN",1217.92]
["C2759","INJETAMENTO EM TUBO EXISTENTE FoFo 300<DN<=500mm INCL. DESLOCAMENTO","UN",2165.4699999999998]
["C4596","INJETAMENTO EM TUBO EXISTENTE FoFo 500<DN<=800 INCL. DESLOCAMENTO","UN",3464.75]
["C4597","INJETAMENTO EM TUBO EXISTENTE FoFo 800<DN<=1000 INCL. DESLOCAMENTO","UN",4330.9399999999996]
["MANUTENÇÃO EM REDE DE ESGOTO",null,null,2901.78]
["C0231","ASSENTAMENTO DE TAMPÃO FoFo P/ POÇO DE VISITA","UN",55.25]
["C0514","BY-PASS EM REDE DE ESGOTO","UN",40.61]
["C4074","CHUMBAMENTO DE RAMAL INTRA-DOMICILIAR DN 100 NA CAIXA DE INSPEÇÃO","UN",27.05]
["C0795","CHUMBAMENTO TUBULAÇÃO NO POÇO VISITA (BLOCO DE CONCRETO)","UN",77.08]
["C0813","COLOCAÇÃO DE TAMPA EM CAIXA DE INSPEÇÃO","UN",12.44]
["C0814","COLOCAÇÃO E CHUMBAMENTO LAJE EXCÊNTRICA, CHAMINÉ E TAMPÃO EM PV","UN",174.06]
["C0815","COLOCAÇÃO E CHUMBAMENTO LAJE EXCENTRICA E TAMPÃO EM PV","UN",148.65]
["C0816","COLOCAÇÃO TUBO CONCRETO PB D= 600 EM PV C/REJUNT./TRANSPORTE","UN",184.22]
["C0817","COLOCAÇÃO TUBO CONCRETO PB D=1000 EM PV C/REJUNT./TRANSPORTE","UN",362.22]
["C2721","DESOBSTRUÇÃO E LIMPEZA DE REDE ENTRE PV's DN ATE 200 C/VARETA","UN",80.819999999999993]
["C2720","DESOBSTRUÇÃO E LIMPEZA DE REDE ENTRE PV's DN 200,01 a 400 C/VARETA","UN",162.26]
["C2988","DESOBSTRUÇÃO E LIMPEZA DE REDE ESGOTO ENTRE PV's (INCLUSIVE)","M",2.2999999999999998]
["C2722","DESOBSTRUÇÃO EM LIGAÇÃO DE ESGOTO DN 100 C/LIMPEZA DA CAIXA","UN",40.72]
["C2723","DESOBSTRUÇÃO EM LIGAÇÃO DE ESGOTO DN>100 C/LIMPEZA DA CAIXA","UN",40.72]
["C2725","DESOBSTRUÇÃO EM REDE ENTRE PV's DN ATE 200mm, C/EQUIP.A JATO","UN",23.12]
["C2724","DESOBSTRUÇÃO EM REDE ENTRE PV's DN 200,01 a 400mm, C/EQUIP. A JATO","UN",23.12]
["C2817","EXECUÇÃO DE CALHA EM CONCRETO NO POÇO DE VISITA","UN",103.66]
["C4212","LIMPEZA DE CAIXAS DE INSPEÇÃO","UN",38.36]
["C2866","LIMPEZA DE PV PROF. ATÉ 2.00m C/EQUIPAMENTO A VÁCUO","UN",34.380000000000003]
["C2871","LIMPEZA DE PV PROF. 2,01 a 3,00m C/EQUIPAMENTO A VACUO","UN",44.6]
["C2867","LIMPEZA DE PV PROF. MAIOR QUE 3.00m C/EQUIPAMENTO A VÁCUO","UN",74.33]
["C2868","LIMPEZA DE PV's PROF. ATE 2,00m, MANUAL","UN",105.56]
["C2869","LIMPEZA DE PV's PROF. ENTRE 2.00  A  3.00m, MANUAL","UN",158.46]
["C2870","LIMPEZA DE PV's PROF. MAIOR QUE 3.00m, MANUAL","UN",211.36]
["C2888","NIVELAMENTO DE TAMPÃO DO TIL/TERMINAL DE LIMPEZA","UN",114.34]
["C2889","NIVELAMENTO DE TAMPÃO EM POÇO DE VISITA","UN",224.99]
["C2934","RECUPERAÇÃO DE CAIXA DE INSPEÇÃO","UN",102.81]
["C2943","RETIRADA DE POÇO DE VISITA","UN",129.55000000000001]
["C2951","SONDAGEM E INSPEÇÃO EM POÇO DE VISITA","UN",17.46]
["C2977","TAMPONAMENTO PROVISÓRIO DE POÇO DE VISITA","UN",87.28]
["RECUPERAÇÃO DE TUBULAÇÃO",null,null,95.05]
["C2935","RECUPERAÇÃO TUBULAÇÃO FoFo DN 250mm (CORTE E DESBASTE PONTA)","UN",95.05]
["SERVIÇO COMERCIAL",null,null,4943.01]
["C4199","COLOCAÇÃO DE APARELHO ELIMINADOR DE AR","UN",192.09]
["C4200","COLOCAÇÃO DE VENTOSA EM REDE EM OPERAÇÃO DN 150 A 200","UN",331.23]
["C2766","ENSAIO DE HIDRÔMETRO","BAN",67.14]
["C4207","INSTALAÇÃO DE MACROMEDIDOR TIPO WALTMANN PARA DIÂMETROS ATÉ 300mm","UN",1077.24]
["C4206","INSTALAÇÃO DE MACROMEDIDOR TIPO WALTMANN PARA DIÂMETROS ENTRE 350mm E 600mm","UN",1509.84]
[]
["C2859","LANÇAMENTO DE ESGOTO NO INTERCEPTOR","UN",26.67]
["C2880","MEDIÇÃO DE PRESSÃO E VAZÃO","UN",1000.72]
["C4213","MONTAGEM DE TUBOS, CONEXÕES E PEÇAS ESPECIAIS, SUBST. REGISTRO P/ TOMADA D'ÁGUA","UN",420.12]
[]
["C2961","SUBSTITUIÇÃO DE REGISTRO COM VOLANTE 3/4\" (C/ MATERIAL)","UN",58.28]
["C2959","SUBSTITUIÇÃO DE REGISTRO COM VOLANTE 1\" (C/ MATERIAL)","UN",78.2]
["C2960","SUBSTITUIÇÃO DE REGISTRO COM VOLANTE 2\" (C/ MATERIAL)","UN",154.1]
["C2962","SUBSTITUIÇÃO DE REGISTRO DE PVC C/BORBOLETA 3/4\"(C/MATERIAL)","UN",27.38]
["INST. ELÉTRICAS, TELEFONIA, LÓGICA, SOM E SISTEMAS DE CONTROLE",null,null,7051079.0999999996]
["ELETRODUTOS DE PVC E CONEXÕES",null,null,1332.16]
["C1019","CURVA P/ELETRODUTO PVC ROSC. D= 20mm (1/2\")","UN",5.73]
["C1020","CURVA P/ELETRODUTO PVC ROSC. D= 25mm (3/4\")","UN",7.06]
["C1021","CURVA P/ELETRODUTO PVC ROSC. D= 32mm (1\")","UN",9.76]
["C1022","CURVA P/ELETRODUTO PVC ROSC. D= 40mm (1 1/4\")","UN",13.32]
["C1023","CURVA P/ELETRODUTO PVC ROSC. D= 50mm (1 1/2\")","UN",16.47]
["C1024","CURVA P/ELETRODUTO PVC ROSC. D= 60mm (2\")","UN",25.64]
["C1025","CURVA P/ELETRODUTO PVC ROSC. D= 75mm (2 1/2\")","UN",58.07]
["C1026","CURVA P/ELETRODUTO PVC ROSC. D= 85mm (3\")","UN",66.75]
["C1027","CURVA P/ELETRODUTO PVC ROSC. D=110mm (4\")","UN",99.13]
["C1204","ELETRODUTO CONDULETE DE PVC DE 1/2\"","M",19.190000000000001]
["C1205","ELETRODUTO CONDULETE DE PVC DE 3/4\"","M",26.4]
["C1203","ELETRODUTO CONDULETE DE PVC DE 1\"","M",36.799999999999997]
["C1185","ELETRODUTO PVC ROSC. D= 20mm (1/2\")","M",11.02]
["C1186","ELETRODUTO PVC ROSC. D= 25mm (3/4\")","M",11.92]
["C1187","ELETRODUTO PVC ROSC. D= 32mm (1\")","M",15.79]
["C1188","ELETRODUTO PVC ROSC. D= 40mm (1 1/4\")","M",22.48]
["C1189","ELETRODUTO PVC ROSC. D= 50mm (1 1/2\")","M",26.45]
["C1190","ELETRODUTO PVC ROSC. D= 60mm (2\")","M",38.71]
["C1191","ELETRODUTO PVC ROSC. D= 75mm (2 1/2\")","M",53.89]
["C1192","ELETRODUTO PVC ROSC. D= 85mm (3\")","M",65.84]
["C1193","ELETRODUTO PVC ROSC. D=110mm (4\")","M",92.48]
["C1195","ELETRODUTO PVC ROSC.INCL.CONEXÕES D= 20mm (1/2\")","M",17.010000000000002]
["C1196","ELETRODUTO PVC ROSC.INCL.CONEXÕES D= 25mm (3/4\")","M",18]
["C1197","ELETRODUTO PVC ROSC.INCL.CONEXÕES D= 32mm (1\")","M",27.32]
["C1198","ELETRODUTO PVC ROSC.INCL.CONEXÕES D= 40mm (1 1/4\")","M",32.090000000000003]
["C1199","ELETRODUTO PVC ROSC.INCL.CONEXÕES D= 50mm (1 1/2\")","M",37.44]
["C1194","ELETRODUTO PVC ROSC.INCL.CONEXOES D= 60mm (2\")","M",49.06]
["C1200","ELETRODUTO PVC ROSC.INCL.CONEXÕES D= 75mm (2 1/2\")","M",66.33]
["C1202","ELETRODUTO PVC ROSC.INCL.CONEXÕES D=85MM (3\")","M",77.61]
["C1201","ELETRODUTO PVC ROSC.INCL.CONEXÕES D=110mm (4\")","M",106.05]
["C1184","ELETRODUTO FLEXÍVEL, TIPO GARGANTA","M",17.5]
["C1708","LUVA P/ELETRODUTO PVC ROSC. D= 20mm (1/2\")","UN",1.67]
["C1709","LUVA P/ELETRODUTO PVC ROSC. D= 25mm (3/4\")","UN",2.48]
["C1710","LUVA P/ELETRODUTO PVC ROSC. D= 32mm (1\")","UN",3.81]
["C1711","LUVA P/ELETRODUTO PVC ROSC. D= 40mm (1 1/4\")","UN",5.6]
["C1712","LUVA P/ELETRODUTO PVC ROSC. D= 50mm (1 1/2\")","UN",7.42]
["C1713","LUVA P/ELETRODUTO PVC ROSC. D= 60mm (2\")","UN",9.44]
["C1714","LUVA P/ELETRODUTO PVC ROSC. D= 75mm (2 1/2\")","UN",20.02]
["C1715","LUVA P/ELETRODUTO PVC ROSC. D= 85mm (3\")","UN",31.71]
["C1716","LUVA P/ELETRODUTO PVC ROSC. D=110mm (4\")","UN",47.6]
["C3566","MUTIRÃO MISTO - CURVA P/ELETRODUTO PVC ROSC. D=25mm (3/4\")","UN",5.15]
["C3568","MUTIRÃO MISTO - ELETRODUTO TIPO CONDULETE DE PVC DE 1/2\"","M",15.37]
["C3569","MUTIRÃO MISTO - ELETRODUTO DE PVC ROSC. D=25mm (3/4)\"","M",8.68]
["C3574","MUTIRÃO MISTO - LUVA P/ELETRODUTO PVC ROSC. D=25mm(3/4\")","UN",1.9]
["ELETRODUTOS DE ALUMÍNIO",null,null,421.7]
["C1179","ELETRODUTO DE ALUMÍNIO, INCLUSIVE CONEXÕES DE  3/4\"","M",26.91]
["C1181","ELETRODUTO DE ALUMÍNIO, INCLUSIVE CONEXÕES DE 1\"","M",34.11]
["C1178","ELETRODUTO DE ALUMÍNIO, INCLUSIVE CONEXÕES DE  1 1/4\"","M",42.93]
["C1180","ELETRODUTO DE ALUMÍNIO, INCLUSIVE CONEXÕES DE 1 1/2\"","M",51.27]
["C1183","ELETRODUTO DE ALUMÍNIO, INCLUSIVE CONEXÕES DE 2\"","M",71.58]
["C1182","ELETRODUTO DE ALUMÍNIO, INCLUSIVE CONEXÕES DE 2 1/2\"","M",85.71]
["C4536","ELETRODUTO DE ALUMÍNIO, INCLUSIVE CONEXÕES DE 3\"","M",109.19]
["DUTOS E ACESSÓRIOS",null,null,1619.35]
["C1162","DUTO PERFURADO - PERFILADOS CHAPA DE AÇO (15X35)mm","M",40.770000000000003]
["C1153","DUTO PERFURADO -  PERFILADOS CHAPA DE AÇO (19X38)mm","M",41.05]
["C1163","DUTO PERFURADO - PERFILADOS CHAPA DE AÇO (25X25)mm","M",44.64]
["C1164","DUTO PERFURADO - PERFILADOS CHAPA DE AÇO (35X35)mm","M",45.07]
["C1165","DUTO PERFURADO - PERFILADOS CHAPA DE AÇO (38X38)mm","M",50.67]
["C1156","DUTO PERFURADO - ELETROCALHA CHAPA DE AÇO (25X20)mm","M",47.99]
["C1157","DUTO PERFURADO - ELETROCALHA CHAPA DE AÇO (25X75)mm","M",52.44]
["C1158","DUTO PERFURADO - ELETROCALHA CHAPA DE AÇO (50X50)mm","M",53.98]
["C1161","DUTO PERFURADO - ELETROCALHA DE CHAPA DE AÇO (50X75)mm","M",59.2]
["C1160","DUTO PERFURADO - ELETROCALHA DE CHAPA DE AÇO (50X100)mm","M",70.72]
["C1159","DUTO PERFURADO - ELETROCALHA CHAPA DE AÇO (75X75)mm","M",59.15]
["C1155","DUTO PERFURADO - ELETROCALHA CHAPA DE AÇO (100X100)mm","M",80.28]
["C1154","DUTO PERFURADO - ELETROCALHA CHAPA DE AÇO (100 X 200)mm","M",94.13]
["C4535","DUTO PERFURADO - ELETROCALHA CHAPA DE AÇO (100X300)mm","M",148.22]
["C3617","DUTOS FLEXÍVEIS EM PEAD (POLIETILENO DE ALTA DENSIDADE) - D=1 1/4\", INCLUSIVE CONEXÕES","M",26.14]
[]
["C3618","DUTOS FLEXÍVEIS EM PEAD (POLIETILENO DE ALTA DENSIDADE) - D=1 1/2\", INCLUSIVE CONEXÕES","M",31.12]
[]
["C3619","DUTOS FLEXÍVEIS EM PEAD (POLIETILENO DE ALTA DENSIDADE) - D=2\", INCLUSIVE CONEXÕES","M",37.700000000000003]
[]
["C3620","DUTOS FLEXÍVEIS EM PEAD (POLIETILENO DE ALTA DENSIDADE) - D=3\", INCLUSIVE CONEXÕES","M",53.65]
[]
["C3621","DUTOS FLEXÍVEIS EM PEAD (POLIETILENO DE ALTA DENSIDADE) - D=4\", INCLUSIVE CONEXÕES","M",66.400000000000006]
[]
["C3623","DUTOS FLEXÍVEIS EM PEAD (POLIETILENO DE ALTA DENSIDADE) - D=5\", INCLUSIVE CONEXÕES","M",96.38]
[]
["C3624","DUTOS FLEXÍVEIS EM PEAD (POLIETILENO DE ALTA DENSIDADE) - D=6\", INCLUSIVE CONEXÕES","M",101.18]
[]
["C2301","TAMPA NORMAL P/DUTO PERFURADO, ATE (100X100)mm","M",78.790000000000006]
["C2300","TAMPA NORMAL P/ DUTO PERFURADO, ATE (100 X200)mm","M",105.37]
["C4537","TAMPA NORMAL P/ DUTO PERFURADO, ATÉ (100 x 300) mm","M",134.31]
["CANALETAS",null,null,665.65]
["C0672","CANALETA PLÁSTICA (20 X 10)MM, SISTEMA \"X\"","M",10.82]
["C0673","CANALETA PLÁSTICA (50 X 20)MM, SISTEMA \"X\"","M",30.35]
["C0671","CANALETA PLÁSTICA (110 X 20)MM, SISTEMA \"X\"","M",81.73]
["C3515","CANALETA EVOLUTIVA SISTEMA DLP 60MM X 50MM COM DIVISÓRIA INTERNA","M",84.92]
["C4026","CANALETA DE CONCRETO 20cm x 20cm C/ TAMPA EM CHAPA DE ALUMÍNIO CORRUGADO","M",233.84]
[]
["C3516","COTOVELO 90 VARIAVEL SISTEMA DLP PARA CANALETA 60MM X 50MM COM DIVISÓRIA INTERNA","UN",51.49]
[]
["C3517","COTOVELO INTERNO SISTEMA DLP PARA CANALETA 60MM X 50MM COM DIVISÓRIA INTERNA","UN",53.92]
[]
["C3518","DERIVAÇÃO EM PVC SISTEMA DLP 60MM X 50MM","UN",57.11]
["C3520","GRAMPO DE SUSTENTAÇÃO DOS CABOS PARA CANALETA EM PVC SISTEMA DLP 60MM X 50MM","UN",9.75]
[]
["C1478","INSTALAÇÃO INTEGRADA DE CANALETA NO PISO (25X30)MM","M",32.5]
["C3519","LUVA PARA CANALETA SISTEMA DLP 60MM X 50MM","UN",19.22]
["CONEXÕES METÁLICAS",null,null,191.62]
["C0478","BUCHA E ARRUELA DE AÇO GALV. D= 15mm (1/2\")","PAR",1.57]
["C0479","BUCHA E ARRUELA DE AÇO GALV. D= 20mm (3/4\")","PAR",1.72]
["C0480","BUCHA E ARRUELA DE AÇO GALV. D= 25mm (1\")","PAR",2]
["C0481","BUCHA E ARRUELA DE AÇO GALV. D= 32mm (1 1/4\")","PAR",3.38]
["C0482","BUCHA E ARRUELA DE AÇO GALV. D= 40mm (1 1/2\")","PAR",4.2300000000000004]
["C0483","BUCHA E ARRUELA DE AÇO GALV. D= 50mm (2\")","PAR",6.67]
["C0484","BUCHA E ARRUELA DE AÇO GALV. D= 65mm (2 1/2\")","PAR",11.12]
["C0485","BUCHA E ARRUELA DE AÇO GALV. D= 80mm (3\")","PAR",18.03]
["C0486","BUCHA E ARRUELA DE AÇO GALV. D= 90mm (3 1/2\")","PAR",24.29]
["C0487","BUCHA E ARRUELA DE AÇO GALV. D=100mm (4\")","PAR",22]
["C0466","BRAÇADEIRA TIPO \"D\", METÁLICA ATE 1\"","UN",7.17]
["C0467","BRAÇADEIRA TIPO \"D\", METÁLICA ATE 2\"","UN",8.32]
["C0468","BRAÇADEIRA TIPO \"D\", METÁLICA ATE 3\"","UN",9.82]
["C0469","BRAÇADEIRA TIPO \"D\", METÁLICA ATE 4\"","UN",10.98]
["C3481","CONECTOR DE CAIXA TIPO RETO (BOX RETO) EM AÇO  DIAM.=1\"","UN",7.54]
["C3480","CONECTOR DE CAIXA TIPO RETO (BOX RETO) EM AÇO  DIAM.=1 1/4\"","UN",11.61]
["C3479","CONECTOR DE CAIXA TIPO RETO (BOX RETO) EM AÇO  DIAM.=2\"","UN",18.75]
["C3484","SUPORTE DE EQUIPAMENTOS P/INSTALAÇÃO DE TOMADAS E INTERRUPTORES EM DUTOS DE ALUMÍNIO C/DIM. 73MM X 25MM","UN",22.42]
[]
["QUADROS / CAIXAS",null,null,61474.35]
["C0593","CAIXA AQUATIC PVC RÍGIDO REF. 921.07, C/ ENCAIXE","UN",102.54]
["C0594","CAIXA AQUATIC PVC RÍGIDO REF. 921.06 , S/ ENCAIXE","UN",92.13]
["C3504","CAIXA ALVENARIA / REBOCO / C/ TAMPA CONCRETO S/ FUNDO DI=30x30x50 cm","UN",169.79]
["C0591","CAIXA ALVENARIA/REBOCO C/TAMPA CONCRETO FUNDO BRITA 60x60x60cm","UN",311.14]
["C0592","CAIXA ALVENARIA/REBOCO C/TAMPA CONCRETO FUNDO BRITA 80x80x80cm","UN",473.85]
["C0596","CAIXA DE ALVENARIA C/ TAMPA SELADA PELA COELCE","UN",666.52]
["C0595","CAIXA DE ALUMINIO FUNDIDO (40X40X15)cm, C/TAMPA CEGA","UN",336.68]
["C3926","CAIXA DE CONCRETO P/ BASE METÁLICA","UN",697.33]
["C0598","CAIXA DE DERIVAÇÃO NO PISO 300X300MM OU 420X420MM","UN",90.95]
["C4853","CAIXA DE EQUIPOTENCIALIZAÇÃO DE TERRA","UN",500.63]
["C4861","CAIXA DE INSPEÇÃO DE TERRA CILÍNDRICA 300x600mm","UN",119.12]
["C0620","CAIXA DE LIGAÇÃO C/TOMADA UNIVERSAL E TOMADA TEL.240X180MM","UN",163.79]
["C0617","CAIXA DE LIGAÇÃO C/2 TOMADAS UNIVERSAL E 2 P/TEL.250X250MM","UN",168.01]
["C0619","CAIXA DE LIGAÇÃO C/TOMADA P/TELEFONE D=9CM C/MOLDURA 11X11CM","UN",154.4]
["C0618","CAIXA DE LIGAÇÃO C/TOMADA DE 3P. D=9CM C/MOLDURA 11X11CM","UN",156.69999999999999]
["C0621","CAIXA DE LIGAÇÃO EM CHAPA AÇO ESTAMPADA, 3\"X3\", 4\"X2\",4\"X4\"","UN",8.42]
["C0616","CAIXA DE LIGAÇÃO EM CHAPA AÇO ESTAMPADA 4\"X6\", 5\"X5\"","UN",16.23]
["C0622","CAIXA DE LIGAÇÃO PLÁSTICA DE SOBREPOR, SISTEMA \"X\"","UN",17.420000000000002]
["C4762","CAIXA DE LIGAÇÃO PVC 4\" X 2\"","UN",8.85]
["C4761","CAIXA DE LIGAÇÃO PVC 4\" X 4\"","UN",11.18]
["C0626","CAIXA DE PASSAGEM COM TAMPA PARAFUSADA 100X100X80mm","UN",28.5]
["C0627","CAIXA DE PASSAGEM COM TAMPA PARAFUSADA 150X150X80mm","UN",50.49]
["C0628","CAIXA DE PASSAGEM COM TAMPA PARAFUSADA 200X200X100mm","UN",82.9]
["C0629","CAIXA DE PASSAGEM COM TAMPA PARAFUSADA 400X400X150mm","UN",177.62]
["C0630","CAIXA DE PASSAGEM COM TAMPA PARAFUSADA 500X500X150mm","UN",222.79]
["C0636","CAIXA DE PASSAGEM EM ALVENARIA - 1/2 TIJOLO COMUM","M2",165.04]
["C5175","CAIXA DE PISO 4\"X2\", EM ALUMÍNIO","UN",38.46]
["C5176","CAIXA DE PISO 4\"X4\", EM ALUMÍNIO","UN",43.42]
["C0631","CAIXA EM ALVENARIA (40X40X60cm) DE 1/2 TIJOLO COMUM, LASTRO DE BRITA E TAMPA DE CONCRETO","UN",280.08]
[]
["C0632","CAIXA EM ALVENARIA (60X60X60cm) DE 1/2 TIJOLO COMUM, LASTRO DE BRITA E TAMPA DE CONCRETO","UN",435.28]
[]
["C0634","CAIXA EM ALVENARIA (80X80X60cm) DE 1/2 TIJOLO COMUM, LASTRO DE BRITA E TAMPA DE CONCRETO","UN",600.25]
[]
["C0635","CAIXA DE PASSAGEM EM ALVENARIA - 1 TIJOLO COMUM","M2",256.91000000000003]
["C0624","CAIXA EM ALVENARIA (40X40X60cm) DE 1 TIJOLO COMUM, LASTRO DE BRITA E TAMPA DE CONCRETO","UN",473.51]
[]
["C0625","CAIXA EM ALVENARIA (60X60X60cm) DE 1 TIJOLO COMUM, LASTRO DE BRITA E TAMPA DE CONCRETO","UN",676.44]
[]
["C0633","CAIXA EM ALVENARIA (80X80X60cm) DE 1 TIJOLO COMUM, LASTRO DE BRITA E TAMPA DE CONCRETO","UN",881.67]
[]
["C4836","CAIXA EM ALVENARIA TIJOLO FURADO, ESP. = 10cm ( 30x 30x40cm), FUNDO DE CONCRETO, EXCETO ESCAVAÇÃO E TAMPA","UN",91.01]
[]
["C4837","CAIXA EM ALVENARIA TIJOLO FURADO, ESP. = 10cm ( 40x 40x60cm), FUNDO DE CONCRETO, EXCETO ESCAVAÇÃO E TAMPA                           \n","UN",166.61]
[]
["C4838","CAIXA EM ALVENARIA TIJOLO FURADO, ESP. = 10cm ( 60x 60x60cm), FUNDO DE CONCRETO, EXCETO ESCAVAÇÃO E TAMPA                   \n","UN",242.25]
[]
["C4839","CAIXA EM ALVENARIA TIJOLO FURADO, ESP. = 10cm ( 80x 80x60cm), FUNDO DE CONCRETO, EXCETO ESCAVAÇÃO E TAMPA","UN",312]
[]
["C4840","CAIXA EM ALVENARIA TIJOLO FURADO, ESP. = 10cm (100x100x80cm), FUNDO DE CONCRETO, EXCETO ESCAVAÇÃO E TAMPA\n","UN",498.14]
[]
["C4841","CAIXA EM ALVENARIA TIJOLO FURADO, ESP. = 10cm ( 30x 30x40cm), LASTRO DE BRITA, EXCETO ESCAVAÇÃO E TAMPA","UN",86.21]
[]
["C4842","CAIXA EM ALVENARIA TIJOLO FURADO, ESP. = 10cm ( 40x 40x60cm), LASTRO DE BRITA, EXCETO ESCAVAÇÃO E TAMPA   \n","UN",157.01]
[]
["C4843","CAIXA EM ALVENARIA TIJOLO FURADO, ESP. = 10cm ( 60x 60x60cm), LASTRO DE BRITA, EXCETO ESCAVAÇÃO E TAMPA","UN",223.06]
[]
["C4844","CAIXA EM ALVENARIA TIJOLO FURADO, ESP. = 10cm ( 80x 80x60cm), LASTRO DE BRITA, EXCETO ESCAVAÇÃO E TAMPA","UN",288.01]
[]
["C4845","CAIXA EM ALVENARIA TIJOLO FURADO, ESP. = 10cm (100x100x80cm), LASTRO EM BRITA, EXCETO ESCAVAÇÃO E TAMPA","UN",459.77]
[]
["C3927","CAIXA DE PASSAGEM TIPO A P/ BALIZAMENTO NOTURNO (80x80x80cm)","UN",996.06]
["C3928","CAIXA DE PASSAGEM TIPO B P/ BALIZAMENTO NOTURNO (150x150x80cm)","UN",1692.99]
["C0654","CAIXA PRÉ MOLDADA CONC.P/ AR CONDICIONADO","UN",217.89]
["C0856","CONDULETE DE PVC DE 1/2\", TIPO C - E - LL - LR","UN",19.559999999999999]
["C0857","CONDULETE DE PVC DE 3/4\" TIPO C - E - LL - LR","UN",23.9]
["C0855","CONDULETE DE PVC DE 1\" TIPO C - E - LL - LR","UN",30.02]
["C1406","FORNECIMENTO E INSTALAÇÃO DE BARRAMENTO DE COBRE P/QUADROS","KG",143.08000000000001]
["C3781","MEDIÇÃO TRIFÁSICA INSTALADA EM MURO - SAÍDA SUBTRRÂNEA","UN",2950.72]
["C3564","MUTIRÃO MISTO - CAIXA DE LIGAÇÃO EM CHAPA AÇO ESTAMPADA, 3\"X3\", 4\"X2\", 4\"X4\"","UN",5.55]